{"text_format":"2","workbook":"xlsx","n_sheets":6,"sheets":["Resumo do Orçamento","Orçamento Sintético","CPUs","Cronograma","BDI ","ENCARGOS"],"not_rendered":{"charts":0,"images":5,"macros":0,"external_links":49,"defined_names":2967,"comments":0,"pivot_tables":0},"unopened":[],"bounds":{"document_bytes":16777216,"sheet_cells":100000,"run_cost":"one","rows_first":2000,"rows_last":500,"rows_between":2000,"halvings":0,"cell_chars":16384,"cell_head_chars":4096},"cells_cut":0,"cells_raw":0,"read":"whole","date_system":"1900"}

{"sheet":"Resumo do Orçamento","index":0,"n_rows":33,"n_cols":8,"rows_kept":33,"cut":false,"hidden":false,"merged":[[4,0,4,1],[4,2,4,5],[0,5,0,7],[1,5,1,7],[2,0,2,7],[3,0,3,1],[3,2,3,5],[5,0,5,1],[5,2,5,5],[6,0,6,1],[6,2,6,5],[7,0,7,1],[7,2,7,5],[8,0,8,1],[8,2,8,5],[9,0,9,1],[9,2,9,5],[10,0,10,1],[10,2,10,5],[11,0,11,1],[11,2,11,5],[12,0,12,1],[12,2,12,5],[13,0,13,1],[13,2,13,5],[14,0,14,1],[14,2,14,5],[15,0,15,1],[15,2,15,5],[16,0,16,1],[16,2,16,5],[17,0,17,1],[17,2,17,5],[18,0,18,1],[18,2,18,5],[19,0,19,1],[19,2,19,5],[20,0,20,1],[20,2,20,5],[21,0,21,1],[21,2,21,5],[22,0,22,1],[22,2,22,5],[23,0,23,1],[23,2,23,5],[24,0,24,1],[24,2,24,5],[25,0,25,1],[25,2,25,5],[30,0,32,5],[26,0,26,1],[26,2,26,5],[27,0,27,1],[27,2,27,5],[28,0,28,1],[28,2,28,5]]}
[null,null,"Obra","Bancos",null,"Encargos Sociais"]
[null,null,"SISTEMA DE ABASTECIMENTO D’ÁGUA PARA CONSUMO HUMANO NO MUNICÍPIO DE CANAPI, NO ESTADO DE ALAGOAS, COM SUPRIMENTO HÍDRICO PELO CANAL DO SERTÃO ALAGOANO - PRIMEIRA ETAPA","SINAPI - 09/2023 - Alagoas\nSICRO3 - 07/2023 - Alagoas\nORSE - 09/2023 - Sergipe\nEMBASA - 05/2023 - Bahia\n","B.D.I. de serviço\n24,18%\nB.D.I. de fornecimento\n15,28%","Não Desonerado: \nHorista: 114,90%\nMensalista: 70,23%"]
["Planilha Orçamentária Resumida"]
["Item",null,"Descrição",null,null,null,"Total","Peso (%)"]
[" 1 ",null,"PROJETO EXECUTIVO / ADMINISTRAÇÃO LOCAL / SERVIÇOS PRELIMINARES",null,null,null,4632654.1500000004,0.15691917954852441]
[" 1.1 ",null,"PROJETO EXECUTIVO",null,null,null,375518.45,1.2719716424187111E-2]
[" 1.2 ",null,"ADMINISTRAÇÃO LOCAL",null,null,null,2570227.96,8.7059825680248032E-2]
[" 1.3 ",null,"INSTALAÇÕES PRELIMINARES E CANTEIRO DE OBRAS",null,null,null,1686907.74,5.7139637444089265E-2]
[" 2 ",null,"SISTEMA DE TRATAMENTO E RESERVAÇÃO",null,null,null,1434731.88,4.859783229916094E-2]
[" 2.1 ",null,"RESERVATÓRIO APOIADO DE ÁGUA BRUTA - 80 M3",null,null,null,279774.38,9.4766336417099247E-3]
[" 2.2 ",null,"RESERVATÓRIO APOIADO DE ÁGUA TRATADA - 80 M3",null,null,null,237946.41,8.0598193227346369E-3]
[" 2.3 ",null,"RESERVATÓRIO DE RETROLAVAGEM - 40 M3",null,null,null,178925.58,6.0606413310270247E-3]
[" 2.4 ",null,"RESERVATÓRIO ELEVADO - 40 M3",null,null,null,102045.18,3.4565165894115996E-3]
[" 2.5 ",null,"CASA DE QUÍMICA",null,null,null,61719.31,2.0905820235903078E-3]
[" 2.6 ",null,"LEITO DE SECAGEM",null,null,null,29262.46,9.9119016142647167E-4]
[" 2.7 ",null,"ESTAÇÃO DE TRATAMENTO DE ÁGUA",null,null,null,475570.55,1.6108722582591342E-2]
[" 2.8 ",null,"URBANIZAÇÃO DA ÁREA DA ETA E RESERVATÓRIOS",null,null,null,69488.009999999995,2.3537266466696332E-3]
[" 3 ",null,"SISTEMA DE CAPTAÇÃO E LINHA DE RECALQUE",null,null,null,21879710.640000001,0.74111861823052771]
[" 3.1 ",null,"CAPTAÇÃO",null,null,null,1102005.96,3.7327602169651281E-2]
[" 3.2 ",null,"LINHA DE RECALQUE",null,null,null,20728497.539999999,0.70212425144026924]
[" 3.3 ",null,"TANQUE DE ALIMENTAÇÃO UNIDIRECIONAL - TAU",null,null,null,49207.14,1.6667646206072555E-3]
[" 4 ",null,"REDE ELÉTRICA",null,null,null,1468588.53,4.9744638766520813E-2]
[" 4.1 ",null,"EXTENSÃO DA REDE ELÉTRICA EM 13,8 KV",null,null,null,1180556.18,3.998828774570623E-2]
[" 4.2 ",null,"SUBESTAÇÃO - CAPTAÇÃO",null,null,null,39000.74,1.3210492137828414E-3]
[" 4.3 ",null,"SUBESTAÇÃO - ETA",null,null,null,32894.78,1.1142256084515202E-3]
[" 4.4 ",null,"SISTEMA DE AUTOMAÇÃO - CAPTAÇÃO E ETA",null,null,null,125853.6,4.2629652496783453E-3]
[" 4.5 ",null,"INSTALAÇÕES ELÉTRICAS",null,null,null,59915.63,2.0294870278052064E-3]
[" 4.6 ",null,"SPDA",null,null,null,30367.599999999999,1.028623921096672E-3]
[" 5 ",null,"SERVIÇOS COMPLEMENTARES",null,null,null,106863.69,3.6197311552661131E-3]
[]
["_______________________________________________________________\nMICKAELLY VIEIRA ALVES\n5ª GRR / USA",{"$nulls":5},"Total sem BDI",24570835.199999999]
[{"$nulls":6},"Total do BDI",4951713.6900000004]
[{"$nulls":6},"Total Geral",29522548.890000001]

{"sheet":"Orçamento Sintético","index":1,"n_rows":829,"n_cols":10,"rows_kept":829,"cut":false,"hidden":false,"merged":[[0,4,0,5],[0,8,0,9],[1,8,1,9],[826,0,828,4],[828,5,828,6],[828,7,828,9],[1,4,1,6],[2,0,2,9],[826,5,826,6],[826,7,826,9],[827,5,827,6],[827,7,827,9]]}
[null,null,null,"Obra","Bancos",null,null,"B.D.I. de serviços\n24,18%","Encargos Sociais"]
[null,null,null,"SISTEMA DE ABASTECIMENTO D’ÁGUA PARA CONSUMO HUMANO NO MUNICÍPIO DE CANAPI, NO ESTADO DE ALAGOAS, COM SUPRIMENTO HÍDRICO PELO CANAL DO SERTÃO ALAGOANO - PRIMEIRA ETAPA","SINAPI - 09/2023 - Alagoas\nSICRO3 - 07/2023 - Alagoas\nORSE - 09/2023 - Sergipe\nEMBASA - 05/2023 - Bahia",null,null,"B.D.I. de fornecimento\n15,28%","Não Desonerado: \nHorista: 114,90%\nMensalista: 70,23%"]
["Orçamento Sintético"]
["Item","Código","Banco","Descrição","Und","Quant.","Valor Unit","Valor Unit com BDI","Total","Peso (%)"]
[" 1 ",null,null,"PROJETO EXECUTIVO / ADMINISTRAÇÃO LOCAL / SERVIÇOS PRELIMINARES",{"$nulls":4},4632654.1500000004,0.15691917954852441]
[" 1.1 ",null,null,"PROJETO EXECUTIVO",{"$nulls":4},375518.45,1.2719716424187111E-2]
[" 1.1.1 "," GRR-23-0018 ","Próprio","PROJETO EXECUTIVO","UN",1,302398.5,375518.45,375518.45,1.2719716424187111E-2]
[" 1.2 ",null,null,"ADMINISTRAÇÃO LOCAL",{"$nulls":4},2570227.96,8.7059825680248032E-2]
[" 1.2.1 "," GRR-23-0019 ","Próprio","ADMINISTRAÇÃO LOCAL / MANUTEN. DO CANTEIRO DE OBRAS","GLOBAL",1,2069760,2570227.96,2570227.96,8.7059825680248032E-2]
[" 1.3 ",null,null,"INSTALAÇÕES PRELIMINARES E CANTEIRO DE OBRAS",{"$nulls":4},1686907.74,5.7139637444089265E-2]
[" 1.3.1 "," 51 ","ORSE","Placa de obra em chapa aço galvanizado, instalada - Rev 02_01/2022","m²",18,346.6,430.4,7747.2,2.6241636617711431E-4]
[" 1.3.2 "," GRR-23-0020 ","Próprio","MOBILIZAÇÃO DE PESSOAL E EQUIPAMENTOS","UN",1,11791.5,14642.68,14642.68,4.9598291985418063E-4]
[" 1.3.3 "," GRR-23-0021 ","Próprio","DESMOBILIZAÇÃO DE PESSOAL E EQUIPAMENTOS","UN",1,11791.5,14642.68,14642.68,4.9598291985418063E-4]
[" 1.3.4 "," 93213 ","SINAPI","EXECUÇÃO DE SANITÁRIO E VESTIÁRIO EM CANTEIRO DE OBRA EM ALVENARIA, NÃO INCLUSO MOBILIÁRIO. AF_02/2016","m²",87.29,1032.54,1282.2,111923.23,3.7911099890806212E-3]
[" 1.3.5 "," 93206 ","SINAPI","EXECUÇÃO DE ESCRITÓRIO EM CANTEIRO DE OBRA EM ALVENARIA, NÃO INCLUSO MOBILIÁRIO E EQUIPAMENTOS. AF_02/2016","m²",48.91,1131.96,1405.66,68750.83,2.3287565804755959E-3]
[" 1.3.6 "," 93209 ","SINAPI","EXECUÇÃO DE ALMOXARIFADO EM CANTEIRO DE OBRA EM ALVENARIA, INCLUSO PRATELEIRAS. AF_02/2016","m²",72.05,938.39,1165.29,83959.14,2.8438987538924525E-3]
[" 1.3.7 "," 93211 ","SINAPI","EXECUÇÃO DE REFEITÓRIO EM CANTEIRO DE OBRA EM ALVENARIA, NÃO INCLUSO MOBILIÁRIO E EQUIPAMENTOS. AF_02/2016","m²",94.88,616.39,765.43,72623.990000000005,2.4599498597019684E-3]
[" 1.3.8 "," 101192 ","SINAPI","CERCA COM MOURÕES DE CONCRETO, RETO, H=2,30 M, ESPAÇAMENTO DE 2,5 M, CRAVADOS 0,5 M, COM 4 FIOS DE ARAME FARPADO Nº 14 CLASSE 250 - FORNECIMENTO E INSTALAÇÃO. AF_05/2020","M",120,67.19,83.43,10011.6,3.3911706056624299E-4]
[" 1.3.9 "," GRR-23-0022 ","Próprio","ENTRADA DE ENERGIA ELÉTRICA, AÉREA, TRIFÁSICA, COM CAIXA DE EMBUTIR, CABO DE 16 MM2 E DISJUNTOR DIN 50A (INCLUSO POSTE DE CONCRETO)","UN",1,2920.79,3627.03,3627.03,1.228562619546906E-4]
[" 1.3.10 "," GRR-23-0023 ","Próprio","DISPONIBILIZAÇÃO DE CARRO PARA FISCALIZAÇÃO TIPO PICK-UP CABINE DUPLA 4X4 (163CV), COM AR-CONDICIONADO, INCLUINDO DESPESAS COM COMBUSTÍVEL (300 L), ÓLEOS, CONSERVAÇÃO E MANUTENÇÃO","MÊS",24,11526.64,14313.78,343530.72,1.1636214788905376E-2]
[" 1.3.11 "," GRR-23-0024 ","Próprio","SERVIÇO DE ARQUEOLOGIA","MÊS",24,32058.6,39810.36,955448.64,3.2363351943626842E-2]
[" 2 ",null,null,"SISTEMA DE TRATAMENTO E RESERVAÇÃO",{"$nulls":4},1434731.88,4.859783229916094E-2]
[" 2.1 ",null,null,"RESERVATÓRIO APOIADO DE ÁGUA BRUTA - 80 M3",{"$nulls":4},279774.38,9.4766336417099247E-3]
[" 2.1.1 ",null,null,"SERVIÇOS PRELIMINARES",{"$nulls":4},549.11,1.859968128246531E-5]
[" 2.1.1.1 "," 50 ","ORSE","Locação de construção de edificação até 200m2,  inclusive execução de gabarito de madeira","m²",47.46,9.32,11.57,549.11,1.859968128246531E-5]
[" 2.1.2 ",null,null,"MOVIMENTAÇÃO DE TERRA",{"$nulls":4},3579.28,1.2123885418350136E-4]
[" 2.1.2.1 "," 93358 ","SINAPI","ESCAVAÇÃO MANUAL DE VALA COM PROFUNDIDADE MENOR OU IGUAL A 1,30 M. AF_02/2021","m³",27.02,73.77,91.6,2475.0300000000002,8.3835240961811146E-5]
[" 2.1.2.2 "," 93382 ","SINAPI","REATERRO MANUAL DE VALAS, COM COMPACTADOR DE SOLOS DE PERCUSSÃO. AF_08/2023","m³",5.83,21.97,27.28,159.04,5.3870687315169686E-6]
[" 2.1.2.3 "," 11472 ","ORSE","Regularização manual e compactão com placa vibratótia","m²",47.09,7.21,8.9499999999999993,421.45,1.4275528904035629E-5]
[" 2.1.2.4 "," 100977 ","SINAPI","CARGA, MANOBRA E DESCARGA DE SOLOS E MATERIAIS GRANULARES EM CAMINHÃO BASCULANTE 6 M³ - CARGA COM ESCAVADEIRA HIDRÁULICA (CAÇAMBA DE 1,20 M³ / 155 HP) E DESCARGA LIVRE (UNIDADE: M3). AF_07/2020","m³",26.48,7.35,9.1199999999999992,241.49,8.1798492704604677E-6]
[" 2.1.2.5 "," 97912 ","SINAPI","TRANSPORTE COM CAMINHÃO BASCULANTE DE 6 M³, EM VIA URBANA EM LEITO NATURAL (UNIDADE: M3XKM). AF_07/2020","M3XKM",52.96,3.62,4.49,237.79,8.0545213384520884E-6]
[" 2.1.2.6 "," 10389 ","ORSE","Espalhamento de material de bota-fora c/ trator esteira Cat - D-6 ou similar","m³",26.48,1.36,1.68,44.48,1.5066449772250678E-6]
[" 2.1.3 ",null,null,"ANDAIMES E PLATAFORMAS",{"$nulls":4},38.32,1.2979909066381429E-6]
[" 2.1.3.1 "," 00020193 ","SINAPI","LOCACAO DE ANDAIME METALICO TIPO FACHADEIRO, PECAS COM APROXIMADAMENTE 1,20 M DE LARGURA E 2,0 M DE ALTURA, INCLUINDO DIAGONAIS EM X, BARRAS DE LIGACAO, SAPATAS E DEMAIS ITENS NECESSARIOS A MONTAGEM (NAO INCLUI INSTALACAO)","M2XMES",1.2,18.75,21.61,25.93,8.7831169648035089E-7]
[" 2.1.3.2 "," 97063 ","SINAPI","MONTAGEM E DESMONTAGEM DE ANDAIME MODULAR FACHADEIRO, COM PISO METÁLICO, PARA EDIFICAÇÕES COM MÚLTIPLOS PAVIMENTOS (EXCLUSIVE ANDAIME E LIMPEZA). AF_11/2017","m²",1.2,8.32,10.33,12.39,4.1967921015779202E-7]
[" 2.1.4 ",null,null,"ESTRUTURAS DE CONCRETO",{"$nulls":4},98066.82,3.3217599322265022E-3]
[" 2.1.4.1 "," 101166 ","SINAPI","ALVENARIA DE EMBASAMENTO COM BLOCO ESTRUTURAL DE CERÂMICA, DE 14X19X29CM E ARGAMASSA DE ASSENTAMENTO COM PREPARO EM BETONEIRA. AF_05/2020","m³",1.04,597.49,741.96,771.63,2.6136970858277406E-5]
[" 2.1.4.2 "," 102487 ","SINAPI","CONCRETO CICLÓPICO FCK = 15MPA, 30% PEDRA DE MÃO EM VOLUME REAL, INCLUSIVE LANÇAMENTO. AF_05/2021","m³",1.24,517.55999999999995,642.70000000000005,796.94,2.6994281658042839E-5]
[" 2.1.4.3 "," 96620 ","SINAPI","LASTRO DE CONCRETO MAGRO, APLICADO EM PISOS, LAJES SOBRE SOLO OU RADIERS. AF_08/2017","m³",2.13,559.04,694.21,1478.66,5.0085783768516606E-5]
[" 2.1.4.4 "," 122 ","ORSE","Forma plana para estruturas, em compensado plastificado de 14mm, 05 usos, inclusive escoramento - Rev 02_04/2022","m²",207.87,65.37,81.17,16872.8,5.7152246788945871E-4]
[" 2.1.4.5 "," 140 ","ORSE","Aço CA - 50 Ø 6,3 a 12,5mm, inclusive corte, dobragem, montagem e colocacao de ferragens nas formas, para superestruturas e fundações - R1","kg",3383.08,12.81,15.9,53790.97,1.8220300083310319E-3]
[" 2.1.4.6 "," 94965 ","SINAPI","CONCRETO FCK = 25MPA, TRAÇO 1:2,3:2,7 (EM MASSA SECA DE CIMENTO/ AREIA MÉDIA/ BRITA 1) - PREPARO MECÂNICO COM BETONEIRA 400 L. AF_05/2021","m³",27.24,463.89,576.04999999999995,15691.6,5.3151237240613473E-4]
[" 2.1.4.7 "," 103670 ","SINAPI","LANÇAMENTO COM USO DE BALDES, ADENSAMENTO E ACABAMENTO DE CONCRETO EM ESTRUTURAS. AF_02/2022","m³",27.24,256.14,318.07,8664.2199999999993,2.9347804731503992E-4]
[" 2.1.5 ",null,null,"PAREDES E PAINÉIS",{"$nulls":4},3289.9,1.1143685500388378E-4]
[" 2.1.5.1 "," 103328 ","SINAPI","ALVENARIA DE VEDAÇÃO DE BLOCOS CERÂMICOS FURADOS NA HORIZONTAL DE 9X19X19 CM (ESPESSURA 9 CM) E ARGAMASSA DE ASSENTAMENTO COM PREPARO EM BETONEIRA. AF_12/2021","m²",13.36,80.55,100.02,1336.26,4.5262352006896784E-5]
[" 2.1.5.2 "," 101161 ","SINAPI","ALVENARIA DE VEDAÇÃO COM ELEMENTO VAZADO DE CONCRETO (COBOGÓ) DE 7X50X50CM E ARGAMASSA DE ASSENTAMENTO COM PREPARO EM BETONEIRA. AF_05/2020","m²",7.84,191.72,238.07,1866.46,6.3221505939557105E-5]
[" 2.1.5.3 "," 93184 ","SINAPI","VERGA PRÉ-MOLDADA PARA PORTAS COM ATÉ 1,5 M DE VÃO. AF_03/2016","M",2.2000000000000002,31.92,39.630000000000003,87.18,2.9529970574298876E-6]
[" 2.1.6 ",null,null,"ESQUADRIAS",{"$nulls":4},2721.48,9.2183097405990956E-5]
[" 2.1.6.1 "," 91341 ","SINAPI","PORTA EM ALUMÍNIO DE ABRIR TIPO VENEZIANA COM GUARNIÇÃO, FIXAÇÃO COM PARAFUSOS - FORNECIMENTO E INSTALAÇÃO. AF_12/2019","m²",3.31,662.11,822.2,2721.48,9.2183097405990956E-5]
[" 2.1.7 ",null,null,"COBERTURA",{"$nulls":4},4976.37,1.6856166513744402E-4]
[" 2.1.7.1 "," 94218 ","SINAPI","TELHAMENTO COM TELHA ESTRUTURAL DE FIBROCIMENTO E= 8 MM, COM ATÉ 2 ÁGUAS, INCLUSO IÇAMENTO. AF_07/2019_PS","m²",19.98,182.35,226.44,4524.2700000000004,1.5324794674258222E-4]
[" 2.1.7.2 "," 94231 ","SINAPI","RUFO EM CHAPA DE AÇO GALVANIZADO NÚMERO 24, CORTE DE 25 CM, INCLUSO TRANSPORTE VERTICAL. AF_07/2019","M",5.55,65.599999999999994,81.459999999999994,452.1,1.5313718394861808E-5]
[" 2.1.8 ",null,null,"REVESTIMENTO",{"$nulls":4},6911.82,2.3412002892274659E-4]
[" 2.1.8.1 "," 87879 ","SINAPI","CHAPISCO APLICADO EM ALVENARIAS E ESTRUTURAS DE CONCRETO INTERNAS, COM COLHER DE PEDREIRO.  ARGAMASSA TRAÇO 1:3 COM PREPARO EM BETONEIRA 400L. AF_10/2022","m²",63.45,3.93,4.88,309.63,1.0487915564258043E-5]
[" 2.1.8.2 "," 87775 ","SINAPI","EMBOÇO OU MASSA ÚNICA EM ARGAMASSA TRAÇO 1:2:8, PREPARO MECÂNICO COM BETONEIRA 400 L, APLICADA MANUALMENTE EM PANOS DE FACHADA COM PRESENÇA DE VÃOS, ESPESSURA DE 25 MM. AF_08/2022","m²",63.45,49.14,61.02,3871.71,1.3114416422599072E-4]
[" 2.1.8.3 "," 10570 ","ORSE","Regularização de reboco interno, de parede, com argamassa traço t6 - 1:2:10 (cimento / cal / areia), espessura 0,5 cm","m²",219.14,10.039999999999999,12.46,2730.48,9.2487949132497827E-5]
[" 2.1.9 ",null,null,"PINTURAS E IMPERMEABILIZAÇÕES",{"$nulls":4},42966.14,1.4553668844817687E-3]
[" 2.1.9.1 "," 88489 ","SINAPI","PINTURA LÁTEX ACRÍLICA PREMIUM, APLICAÇÃO MANUAL EM PAREDES, DUAS DEMÃOS. AF_04/2023","m²",136.96,11.37,14.11,1932.5,6.5458440163836405E-5]
[" 2.1.9.2 "," 7726 ","ORSE","Impermeabilização de superficie c/argamassa 1:3 (cimento e areia), esp=2cm, c/impermeabilizante Vedacit ou similar","m²",22.69,42.13,52.31,1186.9100000000001,4.0203506967585548E-5]
[" 2.1.9.3 "," 98553 ","SINAPI","IMPERMEABILIZAÇÃO DE SUPERFÍCIE COM MEMBRANA À BASE DE POLIURETANO, 2 DEMÃOS. AF_09/2023","m²",153.88999999999999,200.78,249.32,38367.85,1.2996117016507377E-3]
[" 2.1.9.4 "," 10609 ","ORSE","Fornecimento e aplicação de Tela de Poliéster malha 2x2mm p/impermeabilização, ref: Denvertela Poliéster R, marca Denver ou similar","m²",153.88999999999999,7.74,9.61,1478.88,5.0093235699608996E-5]
[" 2.1.10 ",null,null,"PISOS E PAVIMENTAÇÕES",{"$nulls":4},3924.97,1.3294820899863028E-4]
[" 2.1.10.1 "," 98562 ","SINAPI","IMPERMEABILIZAÇÃO DE SUPERFÍCIE COM ARGAMASSA DE CIMENTO E AREIA, COM ADITIVO IMPERMEABILIZANTE, E = 1,5CM. AF_09/2023","m²",11.7,44.58,55.35,647.59,2.1935436618731603E-5]
[" 2.1.10.2 "," 87755 ","SINAPI","CONTRAPISO EM ARGAMASSA TRAÇO 1:4 (CIMENTO E AREIA), PREPARO MECÂNICO COM BETONEIRA 400 L, APLICADO EM ÁREAS MOLHADAS SOBRE IMPERMEABILIZAÇÃO, ACABAMENTO NÃO REFORÇADO, ESPESSURA 3CM. AF_07/2021","m²",11.7,44.49,55.24,646.29999999999995,2.189174120459895E-5]
[" 2.1.10.3 "," 98679 ","SINAPI","PISO CIMENTADO, TRAÇO 1:3 (CIMENTO E AREIA), ACABAMENTO LISO, ESPESSURA 2,0 CM, PREPARO MECÂNICO DA ARGAMASSA. AF_09/2020","m²",11.7,34.17,42.43,496.43,1.6815282509978428E-5]
[" 2.1.10.4 "," 94992 ","SINAPI","EXECUÇÃO DE PASSEIO (CALÇADA) OU PISO DE CONCRETO COM CONCRETO MOLDADO IN LOCO, FEITO EM OBRA, ACABAMENTO CONVENCIONAL, ESPESSURA 6 CM, ARMADO. AF_08/2022","m²",19.95,86.17,107,2134.65,7.2305748665321286E-5]
[" 2.1.11 ",null,null,"ASSENTAMENTO DE TUBOS E PEÇAS",{"$nulls":4},7849.17,2.6587033623843719E-4]
[" 2.1.11.1 "," 103105 ","SINAPI","ASSENTAMENTO DE CONEXÃO COM 2 ACESSOS, FERRO FUNDIDO PARA REDE DE ÁGUA, DN  80 MM, JUNTA FLANGEADA (NÃO INCLUI O FORNECIMENTO). AF_09/2021","UN",25,47.22,58.63,1465.75,4.964849090304953E-5]
[" 2.1.11.2 "," 103121 ","SINAPI","ASSENTAMENTO DE CONEXÃO COM 3 ACESSOS, FERRO FUNDIDO PARA REDE DE ÁGUA, DN  80 MM, JUNTA FLANGEADA (NÃO INCLUI O FORNECIMENTO). AF_09/2021","UN",2,62.1,77.11,154.22,5.2238036957655113E-6]
[" 2.1.11.3 "," 103089 ","SINAPI","ASSENTAMENTO DE TUBO DE FERRO FUNDIDO PARA REDE DE ÁGUA, DN 80 MM, JUNTA FLANGEADA (NÃO INCLUI O FORNECIMENTO). AF_09/2021","M",10,11.28,14,140,4.7421379678846557E-6]
[" 2.1.11.4 "," 103110 ","SINAPI","ASSENTAMENTO DE CONEXÃO COM 2 ACESSOS, FERRO FUNDIDO PARA REDE DE ÁGUA, DN  300 MM, JUNTA FLANGEADA (NÃO INCLUI O FORNECIMENTO). AF_09/2021","UN",2,191.37,237.64,475.28,1.6098880952687281E-5]
[" 2.1.11.5 "," 103093 ","SINAPI","ASSENTAMENTO DE TUBO DE FERRO FUNDIDO PARA REDE DE ÁGUA, DN 250 MM, JUNTA FLANGEADA (NÃO INCLUI O FORNECIMENTO). AF_09/2021","M",5,37.39,46.43,232.15,7.8634809231744487E-6]
[" 2.1.11.6 "," 103094 ","SINAPI","ASSENTAMENTO DE TUBO DE FERRO FUNDIDO PARA REDE DE ÁGUA, DN 300 MM, JUNTA FLANGEADA (NÃO INCLUI O FORNECIMENTO). AF_09/2021","M",6,42.91,53.28,319.68,1.0828333325524048E-5]
[" 2.1.11.7 "," 103109 ","SINAPI","ASSENTAMENTO DE CONEXÃO COM 2 ACESSOS, FERRO FUNDIDO PARA REDE DE ÁGUA, DN  250 MM, JUNTA FLANGEADA (NÃO INCLUI O FORNECIMENTO). AF_09/2021","UN",2,168.42,209.14,418.28,1.4168153351477098E-5]
[" 2.1.11.8 "," 6053 ","ORSE","Assentamento de válvula de retenção em ferro fundido, diam. =   50mm a 150mm","un",2,7.9,9.81,19.62,6.645767637849782E-7]
[" 2.1.11.9 "," 102114 ","SINAPI","BOMBA CENTRÍFUGA, TRIFÁSICA, 1 CV OU 0,99 HP, HM 14 A 40 M, Q 0,6 A 8,4 M3/H (NÃO INCLUI O FORNECIMENTO DA BOMBA). AF_12/2020","UN",2,138.13999999999999,171.54,343.08,1.1620947814441912E-5]
[" 2.1.11.10 "," 6015 ","ORSE","Assentamento de registro de gaveta em ferro fundido com flanges, diam. =   50mm a 150mm","un",5,14.45,17.940000000000001,89.7,3.0383555408518116E-6]
[" 2.1.11.11 "," 6016 ","ORSE","Assentamento de registro de gaveta em ferro fundido com flanges, diam. =  200mm a 300mm","un",1,37.049999999999997,46,46,1.5581310465906726E-6]
[" 2.1.11.12 "," 103126 ","SINAPI","ASSENTAMENTO DE CONEXÃO COM 3 ACESSOS, FERRO FUNDIDO PARA REDE DE ÁGUA, DN  300 MM, JUNTA FLANGEADA (NÃO INCLUI O FORNECIMENTO). AF_09/2021","UN",1,278.32,345.61,345.61,1.1706645022004399E-5]
[" 2.1.11.13 "," 97125 ","SINAPI","ASSENTAMENTO DE TUBO DE PVC PBA PARA REDE DE ÁGUA, DN 75 MM, JUNTA ELÁSTICA INTEGRADA, INSTALADO EM LOCAL COM NÍVEL BAIXO DE INTERFERÊNCIAS (NÃO INCLUI FORNECIMENTO). AF_11/2017","M",8,1.06,1.31,10.48,3.549828993102228E-7]
[" 2.1.11.14 "," GRR-23-0026 ","Próprio","MONTAGEM DE MONOVIA PARA TALHA E TROLEY MANUAL CAPACIDADE DE CARGA DE 1,0T","UN",1,817.44,1015.09,1015.09,3.4383548784428822E-5]
[" 2.1.11.15 "," 2642 ","ORSE","Escada marinheiro em barra chata de ferro 2\" x 5/16\"","m",3.45,383.7,476.47,1643.82,5.568015167405825E-5]
[" 2.1.11.16 "," 11499 ","ORSE","Guarda-corpo para escada marinheiro, com 05 (cinco) barras chatas verticais 1 1/4\" x 3/16\" e arco a cada 30cm de 1 1/4\" x 3/16\", fixada com parabolt - fornecimento e instalação","m",2.5,110.98,137.81,344.52,1.1669724090683012E-5]
[" 2.1.11.17 "," 97898 ","SINAPI","CAIXA ENTERRADA HIDRÁULICA RETANGULAR, EM CONCRETO PRÉ-MOLDADO, DIMENSÕES INTERNAS: 0,8X0,8X0,5 M. AF_12/2020","UN",1,632.87,785.89,785.89,2.6619991482720514E-5]
[" 2.1.12 ",null,null,"FORNECIMENTO DE TUBOS E PEÇAS",{"$nulls":4},104901,3.5532501069219162E-3]
[" 2.1.12.1 "," M010901017 ","EMBASA","C90 JGS FoFo DN 250 52,000 kg","PC",1,1463.59,1687.22,1687.22,5.715021444410249E-5]
[" 2.1.12.2 "," 12472 ","ORSE","Curva 90º, em fofo, c/ bolsas pn 10 / 16 / 25, d=   80mm un","un",2,209.84,241.9,483.8,1.6387473920447117E-5]
[" 2.1.12.3 "," 5389 ","ORSE","Curva 90º, em fofo, c/ flanges pn 10, d=  250mm un","un",1,1684.08,1941.4,1941.4,6.5759904648937648E-5]
[" 2.1.12.4 "," 5877 ","ORSE","TUBO EM FOFO, PONTA E FLANGE PN 10, D=  250MM, L=1,00M Tubo em fofo, ponta e flange pn 10, d=  250mm UN","m",5,2691.93,3103.25,15516.25,5.255728446013592E-4]
[" 2.1.12.5 "," 6317 ","ORSE","TUBO EM FOFO, C/ FLANGES PN 10 / 16, D=    80MM, L=1,00M TUBO EM FoFo, C/ FLANGES PN 10 / 16, D=    80MM, L=1,00M UN","UN",4,1737.1,2002.52,8010.08,2.7132074638423943E-4]
[" 2.1.12.6 "," 12531 ","ORSE","Registro gaveta fofo, c/ flanges, cunha borracha, corpo curto e volante, tipo euro 23,  PN16, diam  = 80mm un","un",5,667.63,769.64,3848.2,1.3034782377152666E-4]
[" 2.1.12.7 "," 5720 ","ORSE","Tê em fofo c/ flanges pn 10 / 16 / 25, d=   80 x   80mm un","un",2,465.24,536.32000000000005,1072.6400000000001,3.633290621336998E-5]
[" 2.1.12.8 "," 5787 ","ORSE","Toco em fofo com aba de vedação e flanges pn 10 / 16 / 25, d=   80mm un","un",1,668.28,770.39,770.39,2.609496906484757E-5]
[" 2.1.12.9 "," 5760 ","ORSE","Toco em fofo c/ flanges pn 10 / 16 / 25, comp. = 0,50m, d=   80mm un","un",8,504.22,581.26,4650.08,1.5750943515500772E-4]
[" 2.1.12.10 "," 00000732 ","SINAPI","BOMBA CENTRIFUGA MOTOR ELETRICO TRIFASICO 0,99HP  DIAMETRO DE SUCCAO X ELEVACAO 1\" X 1\", DIAMETRO DO ROTOR 145 MM, HM/Q: 14 M / 8,4 M3/H A 40 M / 0,60 M3/H","UN",2,1312.29,1512.8,3025.6,1.0248437596879867E-4]
[" 2.1.12.11 "," 6315 ","ORSE","TUBO EM FOFO, PONTA E FLANGE PN 10 / 16 / 25, D=   80MM, L=1,00M TUBO EM FoFo, PONTA E FLANGE PN 10 / 16 / 25, D=   80MM, L=1,00M UN","UN",6,1288.25,1485.09,8910.5400000000009,3.0182150034539242E-4]
[" 2.1.12.12 "," 11637 ","ORSE","Válvula retenção portinhola dupla, tipo \"wave\", Ø=80mm, em ferro fundido un","un",2,1174.75,1354.25,2708.5,9.1743433471539932E-5]
[" 2.1.12.13 "," 11628 ","ORSE","Reducao excentrica  em aço, com flanges pn 10 / 16 diam. = 80 x 50 mm un","un",2,146.72,169.13,338.26,1.1457682778690454E-5]
[" 2.1.12.14 "," 5649 ","ORSE","Registro gaveta fofo, c/ flanges, cunha borracha, corpo curto e cabeçote, pn 10, tipo euro 23, d=  300mm un","un",1,5660.48,6525.4,6525.4,2.210310506831038E-4]
[" 2.1.12.15 "," 5398 ","ORSE","Curva 90º, em fofo, c/ flanges pn 25, d=  300mm un","un",1,2706.2,3119.7,3119.7,1.0567177013149829E-4]
[" 2.1.12.16 "," M011707085 ","EMBASA","TFF10 FoFo DN 300 X 300 119,000 kg","PC",1,2999.25,3457.53,3457.53,1.1711488777214453E-4]
[" 2.1.12.17 "," 5445 ","ORSE","Extremidade em fofo, ponta, com aba de vedação / flange pn 10, d=  300mm un","un",1,3051.04,3517.23,3517.23,1.1913707089130678E-4]
[" 2.1.12.18 "," 5878 ","ORSE","TUBO EM FOFO, PONTA E FLANGE PN 10, D=  300MM, L=1,00M Tubo em fofo, ponta e flange pn 10, d=  300mm UN","m",3,3270.6,3770.34,11311.02,3.8313155283930498E-4]
[" 2.1.12.19 "," 5848 ","ORSE","TUBO EM FOFO, C/ FLANGES PN 10, D=  300MM, L=1,00M Tubo em fofo, c/ flanges pn 10, d=  300mm UN","m",3,4612.79,5317.62,15952.86,5.4036187930248862E-4]
[" 2.1.12.20 "," 5522 ","ORSE","Junta gibault em fofo, d=   80mm Junta gilbault em fofo, d=   80mm un","un",3,374.23,431.41,1294.23,4.3838694444109702E-5]
[" 2.1.12.21 "," 5385 ","ORSE","Curva 90º, em fofo, c/ flanges pn 10 / 16 / 25, d=   80mm un","un",9,292.56,337.26,3035.34,1.0281429328170722E-4]
[" 2.1.12.22 "," 00036376 ","SINAPI","TUBO PVC PBA JEI, CLASSE 15, DN 75 MM, PARA REDE DE AGUA (NBR 5647)","M",8,33.049999999999997,38.1,304.8,1.0324311804366021E-5]
[" 2.1.12.23 "," 00013914 ","SINAPI","TALHA MANUAL DE CORRENTE, CAPACIDADE DE 1 T COM ELEVACAO DE 3 M","UN",1,812.02,936.09,936.09,3.1707628073979625E-5]
[" 2.1.12.24 "," 00010743 ","SINAPI","TROLEY MANUAL CAPACIDADE 1 T","UN",1,655.66,755.84,755.84,2.5602125440328131E-5]
[" 2.1.12.25 "," 00043082 ","SINAPI","PERFIL \"I\" DE ACO LAMINADO, ABAS PARALELAS, \"W\", QUALQUER BITOLA","KG",150,10,11.52,1728,5.8531531489319182E-5]
[" 2.2 ",null,null,"RESERVATÓRIO APOIADO DE ÁGUA TRATADA - 80 M3",{"$nulls":4},237946.41,8.0598193227346369E-3]
[" 2.2.1 ",null,null,"SERVIÇOS PRELIMINARES",{"$nulls":4},549.11,1.859968128246531E-5]
[" 2.2.1.1 "," 50 ","ORSE","Locação de construção de edificação até 200m2,  inclusive execução de gabarito de madeira","m²",47.46,9.32,11.57,549.11,1.859968128246531E-5]
[" 2.2.2 ",null,null,"MOVIMENTAÇÃO DE TERRA",{"$nulls":4},3579.28,1.2123885418350136E-4]
[" 2.2.2.1 "," 93358 ","SINAPI","ESCAVAÇÃO MANUAL DE VALA COM PROFUNDIDADE MENOR OU IGUAL A 1,30 M. AF_02/2021","m³",27.02,73.77,91.6,2475.0300000000002,8.3835240961811146E-5]
[" 2.2.2.2 "," 93382 ","SINAPI","REATERRO MANUAL DE VALAS, COM COMPACTADOR DE SOLOS DE PERCUSSÃO. AF_08/2023","m³",5.83,21.97,27.28,159.04,5.3870687315169686E-6]
[" 2.2.2.3 "," 11472 ","ORSE","Regularização manual e compactão com placa vibratótia","m²",47.09,7.21,8.9499999999999993,421.45,1.4275528904035629E-5]
[" 2.2.2.4 "," 100977 ","SINAPI","CARGA, MANOBRA E DESCARGA DE SOLOS E MATERIAIS GRANULARES EM CAMINHÃO BASCULANTE 6 M³ - CARGA COM ESCAVADEIRA HIDRÁULICA (CAÇAMBA DE 1,20 M³ / 155 HP) E DESCARGA LIVRE (UNIDADE: M3). AF_07/2020","m³",26.48,7.35,9.1199999999999992,241.49,8.1798492704604677E-6]
[" 2.2.2.5 "," 97912 ","SINAPI","TRANSPORTE COM CAMINHÃO BASCULANTE DE 6 M³, EM VIA URBANA EM LEITO NATURAL (UNIDADE: M3XKM). AF_07/2020","M3XKM",52.96,3.62,4.49,237.79,8.0545213384520884E-6]
[" 2.2.2.6 "," 10389 ","ORSE","Espalhamento de material de bota-fora c/ trator esteira Cat - D-6 ou similar","m³",26.48,1.36,1.68,44.48,1.5066449772250678E-6]
[" 2.2.3 ",null,null,"ANDAIMES E PLATAFORMAS",{"$nulls":4},38.32,1.2979909066381429E-6]
[" 2.2.3.1 "," 00020193 ","SINAPI","LOCACAO DE ANDAIME METALICO TIPO FACHADEIRO, PECAS COM APROXIMADAMENTE 1,20 M DE LARGURA E 2,0 M DE ALTURA, INCLUINDO DIAGONAIS EM X, BARRAS DE LIGACAO, SAPATAS E DEMAIS ITENS NECESSARIOS A MONTAGEM (NAO INCLUI INSTALACAO)","M2XMES",1.2,18.75,21.61,25.93,8.7831169648035089E-7]
[" 2.2.3.2 "," 97063 ","SINAPI","MONTAGEM E DESMONTAGEM DE ANDAIME MODULAR FACHADEIRO, COM PISO METÁLICO, PARA EDIFICAÇÕES COM MÚLTIPLOS PAVIMENTOS (EXCLUSIVE ANDAIME E LIMPEZA). AF_11/2017","m²",1.2,8.32,10.33,12.39,4.1967921015779202E-7]
[" 2.2.4 ",null,null,"ESTRUTURAS DE CONCRETO",{"$nulls":4},98066.82,3.3217599322265022E-3]
[" 2.2.4.1 "," 101166 ","SINAPI","ALVENARIA DE EMBASAMENTO COM BLOCO ESTRUTURAL DE CERÂMICA, DE 14X19X29CM E ARGAMASSA DE ASSENTAMENTO COM PREPARO EM BETONEIRA. AF_05/2020","m³",1.04,597.49,741.96,771.63,2.6136970858277406E-5]
[" 2.2.4.2 "," 102487 ","SINAPI","CONCRETO CICLÓPICO FCK = 15MPA, 30% PEDRA DE MÃO EM VOLUME REAL, INCLUSIVE LANÇAMENTO. AF_05/2021","m³",1.24,517.55999999999995,642.70000000000005,796.94,2.6994281658042839E-5]
[" 2.2.4.3 "," 96620 ","SINAPI","LASTRO DE CONCRETO MAGRO, APLICADO EM PISOS, LAJES SOBRE SOLO OU RADIERS. AF_08/2017","m³",2.13,559.04,694.21,1478.66,5.0085783768516606E-5]
[" 2.2.4.4 "," 122 ","ORSE","Forma plana para estruturas, em compensado plastificado de 14mm, 05 usos, inclusive escoramento - Rev 02_04/2022","m²",207.87,65.37,81.17,16872.8,5.7152246788945871E-4]
[" 2.2.4.5 "," 140 ","ORSE","Aço CA - 50 Ø 6,3 a 12,5mm, inclusive corte, dobragem, montagem e colocacao de ferragens nas formas, para superestruturas e fundações - R1","kg",3383.08,12.81,15.9,53790.97,1.8220300083310319E-3]
[" 2.2.4.6 "," 94965 ","SINAPI","CONCRETO FCK = 25MPA, TRAÇO 1:2,3:2,7 (EM MASSA SECA DE CIMENTO/ AREIA MÉDIA/ BRITA 1) - PREPARO MECÂNICO COM BETONEIRA 400 L. AF_05/2021","m³",27.24,463.89,576.04999999999995,15691.6,5.3151237240613473E-4]
[" 2.2.4.7 "," 103670 ","SINAPI","LANÇAMENTO COM USO DE BALDES, ADENSAMENTO E ACABAMENTO DE CONCRETO EM ESTRUTURAS. AF_02/2022","m³",27.24,256.14,318.07,8664.2199999999993,2.9347804731503992E-4]
[" 2.2.5 ",null,null,"PAREDES E PAINÉIS",{"$nulls":4},3289.9,1.1143685500388378E-4]
[" 2.2.5.1 "," 103328 ","SINAPI","ALVENARIA DE VEDAÇÃO DE BLOCOS CERÂMICOS FURADOS NA HORIZONTAL DE 9X19X19 CM (ESPESSURA 9 CM) E ARGAMASSA DE ASSENTAMENTO COM PREPARO EM BETONEIRA. AF_12/2021","m²",13.36,80.55,100.02,1336.26,4.5262352006896784E-5]
[" 2.2.5.2 "," 101161 ","SINAPI","ALVENARIA DE VEDAÇÃO COM ELEMENTO VAZADO DE CONCRETO (COBOGÓ) DE 7X50X50CM E ARGAMASSA DE ASSENTAMENTO COM PREPARO EM BETONEIRA. AF_05/2020","m²",7.84,191.72,238.07,1866.46,6.3221505939557105E-5]
[" 2.2.5.3 "," 93184 ","SINAPI","VERGA PRÉ-MOLDADA PARA PORTAS COM ATÉ 1,5 M DE VÃO. AF_03/2016","M",2.2000000000000002,31.92,39.630000000000003,87.18,2.9529970574298876E-6]
[" 2.2.6 ",null,null,"ESQUADRIAS",{"$nulls":4},2721.48,9.2183097405990956E-5]
[" 2.2.6.1 "," 91341 ","SINAPI","PORTA EM ALUMÍNIO DE ABRIR TIPO VENEZIANA COM GUARNIÇÃO, FIXAÇÃO COM PARAFUSOS - FORNECIMENTO E INSTALAÇÃO. AF_12/2019","m²",3.31,662.11,822.2,2721.48,9.2183097405990956E-5]
[" 2.2.7 ",null,null,"COBERTURA",{"$nulls":4},4976.37,1.6856166513744402E-4]
[" 2.2.7.1 "," 94218 ","SINAPI","TELHAMENTO COM TELHA ESTRUTURAL DE FIBROCIMENTO E= 8 MM, COM ATÉ 2 ÁGUAS, INCLUSO IÇAMENTO. AF_07/2019_PS","m²",19.98,182.35,226.44,4524.2700000000004,1.5324794674258222E-4]
[" 2.2.7.2 "," 94231 ","SINAPI","RUFO EM CHAPA DE AÇO GALVANIZADO NÚMERO 24, CORTE DE 25 CM, INCLUSO TRANSPORTE VERTICAL. AF_07/2019","M",5.55,65.599999999999994,81.459999999999994,452.1,1.5313718394861808E-5]
[" 2.2.8 ",null,null,"REVESTIMENTO",{"$nulls":4},6911.82,2.3412002892274659E-4]
[" 2.2.8.1 "," 87879 ","SINAPI","CHAPISCO APLICADO EM ALVENARIAS E ESTRUTURAS DE CONCRETO INTERNAS, COM COLHER DE PEDREIRO.  ARGAMASSA TRAÇO 1:3 COM PREPARO EM BETONEIRA 400L. AF_10/2022","m²",63.45,3.93,4.88,309.63,1.0487915564258043E-5]
[" 2.2.8.2 "," 87775 ","SINAPI","EMBOÇO OU MASSA ÚNICA EM ARGAMASSA TRAÇO 1:2:8, PREPARO MECÂNICO COM BETONEIRA 400 L, APLICADA MANUALMENTE EM PANOS DE FACHADA COM PRESENÇA DE VÃOS, ESPESSURA DE 25 MM. AF_08/2022","m²",63.45,49.14,61.02,3871.71,1.3114416422599072E-4]
[" 2.2.8.3 "," 10570 ","ORSE","Regularização de reboco interno, de parede, com argamassa traço t6 - 1:2:10 (cimento / cal / areia), espessura 0,5 cm","m²",219.14,10.039999999999999,12.46,2730.48,9.2487949132497827E-5]
[" 2.2.9 ",null,null,"PINTURAS E IMPERMEABILIZAÇÕES",{"$nulls":4},42966.14,1.4553668844817687E-3]
[" 2.2.9.1 "," 88489 ","SINAPI","PINTURA LÁTEX ACRÍLICA PREMIUM, APLICAÇÃO MANUAL EM PAREDES, DUAS DEMÃOS. AF_04/2023","m²",136.96,11.37,14.11,1932.5,6.5458440163836405E-5]
[" 2.2.9.2 "," 7726 ","ORSE","Impermeabilização de superficie c/argamassa 1:3 (cimento e areia), esp=2cm, c/impermeabilizante Vedacit ou similar","m²",22.69,42.13,52.31,1186.9100000000001,4.0203506967585548E-5]
[" 2.2.9.3 "," 98553 ","SINAPI","IMPERMEABILIZAÇÃO DE SUPERFÍCIE COM MEMBRANA À BASE DE POLIURETANO, 2 DEMÃOS. AF_09/2023","m²",153.88999999999999,200.78,249.32,38367.85,1.2996117016507377E-3]
[" 2.2.9.4 "," 10609 ","ORSE","Fornecimento e aplicação de Tela de Poliéster malha 2x2mm p/impermeabilização, ref: Denvertela Poliéster R, marca Denver ou similar","m²",153.88999999999999,7.74,9.61,1478.88,5.0093235699608996E-5]
[" 2.2.10 ",null,null,"PISOS E PAVIMENTAÇÕES",{"$nulls":4},3924.97,1.3294820899863028E-4]
[" 2.2.10.1 "," 98562 ","SINAPI","IMPERMEABILIZAÇÃO DE SUPERFÍCIE COM ARGAMASSA DE CIMENTO E AREIA, COM ADITIVO IMPERMEABILIZANTE, E = 1,5CM. AF_09/2023","m²",11.7,44.58,55.35,647.59,2.1935436618731603E-5]
[" 2.2.10.2 "," 87755 ","SINAPI","CONTRAPISO EM ARGAMASSA TRAÇO 1:4 (CIMENTO E AREIA), PREPARO MECÂNICO COM BETONEIRA 400 L, APLICADO EM ÁREAS MOLHADAS SOBRE IMPERMEABILIZAÇÃO, ACABAMENTO NÃO REFORÇADO, ESPESSURA 3CM. AF_07/2021","m²",11.7,44.49,55.24,646.29999999999995,2.189174120459895E-5]
[" 2.2.10.3 "," 98679 ","SINAPI","PISO CIMENTADO, TRAÇO 1:3 (CIMENTO E AREIA), ACABAMENTO LISO, ESPESSURA 2,0 CM, PREPARO MECÂNICO DA ARGAMASSA. AF_09/2020","m²",11.7,34.17,42.43,496.43,1.6815282509978428E-5]
[" 2.2.10.4 "," 94992 ","SINAPI","EXECUÇÃO DE PASSEIO (CALÇADA) OU PISO DE CONCRETO COM CONCRETO MOLDADO IN LOCO, FEITO EM OBRA, ACABAMENTO CONVENCIONAL, ESPESSURA 6 CM, ARMADO. AF_08/2022","m²",19.95,86.17,107,2134.65,7.2305748665321286E-5]
[" 2.2.11 ",null,null,"ASSENTAMENTO DE TUBOS E PEÇAS",{"$nulls":4},5778.39,1.9572801865889297E-4]
[" 2.2.11.1 "," 103105 ","SINAPI","ASSENTAMENTO DE CONEXÃO COM 2 ACESSOS, FERRO FUNDIDO PARA REDE DE ÁGUA, DN  80 MM, JUNTA FLANGEADA (NÃO INCLUI O FORNECIMENTO). AF_09/2021","UN",23,47.22,58.63,1348.49,4.5676611630805567E-5]
[" 2.2.11.2 "," 103121 ","SINAPI","ASSENTAMENTO DE CONEXÃO COM 3 ACESSOS, FERRO FUNDIDO PARA REDE DE ÁGUA, DN  80 MM, JUNTA FLANGEADA (NÃO INCLUI O FORNECIMENTO). AF_09/2021","UN",2,62.1,77.11,154.22,5.2238036957655113E-6]
[" 2.2.11.3 "," 103089 ","SINAPI","ASSENTAMENTO DE TUBO DE FERRO FUNDIDO PARA REDE DE ÁGUA, DN 80 MM, JUNTA FLANGEADA (NÃO INCLUI O FORNECIMENTO). AF_09/2021","M",6,11.28,14,84,2.8452827807307937E-6]
[" 2.2.11.4 "," 103107 ","SINAPI","ASSENTAMENTO DE CONEXÃO COM 2 ACESSOS, FERRO FUNDIDO PARA REDE DE ÁGUA, DN  150 MM, JUNTA FLANGEADA (NÃO INCLUI O FORNECIMENTO). AF_09/2021","UN",2,79.37,98.56,197.12,6.6769302587815952E-6]
[" 2.2.11.5 "," 103090 ","SINAPI","ASSENTAMENTO DE TUBO DE FERRO FUNDIDO PARA REDE DE ÁGUA, DN 100 MM, JUNTA FLANGEADA (NÃO INCLUI O FORNECIMENTO). AF_09/2021","M",5,13.48,16.73,83.65,2.8334274358110818E-6]
[" 2.2.11.6 "," 103091 ","SINAPI","ASSENTAMENTO DE TUBO DE FERRO FUNDIDO PARA REDE DE ÁGUA, DN 150 MM, JUNTA FLANGEADA (NÃO INCLUI O FORNECIMENTO). AF_09/2021","M",6,18.96,23.54,141.24,4.7841397613144917E-6]
[" 2.2.11.7 "," 103106 ","SINAPI","ASSENTAMENTO DE CONEXÃO COM 2 ACESSOS, FERRO FUNDIDO PARA REDE DE ÁGUA, DN  100 MM, JUNTA FLANGEADA (NÃO INCLUI O FORNECIMENTO). AF_09/2021","UN",2,56.4,70.03,140.06,4.7441703127280351E-6]
[" 2.2.11.8 "," 6053 ","ORSE","Assentamento de válvula de retenção em ferro fundido, diam. =   50mm a 150mm","un",2,7.9,9.81,19.62,6.645767637849782E-7]
[" 2.2.11.9 "," 102119 ","SINAPI","BOMBA CENTRÍFUGA, TRIFÁSICA, 3 CV OU 2,96 HP, HM 34 A 40 M, Q 8,6 A 14,8 M3/H (NÃO INCLUI O FORNECIMENTO DA BOMBA). AF_12/2020","UN",2,145.74,180.97,361.94,1.2259781543544089E-5]
[" 2.2.11.10 "," 6015 ","ORSE","Assentamento de registro de gaveta em ferro fundido com flanges, diam. =   50mm a 150mm","un",6,14.45,17.940000000000001,107.64,3.646026649022174E-6]
[" 2.2.11.11 "," 103123 ","SINAPI","ASSENTAMENTO DE CONEXÃO COM 3 ACESSOS, FERRO FUNDIDO PARA REDE DE ÁGUA, DN  150 MM, JUNTA FLANGEADA (NÃO INCLUI O FORNECIMENTO). AF_09/2021","UN",1,110.31,136.97999999999999,136.97999999999999,4.6398432774345722E-6]
[" 2.2.11.12 "," GRR-23-0026 ","Próprio","MONTAGEM DE MONOVIA PARA TALHA E TROLEY MANUAL CAPACIDADE DE CARGA DE 1,0T","UN",1,817.44,1015.09,1015.09,3.4383548784428822E-5]
[" 2.2.11.13 "," 2642 ","ORSE","Escada marinheiro em barra chata de ferro 2\" x 5/16\"","m",3.45,383.7,476.47,1643.82,5.568015167405825E-5]
[" 2.2.11.14 "," 11499 ","ORSE","Guarda-corpo para escada marinheiro, com 05 (cinco) barras chatas verticais 1 1/4\" x 3/16\" e arco a cada 30cm de 1 1/4\" x 3/16\", fixada com parabolt - fornecimento e instalação","m",2.5,110.98,137.81,344.52,1.1669724090683012E-5]
[" 2.2.12 ",null,null,"FORNECIMENTO DE TUBOS E PEÇAS",{"$nulls":4},65143.81,2.2065781055261723E-3]
[" 2.2.12.1 "," 5359 ","ORSE","Curva 90º c/ bolsas, em fofo, je, d=  100mm un","un",1,371.42,428.17,428.17,1.4503151526494094E-5]
[" 2.2.12.2 "," 12472 ","ORSE","Curva 90º, em fofo, c/ bolsas pn 10 / 16 / 25, d=   80mm un","un",1,209.84,241.9,241.9,8.1937369602235585E-6]
[" 2.2.12.3 "," 5386 ","ORSE","Curva 90º, em fofo, c/ flanges pn 10 / 16, d=  100mm un","un",1,414.12,477.39,477.39,1.6170351746346113E-5]
[" 2.2.12.4 "," 5874 ","ORSE","TUBO EM FOFO, PONTA E FLANGE PN 10 / 16, D=  100MM, L=1,00M Tubo em fofo, ponta e flange pn 10 / 16, d=  100mm UN","m",5,1471.71,1696.58,8482.9,2.8733630119834818E-4]
[" 2.2.12.5 "," 6317 ","ORSE","TUBO EM FOFO, C/ FLANGES PN 10 / 16, D=    80MM, L=1,00M TUBO EM FoFo, C/ FLANGES PN 10 / 16, D=    80MM, L=1,00M UN","UN",4,1737.1,2002.52,8010.08,2.7132074638423943E-4]
[" 2.2.12.6 "," 12531 ","ORSE","Registro gaveta fofo, c/ flanges, cunha borracha, corpo curto e volante, tipo euro 23,  PN16, diam  = 80mm un","un",5,667.63,769.64,3848.2,1.3034782377152666E-4]
[" 2.2.12.7 "," 5720 ","ORSE","Tê em fofo c/ flanges pn 10 / 16 / 25, d=   80 x   80mm un","un",2,465.24,536.32000000000005,1072.6400000000001,3.633290621336998E-5]
[" 2.2.12.8 "," 5787 ","ORSE","Toco em fofo com aba de vedação e flanges pn 10 / 16 / 25, d=   80mm un","un",1,668.28,770.39,770.39,2.609496906484757E-5]
[" 2.2.12.9 "," 5760 ","ORSE","Toco em fofo c/ flanges pn 10 / 16 / 25, comp. = 0,50m, d=   80mm un","un",8,504.22,581.26,4650.08,1.5750943515500772E-4]
[" 2.2.12.10 "," 00000736 ","SINAPI","BOMBA CENTRIFUGA  MOTOR ELETRICO TRIFASICO 2,96HP, DIAMETRO DE SUCCAO X ELEVACAO 1 1/2\" X 1 1/4\", DIAMETRO DO ROTOR 148 MM, HM/Q: 34 M / 14,80 M3/H A 40 M / 8,60 M3/H","UN",2,1962.89,2262.81,4525.62,1.5329367450155827E-4]
[" 2.2.12.11 "," 6315 ","ORSE","TUBO EM FOFO, PONTA E FLANGE PN 10 / 16 / 25, D=   80MM, L=1,00M TUBO EM FoFo, PONTA E FLANGE PN 10 / 16 / 25, D=   80MM, L=1,00M UN","UN",2,1288.25,1485.09,2970.18,1.0060716678179747E-4]
[" 2.2.12.12 "," 11637 ","ORSE","Válvula retenção portinhola dupla, tipo \"wave\", Ø=80mm, em ferro fundido un","un",2,1174.75,1354.25,2708.5,9.1743433471539932E-5]
[" 2.2.12.13 "," 11628 ","ORSE","Reducao excentrica  em aço, com flanges pn 10 / 16 diam. = 80 x 50 mm un","un",2,146.72,169.13,338.26,1.1457682778690454E-5]
[" 2.2.12.14 "," 6343 ","ORSE","Registro gaveta fofo, c/ flanges, cunha borracha, corpo curto e cabeçote, tipo euro 23,  PN16, diam  = 150mm un","un",1,1044.8800000000001,1204.53,1204.53,4.080033890325789E-5]
[" 2.2.12.15 "," 5387 ","ORSE","Curva 90º, em fofo, c/ flanges pn 10 / 16, d=  150mm un","un",1,635.27,732.33,732.33,2.4805784985864072E-5]
[" 2.2.12.16 "," 5725 ","ORSE","Tê em fofo c/ flanges pn 10 / 16, d=  150 x  150mm un","un",1,801.07,923.47,923.47,3.1280158208588881E-5]
[" 2.2.12.17 "," 5442 ","ORSE","Extremidade em fofo, ponta, com aba de vedação / flange pn 10 / 16, d=  150mm un","un",1,961.31,1108.19,1108.19,3.7537070533072116E-5]
[" 2.2.12.18 "," 5875 ","ORSE","TUBO EM FOFO, PONTA E FLANGE PN 10 / 16, D=  150MM, L=1,00M Tubo em fofo, ponta e flange pn 10 / 16, d=  150mm UN","m",3,1824.99,2103.84,6311.52,2.1378641876473832E-4]
[" 2.2.12.19 "," 5845 ","ORSE","TUBO EM FOFO, C/ FLANGES PN 10 / 16, D=  150MM, L=1,00M Tubo em fofo, c/ flanges pn 10 / 16, d=  150mm UN","m",3,2581.3200000000002,2975.74,8927.2199999999993,3.0238649221185182E-4]
[" 2.2.12.20 "," 5522 ","ORSE","Junta gibault em fofo, d=   80mm Junta gilbault em fofo, d=   80mm un","un",3,374.23,431.41,1294.23,4.3838694444109702E-5]
[" 2.2.12.21 "," 5385 ","ORSE","Curva 90º, em fofo, c/ flanges pn 10 / 16 / 25, d=   80mm un","un",8,292.56,337.26,2698.08,9.1390482917073088E-5]
[" 2.2.12.22 "," 00013914 ","SINAPI","TALHA MANUAL DE CORRENTE, CAPACIDADE DE 1 T COM ELEVACAO DE 3 M","UN",1,812.02,936.09,936.09,3.1707628073979625E-5]
[" 2.2.12.23 "," 00010743 ","SINAPI","TROLEY MANUAL CAPACIDADE 1 T","UN",1,655.66,755.84,755.84,2.5602125440328131E-5]
[" 2.2.12.24 "," 00043082 ","SINAPI","PERFIL \"I\" DE ACO LAMINADO, ABAS PARALELAS, \"W\", QUALQUER BITOLA","KG",150,10,11.52,1728,5.8531531489319182E-5]
[" 2.3 ",null,null,"RESERVATÓRIO DE RETROLAVAGEM - 40 M3",{"$nulls":4},178925.58,6.0606413310270247E-3]
[" 2.3.1 ",null,null,"SERVIÇOS PRELIMINARES",{"$nulls":4},658.21,2.2295161656009711E-5]
[" 2.3.1.1 "," 50 ","ORSE","Locação de construção de edificação até 200m2,  inclusive execução de gabarito de madeira","m²",56.89,9.32,11.57,658.21,2.2295161656009711E-5]
[" 2.3.2 ",null,null,"MOVIMENTAÇÃO DE TERRA",{"$nulls":4},6916.92,2.342927782344338E-4]
[" 2.3.2.1 "," 93358 ","SINAPI","ESCAVAÇÃO MANUAL DE VALA COM PROFUNDIDADE MENOR OU IGUAL A 1,30 M. AF_02/2021","m³",55.62,73.77,91.6,5094.79,1.7257283640999334E-4]
[" 2.3.2.2 "," 93382 ","SINAPI","REATERRO MANUAL DE VALAS, COM COMPACTADOR DE SOLOS DE PERCUSSÃO. AF_08/2023","m³",9.98,21.97,27.28,272.25,9.2217647268328397E-6]
[" 2.3.2.3 "," 11472 ","ORSE","Regularização manual e compactão com placa vibratótia","m²",47.09,7.21,8.9499999999999993,421.45,1.4275528904035629E-5]
[" 2.3.2.4 "," 100977 ","SINAPI","CARGA, MANOBRA E DESCARGA DE SOLOS E MATERIAIS GRANULARES EM CAMINHÃO BASCULANTE 6 M³ - CARGA COM ESCAVADEIRA HIDRÁULICA (CAÇAMBA DE 1,20 M³ / 155 HP) E DESCARGA LIVRE (UNIDADE: M3). AF_07/2020","m³",57.05,7.35,9.1199999999999992,520.29,1.7623478309362197E-5]
[" 2.3.2.5 "," 97912 ","SINAPI","TRANSPORTE COM CAMINHÃO BASCULANTE DE 6 M³, EM VIA URBANA EM LEITO NATURAL (UNIDADE: M3XKM). AF_07/2020","M3XKM",114.1,3.62,4.49,512.29999999999995,1.7352837721052208E-5]
[" 2.3.2.6 "," 10389 ","ORSE","Espalhamento de material de bota-fora c/ trator esteira Cat - D-6 ou similar","m³",57.05,1.36,1.68,95.84,3.24633216315761E-6]
[" 2.3.3 ",null,null,"ESTRUTURAS DE CONCRETO",{"$nulls":4},56222.45,1.9043901056606904E-3]
[" 2.3.3.1 "," 101166 ","SINAPI","ALVENARIA DE EMBASAMENTO COM BLOCO ESTRUTURAL DE CERÂMICA, DE 14X19X29CM E ARGAMASSA DE ASSENTAMENTO COM PREPARO EM BETONEIRA. AF_05/2020","m³",1.04,597.49,741.96,771.63,2.6136970858277406E-5]
[" 2.3.3.2 "," 102487 ","SINAPI","CONCRETO CICLÓPICO FCK = 15MPA, 30% PEDRA DE MÃO EM VOLUME REAL, INCLUSIVE LANÇAMENTO. AF_05/2021","m³",1.89,517.55999999999995,642.70000000000005,1214.7,4.1144821354210656E-5]
[" 2.3.3.3 "," 96620 ","SINAPI","LASTRO DE CONCRETO MAGRO, APLICADO EM PISOS, LAJES SOBRE SOLO OU RADIERS. AF_08/2017","m³",2.21,559.04,694.21,1534.2,5.1967057645204561E-5]
[" 2.3.3.4 "," 122 ","ORSE","Forma plana para estruturas, em compensado plastificado de 14mm, 05 usos, inclusive escoramento - Rev 02_04/2022","m²",135.35,65.37,81.17,10986.35,3.721341961676399E-4]
[" 2.3.3.5 "," 140 ","ORSE","Aço CA - 50 Ø 6,3 a 12,5mm, inclusive corte, dobragem, montagem e colocacao de ferragens nas formas, para superestruturas e fundações - R1","kg",1734,12.81,15.9,27570.6,9.3388277898114774E-4]
[" 2.3.3.6 "," 94965 ","SINAPI","CONCRETO FCK = 25MPA, TRAÇO 1:2,3:2,7 (EM MASSA SECA DE CIMENTO/ AREIA MÉDIA/ BRITA 1) - PREPARO MECÂNICO COM BETONEIRA 400 L. AF_05/2021","m³",15.82,463.89,576.04999999999995,9113.11,3.0868303526078097E-4]
[" 2.3.3.7 "," 103670 ","SINAPI","LANÇAMENTO COM USO DE BALDES, ADENSAMENTO E ACABAMENTO DE CONCRETO EM ESTRUTURAS. AF_02/2022","m³",15.82,256.14,318.07,5031.8599999999997,1.7044124539342917E-4]
[" 2.3.4 ",null,null,"PAREDES E PAINÉIS",{"$nulls":4},2257.27,7.6459184076907127E-5]
[" 2.3.4.1 "," 103328 ","SINAPI","ALVENARIA DE VEDAÇÃO DE BLOCOS CERÂMICOS FURADOS NA HORIZONTAL DE 9X19X19 CM (ESPESSURA 9 CM) E ARGAMASSA DE ASSENTAMENTO COM PREPARO EM BETONEIRA. AF_12/2021","m²",16.420000000000002,80.55,100.02,1642.32,5.562934305297377E-5]
[" 2.3.4.2 "," 101161 ","SINAPI","ALVENARIA DE VEDAÇÃO COM ELEMENTO VAZADO DE CONCRETO (COBOGÓ) DE 7X50X50CM E ARGAMASSA DE ASSENTAMENTO COM PREPARO EM BETONEIRA. AF_05/2020","m²",2.4,191.72,238.07,571.36,1.9353342495218407E-5]
[" 2.3.4.3 "," 93184 ","SINAPI","VERGA PRÉ-MOLDADA PARA PORTAS COM ATÉ 1,5 M DE VÃO. AF_03/2016","M",1.1000000000000001,31.92,39.630000000000003,43.59,1.4764985287149438E-6]
[" 2.3.5 ",null,null,"ESQUADRIAS",{"$nulls":4},1381.29,4.6787626811852827E-5]
[" 2.3.5.1 "," 91341 ","SINAPI","PORTA EM ALUMÍNIO DE ABRIR TIPO VENEZIANA COM GUARNIÇÃO, FIXAÇÃO COM PARAFUSOS - FORNECIMENTO E INSTALAÇÃO. AF_12/2019","m²",1.68,662.11,822.2,1381.29,4.6787626811852827E-5]
[" 2.3.6 ",null,null,"COBERTURA",{"$nulls":4},5405.12,1.8308446266409079E-4]
[" 2.3.6.1 "," 94218 ","SINAPI","TELHAMENTO COM TELHA ESTRUTURAL DE FIBROCIMENTO E= 8 MM, COM ATÉ 2 ÁGUAS, INCLUSO IÇAMENTO. AF_07/2019_PS","m²",23.87,182.35,226.44,5405.12,1.8308446266409079E-4]
[" 2.3.7 ",null,null,"REVESTIMENTO",{"$nulls":4},6264.99,2.1221033533869779E-4]
[" 2.3.7.1 "," 87879 ","SINAPI","CHAPISCO APLICADO EM ALVENARIAS E ESTRUTURAS DE CONCRETO INTERNAS, COM COLHER DE PEDREIRO.  ARGAMASSA TRAÇO 1:3 COM PREPARO EM BETONEIRA 400L. AF_10/2022","m²",64.790000000000006,3.93,4.88,316.17,1.0709441152186369E-5]
[" 2.3.7.2 "," 87775 ","SINAPI","EMBOÇO OU MASSA ÚNICA EM ARGAMASSA TRAÇO 1:2:8, PREPARO MECÂNICO COM BETONEIRA 400 L, APLICADA MANUALMENTE EM PANOS DE FACHADA COM PRESENÇA DE VÃOS, ESPESSURA DE 25 MM. AF_08/2022","m²",64.790000000000006,49.14,61.02,3953.48,1.3391391152337592E-4]
[" 2.3.7.3 "," 10570 ","ORSE","Regularização de reboco interno, de parede, com argamassa traço t6 - 1:2:10 (cimento / cal / areia), espessura 0,5 cm","m²",160.13999999999999,10.039999999999999,12.46,1995.34,6.7586982663135487E-5]
[" 2.3.8 ",null,null,"PINTURAS E IMPERMEABILIZAÇÕES",{"$nulls":4},34067.5,1.1539484658636464E-3]
[" 2.3.8.1 "," 88489 ","SINAPI","PINTURA LÁTEX ACRÍLICA PREMIUM, APLICAÇÃO MANUAL EM PAREDES, DUAS DEMÃOS. AF_04/2023","m²",100.42,11.37,14.11,1416.92,4.7994500924679478E-5]
[" 2.3.8.2 "," 7726 ","ORSE","Impermeabilização de superficie c/argamassa 1:3 (cimento e areia), esp=2cm, c/impermeabilizante Vedacit ou similar","m²",20.83,42.13,52.31,1089.6099999999999,3.690772107990571E-5]
[" 2.3.8.3 "," 98553 ","SINAPI","IMPERMEABILIZAÇÃO DE SUPERFÍCIE COM MEMBRANA À BASE DE POLIURETANO, 2 DEMÃOS. AF_09/2023","m²",121.89,200.78,249.32,30389.61,1.0293694529300516E-3]
[" 2.3.8.4 "," 10609 ","ORSE","Fornecimento e aplicação de Tela de Poliéster malha 2x2mm p/impermeabilização, ref: Denvertela Poliéster R, marca Denver ou similar","m²",121.89,7.74,9.61,1171.3599999999999,3.9676790929009791E-5]
[" 2.3.9 ",null,null,"PISOS E PAVIMENTAÇÕES",{"$nulls":4},1982.92,6.7166287280556007E-5]
[" 2.3.9.1 "," 98562 ","SINAPI","IMPERMEABILIZAÇÃO DE SUPERFÍCIE COM ARGAMASSA DE CIMENTO E AREIA, COM ADITIVO IMPERMEABILIZANTE, E = 1,5CM. AF_09/2023","m²",11.7,44.58,55.35,647.59,2.1935436618731603E-5]
[" 2.3.9.2 "," 87755 ","SINAPI","CONTRAPISO EM ARGAMASSA TRAÇO 1:4 (CIMENTO E AREIA), PREPARO MECÂNICO COM BETONEIRA 400 L, APLICADO EM ÁREAS MOLHADAS SOBRE IMPERMEABILIZAÇÃO, ACABAMENTO NÃO REFORÇADO, ESPESSURA 3CM. AF_07/2021","m²",11.7,44.49,55.24,646.29999999999995,2.189174120459895E-5]
[" 2.3.9.3 "," 98679 ","SINAPI","PISO CIMENTADO, TRAÇO 1:3 (CIMENTO E AREIA), ACABAMENTO LISO, ESPESSURA 2,0 CM, PREPARO MECÂNICO DA ARGAMASSA. AF_09/2020","m²",11.7,34.17,42.43,496.43,1.6815282509978428E-5]
[" 2.3.9.4 "," 94992 ","SINAPI","EXECUÇÃO DE PASSEIO (CALÇADA) OU PISO DE CONCRETO COM CONCRETO MOLDADO IN LOCO, FEITO EM OBRA, ACABAMENTO CONVENCIONAL, ESPESSURA 6 CM, ARMADO. AF_08/2022","m²",1.8,86.17,107,192.6,6.5238269472470335E-6]
[" 2.3.10 ",null,null,"DRENAGEM",{"$nulls":4},42.57,1.4419486663774985E-6]
[" 2.3.10.1 "," 102704 ","SINAPI","TUBO DE PEAD CORRUGADO PERFURADO, DN 100 MM, PARA DRENO - FORNECIMENTO E ASSENTAMENTO. AF_07/2021","M",2.5,10.96,13.61,34.020000000000003,1.1523395261959714E-6]
[" 2.3.10.2 "," 102719 ","SINAPI","ENCHIMENTO DE BRITA PARA DRENO, LANÇAMENTO MANUAL. AF_07/2021","m³",0.06,114.86,142.63,8.5500000000000007,2.8960914018152717E-7]
[" 2.3.11 ",null,null,"ASSENTAMENTO DE TUBOS E PEÇAS",{"$nulls":4},4318.3900000000003,1.4627429413666728E-4]
[" 2.3.11.1 "," 103105 ","SINAPI","ASSENTAMENTO DE CONEXÃO COM 2 ACESSOS, FERRO FUNDIDO PARA REDE DE ÁGUA, DN  80 MM, JUNTA FLANGEADA (NÃO INCLUI O FORNECIMENTO). AF_09/2021","UN",26,47.22,58.63,1524.38,5.1634430539171515E-5]
[" 2.3.11.2 "," 103121 ","SINAPI","ASSENTAMENTO DE CONEXÃO COM 3 ACESSOS, FERRO FUNDIDO PARA REDE DE ÁGUA, DN  80 MM, JUNTA FLANGEADA (NÃO INCLUI O FORNECIMENTO). AF_09/2021","UN",2,62.1,77.11,154.22,5.2238036957655113E-6]
[" 2.3.11.3 "," 103089 ","SINAPI","ASSENTAMENTO DE TUBO DE FERRO FUNDIDO PARA REDE DE ÁGUA, DN 80 MM, JUNTA FLANGEADA (NÃO INCLUI O FORNECIMENTO). AF_09/2021","M",5,11.28,14,70,2.3710689839423278E-6]
[" 2.3.11.4 "," 103107 ","SINAPI","ASSENTAMENTO DE CONEXÃO COM 2 ACESSOS, FERRO FUNDIDO PARA REDE DE ÁGUA, DN  150 MM, JUNTA FLANGEADA (NÃO INCLUI O FORNECIMENTO). AF_09/2021","UN",2,79.37,98.56,197.12,6.6769302587815952E-6]
[" 2.3.11.5 "," 103091 ","SINAPI","ASSENTAMENTO DE TUBO DE FERRO FUNDIDO PARA REDE DE ÁGUA, DN 150 MM, JUNTA FLANGEADA (NÃO INCLUI O FORNECIMENTO). AF_09/2021","M",6,18.96,23.54,141.24,4.7841397613144917E-6]
[" 2.3.11.6 "," 6015 ","ORSE","Assentamento de registro de gaveta em ferro fundido com flanges, diam. =   50mm a 150mm","un",6,14.45,17.940000000000001,107.64,3.646026649022174E-6]
[" 2.3.11.7 "," 6053 ","ORSE","Assentamento de válvula de retenção em ferro fundido, diam. =   50mm a 150mm","un",2,7.9,9.81,19.62,6.645767637849782E-7]
[" 2.3.11.8 "," 9228 ","ORSE","Assentamento de conexões em ferro galvanizado diam.=  4\"","un",5,15.67,19.45,97.25,3.2940922669770199E-6]
[" 2.3.11.9 "," 102121 ","SINAPI","MOTO BOMBA HORIZONTAL ATÉ 10 CV, HM 75 A 80 M, Q 25,4 A 48 (NÃO INCLUI O FORNECIMENTO DA BOMBA). AF_12/2020","UN",2,182.55,226.69,453.38,1.5357075084853894E-5]
[" 2.3.11.10 "," 102117 ","SINAPI","BOMBA CENTRÍFUGA, TRIFÁSICA, 1,5 CV OU 1,48 HP (NÃO INCLUI O FORNECIMENTO DA BOMBA). AF_12/2020","UN",2,142.22,176.6,353.2,1.1963736644691861E-5]
[" 2.3.11.11 "," 9237 ","ORSE","Assentamento de Registro gaveta bruto, d =100 mm (4\")","un",1,65.430000000000007,81.25,81.25,2.7521336420759163E-6]
[" 2.3.11.12 "," 97178 ","SINAPI","ASSENTAMENTO DE TUBO DE AÇO CARBONO PARA REDE DE ÁGUA, DN 1200 MM (48\u0092\u0092) OU DN 1300 MM (52\u0092\u0092), JUNTA SOLDADA, INSTALADO EM LOCAL COM NÍVEL ALTO DE INTERFERÊNCIAS (NÃO INCLUI FORNECIMENTO). AF_11/2017","M",5,84.43,104.84,524.20000000000005,1.7755919448322405E-5]
[" 2.3.11.13 "," 90733 ","SINAPI","ASSENTAMENTO DE TUBO DE PVC PARA REDE COLETORA DE ESGOTO DE PAREDE MACIÇA, DN 100 MM, JUNTA ELÁSTICA (NÃO INCLUI FORNECIMENTO). AF_01/2021","M",4.5,2.83,3.51,15.79,5.3484541794927655E-7]
[" 2.3.11.14 "," 6349 ","ORSE","Assentamento de conexão de pvc je  para esgoto sanitário 01 ou 02 bolsas diam. = 125, 150, 200 ou 250mm","un",3,3.59,4.45,13.35,4.5219672765185826E-7]
[" 2.3.11.15 "," 90734 ","SINAPI","ASSENTAMENTO DE TUBO DE PVC PARA REDE COLETORA DE ESGOTO DE PAREDE MACIÇA, DN 150 MM, JUNTA ELÁSTICA,  (NÃO INCLUI FORNECIMENTO). AF_01/2021","M",8,3.36,4.17,33.36,1.1299837329188008E-6]
[" 2.3.11.16 "," 97125 ","SINAPI","ASSENTAMENTO DE TUBO DE PVC PBA PARA REDE DE ÁGUA, DN 75 MM, JUNTA ELÁSTICA INTEGRADA, INSTALADO EM LOCAL COM NÍVEL BAIXO DE INTERFERÊNCIAS (NÃO INCLUI FORNECIMENTO). AF_11/2017","M",38.799999999999997,1.06,1.31,50.82,1.7213960823421301E-6]
[" 2.3.11.17 "," 5232 ","ORSE","Assentamento de conexões de pvc, junta elástica, ponta e bolsa, diam.=   75 mm","un",2,2.06,2.5499999999999998,5.0999999999999996,1.7274931168722676E-7]
[" 2.3.11.18 "," 2642 ","ORSE","Escada marinheiro em barra chata de ferro 2\" x 5/16\"","m",1,383.7,476.47,476.47,1.61391891254143E-5]
[" 2.3.12 ",null,null,"FORNECIMENTO DE TUBOS E PEÇAS",{"$nulls":4},59407.95,2.0122906806370943E-3]
[" 2.3.12.1 "," 5385 ","ORSE","Curva 90º, em fofo, c/ flanges pn 10 / 16 / 25, d=   80mm un","un",12,292.56,337.26,4047.12,1.3708572437560963E-4]
[" 2.3.12.2 "," 6315 ","ORSE","TUBO EM FOFO, PONTA E FLANGE PN 10 / 16 / 25, D=   80MM, L=1,00M TUBO EM FoFo, PONTA E FLANGE PN 10 / 16 / 25, D=   80MM, L=1,00M UN","UN",2,1288.25,1485.09,2970.18,1.0060716678179747E-4]
[" 2.3.12.3 "," 5875 ","ORSE","TUBO EM FOFO, PONTA E FLANGE PN 10 / 16, D=  150MM, L=1,00M Tubo em fofo, ponta e flange pn 10 / 16, d=  150mm UN","m",3,1824.99,2103.84,6311.52,2.1378641876473832E-4]
[" 2.3.12.4 "," 6317 ","ORSE","TUBO EM FOFO, C/ FLANGES PN 10 / 16, D=    80MM, L=1,00M TUBO EM FoFo, C/ FLANGES PN 10 / 16, D=    80MM, L=1,00M UN","UN",3,1737.1,2002.52,6007.56,2.0349055978817959E-4]
[" 2.3.12.5 "," 12531 ","ORSE","Registro gaveta fofo, c/ flanges, cunha borracha, corpo curto e volante, tipo euro 23,  PN16, diam  = 80mm un","un",5,667.63,769.64,3848.2,1.3034782377152666E-4]
[" 2.3.12.6 "," 5720 ","ORSE","Tê em fofo c/ flanges pn 10 / 16 / 25, d=   80 x   80mm un","un",2,465.24,536.32000000000005,1072.6400000000001,3.633290621336998E-5]
[" 2.3.12.7 "," 00000735 ","SINAPI","BOMBA CENTRIFUGA  MOTOR ELETRICO TRIFASICO 1,48HP  DIAMETRO DE SUCCAO X ELEVACAO 1\" X 1\", 4 ESTAGIOS, DIAMETRO DOS ROTORES 3 X 107 MM + 1 X 100 MM, HM/Q: 10 M / 5,3 M3/H A 70 M / 1,8 M3/H","UN",2,2334.5,2691.21,5382.42,1.8231555886501235E-4]
[" 2.3.12.8 "," 5760 ","ORSE","Toco em fofo c/ flanges pn 10 / 16 / 25, comp. = 0,50m, d=   80mm un","un",4,504.22,581.26,2325.04,7.8754717577503858E-5]
[" 2.3.12.9 "," 5759 ","ORSE","Toco em fofo c/ flanges pn 10 / 16 / 25, comp. = 0,25m, d=   80mm un","un",4,438.63,505.65,2022.6,6.8510344670310745E-5]
[" 2.3.12.10 "," 5787 ","ORSE","Toco em fofo com aba de vedação e flanges pn 10 / 16 / 25, d=   80mm un","un",1,668.28,770.39,770.39,2.609496906484757E-5]
[" 2.3.12.11 "," 5845 ","ORSE","TUBO EM FOFO, C/ FLANGES PN 10 / 16, D=  150MM, L=1,00M Tubo em fofo, c/ flanges pn 10 / 16, d=  150mm UN","m",3,2581.3200000000002,2975.74,8927.2199999999993,3.0238649221185182E-4]
[" 2.3.12.12 "," 00020181 ","SINAPI","TE, PVC, SERIE R, 150 X 150 MM, PARA ESGOTO PREDIAL","UN",1,111.55,128.59,128.59,4.3556537235020564E-6]
[" 2.3.12.13 "," 00042685 ","SINAPI","CAP, PVC, JE, OCRE, DN 150 MM (CONEXAO PARA TUBO COLETOR DE ESGOTO)","UN",2,62.8,72.39,144.78,4.9040481070738605E-6]
[" 2.3.12.14 "," 5725 ","ORSE","Tê em fofo c/ flanges pn 10 / 16, d=  150 x  150mm un","un",1,801.07,923.47,923.47,3.1280158208588881E-5]
[" 2.3.12.15 "," 6343 ","ORSE","Registro gaveta fofo, c/ flanges, cunha borracha, corpo curto e cabeçote, tipo euro 23,  PN16, diam  = 150mm un","un",1,1044.8800000000001,1204.53,1204.53,4.080033890325789E-5]
[" 2.3.12.16 "," 5387 ","ORSE","Curva 90º, em fofo, c/ flanges pn 10 / 16, d=  150mm un","un",1,635.27,732.33,732.33,2.4805784985864072E-5]
[" 2.3.12.17 "," D390000110 ","EMBASA","TUBO DRENO CORRUGADO/PERFURADO DN=150MM","M",4.5,79.069999999999993,91.15,410.17,1.3893448073480352E-5]
[" 2.3.12.18 "," 5442 ","ORSE","Extremidade em fofo, ponta, com aba de vedação / flange pn 10 / 16, d=  150mm un","un",1,961.31,1108.19,1108.19,3.7537070533072116E-5]
[" 2.3.12.19 "," 11628 ","ORSE","Reducao excentrica  em aço, com flanges pn 10 / 16 diam. = 80 x 50 mm un","un",2,146.72,169.13,338.26,1.1457682778690454E-5]
[" 2.3.12.20 "," 5522 ","ORSE","Junta gibault em fofo, d=   80mm Junta gilbault em fofo, d=   80mm un","un",3,374.23,431.41,1294.23,4.3838694444109702E-5]
[" 2.3.12.21 "," 11637 ","ORSE","Válvula retenção portinhola dupla, tipo \"wave\", Ø=80mm, em ferro fundido un","un",2,1174.75,1354.25,2708.5,9.1743433471539932E-5]
[" 2.3.12.22 "," 00004183 ","SINAPI","NIPLE DE FERRO GALVANIZADO, COM ROSCA BSP, DE 4\"","UN",1,154.76,178.4,178.4,6.042838667647304E-6]
[" 2.3.12.23 "," 00006027 ","SINAPI","REGISTRO GAVETA BRUTO EM LATAO FORJADO, BITOLA 4 \" (REF 1509)","UN",1,556.59,641.63,641.63,2.1733557030955941E-5]
[" 2.3.12.24 "," 00003469 ","SINAPI","COTOVELO 90 GRAUS DE FERRO GALVANIZADO, COM ROSCA BSP, DE 4\"","UN",2,267.54000000000002,308.42,616.84,2.0893859886499795E-5]
[" 2.3.12.25 "," 00000782 ","SINAPI","BUCHA DE REDUCAO DE FERRO GALVANIZADO, COM ROSCA BSP, DE 4\" X 3\"","UN",1,133.71,154.13999999999999,154.13999999999999,5.2210939026410057E-6]
[" 2.3.12.26 "," 11638 ","ORSE","Válvula de bóia em ferro fundido, Ø=80mm un","un",1,1335.17,1539.18,1539.18,5.2135742267205032E-5]
[" 2.3.12.27 "," 00009891 ","SINAPI","UNIAO DE FERRO GALVANIZADO, COM ROSCA BSP, COM ASSENTO PLANO, DE 4\"","UN",1,402.55,464.05,464.05,1.5718493742834819E-5]
[" 2.3.12.28 "," 00007693 ","SINAPI","TUBO ACO GALVANIZADO COM COSTURA, CLASSE MEDIA, DN 4\", E = 4,50* MM, PESO 12,10* KG/M (NBR 5580)","M",5,167.57,193.17,965.85,3.2715671116295675E-5]
[" 2.3.12.29 "," 00009840 ","SINAPI","TUBO PVC, SERIE R, DN 150 MM, PARA ESGOTO OU AGUAS PLUVIAIS PREDIAL (NBR 5688)","M",8,57.04,65.75,526,1.7816889793623778E-5]
[" 2.3.12.30 "," 00036376 ","SINAPI","TUBO PVC PBA JEI, CLASSE 15, DN 75 MM, PARA REDE DE AGUA (NBR 5647)","M",38.799999999999997,33.049999999999997,38.1,1478.28,5.0072912251175205E-5]
[" 2.3.12.31 "," 00001824 ","SINAPI","CURVA PVC PBA, JE, PB, 90 GRAUS, DN 75 / DE 85 MM, PARA REDE AGUA (NBR 10351)","UN",2,71.849999999999994,82.82,165.64,5.6106266642886742E-6]
[" 2.4 ",null,null,"RESERVATÓRIO ELEVADO - 40 M3",{"$nulls":4},102045.18,3.4565165894115996E-3]
[" 2.4.1 ",null,null,"MOVIMENTAÇÃO DE TERRA",{"$nulls":4},1356.42,4.5945219874272179E-5]
[" 2.4.1.1 "," 93358 ","SINAPI","ESCAVAÇÃO MANUAL DE VALA COM PROFUNDIDADE MENOR OU IGUAL A 1,30 M. AF_02/2021","m³",11.66,73.77,91.6,1068.05,3.6177431832851476E-5]
[" 2.4.1.2 "," 100977 ","SINAPI","CARGA, MANOBRA E DESCARGA DE SOLOS E MATERIAIS GRANULARES EM CAMINHÃO BASCULANTE 6 M³ - CARGA COM ESCAVADEIRA HIDRÁULICA (CAÇAMBA DE 1,20 M³ / 155 HP) E DESCARGA LIVRE (UNIDADE: M3). AF_07/2020","m³",14.58,7.35,9.1199999999999992,132.96,4.5036761729281704E-6]
[" 2.4.1.3 "," 97912 ","SINAPI","TRANSPORTE COM CAMINHÃO BASCULANTE DE 6 M³, EM VIA URBANA EM LEITO NATURAL (UNIDADE: M3XKM). AF_07/2020","M3XKM",29.16,3.62,4.49,130.91999999999999,4.4345764482532798E-6]
[" 2.4.1.4 "," 10389 ","ORSE","Espalhamento de material de bota-fora c/ trator esteira Cat - D-6 ou similar","m³",14.58,1.36,1.68,24.49,8.2953542023925156E-7]
[" 2.4.2 ",null,null,"ANDAIMES E PLATAFORMAS",{"$nulls":4},114.97,3.8943114440549916E-6]
[" 2.4.2.1 "," 00020193 ","SINAPI","LOCACAO DE ANDAIME METALICO TIPO FACHADEIRO, PECAS COM APROXIMADAMENTE 1,20 M DE LARGURA E 2,0 M DE ALTURA, INCLUINDO DIAGONAIS EM X, BARRAS DE LIGACAO, SAPATAS E DEMAIS ITENS NECESSARIOS A MONTAGEM (NAO INCLUI INSTALACAO)","M2XMES",3.6,18.75,21.61,77.790000000000006,2.6349350894410527E-6]
[" 2.4.2.2 "," 97063 ","SINAPI","MONTAGEM E DESMONTAGEM DE ANDAIME MODULAR FACHADEIRO, COM PISO METÁLICO, PARA EDIFICAÇÕES COM MÚLTIPLOS PAVIMENTOS (EXCLUSIVE ANDAIME E LIMPEZA). AF_11/2017","m²",3.6,8.32,10.33,37.18,1.2593763546139394E-6]
[" 2.4.3 ",null,null,"ESTRUTURAS DE CONCRETO",{"$nulls":4},7493.88,2.538358062483676E-4]
[" 2.4.3.1 "," 102487 ","SINAPI","CONCRETO CICLÓPICO FCK = 15MPA, 30% PEDRA DE MÃO EM VOLUME REAL, INCLUSIVE LANÇAMENTO. AF_05/2021","m³",11.66,517.55999999999995,642.70000000000005,7493.88,2.538358062483676E-4]
[" 2.4.4 ",null,null,"INSTALAÇÕES HIDRO-SANITÁRIAS",{"$nulls":4},93079.91,3.1528412518449047E-3]
[" 2.4.4.1 "," 89513 ","SINAPI","JOELHO 90 GRAUS, PVC, SOLDÁVEL, DN 75MM, INSTALADO EM PRUMADA DE ÁGUA - FORNECIMENTO E INSTALAÇÃO. AF_06/2022","UN",4,113.67,141.15,564.6,1.912436497619769E-5]
[" 2.4.4.2 "," 89515 ","SINAPI","JOELHO 45 GRAUS, PVC, SOLDÁVEL, DN 75MM, INSTALADO EM PRUMADA DE ÁGUA - FORNECIMENTO E INSTALAÇÃO. AF_06/2022","UN",4,89.89,111.62,446.48,1.5123355427865293E-5]
[" 2.4.4.3 "," 94714 ","SINAPI","ADAPTADOR COM FLANGES LIVRES, PVC, SOLDÁVEL, DN 85 MM X 3 , INSTALADO EM RESERVAÇÃO DE ÁGUA DE EDIFICAÇÃO QUE POSSUA RESERVATÓRIO DE FIBRA/FIBROCIMENTO   FORNECIMENTO E INSTALAÇÃO. AF_06/2016","UN",5,381.02,473.15,2365.75,8.0133663553736602E-5]
[" 2.4.4.4 "," 89629 ","SINAPI","TE, PVC, SOLDÁVEL, DN 75MM, INSTALADO EM PRUMADA DE ÁGUA - FORNECIMENTO E INSTALAÇÃO. AF_06/2022","UN",1,85.72,106.44,106.44,3.6053797521545912E-6]
[" 2.4.4.5 "," 89451 ","SINAPI","TUBO, PVC, SOLDÁVEL, DN 75MM, INSTALADO EM PRUMADA DE ÁGUA - FORNECIMENTO E INSTALAÇÃO. AF_06/2022","M",27,54.41,67.56,1824.12,6.1787347928412558E-5]
[" 2.4.4.6 "," 92891 ","SINAPI","UNIÃO, EM FERRO GALVANIZADO, DN 80 (3\"), CONEXÃO ROSQUEADA, INSTALADO EM PRUMADAS - FORNECIMENTO E INSTALAÇÃO. AF_10/2020","UN",5,322.88,400.95,2004.75,6.7905722079405459E-5]
[" 2.4.4.7 "," 92348 ","SINAPI","NIPLE, EM FERRO GALVANIZADO, DN 80 (3\"), CONEXÃO ROSQUEADA, INSTALADO EM PRUMADAS - FORNECIMENTO E INSTALAÇÃO. AF_10/2020","UN",5,132.26,164.24,821.2,2.7816026423049139E-5]
[" 2.4.4.8 "," 94500 ","SINAPI","REGISTRO DE GAVETA BRUTO, LATÃO, ROSCÁVEL, 3\" - FORNECIMENTO E INSTALAÇÃO. AF_08/2021","UN",5,294.11,365.22,1826.1,6.1854415308244075E-5]
[" 2.4.4.9 "," 102137 ","SINAPI","CHAVE DE BOIA AUTOMÁTICA SUPERIOR/INFERIOR 15A/250V - FORNECIMENTO E INSTALAÇÃO. AF_12/2020","UN",1,81.58,101.3,101.3,3.4312755439051114E-6]
[" 2.4.4.10 "," 8925 ","ORSE","Abraçadeira metálica tipo \"D\" de 3\"","un",10,9.61,11.93,119.3,4.0409789969188533E-6]
[" 2.4.4.11 "," 10448 ","ORSE","Abraçadeira metálica tipo \"D\" de 4\"","un",5,11.15,13.84,69.2,2.3439710526972728E-6]
[" 2.4.4.13 "," 1089 ","ORSE","Bucha de redução longa de pvc rigido soldável, marrom, diâm = 75 x 50mm","un",1,41.63,51.69,51.69,1.7508650825711276E-6]
[" 2.4.4.13 "," 10800 ","ORSE","Abraçadeira em aço inox 1/4 x 3/4\" x 600mm un","un",15,7.99,9.2100000000000009,138.15,4.679474001880466E-6]
[" 2.4.4.14 "," 89596 ","SINAPI","ADAPTADOR CURTO COM BOLSA E ROSCA PARA REGISTRO, PVC, SOLDÁVEL, DN 50MM X 1.1/2 , INSTALADO EM PRUMADA DE ÁGUA - FORNECIMENTO E INSTALAÇÃO. AF_06/2022","UN",1,10.34,12.84,12.84,4.3492179648313556E-7]
[" 2.4.4.15 "," 97897 ","SINAPI","CAIXA ENTERRADA HIDRÁULICA RETANGULAR, EM CONCRETO PRÉ-MOLDADO, DIMENSÕES INTERNAS: 0,6X0,6X0,5 M. AF_12/2020","UN",1,312.94,388.6,388.6,1.3162820102285552E-5]
[" 2.4.4.16 "," 94655 ","SINAPI","TUBO, PVC, SOLDÁVEL, DN 110 MM, INSTALADO EM RESERVAÇÃO DE ÁGUA DE EDIFICAÇÃO QUE POSSUA RESERVATÓRIO DE FIBRA/FIBROCIMENTO   FORNECIMENTO E INSTALAÇÃO. AF_06/2016","M",12.5,127.02,157.72999999999999,1971.62,6.6783529001719614E-5]
[" 2.4.4.17 "," 94701 ","SINAPI","TÊ, PVC, SOLDÁVEL, DN 110 MM INSTALADO EM RESERVAÇÃO DE ÁGUA DE EDIFICAÇÃO QUE POSSUA RESERVATÓRIO DE FIBRA/FIBROCIMENTO   FORNECIMENTO E INSTALAÇÃO. AF_06/2016","UN",1,242.21,300.77,300.77,1.0187805975719056E-5]
[" 2.4.4.18 "," 94670 ","SINAPI","ADAPTADOR CURTO COM BOLSA E ROSCA PARA REGISTRO, PVC, SOLDÁVEL, DN 110 MM X 4 , INSTALADO EM RESERVAÇÃO DE ÁGUA DE EDIFICAÇÃO QUE POSSUA RESERVATÓRIO DE FIBRA/FIBROCIMENTO   FORNECIMENTO E INSTALAÇÃO. AF_06/2016","UN",2,75.52,93.78,187.56,6.3531099804031864E-6]
[" 2.4.4.19 "," 94686 ","SINAPI","JOELHO 90 GRAUS, PVC, SOLDÁVEL, DN 110 MM INSTALADO EM RESERVAÇÃO DE ÁGUA DE EDIFICAÇÃO QUE POSSUA RESERVATÓRIO DE FIBRA/FIBROCIMENTO   FORNECIMENTO E INSTALAÇÃO. AF_06/2016","UN",2,276.11,342.87,685.74,2.322766921498017E-5]
[" 2.4.4.20 "," 1115 ","ORSE","Curva 45º de pvc rígido soldável, marrom  diâm = 110mm Rev. 01 - 10/2022","un",2,133.16,165.35,330.7,1.1201607328424683E-5]
[" 2.4.4.21 "," 101919 ","SINAPI","UNIÃO, EM FERRO GALVANIZADO, 4\", CONEXÃO ROSQUEADA, INSTALADO EM PRUMADAS - FORNECIMENTO E INSTALAÇÃO. AF_10/2020","UN",1,442.67,549.70000000000005,549.70000000000005,1.8619666006758538E-5]
[" 2.4.4.22 "," 101924 ","SINAPI","NIPLE, EM FERRO GALVANIZADO, 4\", CONEXÃO ROSQUEADA, INSTALADO EM PRUMADAS - FORNECIMENTO E INSTALAÇÃO. AF_10/2020","UN",1,194.88,242,242,8.1971242016291903E-6]
[" 2.4.4.23 "," 94501 ","SINAPI","REGISTRO DE GAVETA BRUTO, LATÃO, ROSCÁVEL, 4\" - FORNECIMENTO E INSTALAÇÃO. AF_08/2021","UN",1,590.84,733.7,733.7,2.4852190193121227E-5]
[" 2.4.4.24 "," I-2023-0018 ","Próprio","RESERVATORIO ELEVADO C/ CAIXA D'AGUA EM FIBRA DE VIDRO DE 20.000 LITROS APOIADO EM ESTRUTURA PRE-MOLDADA CONCRETO, COMPOSTA DE CAPITEL P/APOIO DA CAIXA E PILAR CILINDRICO C/ALTURA LIVRE = 8,50M, INCLUSO FRETE E MONTAGEM NO LOCAL","un",2,33500,38618.800000000003,77237.600000000006,2.6162239679163421E-3]
[" 2.5 ",null,null,"CASA DE QUÍMICA",{"$nulls":4},61719.31,2.0905820235903078E-3]
[" 2.5.1 ",null,null,"SERVIÇOS PRELIMINARES",{"$nulls":4},447.64,1.5162647428170623E-5]
[" 2.5.1.1 "," 50 ","ORSE","Locação de construção de edificação até 200m2,  inclusive execução de gabarito de madeira","m²",38.69,9.32,11.57,447.64,1.5162647428170623E-5]
[" 2.5.2 ",null,null,"MOVIMENTAÇÃO DE TERRA",{"$nulls":4},2800.38,9.4855630875034517E-5]
[" 2.5.2.1 "," 93358 ","SINAPI","ESCAVAÇÃO MANUAL DE VALA COM PROFUNDIDADE MENOR OU IGUAL A 1,30 M. AF_02/2021","m³",13.95,73.77,91.6,1277.82,4.3282848129445509E-5]
[" 2.5.2.2 "," 93382 ","SINAPI","REATERRO MANUAL DE VALAS, COM COMPACTADOR DE SOLOS DE PERCUSSÃO. AF_08/2023","m³",3.84,21.97,27.28,104.75,3.548135372399412E-6]
[" 2.5.2.3 "," 11472 ","ORSE","Regularização manual e compactão com placa vibratótia","m²",38.69,7.21,8.9499999999999993,346.27,1.1729000815281569E-5]
[" 2.5.2.4 "," 102719 ","SINAPI","ENCHIMENTO DE BRITA PARA DRENO, LANÇAMENTO MANUAL. AF_07/2021","m³",5.76,114.86,142.63,821.54,2.7827543043828285E-5]
[" 2.5.2.5 "," 100977 ","SINAPI","CARGA, MANOBRA E DESCARGA DE SOLOS E MATERIAIS GRANULARES EM CAMINHÃO BASCULANTE 6 M³ - CARGA COM ESCAVADEIRA HIDRÁULICA (CAÇAMBA DE 1,20 M³ / 155 HP) E DESCARGA LIVRE (UNIDADE: M3). AF_07/2020","m³",12.64,7.35,9.1199999999999992,115.27,3.904473168271888E-6]
[" 2.5.2.6 "," 97912 ","SINAPI","TRANSPORTE COM CAMINHÃO BASCULANTE DE 6 M³, EM VIA URBANA EM LEITO NATURAL (UNIDADE: M3XKM). AF_07/2020","M3XKM",25.28,3.62,4.49,113.5,3.8445189953922031E-6]
[" 2.5.2.7 "," 10389 ","ORSE","Espalhamento de material de bota-fora c/ trator esteira Cat - D-6 ou similar","m³",12.64,1.36,1.68,21.23,7.1911135041565168E-7]
[" 2.5.3 ",null,null,"ESTRUTURAS DE CONCRETO",{"$nulls":4},8886.3799999999992,3.0100314282179176E-4]
[" 2.5.3.1 "," 101166 ","SINAPI","ALVENARIA DE EMBASAMENTO COM BLOCO ESTRUTURAL DE CERÂMICA, DE 14X19X29CM E ARGAMASSA DE ASSENTAMENTO COM PREPARO EM BETONEIRA. AF_05/2020","m³",0.74,597.49,741.96,549.04999999999995,1.8597648937621929E-5]
[" 2.5.3.2 "," 102487 ","SINAPI","CONCRETO CICLÓPICO FCK = 15MPA, 30% PEDRA DE MÃO EM VOLUME REAL, INCLUSIVE LANÇAMENTO. AF_05/2021","m³",1.71,517.55999999999995,642.70000000000005,1099.01,3.7226121772035109E-5]
[" 2.5.3.3 "," 122 ","ORSE","Forma plana para estruturas, em compensado plastificado de 14mm, 05 usos, inclusive escoramento - Rev 02_04/2022","m²",29.62,65.37,81.17,2404.25,8.1437751494904879E-5]
[" 2.5.3.4 "," 140 ","ORSE","Aço CA - 50 Ø 6,3 a 12,5mm, inclusive corte, dobragem, montagem e colocacao de ferragens nas formas, para superestruturas e fundações - R1","kg",154.11000000000001,12.81,15.9,2450.34,8.2998931058760628E-5]
[" 2.5.3.5 "," 94965 ","SINAPI","CONCRETO FCK = 25MPA, TRAÇO 1:2,3:2,7 (EM MASSA SECA DE CIMENTO/ AREIA MÉDIA/ BRITA 1) - PREPARO MECÂNICO COM BETONEIRA 400 L. AF_05/2021","m³",1.55,463.89,576.04999999999995,892.87,3.0243662338465518E-5]
[" 2.5.3.6 "," 103670 ","SINAPI","LANÇAMENTO COM USO DE BALDES, ADENSAMENTO E ACABAMENTO DE CONCRETO EM ESTRUTURAS. AF_02/2022","m³",1.55,256.14,318.07,493,1.6699100129765252E-5]
[" 2.5.3.7 "," 101963 ","SINAPI","LAJE PRÉ-MOLDADA UNIDIRECIONAL, BIAPOIADA, PARA PISO, ENCHIMENTO EM CERÂMICA, VIGOTA CONVENCIONAL, ALTURA TOTAL DA LAJE (ENCHIMENTO+CAPA) = (8+4). AF_11/2020_PA","m²",4.1399999999999997,194.1,241.03,997.86,3.3799927090238447E-5]
[" 2.5.4 ",null,null,"PAREDES E PAINÉIS",{"$nulls":4},8415.08,2.8503907407704865E-4]
[" 2.5.4.1 "," 103328 ","SINAPI","ALVENARIA DE VEDAÇÃO DE BLOCOS CERÂMICOS FURADOS NA HORIZONTAL DE 9X19X19 CM (ESPESSURA 9 CM) E ARGAMASSA DE ASSENTAMENTO COM PREPARO EM BETONEIRA. AF_12/2021","m²",70.33,80.55,100.02,7034.4,2.3827210943777016E-4]
[" 2.5.4.2 "," 101161 ","SINAPI","ALVENARIA DE VEDAÇÃO COM ELEMENTO VAZADO DE CONCRETO (COBOGÓ) DE 7X50X50CM E ARGAMASSA DE ASSENTAMENTO COM PREPARO EM BETONEIRA. AF_05/2020","m²",5.4,191.72,238.07,1285.57,4.3545359338381978E-5]
[" 2.5.4.3 "," 93184 ","SINAPI","VERGA PRÉ-MOLDADA PARA PORTAS COM ATÉ 1,5 M DE VÃO. AF_03/2016","M",2.4,31.92,39.630000000000003,95.11,3.2216053008964971E-6]
[" 2.5.5 ",null,null,"ESQUADRIAS",{"$nulls":4},2692.38,9.1197410156952064E-5]
[" 2.5.5.1 "," 91314 ","SINAPI","KIT DE PORTA DE MADEIRA PARA PINTURA, SEMI-OCA (LEVE OU MÉDIA), PADRÃO POPULAR, 80X210CM, ESPESSURA DE 3,5CM, ITENS INCLUSOS: DOBRADIÇAS, MONTAGEM E INSTALAÇÃO DO BATENTE, FECHADURA COM EXECUÇÃO DO FURO - FORNECIMENTO E INSTALAÇÃO. AF_12/2019","UN",1,777.71,965.76,965.76,3.2712622599030607E-5]
[" 2.5.5.2 "," 91341 ","SINAPI","PORTA EM ALUMÍNIO DE ABRIR TIPO VENEZIANA COM GUARNIÇÃO, FIXAÇÃO COM PARAFUSOS - FORNECIMENTO E INSTALAÇÃO. AF_12/2019","m²",2.1,662.11,822.2,1726.62,5.8484787557921457E-5]
[" 2.5.6 ",null,null,"COBERTURA",{"$nulls":4},6546.18,2.2173491944719412E-4]
[" 2.5.6.1 "," 94201 ","SINAPI","TELHAMENTO COM TELHA CERÂMICA CAPA-CANAL, TIPO COLONIAL, COM ATÉ 2 ÁGUAS, INCLUSO TRANSPORTE VERTICAL. AF_07/2019","m²",52.29,35.22,43.73,2286.64,7.745401687774121E-5]
[" 2.5.6.2 "," 92541 ","SINAPI","TRAMA DE MADEIRA COMPOSTA POR RIPAS, CAIBROS E TERÇAS PARA TELHADOS DE ATÉ 2 ÁGUAS PARA TELHA CERÂMICA CAPA-CANAL, INCLUSO TRANSPORTE VERTICAL. AF_07/2019","m²",52.29,65.599999999999994,81.459999999999994,4259.54,1.442809025694529E-4]
[" 2.5.7 ",null,null,"REVESTIMENTO",{"$nulls":4},11566.05,3.9177003459608804E-4]
[" 2.5.7.1 "," 87879 ","SINAPI","CHAPISCO APLICADO EM ALVENARIAS E ESTRUTURAS DE CONCRETO INTERNAS, COM COLHER DE PEDREIRO.  ARGAMASSA TRAÇO 1:3 COM PREPARO EM BETONEIRA 400L. AF_10/2022","m²",154.74,3.93,4.88,755.13,2.5578076026348145E-5]
[" 2.5.7.2 "," 87775 ","SINAPI","EMBOÇO OU MASSA ÚNICA EM ARGAMASSA TRAÇO 1:2:8, PREPARO MECÂNICO COM BETONEIRA 400 L, APLICADA MANUALMENTE EM PANOS DE FACHADA COM PRESENÇA DE VÃOS, ESPESSURA DE 25 MM. AF_08/2022","m²",154.74,49.14,61.02,9442.23,3.1983112417499664E-4]
[" 2.5.7.3 "," 87265 ","SINAPI","REVESTIMENTO CERÂMICO PARA PAREDES INTERNAS COM PLACAS TIPO ESMALTADA EXTRA DE DIMENSÕES 20X20 CM APLICADAS NA ALTURA INTEIRA DAS PAREDES.  AF_02/2023_PE","m²",14.67,60.8,75.5,1107.58,3.7516408360497765E-5]
[" 2.5.7.4 "," 87246 ","SINAPI","REVESTIMENTO CERÂMICO PARA PISO COM PLACAS TIPO ESMALTADA EXTRA DE DIMENSÕES 35X35 CM APLICADA EM AMBIENTES DE ÁREA MENOR QUE 5 M2. AF_02/2023_PE","m²",3.12,67.400000000000006,83.69,261.11,8.8444260342454462E-6]
[" 2.5.8 ",null,null,"PINTURAS E IMPERMEABILIZAÇÕES",{"$nulls":4},3593.45,1.2171882629067941E-4]
[" 2.5.8.1 "," 88489 ","SINAPI","PINTURA LÁTEX ACRÍLICA PREMIUM, APLICAÇÃO MANUAL EM PAREDES, DUAS DEMÃOS. AF_04/2023","m²",150.87,11.37,14.11,2128.77,7.2106578870670138E-5]
[" 2.5.8.2 "," 102220 ","SINAPI","PINTURA TINTA DE ACABAMENTO (PIGMENTADA) ESMALTE SINTÉTICO BRILHANTE EM MADEIRA, 2 DEMÃOS. AF_01/2021","m²",3.36,14.55,18.059999999999999,60.68,2.055378084937435E-6]
[" 2.5.8.3 "," 7726 ","ORSE","Impermeabilização de superficie c/argamassa 1:3 (cimento e areia), esp=2cm, c/impermeabilizante Vedacit ou similar","m²",26.84,42.13,52.31,1404,4.7556869335071835E-5]
[" 2.5.9 ",null,null,"PISOS E PAVIMENTAÇÕES",{"$nulls":4},8444.26,2.8602747111921201E-4]
[" 2.5.9.1 "," 95241 ","SINAPI","LASTRO DE CONCRETO MAGRO, APLICADO EM PISOS, LAJES SOBRE SOLO OU RADIERS, ESPESSURA DE 5 CM. AF_07/2016","m²",48.32,27.94,34.69,1676.22,5.6777617889482982E-5]
[" 2.5.9.2 "," 98562 ","SINAPI","IMPERMEABILIZAÇÃO DE SUPERFÍCIE COM ARGAMASSA DE CIMENTO E AREIA, COM ADITIVO IMPERMEABILIZANTE, E = 1,5CM. AF_09/2023","m²",34.72,44.58,55.35,1921.75,6.5094311712730982E-5]
[" 2.5.9.3 "," 87755 ","SINAPI","CONTRAPISO EM ARGAMASSA TRAÇO 1:4 (CIMENTO E AREIA), PREPARO MECÂNICO COM BETONEIRA 400 L, APLICADO EM ÁREAS MOLHADAS SOBRE IMPERMEABILIZAÇÃO, ACABAMENTO NÃO REFORÇADO, ESPESSURA 3CM. AF_07/2021","m²",34.72,44.49,55.24,1917.93,6.4964919091035846E-5]
[" 2.5.9.4 "," 98679 ","SINAPI","PISO CIMENTADO, TRAÇO 1:3 (CIMENTO E AREIA), ACABAMENTO LISO, ESPESSURA 2,0 CM, PREPARO MECÂNICO DA ARGAMASSA. AF_09/2020","m²",34.72,34.17,42.43,1473.16,4.9899485491206852E-5]
[" 2.5.9.5 "," 94992 ","SINAPI","EXECUÇÃO DE PASSEIO (CALÇADA) OU PISO DE CONCRETO COM CONCRETO MOLDADO IN LOCO, FEITO EM OBRA, ACABAMENTO CONVENCIONAL, ESPESSURA 6 CM, ARMADO. AF_08/2022","m²",13.6,86.17,107,1455.2,4.9291136934755364E-5]
[" 2.5.10 ",null,null,"INSTALAÇÕES HIDRO-SANITÁRIAS",{"$nulls":4},8327.51,2.8207286677813681E-4]
[" 2.5.10.1 "," 89709 ","SINAPI","RALO SIFONADO, PVC, DN 100 X 40 MM, JUNTA SOLDÁVEL, FORNECIDO E INSTALADO EM RAMAL DE DESCARGA OU EM RAMAL DE ESGOTO SANITÁRIO. AF_08/2022","UN",1,18.25,22.66,22.66,7.6754890251618781E-7]
[" 2.5.10.2 "," 89707 ","SINAPI","CAIXA SIFONADA, PVC, DN 100 X 100 X 50 MM, JUNTA ELÁSTICA, FORNECIDA E INSTALADA EM RAMAL DE DESCARGA OU EM RAMAL DE ESGOTO SANITÁRIO. AF_08/2022","UN",1,42.24,52.45,52.45,1.7766081172539301E-6]
[" 2.5.10.3 "," 86931 ","SINAPI","VASO SANITÁRIO SIFONADO COM CAIXA ACOPLADA LOUÇA BRANCA, INCLUSO ENGATE FLEXÍVEL EM PLÁSTICO BRANCO, 1/2  X 40CM - FORNECIMENTO E INSTALAÇÃO. AF_01/2020","UN",1,481.25,597.61,597.61,2.024249336419678E-5]
[" 2.5.10.4 "," 2050 ","ORSE","Chuveiro plástico sem registro","un",1,34.96,43.41,43.41,1.4704014941848066E-6]
[" 2.5.10.5 "," 86939 ","SINAPI","LAVATÓRIO LOUÇA BRANCA COM COLUNA, *44 X 35,5* CM, PADRÃO POPULAR, INCLUSO SIFÃO FLEXÍVEL EM PVC, VÁLVULA E ENGATE FLEXÍVEL 30CM EM PLÁSTICO E COM TORNEIRA CROMADA PADRÃO POPULAR - FORNECIMENTO E INSTALAÇÃO. AF_01/2020","UN",1,404.58,502.4,502.4,1.701750082189465E-5]
[" 2.5.10.6 "," 102622 ","SINAPI","CAIXA D´ÁGUA EM POLIETILENO, 500 LITROS (INCLUSOS TUBOS, CONEXÕES E TORNEIRA DE BÓIA) - FORNECIMENTO E INSTALAÇÃO. AF_06/2021","UN",1,581.45000000000005,722.04,722.04,2.445723784522455E-5]
[" 2.5.10.7 "," 89355 ","SINAPI","TUBO, PVC, SOLDÁVEL, DN 20MM, INSTALADO EM RAMAL OU SUB-RAMAL DE ÁGUA - FORNECIMENTO E INSTALAÇÃO. AF_06/2022","M",8,20.010000000000002,24.84,198.72,6.7311261212717053E-6]
[" 2.5.10.8 "," 89358 ","SINAPI","JOELHO 90 GRAUS, PVC, SOLDÁVEL, DN 20MM, INSTALADO EM RAMAL OU SUB-RAMAL DE ÁGUA - FORNECIMENTO E INSTALAÇÃO. AF_06/2022","UN",4,7.46,9.26,37.04,1.2546342166460547E-6]
[" 2.5.10.9 "," 4964 ","ORSE","Joelho 90º pvc rígido soldável c/bucha de latão,  d= 20mm x 1/2\"","un",1,17.39,21.59,21.59,7.3130541947592659E-7]
[" 2.5.10.10 "," 1605 ","ORSE","Joelho 90° pvc rígido soldável e c/rosca, diam = 20mm x 1/2\"","un",1,8.8699999999999992,11.01,11.01,3.7293527876007186E-7]
[" 2.5.10.11 "," 89439 ","SINAPI","TÊ SOLDÁVEL E COM ROSCA NA BOLSA CENTRAL, PVC, SOLDÁVEL, DN 20MM X 1/2 , INSTALADO EM RAMAL DE DISTRIBUIÇÃO DE ÁGUA - FORNECIMENTO E INSTALAÇÃO. AF_06/2022","UN",1,11.24,13.95,13.95,4.7252017608564964E-7]
[" 2.5.10.12 "," 89984 ","SINAPI","REGISTRO DE PRESSÃO BRUTO, LATÃO, ROSCÁVEL, 1/2\", COM ACABAMENTO E CANOPLA CROMADOS - FORNECIMENTO E INSTALAÇÃO. AF_08/2021","UN",1,71.23,88.45,88.45,2.9960150232814129E-6]
[" 2.5.10.13 "," 89711 ","SINAPI","TUBO PVC, SERIE NORMAL, ESGOTO PREDIAL, DN 40 MM, FORNECIDO E INSTALADO EM RAMAL DE DESCARGA OU RAMAL DE ESGOTO SANITÁRIO. AF_08/2022","M",3,20.32,25.23,75.69,2.5638030199227826E-6]
[" 2.5.10.14 "," 89712 ","SINAPI","TUBO PVC, SERIE NORMAL, ESGOTO PREDIAL, DN 50 MM, FORNECIDO E INSTALADO EM RAMAL DE DESCARGA OU RAMAL DE ESGOTO SANITÁRIO. AF_08/2022","M",7,25.81,32.049999999999997,224.35,7.5992760935351612E-6]
[" 2.5.10.15 "," 89714 ","SINAPI","TUBO PVC, SERIE NORMAL, ESGOTO PREDIAL, DN 100 MM, FORNECIDO E INSTALADO EM RAMAL DE DESCARGA OU RAMAL DE ESGOTO SANITÁRIO. AF_08/2022","M",5,35.92,44.6,223,7.5535483345591307E-6]
[" 2.5.10.16 "," 89726 ","SINAPI","JOELHO 45 GRAUS, PVC, SERIE NORMAL, ESGOTO PREDIAL, DN 40 MM, JUNTA SOLDÁVEL, FORNECIDO E INSTALADO EM RAMAL DE DESCARGA OU RAMAL DE ESGOTO SANITÁRIO. AF_08/2022","UN",1,9.58,11.89,11.89,4.0274300312963258E-7]
[" 2.5.10.17 "," 89724 ","SINAPI","JOELHO 90 GRAUS, PVC, SERIE NORMAL, ESGOTO PREDIAL, DN 40 MM, JUNTA SOLDÁVEL, FORNECIDO E INSTALADO EM RAMAL DE DESCARGA OU RAMAL DE ESGOTO SANITÁRIO. AF_08/2022","UN",1,9.36,11.62,11.62,3.9359745133442644E-7]
[" 2.5.10.18 "," 89744 ","SINAPI","JOELHO 90 GRAUS, PVC, SERIE NORMAL, ESGOTO PREDIAL, DN 100 MM, JUNTA ELÁSTICA, FORNECIDO E INSTALADO EM RAMAL DE DESCARGA OU RAMAL DE ESGOTO SANITÁRIO. AF_08/2022","UN",1,26.94,33.450000000000003,33.450000000000003,1.1330322501838696E-6]
[" 2.5.10.19 "," 89731 ","SINAPI","JOELHO 90 GRAUS, PVC, SERIE NORMAL, ESGOTO PREDIAL, DN 50 MM, JUNTA ELÁSTICA, FORNECIDO E INSTALADO EM RAMAL DE DESCARGA OU RAMAL DE ESGOTO SANITÁRIO. AF_08/2022","UN",1,14.68,18.22,18.22,6.1715538410613168E-7]
[" 2.5.10.20 "," 89733 ","SINAPI","CURVA CURTA 90 GRAUS, PVC, SERIE NORMAL, ESGOTO PREDIAL, DN 50 MM, JUNTA ELÁSTICA, FORNECIDO E INSTALADO EM RAMAL DE DESCARGA OU RAMAL DE ESGOTO SANITÁRIO. AF_08/2022","UN",2,22.8,28.31,56.62,1.91785608386878E-6]
[" 2.5.10.21 "," 104344 ","SINAPI","TE, PVC, SÉRIE NORMAL, ESGOTO PREDIAL, DN 100 X 50 MM, JUNTA ELÁSTICA, FORNECIDO E INSTALADO EM RAMAL DE DESCARGA OU RAMAL DE ESGOTO SANITÁRIO. AF_08/2022","UN",1,39.83,49.46,49.46,1.6753295992255363E-6]
[" 2.5.10.22 "," 89796 ","SINAPI","TE, PVC, SERIE NORMAL, ESGOTO PREDIAL, DN 100 X 100 MM, JUNTA ELÁSTICA, FORNECIDO E INSTALADO EM RAMAL DE DESCARGA OU RAMAL DE ESGOTO SANITÁRIO. AF_08/2022","UN",2,42.33,52.56,105.12,3.56066816560025E-6]
[" 2.5.10.23 "," 104348 ","SINAPI","TERMINAL DE VENTILAÇÃO, PVC, SÉRIE NORMAL, ESGOTO PREDIAL, DN 50 MM, JUNTA SOLDÁVEL, FORNECIDO E INSTALADO EM PRUMADA DE ESGOTO SANITÁRIO OU VENTILAÇÃO. AF_08/2022","UN",1,10.32,12.81,12.81,4.33905624061446E-7]
[" 2.5.10.24 "," 104356 ","SINAPI","TERMINAL DE VENTILAÇÃO, PVC, SÉRIE NORMAL, ESGOTO PREDIAL, DN 100 MM, JUNTA SOLDÁVEL, FORNECIDO E INSTALADO EM PRUMADA DE ESGOTO SANITÁRIO OU VENTILAÇÃO. AF_08/2022","UN",2,28.1,34.89,69.78,2.3636170528499376E-6]
[" 2.5.10.25 "," 89748 ","SINAPI","CURVA CURTA 90 GRAUS, PVC, SERIE NORMAL, ESGOTO PREDIAL, DN 100 MM, JUNTA ELÁSTICA, FORNECIDO E INSTALADO EM RAMAL DE DESCARGA OU RAMAL DE ESGOTO SANITÁRIO. AF_08/2022","UN",2,41.39,51.39,102.78,3.4814067167084639E-6]
[" 2.5.10.26 "," 102705 ","SINAPI","TUBO DE PVC CORRUGADO RÍGIDO PERFURADO, DN 100 MM, PARA DRENO - FORNECIMENTO E ASSENTAMENTO. AF_07/2021","M",12,59.32,73.66,883.92,2.9940504232661465E-5]
[" 2.5.10.27 "," 97897 ","SINAPI","CAIXA ENTERRADA HIDRÁULICA RETANGULAR, EM CONCRETO PRÉ-MOLDADO, DIMENSÕES INTERNAS: 0,6X0,6X0,5 M. AF_12/2020","UN",1,312.94,388.6,388.6,1.3162820102285552E-5]
[" 2.5.10.28 "," 101806 ","SINAPI","CAIXA ENTERRADA DISTRIBUIDORA DE VAZÃO (SUMIDOUROS MÚLTIPLOS), RETANGULAR, EM ALVENARIA COM TIJOLOS MACIÇOS, DIMENSÕES INTERNAS: 0,60 X 0,60 X H=0,50 M. AF_12/2020","UN",3,491.85,610.77,1832.31,6.2064762999533815E-5]
[" 2.5.10.29 "," 98052 ","SINAPI","TANQUE SÉPTICO CIRCULAR, EM CONCRETO PRÉ-MOLDADO, DIÂMETRO INTERNO = 1,10 M, ALTURA INTERNA = 2,50 M, VOLUME ÚTIL: 2138,2 L (PARA 5 CONTRIBUINTES). AF_12/2020_PA","UN",1,1543.38,1916.56,1916.56,6.4918513883778687E-5]
[" 2.6 ",null,null,"LEITO DE SECAGEM",{"$nulls":4},29262.46,9.9119016142647167E-4]
[" 2.6.1 ",null,null,"SERVIÇOS PRELIMINARES",{"$nulls":4},164.17,5.5608342156258857E-6]
[" 2.6.1.1 "," 50 ","ORSE","Locação de construção de edificação até 200m2,  inclusive execução de gabarito de madeira","m²",14.19,9.32,11.57,164.17,5.5608342156258857E-6]
[" 2.6.2 ",null,null,"MOVIMENTAÇÃO DE TERRA",{"$nulls":4},2765.84,9.3685677693529259E-5]
[" 2.6.2.1 "," 93358 ","SINAPI","ESCAVAÇÃO MANUAL DE VALA COM PROFUNDIDADE MENOR OU IGUAL A 1,30 M. AF_02/2021","m³",12.99,73.77,91.6,1189.8800000000001,4.0304108037332816E-5]
[" 2.6.2.2 "," 93382 ","SINAPI","REATERRO MANUAL DE VALAS, COM COMPACTADOR DE SOLOS DE PERCUSSÃO. AF_08/2023","m³",3.35,21.97,27.28,91.38,3.0952611964664273E-6]
[" 2.6.2.3 "," 11472 ","ORSE","Regularização manual e compactão com placa vibratótia","m²",14.19,7.21,8.9499999999999993,127,4.301796585152509E-6]
[" 2.6.2.4 "," 102719 ","SINAPI","ENCHIMENTO DE BRITA PARA DRENO, LANÇAMENTO MANUAL. AF_07/2021","m³",3.6,114.86,142.63,513.46,1.7392129721357539E-5]
[" 2.6.2.5 "," 102718 ","SINAPI","ENCHIMENTO DE AREIA PARA DRENO, LANÇAMENTO MANUAL. AF_07/2021","m³",3.6,135.47,168.22,605.59,2.0512795228366206E-5]
[" 2.6.2.6 "," 100977 ","SINAPI","CARGA, MANOBRA E DESCARGA DE SOLOS E MATERIAIS GRANULARES EM CAMINHÃO BASCULANTE 6 M³ - CARGA COM ESCAVADEIRA HIDRÁULICA (CAÇAMBA DE 1,20 M³ / 155 HP) E DESCARGA LIVRE (UNIDADE: M3). AF_07/2020","m³",12.06,7.35,9.1199999999999992,109.98,3.7252880979139605E-6]
[" 2.6.2.7 "," 97912 ","SINAPI","TRANSPORTE COM CAMINHÃO BASCULANTE DE 6 M³, EM VIA URBANA EM LEITO NATURAL (UNIDADE: M3XKM). AF_07/2020","M3XKM",24.12,3.62,4.49,108.29,3.6680437181587813E-6]
[" 2.6.2.8 "," 10389 ","ORSE","Espalhamento de material de bota-fora c/ trator esteira Cat - D-6 ou similar","m³",12.06,1.36,1.68,20.260000000000002,6.8625510878102229E-7]
[" 2.6.3 ",null,null,"ESTRUTURAS DE CONCRETO",{"$nulls":4},15528.03,5.2597186163894267E-4]
[" 2.6.3.1 "," 96620 ","SINAPI","LASTRO DE CONCRETO MAGRO, APLICADO EM PISOS, LAJES SOBRE SOLO OU RADIERS. AF_08/2017","m³",0.71,559.04,694.21,492.88,1.6695035440078493E-5]
[" 2.6.3.2 "," 122 ","ORSE","Forma plana para estruturas, em compensado plastificado de 14mm, 05 usos, inclusive escoramento - Rev 02_04/2022","m²",29.52,65.37,81.17,2396.13,8.116270749276757E-5]
[" 2.6.3.3 "," 140 ","ORSE","Aço CA - 50 Ø 6,3 a 12,5mm, inclusive corte, dobragem, montagem e colocacao de ferragens nas formas, para superestruturas e fundações - R1","kg",471,12.81,15.9,7488.9,2.5366712162636714E-4]
[" 2.6.3.4 "," 94965 ","SINAPI","CONCRETO FCK = 25MPA, TRAÇO 1:2,3:2,7 (EM MASSA SECA DE CIMENTO/ AREIA MÉDIA/ BRITA 1) - PREPARO MECÂNICO COM BETONEIRA 400 L. AF_05/2021","m³",5.76,463.89,576.04999999999995,3318.04,1.1239002473542859E-4]
[" 2.6.3.5 "," 103670 ","SINAPI","LANÇAMENTO COM USO DE BALDES, ADENSAMENTO E ACABAMENTO DE CONCRETO EM ESTRUTURAS. AF_02/2022","m³",5.76,256.14,318.07,1832.08,6.2056972344300864E-5]
[" 2.6.4 ",null,null,"ASSENTAMENTO DE TUBOS E PEÇAS",{"$nulls":4},5096.93,1.7264532337607385E-4]
[" 2.6.4.1 "," 90734 ","SINAPI","ASSENTAMENTO DE TUBO DE PVC PARA REDE COLETORA DE ESGOTO DE PAREDE MACIÇA, DN 150 MM, JUNTA ELÁSTICA,  (NÃO INCLUI FORNECIMENTO). AF_01/2021","M",17,3.36,4.17,70.89,2.4012154324524516E-6]
[" 2.6.4.2 "," 5283 ","ORSE","Assentamento de conexões em ferro fundido, junta elástica, diam.=   150 mm","un",3,15.43,19.16,57.48,1.9469863599572145E-6]
[" 2.6.4.3 "," 6015 ","ORSE","Assentamento de registro de gaveta em ferro fundido com flanges, diam. =   50mm a 150mm","un",1,14.45,17.940000000000001,17.940000000000001,6.0767110817036229E-7]
[" 2.6.4.4 "," 6349 ","ORSE","Assentamento de conexão de pvc je  para esgoto sanitário 01 ou 02 bolsas diam. = 125, 150, 200 ou 250mm","un",7,3.59,4.45,31.15,1.0551256978543359E-6]
[" 2.6.4.5 "," 98099 ","SINAPI","SUMIDOURO RETANGULAR, EM ALVENARIA COM BLOCOS DE CONCRETO, DIMENSÕES INTERNAS: 1,0 X 3,0 X H=3,0 M, ÁREA DE INFILTRAÇÃO: 25 M² (PARA 10 CONTRIBUINTES). AF_12/2020","UN",1,3961.57,4919.47,4919.47,1.6663432477763949E-4]
[" 2.6.5 ",null,null,"FORNECIMENTO DE TUBOS E PEÇAS",{"$nulls":4},5707.49,1.9332646450229994E-4]
[" 2.6.5.1 "," 104084 ","SINAPI","CAP, PVC OCRE, JUNTA ELÁSTICA, DN 150 MM, PARA COLETOR PREDIAL DE ESGOTO. AF_06/2022","UN",7,80.09,99.45,696.15,2.3580281045306451E-5]
[" 2.6.5.2 "," M010906021 ","EMBASA","X JGS FoFo DN 150 X 150 38,900 kg","PC",3,660.67,761.62,2284.86,7.7393723980720964E-5]
[" 2.6.5.3 "," 11373 ","ORSE","Registro gaveta fofo 150mm un","un",1,772.72,890.79,890.79,3.0173207717228374E-5]
[" 2.6.5.4 "," D390000110 ","EMBASA","TUBO DRENO CORRUGADO/PERFURADO DN=150MM","M",17,79.069999999999993,91.15,1549.55,5.2486999200969061E-5]
[" 2.6.5.5 "," 00000305 ","SINAPI","ANEL BORRACHA, PARA TUBO PVC, REDE COLETOR ESGOTO, DN 150 MM (NBR 7362)","UN",19,13.07,15.06,286.14,9.6922525580751102E-6]
[" 2.7 ",null,null,"ESTAÇÃO DE TRATAMENTO DE ÁGUA",{"$nulls":4},475570.55,1.6108722582591342E-2]
[" 2.7.1 ",null,null,"ESTRUTURAS DE CONCRETO",{"$nulls":4},7206.24,2.4409274506920802E-4]
[" 2.7.1.1 "," 96620 ","SINAPI","LASTRO DE CONCRETO MAGRO, APLICADO EM PISOS, LAJES SOBRE SOLO OU RADIERS. AF_08/2017","m³",0.47,559.04,694.21,326.27,1.105155253415519E-5]
[" 2.7.1.2 "," 122 ","ORSE","Forma plana para estruturas, em compensado plastificado de 14mm, 05 usos, inclusive escoramento - Rev 02_04/2022","m²",17.8,65.37,81.17,1444.82,4.8939541276850774E-5]
[" 2.7.1.3 "," 140 ","ORSE","Aço CA - 50 Ø 6,3 a 12,5mm, inclusive corte, dobragem, montagem e colocacao de ferragens nas formas, para superestruturas e fundações - R1","kg",199,12.81,15.9,3164.1,1.0717570531559886E-4]
[" 2.7.1.4 "," 94965 ","SINAPI","CONCRETO FCK = 25MPA, TRAÇO 1:2,3:2,7 (EM MASSA SECA DE CIMENTO/ AREIA MÉDIA/ BRITA 1) - PREPARO MECÂNICO COM BETONEIRA 400 L. AF_05/2021","m³",2.54,463.89,576.04999999999995,1463.16,4.9560761350643663E-5]
[" 2.7.1.5 "," 103670 ","SINAPI","LANÇAMENTO COM USO DE BALDES, ADENSAMENTO E ACABAMENTO DE CONCRETO EM ESTRUTURAS. AF_02/2022","m³",2.54,256.14,318.07,807.89,2.7365184591959532E-5]
[" 2.7.2 ",null,null,"FORNECIMENTO DE EQUIPAMENTOS",{"$nulls":4},465095.52,1.5753908029178979E-2]
[" 2.7.2.1 "," I-2023-0020 ","Próprio","FORNECIMENTO E INSTALAÇÃO DE ESTAÇÃO DE TRATAMENTO DE ÁGUA TIPO DUPLA FILTRAÇÃO, FABRICADA EM PLÁSTICO REFORÇADO COM FIBRA DE VIDRO (PRFV), VAZÃO MÍNIMA DE 3,90 L/S, INCLUINDO: CÂMARA DE CARGA, FILTROS ASCENDENTES, FILTROS DESCENDENTES, BARRILETES, SISTEMA DE LAVAGEM E KITS DE DOSAGEM DE SOLUÇÕES QUÍMICAS","un",1,403448.58,465095.52,465095.52,1.5753908029178979E-2]
[" 2.7.3 ",null,null,"ASSENTAMENTO DE TUBOS E PEÇAS",{"$nulls":4},82.08,2.7802477457426611E-6]
[" 2.7.3.1 "," 97126 ","SINAPI","ASSENTAMENTO DE TUBO DE PVC PBA PARA REDE DE ÁGUA, DN 100 MM, JUNTA ELÁSTICA INTEGRADA, INSTALADO EM LOCAL COM NÍVEL BAIXO DE INTERFERÊNCIAS (NÃO INCLUI FORNECIMENTO). AF_11/2017","M",47.6,1.34,1.66,79.010000000000005,2.6762594345897616E-6]
[" 2.7.3.2 "," 5233 ","ORSE","Assentamento de conexões de pvc, junta elástica, ponta e bolsa, diam.= 100 mm","un",1,2.48,3.07,3.07,1.0398831115289924E-7]
[" 2.7.4 ",null,null,"FORNECIMENTO DE TUBOS E PEÇAS",{"$nulls":4},3186.71,1.0794156059741223E-4]
[" 2.7.4.1 "," 00036377 ","SINAPI","TUBO PVC PBA JEI, CLASSE 15, DN 100 MM, PARA REDE DE AGUA (NBR 5647)","M",47.6,55.23,63.66,3030.21,1.026405277975983E-4]
[" 2.7.4.2 "," 00001828 ","SINAPI","CURVA PVC PBA, JE, PB, 90 GRAUS, DN 100 / DE 110 MM, PARA REDE AGUA (NBR 10351)","UN",1,135.76,156.5,156.5,5.3010327998139188E-6]
[" 2.8 ",null,null,"URBANIZAÇÃO DA ÁREA DA ETA E RESERVATÓRIOS",{"$nulls":4},69488.009999999995,2.3537266466696332E-3]
[" 2.8.1 "," 98525 ","SINAPI","LIMPEZA MECANIZADA DE CAMADA VEGETAL, VEGETAÇÃO E PEQUENAS ÁRVORES (DIÂMETRO DE TRONCO MENOR QUE 0,20 M), COM TRATOR DE ESTEIRAS.AF_05/2018","m²",2484,0.35,0.43,1068.1199999999999,3.6179802901835417E-5]
[" 2.8.2 "," 100701 ","SINAPI","PORTA DE FERRO, DE ABRIR, TIPO GRADE COM CHAPA, COM GUARNIÇÕES. AF_12/2019","m²",10,661.91,821.95,8219.5,2.7841430733591377E-4]
[" 2.8.3 "," 101197 ","SINAPI","CERCA COM MOURÕES DE CONCRETO, SEÇÃO \"T\" PONTA INCLINADA, 10X10 CM, ESPAÇAMENTO DE 2,5 M, CRAVADOS 0,5 M, COM 11 FIOS DE ARAME FARPADO Nº 14 - FORNECIMENTO E INSTALAÇÃO. AF_05/2020","M",204.4,121.26,150.58000000000001,30778.55,1.0425437896531163E-3]
[" 2.8.4 "," 101169 ","SINAPI","EXECUÇÃO DE PAVIMENTO EM PARALELEPÍPEDOS, REJUNTAMENTO COM ARGAMASSA TRAÇO 1:3 (CIMENTO E AREIA). AF_05/2020","m²",332,71.37,88.62,29421.84,9.965887467787678E-4]
[" 3 ",null,null,"SISTEMA DE CAPTAÇÃO E LINHA DE RECALQUE",{"$nulls":4},21879710.640000001,0.74111861823052771]
[" 3.1 ",null,null,"CAPTAÇÃO",{"$nulls":4},1102005.96,3.7327602169651281E-2]
[" 3.1.1 ",null,null,"CASA DE COMANDO",{"$nulls":4},0,0]
[" 3.1.1 "," 5109 ","ORSE","Locação e Nivelamento de Redes de Água e Adutoras","m",31145,1.1299999999999999,1.4,43603,1.4769388700976761E-3]
[" 3.1.1.1 "," 98524 ","SINAPI","LIMPEZA MANUAL DE VEGETAÇÃO EM TERRENO COM ENXADA.AF_05/2018","m²",81.7,2.65,3.29,268.79000000000002,9.1045661741979765E-6]
[" 3.1.1.2 "," 50 ","ORSE","Locação de construção de edificação até 200m2,  inclusive execução de gabarito de madeira","m²",14.08,9.32,11.57,162.9,5.51781624977436E-6]
[" 3.1.1.3 "," 93358 ","SINAPI","ESCAVAÇÃO MANUAL DE VALA COM PROFUNDIDADE MENOR OU IGUAL A 1,30 M. AF_02/2021","m³",2.0099999999999998,73.77,91.6,184.11,6.2362501519088859E-6]
[" 3.1.1.4 "," 11472 ","ORSE","Regularização manual e compactão com placa vibratótia","m²",81.7,7.21,8.9499999999999993,731.21,2.4767847882120995E-5]
[" 3.1.1.5 "," 100977 ","SINAPI","CARGA, MANOBRA E DESCARGA DE SOLOS E MATERIAIS GRANULARES EM CAMINHÃO BASCULANTE 6 M³ - CARGA COM ESCAVADEIRA HIDRÁULICA (CAÇAMBA DE 1,20 M³ / 155 HP) E DESCARGA LIVRE (UNIDADE: M3). AF_07/2020","m³",2.52,7.35,9.1199999999999992,22.98,7.7838807501420991E-7]
[" 3.1.1.6 "," 97912 ","SINAPI","TRANSPORTE COM CAMINHÃO BASCULANTE DE 6 M³, EM VIA URBANA EM LEITO NATURAL (UNIDADE: M3XKM). AF_07/2020","M3XKM",5.04,3.62,4.49,22.62,7.661940059539351E-7]
[" 3.1.1.7 "," 10389 ","ORSE","Espalhamento de material de bota-fora c/ trator esteira Cat - D-6 ou similar","m³",2.52,1.36,1.68,4.2300000000000004,1.4328031145822925E-7]
[" 3.1.1.8 "," 101166 ","SINAPI","ALVENARIA DE EMBASAMENTO COM BLOCO ESTRUTURAL DE CERÂMICA, DE 14X19X29CM E ARGAMASSA DE ASSENTAMENTO COM PREPARO EM BETONEIRA. AF_05/2020","m³",0.4,597.49,741.96,296.77999999999997,1.0052655043634345E-5]
[" 3.1.1.9 "," 102487 ","SINAPI","CONCRETO CICLÓPICO FCK = 15MPA, 30% PEDRA DE MÃO EM VOLUME REAL, INCLUSIVE LANÇAMENTO. AF_05/2021","m³",2.0099999999999998,517.55999999999995,642.70000000000005,1291.82,4.3757061926233972E-5]
[" 3.1.1.10 "," 122 ","ORSE","Forma plana para estruturas, em compensado plastificado de 14mm, 05 usos, inclusive escoramento - Rev 02_04/2022","m²",20.83,65.37,81.17,1690.77,5.7270461514002422E-5]
[" 3.1.1.11 "," 140 ","ORSE","Aço CA - 50 Ø 6,3 a 12,5mm, inclusive corte, dobragem, montagem e colocacao de ferragens nas formas, para superestruturas e fundações - R1","kg",99.79,12.81,15.9,1586.66,5.3744004486599059E-5]
[" 3.1.1.12 "," 141 ","ORSE","Aço CA - 60 Ø 4,2 a 9,5mm, inclusive corte, dobragem, montagem e colocacao de ferragens nas formas, para superestruturas e fundações - R1","kg",7.76,11.95,14.83,115.08,3.898037409601187E-6]
[" 3.1.1.13 "," 94965 ","SINAPI","CONCRETO FCK = 25MPA, TRAÇO 1:2,3:2,7 (EM MASSA SECA DE CIMENTO/ AREIA MÉDIA/ BRITA 1) - PREPARO MECÂNICO COM BETONEIRA 400 L. AF_05/2021","m³",1.08,463.89,576.04999999999995,622.13,2.1073044956857721E-5]
[" 3.1.1.14 "," 103670 ","SINAPI","LANÇAMENTO COM USO DE BALDES, ADENSAMENTO E ACABAMENTO DE CONCRETO EM ESTRUTURAS. AF_02/2022","m³",1.08,256.14,318.07,343.51,1.1635512952486129E-5]
[" 3.1.1.15 "," 103328 ","SINAPI","ALVENARIA DE VEDAÇÃO DE BLOCOS CERÂMICOS FURADOS NA HORIZONTAL DE 9X19X19 CM (ESPESSURA 9 CM) E ARGAMASSA DE ASSENTAMENTO COM PREPARO EM BETONEIRA. AF_12/2021","m²",33.64,80.55,100.02,3364.67,1.1396949540287475E-4]
[" 3.1.1.16 "," 101161 ","SINAPI","ALVENARIA DE VEDAÇÃO COM ELEMENTO VAZADO DE CONCRETO (COBOGÓ) DE 7X50X50CM E ARGAMASSA DE ASSENTAMENTO COM PREPARO EM BETONEIRA. AF_05/2020","m²",1.5,191.72,238.07,357.1,1.2095839059511504E-5]
[" 3.1.1.17 "," 93184 ","SINAPI","VERGA PRÉ-MOLDADA PARA PORTAS COM ATÉ 1,5 M DE VÃO. AF_03/2016","M",1.1000000000000001,31.92,39.630000000000003,43.59,1.4764985287149438E-6]
[" 3.1.1.18 "," 100701 ","SINAPI","PORTA DE FERRO, DE ABRIR, TIPO GRADE COM CHAPA, COM GUARNIÇÕES. AF_12/2019","m²",11.68,661.91,821.95,9600.3700000000008,3.2518770773386294E-4]
[" 3.1.1.19 "," 92541 ","SINAPI","TRAMA DE MADEIRA COMPOSTA POR RIPAS, CAIBROS E TERÇAS PARA TELHADOS DE ATÉ 2 ÁGUAS PARA TELHA CERÂMICA CAPA-CANAL, INCLUSO TRANSPORTE VERTICAL. AF_07/2019","m²",23.31,65.599999999999994,81.459999999999994,1898.83,6.431795598256015E-5]
[" 3.1.1.20 "," 94201 ","SINAPI","TELHAMENTO COM TELHA CERÂMICA CAPA-CANAL, TIPO COLONIAL, COM ATÉ 2 ÁGUAS, INCLUSO TRANSPORTE VERTICAL. AF_07/2019","m²",23.31,35.22,43.73,1019.34,3.4527506544168179E-5]
[" 3.1.1.21 "," 87879 ","SINAPI","CHAPISCO APLICADO EM ALVENARIAS E ESTRUTURAS DE CONCRETO INTERNAS, COM COLHER DE PEDREIRO.  ARGAMASSA TRAÇO 1:3 COM PREPARO EM BETONEIRA 400L. AF_10/2022","m²",72.55,3.93,4.88,354.04,1.1992189472499168E-5]
[" 3.1.1.22 "," 87775 ","SINAPI","EMBOÇO OU MASSA ÚNICA EM ARGAMASSA TRAÇO 1:2:8, PREPARO MECÂNICO COM BETONEIRA 400 L, APLICADA MANUALMENTE EM PANOS DE FACHADA COM PRESENÇA DE VÃOS, ESPESSURA DE 25 MM. AF_08/2022","m²",72.55,49.14,61.02,4427,1.4995317702732407E-4]
[" 3.1.1.23 "," 88489 ","SINAPI","PINTURA LÁTEX ACRÍLICA PREMIUM, APLICAÇÃO MANUAL EM PAREDES, DUAS DEMÃOS. AF_04/2023","m²",80.349999999999994,11.37,14.11,1133.73,3.8402171988070503E-5]
[" 3.1.1.24 "," 100760 ","SINAPI","PINTURA COM TINTA ALQUÍDICA DE ACABAMENTO (ESMALTE SINTÉTICO BRILHANTE) APLICADA A ROLO OU PINCEL SOBRE SUPERFÍCIES METÁLICAS (EXCETO PERFIL) EXECUTADO EM OBRA (02 DEMÃOS). AF_01/2020","m²",23.36,44.2,54.88,1281.99,4.3424096096060359E-5]
[" 3.1.1.25 "," 7726 ","ORSE","Impermeabilização de superficie c/argamassa 1:3 (cimento e areia), esp=2cm, c/impermeabilizante Vedacit ou similar","m²",14.31,42.13,52.31,748.55,2.5355195541857565E-5]
[" 3.1.1.26 "," 95241 ","SINAPI","LASTRO DE CONCRETO MAGRO, APLICADO EM PISOS, LAJES SOBRE SOLO OU RADIERS, ESPESSURA DE 5 CM. AF_07/2016","m²",20.66,27.94,34.69,716.69,2.4276020430023243E-5]
[" 3.1.1.27 "," 98562 ","SINAPI","IMPERMEABILIZAÇÃO DE SUPERFÍCIE COM ARGAMASSA DE CIMENTO E AREIA, COM ADITIVO IMPERMEABILIZANTE, E = 1,5CM. AF_09/2023","m²",11.83,44.58,55.35,654.79,2.2179317999937098E-5]
[" 3.1.1.28 "," 87755 ","SINAPI","CONTRAPISO EM ARGAMASSA TRAÇO 1:4 (CIMENTO E AREIA), PREPARO MECÂNICO COM BETONEIRA 400 L, APLICADO EM ÁREAS MOLHADAS SOBRE IMPERMEABILIZAÇÃO, ACABAMENTO NÃO REFORÇADO, ESPESSURA 3CM. AF_07/2021","m²",11.83,44.49,55.24,653.48,2.2134945137523321E-5]
[" 3.1.1.29 "," 98679 ","SINAPI","PISO CIMENTADO, TRAÇO 1:3 (CIMENTO E AREIA), ACABAMENTO LISO, ESPESSURA 2,0 CM, PREPARO MECÂNICO DA ARGAMASSA. AF_09/2020","m²",11.83,34.17,42.43,501.94,1.7001919511428745E-5]
[" 3.1.1.30 "," 94992 ","SINAPI","EXECUÇÃO DE PASSEIO (CALÇADA) OU PISO DE CONCRETO COM CONCRETO MOLDADO IN LOCO, FEITO EM OBRA, ACABAMENTO CONVENCIONAL, ESPESSURA 6 CM, ARMADO. AF_08/2022","m²",8.83,86.17,107,944.81,3.2002995524550724E-5]
[" 3.1.1.31 "," 2003307 ","SICRO3","Valeta de proteção de cortes com revestimento de concreto - VPCC 160-30 - escavação mecânica - areia e brita comerciais","m",20.8,119.95,148.94999999999999,3098.16,1.0494215833272519E-4]
[" 3.1.1.32 "," 101197 ","SINAPI","CERCA COM MOURÕES DE CONCRETO, SEÇÃO \"T\" PONTA INCLINADA, 10X10 CM, ESPAÇAMENTO DE 2,5 M, CRAVADOS 0,5 M, COM 11 FIOS DE ARAME FARPADO Nº 14 - FORNECIMENTO E INSTALAÇÃO. AF_05/2020","M",31.25,121.26,150.58000000000001,4705.62,1.5939070903169566E-4]
[" 3.1.2 ",null,null,"BLOCOS DE APOIO",{"$nulls":4},0,0]
[" 3.1.2 "," 5156 ","ORSE","Sinalização noturna com tela tapume pvc, balde plástico fiação e lâmpada, reutilização 7 vezes","m",3114.5,3.18,3.94,12271.13,4.156527962989174E-4]
[" 3.1.2.1 "," 122 ","ORSE","Forma plana para estruturas, em compensado plastificado de 14mm, 05 usos, inclusive escoramento - Rev 02_04/2022","m²",10.68,65.37,81.17,866.89,2.936365702128235E-5]
[" 3.1.2.2 "," 94965 ","SINAPI","CONCRETO FCK = 25MPA, TRAÇO 1:2,3:2,7 (EM MASSA SECA DE CIMENTO/ AREIA MÉDIA/ BRITA 1) - PREPARO MECÂNICO COM BETONEIRA 400 L. AF_05/2021","m³",1.78,463.89,576.04999999999995,1025.3599999999999,3.4731418476787216E-5]
[" 3.1.2.3 "," 103670 ","SINAPI","LANÇAMENTO COM USO DE BALDES, ADENSAMENTO E ACABAMENTO DE CONCRETO EM ESTRUTURAS. AF_02/2022","m³",1.78,256.14,318.07,566.16,1.9177205942125549E-5]
[" 3.1.3 ",null,null,"ASSENTAMENTO DE TUBOS E PEÇAS",{"$nulls":4},0,0]
[" 3.1.3 "," 4554 ","ORSE","Tapume de proteção em tela de polietileno h=1,20 com bloco de concreto","m",3114.5,26.75,33.21,103432.54,3.5035098217767739E-3]
[" 3.1.3.1 "," 103109 ","SINAPI","ASSENTAMENTO DE CONEXÃO COM 2 ACESSOS, FERRO FUNDIDO PARA REDE DE ÁGUA, DN  250 MM, JUNTA FLANGEADA (NÃO INCLUI O FORNECIMENTO). AF_09/2021","UN",25,168.42,209.14,5228.5,1.7710191689346373E-4]
[" 3.1.3.2 "," 103125 ","SINAPI","ASSENTAMENTO DE CONEXÃO COM 3 ACESSOS, FERRO FUNDIDO PARA REDE DE ÁGUA, DN  250 MM, JUNTA FLANGEADA (NÃO INCLUI O FORNECIMENTO). AF_09/2021","UN",2,243.9,302.87,605.74,2.0517876090474652E-5]
[" 3.1.3.3 "," 103093 ","SINAPI","ASSENTAMENTO DE TUBO DE FERRO FUNDIDO PARA REDE DE ÁGUA, DN 250 MM, JUNTA FLANGEADA (NÃO INCLUI O FORNECIMENTO). AF_09/2021","M",19,37.39,46.43,882.17,2.9881227508062906E-5]
[" 3.1.3.4 "," 103108 ","SINAPI","ASSENTAMENTO DE CONEXÃO COM 2 ACESSOS, FERRO FUNDIDO PARA REDE DE ÁGUA, DN  200 MM, JUNTA FLANGEADA (NÃO INCLUI O FORNECIMENTO). AF_09/2021","UN",4,102.34,127.08,508.32,1.7218025513108058E-5]
[" 3.1.3.5 "," 103092 ","SINAPI","ASSENTAMENTO DE TUBO DE FERRO FUNDIDO PARA REDE DE ÁGUA, DN 200 MM, JUNTA FLANGEADA (NÃO INCLUI O FORNECIMENTO). AF_09/2021","M",3,24.45,30.36,91.08,3.0850994722495318E-6]
[" 3.1.3.6 "," GRR-23-0027 ","Próprio","MANÔMETRO 0 A 200 PSI (0 A 10 KGF/CM2), D = 100MM,  conexão 1/2\" -  INSTALAÇÃO","UN",1,39.43,48.96,48.96,1.6583933921973767E-6]
[" 3.1.3.7 "," GRR-23-0028 ","Próprio","MEDIDOR DE AGUA, DN 4\" - INSTALAÇÃO","UN",1,24.62,30.57,30.57,1.0354796977016709E-6]
[" 3.1.3.8 "," 6054 ","ORSE","Assentamento de válvula de retenção em ferro fundido, diam. =  200mm a 300mm","un",3,14.16,17.579999999999998,52.74,1.7864311173302625E-6]
[" 3.1.3.9 "," 6012 ","ORSE","Assentamento de registro de gaveta em ferro fundido com bolsas, diam. =  200mm a 300mm","un",4,14.16,17.579999999999998,70.319999999999993,2.3819081564403499E-6]
[" 3.1.3.10 "," GRR-23-0029 ","Próprio","INSTALAÇÃO DE MOTO BOMBA HORIZONTAL DE 75 CV","UN",2,210.11,260.91000000000003,521.82000000000005,1.7675303102868365E-5]
[" 3.1.3.11 "," 2417 ","ORSE","Escada tipo piscina em aço inox","m",6,514.54,638.95000000000005,3833.7,1.2985667376771003E-4]
[" 3.1.4 ",null,null,"FORNECIMENTO DE TUBOS E PEÇAS",{"$nulls":4},885518.67,2.999465504484088E-2]
[" 3.1.4.1 "," I-2023-0019 ","Próprio","CONJUNTO MOTOBOMBA ANFÍBIA 75 CV, HM/Q: 112,6 M / 112,8 M3/H","un",2,314194.09999999998,362202.95,724405.9,2.4537376589640395E-2]
[" 3.1.4.2 "," M012609017 ","EMBASA","VRFRW  FoFo PN 10 DN 250","PC",3,5412.6,6239.64,18718.919999999998,6.3405500892711026E-4]
[" 3.1.4.3 "," 5766 ","ORSE","Toco em fofo c/ flanges pn 10, comp. = 0,25m, d=  250mm un","un",6,1279.45,1474.94,8849.64,2.9975867032936261E-4]
[" 3.1.4.4 "," M012101013 ","EMBASA","JDTA10 DN 250 65,000 kg","PC",3,4339.7,5002.8,15008.4,5.083707391228576E-4]
[" 3.1.4.5 "," M011705021 ","EMBASA","C22FF10 FoFo DN 250 56,000 kg","PC",2,1537.51,1772.44,3544.88,1.2007364313996399E-4]
[" 3.1.4.6 "," M011706021 ","EMBASA","C11FF10 FoFo DN 250 49,000 kg","PC",2,961.73,1108.68,2217.36,7.5107336031919437E-5]
[" 3.1.4.7 "," 5389 ","ORSE","Curva 90º, em fofo, c/ flanges pn 10, d=  250mm un","un",2,1684.08,1941.4,3882.8,1.315198092978753E-4]
[" 3.1.4.8 "," 5651 ","ORSE","Registro gaveta fofo, c/ flanges, cunha borracha, corpo curto e cabeçote, pn 16, tipo euro 23, d=  250mm un","un",3,2563.61,2955.32,8865.9599999999991,3.0031146812676174E-4]
[" 3.1.4.9 "," 6095 ","ORSE","TUBO EM FOFO, C/ FLANGES PN 10, D=  250MM, L=2,00M TUBO EM FoFo, C/ FLANGES PN 10, D=  250MM, L=2,00M UN","UN",9,5086.8999999999996,5864.17,52777.53,1.7877023490297961E-3]
[" 3.1.4.10 "," 5733 ","ORSE","Tê em fofo c/ flanges pn 10, d=  250 x  250mm un","un",2,2265.84,2612.06,5224.12,1.7695355571989706E-4]
[" 3.1.4.11 "," M011709033 ","EMBASA","RFF10 FoFo DN 250 X 200 30,000 kg","PC",3,730.97,842.66,2527.98,8.5628785286093233E-5]
[" 3.1.4.12 "," 5326 ","ORSE","Curva 22º 30', em fofo, c/ flanges pn 25, d=  200mm un","un",1,899.34,1036.75,1036.75,3.5117225272888691E-5]
[" 3.1.4.13 "," M011706017 ","EMBASA","C11FF10 FoFo DN 200 36,000 kg","PC",1,732.33,844.23,844.23,2.8596108118766163E-5]
[" 3.1.4.14 "," 5876 ","ORSE","TUBO EM FOFO, PONTA E FLANGE PN 10, D=  200MM, L=1,00M Tubo em fofo, ponta e flange pn 10, d=  200mm UN","m",3,2255.37,2599.9899999999998,7799.97,2.6420381346686626E-4]
[" 3.1.4.15 "," 5561 ","ORSE","Redução em fofo, c/ flanges pn 10, d=  200 x  100mm un","un",2,910.92,1050.0999999999999,2100.1999999999998,7.1138844001081096E-5]
[" 3.1.4.16 "," 5847 ","ORSE","TUBO EM FOFO, C/ FLANGES PN 10, D=  250MM, L=1,00M Tubo em fofo, c/ flanges pn 10, d=  250mm UN","m",1,3721.46,4290.09,4290.09,1.4531570481887346E-4]
[" 3.1.4.17 "," M011701089 ","EMBASA","TOF10 FoFo L = 0,50m DN 250 60,000 kg","PC",3,1274.04,1468.71,4406.13,1.492462597459687E-4]
[" 3.1.4.18 "," 5348 ","ORSE","Curva 45º, em fofo, c/ flanges pn 10, d=  250mm un","un",4,2619.98,3020.31,12081.24,4.09220763593763E-4]
[" 3.1.4.19 "," 5647 ","ORSE","Registro gaveta fofo, c/ flanges, cunha borracha, corpo curto e cabeçote, pn 10, tipo euro 23, d=  200mm un","un",1,2063.23,2378.4899999999998,2378.4899999999998,8.0565198108814101E-5]
[" 3.1.4.20 "," 00012898 ","SINAPI","MANOMETRO COM CAIXA EM ACO PINTADO, ESCALA *10* KGF/CM2 (*10* BAR), DIAMETRO NOMINAL DE 100 MM, CONEXAO DE 1/2\"","UN",1,189.46,218.4,218.4,7.3977352299000633E-6]
[" 3.1.4.21 "," I-2023-0021 ","Próprio","HIDROMETRO WOLTMANN TANGENCIAL, DN 4\", VAZAO MAXIMA DE 120 M3/H, PARA AGUA BRUTA","un",1,3764.47,4339.68,4339.68,1.4699543783192631E-4]
[" 3.2 ",null,null,"LINHA DE RECALQUE",{"$nulls":4},20728497.539999999,0.70212425144026924]
[" 3.2.1 ",null,null,"SERVIÇOS PRELIMINARES",{"$nulls":4},0,0]
[" 3.2.2 ",null,null,"MOVIMENTO DE  TERRA",{"$nulls":4},10224807.560000001,0.34633891531850047]
[" 3.2.2.1 "," 102279 ","SINAPI","ESCAVAÇÃO MECANIZADA DE VALA COM PROF. ATÉ 1,5 M (MÉDIA MONTANTE E JUSANTE/UMA COMPOSIÇÃO POR TRECHO), ESCAVADEIRA (0,8 M3),LARG. MENOR QUE 1,5 M, EM SOLO DE 1A CATEGORIA, LOCAIS COM BAIXO NÍVEL DE INTERFERÊNCIA. AF_02/2021","m³",5562.9,6.56,8.14,45282,1.5338106532982356E-3]
[" 3.2.2.2 "," 102314 ","SINAPI","ESCAVAÇÃO MECANIZADA DE VALA COM PROF. ATÉ 1,5 M (MÉDIA MONTANTE E JUSANTE/UMA COMPOSIÇÃO POR TRECHO),COM ESCAVADEIRA (0,8 M3), LARG. MENOR QUE 1,5 M, EM SOLO DE 2A CATEGORIA, LOCAIS COM BAIXO NÍVEL DE INTERFERÊNCIA. AF_02/2021","m³",5562.9,8.2200000000000006,10.199999999999999,56741.58,1.9219742919697473E-3]
[" 3.2.2.3 "," 5505766 ","SICRO3","Desmonte de material de 3ª categoria a frio com argamassa expansiva a céu aberto","m³",16688.7,321.49,399.22,6662462.8099999996,0.22567369893514638]
[" 3.2.2.4 "," 101126 ","SINAPI","ESCAVAÇÃO HORIZONTAL, INCLUINDO CARGA E DESCARGA EM SOLO DE 1A CATEGORIA COM TRATOR DE ESTEIRAS (170HP/LÂMINA: 5,20M3). AF_07/2020","m³",12994.268733299999,12.45,15.46,200891.39,6.8046763424294563E-3]
[" 3.2.2.5 "," 101570 ","SINAPI","ESCORAMENTO DE VALA, TIPO PONTALETEAMENTO, COM PROFUNDIDADE DE 0 A 1,5 M, LARGURA MENOR QUE 1,5 M. AF_08/2020","m²",7417.2,19.559999999999999,24.28,180089.61,6.1000698371610016E-3]
[" 3.2.2.6 "," 101622 ","SINAPI","PREPARO DE FUNDO DE VALA COM LARGURA MENOR QUE 1,5 M, COM CAMADA DE AREIA, LANÇAMENTO MECANIZADO. AF_08/2020","m³",3476.8125,188.31,233.84,813017.83,2.7538876572929947E-2]
[" 3.2.2.7 "," 93378 ","SINAPI","REATERRO MECANIZADO DE VALA COM RETROESCAVADEIRA (CAPACIDADE   DA   CAÇAMBA   DA RETRO: 0,26 M³/POTÊNCIA: 88 HP), LARGURA ATÉ 0,8 M, PROFUNDIDADE ATÉ 1,5 M, COM SOLO (SEM SUBSTITUIÇÃO) DE 1ª CATEGORIA, COM COMPACTADOR DE SOLOS DE PERCUSSÃO. AF_08/2023","m³",22820.64186,20.07,24.92,568690.39,1.9262916359929518E-2]
[" 3.2.2.8 "," 100977 ","SINAPI","CARGA, MANOBRA E DESCARGA DE SOLOS E MATERIAIS GRANULARES EM CAMINHÃO BASCULANTE 6 M³ - CARGA COM ESCAVADEIRA HIDRÁULICA (CAÇAMBA DE 1,20 M³ / 155 HP) E DESCARGA LIVRE (UNIDADE: M3). AF_07/2020","m³",25033.05,7.35,9.1199999999999992,228301.41,7.7331198891614399E-3]
[" 3.2.2.9 "," 93591 ","SINAPI","TRANSPORTE COM CAMINHÃO BASCULANTE DE 14 M³, EM VIA URBANA EM LEITO NATURAL (UNIDADE: M3XKM). AF_07/2020","M3XKM",131280.28,2.56,3.17,416158.48,1.4096292347608336E-2]
[" 3.2.2.10 "," 95876 ","SINAPI","TRANSPORTE COM CAMINHÃO BASCULANTE DE 14 M³, EM VIA URBANA PAVIMENTADA, DMT ATÉ 30 KM (UNIDADE: M3XKM). AF_07/2020","M3XKM",406070.9,2.0099999999999998,2.4900000000000002,1011116.54,3.4248958102072603E-2]
[" 3.2.2.11 "," 10389 ","ORSE","Espalhamento de material de bota-fora c/ trator esteira Cat - D-6 ou similar","m³",25033.05,1.36,1.68,42055.519999999997,1.4245219867938036E-3]
[" 3.2.3 ",null,null,"ESTRUTURAS",{"$nulls":4},44575.47,1.5098787765950245E-3]
[" 3.2.3.1 "," 94964 ","SINAPI","CONCRETO FCK = 20MPA, TRAÇO 1:2,7:3 (EM MASSA SECA DE CIMENTO/ AREIA MÉDIA/ BRITA 1) - PREPARO MECÂNICO COM BETONEIRA 400 L. AF_05/2021","m³",6.66,442.74,549.79,3661.6,1.2402723130861755E-4]
[" 3.2.3.2 "," 103670 ","SINAPI","LANÇAMENTO COM USO DE BALDES, ADENSAMENTO E ACABAMENTO DE CONCRETO EM ESTRUTURAS. AF_02/2022","m³",6.66,256.14,318.07,2118.34,7.1753289592062721E-5]
[" 3.2.3.3 "," 122 ","ORSE","Forma plana para estruturas, em compensado plastificado de 14mm, 05 usos, inclusive escoramento - Rev 02_04/2022","m²",75.64,65.37,81.17,6139.69,2.0796612185744102E-4]
[" 3.2.3.4 "," 140 ","ORSE","Aço CA - 50 Ø 6,3 a 12,5mm, inclusive corte, dobragem, montagem e colocacao de ferragens nas formas, para superestruturas e fundações - R1","kg",183,12.81,15.9,2909.7,9.8558563179671301E-5]
[" 3.2.3.5 "," 2802 ","ORSE","Caixa de passagem em alvenaria de tijolos maciços esp. = 0,17m,  dim. int. =  0.80 x 0.80 x 1,40m","un",5,1708.76,2121.9299999999998,10609.65,3.5937445779262453E-4]
[" 3.2.3.6 "," 2803 ","ORSE","Caixa de passagem em alvenaria de tijolos maciços esp. = 0,17m,  dim. int. =  0.80 x 0.80 x 1.60m","un",8,1878.99,2333.3200000000002,18666.560000000001,6.3228144932712146E-4]
[" 3.2.3.7 "," 103800 ","SINAPI","PEDRA ARGAMASSADA COM CIMENTO E AREIA 1:3, 40% DE ARGAMASSA EM VOLUME - AREIA E PEDRA DE MÃO COMERCIAIS - FORNECIMENTO E ASSENTAMENTO. AF_08/2022","m³",0.83,455.95,566.19000000000005,469.93,1.5917663537485974E-5]
[" 3.2.4 ",null,null,"ASSENTAMENTO DE TUBOS E PEÇAS",{"$nulls":4},219468.08,7.4339136779053364E-3]
[" 3.2.4.1 "," 97161 ","SINAPI","ASSENTAMENTO DE TUBO DE FERRO FUNDIDO PARA REDE DE ÁGUA, DN 250 MM, JUNTA ELÁSTICA, INSTALADO EM LOCAL COM NÍVEL BAIXO DE INTERFERÊNCIAS (NÃO INCLUI FORNECIMENTO). AF_11/2017","M",240,8.7899999999999991,10.91,2618.4,8.8691528965065592E-5]
[" 3.2.4.2 "," 97136 ","SINAPI","ASSENTAMENTO DE TUBO DE PVC DEFOFO OU PRFV OU RPVC PARA REDE DE ÁGUA, DN 250 MM, JUNTA ELÁSTICA INTEGRADA, INSTALADO EM LOCAL COM NÍVEL BAIXO DE INTERFERÊNCIAS (NÃO INCLUI FORNECIMENTO). AF_11/2017","M",30905,5.61,6.96,215098.8,7.2859156166173427E-3]
[" 3.2.4.3 "," 6015 ","ORSE","Assentamento de registro de gaveta em ferro fundido com flanges, diam. =   50mm a 150mm","un",11,14.45,17.940000000000001,197.34,6.6843821898739851E-6]
[" 3.2.4.4 "," 6060 ","ORSE","Assentamento de ventosa em ferro fundido com flange,  diam. =   50mm a 150mm","un",8,14.45,17.940000000000001,143.52000000000001,4.8613688653628983E-6]
[" 3.2.4.5 "," 97124 ","SINAPI","ASSENTAMENTO DE TUBO DE PVC PBA PARA REDE DE ÁGUA, DN 50 MM, JUNTA ELÁSTICA INTEGRADA, INSTALADO EM LOCAL COM NÍVEL BAIXO DE INTERFERÊNCIAS (NÃO INCLUI FORNECIMENTO). AF_11/2017","M",4.2,0.74,0.91,3.82,1.2939262169513847E-7]
[" 3.2.4.6 "," 5285 ","ORSE","Assentamento de conexões em ferro fundido, junta elástica, diam.=   250 mm","un",48,22.23,27.6,1324.8,4.4874174141811374E-5]
[" 3.2.4.7 "," 5278 ","ORSE","Assentamento de conexões de pvc defofo, junta elástica, diam.=  250 mm","un",11,5.96,7.4,81.400000000000006,2.7572145041843641E-6]
[" 3.2.5 ",null,null,"FORNECIMENTO DE TUBOS E PEÇAS",{"$nulls":4},10085790.130000001,0.34163005936849511]
[" 3.2.5.1 "," 6429 ","ORSE","Ventosa simples com rosca diam 2\" un","un",5,685.13,789.81,3949.05,1.3376385672910643E-4]
[" 3.2.5.2 "," 12533 ","ORSE","Registro gaveta fofo, c/ flanges, cunha borracha, corpo curto e volante, tipo euro 23,  PN16, diam  = 50mm Registro gaveta fofo, c/ flanges, cunha borracha, corpo curto e volante, tipo euro 23,  PN16, diam  = 500mm un","un",11,436,502.62,5528.82,1.8727448028285745E-4]
[" 3.2.5.3 "," M011301029 ","EMBASA","T JGSF10 FoFo DN 250 X 50 36,600 kg","PC",11,1097.8,1265.54,13920.94,4.7153584373317299E-4]
[" 3.2.5.4 "," 00003839 ","SINAPI","LUVA DE CORRER DEFOFO, PVC, JE, DN 250 MM","UN",11,308.44,355.56,3911.16,1.3248043096051251E-4]
[" 3.2.5.5 "," 5863 ","ORSE","TUBO EM FOFO, JE, PONTA / BOLSA, CLASSE K 7, D=  250MM Tubo em fofo, je, ponta / bolsa, classe k 7, d=  250mm M","m",240,830.4,957.28,229747.20000000001,7.7820922866799255E-3]
[" 3.2.5.6 "," 00036375 ","SINAPI","TUBO PVC PBA JEI, CLASSE 15, DN 50 MM, PARA REDE DE AGUA (NBR 5647)","M",4.2,16.829999999999998,19.399999999999999,81.48,2.7599242973088697E-6]
[" 3.2.5.7 "," I-2023-0034 ","Próprio","TUBO PVC DEFOFO, JEI, 1,6 MPA, DN 250 MM, PARA REDE DE AGUA","m",9876,291.67,336.23,3320607.48,0.11247699148106992]
[" 3.2.5.8 "," 00009826 ","SINAPI","TUBO PVC DEFOFO, JEI, 1 MPA, DN 250 MM, PARA REDE DE AGUA (NBR 7665)","M",21029,266.72000000000003,307.47000000000003,6465786.6299999999,0.21901180193117126]
[" 3.2.5.9 "," 5176 ","ORSE","Anel de borracha p/ tubo ou conexão em fofo je, d=  250mm un","un",114,28.04,32.32,3684.48,1.2480223214222613E-4]
[" 3.2.5.10 "," M010904017 ","EMBASA","C11 JGS FoFo DN 250 33,100 kg","PC",18,624.09,719.45,12950.1,4.3865114927073631E-4]
[" 3.2.5.11 "," M010903017 ","EMBASA","C22 JGS FoFo DN 250 34,600 kg","PC",11,688.36,793.54,8728.94,2.9567026995276489E-4]
[" 3.2.5.12 "," 5336 ","ORSE","Curva 45º c/ bolsas, em fofo, je, d=  250mm un","un",4,833.3,960.62,3842.48,1.3015407356312451E-4]
[" 3.2.5.13 "," M010901017 ","EMBASA","C90 JGS FoFo DN 250 52,000 kg","PC",4,1463.59,1687.22,6748.88,2.2860085777640996E-4]
[" 3.2.5.14 "," 6439 ","ORSE","Ventosa tríplice função,  PN 25, diam  = 50mm un","un",3,1822.38,2100.83,6302.49,2.1348055086580975E-4]
[" 3.2.6 ",null,null,"CADASTRO E TESTE",{"$nulls":4},153856.29999999999,5.2114842987732281E-3]
[" 3.2.6.1 "," 6098 ","ORSE","Cadastro de Redes de Água / Adutoras","m",31145,1.39,1.72,53569.4,1.8145248975485735E-3]
[" 3.2.6.2 "," 2829 ","ORSE","Limpeza, desinfecção e teste de redes de abastecimento de água","m",31145,2.6,3.22,100286.9,3.3969594012246548E-3]
[" 3.3 ",null,null,"TANQUE DE ALIMENTAÇÃO UNIDIRECIONAL - TAU",{"$nulls":4},49207.14,1.6667646206072555E-3]
[" 3.3.1 ",null,null,"OBRAS CIVIS",{"$nulls":4},15374.23,5.2076228435708077E-4]
[" 3.3.1.1 "," 98524 ","SINAPI","LIMPEZA MANUAL DE VEGETAÇÃO EM TERRENO COM ENXADA.AF_05/2018","m²",9,2.65,3.29,29.61,1.0029621802076046E-6]
[" 3.3.1.2 "," 50 ","ORSE","Locação de construção de edificação até 200m2,  inclusive execução de gabarito de madeira","m²",2.25,9.32,11.57,26.03,8.8169893788598283E-7]
[" 3.3.1.3 "," 96620 ","SINAPI","LASTRO DE CONCRETO MAGRO, APLICADO EM PISOS, LAJES SOBRE SOLO OU RADIERS. AF_08/2017","m³",0.45,559.04,694.21,312.39,1.0581403427053483E-5]
[" 3.3.1.4 "," 3358 ","ORSE","Forma curva para estruturas, em compensado resinado de 10mm, 03 usos, inclusive escoramento","m²",19.63,116.45,144.6,2838.49,9.6146508574720827E-5]
[" 3.3.1.5 "," 140 ","ORSE","Aço CA - 50 Ø 6,3 a 12,5mm, inclusive corte, dobragem, montagem e colocacao de ferragens nas formas, para superestruturas e fundações - R1","kg",281.61,12.81,15.9,4477.59,1.5166678245443326E-4]
[" 3.3.1.6 "," 94965 ","SINAPI","CONCRETO FCK = 25MPA, TRAÇO 1:2,3:2,7 (EM MASSA SECA DE CIMENTO/ AREIA MÉDIA/ BRITA 1) - PREPARO MECÂNICO COM BETONEIRA 400 L. AF_05/2021","m³",2.35,463.89,576.04999999999995,1353.71,4.5853425632179556E-5]
[" 3.3.1.7 "," 103670 ","SINAPI","LANÇAMENTO COM USO DE BALDES, ADENSAMENTO E ACABAMENTO DE CONCRETO EM ESTRUTURAS. AF_02/2022","m³",2.35,256.14,318.07,747.46,2.5318274610536178E-5]
[" 3.3.1.8 "," 10570 ","ORSE","Regularização de reboco interno, de parede, com argamassa traço t6 - 1:2:10 (cimento / cal / areia), espessura 0,5 cm","m²",9.3800000000000008,10.039999999999999,12.46,116.87,3.958669030761998E-6]
[" 3.3.1.9 "," 88489 ","SINAPI","PINTURA LÁTEX ACRÍLICA PREMIUM, APLICAÇÃO MANUAL EM PAREDES, DUAS DEMÃOS. AF_04/2023","m²",4.3099999999999996,11.37,14.11,60.81,2.0597814987647566E-6]
[" 3.3.1.10 "," 98553 ","SINAPI","IMPERMEABILIZAÇÃO DE SUPERFÍCIE COM MEMBRANA À BASE DE POLIURETANO, 2 DEMÃOS. AF_09/2023","m²",5.07,200.78,249.32,1264.05,4.2816424987889991E-5]
[" 3.3.1.11 "," 10609 ","ORSE","Fornecimento e aplicação de Tela de Poliéster malha 2x2mm p/impermeabilização, ref: Denvertela Poliéster R, marca Denver ou similar","m²",5.07,7.74,9.61,48.72,1.6502640128238602E-6]
[" 3.3.1.12 "," 94992 ","SINAPI","EXECUÇÃO DE PASSEIO (CALÇADA) OU PISO DE CONCRETO COM CONCRETO MOLDADO IN LOCO, FEITO EM OBRA, ACABAMENTO CONVENCIONAL, ESPESSURA 6 CM, ARMADO. AF_08/2022","m²",7.46,86.17,107,798.22,2.7037638348034929E-5]
[" 3.3.1.13 "," 101197 ","SINAPI","CERCA COM MOURÕES DE CONCRETO, SEÇÃO \"T\" PONTA INCLINADA, 10X10 CM, ESPAÇAMENTO DE 2,5 M, CRAVADOS 0,5 M, COM 11 FIOS DE ARAME FARPADO Nº 14 - FORNECIMENTO E INSTALAÇÃO. AF_05/2020","M",11,121.26,150.58000000000001,1656.38,5.6105589194605613E-5]
[" 3.3.1.14 "," 100701 ","SINAPI","PORTA DE FERRO, DE ABRIR, TIPO GRADE COM CHAPA, COM GUARNIÇÕES. AF_12/2019","m²",2,661.91,821.95,1643.9,5.5682861467182752E-5]
[" 3.3.2 ",null,null,"ASSENTAMENTO DE TUBOS E PEÇAS",{"$nulls":4},3033.92,1.0276619445374725E-4]
[" 3.3.2.1 "," 103109 ","SINAPI","ASSENTAMENTO DE CONEXÃO COM 2 ACESSOS, FERRO FUNDIDO PARA REDE DE ÁGUA, DN  250 MM, JUNTA FLANGEADA (NÃO INCLUI O FORNECIMENTO). AF_09/2021","UN",7,168.42,209.14,1463.98,4.9588536730169844E-5]
[" 3.3.2.2 "," 90736 ","SINAPI","ASSENTAMENTO DE TUBO DE PVC PARA REDE COLETORA DE ESGOTO DE PAREDE MACIÇA, DN 250 MM, JUNTA ELÁSTICA (NÃO INCLUI FORNECIMENTO). AF_01/2021","M",3,4.41,5.47,16.41,5.5584631466419433E-7]
[" 3.3.2.3 "," 6016 ","ORSE","Assentamento de registro de gaveta em ferro fundido com flanges, diam. =  200mm a 300mm","un",2,37.049999999999997,46,92,3.1162620931813453E-6]
[" 3.3.2.4 "," 6054 ","ORSE","Assentamento de válvula de retenção em ferro fundido, diam. =  200mm a 300mm","un",1,14.16,17.579999999999998,17.579999999999998,5.9547703911008748E-7]
[" 3.3.2.5 "," 6037 ","ORSE","Assentamento de válvulas de controle, diam. =  200mm a 300mm","un",1,37.1,46.07,46.07,1.5605021155746149E-6]
[" 3.3.2.6 "," 2642 ","ORSE","Escada marinheiro em barra chata de ferro 2\" x 5/16\"","m",2.5,383.7,476.47,1191.17,4.0347803451465466E-5]
[" 3.3.2.7 "," 11499 ","ORSE","Guarda-corpo para escada marinheiro, com 05 (cinco) barras chatas verticais 1 1/4\" x 3/16\" e arco a cada 30cm de 1 1/4\" x 3/16\", fixada com parabolt - fornecimento e instalação","m",1.5,110.98,137.81,206.71,7.0017667095816947E-6]
[" 3.3.3 ",null,null,"FORNECIMENTO DE TUBOS E PEÇAS",{"$nulls":4},30798.99,1.0432361417964274E-3]
[" 3.3.3.1 "," M010901017 ","EMBASA","C90 JGS FoFo DN 250 52,000 kg","PC",4,1463.59,1687.22,6748.88,2.2860085777640996E-4]
[" 3.3.3.2 "," I-2023-0034 ","Próprio","TUBO PVC DEFOFO, JEI, 1,6 MPA, DN 250 MM, PARA REDE DE AGUA","m",3,291.67,336.23,1008.69,3.4166765334468385E-5]
[" 3.3.3.3 "," M012609017 ","EMBASA","VRFRW  FoFo PN 10 DN 250","PC",1,5412.6,6239.64,6239.64,2.113516696423701E-4]
[" 3.3.3.4 "," 5651 ","ORSE","Registro gaveta fofo, c/ flanges, cunha borracha, corpo curto e cabeçote, pn 16, tipo euro 23, d=  250mm un","un",2,2563.61,2955.32,5910.64,2.0020764541784115E-4]
[" 3.3.3.5 "," 6339 ","ORSE","VÁLVULA CONTROLADORA DE NÍVEL (BÓIA) DN 150MM UN","UN",1,3943.08,4545.58,4545.58,1.5396976788612239E-4]
[" 3.3.3.6 "," 5444 ","ORSE","Extremidade em fofo, ponta, com aba de vedação / flange pn 10, d=  250mm un","un",2,2486.14,2866.02,5732.04,1.9415803226738258E-4]
[" 3.3.3.7 "," M010907025 ","EMBASA","R PB JGS FoFo DN 250 X 150 22,900 kg","PC",1,532.20000000000005,613.52,613.52,2.0781403471832814E-5]
[" 4 ",null,null,"REDE ELÉTRICA",{"$nulls":4},1468588.53,4.9744638766520813E-2]
[" 4.1 ",null,null,"EXTENSÃO DA REDE ELÉTRICA EM 13,8 KV",{"$nulls":4},1180556.18,3.998828774570623E-2]
[" 4.1.1 "," GRR-23-0034 ","Próprio","INSTALAÇÃO DE ESTRUTURA CE 1 (PADRÃO ELETROBRAS)","UN",30,343.14,426.11,12783.3,4.3300123060614228E-4]
[" 4.1.2 "," GRR-23-0035 ","Próprio","INSTALAÇÃO DE MATERIAIS PARA ESTRUTURA CE 2  (PADRÃO ELETROBRÁS)","UN",18,363.6,451.51,8127.18,2.7528720607023443E-4]
[" 4.1.3 "," GRR-23-0036 ","Próprio","INSTALAÇÃO DE MATERIAIS PARA ESTRUTURA CE3-CE3  (PADRÃO ELETROBRÁS)","UN",2,686.28,852.22,1704.44,5.7733497414152305E-5]
[" 4.1.4 "," GRR-23-0037 ","Próprio","INSTALAÇÃO DE MATERIAIS PARA ESTRUTURA CE 4  (PADRÃO ELETROBRÁS)","UN",9,681.44,846.21,7615.89,2.5796857948737906E-4]
[" 4.1.5 "," GRR-23-0042 ","Próprio","INSTALAÇÃO DE MATERIAIS PARA ESTRUTURA N1CE3E6 (PADRÃO ELETROBRÁS)","UN",1,367.52,456.38,456.38,1.5458692327022853E-5]
[" 4.1.6 "," GRR-23-0044 ","Próprio","INSTALAÇÃO DE MATERIAL PARA ATERRAMENTO DE ESTRUTURA DE CONCRETO","UN",12,27.72,34.42,413.04,1.3990661901821987E-5]
[" 4.1.7 "," GRR-23-0043 ","Próprio","FORNECIMENTO DE MATERIAL PARA ATERRAMENTO DE ESTRUTURA DE CONCRETO","UN",12,336.7,418.11,5017.32,1.6994874049305029E-4]
[" 4.1.8 "," GRR-23-0041 ","Próprio","FORNECIMENTO DE MATERIAIS PARA ESTRUTURA N3CE3E6 (PADRÃO ELETROBRÁS)","UN",1,4166.7,5174.2,5174.2,1.7526264481020561E-4]
[" 4.1.9 "," GRR-23-0033 ","Próprio","FORNECIMENTO DE MATERIAIS PARA ESTRUTURA CE 4  (PADRÃO ELETROBRÁS)","UN",9,3194.18,3966.53,35698.769999999997,1.209203518741298E-3]
[" 4.1.10 "," GRR-23-0032 ","Próprio","FORNECIMENTO DE MATERIAIS PARA ESTRUTURA CE3-CE3  (PADRÃO ELETROBRÁS)","UN",2,3136.43,3894.81,7789.62,2.6385323398138335E-4]
[" 4.1.11 "," GRR-23-0031 ","Próprio","FORNECIMENTO DE MATERIAIS PARA ESTRUTURA CE 2  (PADRÃO ELETROBRÁS)","UN",18,1705.98,2118.48,38132.639999999999,1.2916445711405511E-3]
[" 4.1.12 "," GRR-23-0030 ","Próprio","FORNECIMENTO DE MATERIAIS PARA ESTRUTURA CE 1 (PADRÃO ELETROBRÁS)","UN",30,868.29,1078.24,32347.200000000001,1.095677751962561E-3]
[" 4.1.13 "," GRR-23-0038 ","Próprio","INSTALAÇÃO DE CABO DE ALUMÍNIO PROTEGIDO 50MM² 15 Kv","M     ",13500,11.5,14.28,192780,6.5299239817771708E-3]
[" 4.1.14 "," GRR-23-0040 ","Próprio","INSTALAÇÃO DE ESPAÇADOR LOSANGULAR 15 Kv, COM ANEIS E ALÇA","UN",450,6.93,8.6,3870,1.3108624239795442E-4]
[" 4.1.15 "," 13926 ","ORSE","Cabo de aluminio 15kv protegido 50mm² m","m",13500,50,57.64,778140,2.6357480273784043E-2]
[" 4.1.16 "," 392 ","ORSE","Cabo de aço 9,5 mm AWG kg","kg",1845,11.72,13.51,24925.95,8.4430209914710384E-4]
[" 4.1.17 "," GRR-23-0039 ","Próprio","INSTALAÇÃO DE CABO DE AÇO 9,5 mm²","KG    ",1845,4.1500000000000004,5.15,9501.75,3.2184721025962877E-4]
[" 4.1.18 "," 4655 ","ORSE","Espaçador losangular 15kv un","un",450,31,35.729999999999997,16078.5,5.4461760940452452E-4]
[" 4.2 ",null,null,"SUBESTAÇÃO - CAPTAÇÃO",{"$nulls":4},39000.74,1.3210492137828414E-3]
[" 4.2.1 "," 00041204 ","SINAPI","POSTE DE CONCRETO ARMADO DE SECAO DUPLO T, EXTENSAO DE 11,00 M, RESISTENCIA DE 600 DAN, TIPO B","UN",1,1643.22,1894.3,1894.3,6.4164513946885027E-5]
[" 4.2.2 "," 714 ","ORSE","Cruzeta em concreto armado, tipo \"t\", 1900mm Cruzeta tipo \"t\" concreto 1900mm un","un",1,284,327.39,327.39,1.1089489637898267E-5]
[" 4.2.3 "," 00000430 ","SINAPI","PARAFUSO M16 EM ACO GALVANIZADO, COMPRIMENTO = 125 MM, DIAMETRO = 16 MM, ROSCA MAQUINA, CABECA QUADRADA","UN",6,11.85,13.66,81.96,2.7761830560559026E-6]
[" 4.2.4 "," 00000431 ","SINAPI","PARAFUSO M16 EM ACO GALVANIZADO, COMPRIMENTO = 200 MM, DIAMETRO = 16 MM, ROSCA MAQUINA, CABECA QUADRADA","UN",2,15.75,18.149999999999999,36.299999999999997,1.2295686302443785E-6]
[" 4.2.5 "," 00000432 ","SINAPI","PARAFUSO M16 EM ACO GALVANIZADO, COMPRIMENTO = 250 MM, DIAMETRO = 16 MM, ROSCA MAQUINA, CABECA QUADRADA","UN",6,17.38,20.03,120.18,4.0707867212884135E-6]
[" 4.2.6 "," 00000379 ","SINAPI","ARRUELA QUADRADA EM ACO GALVANIZADO, DIMENSAO = 38 MM, ESPESSURA = 3MM, DIAMETRO DO FURO= 18 MM","UN",20,1.57,1.8,36,1.2194069060274828E-6]
[" 4.2.7 "," 00000421 ","SINAPI","PORCA OLHAL M 16,  EM ACO GALVANIZADO, DIAMETRO = 16 MM","UN",4,23.07,26.59,106.36,3.6026699590300856E-6]
[" 4.2.8 "," 00000402 ","SINAPI","GANCHO OLHAL EM ACO GALVANIZADO, ESPESSURA 16MM, ABERTURA 21MM","UN",3,18.940000000000001,21.83,65.489999999999995,2.2183043965483292E-6]
[" 4.2.9 "," 3243 ","ORSE","Manilha sapatilha preformada Un","Un",3,16.899999999999999,19.48,58.44,1.9795038774512808E-6]
[" 4.2.10 "," 00040535 ","SINAPI","PERFIL \"U\" SIMPLES DE ACO GALVANIZADO DOBRADO 75 X *40* MM, E = 2,65 MM","KG",3,8.66,9.98,29.94,1.01414007684619E-6]
[" 4.2.11 "," 00007581 ","SINAPI","SAPATILHA EM ACO GALVANIZADO PARA CABOS COM DIAMETRO NOMINAL ATE 5/8\"","UN",1,5.38,6.2,6.2,2.1000896714917761E-7]
[" 4.2.12 "," 101538 ","SINAPI","ARMAÇÃO SECUNDÁRIA, COM 1 ESTRIBO E 1 ISOLADOR - FORNECIMENTO E INSTALAÇÃO. AF_07/2020","UN",1,56.92,70.680000000000007,70.680000000000007,2.3941022255006248E-6]
[" 4.2.13 "," 00000444 ","SINAPI","PINO ROSCA EXTERNA, EM ACO GALVANIZADO, PARA ISOLADOR DE 15KV, DIAMETRO 25 MM, COMPRIMENTO *290* MM","UN",3,37.520000000000003,43.25,129.75,4.3949457238073867E-6]
[" 4.2.14 "," 00002391 ","SINAPI","DISJUNTOR TERMOMAGNETICO TRIPOLAR 125A","UN",1,408.17,470.53,470.53,1.5937986985919765E-5]
[" 4.2.15 "," 00004276 ","SINAPI","PARA-RAIOS DE DISTRIBUICAO, TENSAO NOMINAL 15 KV, CORRENTE NOMINAL DE DESCARGA 5 KA","UN",3,192.51,221.92,665.76,2.2550898382134919E-5]
[" 4.2.16 "," 00021130 ","SINAPI","ELETRODUTO EM ACO GALVANIZADO ELETROLITICO, SEMI-PESADO, DIAMETRO 1 1/2\", PAREDE DE 1,20 MM","M",6,23.11,26.64,159.84,5.414166662762024E-6]
[" 4.2.17 "," 00002631 ","SINAPI","CURVA 90 GRAUS, PARA ELETRODUTO, EM ACO GALVANIZADO ELETROLITICO, DIAMETRO DE 50 MM (2\")","UN",3,24.77,28.55,85.65,2.9011722639237196E-6]
[" 4.2.18 "," 00002643 ","SINAPI","LUVA PARA ELETRODUTO, EM ACO GALVANIZADO ELETROLITICO, DIAMETRO DE 50 MM (2\")","UN",4,7.01,8.08,32.32,1.0947564223002291E-6]
[" 4.2.19 "," 12463 ","ORSE","Bucha com arruela em liga especial zamak p/eletroduto 50mm, d=2\"","un",2,10.56,13.11,26.22,8.8813469655668338E-7]
[" 4.2.20 "," 00002685 ","SINAPI","ELETRODUTO DE PVC RIGIDO ROSCAVEL DE 1 \", SEM LUVA","M",3,7.94,9.15,27.45,9.2979776584595575E-7]
[" 4.2.21 "," 00039273 ","SINAPI","CURVA 90 GRAUS, CURTA, DE PVC RIGIDO ROSCAVEL, DE 1\", PARA ELETRODUTO","UN",1,2.62,3.02,3.02,1.0229469045008328E-7]
[" 4.2.22 "," 00001892 ","SINAPI","LUVA EM PVC RIGIDO ROSCAVEL, DE 1\", PARA ELETRODUTO","UN",1,1.22,1.4,1.4,4.7421379678846558E-8]
[" 4.2.23 "," 00000868 ","SINAPI","CABO DE COBRE NU 25 MM2 MEIO-DURO","M",10,25.06,28.88,288.8,9.7823531794649188E-6]
[" 4.2.24 "," 00000867 ","SINAPI","CABO DE COBRE NU 50 MM2 MEIO-DURO","M",25,52.58,60.61,1515.25,5.1325175398837321E-5]
[" 4.2.25 "," 13926 ","ORSE","Cabo de aluminio 15kv protegido 50mm² m","m",15,50,57.64,864.6,2.9286089193093382E-5]
[" 4.2.26 "," 4117 ","ORSE","Cabo de cobre isolado EPR, flexivel,  35mm²,  0,6/1kv / 90º C (Eprotenax-G7 ou similar) m","m",45,29.25,33.71,1516.95,5.1382758502733059E-5]
[" 4.2.27 "," 4116 ","ORSE","Cabo de cobre isolado EPR, flexivel,  25mm²,  0,6/1KV / 90º C (Eprotenax-G7 ou similar) m","m",15,22.6,26.05,390.75,1.3235645792506637E-5]
[" 4.2.28 "," 4614 ","ORSE","Cordoalha de aço 6.35 mm m","m",15,3,3.45,51.75,1.7528974274145067E-6]
[" 4.2.29 "," 10630 ","ORSE","Grampo de ancoragem em alumínio fundido e cunha em poliamida e estribo ou alça em aço inoxidável para cabo protegido de 50mm²  - classe de tensão 15KV un","un",3,44.1,50.83,152.49,5.1652044194480797E-6]
[" 4.2.30 "," 154 ","ORSE","Alça preformada p/ estai 6,4 mm mr un","un",1,6.16,7.1,7.1,2.4049413979986468E-7]
[" 4.2.31 "," 00037409 ","SINAPI","CABO DE ALUMINIO NU COM ALMA DE ACO, BITOLA 2/0 AWG","KG",2.7854999999999999,48.58,56,155.97999999999999,5.2834191445046327E-6]
[" 4.2.32 "," 151 ","ORSE","Alça preformada alumínio p/ ca 2 awg un","un",1,10.9,12.56,12.56,4.2543752054736628E-7]
[" 4.2.33 "," 10609 ","ORSE","Conector Cunha com capa de proteção - classe de tensão 15KV - em Liga de alumínio para condutores isolados de 70mm/35mm - 50mm/50mm un","un",3,29.54,34.049999999999997,102.15,3.4600670958529828E-6]
[" 4.2.34 "," 00011864 ","SINAPI","CONECTOR METALICO TIPO PARAFUSO FENDIDO (SPLIT BOLT), PARA CABOS ATE 95 MM2","UN",5,35.46,40.869999999999997,204.35,6.9218278124087815E-6]
[" 4.2.35 "," 00011857 ","SINAPI","CONECTOR METALICO TIPO PARAFUSO FENDIDO (SPLIT BOLT), PARA CABOS ATE 120 MM2","UN",1,38.049999999999997,43.86,43.86,1.48564408051015E-6]
[" 4.2.36 "," 00001588 ","SINAPI","TERMINAL METALICO A PRESSAO PARA 1 CABO DE 50 MM2, COM 1 FURO DE FIXACAO","UN",1,10.48,12.08,12.08,4.0917876180033313E-7]
[" 4.2.37 "," 00001577 ","SINAPI","TERMINAL A COMPRESSAO EM COBRE ESTANHADO PARA CABO 35 MM2, 1 FURO E 1 COMPRESSAO, PARA PARAFUSO DE FIXACAO M8","UN",12,3.42,3.94,47.28,1.6014877365827608E-6]
[" 4.2.38 "," 10631 ","ORSE","Isolador polimérico tipo ancoragem  - classe de tensão 15 KV un","un",3,36.99,42.64,127.92,4.3329592060843224E-6]
[" 4.2.39 "," 00003398 ","SINAPI","ISOLADOR DE PORCELANA, TIPO ROLDANA, DIMENSOES DE *72* X *72* MM, PARA USO EM BAIXA TENSAO","UN",1,2.4,2.76,2.76,9.3487862795440355E-8]
[" 4.2.40 "," 9352 ","ORSE","Isolador pino polimerico 15 kv un","un",3,54,62.25,186.75,6.3256733250175674E-6]
[" 4.2.41 "," 102104 ","SINAPI","TRANSFORMADOR DE DISTRIBUIÇÃO, 75 KVA, TRIFÁSICO, 60 HZ, CLASSE 15 KV, IMERSO EM ÓLEO MINERAL, INSTALAÇÃO EM POSTE (NÃO INCLUSO SUPORTE) - FORNECIMENTO E INSTALAÇÃO. AF_12/2020","UN",1,15452.66,19189.11,19189.11,6.4998147929225096E-4]
[" 4.2.42 "," 2599 ","ORSE","Caixa para medição indireta p/ transformadores até 112 kva, dim. 1,50x0,70x0,25m CAIXA PARA MEDIÇÃO INDIRETA P/ TRANSFORMADOR ATÉ 112 KVA, DIM. 1,50X0,70X0,25M un","un",1,1728.9,1993.07,1993.07,6.7510092283227645E-5]
[" 4.2.43 "," 00003379 ","SINAPI","HASTE DE ATERRAMENTO EM ACO COM 3,00 M DE COMPRIMENTO E DN = 5/8\", REVESTIDA COM BAIXA CAMADA DE COBRE, SEM CONECTOR","UN",5,55.75,64.260000000000005,321.3,1.0883206636295284E-5]
[" 4.2.44 "," 9691 ","ORSE","Molde de solda exotérmica 5/8 un","un",3,169.44,195.33,585.99,1.9848895912862354E-5]
[" 4.2.45 "," 12350 ","ORSE","Cartucho p/ solda exotermica nr115 un","un",12,36.57,42.15,505.8,1.7132667029686136E-5]
[" 4.2.46 "," 00007576 ","SINAPI","SUPORTE EM ACO GALVANIZADO PARA TRANSFORMADOR PARA POSTE DUPLO T 185 X 95 MM, CHAPA DE 5/16\"","UN",2,220.9,254.65,509.3,1.7251220478883253E-5]
[" 4.2.47 "," 3550 ","ORSE","Fita em aço inox 3/4\" M","M",8,5.2,5.99,47.92,1.623166081578805E-6]
[" 4.2.48 "," 3156 ","ORSE","Fecho para fita 3/4 e 1/2\", Fusimec ou similar Un","Un",4,1.25,1.44,5.76,1.9510510496439726E-7]
[" 4.2.49 "," 00020111 ","SINAPI","FITA ISOLANTE ADESIVA ANTICHAMA, USO ATE 750 V, EM ROLO DE 19 MM X 20 M","UN",4,16,18.440000000000001,73.760000000000005,2.4984292607940874E-6]
[" 4.2.50 "," 00011950 ","SINAPI","BUCHA DE NYLON SEM ABA S6, COM PARAFUSO DE 4,20 X 40 MM EM ACO ZINCADO COM ROSCA SOBERBA, CABECA CHATA E FENDA PHILLIPS","UN",20,0.2,0.23,4.5999999999999996,1.5581310465906726E-7]
[" 4.2.51 "," 00034643 ","SINAPI","CAIXA DE INSPECAO PARA ATERRAMENTO E PARA RAIOS, EM POLIPROPILENO,  DIAMETRO = 300 MM X ALTURA = 400 MM","UN",5,35.49,40.909999999999997,204.55,6.9286022952200452E-6]
[" 4.2.52 "," 11774 ","ORSE","Mureta de alvenaria 1,30 x 2,00m para poste auxiliar de energia","un",1,933.87,1159.67,1159.67,3.9280822408691417E-5]
[" 4.2.53 "," GRR-23-0045 ","Próprio","SUBESTAÇÃO AÉREA DE 75 À 112,5 KVA / 13.800-380/220V EM POSTE COM QUADRO DE MEDIÇÃO EM MURETA, PROTEÇÃO GERAL E ATERRAMENTO","UN",1,3447.7,4281.3500000000004,4281.3500000000004,1.4501965992002122E-4]
[" 4.3 ",null,null,"SUBESTAÇÃO - ETA",{"$nulls":4},32894.78,1.1142256084515202E-3]
[" 4.3.1 "," 00041204 ","SINAPI","POSTE DE CONCRETO ARMADO DE SECAO DUPLO T, EXTENSAO DE 11,00 M, RESISTENCIA DE 600 DAN, TIPO B","UN",1,1643.22,1894.3,1894.3,6.4164513946885027E-5]
[" 4.3.2 "," 714 ","ORSE","Cruzeta em concreto armado, tipo \"t\", 1900mm Cruzeta tipo \"t\" concreto 1900mm un","un",1,284,327.39,327.39,1.1089489637898267E-5]
[" 4.3.3 "," 00000430 ","SINAPI","PARAFUSO M16 EM ACO GALVANIZADO, COMPRIMENTO = 125 MM, DIAMETRO = 16 MM, ROSCA MAQUINA, CABECA QUADRADA","UN",6,11.85,13.66,81.96,2.7761830560559026E-6]
[" 4.3.4 "," 00000431 ","SINAPI","PARAFUSO M16 EM ACO GALVANIZADO, COMPRIMENTO = 200 MM, DIAMETRO = 16 MM, ROSCA MAQUINA, CABECA QUADRADA","UN",2,15.75,18.149999999999999,36.299999999999997,1.2295686302443785E-6]
[" 4.3.5 "," 00000432 ","SINAPI","PARAFUSO M16 EM ACO GALVANIZADO, COMPRIMENTO = 250 MM, DIAMETRO = 16 MM, ROSCA MAQUINA, CABECA QUADRADA","UN",6,17.38,20.03,120.18,4.0707867212884135E-6]
[" 4.3.6 "," 00000379 ","SINAPI","ARRUELA QUADRADA EM ACO GALVANIZADO, DIMENSAO = 38 MM, ESPESSURA = 3MM, DIAMETRO DO FURO= 18 MM","UN",20,1.57,1.8,36,1.2194069060274828E-6]
[" 4.3.7 "," 00000421 ","SINAPI","PORCA OLHAL M 16,  EM ACO GALVANIZADO, DIAMETRO = 16 MM","UN",4,23.07,26.59,106.36,3.6026699590300856E-6]
[" 4.3.8 "," 00000402 ","SINAPI","GANCHO OLHAL EM ACO GALVANIZADO, ESPESSURA 16MM, ABERTURA 21MM","UN",3,18.940000000000001,21.83,65.489999999999995,2.2183043965483292E-6]
[" 4.3.9 "," 3243 ","ORSE","Manilha sapatilha preformada Un","Un",3,16.899999999999999,19.48,58.44,1.9795038774512808E-6]
[" 4.3.10 "," 00040535 ","SINAPI","PERFIL \"U\" SIMPLES DE ACO GALVANIZADO DOBRADO 75 X *40* MM, E = 2,65 MM","KG",3,8.66,9.98,29.94,1.01414007684619E-6]
[" 4.3.11 "," 00007581 ","SINAPI","SAPATILHA EM ACO GALVANIZADO PARA CABOS COM DIAMETRO NOMINAL ATE 5/8\"","UN",1,5.38,6.2,6.2,2.1000896714917761E-7]
[" 4.3.12 "," 101538 ","SINAPI","ARMAÇÃO SECUNDÁRIA, COM 1 ESTRIBO E 1 ISOLADOR - FORNECIMENTO E INSTALAÇÃO. AF_07/2020","UN",1,56.92,70.680000000000007,70.680000000000007,2.3941022255006248E-6]
[" 4.3.13 "," 00000444 ","SINAPI","PINO ROSCA EXTERNA, EM ACO GALVANIZADO, PARA ISOLADOR DE 15KV, DIAMETRO 25 MM, COMPRIMENTO *290* MM","UN",3,37.520000000000003,43.25,129.75,4.3949457238073867E-6]
[" 4.3.14 "," 00002391 ","SINAPI","DISJUNTOR TERMOMAGNETICO TRIPOLAR 125A","UN",1,408.17,470.53,470.53,1.5937986985919765E-5]
[" 4.3.15 "," 00004276 ","SINAPI","PARA-RAIOS DE DISTRIBUICAO, TENSAO NOMINAL 15 KV, CORRENTE NOMINAL DE DESCARGA 5 KA","UN",3,192.51,221.92,665.76,2.2550898382134919E-5]
[" 4.3.16 "," 00021130 ","SINAPI","ELETRODUTO EM ACO GALVANIZADO ELETROLITICO, SEMI-PESADO, DIAMETRO 1 1/2\", PAREDE DE 1,20 MM","M",6,23.11,26.64,159.84,5.414166662762024E-6]
[" 4.3.17 "," 00002631 ","SINAPI","CURVA 90 GRAUS, PARA ELETRODUTO, EM ACO GALVANIZADO ELETROLITICO, DIAMETRO DE 50 MM (2\")","UN",3,24.77,28.55,85.65,2.9011722639237196E-6]
[" 4.3.18 "," 00002643 ","SINAPI","LUVA PARA ELETRODUTO, EM ACO GALVANIZADO ELETROLITICO, DIAMETRO DE 50 MM (2\")","UN",4,7.01,8.08,32.32,1.0947564223002291E-6]
[" 4.3.19 "," 12463 ","ORSE","Bucha com arruela em liga especial zamak p/eletroduto 50mm, d=2\"","un",2,10.56,13.11,26.22,8.8813469655668338E-7]
[" 4.3.20 "," 00002685 ","SINAPI","ELETRODUTO DE PVC RIGIDO ROSCAVEL DE 1 \", SEM LUVA","M",3,7.94,9.15,27.45,9.2979776584595575E-7]
[" 4.3.21 "," 00039273 ","SINAPI","CURVA 90 GRAUS, CURTA, DE PVC RIGIDO ROSCAVEL, DE 1\", PARA ELETRODUTO","UN",1,2.62,3.02,3.02,1.0229469045008328E-7]
[" 4.3.22 "," 00001892 ","SINAPI","LUVA EM PVC RIGIDO ROSCAVEL, DE 1\", PARA ELETRODUTO","UN",1,1.22,1.4,1.4,4.7421379678846558E-8]
[" 4.3.23 "," 00000868 ","SINAPI","CABO DE COBRE NU 25 MM2 MEIO-DURO","M",10,25.06,28.88,288.8,9.7823531794649188E-6]
[" 4.3.24 "," 00000867 ","SINAPI","CABO DE COBRE NU 50 MM2 MEIO-DURO","M",25,52.58,60.61,1515.25,5.1325175398837321E-5]
[" 4.3.25 "," 13926 ","ORSE","Cabo de aluminio 15kv protegido 50mm² m","m",15,50,57.64,864.6,2.9286089193093382E-5]
[" 4.3.26 "," 4117 ","ORSE","Cabo de cobre isolado EPR, flexivel,  35mm²,  0,6/1kv / 90º C (Eprotenax-G7 ou similar) m","m",45,29.25,33.71,1516.95,5.1382758502733059E-5]
[" 4.3.27 "," 4116 ","ORSE","Cabo de cobre isolado EPR, flexivel,  25mm²,  0,6/1KV / 90º C (Eprotenax-G7 ou similar) m","m",15,22.6,26.05,390.75,1.3235645792506637E-5]
[" 4.3.28 "," 4614 ","ORSE","Cordoalha de aço 6.35 mm m","m",15,3,3.45,51.75,1.7528974274145067E-6]
[" 4.3.29 "," 10630 ","ORSE","Grampo de ancoragem em alumínio fundido e cunha em poliamida e estribo ou alça em aço inoxidável para cabo protegido de 50mm²  - classe de tensão 15KV un","un",3,44.1,50.83,152.49,5.1652044194480797E-6]
[" 4.3.30 "," 154 ","ORSE","Alça preformada p/ estai 6,4 mm mr un","un",1,6.16,7.1,7.1,2.4049413979986468E-7]
[" 4.3.31 "," 00037409 ","SINAPI","CABO DE ALUMINIO NU COM ALMA DE ACO, BITOLA 2/0 AWG","KG",2.7854999999999999,48.58,56,155.97999999999999,5.2834191445046327E-6]
[" 4.3.32 "," 151 ","ORSE","Alça preformada alumínio p/ ca 2 awg un","un",1,10.9,12.56,12.56,4.2543752054736628E-7]
[" 4.3.33 "," 10609 ","ORSE","Conector Cunha com capa de proteção - classe de tensão 15KV - em Liga de alumínio para condutores isolados de 70mm/35mm - 50mm/50mm un","un",3,29.54,34.049999999999997,102.15,3.4600670958529828E-6]
[" 4.3.34 "," 00011864 ","SINAPI","CONECTOR METALICO TIPO PARAFUSO FENDIDO (SPLIT BOLT), PARA CABOS ATE 95 MM2","UN",5,35.46,40.869999999999997,204.35,6.9218278124087815E-6]
[" 4.3.35 "," 00011857 ","SINAPI","CONECTOR METALICO TIPO PARAFUSO FENDIDO (SPLIT BOLT), PARA CABOS ATE 120 MM2","UN",1,38.049999999999997,43.86,43.86,1.48564408051015E-6]
[" 4.3.36 "," 00001588 ","SINAPI","TERMINAL METALICO A PRESSAO PARA 1 CABO DE 50 MM2, COM 1 FURO DE FIXACAO","UN",1,10.48,12.08,12.08,4.0917876180033313E-7]
[" 4.3.37 "," 00001577 ","SINAPI","TERMINAL A COMPRESSAO EM COBRE ESTANHADO PARA CABO 35 MM2, 1 FURO E 1 COMPRESSAO, PARA PARAFUSO DE FIXACAO M8","UN",12,3.42,3.94,47.28,1.6014877365827608E-6]
[" 4.3.38 "," 10631 ","ORSE","Isolador polimérico tipo ancoragem  - classe de tensão 15 KV un","un",3,36.99,42.64,127.92,4.3329592060843224E-6]
[" 4.3.39 "," 00003398 ","SINAPI","ISOLADOR DE PORCELANA, TIPO ROLDANA, DIMENSOES DE *72* X *72* MM, PARA USO EM BAIXA TENSAO","UN",1,2.4,2.76,2.76,9.3487862795440355E-8]
[" 4.3.40 "," 9352 ","ORSE","Isolador pino polimerico 15 kv un","un",3,54,62.25,186.75,6.3256733250175674E-6]
[" 4.3.41 "," 102102 ","SINAPI","TRANSFORMADOR DE DISTRIBUIÇÃO, 30 KVA, TRIFÁSICO, 60 HZ, CLASSE 15 KV, IMERSO EM ÓLEO MINERAL, INSTALAÇÃO EM POSTE (NÃO INCLUSO SUPORTE) - FORNECIMENTO E INSTALAÇÃO. AF_12/2020","UN",1,10817.68,13433.39,13433.39,4.5502134826001469E-4]
[" 4.3.42 "," 2599 ","ORSE","Caixa para medição indireta p/ transformadores até 112 kva, dim. 1,50x0,70x0,25m CAIXA PARA MEDIÇÃO INDIRETA P/ TRANSFORMADOR ATÉ 112 KVA, DIM. 1,50X0,70X0,25M un","un",1,1728.9,1993.07,1993.07,6.7510092283227645E-5]
[" 4.3.43 "," 00003379 ","SINAPI","HASTE DE ATERRAMENTO EM ACO COM 3,00 M DE COMPRIMENTO E DN = 5/8\", REVESTIDA COM BAIXA CAMADA DE COBRE, SEM CONECTOR","UN",5,55.75,64.260000000000005,321.3,1.0883206636295284E-5]
[" 4.3.44 "," 9691 ","ORSE","Molde de solda exotérmica 5/8 un","un",3,169.44,195.33,585.99,1.9848895912862354E-5]
[" 4.3.45 "," 12350 ","ORSE","Cartucho p/ solda exotermica nr115 un","un",12,36.57,42.15,505.8,1.7132667029686136E-5]
[" 4.3.46 "," 00007576 ","SINAPI","SUPORTE EM ACO GALVANIZADO PARA TRANSFORMADOR PARA POSTE DUPLO T 185 X 95 MM, CHAPA DE 5/16\"","UN",2,220.9,254.65,509.3,1.7251220478883253E-5]
[" 4.3.47 "," 3550 ","ORSE","Fita em aço inox 3/4\" M","M",8,5.2,5.99,47.92,1.623166081578805E-6]
[" 4.3.48 "," 3156 ","ORSE","Fecho para fita 3/4 e 1/2\", Fusimec ou similar Un","Un",4,1.25,1.44,5.76,1.9510510496439726E-7]
[" 4.3.49 "," 00020111 ","SINAPI","FITA ISOLANTE ADESIVA ANTICHAMA, USO ATE 750 V, EM ROLO DE 19 MM X 20 M","UN",4,16,18.440000000000001,73.760000000000005,2.4984292607940874E-6]
[" 4.3.50 "," 00011950 ","SINAPI","BUCHA DE NYLON SEM ABA S6, COM PARAFUSO DE 4,20 X 40 MM EM ACO ZINCADO COM ROSCA SOBERBA, CABECA CHATA E FENDA PHILLIPS","UN",20,0.2,0.23,4.5999999999999996,1.5581310465906726E-7]
[" 4.3.51 "," 00034643 ","SINAPI","CAIXA DE INSPECAO PARA ATERRAMENTO E PARA RAIOS, EM POLIPROPILENO,  DIAMETRO = 300 MM X ALTURA = 400 MM","UN",5,35.49,40.909999999999997,204.55,6.9286022952200452E-6]
[" 4.3.52 "," 11774 ","ORSE","Mureta de alvenaria 1,30 x 2,00m para poste auxiliar de energia","un",1,933.87,1159.67,1159.67,3.9280822408691417E-5]
[" 4.3.53 "," GRR-23-0050 ","Próprio","SUBESTAÇÃO AÉREA DE 15 À 45 KVA / 13.800-380/220V EM POSTE COM QUADRO DE MEDIÇÃO EM MURETA, PROTEÇÃO GERAL E ATERRAMENTO","UN",1,3165.66,3931.11,3931.11,1.3315618562093607E-4]
[" 4.4 ",null,null,"SISTEMA DE AUTOMAÇÃO - CAPTAÇÃO E ETA",{"$nulls":4},125853.6,4.2629652496783453E-3]
[" 4.4.1 "," 10104 ","ORSE","QFAC II - Quadro / Painel em chapa de aço com pintura eletrostática a pó poliester na cor bege, grau de proteção IP 54, com barramento, sem disjuntores - 1000x800x220mm un","un",2,2299.04,2650.33,5300.66,1.7954615029176771E-4]
[" 4.4.2 "," 3604 ","ORSE","Disjuntor bipolar 10 A, padrão DIN (linha branca), curva B, corrente de interrupção 5KA, ref.: Siemens 5SX1 ou similar. Disjuntor bipolar  10 A, padrão DIN (linha branca), curva B, corrente de interrupção 5KA, ref.: Siemens 5SX1 ou similar. un","un",2,26,29.97,59.94,2.030312498535759E-6]
[" 4.4.3 "," 3599 ","ORSE","Disjuntor monopolar 10 A, padrão DIN (linha branca), curva de disparo B, corrente de interrupção 5KA, ref.: Siemens 5 SX1 ou similar. un","un",2,6,6.91,13.82,4.6811676225832815E-7]
[" 4.4.4 "," 13767 ","ORSE","Reguá p/Rack 19\" com 8 x 2P+T un","un",2,136.5,157.35,314.7,1.065964870352358E-5]
[" 4.4.5 "," I-2023-0022 ","Próprio","LUMINÁRIA LED PARA USO NA ILUMINAÇÃO INTERNA DE PAINÉIS ELÉTRICOS, 5W","un",2,230.59,265.82,531.64,1.8007930208901418E-5]
[" 4.4.6 "," 00039471 ","SINAPI","DISPOSITIVO DPS CLASSE II, 1 POLO, TENSAO MAXIMA DE 275 V, CORRENTE MAXIMA DE *45* KA (TIPO AC)","UN",4,122.66,141.4,565.6,1.9158237390254008E-5]
[" 4.4.7 "," 3599 ","ORSE","Disjuntor monopolar 10 A, padrão DIN (linha branca), curva de disparo B, corrente de interrupção 5KA, ref.: Siemens 5 SX1 ou similar. un","un",4,6,6.91,27.64,9.3623352451665631E-7]
[" 4.4.8 "," 10236 ","ORSE","Fonte de alimentação  potencia mínima 150VA, alimentação 90 a 305VAC e freq. 60Hz, tensão de saída de 24 VDC, dim 228x68x39mm, grau de proteção IPP66, proteção contra curto circuito un","un",2,217,250.15,500.3,1.6946368752376382E-5]
[" 4.4.9 "," I-2023-0023 ","Próprio","MÓDULO DC UPS - 10A","un",4,3050,3516.04,14064.16,4.7638705087431902E-4]
[" 4.4.10 "," 276 ","ORSE","Bateria de 12v x 7a para centrais de alarme un","un",4,167.04,192.56,770.24,2.6089888202739124E-5]
[" 4.4.11 "," 12786 ","ORSE","Controlador Lógico Programável (CLP) - Logo 24vcc, 8 ent.r e 8 saidas + módulo de expansão Controlador Lógico Programável (CLP) - Logo 24 + expansão un","un",2,1785.65,2058.4899999999998,4116.9799999999996,1.3945205122158408E-4]
[" 4.4.12 "," I-2023-0024 ","Próprio","MÓDULO DE EXPANSÃO 16 ENTRADAS DIGITAIS","un",2,1724.35,1987.83,3975.66,1.3466520166714507E-4]
[" 4.4.13 "," I-2023-0025 ","Próprio","IHM TOUCH 10,0'' COM PORTAS DE COMUNICAÇÃO USB E 2 COM E ETHERNET - ALIM. 24VCC","un",2,8047.47,9277.1200000000008,18554.240000000002,6.2847689978031568E-4]
[" 4.4.14 "," I-2023-0026 ","Próprio","CHAVE FIM DE CURSO MECÂNICO COM HASTE E ROLETE","un",2,42.57,49.07,98.14,3.3242387154871437E-6]
[" 4.4.15 "," 12787 ","ORSE","Relé de interface 24vcc un","un",3,88.2,101.67,305.01,1.0331425011317848E-5]
[" 4.4.16 "," I-2023-0027 ","Próprio","ALARME SONORO 4Dbi - ALIM.24VCC","un",2,24.7,28.47,56.94,1.9286952563668021E-6]
[" 4.4.17 "," I-2023-0028 ","Próprio","RADIO OUTDOR ETHERNET WIRELESS - 5GHZ DE 18 DBI","un",2,1530.08,1763.87,3527.74,1.1949306996303869E-4]
[" 4.4.18 "," I-2023-0029 ","Próprio","PATCH PANEL POE - 05 PORTAS FAST","un",2,635.55999999999995,732.67,1465.34,4.9634603213286442E-5]
[" 4.4.19 "," I-2023-0030 ","Próprio","SWITCH INDUSTRIAL NÃO GERENCIAVEL - 08 PORTAS ALIM.24VCC","un",2,1348.52,1554.57,3109.14,1.0531407743906356E-4]
[" 4.4.20 "," 4863 ","ORSE","Borne Sack 2,5mm un","un",25,8.5,9.7899999999999991,244.75,8.2902733402840672E-6]
[" 4.4.21 "," I-2023-0031 ","Próprio","CONECTOR DE PASSAGEM TERRA - 2,5MM","un",8,7.49,8.6300000000000008,69.040000000000006,2.3385514664482615E-6]
[" 4.4.22 "," I-2023-0032 ","Próprio","POSTE FINAL PARA BORNE SAK 2,5MM2","un",12,2.64,3.04,36.479999999999997,1.235665664774516E-6]
[" 4.4.23 "," I-2023-0033 ","Próprio","TRANSMISSOR DE PRESSAO 0 A 10BAR - ALIM.24VCC SAIDA 4-20mA","un",3,683.28,787.68,2363.04,8.0041869311643979E-5]
[" 4.4.24 "," GRR-23-0046 ","Próprio","SERVICO DE MONTAGEM, INSTALACAO E STARTUP","UN",160,331.09,411.14,65782.399999999994,2.2282086904183971E-3]
[" 4.5 ",null,null,"INSTALAÇÕES ELÉTRICAS",{"$nulls":4},59915.63,2.0294870278052064E-3]
[" 4.5.1 "," 12562 ","ORSE","Luminária para uma lampada led tubular bivolt 18/20 w, base g13 - Rev 01","un",11,79.2,98.35,1081.8499999999999,3.6644871146828675E-5]
[" 4.5.2 "," 12807 ","ORSE","Refletor Slim  LED 50W de potência, branco Frio, 6500k, Autovolt, marca G-light ou similar","un",5,89.07,110.6,553,1.8731444973144391E-5]
[" 4.5.3 "," 92023 ","SINAPI","INTERRUPTOR SIMPLES (1 MÓDULO) COM 1 TOMADA DE EMBUTIR 2P+T 10 A, INCLUINDO SUPORTE E PLACA - FORNECIMENTO E INSTALAÇÃO. AF_03/2023","UN",1,51.36,63.77,63.77,2.1600438443714607E-6]
[" 4.5.4 "," 91953 ","SINAPI","INTERRUPTOR SIMPLES (1 MÓDULO), 10A/250V, INCLUINDO SUPORTE E PLACA - FORNECIMENTO E INSTALAÇÃO. AF_03/2023","UN",3,30.2,37.5,112.5,3.810646581335884E-6]
[" 4.5.5 "," 91959 ","SINAPI","INTERRUPTOR SIMPLES (2 MÓDULOS), 10A/250V, INCLUINDO SUPORTE E PLACA - FORNECIMENTO E INSTALAÇÃO. AF_03/2023","UN",3,46.19,57.35,172.05,5.8277488383896788E-6]
[" 4.5.6 "," 92000 ","SINAPI","TOMADA BAIXA DE EMBUTIR (1 MÓDULO), 2P+T 10 A, INCLUINDO SUPORTE E PLACA - FORNECIMENTO E INSTALAÇÃO. AF_03/2023","UN",8,31.76,39.43,315.44,1.0684714289925256E-5]
[" 4.5.7 "," 91996 ","SINAPI","TOMADA MÉDIA DE EMBUTIR (1 MÓDULO), 2P+T 10 A, INCLUINDO SUPORTE E PLACA - FORNECIMENTO E INSTALAÇÃO. AF_03/2023","UN",4,35.42,43.98,175.92,5.9588350807876329E-6]
[" 4.5.8 "," 91925 ","SINAPI","CABO DE COBRE FLEXÍVEL ISOLADO, 1,5 MM², ANTI-CHAMA 0,6/1,0 KV, PARA CIRCUITOS TERMINAIS - FORNECIMENTO E INSTALAÇÃO. AF_03/2023","M",320,3.52,4.37,1398.4,4.7367183816356446E-5]
[" 4.5.9 "," 91926 ","SINAPI","CABO DE COBRE FLEXÍVEL ISOLADO, 2,5 MM², ANTI-CHAMA 450/750 V, PARA CIRCUITOS TERMINAIS - FORNECIMENTO E INSTALAÇÃO. AF_03/2023","M",765,4.2300000000000004,5.25,4016.25,1.3604008295369107E-4]
[" 4.5.10 "," 91929 ","SINAPI","CABO DE COBRE FLEXÍVEL ISOLADO, 4 MM², ANTI-CHAMA 0,6/1,0 KV, PARA CIRCUITOS TERMINAIS - FORNECIMENTO E INSTALAÇÃO. AF_03/2023","M",800,6.98,8.66,6928,2.3466808458217782E-4]
[" 4.5.11 "," 91933 ","SINAPI","CABO DE COBRE FLEXÍVEL ISOLADO, 10 MM², ANTI-CHAMA 0,6/1,0 KV, PARA CIRCUITOS TERMINAIS - FORNECIMENTO E INSTALAÇÃO. AF_03/2023","M",250,15.79,19.600000000000001,4900,1.6597482887596295E-4]
[" 4.5.12 "," 97883 ","SINAPI","CAIXA ENTERRADA ELÉTRICA RETANGULAR, EM CONCRETO PRÉ-MOLDADO, FUNDO COM BRITA, DIMENSÕES INTERNAS: 0,6X0,6X0,5 M. AF_12/2020","UN",5,308.87,383.55,1917.75,6.4958822056505709E-5]
[" 4.5.13 "," 91872 ","SINAPI","ELETRODUTO RÍGIDO ROSCÁVEL, PVC, DN 32 MM (1\"), PARA CIRCUITOS TERMINAIS, INSTALADO EM PAREDE - FORNECIMENTO E INSTALAÇÃO. AF_03/2023","M",50,17.68,21.95,1097.5,3.7174974426810068E-5]
[" 4.5.14 "," 91871 ","SINAPI","ELETRODUTO RÍGIDO ROSCÁVEL, PVC, DN 25 MM (3/4\"), PARA CIRCUITOS TERMINAIS, INSTALADO EM PAREDE - FORNECIMENTO E INSTALAÇÃO. AF_03/2023","M",113,13.8,17.13,1935.69,6.5566493164676064E-5]
[" 4.5.15 "," 91870 ","SINAPI","ELETRODUTO RÍGIDO ROSCÁVEL, PVC, DN 20 MM (1/2\"), PARA CIRCUITOS TERMINAIS, INSTALADO EM PAREDE - FORNECIMENTO E INSTALAÇÃO. AF_03/2023","M",50,12.09,15.01,750.5,2.5421246749267387E-5]
[" 4.5.16 "," 91854 ","SINAPI","ELETRODUTO FLEXÍVEL CORRUGADO, PVC, DN 25 MM (3/4\"), PARA CIRCUITOS TERMINAIS, INSTALADO EM PAREDE - FORNECIMENTO E INSTALAÇÃO. AF_03/2023","M",50,9.24,11.47,573.5,1.9425829461298929E-5]
[" 4.5.17 "," 91911 ","SINAPI","CURVA 90 GRAUS PARA ELETRODUTO, PVC, ROSCÁVEL, DN 20 MM (1/2\"), PARA CIRCUITOS TERMINAIS, INSTALADA EM PAREDE - FORNECIMENTO E INSTALAÇÃO. AF_03/2023","UN",7,15.27,18.96,132.72,4.4955467935546535E-6]
[" 4.5.18 "," 91914 ","SINAPI","CURVA 90 GRAUS PARA ELETRODUTO, PVC, ROSCÁVEL, DN 25 MM (3/4\"), PARA CIRCUITOS TERMINAIS, INSTALADA EM PAREDE - FORNECIMENTO E INSTALAÇÃO. AF_03/2023","UN",19,16.420000000000002,20.39,387.41,1.3122511929558532E-5]
[" 4.5.19 "," 91917 ","SINAPI","CURVA 90 GRAUS PARA ELETRODUTO, PVC, ROSCÁVEL, DN 32 MM (1\"), PARA CIRCUITOS TERMINAIS, INSTALADA EM PAREDE - FORNECIMENTO E INSTALAÇÃO. AF_03/2023","UN",5,19.079999999999998,23.69,118.45,4.0121874449709819E-6]
[" 4.5.20 "," 91882 ","SINAPI","LUVA PARA ELETRODUTO, PVC, ROSCÁVEL, DN 20 MM (1/2\"), PARA CIRCUITOS TERMINAIS, INSTALADA EM PAREDE - FORNECIMENTO E INSTALAÇÃO. AF_03/2023","UN",14,9.42,11.69,163.66,5.543559284457163E-6]
[" 4.5.21 "," 91884 ","SINAPI","LUVA PARA ELETRODUTO, PVC, ROSCÁVEL, DN 25 MM (3/4\"), PARA CIRCUITOS TERMINAIS, INSTALADA EM PAREDE - FORNECIMENTO E INSTALAÇÃO. AF_03/2023","UN",38,10.49,13.02,494.76,1.6758715578504374E-5]
[" 4.5.22 "," 91885 ","SINAPI","LUVA PARA ELETRODUTO, PVC, ROSCÁVEL, DN 32 MM (1\"), PARA CIRCUITOS TERMINAIS, INSTALADA EM PAREDE - FORNECIMENTO E INSTALAÇÃO. AF_03/2023","UN",10,11.91,14.78,147.80000000000001,5.006342797523944E-6]
[" 4.5.23 "," 3867 ","ORSE","Eletroduto corrugado flexivel Ø 1 1/4\" em PEAD, tipo Kanaduto/SW (Kanaflex ou similar) m","m",160,5.15,5.93,948.8,3.2138146456635437E-5]
[" 4.5.24 "," 97882 ","SINAPI","CAIXA ENTERRADA ELÉTRICA RETANGULAR, EM CONCRETO PRÉ-MOLDADO, FUNDO COM BRITA, DIMENSÕES INTERNAS: 0,4X0,4X0,4 M. AF_12/2020","UN",10,159.22999999999999,197.73,1977.3,6.6975924313559504E-5]
[" 4.5.25 "," 97883 ","SINAPI","CAIXA ENTERRADA ELÉTRICA RETANGULAR, EM CONCRETO PRÉ-MOLDADO, FUNDO COM BRITA, DIMENSÕES INTERNAS: 0,6X0,6X0,5 M. AF_12/2020","UN",1,308.87,383.55,383.55,1.299176441130114E-5]
[" 4.5.26 "," 101893 ","SINAPI","DISJUNTOR TRIPOLAR TIPO NEMA, CORRENTE NOMINAL DE 10 ATÉ 50A - FORNECIMENTO E INSTALAÇÃO. AF_10/2020","UN",21,106.63,132.41,2780.61,9.4185973249141089E-5]
[" 4.5.27 "," 101890 ","SINAPI","DISJUNTOR MONOPOLAR TIPO NEMA, CORRENTE NOMINAL DE 10 ATÉ 30A - FORNECIMENTO E INSTALAÇÃO. AF_10/2020","UN",16,18.45,22.91,366.56,1.2416272096484281E-5]
[" 4.5.28 "," 8329 ","ORSE","Chave de partida direta p/ 2,40cv 380V-60Hz un","un",10,315.02,363.15,3631.5,1.2300767164552233E-4]
[" 4.5.29 "," 11824 ","ORSE","Quadro de barramento em chapa aço dim=70x50cm, seção das barras 38,10x4,76mm, padrão DIN un","un",4,483.41,557.27,2229.08,7.5504320724659491E-5]
[" 4.5.30 "," 4851 ","ORSE","Caixa p/quadro eletrico em chapa metalica d=50 x 40 x 20cm un","un",4,230,265.14,1060.56,3.5923727451569646E-5]
[" 4.5.31 "," 11933 ","ORSE","Relé de falta de fase 127-220V, ref. 3UGO2 40-OA507 un","un",4,108.41,124.97,499.88,1.6932142338472728E-5]
[" 4.5.32 "," 13818 ","ORSE","Relé de Nível un","un",4,209.3,241.28,965.12,3.2690944254034562E-5]
[" 4.5.33 "," GRR-23-0047 ","Próprio","QUADRO METÁLICO PARA MONTAGEM ELETROELETRÔNICO 60X50X20 CM - FORNECIMENTO E INSTALAÇÃO","UN",2,432.66,537.27,1074.54,3.6397263800076988E-5]
[" 4.5.34 "," GRR-23-0048 ","Próprio","PONTO EMBUTIDO PARA ALIMENTAÇÃO DOS MOTORES","UN",6,340.55,422.89,2537.34,8.5945831081660377E-5]
[" 4.5.35 "," 13819 ","ORSE","Eletrodo de Nível Pendulo un","un",9,24.5,28.24,254.16,8.6090127565540292E-6]
[" 4.5.36 "," 11934 ","ORSE","Amperimetro un","un",5,202.4,233.32,1166.5999999999999,3.951555823810171E-5]
[" 4.5.37 "," 11944 ","ORSE","Voltimetro de 0-600 V un","un",5,157.51,181.57,907.85,3.0751071101029176E-5]
[" 4.5.38 "," 101879 ","SINAPI","QUADRO DE DISTRIBUIÇÃO DE ENERGIA EM CHAPA DE AÇO GALVANIZADO, DE EMBUTIR, COM BARRAMENTO TRIFÁSICO, PARA 24 DISJUNTORES DIN 100A - FORNECIMENTO E INSTALAÇÃO. AF_10/2020","UN",2,738.47,917.03,1834.06,6.2124039724132367E-5]
[" 4.5.39 "," 101878 ","SINAPI","QUADRO DE DISTRIBUIÇÃO DE ENERGIA EM CHAPA DE AÇO GALVANIZADO, DE SOBREPOR, COM BARRAMENTO TRIFÁSICO, PARA 18 DISJUNTORES DIN 100A - FORNECIMENTO E INSTALAÇÃO. AF_10/2020","UN",3,693.48,861.16,2583.48,8.7508704266218927E-5]
[" 4.5.40 "," 91943 ","SINAPI","CAIXA RETANGULAR 4\" X 4\" MÉDIA (1,30 M DO PISO), PVC, INSTALADA EM PAREDE - FORNECIMENTO E INSTALAÇÃO. AF_03/2023","UN",4,18.91,23.48,93.92,3.1812971281694778E-6]
[" 4.5.41 "," 92866 ","SINAPI","CAIXA SEXTAVADA 3\" X 3\", METÁLICA, INSTALADA EM LAJE - FORNECIMENTO E INSTALAÇÃO. AF_03/2023","UN",13,12.88,15.99,207.87,7.0410587098870242E-6]
[" 4.5.42 "," 91940 ","SINAPI","CAIXA RETANGULAR 4\" X 2\" MÉDIA (1,30 M DO PISO), PVC, INSTALADA EM PAREDE - FORNECIMENTO E INSTALAÇÃO. AF_03/2023","UN",13,16.52,20.51,266.63,9.0314017598363271E-6]
[" 4.5.43 "," 7996 ","ORSE","Disjuntor bipolar DR 25 A  - Dispositivo residual diferencial, tipo AC, 30MA, ref.5SM1 312-OMB, Siemens ou similar","un",5,159.79,198.42,992.1,3.3604821985274048E-5]
[" 4.5.44 "," 13150 ","ORSE","Dispositivo de proteção contra surto de tensão DPS 20kA - 175v","un",16,92.74,115.16,1842.56,6.2411955243611082E-5]
[" 4.5.45 "," 9523 ","ORSE","Chave magnética p/motor 5cv-220v un","un",8,102.2,117.81,942.48,3.1924072799799502E-5]
[" 4.5.46 "," 8366 ","ORSE","Chave de partida 5cv 220V-60Hz un","un",8,265.62,306.2,2449.6,8.2973865472358947E-5]
[" 4.5.47 "," 102137 ","SINAPI","CHAVE DE BOIA AUTOMÁTICA SUPERIOR/INFERIOR 15A/250V - FORNECIMENTO E INSTALAÇÃO. AF_12/2020","UN",3,81.58,101.3,303.89999999999998,1.0293826631715335E-5]
[" 4.5.48 "," 705 ","ORSE","Fornecimento e instalação de caixa de alumínio para piso 4\" x 4\"","un",2,30.68,38.090000000000003,76.180000000000007,2.5804005028103791E-6]
[" 4.5.49 "," 91941 ","SINAPI","CAIXA RETANGULAR 4\" X 2\" BAIXA (0,30 M DO PISO), PVC, INSTALADA EM PAREDE - FORNECIMENTO E INSTALAÇÃO. AF_03/2023","UN",8,10.32,12.81,102.48,3.471244992491568E-6]
[" 4.6 ",null,null,"SPDA",{"$nulls":4},30367.599999999999,1.028623921096672E-3]
[" 4.6.1 "," 10338 ","ORSE","Molde de solda exotérmica tipo \"T\" para cabo cobre nu 35 mm² un","un",5,169.44,195.33,976.65,3.3081493188103919E-5]
[" 4.6.2 "," 11131 ","ORSE","Fornecimento de cartucho para solda exotérmica para cabo 50 mm²","un",5,13.92,17.28,86.4,2.9265765744659592E-6]
[" 4.6.3 "," 1704 ","ORSE","Pasta p/ soldar kg","kg",5,39.5,45.53,227.65,7.7110550599210131E-6]
[" 4.6.4 "," 96977 ","SINAPI","CORDOALHA DE COBRE NU 50 MM², ENTERRADA - FORNECIMENTO E INSTALAÇÃO. AF_08/2023","M",180,56.81,70.540000000000006,12697.2,4.3008481575589324E-4]
[" 4.6.5 "," 96973 ","SINAPI","CORDOALHA DE COBRE NU 35 MM², NÃO ENTERRADA, COM ISOLADOR - FORNECIMENTO E INSTALAÇÃO. AF_08/2023","M",110,67.38,83.67,9203.7000000000007,3.117515372501429E-4]
[" 4.6.6 "," 8795 ","ORSE","Terminal aéreo em aço galvanizado 3/8\" x 50cm, com fixação horizontal","un",20,29.7,36.880000000000003,737.6,2.4984292607940871E-5]
[" 4.6.7 "," 9051 ","ORSE","Caixa de equalização p/aterramento 20x20x10cm de sobrepor p/11 terminais de pressão c/barramento","un",5,357.35,443.75,2218.75,7.5154418687457716E-5]
[" 4.6.8 "," 98111 ","SINAPI","CAIXA DE INSPEÇÃO PARA ATERRAMENTO, CIRCULAR, EM POLIETILENO, DIÂMETRO INTERNO = 0,3 M. AF_12/2020","UN",5,43.8,54.39,271.95,9.2116030026159443E-6]
[" 4.6.9 "," 00011991 ","SINAPI","HASTE DE ATERRAMENTO EM ACO GALVANIZADO TIPO CANTONEIRA COM 2,00 M DE COMPRIMENTO, 25 X 25 MM E CHAPA DE 3/16\"","UN",5,64.73,74.62,373.1,1.2637797684412608E-5]
[" 4.6.10 "," 10728 ","ORSE","Caixa inspeção em poliamida 150x110x70mm, bocal 1\" (DN 32mm), ref: TEL-541 (SPDA)","un",5,82.7,102.69,513.45000000000005,1.7391790997216975E-5]
[" 4.6.11 "," GRR-23-0049 ","Próprio","INSTALAÇÃO DE SIPSTEMA DE PROTEÇÃO DESCARGA ATMOSFÉRICA - SPDA","UN",5,343.68,426.78,2133.9,7.2280344354779045E-5]
[" 4.6.12 "," 10902 ","ORSE","Suporte guia 90 - Tel 280","un",5,17.940000000000001,22.27,111.35,3.7716933051711172E-6]
[" 4.6.13 "," 10903 ","ORSE","Suporte guia simples Tel-220","un",20,13.95,17.32,346.4,1.1733404229108891E-5]
[" 4.6.14 "," 356 ","ORSE","Eletroduto de pvc rígido roscável, diâm = 50mm (1 1/2\")","m",15,25.21,31.3,469.5,1.5903098399441756E-5]
[" 5 ",null,null,"SERVIÇOS COMPLEMENTARES",{"$nulls":4},106863.69,3.6197311552661131E-3]
[" 5.1 "," GRR-23-0025 ","Próprio","SERVIÇO DE PRÉ-OPERAÇÃO/OPERAÇÃO E AFERIÇÃO DO SISTEMA DE BOMBEAMENTO","UN",3,19341.18,24017.87,72053.61,2.4406297121725251E-3]
[" 5.2 "," 7325 ","ORSE","As built. Observação: Contemplar todos os desenhos que sofreram alterações durante a obra. m²","m²",33796.199999999997,0.9,1.03,34810.080000000002,1.1791014430935878E-3]
[]
["_______________________________________________________________\nMICKAELLY VIEIRA ALVES\n5ª GRR / USA",{"$nulls":4},"Total sem BDI",null,24570835.199999999]
[{"$nulls":5},"Total do BDI",null,4951713.6900000004]
[{"$nulls":5},"Total Geral",null,29522548.890000001]

{"sheet":"CPUs","index":2,"n_rows":7102,"n_cols":10,"rows_kept":7102,"cut":false,"hidden":false,"merged":[[2,0,2,9],[3,0,3,9],[4,4,4,5],[5,4,5,5],[6,4,6,5],[7,4,7,5],[0,2,0,3],[0,4,0,5],[0,6,0,7],[0,8,0,9],[1,2,1,3],[1,4,1,5],[1,6,1,7],[1,8,1,9],[22,4,22,5],[23,4,23,5],[24,4,24,5],[25,4,25,5],[26,4,26,5],[27,4,27,5],[15,7,15,8],[17,4,17,5],[18,4,18,5],[19,4,19,5],[20,4,20,5],[21,4,21,5],[8,4,8,5],[9,4,9,5],[10,4,10,5],[11,4,11,5],[12,4,12,5],[13,4,13,5],[42,4,42,5],[43,4,43,5],[44,4,44,5],[45,4,45,5],[47,7,47,8],[49,4,49,5],[36,4,36,5],[37,4,37,5],[38,4,38,5],[39,4,39,5],[40,4,40,5],[41,4,41,5],[28,4,28,5],[29,4,29,5],[30,4,30,5],[31,4,31,5],[32,4,32,5],[34,7,34,8],[65,7,65,8],[67,4,67,5],[68,4,68,5],[69,4,69,5],[70,4,70,5],[71,4,71,5],[58,4,58,5],[59,4,59,5],[60,4,60,5],[61,4,61,5],[62,4,62,5],[63,4,63,5],[50,4,50,5],[51,4,51,5],[52,4,52,5],[53,4,53,5],[54,4,54,5],[56,7,56,8],[84,4,84,5],[85,4,85,5],[86,4,86,5],[87,4,87,5],[88,4,88,5],[89,4,89,5],[78,4,78,5],[79,4,79,5],[80,4,80,5],[81,4,81,5],[82,4,82,5],[83,4,83,5],[72,4,72,5],[73,4,73,5],[74,4,74,5],[75,4,75,5],[76,4,76,5],[77,4,77,5],[102,4,102,5],[103,4,103,5],[104,4,104,5],[105,4,105,5],[106,4,106,5],[107,4,107,5],[96,4,96,5],[97,4,97,5],[98,4,98,5],[99,4,99,5],[100,4,100,5],[101,4,101,5],[90,4,90,5],[91,4,91,5],[92,4,92,5],[93,4,93,5],[94,4,94,5],[95,4,95,5],[120,4,120,5],[121,4,121,5],[122,4,122,5],[123,4,123,5],[124,4,124,5],[125,4,125,5],[114,4,114,5],[115,4,115,5],[116,4,116,5],[117,4,117,5],[118,4,118,5],[119,4,119,5],[108,4,108,5],[109,4,109,5],[110,4,110,5],[111,4,111,5],[112,4,112,5],[113,4,113,5],[140,4,140,5],[141,4,141,5],[142,4,142,5],[143,4,143,5],[144,4,144,5],[145,4,145,5],[132,4,132,5],[133,4,133,5],[134,4,134,5],[136,7,136,8],[138,4,138,5],[139,4,139,5],[126,4,126,5],[127,4,127,5],[128,4,128,5],[129,4,129,5],[130,4,130,5],[131,4,131,5],[158,4,158,5],[159,4,159,5],[160,4,160,5],[161,4,161,5],[162,4,162,5],[163,4,163,5],[152,4,152,5],[153,4,153,5],[154,4,154,5],[155,4,155,5],[156,4,156,5],[157,4,157,5],[146,4,146,5],[147,4,147,5],[148,4,148,5],[149,4,149,5],[150,4,150,5],[151,4,151,5],[176,4,176,5],[177,4,177,5],[178,4,178,5],[179,4,179,5],[180,4,180,5],[181,4,181,5],[170,4,170,5],[171,4,171,5],[172,4,172,5],[173,4,173,5],[174,4,174,5],[175,4,175,5],[164,4,164,5],[165,4,165,5],[166,4,166,5],[167,4,167,5],[168,4,168,5],[169,4,169,5],[194,4,194,5],[195,4,195,5],[196,4,196,5],[197,4,197,5],[198,4,198,5],[199,4,199,5],[188,4,188,5],[189,4,189,5],[190,4,190,5],[191,4,191,5],[192,4,192,5],[193,4,193,5],[182,4,182,5],[183,4,183,5],[184,4,184,5],[185,4,185,5],[186,4,186,5],[187,4,187,5],[214,4,214,5],[215,4,215,5],[216,4,216,5],[217,4,217,5],[218,4,218,5],[219,4,219,5],[206,4,206,5],[207,4,207,5],[208,4,208,5],[209,4,209,5],[210,4,210,5],[212,7,212,8],[200,4,200,5],[201,4,201,5],[202,4,202,5],[203,4,203,5],[204,4,204,5],[205,4,205,5],[232,4,232,5],[233,4,233,5],[234,4,234,5],[235,4,235,5],[236,4,236,5],[237,4,237,5],[226,4,226,5],[227,4,227,5],[228,4,228,5],[229,4,229,5],[230,4,230,5],[231,4,231,5],[220,4,220,5],[221,4,221,5],[222,4,222,5],[223,4,223,5],[224,4,224,5],[225,4,225,5],[250,4,250,5],[251,4,251,5],[252,4,252,5],[253,4,253,5],[254,4,254,5],[255,4,255,5],[244,4,244,5],[245,4,245,5],[246,4,246,5],[247,4,247,5],[248,4,248,5],[249,4,249,5],[238,4,238,5],[239,4,239,5],[240,4,240,5],[241,4,241,5],[242,4,242,5],[243,4,243,5],[270,4,270,5],[271,4,271,5],[272,4,272,5],[273,4,273,5],[274,4,274,5],[275,4,275,5],[264,4,264,5],[265,4,265,5],[266,4,266,5],[267,4,267,5],[268,4,268,5],[269,4,269,5],[256,4,256,5],[257,4,257,5],[258,4,258,5],[260,7,260,8],[262,4,262,5],[263,4,263,5],[288,4,288,5],[289,4,289,5],[290,4,290,5],[291,4,291,5],[292,4,292,5],[293,4,293,5],[282,4,282,5],[283,4,283,5],[284,4,284,5],[285,4,285,5],[286,4,286,5],[287,4,287,5],[276,4,276,5],[277,4,277,5],[278,4,278,5],[279,4,279,5],[280,4,280,5],[281,4,281,5],[306,4,306,5],[307,4,307,5],[308,4,308,5],[309,4,309,5],[311,7,311,8],[313,4,313,5],[300,4,300,5],[301,4,301,5],[302,4,302,5],[303,4,303,5],[304,4,304,5],[305,4,305,5],[294,4,294,5],[295,4,295,5],[296,4,296,5],[297,4,297,5],[298,4,298,5],[299,4,299,5],[344,7,344,8],[329,7,329,8],[331,4,331,5],[332,4,332,5],[333,4,333,5],[335,7,335,8],[337,4,337,5],[320,4,320,5],[322,7,322,8],[324,4,324,5],[325,4,325,5],[326,4,326,5],[327,4,327,5],[314,4,314,5],[315,4,315,5],[316,4,316,5],[317,4,317,5],[318,4,318,5],[319,4,319,5],[352,4,352,5],[353,4,353,5],[354,4,354,5],[355,4,355,5],[356,4,356,5],[357,4,357,5],[346,4,346,5],[347,4,347,5],[348,4,348,5],[349,4,349,5],[350,4,350,5],[351,4,351,5],[338,4,338,5],[339,4,339,5],[340,4,340,5],[341,4,341,5],[342,4,342,5],[376,4,376,5],[377,4,377,5],[378,4,378,5],[379,4,379,5],[380,4,380,5],[382,7,382,8],[368,4,368,5],[369,4,369,5],[370,4,370,5],[371,4,371,5],[372,4,372,5],[374,7,374,8],[359,7,359,8],[361,4,361,5],[362,4,362,5],[363,4,363,5],[365,7,365,8],[367,4,367,5],[400,4,400,5],[401,4,401,5],[402,4,402,5],[403,4,403,5],[404,4,404,5],[405,4,405,5],[391,7,391,8],[393,4,393,5],[394,4,394,5],[395,4,395,5],[396,4,396,5],[398,7,398,8],[384,4,384,5],[385,4,385,5],[386,4,386,5],[387,4,387,5],[388,4,388,5],[389,4,389,5],[422,4,422,5],[424,7,424,8],[426,4,426,5],[427,4,427,5],[428,4,428,5],[429,4,429,5],[415,7,415,8],[417,4,417,5],[418,4,418,5],[419,4,419,5],[420,4,420,5],[421,4,421,5],[407,7,407,8],[409,4,409,5],[410,4,410,5],[411,4,411,5],[412,4,412,5],[413,4,413,5],[446,4,446,5],[447,4,447,5],[448,4,448,5],[449,4,449,5],[450,4,450,5],[451,4,451,5],[438,4,438,5],[439,4,439,5],[440,4,440,5],[441,4,441,5],[443,7,443,8],[445,4,445,5],[430,4,430,5],[431,4,431,5],[432,4,432,5],[433,4,433,5],[435,7,435,8],[437,4,437,5],[466,4,466,5],[467,4,467,5],[468,4,468,5],[469,4,469,5],[470,4,470,5],[471,4,471,5],[458,4,458,5],[460,7,460,8],[462,4,462,5],[463,4,463,5],[464,4,464,5],[465,4,465,5],[452,4,452,5],[453,4,453,5],[454,4,454,5],[455,4,455,5],[456,4,456,5],[457,4,457,5],[488,4,488,5],[489,4,489,5],[490,4,490,5],[491,4,491,5],[492,4,492,5],[493,4,493,5],[480,4,480,5],[481,4,481,5],[482,4,482,5],[483,4,483,5],[485,7,485,8],[487,4,487,5],[473,7,473,8],[475,4,475,5],[476,4,476,5],[477,4,477,5],[478,4,478,5],[479,4,479,5],[510,4,510,5],[511,4,511,5],[512,4,512,5],[513,4,513,5],[515,7,515,8],[517,4,517,5],[502,4,502,5],[503,4,503,5],[504,4,504,5],[506,7,506,8],[508,4,508,5],[509,4,509,5],[495,7,495,8],[497,4,497,5],[498,4,498,5],[499,4,499,5],[500,4,500,5],[501,4,501,5],[532,4,532,5],[533,4,533,5],[534,4,534,5],[535,4,535,5],[536,4,536,5],[537,4,537,5],[524,4,524,5],[525,4,525,5],[526,4,526,5],[528,7,528,8],[530,4,530,5],[531,4,531,5],[518,4,518,5],[519,4,519,5],[520,4,520,5],[521,4,521,5],[522,4,522,5],[523,4,523,5],[554,4,554,5],[555,4,555,5],[556,4,556,5],[557,4,557,5],[558,4,558,5],[559,4,559,5],[546,4,546,5],[547,4,547,5],[548,4,548,5],[549,4,549,5],[550,4,550,5],[552,7,552,8],[539,7,539,8],[541,4,541,5],[542,4,542,5],[543,4,543,5],[544,4,544,5],[545,4,545,5],[576,4,576,5],[577,4,577,5],[578,4,578,5],[579,4,579,5],[580,4,580,5],[581,4,581,5],[568,4,568,5],[569,4,569,5],[570,4,570,5],[571,4,571,5],[572,4,572,5],[574,7,574,8],[560,4,560,5],[561,4,561,5],[562,4,562,5],[563,4,563,5],[564,4,564,5],[566,7,566,8],[598,4,598,5],[599,4,599,5],[601,7,601,8],[603,4,603,5],[604,4,604,5],[605,4,605,5],[590,4,590,5],[591,4,591,5],[593,7,593,8],[595,4,595,5],[596,4,596,5],[597,4,597,5],[583,7,583,8],[585,4,585,5],[586,4,586,5],[587,4,587,5],[588,4,588,5],[589,4,589,5],[621,7,621,8],[623,4,623,5],[624,4,624,5],[625,4,625,5],[626,4,626,5],[627,4,627,5],[614,4,614,5],[615,4,615,5],[616,4,616,5],[617,4,617,5],[618,4,618,5],[619,4,619,5],[606,4,606,5],[607,4,607,5],[608,4,608,5],[609,4,609,5],[610,4,610,5],[612,7,612,8],[644,4,644,5],[645,4,645,5],[647,7,647,8],[649,4,649,5],[650,4,650,5],[651,4,651,5],[636,4,636,5],[638,7,638,8],[640,4,640,5],[641,4,641,5],[642,4,642,5],[643,4,643,5],[629,7,629,8],[631,4,631,5],[632,4,632,5],[633,4,633,5],[634,4,634,5],[635,4,635,5],[666,4,666,5],[667,4,667,5],[669,7,669,8],[671,4,671,5],[672,4,672,5],[673,4,673,5],[660,4,660,5],[661,4,661,5],[662,4,662,5],[663,4,663,5],[664,4,664,5],[665,4,665,5],[652,4,652,5],[653,4,653,5],[654,4,654,5],[655,4,655,5],[657,7,657,8],[659,4,659,5],[690,4,690,5],[691,4,691,5],[692,4,692,5],[693,4,693,5],[694,4,694,5],[696,7,696,8],[682,4,682,5],[683,4,683,5],[684,4,684,5],[685,4,685,5],[687,7,687,8],[689,4,689,5],[674,4,674,5],[675,4,675,5],[676,4,676,5],[678,7,678,8],[680,4,680,5],[681,4,681,5],[712,4,712,5],[714,7,714,8],[716,4,716,5],[717,4,717,5],[718,4,718,5],[719,4,719,5],[705,7,705,8],[707,4,707,5],[708,4,708,5],[709,4,709,5],[710,4,710,5],[711,4,711,5],[698,4,698,5],[699,4,699,5],[700,4,700,5],[701,4,701,5],[702,4,702,5],[703,4,703,5],[736,4,736,5],[737,4,737,5],[738,4,738,5],[739,4,739,5],[740,4,740,5],[741,4,741,5],[728,4,728,5],[729,4,729,5],[730,4,730,5],[732,7,732,8],[734,4,734,5],[735,4,735,5],[720,4,720,5],[721,4,721,5],[723,7,723,8],[725,4,725,5],[726,4,726,5],[727,4,727,5],[758,4,758,5],[759,4,759,5],[760,4,760,5],[761,4,761,5],[762,4,762,5],[763,4,763,5],[750,4,750,5],[751,4,751,5],[752,4,752,5],[753,4,753,5],[754,4,754,5],[756,7,756,8],[742,4,742,5],[744,7,744,8],[746,4,746,5],[747,4,747,5],[748,4,748,5],[749,4,749,5],[780,4,780,5],[781,4,781,5],[782,4,782,5],[783,4,783,5],[784,4,784,5],[786,7,786,8],[772,4,772,5],[773,4,773,5],[774,4,774,5],[775,4,775,5],[777,7,777,8],[779,4,779,5],[764,4,764,5],[766,7,766,8],[768,4,768,5],[769,4,769,5],[770,4,770,5],[771,4,771,5],[804,4,804,5],[805,4,805,5],[806,4,806,5],[807,4,807,5],[808,4,808,5],[809,4,809,5],[796,4,796,5],[797,4,797,5],[798,4,798,5],[799,4,799,5],[801,7,801,8],[803,4,803,5],[788,4,788,5],[789,4,789,5],[790,4,790,5],[791,4,791,5],[792,4,792,5],[794,7,794,8],[826,4,826,5],[827,4,827,5],[828,4,828,5],[829,4,829,5],[830,4,830,5],[831,4,831,5],[817,7,817,8],[819,4,819,5],[820,4,820,5],[821,4,821,5],[823,7,823,8],[825,4,825,5],[810,4,810,5],[811,4,811,5],[812,4,812,5],[813,4,813,5],[814,4,814,5],[815,4,815,5],[848,4,848,5],[849,4,849,5],[850,4,850,5],[851,4,851,5],[853,7,853,8],[855,4,855,5],[840,4,840,5],[841,4,841,5],[842,4,842,5],[844,7,844,8],[846,4,846,5],[847,4,847,5],[832,4,832,5],[833,4,833,5],[835,7,835,8],[837,4,837,5],[838,4,838,5],[839,4,839,5],[871,7,871,8],[873,4,873,5],[874,4,874,5],[875,4,875,5],[876,4,876,5],[877,4,877,5],[864,4,864,5],[865,4,865,5],[866,4,866,5],[867,4,867,5],[868,4,868,5],[869,4,869,5],[856,4,856,5],[857,4,857,5],[858,4,858,5],[859,4,859,5],[860,4,860,5],[862,7,862,8],[894,4,894,5],[895,4,895,5],[896,4,896,5],[897,4,897,5],[898,4,898,5],[900,7,900,8],[886,4,886,5],[887,4,887,5],[888,4,888,5],[889,4,889,5],[890,4,890,5],[892,7,892,8],[878,4,878,5],[879,4,879,5],[880,4,880,5],[881,4,881,5],[883,7,883,8],[885,4,885,5],[916,4,916,5],[918,7,918,8],[920,4,920,5],[921,4,921,5],[922,4,922,5],[923,4,923,5],[910,4,910,5],[911,4,911,5],[912,4,912,5],[913,4,913,5],[914,4,914,5],[915,4,915,5],[902,4,902,5],[903,4,903,5],[904,4,904,5],[905,4,905,5],[906,4,906,5],[908,7,908,8],[938,4,938,5],[939,4,939,5],[940,4,940,5],[942,7,942,8],[944,4,944,5],[945,4,945,5],[932,4,932,5],[933,4,933,5],[934,4,934,5],[935,4,935,5],[936,4,936,5],[937,4,937,5],[924,4,924,5],[925,4,925,5],[926,4,926,5],[927,4,927,5],[928,4,928,5],[930,7,930,8],[960,4,960,5],[961,4,961,5],[963,7,963,8],[965,4,965,5],[966,4,966,5],[967,4,967,5],[954,4,954,5],[955,4,955,5],[956,4,956,5],[957,4,957,5],[958,4,958,5],[959,4,959,5],[946,4,946,5],[947,4,947,5],[948,4,948,5],[949,4,949,5],[950,4,950,5],[952,7,952,8],[984,4,984,5],[986,7,986,8],[988,4,988,5],[989,4,989,5],[990,4,990,5],[991,4,991,5],[976,4,976,5],[977,4,977,5],[979,7,979,8],[981,4,981,5],[982,4,982,5],[983,4,983,5],[968,4,968,5],[970,7,970,8],[972,4,972,5],[973,4,973,5],[974,4,974,5],[975,4,975,5],[1007,7,1007,8],[1009,4,1009,5],[1010,4,1010,5],[1011,4,1011,5],[1012,4,1012,5],[1013,4,1013,5],[1000,4,1000,5],[1001,4,1001,5],[1002,4,1002,5],[1003,4,1003,5],[1004,4,1004,5],[1005,4,1005,5],[992,4,992,5],[993,4,993,5],[994,4,994,5],[996,7,996,8],[998,4,998,5],[999,4,999,5],[1029,7,1029,8],[1031,4,1031,5],[1032,4,1032,5],[1033,4,1033,5],[1034,4,1034,5],[1035,4,1035,5],[1022,4,1022,5],[1023,4,1023,5],[1024,4,1024,5],[1025,4,1025,5],[1026,4,1026,5],[1027,4,1027,5],[1014,4,1014,5],[1015,4,1015,5],[1016,4,1016,5],[1018,7,1018,8],[1020,4,1020,5],[1021,4,1021,5],[1052,4,1052,5],[1053,4,1053,5],[1054,4,1054,5],[1055,4,1055,5],[1056,4,1056,5],[1057,4,1057,5],[1044,4,1044,5],[1045,4,1045,5],[1046,4,1046,5],[1047,4,1047,5],[1049,7,1049,8],[1051,4,1051,5],[1036,4,1036,5],[1037,4,1037,5],[1038,4,1038,5],[1040,7,1040,8],[1042,4,1042,5],[1043,4,1043,5],[1074,4,1074,5],[1075,4,1075,5],[1076,4,1076,5],[1078,7,1078,8],[1080,4,1080,5],[1081,4,1081,5],[1066,4,1066,5],[1067,4,1067,5],[1069,7,1069,8],[1071,4,1071,5],[1072,4,1072,5],[1073,4,1073,5],[1059,7,1059,8],[1061,4,1061,5],[1062,4,1062,5],[1063,4,1063,5],[1064,4,1064,5],[1065,4,1065,5],[1098,4,1098,5],[1099,4,1099,5],[1100,4,1100,5],[1101,4,1101,5],[1102,4,1102,5],[1103,4,1103,5],[1090,4,1090,5],[1091,4,1091,5],[1092,4,1092,5],[1093,4,1093,5],[1094,4,1094,5],[1096,7,1096,8],[1082,4,1082,5],[1083,4,1083,5],[1084,4,1084,5],[1086,7,1086,8],[1088,4,1088,5],[1089,4,1089,5],[1120,4,1120,5],[1121,4,1121,5],[1122,4,1122,5],[1123,4,1123,5],[1124,4,1124,5],[1125,4,1125,5],[1112,4,1112,5],[1113,4,1113,5],[1114,4,1114,5],[1115,4,1115,5],[1116,4,1116,5],[1118,7,1118,8],[1104,4,1104,5],[1106,7,1106,8],[1108,4,1108,5],[1109,4,1109,5],[1110,4,1110,5],[1111,4,1111,5],[1142,4,1142,5],[1143,4,1143,5],[1144,4,1144,5],[1145,4,1145,5],[1146,4,1146,5],[1147,4,1147,5],[1134,4,1134,5],[1135,4,1135,5],[1136,4,1136,5],[1137,4,1137,5],[1138,4,1138,5],[1140,7,1140,8],[1126,4,1126,5],[1127,4,1127,5],[1129,7,1129,8],[1131,4,1131,5],[1132,4,1132,5],[1133,4,1133,5],[1164,4,1164,5],[1165,4,1165,5],[1166,4,1166,5],[1167,4,1167,5],[1168,4,1168,5],[1169,4,1169,5],[1156,4,1156,5],[1157,4,1157,5],[1158,4,1158,5],[1160,7,1160,8],[1162,4,1162,5],[1163,4,1163,5],[1149,7,1149,8],[1151,4,1151,5],[1152,4,1152,5],[1153,4,1153,5],[1154,4,1154,5],[1155,4,1155,5],[1186,4,1186,5],[1187,4,1187,5],[1188,4,1188,5],[1189,4,1189,5],[1190,4,1190,5],[1191,4,1191,5],[1178,4,1178,5],[1179,4,1179,5],[1180,4,1180,5],[1182,7,1182,8],[1184,4,1184,5],[1185,4,1185,5],[1171,7,1171,8],[1173,4,1173,5]],"merged_total":5898,"flags":["merged_cut"]}
[null,null,"Obra",null,"Bancos",null,null,null,"Encargos Sociais"]
[null,null,"SISTEMA DE ABASTECIMENTO D’ÁGUA PARA CONSUMO HUMANO NO MUNICÍPIO DE CANAPI, NO ESTADO DE ALAGOAS, COM SUPRIMENTO HÍDRICO PELO CANAL DO SERTÃO ALAGOANO - PRIMEIRA ETAPA",null,"SINAPI - 09/2023 - Alagoas\nSICRO3 - 07/2023 - Alagoas\nORSE - 09/2023 - Sergipe\nEMBASA - 05/2023 - Bahia\n",null,"B.D.I. de serviço\n24,18%\nB.D.I. de fornecimento\n15,28%",null,"Não Desonerado: \nHorista: 114,90%\nMensalista: 70,23%"]
["Composições Analíticas com Preço Unitário"]
["Composições Principais"]
[" 1.1.1 ","Código","Banco","Descrição","Tipo",null,"Und","Quant.","Valor Unit","Total"]
["Composição"," GRR-23-0018 ","Próprio","PROJETO EXECUTIVO","SEDI - SERVIÇOS DIVERSOS",null,"UN",1,302398.5,302398.5]
["Insumo"," 00002707 ","SINAPI","ENGENHEIRO CIVIL DE OBRA PLENO (HORISTA)","Mão de Obra",null,"H",800,121.8,97440]
["Insumo"," 00034785 ","SINAPI","ENGENHEIRO SANITARISTA","Mão de Obra",null,"H",400,109.57,43828]
["Insumo"," 00034783 ","SINAPI","ENGENHEIRO ELETRICISTA","Mão de Obra",null,"H",400,109.47,43788]
["Insumo"," 00034780 ","SINAPI","ENGENHEIRO CIVIL PLENO","Mão de Obra",null,"H",400,132.82,53128]
["Insumo"," 00002438 ","SINAPI","ELETROTECNICO (HORISTA)","Mão de Obra",null,"H",800,25.76,20608]
["Insumo"," 00002358 ","SINAPI","DESENHISTA PROJETISTA (HORISTA)","Mão de Obra",null,"H",800,36.31,29048]
["Insumo"," 6878 ","ORSE","Mobilização e desmobilização de pessoal e equipamentos - sondagem a percussão - dmt de 61 a 100 Km de Aracaju Un","Serviços",null,"Un",2,3755,7510]
["Insumo"," 10016 ","ORSE","Sondagem a percussão m","Serviços",null,"m",50,140.97,7048.5]
[{"$nulls":4},"MO sem LS =>",133941.3680782,"LS =>",153898.63,"MO com LS =>",287840]
[{"$nulls":4},"Valor do BDI =>",73119.95,null,"Valor com BDI =>",null,375518.45]
[]
[" 1.2.1 ","Código","Banco","Descrição","Tipo",null,"Und","Quant.","Valor Unit","Total"]
["Composição"," GRR-23-0019 ","Próprio","ADMINISTRAÇÃO LOCAL / MANUTEN. DO CANTEIRO DE OBRAS","SEDI - SERVIÇOS DIVERSOS",null,"GLOBAL",1,2069760,2069760]
["Composição Auxiliar"," 94295 ","SINAPI","MESTRE DE OBRAS COM ENCARGOS COMPLEMENTARES","SEDI - SERVIÇOS DIVERSOS",null,"MES",24,6798.93,163174.32]
["Composição Auxiliar"," 93572 ","SINAPI","ENCARREGADO GERAL DE OBRAS COM ENCARGOS COMPLEMENTARES","SEDI - SERVIÇOS DIVERSOS",null,"MES",24,4526.7299999999996,108641.52]
["Composição Auxiliar"," 100321 ","SINAPI","TÉCNICO EM SEGURANÇA DO TRABALHO COM ENCARGOS COMPLEMENTARES","SEDI - SERVIÇOS DIVERSOS",null,"MES",24,4802.2299999999996,115253.52]
["Composição Auxiliar"," 100316 ","SINAPI","AUXILIAR DE ALMOXARIFE COM ENCARGOS COMPLEMENTARES","SEDI - SERVIÇOS DIVERSOS",null,"MES",24,3178.03,76272.72]
["Composição Auxiliar"," 101402 ","SINAPI","ENCANADOR OU BOMBEIRO HIDRÁULICO COM ENCARGOS COMPLEMENTARES","SEDI - SERVIÇOS DIVERSOS",null,"MES",24,4922.4799999999996,118139.52]
["Composição Auxiliar"," GRR-23-0051 ","Próprio","VEÍCULO PICK-UP CABINE DUPLA 4X4, COM AR-CONDICIONADO, INCLUINDO DESPESAS COM COMBUSTÍVEL (300 L), ÓLEOS, CONSERVAÇÃO E MANUTENÇÃO","CHOR - CUSTOS HORÁRIOS DE MÁQUINAS E EQUIPAMENTOS",null,"MÊS",24,11526.64,276639.35999999999]
["Composição Auxiliar"," 94296 ","SINAPI","TOPOGRAFO COM ENCARGOS COMPLEMENTARES","SEDI - SERVIÇOS DIVERSOS",null,"MES",24,7182.11,172370.64]
["Composição Auxiliar"," 101389 ","SINAPI","AUXILIAR DE TOPÓGRAFO COM ENCARGOS COMPLEMENTARES","SEDI - SERVIÇOS DIVERSOS",null,"MES",24,3435.82,82459.679999999993]
["Composição Auxiliar"," 53827 ","SINAPI","CAMINHÃO TOCO, PESO BRUTO TOTAL 14.300 KG, CARGA ÚTIL MÁXIMA 9590 KG, DISTÂNCIA ENTRE EIXOS 4,76 M, POTÊNCIA 185 CV (NÃO INCLUI CARROCERIA) - MATERIAIS NA OPERAÇÃO. AF_06/2014","CHOR - CUSTOS HORÁRIOS DE MÁQUINAS E EQUIPAMENTOS",null,"H",720,115.12,82886.399999999994]
["Composição Auxiliar"," 101460 ","SINAPI","VIGIA DIURNO COM ENCARGOS COMPLEMENTARES","SEDI - SERVIÇOS DIVERSOS",null,"MES",96,3381.93,324665.28000000003]
["Insumo"," 00040813 ","SINAPI","ENGENHEIRO CIVIL DE OBRA PLENO (MENSALISTA)","Mão de Obra",null,"MES",24,21228.92,509494.08]
["Insumo"," 6573 ","ORSE","Instrumental de topografia mês","Equipamento",null,"mês",24,1180.5899999999999,28334.16]
["Insumo"," 00014250 ","SINAPI","ENERGIA ELETRICA COMERCIAL, BAIXA TENSAO, RELATIVA AO CONSUMO DE ATE 100 KWH, INCLUINDO ICMS, PIS/PASEP E COFINS","Material",null,"KWH",4800,1.25,6000]
["Insumo"," 8978 ","ORSE","Água - Consumo em volume m3","Serviços",null,"m³",1440,3.77,5428.8]
[{"$nulls":4},"MO sem LS =>",696766.57049790001,"LS =>",800584.79,"MO com LS =>",1497351.36]
[{"$nulls":4},"Valor do BDI =>",500467.96,null,"Valor com BDI =>",null,2570227.96]
[]
[" 1.3.1 ","Código","Banco","Descrição","Tipo",null,"Und","Quant.","Valor Unit","Total"]
["Composição"," 51 ","ORSE","Placa de obra em chapa aço galvanizado, instalada - Rev 02_01/2022","Mobilização / Instalações Provisórias / Desmobilização",null,"m²",1,346.6,346.6]
["Composição Auxiliar"," 10549 ","ORSE","Encargos Complementares - Servente","Provisórios",null,"h",2,3.75,7.5]
["Composição Auxiliar"," 10551 ","ORSE","Encargos Complementares - Carpinteiro","Provisórios",null,"h",1,3.65,3.65]
["Insumo"," 1569 ","ORSE","Madeira mista serrada (barrote) 6 x 6cm - 0,0036 m3/m (angelim, louro) m","Material",null,"m",4,8.49,33.96]
["Insumo"," 6995 ","ORSE","Madeira mista serrada (sarrafo) 2,2 x 5,5cm - 0,00121 m³/m m","Material",null,"m",1,3.49,3.49]
["Insumo"," 00001213 ","SINAPI","CARPINTEIRO DE FORMAS (HORISTA)","Mão de Obra",null,"H",1,18.11,18.11]
["Insumo"," 00004813 ","SINAPI","PLACA DE OBRA (PARA CONSTRUCAO CIVIL) EM CHAPA GALVANIZADA *N. 22*, ADESIVADA, DE *2,4 X 1,2* M (SEM POSTES PARA FIXACAO)","Material",null,"m²",1,250,250]
["Insumo"," 00005075 ","SINAPI","PREGO DE ACO POLIDO COM CABECA 18 X 30 (2 3/4 X 10)","Material",null,"KG",0.15,23.4,3.51]
["Insumo"," 00006111 ","SINAPI","SERVENTE DE OBRAS","Mão de Obra",null,"H",2,13.19,26.38]
[{"$nulls":4},"MO sem LS =>",20.702652400000002,"LS =>",23.79,"MO com LS =>",44.49]
[{"$nulls":4},"Valor do BDI =>",83.8,null,"Valor com BDI =>",null,430.4]
[]
[" 1.3.2 ","Código","Banco","Descrição","Tipo",null,"Und","Quant.","Valor Unit","Total"]
["Composição"," GRR-23-0020 ","Próprio","MOBILIZAÇÃO DE PESSOAL E EQUIPAMENTOS","SEDI - SERVIÇOS DIVERSOS",null,"UN",1,11791.5,11791.5]
["Composição Auxiliar"," 67826 ","SINAPI","CAMINHÃO BASCULANTE 6 M3 TOCO, PESO BRUTO TOTAL 16.000 KG, CARGA ÚTIL MÁXIMA 11.130 KG, DISTÂNCIA ENTRE EIXOS 5,36 M, POTÊNCIA 185 CV, INCLUSIVE CAÇAMBA METÁLICA - CHP DIURNO. AF_06/2014","CHOR - CUSTOS HORÁRIOS DE MÁQUINAS E EQUIPAMENTOS",null,"CHP",24,182.85,4388.3999999999996]
["Composição Auxiliar"," 73467 ","SINAPI","CAMINHÃO TOCO, PBT 14.300 KG, CARGA ÚTIL MÁX. 9.710 KG, DIST. ENTRE EIXOS 3,56 M, POTÊNCIA 185 CV, INCLUSIVE CARROCERIA FIXA ABERTA DE MADEIRA P/ TRANSPORTE GERAL DE CARGA SECA, DIMEN. APROX. 2,50 X 6,50 X 0,50 M - CHP DIURNO. AF_06/2014","CHOR - CUSTOS HORÁRIOS DE MÁQUINAS E EQUIPAMENTOS",null,"CHP",24,244.9,5877.6]
["Insumo"," I-2022-0010 ","Próprio","Hospedagem","Outros",null,"un",5,218.1,1090.5]
["Insumo"," I-2022-0009 ","Próprio","Alimentação","Outros",null,"un",5,87,435]
[{"$nulls":4},"MO sem LS =>",408.41321540000001,"LS =>",469.27,"MO com LS =>",877.68]
[{"$nulls":4},"Valor do BDI =>",2851.18,null,"Valor com BDI =>",null,14642.68]
[]
[" 1.3.3 ","Código","Banco","Descrição","Tipo",null,"Und","Quant.","Valor Unit","Total"]
["Composição"," GRR-23-0021 ","Próprio","DESMOBILIZAÇÃO DE PESSOAL E EQUIPAMENTOS","SEDI - SERVIÇOS DIVERSOS",null,"UN",1,11791.5,11791.5]
["Composição Auxiliar"," 67826 ","SINAPI","CAMINHÃO BASCULANTE 6 M3 TOCO, PESO BRUTO TOTAL 16.000 KG, CARGA ÚTIL MÁXIMA 11.130 KG, DISTÂNCIA ENTRE EIXOS 5,36 M, POTÊNCIA 185 CV, INCLUSIVE CAÇAMBA METÁLICA - CHP DIURNO. AF_06/2014","CHOR - CUSTOS HORÁRIOS DE MÁQUINAS E EQUIPAMENTOS",null,"CHP",24,182.85,4388.3999999999996]
["Composição Auxiliar"," 73467 ","SINAPI","CAMINHÃO TOCO, PBT 14.300 KG, CARGA ÚTIL MÁX. 9.710 KG, DIST. ENTRE EIXOS 3,56 M, POTÊNCIA 185 CV, INCLUSIVE CARROCERIA FIXA ABERTA DE MADEIRA P/ TRANSPORTE GERAL DE CARGA SECA, DIMEN. APROX. 2,50 X 6,50 X 0,50 M - CHP DIURNO. AF_06/2014","CHOR - CUSTOS HORÁRIOS DE MÁQUINAS E EQUIPAMENTOS",null,"CHP",24,244.9,5877.6]
["Insumo"," I-2022-0010 ","Próprio","Hospedagem","Outros",null,"un",5,218.1,1090.5]
["Insumo"," I-2022-0009 ","Próprio","Alimentação","Outros",null,"un",5,87,435]
[{"$nulls":4},"MO sem LS =>",408.41321540000001,"LS =>",469.27,"MO com LS =>",877.68]
[{"$nulls":4},"Valor do BDI =>",2851.18,null,"Valor com BDI =>",null,14642.68]
[]
[" 1.3.4 ","Código","Banco","Descrição","Tipo",null,"Und","Quant.","Valor Unit","Total"]
["Composição"," 93213 ","SINAPI","EXECUÇÃO DE SANITÁRIO E VESTIÁRIO EM CANTEIRO DE OBRA EM ALVENARIA, NÃO INCLUSO MOBILIÁRIO. AF_02/2016","CANT - CANTEIRO DE OBRAS",null,"m²",1,1032.54,1032.54]
["Composição Auxiliar"," 100860 ","SINAPI","CHUVEIRO ELÉTRICO COMUM CORPO PLÁSTICO, TIPO DUCHA \u0096 FORNECIMENTO E INSTALAÇÃO. AF_01/2020","INHI - INSTALAÇÕES HIDROS SANITÁRIAS",null,"UN",6.6799999999999998E-2,86.67,5.78]
["Composição Auxiliar"," 101165 ","SINAPI","ALVENARIA DE EMBASAMENTO COM BLOCO ESTRUTURAL DE CONCRETO, DE 14X19X29CM E ARGAMASSA DE ASSENTAMENTO COM PREPARO EM BETONEIRA. AF_05/2020","FUES - FUNDAÇÕES E ESTRUTURAS",null,"m³",2.8400000000000002E-2,833.57,23.67]
["Composição Auxiliar"," 101876 ","SINAPI","QUADRO DE DISTRIBUIÇÃO DE ENERGIA EM PVC, DE EMBUTIR, SEM BARRAMENTO, PARA 6 DISJUNTORES - FORNECIMENTO E INSTALAÇÃO. AF_10/2020","INEL - INSTALAÇÃO ELÉTRICA/ELETRIFICAÇÃO E ILUMINAÇÃO EXTERNA",null,"UN",1.67E-2,73.22,1.22]
["Composição Auxiliar"," 101891 ","SINAPI","DISJUNTOR MONOPOLAR TIPO NEMA, CORRENTE NOMINAL DE 35 ATÉ 50A - FORNECIMENTO E INSTALAÇÃO. AF_10/2020","INEL - INSTALAÇÃO ELÉTRICA/ELETRIFICAÇÃO E ILUMINAÇÃO EXTERNA",null,"UN",0.1002,31.58,3.16]
["Composição Auxiliar"," 103328 ","SINAPI","ALVENARIA DE VEDAÇÃO DE BLOCOS CERÂMICOS FURADOS NA HORIZONTAL DE 9X19X19 CM (ESPESSURA 9 CM) E ARGAMASSA DE ASSENTAMENTO COM PREPARO EM BETONEIRA. AF_12/2021","PARE - PAREDES/PAINEIS",null,"m²",1.782,80.55,143.54]
["Composição Auxiliar"," 86888 ","SINAPI","VASO SANITÁRIO SIFONADO COM CAIXA ACOPLADA LOUÇA BRANCA - FORNECIMENTO E INSTALAÇÃO. AF_01/2020","INHI - INSTALAÇÕES HIDROS SANITÁRIAS",null,"UN",5.0099999999999999E-2,469.18,23.5]
["Composição Auxiliar"," 86943 ","SINAPI","LAVATÓRIO LOUÇA BRANCA SUSPENSO, 29,5 X 39CM OU EQUIVALENTE, PADRÃO POPULAR, INCLUSO SIFÃO FLEXÍVEL EM PVC, VÁLVULA E ENGATE FLEXÍVEL 30CM EM PLÁSTICO E TORNEIRA CROMADA DE MESA, PADRÃO POPULAR - FORNECIMENTO E INSTALAÇÃO. AF_01/2020","INHI - INSTALAÇÕES HIDROS SANITÁRIAS",null,"UN",5.0099999999999999E-2,241.75,12.11]
["Composição Auxiliar"," 87548 ","SINAPI","MASSA ÚNICA, PARA RECEBIMENTO DE PINTURA, EM ARGAMASSA TRAÇO 1:2:8, PREPARO MANUAL, APLICADA MANUALMENTE EM FACES INTERNAS DE PAREDES, ESPESSURA DE 10MM, COM EXECUÇÃO DE TALISCAS. AF_06/2014","REVE - REVESTIMENTO E TRATAMENTO DE SUPERFÍCIES",null,"m²",0.25580000000000003,24.71,6.32]
["Composição Auxiliar"," 87777 ","SINAPI","EMBOÇO OU MASSA ÚNICA EM ARGAMASSA TRAÇO 1:2:8, PREPARO MANUAL, APLICADA MANUALMENTE EM PANOS DE FACHADA COM PRESENÇA DE VÃOS, ESPESSURA DE 25 MM. AF_08/2022","REVE - REVESTIMENTO E TRATAMENTO DE SUPERFÍCIES",null,"m²",1.371,52.85,72.45]
["Composição Auxiliar"," 87885 ","SINAPI","CHAPISCO APLICADO NO TETO OU EM ALVENARIA E ESTRUTURA, COM ROLO PARA TEXTURA ACRÍLICA. ARGAMASSA INDUSTRIALIZADA COM PREPARO EM MISTURADOR 300 KG. AF_10/2022","REVE - REVESTIMENTO E TRATAMENTO DE SUPERFÍCIES",null,"m²",1.8932,9.52,18.02]
["Composição Auxiliar"," 87903 ","SINAPI","CHAPISCO APLICADO EM ALVENARIA (COM PRESENÇA DE VÃOS) E ESTRUTURAS DE CONCRETO DE FACHADA, COM ROLO PARA TEXTURA ACRÍLICA.  ARGAMASSA INDUSTRIALIZADA COM PREPARO EM MISTURADOR 300 KG. AF_10/2022","REVE - REVESTIMENTO E TRATAMENTO DE SUPERFÍCIES",null,"m²",1.371,11.55,15.83]
["Composição Auxiliar"," 88489 ","SINAPI","PINTURA LÁTEX ACRÍLICA PREMIUM, APLICAÇÃO MANUAL EM PAREDES, DUAS DEMÃOS. AF_04/2023","PINT - PINTURAS",null,"m²",1.5262,11.37,17.350000000000001]
["Composição Auxiliar"," 89171 ","SINAPI","(COMPOSIÇÃO REPRESENTATIVA) DO SERVIÇO DE REVESTIMENTO CERÂMICO PARA PISO COM PLACAS TIPO ESMALTADA EXTRA DE DIMENSÕES 35X35 CM, PARA EDIFICAÇÃO HABITACIONAL UNIFAMILIAR (CASA) E EDIFICAÇÃO PÚBLICA PADRÃO. AF_11/2014","PISO - PISOS",null,"m²",0.78100000000000003,57.79,45.13]
["Composição Auxiliar"," 89173 ","SINAPI","(COMPOSIÇÃO REPRESENTATIVA) DO SERVIÇO DE EMBOÇO/MASSA ÚNICA, APLICADO MANUALMENTE, TRAÇO 1:2:8, EM BETONEIRA DE 400L, PAREDES INTERNAS, COM EXECUÇÃO DE TALISCAS, EDIFICAÇÃO HABITACIONAL UNIFAMILIAR (CASAS) E EDIFICAÇÃO PÚBLICA PADRÃO. AF_12/2014","REVE - REVESTIMENTO E TRATAMENTO DE SUPERFÍCIES",null,"m²",1.8932,34.81,65.900000000000006]
["Composição Auxiliar"," 89709 ","SINAPI","RALO SIFONADO, PVC, DN 100 X 40 MM, JUNTA SOLDÁVEL, FORNECIDO E INSTALADO EM RAMAL DE DESCARGA OU EM RAMAL DE ESGOTO SANITÁRIO. AF_08/2022","INHI - INSTALAÇÕES HIDROS SANITÁRIAS",null,"UN",6.6799999999999998E-2,18.25,1.21]
["Composição Auxiliar"," 89711 ","SINAPI","TUBO PVC, SERIE NORMAL, ESGOTO PREDIAL, DN 40 MM, FORNECIDO E INSTALADO EM RAMAL DE DESCARGA OU RAMAL DE ESGOTO SANITÁRIO. AF_08/2022","INHI - INSTALAÇÕES HIDROS SANITÁRIAS",null,"M",0.1565,20.32,3.18]
["Composição Auxiliar"," 89712 ","SINAPI","TUBO PVC, SERIE NORMAL, ESGOTO PREDIAL, DN 50 MM, FORNECIDO E INSTALADO EM RAMAL DE DESCARGA OU RAMAL DE ESGOTO SANITÁRIO. AF_08/2022","INHI - INSTALAÇÕES HIDROS SANITÁRIAS",null,"M",0.2145,25.81,5.53]
["Composição Auxiliar"," 89714 ","SINAPI","TUBO PVC, SERIE NORMAL, ESGOTO PREDIAL, DN 100 MM, FORNECIDO E INSTALADO EM RAMAL DE DESCARGA OU RAMAL DE ESGOTO SANITÁRIO. AF_08/2022","INHI - INSTALAÇÕES HIDROS SANITÁRIAS",null,"M",4.5100000000000001E-2,35.92,1.61]
["Composição Auxiliar"," 89724 ","SINAPI","JOELHO 90 GRAUS, PVC, SERIE NORMAL, ESGOTO PREDIAL, DN 40 MM, JUNTA SOLDÁVEL, FORNECIDO E INSTALADO EM RAMAL DE DESCARGA OU RAMAL DE ESGOTO SANITÁRIO. AF_08/2022","INHI - INSTALAÇÕES HIDROS SANITÁRIAS",null,"UN",0.1671,9.36,1.56]
["Composição Auxiliar"," 89731 ","SINAPI","JOELHO 90 GRAUS, PVC, SERIE NORMAL, ESGOTO PREDIAL, DN 50 MM, JUNTA ELÁSTICA, FORNECIDO E INSTALADO EM RAMAL DE DESCARGA OU RAMAL DE ESGOTO SANITÁRIO. AF_08/2022","INHI - INSTALAÇÕES HIDROS SANITÁRIAS",null,"UN",1.67E-2,14.68,0.24]
["Composição Auxiliar"," 89748 ","SINAPI","CURVA CURTA 90 GRAUS, PVC, SERIE NORMAL, ESGOTO PREDIAL, DN 100 MM, JUNTA ELÁSTICA, FORNECIDO E INSTALADO EM RAMAL DE DESCARGA OU RAMAL DE ESGOTO SANITÁRIO. AF_08/2022","INHI - INSTALAÇÕES HIDROS SANITÁRIAS",null,"UN",5.0099999999999999E-2,41.39,2.0699999999999998]
["Composição Auxiliar"," 89784 ","SINAPI","TE, PVC, SERIE NORMAL, ESGOTO PREDIAL, DN 50 X 50 MM, JUNTA ELÁSTICA, FORNECIDO E INSTALADO EM RAMAL DE DESCARGA OU RAMAL DE ESGOTO SANITÁRIO. AF_08/2022","INHI - INSTALAÇÕES HIDROS SANITÁRIAS",null,"UN",1.67E-2,23.78,0.39]
["Composição Auxiliar"," 89957 ","SINAPI","PONTO DE CONSUMO TERMINAL DE ÁGUA FRIA (SUBRAMAL) COM TUBULAÇÃO DE PVC, DN 25 MM, INSTALADO EM RAMAL DE ÁGUA, INCLUSOS RASGO E CHUMBAMENTO EM ALVENARIA. AF_12/2014","INHI - INSTALAÇÕES HIDROS SANITÁRIAS",null,"UN",0.1671,136.22999999999999,22.76]
["Composição Auxiliar"," 89970 ","SINAPI","KIT DE REGISTRO DE PRESSÃO BRUTO DE LATÃO ¾\", INCLUSIVE CONEXÕES, ROSCÁVEL, INSTALADO EM RAMAL DE ÁGUA FRIA - FORNECIMENTO E INSTALAÇÃO. AF_12/2014","INHI - INSTALAÇÕES HIDROS SANITÁRIAS",null,"UN",6.6799999999999998E-2,40.99,2.73]
["Composição Auxiliar"," 90443 ","SINAPI","RASGO LINEAR MANUAL EM ALVENARIA, PARA RAMAIS/ DISTRIBUIÇÃO DE INSTALAÇÕES HIDRÁULICAS, DIÂMETROS MENORES OU IGUAIS A 40 MM. AF_09/2023","INHI - INSTALAÇÕES HIDROS SANITÁRIAS",null,"M",6.93E-2,7.79,0.53]
["Composição Auxiliar"," 90447 ","SINAPI","RASGO LINEAR MANUAL EM ALVENARIA, PARA ELETRODUTOS, DIÂMETROS MENORES OU IGUAIS A 40 MM. AF_09/2023","INHI - INSTALAÇÕES HIDROS SANITÁRIAS",null,"M",0.1754,8.1300000000000008,1.42]
["Composição Auxiliar"," 90456 ","SINAPI","QUEBRA EM ALVENARIA PARA INSTALAÇÃO DE CAIXA DE TOMADA (4X4 OU 4X2). AF_09/2023","INHI - INSTALAÇÕES HIDROS SANITÁRIAS",null,"UN",3.3399999999999999E-2,5.38,0.17]
["Composição Auxiliar"," 90457 ","SINAPI","QUEBRA EM ALVENARIA PARA INSTALAÇÃO DE QUADRO DISTRIBUIÇÃO PEQUENO (19X25 CM). AF_09/2023","INHI - INSTALAÇÕES HIDROS SANITÁRIAS",null,"UN",1.67E-2,12.29,0.2]
["Composição Auxiliar"," 90466 ","SINAPI","CHUMBAMENTO LINEAR EM ALVENARIA PARA RAMAIS/DISTRIBUIÇÃO DE INSTALAÇÕES HIDRÁULICAS COM DIÂMETROS MENORES OU IGUAIS A 40 MM. AF_09/2023","INHI - INSTALAÇÕES HIDROS SANITÁRIAS",null,"M",0.2447,14.98,3.66]
["Composição Auxiliar"," 90822 ","SINAPI","PORTA DE MADEIRA PARA PINTURA, SEMI-OCA (LEVE OU MÉDIA), 80X210CM, ESPESSURA DE 3,5CM, INCLUSO DOBRADIÇAS - FORNECIMENTO E INSTALAÇÃO. AF_12/2019","ESQV - ESQUADRIAS/FERRAGENS/VIDROS",null,"UN",3.3399999999999999E-2,303.35000000000002,10.130000000000001]
["Composição Auxiliar"," 91170 ","SINAPI","FIXAÇÃO DE TUBOS HORIZONTAIS DE PVC ÁGUA, PVC ESGOTO, PVC ÁGUA PLUVIAL, CPVC, PPR, COBRE OU AÇO, DIÂMETROS MENORES OU IGUAIS A 40 MM, COM ABRAÇADEIRA METÁLICA RÍGIDA TIPO U PERFIL 1 1/4\u0094, FIXADA EM PERFILADO EM LAJE. AF_09/2023_PS","INHI - INSTALAÇÕES HIDROS SANITÁRIAS",null,"M",0.44269999999999998,9.6999999999999993,4.29]
["Composição Auxiliar"," 91305 ","SINAPI","FECHADURA DE EMBUTIR PARA PORTA DE BANHEIRO, COMPLETA, ACABAMENTO PADRÃO POPULAR, INCLUSO EXECUÇÃO DE FURO - FORNECIMENTO E INSTALAÇÃO. AF_12/2019","ESQV - ESQUADRIAS/FERRAGENS/VIDROS",null,"UN",5.0099999999999999E-2,100.11,5.01]
["Composição Auxiliar"," 91831 ","SINAPI","ELETRODUTO FLEXÍVEL CORRUGADO, PVC, DN 20 MM (1/2\"), PARA CIRCUITOS TERMINAIS, INSTALADO EM FORRO - FORNECIMENTO E INSTALAÇÃO. AF_03/2023","INEL - INSTALAÇÃO ELÉTRICA/ELETRIFICAÇÃO E ILUMINAÇÃO EXTERNA",null,"M",0.31740000000000002,16.29,5.17]
["Composição Auxiliar"," 91834 ","SINAPI","ELETRODUTO FLEXÍVEL CORRUGADO, PVC, DN 25 MM (3/4\"), PARA CIRCUITOS TERMINAIS, INSTALADO EM FORRO - FORNECIMENTO E INSTALAÇÃO. AF_03/2023","INEL - INSTALAÇÃO ELÉTRICA/ELETRIFICAÇÃO E ILUMINAÇÃO EXTERNA",null,"M",0.12529999999999999,17.059999999999999,2.13]
["Composição Auxiliar"," 91852 ","SINAPI","ELETRODUTO FLEXÍVEL CORRUGADO, PVC, DN 20 MM (1/2\"), PARA CIRCUITOS TERMINAIS, INSTALADO EM PAREDE - FORNECIMENTO E INSTALAÇÃO. AF_03/2023","INEL - INSTALAÇÃO ELÉTRICA/ELETRIFICAÇÃO E ILUMINAÇÃO EXTERNA",null,"M",0.15040000000000001,8.5399999999999991,1.28]
["Composição Auxiliar"," 91854 ","SINAPI","ELETRODUTO FLEXÍVEL CORRUGADO, PVC, DN 25 MM (3/4\"), PARA CIRCUITOS TERMINAIS, INSTALADO EM PAREDE - FORNECIMENTO E INSTALAÇÃO. AF_03/2023","INEL - INSTALAÇÃO ELÉTRICA/ELETRIFICAÇÃO E ILUMINAÇÃO EXTERNA",null,"M",2.5100000000000001E-2,9.24,0.23]
["Composição Auxiliar"," 91924 ","SINAPI","CABO DE COBRE FLEXÍVEL ISOLADO, 1,5 MM², ANTI-CHAMA 450/750 V, PARA CIRCUITOS TERMINAIS - FORNECIMENTO E INSTALAÇÃO. AF_03/2023","INEL - INSTALAÇÃO ELÉTRICA/ELETRIFICAÇÃO E ILUMINAÇÃO EXTERNA",null,"M",1.2028000000000001,2.91,3.5]
["Composição Auxiliar"," 91926 ","SINAPI","CABO DE COBRE FLEXÍVEL ISOLADO, 2,5 MM², ANTI-CHAMA 450/750 V, PARA CIRCUITOS TERMINAIS - FORNECIMENTO E INSTALAÇÃO. AF_03/2023","INEL - INSTALAÇÃO ELÉTRICA/ELETRIFICAÇÃO E ILUMINAÇÃO EXTERNA",null,"M",0.4511,4.2300000000000004,1.9]
["Composição Auxiliar"," 91928 ","SINAPI","CABO DE COBRE FLEXÍVEL ISOLADO, 4 MM², ANTI-CHAMA 450/750 V, PARA CIRCUITOS TERMINAIS - FORNECIMENTO E INSTALAÇÃO. AF_03/2023","INEL - INSTALAÇÃO ELÉTRICA/ELETRIFICAÇÃO E ILUMINAÇÃO EXTERNA",null,"M",1.0023,6.54,6.55]
["Composição Auxiliar"," 91940 ","SINAPI","CAIXA RETANGULAR 4\" X 2\" MÉDIA (1,30 M DO PISO), PVC, INSTALADA EM PAREDE - FORNECIMENTO E INSTALAÇÃO. AF_03/2023","INEL - INSTALAÇÃO ELÉTRICA/ELETRIFICAÇÃO E ILUMINAÇÃO EXTERNA",null,"UN",6.6799999999999998E-2,16.52,1.1000000000000001]
["Composição Auxiliar"," 91959 ","SINAPI","INTERRUPTOR SIMPLES (2 MÓDULOS), 10A/250V, INCLUINDO SUPORTE E PLACA - FORNECIMENTO E INSTALAÇÃO. AF_03/2023","INEL - INSTALAÇÃO ELÉTRICA/ELETRIFICAÇÃO E ILUMINAÇÃO EXTERNA",null,"UN",1.67E-2,46.19,0.77]
["Composição Auxiliar"," 91967 ","SINAPI","INTERRUPTOR SIMPLES (3 MÓDULOS), 10A/250V, INCLUINDO SUPORTE E PLACA - FORNECIMENTO E INSTALAÇÃO. AF_03/2023","INEL - INSTALAÇÃO ELÉTRICA/ELETRIFICAÇÃO E ILUMINAÇÃO EXTERNA",null,"UN",1.67E-2,62.18,1.03]
["Composição Auxiliar"," 92000 ","SINAPI","TOMADA BAIXA DE EMBUTIR (1 MÓDULO), 2P+T 10 A, INCLUINDO SUPORTE E PLACA - FORNECIMENTO E INSTALAÇÃO. AF_03/2023","INEL - INSTALAÇÃO ELÉTRICA/ELETRIFICAÇÃO E ILUMINAÇÃO EXTERNA",null,"UN",3.3399999999999999E-2,31.76,1.06]
["Composição Auxiliar"," 92543 ","SINAPI","TRAMA DE MADEIRA COMPOSTA POR TERÇAS PARA TELHADOS DE ATÉ 2 ÁGUAS PARA TELHA ONDULADA DE FIBROCIMENTO, METÁLICA, PLÁSTICA OU TERMOACÚSTICA, INCLUSO TRANSPORTE VERTICAL. AF_07/2019","COBE - COBERTURA",null,"m²",1.3485,18.079999999999998,24.38]
["Composição Auxiliar"," 92981 ","SINAPI","CABO DE COBRE FLEXÍVEL ISOLADO, 16 MM², ANTI-CHAMA 450/750 V, PARA DISTRIBUIÇÃO - FORNECIMENTO E INSTALAÇÃO. AF_12/2015","INEL - INSTALAÇÃO ELÉTRICA/ELETRIFICAÇÃO E ILUMINAÇÃO EXTERNA",null,"M",0.25059999999999999,15.59,3.9]
["Composição Auxiliar"," 93205 ","SINAPI","CINTA DE AMARRAÇÃO DE ALVENARIA MOLDADA IN LOCO COM UTILIZAÇÃO DE BLOCOS CANALETA. AF_03/2016","FUES - FUNDAÇÕES E ESTRUTURAS",null,"M",0.71179999999999999,36.78,26.18]
["Composição Auxiliar"," 93358 ","SINAPI","ESCAVAÇÃO MANUAL DE VALA COM PROFUNDIDADE MENOR OU IGUAL A 1,30 M. AF_02/2021","MOVT - MOVIMENTO DE TERRA",null,"m³",2.7699999999999999E-2,73.77,2.04]
["Composição Auxiliar"," 93382 ","SINAPI","REATERRO MANUAL DE VALAS, COM COMPACTADOR DE SOLOS DE PERCUSSÃO. AF_08/2023","MOVT - MOVIMENTO DE TERRA",null,"m³",7.0000000000000001E-3,21.97,0.15]
["Composição Auxiliar"," 94210 ","SINAPI","TELHAMENTO COM TELHA ONDULADA DE FIBROCIMENTO E = 6 MM, COM RECOBRIMENTO LATERAL DE 1 1/4 DE ONDA PARA TELHADO COM INCLINAÇÃO MÁXIMA DE 10°, COM ATÉ 2 ÁGUAS, INCLUSO IÇAMENTO. AF_07/2019","COBE - COBERTURA",null,"m²",1.3485,71.8,96.82]
["Composição Auxiliar"," 94559 ","SINAPI","JANELA DE AÇO TIPO BASCULANTE PARA VIDROS, COM BATENTE, FERRAGENS E PINTURA ANTICORROSIVA. EXCLUSIVE VIDROS, ACABAMENTO, ALIZAR E CONTRAMARCO. FORNECIMENTO E INSTALAÇÃO. AF_12/2019","ESQV - ESQUADRIAS/FERRAGENS/VIDROS",null,"m²",9.1899999999999996E-2,641,58.9]
["Composição Auxiliar"," 95240 ","SINAPI","LASTRO DE CONCRETO MAGRO, APLICADO EM PISOS, LAJES SOBRE SOLO OU RADIERS, ESPESSURA DE 3 CM. AF_07/2016","FUES - FUNDAÇÕES E ESTRUTURAS",null,"m²",6.3E-3,16.75,0.1]
["Composição Auxiliar"," 95241 ","SINAPI","LASTRO DE CONCRETO MAGRO, APLICADO EM PISOS, LAJES SOBRE SOLO OU RADIERS, ESPESSURA DE 5 CM. AF_07/2016","FUES - FUNDAÇÕES E ESTRUTURAS",null,"m²",0.89529999999999998,27.94,25.01]
["Composição Auxiliar"," 96985 ","SINAPI","HASTE DE ATERRAMENTO, DIÂMETRO 5/8\", COM 3 METROS - FORNECIMENTO E INSTALAÇÃO. AF_08/2023","INEL - INSTALAÇÃO ELÉTRICA/ELETRIFICAÇÃO E ILUMINAÇÃO EXTERNA",null,"UN",5.0099999999999999E-2,67.87,3.4]
["Composição Auxiliar"," 97586 ","SINAPI","LUMINÁRIA TIPO CALHA, DE SOBREPOR, COM 2 LÂMPADAS TUBULARES FLUORESCENTES DE 36 W, COM REATOR DE PARTIDA RÁPIDA - FORNECIMENTO E INSTALAÇÃO. AF_02/2020","INEL - INSTALAÇÃO ELÉTRICA/ELETRIFICAÇÃO E ILUMINAÇÃO EXTERNA",null,"UN",0.1336,159.36000000000001,21.29]
["Composição Auxiliar"," 97886 ","SINAPI","CAIXA ENTERRADA ELÉTRICA RETANGULAR, EM ALVENARIA COM TIJOLOS CERÂMICOS MACIÇOS, FUNDO COM BRITA, DIMENSÕES INTERNAS: 0,3X0,3X0,3 M. AF_12/2020","INEL - INSTALAÇÃO ELÉTRICA/ELETRIFICAÇÃO E ILUMINAÇÃO EXTERNA",null,"UN",5.0099999999999999E-2,150.06,7.51]
["Composição Auxiliar"," 97906 ","SINAPI","CAIXA ENTERRADA HIDRÁULICA RETANGULAR, EM ALVENARIA COM BLOCOS DE CONCRETO, DIMENSÕES INTERNAS: 0,6X0,6X0,6 M PARA REDE DE ESGOTO. AF_12/2020","INHI - INSTALAÇÕES HIDROS SANITÁRIAS",null,"UN",3.3399999999999999E-2,396.92,13.25]
["Composição Auxiliar"," 98679 ","SINAPI","PISO CIMENTADO, TRAÇO 1:3 (CIMENTO E AREIA), ACABAMENTO LISO, ESPESSURA 2,0 CM, PREPARO MECÂNICO DA ARGAMASSA. AF_09/2020","PISO - PISOS",null,"m²",0.4627,34.17,15.81]
["Insumo"," 00003080 ","SINAPI","FECHADURA ESPELHO PARA PORTA EXTERNA, EM ACO INOX (MAQUINA, TESTA E CONTRA-TESTA) E EM ZAMAC (MACANETA, LINGUETA E TRINCOS) COM ACABAMENTO CROMADO, MAQUINA DE 40 MM, INCLUINDO CHAVE TIPO CILINDRO","Material",null,"CJ",3.3399999999999999E-2,67.5,2.25]
["Insumo"," 00003659 ","SINAPI","JUNCAO SIMPLES DE REDUCAO, PVC, DN 100 X 50 MM, SERIE NORMAL PARA ESGOTO PREDIAL","Material",null,"UN",1.67E-2,18,0.3]
["Insumo"," 00003670 ","SINAPI","JUNCAO SIMPLES, PVC, 45 GRAUS, DN 100 X 100 MM, SERIE NORMAL PARA ESGOTO PREDIAL","Material",null,"UN",3.3399999999999999E-2,23.11,0.77]
["Insumo"," 00010698 ","SINAPI","DIVISORIA, PLACA  PRE-MOLDADA EM GRANILITE, MARMORITE OU GRANITINA,  E = *3 CM","Material",null,"m²",0.29530000000000001,207.56,61.29]
["Insumo"," 00011587 ","SINAPI","FORRO DE PVC LISO, BRANCO, REGUA DE 10 CM, ESPESSURA DE 8 MM A 10 MM (COM COLOCACAO / SEM ESTRUTURA METALICA)","Material",null,"m²",0.89529999999999998,108.9,97.49]
["Insumo"," 00011697 ","SINAPI","MICTORIO COLETIVO ACO INOX (AISI 304), E = 0,8 MM, DE *100 X 40 X 30* CM (C X A X P)","Material",null,"UN",1.67E-2,630.20000000000005,10.52]
["Insumo"," 00011712 ","SINAPI","CAIXA SIFONADA, PVC, 150 X 150 X 50 MM, COM GRELHA QUADRADA, BRANCA (NBR 5688)","Material",null,"UN",3.3399999999999999E-2,36.5,1.21]
["Insumo"," 00021112 ","SINAPI","VALVULA DE DESCARGA EM METAL CROMADO PARA MICTORIO COM ACIONAMENTO POR PRESSAO E FECHAMENTO AUTOMATICO","Material",null,"UN",1.67E-2,301.27,5.03]
["Insumo"," 00043777 ","SINAPI","PORTA DE MADEIRA, FOLHA LEVE (NBR 15930), DE 600 X 2100 MM, E = 35 MM, NUCLEO COLMEIA, CAPA LISA EM HDF, ACABAMENTO MELAMINICO EM PADRAO MADEIRA","Material",null,"UN",4.29364E-2,222.64,9.5500000000000007]
[{"$nulls":4},"MO sem LS =>",120.39553280595626,"LS =>",138.33000000000001,"MO com LS =>",258.73]
[{"$nulls":4},"Valor do BDI =>",249.66,null,"Valor com BDI =>",null,1282.2]
[]
[" 1.3.5 ","Código","Banco","Descrição","Tipo",null,"Und","Quant.","Valor Unit","Total"]
["Composição"," 93206 ","SINAPI","EXECUÇÃO DE ESCRITÓRIO EM CANTEIRO DE OBRA EM ALVENARIA, NÃO INCLUSO MOBILIÁRIO E EQUIPAMENTOS. AF_02/2016","CANT - CANTEIRO DE OBRAS",null,"m²",1,1131.96,1131.96]
["Composição Auxiliar"," 100556 ","SINAPI","CAIXA DE PASSAGEM PARA TELEFONE 15X15X10CM (SOBREPOR), FORNECIMENTO E INSTALACAO. AF_11/2019","INES - INSTALAÇÕES ESPECIAIS",null,"UN",1.8499999999999999E-2,46.89,0.86]
["Composição Auxiliar"," 100665 ","SINAPI","JANELA DE MADEIRA - CEDRINHO/ANGELIM OU EQUIVALENTE DA REGIÃO - DE ABRIR COM 4 FOLHAS (2 VENEZIANAS E 2 GUILHOTINAS PARA VIDRO), COM BATENTE, ALIZAR E FERRAGENS. EXCLUSIVE VIDROS, ACABAMENTO E CONTRAMARCO. FORNECIMENTO E INSTALAÇÃO. AF_12/2019","ESQV - ESQUADRIAS/FERRAGENS/VIDROS",null,"m²",9.2399999999999996E-2,679.01,62.74]
["Composição Auxiliar"," 101165 ","SINAPI","ALVENARIA DE EMBASAMENTO COM BLOCO ESTRUTURAL DE CONCRETO, DE 14X19X29CM E ARGAMASSA DE ASSENTAMENTO COM PREPARO EM BETONEIRA. AF_05/2020","FUES - FUNDAÇÕES E ESTRUTURAS",null,"m³",3.7699999999999997E-2,833.57,31.42]
["Composição Auxiliar"," 101875 ","SINAPI","QUADRO DE DISTRIBUIÇÃO DE ENERGIA EM CHAPA DE AÇO GALVANIZADO, DE EMBUTIR, COM BARRAMENTO TRIFÁSICO, PARA 12 DISJUNTORES DIN 100A - FORNECIMENTO E INSTALAÇÃO. AF_10/2020","INEL - INSTALAÇÃO ELÉTRICA/ELETRIFICAÇÃO E ILUMINAÇÃO EXTERNA",null,"UN",1.8499999999999999E-2,508.45,9.4]
["Composição Auxiliar"," 101891 ","SINAPI","DISJUNTOR MONOPOLAR TIPO NEMA, CORRENTE NOMINAL DE 35 ATÉ 50A - FORNECIMENTO E INSTALAÇÃO. AF_10/2020","INEL - INSTALAÇÃO ELÉTRICA/ELETRIFICAÇÃO E ILUMINAÇÃO EXTERNA",null,"UN",0.16639999999999999,31.58,5.25]
["Composição Auxiliar"," 103328 ","SINAPI","ALVENARIA DE VEDAÇÃO DE BLOCOS CERÂMICOS FURADOS NA HORIZONTAL DE 9X19X19 CM (ESPESSURA 9 CM) E ARGAMASSA DE ASSENTAMENTO COM PREPARO EM BETONEIRA. AF_12/2021","PARE - PAREDES/PAINEIS",null,"m²",2.3237999999999999,80.55,187.18]
["Composição Auxiliar"," 86888 ","SINAPI","VASO SANITÁRIO SIFONADO COM CAIXA ACOPLADA LOUÇA BRANCA - FORNECIMENTO E INSTALAÇÃO. AF_01/2020","INHI - INSTALAÇÕES HIDROS SANITÁRIAS",null,"UN",3.6999999999999998E-2,469.18,17.350000000000001]
["Composição Auxiliar"," 86934 ","SINAPI","BANCADA DE MÁRMORE SINTÉTICO 120 X 60CM, COM CUBA INTEGRADA, INCLUSO SIFÃO TIPO FLEXÍVEL EM PVC, VÁLVULA EM PLÁSTICO CROMADO TIPO AMERICANA E TORNEIRA CROMADA LONGA, DE PAREDE, PADRÃO POPULAR - FORNECIMENTO E INSTALAÇÃO. AF_01/2020","INHI - INSTALAÇÕES HIDROS SANITÁRIAS",null,"UN",1.8499999999999999E-2,338.71,6.26]
["Composição Auxiliar"," 86943 ","SINAPI","LAVATÓRIO LOUÇA BRANCA SUSPENSO, 29,5 X 39CM OU EQUIVALENTE, PADRÃO POPULAR, INCLUSO SIFÃO FLEXÍVEL EM PVC, VÁLVULA E ENGATE FLEXÍVEL 30CM EM PLÁSTICO E TORNEIRA CROMADA DE MESA, PADRÃO POPULAR - FORNECIMENTO E INSTALAÇÃO. AF_01/2020","INHI - INSTALAÇÕES HIDROS SANITÁRIAS",null,"UN",3.6999999999999998E-2,241.75,8.94]
["Composição Auxiliar"," 87548 ","SINAPI","MASSA ÚNICA, PARA RECEBIMENTO DE PINTURA, EM ARGAMASSA TRAÇO 1:2:8, PREPARO MANUAL, APLICADA MANUALMENTE EM FACES INTERNAS DE PAREDES, ESPESSURA DE 10MM, COM EXECUÇÃO DE TALISCAS. AF_06/2014","REVE - REVESTIMENTO E TRATAMENTO DE SUPERFÍCIES",null,"m²",5.9200000000000003E-2,24.71,1.46]
["Composição Auxiliar"," 87777 ","SINAPI","EMBOÇO OU MASSA ÚNICA EM ARGAMASSA TRAÇO 1:2:8, PREPARO MANUAL, APLICADA MANUALMENTE EM PANOS DE FACHADA COM PRESENÇA DE VÃOS, ESPESSURA DE 25 MM. AF_08/2022","REVE - REVESTIMENTO E TRATAMENTO DE SUPERFÍCIES",null,"m²",1.472,52.85,77.790000000000006]
["Composição Auxiliar"," 87885 ","SINAPI","CHAPISCO APLICADO NO TETO OU EM ALVENARIA E ESTRUTURA, COM ROLO PARA TEXTURA ACRÍLICA. ARGAMASSA INDUSTRIALIZADA COM PREPARO EM MISTURADOR 300 KG. AF_10/2022","REVE - REVESTIMENTO E TRATAMENTO DE SUPERFÍCIES",null,"m²",1.9021999999999999,9.52,18.100000000000001]
["Composição Auxiliar"," 87903 ","SINAPI","CHAPISCO APLICADO EM ALVENARIA (COM PRESENÇA DE VÃOS) E ESTRUTURAS DE CONCRETO DE FACHADA, COM ROLO PARA TEXTURA ACRÍLICA.  ARGAMASSA INDUSTRIALIZADA COM PREPARO EM MISTURADOR 300 KG. AF_10/2022","REVE - REVESTIMENTO E TRATAMENTO DE SUPERFÍCIES",null,"m²",1.472,11.55,17]
["Composição Auxiliar"," 88489 ","SINAPI","PINTURA LÁTEX ACRÍLICA PREMIUM, APLICAÇÃO MANUAL EM PAREDES, DUAS DEMÃOS. AF_04/2023","PINT - PINTURAS",null,"m²",3.3151000000000002,11.37,37.69]
["Composição Auxiliar"," 89171 ","SINAPI","(COMPOSIÇÃO REPRESENTATIVA) DO SERVIÇO DE REVESTIMENTO CERÂMICO PARA PISO COM PLACAS TIPO ESMALTADA EXTRA DE DIMENSÕES 35X35 CM, PARA EDIFICAÇÃO HABITACIONAL UNIFAMILIAR (CASA) E EDIFICAÇÃO PÚBLICA PADRÃO. AF_11/2014","PISO - PISOS",null,"m²",7.7600000000000002E-2,57.79,4.4800000000000004]
["Composição Auxiliar"," 89173 ","SINAPI","(COMPOSIÇÃO REPRESENTATIVA) DO SERVIÇO DE EMBOÇO/MASSA ÚNICA, APLICADO MANUALMENTE, TRAÇO 1:2:8, EM BETONEIRA DE 400L, PAREDES INTERNAS, COM EXECUÇÃO DE TALISCAS, EDIFICAÇÃO HABITACIONAL UNIFAMILIAR (CASAS) E EDIFICAÇÃO PÚBLICA PADRÃO. AF_12/2014","REVE - REVESTIMENTO E TRATAMENTO DE SUPERFÍCIES",null,"m²",1.9021999999999999,34.81,66.209999999999994]
["Composição Auxiliar"," 89482 ","SINAPI","CAIXA SIFONADA, PVC, DN 100 X 100 X 50 MM, FORNECIDA E INSTALADA EM RAMAIS DE ENCAMINHAMENTO DE ÁGUA PLUVIAL. AF_06/2022","INHI - INSTALAÇÕES HIDROS SANITÁRIAS",null,"UN",3.6999999999999998E-2,33.76,1.24]
["Composição Auxiliar"," 89711 ","SINAPI","TUBO PVC, SERIE NORMAL, ESGOTO PREDIAL, DN 40 MM, FORNECIDO E INSTALADO EM RAMAL DE DESCARGA OU RAMAL DE ESGOTO SANITÁRIO. AF_08/2022","INHI - INSTALAÇÕES HIDROS SANITÁRIAS",null,"M",0.1331,20.32,2.7]
["Composição Auxiliar"," 89712 ","SINAPI","TUBO PVC, SERIE NORMAL, ESGOTO PREDIAL, DN 50 MM, FORNECIDO E INSTALADO EM RAMAL DE DESCARGA OU RAMAL DE ESGOTO SANITÁRIO. AF_08/2022","INHI - INSTALAÇÕES HIDROS SANITÁRIAS",null,"M",0.1202,25.81,3.1]
["Composição Auxiliar"," 89714 ","SINAPI","TUBO PVC, SERIE NORMAL, ESGOTO PREDIAL, DN 100 MM, FORNECIDO E INSTALADO EM RAMAL DE DESCARGA OU RAMAL DE ESGOTO SANITÁRIO. AF_08/2022","INHI - INSTALAÇÕES HIDROS SANITÁRIAS",null,"M",0.14119999999999999,35.92,5.07]
["Composição Auxiliar"," 89724 ","SINAPI","JOELHO 90 GRAUS, PVC, SERIE NORMAL, ESGOTO PREDIAL, DN 40 MM, JUNTA SOLDÁVEL, FORNECIDO E INSTALADO EM RAMAL DE DESCARGA OU RAMAL DE ESGOTO SANITÁRIO. AF_08/2022","INHI - INSTALAÇÕES HIDROS SANITÁRIAS",null,"UN",7.3999999999999996E-2,9.36,0.69]
["Composição Auxiliar"," 89726 ","SINAPI","JOELHO 45 GRAUS, PVC, SERIE NORMAL, ESGOTO PREDIAL, DN 40 MM, JUNTA SOLDÁVEL, FORNECIDO E INSTALADO EM RAMAL DE DESCARGA OU RAMAL DE ESGOTO SANITÁRIO. AF_08/2022","INHI - INSTALAÇÕES HIDROS SANITÁRIAS",null,"UN",5.5500000000000001E-2,9.58,0.53]
["Composição Auxiliar"," 89731 ","SINAPI","JOELHO 90 GRAUS, PVC, SERIE NORMAL, ESGOTO PREDIAL, DN 50 MM, JUNTA ELÁSTICA, FORNECIDO E INSTALADO EM RAMAL DE DESCARGA OU RAMAL DE ESGOTO SANITÁRIO. AF_08/2022","INHI - INSTALAÇÕES HIDROS SANITÁRIAS",null,"UN",1.8499999999999999E-2,14.68,0.27]
["Composição Auxiliar"," 89748 ","SINAPI","CURVA CURTA 90 GRAUS, PVC, SERIE NORMAL, ESGOTO PREDIAL, DN 100 MM, JUNTA ELÁSTICA, FORNECIDO E INSTALADO EM RAMAL DE DESCARGA OU RAMAL DE ESGOTO SANITÁRIO. AF_08/2022","INHI - INSTALAÇÕES HIDROS SANITÁRIAS",null,"UN",5.5500000000000001E-2,41.39,2.29]
["Composição Auxiliar"," 89784 ","SINAPI","TE, PVC, SERIE NORMAL, ESGOTO PREDIAL, DN 50 X 50 MM, JUNTA ELÁSTICA, FORNECIDO E INSTALADO EM RAMAL DE DESCARGA OU RAMAL DE ESGOTO SANITÁRIO. AF_08/2022","INHI - INSTALAÇÕES HIDROS SANITÁRIAS",null,"UN",5.5500000000000001E-2,23.78,1.31]
["Composição Auxiliar"," 89796 ","SINAPI","TE, PVC, SERIE NORMAL, ESGOTO PREDIAL, DN 100 X 100 MM, JUNTA ELÁSTICA, FORNECIDO E INSTALADO EM RAMAL DE DESCARGA OU RAMAL DE ESGOTO SANITÁRIO. AF_08/2022","INHI - INSTALAÇÕES HIDROS SANITÁRIAS",null,"UN",3.6999999999999998E-2,42.33,1.56]
["Composição Auxiliar"," 89957 ","SINAPI","PONTO DE CONSUMO TERMINAL DE ÁGUA FRIA (SUBRAMAL) COM TUBULAÇÃO DE PVC, DN 25 MM, INSTALADO EM RAMAL DE ÁGUA, INCLUSOS RASGO E CHUMBAMENTO EM ALVENARIA. AF_12/2014","INHI - INSTALAÇÕES HIDROS SANITÁRIAS",null,"UN",9.2399999999999996E-2,136.22999999999999,12.58]
["Composição Auxiliar"," 90443 ","SINAPI","RASGO LINEAR MANUAL EM ALVENARIA, PARA RAMAIS/ DISTRIBUIÇÃO DE INSTALAÇÕES HIDRÁULICAS, DIÂMETROS MENORES OU IGUAIS A 40 MM. AF_09/2023","INHI - INSTALAÇÕES HIDROS SANITÁRIAS",null,"M",9.6100000000000005E-2,7.79,0.74]
["Composição Auxiliar"," 90447 ","SINAPI","RASGO LINEAR MANUAL EM ALVENARIA, PARA ELETRODUTOS, DIÂMETROS MENORES OU IGUAIS A 40 MM. AF_09/2023","INHI - INSTALAÇÕES HIDROS SANITÁRIAS",null,"M",1.6638999999999999,8.1300000000000008,13.52]
["Composição Auxiliar"," 90456 ","SINAPI","QUEBRA EM ALVENARIA PARA INSTALAÇÃO DE CAIXA DE TOMADA (4X4 OU 4X2). AF_09/2023","INHI - INSTALAÇÕES HIDROS SANITÁRIAS",null,"UN",0.36980000000000002,5.38,1.98]
["Composição Auxiliar"," 90457 ","SINAPI","QUEBRA EM ALVENARIA PARA INSTALAÇÃO DE QUADRO DISTRIBUIÇÃO PEQUENO (19X25 CM). AF_09/2023","INHI - INSTALAÇÕES HIDROS SANITÁRIAS",null,"UN",1.8499999999999999E-2,12.29,0.22]
["Composição Auxiliar"," 90466 ","SINAPI","CHUMBAMENTO LINEAR EM ALVENARIA PARA RAMAIS/DISTRIBUIÇÃO DE INSTALAÇÕES HIDRÁULICAS COM DIÂMETROS MENORES OU IGUAIS A 40 MM. AF_09/2023","INHI - INSTALAÇÕES HIDROS SANITÁRIAS",null,"M",1.76,14.98,26.36]
["Composição Auxiliar"," 90820 ","SINAPI","PORTA DE MADEIRA PARA PINTURA, SEMI-OCA (LEVE OU MÉDIA), 60X210CM, ESPESSURA DE 3,5CM, INCLUSO DOBRADIÇAS - FORNECIMENTO E INSTALAÇÃO. AF_12/2019","ESQV - ESQUADRIAS/FERRAGENS/VIDROS",null,"UN",3.6999999999999998E-2,276.11,10.210000000000001]
["Composição Auxiliar"," 90822 ","SINAPI","PORTA DE MADEIRA PARA PINTURA, SEMI-OCA (LEVE OU MÉDIA), 80X210CM, ESPESSURA DE 3,5CM, INCLUSO DOBRADIÇAS - FORNECIMENTO E INSTALAÇÃO. AF_12/2019","ESQV - ESQUADRIAS/FERRAGENS/VIDROS",null,"UN",5.5500000000000001E-2,303.35000000000002,16.829999999999998]
["Composição Auxiliar"," 91170 ","SINAPI","FIXAÇÃO DE TUBOS HORIZONTAIS DE PVC ÁGUA, PVC ESGOTO, PVC ÁGUA PLUVIAL, CPVC, PPR, COBRE OU AÇO, DIÂMETROS MENORES OU IGUAIS A 40 MM, COM ABRAÇADEIRA METÁLICA RÍGIDA TIPO U PERFIL 1 1/4\u0094, FIXADA EM PERFILADO EM LAJE. AF_09/2023_PS","INHI - INSTALAÇÕES HIDROS SANITÁRIAS",null,"M",0.50839999999999996,9.6999999999999993,4.93]
["Composição Auxiliar"," 91341 ","SINAPI","PORTA EM ALUMÍNIO DE ABRIR TIPO VENEZIANA COM GUARNIÇÃO, FIXAÇÃO COM PARAFUSOS - FORNECIMENTO E INSTALAÇÃO. AF_12/2019","ESQV - ESQUADRIAS/FERRAGENS/VIDROS",null,"m²",3.1099999999999999E-2,662.11,20.59]
["Composição Auxiliar"," 91831 ","SINAPI","ELETRODUTO FLEXÍVEL CORRUGADO, PVC, DN 20 MM (1/2\"), PARA CIRCUITOS TERMINAIS, INSTALADO EM FORRO - FORNECIMENTO E INSTALAÇÃO. AF_03/2023","INEL - INSTALAÇÃO ELÉTRICA/ELETRIFICAÇÃO E ILUMINAÇÃO EXTERNA",null,"M",0.50839999999999996,16.29,8.2799999999999994]
["Composição Auxiliar"," 91852 ","SINAPI","ELETRODUTO FLEXÍVEL CORRUGADO, PVC, DN 20 MM (1/2\"), PARA CIRCUITOS TERMINAIS, INSTALADO EM PAREDE - FORNECIMENTO E INSTALAÇÃO. AF_03/2023","INEL - INSTALAÇÃO ELÉTRICA/ELETRIFICAÇÃO E ILUMINAÇÃO EXTERNA",null,"M",1.6638999999999999,8.5399999999999991,14.2]
["Composição Auxiliar"," 91924 ","SINAPI","CABO DE COBRE FLEXÍVEL ISOLADO, 1,5 MM², ANTI-CHAMA 450/750 V, PARA CIRCUITOS TERMINAIS - FORNECIMENTO E INSTALAÇÃO. AF_03/2023","INEL - INSTALAÇÃO ELÉTRICA/ELETRIFICAÇÃO E ILUMINAÇÃO EXTERNA",null,"M",1.3588,2.91,3.95]
["Composição Auxiliar"," 91926 ","SINAPI","CABO DE COBRE FLEXÍVEL ISOLADO, 2,5 MM², ANTI-CHAMA 450/750 V, PARA CIRCUITOS TERMINAIS - FORNECIMENTO E INSTALAÇÃO. AF_03/2023","INEL - INSTALAÇÃO ELÉTRICA/ELETRIFICAÇÃO E ILUMINAÇÃO EXTERNA",null,"M",3.3277999999999999,4.2300000000000004,14.07]
["Composição Auxiliar"," 91928 ","SINAPI","CABO DE COBRE FLEXÍVEL ISOLADO, 4 MM², ANTI-CHAMA 450/750 V, PARA CIRCUITOS TERMINAIS - FORNECIMENTO E INSTALAÇÃO. AF_03/2023","INEL - INSTALAÇÃO ELÉTRICA/ELETRIFICAÇÃO E ILUMINAÇÃO EXTERNA",null,"M",1.9412,6.54,12.69]
["Composição Auxiliar"," 91937 ","SINAPI","CAIXA OCTOGONAL 3\" X 3\", PVC, INSTALADA EM LAJE - FORNECIMENTO E INSTALAÇÃO. AF_03/2023","INEL - INSTALAÇÃO ELÉTRICA/ELETRIFICAÇÃO E ILUMINAÇÃO EXTERNA",null,"UN",0.16639999999999999,13.97,2.3199999999999998]
["Composição Auxiliar"," 91939 ","SINAPI","CAIXA RETANGULAR 4\" X 2\" ALTA (2,00 M DO PISO), PVC, INSTALADA EM PAREDE - FORNECIMENTO E INSTALAÇÃO. AF_03/2023","INEL - INSTALAÇÃO ELÉTRICA/ELETRIFICAÇÃO E ILUMINAÇÃO EXTERNA",null,"UN",5.5500000000000001E-2,29.17,1.61]
["Composição Auxiliar"," 91940 ","SINAPI","CAIXA RETANGULAR 4\" X 2\" MÉDIA (1,30 M DO PISO), PVC, INSTALADA EM PAREDE - FORNECIMENTO E INSTALAÇÃO. AF_03/2023","INEL - INSTALAÇÃO ELÉTRICA/ELETRIFICAÇÃO E ILUMINAÇÃO EXTERNA",null,"UN",7.3999999999999996E-2,16.52,1.22]
["Composição Auxiliar"," 91941 ","SINAPI","CAIXA RETANGULAR 4\" X 2\" BAIXA (0,30 M DO PISO), PVC, INSTALADA EM PAREDE - FORNECIMENTO E INSTALAÇÃO. AF_03/2023","INEL - INSTALAÇÃO ELÉTRICA/ELETRIFICAÇÃO E ILUMINAÇÃO EXTERNA",null,"UN",0.22189999999999999,10.32,2.29]
["Composição Auxiliar"," 91945 ","SINAPI","SUPORTE PARAFUSADO COM PLACA DE ENCAIXE 4\" X 2\" ALTO (2,00 M DO PISO) PARA PONTO ELÉTRICO - FORNECIMENTO E INSTALAÇÃO. AF_03/2023","INEL - INSTALAÇÃO ELÉTRICA/ELETRIFICAÇÃO E ILUMINAÇÃO EXTERNA",null,"UN",5.5500000000000001E-2,14.07,0.78]
["Composição Auxiliar"," 92000 ","SINAPI","TOMADA BAIXA DE EMBUTIR (1 MÓDULO), 2P+T 10 A, INCLUINDO SUPORTE E PLACA - FORNECIMENTO E INSTALAÇÃO. AF_03/2023","INEL - INSTALAÇÃO ELÉTRICA/ELETRIFICAÇÃO E ILUMINAÇÃO EXTERNA",null,"UN",7.3999999999999996E-2,31.76,2.35]
["Composição Auxiliar"," 92008 ","SINAPI","TOMADA BAIXA DE EMBUTIR (2 MÓDULOS), 2P+T 10 A, INCLUINDO SUPORTE E PLACA - FORNECIMENTO E INSTALAÇÃO. AF_03/2023","INEL - INSTALAÇÃO ELÉTRICA/ELETRIFICAÇÃO E ILUMINAÇÃO EXTERNA",null,"UN",0.1479,49.26,7.28]
["Composição Auxiliar"," 92023 ","SINAPI","INTERRUPTOR SIMPLES (1 MÓDULO) COM 1 TOMADA DE EMBUTIR 2P+T 10 A, INCLUINDO SUPORTE E PLACA - FORNECIMENTO E INSTALAÇÃO. AF_03/2023","INEL - INSTALAÇÃO ELÉTRICA/ELETRIFICAÇÃO E ILUMINAÇÃO EXTERNA",null,"UN",0.12939999999999999,51.36,6.64]
["Composição Auxiliar"," 92543 ","SINAPI","TRAMA DE MADEIRA COMPOSTA POR TERÇAS PARA TELHADOS DE ATÉ 2 ÁGUAS PARA TELHA ONDULADA DE FIBROCIMENTO, METÁLICA, PLÁSTICA OU TERMOACÚSTICA, INCLUSO TRANSPORTE VERTICAL. AF_07/2019","COBE - COBERTURA",null,"m²",1.3539000000000001,18.079999999999998,24.47]
["Composição Auxiliar"," 92981 ","SINAPI","CABO DE COBRE FLEXÍVEL ISOLADO, 16 MM², ANTI-CHAMA 450/750 V, PARA DISTRIBUIÇÃO - FORNECIMENTO E INSTALAÇÃO. AF_12/2015","INEL - INSTALAÇÃO ELÉTRICA/ELETRIFICAÇÃO E ILUMINAÇÃO EXTERNA",null,"M",0.18490000000000001,15.59,2.88]
["Composição Auxiliar"," 93205 ","SINAPI","CINTA DE AMARRAÇÃO DE ALVENARIA MOLDADA IN LOCO COM UTILIZAÇÃO DE BLOCOS CANALETA. AF_03/2016","FUES - FUNDAÇÕES E ESTRUTURAS",null,"M",0.94440000000000002,36.78,34.729999999999997]
["Composição Auxiliar"," 93358 ","SINAPI","ESCAVAÇÃO MANUAL DE VALA COM PROFUNDIDADE MENOR OU IGUAL A 1,30 M. AF_02/2021","MOVT - MOVIMENTO DE TERRA",null,"m³",3.6799999999999999E-2,73.77,2.71]
["Composição Auxiliar"," 93382 ","SINAPI","REATERRO MANUAL DE VALAS, COM COMPACTADOR DE SOLOS DE PERCUSSÃO. AF_08/2023","MOVT - MOVIMENTO DE TERRA",null,"m³",9.4000000000000004E-3,21.97,0.2]
["Composição Auxiliar"," 94210 ","SINAPI","TELHAMENTO COM TELHA ONDULADA DE FIBROCIMENTO E = 6 MM, COM RECOBRIMENTO LATERAL DE 1 1/4 DE ONDA PARA TELHADO COM INCLINAÇÃO MÁXIMA DE 10°, COM ATÉ 2 ÁGUAS, INCLUSO IÇAMENTO. AF_07/2019","COBE - COBERTURA",null,"m²",1.3539000000000001,71.8,97.21]
["Composição Auxiliar"," 94559 ","SINAPI","JANELA DE AÇO TIPO BASCULANTE PARA VIDROS, COM BATENTE, FERRAGENS E PINTURA ANTICORROSIVA. EXCLUSIVE VIDROS, ACABAMENTO, ALIZAR E CONTRAMARCO. FORNECIMENTO E INSTALAÇÃO. AF_12/2019","ESQV - ESQUADRIAS/FERRAGENS/VIDROS",null,"m²",2.7699999999999999E-2,641,17.75]
["Composição Auxiliar"," 95240 ","SINAPI","LASTRO DE CONCRETO MAGRO, APLICADO EM PISOS, LAJES SOBRE SOLO OU RADIERS, ESPESSURA DE 3 CM. AF_07/2016","FUES - FUNDAÇÕES E ESTRUTURAS",null,"m²",8.5000000000000006E-3,16.75,0.14000000000000001]
["Composição Auxiliar"," 95241 ","SINAPI","LASTRO DE CONCRETO MAGRO, APLICADO EM PISOS, LAJES SOBRE SOLO OU RADIERS, ESPESSURA DE 5 CM. AF_07/2016","FUES - FUNDAÇÕES E ESTRUTURAS",null,"m²",1.2256,27.94,34.24]
["Composição Auxiliar"," 96985 ","SINAPI","HASTE DE ATERRAMENTO, DIÂMETRO 5/8\", COM 3 METROS - FORNECIMENTO E INSTALAÇÃO. AF_08/2023","INEL - INSTALAÇÃO ELÉTRICA/ELETRIFICAÇÃO E ILUMINAÇÃO EXTERNA",null,"UN",3.6999999999999998E-2,67.87,2.5099999999999998]
["Composição Auxiliar"," 97586 ","SINAPI","LUMINÁRIA TIPO CALHA, DE SOBREPOR, COM 2 LÂMPADAS TUBULARES FLUORESCENTES DE 36 W, COM REATOR DE PARTIDA RÁPIDA - FORNECIMENTO E INSTALAÇÃO. AF_02/2020","INEL - INSTALAÇÃO ELÉTRICA/ELETRIFICAÇÃO E ILUMINAÇÃO EXTERNA",null,"UN",0.1109,159.36000000000001,17.670000000000002]
["Composição Auxiliar"," 97593 ","SINAPI","LUMINÁRIA TIPO SPOT, DE SOBREPOR, COM 1 LÂMPADA FLUORESCENTE DE 15 W, SEM REATOR - FORNECIMENTO E INSTALAÇÃO. AF_02/2020","INEL - INSTALAÇÃO ELÉTRICA/ELETRIFICAÇÃO E ILUMINAÇÃO EXTERNA",null,"UN",7.3999999999999996E-2,145.03,10.73]
["Composição Auxiliar"," 97611 ","SINAPI","LÂMPADA COMPACTA FLUORESCENTE DE 15 W, BASE E27 - FORNECIMENTO E INSTALAÇÃO. AF_02/2020","INEL - INSTALAÇÃO ELÉTRICA/ELETRIFICAÇÃO E ILUMINAÇÃO EXTERNA",null,"UN",3.6999999999999998E-2,24.29,0.89]
["Composição Auxiliar"," 97612 ","SINAPI","LÂMPADA COMPACTA FLUORESCENTE DE 20 W, BASE E27 - FORNECIMENTO E INSTALAÇÃO. AF_02/2020","INEL - INSTALAÇÃO ELÉTRICA/ELETRIFICAÇÃO E ILUMINAÇÃO EXTERNA",null,"UN",3.6999999999999998E-2,26.42,0.97]
["Composição Auxiliar"," 97886 ","SINAPI","CAIXA ENTERRADA ELÉTRICA RETANGULAR, EM ALVENARIA COM TIJOLOS CERÂMICOS MACIÇOS, FUNDO COM BRITA, DIMENSÕES INTERNAS: 0,3X0,3X0,3 M. AF_12/2020","INEL - INSTALAÇÃO ELÉTRICA/ELETRIFICAÇÃO E ILUMINAÇÃO EXTERNA",null,"UN",3.6999999999999998E-2,150.06,5.55]
["Composição Auxiliar"," 97906 ","SINAPI","CAIXA ENTERRADA HIDRÁULICA RETANGULAR, EM ALVENARIA COM BLOCOS DE CONCRETO, DIMENSÕES INTERNAS: 0,6X0,6X0,6 M PARA REDE DE ESGOTO. AF_12/2020","INHI - INSTALAÇÕES HIDROS SANITÁRIAS",null,"UN",1.8499999999999999E-2,396.92,7.34]
["Composição Auxiliar"," 98283 ","SINAPI","CABO TELEFÔNICO CCI-50 4 PARES, SEM BLINDAGEM, INSTALADO EM DISTRIBUIÇÃO DE EDIFICAÇÃO RESIDENCIAL - FORNECIMENTO E INSTALAÇÃO. AF_11/2019","INES - INSTALAÇÕES ESPECIAIS",null,"M",0.59160000000000001,8.9600000000000009,5.3]
["Insumo"," 00003080 ","SINAPI","FECHADURA ESPELHO PARA PORTA EXTERNA, EM ACO INOX (MAQUINA, TESTA E CONTRA-TESTA) E EM ZAMAC (MACANETA, LINGUETA E TRINCOS) COM ACABAMENTO CROMADO, MAQUINA DE 40 MM, INCLUINDO CHAVE TIPO CILINDRO","Material",null,"CJ",5.5500000000000001E-2,67.5,3.74]
["Insumo"," 00003097 ","SINAPI","FECHADURA ROSETA REDONDA PARA PORTA DE BANHEIRO, EM ACO INOX (MAQUINA, TESTA E CONTRA-TESTA) E EM ZAMAC (MACANETA, LINGUETA E TRINCOS) COM ACABAMENTO CROMADO, MAQUINA DE 40 MM, INCLUINDO CHAVE TIPO TRANQUETA","Material",null,"CJ",3.6999999999999998E-2,75.569999999999993,2.79]
["Insumo"," 00010886 ","SINAPI","EXTINTOR DE INCENDIO PORTATIL COM CARGA DE AGUA PRESSURIZADA DE 10 L, CLASSE A","Material",null,"UN",1.8499999999999999E-2,245.87,4.54]
["Insumo"," 00010891 ","SINAPI","EXTINTOR DE INCENDIO PORTATIL COM CARGA DE PO QUIMICO SECO (PQS) DE 4 KG, CLASSE BC","Material",null,"UN",1.8499999999999999E-2,237.76,4.3899999999999997]
["Insumo"," 00011587 ","SINAPI","FORRO DE PVC LISO, BRANCO, REGUA DE 10 CM, ESPESSURA DE 8 MM A 10 MM (COM COLOCACAO / SEM ESTRUTURA METALICA)","Material",null,"m²",0.86950000000000005,108.9,94.68]
[{"$nulls":4},"MO sem LS =>",152.33131689157747,"LS =>",175.03,"MO com LS =>",327.36]
[{"$nulls":4},"Valor do BDI =>",273.7,null,"Valor com BDI =>",null,1405.66]
[]
[" 1.3.6 ","Código","Banco","Descrição","Tipo",null,"Und","Quant.","Valor Unit","Total"]
["Composição"," 93209 ","SINAPI","EXECUÇÃO DE ALMOXARIFADO EM CANTEIRO DE OBRA EM ALVENARIA, INCLUSO PRATELEIRAS. AF_02/2016","CANT - CANTEIRO DE OBRAS",null,"m²",1,938.39,938.39]
["Composição Auxiliar"," 101165 ","SINAPI","ALVENARIA DE EMBASAMENTO COM BLOCO ESTRUTURAL DE CONCRETO, DE 14X19X29CM E ARGAMASSA DE ASSENTAMENTO COM PREPARO EM BETONEIRA. AF_05/2020","FUES - FUNDAÇÕES E ESTRUTURAS",null,"m³",2.8299999999999999E-2,833.57,23.59]
["Composição Auxiliar"," 101876 ","SINAPI","QUADRO DE DISTRIBUIÇÃO DE ENERGIA EM PVC, DE EMBUTIR, SEM BARRAMENTO, PARA 6 DISJUNTORES - FORNECIMENTO E INSTALAÇÃO. AF_10/2020","INEL - INSTALAÇÃO ELÉTRICA/ELETRIFICAÇÃO E ILUMINAÇÃO EXTERNA",null,"UN",2.4E-2,73.22,1.75]
["Composição Auxiliar"," 101891 ","SINAPI","DISJUNTOR MONOPOLAR TIPO NEMA, CORRENTE NOMINAL DE 35 ATÉ 50A - FORNECIMENTO E INSTALAÇÃO. AF_10/2020","INEL - INSTALAÇÃO ELÉTRICA/ELETRIFICAÇÃO E ILUMINAÇÃO EXTERNA",null,"UN",4.7899999999999998E-2,31.58,1.51]
["Composição Auxiliar"," 103328 ","SINAPI","ALVENARIA DE VEDAÇÃO DE BLOCOS CERÂMICOS FURADOS NA HORIZONTAL DE 9X19X19 CM (ESPESSURA 9 CM) E ARGAMASSA DE ASSENTAMENTO COM PREPARO EM BETONEIRA. AF_12/2021","PARE - PAREDES/PAINEIS",null,"m²",1.7719,80.55,142.72]
["Composição Auxiliar"," 87777 ","SINAPI","EMBOÇO OU MASSA ÚNICA EM ARGAMASSA TRAÇO 1:2:8, PREPARO MANUAL, APLICADA MANUALMENTE EM PANOS DE FACHADA COM PRESENÇA DE VÃOS, ESPESSURA DE 25 MM. AF_08/2022","REVE - REVESTIMENTO E TRATAMENTO DE SUPERFÍCIES",null,"m²",1.3462000000000001,52.85,71.14]
["Composição Auxiliar"," 87794 ","SINAPI","EMBOÇO OU MASSA ÚNICA EM ARGAMASSA TRAÇO 1:2:8, PREPARO MANUAL, APLICADA MANUALMENTE EM PANOS CEGOS DE FACHADA (SEM PRESENÇA DE VÃOS), ESPESSURA DE 25 MM. AF_09/2022","REVE - REVESTIMENTO E TRATAMENTO DE SUPERFÍCIES",null,"m²",0.29399999999999998,40.47,11.89]
["Composição Auxiliar"," 87885 ","SINAPI","CHAPISCO APLICADO NO TETO OU EM ALVENARIA E ESTRUTURA, COM ROLO PARA TEXTURA ACRÍLICA. ARGAMASSA INDUSTRIALIZADA COM PREPARO EM MISTURADOR 300 KG. AF_10/2022","REVE - REVESTIMENTO E TRATAMENTO DE SUPERFÍCIES",null,"m²",1.9036999999999999,9.52,18.12]
["Composição Auxiliar"," 87892 ","SINAPI","CHAPISCO APLICADO EM ALVENARIA (SEM PRESENÇA DE VÃOS) E ESTRUTURAS DE CONCRETO DE FACHADA, COM ROLO PARA TEXTURA ACRÍLICA.  ARGAMASSA INDUSTRIALIZADA COM PREPARO EM MISTURADOR 300 KG. AF_10/2022","REVE - REVESTIMENTO E TRATAMENTO DE SUPERFÍCIES",null,"m²",0.29399999999999998,10.93,3.21]
["Composição Auxiliar"," 87903 ","SINAPI","CHAPISCO APLICADO EM ALVENARIA (COM PRESENÇA DE VÃOS) E ESTRUTURAS DE CONCRETO DE FACHADA, COM ROLO PARA TEXTURA ACRÍLICA.  ARGAMASSA INDUSTRIALIZADA COM PREPARO EM MISTURADOR 300 KG. AF_10/2022","REVE - REVESTIMENTO E TRATAMENTO DE SUPERFÍCIES",null,"m²",1.3462000000000001,11.55,15.54]
["Composição Auxiliar"," 88262 ","SINAPI","CARPINTEIRO DE FORMAS COM ENCARGOS COMPLEMENTARES","SEDI - SERVIÇOS DIVERSOS",null,"H",0.93200000000000005,23.48,21.88]
["Composição Auxiliar"," 88489 ","SINAPI","PINTURA LÁTEX ACRÍLICA PREMIUM, APLICAÇÃO MANUAL EM PAREDES, DUAS DEMÃOS. AF_04/2023","PINT - PINTURAS",null,"m²",3.5438000000000001,11.37,40.29]
["Composição Auxiliar"," 89173 ","SINAPI","(COMPOSIÇÃO REPRESENTATIVA) DO SERVIÇO DE EMBOÇO/MASSA ÚNICA, APLICADO MANUALMENTE, TRAÇO 1:2:8, EM BETONEIRA DE 400L, PAREDES INTERNAS, COM EXECUÇÃO DE TALISCAS, EDIFICAÇÃO HABITACIONAL UNIFAMILIAR (CASAS) E EDIFICAÇÃO PÚBLICA PADRÃO. AF_12/2014","REVE - REVESTIMENTO E TRATAMENTO DE SUPERFÍCIES",null,"m²",1.9036999999999999,34.81,66.260000000000005]
["Composição Auxiliar"," 90447 ","SINAPI","RASGO LINEAR MANUAL EM ALVENARIA, PARA ELETRODUTOS, DIÂMETROS MENORES OU IGUAIS A 40 MM. AF_09/2023","INHI - INSTALAÇÕES HIDROS SANITÁRIAS",null,"M",0.21560000000000001,8.1300000000000008,1.75]
["Composição Auxiliar"," 90456 ","SINAPI","QUEBRA EM ALVENARIA PARA INSTALAÇÃO DE CAIXA DE TOMADA (4X4 OU 4X2). AF_09/2023","INHI - INSTALAÇÕES HIDROS SANITÁRIAS",null,"UN",7.1900000000000006E-2,5.38,0.38]
["Composição Auxiliar"," 90457 ","SINAPI","QUEBRA EM ALVENARIA PARA INSTALAÇÃO DE QUADRO DISTRIBUIÇÃO PEQUENO (19X25 CM). AF_09/2023","INHI - INSTALAÇÕES HIDROS SANITÁRIAS",null,"UN",2.4E-2,12.29,0.28999999999999998]
["Composição Auxiliar"," 90466 ","SINAPI","CHUMBAMENTO LINEAR EM ALVENARIA PARA RAMAIS/DISTRIBUIÇÃO DE INSTALAÇÕES HIDRÁULICAS COM DIÂMETROS MENORES OU IGUAIS A 40 MM. AF_09/2023","INHI - INSTALAÇÕES HIDROS SANITÁRIAS",null,"M",0.21560000000000001,14.98,3.22]
["Composição Auxiliar"," 91170 ","SINAPI","FIXAÇÃO DE TUBOS HORIZONTAIS DE PVC ÁGUA, PVC ESGOTO, PVC ÁGUA PLUVIAL, CPVC, PPR, COBRE OU AÇO, DIÂMETROS MENORES OU IGUAIS A 40 MM, COM ABRAÇADEIRA METÁLICA RÍGIDA TIPO U PERFIL 1 1/4\u0094, FIXADA EM PERFILADO EM LAJE. AF_09/2023_PS","INHI - INSTALAÇÕES HIDROS SANITÁRIAS",null,"M",0.23960000000000001,9.6999999999999993,2.3199999999999998]
["Composição Auxiliar"," 91341 ","SINAPI","PORTA EM ALUMÍNIO DE ABRIR TIPO VENEZIANA COM GUARNIÇÃO, FIXAÇÃO COM PARAFUSOS - FORNECIMENTO E INSTALAÇÃO. AF_12/2019","ESQV - ESQUADRIAS/FERRAGENS/VIDROS",null,"m²",6.0400000000000002E-2,662.11,39.99]
["Composição Auxiliar"," 91831 ","SINAPI","ELETRODUTO FLEXÍVEL CORRUGADO, PVC, DN 20 MM (1/2\"), PARA CIRCUITOS TERMINAIS, INSTALADO EM FORRO - FORNECIMENTO E INSTALAÇÃO. AF_03/2023","INEL - INSTALAÇÃO ELÉTRICA/ELETRIFICAÇÃO E ILUMINAÇÃO EXTERNA",null,"M",0.23960000000000001,16.29,3.9]
["Composição Auxiliar"," 91852 ","SINAPI","ELETRODUTO FLEXÍVEL CORRUGADO, PVC, DN 20 MM (1/2\"), PARA CIRCUITOS TERMINAIS, INSTALADO EM PAREDE - FORNECIMENTO E INSTALAÇÃO. AF_03/2023","INEL - INSTALAÇÃO ELÉTRICA/ELETRIFICAÇÃO E ILUMINAÇÃO EXTERNA",null,"M",0.21560000000000001,8.5399999999999991,1.84]
["Composição Auxiliar"," 91924 ","SINAPI","CABO DE COBRE FLEXÍVEL ISOLADO, 1,5 MM², ANTI-CHAMA 450/750 V, PARA CIRCUITOS TERMINAIS - FORNECIMENTO E INSTALAÇÃO. AF_03/2023","INEL - INSTALAÇÃO ELÉTRICA/ELETRIFICAÇÃO E ILUMINAÇÃO EXTERNA",null,"M",0.59179999999999999,2.91,1.72]
["Composição Auxiliar"," 91926 ","SINAPI","CABO DE COBRE FLEXÍVEL ISOLADO, 2,5 MM², ANTI-CHAMA 450/750 V, PARA CIRCUITOS TERMINAIS - FORNECIMENTO E INSTALAÇÃO. AF_03/2023","INEL - INSTALAÇÃO ELÉTRICA/ELETRIFICAÇÃO E ILUMINAÇÃO EXTERNA",null,"M",0.64690000000000003,4.2300000000000004,2.73]
["Composição Auxiliar"," 91940 ","SINAPI","CAIXA RETANGULAR 4\" X 2\" MÉDIA (1,30 M DO PISO), PVC, INSTALADA EM PAREDE - FORNECIMENTO E INSTALAÇÃO. AF_03/2023","INEL - INSTALAÇÃO ELÉTRICA/ELETRIFICAÇÃO E ILUMINAÇÃO EXTERNA",null,"UN",2.4E-2,16.52,0.39]
["Composição Auxiliar"," 91941 ","SINAPI","CAIXA RETANGULAR 4\" X 2\" BAIXA (0,30 M DO PISO), PVC, INSTALADA EM PAREDE - FORNECIMENTO E INSTALAÇÃO. AF_03/2023","INEL - INSTALAÇÃO ELÉTRICA/ELETRIFICAÇÃO E ILUMINAÇÃO EXTERNA",null,"UN",4.7899999999999998E-2,10.32,0.49]
["Composição Auxiliar"," 92000 ","SINAPI","TOMADA BAIXA DE EMBUTIR (1 MÓDULO), 2P+T 10 A, INCLUINDO SUPORTE E PLACA - FORNECIMENTO E INSTALAÇÃO. AF_03/2023","INEL - INSTALAÇÃO ELÉTRICA/ELETRIFICAÇÃO E ILUMINAÇÃO EXTERNA",null,"UN",4.7899999999999998E-2,31.76,1.52]
["Composição Auxiliar"," 92025 ","SINAPI","INTERRUPTOR SIMPLES (1 MÓDULO) COM 2 TOMADAS DE EMBUTIR 2P+T 10 A, INCLUINDO SUPORTE E PLACA - FORNECIMENTO E INSTALAÇÃO. AF_03/2023","INEL - INSTALAÇÃO ELÉTRICA/ELETRIFICAÇÃO E ILUMINAÇÃO EXTERNA",null,"UN",2.4E-2,72.569999999999993,1.74]
["Composição Auxiliar"," 92543 ","SINAPI","TRAMA DE MADEIRA COMPOSTA POR TERÇAS PARA TELHADOS DE ATÉ 2 ÁGUAS PARA TELHA ONDULADA DE FIBROCIMENTO, METÁLICA, PLÁSTICA OU TERMOACÚSTICA, INCLUSO TRANSPORTE VERTICAL. AF_07/2019","COBE - COBERTURA",null,"m²",1.4269000000000001,18.079999999999998,25.79]
["Composição Auxiliar"," 93205 ","SINAPI","CINTA DE AMARRAÇÃO DE ALVENARIA MOLDADA IN LOCO COM UTILIZAÇÃO DE BLOCOS CANALETA. AF_03/2016","FUES - FUNDAÇÕES E ESTRUTURAS",null,"M",0.70679999999999998,36.78,25.99]
["Composição Auxiliar"," 93358 ","SINAPI","ESCAVAÇÃO MANUAL DE VALA COM PROFUNDIDADE MENOR OU IGUAL A 1,30 M. AF_02/2021","MOVT - MOVIMENTO DE TERRA",null,"m³",2.76E-2,73.77,2.0299999999999998]
["Composição Auxiliar"," 93382 ","SINAPI","REATERRO MANUAL DE VALAS, COM COMPACTADOR DE SOLOS DE PERCUSSÃO. AF_08/2023","MOVT - MOVIMENTO DE TERRA",null,"m³",7.1999999999999998E-3,21.97,0.15]
["Composição Auxiliar"," 94210 ","SINAPI","TELHAMENTO COM TELHA ONDULADA DE FIBROCIMENTO E = 6 MM, COM RECOBRIMENTO LATERAL DE 1 1/4 DE ONDA PARA TELHADO COM INCLINAÇÃO MÁXIMA DE 10°, COM ATÉ 2 ÁGUAS, INCLUSO IÇAMENTO. AF_07/2019","COBE - COBERTURA",null,"m²",1.4269000000000001,71.8,102.45]
["Composição Auxiliar"," 94559 ","SINAPI","JANELA DE AÇO TIPO BASCULANTE PARA VIDROS, COM BATENTE, FERRAGENS E PINTURA ANTICORROSIVA. EXCLUSIVE VIDROS, ACABAMENTO, ALIZAR E CONTRAMARCO. FORNECIMENTO E INSTALAÇÃO. AF_12/2019","ESQV - ESQUADRIAS/FERRAGENS/VIDROS",null,"m²",7.1900000000000006E-2,641,46.08]
["Composição Auxiliar"," 95240 ","SINAPI","LASTRO DE CONCRETO MAGRO, APLICADO EM PISOS, LAJES SOBRE SOLO OU RADIERS, ESPESSURA DE 3 CM. AF_07/2016","FUES - FUNDAÇÕES E ESTRUTURAS",null,"m²",6.4999999999999997E-3,16.75,0.1]
["Composição Auxiliar"," 95241 ","SINAPI","LASTRO DE CONCRETO MAGRO, APLICADO EM PISOS, LAJES SOBRE SOLO OU RADIERS, ESPESSURA DE 5 CM. AF_07/2016","FUES - FUNDAÇÕES E ESTRUTURAS",null,"m²",1.3239000000000001,27.94,36.979999999999997]
["Composição Auxiliar"," 97586 ","SINAPI","LUMINÁRIA TIPO CALHA, DE SOBREPOR, COM 2 LÂMPADAS TUBULARES FLUORESCENTES DE 36 W, COM REATOR DE PARTIDA RÁPIDA - FORNECIMENTO E INSTALAÇÃO. AF_02/2020","INEL - INSTALAÇÃO ELÉTRICA/ELETRIFICAÇÃO E ILUMINAÇÃO EXTERNA",null,"UN",9.5799999999999996E-2,159.36000000000001,15.26]
["Composição Auxiliar"," 97593 ","SINAPI","LUMINÁRIA TIPO SPOT, DE SOBREPOR, COM 1 LÂMPADA FLUORESCENTE DE 15 W, SEM REATOR - FORNECIMENTO E INSTALAÇÃO. AF_02/2020","INEL - INSTALAÇÃO ELÉTRICA/ELETRIFICAÇÃO E ILUMINAÇÃO EXTERNA",null,"UN",9.5799999999999996E-2,145.03,13.89]
["Composição Auxiliar"," 97611 ","SINAPI","LÂMPADA COMPACTA FLUORESCENTE DE 15 W, BASE E27 - FORNECIMENTO E INSTALAÇÃO. AF_02/2020","INEL - INSTALAÇÃO ELÉTRICA/ELETRIFICAÇÃO E ILUMINAÇÃO EXTERNA",null,"UN",9.5799999999999996E-2,24.29,2.3199999999999998]
["Insumo"," 00004513 ","SINAPI","CAIBRO 5 X 5 CM EM PINUS, MISTA OU EQUIVALENTE DA REGIAO - BRUTA","Material",null,"M",3.3157999999999999,7.78,25.79]
["Insumo"," 00006193 ","SINAPI","TABUA NAO APARELHADA *2,5 X 20* CM, EM MACARANDUBA/MASSARANDUBA, ANGELIM OU EQUIVALENTE DA REGIAO - BRUTA","Material",null,"M",3.7277999999999998,13.89,51.77]
["Insumo"," 00010886 ","SINAPI","EXTINTOR DE INCENDIO PORTATIL COM CARGA DE AGUA PRESSURIZADA DE 10 L, CLASSE A","Material",null,"UN",2.4E-2,245.87,5.9]
["Insumo"," 00010891 ","SINAPI","EXTINTOR DE INCENDIO PORTATIL COM CARGA DE PO QUIMICO SECO (PQS) DE 4 KG, CLASSE BC","Material",null,"UN",2.4E-2,237.76,5.7]
["Insumo"," 00011455 ","SINAPI","FERROLHO COM FECHO / TRINCO REDONDO, EM ACO GALVANIZADO / ZINCADO, DE SOBREPOR, COM COMPRIMENTO DE 8\" E ESPESSURA MINIMA DA CHAPA DE 1,50 MM","Material",null,"UN",2.4E-2,17.32,0.41]
["Insumo"," 00011587 ","SINAPI","FORRO DE PVC LISO, BRANCO, REGUA DE 10 CM, ESPESSURA DE 8 MM A 10 MM (COM COLOCACAO / SEM ESTRUTURA METALICA)","Material",null,"m²",0.89629999999999999,108.9,97.6]
[{"$nulls":4},"MO sem LS =>",110.01395998138669,"LS =>",126.41,"MO com LS =>",236.42]
[{"$nulls":4},"Valor do BDI =>",226.9,null,"Valor com BDI =>",null,1165.29]
[]
[" 1.3.7 ","Código","Banco","Descrição","Tipo",null,"Und","Quant.","Valor Unit","Total"]
["Composição"," 93211 ","SINAPI","EXECUÇÃO DE REFEITÓRIO EM CANTEIRO DE OBRA EM ALVENARIA, NÃO INCLUSO MOBILIÁRIO E EQUIPAMENTOS. AF_02/2016","CANT - CANTEIRO DE OBRAS",null,"m²",1,616.39,616.39]
["Composição Auxiliar"," 101165 ","SINAPI","ALVENARIA DE EMBASAMENTO COM BLOCO ESTRUTURAL DE CONCRETO, DE 14X19X29CM E ARGAMASSA DE ASSENTAMENTO COM PREPARO EM BETONEIRA. AF_05/2020","FUES - FUNDAÇÕES E ESTRUTURAS",null,"m³",2.6800000000000001E-2,833.57,22.33]
["Composição Auxiliar"," 101876 ","SINAPI","QUADRO DE DISTRIBUIÇÃO DE ENERGIA EM PVC, DE EMBUTIR, SEM BARRAMENTO, PARA 6 DISJUNTORES - FORNECIMENTO E INSTALAÇÃO. AF_10/2020","INEL - INSTALAÇÃO ELÉTRICA/ELETRIFICAÇÃO E ILUMINAÇÃO EXTERNA",null,"UN",2.5499999999999998E-2,73.22,1.86]
["Composição Auxiliar"," 101891 ","SINAPI","DISJUNTOR MONOPOLAR TIPO NEMA, CORRENTE NOMINAL DE 35 ATÉ 50A - FORNECIMENTO E INSTALAÇÃO. AF_10/2020","INEL - INSTALAÇÃO ELÉTRICA/ELETRIFICAÇÃO E ILUMINAÇÃO EXTERNA",null,"UN",0.10199999999999999,31.58,3.22]
["Composição Auxiliar"," 103328 ","SINAPI","ALVENARIA DE VEDAÇÃO DE BLOCOS CERÂMICOS FURADOS NA HORIZONTAL DE 9X19X19 CM (ESPESSURA 9 CM) E ARGAMASSA DE ASSENTAMENTO COM PREPARO EM BETONEIRA. AF_12/2021","PARE - PAREDES/PAINEIS",null,"m²",0.67910000000000004,80.55,54.7]
["Composição Auxiliar"," 86934 ","SINAPI","BANCADA DE MÁRMORE SINTÉTICO 120 X 60CM, COM CUBA INTEGRADA, INCLUSO SIFÃO TIPO FLEXÍVEL EM PVC, VÁLVULA EM PLÁSTICO CROMADO TIPO AMERICANA E TORNEIRA CROMADA LONGA, DE PAREDE, PADRÃO POPULAR - FORNECIMENTO E INSTALAÇÃO. AF_01/2020","INHI - INSTALAÇÕES HIDROS SANITÁRIAS",null,"UN",2.5499999999999998E-2,338.71,8.6300000000000008]
["Composição Auxiliar"," 86943 ","SINAPI","LAVATÓRIO LOUÇA BRANCA SUSPENSO, 29,5 X 39CM OU EQUIVALENTE, PADRÃO POPULAR, INCLUSO SIFÃO FLEXÍVEL EM PVC, VÁLVULA E ENGATE FLEXÍVEL 30CM EM PLÁSTICO E TORNEIRA CROMADA DE MESA, PADRÃO POPULAR - FORNECIMENTO E INSTALAÇÃO. AF_01/2020","INHI - INSTALAÇÕES HIDROS SANITÁRIAS",null,"UN",2.5499999999999998E-2,241.75,6.16]
["Composição Auxiliar"," 87794 ","SINAPI","EMBOÇO OU MASSA ÚNICA EM ARGAMASSA TRAÇO 1:2:8, PREPARO MANUAL, APLICADA MANUALMENTE EM PANOS CEGOS DE FACHADA (SEM PRESENÇA DE VÃOS), ESPESSURA DE 25 MM. AF_09/2022","REVE - REVESTIMENTO E TRATAMENTO DE SUPERFÍCIES",null,"m²",0.67910000000000004,40.47,27.48]
["Composição Auxiliar"," 87885 ","SINAPI","CHAPISCO APLICADO NO TETO OU EM ALVENARIA E ESTRUTURA, COM ROLO PARA TEXTURA ACRÍLICA. ARGAMASSA INDUSTRIALIZADA COM PREPARO EM MISTURADOR 300 KG. AF_10/2022","REVE - REVESTIMENTO E TRATAMENTO DE SUPERFÍCIES",null,"m²",0.67910000000000004,9.52,6.46]
["Composição Auxiliar"," 87892 ","SINAPI","CHAPISCO APLICADO EM ALVENARIA (SEM PRESENÇA DE VÃOS) E ESTRUTURAS DE CONCRETO DE FACHADA, COM ROLO PARA TEXTURA ACRÍLICA.  ARGAMASSA INDUSTRIALIZADA COM PREPARO EM MISTURADOR 300 KG. AF_10/2022","REVE - REVESTIMENTO E TRATAMENTO DE SUPERFÍCIES",null,"m²",0.67910000000000004,10.93,7.42]
["Composição Auxiliar"," 88262 ","SINAPI","CARPINTEIRO DE FORMAS COM ENCARGOS COMPLEMENTARES","SEDI - SERVIÇOS DIVERSOS",null,"H",1.06,23.48,24.88]
["Composição Auxiliar"," 88489 ","SINAPI","PINTURA LÁTEX ACRÍLICA PREMIUM, APLICAÇÃO MANUAL EM PAREDES, DUAS DEMÃOS. AF_04/2023","PINT - PINTURAS",null,"m²",1.3582000000000001,11.37,15.44]
["Composição Auxiliar"," 89173 ","SINAPI","(COMPOSIÇÃO REPRESENTATIVA) DO SERVIÇO DE EMBOÇO/MASSA ÚNICA, APLICADO MANUALMENTE, TRAÇO 1:2:8, EM BETONEIRA DE 400L, PAREDES INTERNAS, COM EXECUÇÃO DE TALISCAS, EDIFICAÇÃO HABITACIONAL UNIFAMILIAR (CASAS) E EDIFICAÇÃO PÚBLICA PADRÃO. AF_12/2014","REVE - REVESTIMENTO E TRATAMENTO DE SUPERFÍCIES",null,"m²",0.67910000000000004,34.81,23.63]
["Composição Auxiliar"," 89711 ","SINAPI","TUBO PVC, SERIE NORMAL, ESGOTO PREDIAL, DN 40 MM, FORNECIDO E INSTALADO EM RAMAL DE DESCARGA OU RAMAL DE ESGOTO SANITÁRIO. AF_08/2022","INHI - INSTALAÇÕES HIDROS SANITÁRIAS",null,"M",8.4199999999999997E-2,20.32,1.71]
["Composição Auxiliar"," 89714 ","SINAPI","TUBO PVC, SERIE NORMAL, ESGOTO PREDIAL, DN 100 MM, FORNECIDO E INSTALADO EM RAMAL DE DESCARGA OU RAMAL DE ESGOTO SANITÁRIO. AF_08/2022","INHI - INSTALAÇÕES HIDROS SANITÁRIAS",null,"M",0.13519999999999999,35.92,4.8499999999999996]
["Composição Auxiliar"," 89724 ","SINAPI","JOELHO 90 GRAUS, PVC, SERIE NORMAL, ESGOTO PREDIAL, DN 40 MM, JUNTA SOLDÁVEL, FORNECIDO E INSTALADO EM RAMAL DE DESCARGA OU RAMAL DE ESGOTO SANITÁRIO. AF_08/2022","INHI - INSTALAÇÕES HIDROS SANITÁRIAS",null,"UN",5.0999999999999997E-2,9.36,0.47]
["Composição Auxiliar"," 89957 ","SINAPI","PONTO DE CONSUMO TERMINAL DE ÁGUA FRIA (SUBRAMAL) COM TUBULAÇÃO DE PVC, DN 25 MM, INSTALADO EM RAMAL DE ÁGUA, INCLUSOS RASGO E CHUMBAMENTO EM ALVENARIA. AF_12/2014","INHI - INSTALAÇÕES HIDROS SANITÁRIAS",null,"UN",5.0999999999999997E-2,136.22999999999999,6.94]
["Composição Auxiliar"," 90447 ","SINAPI","RASGO LINEAR MANUAL EM ALVENARIA, PARA ELETRODUTOS, DIÂMETROS MENORES OU IGUAIS A 40 MM. AF_09/2023","INHI - INSTALAÇÕES HIDROS SANITÁRIAS",null,"M",0.51019999999999999,8.1300000000000008,4.1399999999999997]
["Composição Auxiliar"," 90456 ","SINAPI","QUEBRA EM ALVENARIA PARA INSTALAÇÃO DE CAIXA DE TOMADA (4X4 OU 4X2). AF_09/2023","INHI - INSTALAÇÕES HIDROS SANITÁRIAS",null,"UN",0.17860000000000001,5.38,0.96]
["Composição Auxiliar"," 90457 ","SINAPI","QUEBRA EM ALVENARIA PARA INSTALAÇÃO DE QUADRO DISTRIBUIÇÃO PEQUENO (19X25 CM). AF_09/2023","INHI - INSTALAÇÕES HIDROS SANITÁRIAS",null,"UN",2.5499999999999998E-2,12.29,0.31]
["Composição Auxiliar"," 90466 ","SINAPI","CHUMBAMENTO LINEAR EM ALVENARIA PARA RAMAIS/DISTRIBUIÇÃO DE INSTALAÇÕES HIDRÁULICAS COM DIÂMETROS MENORES OU IGUAIS A 40 MM. AF_09/2023","INHI - INSTALAÇÕES HIDROS SANITÁRIAS",null,"M",0.51019999999999999,14.98,7.64]
["Composição Auxiliar"," 90822 ","SINAPI","PORTA DE MADEIRA PARA PINTURA, SEMI-OCA (LEVE OU MÉDIA), 80X210CM, ESPESSURA DE 3,5CM, INCLUSO DOBRADIÇAS - FORNECIMENTO E INSTALAÇÃO. AF_12/2019","ESQV - ESQUADRIAS/FERRAGENS/VIDROS",null,"UN",2.5499999999999998E-2,303.35000000000002,7.73]
["Composição Auxiliar"," 91170 ","SINAPI","FIXAÇÃO DE TUBOS HORIZONTAIS DE PVC ÁGUA, PVC ESGOTO, PVC ÁGUA PLUVIAL, CPVC, PPR, COBRE OU AÇO, DIÂMETROS MENORES OU IGUAIS A 40 MM, COM ABRAÇADEIRA METÁLICA RÍGIDA TIPO U PERFIL 1 1/4\u0094, FIXADA EM PERFILADO EM LAJE. AF_09/2023_PS","INHI - INSTALAÇÕES HIDROS SANITÁRIAS",null,"M",0.30609999999999998,9.6999999999999993,2.96]
["Composição Auxiliar"," 91831 ","SINAPI","ELETRODUTO FLEXÍVEL CORRUGADO, PVC, DN 20 MM (1/2\"), PARA CIRCUITOS TERMINAIS, INSTALADO EM FORRO - FORNECIMENTO E INSTALAÇÃO. AF_03/2023","INEL - INSTALAÇÃO ELÉTRICA/ELETRIFICAÇÃO E ILUMINAÇÃO EXTERNA",null,"M",0.30609999999999998,16.29,4.9800000000000004]
["Composição Auxiliar"," 91852 ","SINAPI","ELETRODUTO FLEXÍVEL CORRUGADO, PVC, DN 20 MM (1/2\"), PARA CIRCUITOS TERMINAIS, INSTALADO EM PAREDE - FORNECIMENTO E INSTALAÇÃO. AF_03/2023","INEL - INSTALAÇÃO ELÉTRICA/ELETRIFICAÇÃO E ILUMINAÇÃO EXTERNA",null,"M",0.51019999999999999,8.5399999999999991,4.3499999999999996]
["Composição Auxiliar"," 91924 ","SINAPI","CABO DE COBRE FLEXÍVEL ISOLADO, 1,5 MM², ANTI-CHAMA 450/750 V, PARA CIRCUITOS TERMINAIS - FORNECIMENTO E INSTALAÇÃO. AF_03/2023","INEL - INSTALAÇÃO ELÉTRICA/ELETRIFICAÇÃO E ILUMINAÇÃO EXTERNA",null,"M",0.81630000000000003,2.91,2.37]
["Composição Auxiliar"," 91926 ","SINAPI","CABO DE COBRE FLEXÍVEL ISOLADO, 2,5 MM², ANTI-CHAMA 450/750 V, PARA CIRCUITOS TERMINAIS - FORNECIMENTO E INSTALAÇÃO. AF_03/2023","INEL - INSTALAÇÃO ELÉTRICA/ELETRIFICAÇÃO E ILUMINAÇÃO EXTERNA",null,"M",2.4235000000000002,4.2300000000000004,10.25]
["Composição Auxiliar"," 91940 ","SINAPI","CAIXA RETANGULAR 4\" X 2\" MÉDIA (1,30 M DO PISO), PVC, INSTALADA EM PAREDE - FORNECIMENTO E INSTALAÇÃO. AF_03/2023","INEL - INSTALAÇÃO ELÉTRICA/ELETRIFICAÇÃO E ILUMINAÇÃO EXTERNA",null,"UN",2.5499999999999998E-2,16.52,0.42]
["Composição Auxiliar"," 91941 ","SINAPI","CAIXA RETANGULAR 4\" X 2\" BAIXA (0,30 M DO PISO), PVC, INSTALADA EM PAREDE - FORNECIMENTO E INSTALAÇÃO. AF_03/2023","INEL - INSTALAÇÃO ELÉTRICA/ELETRIFICAÇÃO E ILUMINAÇÃO EXTERNA",null,"UN",0.15310000000000001,10.32,1.57]
["Composição Auxiliar"," 92000 ","SINAPI","TOMADA BAIXA DE EMBUTIR (1 MÓDULO), 2P+T 10 A, INCLUINDO SUPORTE E PLACA - FORNECIMENTO E INSTALAÇÃO. AF_03/2023","INEL - INSTALAÇÃO ELÉTRICA/ELETRIFICAÇÃO E ILUMINAÇÃO EXTERNA",null,"UN",2.5499999999999998E-2,31.76,0.8]
["Composição Auxiliar"," 92008 ","SINAPI","TOMADA BAIXA DE EMBUTIR (2 MÓDULOS), 2P+T 10 A, INCLUINDO SUPORTE E PLACA - FORNECIMENTO E INSTALAÇÃO. AF_03/2023","INEL - INSTALAÇÃO ELÉTRICA/ELETRIFICAÇÃO E ILUMINAÇÃO EXTERNA",null,"UN",0.12759999999999999,49.26,6.28]
["Composição Auxiliar"," 92023 ","SINAPI","INTERRUPTOR SIMPLES (1 MÓDULO) COM 1 TOMADA DE EMBUTIR 2P+T 10 A, INCLUINDO SUPORTE E PLACA - FORNECIMENTO E INSTALAÇÃO. AF_03/2023","INEL - INSTALAÇÃO ELÉTRICA/ELETRIFICAÇÃO E ILUMINAÇÃO EXTERNA",null,"UN",2.5499999999999998E-2,51.36,1.3]
["Composição Auxiliar"," 92543 ","SINAPI","TRAMA DE MADEIRA COMPOSTA POR TERÇAS PARA TELHADOS DE ATÉ 2 ÁGUAS PARA TELHA ONDULADA DE FIBROCIMENTO, METÁLICA, PLÁSTICA OU TERMOACÚSTICA, INCLUSO TRANSPORTE VERTICAL. AF_07/2019","COBE - COBERTURA",null,"m²",1.4378,18.079999999999998,25.99]
["Composição Auxiliar"," 93358 ","SINAPI","ESCAVAÇÃO MANUAL DE VALA COM PROFUNDIDADE MENOR OU IGUAL A 1,30 M. AF_02/2021","MOVT - MOVIMENTO DE TERRA",null,"m³",2.5999999999999999E-2,73.77,1.91]
["Composição Auxiliar"," 93382 ","SINAPI","REATERRO MANUAL DE VALAS, COM COMPACTADOR DE SOLOS DE PERCUSSÃO. AF_08/2023","MOVT - MOVIMENTO DE TERRA",null,"m³",6.6E-3,21.97,0.14000000000000001]
["Composição Auxiliar"," 94210 ","SINAPI","TELHAMENTO COM TELHA ONDULADA DE FIBROCIMENTO E = 6 MM, COM RECOBRIMENTO LATERAL DE 1 1/4 DE ONDA PARA TELHADO COM INCLINAÇÃO MÁXIMA DE 10°, COM ATÉ 2 ÁGUAS, INCLUSO IÇAMENTO. AF_07/2019","COBE - COBERTURA",null,"m²",1.4378,71.8,103.23]
["Composição Auxiliar"," 95240 ","SINAPI","LASTRO DE CONCRETO MAGRO, APLICADO EM PISOS, LAJES SOBRE SOLO OU RADIERS, ESPESSURA DE 3 CM. AF_07/2016","FUES - FUNDAÇÕES E ESTRUTURAS",null,"m²",6.1000000000000004E-3,16.75,0.1]
["Composição Auxiliar"," 95241 ","SINAPI","LASTRO DE CONCRETO MAGRO, APLICADO EM PISOS, LAJES SOBRE SOLO OU RADIERS, ESPESSURA DE 5 CM. AF_07/2016","FUES - FUNDAÇÕES E ESTRUTURAS",null,"m²",1.3429,27.94,37.520000000000003]
["Composição Auxiliar"," 97586 ","SINAPI","LUMINÁRIA TIPO CALHA, DE SOBREPOR, COM 2 LÂMPADAS TUBULARES FLUORESCENTES DE 36 W, COM REATOR DE PARTIDA RÁPIDA - FORNECIMENTO E INSTALAÇÃO. AF_02/2020","INEL - INSTALAÇÃO ELÉTRICA/ELETRIFICAÇÃO E ILUMINAÇÃO EXTERNA",null,"UN",0.15310000000000001,159.36000000000001,24.39]
["Composição Auxiliar"," 97906 ","SINAPI","CAIXA ENTERRADA HIDRÁULICA RETANGULAR, EM ALVENARIA COM BLOCOS DE CONCRETO, DIMENSÕES INTERNAS: 0,6X0,6X0,6 M PARA REDE DE ESGOTO. AF_12/2020","INHI - INSTALAÇÕES HIDROS SANITÁRIAS",null,"UN",2.5499999999999998E-2,396.92,10.119999999999999]
["Composição Auxiliar"," 98102 ","SINAPI","CAIXA DE GORDURA SIMPLES, CIRCULAR, EM CONCRETO PRÉ-MOLDADO, DIÂMETRO INTERNO = 0,4 M, ALTURA INTERNA = 0,4 M. AF_12/2020","INHI - INSTALAÇÕES HIDROS SANITÁRIAS",null,"UN",2.5499999999999998E-2,123.7,3.15]
["Insumo"," 00003080 ","SINAPI","FECHADURA ESPELHO PARA PORTA EXTERNA, EM ACO INOX (MAQUINA, TESTA E CONTRA-TESTA) E EM ZAMAC (MACANETA, LINGUETA E TRINCOS) COM ACABAMENTO CROMADO, MAQUINA DE 40 MM, INCLUINDO CHAVE TIPO CILINDRO","Material",null,"CJ",2.5499999999999998E-2,67.5,1.72]
["Insumo"," 00004430 ","SINAPI","CAIBRO NAO APARELHADO *5 X 6* CM, EM MACARANDUBA/MASSARANDUBA, ANGELIM OU EQUIVALENTE DA REGIAO - BRUTA","Material",null,"M",2.0724,9.83,20.37]
["Insumo"," 00010886 ","SINAPI","EXTINTOR DE INCENDIO PORTATIL COM CARGA DE AGUA PRESSURIZADA DE 10 L, CLASSE A","Material",null,"UN",2.5499999999999998E-2,245.87,6.26]
["Insumo"," 00010891 ","SINAPI","EXTINTOR DE INCENDIO PORTATIL COM CARGA DE PO QUIMICO SECO (PQS) DE 4 KG, CLASSE BC","Material",null,"UN",2.5499999999999998E-2,237.76,6.06]
["Insumo"," 00011587 ","SINAPI","FORRO DE PVC LISO, BRANCO, REGUA DE 10 CM, ESPESSURA DE 8 MM A 10 MM (COM COLOCACAO / SEM ESTRUTURA METALICA)","Material",null,"m²",0.90200000000000002,108.9,98.22]
["Insumo"," 00037525 ","SINAPI","TELA PLASTICA TECIDA LISTRADA BRANCA E LARANJA, TIPO GUARDA CORPO, EM POLIETILENO MONOFILADO, ROLO 1,20 X 50 M (L X C)","Equipamento",null,"M",1.2145999999999999,4.0999999999999996,4.97]
[{"$nulls":4},"MO sem LS =>",69.111214518380635,"LS =>",79.41,"MO com LS =>",148.52000000000001]
[{"$nulls":4},"Valor do BDI =>",149.04,null,"Valor com BDI =>",null,765.43]
[]
[" 1.3.8 ","Código","Banco","Descrição","Tipo",null,"Und","Quant.","Valor Unit","Total"]
["Composição"," 101192 ","SINAPI","CERCA COM MOURÕES DE CONCRETO, RETO, H=2,30 M, ESPAÇAMENTO DE 2,5 M, CRAVADOS 0,5 M, COM 4 FIOS DE ARAME FARPADO Nº 14 CLASSE 250 - FORNECIMENTO E INSTALAÇÃO. AF_05/2020","URBA - URBANIZAÇÃO",null,"M",1,67.19,67.19]
["Composição Auxiliar"," 88309 ","SINAPI","PEDREIRO COM ENCARGOS COMPLEMENTARES","SEDI - SERVIÇOS DIVERSOS",null,"H",0.52800000000000002,23.85,12.59]
["Composição Auxiliar"," 88316 ","SINAPI","SERVENTE COM ENCARGOS COMPLEMENTARES","SEDI - SERVIÇOS DIVERSOS",null,"H",0.52800000000000002,18.649999999999999,9.84]
["Composição Auxiliar"," 94962 ","SINAPI","CONCRETO MAGRO PARA LASTRO, TRAÇO 1:4,5:4,5 (EM MASSA SECA DE CIMENTO/ AREIA MÉDIA/ BRITA 1) - PREPARO MECÂNICO COM BETONEIRA 400 L. AF_05/2021","FUES - FUNDAÇÕES E ESTRUTURAS",null,"m³",8.9999999999999993E-3,357.51,3.21]
["Insumo"," 00000339 ","SINAPI","ARAME FARPADO GALVANIZADO, 14 BWG (2,11 MM), CLASSE 250","Material",null,"M",4,1.76,7.04]
["Insumo"," 00004107 ","SINAPI","MOURAO DE CONCRETO RETO, SECAO QUADARA *10 X 10* CM, H= *2,30* M","Material",null,"UN",0.4,65.64,26.25]
["Insumo"," 00043130 ","SINAPI","ARAME GALVANIZADO 12 BWG, D = 2,76 MM (0,048 KG/M) OU 14 BWG, D = 2,11 MM (0,026 KG/M)","Material",null,"KG",0.28699999999999998,28.8,8.26]
[{"$nulls":4},"MO sem LS =>",8.0642159143787815,"LS =>",9.27,"MO com LS =>",17.329999999999998]
[{"$nulls":4},"Valor do BDI =>",16.239999999999998,null,"Valor com BDI =>",null,83.43]
[]
[" 1.3.9 ","Código","Banco","Descrição","Tipo",null,"Und","Quant.","Valor Unit","Total"]
["Composição"," GRR-23-0022 ","Próprio","ENTRADA DE ENERGIA ELÉTRICA, AÉREA, TRIFÁSICA, COM CAIXA DE EMBUTIR, CABO DE 16 MM2 E DISJUNTOR DIN 50A (INCLUSO POSTE DE CONCRETO)","SEDI - SERVIÇOS DIVERSOS",null,"UN",1,2920.79,2920.79]
["Composição Auxiliar"," 101510 ","SINAPI","ENTRADA DE ENERGIA ELÉTRICA, AÉREA, TRIFÁSICA, COM CAIXA DE EMBUTIR, CABO DE 16 MM2 E DISJUNTOR DIN 50A (NÃO INCLUSO O POSTE DE CONCRETO). AF_07/2020_PS","INEL - INSTALAÇÃO ELÉTRICA/ELETRIFICAÇÃO E ILUMINAÇÃO EXTERNA",null,"UN",1,2126.79,2126.79]
["Insumo"," 00005033 ","SINAPI","POSTE DE CONCRETO ARMADO DE SECAO DUPLO T, EXTENSAO DE 9,00 M, RESISTENCIA DE 300 A 400 DAN, TIPO B OU D","Material",null,"UN",1,794,794]
[{"$nulls":4},"MO sem LS =>",188.63192179999999,"LS =>",216.74,"MO com LS =>",405.37]
[{"$nulls":4},"Valor do BDI =>",706.24,null,"Valor com BDI =>",null,3627.03]
[]
[" 1.3.10 ","Código","Banco","Descrição","Tipo",null,"Und","Quant.","Valor Unit","Total"]
["Composição"," GRR-23-0023 ","Próprio","DISPONIBILIZAÇÃO DE CARRO PARA FISCALIZAÇÃO TIPO PICK-UP CABINE DUPLA 4X4 (163CV), COM AR-CONDICIONADO, INCLUINDO DESPESAS COM COMBUSTÍVEL (300 L), ÓLEOS, CONSERVAÇÃO E MANUTENÇÃO","SEDI - SERVIÇOS DIVERSOS",null,"MÊS",1,11526.64,11526.64]
["Composição Auxiliar"," GRR-23-0051 ","Próprio","VEÍCULO PICK-UP CABINE DUPLA 4X4, COM AR-CONDICIONADO, INCLUINDO DESPESAS COM COMBUSTÍVEL (300 L), ÓLEOS, CONSERVAÇÃO E MANUTENÇÃO","CHOR - CUSTOS HORÁRIOS DE MÁQUINAS E EQUIPAMENTOS",null,"MÊS",1,11526.64,11526.64]
[{"$nulls":4},"MO sem LS =>",0,"LS =>",0,"MO com LS =>",0]
[{"$nulls":4},"Valor do BDI =>",2787.14,null,"Valor com BDI =>",null,14313.78]
[]
[" 1.3.11 ","Código","Banco","Descrição","Tipo",null,"Und","Quant.","Valor Unit","Total"]
["Composição"," GRR-23-0024 ","Próprio","SERVIÇO DE ARQUEOLOGIA","SERT - SERVIÇOS TÉCNICOS",null,"MÊS",1,32058.6,32058.6]
["Insumo"," P8189 ","Próprio","Arqueólogo júnior com encargos","Mão de Obra",null,"mês",1,6448.13,6448.13]
["Insumo"," P8191 ","Próprio","Coordenador Geral com encargos (arqueólogo sênior)","Mão de Obra",null,"mês",1,11661.48,11661.48]
["Insumo"," P8190 ","Próprio","Coordenador de Campo com encargos (arqueólogo pleno)","Mão de Obra",null,"mês",1,8201,8201]
["Insumo"," P8155 ","Próprio","Técnico em geoprocessamento com encargos","Mão de Obra",null,"mês",1,5747.99,5747.99]
[{"$nulls":4},"MO sem LS =>",14917.915309399999,"LS =>",17140.68,"MO com LS =>",32058.6]
[{"$nulls":4},"Valor do BDI =>",7751.76,null,"Valor com BDI =>",null,39810.36]
[]
[" 2.1.1.1 ","Código","Banco","Descrição","Tipo",null,"Und","Quant.","Valor Unit","Total"]
["Composição"," 50 ","ORSE","Locação de construção de edificação até 200m2,  inclusive execução de gabarito de madeira","Locação de Edificações",null,"m²",1,9.32,9.32]
["Composição Auxiliar"," 10549 ","ORSE","Encargos Complementares - Servente","Provisórios",null,"h",0.04,3.75,0.15]
["Composição Auxiliar"," 10551 ","ORSE","Encargos Complementares - Carpinteiro","Provisórios",null,"h",0.04,3.65,0.14000000000000001]
["Insumo"," 48 ","ORSE","Auxiliar topografia - SICRO h","Mão de Obra",null,"h",0.02,21.722799999999999,0.43]
["Insumo"," 70 ","ORSE","Topógrafo - SICRO h","Mão de Obra",null,"h",0.02,36.854599999999998,0.73]
["Insumo"," 1569 ","ORSE","Madeira mista serrada (barrote) 6 x 6cm - 0,0036 m3/m (angelim, louro) m","Material",null,"m",0.24,8.49,2.0299999999999998]
["Insumo"," 00000345 ","SINAPI","ARAME GALVANIZADO 18 BWG, D = 1,24MM (0,009 KG/M)","Material",null,"KG",0.02,41.08,0.82]
["Insumo"," 00001213 ","SINAPI","CARPINTEIRO DE FORMAS (HORISTA)","Mão de Obra",null,"H",0.04,18.11,0.72]
["Insumo"," 00005067 ","SINAPI","PREGO DE ACO POLIDO COM CABECA 16 X 24 (2 1/4 X 12)","Material",null,"KG",1.2E-2,24.94,0.28999999999999998]
["Insumo"," 00006111 ","SINAPI","SERVENTE DE OBRAS","Mão de Obra",null,"H",0.04,13.19,0.52]
["Insumo"," 00010567 ","SINAPI","TABUA *2,5 X 23* CM EM PINUS, MISTA OU EQUIVALENTE DA REGIAO - BRUTA","Material",null,"M",0.28000000000000003,12.49,3.49]
[{"$nulls":4},"MO sem LS =>",1.1167985,"LS =>",1.28,"MO com LS =>",2.4]
[{"$nulls":4},"Valor do BDI =>",2.25,null,"Valor com BDI =>",null,11.57]
[]
[" 2.1.2.1 ","Código","Banco","Descrição","Tipo",null,"Und","Quant.","Valor Unit","Total"]
["Composição"," 93358 ","SINAPI","ESCAVAÇÃO MANUAL DE VALA COM PROFUNDIDADE MENOR OU IGUAL A 1,30 M. AF_02/2021","MOVT - MOVIMENTO DE TERRA",null,"m³",1,73.77,73.77]
["Composição Auxiliar"," 88316 ","SINAPI","SERVENTE COM ENCARGOS COMPLEMENTARES","SEDI - SERVIÇOS DIVERSOS",null,"H",3.956,18.649999999999999,73.77]
[{"$nulls":4},"MO sem LS =>",24.811540251279666,"LS =>",28.51,"MO com LS =>",53.32]
[{"$nulls":4},"Valor do BDI =>",17.829999999999998,null,"Valor com BDI =>",null,91.6]
[]
[" 2.1.2.2 ","Código","Banco","Descrição","Tipo",null,"Und","Quant.","Valor Unit","Total"]
["Composição"," 93382 ","SINAPI","REATERRO MANUAL DE VALAS, COM COMPACTADOR DE SOLOS DE PERCUSSÃO. AF_08/2023","MOVT - MOVIMENTO DE TERRA",null,"m³",1,21.97,21.97]
["Composição Auxiliar"," 5901 ","SINAPI","CAMINHÃO PIPA 10.000 L TRUCADO, PESO BRUTO TOTAL 23.000 KG, CARGA ÚTIL MÁXIMA 15.935 KG, DISTÂNCIA ENTRE EIXOS 4,8 M, POTÊNCIA 230 CV, INCLUSIVE TANQUE DE AÇO PARA TRANSPORTE DE ÁGUA - CHP DIURNO. AF_06/2014","CHOR - CUSTOS HORÁRIOS DE MÁQUINAS E EQUIPAMENTOS",null,"CHP",5.4000000000000003E-3,315.10000000000002,1.7]
["Composição Auxiliar"," 5903 ","SINAPI","CAMINHÃO PIPA 10.000 L TRUCADO, PESO BRUTO TOTAL 23.000 KG, CARGA ÚTIL MÁXIMA 15.935 KG, DISTÂNCIA ENTRE EIXOS 4,8 M, POTÊNCIA 230 CV, INCLUSIVE TANQUE DE AÇO PARA TRANSPORTE DE ÁGUA - CHI DIURNO. AF_06/2014","CHOR - CUSTOS HORÁRIOS DE MÁQUINAS E EQUIPAMENTOS",null,"CHI",5.9999999999999995E-4,68,0.04]
["Composição Auxiliar"," 88316 ","SINAPI","SERVENTE COM ENCARGOS COMPLEMENTARES","SEDI - SERVIÇOS DIVERSOS",null,"H",0.78659999999999997,18.649999999999999,14.67]
["Composição Auxiliar"," 91533 ","SINAPI","COMPACTADOR DE SOLOS DE PERCUSSÃO (SOQUETE) COM MOTOR A GASOLINA 4 TEMPOS, POTÊNCIA 4 CV - CHP DIURNO. AF_08/2015","CHOR - CUSTOS HORÁRIOS DE MÁQUINAS E EQUIPAMENTOS",null,"CHP",0.19620000000000001,28.37,5.56]
[{"$nulls":4},"MO sem LS =>",6.4774313634248486,"LS =>",7.44,"MO com LS =>",13.92]
[{"$nulls":4},"Valor do BDI =>",5.31,null,"Valor com BDI =>",null,27.28]
[]
[" 2.1.2.3 ","Código","Banco","Descrição","Tipo",null,"Und","Quant.","Valor Unit","Total"]
["Composição"," 11472 ","ORSE","Regularização manual e compactão com placa vibratótia","Execução de Cortes e  Aterros",null,"m²",1,7.21,7.21]
["Composição Auxiliar"," 10549 ","ORSE","Encargos Complementares - Servente","Provisórios",null,"h",0.3,3.75,1.1200000000000001]
["Composição Auxiliar"," 11449 ","ORSE","Compactação manual com placa vibratória sem controle do grau de compactação","Aterros / Reaterros / Compactações",null,"m³",0.18,11.92,2.14]
["Insumo"," 00006111 ","SINAPI","SERVENTE DE OBRAS","Mão de Obra",null,"H",0.3,13.19,3.95]
[{"$nulls":4},"MO sem LS =>",2.3871568171242439,"LS =>",2.74,"MO com LS =>",5.13]
[{"$nulls":4},"Valor do BDI =>",1.74,null,"Valor com BDI =>",null,8.9499999999999993]
[]
[" 2.1.2.4 ","Código","Banco","Descrição","Tipo",null,"Und","Quant.","Valor Unit","Total"]
["Composição"," 100977 ","SINAPI","CARGA, MANOBRA E DESCARGA DE SOLOS E MATERIAIS GRANULARES EM CAMINHÃO BASCULANTE 6 M³ - CARGA COM ESCAVADEIRA HIDRÁULICA (CAÇAMBA DE 1,20 M³ / 155 HP) E DESCARGA LIVRE (UNIDADE: M3). AF_07/2020","TRAN - TRANSPORTES, CARGAS E DESCARGAS",null,"m³",1,7.35,7.35]
["Composição Auxiliar"," 67826 ","SINAPI","CAMINHÃO BASCULANTE 6 M3 TOCO, PESO BRUTO TOTAL 16.000 KG, CARGA ÚTIL MÁXIMA 11.130 KG, DISTÂNCIA ENTRE EIXOS 5,36 M, POTÊNCIA 185 CV, INCLUSIVE CAÇAMBA METÁLICA - CHP DIURNO. AF_06/2014","CHOR - CUSTOS HORÁRIOS DE MÁQUINAS E EQUIPAMENTOS",null,"CHP",2.2499999999999999E-2,182.85,4.1100000000000003]
["Composição Auxiliar"," 67827 ","SINAPI","CAMINHÃO BASCULANTE 6 M3 TOCO, PESO BRUTO TOTAL 16.000 KG, CARGA ÚTIL MÁXIMA 11.130 KG, DISTÂNCIA ENTRE EIXOS 5,36 M, POTÊNCIA 185 CV, INCLUSIVE CAÇAMBA METÁLICA - CHI DIURNO. AF_06/2014","CHOR - CUSTOS HORÁRIOS DE MÁQUINAS E EQUIPAMENTOS",null,"CHI",1.8499999999999999E-2,58.6,1.08]
["Composição Auxiliar"," 88907 ","SINAPI","ESCAVADEIRA HIDRÁULICA SOBRE ESTEIRAS, CAÇAMBA 1,20 M3, PESO OPERACIONAL 21 T, POTÊNCIA BRUTA 155 HP - CHP DIURNO. AF_06/2014","CHOR - CUSTOS HORÁRIOS DE MÁQUINAS E EQUIPAMENTOS",null,"CHP",4.1999999999999997E-3,241.56,1.01]
["Composição Auxiliar"," 88908 ","SINAPI","ESCAVADEIRA HIDRÁULICA SOBRE ESTEIRAS, CAÇAMBA 1,20 M3, PESO OPERACIONAL 21 T, POTÊNCIA BRUTA 155 HP - CHI DIURNO. AF_06/2014","CHOR - CUSTOS HORÁRIOS DE MÁQUINAS E EQUIPAMENTOS",null,"CHI",1.3299999999999999E-2,86.99,1.1499999999999999]
[{"$nulls":4},"MO sem LS =>",0.4932526756630991,"LS =>",0.56999999999999995,"MO com LS =>",1.06]
[{"$nulls":4},"Valor do BDI =>",1.77,null,"Valor com BDI =>",null,9.1199999999999992]
[]
[" 2.1.2.5 ","Código","Banco","Descrição","Tipo",null,"Und","Quant.","Valor Unit","Total"]
["Composição"," 97912 ","SINAPI","TRANSPORTE COM CAMINHÃO BASCULANTE DE 6 M³, EM VIA URBANA EM LEITO NATURAL (UNIDADE: M3XKM). AF_07/2020","TRAN - TRANSPORTES, CARGAS E DESCARGAS",null,"M3XKM",1,3.62,3.62]
["Composição Auxiliar"," 67826 ","SINAPI","CAMINHÃO BASCULANTE 6 M3 TOCO, PESO BRUTO TOTAL 16.000 KG, CARGA ÚTIL MÁXIMA 11.130 KG, DISTÂNCIA ENTRE EIXOS 5,36 M, POTÊNCIA 185 CV, INCLUSIVE CAÇAMBA METÁLICA - CHP DIURNO. AF_06/2014","CHOR - CUSTOS HORÁRIOS DE MÁQUINAS E EQUIPAMENTOS",null,"CHP",1.7500000000000002E-2,182.85,3.19]
["Composição Auxiliar"," 67827 ","SINAPI","CAMINHÃO BASCULANTE 6 M3 TOCO, PESO BRUTO TOTAL 16.000 KG, CARGA ÚTIL MÁXIMA 11.130 KG, DISTÂNCIA ENTRE EIXOS 5,36 M, POTÊNCIA 185 CV, INCLUSIVE CAÇAMBA METÁLICA - CHI DIURNO. AF_06/2014","CHOR - CUSTOS HORÁRIOS DE MÁQUINAS E EQUIPAMENTOS",null,"CHI",7.4999999999999997E-3,58.6,0.43]
[{"$nulls":4},"MO sem LS =>",0.20939972080037228,"LS =>",0.24,"MO com LS =>",0.45]
[{"$nulls":4},"Valor do BDI =>",0.87,null,"Valor com BDI =>",null,4.49]
[]
[" 2.1.2.6 ","Código","Banco","Descrição","Tipo",null,"Und","Quant.","Valor Unit","Total"]
["Composição"," 10389 ","ORSE","Espalhamento de material de bota-fora c/ trator esteira Cat - D-6 ou similar","Execução de Cortes e  Aterros",null,"m³",1,1.36,1.36]
["Composição Auxiliar"," 10549 ","ORSE","Encargos Complementares - Servente","Provisórios",null,"h",0,3.75,0]
["Insumo"," 54 ","ORSE","Encarregado de turma - SICRO h","Mão de Obra",null,"h",4.1699999999999997E-5,18.225999999999999,0]
["Insumo"," 2501 ","ORSE","Trator esteira (cat - d6m - xl - 163-6a nacional 140,0 hp ou equivalente) h","Equipamento",null,"un",6.9443999999999999E-3,196.71,1.36]
["Insumo"," 00006111 ","SINAPI","SERVENTE DE OBRAS","Mão de Obra",null,"H",4.1699999999999997E-5,13.19,0]
[{"$nulls":4},"MO sem LS =>",0,"LS =>",0,"MO com LS =>",0]
[{"$nulls":4},"Valor do BDI =>",0.32,null,"Valor com BDI =>",null,1.68]
[]
[" 2.1.3.2 ","Código","Banco","Descrição","Tipo",null,"Und","Quant.","Valor Unit","Total"]
["Composição"," 97063 ","SINAPI","MONTAGEM E DESMONTAGEM DE ANDAIME MODULAR FACHADEIRO, COM PISO METÁLICO, PARA EDIFICAÇÕES COM MÚLTIPLOS PAVIMENTOS (EXCLUSIVE ANDAIME E LIMPEZA). AF_11/2017","SEDI - SERVIÇOS DIVERSOS",null,"m²",1,8.32,8.32]
["Composição Auxiliar"," 100251 ","SINAPI","TRANSPORTE HORIZONTAL MANUAL, DE TUBO DE AÇO CARBONO LEVE OU MÉDIO, PRETO OU GALVANIZADO, COM DIÂMETRO MAIOR QUE 32 MM E MENOR OU IGUAL A 65 MM (UNIDADE: MXKM). AF_07/2019","SEDI - SERVIÇOS DIVERSOS",null,"MXKM",0.16730700000000001,11.41,1.9]
["Composição Auxiliar"," 88278 ","SINAPI","MONTADOR DE ESTRUTURA METÁLICA COM ENCARGOS COMPLEMENTARES","SEDI - SERVIÇOS DIVERSOS",null,"H",0.29509999999999997,18.03,5.32]
["Composição Auxiliar"," 88316 ","SINAPI","SERVENTE COM ENCARGOS COMPLEMENTARES","SEDI - SERVIÇOS DIVERSOS",null,"H",5.8999999999999997E-2,18.649999999999999,1.1000000000000001]
[{"$nulls":4},"MO sem LS =>",2.9083294555607258,"LS =>",3.34,"MO com LS =>",6.25]
[{"$nulls":4},"Valor do BDI =>",2.0099999999999998,null,"Valor com BDI =>",null,10.33]
[]
[" 2.1.4.1 ","Código","Banco","Descrição","Tipo",null,"Und","Quant.","Valor Unit","Total"]
["Composição"," 101166 ","SINAPI","ALVENARIA DE EMBASAMENTO COM BLOCO ESTRUTURAL DE CERÂMICA, DE 14X19X29CM E ARGAMASSA DE ASSENTAMENTO COM PREPARO EM BETONEIRA. AF_05/2020","FUES - FUNDAÇÕES E ESTRUTURAS",null,"m³",1,597.49,597.49]
["Composição Auxiliar"," 87292 ","SINAPI","ARGAMASSA TRAÇO 1:2:8 (EM VOLUME DE CIMENTO, CAL E AREIA MÉDIA ÚMIDA) PARA EMBOÇO/MASSA ÚNICA/ASSENTAMENTO DE ALVENARIA DE VEDAÇÃO, PREPARO MECÂNICO COM BETONEIRA 400 L. AF_08/2019","SEDI - SERVIÇOS DIVERSOS",null,"m³",0.13,538.80999999999995,70.040000000000006]
["Composição Auxiliar"," 88309 ","SINAPI","PEDREIRO COM ENCARGOS COMPLEMENTARES","SEDI - SERVIÇOS DIVERSOS",null,"H",8.3439999999999994,23.85,199]
["Composição Auxiliar"," 88316 ","SINAPI","SERVENTE COM ENCARGOS COMPLEMENTARES","SEDI - SERVIÇOS DIVERSOS",null,"H",4.1719999999999997,18.649999999999999,77.8]
["Insumo"," 00034586 ","SINAPI","BLOCO ESTRUTURAL CERAMICO 14 X 19 X 29 CM, 6,0 MPA (NBR 15270)","Material",null,"UN",122.27,2.0499999999999998,250.65]
[{"$nulls":4},"MO sem LS =>",101.58678455095394,"LS =>",116.72,"MO com LS =>",218.31]
[{"$nulls":4},"Valor do BDI =>",144.47,null,"Valor com BDI =>",null,741.96]
[]
[" 2.1.4.2 ","Código","Banco","Descrição","Tipo",null,"Und","Quant.","Valor Unit","Total"]
["Composição"," 102487 ","SINAPI","CONCRETO CICLÓPICO FCK = 15MPA, 30% PEDRA DE MÃO EM VOLUME REAL, INCLUSIVE LANÇAMENTO. AF_05/2021","FUES - FUNDAÇÕES E ESTRUTURAS",null,"m³",1,517.55999999999995,517.55999999999995]
["Composição Auxiliar"," 88309 ","SINAPI","PEDREIRO COM ENCARGOS COMPLEMENTARES","SEDI - SERVIÇOS DIVERSOS",null,"H",1.6701999999999999,23.85,39.83]
["Composição Auxiliar"," 88316 ","SINAPI","SERVENTE COM ENCARGOS COMPLEMENTARES","SEDI - SERVIÇOS DIVERSOS",null,"H",6.4683999999999999,18.649999999999999,120.63]
["Composição Auxiliar"," 90586 ","SINAPI","VIBRADOR DE IMERSÃO, DIÂMETRO DE PONTEIRA 45MM, MOTOR ELÉTRICO TRIFÁSICO POTÊNCIA DE 2 CV - CHP DIURNO. AF_06/2015","CHOR - CUSTOS HORÁRIOS DE MÁQUINAS E EQUIPAMENTOS",null,"CHP",0.2198,1.44,0.31]
["Composição Auxiliar"," 90587 ","SINAPI","VIBRADOR DE IMERSÃO, DIÂMETRO DE PONTEIRA 45MM, MOTOR ELÉTRICO TRIFÁSICO POTÊNCIA DE 2 CV - CHI DIURNO. AF_06/2015","CHOR - CUSTOS HORÁRIOS DE MÁQUINAS E EQUIPAMENTOS",null,"CHI",0.63770000000000004,0.49,0.31]
["Composição Auxiliar"," 94963 ","SINAPI","CONCRETO FCK = 15MPA, TRAÇO 1:3,4:3,5 (EM MASSA SECA DE CIMENTO/ AREIA MÉDIA/ BRITA 1) - PREPARO MECÂNICO COM BETONEIRA 400 L. AF_05/2021","FUES - FUNDAÇÕES E ESTRUTURAS",null,"m³",0.80500000000000005,401.96,323.57]
["Insumo"," 00004730 ","SINAPI","PEDRA DE MAO OU PEDRA RACHAO PARA ARRIMO/FUNDACAO (POSTO PEDREIRA/FORNECEDOR, SEM FRETE)","Material",null,"m³",0.45429999999999998,72.459999999999994,32.909999999999997]
[{"$nulls":4},"MO sem LS =>",73.894834806886919,"LS =>",84.91,"MO com LS =>",158.80000000000001]
[{"$nulls":4},"Valor do BDI =>",125.14,null,"Valor com BDI =>",null,642.70000000000005]
[]
[" 2.1.4.3 ","Código","Banco","Descrição","Tipo",null,"Und","Quant.","Valor Unit","Total"]
["Composição"," 96620 ","SINAPI","LASTRO DE CONCRETO MAGRO, APLICADO EM PISOS, LAJES SOBRE SOLO OU RADIERS. AF_08/2017","FUES - FUNDAÇÕES E ESTRUTURAS",null,"m³",1,559.04,559.04]
["Composição Auxiliar"," 88309 ","SINAPI","PEDREIRO COM ENCARGOS COMPLEMENTARES","SEDI - SERVIÇOS DIVERSOS",null,"H",5.4370000000000003,23.85,129.66999999999999]
["Composição Auxiliar"," 88316 ","SINAPI","SERVENTE COM ENCARGOS COMPLEMENTARES","SEDI - SERVIÇOS DIVERSOS",null,"H",1.4830000000000001,18.649999999999999,27.65]
["Composição Auxiliar"," 94968 ","SINAPI","CONCRETO MAGRO PARA LASTRO, TRAÇO 1:4,5:4,5 (EM MASSA SECA DE CIMENTO/ AREIA MÉDIA/ BRITA 1) - PREPARO MECÂNICO COM BETONEIRA 600 L. AF_05/2021","FUES - FUNDAÇÕES E ESTRUTURAS",null,"m³",1.1299999999999999,355.51,401.72]
[{"$nulls":4},"MO sem LS =>",80.186133085155888,"LS =>",92.13,"MO com LS =>",172.32]
[{"$nulls":4},"Valor do BDI =>",135.16999999999999,null,"Valor com BDI =>",null,694.21]
[]
[" 2.1.4.4 ","Código","Banco","Descrição","Tipo",null,"Und","Quant.","Valor Unit","Total"]
["Composição"," 122 ","ORSE","Forma plana para estruturas, em compensado plastificado de 14mm, 05 usos, inclusive escoramento - Rev 02_04/2022","Formas",null,"m²",1,65.37,65.37]
["Composição Auxiliar"," 10549 ","ORSE","Encargos Complementares - Servente","Provisórios",null,"h",0.24299999999999999,3.75,0.91]
["Composição Auxiliar"," 10551 ","ORSE","Encargos Complementares - Carpinteiro","Provisórios",null,"h",0.97299999999999998,3.65,3.55]
["Insumo"," 628 ","ORSE","Compensado plastificado 14mm m2","Material",null,"m²",0.23400000000000001,68.81,16.100000000000001]
["Insumo"," 1569 ","ORSE","Madeira mista serrada (barrote) 6 x 6cm - 0,0036 m3/m (angelim, louro) m","Material",null,"m",1.07,8.49,9.08]
["Insumo"," 00001213 ","SINAPI","CARPINTEIRO DE FORMAS (HORISTA)","Mão de Obra",null,"H",0.97299999999999998,18.11,17.62]
["Insumo"," 00002692 ","SINAPI","DESMOLDANTE PROTETOR PARA FORMAS DE MADEIRA, DE BASE OLEOSA EMULSIONADA EM AGUA","Material",null,"L",0.02,8.7200000000000006,0.17]
["Insumo"," 00004509 ","SINAPI","SARRAFO *2,5 X 10* CM EM PINUS, MISTA OU EQUIVALENTE DA REGIAO - BRUTA","Material",null,"M",1.0289999999999999,5.61,5.77]
["Insumo"," 00005068 ","SINAPI","PREGO DE ACO POLIDO COM CABECA 17 X 21 (2 X 11)","Material",null,"KG",2.5000000000000001E-2,23.4,0.57999999999999996]
["Insumo"," 00005069 ","SINAPI","PREGO DE ACO POLIDO COM CABECA 17 X 27 (2 1/2 X 11)","Material",null,"KG",0.1,23.85,2.38]
["Insumo"," 00006111 ","SINAPI","SERVENTE DE OBRAS","Mão de Obra",null,"H",0.24299999999999999,13.19,3.2]
["Insumo"," 00006193 ","SINAPI","TABUA NAO APARELHADA *2,5 X 20* CM, EM MACARANDUBA/MASSARANDUBA, ANGELIM OU EQUIVALENTE DA REGIAO - BRUTA","Material",null,"M",0.122,13.89,1.69]
["Insumo"," 00043130 ","SINAPI","ARAME GALVANIZADO 12 BWG, D = 2,76 MM (0,048 KG/M) OU 14 BWG, D = 2,11 MM (0,026 KG/M)","Material",null,"KG",0.15,28.8,4.32]
[{"$nulls":4},"MO sem LS =>",9.6882271000000006,"LS =>",11.13,"MO com LS =>",20.82]
[{"$nulls":4},"Valor do BDI =>",15.8,null,"Valor com BDI =>",null,81.17]
[]
[" 2.1.4.5 ","Código","Banco","Descrição","Tipo",null,"Und","Quant.","Valor Unit","Total"]
["Composição"," 140 ","ORSE","Aço CA - 50 Ø 6,3 a 12,5mm, inclusive corte, dobragem, montagem e colocacao de ferragens nas formas, para superestruturas e fundações - R1","Armaduras Convencionais",null,"kg",1,12.81,12.81]
["Composição Auxiliar"," 10549 ","ORSE","Encargos Complementares - Servente","Provisórios",null,"h",0.08,3.75,0.3]
["Composição Auxiliar"," 10555 ","ORSE","Encargos Complementares - Armador","Provisórios",null,"h",0.08,3.58,0.28000000000000003]
["Insumo"," 81 ","ORSE","Aço ca-50   6,3 a 12,5 mm kg","Material",null,"kg",1,8.9499999999999993,8.9499999999999993]
["Insumo"," 00000378 ","SINAPI","ARMADOR (HORISTA)","Mão de Obra",null,"H",0.08,18.11,1.44]
["Insumo"," 00006111 ","SINAPI","SERVENTE DE OBRAS","Mão de Obra",null,"H",0.08,13.19,1.05]
["Insumo"," 00039017 ","SINAPI","ESPACADOR / DISTANCIADOR CIRCULAR COM ENTRADA LATERAL, EM PLASTICO, PARA VERGALHAO *4,2 A 12,5* MM, COBRIMENTO 20 MM","Material",null,"UN",0.4,0.22,0.08]
["Insumo"," 00039315 ","SINAPI","ESPACADOR / DISTANCIADOR TIPO GARRA DUPLA, EM PLASTICO, COBRIMENTO *20* MM, PARA FERRAGENS DE LAJES E FUNDO DE VIGAS","Material",null,"UN",0.4,0.35,0.14000000000000001]
["Insumo"," 00043132 ","SINAPI","ARAME RECOZIDO 16 BWG, D = 1,65 MM (0,016 KG/M) OU 18 BWG, D = 1,25 MM (0,01 KG/M)","Material",null,"KG",0.02,28.8,0.56999999999999995]
[{"$nulls":4},"MO sem LS =>",1.1586784999999999,"LS =>",1.33,"MO com LS =>",2.4900000000000002]
[{"$nulls":4},"Valor do BDI =>",3.09,null,"Valor com BDI =>",null,15.9]
[]
[" 2.1.4.6 ","Código","Banco","Descrição","Tipo",null,"Und","Quant.","Valor Unit","Total"]
["Composição"," 94965 ","SINAPI","CONCRETO FCK = 25MPA, TRAÇO 1:2,3:2,7 (EM MASSA SECA DE CIMENTO/ AREIA MÉDIA/ BRITA 1) - PREPARO MECÂNICO COM BETONEIRA 400 L. AF_05/2021","FUES - FUNDAÇÕES E ESTRUTURAS",null,"m³",1,463.89,463.89]
["Composição Auxiliar"," 88316 ","SINAPI","SERVENTE COM ENCARGOS COMPLEMENTARES","SEDI - SERVIÇOS DIVERSOS",null,"H",2.3117000000000001,18.649999999999999,43.11]
["Composição Auxiliar"," 88377 ","SINAPI","OPERADOR DE BETONEIRA ESTACIONÁRIA/MISTURADOR COM ENCARGOS COMPLEMENTARES","SEDI - SERVIÇOS DIVERSOS",null,"H",1.4637,17.22,25.2]
["Composição Auxiliar"," 88830 ","SINAPI","BETONEIRA CAPACIDADE NOMINAL DE 400 L, CAPACIDADE DE MISTURA 280 L, MOTOR ELÉTRICO TRIFÁSICO POTÊNCIA DE 2 CV, SEM CARREGADOR - CHP DIURNO. AF_05/2023","CHOR - CUSTOS HORÁRIOS DE MÁQUINAS E EQUIPAMENTOS",null,"CHP",0.75339999999999996,2.23,1.68]
["Composição Auxiliar"," 88831 ","SINAPI","BETONEIRA CAPACIDADE NOMINAL DE 400 L, CAPACIDADE DE MISTURA 280 L, MOTOR ELÉTRICO TRIFÁSICO POTÊNCIA DE 2 CV, SEM CARREGADOR - CHI DIURNO. AF_05/2023","CHOR - CUSTOS HORÁRIOS DE MÁQUINAS E EQUIPAMENTOS",null,"CHI",0.71030000000000004,0.36,0.25]
["Insumo"," 00000370 ","SINAPI","AREIA MEDIA - POSTO JAZIDA/FORNECEDOR (RETIRADO NA JAZIDA, SEM TRANSPORTE)","Material",null,"m³",0.72289999999999999,95,68.67]
["Insumo"," 00001379 ","SINAPI","CIMENTO PORTLAND COMPOSTO CP II-32","Material",null,"KG",362.65789999999998,0.77,279.24]
["Insumo"," 00004721 ","SINAPI","PEDRA BRITADA N. 1 (9,5 a 19 MM) POSTO PEDREIRA/FORNECEDOR, SEM FRETE","Material",null,"m³",0.59340000000000004,77.09,45.74]
[{"$nulls":4},"MO sem LS =>",23.392275476966031,"LS =>",26.88,"MO com LS =>",50.27]
[{"$nulls":4},"Valor do BDI =>",112.16,null,"Valor com BDI =>",null,576.04999999999995]
[]
[" 2.1.4.7 ","Código","Banco","Descrição","Tipo",null,"Und","Quant.","Valor Unit","Total"]
["Composição"," 103670 ","SINAPI","LANÇAMENTO COM USO DE BALDES, ADENSAMENTO E ACABAMENTO DE CONCRETO EM ESTRUTURAS. AF_02/2022","FUES - FUNDAÇÕES E ESTRUTURAS",null,"m³",1,256.14,256.14]
["Composição Auxiliar"," 88262 ","SINAPI","CARPINTEIRO DE FORMAS COM ENCARGOS COMPLEMENTARES","SEDI - SERVIÇOS DIVERSOS",null,"H",2.4590000000000001,23.48,57.73]
["Composição Auxiliar"," 88309 ","SINAPI","PEDREIRO COM ENCARGOS COMPLEMENTARES","SEDI - SERVIÇOS DIVERSOS",null,"H",2.4590000000000001,23.85,58.64]
["Composição Auxiliar"," 88316 ","SINAPI","SERVENTE COM ENCARGOS COMPLEMENTARES","SEDI - SERVIÇOS DIVERSOS",null,"H",7.3769999999999998,18.649999999999999,137.58000000000001]
["Composição Auxiliar"," 90586 ","SINAPI","VIBRADOR DE IMERSÃO, DIÂMETRO DE PONTEIRA 45MM, MOTOR ELÉTRICO TRIFÁSICO POTÊNCIA DE 2 CV - CHP DIURNO. AF_06/2015","CHOR - CUSTOS HORÁRIOS DE MÁQUINAS E EQUIPAMENTOS",null,"CHP",1.042,1.44,1.5]
["Composição Auxiliar"," 90587 ","SINAPI","VIBRADOR DE IMERSÃO, DIÂMETRO DE PONTEIRA 45MM, MOTOR ELÉTRICO TRIFÁSICO POTÊNCIA DE 2 CV - CHI DIURNO. AF_06/2015","CHOR - CUSTOS HORÁRIOS DE MÁQUINAS E EQUIPAMENTOS",null,"CHI",1.417,0.49,0.69]
[{"$nulls":4},"MO sem LS =>",88.408562121917171,"LS =>",101.58,"MO com LS =>",189.99]
[{"$nulls":4},"Valor do BDI =>",61.93,null,"Valor com BDI =>",null,318.07]
[]
[" 2.1.5.1 ","Código","Banco","Descrição","Tipo",null,"Und","Quant.","Valor Unit","Total"]
["Composição"," 103328 ","SINAPI","ALVENARIA DE VEDAÇÃO DE BLOCOS CERÂMICOS FURADOS NA HORIZONTAL DE 9X19X19 CM (ESPESSURA 9 CM) E ARGAMASSA DE ASSENTAMENTO COM PREPARO EM BETONEIRA. AF_12/2021","PARE - PAREDES/PAINEIS",null,"m²",1,80.55,80.55]
["Composição Auxiliar"," 87292 ","SINAPI","ARGAMASSA TRAÇO 1:2:8 (EM VOLUME DE CIMENTO, CAL E AREIA MÉDIA ÚMIDA) PARA EMBOÇO/MASSA ÚNICA/ASSENTAMENTO DE ALVENARIA DE VEDAÇÃO, PREPARO MECÂNICO COM BETONEIRA 400 L. AF_08/2019","SEDI - SERVIÇOS DIVERSOS",null,"m³",9.1000000000000004E-3,538.80999999999995,4.9000000000000004]
["Composição Auxiliar"," 88309 ","SINAPI","PEDREIRO COM ENCARGOS COMPLEMENTARES","SEDI - SERVIÇOS DIVERSOS",null,"H",1.61,23.85,38.39]
["Composição Auxiliar"," 88316 ","SINAPI","SERVENTE COM ENCARGOS COMPLEMENTARES","SEDI - SERVIÇOS DIVERSOS",null,"H",0.80500000000000005,18.649999999999999,15.01]
["Insumo"," 00007271 ","SINAPI","BLOCO CERAMICO / TIJOLO VAZADO PARA ALVENARIA DE VEDACAO, 8 FUROS NA HORIZONTAL, DE 9 X 19 X 19 CM (L XA X C)","Material",null,"UN",28.31,0.73,20.66]
["Insumo"," 00034557 ","SINAPI","TELA DE ACO SOLDADA GALVANIZADA/ZINCADA PARA ALVENARIA, FIO D = *1,20 A 1,70* MM, MALHA 15 X 15 MM, (C X L) *50 X 7,5* CM","Material",null,"M",0.42,3.34,1.4]
["Insumo"," 00037395 ","SINAPI","PINO DE ACO COM FURO, HASTE = 27 MM (ACAO DIRETA)","Material",null,"CENTO",5.0000000000000001E-3,38.74,0.19]
[{"$nulls":4},"MO sem LS =>",19.16240111679851,"LS =>",22.02,"MO com LS =>",41.18]
[{"$nulls":4},"Valor do BDI =>",19.47,null,"Valor com BDI =>",null,100.02]
[]
[" 2.1.5.2 ","Código","Banco","Descrição","Tipo",null,"Und","Quant.","Valor Unit","Total"]
["Composição"," 101161 ","SINAPI","ALVENARIA DE VEDAÇÃO COM ELEMENTO VAZADO DE CONCRETO (COBOGÓ) DE 7X50X50CM E ARGAMASSA DE ASSENTAMENTO COM PREPARO EM BETONEIRA. AF_05/2020","PARE - PAREDES/PAINEIS",null,"m²",1,191.72,191.72]
["Composição Auxiliar"," 100489 ","SINAPI","ARGAMASSA TRAÇO 1:3 (EM VOLUME DE CIMENTO E AREIA MÉDIA ÚMIDA), PREPARO MECÂNICO COM BETONEIRA 600 L. AF_08/2019","SEDI - SERVIÇOS DIVERSOS",null,"m³",0.01,536.24,5.36]
["Composição Auxiliar"," 88309 ","SINAPI","PEDREIRO COM ENCARGOS COMPLEMENTARES","SEDI - SERVIÇOS DIVERSOS",null,"H",2.0550000000000002,23.85,49.01]
["Composição Auxiliar"," 88316 ","SINAPI","SERVENTE COM ENCARGOS COMPLEMENTARES","SEDI - SERVIÇOS DIVERSOS",null,"H",1.028,18.649999999999999,19.170000000000002]
["Insumo"," 00000665 ","SINAPI","ELEMENTO VAZADO DE CONCRETO, QUADRICULADO, 16 FUROS *50 X 50 X 7* CM","Material",null,"UN",3.95,29.92,118.18]
[{"$nulls":4},"MO sem LS =>",24.332247557003257,"LS =>",27.96,"MO com LS =>",52.29]
[{"$nulls":4},"Valor do BDI =>",46.35,null,"Valor com BDI =>",null,238.07]
[]
[" 2.1.5.3 ","Código","Banco","Descrição","Tipo",null,"Und","Quant.","Valor Unit","Total"]
["Composição"," 93184 ","SINAPI","VERGA PRÉ-MOLDADA PARA PORTAS COM ATÉ 1,5 M DE VÃO. AF_03/2016","FUES - FUNDAÇÕES E ESTRUTURAS",null,"M",1,31.92,31.92]
["Composição Auxiliar"," 87294 ","SINAPI","ARGAMASSA TRAÇO 1:2:9 (EM VOLUME DE CIMENTO, CAL E AREIA MÉDIA ÚMIDA) PARA EMBOÇO/MASSA ÚNICA/ASSENTAMENTO DE ALVENARIA DE VEDAÇÃO, PREPARO MECÂNICO COM BETONEIRA 600 L. AF_08/2019","SEDI - SERVIÇOS DIVERSOS",null,"m³",1.9E-3,513.14,0.97]
["Composição Auxiliar"," 88309 ","SINAPI","PEDREIRO COM ENCARGOS COMPLEMENTARES","SEDI - SERVIÇOS DIVERSOS",null,"H",9.4E-2,23.85,2.2400000000000002]
["Composição Auxiliar"," 88316 ","SINAPI","SERVENTE COM ENCARGOS COMPLEMENTARES","SEDI - SERVIÇOS DIVERSOS",null,"H",0.107,18.649999999999999,1.99]
["Composição Auxiliar"," 92270 ","SINAPI","FABRICAÇÃO DE FÔRMA PARA VIGAS, COM MADEIRA SERRADA, E = 25 MM. AF_09/2020","FUES - FUNDAÇÕES E ESTRUTURAS",null,"m²",0.122,137.41999999999999,16.760000000000002]
["Composição Auxiliar"," 92800 ","SINAPI","CORTE E DOBRA DE AÇO CA-60, DIÂMETRO DE 5,0 MM. AF_06/2022","FUES - FUNDAÇÕES E ESTRUTURAS",null,"KG",0.308,11.1,3.41]
["Composição Auxiliar"," 94970 ","SINAPI","CONCRETO FCK = 20MPA, TRAÇO 1:2,7:3 (EM MASSA SECA DE CIMENTO/ AREIA MÉDIA/ BRITA 1) - PREPARO MECÂNICO COM BETONEIRA 600 L. AF_05/2021","FUES - FUNDAÇÕES E ESTRUTURAS",null,"m³",1.2E-2,432.8,5.19]
["Insumo"," 00002692 ","SINAPI","DESMOLDANTE PROTETOR PARA FORMAS DE MADEIRA, DE BASE OLEOSA EMULSIONADA EM AGUA","Material",null,"L",5.0000000000000001E-3,8.7200000000000006,0.04]
["Insumo"," 00039017 ","SINAPI","ESPACADOR / DISTANCIADOR CIRCULAR COM ENTRADA LATERAL, EM PLASTICO, PARA VERGALHAO *4,2 A 12,5* MM, COBRIMENTO 20 MM","Material",null,"UN",6,0.22,1.32]
[{"$nulls":4},"MO sem LS =>",3.1596091205211727,"LS =>",3.63,"MO com LS =>",6.79]
[{"$nulls":4},"Valor do BDI =>",7.71,null,"Valor com BDI =>",null,39.630000000000003]
[]
[" 2.1.6.1 ","Código","Banco","Descrição","Tipo",null,"Und","Quant.","Valor Unit","Total"]
["Composição"," 91341 ","SINAPI","PORTA EM ALUMÍNIO DE ABRIR TIPO VENEZIANA COM GUARNIÇÃO, FIXAÇÃO COM PARAFUSOS - FORNECIMENTO E INSTALAÇÃO. AF_12/2019","ESQV - ESQUADRIAS/FERRAGENS/VIDROS",null,"m²",1,662.11,662.11]
["Composição Auxiliar"," 88309 ","SINAPI","PEDREIRO COM ENCARGOS COMPLEMENTARES","SEDI - SERVIÇOS DIVERSOS",null,"H",0.3826,23.85,9.1199999999999992]
["Composição Auxiliar"," 88316 ","SINAPI","SERVENTE COM ENCARGOS COMPLEMENTARES","SEDI - SERVIÇOS DIVERSOS",null,"H",0.191,18.649999999999999,3.56]
["Insumo"," 00000142 ","SINAPI","SELANTE ELASTICO MONOCOMPONENTE A BASE DE POLIURETANO (PU) PARA JUNTAS DIVERSAS","Material",null,"310ML",0.88290000000000002,43.54,38.44]
["Insumo"," 00007568 ","SINAPI","BUCHA DE NYLON SEM ABA S10, COM PARAFUSO DE 6,10 X 65 MM EM ACO ZINCADO COM ROSCA SOBERBA, CABECA CHATA E FENDA PHILLIPS","Material",null,"UN",4.8166000000000002,0.61,2.93]
["Insumo"," 00036888 ","SINAPI","GUARNICAO / MOLDURA / ARREMATE DE ACABAMENTO PARA ESQUADRIA, EM ALUMINIO PERFIL 25, ACABAMENTO ANODIZADO BRANCO OU BRILHANTE, PARA 1 FACE","Material",null,"M",6.8503999999999996,26.03,178.31]
["Insumo"," 00039025 ","SINAPI","PORTA DE ABRIR EM ALUMINIO TIPO VENEZIANA, ACABAMENTO ANODIZADO NATURAL, SEM GUARNICAO/ALIZAR/VISTA, 87 X 210 CM","Material",null,"UN",0.54730000000000001,785.23,429.75]
[{"$nulls":4},"MO sem LS =>",4.4904606793857607,"LS =>",5.16,"MO com LS =>",9.65]
[{"$nulls":4},"Valor do BDI =>",160.09,null,"Valor com BDI =>",null,822.2]
[]
[" 2.1.7.1 ","Código","Banco","Descrição","Tipo",null,"Und","Quant.","Valor Unit","Total"]
["Composição"," 94218 ","SINAPI","TELHAMENTO COM TELHA ESTRUTURAL DE FIBROCIMENTO E= 8 MM, COM ATÉ 2 ÁGUAS, INCLUSO IÇAMENTO. AF_07/2019_PS","COBE - COBERTURA",null,"m²",1,182.35,182.35]
["Composição Auxiliar"," 88316 ","SINAPI","SERVENTE COM ENCARGOS COMPLEMENTARES","SEDI - SERVIÇOS DIVERSOS",null,"H",0.157,18.649999999999999,2.92]
["Composição Auxiliar"," 88323 ","SINAPI","TELHADISTA COM ENCARGOS COMPLEMENTARES","SEDI - SERVIÇOS DIVERSOS",null,"H",0.13900000000000001,23.24,3.23]
["Composição Auxiliar"," 93281 ","SINAPI","GUINCHO ELÉTRICO DE COLUNA, CAPACIDADE 400 KG, COM MOTO FREIO, MOTOR TRIFÁSICO DE 1,25 CV - CHP DIURNO. AF_03/2016","CHOR - CUSTOS HORÁRIOS DE MÁQUINAS E EQUIPAMENTOS",null,"CHP",2.5000000000000001E-3,18.73,0.04]
["Composição Auxiliar"," 93282 ","SINAPI","GUINCHO ELÉTRICO DE COLUNA, CAPACIDADE 400 KG, COM MOTO FREIO, MOTOR TRIFÁSICO DE 1,25 CV - CHI DIURNO. AF_03/2016","CHOR - CUSTOS HORÁRIOS DE MÁQUINAS E EQUIPAMENTOS",null,"CHI",3.3999999999999998E-3,17.48,0.05]
["Insumo"," 00001607 ","SINAPI","CONJUNTO ARRUELAS DE VEDACAO 5/16\" PARA TELHA FIBROCIMENTO (UMA ARRUELA METALICA E UMA ARRUELA PVC - CONICAS)","Material",null,"CJ",0.94,0.38,0.35]
["Insumo"," 00004312 ","SINAPI","FIXADOR DE ABA SIMPLES PARA TELHA DE FIBROCIMENTO, TIPO CANALETA 90 OU KALHETAO","Material",null,"UN",0.31,4.4400000000000004,1.37]
["Insumo"," 00004315 ","SINAPI","GANCHO CHATO EM FERRO GALVANIZADO,  L = 110 MM, RECOBRIMENTO = 100MM, SECAO 1/8 X 1/2\" (3 MM X 12 MM), PARA FIXAR TELHA DE FIBROCIMENTO ONDULADA","Material",null,"UN",0.94,3.26,3.06]
["Insumo"," 00007231 ","SINAPI","TELHA ESTRUTURAL DE FIBROCIMENTO 2 ABAS, DE 1,00 X 6,00 M (SEM AMIANTO)","Material",null,"UN",0.20399999999999999,839.86,171.33]
[{"$nulls":4},"MO sem LS =>",2.1824104234527688,"LS =>",2.5099999999999998,"MO com LS =>",4.6900000000000004]
[{"$nulls":4},"Valor do BDI =>",44.09,null,"Valor com BDI =>",null,226.44]
[]
[" 2.1.7.2 ","Código","Banco","Descrição","Tipo",null,"Und","Quant.","Valor Unit","Total"]
["Composição"," 94231 ","SINAPI","RUFO EM CHAPA DE AÇO GALVANIZADO NÚMERO 24, CORTE DE 25 CM, INCLUSO TRANSPORTE VERTICAL. AF_07/2019","COBE - COBERTURA",null,"M",1,65.599999999999994,65.599999999999994]
["Composição Auxiliar"," 88316 ","SINAPI","SERVENTE COM ENCARGOS COMPLEMENTARES","SEDI - SERVIÇOS DIVERSOS",null,"H",0.20699999999999999,18.649999999999999,3.86]
["Composição Auxiliar"," 88323 ","SINAPI","TELHADISTA COM ENCARGOS COMPLEMENTARES","SEDI - SERVIÇOS DIVERSOS",null,"H",0.112,23.24,2.6]
["Composição Auxiliar"," 93281 ","SINAPI","GUINCHO ELÉTRICO DE COLUNA, CAPACIDADE 400 KG, COM MOTO FREIO, MOTOR TRIFÁSICO DE 1,25 CV - CHP DIURNO. AF_03/2016","CHOR - CUSTOS HORÁRIOS DE MÁQUINAS E EQUIPAMENTOS",null,"CHP",1.32E-2,18.73,0.24]
["Composição Auxiliar"," 93282 ","SINAPI","GUINCHO ELÉTRICO DE COLUNA, CAPACIDADE 400 KG, COM MOTO FREIO, MOTOR TRIFÁSICO DE 1,25 CV - CHI DIURNO. AF_03/2016","CHOR - CUSTOS HORÁRIOS DE MÁQUINAS E EQUIPAMENTOS",null,"CHI",1.83E-2,17.48,0.31]
["Insumo"," 00000142 ","SINAPI","SELANTE ELASTICO MONOCOMPONENTE A BASE DE POLIURETANO (PU) PARA JUNTAS DIVERSAS","Material",null,"310ML",0.19800000000000001,43.54,8.6199999999999992]
["Insumo"," 00005061 ","SINAPI","PREGO DE ACO POLIDO COM CABECA 18 X 27 (2 1/2 X 10)","Material",null,"KG",6.0000000000000001E-3,23,0.13]
["Insumo"," 00005104 ","SINAPI","REBITE DE REPUXO EM ALUMINIO VAZADO, DIAMETRO 3,2 X 8 MM DE COMPRIMENTO (1KG = 1025 UNIDADES)","Material",null,"KG",1.1999999999999999E-3,63.52,7.0000000000000007E-2]
["Insumo"," 00013388 ","SINAPI","SOLDA EM BARRA DE ESTANHO-CHUMBO 50/50","Material",null,"KG",4.4999999999999998E-2,270.57,12.17]
["Insumo"," 00040873 ","SINAPI","RUFO INTERNO/EXTERNO DE CHAPA DE ACO GALVANIZADA NUM 24, CORTE 25 CM","Material",null,"M",1.05,35.81,37.6]
[{"$nulls":4},"MO sem LS =>",2.4243834341554211,"LS =>",2.79,"MO com LS =>",5.21]
[{"$nulls":4},"Valor do BDI =>",15.86,null,"Valor com BDI =>",null,81.459999999999994]
[]
[" 2.1.8.1 ","Código","Banco","Descrição","Tipo",null,"Und","Quant.","Valor Unit","Total"]
["Composição"," 87879 ","SINAPI","CHAPISCO APLICADO EM ALVENARIAS E ESTRUTURAS DE CONCRETO INTERNAS, COM COLHER DE PEDREIRO.  ARGAMASSA TRAÇO 1:3 COM PREPARO EM BETONEIRA 400L. AF_10/2022","REVE - REVESTIMENTO E TRATAMENTO DE SUPERFÍCIES",null,"m²",1,3.93,3.93]
["Composição Auxiliar"," 87313 ","SINAPI","ARGAMASSA TRAÇO 1:3 (EM VOLUME DE CIMENTO E AREIA GROSSA ÚMIDA) PARA CHAPISCO CONVENCIONAL, PREPARO MECÂNICO COM BETONEIRA 400 L. AF_08/2019","SEDI - SERVIÇOS DIVERSOS",null,"m³",3.7000000000000002E-3,497.64,1.84]
["Composição Auxiliar"," 88309 ","SINAPI","PEDREIRO COM ENCARGOS COMPLEMENTARES","SEDI - SERVIÇOS DIVERSOS",null,"H",6.8099999999999994E-2,23.85,1.62]
["Composição Auxiliar"," 88316 ","SINAPI","SERVENTE COM ENCARGOS COMPLEMENTARES","SEDI - SERVIÇOS DIVERSOS",null,"H",2.5499999999999998E-2,18.649999999999999,0.47]
[{"$nulls":4},"MO sem LS =>",0.83759888320148912,"LS =>",0.96,"MO com LS =>",1.8]
[{"$nulls":4},"Valor do BDI =>",0.95,null,"Valor com BDI =>",null,4.88]
[]
[" 2.1.8.2 ","Código","Banco","Descrição","Tipo",null,"Und","Quant.","Valor Unit","Total"]
["Composição"," 87775 ","SINAPI","EMBOÇO OU MASSA ÚNICA EM ARGAMASSA TRAÇO 1:2:8, PREPARO MECÂNICO COM BETONEIRA 400 L, APLICADA MANUALMENTE EM PANOS DE FACHADA COM PRESENÇA DE VÃOS, ESPESSURA DE 25 MM. AF_08/2022","REVE - REVESTIMENTO E TRATAMENTO DE SUPERFÍCIES",null,"m²",1,49.14,49.14]
["Composição Auxiliar"," 87292 ","SINAPI","ARGAMASSA TRAÇO 1:2:8 (EM VOLUME DE CIMENTO, CAL E AREIA MÉDIA ÚMIDA) PARA EMBOÇO/MASSA ÚNICA/ASSENTAMENTO DE ALVENARIA DE VEDAÇÃO, PREPARO MECÂNICO COM BETONEIRA 400 L. AF_08/2019","SEDI - SERVIÇOS DIVERSOS",null,"m³",3.1399999999999997E-2,538.80999999999995,16.91]
["Composição Auxiliar"," 88309 ","SINAPI","PEDREIRO COM ENCARGOS COMPLEMENTARES","SEDI - SERVIÇOS DIVERSOS",null,"H",0.67900000000000005,23.85,16.190000000000001]
["Composição Auxiliar"," 88316 ","SINAPI","SERVENTE COM ENCARGOS COMPLEMENTARES","SEDI - SERVIÇOS DIVERSOS",null,"H",0.67900000000000005,18.649999999999999,12.66]
["Insumo"," 00037411 ","SINAPI","TELA DE ACO SOLDADA GALVANIZADA/ZINCADA PARA ALVENARIA, FIO D = *1,24 MM, MALHA 25 X 25 MM","Material",null,"m²",0.13880000000000001,24.42,3.38]
[{"$nulls":4},"MO sem LS =>",10.958585388552816,"LS =>",12.59,"MO com LS =>",23.55]
[{"$nulls":4},"Valor do BDI =>",11.88,null,"Valor com BDI =>",null,61.02]
[]
[" 2.1.8.3 ","Código","Banco","Descrição","Tipo",null,"Und","Quant.","Valor Unit","Total"]
["Composição"," 10570 ","ORSE","Regularização de reboco interno, de parede, com argamassa traço t6 - 1:2:10 (cimento / cal / areia), espessura 0,5 cm","Argamassas",null,"m²",1,10.039999999999999,10.039999999999999]
["Composição Auxiliar"," 3309 ","ORSE","Argamassa cimento, cal e areia traço t-6 (1:2:10) - 1 saco cimento de 50 kg / 2 sacos de cal de 20 kg / 10 padiolas de areia grossa dim 0.35 x 0.45 x 0.13 m - Confecção mecânica e transporte","Conversão InfoWOrca",null,"m³",5.0000000000000001E-3,465.98,2.3199999999999998]
["Composição Auxiliar"," 10549 ","ORSE","Encargos Complementares - Servente","Provisórios",null,"h",0.2,3.75,0.75]
["Composição Auxiliar"," 10550 ","ORSE","Encargos Complementares - Pedreiro","Provisórios",null,"h",0.2,3.61,0.72]
["Insumo"," 00004750 ","SINAPI","PEDREIRO (HORISTA)","Mão de Obra",null,"H",0.2,18.11,3.62]
["Insumo"," 00006111 ","SINAPI","SERVENTE DE OBRAS","Mão de Obra",null,"H",0.2,13.19,2.63]
[{"$nulls":4},"MO sem LS =>",3.0293159609120521,"LS =>",3.48,"MO com LS =>",6.51]
[{"$nulls":4},"Valor do BDI =>",2.42,null,"Valor com BDI =>",null,12.46]
[]
[" 2.1.9.1 ","Código","Banco","Descrição","Tipo",null,"Und","Quant.","Valor Unit","Total"]
["Composição"," 88489 ","SINAPI","PINTURA LÁTEX ACRÍLICA PREMIUM, APLICAÇÃO MANUAL EM PAREDES, DUAS DEMÃOS. AF_04/2023","PINT - PINTURAS",null,"m²",1,11.37,11.37]
["Composição Auxiliar"," 88310 ","SINAPI","PINTOR COM ENCARGOS COMPLEMENTARES","SEDI - SERVIÇOS DIVERSOS",null,"H",0.16309999999999999,25.08,4.09]
["Composição Auxiliar"," 88316 ","SINAPI","SERVENTE COM ENCARGOS COMPLEMENTARES","SEDI - SERVIÇOS DIVERSOS",null,"H",5.4399999999999997E-2,18.649999999999999,1.01]
["Insumo"," 00007356 ","SINAPI","TINTA LATEX ACRILICA PREMIUM, COR BRANCO FOSCO","Material",null,"L",0.22850000000000001,27.44,6.27]
[{"$nulls":4},"MO sem LS =>",1.7310376919497441,"LS =>",1.99,"MO com LS =>",3.72]
[{"$nulls":4},"Valor do BDI =>",2.74,null,"Valor com BDI =>",null,14.11]
[]
[" 2.1.9.2 ","Código","Banco","Descrição","Tipo",null,"Und","Quant.","Valor Unit","Total"]
["Composição"," 7726 ","ORSE","Impermeabilização de superficie c/argamassa 1:3 (cimento e areia), esp=2cm, c/impermeabilizante Vedacit ou similar","Impermeabilização",null,"m²",1,42.13,42.13]
["Composição Auxiliar"," 1903 ","ORSE","Argamassa cimento e areia traço t-1 (1:3) - 1 saco cimento 50kg / 3 padiolas areia dim. 0.35 x 0.45 x 0.23 m - Confecção mecânica e transporte","Argamassas",null,"m³",0.02,518.54999999999995,10.37]
["Composição Auxiliar"," 10549 ","ORSE","Encargos Complementares - Servente","Provisórios",null,"h",0.75,3.75,2.81]
["Composição Auxiliar"," 10550 ","ORSE","Encargos Complementares - Pedreiro","Provisórios",null,"h",0.75,3.61,2.7]
["Insumo"," 1113 ","ORSE","Impermeabilizante para concretos e argamassas Vedacit ou similar kg","Material",null,"kg",0.37840000000000001,7.36,2.78]
["Insumo"," 00004750 ","SINAPI","PEDREIRO (HORISTA)","Mão de Obra",null,"H",0.75,18.11,13.58]
["Insumo"," 00006111 ","SINAPI","SERVENTE DE OBRAS","Mão de Obra",null,"H",0.75,13.19,9.89]
[{"$nulls":4},"MO sem LS =>",11.40995812005584,"LS =>",13.11,"MO com LS =>",24.52]
[{"$nulls":4},"Valor do BDI =>",10.18,null,"Valor com BDI =>",null,52.31]
[]
[" 2.1.9.3 ","Código","Banco","Descrição","Tipo",null,"Und","Quant.","Valor Unit","Total"]
["Composição"," 98553 ","SINAPI","IMPERMEABILIZAÇÃO DE SUPERFÍCIE COM MEMBRANA À BASE DE POLIURETANO, 2 DEMÃOS. AF_09/2023","IMPE - IMPERMEABILIZAÇÕES E PROTEÇÕES DIVERSAS",null,"m²",1,200.78,200.78]
["Composição Auxiliar"," 88243 ","SINAPI","AJUDANTE ESPECIALIZADO COM ENCARGOS COMPLEMENTARES","SEDI - SERVIÇOS DIVERSOS",null,"H",0.1124,19.5,2.19]
["Composição Auxiliar"," 88270 ","SINAPI","IMPERMEABILIZADOR COM ENCARGOS COMPLEMENTARES","SEDI - SERVIÇOS DIVERSOS",null,"H",0.49830000000000002,24.25,12.08]
["Insumo"," 00043148 ","SINAPI","MEMBRANA IMPERMEABILIZANTE A BASE DE POLIURETANO","Material",null,"KG",2,75.53,151.06]
["Insumo"," 00044072 ","SINAPI","PRIMER EPOXI / EPOXIDICO","Material",null,"L",0.3,118.17,35.450000000000003]
[{"$nulls":4},"MO sem LS =>",5.1326198231735694,"LS =>",5.9,"MO com LS =>",11.03]
[{"$nulls":4},"Valor do BDI =>",48.54,null,"Valor com BDI =>",null,249.32]
[]
[" 2.1.9.4 ","Código","Banco","Descrição","Tipo",null,"Und","Quant.","Valor Unit","Total"]
["Composição"," 10609 ","ORSE","Fornecimento e aplicação de Tela de Poliéster malha 2x2mm p/impermeabilização, ref: Denvertela Poliéster R, marca Denver ou similar","Impermeabilização",null,"m²",1,7.74,7.74]
["Composição Auxiliar"," 10601 ","ORSE","Encargos Complementares - Impermeabilizador","Provisórios",null,"h",0.14000000000000001,3.61,0.5]
["Insumo"," 9241 ","ORSE","Tela de poliester 2x2mm p/impermeabilização, ref:Denvertela Poliéster R m2","Material",null,"m²",1.1499999999999999,4.05,4.6500000000000004]
["Insumo"," 00012873 ","SINAPI","IMPERMEABILIZADOR (HORISTA)","Mão de Obra",null,"H",0.14000000000000001,18.5,2.59]
[{"$nulls":4},"MO sem LS =>",1.2052117,"LS =>",1.38,"MO com LS =>",2.59]
[{"$nulls":4},"Valor do BDI =>",1.87,null,"Valor com BDI =>",null,9.61]
[]
[" 2.1.10.1 ","Código","Banco","Descrição","Tipo",null,"Und","Quant.","Valor Unit","Total"]
["Composição"," 98562 ","SINAPI","IMPERMEABILIZAÇÃO DE SUPERFÍCIE COM ARGAMASSA DE CIMENTO E AREIA, COM ADITIVO IMPERMEABILIZANTE, E = 1,5CM. AF_09/2023","IMPE - IMPERMEABILIZAÇÕES E PROTEÇÕES DIVERSAS",null,"m²",1,44.58,44.58]
["Composição Auxiliar"," 87298 ","SINAPI","ARGAMASSA TRAÇO 1:3 (EM VOLUME DE CIMENTO E AREIA MÉDIA ÚMIDA) PARA CONTRAPISO, PREPARO MECÂNICO COM BETONEIRA 400 L. AF_08/2019","SEDI - SERVIÇOS DIVERSOS",null,"m³",0.02,641.94000000000005,12.83]
["Composição Auxiliar"," 88309 ","SINAPI","PEDREIRO COM ENCARGOS COMPLEMENTARES","SEDI - SERVIÇOS DIVERSOS",null,"H",0.98970000000000002,23.85,23.6]
["Composição Auxiliar"," 88316 ","SINAPI","SERVENTE COM ENCARGOS COMPLEMENTARES","SEDI - SERVIÇOS DIVERSOS",null,"H",0.22320000000000001,18.649999999999999,4.16]
["Insumo"," 00000123 ","SINAPI","ADITIVO IMPERMEABILIZANTE DE PEGA NORMAL PARA ARGAMASSAS E CONCRETOS SEM ARMACAO, LIQUIDO E ISENTO DE CLORETOS","Material",null,"L",0.4405,9.08,3.99]
[{"$nulls":4},"MO sem LS =>",10.451372731503024,"LS =>",12.01,"MO com LS =>",22.46]
[{"$nulls":4},"Valor do BDI =>",10.77,null,"Valor com BDI =>",null,55.35]
[]
[" 2.1.10.2 ","Código","Banco","Descrição","Tipo",null,"Und","Quant.","Valor Unit","Total"]
["Composição"," 87755 ","SINAPI","CONTRAPISO EM ARGAMASSA TRAÇO 1:4 (CIMENTO E AREIA), PREPARO MECÂNICO COM BETONEIRA 400 L, APLICADO EM ÁREAS MOLHADAS SOBRE IMPERMEABILIZAÇÃO, ACABAMENTO NÃO REFORÇADO, ESPESSURA 3CM. AF_07/2021","PISO - PISOS",null,"m²",1,44.49,44.49]
["Composição Auxiliar"," 87301 ","SINAPI","ARGAMASSA TRAÇO 1:4 (EM VOLUME DE CIMENTO E AREIA MÉDIA ÚMIDA) PARA CONTRAPISO, PREPARO MECÂNICO COM BETONEIRA 400 L. AF_08/2019","SEDI - SERVIÇOS DIVERSOS",null,"m³",4.3099999999999999E-2,570.63,24.59]
["Composição Auxiliar"," 88309 ","SINAPI","PEDREIRO COM ENCARGOS COMPLEMENTARES","SEDI - SERVIÇOS DIVERSOS",null,"H",0.58899999999999997,23.85,14.04]
["Composição Auxiliar"," 88316 ","SINAPI","SERVENTE COM ENCARGOS COMPLEMENTARES","SEDI - SERVIÇOS DIVERSOS",null,"H",0.29399999999999998,18.649999999999999,5.48]
["Insumo"," 00001379 ","SINAPI","CIMENTO PORTLAND COMPOSTO CP II-32","Material",null,"KG",0.5,0.77,0.38]
[{"$nulls":4},"MO sem LS =>",8.1805490926012094,"LS =>",9.4,"MO com LS =>",17.579999999999998]
[{"$nulls":4},"Valor do BDI =>",10.75,null,"Valor com BDI =>",null,55.24]
[]
[" 2.1.10.3 ","Código","Banco","Descrição","Tipo",null,"Und","Quant.","Valor Unit","Total"]
["Composição"," 98679 ","SINAPI","PISO CIMENTADO, TRAÇO 1:3 (CIMENTO E AREIA), ACABAMENTO LISO, ESPESSURA 2,0 CM, PREPARO MECÂNICO DA ARGAMASSA. AF_09/2020","PISO - PISOS",null,"m²",1,34.17,34.17]
["Composição Auxiliar"," 87298 ","SINAPI","ARGAMASSA TRAÇO 1:3 (EM VOLUME DE CIMENTO E AREIA MÉDIA ÚMIDA) PARA CONTRAPISO, PREPARO MECÂNICO COM BETONEIRA 400 L. AF_08/2019","SEDI - SERVIÇOS DIVERSOS",null,"m³",3.1E-2,641.94000000000005,19.899999999999999]
["Composição Auxiliar"," 88309 ","SINAPI","PEDREIRO COM ENCARGOS COMPLEMENTARES","SEDI - SERVIÇOS DIVERSOS",null,"H",0.35399999999999998,23.85,8.44]
["Composição Auxiliar"," 88316 ","SINAPI","SERVENTE COM ENCARGOS COMPLEMENTARES","SEDI - SERVIÇOS DIVERSOS",null,"H",0.17699999999999999,18.649999999999999,3.3]
["Insumo"," 00001379 ","SINAPI","CIMENTO PORTLAND COMPOSTO CP II-32","Material",null,"KG",0.5,0.77,0.38]
["Insumo"," 00003671 ","SINAPI","JUNTA PLASTICA DE DILATACAO PARA PISOS, COR CINZA, 17 X 3 MM (ALTURA X ESPESSURA)","Material",null,"M",1.67,1.29,2.15]
[{"$nulls":4},"MO sem LS =>",4.9837133550488604,"LS =>",5.73,"MO com LS =>",10.71]
[{"$nulls":4},"Valor do BDI =>",8.26,null,"Valor com BDI =>",null,42.43]
[]
[" 2.1.10.4 ","Código","Banco","Descrição","Tipo",null,"Und","Quant.","Valor Unit","Total"]
["Composição"," 94992 ","SINAPI","EXECUÇÃO DE PASSEIO (CALÇADA) OU PISO DE CONCRETO COM CONCRETO MOLDADO IN LOCO, FEITO EM OBRA, ACABAMENTO CONVENCIONAL, ESPESSURA 6 CM, ARMADO. AF_08/2022","PISO - PISOS",null,"m²",1,86.17,86.17]
["Composição Auxiliar"," 88262 ","SINAPI","CARPINTEIRO DE FORMAS COM ENCARGOS COMPLEMENTARES","SEDI - SERVIÇOS DIVERSOS",null,"H",9.7600000000000006E-2,23.48,2.29]
["Composição Auxiliar"," 88309 ","SINAPI","PEDREIRO COM ENCARGOS COMPLEMENTARES","SEDI - SERVIÇOS DIVERSOS",null,"H",0.14829999999999999,23.85,3.53]
["Composição Auxiliar"," 88316 ","SINAPI","SERVENTE COM ENCARGOS COMPLEMENTARES","SEDI - SERVIÇOS DIVERSOS",null,"H",0.24590000000000001,18.649999999999999,4.58]
["Composição Auxiliar"," 94964 ","SINAPI","CONCRETO FCK = 20MPA, TRAÇO 1:2,7:3 (EM MASSA SECA DE CIMENTO/ AREIA MÉDIA/ BRITA 1) - PREPARO MECÂNICO COM BETONEIRA 400 L. AF_05/2021","FUES - FUNDAÇÕES E ESTRUTURAS",null,"m³",7.3899999999999993E-2,442.74,32.71]
["Insumo"," 00004517 ","SINAPI","SARRAFO *2,5 X 7,5* CM EM PINUS, MISTA OU EQUIVALENTE DA REGIAO - BRUTA","Material",null,"M",0.45,3.87,1.74]
["Insumo"," 00005068 ","SINAPI","PREGO DE ACO POLIDO COM CABECA 17 X 21 (2 X 11)","Material",null,"KG",2.4E-2,23.4,0.56000000000000005]
["Insumo"," 00007156 ","SINAPI","TELA DE ACO SOLDADA NERVURADA, CA-60, Q-196, (3,11 KG/M2), DIAMETRO DO FIO = 5,0 MM, LARGURA = 2,45 M, ESPACAMENTO DA MALHA = 10 X 10 CM","Material",null,"m²",1.0815999999999999,37.69,40.76]
[{"$nulls":4},"MO sem LS =>",5.5374592833876219,"LS =>",6.36,"MO com LS =>",11.9]
[{"$nulls":4},"Valor do BDI =>",20.83,null,"Valor com BDI =>",null,107]
[]
[" 2.1.11.1 ","Código","Banco","Descrição","Tipo",null,"Und","Quant.","Valor Unit","Total"]
["Composição"," 103105 ","SINAPI","ASSENTAMENTO DE CONEXÃO COM 2 ACESSOS, FERRO FUNDIDO PARA REDE DE ÁGUA, DN  80 MM, JUNTA FLANGEADA (NÃO INCLUI O FORNECIMENTO). AF_09/2021","ASTU - ASSENTAMENTO DE TUBOS E PECAS",null,"UN",1,47.22,47.22]
["Composição Auxiliar"," 5928 ","SINAPI","GUINDAUTO HIDRÁULICO, CAPACIDADE MÁXIMA DE CARGA 6200 KG, MOMENTO MÁXIMO DE CARGA 11,7 TM, ALCANCE MÁXIMO HORIZONTAL 9,70 M, INCLUSIVE CAMINHÃO TOCO PBT 16.000 KG, POTÊNCIA DE 189 CV - CHP DIURNO. AF_06/2014","CHOR - CUSTOS HORÁRIOS DE MÁQUINAS E EQUIPAMENTOS",null,"CHP",8.8200000000000001E-2,272.54000000000002,24.03]
["Composição Auxiliar"," 5930 ","SINAPI","GUINDAUTO HIDRÁULICO, CAPACIDADE MÁXIMA DE CARGA 6200 KG, MOMENTO MÁXIMO DE CARGA 11,7 TM, ALCANCE MÁXIMO HORIZONTAL 9,70 M, INCLUSIVE CAMINHÃO TOCO PBT 16.000 KG, POTÊNCIA DE 189 CV - CHI DIURNO. AF_06/2014","CHOR - CUSTOS HORÁRIOS DE MÁQUINAS E EQUIPAMENTOS",null,"CHI",0.1764,66.16,11.67]
["Composição Auxiliar"," 88248 ","SINAPI","AUXILIAR DE ENCANADOR OU BOMBEIRO HIDRÁULICO COM ENCARGOS COMPLEMENTARES","SEDI - SERVIÇOS DIVERSOS",null,"H",9.5600000000000004E-2,18.78,1.79]
["Composição Auxiliar"," 88267 ","SINAPI","ENCANADOR OU BOMBEIRO HIDRÁULICO COM ENCARGOS COMPLEMENTARES","SEDI - SERVIÇOS DIVERSOS",null,"H",0.34820000000000001,27.97,9.73]
[{"$nulls":4},"MO sem LS =>",6.8962308050255929,"LS =>",7.92,"MO com LS =>",14.819999999999999]
[{"$nulls":4},"Valor do BDI =>",11.41,null,"Valor com BDI =>",null,58.63]
[]
[" 2.1.11.2 ","Código","Banco","Descrição","Tipo",null,"Und","Quant.","Valor Unit","Total"]
["Composição"," 103121 ","SINAPI","ASSENTAMENTO DE CONEXÃO COM 3 ACESSOS, FERRO FUNDIDO PARA REDE DE ÁGUA, DN  80 MM, JUNTA FLANGEADA (NÃO INCLUI O FORNECIMENTO). AF_09/2021","ASTU - ASSENTAMENTO DE TUBOS E PECAS",null,"UN",1,62.1,62.1]
["Composição Auxiliar"," 5928 ","SINAPI","GUINDAUTO HIDRÁULICO, CAPACIDADE MÁXIMA DE CARGA 6200 KG, MOMENTO MÁXIMO DE CARGA 11,7 TM, ALCANCE MÁXIMO HORIZONTAL 9,70 M, INCLUSIVE CAMINHÃO TOCO PBT 16.000 KG, POTÊNCIA DE 189 CV - CHP DIURNO. AF_06/2014","CHOR - CUSTOS HORÁRIOS DE MÁQUINAS E EQUIPAMENTOS",null,"CHP",0.11070000000000001,272.54000000000002,30.17]
["Composição Auxiliar"," 5930 ","SINAPI","GUINDAUTO HIDRÁULICO, CAPACIDADE MÁXIMA DE CARGA 6200 KG, MOMENTO MÁXIMO DE CARGA 11,7 TM, ALCANCE MÁXIMO HORIZONTAL 9,70 M, INCLUSIVE CAMINHÃO TOCO PBT 16.000 KG, POTÊNCIA DE 189 CV - CHI DIURNO. AF_06/2014","CHOR - CUSTOS HORÁRIOS DE MÁQUINAS E EQUIPAMENTOS",null,"CHI",0.22140000000000001,66.16,14.64]
["Composição Auxiliar"," 88248 ","SINAPI","AUXILIAR DE ENCANADOR OU BOMBEIRO HIDRÁULICO COM ENCARGOS COMPLEMENTARES","SEDI - SERVIÇOS DIVERSOS",null,"H",0.1434,18.78,2.69]
["Composição Auxiliar"," 88267 ","SINAPI","ENCANADOR OU BOMBEIRO HIDRÁULICO COM ENCARGOS COMPLEMENTARES","SEDI - SERVIÇOS DIVERSOS",null,"H",0.5222,27.97,14.6]
[{"$nulls":4},"MO sem LS =>",9.7440670079106564,"LS =>",11.2,"MO com LS =>",20.94]
[{"$nulls":4},"Valor do BDI =>",15.01,null,"Valor com BDI =>",null,77.11]
[]
[" 2.1.11.3 ","Código","Banco","Descrição","Tipo",null,"Und","Quant.","Valor Unit","Total"]
["Composição"," 103089 ","SINAPI","ASSENTAMENTO DE TUBO DE FERRO FUNDIDO PARA REDE DE ÁGUA, DN 80 MM, JUNTA FLANGEADA (NÃO INCLUI O FORNECIMENTO). AF_09/2021","ASTU - ASSENTAMENTO DE TUBOS E PECAS",null,"M",1,11.28,11.28]
["Composição Auxiliar"," 5928 ","SINAPI","GUINDAUTO HIDRÁULICO, CAPACIDADE MÁXIMA DE CARGA 6200 KG, MOMENTO MÁXIMO DE CARGA 11,7 TM, ALCANCE MÁXIMO HORIZONTAL 9,70 M, INCLUSIVE CAMINHÃO TOCO PBT 16.000 KG, POTÊNCIA DE 189 CV - CHP DIURNO. AF_06/2014","CHOR - CUSTOS HORÁRIOS DE MÁQUINAS E EQUIPAMENTOS",null,"CHP",1.77E-2,272.54000000000002,4.82]
["Composição Auxiliar"," 5930 ","SINAPI","GUINDAUTO HIDRÁULICO, CAPACIDADE MÁXIMA DE CARGA 6200 KG, MOMENTO MÁXIMO DE CARGA 11,7 TM, ALCANCE MÁXIMO HORIZONTAL 9,70 M, INCLUSIVE CAMINHÃO TOCO PBT 16.000 KG, POTÊNCIA DE 189 CV - CHI DIURNO. AF_06/2014","CHOR - CUSTOS HORÁRIOS DE MÁQUINAS E EQUIPAMENTOS",null,"CHI",3.5400000000000001E-2,66.16,2.34]
["Composição Auxiliar"," 88248 ","SINAPI","AUXILIAR DE ENCANADOR OU BOMBEIRO HIDRÁULICO COM ENCARGOS COMPLEMENTARES","SEDI - SERVIÇOS DIVERSOS",null,"H",3.4200000000000001E-2,18.78,0.64]
["Composição Auxiliar"," 88267 ","SINAPI","ENCANADOR OU BOMBEIRO HIDRÁULICO COM ENCARGOS COMPLEMENTARES","SEDI - SERVIÇOS DIVERSOS",null,"H",0.12470000000000001,27.97,3.48]
[{"$nulls":4},"MO sem LS =>",2.0753838994881342,"LS =>",2.38,"MO com LS =>",4.46]
[{"$nulls":4},"Valor do BDI =>",2.72,null,"Valor com BDI =>",null,14]
[]
[" 2.1.11.4 ","Código","Banco","Descrição","Tipo",null,"Und","Quant.","Valor Unit","Total"]
["Composição"," 103110 ","SINAPI","ASSENTAMENTO DE CONEXÃO COM 2 ACESSOS, FERRO FUNDIDO PARA REDE DE ÁGUA, DN  300 MM, JUNTA FLANGEADA (NÃO INCLUI O FORNECIMENTO). AF_09/2021","ASTU - ASSENTAMENTO DE TUBOS E PECAS",null,"UN",1,191.37,191.37]
["Composição Auxiliar"," 5928 ","SINAPI","GUINDAUTO HIDRÁULICO, CAPACIDADE MÁXIMA DE CARGA 6200 KG, MOMENTO MÁXIMO DE CARGA 11,7 TM, ALCANCE MÁXIMO HORIZONTAL 9,70 M, INCLUSIVE CAMINHÃO TOCO PBT 16.000 KG, POTÊNCIA DE 189 CV - CHP DIURNO. AF_06/2014","CHOR - CUSTOS HORÁRIOS DE MÁQUINAS E EQUIPAMENTOS",null,"CHP",0.30609999999999998,272.54000000000002,83.42]
["Composição Auxiliar"," 5930 ","SINAPI","GUINDAUTO HIDRÁULICO, CAPACIDADE MÁXIMA DE CARGA 6200 KG, MOMENTO MÁXIMO DE CARGA 11,7 TM, ALCANCE MÁXIMO HORIZONTAL 9,70 M, INCLUSIVE CAMINHÃO TOCO PBT 16.000 KG, POTÊNCIA DE 189 CV - CHI DIURNO. AF_06/2014","CHOR - CUSTOS HORÁRIOS DE MÁQUINAS E EQUIPAMENTOS",null,"CHI",0.61219999999999997,66.16,40.5]
["Composição Auxiliar"," 88248 ","SINAPI","AUXILIAR DE ENCANADOR OU BOMBEIRO HIDRÁULICO COM ENCARGOS COMPLEMENTARES","SEDI - SERVIÇOS DIVERSOS",null,"H",0.55910000000000004,18.78,10.49]
["Composição Auxiliar"," 88267 ","SINAPI","ENCANADOR OU BOMBEIRO HIDRÁULICO COM ENCARGOS COMPLEMENTARES","SEDI - SERVIÇOS DIVERSOS",null,"H",2.0367999999999999,27.97,56.96]
[{"$nulls":4},"MO sem LS =>",34.44858073522569,"LS =>",39.58,"MO com LS =>",74.03]
[{"$nulls":4},"Valor do BDI =>",46.27,null,"Valor com BDI =>",null,237.64]
[]
[" 2.1.11.5 ","Código","Banco","Descrição","Tipo",null,"Und","Quant.","Valor Unit","Total"]
["Composição"," 103093 ","SINAPI","ASSENTAMENTO DE TUBO DE FERRO FUNDIDO PARA REDE DE ÁGUA, DN 250 MM, JUNTA FLANGEADA (NÃO INCLUI O FORNECIMENTO). AF_09/2021","ASTU - ASSENTAMENTO DE TUBOS E PECAS",null,"M",1,37.39,37.39]
["Composição Auxiliar"," 5928 ","SINAPI","GUINDAUTO HIDRÁULICO, CAPACIDADE MÁXIMA DE CARGA 6200 KG, MOMENTO MÁXIMO DE CARGA 11,7 TM, ALCANCE MÁXIMO HORIZONTAL 9,70 M, INCLUSIVE CAMINHÃO TOCO PBT 16.000 KG, POTÊNCIA DE 189 CV - CHP DIURNO. AF_06/2014","CHOR - CUSTOS HORÁRIOS DE MÁQUINAS E EQUIPAMENTOS",null,"CHP",5.5199999999999999E-2,272.54000000000002,15.04]
["Composição Auxiliar"," 5930 ","SINAPI","GUINDAUTO HIDRÁULICO, CAPACIDADE MÁXIMA DE CARGA 6200 KG, MOMENTO MÁXIMO DE CARGA 11,7 TM, ALCANCE MÁXIMO HORIZONTAL 9,70 M, INCLUSIVE CAMINHÃO TOCO PBT 16.000 KG, POTÊNCIA DE 189 CV - CHI DIURNO. AF_06/2014","CHOR - CUSTOS HORÁRIOS DE MÁQUINAS E EQUIPAMENTOS",null,"CHI",0.1104,66.16,7.3]
["Composição Auxiliar"," 88248 ","SINAPI","AUXILIAR DE ENCANADOR OU BOMBEIRO HIDRÁULICO COM ENCARGOS COMPLEMENTARES","SEDI - SERVIÇOS DIVERSOS",null,"H",0.12479999999999999,18.78,2.34]
["Composição Auxiliar"," 88267 ","SINAPI","ENCANADOR OU BOMBEIRO HIDRÁULICO COM ENCARGOS COMPLEMENTARES","SEDI - SERVIÇOS DIVERSOS",null,"H",0.4546,27.97,12.71]
[{"$nulls":4},"MO sem LS =>",7.3103769194974406,"LS =>",8.4,"MO com LS =>",15.71]
[{"$nulls":4},"Valor do BDI =>",9.0399999999999991,null,"Valor com BDI =>",null,46.43]
[]
[" 2.1.11.6 ","Código","Banco","Descrição","Tipo",null,"Und","Quant.","Valor Unit","Total"]
["Composição"," 103094 ","SINAPI","ASSENTAMENTO DE TUBO DE FERRO FUNDIDO PARA REDE DE ÁGUA, DN 300 MM, JUNTA FLANGEADA (NÃO INCLUI O FORNECIMENTO). AF_09/2021","ASTU - ASSENTAMENTO DE TUBOS E PECAS",null,"M",1,42.91,42.91]
["Composição Auxiliar"," 5928 ","SINAPI","GUINDAUTO HIDRÁULICO, CAPACIDADE MÁXIMA DE CARGA 6200 KG, MOMENTO MÁXIMO DE CARGA 11,7 TM, ALCANCE MÁXIMO HORIZONTAL 9,70 M, INCLUSIVE CAMINHÃO TOCO PBT 16.000 KG, POTÊNCIA DE 189 CV - CHP DIURNO. AF_06/2014","CHOR - CUSTOS HORÁRIOS DE MÁQUINAS E EQUIPAMENTOS",null,"CHP",6.3E-2,272.54000000000002,17.170000000000002]
["Composição Auxiliar"," 5930 ","SINAPI","GUINDAUTO HIDRÁULICO, CAPACIDADE MÁXIMA DE CARGA 6200 KG, MOMENTO MÁXIMO DE CARGA 11,7 TM, ALCANCE MÁXIMO HORIZONTAL 9,70 M, INCLUSIVE CAMINHÃO TOCO PBT 16.000 KG, POTÊNCIA DE 189 CV - CHI DIURNO. AF_06/2014","CHOR - CUSTOS HORÁRIOS DE MÁQUINAS E EQUIPAMENTOS",null,"CHI",0.12590000000000001,66.16,8.32]
["Composição Auxiliar"," 88248 ","SINAPI","AUXILIAR DE ENCANADOR OU BOMBEIRO HIDRÁULICO COM ENCARGOS COMPLEMENTARES","SEDI - SERVIÇOS DIVERSOS",null,"H",0.1444,18.78,2.71]
["Composição Auxiliar"," 88267 ","SINAPI","ENCANADOR OU BOMBEIRO HIDRÁULICO COM ENCARGOS COMPLEMENTARES","SEDI - SERVIÇOS DIVERSOS",null,"H",0.52610000000000001,27.97,14.71]
[{"$nulls":4},"MO sem LS =>",8.4364820846905531,"LS =>",9.69,"MO com LS =>",18.13]
[{"$nulls":4},"Valor do BDI =>",10.37,null,"Valor com BDI =>",null,53.28]
[]
[" 2.1.11.7 ","Código","Banco","Descrição","Tipo",null,"Und","Quant.","Valor Unit","Total"]
["Composição"," 103109 ","SINAPI","ASSENTAMENTO DE CONEXÃO COM 2 ACESSOS, FERRO FUNDIDO PARA REDE DE ÁGUA, DN  250 MM, JUNTA FLANGEADA (NÃO INCLUI O FORNECIMENTO). AF_09/2021","ASTU - ASSENTAMENTO DE TUBOS E PECAS",null,"UN",1,168.42,168.42]
["Composição Auxiliar"," 5928 ","SINAPI","GUINDAUTO HIDRÁULICO, CAPACIDADE MÁXIMA DE CARGA 6200 KG, MOMENTO MÁXIMO DE CARGA 11,7 TM, ALCANCE MÁXIMO HORIZONTAL 9,70 M, INCLUSIVE CAMINHÃO TOCO PBT 16.000 KG, POTÊNCIA DE 189 CV - CHP DIURNO. AF_06/2014","CHOR - CUSTOS HORÁRIOS DE MÁQUINAS E EQUIPAMENTOS",null,"CHP",0.27139999999999997,272.54000000000002,73.959999999999994]
["Composição Auxiliar"," 5930 ","SINAPI","GUINDAUTO HIDRÁULICO, CAPACIDADE MÁXIMA DE CARGA 6200 KG, MOMENTO MÁXIMO DE CARGA 11,7 TM, ALCANCE MÁXIMO HORIZONTAL 9,70 M, INCLUSIVE CAMINHÃO TOCO PBT 16.000 KG, POTÊNCIA DE 189 CV - CHI DIURNO. AF_06/2014","CHOR - CUSTOS HORÁRIOS DE MÁQUINAS E EQUIPAMENTOS",null,"CHI",0.54279999999999995,66.16,35.909999999999997]
["Composição Auxiliar"," 88248 ","SINAPI","AUXILIAR DE ENCANADOR OU BOMBEIRO HIDRÁULICO COM ENCARGOS COMPLEMENTARES","SEDI - SERVIÇOS DIVERSOS",null,"H",0.48530000000000001,18.78,9.11]
["Composição Auxiliar"," 88267 ","SINAPI","ENCANADOR OU BOMBEIRO HIDRÁULICO COM ENCARGOS COMPLEMENTARES","SEDI - SERVIÇOS DIVERSOS",null,"H",1.7679,27.97,49.44]
[{"$nulls":4},"MO sem LS =>",30.065146579804559,"LS =>",34.54,"MO com LS =>",64.61]
[{"$nulls":4},"Valor do BDI =>",40.72,null,"Valor com BDI =>",null,209.14]
[]
[" 2.1.11.8 ","Código","Banco","Descrição","Tipo",null,"Und","Quant.","Valor Unit","Total"]
["Composição"," 6053 ","ORSE","Assentamento de válvula de retenção em ferro fundido, diam. =   50mm a 150mm","Conversão InfoWOrca",null,"un",1,7.9,7.9]
["Composição Auxiliar"," 10549 ","ORSE","Encargos Complementares - Servente","Provisórios",null,"h",0.2114,3.75,0.79]
["Composição Auxiliar"," 10554 ","ORSE","Encargos Complementares - Encanador","Provisórios",null,"h",0.1057,3.67,0.38]
["Insumo"," 54 ","ORSE","Encarregado de turma - SICRO h","Mão de Obra",null,"h",3.5299999999999998E-2,18.225999999999999,0.64]
["Insumo"," 2497 ","ORSE","Tirfor 1,6 t - 20m de cabo Tirfor 1,6 t h","Equipamento",null,"un",0.1057,1.36,0.14000000000000001]
["Insumo"," 00002696 ","SINAPI","ENCANADOR OU BOMBEIRO HIDRAULICO (HORISTA)","Mão de Obra",null,"H",0.1057,22.88,2.41]
["Insumo"," 00004229 ","SINAPI","GRAXA LUBRIFICANTE A BASE DE LITIO, DE MULTIPLAS APLICACOES E CONTENDO ADITIVOS DE EXTREMA PRESSAO (GRAU DE VISCOSIDADE NLGI 2)","Material",null,"KG",1.7000000000000001E-2,44.98,0.76]
["Insumo"," 00006111 ","SINAPI","SERVENTE DE OBRAS","Mão de Obra",null,"H",0.2114,13.19,2.78]
[{"$nulls":4},"MO sem LS =>",2.7128896999999998,"LS =>",3.12,"MO com LS =>",5.83]
[{"$nulls":4},"Valor do BDI =>",1.91,null,"Valor com BDI =>",null,9.81]
[]
[" 2.1.11.9 ","Código","Banco","Descrição","Tipo",null,"Und","Quant.","Valor Unit","Total"]
["Composição"," 102114 ","SINAPI","BOMBA CENTRÍFUGA, TRIFÁSICA, 1 CV OU 0,99 HP, HM 14 A 40 M, Q 0,6 A 8,4 M3/H (NÃO INCLUI O FORNECIMENTO DA BOMBA). AF_12/2020","INHI - INSTALAÇÕES HIDROS SANITÁRIAS",null,"UN",1,138.13999999999999,138.13999999999999]
["Composição Auxiliar"," 88247 ","SINAPI","AUXILIAR DE ELETRICISTA COM ENCARGOS COMPLEMENTARES","SEDI - SERVIÇOS DIVERSOS",null,"H",0.63300000000000001,19.73,12.48]
["Composição Auxiliar"," 88248 ","SINAPI","AUXILIAR DE ENCANADOR OU BOMBEIRO HIDRÁULICO COM ENCARGOS COMPLEMENTARES","SEDI - SERVIÇOS DIVERSOS",null,"H",2.1145999999999998,18.78,39.71]
["Composição Auxiliar"," 88264 ","SINAPI","ELETRICISTA COM ENCARGOS COMPLEMENTARES","SEDI - SERVIÇOS DIVERSOS",null,"H",0.63300000000000001,29.1,18.420000000000002]
["Composição Auxiliar"," 88267 ","SINAPI","ENCANADOR OU BOMBEIRO HIDRÁULICO COM ENCARGOS COMPLEMENTARES","SEDI - SERVIÇOS DIVERSOS",null,"H",2.1145999999999998,27.97,59.14]
["Insumo"," 00011267 ","SINAPI","ARRUELA LISA, REDONDA, DE LATAO POLIDO, DIAMETRO NOMINAL 5/8\", DIAMETRO EXTERNO = 34 MM, DIAMETRO DO FURO = 17 MM, ESPESSURA = *2,5* MM","Material",null,"UN",4,1.56,6.24]
["Insumo"," 00039996 ","SINAPI","VERGALHAO ZINCADO ROSCA TOTAL, 1/4 \" (6,3 MM)","Material",null,"M",0.2,4.37,0.87]
["Insumo"," 00039997 ","SINAPI","PORCA ZINCADA, SEXTAVADA, DIAMETRO 1/4\"","Material",null,"UN",4,0.32,1.28]
[{"$nulls":4},"MO sem LS =>",48.064215914378778,"LS =>",55.23,"MO com LS =>",103.28999999999999]
[{"$nulls":4},"Valor do BDI =>",33.4,null,"Valor com BDI =>",null,171.54]
[]
[" 2.1.11.10 ","Código","Banco","Descrição","Tipo",null,"Und","Quant.","Valor Unit","Total"]
["Composição"," 6015 ","ORSE","Assentamento de registro de gaveta em ferro fundido com flanges, diam. =   50mm a 150mm","Assentamento de Registros",null,"un",1,14.45,14.45]
["Composição Auxiliar"," 10549 ","ORSE","Encargos Complementares - Servente","Provisórios",null,"h",0.43519999999999998,3.75,1.63]
["Composição Auxiliar"," 10554 ","ORSE","Encargos Complementares - Encanador","Provisórios",null,"h",0.21759999999999999,3.67,0.79]
["Insumo"," 54 ","ORSE","Encarregado de turma - SICRO h","Mão de Obra",null,"h",7.2499999999999995E-2,18.225999999999999,1.32]
["Insumo"," 00002696 ","SINAPI","ENCANADOR OU BOMBEIRO HIDRAULICO (HORISTA)","Mão de Obra",null,"H",0.21759999999999999,22.88,4.97]
["Insumo"," 00006111 ","SINAPI","SERVENTE DE OBRAS","Mão de Obra",null,"H",0.43519999999999998,13.19,5.74]
[{"$nulls":4},"MO sem LS =>",5.5979524999999999,"LS =>",6.43,"MO com LS =>",12.03]
[{"$nulls":4},"Valor do BDI =>",3.49,null,"Valor com BDI =>",null,17.940000000000001]
[]
[" 2.1.11.11 ","Código","Banco","Descrição","Tipo",null,"Und","Quant.","Valor Unit","Total"]
["Composição"," 6016 ","ORSE","Assentamento de registro de gaveta em ferro fundido com flanges, diam. =  200mm a 300mm","Assentamento de Registros",null,"un",1,37.049999999999997,37.049999999999997]
["Composição Auxiliar"," 10549 ","ORSE","Encargos Complementares - Servente","Provisórios",null,"h",1.0014000000000001,3.75,3.75]
["Composição Auxiliar"," 10554 ","ORSE","Encargos Complementares - Encanador","Provisórios",null,"h",0.50070000000000003,3.67,1.83]
["Insumo"," 54 ","ORSE","Encarregado de turma - SICRO h","Mão de Obra",null,"h",0.16689999999999999,18.225999999999999,3.04]
["Insumo"," 2491 ","ORSE","Talha compacta nt cap. 500 kg c/ 5,00m de elevação h","Equipamento",null,"un",0.50070000000000003,7.56,3.78]
["Insumo"," 00002696 ","SINAPI","ENCANADOR OU BOMBEIRO HIDRAULICO (HORISTA)","Mão de Obra",null,"H",0.50070000000000003,22.88,11.45]
["Insumo"," 00006111 ","SINAPI","SERVENTE DE OBRAS","Mão de Obra",null,"H",1.0014000000000001,13.19,13.2]
[{"$nulls":4},"MO sem LS =>",12.8850628,"LS =>",14.8,"MO com LS =>",27.69]
[{"$nulls":4},"Valor do BDI =>",8.9499999999999993,null,"Valor com BDI =>",null,46]
[]
[" 2.1.11.12 ","Código","Banco","Descrição","Tipo",null,"Und","Quant.","Valor Unit","Total"]
["Composição"," 103126 ","SINAPI","ASSENTAMENTO DE CONEXÃO COM 3 ACESSOS, FERRO FUNDIDO PARA REDE DE ÁGUA, DN  300 MM, JUNTA FLANGEADA (NÃO INCLUI O FORNECIMENTO). AF_09/2021","ASTU - ASSENTAMENTO DE TUBOS E PECAS",null,"UN",1,278.32,278.32]
["Composição Auxiliar"," 5928 ","SINAPI","GUINDAUTO HIDRÁULICO, CAPACIDADE MÁXIMA DE CARGA 6200 KG, MOMENTO MÁXIMO DE CARGA 11,7 TM, ALCANCE MÁXIMO HORIZONTAL 9,70 M, INCLUSIVE CAMINHÃO TOCO PBT 16.000 KG, POTÊNCIA DE 189 CV - CHP DIURNO. AF_06/2014","CHOR - CUSTOS HORÁRIOS DE MÁQUINAS E EQUIPAMENTOS",null,"CHP",0.4375,272.54000000000002,119.23]
["Composição Auxiliar"," 5930 ","SINAPI","GUINDAUTO HIDRÁULICO, CAPACIDADE MÁXIMA DE CARGA 6200 KG, MOMENTO MÁXIMO DE CARGA 11,7 TM, ALCANCE MÁXIMO HORIZONTAL 9,70 M, INCLUSIVE CAMINHÃO TOCO PBT 16.000 KG, POTÊNCIA DE 189 CV - CHI DIURNO. AF_06/2014","CHOR - CUSTOS HORÁRIOS DE MÁQUINAS E EQUIPAMENTOS",null,"CHI",0.875,66.16,57.89]
["Composição Auxiliar"," 88248 ","SINAPI","AUXILIAR DE ENCANADOR OU BOMBEIRO HIDRÁULICO COM ENCARGOS COMPLEMENTARES","SEDI - SERVIÇOS DIVERSOS",null,"H",0.8387,18.78,15.75]
["Composição Auxiliar"," 88267 ","SINAPI","ENCANADOR OU BOMBEIRO HIDRÁULICO COM ENCARGOS COMPLEMENTARES","SEDI - SERVIÇOS DIVERSOS",null,"H",3.0552000000000001,27.97,85.45]
[{"$nulls":4},"MO sem LS =>",51.060958585388548,"LS =>",58.67,"MO com LS =>",109.72999999999999]
[{"$nulls":4},"Valor do BDI =>",67.290000000000006,null,"Valor com BDI =>",null,345.61]
[]
[" 2.1.11.13 ","Código","Banco","Descrição","Tipo",null,"Und","Quant.","Valor Unit","Total"]
["Composição"," 97125 ","SINAPI","ASSENTAMENTO DE TUBO DE PVC PBA PARA REDE DE ÁGUA, DN 75 MM, JUNTA ELÁSTICA INTEGRADA, INSTALADO EM LOCAL COM NÍVEL BAIXO DE INTERFERÊNCIAS (NÃO INCLUI FORNECIMENTO). AF_11/2017","ASTU - ASSENTAMENTO DE TUBOS E PECAS",null,"M",1,1.06,1.06]
["Composição Auxiliar"," 88246 ","SINAPI","ASSENTADOR DE TUBOS COM ENCARGOS COMPLEMENTARES","SEDI - SERVIÇOS DIVERSOS",null,"H",2.41E-2,19.100000000000001,0.46]
["Composição Auxiliar"," 88316 ","SINAPI","SERVENTE COM ENCARGOS COMPLEMENTARES","SEDI - SERVIÇOS DIVERSOS",null,"H",2.41E-2,18.649999999999999,0.44]
["Insumo"," 00020078 ","SINAPI","PASTA LUBRIFICANTE PARA TUBOS E CONEXOES COM JUNTA ELASTICA, EMBALAGEM DE *400* GR (USO EM PVC, ACO, POLIETILENO E OUTROS)","Material",null,"UN",7.4999999999999997E-3,21.4,0.16]
[{"$nulls":4},"MO sem LS =>",0.31642624476500697,"LS =>",0.36,"MO com LS =>",0.68]
[{"$nulls":4},"Valor do BDI =>",0.25,null,"Valor com BDI =>",null,1.31]
[]
[" 2.1.11.14 ","Código","Banco","Descrição","Tipo",null,"Und","Quant.","Valor Unit","Total"]
["Composição"," GRR-23-0026 ","Próprio","MONTAGEM DE MONOVIA PARA TALHA E TROLEY MANUAL CAPACIDADE DE CARGA DE 1,0T","SEDI - SERVIÇOS DIVERSOS",null,"UN",1,817.44,817.44]
["Composição Auxiliar"," 88278 ","SINAPI","MONTADOR DE ESTRUTURA METÁLICA COM ENCARGOS COMPLEMENTARES","SEDI - SERVIÇOS DIVERSOS",null,"H",24,18.03,432.72]
["Composição Auxiliar"," 88250 ","SINAPI","AUXILIAR DE MECÂNICO COM ENCARGOS COMPLEMENTARES","SEDI - SERVIÇOS DIVERSOS",null,"H",24,16.03,384.72]
[{"$nulls":4},"MO sem LS =>",287.46393669999998,"LS =>",330.3,"MO com LS =>",617.76]
[{"$nulls":4},"Valor do BDI =>",197.65,null,"Valor com BDI =>",null,1015.09]
[]
[" 2.1.11.15 ","Código","Banco","Descrição","Tipo",null,"Und","Quant.","Valor Unit","Total"]
["Composição"," 2642 ","ORSE","Escada marinheiro em barra chata de ferro 2\" x 5/16\"","Serviços de Proteção e Segurança",null,"m",1,383.7,383.7]
["Composição Auxiliar"," 10549 ","ORSE","Encargos Complementares - Servente","Provisórios",null,"h",1.5,3.75,5.62]
["Composição Auxiliar"," 10550 ","ORSE","Encargos Complementares - Pedreiro","Provisórios",null,"h",0.5,3.61,1.8]
["Composição Auxiliar"," 10555 ","ORSE","Encargos Complementares - Armador","Provisórios",null,"h",3,3.58,10.74]
["Composição Auxiliar"," 10603 ","ORSE","Encargos Complementares - Soldador","Provisórios",null,"h",3,4.3,12.9]
["Insumo"," 262 ","ORSE","Barra quadrada de ferro 3/4\" (2,85 kg/m) m","Material",null,"kg",2.2000000000000002,29.7,65.34]
["Insumo"," 00000378 ","SINAPI","ARMADOR (HORISTA)","Mão de Obra",null,"H",3,18.11,54.33]
["Insumo"," 00000560 ","SINAPI","BARRA DE ACO CHATO, RETANGULAR, 50,8 MM X 7,94 MM (L X E), 3,162 KG/M","Material",null,"M",3,38.11,114.33]
["Insumo"," 00004750 ","SINAPI","PEDREIRO (HORISTA)","Mão de Obra",null,"H",0.5,18.11,9.0500000000000007]
["Insumo"," 00006111 ","SINAPI","SERVENTE DE OBRAS","Mão de Obra",null,"H",1.5,13.19,19.78]
["Insumo"," 00006160 ","SINAPI","SOLDADOR (HORISTA)","Mão de Obra",null,"H",3,20.67,62.01]
["Insumo"," 00010997 ","SINAPI","ELETRODO REVESTIDO AWS - E7018, DIAMETRO IGUAL A 4,00 MM","Material",null,"KG",0.5,55.6,27.8]
[{"$nulls":4},"MO sem LS =>",67.552349899999996,"LS =>",77.62,"MO com LS =>",145.16999999999999]
[{"$nulls":4},"Valor do BDI =>",92.77,null,"Valor com BDI =>",null,476.47]
[]
[" 2.1.11.16 ","Código","Banco","Descrição","Tipo",null,"Und","Quant.","Valor Unit","Total"]
["Composição"," 11499 ","ORSE","Guarda-corpo para escada marinheiro, com 05 (cinco) barras chatas verticais 1 1/4\" x 3/16\" e arco a cada 30cm de 1 1/4\" x 3/16\", fixada com parabolt - fornecimento e instalação","Esquadrias de Ferro",null,"m",1,110.98,110.98]
["Insumo"," 12437 ","ORSE","Guarda-corpo para escada marinheiro, com 05 (cinco) barras chatas verticais 1 1/4\" x 3/16\" e arco a cada 30cm de 1 1/4\" x 3/16\", fixada com parabolt, instalado m","Material",null,"m",1,110.98,110.98]
[{"$nulls":4},"MO sem LS =>",0,"LS =>",0,"MO com LS =>",0]
[{"$nulls":4},"Valor do BDI =>",26.83,null,"Valor com BDI =>",null,137.81]
[]
[" 2.1.11.17 ","Código","Banco","Descrição","Tipo",null,"Und","Quant.","Valor Unit","Total"]
["Composição"," 97898 ","SINAPI","CAIXA ENTERRADA HIDRÁULICA RETANGULAR, EM CONCRETO PRÉ-MOLDADO, DIMENSÕES INTERNAS: 0,8X0,8X0,5 M. AF_12/2020","INHI - INSTALAÇÕES HIDROS SANITÁRIAS",null,"UN",1,632.87,632.87]
["Composição Auxiliar"," 101618 ","SINAPI","PREPARO DE FUNDO DE VALA COM LARGURA MENOR QUE 1,5 M, COM CAMADA DE AREIA, LANÇAMENTO MANUAL. AF_08/2020","MOVT - MOVIMENTO DE TERRA",null,"m³",6.0499999999999998E-2,212.73,12.87]
["Composição Auxiliar"," 5678 ","SINAPI","RETROESCAVADEIRA SOBRE RODAS COM CARREGADEIRA, TRAÇÃO 4X4, POTÊNCIA LÍQ. 88 HP, CAÇAMBA CARREG. CAP. MÍN. 1 M3, CAÇAMBA RETRO CAP. 0,26 M3, PESO OPERACIONAL MÍN. 6.674 KG, PROFUNDIDADE ESCAVAÇÃO MÁX. 4,37 M - CHP DIURNO. AF_06/2014","CHOR - CUSTOS HORÁRIOS DE MÁQUINAS E EQUIPAMENTOS",null,"CHP",7.3800000000000004E-2,135.29,9.98]
["Composição Auxiliar"," 5679 ","SINAPI","RETROESCAVADEIRA SOBRE RODAS COM CARREGADEIRA, TRAÇÃO 4X4, POTÊNCIA LÍQ. 88 HP, CAÇAMBA CARREG. CAP. MÍN. 1 M3, CAÇAMBA RETRO CAP. 0,26 M3, PESO OPERACIONAL MÍN. 6.674 KG, PROFUNDIDADE ESCAVAÇÃO MÁX. 4,37 M - CHI DIURNO. AF_06/2014","CHOR - CUSTOS HORÁRIOS DE MÁQUINAS E EQUIPAMENTOS",null,"CHI",0.15040000000000001,53.3,8.01]
["Composição Auxiliar"," 88309 ","SINAPI","PEDREIRO COM ENCARGOS COMPLEMENTARES","SEDI - SERVIÇOS DIVERSOS",null,"H",0.14530000000000001,23.85,3.46]
["Composição Auxiliar"," 88316 ","SINAPI","SERVENTE COM ENCARGOS COMPLEMENTARES","SEDI - SERVIÇOS DIVERSOS",null,"H",0.1142,18.649999999999999,2.12]
["Composição Auxiliar"," 97735 ","SINAPI","PEÇA RETANGULAR PRÉ-MOLDADA, VOLUME DE CONCRETO DE 30 A 100 LITROS, TAXA DE AÇO APROXIMADA DE 30KG/M³. AF_01/2018","FUES - FUNDAÇÕES E ESTRUTURAS",null,"m³",5.67E-2,2243.36,127.19]
["Insumo"," 00043437 ","SINAPI","CAIXA DE CONCRETO ARMADO PRE-MOLDADO, COM FUNDO E SEM TAMPA, DIMENSOES DE 0,80 X 0,80 X 0,50 M","Material",null,"UN",1,469.24,469.24]
[{"$nulls":4},"MO sem LS =>",32.173103769194974,"LS =>",36.97,"MO com LS =>",69.14]
[{"$nulls":4},"Valor do BDI =>",153.02000000000001,null,"Valor com BDI =>",null,785.89]
[]
[" 2.2.11.4 ","Código","Banco","Descrição","Tipo",null,"Und","Quant.","Valor Unit","Total"]
["Composição"," 103107 ","SINAPI","ASSENTAMENTO DE CONEXÃO COM 2 ACESSOS, FERRO FUNDIDO PARA REDE DE ÁGUA, DN  150 MM, JUNTA FLANGEADA (NÃO INCLUI O FORNECIMENTO). AF_09/2021","ASTU - ASSENTAMENTO DE TUBOS E PECAS",null,"UN",1,79.37,79.37]
["Composição Auxiliar"," 5928 ","SINAPI","GUINDAUTO HIDRÁULICO, CAPACIDADE MÁXIMA DE CARGA 6200 KG, MOMENTO MÁXIMO DE CARGA 11,7 TM, ALCANCE MÁXIMO HORIZONTAL 9,70 M, INCLUSIVE CAMINHÃO TOCO PBT 16.000 KG, POTÊNCIA DE 189 CV - CHP DIURNO. AF_06/2014","CHOR - CUSTOS HORÁRIOS DE MÁQUINAS E EQUIPAMENTOS",null,"CHP",0.1368,272.54000000000002,37.28]
["Composição Auxiliar"," 5930 ","SINAPI","GUINDAUTO HIDRÁULICO, CAPACIDADE MÁXIMA DE CARGA 6200 KG, MOMENTO MÁXIMO DE CARGA 11,7 TM, ALCANCE MÁXIMO HORIZONTAL 9,70 M, INCLUSIVE CAMINHÃO TOCO PBT 16.000 KG, POTÊNCIA DE 189 CV - CHI DIURNO. AF_06/2014","CHOR - CUSTOS HORÁRIOS DE MÁQUINAS E EQUIPAMENTOS",null,"CHI",0.27360000000000001,66.16,18.100000000000001]
["Composição Auxiliar"," 88248 ","SINAPI","AUXILIAR DE ENCANADOR OU BOMBEIRO HIDRÁULICO COM ENCARGOS COMPLEMENTARES","SEDI - SERVIÇOS DIVERSOS",null,"H",0.19889999999999999,18.78,3.73]
["Composição Auxiliar"," 88267 ","SINAPI","ENCANADOR OU BOMBEIRO HIDRÁULICO COM ENCARGOS COMPLEMENTARES","SEDI - SERVIÇOS DIVERSOS",null,"H",0.72470000000000001,27.97,20.260000000000002]
[{"$nulls":4},"MO sem LS =>",13.043275942298743,"LS =>",14.99,"MO com LS =>",28.03]
[{"$nulls":4},"Valor do BDI =>",19.190000000000001,null,"Valor com BDI =>",null,98.56]
[]
[" 2.2.11.5 ","Código","Banco","Descrição","Tipo",null,"Und","Quant.","Valor Unit","Total"]
["Composição"," 103090 ","SINAPI","ASSENTAMENTO DE TUBO DE FERRO FUNDIDO PARA REDE DE ÁGUA, DN 100 MM, JUNTA FLANGEADA (NÃO INCLUI O FORNECIMENTO). AF_09/2021","ASTU - ASSENTAMENTO DE TUBOS E PECAS",null,"M",1,13.48,13.48]
["Composição Auxiliar"," 5928 ","SINAPI","GUINDAUTO HIDRÁULICO, CAPACIDADE MÁXIMA DE CARGA 6200 KG, MOMENTO MÁXIMO DE CARGA 11,7 TM, ALCANCE MÁXIMO HORIZONTAL 9,70 M, INCLUSIVE CAMINHÃO TOCO PBT 16.000 KG, POTÊNCIA DE 189 CV - CHP DIURNO. AF_06/2014","CHOR - CUSTOS HORÁRIOS DE MÁQUINAS E EQUIPAMENTOS",null,"CHP",2.0799999999999999E-2,272.54000000000002,5.66]
["Composição Auxiliar"," 5930 ","SINAPI","GUINDAUTO HIDRÁULICO, CAPACIDADE MÁXIMA DE CARGA 6200 KG, MOMENTO MÁXIMO DE CARGA 11,7 TM, ALCANCE MÁXIMO HORIZONTAL 9,70 M, INCLUSIVE CAMINHÃO TOCO PBT 16.000 KG, POTÊNCIA DE 189 CV - CHI DIURNO. AF_06/2014","CHOR - CUSTOS HORÁRIOS DE MÁQUINAS E EQUIPAMENTOS",null,"CHI",4.1599999999999998E-2,66.16,2.75]
["Composição Auxiliar"," 88248 ","SINAPI","AUXILIAR DE ENCANADOR OU BOMBEIRO HIDRÁULICO COM ENCARGOS COMPLEMENTARES","SEDI - SERVIÇOS DIVERSOS",null,"H",4.2099999999999999E-2,18.78,0.79]
["Composição Auxiliar"," 88267 ","SINAPI","ENCANADOR OU BOMBEIRO HIDRÁULICO COM ENCARGOS COMPLEMENTARES","SEDI - SERVIÇOS DIVERSOS",null,"H",0.1532,27.97,4.28]
[{"$nulls":4},"MO sem LS =>",2.5221033038622616,"LS =>",2.9,"MO com LS =>",5.42]
[{"$nulls":4},"Valor do BDI =>",3.25,null,"Valor com BDI =>",null,16.73]
[]
[" 2.2.11.6 ","Código","Banco","Descrição","Tipo",null,"Und","Quant.","Valor Unit","Total"]
["Composição"," 103091 ","SINAPI","ASSENTAMENTO DE TUBO DE FERRO FUNDIDO PARA REDE DE ÁGUA, DN 150 MM, JUNTA FLANGEADA (NÃO INCLUI O FORNECIMENTO). AF_09/2021","ASTU - ASSENTAMENTO DE TUBOS E PECAS",null,"M",1,18.96,18.96]
["Composição Auxiliar"," 5928 ","SINAPI","GUINDAUTO HIDRÁULICO, CAPACIDADE MÁXIMA DE CARGA 6200 KG, MOMENTO MÁXIMO DE CARGA 11,7 TM, ALCANCE MÁXIMO HORIZONTAL 9,70 M, INCLUSIVE CAMINHÃO TOCO PBT 16.000 KG, POTÊNCIA DE 189 CV - CHP DIURNO. AF_06/2014","CHOR - CUSTOS HORÁRIOS DE MÁQUINAS E EQUIPAMENTOS",null,"CHP",2.8500000000000001E-2,272.54000000000002,7.76]
["Composição Auxiliar"," 5930 ","SINAPI","GUINDAUTO HIDRÁULICO, CAPACIDADE MÁXIMA DE CARGA 6200 KG, MOMENTO MÁXIMO DE CARGA 11,7 TM, ALCANCE MÁXIMO HORIZONTAL 9,70 M, INCLUSIVE CAMINHÃO TOCO PBT 16.000 KG, POTÊNCIA DE 189 CV - CHI DIURNO. AF_06/2014","CHOR - CUSTOS HORÁRIOS DE MÁQUINAS E EQUIPAMENTOS",null,"CHI",5.7000000000000002E-2,66.16,3.77]
["Composição Auxiliar"," 88248 ","SINAPI","AUXILIAR DE ENCANADOR OU BOMBEIRO HIDRÁULICO COM ENCARGOS COMPLEMENTARES","SEDI - SERVIÇOS DIVERSOS",null,"H",6.1699999999999998E-2,18.78,1.1499999999999999]
["Composição Auxiliar"," 88267 ","SINAPI","ENCANADOR OU BOMBEIRO HIDRÁULICO COM ENCARGOS COMPLEMENTARES","SEDI - SERVIÇOS DIVERSOS",null,"H",0.22470000000000001,27.97,6.28]
[{"$nulls":4},"MO sem LS =>",3.6389018147975802,"LS =>",4.18,"MO com LS =>",7.82]
[{"$nulls":4},"Valor do BDI =>",4.58,null,"Valor com BDI =>",null,23.54]
[]
[" 2.2.11.7 ","Código","Banco","Descrição","Tipo",null,"Und","Quant.","Valor Unit","Total"]
["Composição"," 103106 ","SINAPI","ASSENTAMENTO DE CONEXÃO COM 2 ACESSOS, FERRO FUNDIDO PARA REDE DE ÁGUA, DN  100 MM, JUNTA FLANGEADA (NÃO INCLUI O FORNECIMENTO). AF_09/2021","ASTU - ASSENTAMENTO DE TUBOS E PECAS",null,"UN",1,56.4,56.4]
["Composição Auxiliar"," 5928 ","SINAPI","GUINDAUTO HIDRÁULICO, CAPACIDADE MÁXIMA DE CARGA 6200 KG, MOMENTO MÁXIMO DE CARGA 11,7 TM, ALCANCE MÁXIMO HORIZONTAL 9,70 M, INCLUSIVE CAMINHÃO TOCO PBT 16.000 KG, POTÊNCIA DE 189 CV - CHP DIURNO. AF_06/2014","CHOR - CUSTOS HORÁRIOS DE MÁQUINAS E EQUIPAMENTOS",null,"CHP",0.1021,272.54000000000002,27.82]
["Composição Auxiliar"," 5930 ","SINAPI","GUINDAUTO HIDRÁULICO, CAPACIDADE MÁXIMA DE CARGA 6200 KG, MOMENTO MÁXIMO DE CARGA 11,7 TM, ALCANCE MÁXIMO HORIZONTAL 9,70 M, INCLUSIVE CAMINHÃO TOCO PBT 16.000 KG, POTÊNCIA DE 189 CV - CHI DIURNO. AF_06/2014","CHOR - CUSTOS HORÁRIOS DE MÁQUINAS E EQUIPAMENTOS",null,"CHI",0.20419999999999999,66.16,13.5]
["Composição Auxiliar"," 88248 ","SINAPI","AUXILIAR DE ENCANADOR OU BOMBEIRO HIDRÁULICO COM ENCARGOS COMPLEMENTARES","SEDI - SERVIÇOS DIVERSOS",null,"H",0.12509999999999999,18.78,2.34]
["Composição Auxiliar"," 88267 ","SINAPI","ENCANADOR OU BOMBEIRO HIDRÁULICO COM ENCARGOS COMPLEMENTARES","SEDI - SERVIÇOS DIVERSOS",null,"H",0.45569999999999999,27.97,12.74]
[{"$nulls":4},"MO sem LS =>",8.6551884597487199,"LS =>",9.94,"MO com LS =>",18.600000000000001]
[{"$nulls":4},"Valor do BDI =>",13.63,null,"Valor com BDI =>",null,70.03]
[]
[" 2.2.11.9 ","Código","Banco","Descrição","Tipo",null,"Und","Quant.","Valor Unit","Total"]
["Composição"," 102119 ","SINAPI","BOMBA CENTRÍFUGA, TRIFÁSICA, 3 CV OU 2,96 HP, HM 34 A 40 M, Q 8,6 A 14,8 M3/H (NÃO INCLUI O FORNECIMENTO DA BOMBA). AF_12/2020","INHI - INSTALAÇÕES HIDROS SANITÁRIAS",null,"UN",1,145.74,145.74]
["Composição Auxiliar"," 88247 ","SINAPI","AUXILIAR DE ELETRICISTA COM ENCARGOS COMPLEMENTARES","SEDI - SERVIÇOS DIVERSOS",null,"H",0.63300000000000001,19.73,12.48]
["Composição Auxiliar"," 88248 ","SINAPI","AUXILIAR DE ENCANADOR OU BOMBEIRO HIDRÁULICO COM ENCARGOS COMPLEMENTARES","SEDI - SERVIÇOS DIVERSOS",null,"H",2.2774000000000001,18.78,42.76]
["Composição Auxiliar"," 88264 ","SINAPI","ELETRICISTA COM ENCARGOS COMPLEMENTARES","SEDI - SERVIÇOS DIVERSOS",null,"H",0.63300000000000001,29.1,18.420000000000002]
["Composição Auxiliar"," 88267 ","SINAPI","ENCANADOR OU BOMBEIRO HIDRÁULICO COM ENCARGOS COMPLEMENTARES","SEDI - SERVIÇOS DIVERSOS",null,"H",2.2774000000000001,27.97,63.69]
["Insumo"," 00011267 ","SINAPI","ARRUELA LISA, REDONDA, DE LATAO POLIDO, DIAMETRO NOMINAL 5/8\", DIAMETRO EXTERNO = 34 MM, DIAMETRO DO FURO = 17 MM, ESPESSURA = *2,5* MM","Material",null,"UN",4,1.56,6.24]
["Insumo"," 00039996 ","SINAPI","VERGALHAO ZINCADO ROSCA TOTAL, 1/4 \" (6,3 MM)","Material",null,"M",0.2,4.37,0.87]
["Insumo"," 00039997 ","SINAPI","PORCA ZINCADA, SEXTAVADA, DIAMETRO 1/4\"","Material",null,"UN",4,0.32,1.28]
[{"$nulls":4},"MO sem LS =>",50.89809213587715,"LS =>",58.48,"MO com LS =>",109.38]
[{"$nulls":4},"Valor do BDI =>",35.229999999999997,null,"Valor com BDI =>",null,180.97]
[]
[" 2.2.11.11 ","Código","Banco","Descrição","Tipo",null,"Und","Quant.","Valor Unit","Total"]
["Composição"," 103123 ","SINAPI","ASSENTAMENTO DE CONEXÃO COM 3 ACESSOS, FERRO FUNDIDO PARA REDE DE ÁGUA, DN  150 MM, JUNTA FLANGEADA (NÃO INCLUI O FORNECIMENTO). AF_09/2021","ASTU - ASSENTAMENTO DE TUBOS E PECAS",null,"UN",1,110.31,110.31]
["Composição Auxiliar"," 5928 ","SINAPI","GUINDAUTO HIDRÁULICO, CAPACIDADE MÁXIMA DE CARGA 6200 KG, MOMENTO MÁXIMO DE CARGA 11,7 TM, ALCANCE MÁXIMO HORIZONTAL 9,70 M, INCLUSIVE CAMINHÃO TOCO PBT 16.000 KG, POTÊNCIA DE 189 CV - CHP DIURNO. AF_06/2014","CHOR - CUSTOS HORÁRIOS DE MÁQUINAS E EQUIPAMENTOS",null,"CHP",0.18360000000000001,272.54000000000002,50.03]
["Composição Auxiliar"," 5930 ","SINAPI","GUINDAUTO HIDRÁULICO, CAPACIDADE MÁXIMA DE CARGA 6200 KG, MOMENTO MÁXIMO DE CARGA 11,7 TM, ALCANCE MÁXIMO HORIZONTAL 9,70 M, INCLUSIVE CAMINHÃO TOCO PBT 16.000 KG, POTÊNCIA DE 189 CV - CHI DIURNO. AF_06/2014","CHOR - CUSTOS HORÁRIOS DE MÁQUINAS E EQUIPAMENTOS",null,"CHI",0.36709999999999998,66.16,24.28]
["Composição Auxiliar"," 88248 ","SINAPI","AUXILIAR DE ENCANADOR OU BOMBEIRO HIDRÁULICO COM ENCARGOS COMPLEMENTARES","SEDI - SERVIÇOS DIVERSOS",null,"H",0.2984,18.78,5.6]
["Composição Auxiliar"," 88267 ","SINAPI","ENCANADOR OU BOMBEIRO HIDRÁULICO COM ENCARGOS COMPLEMENTARES","SEDI - SERVIÇOS DIVERSOS",null,"H",1.087,27.97,30.4]
[{"$nulls":4},"MO sem LS =>",18.95300139599814,"LS =>",21.78,"MO com LS =>",40.729999999999997]
[{"$nulls":4},"Valor do BDI =>",26.67,null,"Valor com BDI =>",null,136.97999999999999]
[]
[" 2.3.10.1 ","Código","Banco","Descrição","Tipo",null,"Und","Quant.","Valor Unit","Total"]
["Composição"," 102704 ","SINAPI","TUBO DE PEAD CORRUGADO PERFURADO, DN 100 MM, PARA DRENO - FORNECIMENTO E ASSENTAMENTO. AF_07/2021","DROP - DRENAGEM/OBRAS DE CONTENÇÃO / POÇOS DE VISITA E CAIXAS",null,"M",1,10.96,10.96]
["Composição Auxiliar"," 88309 ","SINAPI","PEDREIRO COM ENCARGOS COMPLEMENTARES","SEDI - SERVIÇOS DIVERSOS",null,"H",4.8999999999999998E-3,23.85,0.11]
["Composição Auxiliar"," 88316 ","SINAPI","SERVENTE COM ENCARGOS COMPLEMENTARES","SEDI - SERVIÇOS DIVERSOS",null,"H",1.4800000000000001E-2,18.649999999999999,0.27]
["Insumo"," 00038052 ","SINAPI","TUBO DRENO, CORRUGADO, ESPIRALADO, FLEXIVEL, PERFURADO, EM POLIETILENO DE ALTA DENSIDADE (PEAD), DN 100 MM, (4\") PARA DRENAGEM - EM ROLO (NORMA DNIT 093/2006 - E.M)","Material",null,"M",1.0029999999999999,10.55,10.58]
[{"$nulls":4},"MO sem LS =>",0.13029315960912052,"LS =>",0.15,"MO com LS =>",0.28000000000000003]
[{"$nulls":4},"Valor do BDI =>",2.65,null,"Valor com BDI =>",null,13.61]
[]
[" 2.3.10.2 ","Código","Banco","Descrição","Tipo",null,"Und","Quant.","Valor Unit","Total"]
["Composição"," 102719 ","SINAPI","ENCHIMENTO DE BRITA PARA DRENO, LANÇAMENTO MANUAL. AF_07/2021","DROP - DRENAGEM/OBRAS DE CONTENÇÃO / POÇOS DE VISITA E CAIXAS",null,"m³",1,114.86,114.86]
["Composição Auxiliar"," 88309 ","SINAPI","PEDREIRO COM ENCARGOS COMPLEMENTARES","SEDI - SERVIÇOS DIVERSOS",null,"H",0.37109999999999999,23.85,8.85]
["Composição Auxiliar"," 88316 ","SINAPI","SERVENTE COM ENCARGOS COMPLEMENTARES","SEDI - SERVIÇOS DIVERSOS",null,"H",1.1133999999999999,18.649999999999999,20.76]
["Insumo"," 00004718 ","SINAPI","PEDRA BRITADA N. 2 (19 A 38 MM) POSTO PEDREIRA/FORNECEDOR, SEM FRETE","Material",null,"m³",1.1000000000000001,77.5,85.25]
[{"$nulls":4},"MO sem LS =>",10.172173103769195,"LS =>",11.69,"MO com LS =>",21.86]
[{"$nulls":4},"Valor do BDI =>",27.77,null,"Valor com BDI =>",null,142.63]
[]
[" 2.3.11.8 ","Código","Banco","Descrição","Tipo",null,"Und","Quant.","Valor Unit","Total"]
["Composição"," 9228 ","ORSE","Assentamento de conexões em ferro galvanizado diam.=  4\"","Assentamento/Montagem de Tubos e Conexões",null,"un",1,15.67,15.67]
["Composição Auxiliar"," 10549 ","ORSE","Encargos Complementares - Servente","Provisórios",null,"h",0.34,3.75,1.27]
["Composição Auxiliar"," 10554 ","ORSE","Encargos Complementares - Encanador","Provisórios",null,"h",0.34,3.67,1.24]
["Insumo"," 981 ","ORSE","Fita veda rosca 18mm m","Material",null,"m",3.5,0.26,0.91]
["Insumo"," 00002696 ","SINAPI","ENCANADOR OU BOMBEIRO HIDRAULICO (HORISTA)","Mão de Obra",null,"H",0.34,22.88,7.77]
["Insumo"," 00006111 ","SINAPI","SERVENTE DE OBRAS","Mão de Obra",null,"H",0.34,13.19,4.4800000000000004]
[{"$nulls":4},"MO sem LS =>",5.7003256999999996,"LS =>",6.55,"MO com LS =>",12.25]
[{"$nulls":4},"Valor do BDI =>",3.78,null,"Valor com BDI =>",null,19.45]
[]
[" 2.3.11.9 ","Código","Banco","Descrição","Tipo",null,"Und","Quant.","Valor Unit","Total"]
["Composição"," 102121 ","SINAPI","MOTO BOMBA HORIZONTAL ATÉ 10 CV, HM 75 A 80 M, Q 25,4 A 48 (NÃO INCLUI O FORNECIMENTO DA BOMBA). AF_12/2020","INHI - INSTALAÇÕES HIDROS SANITÁRIAS",null,"UN",1,182.55,182.55]
["Composição Auxiliar"," 88247 ","SINAPI","AUXILIAR DE ELETRICISTA COM ENCARGOS COMPLEMENTARES","SEDI - SERVIÇOS DIVERSOS",null,"H",0.63300000000000001,19.73,12.48]
["Composição Auxiliar"," 88248 ","SINAPI","AUXILIAR DE ENCANADOR OU BOMBEIRO HIDRÁULICO COM ENCARGOS COMPLEMENTARES","SEDI - SERVIÇOS DIVERSOS",null,"H",3.0647000000000002,18.78,57.55]
["Composição Auxiliar"," 88264 ","SINAPI","ELETRICISTA COM ENCARGOS COMPLEMENTARES","SEDI - SERVIÇOS DIVERSOS",null,"H",0.63300000000000001,29.1,18.420000000000002]
["Composição Auxiliar"," 88267 ","SINAPI","ENCANADOR OU BOMBEIRO HIDRÁULICO COM ENCARGOS COMPLEMENTARES","SEDI - SERVIÇOS DIVERSOS",null,"H",3.0647000000000002,27.97,85.71]
["Insumo"," 00011267 ","SINAPI","ARRUELA LISA, REDONDA, DE LATAO POLIDO, DIAMETRO NOMINAL 5/8\", DIAMETRO EXTERNO = 34 MM, DIAMETRO DO FURO = 17 MM, ESPESSURA = *2,5* MM","Material",null,"UN",4,1.56,6.24]
["Insumo"," 00039996 ","SINAPI","VERGALHAO ZINCADO ROSCA TOTAL, 1/4 \" (6,3 MM)","Material",null,"M",0.2,4.37,0.87]
["Insumo"," 00039997 ","SINAPI","PORCA ZINCADA, SEXTAVADA, DIAMETRO 1/4\"","Material",null,"UN",4,0.32,1.28]
[{"$nulls":4},"MO sem LS =>",64.611447184737088,"LS =>",74.239999999999995,"MO com LS =>",138.85000000000002]
[{"$nulls":4},"Valor do BDI =>",44.14,null,"Valor com BDI =>",null,226.69]
[]
[" 2.3.11.10 ","Código","Banco","Descrição","Tipo",null,"Und","Quant.","Valor Unit","Total"]
["Composição"," 102117 ","SINAPI","BOMBA CENTRÍFUGA, TRIFÁSICA, 1,5 CV OU 1,48 HP (NÃO INCLUI O FORNECIMENTO DA BOMBA). AF_12/2020","INHI - INSTALAÇÕES HIDROS SANITÁRIAS",null,"UN",1,142.22,142.22]
["Composição Auxiliar"," 88247 ","SINAPI","AUXILIAR DE ELETRICISTA COM ENCARGOS COMPLEMENTARES","SEDI - SERVIÇOS DIVERSOS",null,"H",0.63300000000000001,19.73,12.48]
["Composição Auxiliar"," 88248 ","SINAPI","AUXILIAR DE ENCANADOR OU BOMBEIRO HIDRÁULICO COM ENCARGOS COMPLEMENTARES","SEDI - SERVIÇOS DIVERSOS",null,"H",2.202,18.78,41.35]
["Composição Auxiliar"," 88264 ","SINAPI","ELETRICISTA COM ENCARGOS COMPLEMENTARES","SEDI - SERVIÇOS DIVERSOS",null,"H",0.63300000000000001,29.1,18.420000000000002]
["Composição Auxiliar"," 88267 ","SINAPI","ENCANADOR OU BOMBEIRO HIDRÁULICO COM ENCARGOS COMPLEMENTARES","SEDI - SERVIÇOS DIVERSOS",null,"H",2.202,27.97,61.58]
["Insumo"," 00011267 ","SINAPI","ARRUELA LISA, REDONDA, DE LATAO POLIDO, DIAMETRO NOMINAL 5/8\", DIAMETRO EXTERNO = 34 MM, DIAMETRO DO FURO = 17 MM, ESPESSURA = *2,5* MM","Material",null,"UN",4,1.56,6.24]
["Insumo"," 00039996 ","SINAPI","VERGALHAO ZINCADO ROSCA TOTAL, 1/4 \" (6,3 MM)","Material",null,"M",0.2,4.37,0.87]
["Insumo"," 00039997 ","SINAPI","PORCA ZINCADA, SEXTAVADA, DIAMETRO 1/4\"","Material",null,"UN",4,0.32,1.28]
[{"$nulls":4},"MO sem LS =>",49.585853885528152,"LS =>",56.97,"MO com LS =>",106.56]
[{"$nulls":4},"Valor do BDI =>",34.380000000000003,null,"Valor com BDI =>",null,176.6]
[]
[" 2.3.11.11 ","Código","Banco","Descrição","Tipo",null,"Und","Quant.","Valor Unit","Total"]
["Composição"," 9237 ","ORSE","Assentamento de Registro gaveta bruto, d =100 mm (4\")","Assentamento de Registros",null,"un",1,65.430000000000007,65.430000000000007]
["Composição Auxiliar"," 10549 ","ORSE","Encargos Complementares - Servente","Provisórios",null,"h",1.48,3.75,5.55]
["Composição Auxiliar"," 10554 ","ORSE","Encargos Complementares - Encanador","Provisórios",null,"h",1.48,3.67,5.43]
["Insumo"," 981 ","ORSE","Fita veda rosca 18mm m","Material",null,"m",4.1399999999999997,0.26,1.07]
["Insumo"," 00002696 ","SINAPI","ENCANADOR OU BOMBEIRO HIDRAULICO (HORISTA)","Mão de Obra",null,"H",1.48,22.88,33.86]
["Insumo"," 00006111 ","SINAPI","SERVENTE DE OBRAS","Mão de Obra",null,"H",1.48,13.19,19.52]
[{"$nulls":4},"MO sem LS =>",24.839460200000001,"LS =>",28.54,"MO com LS =>",53.38]
[{"$nulls":4},"Valor do BDI =>",15.82,null,"Valor com BDI =>",null,81.25]
[]
[" 2.3.11.12 ","Código","Banco","Descrição","Tipo",null,"Und","Quant.","Valor Unit","Total"]
["Composição"," 97178 ","SINAPI","ASSENTAMENTO DE TUBO DE AÇO CARBONO PARA REDE DE ÁGUA, DN 1200 MM (48\u0092\u0092) OU DN 1300 MM (52\u0092\u0092), JUNTA SOLDADA, INSTALADO EM LOCAL COM NÍVEL ALTO DE INTERFERÊNCIAS (NÃO INCLUI FORNECIMENTO). AF_11/2017","ASTU - ASSENTAMENTO DE TUBOS E PECAS",null,"M",1,84.43,84.43]
["Composição Auxiliar"," 5631 ","SINAPI","ESCAVADEIRA HIDRÁULICA SOBRE ESTEIRAS, CAÇAMBA 0,80 M3, PESO OPERACIONAL 17 T, POTENCIA BRUTA 111 HP - CHP DIURNO. AF_06/2014","CHOR - CUSTOS HORÁRIOS DE MÁQUINAS E EQUIPAMENTOS",null,"CHP",4.5600000000000002E-2,202.86,9.25]
["Composição Auxiliar"," 5632 ","SINAPI","ESCAVADEIRA HIDRÁULICA SOBRE ESTEIRAS, CAÇAMBA 0,80 M3, PESO OPERACIONAL 17 T, POTENCIA BRUTA 111 HP - CHI DIURNO. AF_06/2014","CHOR - CUSTOS HORÁRIOS DE MÁQUINAS E EQUIPAMENTOS",null,"CHI",0.21859999999999999,80.47,17.59]
["Composição Auxiliar"," 88246 ","SINAPI","ASSENTADOR DE TUBOS COM ENCARGOS COMPLEMENTARES","SEDI - SERVIÇOS DIVERSOS",null,"H",0.1825,19.100000000000001,3.48]
["Composição Auxiliar"," 88316 ","SINAPI","SERVENTE COM ENCARGOS COMPLEMENTARES","SEDI - SERVIÇOS DIVERSOS",null,"H",0.1825,18.649999999999999,3.4]
["Composição Auxiliar"," 88317 ","SINAPI","SOLDADOR COM ENCARGOS COMPLEMENTARES","SEDI - SERVIÇOS DIVERSOS",null,"H",1.0382,27.1,28.13]
["Insumo"," 00010997 ","SINAPI","ELETRODO REVESTIDO AWS - E7018, DIAMETRO IGUAL A 4,00 MM","Material",null,"KG",0.40620000000000001,55.6,22.58]
[{"$nulls":4},"MO sem LS =>",14.760353652861797,"LS =>",16.96,"MO com LS =>",31.72]
[{"$nulls":4},"Valor do BDI =>",20.41,null,"Valor com BDI =>",null,104.84]
[]
[" 2.3.11.13 ","Código","Banco","Descrição","Tipo",null,"Und","Quant.","Valor Unit","Total"]
["Composição"," 90733 ","SINAPI","ASSENTAMENTO DE TUBO DE PVC PARA REDE COLETORA DE ESGOTO DE PAREDE MACIÇA, DN 100 MM, JUNTA ELÁSTICA (NÃO INCLUI FORNECIMENTO). AF_01/2021","ASTU - ASSENTAMENTO DE TUBOS E PECAS",null,"M",1,2.83,2.83]
["Composição Auxiliar"," 88246 ","SINAPI","ASSENTADOR DE TUBOS COM ENCARGOS COMPLEMENTARES","SEDI - SERVIÇOS DIVERSOS",null,"H",7.5300000000000006E-2,19.100000000000001,1.43]
["Composição Auxiliar"," 88316 ","SINAPI","SERVENTE COM ENCARGOS COMPLEMENTARES","SEDI - SERVIÇOS DIVERSOS",null,"H",7.5300000000000006E-2,18.649999999999999,1.4]
[{"$nulls":4},"MO sem LS =>",0.99115867845509542,"LS =>",1.1399999999999999,"MO com LS =>",2.13]
[{"$nulls":4},"Valor do BDI =>",0.68,null,"Valor com BDI =>",null,3.51]
[]
[" 2.3.11.14 ","Código","Banco","Descrição","Tipo",null,"Und","Quant.","Valor Unit","Total"]
["Composição"," 6349 ","ORSE","Assentamento de conexão de pvc je  para esgoto sanitário 01 ou 02 bolsas diam. = 125, 150, 200 ou 250mm","Conversão InfoWOrca",null,"un",1,3.59,3.59]
["Composição Auxiliar"," 10549 ","ORSE","Encargos Complementares - Servente","Provisórios",null,"h",8.3000000000000004E-2,3.75,0.31]
["Composição Auxiliar"," 10554 ","ORSE","Encargos Complementares - Encanador","Provisórios",null,"h",8.3000000000000004E-2,3.67,0.3]
["Insumo"," 00002696 ","SINAPI","ENCANADOR OU BOMBEIRO HIDRAULICO (HORISTA)","Mão de Obra",null,"H",8.3000000000000004E-2,22.88,1.89]
["Insumo"," 00006111 ","SINAPI","SERVENTE DE OBRAS","Mão de Obra",null,"H",8.3000000000000004E-2,13.19,1.0900000000000001]
[{"$nulls":4},"MO sem LS =>",1.3866915,"LS =>",1.59,"MO com LS =>",2.98]
[{"$nulls":4},"Valor do BDI =>",0.86,null,"Valor com BDI =>",null,4.45]
[]
[" 2.3.11.15 ","Código","Banco","Descrição","Tipo",null,"Und","Quant.","Valor Unit","Total"]
["Composição"," 90734 ","SINAPI","ASSENTAMENTO DE TUBO DE PVC PARA REDE COLETORA DE ESGOTO DE PAREDE MACIÇA, DN 150 MM, JUNTA ELÁSTICA,  (NÃO INCLUI FORNECIMENTO). AF_01/2021","ASTU - ASSENTAMENTO DE TUBOS E PECAS",null,"M",1,3.36,3.36]
["Composição Auxiliar"," 88246 ","SINAPI","ASSENTADOR DE TUBOS COM ENCARGOS COMPLEMENTARES","SEDI - SERVIÇOS DIVERSOS",null,"H",8.9200000000000002E-2,19.100000000000001,1.7]
["Composição Auxiliar"," 88316 ","SINAPI","SERVENTE COM ENCARGOS COMPLEMENTARES","SEDI - SERVIÇOS DIVERSOS",null,"H",8.9200000000000002E-2,18.649999999999999,1.66]
[{"$nulls":4},"MO sem LS =>",1.1772917636109819,"LS =>",1.35,"MO com LS =>",2.5299999999999998]
[{"$nulls":4},"Valor do BDI =>",0.81,null,"Valor com BDI =>",null,4.17]
[]
[" 2.3.11.17 ","Código","Banco","Descrição","Tipo",null,"Und","Quant.","Valor Unit","Total"]
["Composição"," 5232 ","ORSE","Assentamento de conexões de pvc, junta elástica, ponta e bolsa, diam.=   75 mm","Assentamento/Montagem de Tubos e Conexões",null,"un",1,2.06,2.06]
["Composição Auxiliar"," 10549 ","ORSE","Encargos Complementares - Servente","Provisórios",null,"h",6.2799999999999995E-2,3.75,0.23]
["Composição Auxiliar"," 10554 ","ORSE","Encargos Complementares - Encanador","Provisórios",null,"h",3.1399999999999997E-2,3.67,0.11]
["Insumo"," 54 ","ORSE","Encarregado de turma - SICRO h","Mão de Obra",null,"h",1.0500000000000001E-2,18.225999999999999,0.19]
["Insumo"," 00002696 ","SINAPI","ENCANADOR OU BOMBEIRO HIDRAULICO (HORISTA)","Mão de Obra",null,"H",3.1399999999999997E-2,22.88,0.71]
["Insumo"," 00006111 ","SINAPI","SERVENTE DE OBRAS","Mão de Obra",null,"H",6.2799999999999995E-2,13.19,0.82]
[{"$nulls":4},"MO sem LS =>",0.80037230000000004,"LS =>",0.92,"MO com LS =>",1.72]
[{"$nulls":4},"Valor do BDI =>",0.49,null,"Valor com BDI =>",null,2.5499999999999998]
[]
[" 2.4.4.1 ","Código","Banco","Descrição","Tipo",null,"Und","Quant.","Valor Unit","Total"]
["Composição"," 89513 ","SINAPI","JOELHO 90 GRAUS, PVC, SOLDÁVEL, DN 75MM, INSTALADO EM PRUMADA DE ÁGUA - FORNECIMENTO E INSTALAÇÃO. AF_06/2022","INHI - INSTALAÇÕES HIDROS SANITÁRIAS",null,"UN",1,113.67,113.67]
["Composição Auxiliar"," 88248 ","SINAPI","AUXILIAR DE ENCANADOR OU BOMBEIRO HIDRÁULICO COM ENCARGOS COMPLEMENTARES","SEDI - SERVIÇOS DIVERSOS",null,"H",0.1847,18.78,3.46]
["Composição Auxiliar"," 88267 ","SINAPI","ENCANADOR OU BOMBEIRO HIDRÁULICO COM ENCARGOS COMPLEMENTARES","SEDI - SERVIÇOS DIVERSOS",null,"H",0.1847,27.97,5.16]
["Insumo"," 00000122 ","SINAPI","ADESIVO PLASTICO PARA PVC, FRASCO COM *850* GR","Material",null,"UN",2.5899999999999999E-2,51.86,1.34]
["Insumo"," 00003511 ","SINAPI","JOELHO, PVC SOLDAVEL, 90 GRAUS, 75 MM, COR MARROM, PARA AGUA FRIA PREDIAL","Material",null,"UN",1,100.73,100.73]
["Insumo"," 00020083 ","SINAPI","SOLUCAO PREPARADORA / LIMPADORA PARA PVC, FRASCO COM 1000 CM3","Material",null,"UN",0.05,58.75,2.93]
["Insumo"," 00038383 ","SINAPI","LIXA D'AGUA EM FOLHA, GRAO 100","Material",null,"UN",2.75E-2,1.89,0.05]
[{"$nulls":4},"MO sem LS =>",3.2107957189390413,"LS =>",3.69,"MO com LS =>",6.9]
[{"$nulls":4},"Valor do BDI =>",27.48,null,"Valor com BDI =>",null,141.15]
[]
[" 2.4.4.2 ","Código","Banco","Descrição","Tipo",null,"Und","Quant.","Valor Unit","Total"]
["Composição"," 89515 ","SINAPI","JOELHO 45 GRAUS, PVC, SOLDÁVEL, DN 75MM, INSTALADO EM PRUMADA DE ÁGUA - FORNECIMENTO E INSTALAÇÃO. AF_06/2022","INHI - INSTALAÇÕES HIDROS SANITÁRIAS",null,"UN",1,89.89,89.89]
["Composição Auxiliar"," 88248 ","SINAPI","AUXILIAR DE ENCANADOR OU BOMBEIRO HIDRÁULICO COM ENCARGOS COMPLEMENTARES","SEDI - SERVIÇOS DIVERSOS",null,"H",0.1847,18.78,3.46]
["Composição Auxiliar"," 88267 ","SINAPI","ENCANADOR OU BOMBEIRO HIDRÁULICO COM ENCARGOS COMPLEMENTARES","SEDI - SERVIÇOS DIVERSOS",null,"H",0.1847,27.97,5.16]
["Insumo"," 00000122 ","SINAPI","ADESIVO PLASTICO PARA PVC, FRASCO COM *850* GR","Material",null,"UN",2.5899999999999999E-2,51.86,1.34]
["Insumo"," 00003478 ","SINAPI","JOELHO, PVC SOLDAVEL, 45 GRAUS, 75 MM, COR MARROM, PARA AGUA FRIA PREDIAL","Material",null,"UN",1,76.95,76.95]
["Insumo"," 00020083 ","SINAPI","SOLUCAO PREPARADORA / LIMPADORA PARA PVC, FRASCO COM 1000 CM3","Material",null,"UN",0.05,58.75,2.93]
["Insumo"," 00038383 ","SINAPI","LIXA D'AGUA EM FOLHA, GRAO 100","Material",null,"UN",2.75E-2,1.89,0.05]
[{"$nulls":4},"MO sem LS =>",3.2107957189390413,"LS =>",3.69,"MO com LS =>",6.9]
[{"$nulls":4},"Valor do BDI =>",21.73,null,"Valor com BDI =>",null,111.62]
[]
[" 2.4.4.3 ","Código","Banco","Descrição","Tipo",null,"Und","Quant.","Valor Unit","Total"]
["Composição"," 94714 ","SINAPI","ADAPTADOR COM FLANGES LIVRES, PVC, SOLDÁVEL, DN 85 MM X 3 , INSTALADO EM RESERVAÇÃO DE ÁGUA DE EDIFICAÇÃO QUE POSSUA RESERVATÓRIO DE FIBRA/FIBROCIMENTO   FORNECIMENTO E INSTALAÇÃO. AF_06/2016","INHI - INSTALAÇÕES HIDROS SANITÁRIAS",null,"UN",1,381.02,381.02]
["Composição Auxiliar"," 88248 ","SINAPI","AUXILIAR DE ENCANADOR OU BOMBEIRO HIDRÁULICO COM ENCARGOS COMPLEMENTARES","SEDI - SERVIÇOS DIVERSOS",null,"H",0.308,18.78,5.78]
["Composição Auxiliar"," 88267 ","SINAPI","ENCANADOR OU BOMBEIRO HIDRÁULICO COM ENCARGOS COMPLEMENTARES","SEDI - SERVIÇOS DIVERSOS",null,"H",0.308,27.97,8.61]
["Insumo"," 00000074 ","SINAPI","ADAPTADOR PVC SOLDAVEL, COM FLANGES LIVRES, 85 MM X 3\", PARA CAIXA D' AGUA","Material",null,"UN",1,360.25,360.25]
["Insumo"," 00020080 ","SINAPI","ADESIVO PLASTICO PARA PVC, FRASCO COM 175 GR","Material",null,"UN",0.19400000000000001,16.920000000000002,3.28]
["Insumo"," 00020083 ","SINAPI","SOLUCAO PREPARADORA / LIMPADORA PARA PVC, FRASCO COM 1000 CM3","Material",null,"UN",5.1999999999999998E-2,58.75,3.05]
["Insumo"," 00038383 ","SINAPI","LIXA D'AGUA EM FOLHA, GRAO 100","Material",null,"UN",3.1E-2,1.89,0.05]
[{"$nulls":4},"MO sem LS =>",5.3559795253606328,"LS =>",6.15,"MO com LS =>",11.51]
[{"$nulls":4},"Valor do BDI =>",92.13,null,"Valor com BDI =>",null,473.15]
[]
[" 2.4.4.4 ","Código","Banco","Descrição","Tipo",null,"Und","Quant.","Valor Unit","Total"]
["Composição"," 89629 ","SINAPI","TE, PVC, SOLDÁVEL, DN 75MM, INSTALADO EM PRUMADA DE ÁGUA - FORNECIMENTO E INSTALAÇÃO. AF_06/2022","INHI - INSTALAÇÕES HIDROS SANITÁRIAS",null,"UN",1,85.72,85.72]
["Composição Auxiliar"," 88248 ","SINAPI","AUXILIAR DE ENCANADOR OU BOMBEIRO HIDRÁULICO COM ENCARGOS COMPLEMENTARES","SEDI - SERVIÇOS DIVERSOS",null,"H",0.24590000000000001,18.78,4.6100000000000003]
["Composição Auxiliar"," 88267 ","SINAPI","ENCANADOR OU BOMBEIRO HIDRÁULICO COM ENCARGOS COMPLEMENTARES","SEDI - SERVIÇOS DIVERSOS",null,"H",0.24590000000000001,27.97,6.87]
["Insumo"," 00000122 ","SINAPI","ADESIVO PLASTICO PARA PVC, FRASCO COM *850* GR","Material",null,"UN",3.8800000000000001E-2,51.86,2.0099999999999998]
["Insumo"," 00007144 ","SINAPI","TE SOLDAVEL, PVC, 90 GRAUS, 75 MM, PARA AGUA FRIA PREDIAL (NBR 5648)","Material",null,"UN",1,67.760000000000005,67.760000000000005]
["Insumo"," 00020083 ","SINAPI","SOLUCAO PREPARADORA / LIMPADORA PARA PVC, FRASCO COM 1000 CM3","Material",null,"UN",7.4999999999999997E-2,58.75,4.4000000000000004]
["Insumo"," 00038383 ","SINAPI","LIXA D'AGUA EM FOLHA, GRAO 100","Material",null,"UN",4.1300000000000003E-2,1.89,7.0000000000000007E-2]
[{"$nulls":4},"MO sem LS =>",4.2810609585853889,"LS =>",4.92,"MO com LS =>",9.1999999999999993]
[{"$nulls":4},"Valor do BDI =>",20.72,null,"Valor com BDI =>",null,106.44]
[]
[" 2.4.4.5 ","Código","Banco","Descrição","Tipo",null,"Und","Quant.","Valor Unit","Total"]
["Composição"," 89451 ","SINAPI","TUBO, PVC, SOLDÁVEL, DN 75MM, INSTALADO EM PRUMADA DE ÁGUA - FORNECIMENTO E INSTALAÇÃO. AF_06/2022","INHI - INSTALAÇÕES HIDROS SANITÁRIAS",null,"M",1,54.41,54.41]
["Composição Auxiliar"," 88248 ","SINAPI","AUXILIAR DE ENCANADOR OU BOMBEIRO HIDRÁULICO COM ENCARGOS COMPLEMENTARES","SEDI - SERVIÇOS DIVERSOS",null,"H",4.9399999999999999E-2,18.78,0.92]
["Composição Auxiliar"," 88267 ","SINAPI","ENCANADOR OU BOMBEIRO HIDRÁULICO COM ENCARGOS COMPLEMENTARES","SEDI - SERVIÇOS DIVERSOS",null,"H",4.9399999999999999E-2,27.97,1.38]
["Insumo"," 00009871 ","SINAPI","TUBO PVC, SOLDAVEL, DE 75 MM, AGUA FRIA (NBR-5648)","Material",null,"M",1.0492999999999999,49.65,52.09]
["Insumo"," 00038383 ","SINAPI","LIXA D'AGUA EM FOLHA, GRAO 100","Material",null,"UN",1.15E-2,1.89,0.02]
[{"$nulls":4},"MO sem LS =>",0.85621219171707763,"LS =>",0.98,"MO com LS =>",1.8399999999999999]
[{"$nulls":4},"Valor do BDI =>",13.15,null,"Valor com BDI =>",null,67.56]
[]
[" 2.4.4.6 ","Código","Banco","Descrição","Tipo",null,"Und","Quant.","Valor Unit","Total"]
["Composição"," 92891 ","SINAPI","UNIÃO, EM FERRO GALVANIZADO, DN 80 (3\"), CONEXÃO ROSQUEADA, INSTALADO EM PRUMADAS - FORNECIMENTO E INSTALAÇÃO. AF_10/2020","INHI - INSTALAÇÕES HIDROS SANITÁRIAS",null,"UN",1,322.88,322.88]
["Composição Auxiliar"," 88248 ","SINAPI","AUXILIAR DE ENCANADOR OU BOMBEIRO HIDRÁULICO COM ENCARGOS COMPLEMENTARES","SEDI - SERVIÇOS DIVERSOS",null,"H",0.75800000000000001,18.78,14.23]
["Composição Auxiliar"," 88267 ","SINAPI","ENCANADOR OU BOMBEIRO HIDRÁULICO COM ENCARGOS COMPLEMENTARES","SEDI - SERVIÇOS DIVERSOS",null,"H",0.75800000000000001,27.97,21.2]
["Insumo"," 00003148 ","SINAPI","FITA VEDA ROSCA EM ROLOS DE 18 MM X 50 M (L X C)","Material",null,"UN",3.5000000000000003E-2,10.88,0.38]
["Insumo"," 00007307 ","SINAPI","FUNDO ANTICORROSIVO PARA METAIS FERROSOS (ZARCAO)","Material",null,"L",8.0000000000000002E-3,41.03,0.32]
["Insumo"," 00009890 ","SINAPI","UNIAO DE FERRO GALVANIZADO, COM ROSCA BSP, COM ASSENTO PLANO, DE 3\"","Material",null,"UN",1,286.75,286.75]
[{"$nulls":4},"MO sem LS =>",13.19683573755235,"LS =>",15.16,"MO com LS =>",28.36]
[{"$nulls":4},"Valor do BDI =>",78.069999999999993,null,"Valor com BDI =>",null,400.95]
[]
[" 2.4.4.7 ","Código","Banco","Descrição","Tipo",null,"Und","Quant.","Valor Unit","Total"]
["Composição"," 92348 ","SINAPI","NIPLE, EM FERRO GALVANIZADO, DN 80 (3\"), CONEXÃO ROSQUEADA, INSTALADO EM PRUMADAS - FORNECIMENTO E INSTALAÇÃO. AF_10/2020","INHI - INSTALAÇÕES HIDROS SANITÁRIAS",null,"UN",1,132.26,132.26]
["Composição Auxiliar"," 88248 ","SINAPI","AUXILIAR DE ENCANADOR OU BOMBEIRO HIDRÁULICO COM ENCARGOS COMPLEMENTARES","SEDI - SERVIÇOS DIVERSOS",null,"H",0.75800000000000001,18.78,14.23]
["Composição Auxiliar"," 88267 ","SINAPI","ENCANADOR OU BOMBEIRO HIDRÁULICO COM ENCARGOS COMPLEMENTARES","SEDI - SERVIÇOS DIVERSOS",null,"H",0.75800000000000001,27.97,21.2]
["Insumo"," 00003148 ","SINAPI","FITA VEDA ROSCA EM ROLOS DE 18 MM X 50 M (L X C)","Material",null,"UN",3.5000000000000003E-2,10.88,0.38]
["Insumo"," 00004182 ","SINAPI","NIPLE DE FERRO GALVANIZADO, COM ROSCA BSP, DE 3\"","Material",null,"UN",1,96.13,96.13]
["Insumo"," 00007307 ","SINAPI","FUNDO ANTICORROSIVO PARA METAIS FERROSOS (ZARCAO)","Material",null,"L",8.0000000000000002E-3,41.03,0.32]
[{"$nulls":4},"MO sem LS =>",13.19683573755235,"LS =>",15.16,"MO com LS =>",28.36]
[{"$nulls":4},"Valor do BDI =>",31.98,null,"Valor com BDI =>",null,164.24]
[]
[" 2.4.4.8 ","Código","Banco","Descrição","Tipo",null,"Und","Quant.","Valor Unit","Total"]
["Composição"," 94500 ","SINAPI","REGISTRO DE GAVETA BRUTO, LATÃO, ROSCÁVEL, 3\" - FORNECIMENTO E INSTALAÇÃO. AF_08/2021","INHI - INSTALAÇÕES HIDROS SANITÁRIAS",null,"UN",1,294.11,294.11]
["Composição Auxiliar"," 88248 ","SINAPI","AUXILIAR DE ENCANADOR OU BOMBEIRO HIDRÁULICO COM ENCARGOS COMPLEMENTARES","SEDI - SERVIÇOS DIVERSOS",null,"H",0.56950000000000001,18.78,10.69]
["Composição Auxiliar"," 88267 ","SINAPI","ENCANADOR OU BOMBEIRO HIDRÁULICO COM ENCARGOS COMPLEMENTARES","SEDI - SERVIÇOS DIVERSOS",null,"H",0.56950000000000001,27.97,15.92]
["Insumo"," 00003148 ","SINAPI","FITA VEDA ROSCA EM ROLOS DE 18 MM X 50 M (L X C)","Material",null,"UN",3.5400000000000001E-2,10.88,0.38]
["Insumo"," 00006012 ","SINAPI","REGISTRO GAVETA BRUTO EM LATAO FORJADO, BITOLA 3 \" (REF 1509)","Material",null,"UN",1,267.12,267.12]
[{"$nulls":4},"MO sem LS =>",9.9162401116798513,"LS =>",11.39,"MO com LS =>",21.31]
[{"$nulls":4},"Valor do BDI =>",71.11,null,"Valor com BDI =>",null,365.22]
[]
[" 2.4.4.9 ","Código","Banco","Descrição","Tipo",null,"Und","Quant.","Valor Unit","Total"]
["Composição"," 102137 ","SINAPI","CHAVE DE BOIA AUTOMÁTICA SUPERIOR/INFERIOR 15A/250V - FORNECIMENTO E INSTALAÇÃO. AF_12/2020","INHI - INSTALAÇÕES HIDROS SANITÁRIAS",null,"UN",1,81.58,81.58]
["Composição Auxiliar"," 88247 ","SINAPI","AUXILIAR DE ELETRICISTA COM ENCARGOS COMPLEMENTARES","SEDI - SERVIÇOS DIVERSOS",null,"H",0.63300000000000001,19.73,12.48]
["Composição Auxiliar"," 88264 ","SINAPI","ELETRICISTA COM ENCARGOS COMPLEMENTARES","SEDI - SERVIÇOS DIVERSOS",null,"H",0.63300000000000001,29.1,18.420000000000002]
["Insumo"," 00007588 ","SINAPI","AUTOMATICO DE BOIA SUPERIOR / INFERIOR, *15* A / 250 V","Material",null,"UN",1,50.68,50.68]
[{"$nulls":4},"MO sem LS =>",11.237785016286644,"LS =>",12.91,"MO com LS =>",24.15]
[{"$nulls":4},"Valor do BDI =>",19.72,null,"Valor com BDI =>",null,101.3]
[]
[" 2.4.4.10 ","Código","Banco","Descrição","Tipo",null,"Und","Quant.","Valor Unit","Total"]
["Composição"," 8925 ","ORSE","Abraçadeira metálica tipo \"D\" de 3\"","Tubos e Conexões de PVC Rígido Soldável",null,"un",1,9.61,9.61]
["Composição Auxiliar"," 10549 ","ORSE","Encargos Complementares - Servente","Provisórios",null,"h",0.1,3.75,0.37]
["Composição Auxiliar"," 10554 ","ORSE","Encargos Complementares - Encanador","Provisórios",null,"h",0.1,3.67,0.36]
["Insumo"," 00000398 ","SINAPI","ABRACADEIRA EM ACO PARA AMARRACAO DE ELETRODUTOS, TIPO D, COM 3\" E PARAFUSO DE FIXACAO","Material",null,"UN",1,5.29,5.29]
["Insumo"," 00002696 ","SINAPI","ENCANADOR OU BOMBEIRO HIDRAULICO (HORISTA)","Mão de Obra",null,"H",0.1,22.88,2.2799999999999998]
["Insumo"," 00006111 ","SINAPI","SERVENTE DE OBRAS","Mão de Obra",null,"H",0.1,13.19,1.31]
[{"$nulls":4},"MO sem LS =>",1.6705444,"LS =>",1.92,"MO com LS =>",3.59]
[{"$nulls":4},"Valor do BDI =>",2.3199999999999998,null,"Valor com BDI =>",null,11.93]
[]
[" 2.4.4.11 ","Código","Banco","Descrição","Tipo",null,"Und","Quant.","Valor Unit","Total"]
["Composição"," 10448 ","ORSE","Abraçadeira metálica tipo \"D\" de 4\"","Tubos e Conexões de PVC Rígido Soldável",null,"un",1,11.15,11.15]
["Composição Auxiliar"," 10549 ","ORSE","Encargos Complementares - Servente","Provisórios",null,"h",0.1,3.75,0.37]
["Composição Auxiliar"," 10554 ","ORSE","Encargos Complementares - Encanador","Provisórios",null,"h",0.1,3.67,0.36]
["Insumo"," 00000399 ","SINAPI","ABRACADEIRA EM ACO PARA AMARRACAO DE ELETRODUTOS, TIPO D, COM 4\" E PARAFUSO DE FIXACAO","Material",null,"UN",1,6.83,6.83]
["Insumo"," 00002696 ","SINAPI","ENCANADOR OU BOMBEIRO HIDRAULICO (HORISTA)","Mão de Obra",null,"H",0.1,22.88,2.2799999999999998]
["Insumo"," 00006111 ","SINAPI","SERVENTE DE OBRAS","Mão de Obra",null,"H",0.1,13.19,1.31]
[{"$nulls":4},"MO sem LS =>",1.6705444,"LS =>",1.92,"MO com LS =>",3.59]
[{"$nulls":4},"Valor do BDI =>",2.69,null,"Valor com BDI =>",null,13.84]
[]
[" 2.4.4.13 ","Código","Banco","Descrição","Tipo",null,"Und","Quant.","Valor Unit","Total"]
["Composição"," 1089 ","ORSE","Bucha de redução longa de pvc rigido soldável, marrom, diâm = 75 x 50mm","Tubos e Conexões de PVC Rígido Soldável",null,"un",1,41.63,41.63]
["Composição Auxiliar"," 10549 ","ORSE","Encargos Complementares - Servente","Provisórios",null,"h",0.31,3.75,1.1599999999999999]
["Composição Auxiliar"," 10554 ","ORSE","Encargos Complementares - Encanador","Provisórios",null,"h",0.31,3.67,1.1299999999999999]
["Insumo"," 138 ","ORSE","Adesivo pvc em frasco de 850 gramas kg","Material",null,"tubo",7.0000000000000001E-3,71.959999999999994,0.5]
["Insumo"," 2036 ","ORSE","Solucao limpadora pvc l","Material",null,"l",7.8E-2,69.3,5.4]
["Insumo"," 00000821 ","SINAPI","BUCHA DE REDUCAO DE PVC, SOLDAVEL, LONGA, COM 75 X 50 MM, PARA AGUA FRIA PREDIAL","Material",null,"UN",1,22.27,22.27]
["Insumo"," 00002696 ","SINAPI","ENCANADOR OU BOMBEIRO HIDRAULICO (HORISTA)","Mão de Obra",null,"H",0.31,22.88,7.09]
["Insumo"," 00006111 ","SINAPI","SERVENTE DE OBRAS","Mão de Obra",null,"H",0.31,13.19,4.08]
[{"$nulls":4},"MO sem LS =>",5.1977663999999999,"LS =>",5.97,"MO com LS =>",11.17]
[{"$nulls":4},"Valor do BDI =>",10.06,null,"Valor com BDI =>",null,51.69]
[]
[" 2.4.4.14 ","Código","Banco","Descrição","Tipo",null,"Und","Quant.","Valor Unit","Total"]
["Composição"," 89596 ","SINAPI","ADAPTADOR CURTO COM BOLSA E ROSCA PARA REGISTRO, PVC, SOLDÁVEL, DN 50MM X 1.1/2 , INSTALADO EM PRUMADA DE ÁGUA - FORNECIMENTO E INSTALAÇÃO. AF_06/2022","INHI - INSTALAÇÕES HIDROS SANITÁRIAS",null,"UN",1,10.34,10.34]
["Composição Auxiliar"," 88248 ","SINAPI","AUXILIAR DE ENCANADOR OU BOMBEIRO HIDRÁULICO COM ENCARGOS COMPLEMENTARES","SEDI - SERVIÇOS DIVERSOS",null,"H",7.3499999999999996E-2,18.78,1.38]
["Composição Auxiliar"," 88267 ","SINAPI","ENCANADOR OU BOMBEIRO HIDRÁULICO COM ENCARGOS COMPLEMENTARES","SEDI - SERVIÇOS DIVERSOS",null,"H",7.3499999999999996E-2,27.97,2.0499999999999998]
["Insumo"," 00000112 ","SINAPI","ADAPTADOR PVC SOLDAVEL CURTO COM BOLSA E ROSCA, 50 MM X1 1/2\", PARA AGUA FRIA","Material",null,"UN",1,5.26,5.26]
["Insumo"," 00000122 ","SINAPI","ADESIVO PLASTICO PARA PVC, FRASCO COM *850* GR","Material",null,"UN",1.29E-2,51.86,0.66]
["Insumo"," 00020083 ","SINAPI","SOLUCAO PREPARADORA / LIMPADORA PARA PVC, FRASCO COM 1000 CM3","Material",null,"UN",1.6500000000000001E-2,58.75,0.96]
["Insumo"," 00038383 ","SINAPI","LIXA D'AGUA EM FOLHA, GRAO 100","Material",null,"UN",1.61E-2,1.89,0.03]
[{"$nulls":4},"MO sem LS =>",1.2750116333178223,"LS =>",1.46,"MO com LS =>",2.74]
[{"$nulls":4},"Valor do BDI =>",2.5,null,"Valor com BDI =>",null,12.84]
[]
[" 2.4.4.15 ","Código","Banco","Descrição","Tipo",null,"Und","Quant.","Valor Unit","Total"]
["Composição"," 97897 ","SINAPI","CAIXA ENTERRADA HIDRÁULICA RETANGULAR, EM CONCRETO PRÉ-MOLDADO, DIMENSÕES INTERNAS: 0,6X0,6X0,5 M. AF_12/2020","INHI - INSTALAÇÕES HIDROS SANITÁRIAS",null,"UN",1,312.94,312.94]
["Composição Auxiliar"," 101618 ","SINAPI","PREPARO DE FUNDO DE VALA COM LARGURA MENOR QUE 1,5 M, COM CAMADA DE AREIA, LANÇAMENTO MANUAL. AF_08/2020","MOVT - MOVIMENTO DE TERRA",null,"m³",4.0500000000000001E-2,212.73,8.61]
["Composição Auxiliar"," 5678 ","SINAPI","RETROESCAVADEIRA SOBRE RODAS COM CARREGADEIRA, TRAÇÃO 4X4, POTÊNCIA LÍQ. 88 HP, CAÇAMBA CARREG. CAP. MÍN. 1 M3, CAÇAMBA RETRO CAP. 0,26 M3, PESO OPERACIONAL MÍN. 6.674 KG, PROFUNDIDADE ESCAVAÇÃO MÁX. 4,37 M - CHP DIURNO. AF_06/2014","CHOR - CUSTOS HORÁRIOS DE MÁQUINAS E EQUIPAMENTOS",null,"CHP",4.36E-2,135.29,5.89]
["Composição Auxiliar"," 5679 ","SINAPI","RETROESCAVADEIRA SOBRE RODAS COM CARREGADEIRA, TRAÇÃO 4X4, POTÊNCIA LÍQ. 88 HP, CAÇAMBA CARREG. CAP. MÍN. 1 M3, CAÇAMBA RETRO CAP. 0,26 M3, PESO OPERACIONAL MÍN. 6.674 KG, PROFUNDIDADE ESCAVAÇÃO MÁX. 4,37 M - CHI DIURNO. AF_06/2014","CHOR - CUSTOS HORÁRIOS DE MÁQUINAS E EQUIPAMENTOS",null,"CHI",8.8800000000000004E-2,53.3,4.7300000000000004]
["Composição Auxiliar"," 88309 ","SINAPI","PEDREIRO COM ENCARGOS COMPLEMENTARES","SEDI - SERVIÇOS DIVERSOS",null,"H",8.5800000000000001E-2,23.85,2.04]
["Composição Auxiliar"," 88316 ","SINAPI","SERVENTE COM ENCARGOS COMPLEMENTARES","SEDI - SERVIÇOS DIVERSOS",null,"H",6.7400000000000002E-2,18.649999999999999,1.25]
["Insumo"," 00041629 ","SINAPI","CAIXA DE CONCRETO ARMADO PRE-MOLDADO, COM FUNDO E TAMPA, DIMENSOES DE 0,60 X 0,60 X 0,50 M","Material",null,"UN",1,290.42,290.42]
[{"$nulls":4},"MO sem LS =>",3.7924616100511868,"LS =>",4.3600000000000003,"MO com LS =>",8.15]
[{"$nulls":4},"Valor do BDI =>",75.66,null,"Valor com BDI =>",null,388.6]
[]
[" 2.4.4.16 ","Código","Banco","Descrição","Tipo",null,"Und","Quant.","Valor Unit","Total"]
["Composição"," 94655 ","SINAPI","TUBO, PVC, SOLDÁVEL, DN 110 MM, INSTALADO EM RESERVAÇÃO DE ÁGUA DE EDIFICAÇÃO QUE POSSUA RESERVATÓRIO DE FIBRA/FIBROCIMENTO   FORNECIMENTO E INSTALAÇÃO. AF_06/2016","INHI - INSTALAÇÕES HIDROS SANITÁRIAS",null,"M",1,127.02,127.02]
["Composição Auxiliar"," 88248 ","SINAPI","AUXILIAR DE ENCANADOR OU BOMBEIRO HIDRÁULICO COM ENCARGOS COMPLEMENTARES","SEDI - SERVIÇOS DIVERSOS",null,"H",0.53800000000000003,18.78,10.1]
["Composição Auxiliar"," 88267 ","SINAPI","ENCANADOR OU BOMBEIRO HIDRÁULICO COM ENCARGOS COMPLEMENTARES","SEDI - SERVIÇOS DIVERSOS",null,"H",0.53800000000000003,27.97,15.04]
["Insumo"," 00009870 ","SINAPI","TUBO PVC, SOLDAVEL, DE 110 MM, AGUA FRIA (NBR-5648)","Material",null,"M",0.94199999999999995,108.1,101.83]
["Insumo"," 00038383 ","SINAPI","LIXA D'AGUA EM FOLHA, GRAO 100","Material",null,"UN",0.03,1.89,0.05]
[{"$nulls":4},"MO sem LS =>",9.3671475104699855,"LS =>",10.76,"MO com LS =>",20.13]
[{"$nulls":4},"Valor do BDI =>",30.71,null,"Valor com BDI =>",null,157.72999999999999]
[]
[" 2.4.4.17 ","Código","Banco","Descrição","Tipo",null,"Und","Quant.","Valor Unit","Total"]
["Composição"," 94701 ","SINAPI","TÊ, PVC, SOLDÁVEL, DN 110 MM INSTALADO EM RESERVAÇÃO DE ÁGUA DE EDIFICAÇÃO QUE POSSUA RESERVATÓRIO DE FIBRA/FIBROCIMENTO   FORNECIMENTO E INSTALAÇÃO. AF_06/2016","INHI - INSTALAÇÕES HIDROS SANITÁRIAS",null,"UN",1,242.21,242.21]
["Composição Auxiliar"," 88248 ","SINAPI","AUXILIAR DE ENCANADOR OU BOMBEIRO HIDRÁULICO COM ENCARGOS COMPLEMENTARES","SEDI - SERVIÇOS DIVERSOS",null,"H",0.64600000000000002,18.78,12.13]
["Composição Auxiliar"," 88267 ","SINAPI","ENCANADOR OU BOMBEIRO HIDRÁULICO COM ENCARGOS COMPLEMENTARES","SEDI - SERVIÇOS DIVERSOS",null,"H",0.64600000000000002,27.97,18.059999999999999]
["Insumo"," 00007146 ","SINAPI","TE SOLDAVEL, PVC, 90 GRAUS, 110 MM, PARA AGUA FRIA PREDIAL (NBR 5648)","Material",null,"UN",1,197.83,197.83]
["Insumo"," 00020080 ","SINAPI","ADESIVO PLASTICO PARA PVC, FRASCO COM 175 GR","Material",null,"UN",0.433,16.920000000000002,7.32]
["Insumo"," 00020083 ","SINAPI","SOLUCAO PREPARADORA / LIMPADORA PARA PVC, FRASCO COM 1000 CM3","Material",null,"UN",0.114,58.75,6.69]
["Insumo"," 00038383 ","SINAPI","LIXA D'AGUA EM FOLHA, GRAO 100","Material",null,"UN",9.7000000000000003E-2,1.89,0.18]
[{"$nulls":4},"MO sem LS =>",11.247091670544439,"LS =>",12.92,"MO com LS =>",24.169999999999998]
[{"$nulls":4},"Valor do BDI =>",58.56,null,"Valor com BDI =>",null,300.77]
[]
[" 2.4.4.18 ","Código","Banco","Descrição","Tipo",null,"Und","Quant.","Valor Unit","Total"]
["Composição"," 94670 ","SINAPI","ADAPTADOR CURTO COM BOLSA E ROSCA PARA REGISTRO, PVC, SOLDÁVEL, DN 110 MM X 4 , INSTALADO EM RESERVAÇÃO DE ÁGUA DE EDIFICAÇÃO QUE POSSUA RESERVATÓRIO DE FIBRA/FIBROCIMENTO   FORNECIMENTO E INSTALAÇÃO. AF_06/2016","INHI - INSTALAÇÕES HIDROS SANITÁRIAS",null,"UN",1,75.52,75.52]
["Composição Auxiliar"," 88248 ","SINAPI","AUXILIAR DE ENCANADOR OU BOMBEIRO HIDRÁULICO COM ENCARGOS COMPLEMENTARES","SEDI - SERVIÇOS DIVERSOS",null,"H",0.32300000000000001,18.78,6.06]
["Composição Auxiliar"," 88267 ","SINAPI","ENCANADOR OU BOMBEIRO HIDRÁULICO COM ENCARGOS COMPLEMENTARES","SEDI - SERVIÇOS DIVERSOS",null,"H",0.32300000000000001,27.97,9.0299999999999994]
["Insumo"," 00000103 ","SINAPI","ADAPTADOR PVC SOLDAVEL CURTO COM BOLSA E ROSCA, 110 MM X 4\", PARA AGUA FRIA","Material",null,"UN",1,51.03,51.03]
["Insumo"," 00020080 ","SINAPI","ADESIVO PLASTICO PARA PVC, FRASCO COM 175 GR","Material",null,"UN",0.28899999999999998,16.920000000000002,4.88]
["Insumo"," 00020083 ","SINAPI","SOLUCAO PREPARADORA / LIMPADORA PARA PVC, FRASCO COM 1000 CM3","Material",null,"UN",7.5999999999999998E-2,58.75,4.46]
["Insumo"," 00038383 ","SINAPI","LIXA D'AGUA EM FOLHA, GRAO 100","Material",null,"UN",3.2000000000000001E-2,1.89,0.06]
[{"$nulls":4},"MO sem LS =>",5.6212191717077706,"LS =>",6.46,"MO com LS =>",12.08]
[{"$nulls":4},"Valor do BDI =>",18.260000000000002,null,"Valor com BDI =>",null,93.78]
[]
[" 2.4.4.19 ","Código","Banco","Descrição","Tipo",null,"Und","Quant.","Valor Unit","Total"]
["Composição"," 94686 ","SINAPI","JOELHO 90 GRAUS, PVC, SOLDÁVEL, DN 110 MM INSTALADO EM RESERVAÇÃO DE ÁGUA DE EDIFICAÇÃO QUE POSSUA RESERVATÓRIO DE FIBRA/FIBROCIMENTO   FORNECIMENTO E INSTALAÇÃO. AF_06/2016","INHI - INSTALAÇÕES HIDROS SANITÁRIAS",null,"UN",1,276.11,276.11]
["Composição Auxiliar"," 88248 ","SINAPI","AUXILIAR DE ENCANADOR OU BOMBEIRO HIDRÁULICO COM ENCARGOS COMPLEMENTARES","SEDI - SERVIÇOS DIVERSOS",null,"H",0.48499999999999999,18.78,9.1]
["Composição Auxiliar"," 88267 ","SINAPI","ENCANADOR OU BOMBEIRO HIDRÁULICO COM ENCARGOS COMPLEMENTARES","SEDI - SERVIÇOS DIVERSOS",null,"H",0.48499999999999999,27.97,13.56]
["Insumo"," 00003530 ","SINAPI","JOELHO PVC, SOLDAVEL, 90 GRAUS, 110 MM, COR MARROM, PARA AGUA FRIA PREDIAL","Material",null,"UN",1,244.02,244.02]
["Insumo"," 00020080 ","SINAPI","ADESIVO PLASTICO PARA PVC, FRASCO COM 175 GR","Material",null,"UN",0.28899999999999998,16.920000000000002,4.88]
["Insumo"," 00020083 ","SINAPI","SOLUCAO PREPARADORA / LIMPADORA PARA PVC, FRASCO COM 1000 CM3","Material",null,"UN",7.5999999999999998E-2,58.75,4.46]
["Insumo"," 00038383 ","SINAPI","LIXA D'AGUA EM FOLHA, GRAO 100","Material",null,"UN",4.8000000000000001E-2,1.89,0.09]
[{"$nulls":4},"MO sem LS =>",8.4411354118194506,"LS =>",9.6999999999999993,"MO com LS =>",18.14]
[{"$nulls":4},"Valor do BDI =>",66.760000000000005,null,"Valor com BDI =>",null,342.87]
[]
[" 2.4.4.20 ","Código","Banco","Descrição","Tipo",null,"Und","Quant.","Valor Unit","Total"]
["Composição"," 1115 ","ORSE","Curva 45º de pvc rígido soldável, marrom  diâm = 110mm Rev. 01 - 10/2022","Tubos e Conexões de PVC Rígido Soldável",null,"un",1,133.16,133.16]
["Composição Auxiliar"," 10549 ","ORSE","Encargos Complementares - Servente","Provisórios",null,"h",0.45,3.75,1.68]
["Composição Auxiliar"," 10554 ","ORSE","Encargos Complementares - Encanador","Provisórios",null,"h",0.45,3.67,1.65]
["Insumo"," 138 ","ORSE","Adesivo pvc em frasco de 850 gramas kg","Material",null,"tubo",0.05,71.959999999999994,3.59]
["Insumo"," 764 ","ORSE","Curva 45 pvc rigido soldavel, marrom, d= 110mm un","Material",null,"un",1,109.89,109.89]
["Insumo"," 2036 ","ORSE","Solucao limpadora pvc l","Material",null,"l",2E-3,69.3,0.13]
["Insumo"," 00002696 ","SINAPI","ENCANADOR OU BOMBEIRO HIDRAULICO (HORISTA)","Mão de Obra",null,"H",0.45,22.88,10.29]
["Insumo"," 00006111 ","SINAPI","SERVENTE DE OBRAS","Mão de Obra",null,"H",0.45,13.19,5.93]
[{"$nulls":4},"MO sem LS =>",7.5476966000000001,"LS =>",8.67,"MO com LS =>",16.22]
[{"$nulls":4},"Valor do BDI =>",32.19,null,"Valor com BDI =>",null,165.35]
[]
[" 2.4.4.21 ","Código","Banco","Descrição","Tipo",null,"Und","Quant.","Valor Unit","Total"]
["Composição"," 101919 ","SINAPI","UNIÃO, EM FERRO GALVANIZADO, 4\", CONEXÃO ROSQUEADA, INSTALADO EM PRUMADAS - FORNECIMENTO E INSTALAÇÃO. AF_10/2020","INHI - INSTALAÇÕES HIDROS SANITÁRIAS",null,"UN",1,442.67,442.67]
["Composição Auxiliar"," 88248 ","SINAPI","AUXILIAR DE ENCANADOR OU BOMBEIRO HIDRÁULICO COM ENCARGOS COMPLEMENTARES","SEDI - SERVIÇOS DIVERSOS",null,"H",0.8387,18.78,15.75]
["Composição Auxiliar"," 88267 ","SINAPI","ENCANADOR OU BOMBEIRO HIDRÁULICO COM ENCARGOS COMPLEMENTARES","SEDI - SERVIÇOS DIVERSOS",null,"H",0.8387,27.97,23.45]
["Insumo"," 00003148 ","SINAPI","FITA VEDA ROSCA EM ROLOS DE 18 MM X 50 M (L X C)","Material",null,"UN",4.5199999999999997E-2,10.88,0.49]
["Insumo"," 00007307 ","SINAPI","FUNDO ANTICORROSIVO PARA METAIS FERROSOS (ZARCAO)","Material",null,"L",1.0500000000000001E-2,41.03,0.43]
["Insumo"," 00009891 ","SINAPI","UNIAO DE FERRO GALVANIZADO, COM ROSCA BSP, COM ASSENTO PLANO, DE 4\"","Material",null,"UN",1,402.55,402.55]
[{"$nulls":4},"MO sem LS =>",14.60679385760819,"LS =>",16.78,"MO com LS =>",31.39]
[{"$nulls":4},"Valor do BDI =>",107.03,null,"Valor com BDI =>",null,549.70000000000005]
[]
[" 2.4.4.22 ","Código","Banco","Descrição","Tipo",null,"Und","Quant.","Valor Unit","Total"]
["Composição"," 101924 ","SINAPI","NIPLE, EM FERRO GALVANIZADO, 4\", CONEXÃO ROSQUEADA, INSTALADO EM PRUMADAS - FORNECIMENTO E INSTALAÇÃO. AF_10/2020","INHI - INSTALAÇÕES HIDROS SANITÁRIAS",null,"UN",1,194.88,194.88]
["Composição Auxiliar"," 88248 ","SINAPI","AUXILIAR DE ENCANADOR OU BOMBEIRO HIDRÁULICO COM ENCARGOS COMPLEMENTARES","SEDI - SERVIÇOS DIVERSOS",null,"H",0.8387,18.78,15.75]
["Composição Auxiliar"," 88267 ","SINAPI","ENCANADOR OU BOMBEIRO HIDRÁULICO COM ENCARGOS COMPLEMENTARES","SEDI - SERVIÇOS DIVERSOS",null,"H",0.8387,27.97,23.45]
["Insumo"," 00003148 ","SINAPI","FITA VEDA ROSCA EM ROLOS DE 18 MM X 50 M (L X C)","Material",null,"UN",4.5199999999999997E-2,10.88,0.49]
["Insumo"," 00004183 ","SINAPI","NIPLE DE FERRO GALVANIZADO, COM ROSCA BSP, DE 4\"","Material",null,"UN",1,154.76,154.76]
["Insumo"," 00007307 ","SINAPI","FUNDO ANTICORROSIVO PARA METAIS FERROSOS (ZARCAO)","Material",null,"L",1.0500000000000001E-2,41.03,0.43]
[{"$nulls":4},"MO sem LS =>",14.60679385760819,"LS =>",16.78,"MO com LS =>",31.39]
[{"$nulls":4},"Valor do BDI =>",47.12,null,"Valor com BDI =>",null,242]
[]
[" 2.4.4.23 ","Código","Banco","Descrição","Tipo",null,"Und","Quant.","Valor Unit","Total"]
["Composição"," 94501 ","SINAPI","REGISTRO DE GAVETA BRUTO, LATÃO, ROSCÁVEL, 4\" - FORNECIMENTO E INSTALAÇÃO. AF_08/2021","INHI - INSTALAÇÕES HIDROS SANITÁRIAS",null,"UN",1,590.84,590.84]
["Composição Auxiliar"," 88248 ","SINAPI","AUXILIAR DE ENCANADOR OU BOMBEIRO HIDRÁULICO COM ENCARGOS COMPLEMENTARES","SEDI - SERVIÇOS DIVERSOS",null,"H",0.72250000000000003,18.78,13.56]
["Composição Auxiliar"," 88267 ","SINAPI","ENCANADOR OU BOMBEIRO HIDRÁULICO COM ENCARGOS COMPLEMENTARES","SEDI - SERVIÇOS DIVERSOS",null,"H",0.72250000000000003,27.97,20.2]
["Insumo"," 00003148 ","SINAPI","FITA VEDA ROSCA EM ROLOS DE 18 MM X 50 M (L X C)","Material",null,"UN",4.5199999999999997E-2,10.88,0.49]
["Insumo"," 00006027 ","SINAPI","REGISTRO GAVETA BRUTO EM LATAO FORJADO, BITOLA 4 \" (REF 1509)","Material",null,"UN",1,556.59,556.59]
[{"$nulls":4},"MO sem LS =>",12.582596556537924,"LS =>",14.46,"MO com LS =>",27.04]
[{"$nulls":4},"Valor do BDI =>",142.86000000000001,null,"Valor com BDI =>",null,733.7]
[]
[" 2.5.3.7 ","Código","Banco","Descrição","Tipo",null,"Und","Quant.","Valor Unit","Total"]
["Composição"," 101963 ","SINAPI","LAJE PRÉ-MOLDADA UNIDIRECIONAL, BIAPOIADA, PARA PISO, ENCHIMENTO EM CERÂMICA, VIGOTA CONVENCIONAL, ALTURA TOTAL DA LAJE (ENCHIMENTO+CAPA) = (8+4). AF_11/2020_PA","FUES - FUNDAÇÕES E ESTRUTURAS",null,"m²",1,194.1,194.1]
["Composição Auxiliar"," 103674 ","SINAPI","CONCRETAGEM DE VIGAS E LAJES, FCK=25 MPA, PARA LAJES PREMOLDADAS COM USO DE BOMBA - LANÇAMENTO, ADENSAMENTO E ACABAMENTO. AF_02/2022_PS","FUES - FUNDAÇÕES E ESTRUTURAS",null,"m³",5.3999999999999999E-2,618.77,33.409999999999997]
["Composição Auxiliar"," 88262 ","SINAPI","CARPINTEIRO DE FORMAS COM ENCARGOS COMPLEMENTARES","SEDI - SERVIÇOS DIVERSOS",null,"H",0.501,23.48,11.76]
["Composição Auxiliar"," 88316 ","SINAPI","SERVENTE COM ENCARGOS COMPLEMENTARES","SEDI - SERVIÇOS DIVERSOS",null,"H",0.35399999999999998,18.649999999999999,6.6]
["Composição Auxiliar"," 92273 ","SINAPI","FABRICAÇÃO DE ESCORAS DO TIPO PONTALETE, EM MADEIRA, PARA PÉ-DIREITO SIMPLES. AF_09/2020","FUES - FUNDAÇÕES E ESTRUTURAS",null,"M",0.97,18.3,17.75]
["Composição Auxiliar"," 92767 ","SINAPI","ARMAÇÃO DE LAJE DE ESTRUTURA CONVENCIONAL DE CONCRETO ARMADO UTILIZANDO AÇO CA-60 DE 4,2 MM - MONTAGEM. AF_06/2022","FUES - FUNDAÇÕES E ESTRUTURAS",null,"KG",1.2110000000000001,16.16,19.559999999999999]
["Insumo"," 00003743 ","SINAPI","LAJE PRE-MOLDADA CONVENCIONAL (LAJOTAS + VIGOTAS) PARA PISO, UNIDIRECIONAL, SOBRECARGA DE 200 KG/M2, VAO ATE 3,50 M (SEM COLOCACAO)","Material",null,"m²",1,77.900000000000006,77.900000000000006]
["Insumo"," 00006193 ","SINAPI","TABUA NAO APARELHADA *2,5 X 20* CM, EM MACARANDUBA/MASSARANDUBA, ANGELIM OU EQUIVALENTE DA REGIAO - BRUTA","Material",null,"M",1.87,13.89,25.97]
["Insumo"," 00040304 ","SINAPI","PREGO DE ACO POLIDO COM CABECA DUPLA 17 X 27 (2 1/2 X 11)","Material",null,"KG",0.04,28.88,1.1499999999999999]
[{"$nulls":4},"MO sem LS =>",10.916705444392742,"LS =>",12.54,"MO com LS =>",23.46]
[{"$nulls":4},"Valor do BDI =>",46.93,null,"Valor com BDI =>",null,241.03]
[]
[" 2.5.5.1 ","Código","Banco","Descrição","Tipo",null,"Und","Quant.","Valor Unit","Total"]
["Composição"," 91314 ","SINAPI","KIT DE PORTA DE MADEIRA PARA PINTURA, SEMI-OCA (LEVE OU MÉDIA), PADRÃO POPULAR, 80X210CM, ESPESSURA DE 3,5CM, ITENS INCLUSOS: DOBRADIÇAS, MONTAGEM E INSTALAÇÃO DO BATENTE, FECHADURA COM EXECUÇÃO DO FURO - FORNECIMENTO E INSTALAÇÃO. AF_12/2019","ESQV - ESQUADRIAS/FERRAGENS/VIDROS",null,"UN",1,777.71,777.71]
["Composição Auxiliar"," 100660 ","SINAPI","ALIZAR DE 5X1,5CM PARA PORTA FIXADO COM PREGOS, PADRÃO POPULAR - FORNECIMENTO E INSTALAÇÃO. AF_12/2019","ESQV - ESQUADRIAS/FERRAGENS/VIDROS",null,"M",10,7.48,74.8]
["Composição Auxiliar"," 90822 ","SINAPI","PORTA DE MADEIRA PARA PINTURA, SEMI-OCA (LEVE OU MÉDIA), 80X210CM, ESPESSURA DE 3,5CM, INCLUSO DOBRADIÇAS - FORNECIMENTO E INSTALAÇÃO. AF_12/2019","ESQV - ESQUADRIAS/FERRAGENS/VIDROS",null,"UN",1,303.35000000000002,303.35000000000002]
["Composição Auxiliar"," 91292 ","SINAPI","BATENTE PARA PORTA DE MADEIRA, FIXAÇÃO COM ARGAMASSA, PADRÃO POPULAR. FORNECIMENTO E INSTALAÇÃO. AF_12/2019","ESQV - ESQUADRIAS/FERRAGENS/VIDROS",null,"UN",1,300.01,300.01]
["Composição Auxiliar"," 91304 ","SINAPI","FECHADURA DE EMBUTIR COM CILINDRO, EXTERNA, COMPLETA, ACABAMENTO PADRÃO POPULAR, INCLUSO EXECUÇÃO DE FURO - FORNECIMENTO E INSTALAÇÃO. AF_12/2019","ESQV - ESQUADRIAS/FERRAGENS/VIDROS",null,"UN",1,99.55,99.55]
[{"$nulls":4},"MO sem LS =>",90.7584923,"LS =>",104.28,"MO com LS =>",195.04]
[{"$nulls":4},"Valor do BDI =>",188.05,null,"Valor com BDI =>",null,965.76]
[]
[" 2.5.6.1 ","Código","Banco","Descrição","Tipo",null,"Und","Quant.","Valor Unit","Total"]
["Composição"," 94201 ","SINAPI","TELHAMENTO COM TELHA CERÂMICA CAPA-CANAL, TIPO COLONIAL, COM ATÉ 2 ÁGUAS, INCLUSO TRANSPORTE VERTICAL. AF_07/2019","COBE - COBERTURA",null,"m²",1,35.22,35.22]
["Composição Auxiliar"," 88316 ","SINAPI","SERVENTE COM ENCARGOS COMPLEMENTARES","SEDI - SERVIÇOS DIVERSOS",null,"H",0.39900000000000002,18.649999999999999,7.44]
["Composição Auxiliar"," 88323 ","SINAPI","TELHADISTA COM ENCARGOS COMPLEMENTARES","SEDI - SERVIÇOS DIVERSOS",null,"H",0.13300000000000001,23.24,3.09]
["Composição Auxiliar"," 93281 ","SINAPI","GUINCHO ELÉTRICO DE COLUNA, CAPACIDADE 400 KG, COM MOTO FREIO, MOTOR TRIFÁSICO DE 1,25 CV - CHP DIURNO. AF_03/2016","CHOR - CUSTOS HORÁRIOS DE MÁQUINAS E EQUIPAMENTOS",null,"CHP",3.7199999999999997E-2,18.73,0.69]
["Composição Auxiliar"," 93282 ","SINAPI","GUINCHO ELÉTRICO DE COLUNA, CAPACIDADE 400 KG, COM MOTO FREIO, MOTOR TRIFÁSICO DE 1,25 CV - CHI DIURNO. AF_03/2016","CHOR - CUSTOS HORÁRIOS DE MÁQUINAS E EQUIPAMENTOS",null,"CHI",5.16E-2,17.48,0.9]
["Insumo"," 00007173 ","SINAPI","TELHA DE BARRO / CERAMICA, NAO ESMALTADA, TIPO COLONIAL, CANAL, PLAN, PAULISTA, COMPRIMENTO DE *44 A 50* CM, RENDIMENTO DE COBERTURA DE *26* TELHAS/M2","Material",null,"MIL",2.75E-2,840,23.1]
[{"$nulls":4},"MO sem LS =>",4.1461144718473708,"LS =>",4.76,"MO com LS =>",8.91]
[{"$nulls":4},"Valor do BDI =>",8.51,null,"Valor com BDI =>",null,43.73]
[]
[" 2.5.6.2 ","Código","Banco","Descrição","Tipo",null,"Und","Quant.","Valor Unit","Total"]
["Composição"," 92541 ","SINAPI","TRAMA DE MADEIRA COMPOSTA POR RIPAS, CAIBROS E TERÇAS PARA TELHADOS DE ATÉ 2 ÁGUAS PARA TELHA CERÂMICA CAPA-CANAL, INCLUSO TRANSPORTE VERTICAL. AF_07/2019","COBE - COBERTURA",null,"m²",1,65.599999999999994,65.599999999999994]
["Composição Auxiliar"," 88239 ","SINAPI","AJUDANTE DE CARPINTEIRO COM ENCARGOS COMPLEMENTARES","SEDI - SERVIÇOS DIVERSOS",null,"H",0.40200000000000002,19.23,7.73]
["Composição Auxiliar"," 88262 ","SINAPI","CARPINTEIRO DE FORMAS COM ENCARGOS COMPLEMENTARES","SEDI - SERVIÇOS DIVERSOS",null,"H",0.4,23.48,9.39]
["Composição Auxiliar"," 93281 ","SINAPI","GUINCHO ELÉTRICO DE COLUNA, CAPACIDADE 400 KG, COM MOTO FREIO, MOTOR TRIFÁSICO DE 1,25 CV - CHP DIURNO. AF_03/2016","CHOR - CUSTOS HORÁRIOS DE MÁQUINAS E EQUIPAMENTOS",null,"CHP",4.1200000000000001E-2,18.73,0.77]
["Composição Auxiliar"," 93282 ","SINAPI","GUINCHO ELÉTRICO DE COLUNA, CAPACIDADE 400 KG, COM MOTO FREIO, MOTOR TRIFÁSICO DE 1,25 CV - CHI DIURNO. AF_03/2016","CHOR - CUSTOS HORÁRIOS DE MÁQUINAS E EQUIPAMENTOS",null,"CHI",5.7099999999999998E-2,17.48,0.99]
["Insumo"," 00004408 ","SINAPI","RIPA NAO APARELHADA, *1,5 X 5* CM, EM MACARANDUBA/MASSARANDUBA, ANGELIM OU EQUIVALENTE DA REGIAO - BRUTA","Material",null,"M",2.573,1.87,4.8099999999999996]
["Insumo"," 00004425 ","SINAPI","VIGA NAO APARELHADA *6 X 12* CM, EM MACARANDUBA/MASSARANDUBA, ANGELIM OU EQUIVALENTE DA REGIAO - BRUTA","Material",null,"M",0.73499999999999999,20.79,15.28]
["Insumo"," 00004430 ","SINAPI","CAIBRO NAO APARELHADO *5 X 6* CM, EM MACARANDUBA/MASSARANDUBA, ANGELIM OU EQUIVALENTE DA REGIAO - BRUTA","Material",null,"M",2.3359999999999999,9.83,22.96]
["Insumo"," 00020247 ","SINAPI","PREGO DE ACO POLIDO COM CABECA 15 X 15 (1 1/4 X 13)","Material",null,"KG",7.0000000000000007E-2,25.91,1.81]
["Insumo"," 00039027 ","SINAPI","PREGO DE ACO POLIDO COM CABECA 19  X 36 (3 1/4  X  9)","Material",null,"KG",0.05,23.37,1.1599999999999999]
["Insumo"," 00040568 ","SINAPI","PREGO DE ACO POLIDO COM CABECA 22 X 48 (4 1/4 X 5)","Material",null,"KG",0.03,23.57,0.7]
[{"$nulls":4},"MO sem LS =>",6.6216845044206609,"LS =>",7.61,"MO com LS =>",14.23]
[{"$nulls":4},"Valor do BDI =>",15.86,null,"Valor com BDI =>",null,81.459999999999994]
[]
[" 2.5.7.3 ","Código","Banco","Descrição","Tipo",null,"Und","Quant.","Valor Unit","Total"]
["Composição"," 87265 ","SINAPI","REVESTIMENTO CERÂMICO PARA PAREDES INTERNAS COM PLACAS TIPO ESMALTADA EXTRA DE DIMENSÕES 20X20 CM APLICADAS NA ALTURA INTEIRA DAS PAREDES.  AF_02/2023_PE","REVE - REVESTIMENTO E TRATAMENTO DE SUPERFÍCIES",null,"m²",1,60.8,60.8]
["Composição Auxiliar"," 88256 ","SINAPI","AZULEJISTA OU LADRILHISTA COM ENCARGOS COMPLEMENTARES","SEDI - SERVIÇOS DIVERSOS",null,"H",0.53410000000000002,23.73,12.67]
["Composição Auxiliar"," 88316 ","SINAPI","SERVENTE COM ENCARGOS COMPLEMENTARES","SEDI - SERVIÇOS DIVERSOS",null,"H",0.26860000000000001,18.649999999999999,5]
["Insumo"," 00000536 ","SINAPI","REVESTIMENTO EM CERAMICA ESMALTADA EXTRA, PEI MENOR OU IGUAL A 3, FORMATO MENOR OU IGUAL A 2025 CM2","Material",null,"m²",1.0552999999999999,35,36.93]
["Insumo"," 00001381 ","SINAPI","ARGAMASSA COLANTE AC I PARA CERAMICAS","Material",null,"KG",4.91,0.84,4.12]
["Insumo"," 00034357 ","SINAPI","REJUNTE CIMENTICIO, QUALQUER COR","Material",null,"KG",0.42199999999999999,4.93,2.08]
[{"$nulls":4},"MO sem LS =>",6.2540716612377851,"LS =>",7.19,"MO com LS =>",13.44]
[{"$nulls":4},"Valor do BDI =>",14.7,null,"Valor com BDI =>",null,75.5]
[]
[" 2.5.7.4 ","Código","Banco","Descrição","Tipo",null,"Und","Quant.","Valor Unit","Total"]
["Composição"," 87246 ","SINAPI","REVESTIMENTO CERÂMICO PARA PISO COM PLACAS TIPO ESMALTADA EXTRA DE DIMENSÕES 35X35 CM APLICADA EM AMBIENTES DE ÁREA MENOR QUE 5 M2. AF_02/2023_PE","PISO - PISOS",null,"m²",1,67.400000000000006,67.400000000000006]
["Composição Auxiliar"," 88256 ","SINAPI","AZULEJISTA OU LADRILHISTA COM ENCARGOS COMPLEMENTARES","SEDI - SERVIÇOS DIVERSOS",null,"H",0.67969999999999997,23.73,16.12]
["Composição Auxiliar"," 88316 ","SINAPI","SERVENTE COM ENCARGOS COMPLEMENTARES","SEDI - SERVIÇOS DIVERSOS",null,"H",0.1893,18.649999999999999,3.53]
["Insumo"," 00001287 ","SINAPI","PISO EM CERAMICA ESMALTADA EXTRA, PEI MAIOR OU IGUAL A 4, FORMATO MENOR OU IGUAL A 2025 CM2","Material",null,"m²",1.081,35.99,38.9]
["Insumo"," 00001381 ","SINAPI","ARGAMASSA COLANTE AC I PARA CERAMICAS","Material",null,"KG",9.1325000000000003,0.84,7.67]
["Insumo"," 00034357 ","SINAPI","REJUNTE CIMENTICIO, QUALQUER COR","Material",null,"KG",0.24099999999999999,4.93,1.18]
[{"$nulls":4},"MO sem LS =>",6.9986040018613309,"LS =>",8.0399999999999991,"MO com LS =>",15.04]
[{"$nulls":4},"Valor do BDI =>",16.29,null,"Valor com BDI =>",null,83.69]
[]
[" 2.5.8.2 ","Código","Banco","Descrição","Tipo",null,"Und","Quant.","Valor Unit","Total"]
["Composição"," 102220 ","SINAPI","PINTURA TINTA DE ACABAMENTO (PIGMENTADA) ESMALTE SINTÉTICO BRILHANTE EM MADEIRA, 2 DEMÃOS. AF_01/2021","PINT - PINTURAS",null,"m²",1,14.55,14.55]
["Composição Auxiliar"," 88310 ","SINAPI","PINTOR COM ENCARGOS COMPLEMENTARES","SEDI - SERVIÇOS DIVERSOS",null,"H",0.3805,25.08,9.5399999999999991]
["Insumo"," 00005318 ","SINAPI","DILUENTE AGUARRAS","Material",null,"L",1.2500000000000001E-2,20.25,0.25]
["Insumo"," 00007292 ","SINAPI","TINTA ESMALTE SINTETICO PREMIUM BRILHANTE","Material",null,"L",0.12529999999999999,38.04,4.76]
[{"$nulls":4},"MO sem LS =>",3.252675663099116,"LS =>",3.74,"MO com LS =>",6.99]
[{"$nulls":4},"Valor do BDI =>",3.51,null,"Valor com BDI =>",null,18.059999999999999]
[]
[" 2.5.9.1 ","Código","Banco","Descrição","Tipo",null,"Und","Quant.","Valor Unit","Total"]
["Composição"," 95241 ","SINAPI","LASTRO DE CONCRETO MAGRO, APLICADO EM PISOS, LAJES SOBRE SOLO OU RADIERS, ESPESSURA DE 5 CM. AF_07/2016","FUES - FUNDAÇÕES E ESTRUTURAS",null,"m²",1,27.94,27.94]
["Composição Auxiliar"," 88309 ","SINAPI","PEDREIRO COM ENCARGOS COMPLEMENTARES","SEDI - SERVIÇOS DIVERSOS",null,"H",0.27179999999999999,23.85,6.48]
["Composição Auxiliar"," 88316 ","SINAPI","SERVENTE COM ENCARGOS COMPLEMENTARES","SEDI - SERVIÇOS DIVERSOS",null,"H",7.4099999999999999E-2,18.649999999999999,1.38]
["Composição Auxiliar"," 94968 ","SINAPI","CONCRETO MAGRO PARA LASTRO, TRAÇO 1:4,5:4,5 (EM MASSA SECA DE CIMENTO/ AREIA MÉDIA/ BRITA 1) - PREPARO MECÂNICO COM BETONEIRA 600 L. AF_05/2021","FUES - FUNDAÇÕES E ESTRUTURAS",null,"m³",5.6500000000000002E-2,355.51,20.079999999999998]
[{"$nulls":4},"MO sem LS =>",4.0018613308515585,"LS =>",4.5999999999999996,"MO com LS =>",8.6]
[{"$nulls":4},"Valor do BDI =>",6.75,null,"Valor com BDI =>",null,34.69]
[]
[" 2.5.10.1 ","Código","Banco","Descrição","Tipo",null,"Und","Quant.","Valor Unit","Total"]
["Composição"," 89709 ","SINAPI","RALO SIFONADO, PVC, DN 100 X 40 MM, JUNTA SOLDÁVEL, FORNECIDO E INSTALADO EM RAMAL DE DESCARGA OU EM RAMAL DE ESGOTO SANITÁRIO. AF_08/2022","INHI - INSTALAÇÕES HIDROS SANITÁRIAS",null,"UN",1,18.25,18.25]
["Composição Auxiliar"," 88248 ","SINAPI","AUXILIAR DE ENCANADOR OU BOMBEIRO HIDRÁULICO COM ENCARGOS COMPLEMENTARES","SEDI - SERVIÇOS DIVERSOS",null,"H",0.16520000000000001,18.78,3.1]
["Composição Auxiliar"," 88267 ","SINAPI","ENCANADOR OU BOMBEIRO HIDRÁULICO COM ENCARGOS COMPLEMENTARES","SEDI - SERVIÇOS DIVERSOS",null,"H",0.16520000000000001,27.97,4.62]
["Insumo"," 00000122 ","SINAPI","ADESIVO PLASTICO PARA PVC, FRASCO COM *850* GR","Material",null,"UN",4.8999999999999998E-3,51.86,0.25]
["Insumo"," 00011741 ","SINAPI","RALO SIFONADO CILINDRICO, PVC, 100 X 40 MM,  COM GRELHA REDONDA BRANCA","Material",null,"UN",1,9.7799999999999994,9.7799999999999994]
["Insumo"," 00020083 ","SINAPI","SOLUCAO PREPARADORA / LIMPADORA PARA PVC, FRASCO COM 1000 CM3","Material",null,"UN",7.4999999999999997E-3,58.75,0.44]
["Insumo"," 00038383 ","SINAPI","LIXA D'AGUA EM FOLHA, GRAO 100","Material",null,"UN",3.5999999999999997E-2,1.89,0.06]
[{"$nulls":4},"MO sem LS =>",2.8757561656584456,"LS =>",3.3,"MO com LS =>",6.18]
[{"$nulls":4},"Valor do BDI =>",4.41,null,"Valor com BDI =>",null,22.66]
[]
[" 2.5.10.2 ","Código","Banco","Descrição","Tipo",null,"Und","Quant.","Valor Unit","Total"]
["Composição"," 89707 ","SINAPI","CAIXA SIFONADA, PVC, DN 100 X 100 X 50 MM, JUNTA ELÁSTICA, FORNECIDA E INSTALADA EM RAMAL DE DESCARGA OU EM RAMAL DE ESGOTO SANITÁRIO. AF_08/2022","INHI - INSTALAÇÕES HIDROS SANITÁRIAS",null,"UN",1,42.24,42.24]
["Composição Auxiliar"," 88248 ","SINAPI","AUXILIAR DE ENCANADOR OU BOMBEIRO HIDRÁULICO COM ENCARGOS COMPLEMENTARES","SEDI - SERVIÇOS DIVERSOS",null,"H",0.3987,18.78,7.48]
["Composição Auxiliar"," 88267 ","SINAPI","ENCANADOR OU BOMBEIRO HIDRÁULICO COM ENCARGOS COMPLEMENTARES","SEDI - SERVIÇOS DIVERSOS",null,"H",0.3987,27.97,11.15]
["Insumo"," 00000122 ","SINAPI","ADESIVO PLASTICO PARA PVC, FRASCO COM *850* GR","Material",null,"UN",2.92E-2,51.86,1.51]
["Insumo"," 00005103 ","SINAPI","CAIXA SIFONADA PVC, 100 X 100 X 50 MM, COM GRELHA REDONDA, BRANCA","Material",null,"UN",1,19.5,19.5]
["Insumo"," 00020083 ","SINAPI","SOLUCAO PREPARADORA / LIMPADORA PARA PVC, FRASCO COM 1000 CM3","Material",null,"UN",4.3999999999999997E-2,58.75,2.58]
["Insumo"," 00038383 ","SINAPI","LIXA D'AGUA EM FOLHA, GRAO 100","Material",null,"UN",1.54E-2,1.89,0.02]
[{"$nulls":4},"MO sem LS =>",6.9381107491856673,"LS =>",7.97,"MO com LS =>",14.909999999999998]
[{"$nulls":4},"Valor do BDI =>",10.210000000000001,null,"Valor com BDI =>",null,52.45]
[]
[" 2.5.10.3 ","Código","Banco","Descrição","Tipo",null,"Und","Quant.","Valor Unit","Total"]
["Composição"," 86931 ","SINAPI","VASO SANITÁRIO SIFONADO COM CAIXA ACOPLADA LOUÇA BRANCA, INCLUSO ENGATE FLEXÍVEL EM PLÁSTICO BRANCO, 1/2  X 40CM - FORNECIMENTO E INSTALAÇÃO. AF_01/2020","INHI - INSTALAÇÕES HIDROS SANITÁRIAS",null,"UN",1,481.25,481.25]
["Composição Auxiliar"," 86885 ","SINAPI","ENGATE FLEXÍVEL EM PLÁSTICO BRANCO, 1/2\u0094 X 40CM - FORNECIMENTO E INSTALAÇÃO. AF_01/2020","INHI - INSTALAÇÕES HIDROS SANITÁRIAS",null,"UN",1,12.07,12.07]
["Composição Auxiliar"," 86888 ","SINAPI","VASO SANITÁRIO SIFONADO COM CAIXA ACOPLADA LOUÇA BRANCA - FORNECIMENTO E INSTALAÇÃO. AF_01/2020","INHI - INSTALAÇÕES HIDROS SANITÁRIAS",null,"UN",1,469.18,469.18]
[{"$nulls":4},"MO sem LS =>",13.1456491,"LS =>",15.1,"MO com LS =>",28.25]
[{"$nulls":4},"Valor do BDI =>",116.36,null,"Valor com BDI =>",null,597.61]
[]
[" 2.5.10.4 ","Código","Banco","Descrição","Tipo",null,"Und","Quant.","Valor Unit","Total"]
["Composição"," 2050 ","ORSE","Chuveiro plástico sem registro","Louças e Metais Sanitários",null,"un",1,34.96,34.96]
["Composição Auxiliar"," 10554 ","ORSE","Encargos Complementares - Encanador","Provisórios",null,"h",0.4,3.67,1.46]
["Insumo"," 00002696 ","SINAPI","ENCANADOR OU BOMBEIRO HIDRAULICO (HORISTA)","Mão de Obra",null,"H",0.4,22.88,9.15]
["Insumo"," 00007608 ","SINAPI","DUCHA / CHUVEIRO PLASTICO SIMPLES, 5 '', BRANCO, PARA ACOPLAR EM HASTE 1/2 \", AGUA FRIA","Material",null,"UN",1,9.98,9.98]
["Insumo"," 00011680 ","SINAPI","BRACO OU HASTE COM CANOPLA PLASTICA, 1/2 \", PARA CHUVEIRO SIMPLES","Material",null,"UN",1,14.37,14.37]
[{"$nulls":4},"MO sem LS =>",4.2577942999999996,"LS =>",4.8899999999999997,"MO com LS =>",9.15]
[{"$nulls":4},"Valor do BDI =>",8.4499999999999993,null,"Valor com BDI =>",null,43.41]
[]
[" 2.5.10.5 ","Código","Banco","Descrição","Tipo",null,"Und","Quant.","Valor Unit","Total"]
["Composição"," 86939 ","SINAPI","LAVATÓRIO LOUÇA BRANCA COM COLUNA, *44 X 35,5* CM, PADRÃO POPULAR, INCLUSO SIFÃO FLEXÍVEL EM PVC, VÁLVULA E ENGATE FLEXÍVEL 30CM EM PLÁSTICO E COM TORNEIRA CROMADA PADRÃO POPULAR - FORNECIMENTO E INSTALAÇÃO. AF_01/2020","INHI - INSTALAÇÕES HIDROS SANITÁRIAS",null,"UN",1,404.58,404.58]
["Composição Auxiliar"," 86879 ","SINAPI","VÁLVULA EM PLÁSTICO 1\u0094 PARA PIA, TANQUE OU LAVATÓRIO, COM OU SEM LADRÃO - FORNECIMENTO E INSTALAÇÃO. AF_01/2020","INHI - INSTALAÇÕES HIDROS SANITÁRIAS",null,"UN",1,9.5299999999999994,9.5299999999999994]
["Composição Auxiliar"," 86883 ","SINAPI","SIFÃO DO TIPO FLEXÍVEL EM PVC 1  X 1.1/2  - FORNECIMENTO E INSTALAÇÃO. AF_01/2020","INHI - INSTALAÇÕES HIDROS SANITÁRIAS",null,"UN",1,11.93,11.93]
["Composição Auxiliar"," 86884 ","SINAPI","ENGATE FLEXÍVEL EM PLÁSTICO BRANCO, 1/2\u0094 X 30CM - FORNECIMENTO E INSTALAÇÃO. AF_01/2020","INHI - INSTALAÇÕES HIDROS SANITÁRIAS",null,"UN",1,10.65,10.65]
["Composição Auxiliar"," 86902 ","SINAPI","LAVATÓRIO LOUÇA BRANCA COM COLUNA, *44 X 35,5* CM, PADRÃO POPULAR - FORNECIMENTO E INSTALAÇÃO. AF_01/2020","INHI - INSTALAÇÕES HIDROS SANITÁRIAS",null,"UN",1,306.05,306.05]
["Composição Auxiliar"," 86906 ","SINAPI","TORNEIRA CROMADA DE MESA, 1/2\u0094 OU 3/4\u0094, PARA LAVATÓRIO, PADRÃO POPULAR - FORNECIMENTO E INSTALAÇÃO. AF_01/2020","INHI - INSTALAÇÕES HIDROS SANITÁRIAS",null,"UN",1,66.42,66.42]
[{"$nulls":4},"MO sem LS =>",18.138669100000001,"LS =>",20.84,"MO com LS =>",38.979999999999997]
[{"$nulls":4},"Valor do BDI =>",97.82,null,"Valor com BDI =>",null,502.4]
[]
[" 2.5.10.6 ","Código","Banco","Descrição","Tipo",null,"Und","Quant.","Valor Unit","Total"]
["Composição"," 102622 ","SINAPI","CAIXA D´ÁGUA EM POLIETILENO, 500 LITROS (INCLUSOS TUBOS, CONEXÕES E TORNEIRA DE BÓIA) - FORNECIMENTO E INSTALAÇÃO. AF_06/2021","INHI - INSTALAÇÕES HIDROS SANITÁRIAS",null,"UN",1,581.45000000000005,581.45000000000005]
["Composição Auxiliar"," 102591 ","SINAPI","FURO EM CAIXA D'ÁGUA COM ESPESSURA DE 2 ATÉ 5 MM E DIÂMETRO DE 25 MM. AF_06/2021","INHI - INSTALAÇÕES HIDROS SANITÁRIAS",null,"UN",3,3.99,11.97]
["Composição Auxiliar"," 102593 ","SINAPI","FURO EM CAIXA D'ÁGUA COM ESPESSURA DE 2 ATÉ 5 MM E DIÂMETRO DE 32 MM. AF_06/2021","INHI - INSTALAÇÕES HIDROS SANITÁRIAS",null,"UN",1,4.51,4.51]
["Composição Auxiliar"," 102605 ","SINAPI","CAIXA D´ÁGUA EM POLIETILENO, 500 LITROS - FORNECIMENTO E INSTALAÇÃO. AF_06/2021","INHI - INSTALAÇÕES HIDROS SANITÁRIAS",null,"UN",1,277.04000000000002,277.04000000000002]
["Composição Auxiliar"," 94489 ","SINAPI","REGISTRO DE ESFERA, PVC, SOLDÁVEL, COM VOLANTE, DN  25 MM - FORNECIMENTO E INSTALAÇÃO. AF_08/2021","INHI - INSTALAÇÕES HIDROS SANITÁRIAS",null,"UN",2,21.95,43.9]
["Composição Auxiliar"," 94490 ","SINAPI","REGISTRO DE ESFERA, PVC, SOLDÁVEL, COM VOLANTE, DN  32 MM - FORNECIMENTO E INSTALAÇÃO. AF_08/2021","INHI - INSTALAÇÕES HIDROS SANITÁRIAS",null,"UN",1,31.96,31.96]
["Composição Auxiliar"," 94648 ","SINAPI","TUBO, PVC, SOLDÁVEL, DN  25 MM, INSTALADO EM RESERVAÇÃO DE ÁGUA DE EDIFICAÇÃO QUE POSSUA RESERVATÓRIO DE FIBRA/FIBROCIMENTO   FORNECIMENTO E INSTALAÇÃO. AF_06/2016","INHI - INSTALAÇÕES HIDROS SANITÁRIAS",null,"M",1.4,11.32,15.84]
["Composição Auxiliar"," 94649 ","SINAPI","TUBO, PVC, SOLDÁVEL, DN 32 MM, INSTALADO EM RESERVAÇÃO DE ÁGUA DE EDIFICAÇÃO QUE POSSUA RESERVATÓRIO DE FIBRA/FIBROCIMENTO   FORNECIMENTO E INSTALAÇÃO. AF_06/2016","INHI - INSTALAÇÕES HIDROS SANITÁRIAS",null,"M",0.85,17.23,14.64]
["Composição Auxiliar"," 94672 ","SINAPI","JOELHO 90 GRAUS COM BUCHA DE LATÃO, PVC, SOLDÁVEL, DN  25 MM, X 3/4\u0094 INSTALADO EM RESERVAÇÃO DE ÁGUA DE EDIFICAÇÃO QUE POSSUA RESERVATÓRIO DE FIBRA/FIBROCIMENTO   FORNECIMENTO E INSTALAÇÃO. AF_06/2016","INHI - INSTALAÇÕES HIDROS SANITÁRIAS",null,"UN",2,9.73,19.46]
["Composição Auxiliar"," 94674 ","SINAPI","JOELHO 90 GRAUS, PVC, SOLDÁVEL, DN 32 MM INSTALADO EM RESERVAÇÃO DE ÁGUA DE EDIFICAÇÃO QUE POSSUA RESERVATÓRIO DE FIBRA/FIBROCIMENTO   FORNECIMENTO E INSTALAÇÃO. AF_06/2016","INHI - INSTALAÇÕES HIDROS SANITÁRIAS",null,"UN",1,9.73,9.73]
["Composição Auxiliar"," 94688 ","SINAPI","TÊ, PVC, SOLDÁVEL, DN  25 MM INSTALADO EM RESERVAÇÃO DE ÁGUA DE EDIFICAÇÃO QUE POSSUA RESERVATÓRIO DE FIBRA/FIBROCIMENTO   FORNECIMENTO E INSTALAÇÃO. AF_06/2016","INHI - INSTALAÇÕES HIDROS SANITÁRIAS",null,"UN",1,10.71,10.71]
["Composição Auxiliar"," 94690 ","SINAPI","TÊ, PVC, SOLDÁVEL, DN 32 MM INSTALADO EM RESERVAÇÃO DE ÁGUA DE EDIFICAÇÃO QUE POSSUA RESERVATÓRIO DE FIBRA/FIBROCIMENTO   FORNECIMENTO E INSTALAÇÃO. AF_06/2016","INHI - INSTALAÇÕES HIDROS SANITÁRIAS",null,"UN",1,13.74,13.74]
["Composição Auxiliar"," 94703 ","SINAPI","ADAPTADOR COM FLANGE E ANEL DE VEDAÇÃO, PVC, SOLDÁVEL, DN  25 MM X 3/4 , INSTALADO EM RESERVAÇÃO DE ÁGUA DE EDIFICAÇÃO QUE POSSUA RESERVATÓRIO DE FIBRA/FIBROCIMENTO   FORNECIMENTO E INSTALAÇÃO. AF_06/2016","INHI - INSTALAÇÕES HIDROS SANITÁRIAS",null,"UN",3,22.32,66.959999999999994]
["Composição Auxiliar"," 94704 ","SINAPI","ADAPTADOR COM FLANGE E ANEL DE VEDAÇÃO, PVC, SOLDÁVEL, DN 32 MM X 1 , INSTALADO EM RESERVAÇÃO DE ÁGUA DE EDIFICAÇÃO QUE POSSUA RESERVATÓRIO DE FIBRA/FIBROCIMENTO   FORNECIMENTO E INSTALAÇÃO. AF_06/2016","INHI - INSTALAÇÕES HIDROS SANITÁRIAS",null,"UN",1,29.65,29.65]
["Composição Auxiliar"," 94796 ","SINAPI","TORNEIRA DE BOIA PARA CAIXA D'ÁGUA, ROSCÁVEL, 3/4\" - FORNECIMENTO E INSTALAÇÃO. AF_08/2021","INHI - INSTALAÇÕES HIDROS SANITÁRIAS",null,"UN",1,31.34,31.34]
[{"$nulls":4},"MO sem LS =>",41.884597487203351,"LS =>",48.13,"MO com LS =>",90.01]
[{"$nulls":4},"Valor do BDI =>",140.59,null,"Valor com BDI =>",null,722.04]
[]
[" 2.5.10.7 ","Código","Banco","Descrição","Tipo",null,"Und","Quant.","Valor Unit","Total"]
["Composição"," 89355 ","SINAPI","TUBO, PVC, SOLDÁVEL, DN 20MM, INSTALADO EM RAMAL OU SUB-RAMAL DE ÁGUA - FORNECIMENTO E INSTALAÇÃO. AF_06/2022","INHI - INSTALAÇÕES HIDROS SANITÁRIAS",null,"M",1,20.010000000000002,20.010000000000002]
["Composição Auxiliar"," 88248 ","SINAPI","AUXILIAR DE ENCANADOR OU BOMBEIRO HIDRÁULICO COM ENCARGOS COMPLEMENTARES","SEDI - SERVIÇOS DIVERSOS",null,"H",0.32790000000000002,18.78,6.15]
["Composição Auxiliar"," 88267 ","SINAPI","ENCANADOR OU BOMBEIRO HIDRÁULICO COM ENCARGOS COMPLEMENTARES","SEDI - SERVIÇOS DIVERSOS",null,"H",0.32790000000000002,27.97,9.17]
["Insumo"," 00009867 ","SINAPI","TUBO PVC, SOLDAVEL, DE 20 MM, AGUA FRIA (NBR-5648)","Material",null,"M",1.0492999999999999,4.34,4.55]
["Insumo"," 00038383 ","SINAPI","LIXA D'AGUA EM FOLHA, GRAO 100","Material",null,"UN",7.6499999999999999E-2,1.89,0.14000000000000001]
[{"$nulls":4},"MO sem LS =>",5.7049790600279202,"LS =>",6.56,"MO com LS =>",12.26]
[{"$nulls":4},"Valor do BDI =>",4.83,null,"Valor com BDI =>",null,24.84]
[]
[" 2.5.10.8 ","Código","Banco","Descrição","Tipo",null,"Und","Quant.","Valor Unit","Total"]
["Composição"," 89358 ","SINAPI","JOELHO 90 GRAUS, PVC, SOLDÁVEL, DN 20MM, INSTALADO EM RAMAL OU SUB-RAMAL DE ÁGUA - FORNECIMENTO E INSTALAÇÃO. AF_06/2022","INHI - INSTALAÇÕES HIDROS SANITÁRIAS",null,"UN",1,7.46,7.46]
["Composição Auxiliar"," 88248 ","SINAPI","AUXILIAR DE ENCANADOR OU BOMBEIRO HIDRÁULICO COM ENCARGOS COMPLEMENTARES","SEDI - SERVIÇOS DIVERSOS",null,"H",0.13109999999999999,18.78,2.46]
["Composição Auxiliar"," 88267 ","SINAPI","ENCANADOR OU BOMBEIRO HIDRÁULICO COM ENCARGOS COMPLEMENTARES","SEDI - SERVIÇOS DIVERSOS",null,"H",0.13109999999999999,27.97,3.66]
["Insumo"," 00000122 ","SINAPI","ADESIVO PLASTICO PARA PVC, FRASCO COM *850* GR","Material",null,"UN",4.7000000000000002E-3,51.86,0.24]
["Insumo"," 00003542 ","SINAPI","JOELHO PVC, SOLDAVEL, 90 GRAUS, 20 MM, COR MARROM, PARA AGUA FRIA PREDIAL","Material",null,"UN",1,0.7,0.7]
["Insumo"," 00020083 ","SINAPI","SOLUCAO PREPARADORA / LIMPADORA PARA PVC, FRASCO COM 1000 CM3","Material",null,"UN",6.0000000000000001E-3,58.75,0.35]
["Insumo"," 00038383 ","SINAPI","LIXA D'AGUA EM FOLHA, GRAO 100","Material",null,"UN",2.9100000000000001E-2,1.89,0.05]
[{"$nulls":4},"MO sem LS =>",2.2801302931596092,"LS =>",2.62,"MO com LS =>",4.9000000000000004]
[{"$nulls":4},"Valor do BDI =>",1.8,null,"Valor com BDI =>",null,9.26]
[]
[" 2.5.10.9 ","Código","Banco","Descrição","Tipo",null,"Und","Quant.","Valor Unit","Total"]
["Composição"," 4964 ","ORSE","Joelho 90º pvc rígido soldável c/bucha de latão,  d= 20mm x 1/2\"","Tubos e Conexões de PVC Rígido Soldável",null,"un",1,17.39,17.39]
["Composição Auxiliar"," 10549 ","ORSE","Encargos Complementares - Servente","Provisórios",null,"h",0.22,3.75,0.82]
["Composição Auxiliar"," 10554 ","ORSE","Encargos Complementares - Encanador","Provisórios",null,"h",0.22,3.67,0.8]
["Insumo"," 981 ","ORSE","Fita veda rosca 18mm m","Material",null,"m",0.621,0.26,0.16]
["Insumo"," 00002696 ","SINAPI","ENCANADOR OU BOMBEIRO HIDRAULICO (HORISTA)","Mão de Obra",null,"H",0.22,22.88,5.03]
["Insumo"," 00003515 ","SINAPI","JOELHO PVC, SOLDAVEL, COM BUCHA DE LATAO, 90 GRAUS, 20 MM X 1/2\", PARA AGUA FRIA PREDIAL","Material",null,"UN",1,7.68,7.68]
["Insumo"," 00006111 ","SINAPI","SERVENTE DE OBRAS","Mão de Obra",null,"H",0.22,13.19,2.9]
[{"$nulls":4},"MO sem LS =>",3.6900884,"LS =>",4.24,"MO com LS =>",7.93]
[{"$nulls":4},"Valor do BDI =>",4.2,null,"Valor com BDI =>",null,21.59]
[]
[" 2.5.10.10 ","Código","Banco","Descrição","Tipo",null,"Und","Quant.","Valor Unit","Total"]
["Composição"," 1605 ","ORSE","Joelho 90° pvc rígido soldável e c/rosca, diam = 20mm x 1/2\"","Tubos e Conexões de PVC Rígido Soldável para Esgoto",null,"un",1,8.8699999999999992,8.8699999999999992]
["Composição Auxiliar"," 10549 ","ORSE","Encargos Complementares - Servente","Provisórios",null,"h",0.12,3.75,0.45]
["Composição Auxiliar"," 10554 ","ORSE","Encargos Complementares - Encanador","Provisórios",null,"h",0.12,3.67,0.44]
["Insumo"," 138 ","ORSE","Adesivo pvc em frasco de 850 gramas kg","Material",null,"tubo",8.0000000000000002E-3,71.959999999999994,0.56999999999999995]
["Insumo"," 2036 ","ORSE","Solucao limpadora pvc l","Material",null,"l",1.0999999999999999E-2,69.3,0.76]
["Insumo"," 00002696 ","SINAPI","ENCANADOR OU BOMBEIRO HIDRAULICO (HORISTA)","Mão de Obra",null,"H",0.12,22.88,2.74]
["Insumo"," 00003521 ","SINAPI","JOELHO PVC, SOLDAVEL COM ROSCA, 90 GRAUS, 20 MM X 1/2\", COR MARROM, PARA AGUA FRIA PREDIAL","Material",null,"UN",1,2.33,2.33]
["Insumo"," 00006111 ","SINAPI","SERVENTE DE OBRAS","Mão de Obra",null,"H",0.12,13.19,1.58]
[{"$nulls":4},"MO sem LS =>",2.0102373,"LS =>",2.31,"MO com LS =>",4.32]
[{"$nulls":4},"Valor do BDI =>",2.14,null,"Valor com BDI =>",null,11.01]
[]
[" 2.5.10.11 ","Código","Banco","Descrição","Tipo",null,"Und","Quant.","Valor Unit","Total"]
["Composição"," 89439 ","SINAPI","TÊ SOLDÁVEL E COM ROSCA NA BOLSA CENTRAL, PVC, SOLDÁVEL, DN 20MM X 1/2 , INSTALADO EM RAMAL DE DISTRIBUIÇÃO DE ÁGUA - FORNECIMENTO E INSTALAÇÃO. AF_06/2022","INHI - INSTALAÇÕES HIDROS SANITÁRIAS",null,"UN",1,11.24,11.24]
["Composição Auxiliar"," 88248 ","SINAPI","AUXILIAR DE ENCANADOR OU BOMBEIRO HIDRÁULICO COM ENCARGOS COMPLEMENTARES","SEDI - SERVIÇOS DIVERSOS",null,"H",0.15629999999999999,18.78,2.93]
["Composição Auxiliar"," 88267 ","SINAPI","ENCANADOR OU BOMBEIRO HIDRÁULICO COM ENCARGOS COMPLEMENTARES","SEDI - SERVIÇOS DIVERSOS",null,"H",0.15629999999999999,27.97,4.37]
["Insumo"," 00000122 ","SINAPI","ADESIVO PLASTICO PARA PVC, FRASCO COM *850* GR","Material",null,"UN",7.1000000000000004E-3,51.86,0.36]
["Insumo"," 00007109 ","SINAPI","TE PVC, SOLDAVEL, COM ROSCA NA BOLSA CENTRAL, 90 GRAUS, 20 MM X 1/2\", PARA AGUA FRIA PREDIAL","Material",null,"UN",1,2.99,2.99]
["Insumo"," 00020083 ","SINAPI","SOLUCAO PREPARADORA / LIMPADORA PARA PVC, FRASCO COM 1000 CM3","Material",null,"UN",8.9999999999999993E-3,58.75,0.52]
["Insumo"," 00038383 ","SINAPI","LIXA D'AGUA EM FOLHA, GRAO 100","Material",null,"UN",3.9E-2,1.89,7.0000000000000007E-2]
[{"$nulls":4},"MO sem LS =>",2.7175430432759424,"LS =>",3.12,"MO com LS =>",5.84]
[{"$nulls":4},"Valor do BDI =>",2.71,null,"Valor com BDI =>",null,13.95]
[]
[" 2.5.10.12 ","Código","Banco","Descrição","Tipo",null,"Und","Quant.","Valor Unit","Total"]
["Composição"," 89984 ","SINAPI","REGISTRO DE PRESSÃO BRUTO, LATÃO, ROSCÁVEL, 1/2\", COM ACABAMENTO E CANOPLA CROMADOS - FORNECIMENTO E INSTALAÇÃO. AF_08/2021","INHI - INSTALAÇÕES HIDROS SANITÁRIAS",null,"UN",1,71.23,71.23]
["Composição Auxiliar"," 88248 ","SINAPI","AUXILIAR DE ENCANADOR OU BOMBEIRO HIDRÁULICO COM ENCARGOS COMPLEMENTARES","SEDI - SERVIÇOS DIVERSOS",null,"H",0.18290000000000001,18.78,3.43]
["Composição Auxiliar"," 88267 ","SINAPI","ENCANADOR OU BOMBEIRO HIDRÁULICO COM ENCARGOS COMPLEMENTARES","SEDI - SERVIÇOS DIVERSOS",null,"H",0.18290000000000001,27.97,5.1100000000000003]
["Insumo"," 00003148 ","SINAPI","FITA VEDA ROSCA EM ROLOS DE 18 MM X 50 M (L X C)","Material",null,"UN",8.3999999999999995E-3,10.88,0.09]
["Insumo"," 00006021 ","SINAPI","REGISTRO PRESSAO COM ACABAMENTO E CANOPLA CROMADA, SIMPLES, BITOLA 1/2 \" (REF 1416)","Material",null,"UN",1,62.6,62.6]
[{"$nulls":4},"MO sem LS =>",3.1828757561656587,"LS =>",3.66,"MO com LS =>",6.84]
[{"$nulls":4},"Valor do BDI =>",17.22,null,"Valor com BDI =>",null,88.45]
[]
[" 2.5.10.13 ","Código","Banco","Descrição","Tipo",null,"Und","Quant.","Valor Unit","Total"]
["Composição"," 89711 ","SINAPI","TUBO PVC, SERIE NORMAL, ESGOTO PREDIAL, DN 40 MM, FORNECIDO E INSTALADO EM RAMAL DE DESCARGA OU RAMAL DE ESGOTO SANITÁRIO. AF_08/2022","INHI - INSTALAÇÕES HIDROS SANITÁRIAS",null,"M",1,20.32,20.32]
["Composição Auxiliar"," 88248 ","SINAPI","AUXILIAR DE ENCANADOR OU BOMBEIRO HIDRÁULICO COM ENCARGOS COMPLEMENTARES","SEDI - SERVIÇOS DIVERSOS",null,"H",0.29299999999999998,18.78,5.5]
["Composição Auxiliar"," 88267 ","SINAPI","ENCANADOR OU BOMBEIRO HIDRÁULICO COM ENCARGOS COMPLEMENTARES","SEDI - SERVIÇOS DIVERSOS",null,"H",0.29299999999999998,27.97,8.19]
["Insumo"," 00009835 ","SINAPI","TUBO PVC  SERIE NORMAL, DN 40 MM, PARA ESGOTO  PREDIAL (NBR 5688)","Material",null,"M",1.0548999999999999,6.26,6.6]
["Insumo"," 00038383 ","SINAPI","LIXA D'AGUA EM FOLHA, GRAO 100","Material",null,"UN",1.6299999999999999E-2,1.89,0.03]
[{"$nulls":4},"MO sem LS =>",5.0953932061423917,"LS =>",5.85,"MO com LS =>",10.95]
[{"$nulls":4},"Valor do BDI =>",4.91,null,"Valor com BDI =>",null,25.23]
[]
[" 2.5.10.14 ","Código","Banco","Descrição","Tipo",null,"Und","Quant.","Valor Unit","Total"]
["Composição"," 89712 ","SINAPI","TUBO PVC, SERIE NORMAL, ESGOTO PREDIAL, DN 50 MM, FORNECIDO E INSTALADO EM RAMAL DE DESCARGA OU RAMAL DE ESGOTO SANITÁRIO. AF_08/2022","INHI - INSTALAÇÕES HIDROS SANITÁRIAS",null,"M",1,25.81,25.81]
["Composição Auxiliar"," 88248 ","SINAPI","AUXILIAR DE ENCANADOR OU BOMBEIRO HIDRÁULICO COM ENCARGOS COMPLEMENTARES","SEDI - SERVIÇOS DIVERSOS",null,"H",0.31819999999999998,18.78,5.97]
["Composição Auxiliar"," 88267 ","SINAPI","ENCANADOR OU BOMBEIRO HIDRÁULICO COM ENCARGOS COMPLEMENTARES","SEDI - SERVIÇOS DIVERSOS",null,"H",0.31819999999999998,27.97,8.9]
["Insumo"," 00009838 ","SINAPI","TUBO PVC SERIE NORMAL, DN 50 MM, PARA ESGOTO PREDIAL (NBR 5688)","Material",null,"M",1.0548999999999999,10.35,10.91]
["Insumo"," 00038383 ","SINAPI","LIXA D'AGUA EM FOLHA, GRAO 100","Material",null,"UN",1.77E-2,1.89,0.03]
[{"$nulls":4},"MO sem LS =>",5.5374592833876219,"LS =>",6.36,"MO com LS =>",11.9]
[{"$nulls":4},"Valor do BDI =>",6.24,null,"Valor com BDI =>",null,32.049999999999997]
[]
[" 2.5.10.15 ","Código","Banco","Descrição","Tipo",null,"Und","Quant.","Valor Unit","Total"]
["Composição"," 89714 ","SINAPI","TUBO PVC, SERIE NORMAL, ESGOTO PREDIAL, DN 100 MM, FORNECIDO E INSTALADO EM RAMAL DE DESCARGA OU RAMAL DE ESGOTO SANITÁRIO. AF_08/2022","INHI - INSTALAÇÕES HIDROS SANITÁRIAS",null,"M",1,35.92,35.92]
["Composição Auxiliar"," 88248 ","SINAPI","AUXILIAR DE ENCANADOR OU BOMBEIRO HIDRÁULICO COM ENCARGOS COMPLEMENTARES","SEDI - SERVIÇOS DIVERSOS",null,"H",0.44440000000000002,18.78,8.34]
["Composição Auxiliar"," 88267 ","SINAPI","ENCANADOR OU BOMBEIRO HIDRÁULICO COM ENCARGOS COMPLEMENTARES","SEDI - SERVIÇOS DIVERSOS",null,"H",0.44440000000000002,27.97,12.42]
["Insumo"," 00009836 ","SINAPI","TUBO PVC  SERIE NORMAL, DN 100 MM, PARA ESGOTO  PREDIAL (NBR 5688)","Material",null,"M",1.0548999999999999,14.34,15.12]
["Insumo"," 00038383 ","SINAPI","LIXA D'AGUA EM FOLHA, GRAO 100","Material",null,"UN",2.47E-2,1.89,0.04]
[{"$nulls":4},"MO sem LS =>",7.7338296882270825,"LS =>",8.89,"MO com LS =>",16.62]
[{"$nulls":4},"Valor do BDI =>",8.68,null,"Valor com BDI =>",null,44.6]
[]
[" 2.5.10.16 ","Código","Banco","Descrição","Tipo",null,"Und","Quant.","Valor Unit","Total"]
["Composição"," 89726 ","SINAPI","JOELHO 45 GRAUS, PVC, SERIE NORMAL, ESGOTO PREDIAL, DN 40 MM, JUNTA SOLDÁVEL, FORNECIDO E INSTALADO EM RAMAL DE DESCARGA OU RAMAL DE ESGOTO SANITÁRIO. AF_08/2022","INHI - INSTALAÇÕES HIDROS SANITÁRIAS",null,"UN",1,9.58,9.58]
["Composição Auxiliar"," 88248 ","SINAPI","AUXILIAR DE ENCANADOR OU BOMBEIRO HIDRÁULICO COM ENCARGOS COMPLEMENTARES","SEDI - SERVIÇOS DIVERSOS",null,"H",0.127,18.78,2.38]
["Composição Auxiliar"," 88267 ","SINAPI","ENCANADOR OU BOMBEIRO HIDRÁULICO COM ENCARGOS COMPLEMENTARES","SEDI - SERVIÇOS DIVERSOS",null,"H",0.127,27.97,3.55]
["Insumo"," 00000122 ","SINAPI","ADESIVO PLASTICO PARA PVC, FRASCO COM *850* GR","Material",null,"UN",9.9000000000000008E-3,51.86,0.51]
["Insumo"," 00003516 ","SINAPI","JOELHO PVC, SOLDAVEL, BB, 45 GRAUS, DN 40 MM, PARA ESGOTO PREDIAL","Material",null,"UN",1,2.25,2.25]
["Insumo"," 00020083 ","SINAPI","SOLUCAO PREPARADORA / LIMPADORA PARA PVC, FRASCO COM 1000 CM3","Material",null,"UN",1.4999999999999999E-2,58.75,0.88]
["Insumo"," 00038383 ","SINAPI","LIXA D'AGUA EM FOLHA, GRAO 100","Material",null,"UN",7.1000000000000004E-3,1.89,0.01]
[{"$nulls":4},"MO sem LS =>",2.2103303862261519,"LS =>",2.54,"MO com LS =>",4.75]
[{"$nulls":4},"Valor do BDI =>",2.31,null,"Valor com BDI =>",null,11.89]
[]
[" 2.5.10.17 ","Código","Banco","Descrição","Tipo",null,"Und","Quant.","Valor Unit","Total"]
["Composição"," 89724 ","SINAPI","JOELHO 90 GRAUS, PVC, SERIE NORMAL, ESGOTO PREDIAL, DN 40 MM, JUNTA SOLDÁVEL, FORNECIDO E INSTALADO EM RAMAL DE DESCARGA OU RAMAL DE ESGOTO SANITÁRIO. AF_08/2022","INHI - INSTALAÇÕES HIDROS SANITÁRIAS",null,"UN",1,9.36,9.36]
["Composição Auxiliar"," 88248 ","SINAPI","AUXILIAR DE ENCANADOR OU BOMBEIRO HIDRÁULICO COM ENCARGOS COMPLEMENTARES","SEDI - SERVIÇOS DIVERSOS",null,"H",0.127,18.78,2.38]
["Composição Auxiliar"," 88267 ","SINAPI","ENCANADOR OU BOMBEIRO HIDRÁULICO COM ENCARGOS COMPLEMENTARES","SEDI - SERVIÇOS DIVERSOS",null,"H",0.127,27.97,3.55]
["Insumo"," 00000122 ","SINAPI","ADESIVO PLASTICO PARA PVC, FRASCO COM *850* GR","Material",null,"UN",9.9000000000000008E-3,51.86,0.51]
["Insumo"," 00003517 ","SINAPI","JOELHO PVC, SOLDAVEL, BB, 90 GRAUS, SEM ANEL, DN 40 MM, PARA ESGOTO PREDIAL SECUNDARIO","Material",null,"UN",1,2.0299999999999998,2.0299999999999998]
["Insumo"," 00020083 ","SINAPI","SOLUCAO PREPARADORA / LIMPADORA PARA PVC, FRASCO COM 1000 CM3","Material",null,"UN",1.4999999999999999E-2,58.75,0.88]
["Insumo"," 00038383 ","SINAPI","LIXA D'AGUA EM FOLHA, GRAO 100","Material",null,"UN",7.1000000000000004E-3,1.89,0.01]
[{"$nulls":4},"MO sem LS =>",2.2103303862261519,"LS =>",2.54,"MO com LS =>",4.75]
[{"$nulls":4},"Valor do BDI =>",2.2599999999999998,null,"Valor com BDI =>",null,11.62]
[]
[" 2.5.10.18 ","Código","Banco","Descrição","Tipo",null,"Und","Quant.","Valor Unit","Total"]
["Composição"," 89744 ","SINAPI","JOELHO 90 GRAUS, PVC, SERIE NORMAL, ESGOTO PREDIAL, DN 100 MM, JUNTA ELÁSTICA, FORNECIDO E INSTALADO EM RAMAL DE DESCARGA OU RAMAL DE ESGOTO SANITÁRIO. AF_08/2022","INHI - INSTALAÇÕES HIDROS SANITÁRIAS",null,"UN",1,26.94,26.94]
["Composição Auxiliar"," 88248 ","SINAPI","AUXILIAR DE ENCANADOR OU BOMBEIRO HIDRÁULICO COM ENCARGOS COMPLEMENTARES","SEDI - SERVIÇOS DIVERSOS",null,"H",0.19259999999999999,18.78,3.61]
["Composição Auxiliar"," 88267 ","SINAPI","ENCANADOR OU BOMBEIRO HIDRÁULICO COM ENCARGOS COMPLEMENTARES","SEDI - SERVIÇOS DIVERSOS",null,"H",0.19259999999999999,27.97,5.38]
["Insumo"," 00000301 ","SINAPI","ANEL BORRACHA PARA TUBO ESGOTO PREDIAL, DN 100 MM (NBR 5688)","Material",null,"UN",2,3.75,7.5]
["Insumo"," 00003520 ","SINAPI","JOELHO PVC, SOLDAVEL, PB, 90 GRAUS, DN 100 MM, PARA ESGOTO PREDIAL","Material",null,"UN",1,7.99,7.99]
["Insumo"," 00020078 ","SINAPI","PASTA LUBRIFICANTE PARA TUBOS E CONEXOES COM JUNTA ELASTICA, EMBALAGEM DE *400* GR (USO EM PVC, ACO, POLIETILENO E OUTROS)","Material",null,"UN",0.115,21.4,2.46]
[{"$nulls":4},"MO sem LS =>",3.3457422056770589,"LS =>",3.84,"MO com LS =>",7.19]
[{"$nulls":4},"Valor do BDI =>",6.51,null,"Valor com BDI =>",null,33.450000000000003]
[]
[" 2.5.10.19 ","Código","Banco","Descrição","Tipo",null,"Und","Quant.","Valor Unit","Total"]
["Composição"," 89731 ","SINAPI","JOELHO 90 GRAUS, PVC, SERIE NORMAL, ESGOTO PREDIAL, DN 50 MM, JUNTA ELÁSTICA, FORNECIDO E INSTALADO EM RAMAL DE DESCARGA OU RAMAL DE ESGOTO SANITÁRIO. AF_08/2022","INHI - INSTALAÇÕES HIDROS SANITÁRIAS",null,"UN",1,14.68,14.68]
["Composição Auxiliar"," 88248 ","SINAPI","AUXILIAR DE ENCANADOR OU BOMBEIRO HIDRÁULICO COM ENCARGOS COMPLEMENTARES","SEDI - SERVIÇOS DIVERSOS",null,"H",0.13789999999999999,18.78,2.58]
["Composição Auxiliar"," 88267 ","SINAPI","ENCANADOR OU BOMBEIRO HIDRÁULICO COM ENCARGOS COMPLEMENTARES","SEDI - SERVIÇOS DIVERSOS",null,"H",0.13789999999999999,27.97,3.85]
["Insumo"," 00000296 ","SINAPI","ANEL BORRACHA PARA TUBO ESGOTO PREDIAL, DN 50 MM (NBR 5688)","Material",null,"UN",2,2.12,4.24]
["Insumo"," 00003526 ","SINAPI","JOELHO PVC, SOLDAVEL, PB, 90 GRAUS, DN 50 MM, PARA ESGOTO PREDIAL","Material",null,"UN",1,2.94,2.94]
["Insumo"," 00020078 ","SINAPI","PASTA LUBRIFICANTE PARA TUBOS E CONEXOES COM JUNTA ELASTICA, EMBALAGEM DE *400* GR (USO EM PVC, ACO, POLIETILENO E OUTROS)","Material",null,"UN",0.05,21.4,1.07]
[{"$nulls":4},"MO sem LS =>",2.3964634713820381,"LS =>",2.75,"MO com LS =>",5.15]
[{"$nulls":4},"Valor do BDI =>",3.54,null,"Valor com BDI =>",null,18.22]
[]
[" 2.5.10.20 ","Código","Banco","Descrição","Tipo",null,"Und","Quant.","Valor Unit","Total"]
["Composição"," 89733 ","SINAPI","CURVA CURTA 90 GRAUS, PVC, SERIE NORMAL, ESGOTO PREDIAL, DN 50 MM, JUNTA ELÁSTICA, FORNECIDO E INSTALADO EM RAMAL DE DESCARGA OU RAMAL DE ESGOTO SANITÁRIO. AF_08/2022","INHI - INSTALAÇÕES HIDROS SANITÁRIAS",null,"UN",1,22.8,22.8]
["Composição Auxiliar"," 88248 ","SINAPI","AUXILIAR DE ENCANADOR OU BOMBEIRO HIDRÁULICO COM ENCARGOS COMPLEMENTARES","SEDI - SERVIÇOS DIVERSOS",null,"H",0.13789999999999999,18.78,2.58]
["Composição Auxiliar"," 88267 ","SINAPI","ENCANADOR OU BOMBEIRO HIDRÁULICO COM ENCARGOS COMPLEMENTARES","SEDI - SERVIÇOS DIVERSOS",null,"H",0.13789999999999999,27.97,3.85]
["Insumo"," 00000296 ","SINAPI","ANEL BORRACHA PARA TUBO ESGOTO PREDIAL, DN 50 MM (NBR 5688)","Material",null,"UN",2,2.12,4.24]
["Insumo"," 00001932 ","SINAPI","CURVA PVC CURTA 90 GRAUS, DN 50 MM, PARA ESGOTO PREDIAL","Material",null,"UN",1,11.06,11.06]
["Insumo"," 00020078 ","SINAPI","PASTA LUBRIFICANTE PARA TUBOS E CONEXOES COM JUNTA ELASTICA, EMBALAGEM DE *400* GR (USO EM PVC, ACO, POLIETILENO E OUTROS)","Material",null,"UN",0.05,21.4,1.07]
[{"$nulls":4},"MO sem LS =>",2.3964634713820381,"LS =>",2.75,"MO com LS =>",5.15]
[{"$nulls":4},"Valor do BDI =>",5.51,null,"Valor com BDI =>",null,28.31]
[]
[" 2.5.10.21 ","Código","Banco","Descrição","Tipo",null,"Und","Quant.","Valor Unit","Total"]
["Composição"," 104344 ","SINAPI","TE, PVC, SÉRIE NORMAL, ESGOTO PREDIAL, DN 100 X 50 MM, JUNTA ELÁSTICA, FORNECIDO E INSTALADO EM RAMAL DE DESCARGA OU RAMAL DE ESGOTO SANITÁRIO. AF_08/2022","INHI - INSTALAÇÕES HIDROS SANITÁRIAS",null,"UN",1,39.83,39.83]
["Composição Auxiliar"," 88248 ","SINAPI","AUXILIAR DE ENCANADOR OU BOMBEIRO HIDRÁULICO COM ENCARGOS COMPLEMENTARES","SEDI - SERVIÇOS DIVERSOS",null,"H",0.23250000000000001,18.78,4.3600000000000003]
["Composição Auxiliar"," 88267 ","SINAPI","ENCANADOR OU BOMBEIRO HIDRÁULICO COM ENCARGOS COMPLEMENTARES","SEDI - SERVIÇOS DIVERSOS",null,"H",0.23250000000000001,27.97,6.5]
["Insumo"," 00000296 ","SINAPI","ANEL BORRACHA PARA TUBO ESGOTO PREDIAL, DN 50 MM (NBR 5688)","Material",null,"UN",1,2.12,2.12]
["Insumo"," 00000301 ","SINAPI","ANEL BORRACHA PARA TUBO ESGOTO PREDIAL, DN 100 MM (NBR 5688)","Material",null,"UN",2,3.75,7.5]
["Insumo"," 00011655 ","SINAPI","TE SANITARIO DE REDUCAO, PVC, DN 100 X 50 MM, SERIE NORMAL, PARA ESGOTO PREDIAL","Material",null,"UN",1,16.36,16.36]
["Insumo"," 00020078 ","SINAPI","PASTA LUBRIFICANTE PARA TUBOS E CONEXOES COM JUNTA ELASTICA, EMBALAGEM DE *400* GR (USO EM PVC, ACO, POLIETILENO E OUTROS)","Material",null,"UN",0.14000000000000001,21.4,2.99]
[{"$nulls":4},"MO sem LS =>",4.0437412750116337,"LS =>",4.6500000000000004,"MO com LS =>",8.69]
[{"$nulls":4},"Valor do BDI =>",9.6300000000000008,null,"Valor com BDI =>",null,49.46]
[]
[" 2.5.10.22 ","Código","Banco","Descrição","Tipo",null,"Und","Quant.","Valor Unit","Total"]
["Composição"," 89796 ","SINAPI","TE, PVC, SERIE NORMAL, ESGOTO PREDIAL, DN 100 X 100 MM, JUNTA ELÁSTICA, FORNECIDO E INSTALADO EM RAMAL DE DESCARGA OU RAMAL DE ESGOTO SANITÁRIO. AF_08/2022","INHI - INSTALAÇÕES HIDROS SANITÁRIAS",null,"UN",1,42.33,42.33]
["Composição Auxiliar"," 88248 ","SINAPI","AUXILIAR DE ENCANADOR OU BOMBEIRO HIDRÁULICO COM ENCARGOS COMPLEMENTARES","SEDI - SERVIÇOS DIVERSOS",null,"H",0.25679999999999997,18.78,4.82]
["Composição Auxiliar"," 88267 ","SINAPI","ENCANADOR OU BOMBEIRO HIDRÁULICO COM ENCARGOS COMPLEMENTARES","SEDI - SERVIÇOS DIVERSOS",null,"H",0.25679999999999997,27.97,7.18]
["Insumo"," 00000301 ","SINAPI","ANEL BORRACHA PARA TUBO ESGOTO PREDIAL, DN 100 MM (NBR 5688)","Material",null,"UN",3,3.75,11.25]
["Insumo"," 00007091 ","SINAPI","TE SANITARIO, PVC, DN 100 X 100 MM, SERIE NORMAL, PARA ESGOTO PREDIAL","Material",null,"UN",1,15.39,15.39]
["Insumo"," 00020078 ","SINAPI","PASTA LUBRIFICANTE PARA TUBOS E CONEXOES COM JUNTA ELASTICA, EMBALAGEM DE *400* GR (USO EM PVC, ACO, POLIETILENO E OUTROS)","Material",null,"UN",0.17249999999999999,21.4,3.69]
[{"$nulls":4},"MO sem LS =>",4.4671940437412747,"LS =>",5.13,"MO com LS =>",9.6]
[{"$nulls":4},"Valor do BDI =>",10.23,null,"Valor com BDI =>",null,52.56]
[]
[" 2.5.10.23 ","Código","Banco","Descrição","Tipo",null,"Und","Quant.","Valor Unit","Total"]
["Composição"," 104348 ","SINAPI","TERMINAL DE VENTILAÇÃO, PVC, SÉRIE NORMAL, ESGOTO PREDIAL, DN 50 MM, JUNTA SOLDÁVEL, FORNECIDO E INSTALADO EM PRUMADA DE ESGOTO SANITÁRIO OU VENTILAÇÃO. AF_08/2022","INHI - INSTALAÇÕES HIDROS SANITÁRIAS",null,"UN",1,10.32,10.32]
["Composição Auxiliar"," 88248 ","SINAPI","AUXILIAR DE ENCANADOR OU BOMBEIRO HIDRÁULICO COM ENCARGOS COMPLEMENTARES","SEDI - SERVIÇOS DIVERSOS",null,"H",1.14E-2,18.78,0.21]
["Composição Auxiliar"," 88267 ","SINAPI","ENCANADOR OU BOMBEIRO HIDRÁULICO COM ENCARGOS COMPLEMENTARES","SEDI - SERVIÇOS DIVERSOS",null,"H",1.14E-2,27.97,0.31]
["Insumo"," 00000122 ","SINAPI","ADESIVO PLASTICO PARA PVC, FRASCO COM *850* GR","Material",null,"UN",7.3000000000000001E-3,51.86,0.37]
["Insumo"," 00020083 ","SINAPI","SOLUCAO PREPARADORA / LIMPADORA PARA PVC, FRASCO COM 1000 CM3","Material",null,"UN",1.0999999999999999E-2,58.75,0.64]
["Insumo"," 00038383 ","SINAPI","LIXA D'AGUA EM FOLHA, GRAO 100","Material",null,"UN",8.0000000000000002E-3,1.89,0.01]
["Insumo"," 00039319 ","SINAPI","TERMINAL DE VENTILACAO, 50 MM, SERIE NORMAL, ESGOTO PREDIAL","Material",null,"UN",1,8.7799999999999994,8.7799999999999994]
[{"$nulls":4},"MO sem LS =>",0.19543973941368079,"LS =>",0.22,"MO com LS =>",0.42]
[{"$nulls":4},"Valor do BDI =>",2.4900000000000002,null,"Valor com BDI =>",null,12.81]
[]
[" 2.5.10.24 ","Código","Banco","Descrição","Tipo",null,"Und","Quant.","Valor Unit","Total"]
["Composição"," 104356 ","SINAPI","TERMINAL DE VENTILAÇÃO, PVC, SÉRIE NORMAL, ESGOTO PREDIAL, DN 100 MM, JUNTA SOLDÁVEL, FORNECIDO E INSTALADO EM PRUMADA DE ESGOTO SANITÁRIO OU VENTILAÇÃO. AF_08/2022","INHI - INSTALAÇÕES HIDROS SANITÁRIAS",null,"UN",1,28.1,28.1]
["Composição Auxiliar"," 88248 ","SINAPI","AUXILIAR DE ENCANADOR OU BOMBEIRO HIDRÁULICO COM ENCARGOS COMPLEMENTARES","SEDI - SERVIÇOS DIVERSOS",null,"H",7.2400000000000006E-2,18.78,1.35]
["Composição Auxiliar"," 88267 ","SINAPI","ENCANADOR OU BOMBEIRO HIDRÁULICO COM ENCARGOS COMPLEMENTARES","SEDI - SERVIÇOS DIVERSOS",null,"H",7.2400000000000006E-2,27.97,2.02]
["Insumo"," 00000122 ","SINAPI","ADESIVO PLASTICO PARA PVC, FRASCO COM *850* GR","Material",null,"UN",2.4500000000000001E-2,51.86,1.27]
["Insumo"," 00020083 ","SINAPI","SOLUCAO PREPARADORA / LIMPADORA PARA PVC, FRASCO COM 1000 CM3","Material",null,"UN",0.04,58.75,2.35]
["Insumo"," 00038383 ","SINAPI","LIXA D'AGUA EM FOLHA, GRAO 100","Material",null,"UN",5.4000000000000003E-3,1.89,0.01]
["Insumo"," 00039321 ","SINAPI","TERMINAL DE VENTILACAO, 100 MM, SERIE NORMAL, ESGOTO PREDIAL","Material",null,"UN",1,21.1,21.1]
[{"$nulls":4},"MO sem LS =>",1.2563983248022337,"LS =>",1.44,"MO com LS =>",2.7]
[{"$nulls":4},"Valor do BDI =>",6.79,null,"Valor com BDI =>",null,34.89]
[]
[" 2.5.10.25 ","Código","Banco","Descrição","Tipo",null,"Und","Quant.","Valor Unit","Total"]
["Composição"," 89748 ","SINAPI","CURVA CURTA 90 GRAUS, PVC, SERIE NORMAL, ESGOTO PREDIAL, DN 100 MM, JUNTA ELÁSTICA, FORNECIDO E INSTALADO EM RAMAL DE DESCARGA OU RAMAL DE ESGOTO SANITÁRIO. AF_08/2022","INHI - INSTALAÇÕES HIDROS SANITÁRIAS",null,"UN",1,41.39,41.39]
["Composição Auxiliar"," 88248 ","SINAPI","AUXILIAR DE ENCANADOR OU BOMBEIRO HIDRÁULICO COM ENCARGOS COMPLEMENTARES","SEDI - SERVIÇOS DIVERSOS",null,"H",0.19259999999999999,18.78,3.61]
["Composição Auxiliar"," 88267 ","SINAPI","ENCANADOR OU BOMBEIRO HIDRÁULICO COM ENCARGOS COMPLEMENTARES","SEDI - SERVIÇOS DIVERSOS",null,"H",0.19259999999999999,27.97,5.38]
["Insumo"," 00000301 ","SINAPI","ANEL BORRACHA PARA TUBO ESGOTO PREDIAL, DN 100 MM (NBR 5688)","Material",null,"UN",2,3.75,7.5]
["Insumo"," 00001966 ","SINAPI","CURVA PVC CURTA 90 GRAUS, DN 100 MM, PARA ESGOTO PREDIAL","Material",null,"UN",1,22.44,22.44]
["Insumo"," 00020078 ","SINAPI","PASTA LUBRIFICANTE PARA TUBOS E CONEXOES COM JUNTA ELASTICA, EMBALAGEM DE *400* GR (USO EM PVC, ACO, POLIETILENO E OUTROS)","Material",null,"UN",0.115,21.4,2.46]
[{"$nulls":4},"MO sem LS =>",3.3457422056770589,"LS =>",3.84,"MO com LS =>",7.19]
[{"$nulls":4},"Valor do BDI =>",10,null,"Valor com BDI =>",null,51.39]
[]
[" 2.5.10.26 ","Código","Banco","Descrição","Tipo",null,"Und","Quant.","Valor Unit","Total"]
["Composição"," 102705 ","SINAPI","TUBO DE PVC CORRUGADO RÍGIDO PERFURADO, DN 100 MM, PARA DRENO - FORNECIMENTO E ASSENTAMENTO. AF_07/2021","DROP - DRENAGEM/OBRAS DE CONTENÇÃO / POÇOS DE VISITA E CAIXAS",null,"M",1,59.32,59.32]
["Composição Auxiliar"," 88309 ","SINAPI","PEDREIRO COM ENCARGOS COMPLEMENTARES","SEDI - SERVIÇOS DIVERSOS",null,"H",4.8999999999999998E-3,23.85,0.11]
["Composição Auxiliar"," 88316 ","SINAPI","SERVENTE COM ENCARGOS COMPLEMENTARES","SEDI - SERVIÇOS DIVERSOS",null,"H",1.4800000000000001E-2,18.649999999999999,0.27]
["Insumo"," 00044315 ","SINAPI","TUBO PVC, RIGIDO, CORRUGADO, PERFURADO DN 100 MM, PARA DRENAGEM, SISTEMA IRRIGACAO","Material",null,"M",1.05,56.14,58.94]
[{"$nulls":4},"MO sem LS =>",0.13029315960912052,"LS =>",0.15,"MO com LS =>",0.28000000000000003]
[{"$nulls":4},"Valor do BDI =>",14.34,null,"Valor com BDI =>",null,73.66]
[]
[" 2.5.10.28 ","Código","Banco","Descrição","Tipo",null,"Und","Quant.","Valor Unit","Total"]
["Composição"," 101806 ","SINAPI","CAIXA ENTERRADA DISTRIBUIDORA DE VAZÃO (SUMIDOUROS MÚLTIPLOS), RETANGULAR, EM ALVENARIA COM TIJOLOS MACIÇOS, DIMENSÕES INTERNAS: 0,60 X 0,60 X H=0,50 M. AF_12/2020","DROP - DRENAGEM/OBRAS DE CONTENÇÃO / POÇOS DE VISITA E CAIXAS",null,"UN",1,491.85,491.85]
["Composição Auxiliar"," 101616 ","SINAPI","PREPARO DE FUNDO DE VALA COM LARGURA MENOR QUE 1,5 M (ACERTO DO SOLO NATURAL). AF_08/2020","MOVT - MOVIMENTO DE TERRA",null,"m²",0.81,5.45,4.41]
["Composição Auxiliar"," 5678 ","SINAPI","RETROESCAVADEIRA SOBRE RODAS COM CARREGADEIRA, TRAÇÃO 4X4, POTÊNCIA LÍQ. 88 HP, CAÇAMBA CARREG. CAP. MÍN. 1 M3, CAÇAMBA RETRO CAP. 0,26 M3, PESO OPERACIONAL MÍN. 6.674 KG, PROFUNDIDADE ESCAVAÇÃO MÁX. 4,37 M - CHP DIURNO. AF_06/2014","CHOR - CUSTOS HORÁRIOS DE MÁQUINAS E EQUIPAMENTOS",null,"CHP",1.3599999999999999E-2,135.29,1.83]
["Composição Auxiliar"," 5679 ","SINAPI","RETROESCAVADEIRA SOBRE RODAS COM CARREGADEIRA, TRAÇÃO 4X4, POTÊNCIA LÍQ. 88 HP, CAÇAMBA CARREG. CAP. MÍN. 1 M3, CAÇAMBA RETRO CAP. 0,26 M3, PESO OPERACIONAL MÍN. 6.674 KG, PROFUNDIDADE ESCAVAÇÃO MÁX. 4,37 M - CHI DIURNO. AF_06/2014","CHOR - CUSTOS HORÁRIOS DE MÁQUINAS E EQUIPAMENTOS",null,"CHI",2.76E-2,53.3,1.47]
["Composição Auxiliar"," 87316 ","SINAPI","ARGAMASSA TRAÇO 1:4 (EM VOLUME DE CIMENTO E AREIA GROSSA ÚMIDA) PARA CHAPISCO CONVENCIONAL, PREPARO MECÂNICO COM BETONEIRA 400 L. AF_08/2019","SEDI - SERVIÇOS DIVERSOS",null,"m³",1.5100000000000001E-2,446.25,6.73]
["Composição Auxiliar"," 88309 ","SINAPI","PEDREIRO COM ENCARGOS COMPLEMENTARES","SEDI - SERVIÇOS DIVERSOS",null,"H",4.9823000000000004,23.85,118.82]
["Composição Auxiliar"," 88316 ","SINAPI","SERVENTE COM ENCARGOS COMPLEMENTARES","SEDI - SERVIÇOS DIVERSOS",null,"H",3.9146999999999998,18.649999999999999,73]
["Composição Auxiliar"," 88628 ","SINAPI","ARGAMASSA TRAÇO 1:3 (EM VOLUME DE CIMENTO E AREIA MÉDIA ÚMIDA), PREPARO MECÂNICO COM BETONEIRA 400 L. AF_08/2019","SEDI - SERVIÇOS DIVERSOS",null,"m³",0.1101,535.70000000000005,58.98]
["Composição Auxiliar"," 94970 ","SINAPI","CONCRETO FCK = 20MPA, TRAÇO 1:2,7:3 (EM MASSA SECA DE CIMENTO/ AREIA MÉDIA/ BRITA 1) - PREPARO MECÂNICO COM BETONEIRA 600 L. AF_05/2021","FUES - FUNDAÇÕES E ESTRUTURAS",null,"m³",7.4399999999999994E-2,432.8,32.200000000000003]
["Composição Auxiliar"," 97733 ","SINAPI","PEÇA RETANGULAR PRÉ-MOLDADA, VOLUME DE CONCRETO DE ATÉ 10 LITROS, TAXA DE AÇO APROXIMADA DE 30KG/M³. AF_01/2018","FUES - FUNDAÇÕES E ESTRUTURAS",null,"m³",4.7999999999999996E-3,3104.22,14.9]
["Composição Auxiliar"," 97735 ","SINAPI","PEÇA RETANGULAR PRÉ-MOLDADA, VOLUME DE CONCRETO DE 30 A 100 LITROS, TAXA DE AÇO APROXIMADA DE 30KG/M³. AF_01/2018","FUES - FUNDAÇÕES E ESTRUTURAS",null,"m³",4.48E-2,2243.36,100.5]
["Insumo"," 00002692 ","SINAPI","DESMOLDANTE PROTETOR PARA FORMAS DE MADEIRA, DE BASE OLEOSA EMULSIONADA EM AGUA","Material",null,"L",5.4000000000000003E-3,8.7200000000000006,0.04]
["Insumo"," 00004491 ","SINAPI","PONTALETE *7,5 X 7,5* CM EM PINUS, MISTA OU EQUIVALENTE DA REGIAO - BRUTA","Material",null,"M",0.11840000000000001,11.05,1.3]
["Insumo"," 00004517 ","SINAPI","SARRAFO *2,5 X 7,5* CM EM PINUS, MISTA OU EQUIVALENTE DA REGIAO - BRUTA","Material",null,"M",0.14080000000000001,3.87,0.54]
["Insumo"," 00005069 ","SINAPI","PREGO DE ACO POLIDO COM CABECA 17 X 27 (2 1/2 X 11)","Material",null,"KG",1.2500000000000001E-2,23.85,0.28999999999999998]
["Insumo"," 00006193 ","SINAPI","TABUA NAO APARELHADA *2,5 X 20* CM, EM MACARANDUBA/MASSARANDUBA, ANGELIM OU EQUIVALENTE DA REGIAO - BRUTA","Material",null,"M",0.44159999999999999,13.89,6.13]
["Insumo"," 00007258 ","SINAPI","TIJOLO CERAMICO MACICO COMUM *5 X 10 X 20* CM (L X A X C)","Material",null,"UN",114.0487,0.62,70.709999999999994]
[{"$nulls":4},"MO sem LS =>",97.417403443462078,"LS =>",111.93,"MO com LS =>",209.35]
[{"$nulls":4},"Valor do BDI =>",118.92,null,"Valor com BDI =>",null,610.77]
[]
[" 2.5.10.29 ","Código","Banco","Descrição","Tipo",null,"Und","Quant.","Valor Unit","Total"]
["Composição"," 98052 ","SINAPI","TANQUE SÉPTICO CIRCULAR, EM CONCRETO PRÉ-MOLDADO, DIÂMETRO INTERNO = 1,10 M, ALTURA INTERNA = 2,50 M, VOLUME ÚTIL: 2138,2 L (PARA 5 CONTRIBUINTES). AF_12/2020_PA","INHI - INSTALAÇÕES HIDROS SANITÁRIAS",null,"UN",1,1543.38,1543.38]
["Composição Auxiliar"," 101623 ","SINAPI","PREPARO DE FUNDO DE VALA COM LARGURA MENOR QUE 1,5 M, COM CAMADA DE BRITA, LANÇAMENTO MECANIZADO. AF_08/2020","MOVT - MOVIMENTO DE TERRA",null,"m³",0.15390000000000001,200.5,30.85]
["Composição Auxiliar"," 5678 ","SINAPI","RETROESCAVADEIRA SOBRE RODAS COM CARREGADEIRA, TRAÇÃO 4X4, POTÊNCIA LÍQ. 88 HP, CAÇAMBA CARREG. CAP. MÍN. 1 M3, CAÇAMBA RETRO CAP. 0,26 M3, PESO OPERACIONAL MÍN. 6.674 KG, PROFUNDIDADE ESCAVAÇÃO MÁX. 4,37 M - CHP DIURNO. AF_06/2014","CHOR - CUSTOS HORÁRIOS DE MÁQUINAS E EQUIPAMENTOS",null,"CHP",0.35449999999999998,135.29,47.96]
["Composição Auxiliar"," 5679 ","SINAPI","RETROESCAVADEIRA SOBRE RODAS COM CARREGADEIRA, TRAÇÃO 4X4, POTÊNCIA LÍQ. 88 HP, CAÇAMBA CARREG. CAP. MÍN. 1 M3, CAÇAMBA RETRO CAP. 0,26 M3, PESO OPERACIONAL MÍN. 6.674 KG, PROFUNDIDADE ESCAVAÇÃO MÁX. 4,37 M - CHI DIURNO. AF_06/2014","CHOR - CUSTOS HORÁRIOS DE MÁQUINAS E EQUIPAMENTOS",null,"CHI",0.72240000000000004,53.3,38.5]
["Composição Auxiliar"," 88309 ","SINAPI","PEDREIRO COM ENCARGOS COMPLEMENTARES","SEDI - SERVIÇOS DIVERSOS",null,"H",1.5562,23.85,37.11]
["Composição Auxiliar"," 88316 ","SINAPI","SERVENTE COM ENCARGOS COMPLEMENTARES","SEDI - SERVIÇOS DIVERSOS",null,"H",1.2228000000000001,18.649999999999999,22.8]
["Composição Auxiliar"," 88628 ","SINAPI","ARGAMASSA TRAÇO 1:3 (EM VOLUME DE CIMENTO E AREIA MÉDIA ÚMIDA), PREPARO MECÂNICO COM BETONEIRA 400 L. AF_08/2019","SEDI - SERVIÇOS DIVERSOS",null,"m³",4.7800000000000002E-2,535.70000000000005,25.6]
["Composição Auxiliar"," 97738 ","SINAPI","PEÇA CIRCULAR PRÉ-MOLDADA, VOLUME DE CONCRETO DE 10 A 30 LITROS, TAXA DE FIBRA DE POLIPROPILENO APROXIMADA DE 6 KG/M³. AF_01/2018_PS","FUES - FUNDAÇÕES E ESTRUTURAS",null,"m³",1.54E-2,5111.97,78.72]
["Composição Auxiliar"," 97739 ","SINAPI","PEÇA CIRCULAR PRÉ-MOLDADA, VOLUME DE CONCRETO DE 30 A 100 LITROS, TAXA DE AÇO APROXIMADA DE 30KG/M³. AF_01/2018","FUES - FUNDAÇÕES E ESTRUTURAS",null,"m³",7.9200000000000007E-2,2760.63,218.64]
["Insumo"," 00012551 ","SINAPI","ANEL EM CONCRETO ARMADO, LISO, PARA POCOS DE VISITA, POCOS DE INSPECAO, FOSSAS SEPTICAS E SUMIDOUROS, SEM FUNDO, DIAMETRO INTERNO DE 1,20 M E ALTURA DE 0,50 M","Material",null,"UN",5,208.64,1043.2]
[{"$nulls":4},"MO sem LS =>",84.671940437412744,"LS =>",97.29,"MO com LS =>",181.96]
[{"$nulls":4},"Valor do BDI =>",373.18,null,"Valor com BDI =>",null,1916.56]
[]
[" 2.6.2.5 ","Código","Banco","Descrição","Tipo",null,"Und","Quant.","Valor Unit","Total"]
["Composição"," 102718 ","SINAPI","ENCHIMENTO DE AREIA PARA DRENO, LANÇAMENTO MANUAL. AF_07/2021","DROP - DRENAGEM/OBRAS DE CONTENÇÃO / POÇOS DE VISITA E CAIXAS",null,"m³",1,135.47,135.47]
["Composição Auxiliar"," 88309 ","SINAPI","PEDREIRO COM ENCARGOS COMPLEMENTARES","SEDI - SERVIÇOS DIVERSOS",null,"H",0.37109999999999999,23.85,8.85]
["Composição Auxiliar"," 88316 ","SINAPI","SERVENTE COM ENCARGOS COMPLEMENTARES","SEDI - SERVIÇOS DIVERSOS",null,"H",1.1133999999999999,18.649999999999999,20.76]
["Insumo"," 00000367 ","SINAPI","AREIA GROSSA - POSTO JAZIDA/FORNECEDOR (RETIRADO NA JAZIDA, SEM TRANSPORTE)","Material",null,"m³",1.1000000000000001,96.24,105.86]
[{"$nulls":4},"MO sem LS =>",10.172173103769195,"LS =>",11.69,"MO com LS =>",21.86]
[{"$nulls":4},"Valor do BDI =>",32.75,null,"Valor com BDI =>",null,168.22]
[]
[" 2.6.4.2 ","Código","Banco","Descrição","Tipo",null,"Und","Quant.","Valor Unit","Total"]
["Composição"," 5283 ","ORSE","Assentamento de conexões em ferro fundido, junta elástica, diam.=   150 mm","Assentamento/Montagem de Tubos e Conexões",null,"un",1,15.43,15.43]
["Composição Auxiliar"," 10549 ","ORSE","Encargos Complementares - Servente","Provisórios",null,"h",0.43340000000000001,3.75,1.62]
["Composição Auxiliar"," 10554 ","ORSE","Encargos Complementares - Encanador","Provisórios",null,"h",0.2167,3.67,0.79]
["Insumo"," 54 ","ORSE","Encarregado de turma - SICRO h","Mão de Obra",null,"h",7.22E-2,18.225999999999999,1.31]
["Insumo"," 2497 ","ORSE","Tirfor 1,6 t - 20m de cabo Tirfor 1,6 t h","Equipamento",null,"un",0.2167,1.36,0.28999999999999998]
["Insumo"," 00002696 ","SINAPI","ENCANADOR OU BOMBEIRO HIDRAULICO (HORISTA)","Mão de Obra",null,"H",0.2167,22.88,4.95]
["Insumo"," 00004229 ","SINAPI","GRAXA LUBRIFICANTE A BASE DE LITIO, DE MULTIPLAS APLICACOES E CONTENDO ADITIVOS DE EXTREMA PRESSAO (GRAU DE VISCOSIDADE NLGI 2)","Material",null,"KG",1.7000000000000001E-2,44.98,0.76]
["Insumo"," 00006111 ","SINAPI","SERVENTE DE OBRAS","Mão de Obra",null,"H",0.43340000000000001,13.19,5.71]
[{"$nulls":4},"MO sem LS =>",5.5700326000000002,"LS =>",6.4,"MO com LS =>",11.97]
[{"$nulls":4},"Valor do BDI =>",3.73,null,"Valor com BDI =>",null,19.16]
[]
[" 2.6.4.5 ","Código","Banco","Descrição","Tipo",null,"Und","Quant.","Valor Unit","Total"]
["Composição"," 98099 ","SINAPI","SUMIDOURO RETANGULAR, EM ALVENARIA COM BLOCOS DE CONCRETO, DIMENSÕES INTERNAS: 1,0 X 3,0 X H=3,0 M, ÁREA DE INFILTRAÇÃO: 25 M² (PARA 10 CONTRIBUINTES). AF_12/2020","INHI - INSTALAÇÕES HIDROS SANITÁRIAS",null,"UN",1,3961.57,3961.57]
["Composição Auxiliar"," 100475 ","SINAPI","ARGAMASSA TRAÇO 1:3 (EM VOLUME DE CIMENTO E AREIA MÉDIA ÚMIDA) COM ADIÇÃO DE IMPERMEABILIZANTE, PREPARO MECÂNICO COM BETONEIRA 400 L. AF_08/2019","SEDI - SERVIÇOS DIVERSOS",null,"m³",0.39760000000000001,720.87,286.61]
["Composição Auxiliar"," 101625 ","SINAPI","PREPARO DE FUNDO DE VALA COM LARGURA MAIOR OU IGUAL A 1,5 M E MENOR QUE 2,5 M, COM CAMADA DE AREIA, LANÇAMENTO MECANIZADO. AF_08/2020","MOVT - MOVIMENTO DE TERRA",null,"m³",0.42899999999999999,153.83000000000001,65.989999999999995]
["Composição Auxiliar"," 5678 ","SINAPI","RETROESCAVADEIRA SOBRE RODAS COM CARREGADEIRA, TRAÇÃO 4X4, POTÊNCIA LÍQ. 88 HP, CAÇAMBA CARREG. CAP. MÍN. 1 M3, CAÇAMBA RETRO CAP. 0,26 M3, PESO OPERACIONAL MÍN. 6.674 KG, PROFUNDIDADE ESCAVAÇÃO MÁX. 4,37 M - CHP DIURNO. AF_06/2014","CHOR - CUSTOS HORÁRIOS DE MÁQUINAS E EQUIPAMENTOS",null,"CHP",0.29310000000000003,135.29,39.65]
["Composição Auxiliar"," 5679 ","SINAPI","RETROESCAVADEIRA SOBRE RODAS COM CARREGADEIRA, TRAÇÃO 4X4, POTÊNCIA LÍQ. 88 HP, CAÇAMBA CARREG. CAP. MÍN. 1 M3, CAÇAMBA RETRO CAP. 0,26 M3, PESO OPERACIONAL MÍN. 6.674 KG, PROFUNDIDADE ESCAVAÇÃO MÁX. 4,37 M - CHI DIURNO. AF_06/2014","CHOR - CUSTOS HORÁRIOS DE MÁQUINAS E EQUIPAMENTOS",null,"CHI",0.59730000000000005,53.3,31.83]
["Composição Auxiliar"," 88309 ","SINAPI","PEDREIRO COM ENCARGOS COMPLEMENTARES","SEDI - SERVIÇOS DIVERSOS",null,"H",27.1462,23.85,647.42999999999995]
["Composição Auxiliar"," 88316 ","SINAPI","SERVENTE COM ENCARGOS COMPLEMENTARES","SEDI - SERVIÇOS DIVERSOS",null,"H",21.3292,18.649999999999999,397.78]
["Composição Auxiliar"," 89993 ","SINAPI","GRAUTEAMENTO VERTICAL EM ALVENARIA ESTRUTURAL. AF_09/2021","FUES - FUNDAÇÕES E ESTRUTURAS",null,"m³",0.22420000000000001,940.38,210.83]
["Composição Auxiliar"," 89995 ","SINAPI","GRAUTEAMENTO DE CINTA SUPERIOR OU DE VERGA EM ALVENARIA ESTRUTURAL. AF_09/2021","FUES - FUNDAÇÕES E ESTRUTURAS",null,"m³",0.13539999999999999,908.36,122.99]
["Composição Auxiliar"," 89996 ","SINAPI","ARMAÇÃO VERTICAL DE ALVENARIA ESTRUTURAL; DIÂMETRO DE 10,0 MM. AF_09/2021","FUES - FUNDAÇÕES E ESTRUTURAS",null,"KG",7.4039999999999999,11.64,86.18]
["Composição Auxiliar"," 89998 ","SINAPI","ARMAÇÃO DE CINTA DE ALVENARIA ESTRUTURAL; DIÂMETRO DE 10,0 MM. AF_09/2021","FUES - FUNDAÇÕES E ESTRUTURAS",null,"KG",5.4295999999999998,11.18,60.7]
["Composição Auxiliar"," 97735 ","SINAPI","PEÇA RETANGULAR PRÉ-MOLDADA, VOLUME DE CONCRETO DE 30 A 100 LITROS, TAXA DE AÇO APROXIMADA DE 30KG/M³. AF_01/2018","FUES - FUNDAÇÕES E ESTRUTURAS",null,"m³",0.3332,2243.36,747.48]
["Insumo"," 00000660 ","SINAPI","CANALETA DE CONCRETO 19 X 19 X 19 CM (CLASSE C - NBR 6136)","Material",null,"UN",46.2,2.82,130.28]
["Insumo"," 00004720 ","SINAPI","PEDRA BRITADA N. 0, OU PEDRISCO (4,8 A 9,5 MM) POSTO PEDREIRA/FORNECEDOR, SEM FRETE","Material",null,"m³",0.99,89,88.11]
["Insumo"," 00025067 ","SINAPI","BLOCO DE CONCRETO ESTRUTURAL 19 X 19 X 39 CM, FBK 4,5 MPA (NBR 6136)","Material",null,"UN",229.82669999999999,4.55,1045.71]
[{"$nulls":4},"MO sem LS =>",599.04606793857613,"LS =>",688.3,"MO com LS =>",1287.3499999999999]
[{"$nulls":4},"Valor do BDI =>",957.9,null,"Valor com BDI =>",null,4919.47]
[]
[" 2.6.5.1 ","Código","Banco","Descrição","Tipo",null,"Und","Quant.","Valor Unit","Total"]
["Composição"," 104084 ","SINAPI","CAP, PVC OCRE, JUNTA ELÁSTICA, DN 150 MM, PARA COLETOR PREDIAL DE ESGOTO. AF_06/2022","LIPR - LIGAÇÕES PREDIAIS ÁGUA/ESGOTO/ENERGIA/TELEFONE",null,"UN",1,80.09,80.09]
["Composição Auxiliar"," 88246 ","SINAPI","ASSENTADOR DE TUBOS COM ENCARGOS COMPLEMENTARES","SEDI - SERVIÇOS DIVERSOS",null,"H",0.13159999999999999,19.100000000000001,2.5099999999999998]
["Composição Auxiliar"," 88316 ","SINAPI","SERVENTE COM ENCARGOS COMPLEMENTARES","SEDI - SERVIÇOS DIVERSOS",null,"H",4.2099999999999999E-2,18.649999999999999,0.78]
["Insumo"," 00000305 ","SINAPI","ANEL BORRACHA, PARA TUBO PVC, REDE COLETOR ESGOTO, DN 150 MM (NBR 7362)","Material",null,"UN",1,13.07,13.07]
["Insumo"," 00020078 ","SINAPI","PASTA LUBRIFICANTE PARA TUBOS E CONEXOES COM JUNTA ELASTICA, EMBALAGEM DE *400* GR (USO EM PVC, ACO, POLIETILENO E OUTROS)","Material",null,"UN",4.3799999999999999E-2,21.4,0.93]
["Insumo"," 00042685 ","SINAPI","CAP, PVC, JE, OCRE, DN 150 MM (CONEXAO PARA TUBO COLETOR DE ESGOTO)","Material",null,"UN",1,62.8,62.8]
[{"$nulls":4},"MO sem LS =>",1.1726384364820848,"LS =>",1.35,"MO com LS =>",2.52]
[{"$nulls":4},"Valor do BDI =>",19.36,null,"Valor com BDI =>",null,99.45]
[]
[" 2.7.3.1 ","Código","Banco","Descrição","Tipo",null,"Und","Quant.","Valor Unit","Total"]
["Composição"," 97126 ","SINAPI","ASSENTAMENTO DE TUBO DE PVC PBA PARA REDE DE ÁGUA, DN 100 MM, JUNTA ELÁSTICA INTEGRADA, INSTALADO EM LOCAL COM NÍVEL BAIXO DE INTERFERÊNCIAS (NÃO INCLUI FORNECIMENTO). AF_11/2017","ASTU - ASSENTAMENTO DE TUBOS E PECAS",null,"M",1,1.34,1.34]
["Composição Auxiliar"," 88246 ","SINAPI","ASSENTADOR DE TUBOS COM ENCARGOS COMPLEMENTARES","SEDI - SERVIÇOS DIVERSOS",null,"H",3.0499999999999999E-2,19.100000000000001,0.57999999999999996]
["Composição Auxiliar"," 88316 ","SINAPI","SERVENTE COM ENCARGOS COMPLEMENTARES","SEDI - SERVIÇOS DIVERSOS",null,"H",3.0499999999999999E-2,18.649999999999999,0.56000000000000005]
["Insumo"," 00020078 ","SINAPI","PASTA LUBRIFICANTE PARA TUBOS E CONEXOES COM JUNTA ELASTICA, EMBALAGEM DE *400* GR (USO EM PVC, ACO, POLIETILENO E OUTROS)","Material",null,"UN",9.5999999999999992E-3,21.4,0.2]
[{"$nulls":4},"MO sem LS =>",0.40018613308515588,"LS =>",0.46,"MO com LS =>",0.86]
[{"$nulls":4},"Valor do BDI =>",0.32,null,"Valor com BDI =>",null,1.66]
[]
[" 2.7.3.2 ","Código","Banco","Descrição","Tipo",null,"Und","Quant.","Valor Unit","Total"]
["Composição"," 5233 ","ORSE","Assentamento de conexões de pvc, junta elástica, ponta e bolsa, diam.= 100 mm","Assentamento/Montagem de Tubos e Conexões",null,"un",1,2.48,2.48]
["Composição Auxiliar"," 10549 ","ORSE","Encargos Complementares - Servente","Provisórios",null,"h",7.5399999999999995E-2,3.75,0.28000000000000003]
["Composição Auxiliar"," 10554 ","ORSE","Encargos Complementares - Encanador","Provisórios",null,"h",3.7699999999999997E-2,3.67,0.13]
["Insumo"," 54 ","ORSE","Encarregado de turma - SICRO h","Mão de Obra",null,"h",1.26E-2,18.225999999999999,0.22]
["Insumo"," 00002696 ","SINAPI","ENCANADOR OU BOMBEIRO HIDRAULICO (HORISTA)","Mão de Obra",null,"H",3.7699999999999997E-2,22.88,0.86]
["Insumo"," 00006111 ","SINAPI","SERVENTE DE OBRAS","Mão de Obra",null,"H",7.5399999999999995E-2,13.19,0.99]
[{"$nulls":4},"MO sem LS =>",0.9632387,"LS =>",1.1100000000000001,"MO com LS =>",2.0699999999999998]
[{"$nulls":4},"Valor do BDI =>",0.59,null,"Valor com BDI =>",null,3.07]
[]
[" 2.8.1 ","Código","Banco","Descrição","Tipo",null,"Und","Quant.","Valor Unit","Total"]
["Composição"," 98525 ","SINAPI","LIMPEZA MECANIZADA DE CAMADA VEGETAL, VEGETAÇÃO E PEQUENAS ÁRVORES (DIÂMETRO DE TRONCO MENOR QUE 0,20 M), COM TRATOR DE ESTEIRAS.AF_05/2018","URBA - URBANIZAÇÃO",null,"m²",1,0.35,0.35]
["Composição Auxiliar"," 88316 ","SINAPI","SERVENTE COM ENCARGOS COMPLEMENTARES","SEDI - SERVIÇOS DIVERSOS",null,"H",3.0000000000000001E-3,18.649999999999999,0.05]
["Composição Auxiliar"," 88441 ","SINAPI","JARDINEIRO COM ENCARGOS COMPLEMENTARES","SEDI - SERVIÇOS DIVERSOS",null,"H",3.0000000000000001E-3,18.399999999999999,0.05]
["Composição Auxiliar"," 89031 ","SINAPI","TRATOR DE ESTEIRAS, POTÊNCIA 100 HP, PESO OPERACIONAL 9,4 T, COM LÂMINA 2,19 M3 - CHI DIURNO. AF_06/2014","CHOR - CUSTOS HORÁRIOS DE MÁQUINAS E EQUIPAMENTOS",null,"CHI",2.3999999999999998E-3,64.63,0.15]
["Composição Auxiliar"," 89032 ","SINAPI","TRATOR DE ESTEIRAS, POTÊNCIA 100 HP, PESO OPERACIONAL 9,4 T, COM LÂMINA 2,19 M3 - CHP DIURNO. AF_06/2014","CHOR - CUSTOS HORÁRIOS DE MÁQUINAS E EQUIPAMENTOS",null,"CHP",5.9999999999999995E-4,180.86,0.1]
[{"$nulls":4},"MO sem LS =>",5.5839925546765937E-2,"LS =>",0.06,"MO com LS =>",0.12]
[{"$nulls":4},"Valor do BDI =>",0.08,null,"Valor com BDI =>",null,0.43]
[]
[" 2.8.2 ","Código","Banco","Descrição","Tipo",null,"Und","Quant.","Valor Unit","Total"]
["Composição"," 100701 ","SINAPI","PORTA DE FERRO, DE ABRIR, TIPO GRADE COM CHAPA, COM GUARNIÇÕES. AF_12/2019","ESQV - ESQUADRIAS/FERRAGENS/VIDROS",null,"m²",1,661.91,661.91]
["Composição Auxiliar"," 88309 ","SINAPI","PEDREIRO COM ENCARGOS COMPLEMENTARES","SEDI - SERVIÇOS DIVERSOS",null,"H",0.45700000000000002,23.85,10.89]
["Composição Auxiliar"," 88316 ","SINAPI","SERVENTE COM ENCARGOS COMPLEMENTARES","SEDI - SERVIÇOS DIVERSOS",null,"H",0.22900000000000001,18.649999999999999,4.2699999999999996]
["Composição Auxiliar"," 88627 ","SINAPI","ARGAMASSA TRAÇO 1:0,5:4,5 (EM VOLUME DE CIMENTO, CAL E AREIA MÉDIA ÚMIDA) PARA ASSENTAMENTO DE ALVENARIA, PREPARO MANUAL. AF_08/2019","SEDI - SERVIÇOS DIVERSOS",null,"m³",1.2E-2,617.87,7.41]
["Insumo"," 00004930 ","SINAPI","PORTA DE ABRIR / GIRO, EM GRADIL FERRO, COM BARRA CHATA 3 CM X 1/4\", COM REQUADRO E GUARNICAO - COMPLETO - ACABAMENTO NATURAL","Material",null,"m²",1,639.34,639.34]
[{"$nulls":4},"MO sem LS =>",6.0260586319218232,"LS =>",6.92,"MO com LS =>",12.95]
[{"$nulls":4},"Valor do BDI =>",160.04,null,"Valor com BDI =>",null,821.95]
[]
[" 2.8.3 ","Código","Banco","Descrição","Tipo",null,"Und","Quant.","Valor Unit","Total"]
["Composição"," 101197 ","SINAPI","CERCA COM MOURÕES DE CONCRETO, SEÇÃO \"T\" PONTA INCLINADA, 10X10 CM, ESPAÇAMENTO DE 2,5 M, CRAVADOS 0,5 M, COM 11 FIOS DE ARAME FARPADO Nº 14 - FORNECIMENTO E INSTALAÇÃO. AF_05/2020","URBA - URBANIZAÇÃO",null,"M",1,121.26,121.26]
["Composição Auxiliar"," 88309 ","SINAPI","PEDREIRO COM ENCARGOS COMPLEMENTARES","SEDI - SERVIÇOS DIVERSOS",null,"H",0.85189999999999999,23.85,20.309999999999999]
["Composição Auxiliar"," 88316 ","SINAPI","SERVENTE COM ENCARGOS COMPLEMENTARES","SEDI - SERVIÇOS DIVERSOS",null,"H",0.85189999999999999,18.649999999999999,15.88]
["Composição Auxiliar"," 94962 ","SINAPI","CONCRETO MAGRO PARA LASTRO, TRAÇO 1:4,5:4,5 (EM MASSA SECA DE CIMENTO/ AREIA MÉDIA/ BRITA 1) - PREPARO MECÂNICO COM BETONEIRA 400 L. AF_05/2021","FUES - FUNDAÇÕES E ESTRUTURAS",null,"m³",0.09,357.51,32.17]
["Insumo"," 00000339 ","SINAPI","ARAME FARPADO GALVANIZADO, 14 BWG (2,11 MM), CLASSE 250","Material",null,"M",11,1.76,19.36]
["Insumo"," 00004114 ","SINAPI","MOURAO CONCRETO CURVO, SECAO \"T\", H = 2,80 M + CURVA COM 0,45 M, COM FUROS PARA FIOS","Material",null,"UN",0.4,78.19,31.27]
["Insumo"," 00043130 ","SINAPI","ARAME GALVANIZADO 12 BWG, D = 2,76 MM (0,048 KG/M) OU 14 BWG, D = 2,11 MM (0,026 KG/M)","Material",null,"KG",7.9000000000000001E-2,28.8,2.27]
[{"$nulls":4},"MO sem LS =>",14.806886924150767,"LS =>",17.010000000000002,"MO com LS =>",31.82]
[{"$nulls":4},"Valor do BDI =>",29.32,null,"Valor com BDI =>",null,150.58000000000001]
[]
[" 2.8.4 ","Código","Banco","Descrição","Tipo",null,"Und","Quant.","Valor Unit","Total"]
["Composição"," 101169 ","SINAPI","EXECUÇÃO DE PAVIMENTO EM PARALELEPÍPEDOS, REJUNTAMENTO COM ARGAMASSA TRAÇO 1:3 (CIMENTO E AREIA). AF_05/2020","PAVI - PAVIMENTAÇÃO",null,"m²",1,71.37,71.37]
["Composição Auxiliar"," 5684 ","SINAPI","ROLO COMPACTADOR VIBRATÓRIO DE UM CILINDRO AÇO LISO, POTÊNCIA 80 HP, PESO OPERACIONAL MÁXIMO 8,1 T, IMPACTO DINÂMICO 16,15 / 9,5 T, LARGURA DE TRABALHO 1,68 M - CHP DIURNO. AF_06/2014","CHOR - CUSTOS HORÁRIOS DE MÁQUINAS E EQUIPAMENTOS",null,"CHP",3.0999999999999999E-3,160.16999999999999,0.49]
["Composição Auxiliar"," 5685 ","SINAPI","ROLO COMPACTADOR VIBRATÓRIO DE UM CILINDRO AÇO LISO, POTÊNCIA 80 HP, PESO OPERACIONAL MÁXIMO 8,1 T, IMPACTO DINÂMICO 16,15 / 9,5 T, LARGURA DE TRABALHO 1,68 M - CHI DIURNO. AF_06/2014","CHOR - CUSTOS HORÁRIOS DE MÁQUINAS E EQUIPAMENTOS",null,"CHI",0.13089999999999999,63.13,8.26]
["Composição Auxiliar"," 88260 ","SINAPI","CALCETEIRO COM ENCARGOS COMPLEMENTARES","SEDI - SERVIÇOS DIVERSOS",null,"H",0.40210000000000001,23.66,9.51]
["Composição Auxiliar"," 88316 ","SINAPI","SERVENTE COM ENCARGOS COMPLEMENTARES","SEDI - SERVIÇOS DIVERSOS",null,"H",0.40210000000000001,18.649999999999999,7.49]
["Composição Auxiliar"," 88628 ","SINAPI","ARGAMASSA TRAÇO 1:3 (EM VOLUME DE CIMENTO E AREIA MÉDIA ÚMIDA), PREPARO MECÂNICO COM BETONEIRA 400 L. AF_08/2019","SEDI - SERVIÇOS DIVERSOS",null,"m³",2.0400000000000001E-2,535.70000000000005,10.92]
["Insumo"," 00000367 ","SINAPI","AREIA GROSSA - POSTO JAZIDA/FORNECEDOR (RETIRADO NA JAZIDA, SEM TRANSPORTE)","Material",null,"m³",0.114,96.24,10.97]
["Insumo"," 00004385 ","SINAPI","PARALELEPIPEDO GRANITICO OU BASALTICO, PARA PAVIMENTACAO, SEM FRETE (VARIACAO REGIONAL DE PECAS POR M2)","Material",null,"MIL",3.3000000000000002E-2,719.25,23.73]
[{"$nulls":4},"MO sem LS =>",7.5523499302000934,"LS =>",8.68,"MO com LS =>",16.23]
[{"$nulls":4},"Valor do BDI =>",17.25,null,"Valor com BDI =>",null,88.62]
[]
[" 3.1.1 ","Código","Banco","Descrição","Tipo",null,"Und","Quant.","Valor Unit","Total"]
["Composição"," 5109 ","ORSE","Locação e Nivelamento de Redes de Água e Adutoras","Serviços Iniciais",null,"m",1,1.1299999999999999,1.1299999999999999]
["Insumo"," 48 ","ORSE","Auxiliar topografia - SICRO h","Mão de Obra",null,"h",2.4E-2,21.722799999999999,0.52]
["Insumo"," 70 ","ORSE","Topógrafo - SICRO h","Mão de Obra",null,"h",1.2E-2,36.854599999999998,0.44]
["Insumo"," 2480 ","ORSE","Pick-up, capacidade 1,2 t h","Equipamento",null,"un",1.2E-2,10.91,0.13]
["Insumo"," 6442 ","ORSE","Nível ótico de precisão H","Equipamento",null,"H",1.2E-2,2.25,0.02]
["Insumo"," 6443 ","ORSE","TEODOLITO H","Equipamento",null,"H",1.2E-2,2.25,0.02]
[{"$nulls":4},"MO sem LS =>",0.44671939999999999,"LS =>",0.51,"MO com LS =>",0.96]
[{"$nulls":4},"Valor do BDI =>",0.27,null,"Valor com BDI =>",null,1.4]
[]
[" 3.1.1.1 ","Código","Banco","Descrição","Tipo",null,"Und","Quant.","Valor Unit","Total"]
["Composição"," 98524 ","SINAPI","LIMPEZA MANUAL DE VEGETAÇÃO EM TERRENO COM ENXADA.AF_05/2018","URBA - URBANIZAÇÃO",null,"m²",1,2.65,2.65]
["Composição Auxiliar"," 88316 ","SINAPI","SERVENTE COM ENCARGOS COMPLEMENTARES","SEDI - SERVIÇOS DIVERSOS",null,"H",7.1800000000000003E-2,18.649999999999999,1.33]
["Composição Auxiliar"," 88441 ","SINAPI","JARDINEIRO COM ENCARGOS COMPLEMENTARES","SEDI - SERVIÇOS DIVERSOS",null,"H",7.1800000000000003E-2,18.399999999999999,1.32]
[{"$nulls":4},"MO sem LS =>",0.87947882736156346,"LS =>",1.01,"MO com LS =>",1.89]
[{"$nulls":4},"Valor do BDI =>",0.64,null,"Valor com BDI =>",null,3.29]
[]
[" 3.1.1.12 ","Código","Banco","Descrição","Tipo",null,"Und","Quant.","Valor Unit","Total"]
["Composição"," 141 ","ORSE","Aço CA - 60 Ø 4,2 a 9,5mm, inclusive corte, dobragem, montagem e colocacao de ferragens nas formas, para superestruturas e fundações - R1","Armaduras Convencionais",null,"kg",1,11.95,11.95]
["Composição Auxiliar"," 10549 ","ORSE","Encargos Complementares - Servente","Provisórios",null,"h",7.0000000000000007E-2,3.75,0.26]
["Composição Auxiliar"," 10555 ","ORSE","Encargos Complementares - Armador","Provisórios",null,"h",7.0000000000000007E-2,3.58,0.25]
["Insumo"," 82 ","ORSE","Aço ca-60   4,2 a 9,5 mm kg","Material",null,"kg",1,8.4700000000000006,8.4700000000000006]
["Insumo"," 00000378 ","SINAPI","ARMADOR (HORISTA)","Mão de Obra",null,"H",7.0000000000000007E-2,18.11,1.26]
["Insumo"," 00006111 ","SINAPI","SERVENTE DE OBRAS","Mão de Obra",null,"H",7.0000000000000007E-2,13.19,0.92]
["Insumo"," 00039017 ","SINAPI","ESPACADOR / DISTANCIADOR CIRCULAR COM ENTRADA LATERAL, EM PLASTICO, PARA VERGALHAO *4,2 A 12,5* MM, COBRIMENTO 20 MM","Material",null,"UN",0.4,0.22,0.08]
["Insumo"," 00039315 ","SINAPI","ESPACADOR / DISTANCIADOR TIPO GARRA DUPLA, EM PLASTICO, COBRIMENTO *20* MM, PARA FERRAGENS DE LAJES E FUNDO DE VIGAS","Material",null,"UN",0.4,0.35,0.14000000000000001]
["Insumo"," 00043132 ","SINAPI","ARAME RECOZIDO 16 BWG, D = 1,65 MM (0,016 KG/M) OU 18 BWG, D = 1,25 MM (0,01 KG/M)","Material",null,"KG",0.02,28.8,0.56999999999999995]
[{"$nulls":4},"MO sem LS =>",1.0144253000000001,"LS =>",1.17,"MO com LS =>",2.1800000000000002]
[{"$nulls":4},"Valor do BDI =>",2.88,null,"Valor com BDI =>",null,14.83]
[]
[" 3.1.1.24 ","Código","Banco","Descrição","Tipo",null,"Und","Quant.","Valor Unit","Total"]
["Composição"," 100760 ","SINAPI","PINTURA COM TINTA ALQUÍDICA DE ACABAMENTO (ESMALTE SINTÉTICO BRILHANTE) APLICADA A ROLO OU PINCEL SOBRE SUPERFÍCIES METÁLICAS (EXCETO PERFIL) EXECUTADO EM OBRA (02 DEMÃOS). AF_01/2020","PINT - PINTURAS",null,"m²",1,44.2,44.2]
["Composição Auxiliar"," 88310 ","SINAPI","PINTOR COM ENCARGOS COMPLEMENTARES","SEDI - SERVIÇOS DIVERSOS",null,"H",1.3559000000000001,25.08,34]
["Insumo"," 00005318 ","SINAPI","DILUENTE AGUARRAS","Material",null,"L",2.5499999999999998E-2,20.25,0.51]
["Insumo"," 00007292 ","SINAPI","TINTA ESMALTE SINTETICO PREMIUM BRILHANTE","Material",null,"L",0.25490000000000002,38.04,9.69]
[{"$nulls":4},"MO sem LS =>",11.600744532340624,"LS =>",13.33,"MO com LS =>",24.93]
[{"$nulls":4},"Valor do BDI =>",10.68,null,"Valor com BDI =>",null,54.88]
[]
[" 3.1.1.31 ","Código","Banco","Descrição","Tipo",null,"Und","Quant.","Valor Unit","Total"]
["Composição"," 2003307 ","SICRO3","Valeta de proteção de cortes com revestimento de concreto - VPCC 160-30 - escavação mecânica - areia e brita comerciais","",null,"m",1,119.95,119.95]
[{"$nulls":5},"Custo Horário de Execução =>",null,null,null,0]
[{"$nulls":5},"Fator de Influencia da Chuva - FIC =>",null,null,null,0]
[{"$nulls":5},"Custo do FIC =>",null,null,null,0]
[{"$nulls":5},"Produção de Equipe =>",null,null,null,1]
[{"$nulls":5},"Custo Unitário de Execução =>",null,null,null,0]
["D","Banco","Código","Atividades Auxiliares","Quantidade","Unidade","Preço Unitário",null,null,"Custo Horário"]
["Atividade Auxiliar","SICRO3",4805756,"Apiloamento manual de superfície com espessura de 15 cm",2.1410999999999998,"m²",4.18,null,null,8.9497999999999998]
["Atividade Auxiliar","SICRO3",4805754,"Compactação manual com soquete vibratório",0.54959999999999998,"m³",5.96,null,null,3.2755999999999998]
["Atividade Auxiliar","SICRO3",1107892,"Concreto fck = 20 MPa - confecção em betoneira e lançamento manual - areia e brita comerciais",0.15959999999999999,"m³",404.33,null,null,64.531099999999995]
["Atividade Auxiliar","SICRO3",2003842,"Enchimento de junta de concreto com argamassa asfáltica de densidade 1.700 kg/m³ - espessura de 1 cm",0.20610000000000001,"kg",61.99,null,null,12.7761]
["Atividade Auxiliar","SICRO3",4413996,"Enleivamento",2.1410999999999998,"m²",8.9700000000000006,null,null,19.2057]
["Atividade Auxiliar","SICRO3",2004522,"Escavação mecânica de vala trapezoidal ou triangular em material de 1ª categoria para drenagem superficial comretroescavadeira - 0,30 m² ≤ seção < 0,50 m²",0.54959999999999998,"m³",10.48,null,null,5.7598000000000003]
["Atividade Auxiliar","SICRO3",3108022,"Guia de madeira de 2,5 x 8,0 cm - confecção e instalação",1.0706,"m",5.09,null,null,5.4493999999999998]
[{"$nulls":5},"Custo Total das Atividades =>",null,null,null,119.94750000000001]
[{"$nulls":4},"MO sem LS =>",18.831136621684504,"LS =>",21.64,"MO com LS =>",40.468112626525951]
[{"$nulls":4},"Valor do BDI =>",29,null,"Valor com BDI =>",null,148.94999999999999]
[]
[" 3.1.2 ","Código","Banco","Descrição","Tipo",null,"Und","Quant.","Valor Unit","Total"]
["Composição"," 5156 ","ORSE","Sinalização noturna com tela tapume pvc, balde plástico fiação e lâmpada, reutilização 7 vezes","Serviços de Proteção e Segurança",null,"m",1,3.18,3.18]
["Composição Auxiliar"," 5158 ","ORSE","Sinalização Diurna com Tela tapume em pvc - 10 usos","Serviços de Proteção e Segurança",null,"m",0.14299999999999999,4.45,0.63]
["Composição Auxiliar"," 10549 ","ORSE","Encargos Complementares - Servente","Provisórios",null,"h",2.9000000000000001E-2,3.75,0.1]
["Composição Auxiliar"," 10552 ","ORSE","Encargos Complementares - Eletricista","Provisórios",null,"h",1.4E-2,3.6,0.05]
["Insumo"," 1925 ","ORSE","Bocal baquelite para lâmpada com rabicho un","Material",null,"un",7.0999999999999994E-2,1.99,0.14000000000000001]
["Insumo"," 4675 ","ORSE","Lâmpada fluorescente eletronica PL  15W / 127v (compacta integrada) un","Material",null,"un",7.0999999999999994E-2,7.6,0.53]
["Insumo"," 00000939 ","SINAPI","FIO DE COBRE, SOLIDO, CLASSE 1, ISOLACAO EM PVC/A, ANTICHAMA BWF-B, 450/750V, SECAO NOMINAL 2,5 MM2","Material",null,"M",0.314,2.4900000000000002,0.78]
["Insumo"," 00002436 ","SINAPI","ELETRICISTA (HORISTA)","Mão de Obra",null,"H",1.4E-2,22.88,0.32]
["Insumo"," 00004815 ","SINAPI","BALDE VERMELHO PARA SINALIZACAO DE VIAS","Material",null,"UN",3.5999999999999997E-2,7.56,0.27]
["Insumo"," 00006111 ","SINAPI","SERVENTE DE OBRAS","Mão de Obra",null,"H",2.8000000000000001E-2,13.19,0.36]
[{"$nulls":4},"MO sem LS =>",0.43275942298743603,"LS =>",0.5,"MO com LS =>",0.93]
[{"$nulls":4},"Valor do BDI =>",0.76,null,"Valor com BDI =>",null,3.94]
[]
[" 3.1.3 ","Código","Banco","Descrição","Tipo",null,"Und","Quant.","Valor Unit","Total"]
["Composição"," 4554 ","ORSE","Tapume de proteção em tela de polietileno h=1,20 com bloco de concreto","Mobilização / Instalações Provisórias / Desmobilização",null,"m",1,26.75,26.75]
["Composição Auxiliar"," 126 ","ORSE","Concreto simples fabricado na obra, fck=15 mpa, lançado e adensado","Concreto Simples",null,"m³",0.03,526.75,15.8]
["Composição Auxiliar"," 10549 ","ORSE","Encargos Complementares - Servente","Provisórios",null,"h",0.2,3.75,0.75]
["Insumo"," 1569 ","ORSE","Madeira mista serrada (barrote) 6 x 6cm - 0,0036 m3/m (angelim, louro) m","Material",null,"m",0.46,8.49,3.9]
["Insumo"," 2185 ","ORSE","Tela de polietileno estirado para tapumes ( malha 80x40 e 65x40mm) h=1,20m m","Material",null,"m",1,3.21,3.21]
["Insumo"," 00005061 ","SINAPI","PREGO DE ACO POLIDO COM CABECA 18 X 27 (2 1/2 X 10)","Material",null,"KG",0.02,23,0.46]
["Insumo"," 00006111 ","SINAPI","SERVENTE DE OBRAS","Mão de Obra",null,"H",0.2,13.19,2.63]
[{"$nulls":4},"MO sem LS =>",2.8524895300139601,"LS =>",3.28,"MO com LS =>",6.13]
[{"$nulls":4},"Valor do BDI =>",6.46,null,"Valor com BDI =>",null,33.21]
[]
[" 3.1.3.2 ","Código","Banco","Descrição","Tipo",null,"Und","Quant.","Valor Unit","Total"]
["Composição"," 103125 ","SINAPI","ASSENTAMENTO DE CONEXÃO COM 3 ACESSOS, FERRO FUNDIDO PARA REDE DE ÁGUA, DN  250 MM, JUNTA FLANGEADA (NÃO INCLUI O FORNECIMENTO). AF_09/2021","ASTU - ASSENTAMENTO DE TUBOS E PECAS",null,"UN",1,243.9,243.9]
["Composição Auxiliar"," 5928 ","SINAPI","GUINDAUTO HIDRÁULICO, CAPACIDADE MÁXIMA DE CARGA 6200 KG, MOMENTO MÁXIMO DE CARGA 11,7 TM, ALCANCE MÁXIMO HORIZONTAL 9,70 M, INCLUSIVE CAMINHÃO TOCO PBT 16.000 KG, POTÊNCIA DE 189 CV - CHP DIURNO. AF_06/2014","CHOR - CUSTOS HORÁRIOS DE MÁQUINAS E EQUIPAMENTOS",null,"CHP",0.38550000000000001,272.54000000000002,105.06]
["Composição Auxiliar"," 5930 ","SINAPI","GUINDAUTO HIDRÁULICO, CAPACIDADE MÁXIMA DE CARGA 6200 KG, MOMENTO MÁXIMO DE CARGA 11,7 TM, ALCANCE MÁXIMO HORIZONTAL 9,70 M, INCLUSIVE CAMINHÃO TOCO PBT 16.000 KG, POTÊNCIA DE 189 CV - CHI DIURNO. AF_06/2014","CHOR - CUSTOS HORÁRIOS DE MÁQUINAS E EQUIPAMENTOS",null,"CHI",0.77090000000000003,66.16,51]
["Composição Auxiliar"," 88248 ","SINAPI","AUXILIAR DE ENCANADOR OU BOMBEIRO HIDRÁULICO COM ENCARGOS COMPLEMENTARES","SEDI - SERVIÇOS DIVERSOS",null,"H",0.72799999999999998,18.78,13.67]
["Composição Auxiliar"," 88267 ","SINAPI","ENCANADOR OU BOMBEIRO HIDRÁULICO COM ENCARGOS COMPLEMENTARES","SEDI - SERVIÇOS DIVERSOS",null,"H",2.6518000000000002,27.97,74.17]
[{"$nulls":4},"MO sem LS =>",44.485807352256863,"LS =>",51.11,"MO com LS =>",95.6]
[{"$nulls":4},"Valor do BDI =>",58.97,null,"Valor com BDI =>",null,302.87]
[]
[" 3.1.3.4 ","Código","Banco","Descrição","Tipo",null,"Und","Quant.","Valor Unit","Total"]
["Composição"," 103108 ","SINAPI","ASSENTAMENTO DE CONEXÃO COM 2 ACESSOS, FERRO FUNDIDO PARA REDE DE ÁGUA, DN  200 MM, JUNTA FLANGEADA (NÃO INCLUI O FORNECIMENTO). AF_09/2021","ASTU - ASSENTAMENTO DE TUBOS E PECAS",null,"UN",1,102.34,102.34]
["Composição Auxiliar"," 5928 ","SINAPI","GUINDAUTO HIDRÁULICO, CAPACIDADE MÁXIMA DE CARGA 6200 KG, MOMENTO MÁXIMO DE CARGA 11,7 TM, ALCANCE MÁXIMO HORIZONTAL 9,70 M, INCLUSIVE CAMINHÃO TOCO PBT 16.000 KG, POTÊNCIA DE 189 CV - CHP DIURNO. AF_06/2014","CHOR - CUSTOS HORÁRIOS DE MÁQUINAS E EQUIPAMENTOS",null,"CHP",0.17150000000000001,272.54000000000002,46.74]
["Composição Auxiliar"," 5930 ","SINAPI","GUINDAUTO HIDRÁULICO, CAPACIDADE MÁXIMA DE CARGA 6200 KG, MOMENTO MÁXIMO DE CARGA 11,7 TM, ALCANCE MÁXIMO HORIZONTAL 9,70 M, INCLUSIVE CAMINHÃO TOCO PBT 16.000 KG, POTÊNCIA DE 189 CV - CHI DIURNO. AF_06/2014","CHOR - CUSTOS HORÁRIOS DE MÁQUINAS E EQUIPAMENTOS",null,"CHI",0.34300000000000003,66.16,22.69]
["Composição Auxiliar"," 88248 ","SINAPI","AUXILIAR DE ENCANADOR OU BOMBEIRO HIDRÁULICO COM ENCARGOS COMPLEMENTARES","SEDI - SERVIÇOS DIVERSOS",null,"H",0.27279999999999999,18.78,5.12]
["Composição Auxiliar"," 88267 ","SINAPI","ENCANADOR OU BOMBEIRO HIDRÁULICO COM ENCARGOS COMPLEMENTARES","SEDI - SERVIÇOS DIVERSOS",null,"H",0.99360000000000004,27.97,27.79]
[{"$nulls":4},"MO sem LS =>",17.431363424848765,"LS =>",20.03,"MO com LS =>",37.46]
[{"$nulls":4},"Valor do BDI =>",24.74,null,"Valor com BDI =>",null,127.08]
[]
[" 3.1.3.5 ","Código","Banco","Descrição","Tipo",null,"Und","Quant.","Valor Unit","Total"]
["Composição"," 103092 ","SINAPI","ASSENTAMENTO DE TUBO DE FERRO FUNDIDO PARA REDE DE ÁGUA, DN 200 MM, JUNTA FLANGEADA (NÃO INCLUI O FORNECIMENTO). AF_09/2021","ASTU - ASSENTAMENTO DE TUBOS E PECAS",null,"M",1,24.45,24.45]
["Composição Auxiliar"," 5928 ","SINAPI","GUINDAUTO HIDRÁULICO, CAPACIDADE MÁXIMA DE CARGA 6200 KG, MOMENTO MÁXIMO DE CARGA 11,7 TM, ALCANCE MÁXIMO HORIZONTAL 9,70 M, INCLUSIVE CAMINHÃO TOCO PBT 16.000 KG, POTÊNCIA DE 189 CV - CHP DIURNO. AF_06/2014","CHOR - CUSTOS HORÁRIOS DE MÁQUINAS E EQUIPAMENTOS",null,"CHP",3.6200000000000003E-2,272.54000000000002,9.86]
["Composição Auxiliar"," 5930 ","SINAPI","GUINDAUTO HIDRÁULICO, CAPACIDADE MÁXIMA DE CARGA 6200 KG, MOMENTO MÁXIMO DE CARGA 11,7 TM, ALCANCE MÁXIMO HORIZONTAL 9,70 M, INCLUSIVE CAMINHÃO TOCO PBT 16.000 KG, POTÊNCIA DE 189 CV - CHI DIURNO. AF_06/2014","CHOR - CUSTOS HORÁRIOS DE MÁQUINAS E EQUIPAMENTOS",null,"CHI",7.2499999999999995E-2,66.16,4.79]
["Composição Auxiliar"," 88248 ","SINAPI","AUXILIAR DE ENCANADOR OU BOMBEIRO HIDRÁULICO COM ENCARGOS COMPLEMENTARES","SEDI - SERVIÇOS DIVERSOS",null,"H",8.1299999999999997E-2,18.78,1.52]
["Composição Auxiliar"," 88267 ","SINAPI","ENCANADOR OU BOMBEIRO HIDRÁULICO COM ENCARGOS COMPLEMENTARES","SEDI - SERVIÇOS DIVERSOS",null,"H",0.29609999999999997,27.97,8.2799999999999994]
[{"$nulls":4},"MO sem LS =>",4.7650069799906936,"LS =>",5.47,"MO com LS =>",10.24]
[{"$nulls":4},"Valor do BDI =>",5.91,null,"Valor com BDI =>",null,30.36]
[]
[" 3.1.3.6 ","Código","Banco","Descrição","Tipo",null,"Und","Quant.","Valor Unit","Total"]
["Composição"," GRR-23-0027 ","Próprio","MANÔMETRO 0 A 200 PSI (0 A 10 KGF/CM2), D = 100MM,  conexão 1/2\" -  INSTALAÇÃO","SEDI - SERVIÇOS DIVERSOS",null,"UN",1,39.43,39.43]
["Composição Auxiliar"," 88248 ","SINAPI","AUXILIAR DE ENCANADOR OU BOMBEIRO HIDRÁULICO COM ENCARGOS COMPLEMENTARES","SEDI - SERVIÇOS DIVERSOS",null,"H",0.84299999999999997,18.78,15.83]
["Composição Auxiliar"," 88267 ","SINAPI","ENCANADOR OU BOMBEIRO HIDRÁULICO COM ENCARGOS COMPLEMENTARES","SEDI - SERVIÇOS DIVERSOS",null,"H",0.84299999999999997,27.97,23.57]
["Insumo"," 00003146 ","SINAPI","FITA VEDA ROSCA EM ROLOS DE 18 MM X 10 M (L X C)","Material",null,"UN",1.2E-2,2.95,0.03]
[{"$nulls":4},"MO sem LS =>",14.681247091670544,"LS =>",16.87,"MO com LS =>",31.55]
[{"$nulls":4},"Valor do BDI =>",9.5299999999999994,null,"Valor com BDI =>",null,48.96]
[]
[" 3.1.3.7 ","Código","Banco","Descrição","Tipo",null,"Und","Quant.","Valor Unit","Total"]
["Composição"," GRR-23-0028 ","Próprio","MEDIDOR DE AGUA, DN 4\" - INSTALAÇÃO","SEDI - SERVIÇOS DIVERSOS",null,"UN",1,24.62,24.62]
["Composição Auxiliar"," 88248 ","SINAPI","AUXILIAR DE ENCANADOR OU BOMBEIRO HIDRÁULICO COM ENCARGOS COMPLEMENTARES","SEDI - SERVIÇOS DIVERSOS",null,"H",0.52590000000000003,18.78,9.8699999999999992]
["Composição Auxiliar"," 88267 ","SINAPI","ENCANADOR OU BOMBEIRO HIDRÁULICO COM ENCARGOS COMPLEMENTARES","SEDI - SERVIÇOS DIVERSOS",null,"H",0.52590000000000003,27.97,14.7]
["Insumo"," 00003146 ","SINAPI","FITA VEDA ROSCA EM ROLOS DE 18 MM X 10 M (L X C)","Material",null,"UN",1.9800000000000002E-2,2.95,0.05]
[{"$nulls":4},"MO sem LS =>",9.1530944625407162,"LS =>",10.52,"MO com LS =>",19.670000000000002]
[{"$nulls":4},"Valor do BDI =>",5.95,null,"Valor com BDI =>",null,30.57]
[]
[" 3.1.3.8 ","Código","Banco","Descrição","Tipo",null,"Und","Quant.","Valor Unit","Total"]
["Composição"," 6054 ","ORSE","Assentamento de válvula de retenção em ferro fundido, diam. =  200mm a 300mm","Conversão InfoWOrca",null,"un",1,14.16,14.16]
["Composição Auxiliar"," 10549 ","ORSE","Encargos Complementares - Servente","Provisórios",null,"h",0.25,3.75,0.93]
["Composição Auxiliar"," 10554 ","ORSE","Encargos Complementares - Encanador","Provisórios",null,"h",0.125,3.67,0.45]
["Insumo"," 54 ","ORSE","Encarregado de turma - SICRO h","Mão de Obra",null,"h",4.1700000000000001E-2,18.225999999999999,0.76]
["Insumo"," 2455 ","ORSE","Aluguel de caminhão guindauto 3,0 t ( m. benz - 1215 c/48- 143,0 hp h","Equipamento",null,"un",4.1700000000000001E-2,100.9,4.2]
["Insumo"," 2498 ","ORSE","Tirfor 3,2 t - 20m de cabo h","Equipamento",null,"un",0.125,1.44,0.18]
["Insumo"," 00002696 ","SINAPI","ENCANADOR OU BOMBEIRO HIDRAULICO (HORISTA)","Mão de Obra",null,"H",0.125,22.88,2.86]
["Insumo"," 00004229 ","SINAPI","GRAXA LUBRIFICANTE A BASE DE LITIO, DE MULTIPLAS APLICACOES E CONTENDO ADITIVOS DE EXTREMA PRESSAO (GRAU DE VISCOSIDADE NLGI 2)","Material",null,"KG",3.3300000000000003E-2,44.98,1.49]
["Insumo"," 00006111 ","SINAPI","SERVENTE DE OBRAS","Mão de Obra",null,"H",0.25,13.19,3.29]
[{"$nulls":4},"MO sem LS =>",3.215449,"LS =>",3.69,"MO com LS =>",6.91]
[{"$nulls":4},"Valor do BDI =>",3.42,null,"Valor com BDI =>",null,17.579999999999998]
[]
[" 3.1.3.9 ","Código","Banco","Descrição","Tipo",null,"Und","Quant.","Valor Unit","Total"]
["Composição"," 6012 ","ORSE","Assentamento de registro de gaveta em ferro fundido com bolsas, diam. =  200mm a 300mm","Assentamento de Registros",null,"un",1,14.16,14.16]
["Composição Auxiliar"," 10549 ","ORSE","Encargos Complementares - Servente","Provisórios",null,"h",0.25,3.75,0.93]
["Composição Auxiliar"," 10554 ","ORSE","Encargos Complementares - Encanador","Provisórios",null,"h",0.125,3.67,0.45]
["Insumo"," 54 ","ORSE","Encarregado de turma - SICRO h","Mão de Obra",null,"h",4.1700000000000001E-2,18.225999999999999,0.76]
["Insumo"," 2455 ","ORSE","Aluguel de caminhão guindauto 3,0 t ( m. benz - 1215 c/48- 143,0 hp h","Equipamento",null,"un",4.1700000000000001E-2,100.9,4.2]
["Insumo"," 2498 ","ORSE","Tirfor 3,2 t - 20m de cabo h","Equipamento",null,"un",0.125,1.44,0.18]
["Insumo"," 00002696 ","SINAPI","ENCANADOR OU BOMBEIRO HIDRAULICO (HORISTA)","Mão de Obra",null,"H",0.125,22.88,2.86]
["Insumo"," 00004229 ","SINAPI","GRAXA LUBRIFICANTE A BASE DE LITIO, DE MULTIPLAS APLICACOES E CONTENDO ADITIVOS DE EXTREMA PRESSAO (GRAU DE VISCOSIDADE NLGI 2)","Material",null,"KG",3.3300000000000003E-2,44.98,1.49]
["Insumo"," 00006111 ","SINAPI","SERVENTE DE OBRAS","Mão de Obra",null,"H",0.25,13.19,3.29]
[{"$nulls":4},"MO sem LS =>",3.215449,"LS =>",3.69,"MO com LS =>",6.91]
[{"$nulls":4},"Valor do BDI =>",3.42,null,"Valor com BDI =>",null,17.579999999999998]
[]
[" 3.1.3.10 ","Código","Banco","Descrição","Tipo",null,"Und","Quant.","Valor Unit","Total"]
["Composição"," GRR-23-0029 ","Próprio","INSTALAÇÃO DE MOTO BOMBA HORIZONTAL DE 75 CV","SEDI - SERVIÇOS DIVERSOS",null,"UN",1,210.11,210.11]
["Composição Auxiliar"," 88247 ","SINAPI","AUXILIAR DE ELETRICISTA COM ENCARGOS COMPLEMENTARES","SEDI - SERVIÇOS DIVERSOS",null,"H",0.63300000000000001,19.73,12.48]
["Composição Auxiliar"," 88248 ","SINAPI","AUXILIAR DE ENCANADOR OU BOMBEIRO HIDRÁULICO COM ENCARGOS COMPLEMENTARES","SEDI - SERVIÇOS DIVERSOS",null,"H",3.6541000000000001,18.78,68.62]
["Composição Auxiliar"," 88264 ","SINAPI","ELETRICISTA COM ENCARGOS COMPLEMENTARES","SEDI - SERVIÇOS DIVERSOS",null,"H",0.63300000000000001,29.1,18.420000000000002]
["Composição Auxiliar"," 88267 ","SINAPI","ENCANADOR OU BOMBEIRO HIDRÁULICO COM ENCARGOS COMPLEMENTARES","SEDI - SERVIÇOS DIVERSOS",null,"H",3.6541000000000001,27.97,102.2]
["Insumo"," 00011267 ","SINAPI","ARRUELA LISA, REDONDA, DE LATAO POLIDO, DIAMETRO NOMINAL 5/8\", DIAMETRO EXTERNO = 34 MM, DIAMETRO DO FURO = 17 MM, ESPESSURA = *2,5* MM","Material",null,"UN",4,1.56,6.24]
["Insumo"," 00039996 ","SINAPI","VERGALHAO ZINCADO ROSCA TOTAL, 1/4 \" (6,3 MM)","Material",null,"M",0.2,4.37,0.87]
["Insumo"," 00039997 ","SINAPI","PORCA ZINCADA, SEXTAVADA, DIAMETRO 1/4\"","Material",null,"UN",4,0.32,1.28]
[{"$nulls":4},"MO sem LS =>",74.876686831084228,"LS =>",86.03,"MO com LS =>",160.91]
[{"$nulls":4},"Valor do BDI =>",50.8,null,"Valor com BDI =>",null,260.91000000000003]
[]
[" 3.1.3.11 ","Código","Banco","Descrição","Tipo",null,"Und","Quant.","Valor Unit","Total"]
["Composição"," 2417 ","ORSE","Escada tipo piscina em aço inox","Urbanização de Parques e Praças",null,"m",1,514.54,514.54]
["Insumo"," 902 ","ORSE","Escada p/ piscina em aço inox  com 2 dois degraus inox un","Material",null,"un",1,514.54,514.54]
[{"$nulls":4},"MO sem LS =>",0,"LS =>",0,"MO com LS =>",0]
[{"$nulls":4},"Valor do BDI =>",124.41,null,"Valor com BDI =>",null,638.95000000000005]
[]
[" 3.2.2.1 ","Código","Banco","Descrição","Tipo",null,"Und","Quant.","Valor Unit","Total"]
["Composição"," 102279 ","SINAPI","ESCAVAÇÃO MECANIZADA DE VALA COM PROF. ATÉ 1,5 M (MÉDIA MONTANTE E JUSANTE/UMA COMPOSIÇÃO POR TRECHO), ESCAVADEIRA (0,8 M3),LARG. MENOR QUE 1,5 M, EM SOLO DE 1A CATEGORIA, LOCAIS COM BAIXO NÍVEL DE INTERFERÊNCIA. AF_02/2021","MOVT - MOVIMENTO DE TERRA",null,"m³",1,6.56,6.56]
["Composição Auxiliar"," 5631 ","SINAPI","ESCAVADEIRA HIDRÁULICA SOBRE ESTEIRAS, CAÇAMBA 0,80 M3, PESO OPERACIONAL 17 T, POTENCIA BRUTA 111 HP - CHP DIURNO. AF_06/2014","CHOR - CUSTOS HORÁRIOS DE MÁQUINAS E EQUIPAMENTOS",null,"CHP",0.02,202.86,4.05]
["Composição Auxiliar"," 5632 ","SINAPI","ESCAVADEIRA HIDRÁULICA SOBRE ESTEIRAS, CAÇAMBA 0,80 M3, PESO OPERACIONAL 17 T, POTENCIA BRUTA 111 HP - CHI DIURNO. AF_06/2014","CHOR - CUSTOS HORÁRIOS DE MÁQUINAS E EQUIPAMENTOS",null,"CHI",2.1700000000000001E-2,80.47,1.74]
["Composição Auxiliar"," 88316 ","SINAPI","SERVENTE COM ENCARGOS COMPLEMENTARES","SEDI - SERVIÇOS DIVERSOS",null,"H",4.1700000000000001E-2,18.649999999999999,0.77]
[{"$nulls":4},"MO sem LS =>",0.60958585388552822,"LS =>",0.7,"MO com LS =>",1.31]
[{"$nulls":4},"Valor do BDI =>",1.58,null,"Valor com BDI =>",null,8.14]
[]
[" 3.2.2.2 ","Código","Banco","Descrição","Tipo",null,"Und","Quant.","Valor Unit","Total"]
["Composição"," 102314 ","SINAPI","ESCAVAÇÃO MECANIZADA DE VALA COM PROF. ATÉ 1,5 M (MÉDIA MONTANTE E JUSANTE/UMA COMPOSIÇÃO POR TRECHO),COM ESCAVADEIRA (0,8 M3), LARG. MENOR QUE 1,5 M, EM SOLO DE 2A CATEGORIA, LOCAIS COM BAIXO NÍVEL DE INTERFERÊNCIA. AF_02/2021","MOVT - MOVIMENTO DE TERRA",null,"m³",1,8.2200000000000006,8.2200000000000006]
["Composição Auxiliar"," 5631 ","SINAPI","ESCAVADEIRA HIDRÁULICA SOBRE ESTEIRAS, CAÇAMBA 0,80 M3, PESO OPERACIONAL 17 T, POTENCIA BRUTA 111 HP - CHP DIURNO. AF_06/2014","CHOR - CUSTOS HORÁRIOS DE MÁQUINAS E EQUIPAMENTOS",null,"CHP",2.5000000000000001E-2,202.86,5.07]
["Composição Auxiliar"," 5632 ","SINAPI","ESCAVADEIRA HIDRÁULICA SOBRE ESTEIRAS, CAÇAMBA 0,80 M3, PESO OPERACIONAL 17 T, POTENCIA BRUTA 111 HP - CHI DIURNO. AF_06/2014","CHOR - CUSTOS HORÁRIOS DE MÁQUINAS E EQUIPAMENTOS",null,"CHI",2.7199999999999998E-2,80.47,2.1800000000000002]
["Composição Auxiliar"," 88316 ","SINAPI","SERVENTE COM ENCARGOS COMPLEMENTARES","SEDI - SERVIÇOS DIVERSOS",null,"H",5.2200000000000003E-2,18.649999999999999,0.97]
[{"$nulls":4},"MO sem LS =>",0.76314564913913452,"LS =>",0.88,"MO com LS =>",1.64]
[{"$nulls":4},"Valor do BDI =>",1.98,null,"Valor com BDI =>",null,10.199999999999999]
[]
[" 3.2.2.3 ","Código","Banco","Descrição","Tipo",null,"Und","Quant.","Valor Unit","Total"]
["Composição"," 5505766 ","SICRO3","Desmonte de material de 3ª categoria a frio com argamassa expansiva a céu aberto","",null,"m³",1,321.49,321.49]
["A","Código","Banco","Equipamentos","Quantidade","Utilização",null,"Custo Operacional",null,"Custo Horário"]
[{"$nulls":5},"Operativa","Improdutiva","Operativa","Improdutiva"]
["Insumo","E9671","SICRO3","Compressor de ar portátil de 363,87 l/s (771 PCM) - 158,13 kW",1,1,0,211.28120000000001,47.2652,211.28120000000001]
["Insumo","E9527","SICRO3","Martelete perfurador/rompedor a ar comprimido de 25 kg para rocha com capacidade de",4,1,0,27.395800000000001,25.331900000000001,109.58320000000001]
[{"$nulls":5},"Custo Horário de Equipamentos =>",null,null,null,320.86439999999999]
["B","Código","Banco","Mão de Obra","Quantidade","Salário Hora",null,null,null,"Custo Horário"]
["Insumo","P9824","SICRO3","Servente",1,null,null,null,18.586300000000001,18.586300000000001]
[{"$nulls":5},"Custo Horário da Mão de Obra =>",null,null,null,18.586300000000001]
[{"$nulls":5},"Adc.M.O. - Ferramentas (0,0%) =>",null,null,null,0]
[{"$nulls":5},"Custo Horário de Execução =>",null,null,null,339.45069999999998]
[{"$nulls":5},"Fator de Influencia da Chuva - FIC =>",null,null,null,2.0999999999999999E-3]
[{"$nulls":5},"Custo do FIC =>",null,null,null,0.31459999999999999]
[{"$nulls":5},"Produção de Equipe =>",null,null,null,2.2766000000000002]
[{"$nulls":5},"Custo Unitário de Execução =>",null,null,null,149.1069]
["C","Banco","Código","Material","Quantidade","Unidade","Preço Unitário",null,null,"Custo Horário"]
["Insumo","SICRO3","M0421","Argamassa expansiva para desmonte de rocha e demolição de concreto",13.125,"kg",10.815200000000001,null,null,141.9495]
["Insumo","SICRO3","M2145","Série de brocas integrais S12",3.2050000000000002E-2,"un",927.21429999999998,null,null,29.717199999999998]
[{"$nulls":5},"Custo Total do Material =>",null,null,null,171.66669999999999]
["E","Banco","Insumo","Tempos Fixos","Código","Quantidade","Unidade","Preço Unitário",null,"Custo Horário"]
["Tempo Fixo","SICRO3","M0421","Carga, manobra e descarga de materiais diversos em caminhão carroceria de 15 t - carga e descarga manuais",5914655,1.3129999999999999E-2,"t",30.36,null,0.39860000000000001]
[{"$nulls":5},"Custo Total dos Tempos Fixos =>",null,null,null,0.39860000000000001]
["F","Banco","Insumo","Momento de Transporte","Quantidade","Unidade","Distância Média de Transporte (DMT)",null,null,"Custo Horário"]
[{"$nulls":6},"LN","RP","P"]
["Momento de Transporte","SICRO3","M0421","Argamassa expansiva para desmonte de rocha e demolição de concreto - Caminhão carroceria com capacidade de 15 t - 188 kW",1.3129999999999999E-2,"tkm","5914449\n0,000\nR$ 1,01","5914464\n0,000\nR$ 0,81","5914479\n0,000\nR$ 0,66",0]
[{"$nulls":5},"Custo total dos Momentos de Transportes =>",null,null,null,0]
[{"$nulls":4},"MO sem LS =>",3.8566178931015145,"LS =>",4.43,"MO com LS =>",8.2878718522751544]
[{"$nulls":4},"Valor do BDI =>",77.73,null,"Valor com BDI =>",null,399.22]
[]
[" 3.2.2.4 ","Código","Banco","Descrição","Tipo",null,"Und","Quant.","Valor Unit","Total"]
["Composição"," 101126 ","SINAPI","ESCAVAÇÃO HORIZONTAL, INCLUINDO CARGA E DESCARGA EM SOLO DE 1A CATEGORIA COM TRATOR DE ESTEIRAS (170HP/LÂMINA: 5,20M3). AF_07/2020","MOVT - MOVIMENTO DE TERRA",null,"m³",1,12.45,12.45]
["Composição Auxiliar"," 100974 ","SINAPI","CARGA, MANOBRA E DESCARGA DE SOLOS E MATERIAIS GRANULARES EM CAMINHÃO BASCULANTE 10 M³ - CARGA COM PÁ CARREGADEIRA (CAÇAMBA DE 1,7 A 2,8 M³ / 128 HP) E DESCARGA LIVRE (UNIDADE: M3). AF_07/2020","TRAN - TRANSPORTES, CARGAS E DESCARGAS",null,"m³",1.25,8.3000000000000007,10.37]
["Composição Auxiliar"," 5847 ","SINAPI","TRATOR DE ESTEIRAS, POTÊNCIA 170 HP, PESO OPERACIONAL 19 T, CAÇAMBA 5,2 M3 - CHP DIURNO. AF_06/2014","CHOR - CUSTOS HORÁRIOS DE MÁQUINAS E EQUIPAMENTOS",null,"CHP",4.7999999999999996E-3,252.78,1.21]
["Composição Auxiliar"," 5849 ","SINAPI","TRATOR DE ESTEIRAS, POTÊNCIA 170 HP, PESO OPERACIONAL 19 T, CAÇAMBA 5,2 M3 - CHI DIURNO. AF_06/2014","CHOR - CUSTOS HORÁRIOS DE MÁQUINAS E EQUIPAMENTOS",null,"CHI",8.2000000000000007E-3,76.989999999999995,0.63]
["Composição Auxiliar"," 88316 ","SINAPI","SERVENTE COM ENCARGOS COMPLEMENTARES","SEDI - SERVIÇOS DIVERSOS",null,"H",1.2999999999999999E-2,18.649999999999999,0.24]
[{"$nulls":4},"MO sem LS =>",0.69334574220567702,"LS =>",0.8,"MO com LS =>",1.49]
[{"$nulls":4},"Valor do BDI =>",3.01,null,"Valor com BDI =>",null,15.46]
[]
[" 3.2.2.5 ","Código","Banco","Descrição","Tipo",null,"Und","Quant.","Valor Unit","Total"]
["Composição"," 101570 ","SINAPI","ESCORAMENTO DE VALA, TIPO PONTALETEAMENTO, COM PROFUNDIDADE DE 0 A 1,5 M, LARGURA MENOR QUE 1,5 M. AF_08/2020","ESCO - ESCORAMENTO",null,"m²",1,19.559999999999999,19.559999999999999]
["Composição Auxiliar"," 88262 ","SINAPI","CARPINTEIRO DE FORMAS COM ENCARGOS COMPLEMENTARES","SEDI - SERVIÇOS DIVERSOS",null,"H",0.45910000000000001,23.48,10.77]
["Composição Auxiliar"," 88316 ","SINAPI","SERVENTE COM ENCARGOS COMPLEMENTARES","SEDI - SERVIÇOS DIVERSOS",null,"H",0.19670000000000001,18.649999999999999,3.66]
["Insumo"," 00005061 ","SINAPI","PREGO DE ACO POLIDO COM CABECA 18 X 27 (2 1/2 X 10)","Material",null,"KG",9.5999999999999992E-3,23,0.22]
["Insumo"," 00006189 ","SINAPI","TABUA NAO APARELHADA *2,5 X 30* CM, EM MACARANDUBA/MASSARANDUBA, ANGELIM OU EQUIVALENTE DA REGIAO - BRUTA","Material",null,"M",0.21729999999999999,20.27,4.4000000000000004]
["Insumo"," 00021138 ","SINAPI","MOURAO ROLICO DE MADEIRA TRATADA, D = 8 A 11 CM, H = 2,20 M, EM EUCALIPTO OU EQUIVALENTE DA REGIAO (PARA CERCA)","Material",null,"M",5.4300000000000001E-2,9.5399999999999991,0.51]
[{"$nulls":4},"MO sem LS =>",5.1465798045602602,"LS =>",5.91,"MO com LS =>",11.06]
[{"$nulls":4},"Valor do BDI =>",4.72,null,"Valor com BDI =>",null,24.28]
[]
[" 3.2.2.6 ","Código","Banco","Descrição","Tipo",null,"Und","Quant.","Valor Unit","Total"]
["Composição"," 101622 ","SINAPI","PREPARO DE FUNDO DE VALA COM LARGURA MENOR QUE 1,5 M, COM CAMADA DE AREIA, LANÇAMENTO MECANIZADO. AF_08/2020","MOVT - MOVIMENTO DE TERRA",null,"m³",1,188.31,188.31]
["Composição Auxiliar"," 5678 ","SINAPI","RETROESCAVADEIRA SOBRE RODAS COM CARREGADEIRA, TRAÇÃO 4X4, POTÊNCIA LÍQ. 88 HP, CAÇAMBA CARREG. CAP. MÍN. 1 M3, CAÇAMBA RETRO CAP. 0,26 M3, PESO OPERACIONAL MÍN. 6.674 KG, PROFUNDIDADE ESCAVAÇÃO MÁX. 4,37 M - CHP DIURNO. AF_06/2014","CHOR - CUSTOS HORÁRIOS DE MÁQUINAS E EQUIPAMENTOS",null,"CHP",0.1037,135.29,14.02]
["Composição Auxiliar"," 5679 ","SINAPI","RETROESCAVADEIRA SOBRE RODAS COM CARREGADEIRA, TRAÇÃO 4X4, POTÊNCIA LÍQ. 88 HP, CAÇAMBA CARREG. CAP. MÍN. 1 M3, CAÇAMBA RETRO CAP. 0,26 M3, PESO OPERACIONAL MÍN. 6.674 KG, PROFUNDIDADE ESCAVAÇÃO MÁX. 4,37 M - CHI DIURNO. AF_06/2014","CHOR - CUSTOS HORÁRIOS DE MÁQUINAS E EQUIPAMENTOS",null,"CHI",0.51870000000000005,53.3,27.64]
["Composição Auxiliar"," 88309 ","SINAPI","PEDREIRO COM ENCARGOS COMPLEMENTARES","SEDI - SERVIÇOS DIVERSOS",null,"H",0.747,23.85,17.809999999999999]
["Composição Auxiliar"," 88316 ","SINAPI","SERVENTE COM ENCARGOS COMPLEMENTARES","SEDI - SERVIÇOS DIVERSOS",null,"H",1.1204000000000001,18.649999999999999,20.89]
["Composição Auxiliar"," 91533 ","SINAPI","COMPACTADOR DE SOLOS DE PERCUSSÃO (SOQUETE) COM MOTOR A GASOLINA 4 TEMPOS, POTÊNCIA 4 CV - CHP DIURNO. AF_08/2015","CHOR - CUSTOS HORÁRIOS DE MÁQUINAS E EQUIPAMENTOS",null,"CHP",7.1800000000000003E-2,28.37,2.0299999999999998]
["Composição Auxiliar"," 91534 ","SINAPI","COMPACTADOR DE SOLOS DE PERCUSSÃO (SOQUETE) COM MOTOR A GASOLINA 4 TEMPOS, POTÊNCIA 4 CV - CHI DIURNO. AF_08/2015","CHOR - CUSTOS HORÁRIOS DE MÁQUINAS E EQUIPAMENTOS",null,"CHI",6.6600000000000006E-2,21.46,1.42]
["Insumo"," 00000370 ","SINAPI","AREIA MEDIA - POSTO JAZIDA/FORNECEDOR (RETIRADO NA JAZIDA, SEM TRANSPORTE)","Material",null,"m³",1.1000000000000001,95,104.5]
[{"$nulls":4},"MO sem LS =>",19.809213587715217,"LS =>",22.76,"MO com LS =>",42.57]
[{"$nulls":4},"Valor do BDI =>",45.53,null,"Valor com BDI =>",null,233.84]
[]
[" 3.2.2.7 ","Código","Banco","Descrição","Tipo",null,"Und","Quant.","Valor Unit","Total"]
["Composição"," 93378 ","SINAPI","REATERRO MECANIZADO DE VALA COM RETROESCAVADEIRA (CAPACIDADE   DA   CAÇAMBA   DA RETRO: 0,26 M³/POTÊNCIA: 88 HP), LARGURA ATÉ 0,8 M, PROFUNDIDADE ATÉ 1,5 M, COM SOLO (SEM SUBSTITUIÇÃO) DE 1ª CATEGORIA, COM COMPACTADOR DE SOLOS DE PERCUSSÃO. AF_08/2023","MOVT - MOVIMENTO DE TERRA",null,"m³",1,20.07,20.07]
["Composição Auxiliar"," 5678 ","SINAPI","RETROESCAVADEIRA SOBRE RODAS COM CARREGADEIRA, TRAÇÃO 4X4, POTÊNCIA LÍQ. 88 HP, CAÇAMBA CARREG. CAP. MÍN. 1 M3, CAÇAMBA RETRO CAP. 0,26 M3, PESO OPERACIONAL MÍN. 6.674 KG, PROFUNDIDADE ESCAVAÇÃO MÁX. 4,37 M - CHP DIURNO. AF_06/2014","CHOR - CUSTOS HORÁRIOS DE MÁQUINAS E EQUIPAMENTOS",null,"CHP",5.3800000000000001E-2,135.29,7.27]
["Composição Auxiliar"," 5679 ","SINAPI","RETROESCAVADEIRA SOBRE RODAS COM CARREGADEIRA, TRAÇÃO 4X4, POTÊNCIA LÍQ. 88 HP, CAÇAMBA CARREG. CAP. MÍN. 1 M3, CAÇAMBA RETRO CAP. 0,26 M3, PESO OPERACIONAL MÍN. 6.674 KG, PROFUNDIDADE ESCAVAÇÃO MÁX. 4,37 M - CHI DIURNO. AF_06/2014","CHOR - CUSTOS HORÁRIOS DE MÁQUINAS E EQUIPAMENTOS",null,"CHI",7.7700000000000005E-2,53.3,4.1399999999999997]
["Composição Auxiliar"," 5901 ","SINAPI","CAMINHÃO PIPA 10.000 L TRUCADO, PESO BRUTO TOTAL 23.000 KG, CARGA ÚTIL MÁXIMA 15.935 KG, DISTÂNCIA ENTRE EIXOS 4,8 M, POTÊNCIA 230 CV, INCLUSIVE TANQUE DE AÇO PARA TRANSPORTE DE ÁGUA - CHP DIURNO. AF_06/2014","CHOR - CUSTOS HORÁRIOS DE MÁQUINAS E EQUIPAMENTOS",null,"CHP",5.4000000000000003E-3,315.10000000000002,1.7]
["Composição Auxiliar"," 5903 ","SINAPI","CAMINHÃO PIPA 10.000 L TRUCADO, PESO BRUTO TOTAL 23.000 KG, CARGA ÚTIL MÁXIMA 15.935 KG, DISTÂNCIA ENTRE EIXOS 4,8 M, POTÊNCIA 230 CV, INCLUSIVE TANQUE DE AÇO PARA TRANSPORTE DE ÁGUA - CHI DIURNO. AF_06/2014","CHOR - CUSTOS HORÁRIOS DE MÁQUINAS E EQUIPAMENTOS",null,"CHI",5.9999999999999995E-4,68,0.04]
["Composição Auxiliar"," 88316 ","SINAPI","SERVENTE COM ENCARGOS COMPLEMENTARES","SEDI - SERVIÇOS DIVERSOS",null,"H",7.3400000000000007E-2,18.649999999999999,1.36]
["Composição Auxiliar"," 91533 ","SINAPI","COMPACTADOR DE SOLOS DE PERCUSSÃO (SOQUETE) COM MOTOR A GASOLINA 4 TEMPOS, POTÊNCIA 4 CV - CHP DIURNO. AF_08/2015","CHOR - CUSTOS HORÁRIOS DE MÁQUINAS E EQUIPAMENTOS",null,"CHP",0.19620000000000001,28.37,5.56]
[{"$nulls":4},"MO sem LS =>",3.1177291763610984,"LS =>",3.58,"MO com LS =>",6.7]
[{"$nulls":4},"Valor do BDI =>",4.8499999999999996,null,"Valor com BDI =>",null,24.92]
[]
[" 3.2.2.9 ","Código","Banco","Descrição","Tipo",null,"Und","Quant.","Valor Unit","Total"]
["Composição"," 93591 ","SINAPI","TRANSPORTE COM CAMINHÃO BASCULANTE DE 14 M³, EM VIA URBANA EM LEITO NATURAL (UNIDADE: M3XKM). AF_07/2020","TRAN - TRANSPORTES, CARGAS E DESCARGAS",null,"M3XKM",1,2.56,2.56]
["Composição Auxiliar"," 89876 ","SINAPI","CAMINHÃO BASCULANTE 14 M3, COM CAVALO MECÂNICO DE CAPACIDADE MÁXIMA DE TRAÇÃO COMBINADO DE 36000 KG, POTÊNCIA 286 CV, INCLUSIVE SEMIREBOQUE COM CAÇAMBA METÁLICA - CHP DIURNO. AF_12/2014","CHOR - CUSTOS HORÁRIOS DE MÁQUINAS E EQUIPAMENTOS",null,"CHP",7.4999999999999997E-3,311.08,2.33]
["Composição Auxiliar"," 89877 ","SINAPI","CAMINHÃO BASCULANTE 14 M3, COM CAVALO MECÂNICO DE CAPACIDADE MÁXIMA DE TRAÇÃO COMBINADO DE 36000 KG, POTÊNCIA 286 CV, INCLUSIVE SEMIREBOQUE COM CAÇAMBA METÁLICA - CHI DIURNO. AF_12/2014","CHOR - CUSTOS HORÁRIOS DE MÁQUINAS E EQUIPAMENTOS",null,"CHI",3.2000000000000002E-3,74.25,0.23]
[{"$nulls":4},"MO sem LS =>",8.3759888320148912E-2,"LS =>",0.1,"MO com LS =>",0.18]
[{"$nulls":4},"Valor do BDI =>",0.61,null,"Valor com BDI =>",null,3.17]
[]
[" 3.2.2.10 ","Código","Banco","Descrição","Tipo",null,"Und","Quant.","Valor Unit","Total"]
["Composição"," 95876 ","SINAPI","TRANSPORTE COM CAMINHÃO BASCULANTE DE 14 M³, EM VIA URBANA PAVIMENTADA, DMT ATÉ 30 KM (UNIDADE: M3XKM). AF_07/2020","TRAN - TRANSPORTES, CARGAS E DESCARGAS",null,"M3XKM",1,2.0099999999999998,2.0099999999999998]
["Composição Auxiliar"," 89876 ","SINAPI","CAMINHÃO BASCULANTE 14 M3, COM CAVALO MECÂNICO DE CAPACIDADE MÁXIMA DE TRAÇÃO COMBINADO DE 36000 KG, POTÊNCIA 286 CV, INCLUSIVE SEMIREBOQUE COM CAÇAMBA METÁLICA - CHP DIURNO. AF_12/2014","CHOR - CUSTOS HORÁRIOS DE MÁQUINAS E EQUIPAMENTOS",null,"CHP",5.8999999999999999E-3,311.08,1.83]
["Composição Auxiliar"," 89877 ","SINAPI","CAMINHÃO BASCULANTE 14 M3, COM CAVALO MECÂNICO DE CAPACIDADE MÁXIMA DE TRAÇÃO COMBINADO DE 36000 KG, POTÊNCIA 286 CV, INCLUSIVE SEMIREBOQUE COM CAÇAMBA METÁLICA - CHI DIURNO. AF_12/2014","CHOR - CUSTOS HORÁRIOS DE MÁQUINAS E EQUIPAMENTOS",null,"CHI",2.5000000000000001E-3,74.25,0.18]
[{"$nulls":4},"MO sem LS =>",6.5146579804560262E-2,"LS =>",7.0000000000000007E-2,"MO com LS =>",0.14000000000000001]
[{"$nulls":4},"Valor do BDI =>",0.48,null,"Valor com BDI =>",null,2.4900000000000002]
[]
[" 3.2.3.1 ","Código","Banco","Descrição","Tipo",null,"Und","Quant.","Valor Unit","Total"]
["Composição"," 94964 ","SINAPI","CONCRETO FCK = 20MPA, TRAÇO 1:2,7:3 (EM MASSA SECA DE CIMENTO/ AREIA MÉDIA/ BRITA 1) - PREPARO MECÂNICO COM BETONEIRA 400 L. AF_05/2021","FUES - FUNDAÇÕES E ESTRUTURAS",null,"m³",1,442.74,442.74]
["Composição Auxiliar"," 88316 ","SINAPI","SERVENTE COM ENCARGOS COMPLEMENTARES","SEDI - SERVIÇOS DIVERSOS",null,"H",2.5333000000000001,18.649999999999999,47.24]
["Composição Auxiliar"," 88377 ","SINAPI","OPERADOR DE BETONEIRA ESTACIONÁRIA/MISTURADOR COM ENCARGOS COMPLEMENTARES","SEDI - SERVIÇOS DIVERSOS",null,"H",1.6046,17.22,27.63]
["Composição Auxiliar"," 88830 ","SINAPI","BETONEIRA CAPACIDADE NOMINAL DE 400 L, CAPACIDADE DE MISTURA 280 L, MOTOR ELÉTRICO TRIFÁSICO POTÊNCIA DE 2 CV, SEM CARREGADOR - CHP DIURNO. AF_05/2023","CHOR - CUSTOS HORÁRIOS DE MÁQUINAS E EQUIPAMENTOS",null,"CHP",0.82589999999999997,2.23,1.84]
["Composição Auxiliar"," 88831 ","SINAPI","BETONEIRA CAPACIDADE NOMINAL DE 400 L, CAPACIDADE DE MISTURA 280 L, MOTOR ELÉTRICO TRIFÁSICO POTÊNCIA DE 2 CV, SEM CARREGADOR - CHI DIURNO. AF_05/2023","CHOR - CUSTOS HORÁRIOS DE MÁQUINAS E EQUIPAMENTOS",null,"CHI",0.77869999999999995,0.36,0.28000000000000003]
["Insumo"," 00000370 ","SINAPI","AREIA MEDIA - POSTO JAZIDA/FORNECEDOR (RETIRADO NA JAZIDA, SEM TRANSPORTE)","Material",null,"m³",0.75580000000000003,95,71.8]
["Insumo"," 00001379 ","SINAPI","CIMENTO PORTLAND COMPOSTO CP II-32","Material",null,"KG",322.97770000000003,0.77,248.69]
["Insumo"," 00004721 ","SINAPI","PEDRA BRITADA N. 1 (9,5 a 19 MM) POSTO PEDREIRA/FORNECEDOR, SEM FRETE","Material",null,"m³",0.58720000000000006,77.09,45.26]
[{"$nulls":4},"MO sem LS =>",25.635179153094462,"LS =>",29.45,"MO com LS =>",55.09]
[{"$nulls":4},"Valor do BDI =>",107.05,null,"Valor com BDI =>",null,549.79]
[]
[" 3.2.3.5 ","Código","Banco","Descrição","Tipo",null,"Und","Quant.","Valor Unit","Total"]
["Composição"," 2802 ","ORSE","Caixa de passagem em alvenaria de tijolos maciços esp. = 0,17m,  dim. int. =  0.80 x 0.80 x 1,40m","Caixas de Passagem em alvenaria de tijolos maciços",null,"un",1,1708.76,1708.76]
["Composição Auxiliar"," 83 ","ORSE","Forma plana para fundações, em tábuas de pinho, 05 usos","Formas para Fundações",null,"m²",1.1000000000000001,77.42,85.16]
["Composição Auxiliar"," 95 ","ORSE","Concreto simples fabricado na obra, fck=13,5 mpa, lançado e adensado","Alvenarias de Pedra e Concretos para Fundações",null,"m³",7.8100000000000003E-2,500.38,39.07]
["Composição Auxiliar"," 126 ","ORSE","Concreto simples fabricado na obra, fck=15 mpa, lançado e adensado","Concreto Simples",null,"m³",0.317,526.75,166.97]
["Composição Auxiliar"," 140 ","ORSE","Aço CA - 50 Ø 6,3 a 12,5mm, inclusive corte, dobragem, montagem e colocacao de ferragens nas formas, para superestruturas e fundações - R1","Armaduras Convencionais",null,"kg",15.85,12.81,203.03]
["Composição Auxiliar"," 157 ","ORSE","Alvenaria tijolo cerâmico maciço (5x9x19), esp = 0,19m (dobrada), com argamassa traço t5 - 1:2:8 (cimento / cal / areia) c/ junta de 2,0cm - R1","Alvenarias de Vedação",null,"m²",5.32,190.11,1011.38]
["Composição Auxiliar"," 1908 ","ORSE","Reboco ou emboço externo, de parede, com argamassa traço t5 - 1:2:8 (cimento / cal / areia), espessura 2,0 cm","Argamassas",null,"m²",5.05,33.79,170.63]
["Composição Auxiliar"," 3310 ","ORSE","Chapisco em parede com argamassa traço t1 - 1:3 (cimento / areia) - Revisado 08/2015","Conversão InfoWOrca",null,"m²",5.05,6.44,32.520000000000003]
[{"$nulls":4},"MO sem LS =>",293.02466263378318,"LS =>",336.69,"MO com LS =>",629.71]
[{"$nulls":4},"Valor do BDI =>",413.17,null,"Valor com BDI =>",null,2121.9299999999998]
[]
[" 3.2.3.6 ","Código","Banco","Descrição","Tipo",null,"Und","Quant.","Valor Unit","Total"]
["Composição"," 2803 ","ORSE","Caixa de passagem em alvenaria de tijolos maciços esp. = 0,17m,  dim. int. =  0.80 x 0.80 x 1.60m","Caixas de Passagem em alvenaria de tijolos maciços",null,"un",1,1878.99,1878.99]
["Composição Auxiliar"," 83 ","ORSE","Forma plana para fundações, em tábuas de pinho, 05 usos","Formas para Fundações",null,"m²",1.1000000000000001,77.42,85.16]
["Composição Auxiliar"," 95 ","ORSE","Concreto simples fabricado na obra, fck=13,5 mpa, lançado e adensado","Alvenarias de Pedra e Concretos para Fundações",null,"m³",7.8100000000000003E-2,500.38,39.07]
["Composição Auxiliar"," 126 ","ORSE","Concreto simples fabricado na obra, fck=15 mpa, lançado e adensado","Concreto Simples",null,"m³",0.317,526.75,166.97]
["Composição Auxiliar"," 140 ","ORSE","Aço CA - 50 Ø 6,3 a 12,5mm, inclusive corte, dobragem, montagem e colocacao de ferragens nas formas, para superestruturas e fundações - R1","Armaduras Convencionais",null,"kg",15.85,12.81,203.03]
["Composição Auxiliar"," 157 ","ORSE","Alvenaria tijolo cerâmico maciço (5x9x19), esp = 0,19m (dobrada), com argamassa traço t5 - 1:2:8 (cimento / cal / areia) c/ junta de 2,0cm - R1","Alvenarias de Vedação",null,"m²",6.08,190.11,1155.8599999999999]
["Composição Auxiliar"," 1908 ","ORSE","Reboco ou emboço externo, de parede, com argamassa traço t5 - 1:2:8 (cimento / cal / areia), espessura 2,0 cm","Argamassas",null,"m²",5.69,33.79,192.26]
["Composição Auxiliar"," 3310 ","ORSE","Chapisco em parede com argamassa traço t1 - 1:3 (cimento / areia) - Revisado 08/2015","Conversão InfoWOrca",null,"m²",5.69,6.44,36.64]
[{"$nulls":4},"MO sem LS =>",325.34201954397395,"LS =>",373.82,"MO com LS =>",699.16]
[{"$nulls":4},"Valor do BDI =>",454.33,null,"Valor com BDI =>",null,2333.3200000000002]
[]
[" 3.2.3.7 ","Código","Banco","Descrição","Tipo",null,"Und","Quant.","Valor Unit","Total"]
["Composição"," 103800 ","SINAPI","PEDRA ARGAMASSADA COM CIMENTO E AREIA 1:3, 40% DE ARGAMASSA EM VOLUME - AREIA E PEDRA DE MÃO COMERCIAIS - FORNECIMENTO E ASSENTAMENTO. AF_08/2022","FUES - FUNDAÇÕES E ESTRUTURAS",null,"m³",1,455.95,455.95]
["Composição Auxiliar"," 88309 ","SINAPI","PEDREIRO COM ENCARGOS COMPLEMENTARES","SEDI - SERVIÇOS DIVERSOS",null,"H",2.2158000000000002,23.85,52.84]
["Composição Auxiliar"," 88316 ","SINAPI","SERVENTE COM ENCARGOS COMPLEMENTARES","SEDI - SERVIÇOS DIVERSOS",null,"H",3.1021000000000001,18.649999999999999,57.85]
["Composição Auxiliar"," 88629 ","SINAPI","ARGAMASSA TRAÇO 1:3 (EM VOLUME DE CIMENTO E AREIA MÉDIA ÚMIDA), PREPARO MANUAL. AF_08/2019","SEDI - SERVIÇOS DIVERSOS",null,"m³",0.44119999999999998,633.35,279.43]
["Insumo"," 00004730 ","SINAPI","PEDRA DE MAO OU PEDRA RACHAO PARA ARRIMO/FUNDACAO (POSTO PEDREIRA/FORNECEDOR, SEM FRETE)","Material",null,"m³",0.90859999999999996,72.459999999999994,65.83]
[{"$nulls":4},"MO sem LS =>",62.252210330386227,"LS =>",71.53,"MO com LS =>",133.78]
[{"$nulls":4},"Valor do BDI =>",110.24,null,"Valor com BDI =>",null,566.19000000000005]
[]
[" 3.2.4.1 ","Código","Banco","Descrição","Tipo",null,"Und","Quant.","Valor Unit","Total"]
["Composição"," 97161 ","SINAPI","ASSENTAMENTO DE TUBO DE FERRO FUNDIDO PARA REDE DE ÁGUA, DN 250 MM, JUNTA ELÁSTICA, INSTALADO EM LOCAL COM NÍVEL BAIXO DE INTERFERÊNCIAS (NÃO INCLUI FORNECIMENTO). AF_11/2017","ASTU - ASSENTAMENTO DE TUBOS E PECAS",null,"M",1,8.7899999999999991,8.7899999999999991]
["Composição Auxiliar"," 5678 ","SINAPI","RETROESCAVADEIRA SOBRE RODAS COM CARREGADEIRA, TRAÇÃO 4X4, POTÊNCIA LÍQ. 88 HP, CAÇAMBA CARREG. CAP. MÍN. 1 M3, CAÇAMBA RETRO CAP. 0,26 M3, PESO OPERACIONAL MÍN. 6.674 KG, PROFUNDIDADE ESCAVAÇÃO MÁX. 4,37 M - CHP DIURNO. AF_06/2014","CHOR - CUSTOS HORÁRIOS DE MÁQUINAS E EQUIPAMENTOS",null,"CHP",1.5900000000000001E-2,135.29,2.15]
["Composição Auxiliar"," 5679 ","SINAPI","RETROESCAVADEIRA SOBRE RODAS COM CARREGADEIRA, TRAÇÃO 4X4, POTÊNCIA LÍQ. 88 HP, CAÇAMBA CARREG. CAP. MÍN. 1 M3, CAÇAMBA RETRO CAP. 0,26 M3, PESO OPERACIONAL MÍN. 6.674 KG, PROFUNDIDADE ESCAVAÇÃO MÁX. 4,37 M - CHI DIURNO. AF_06/2014","CHOR - CUSTOS HORÁRIOS DE MÁQUINAS E EQUIPAMENTOS",null,"CHI",3.04E-2,53.3,1.62]
["Composição Auxiliar"," 88246 ","SINAPI","ASSENTADOR DE TUBOS COM ENCARGOS COMPLEMENTARES","SEDI - SERVIÇOS DIVERSOS",null,"H",0.127,19.100000000000001,2.42]
["Composição Auxiliar"," 88316 ","SINAPI","SERVENTE COM ENCARGOS COMPLEMENTARES","SEDI - SERVIÇOS DIVERSOS",null,"H",0.127,18.649999999999999,2.36]
["Insumo"," 00020078 ","SINAPI","PASTA LUBRIFICANTE PARA TUBOS E CONEXOES COM JUNTA ELASTICA, EMBALAGEM DE *400* GR (USO EM PVC, ACO, POLIETILENO E OUTROS)","Material",null,"UN",1.1299999999999999E-2,21.4,0.24]
[{"$nulls":4},"MO sem LS =>",2.0660772452303395,"LS =>",2.37,"MO com LS =>",4.4400000000000004]
[{"$nulls":4},"Valor do BDI =>",2.12,null,"Valor com BDI =>",null,10.91]
[]
[" 3.2.4.2 ","Código","Banco","Descrição","Tipo",null,"Und","Quant.","Valor Unit","Total"]
["Composição"," 97136 ","SINAPI","ASSENTAMENTO DE TUBO DE PVC DEFOFO OU PRFV OU RPVC PARA REDE DE ÁGUA, DN 250 MM, JUNTA ELÁSTICA INTEGRADA, INSTALADO EM LOCAL COM NÍVEL BAIXO DE INTERFERÊNCIAS (NÃO INCLUI FORNECIMENTO). AF_11/2017","ASTU - ASSENTAMENTO DE TUBOS E PECAS",null,"M",1,5.61,5.61]
["Composição Auxiliar"," 5678 ","SINAPI","RETROESCAVADEIRA SOBRE RODAS COM CARREGADEIRA, TRAÇÃO 4X4, POTÊNCIA LÍQ. 88 HP, CAÇAMBA CARREG. CAP. MÍN. 1 M3, CAÇAMBA RETRO CAP. 0,26 M3, PESO OPERACIONAL MÍN. 6.674 KG, PROFUNDIDADE ESCAVAÇÃO MÁX. 4,37 M - CHP DIURNO. AF_06/2014","CHOR - CUSTOS HORÁRIOS DE MÁQUINAS E EQUIPAMENTOS",null,"CHP",1.06E-2,135.29,1.43]
["Composição Auxiliar"," 5679 ","SINAPI","RETROESCAVADEIRA SOBRE RODAS COM CARREGADEIRA, TRAÇÃO 4X4, POTÊNCIA LÍQ. 88 HP, CAÇAMBA CARREG. CAP. MÍN. 1 M3, CAÇAMBA RETRO CAP. 0,26 M3, PESO OPERACIONAL MÍN. 6.674 KG, PROFUNDIDADE ESCAVAÇÃO MÁX. 4,37 M - CHI DIURNO. AF_06/2014","CHOR - CUSTOS HORÁRIOS DE MÁQUINAS E EQUIPAMENTOS",null,"CHI",2.0299999999999999E-2,53.3,1.08]
["Composição Auxiliar"," 88246 ","SINAPI","ASSENTADOR DE TUBOS COM ENCARGOS COMPLEMENTARES","SEDI - SERVIÇOS DIVERSOS",null,"H",6.9000000000000006E-2,19.100000000000001,1.31]
["Composição Auxiliar"," 88316 ","SINAPI","SERVENTE COM ENCARGOS COMPLEMENTARES","SEDI - SERVIÇOS DIVERSOS",null,"H",6.9000000000000006E-2,18.649999999999999,1.28]
["Insumo"," 00020078 ","SINAPI","PASTA LUBRIFICANTE PARA TUBOS E CONEXOES COM JUNTA ELASTICA, EMBALAGEM DE *400* GR (USO EM PVC, ACO, POLIETILENO E OUTROS)","Material",null,"UN",2.4E-2,21.4,0.51]
[{"$nulls":4},"MO sem LS =>",1.1726384364820848,"LS =>",1.35,"MO com LS =>",2.52]
[{"$nulls":4},"Valor do BDI =>",1.35,null,"Valor com BDI =>",null,6.96]
[]
[" 3.2.4.4 ","Código","Banco","Descrição","Tipo",null,"Und","Quant.","Valor Unit","Total"]
["Composição"," 6060 ","ORSE","Assentamento de ventosa em ferro fundido com flange,  diam. =   50mm a 150mm","Conversão InfoWOrca",null,"un",1,14.45,14.45]
["Composição Auxiliar"," 10549 ","ORSE","Encargos Complementares - Servente","Provisórios",null,"h",0.43519999999999998,3.75,1.63]
["Composição Auxiliar"," 10554 ","ORSE","Encargos Complementares - Encanador","Provisórios",null,"h",0.21759999999999999,3.67,0.79]
["Insumo"," 54 ","ORSE","Encarregado de turma - SICRO h","Mão de Obra",null,"h",7.2499999999999995E-2,18.225999999999999,1.32]
["Insumo"," 00002696 ","SINAPI","ENCANADOR OU BOMBEIRO HIDRAULICO (HORISTA)","Mão de Obra",null,"H",0.21759999999999999,22.88,4.97]
["Insumo"," 00006111 ","SINAPI","SERVENTE DE OBRAS","Mão de Obra",null,"H",0.43519999999999998,13.19,5.74]
[{"$nulls":4},"MO sem LS =>",5.5979524999999999,"LS =>",6.43,"MO com LS =>",12.03]
[{"$nulls":4},"Valor do BDI =>",3.49,null,"Valor com BDI =>",null,17.940000000000001]
[]
[" 3.2.4.5 ","Código","Banco","Descrição","Tipo",null,"Und","Quant.","Valor Unit","Total"]
["Composição"," 97124 ","SINAPI","ASSENTAMENTO DE TUBO DE PVC PBA PARA REDE DE ÁGUA, DN 50 MM, JUNTA ELÁSTICA INTEGRADA, INSTALADO EM LOCAL COM NÍVEL BAIXO DE INTERFERÊNCIAS (NÃO INCLUI FORNECIMENTO). AF_11/2017","ASTU - ASSENTAMENTO DE TUBOS E PECAS",null,"M",1,0.74,0.74]
["Composição Auxiliar"," 88246 ","SINAPI","ASSENTADOR DE TUBOS COM ENCARGOS COMPLEMENTARES","SEDI - SERVIÇOS DIVERSOS",null,"H",1.7600000000000001E-2,19.100000000000001,0.33]
["Composição Auxiliar"," 88316 ","SINAPI","SERVENTE COM ENCARGOS COMPLEMENTARES","SEDI - SERVIÇOS DIVERSOS",null,"H",1.7600000000000001E-2,18.649999999999999,0.32]
["Insumo"," 00020078 ","SINAPI","PASTA LUBRIFICANTE PARA TUBOS E CONEXOES COM JUNTA ELASTICA, EMBALAGEM DE *400* GR (USO EM PVC, ACO, POLIETILENO E OUTROS)","Material",null,"UN",4.3E-3,21.4,0.09]
[{"$nulls":4},"MO sem LS =>",0.2280130293159609,"LS =>",0.26,"MO com LS =>",0.49]
[{"$nulls":4},"Valor do BDI =>",0.17,null,"Valor com BDI =>",null,0.91]
[]
[" 3.2.4.6 ","Código","Banco","Descrição","Tipo",null,"Und","Quant.","Valor Unit","Total"]
["Composição"," 5285 ","ORSE","Assentamento de conexões em ferro fundido, junta elástica, diam.=   250 mm","Assentamento/Montagem de Tubos e Conexões",null,"un",1,22.23,22.23]
["Composição Auxiliar"," 10549 ","ORSE","Encargos Complementares - Servente","Provisórios",null,"h",0.61980000000000002,3.75,2.3199999999999998]
["Composição Auxiliar"," 10554 ","ORSE","Encargos Complementares - Encanador","Provisórios",null,"h",0.30990000000000001,3.67,1.1299999999999999]
["Insumo"," 54 ","ORSE","Encarregado de turma - SICRO h","Mão de Obra",null,"h",0.1033,18.225999999999999,1.88]
["Insumo"," 2497 ","ORSE","Tirfor 1,6 t - 20m de cabo Tirfor 1,6 t h","Equipamento",null,"un",0.30990000000000001,1.36,0.42]
["Insumo"," 00002696 ","SINAPI","ENCANADOR OU BOMBEIRO HIDRAULICO (HORISTA)","Mão de Obra",null,"H",0.30990000000000001,22.88,7.09]
["Insumo"," 00004229 ","SINAPI","GRAXA LUBRIFICANTE A BASE DE LITIO, DE MULTIPLAS APLICACOES E CONTENDO ADITIVOS DE EXTREMA PRESSAO (GRAU DE VISCOSIDADE NLGI 2)","Material",null,"KG",2.7300000000000001E-2,44.98,1.22]
["Insumo"," 00006111 ","SINAPI","SERVENTE DE OBRAS","Mão de Obra",null,"H",0.61980000000000002,13.19,8.17]
[{"$nulls":4},"MO sem LS =>",7.9758027,"LS =>",9.16,"MO com LS =>",17.14]
[{"$nulls":4},"Valor do BDI =>",5.37,null,"Valor com BDI =>",null,27.6]
[]
[" 3.2.4.7 ","Código","Banco","Descrição","Tipo",null,"Und","Quant.","Valor Unit","Total"]
["Composição"," 5278 ","ORSE","Assentamento de conexões de pvc defofo, junta elástica, diam.=  250 mm","Assentamento/Montagem de Tubos e Conexões",null,"un",1,5.96,5.96]
["Composição Auxiliar"," 10549 ","ORSE","Encargos Complementares - Servente","Provisórios",null,"h",0.1124,3.75,0.42]
["Composição Auxiliar"," 10554 ","ORSE","Encargos Complementares - Encanador","Provisórios",null,"h",5.62E-2,3.67,0.2]
["Insumo"," 54 ","ORSE","Encarregado de turma - SICRO h","Mão de Obra",null,"h",1.8700000000000001E-2,18.225999999999999,0.34]
["Insumo"," 00002696 ","SINAPI","ENCANADOR OU BOMBEIRO HIDRAULICO (HORISTA)","Mão de Obra",null,"H",5.62E-2,22.88,1.28]
["Insumo"," 00004229 ","SINAPI","GRAXA LUBRIFICANTE A BASE DE LITIO, DE MULTIPLAS APLICACOES E CONTENDO ADITIVOS DE EXTREMA PRESSAO (GRAU DE VISCOSIDADE NLGI 2)","Material",null,"KG",0.05,44.98,2.2400000000000002]
["Insumo"," 00006111 ","SINAPI","SERVENTE DE OBRAS","Mão de Obra",null,"H",0.1124,13.19,1.48]
[{"$nulls":4},"MO sem LS =>",1.4425314,"LS =>",1.66,"MO com LS =>",3.1]
[{"$nulls":4},"Valor do BDI =>",1.44,null,"Valor com BDI =>",null,7.4]
[]
[" 3.2.6.1 ","Código","Banco","Descrição","Tipo",null,"Und","Quant.","Valor Unit","Total"]
["Composição"," 6098 ","ORSE","Cadastro de Redes de Água / Adutoras","Conversão InfoWOrca",null,"m",1,1.39,1.39]
["Insumo"," 48 ","ORSE","Auxiliar topografia - SICRO h","Mão de Obra",null,"h",3.5999999999999997E-2,21.722799999999999,0.78]
["Insumo"," 70 ","ORSE","Topógrafo - SICRO h","Mão de Obra",null,"h",1.2E-2,36.854599999999998,0.44]
["Insumo"," 2480 ","ORSE","Pick-up, capacidade 1,2 t h","Equipamento",null,"un",1.2E-2,10.91,0.13]
["Insumo"," 6442 ","ORSE","Nível ótico de precisão H","Equipamento",null,"H",1.2E-2,2.25,0.02]
["Insumo"," 6443 ","ORSE","TEODOLITO H","Equipamento",null,"H",1.2E-2,2.25,0.02]
[{"$nulls":4},"MO sem LS =>",0.56770589999999999,"LS =>",0.65,"MO com LS =>",1.22]
[{"$nulls":4},"Valor do BDI =>",0.33,null,"Valor com BDI =>",null,1.72]
[]
[" 3.2.6.2 ","Código","Banco","Descrição","Tipo",null,"Und","Quant.","Valor Unit","Total"]
["Composição"," 2829 ","ORSE","Limpeza, desinfecção e teste de redes de abastecimento de água","Limpeza e Desobstrução de Bueiros",null,"m",1,2.6,2.6]
["Composição Auxiliar"," 10549 ","ORSE","Encargos Complementares - Servente","Provisórios",null,"h",0.06,3.75,0.22]
["Composição Auxiliar"," 10554 ","ORSE","Encargos Complementares - Encanador","Provisórios",null,"h",0.03,3.67,0.11]
["Insumo"," 54 ","ORSE","Encarregado de turma - SICRO h","Mão de Obra",null,"h",3.0000000000000001E-3,18.225999999999999,0.05]
["Insumo"," 615 ","ORSE","Cloro líquido para limpeza e desinfecção l","Material",null,"l",0.02,6.5,0.13]
["Insumo"," 2459 ","ORSE","Caminhao tanque 6000 l (m. benz - ATEGO 1418/42 - 136,0 hp ou equivalente) h","Equipamento",null,"un",8.9999999999999993E-3,69.19,0.62]
["Insumo"," 00002696 ","SINAPI","ENCANADOR OU BOMBEIRO HIDRAULICO (HORISTA)","Mão de Obra",null,"H",0.03,22.88,0.68]
["Insumo"," 00006111 ","SINAPI","SERVENTE DE OBRAS","Mão de Obra",null,"H",0.06,13.19,0.79]
[{"$nulls":4},"MO sem LS =>",0.70730570000000004,"LS =>",0.81,"MO com LS =>",1.52]
[{"$nulls":4},"Valor do BDI =>",0.62,null,"Valor com BDI =>",null,3.22]
[]
[" 3.3.1.4 ","Código","Banco","Descrição","Tipo",null,"Und","Quant.","Valor Unit","Total"]
["Composição"," 3358 ","ORSE","Forma curva para estruturas, em compensado resinado de 10mm, 03 usos, inclusive escoramento","Conversão InfoWOrca",null,"m²",1,116.45,116.45]
["Composição Auxiliar"," 10549 ","ORSE","Encargos Complementares - Servente","Provisórios",null,"h",1.6,3.75,6]
["Composição Auxiliar"," 10551 ","ORSE","Encargos Complementares - Carpinteiro","Provisórios",null,"h",1.6,3.65,5.84]
["Insumo"," 629 ","ORSE","Compensado resinado 10mm - Madeirit ou similar m2","Material",null,"folha",0.37,30.62,11.32]
["Insumo"," 1569 ","ORSE","Madeira mista serrada (barrote) 6 x 6cm - 0,0036 m3/m (angelim, louro) m","Material",null,"m",0.4,8.49,3.39]
["Insumo"," 00001213 ","SINAPI","CARPINTEIRO DE FORMAS (HORISTA)","Mão de Obra",null,"H",1.6,18.11,28.97]
["Insumo"," 00002692 ","SINAPI","DESMOLDANTE PROTETOR PARA FORMAS DE MADEIRA, DE BASE OLEOSA EMULSIONADA EM AGUA","Material",null,"L",1.4999999999999999E-2,8.7200000000000006,0.13]
["Insumo"," 00004509 ","SINAPI","SARRAFO *2,5 X 10* CM EM PINUS, MISTA OU EQUIVALENTE DA REGIAO - BRUTA","Material",null,"M",1,5.61,5.61]
["Insumo"," 00005067 ","SINAPI","PREGO DE ACO POLIDO COM CABECA 16 X 24 (2 1/4 X 12)","Material",null,"KG",0.3,24.94,7.48]
["Insumo"," 00006111 ","SINAPI","SERVENTE DE OBRAS","Mão de Obra",null,"H",1.6,13.19,21.1]
["Insumo"," 00006189 ","SINAPI","TABUA NAO APARELHADA *2,5 X 30* CM, EM MACARANDUBA/MASSARANDUBA, ANGELIM OU EQUIVALENTE DA REGIAO - BRUTA","Material",null,"M",1.1000000000000001,20.27,22.29]
["Insumo"," 00043130 ","SINAPI","ARAME GALVANIZADO 12 BWG, D = 2,76 MM (0,048 KG/M) OU 14 BWG, D = 2,11 MM (0,026 KG/M)","Material",null,"KG",0.15,28.8,4.32]
[{"$nulls":4},"MO sem LS =>",23.2992089,"LS =>",26.77,"MO com LS =>",50.07]
[{"$nulls":4},"Valor do BDI =>",28.15,null,"Valor com BDI =>",null,144.6]
[]
[" 3.3.2.2 ","Código","Banco","Descrição","Tipo",null,"Und","Quant.","Valor Unit","Total"]
["Composição"," 90736 ","SINAPI","ASSENTAMENTO DE TUBO DE PVC PARA REDE COLETORA DE ESGOTO DE PAREDE MACIÇA, DN 250 MM, JUNTA ELÁSTICA (NÃO INCLUI FORNECIMENTO). AF_01/2021","ASTU - ASSENTAMENTO DE TUBOS E PECAS",null,"M",1,4.41,4.41]
["Composição Auxiliar"," 88246 ","SINAPI","ASSENTADOR DE TUBOS COM ENCARGOS COMPLEMENTARES","SEDI - SERVIÇOS DIVERSOS",null,"H",0.1169,19.100000000000001,2.23]
["Composição Auxiliar"," 88316 ","SINAPI","SERVENTE COM ENCARGOS COMPLEMENTARES","SEDI - SERVIÇOS DIVERSOS",null,"H",0.1169,18.649999999999999,2.1800000000000002]
[{"$nulls":4},"MO sem LS =>",1.5402512796649603,"LS =>",1.77,"MO com LS =>",3.31]
[{"$nulls":4},"Valor do BDI =>",1.06,null,"Valor com BDI =>",null,5.47]
[]
[" 3.3.2.5 ","Código","Banco","Descrição","Tipo",null,"Und","Quant.","Valor Unit","Total"]
["Composição"," 6037 ","ORSE","Assentamento de válvulas de controle, diam. =  200mm a 300mm","Conversão InfoWOrca",null,"un",1,37.1,37.1]
["Composição Auxiliar"," 10549 ","ORSE","Encargos Complementares - Servente","Provisórios",null,"h",1.004,3.75,3.76]
["Composição Auxiliar"," 10554 ","ORSE","Encargos Complementares - Encanador","Provisórios",null,"h",0.50070000000000003,3.67,1.83]
["Insumo"," 54 ","ORSE","Encarregado de turma - SICRO h","Mão de Obra",null,"h",0.16689999999999999,18.225999999999999,3.04]
["Insumo"," 2491 ","ORSE","Talha compacta nt cap. 500 kg c/ 5,00m de elevação h","Equipamento",null,"un",0.50070000000000003,7.56,3.78]
["Insumo"," 00002696 ","SINAPI","ENCANADOR OU BOMBEIRO HIDRAULICO (HORISTA)","Mão de Obra",null,"H",0.50070000000000003,22.88,11.45]
["Insumo"," 00006111 ","SINAPI","SERVENTE DE OBRAS","Mão de Obra",null,"H",1.004,13.19,13.24]
[{"$nulls":4},"MO sem LS =>",12.9036761,"LS =>",14.83,"MO com LS =>",27.73]
[{"$nulls":4},"Valor do BDI =>",8.9700000000000006,null,"Valor com BDI =>",null,46.07]
[]
[" 4.1.1 ","Código","Banco","Descrição","Tipo",null,"Und","Quant.","Valor Unit","Total"]
["Composição"," GRR-23-0034 ","Próprio","INSTALAÇÃO DE ESTRUTURA CE 1 (PADRÃO ELETROBRAS)","SEDI - SERVIÇOS DIVERSOS",null,"UN",1,343.14,343.14]
["Composição Auxiliar"," 5928 ","SINAPI","GUINDAUTO HIDRÁULICO, CAPACIDADE MÁXIMA DE CARGA 6200 KG, MOMENTO MÁXIMO DE CARGA 11,7 TM, ALCANCE MÁXIMO HORIZONTAL 9,70 M, INCLUSIVE CAMINHÃO TOCO PBT 16.000 KG, POTÊNCIA DE 189 CV - CHP DIURNO. AF_06/2014","CHOR - CUSTOS HORÁRIOS DE MÁQUINAS E EQUIPAMENTOS",null,"CHP",1,272.54000000000002,272.54000000000002]
["Insumo"," 00002436 ","SINAPI","ELETRICISTA (HORISTA)","Mão de Obra",null,"H",1,22.88,22.88]
["Insumo"," 00000247 ","SINAPI","AJUDANTE DE ELETRICISTA (HORISTA)","Mão de Obra",null,"H",2,13.86,27.72]
["Insumo"," 00004096 ","SINAPI","MOTORISTA OPERADOR DE CAMINHAO COM MUNCK (HORISTA)","Mão de Obra",null,"H",1,20,20]
[{"$nulls":4},"MO sem LS =>",42.3173569,"LS =>",48.62,"MO com LS =>",90.94]
[{"$nulls":4},"Valor do BDI =>",82.97,null,"Valor com BDI =>",null,426.11]
[]
[" 4.1.2 ","Código","Banco","Descrição","Tipo",null,"Und","Quant.","Valor Unit","Total"]
["Composição"," GRR-23-0035 ","Próprio","INSTALAÇÃO DE MATERIAIS PARA ESTRUTURA CE 2  (PADRÃO ELETROBRÁS)","SEDI - SERVIÇOS DIVERSOS",null,"UN",1,363.6,363.6]
["Composição Auxiliar"," 5928 ","SINAPI","GUINDAUTO HIDRÁULICO, CAPACIDADE MÁXIMA DE CARGA 6200 KG, MOMENTO MÁXIMO DE CARGA 11,7 TM, ALCANCE MÁXIMO HORIZONTAL 9,70 M, INCLUSIVE CAMINHÃO TOCO PBT 16.000 KG, POTÊNCIA DE 189 CV - CHP DIURNO. AF_06/2014","CHOR - CUSTOS HORÁRIOS DE MÁQUINAS E EQUIPAMENTOS",null,"CHP",1,272.54000000000002,272.54000000000002]
["Insumo"," 00002436 ","SINAPI","ELETRICISTA (HORISTA)","Mão de Obra",null,"H",2.5,22.88,57.2]
["Insumo"," 00000247 ","SINAPI","AJUDANTE DE ELETRICISTA (HORISTA)","Mão de Obra",null,"H",1,13.86,13.86]
["Insumo"," 00004096 ","SINAPI","MOTORISTA OPERADOR DE CAMINHAO COM MUNCK (HORISTA)","Mão de Obra",null,"H",1,20,20]
[{"$nulls":4},"MO sem LS =>",51.838064199999998,"LS =>",59.56,"MO com LS =>",111.4]
[{"$nulls":4},"Valor do BDI =>",87.91,null,"Valor com BDI =>",null,451.51]
[]
[" 4.1.3 ","Código","Banco","Descrição","Tipo",null,"Und","Quant.","Valor Unit","Total"]
["Composição"," GRR-23-0036 ","Próprio","INSTALAÇÃO DE MATERIAIS PARA ESTRUTURA CE3-CE3  (PADRÃO ELETROBRÁS)","SEDI - SERVIÇOS DIVERSOS",null,"UN",1,686.28,686.28]
["Composição Auxiliar"," 5928 ","SINAPI","GUINDAUTO HIDRÁULICO, CAPACIDADE MÁXIMA DE CARGA 6200 KG, MOMENTO MÁXIMO DE CARGA 11,7 TM, ALCANCE MÁXIMO HORIZONTAL 9,70 M, INCLUSIVE CAMINHÃO TOCO PBT 16.000 KG, POTÊNCIA DE 189 CV - CHP DIURNO. AF_06/2014","CHOR - CUSTOS HORÁRIOS DE MÁQUINAS E EQUIPAMENTOS",null,"CHP",2,272.54000000000002,545.08000000000004]
["Insumo"," 00002436 ","SINAPI","ELETRICISTA (HORISTA)","Mão de Obra",null,"H",2,22.88,45.76]
["Insumo"," 00000247 ","SINAPI","AJUDANTE DE ELETRICISTA (HORISTA)","Mão de Obra",null,"H",4,13.86,55.44]
["Insumo"," 00004096 ","SINAPI","MOTORISTA OPERADOR DE CAMINHAO COM MUNCK (HORISTA)","Mão de Obra",null,"H",2,20,40]
[{"$nulls":4},"MO sem LS =>",84.6347138,"LS =>",97.25,"MO com LS =>",181.88]
[{"$nulls":4},"Valor do BDI =>",165.94,null,"Valor com BDI =>",null,852.22]
[]
[" 4.1.4 ","Código","Banco","Descrição","Tipo",null,"Und","Quant.","Valor Unit","Total"]
["Composição"," GRR-23-0037 ","Próprio","INSTALAÇÃO DE MATERIAIS PARA ESTRUTURA CE 4  (PADRÃO ELETROBRÁS)","SEDI - SERVIÇOS DIVERSOS",null,"UN",1,681.44,681.44]
["Composição Auxiliar"," 5928 ","SINAPI","GUINDAUTO HIDRÁULICO, CAPACIDADE MÁXIMA DE CARGA 6200 KG, MOMENTO MÁXIMO DE CARGA 11,7 TM, ALCANCE MÁXIMO HORIZONTAL 9,70 M, INCLUSIVE CAMINHÃO TOCO PBT 16.000 KG, POTÊNCIA DE 189 CV - CHP DIURNO. AF_06/2014","CHOR - CUSTOS HORÁRIOS DE MÁQUINAS E EQUIPAMENTOS",null,"CHP",2,272.54000000000002,545.08000000000004]
["Insumo"," 00002436 ","SINAPI","ELETRICISTA (HORISTA)","Mão de Obra",null,"H",3,22.88,68.64]
["Insumo"," 00000247 ","SINAPI","AJUDANTE DE ELETRICISTA (HORISTA)","Mão de Obra",null,"H",2,13.86,27.72]
["Insumo"," 00004096 ","SINAPI","MOTORISTA OPERADOR DE CAMINHAO COM MUNCK (HORISTA)","Mão de Obra",null,"H",2,20,40]
[{"$nulls":4},"MO sem LS =>",82.382503499999999,"LS =>",94.66,"MO com LS =>",177.04]
[{"$nulls":4},"Valor do BDI =>",164.77,null,"Valor com BDI =>",null,846.21]
[]
[" 4.1.5 ","Código","Banco","Descrição","Tipo",null,"Und","Quant.","Valor Unit","Total"]
["Composição"," GRR-23-0042 ","Próprio","INSTALAÇÃO DE MATERIAIS PARA ESTRUTURA N1CE3E6 (PADRÃO ELETROBRÁS)","SEDI - SERVIÇOS DIVERSOS",null,"UN",1,367.52,367.52]
["Insumo"," 00002436 ","SINAPI","ELETRICISTA (HORISTA)","Mão de Obra",null,"H",2,22.88,45.76]
["Insumo"," 00000247 ","SINAPI","AJUDANTE DE ELETRICISTA (HORISTA)","Mão de Obra",null,"H",4,13.86,55.44]
["Insumo"," 00004096 ","SINAPI","MOTORISTA OPERADOR DE CAMINHAO COM MUNCK (HORISTA)","Mão de Obra",null,"H",2,20,40]
["Insumo"," 2456 ","ORSE","Caminhão guindauto 6,5 t ( m. benz - L1620/51 - 143,0 hp) h","Equipamento",null,"un",2,113.16,226.32]
[{"$nulls":4},"MO sem LS =>",65.704979100000003,"LS =>",75.5,"MO com LS =>",141.19999999999999]
[{"$nulls":4},"Valor do BDI =>",88.86,null,"Valor com BDI =>",null,456.38]
[]
[" 4.1.6 ","Código","Banco","Descrição","Tipo",null,"Und","Quant.","Valor Unit","Total"]
["Composição"," GRR-23-0044 ","Próprio","INSTALAÇÃO DE MATERIAL PARA ATERRAMENTO DE ESTRUTURA DE CONCRETO","SEDI - SERVIÇOS DIVERSOS",null,"UN",1,27.72,27.72]
["Insumo"," 00000247 ","SINAPI","AJUDANTE DE ELETRICISTA (HORISTA)","Mão de Obra",null,"H",2,13.86,27.72]
[{"$nulls":4},"MO sem LS =>",12.899022799999999,"LS =>",14.82,"MO com LS =>",27.72]
[{"$nulls":4},"Valor do BDI =>",6.7,null,"Valor com BDI =>",null,34.42]
[]
[" 4.1.7 ","Código","Banco","Descrição","Tipo",null,"Und","Quant.","Valor Unit","Total"]
["Composição"," GRR-23-0043 ","Próprio","FORNECIMENTO DE MATERIAL PARA ATERRAMENTO DE ESTRUTURA DE CONCRETO","SEDI - SERVIÇOS DIVERSOS",null,"UN",1,336.7,336.7]
["Insumo"," 00000868 ","SINAPI","CABO DE COBRE NU 25 MM2 MEIO-DURO","Material",null,"M",11,25.06,275.66000000000003]
["Insumo"," 00003379 ","SINAPI","HASTE DE ATERRAMENTO EM ACO COM 3,00 M DE COMPRIMENTO E DN = 5/8\", REVESTIDA COM BAIXA CAMADA DE COBRE, SEM CONECTOR","Material",null,"UN",1,55.75,55.75]
["Insumo"," 00000425 ","SINAPI","GRAMPO METALICO TIPO OLHAL PARA HASTE DE ATERRAMENTO DE 5/8'', CONDUTOR DE *10* A 50 MM2","Material",null,"UN",1,5.29,5.29]
[{"$nulls":4},"MO sem LS =>",0,"LS =>",0,"MO com LS =>",0]
[{"$nulls":4},"Valor do BDI =>",81.41,null,"Valor com BDI =>",null,418.11]
[]
[" 4.1.8 ","Código","Banco","Descrição","Tipo",null,"Und","Quant.","Valor Unit","Total"]
["Composição"," GRR-23-0041 ","Próprio","FORNECIMENTO DE MATERIAIS PARA ESTRUTURA N3CE3E6 (PADRÃO ELETROBRÁS)","SEDI - SERVIÇOS DIVERSOS",null,"UN",1,4166.7,4166.7]
["Insumo"," 00013339 ","SINAPI","POSTE DE CONCRETO ARMADO DE SECAO DUPLO T, EXTENSAO DE 12,00 M, RESISTENCIA DE 300 A 400 DAN, TIPO B OU D","Material",null,"UN",1,1302.24,1302.24]
["Insumo"," 00000379 ","SINAPI","ARRUELA QUADRADA EM ACO GALVANIZADO, DIMENSAO = 38 MM, ESPESSURA = 3MM, DIAMETRO DO FURO= 18 MM","Material",null,"UN",3,1.57,4.71]
["Insumo"," 00000431 ","SINAPI","PARAFUSO M16 EM ACO GALVANIZADO, COMPRIMENTO = 200 MM, DIAMETRO = 16 MM, ROSCA MAQUINA, CABECA QUADRADA","Material",null,"UN",1,15.75,15.75]
["Insumo"," 00000432 ","SINAPI","PARAFUSO M16 EM ACO GALVANIZADO, COMPRIMENTO = 250 MM, DIAMETRO = 16 MM, ROSCA MAQUINA, CABECA QUADRADA","Material",null,"UN",2,17.38,34.76]
["Insumo"," 1583 ","ORSE","Manilha 90 gr un","Material",null,"un",1,13.07,13.07]
["Insumo"," 00000421 ","SINAPI","PORCA OLHAL M 16,  EM ACO GALVANIZADO, DIAMETRO = 16 MM","Material",null,"UN",3,23.07,69.209999999999994]
["Insumo"," 00000402 ","SINAPI","GANCHO OLHAL EM ACO GALVANIZADO, ESPESSURA 16MM, ABERTURA 21MM","Material",null,"UN",3,18.940000000000001,56.82]
["Insumo"," 00000442 ","SINAPI","PARAFUSO FRANCES M16 EM ACO GALVANIZADO, COMPRIMENTO = 45 MM, DIAMETRO = 16 MM, CABECA ABAULADA","Material",null,"UN",2,7.83,15.66]
["Insumo"," 00000436 ","SINAPI","PARAFUSO FRANCES M16 EM ACO GALVANIZADO, COMPRIMENTO = 150 MM, DIAMETRO = 16 MM, CABECA ABAULADA","Material",null,"UN",1,13.25,13.25]
["Insumo"," 4634 ","ORSE","Braço tipo C 15 kv un","Material",null,"un",1,198,198]
["Insumo"," 00011821 ","SINAPI","CONECTOR METALICO TIPO PARAFUSO FENDIDO (SPLIT BOLT), COM SEPARADOR DE CABOS BIMETALICOS, PARA CABOS ATE 25 MM2","Material",null,"UN",1,11.03,11.03]
["Insumo"," 00003379 ","SINAPI","HASTE DE ATERRAMENTO EM ACO COM 3,00 M DE COMPRIMENTO E DN = 5/8\", REVESTIDA COM BAIXA CAMADA DE COBRE, SEM CONECTOR","Material",null,"UN",1,55.75,55.75]
["Insumo"," 10630 ","ORSE","Grampo de ancoragem em alumínio fundido e cunha em poliamida e estribo ou alça em aço inoxidável para cabo protegido de 50mm²  - classe de tensão 15KV un","Material",null,"un",3,44.1,132.30000000000001]
["Insumo"," 2524 ","ORSE","Isolador de disco polimérico 15 kv un","Material",null,"un",3,110,330]
["Insumo"," 00000868 ","SINAPI","CABO DE COBRE NU 25 MM2 MEIO-DURO","Material",null,"M",11,25.06,275.66000000000003]
["Insumo"," 155 ","ORSE","Alça preformada p/ estai 9,5 mm mr un","Material",null,"un",1,14,14]
["Insumo"," 3542 ","ORSE","Cruzeta de concreto tipo T 1900 mm Un","Material",null,"Un",1,284,284]
["Insumo"," 00011837 ","SINAPI","GRAMPO LINHA VIVA DE LATAO ESTANHADO, DIAMETRO DO CONDUTOR PRINCIPAL DE 10 A 120 MM2, DIAMETRO DA DERIVACAO DE 10 A 70 MM2","Material",null,"UN",3,56.83,170.49]
["Insumo"," 588 ","ORSE","Chave fusível 15kv- 24kv 100a 12000a un","Material",null,"un",3,390,1170]
[{"$nulls":4},"MO sem LS =>",0,"LS =>",0,"MO com LS =>",0]
[{"$nulls":4},"Valor do BDI =>",1007.5,null,"Valor com BDI =>",null,5174.2]
[]
[" 4.1.9 ","Código","Banco","Descrição","Tipo",null,"Und","Quant.","Valor Unit","Total"]
["Composição"," GRR-23-0033 ","Próprio","FORNECIMENTO DE MATERIAIS PARA ESTRUTURA CE 4  (PADRÃO ELETROBRÁS)","SEDI - SERVIÇOS DIVERSOS",null,"UN",1,3194.18,3194.18]
["Insumo"," 00000379 ","SINAPI","ARRUELA QUADRADA EM ACO GALVANIZADO, DIMENSAO = 38 MM, ESPESSURA = 3MM, DIAMETRO DO FURO= 18 MM","Material",null,"UN",3,1.57,4.71]
["Insumo"," 00000431 ","SINAPI","PARAFUSO M16 EM ACO GALVANIZADO, COMPRIMENTO = 200 MM, DIAMETRO = 16 MM, ROSCA MAQUINA, CABECA QUADRADA","Material",null,"UN",1,15.75,15.75]
["Insumo"," 00000432 ","SINAPI","PARAFUSO M16 EM ACO GALVANIZADO, COMPRIMENTO = 250 MM, DIAMETRO = 16 MM, ROSCA MAQUINA, CABECA QUADRADA","Material",null,"UN",2,17.38,34.76]
["Insumo"," 1583 ","ORSE","Manilha 90 gr un","Material",null,"un",6,13.07,78.42]
["Insumo"," 00000421 ","SINAPI","PORCA OLHAL M 16,  EM ACO GALVANIZADO, DIAMETRO = 16 MM","Material",null,"UN",7,23.07,161.49]
["Insumo"," 00000430 ","SINAPI","PARAFUSO M16 EM ACO GALVANIZADO, COMPRIMENTO = 125 MM, DIAMETRO = 16 MM, ROSCA MAQUINA, CABECA QUADRADA","Material",null,"UN",6,11.85,71.099999999999994]
["Insumo"," 4634 ","ORSE","Braço tipo C 15 kv un","Material",null,"un",1,198,198]
["Insumo"," 10630 ","ORSE","Grampo de ancoragem em alumínio fundido e cunha em poliamida e estribo ou alça em aço inoxidável para cabo protegido de 50mm²  - classe de tensão 15KV un","Material",null,"un",6,44.1,264.60000000000002]
["Insumo"," 2524 ","ORSE","Isolador de disco polimérico 15 kv un","Material",null,"un",6,110,660]
["Insumo"," 00000868 ","SINAPI","CABO DE COBRE NU 25 MM2 MEIO-DURO","Material",null,"M",11,25.06,275.66000000000003]
["Insumo"," 155 ","ORSE","Alça preformada p/ estai 9,5 mm mr un","Material",null,"un",2,14,28]
["Insumo"," 00007581 ","SINAPI","SAPATILHA EM ACO GALVANIZADO PARA CABOS COM DIAMETRO NOMINAL ATE 5/8\"","Material",null,"UN",2,5.38,10.76]
["Insumo"," 1751 ","ORSE","Pino de topo p/ isolador 15kv 389mm un","Material",null,"un",3,16,48]
["Insumo"," 9351 ","ORSE","Isolador pino polimerico susp. 15 kv un","Material",null,"un",3,27.3,81.900000000000006]
["Insumo"," 3232 ","ORSE","Poste concreto duplo T (DT) 11/ 400 Un","Material",null,"Un",1,1261.03,1261.03]
[{"$nulls":4},"MO sem LS =>",0,"LS =>",0,"MO com LS =>",0]
[{"$nulls":4},"Valor do BDI =>",772.35,null,"Valor com BDI =>",null,3966.53]
[]
[" 4.1.10 ","Código","Banco","Descrição","Tipo",null,"Und","Quant.","Valor Unit","Total"]
["Composição"," GRR-23-0032 ","Próprio","FORNECIMENTO DE MATERIAIS PARA ESTRUTURA CE3-CE3  (PADRÃO ELETROBRÁS)","SEDI - SERVIÇOS DIVERSOS",null,"UN",1,3136.43,3136.43]
["Insumo"," 00000379 ","SINAPI","ARRUELA QUADRADA EM ACO GALVANIZADO, DIMENSAO = 38 MM, ESPESSURA = 3MM, DIAMETRO DO FURO= 18 MM","Material",null,"UN",6,1.57,9.42]
["Insumo"," 00000431 ","SINAPI","PARAFUSO M16 EM ACO GALVANIZADO, COMPRIMENTO = 200 MM, DIAMETRO = 16 MM, ROSCA MAQUINA, CABECA QUADRADA","Material",null,"UN",2,15.75,31.5]
["Insumo"," 00000432 ","SINAPI","PARAFUSO M16 EM ACO GALVANIZADO, COMPRIMENTO = 250 MM, DIAMETRO = 16 MM, ROSCA MAQUINA, CABECA QUADRADA","Material",null,"UN",4,17.38,69.52]
["Insumo"," 1583 ","ORSE","Manilha 90 gr un","Material",null,"un",6,13.07,78.42]
["Insumo"," 00007581 ","SINAPI","SAPATILHA EM ACO GALVANIZADO PARA CABOS COM DIAMETRO NOMINAL ATE 5/8\"","Material",null,"UN",2,5.38,10.76]
["Insumo"," 00000421 ","SINAPI","PORCA OLHAL M 16,  EM ACO GALVANIZADO, DIAMETRO = 16 MM","Material",null,"UN",6,23.07,138.41999999999999]
["Insumo"," 3242 ","ORSE","Gancho suspensão com olhal Un","Material",null,"Un",6,15.14,90.84]
["Insumo"," 00000442 ","SINAPI","PARAFUSO FRANCES M16 EM ACO GALVANIZADO, COMPRIMENTO = 45 MM, DIAMETRO = 16 MM, CABECA ABAULADA","Material",null,"UN",4,7.83,31.32]
["Insumo"," 00000436 ","SINAPI","PARAFUSO FRANCES M16 EM ACO GALVANIZADO, COMPRIMENTO = 150 MM, DIAMETRO = 16 MM, CABECA ABAULADA","Material",null,"UN",2,13.25,26.5]
["Insumo"," 4634 ","ORSE","Braço tipo C 15 kv un","Material",null,"un",2,198,396]
["Insumo"," 00004777 ","SINAPI","CANTONEIRA ACO ABAS IGUAIS (QUALQUER BITOLA), ESPESSURA ENTRE 1/8\" E 1/4\"","Material",null,"KG",5,8.02,40.1]
["Insumo"," 10630 ","ORSE","Grampo de ancoragem em alumínio fundido e cunha em poliamida e estribo ou alça em aço inoxidável para cabo protegido de 50mm²  - classe de tensão 15KV un","Material",null,"un",6,44.1,264.60000000000002]
["Insumo"," 2524 ","ORSE","Isolador de disco polimérico 15 kv un","Material",null,"un",6,110,660]
["Insumo"," 155 ","ORSE","Alça preformada p/ estai 9,5 mm mr un","Material",null,"un",2,14,28]
["Insumo"," 3232 ","ORSE","Poste concreto duplo T (DT) 11/ 400 Un","Material",null,"Un",1,1261.03,1261.03]
[{"$nulls":4},"MO sem LS =>",0,"LS =>",0,"MO com LS =>",0]
[{"$nulls":4},"Valor do BDI =>",758.38,null,"Valor com BDI =>",null,3894.81]
[]
[" 4.1.11 ","Código","Banco","Descrição","Tipo",null,"Und","Quant.","Valor Unit","Total"]
["Composição"," GRR-23-0031 ","Próprio","FORNECIMENTO DE MATERIAIS PARA ESTRUTURA CE 2  (PADRÃO ELETROBRÁS)","SEDI - SERVIÇOS DIVERSOS",null,"UN",1,1705.98,1705.98]
["Insumo"," 00000379 ","SINAPI","ARRUELA QUADRADA EM ACO GALVANIZADO, DIMENSAO = 38 MM, ESPESSURA = 3MM, DIAMETRO DO FURO= 18 MM","Material",null,"UN",3,1.57,4.71]
["Insumo"," 00000431 ","SINAPI","PARAFUSO M16 EM ACO GALVANIZADO, COMPRIMENTO = 200 MM, DIAMETRO = 16 MM, ROSCA MAQUINA, CABECA QUADRADA","Material",null,"UN",1,15.75,15.75]
["Insumo"," 00000432 ","SINAPI","PARAFUSO M16 EM ACO GALVANIZADO, COMPRIMENTO = 250 MM, DIAMETRO = 16 MM, ROSCA MAQUINA, CABECA QUADRADA","Material",null,"UN",2,17.38,34.76]
["Insumo"," 00000421 ","SINAPI","PORCA OLHAL M 16,  EM ACO GALVANIZADO, DIAMETRO = 16 MM","Material",null,"UN",1,23.07,23.07]
["Insumo"," 4634 ","ORSE","Braço tipo C 15 kv un","Material",null,"un",1,198,198]
["Insumo"," 155 ","ORSE","Alça preformada p/ estai 9,5 mm mr un","Material",null,"un",2,14,28]
["Insumo"," 00007581 ","SINAPI","SAPATILHA EM ACO GALVANIZADO PARA CABOS COM DIAMETRO NOMINAL ATE 5/8\"","Material",null,"UN",2,5.38,10.76]
["Insumo"," 1751 ","ORSE","Pino de topo p/ isolador 15kv 389mm un","Material",null,"un",3,16,48]
["Insumo"," 9351 ","ORSE","Isolador pino polimerico susp. 15 kv un","Material",null,"un",3,27.3,81.900000000000006]
["Insumo"," 3232 ","ORSE","Poste concreto duplo T (DT) 11/ 400 Un","Material",null,"Un",1,1261.03,1261.03]
[{"$nulls":4},"MO sem LS =>",0,"LS =>",0,"MO com LS =>",0]
[{"$nulls":4},"Valor do BDI =>",412.5,null,"Valor com BDI =>",null,2118.48]
[]
[" 4.1.12 ","Código","Banco","Descrição","Tipo",null,"Und","Quant.","Valor Unit","Total"]
["Composição"," GRR-23-0030 ","Próprio","FORNECIMENTO DE MATERIAIS PARA ESTRUTURA CE 1 (PADRÃO ELETROBRÁS)","SEDI - SERVIÇOS DIVERSOS",null,"UN",1,868.29,868.29]
["Insumo"," 00012372 ","SINAPI","POSTE DE CONCRETO ARMADO DE SECAO DUPLO T, EXTENSAO DE 11,00 M, RESISTENCIA DE 200 DAN, TIPO D","Material",null,"UN",1,761.87,761.87]
["Insumo"," 00000379 ","SINAPI","ARRUELA QUADRADA EM ACO GALVANIZADO, DIMENSAO = 38 MM, ESPESSURA = 3MM, DIAMETRO DO FURO= 18 MM","Material",null,"UN",2,1.57,3.14]
["Insumo"," 00000431 ","SINAPI","PARAFUSO M16 EM ACO GALVANIZADO, COMPRIMENTO = 200 MM, DIAMETRO = 16 MM, ROSCA MAQUINA, CABECA QUADRADA","Material",null,"UN",2,15.75,31.5]
["Insumo"," 4635 ","ORSE","Estribo p/ braço tipo L 15 kv un","Material",null,"un",1,9.7799999999999994,9.7799999999999994]
["Insumo"," 4655 ","ORSE","Espaçador losangular 15kv un","Material",null,"un",2,31,62]
[{"$nulls":4},"MO sem LS =>",0,"LS =>",0,"MO com LS =>",0]
[{"$nulls":4},"Valor do BDI =>",209.95,null,"Valor com BDI =>",null,1078.24]
[]
[" 4.1.13 ","Código","Banco","Descrição","Tipo",null,"Und","Quant.","Valor Unit","Total"]
["Composição"," GRR-23-0038 ","Próprio","INSTALAÇÃO DE CABO DE ALUMÍNIO PROTEGIDO 50MM² 15 Kv","SEDI - SERVIÇOS DIVERSOS",null,"M     ",1,11.5,11.5]
["Insumo"," 00002436 ","SINAPI","ELETRICISTA (HORISTA)","Mão de Obra",null,"H",0.2,22.88,4.57]
["Insumo"," 00000247 ","SINAPI","AJUDANTE DE ELETRICISTA (HORISTA)","Mão de Obra",null,"H",0.5,13.86,6.93]
[{"$nulls":4},"MO sem LS =>",5.3513261999999999,"LS =>",6.15,"MO com LS =>",11.5]
[{"$nulls":4},"Valor do BDI =>",2.78,null,"Valor com BDI =>",null,14.28]
[]
[" 4.1.14 ","Código","Banco","Descrição","Tipo",null,"Und","Quant.","Valor Unit","Total"]
["Composição"," GRR-23-0040 ","Próprio","INSTALAÇÃO DE ESPAÇADOR LOSANGULAR 15 Kv, COM ANEIS E ALÇA","SEDI - SERVIÇOS DIVERSOS",null,"UN",1,6.93,6.93]
["Insumo"," 00000247 ","SINAPI","AJUDANTE DE ELETRICISTA (HORISTA)","Mão de Obra",null,"H",0.5,13.86,6.93]
[{"$nulls":4},"MO sem LS =>",3.2247556999999998,"LS =>",3.71,"MO com LS =>",6.93]
[{"$nulls":4},"Valor do BDI =>",1.67,null,"Valor com BDI =>",null,8.6]
[]
[" 4.1.17 ","Código","Banco","Descrição","Tipo",null,"Und","Quant.","Valor Unit","Total"]
["Composição"," GRR-23-0039 ","Próprio","INSTALAÇÃO DE CABO DE AÇO 9,5 mm²","SEDI - SERVIÇOS DIVERSOS",null,"KG    ",1,4.1500000000000004,4.1500000000000004]
["Insumo"," 00000247 ","SINAPI","AJUDANTE DE ELETRICISTA (HORISTA)","Mão de Obra",null,"H",0.3,13.86,4.1500000000000004]
[{"$nulls":4},"MO sem LS =>",1.9311308,"LS =>",2.2200000000000002,"MO com LS =>",4.1500000000000004]
[{"$nulls":4},"Valor do BDI =>",1,null,"Valor com BDI =>",null,5.15]
[]
[" 4.2.12 ","Código","Banco","Descrição","Tipo",null,"Und","Quant.","Valor Unit","Total"]
["Composição"," 101538 ","SINAPI","ARMAÇÃO SECUNDÁRIA, COM 1 ESTRIBO E 1 ISOLADOR - FORNECIMENTO E INSTALAÇÃO. AF_07/2020","INEL - INSTALAÇÃO ELÉTRICA/ELETRIFICAÇÃO E ILUMINAÇÃO EXTERNA",null,"UN",1,56.92,56.92]
["Composição Auxiliar"," 88247 ","SINAPI","AUXILIAR DE ELETRICISTA COM ENCARGOS COMPLEMENTARES","SEDI - SERVIÇOS DIVERSOS",null,"H",4.1484699999999999E-2,19.73,0.81]
["Composição Auxiliar"," 88264 ","SINAPI","ELETRICISTA COM ENCARGOS COMPLEMENTARES","SEDI - SERVIÇOS DIVERSOS",null,"H",0.37340000000000001,29.1,10.86]
["Insumo"," 00001091 ","SINAPI","ARMACAO VERTICAL COM HASTE E CONTRA-PINO, EM CHAPA DE ACO GALVANIZADO 3/16\", COM 1 ESTRIBO E 1 ISOLADOR","Material",null,"UN",1,40.770000000000003,40.770000000000003]
["Insumo"," 00011267 ","SINAPI","ARRUELA LISA, REDONDA, DE LATAO POLIDO, DIAMETRO NOMINAL 5/8\", DIAMETRO EXTERNO = 34 MM, DIAMETRO DO FURO = 17 MM, ESPESSURA = *2,5* MM","Material",null,"UN",2,1.56,3.12]
["Insumo"," 00039996 ","SINAPI","VERGALHAO ZINCADO ROSCA TOTAL, 1/4 \" (6,3 MM)","Material",null,"M",0.16639999999999999,4.37,0.72]
["Insumo"," 00039997 ","SINAPI","PORCA ZINCADA, SEXTAVADA, DIAMETRO 1/4\"","Material",null,"UN",2,0.32,0.64]
[{"$nulls":4},"MO sem LS =>",4.4020474639367144,"LS =>",5.0599999999999996,"MO com LS =>",9.4599999999999991]
[{"$nulls":4},"Valor do BDI =>",13.76,null,"Valor com BDI =>",null,70.680000000000007]
[]
[" 4.2.19 ","Código","Banco","Descrição","Tipo",null,"Und","Quant.","Valor Unit","Total"]
["Composição"," 12463 ","ORSE","Bucha com arruela em liga especial zamak p/eletroduto 50mm, d=2\"","Interligações até Quadro Geral - Eletrodutos e Conexões",null,"un",1,10.56,10.56]
["Composição Auxiliar"," 10549 ","ORSE","Encargos Complementares - Servente","Provisórios",null,"h",0.06,3.75,0.22]
["Composição Auxiliar"," 10552 ","ORSE","Encargos Complementares - Eletricista","Provisórios",null,"h",0.06,3.6,0.21]
["Insumo"," 00002436 ","SINAPI","ELETRICISTA (HORISTA)","Mão de Obra",null,"H",0.06,22.88,1.37]
["Insumo"," 00006111 ","SINAPI","SERVENTE DE OBRAS","Mão de Obra",null,"H",0.06,13.19,0.79]
["Insumo"," 00039179 ","SINAPI","BUCHA EM ALUMINIO, COM ROSCA, DE 2\", PARA ELETRODUTO","Material",null,"UN",1,5.39,5.39]
["Insumo"," 00039213 ","SINAPI","ARRUELA EM ALUMINIO, COM ROSCA, DE 2\", PARA ELETRODUTO","Material",null,"UN",1,2.58,2.58]
[{"$nulls":4},"MO sem LS =>",1.0051186999999999,"LS =>",1.1499999999999999,"MO com LS =>",2.16]
[{"$nulls":4},"Valor do BDI =>",2.5499999999999998,null,"Valor com BDI =>",null,13.11]
[]
[" 4.2.41 ","Código","Banco","Descrição","Tipo",null,"Und","Quant.","Valor Unit","Total"]
["Composição"," 102104 ","SINAPI","TRANSFORMADOR DE DISTRIBUIÇÃO, 75 KVA, TRIFÁSICO, 60 HZ, CLASSE 15 KV, IMERSO EM ÓLEO MINERAL, INSTALAÇÃO EM POSTE (NÃO INCLUSO SUPORTE) - FORNECIMENTO E INSTALAÇÃO. AF_12/2020","INEL - INSTALAÇÃO ELÉTRICA/ELETRIFICAÇÃO E ILUMINAÇÃO EXTERNA",null,"UN",1,15452.66,15452.66]
["Composição Auxiliar"," 5928 ","SINAPI","GUINDAUTO HIDRÁULICO, CAPACIDADE MÁXIMA DE CARGA 6200 KG, MOMENTO MÁXIMO DE CARGA 11,7 TM, ALCANCE MÁXIMO HORIZONTAL 9,70 M, INCLUSIVE CAMINHÃO TOCO PBT 16.000 KG, POTÊNCIA DE 189 CV - CHP DIURNO. AF_06/2014","CHOR - CUSTOS HORÁRIOS DE MÁQUINAS E EQUIPAMENTOS",null,"CHP",0.21460000000000001,272.54000000000002,58.48]
["Composição Auxiliar"," 88247 ","SINAPI","AUXILIAR DE ELETRICISTA COM ENCARGOS COMPLEMENTARES","SEDI - SERVIÇOS DIVERSOS",null,"H",9.0967000000000002,19.73,179.47]
["Composição Auxiliar"," 88264 ","SINAPI","ELETRICISTA COM ENCARGOS COMPLEMENTARES","SEDI - SERVIÇOS DIVERSOS",null,"H",9.0967000000000002,29.1,264.70999999999998]
["Insumo"," 00007611 ","SINAPI","TRANSFORMADOR TRIFASICO DE DISTRIBUICAO, POTENCIA DE 75 KVA, TENSAO NOMINAL DE 15 KV, TENSAO SECUNDARIA DE 220/127V, EM OLEO ISOLANTE TIPO MINERAL","Material",null,"UN",1,14950,14950]
[{"$nulls":4},"MO sem LS =>",163.59702187063752,"LS =>",187.97,"MO com LS =>",351.57]
[{"$nulls":4},"Valor do BDI =>",3736.45,null,"Valor com BDI =>",null,19189.11]
[]
[" 4.2.52 ","Código","Banco","Descrição","Tipo",null,"Und","Quant.","Valor Unit","Total"]
["Composição"," 11774 ","ORSE","Mureta de alvenaria 1,30 x 2,00m para poste auxiliar de energia","Muros",null,"un",1,933.87,933.87]
["Composição Auxiliar"," 91 ","ORSE","Alvenaria pedra calcárea argamassada c/ cimento e areia traço t-4 (1:5) - 1 saco cimento 50kg / 5 padiolas areia dim. 0,35z0,45x0,23m - Confecção mecânica e transporte","Alvenarias de Pedra e Concretos para Fundações",null,"m³",0.12,439.31,52.71]
["Composição Auxiliar"," 96 ","ORSE","Concreto simples usinado fck=15mpa, bombeado, lançado e adensado em superestrura","Alvenarias de Pedra e Concretos para Fundações",null,"m³",0.15,540.46,81.06]
["Composição Auxiliar"," 115 ","ORSE","Forma plana para estruturas, em compensado resinado de 12mm, 02 usos, inclusive escoramento - Rev 02_04/2022","Formas",null,"m²",2.64,130.32,344.04]
["Composição Auxiliar"," 140 ","ORSE","Aço CA - 50 Ø 6,3 a 12,5mm, inclusive corte, dobragem, montagem e colocacao de ferragens nas formas, para superestruturas e fundações - R1","Armaduras Convencionais",null,"kg",8.23,12.81,105.42]
["Composição Auxiliar"," 160 ","ORSE","Alvenaria bloco concreto vedação 9x19x39cm, e= 0,09m, com argamassa traço t5 - 1:2:8 (cimento/cal/areia), junta de 1,0cm - Rev.06","Alvenarias de Vedação",null,"m²",1.53,64.900000000000006,99.29]
["Composição Auxiliar"," 2497 ","ORSE","Escavação manual de vala ou cava em material de 1ª categoria, profundidade até 1,50m","Escavação Manual em Área Urbana",null,"m³",0.12,50.82,6.09]
["Composição Auxiliar"," 3310 ","ORSE","Chapisco em parede com argamassa traço t1 - 1:3 (cimento / areia) - Revisado 08/2015","Conversão InfoWOrca",null,"m²",5.72,6.44,36.83]
["Composição Auxiliar"," 3316 ","ORSE","Reboco ou emboço externo, de parede, com argamassa traço t5 - 1:2:8 (cimento / cal / areia), espessura 2,5 cm","Conversão InfoWOrca",null,"m²",5.72,36.44,208.43]
[{"$nulls":4},"MO sem LS =>",155.85388552815263,"LS =>",179.08,"MO com LS =>",334.93]
[{"$nulls":4},"Valor do BDI =>",225.8,null,"Valor com BDI =>",null,1159.67]
[]
[" 4.2.53 ","Código","Banco","Descrição","Tipo",null,"Und","Quant.","Valor Unit","Total"]
["Composição"," GRR-23-0045 ","Próprio","SUBESTAÇÃO AÉREA DE 75 À 112,5 KVA / 13.800-380/220V EM POSTE COM QUADRO DE MEDIÇÃO EM MURETA, PROTEÇÃO GERAL E ATERRAMENTO","SEDI - SERVIÇOS DIVERSOS",null,"UN",1,3447.7,3447.7]
["Composição Auxiliar"," 91634 ","SINAPI","GUINDAUTO HIDRÁULICO, CAPACIDADE MÁXIMA DE CARGA 6500 KG, MOMENTO MÁXIMO DE CARGA 5,8 TM, ALCANCE MÁXIMO HORIZONTAL 7,60 M, INCLUSIVE CAMINHÃO TOCO PBT 9.700 KG, POTÊNCIA DE 160 CV - CHP DIURNO. AF_08/2015","CHOR - CUSTOS HORÁRIOS DE MÁQUINAS E EQUIPAMENTOS",null,"CHP",2,230.35,460.7]
["Composição Auxiliar"," 91635 ","SINAPI","GUINDAUTO HIDRÁULICO, CAPACIDADE MÁXIMA DE CARGA 6500 KG, MOMENTO MÁXIMO DE CARGA 5,8 TM, ALCANCE MÁXIMO HORIZONTAL 7,60 M, INCLUSIVE CAMINHÃO TOCO PBT 9.700 KG, POTÊNCIA DE 160 CV - CHI DIURNO. AF_08/2015","CHOR - CUSTOS HORÁRIOS DE MÁQUINAS E EQUIPAMENTOS",null,"CHI",20,57.72,1154.4000000000001]
["Composição Auxiliar"," 88247 ","SINAPI","AUXILIAR DE ELETRICISTA COM ENCARGOS COMPLEMENTARES","SEDI - SERVIÇOS DIVERSOS",null,"H",22,19.73,434.06]
["Composição Auxiliar"," 88264 ","SINAPI","ELETRICISTA COM ENCARGOS COMPLEMENTARES","SEDI - SERVIÇOS DIVERSOS",null,"H",22,29.1,640.20000000000005]
["Composição Auxiliar"," 88279 ","SINAPI","MONTADOR ELETROMECÃNICO COM ENCARGOS COMPLEMENTARES","SEDI - SERVIÇOS DIVERSOS",null,"H",22,34.47,758.34]
[{"$nulls":4},"MO sem LS =>",897.30107029999999,"LS =>",1031,"MO com LS =>",1928.3000000000002]
[{"$nulls":4},"Valor do BDI =>",833.65,null,"Valor com BDI =>",null,4281.3500000000004]
[]
[" 4.3.41 ","Código","Banco","Descrição","Tipo",null,"Und","Quant.","Valor Unit","Total"]
["Composição"," 102102 ","SINAPI","TRANSFORMADOR DE DISTRIBUIÇÃO, 30 KVA, TRIFÁSICO, 60 HZ, CLASSE 15 KV, IMERSO EM ÓLEO MINERAL, INSTALAÇÃO EM POSTE (NÃO INCLUSO SUPORTE) - FORNECIMENTO E INSTALAÇÃO. AF_12/2020","INEL - INSTALAÇÃO ELÉTRICA/ELETRIFICAÇÃO E ILUMINAÇÃO EXTERNA",null,"UN",1,10817.68,10817.68]
["Composição Auxiliar"," 5928 ","SINAPI","GUINDAUTO HIDRÁULICO, CAPACIDADE MÁXIMA DE CARGA 6200 KG, MOMENTO MÁXIMO DE CARGA 11,7 TM, ALCANCE MÁXIMO HORIZONTAL 9,70 M, INCLUSIVE CAMINHÃO TOCO PBT 16.000 KG, POTÊNCIA DE 189 CV - CHP DIURNO. AF_06/2014","CHOR - CUSTOS HORÁRIOS DE MÁQUINAS E EQUIPAMENTOS",null,"CHP",0.1535,272.54000000000002,41.83]
["Composição Auxiliar"," 88247 ","SINAPI","AUXILIAR DE ELETRICISTA COM ENCARGOS COMPLEMENTARES","SEDI - SERVIÇOS DIVERSOS",null,"H",8.7216000000000005,19.73,172.07]
["Composição Auxiliar"," 88264 ","SINAPI","ELETRICISTA COM ENCARGOS COMPLEMENTARES","SEDI - SERVIÇOS DIVERSOS",null,"H",8.7216000000000005,29.1,253.79]
["Insumo"," 00007610 ","SINAPI","TRANSFORMADOR TRIFASICO DE DISTRIBUICAO, POTENCIA DE 30 KVA, TENSAO NOMINAL DE 15 KV, TENSAO SECUNDARIA DE 220/127V, EM OLEO ISOLANTE TIPO MINERAL","Material",null,"UN",1,10349.99,10349.99]
[{"$nulls":4},"MO sem LS =>",156.36109818520242,"LS =>",179.66,"MO com LS =>",336.02]
[{"$nulls":4},"Valor do BDI =>",2615.71,null,"Valor com BDI =>",null,13433.39]
[]
[" 4.3.53 ","Código","Banco","Descrição","Tipo",null,"Und","Quant.","Valor Unit","Total"]
["Composição"," GRR-23-0050 ","Próprio","SUBESTAÇÃO AÉREA DE 15 À 45 KVA / 13.800-380/220V EM POSTE COM QUADRO DE MEDIÇÃO EM MURETA, PROTEÇÃO GERAL E ATERRAMENTO","SEDI - SERVIÇOS DIVERSOS",null,"UN",1,3165.66,3165.66]
["Composição Auxiliar"," 91634 ","SINAPI","GUINDAUTO HIDRÁULICO, CAPACIDADE MÁXIMA DE CARGA 6500 KG, MOMENTO MÁXIMO DE CARGA 5,8 TM, ALCANCE MÁXIMO HORIZONTAL 7,60 M, INCLUSIVE CAMINHÃO TOCO PBT 9.700 KG, POTÊNCIA DE 160 CV - CHP DIURNO. AF_08/2015","CHOR - CUSTOS HORÁRIOS DE MÁQUINAS E EQUIPAMENTOS",null,"CHP",2,230.35,460.7]
["Composição Auxiliar"," 91635 ","SINAPI","GUINDAUTO HIDRÁULICO, CAPACIDADE MÁXIMA DE CARGA 6500 KG, MOMENTO MÁXIMO DE CARGA 5,8 TM, ALCANCE MÁXIMO HORIZONTAL 7,60 M, INCLUSIVE CAMINHÃO TOCO PBT 9.700 KG, POTÊNCIA DE 160 CV - CHI DIURNO. AF_08/2015","CHOR - CUSTOS HORÁRIOS DE MÁQUINAS E EQUIPAMENTOS",null,"CHI",18,57.72,1038.96]
["Composição Auxiliar"," 88247 ","SINAPI","AUXILIAR DE ELETRICISTA COM ENCARGOS COMPLEMENTARES","SEDI - SERVIÇOS DIVERSOS",null,"H",20,19.73,394.6]
["Composição Auxiliar"," 88264 ","SINAPI","ELETRICISTA COM ENCARGOS COMPLEMENTARES","SEDI - SERVIÇOS DIVERSOS",null,"H",20,29.1,582]
["Composição Auxiliar"," 88279 ","SINAPI","MONTADOR ELETROMECÃNICO COM ENCARGOS COMPLEMENTARES","SEDI - SERVIÇOS DIVERSOS",null,"H",20,34.47,689.4]
[{"$nulls":4},"MO sem LS =>",815.7282457,"LS =>",937.27,"MO com LS =>",1753]
[{"$nulls":4},"Valor do BDI =>",765.45,null,"Valor com BDI =>",null,3931.11]
[]
[" 4.4.24 ","Código","Banco","Descrição","Tipo",null,"Und","Quant.","Valor Unit","Total"]
["Composição"," GRR-23-0046 ","Próprio","SERVICO DE MONTAGEM, INSTALACAO E STARTUP","SEDI - SERVIÇOS DIVERSOS",null,"UN",1,331.09,331.09]
["Composição Auxiliar"," 88266 ","SINAPI","ELETROTÉCNICO COM ENCARGOS COMPLEMENTARES","SEDI - SERVIÇOS DIVERSOS",null,"H",0.5,31.92,15.96]
["Composição Auxiliar"," 88264 ","SINAPI","ELETRICISTA COM ENCARGOS COMPLEMENTARES","SEDI - SERVIÇOS DIVERSOS",null,"H",2,29.1,58.2]
["Composição Auxiliar"," 88279 ","SINAPI","MONTADOR ELETROMECÃNICO COM ENCARGOS COMPLEMENTARES","SEDI - SERVIÇOS DIVERSOS",null,"H",1,34.47,34.47]
["Composição Auxiliar"," 88243 ","SINAPI","AJUDANTE ESPECIALIZADO COM ENCARGOS COMPLEMENTARES","SEDI - SERVIÇOS DIVERSOS",null,"H",4,19.5,78]
["Composição Auxiliar"," 88309 ","SINAPI","PEDREIRO COM ENCARGOS COMPLEMENTARES","SEDI - SERVIÇOS DIVERSOS",null,"H",1,23.85,23.85]
["Insumo"," 00034783 ","SINAPI","ENGENHEIRO ELETRICISTA","Mão de Obra",null,"H",1,109.47,109.47]
["Insumo"," E8889 - CHP ","Próprio","Veículo leve - 53 kW (sem motorista)","Outros",null,"h",0.3,32.840000000000003,9.85]
["Insumo"," E8889 - CHI ","Próprio","Veículo leve - 53 kW (sem motorista)","Outros",null,"h",0.2,6.47,1.29]
[{"$nulls":4},"MO sem LS =>",128.09213587715217,"LS =>",147.18,"MO com LS =>",275.27]
[{"$nulls":4},"Valor do BDI =>",80.05,null,"Valor com BDI =>",null,411.14]
[]
[" 4.5.1 ","Código","Banco","Descrição","Tipo",null,"Und","Quant.","Valor Unit","Total"]
["Composição"," 12562 ","ORSE","Luminária para uma lampada led tubular bivolt 18/20 w, base g13 - Rev 01","Luminárias Internas",null,"un",1,79.2,79.2]
["Composição Auxiliar"," 7882 ","ORSE","Suporte ( receptáculo) p/ lâmpada fluorescente","Conversão InfoWOrca",null,"un",2,6.29,12.58]
["Composição Auxiliar"," 10549 ","ORSE","Encargos Complementares - Servente","Provisórios",null,"h",0.5,3.75,1.87]
["Composição Auxiliar"," 10552 ","ORSE","Encargos Complementares - Eletricista","Provisórios",null,"h",0.5,3.6,1.8]
["Insumo"," 1343 ","ORSE","Luminária (calha) p/  lampada fluorescente 1 x 40w/tubular LED 18w a 20w un","Material",null,"un",1,31.41,31.41]
["Insumo"," 00002436 ","SINAPI","ELETRICISTA (HORISTA)","Mão de Obra",null,"H",0.5,22.88,11.44]
["Insumo"," 00006111 ","SINAPI","SERVENTE DE OBRAS","Mão de Obra",null,"H",0.5,13.19,6.59]
["Insumo"," 00039387 ","SINAPI","LAMPADA LED TUBULAR BIVOLT 18/20 W, BASE G13","Material",null,"UN",1,13.51,13.51]
[{"$nulls":4},"MO sem LS =>",12.6430898,"LS =>",14.53,"MO com LS =>",27.17]
[{"$nulls":4},"Valor do BDI =>",19.149999999999999,null,"Valor com BDI =>",null,98.35]
[]
[" 4.5.2 ","Código","Banco","Descrição","Tipo",null,"Und","Quant.","Valor Unit","Total"]
["Composição"," 12807 ","ORSE","Refletor Slim  LED 50W de potência, branco Frio, 6500k, Autovolt, marca G-light ou similar","Luminárias Externas",null,"un",1,89.07,89.07]
["Composição Auxiliar"," 10549 ","ORSE","Encargos Complementares - Servente","Provisórios",null,"h",0.3,3.75,1.1200000000000001]
["Composição Auxiliar"," 10552 ","ORSE","Encargos Complementares - Eletricista","Provisórios",null,"h",0.5,3.6,1.8]
["Insumo"," 1691 ","ORSE","Parafuso metal 2 1/2\" x 12 p/ bucha s-10 un","Material",null,"un",2,0.88,1.76]
["Insumo"," 13288 ","ORSE","Refletor Slim  LED 50W de potência, branco Frio, 6500k, Autovolt, marca G-light ou similar Refletor Slim LED 50W de potência, branco Frio, 6500k, Autovolt, marca G-light ou similar un","Material",null,"un",1,69,69]
["Insumo"," 00002436 ","SINAPI","ELETRICISTA (HORISTA)","Mão de Obra",null,"H",0.5,22.88,11.44]
["Insumo"," 00006111 ","SINAPI","SERVENTE DE OBRAS","Mão de Obra",null,"H",0.3,13.19,3.95]
[{"$nulls":4},"MO sem LS =>",7.1614705000000001,"LS =>",8.23,"MO com LS =>",15.39]
[{"$nulls":4},"Valor do BDI =>",21.53,null,"Valor com BDI =>",null,110.6]
[]
[" 4.5.3 ","Código","Banco","Descrição","Tipo",null,"Und","Quant.","Valor Unit","Total"]
["Composição"," 92023 ","SINAPI","INTERRUPTOR SIMPLES (1 MÓDULO) COM 1 TOMADA DE EMBUTIR 2P+T 10 A, INCLUINDO SUPORTE E PLACA - FORNECIMENTO E INSTALAÇÃO. AF_03/2023","INEL - INSTALAÇÃO ELÉTRICA/ELETRIFICAÇÃO E ILUMINAÇÃO EXTERNA",null,"UN",1,51.36,51.36]
["Composição Auxiliar"," 91946 ","SINAPI","SUPORTE PARAFUSADO COM PLACA DE ENCAIXE 4\" X 2\" MÉDIO (1,30 M DO PISO) PARA PONTO ELÉTRICO - FORNECIMENTO E INSTALAÇÃO. AF_03/2023","INEL - INSTALAÇÃO ELÉTRICA/ELETRIFICAÇÃO E ILUMINAÇÃO EXTERNA",null,"UN",1,11.19,11.19]
["Composição Auxiliar"," 92022 ","SINAPI","INTERRUPTOR SIMPLES (1 MÓDULO) COM 1 TOMADA DE EMBUTIR 2P+T 10 A, SEM SUPORTE E SEM PLACA - FORNECIMENTO E INSTALAÇÃO. AF_03/2023","INEL - INSTALAÇÃO ELÉTRICA/ELETRIFICAÇÃO E ILUMINAÇÃO EXTERNA",null,"UN",1,40.17,40.17]
[{"$nulls":4},"MO sem LS =>",10.8980921,"LS =>",12.52,"MO com LS =>",23.42]
[{"$nulls":4},"Valor do BDI =>",12.41,null,"Valor com BDI =>",null,63.77]
[]
[" 4.5.4 ","Código","Banco","Descrição","Tipo",null,"Und","Quant.","Valor Unit","Total"]
["Composição"," 91953 ","SINAPI","INTERRUPTOR SIMPLES (1 MÓDULO), 10A/250V, INCLUINDO SUPORTE E PLACA - FORNECIMENTO E INSTALAÇÃO. AF_03/2023","INEL - INSTALAÇÃO ELÉTRICA/ELETRIFICAÇÃO E ILUMINAÇÃO EXTERNA",null,"UN",1,30.2,30.2]
["Composição Auxiliar"," 91946 ","SINAPI","SUPORTE PARAFUSADO COM PLACA DE ENCAIXE 4\" X 2\" MÉDIO (1,30 M DO PISO) PARA PONTO ELÉTRICO - FORNECIMENTO E INSTALAÇÃO. AF_03/2023","INEL - INSTALAÇÃO ELÉTRICA/ELETRIFICAÇÃO E ILUMINAÇÃO EXTERNA",null,"UN",1,11.19,11.19]
["Composição Auxiliar"," 91952 ","SINAPI","INTERRUPTOR SIMPLES (1 MÓDULO), 10A/250V, SEM SUPORTE E SEM PLACA - FORNECIMENTO E INSTALAÇÃO. AF_03/2023","INEL - INSTALAÇÃO ELÉTRICA/ELETRIFICAÇÃO E ILUMINAÇÃO EXTERNA",null,"UN",1,19.010000000000002,19.010000000000002]
[{"$nulls":4},"MO sem LS =>",6.3890181000000004,"LS =>",7.34,"MO com LS =>",13.73]
[{"$nulls":4},"Valor do BDI =>",7.3,null,"Valor com BDI =>",null,37.5]
[]
[" 4.5.5 ","Código","Banco","Descrição","Tipo",null,"Und","Quant.","Valor Unit","Total"]
["Composição"," 91959 ","SINAPI","INTERRUPTOR SIMPLES (2 MÓDULOS), 10A/250V, INCLUINDO SUPORTE E PLACA - FORNECIMENTO E INSTALAÇÃO. AF_03/2023","INEL - INSTALAÇÃO ELÉTRICA/ELETRIFICAÇÃO E ILUMINAÇÃO EXTERNA",null,"UN",1,46.19,46.19]
["Composição Auxiliar"," 91946 ","SINAPI","SUPORTE PARAFUSADO COM PLACA DE ENCAIXE 4\" X 2\" MÉDIO (1,30 M DO PISO) PARA PONTO ELÉTRICO - FORNECIMENTO E INSTALAÇÃO. AF_03/2023","INEL - INSTALAÇÃO ELÉTRICA/ELETRIFICAÇÃO E ILUMINAÇÃO EXTERNA",null,"UN",1,11.19,11.19]
["Composição Auxiliar"," 91958 ","SINAPI","INTERRUPTOR SIMPLES (2 MÓDULOS), 10A/250V, SEM SUPORTE E SEM PLACA - FORNECIMENTO E INSTALAÇÃO. AF_03/2023","INEL - INSTALAÇÃO ELÉTRICA/ELETRIFICAÇÃO E ILUMINAÇÃO EXTERNA",null,"UN",1,35,35]
[{"$nulls":4},"MO sem LS =>",9.4043741000000001,"LS =>",10.81,"MO com LS =>",20.21]
[{"$nulls":4},"Valor do BDI =>",11.16,null,"Valor com BDI =>",null,57.35]
[]
[" 4.5.6 ","Código","Banco","Descrição","Tipo",null,"Und","Quant.","Valor Unit","Total"]
["Composição"," 92000 ","SINAPI","TOMADA BAIXA DE EMBUTIR (1 MÓDULO), 2P+T 10 A, INCLUINDO SUPORTE E PLACA - FORNECIMENTO E INSTALAÇÃO. AF_03/2023","INEL - INSTALAÇÃO ELÉTRICA/ELETRIFICAÇÃO E ILUMINAÇÃO EXTERNA",null,"UN",1,31.76,31.76]
["Composição Auxiliar"," 91946 ","SINAPI","SUPORTE PARAFUSADO COM PLACA DE ENCAIXE 4\" X 2\" MÉDIO (1,30 M DO PISO) PARA PONTO ELÉTRICO - FORNECIMENTO E INSTALAÇÃO. AF_03/2023","INEL - INSTALAÇÃO ELÉTRICA/ELETRIFICAÇÃO E ILUMINAÇÃO EXTERNA",null,"UN",1,11.19,11.19]
["Composição Auxiliar"," 91998 ","SINAPI","TOMADA BAIXA DE EMBUTIR (1 MÓDULO), 2P+T 10 A, SEM SUPORTE E SEM PLACA - FORNECIMENTO E INSTALAÇÃO. AF_03/2023","INEL - INSTALAÇÃO ELÉTRICA/ELETRIFICAÇÃO E ILUMINAÇÃO EXTERNA",null,"UN",1,20.57,20.57]
[{"$nulls":4},"MO sem LS =>",6.5658446000000001,"LS =>",7.54,"MO com LS =>",14.11]
[{"$nulls":4},"Valor do BDI =>",7.67,null,"Valor com BDI =>",null,39.43]
[]
[" 4.5.7 ","Código","Banco","Descrição","Tipo",null,"Und","Quant.","Valor Unit","Total"]
["Composição"," 91996 ","SINAPI","TOMADA MÉDIA DE EMBUTIR (1 MÓDULO), 2P+T 10 A, INCLUINDO SUPORTE E PLACA - FORNECIMENTO E INSTALAÇÃO. AF_03/2023","INEL - INSTALAÇÃO ELÉTRICA/ELETRIFICAÇÃO E ILUMINAÇÃO EXTERNA",null,"UN",1,35.42,35.42]
["Composição Auxiliar"," 91946 ","SINAPI","SUPORTE PARAFUSADO COM PLACA DE ENCAIXE 4\" X 2\" MÉDIO (1,30 M DO PISO) PARA PONTO ELÉTRICO - FORNECIMENTO E INSTALAÇÃO. AF_03/2023","INEL - INSTALAÇÃO ELÉTRICA/ELETRIFICAÇÃO E ILUMINAÇÃO EXTERNA",null,"UN",1,11.19,11.19]
["Composição Auxiliar"," 91994 ","SINAPI","TOMADA MÉDIA DE EMBUTIR (1 MÓDULO), 2P+T 10 A, SEM SUPORTE E SEM PLACA - FORNECIMENTO E INSTALAÇÃO. AF_03/2023","INEL - INSTALAÇÃO ELÉTRICA/ELETRIFICAÇÃO E ILUMINAÇÃO EXTERNA",null,"UN",1,24.23,24.23]
[{"$nulls":4},"MO sem LS =>",7.8966960999999998,"LS =>",9.07,"MO com LS =>",16.97]
[{"$nulls":4},"Valor do BDI =>",8.56,null,"Valor com BDI =>",null,43.98]
[]
[" 4.5.8 ","Código","Banco","Descrição","Tipo",null,"Und","Quant.","Valor Unit","Total"]
["Composição"," 91925 ","SINAPI","CABO DE COBRE FLEXÍVEL ISOLADO, 1,5 MM², ANTI-CHAMA 0,6/1,0 KV, PARA CIRCUITOS TERMINAIS - FORNECIMENTO E INSTALAÇÃO. AF_03/2023","INEL - INSTALAÇÃO ELÉTRICA/ELETRIFICAÇÃO E ILUMINAÇÃO EXTERNA",null,"M",1,3.52,3.52]
["Composição Auxiliar"," 88247 ","SINAPI","AUXILIAR DE ELETRICISTA COM ENCARGOS COMPLEMENTARES","SEDI - SERVIÇOS DIVERSOS",null,"H",2.3E-2,19.73,0.45]
["Composição Auxiliar"," 88264 ","SINAPI","ELETRICISTA COM ENCARGOS COMPLEMENTARES","SEDI - SERVIÇOS DIVERSOS",null,"H",2.3E-2,29.1,0.66]
["Insumo"," 00000993 ","SINAPI","CABO DE COBRE, FLEXIVEL, CLASSE 4 OU 5, ISOLACAO EM PVC/A, ANTICHAMA BWF-B, COBERTURA PVC-ST1, ANTICHAMA BWF-B, 1 CONDUTOR, 0,6/1 KV, SECAO NOMINAL 1,5 MM2","Material",null,"M",1.2434000000000001,1.9,2.36]
["Insumo"," 00021127 ","SINAPI","FITA ISOLANTE ADESIVA ANTICHAMA, USO ATE 750 V, EM ROLO DE 19 MM X 5 M","Material",null,"UN",9.4000000000000004E-3,6.05,0.05]
[{"$nulls":4},"MO sem LS =>",0.40483946021405304,"LS =>",0.47,"MO com LS =>",0.87]
[{"$nulls":4},"Valor do BDI =>",0.85,null,"Valor com BDI =>",null,4.37]
[]
[" 4.5.9 ","Código","Banco","Descrição","Tipo",null,"Und","Quant.","Valor Unit","Total"]
["Composição"," 91926 ","SINAPI","CABO DE COBRE FLEXÍVEL ISOLADO, 2,5 MM², ANTI-CHAMA 450/750 V, PARA CIRCUITOS TERMINAIS - FORNECIMENTO E INSTALAÇÃO. AF_03/2023","INEL - INSTALAÇÃO ELÉTRICA/ELETRIFICAÇÃO E ILUMINAÇÃO EXTERNA",null,"M",1,4.2300000000000004,4.2300000000000004]
["Composição Auxiliar"," 88247 ","SINAPI","AUXILIAR DE ELETRICISTA COM ENCARGOS COMPLEMENTARES","SEDI - SERVIÇOS DIVERSOS",null,"H",2.9000000000000001E-2,19.73,0.56999999999999995]
["Composição Auxiliar"," 88264 ","SINAPI","ELETRICISTA COM ENCARGOS COMPLEMENTARES","SEDI - SERVIÇOS DIVERSOS",null,"H",2.9000000000000001E-2,29.1,0.84]
["Insumo"," 00001014 ","SINAPI","CABO DE COBRE, FLEXIVEL, CLASSE 4 OU 5, ISOLACAO EM PVC/A, ANTICHAMA BWF-B, 1 CONDUTOR, 450/750 V, SECAO NOMINAL 2,5 MM2","Material",null,"M",1.2434000000000001,2.23,2.77]
["Insumo"," 00021127 ","SINAPI","FITA ISOLANTE ADESIVA ANTICHAMA, USO ATE 750 V, EM ROLO DE 19 MM X 5 M","Material",null,"UN",9.4000000000000004E-3,6.05,0.05]
[{"$nulls":4},"MO sem LS =>",0.50721265704979057,"LS =>",0.57999999999999996,"MO com LS =>",1.0900000000000001]
[{"$nulls":4},"Valor do BDI =>",1.02,null,"Valor com BDI =>",null,5.25]
[]
[" 4.5.10 ","Código","Banco","Descrição","Tipo",null,"Und","Quant.","Valor Unit","Total"]
["Composição"," 91929 ","SINAPI","CABO DE COBRE FLEXÍVEL ISOLADO, 4 MM², ANTI-CHAMA 0,6/1,0 KV, PARA CIRCUITOS TERMINAIS - FORNECIMENTO E INSTALAÇÃO. AF_03/2023","INEL - INSTALAÇÃO ELÉTRICA/ELETRIFICAÇÃO E ILUMINAÇÃO EXTERNA",null,"M",1,6.98,6.98]
["Composição Auxiliar"," 88247 ","SINAPI","AUXILIAR DE ELETRICISTA COM ENCARGOS COMPLEMENTARES","SEDI - SERVIÇOS DIVERSOS",null,"H",3.9E-2,19.73,0.76]
["Composição Auxiliar"," 88264 ","SINAPI","ELETRICISTA COM ENCARGOS COMPLEMENTARES","SEDI - SERVIÇOS DIVERSOS",null,"H",3.9E-2,29.1,1.1299999999999999]
["Insumo"," 00001021 ","SINAPI","CABO DE COBRE, FLEXIVEL, CLASSE 4 OU 5, ISOLACAO EM PVC/A, ANTICHAMA BWF-B, COBERTURA PVC-ST1, ANTICHAMA BWF-B, 1 CONDUTOR, 0,6/1 KV, SECAO NOMINAL 4 MM2","Material",null,"M",1.2434000000000001,4.0599999999999996,5.04]
["Insumo"," 00021127 ","SINAPI","FITA ISOLANTE ADESIVA ANTICHAMA, USO ATE 750 V, EM ROLO DE 19 MM X 5 M","Material",null,"UN",9.4000000000000004E-3,6.05,0.05]
[{"$nulls":4},"MO sem LS =>",0.68869241507677992,"LS =>",0.79,"MO com LS =>",1.4800000000000002]
[{"$nulls":4},"Valor do BDI =>",1.68,null,"Valor com BDI =>",null,8.66]
[]
[" 4.5.11 ","Código","Banco","Descrição","Tipo",null,"Und","Quant.","Valor Unit","Total"]
["Composição"," 91933 ","SINAPI","CABO DE COBRE FLEXÍVEL ISOLADO, 10 MM², ANTI-CHAMA 0,6/1,0 KV, PARA CIRCUITOS TERMINAIS - FORNECIMENTO E INSTALAÇÃO. AF_03/2023","INEL - INSTALAÇÃO ELÉTRICA/ELETRIFICAÇÃO E ILUMINAÇÃO EXTERNA",null,"M",1,15.79,15.79]
["Composição Auxiliar"," 88247 ","SINAPI","AUXILIAR DE ELETRICISTA COM ENCARGOS COMPLEMENTARES","SEDI - SERVIÇOS DIVERSOS",null,"H",7.5999999999999998E-2,19.73,1.49]
["Composição Auxiliar"," 88264 ","SINAPI","ELETRICISTA COM ENCARGOS COMPLEMENTARES","SEDI - SERVIÇOS DIVERSOS",null,"H",7.5999999999999998E-2,29.1,2.21]
["Insumo"," 00001020 ","SINAPI","CABO DE COBRE, FLEXIVEL, CLASSE 4 OU 5, ISOLACAO EM PVC/A, ANTICHAMA BWF-B, COBERTURA PVC-ST1, ANTICHAMA BWF-B, 1 CONDUTOR, 0,6/1 KV, SECAO NOMINAL 10 MM2","Material",null,"M",1.2434000000000001,9.69,12.04]
["Insumo"," 00021127 ","SINAPI","FITA ISOLANTE ADESIVA ANTICHAMA, USO ATE 750 V, EM ROLO DE 19 MM X 5 M","Material",null,"UN",9.4000000000000004E-3,6.05,0.05]
[{"$nulls":4},"MO sem LS =>",1.3448115402512797,"LS =>",1.55,"MO com LS =>",2.89]
[{"$nulls":4},"Valor do BDI =>",3.81,null,"Valor com BDI =>",null,19.600000000000001]
[]
[" 4.5.12 ","Código","Banco","Descrição","Tipo",null,"Und","Quant.","Valor Unit","Total"]
["Composição"," 97883 ","SINAPI","CAIXA ENTERRADA ELÉTRICA RETANGULAR, EM CONCRETO PRÉ-MOLDADO, FUNDO COM BRITA, DIMENSÕES INTERNAS: 0,6X0,6X0,5 M. AF_12/2020","INEL - INSTALAÇÃO ELÉTRICA/ELETRIFICAÇÃO E ILUMINAÇÃO EXTERNA",null,"UN",1,308.87,308.87]
["Composição Auxiliar"," 101619 ","SINAPI","PREPARO DE FUNDO DE VALA COM LARGURA MENOR QUE 1,5 M, COM CAMADA DE BRITA, LANÇAMENTO MANUAL. AF_08/2020","MOVT - MOVIMENTO DE TERRA",null,"m³",8.1000000000000003E-2,230.58,18.670000000000002]
["Composição Auxiliar"," 5678 ","SINAPI","RETROESCAVADEIRA SOBRE RODAS COM CARREGADEIRA, TRAÇÃO 4X4, POTÊNCIA LÍQ. 88 HP, CAÇAMBA CARREG. CAP. MÍN. 1 M3, CAÇAMBA RETRO CAP. 0,26 M3, PESO OPERACIONAL MÍN. 6.674 KG, PROFUNDIDADE ESCAVAÇÃO MÁX. 4,37 M - CHP DIURNO. AF_06/2014","CHOR - CUSTOS HORÁRIOS DE MÁQUINAS E EQUIPAMENTOS",null,"CHP",3.2800000000000003E-2,135.29,4.43]
["Composição Auxiliar"," 5679 ","SINAPI","RETROESCAVADEIRA SOBRE RODAS COM CARREGADEIRA, TRAÇÃO 4X4, POTÊNCIA LÍQ. 88 HP, CAÇAMBA CARREG. CAP. MÍN. 1 M3, CAÇAMBA RETRO CAP. 0,26 M3, PESO OPERACIONAL MÍN. 6.674 KG, PROFUNDIDADE ESCAVAÇÃO MÁX. 4,37 M - CHI DIURNO. AF_06/2014","CHOR - CUSTOS HORÁRIOS DE MÁQUINAS E EQUIPAMENTOS",null,"CHI",6.6900000000000001E-2,53.3,3.56]
["Composição Auxiliar"," 88309 ","SINAPI","PEDREIRO COM ENCARGOS COMPLEMENTARES","SEDI - SERVIÇOS DIVERSOS",null,"H",6.4699999999999994E-2,23.85,1.54]
["Composição Auxiliar"," 88316 ","SINAPI","SERVENTE COM ENCARGOS COMPLEMENTARES","SEDI - SERVIÇOS DIVERSOS",null,"H",5.0799999999999998E-2,18.649999999999999,0.94]
["Composição Auxiliar"," 97735 ","SINAPI","PEÇA RETANGULAR PRÉ-MOLDADA, VOLUME DE CONCRETO DE 30 A 100 LITROS, TAXA DE AÇO APROXIMADA DE 30KG/M³. AF_01/2018","FUES - FUNDAÇÕES E ESTRUTURAS",null,"m³",3.2399999999999998E-2,2243.36,72.680000000000007]
["Insumo"," 00043431 ","SINAPI","CAIXA DE CONCRETO ARMADO PRE-MOLDADO, SEM FUNDO, QUADRADA, DIMENSOES DE 0,60 X 0,60 X 0,50 M","Material",null,"UN",1,207.05,207.05]
[{"$nulls":4},"MO sem LS =>",20.321079571893904,"LS =>",23.35,"MO com LS =>",43.67]
[{"$nulls":4},"Valor do BDI =>",74.680000000000007,null,"Valor com BDI =>",null,383.55]
[]
[" 4.5.13 ","Código","Banco","Descrição","Tipo",null,"Und","Quant.","Valor Unit","Total"]
["Composição"," 91872 ","SINAPI","ELETRODUTO RÍGIDO ROSCÁVEL, PVC, DN 32 MM (1\"), PARA CIRCUITOS TERMINAIS, INSTALADO EM PAREDE - FORNECIMENTO E INSTALAÇÃO. AF_03/2023","INEL - INSTALAÇÃO ELÉTRICA/ELETRIFICAÇÃO E ILUMINAÇÃO EXTERNA",null,"M",1,17.68,17.68]
["Composição Auxiliar"," 88247 ","SINAPI","AUXILIAR DE ELETRICISTA COM ENCARGOS COMPLEMENTARES","SEDI - SERVIÇOS DIVERSOS",null,"H",0.19700000000000001,19.73,3.88]
["Composição Auxiliar"," 88264 ","SINAPI","ELETRICISTA COM ENCARGOS COMPLEMENTARES","SEDI - SERVIÇOS DIVERSOS",null,"H",0.19700000000000001,29.1,5.73]
["Insumo"," 00002685 ","SINAPI","ELETRODUTO DE PVC RIGIDO ROSCAVEL DE 1 \", SEM LUVA","Material",null,"M",1.0169999999999999,7.94,8.07]
[{"$nulls":4},"MO sem LS =>",3.4946486738017684,"LS =>",4.0199999999999996,"MO com LS =>",7.51]
[{"$nulls":4},"Valor do BDI =>",4.2699999999999996,null,"Valor com BDI =>",null,21.95]
[]
[" 4.5.14 ","Código","Banco","Descrição","Tipo",null,"Und","Quant.","Valor Unit","Total"]
["Composição"," 91871 ","SINAPI","ELETRODUTO RÍGIDO ROSCÁVEL, PVC, DN 25 MM (3/4\"), PARA CIRCUITOS TERMINAIS, INSTALADO EM PAREDE - FORNECIMENTO E INSTALAÇÃO. AF_03/2023","INEL - INSTALAÇÃO ELÉTRICA/ELETRIFICAÇÃO E ILUMINAÇÃO EXTERNA",null,"M",1,13.8,13.8]
["Composição Auxiliar"," 88247 ","SINAPI","AUXILIAR DE ELETRICISTA COM ENCARGOS COMPLEMENTARES","SEDI - SERVIÇOS DIVERSOS",null,"H",0.17699999999999999,19.73,3.49]
["Composição Auxiliar"," 88264 ","SINAPI","ELETRICISTA COM ENCARGOS COMPLEMENTARES","SEDI - SERVIÇOS DIVERSOS",null,"H",0.17699999999999999,29.1,5.15]
["Insumo"," 00002674 ","SINAPI","ELETRODUTO DE PVC RIGIDO ROSCAVEL DE 3/4 \", SEM LUVA","Material",null,"M",1.0169999999999999,5.08,5.16]
[{"$nulls":4},"MO sem LS =>",3.1363424848766868,"LS =>",3.6,"MO com LS =>",6.74]
[{"$nulls":4},"Valor do BDI =>",3.33,null,"Valor com BDI =>",null,17.13]
[]
[" 4.5.15 ","Código","Banco","Descrição","Tipo",null,"Und","Quant.","Valor Unit","Total"]
["Composição"," 91870 ","SINAPI","ELETRODUTO RÍGIDO ROSCÁVEL, PVC, DN 20 MM (1/2\"), PARA CIRCUITOS TERMINAIS, INSTALADO EM PAREDE - FORNECIMENTO E INSTALAÇÃO. AF_03/2023","INEL - INSTALAÇÃO ELÉTRICA/ELETRIFICAÇÃO E ILUMINAÇÃO EXTERNA",null,"M",1,12.09,12.09]
["Composição Auxiliar"," 88247 ","SINAPI","AUXILIAR DE ELETRICISTA COM ENCARGOS COMPLEMENTARES","SEDI - SERVIÇOS DIVERSOS",null,"H",0.16300000000000001,19.73,3.21]
["Composição Auxiliar"," 88264 ","SINAPI","ELETRICISTA COM ENCARGOS COMPLEMENTARES","SEDI - SERVIÇOS DIVERSOS",null,"H",0.16300000000000001,29.1,4.74]
["Insumo"," 00002673 ","SINAPI","ELETRODUTO DE PVC RIGIDO ROSCAVEL DE 1/2 \", SEM LUVA","Material",null,"M",1.0169999999999999,4.08,4.1399999999999997]
[{"$nulls":4},"MO sem LS =>",2.8897161470451374,"LS =>",3.32,"MO com LS =>",6.21]
[{"$nulls":4},"Valor do BDI =>",2.92,null,"Valor com BDI =>",null,15.01]
[]
[" 4.5.16 ","Código","Banco","Descrição","Tipo",null,"Und","Quant.","Valor Unit","Total"]
["Composição"," 91854 ","SINAPI","ELETRODUTO FLEXÍVEL CORRUGADO, PVC, DN 25 MM (3/4\"), PARA CIRCUITOS TERMINAIS, INSTALADO EM PAREDE - FORNECIMENTO E INSTALAÇÃO. AF_03/2023","INEL - INSTALAÇÃO ELÉTRICA/ELETRIFICAÇÃO E ILUMINAÇÃO EXTERNA",null,"M",1,9.24,9.24]
["Composição Auxiliar"," 88247 ","SINAPI","AUXILIAR DE ELETRICISTA COM ENCARGOS COMPLEMENTARES","SEDI - SERVIÇOS DIVERSOS",null,"H",0.13400000000000001,19.73,2.64]
["Composição Auxiliar"," 88264 ","SINAPI","ELETRICISTA COM ENCARGOS COMPLEMENTARES","SEDI - SERVIÇOS DIVERSOS",null,"H",0.13400000000000001,29.1,3.89]
["Insumo"," 00002688 ","SINAPI","ELETRODUTO PVC FLEXIVEL CORRUGADO, COR AMARELA, DE 25 MM","Material",null,"M",1.0169999999999999,2.67,2.71]
[{"$nulls":4},"MO sem LS =>",2.3731968357375521,"LS =>",2.73,"MO com LS =>",5.0999999999999996]
[{"$nulls":4},"Valor do BDI =>",2.23,null,"Valor com BDI =>",null,11.47]
[]
[" 4.5.17 ","Código","Banco","Descrição","Tipo",null,"Und","Quant.","Valor Unit","Total"]
["Composição"," 91911 ","SINAPI","CURVA 90 GRAUS PARA ELETRODUTO, PVC, ROSCÁVEL, DN 20 MM (1/2\"), PARA CIRCUITOS TERMINAIS, INSTALADA EM PAREDE - FORNECIMENTO E INSTALAÇÃO. AF_03/2023","INEL - INSTALAÇÃO ELÉTRICA/ELETRIFICAÇÃO E ILUMINAÇÃO EXTERNA",null,"UN",1,15.27,15.27]
["Composição Auxiliar"," 88247 ","SINAPI","AUXILIAR DE ELETRICISTA COM ENCARGOS COMPLEMENTARES","SEDI - SERVIÇOS DIVERSOS",null,"H",0.27200000000000002,19.73,5.36]
["Composição Auxiliar"," 88264 ","SINAPI","ELETRICISTA COM ENCARGOS COMPLEMENTARES","SEDI - SERVIÇOS DIVERSOS",null,"H",0.27200000000000002,29.1,7.91]
["Insumo"," 00001870 ","SINAPI","CURVA 90 GRAUS, LONGA, DE PVC RIGIDO ROSCAVEL, DE 1/2\", PARA ELETRODUTO","Material",null,"UN",1,2,2]
[{"$nulls":4},"MO sem LS =>",4.8255002326663563,"LS =>",5.54,"MO com LS =>",10.37]
[{"$nulls":4},"Valor do BDI =>",3.69,null,"Valor com BDI =>",null,18.96]
[]
[" 4.5.18 ","Código","Banco","Descrição","Tipo",null,"Und","Quant.","Valor Unit","Total"]
["Composição"," 91914 ","SINAPI","CURVA 90 GRAUS PARA ELETRODUTO, PVC, ROSCÁVEL, DN 25 MM (3/4\"), PARA CIRCUITOS TERMINAIS, INSTALADA EM PAREDE - FORNECIMENTO E INSTALAÇÃO. AF_03/2023","INEL - INSTALAÇÃO ELÉTRICA/ELETRIFICAÇÃO E ILUMINAÇÃO EXTERNA",null,"UN",1,16.420000000000002,16.420000000000002]
["Composição Auxiliar"," 88247 ","SINAPI","AUXILIAR DE ELETRICISTA COM ENCARGOS COMPLEMENTARES","SEDI - SERVIÇOS DIVERSOS",null,"H",0.29499999999999998,19.73,5.82]
["Composição Auxiliar"," 88264 ","SINAPI","ELETRICISTA COM ENCARGOS COMPLEMENTARES","SEDI - SERVIÇOS DIVERSOS",null,"H",0.29499999999999998,29.1,8.58]
["Insumo"," 00001879 ","SINAPI","CURVA 90 GRAUS, LONGA, DE PVC RIGIDO ROSCAVEL, DE 3/4\", PARA ELETRODUTO","Material",null,"UN",1,2.02,2.02]
[{"$nulls":4},"MO sem LS =>",5.2349930200093064,"LS =>",6.02,"MO com LS =>",11.25]
[{"$nulls":4},"Valor do BDI =>",3.97,null,"Valor com BDI =>",null,20.39]
[]
[" 4.5.19 ","Código","Banco","Descrição","Tipo",null,"Und","Quant.","Valor Unit","Total"]
["Composição"," 91917 ","SINAPI","CURVA 90 GRAUS PARA ELETRODUTO, PVC, ROSCÁVEL, DN 32 MM (1\"), PARA CIRCUITOS TERMINAIS, INSTALADA EM PAREDE - FORNECIMENTO E INSTALAÇÃO. AF_03/2023","INEL - INSTALAÇÃO ELÉTRICA/ELETRIFICAÇÃO E ILUMINAÇÃO EXTERNA",null,"UN",1,19.079999999999998,19.079999999999998]
["Composição Auxiliar"," 88247 ","SINAPI","AUXILIAR DE ELETRICISTA COM ENCARGOS COMPLEMENTARES","SEDI - SERVIÇOS DIVERSOS",null,"H",0.32800000000000001,19.73,6.47]
["Composição Auxiliar"," 88264 ","SINAPI","ELETRICISTA COM ENCARGOS COMPLEMENTARES","SEDI - SERVIÇOS DIVERSOS",null,"H",0.32800000000000001,29.1,9.5399999999999991]
["Insumo"," 00001884 ","SINAPI","CURVA 90 GRAUS, LONGA, DE PVC RIGIDO ROSCAVEL, DE 1\", PARA ELETRODUTO","Material",null,"UN",1,3.07,3.07]
[{"$nulls":4},"MO sem LS =>",5.821312238250349,"LS =>",6.69,"MO com LS =>",12.51]
[{"$nulls":4},"Valor do BDI =>",4.6100000000000003,null,"Valor com BDI =>",null,23.69]
[]
[" 4.5.20 ","Código","Banco","Descrição","Tipo",null,"Und","Quant.","Valor Unit","Total"]
["Composição"," 91882 ","SINAPI","LUVA PARA ELETRODUTO, PVC, ROSCÁVEL, DN 20 MM (1/2\"), PARA CIRCUITOS TERMINAIS, INSTALADA EM PAREDE - FORNECIMENTO E INSTALAÇÃO. AF_03/2023","INEL - INSTALAÇÃO ELÉTRICA/ELETRIFICAÇÃO E ILUMINAÇÃO EXTERNA",null,"UN",1,9.42,9.42]
["Composição Auxiliar"," 88247 ","SINAPI","AUXILIAR DE ELETRICISTA COM ENCARGOS COMPLEMENTARES","SEDI - SERVIÇOS DIVERSOS",null,"H",0.18099999999999999,19.73,3.57]
["Composição Auxiliar"," 88264 ","SINAPI","ELETRICISTA COM ENCARGOS COMPLEMENTARES","SEDI - SERVIÇOS DIVERSOS",null,"H",0.18099999999999999,29.1,5.26]
["Insumo"," 00001901 ","SINAPI","LUVA EM PVC RIGIDO ROSCAVEL, DE 1/2\", PARA ELETRODUTO","Material",null,"UN",1,0.59,0.59]
[{"$nulls":4},"MO sem LS =>",3.2107957189390413,"LS =>",3.69,"MO com LS =>",6.9]
[{"$nulls":4},"Valor do BDI =>",2.27,null,"Valor com BDI =>",null,11.69]
[]
[" 4.5.21 ","Código","Banco","Descrição","Tipo",null,"Und","Quant.","Valor Unit","Total"]
["Composição"," 91884 ","SINAPI","LUVA PARA ELETRODUTO, PVC, ROSCÁVEL, DN 25 MM (3/4\"), PARA CIRCUITOS TERMINAIS, INSTALADA EM PAREDE - FORNECIMENTO E INSTALAÇÃO. AF_03/2023","INEL - INSTALAÇÃO ELÉTRICA/ELETRIFICAÇÃO E ILUMINAÇÃO EXTERNA",null,"UN",1,10.49,10.49]
["Composição Auxiliar"," 88247 ","SINAPI","AUXILIAR DE ELETRICISTA COM ENCARGOS COMPLEMENTARES","SEDI - SERVIÇOS DIVERSOS",null,"H",0.19700000000000001,19.73,3.88]
["Composição Auxiliar"," 88264 ","SINAPI","ELETRICISTA COM ENCARGOS COMPLEMENTARES","SEDI - SERVIÇOS DIVERSOS",null,"H",0.19700000000000001,29.1,5.73]
["Insumo"," 00001891 ","SINAPI","LUVA EM PVC RIGIDO ROSCAVEL, DE 3/4\", PARA ELETRODUTO","Material",null,"UN",1,0.88,0.88]
[{"$nulls":4},"MO sem LS =>",3.4946486738017684,"LS =>",4.0199999999999996,"MO com LS =>",7.51]
[{"$nulls":4},"Valor do BDI =>",2.5299999999999998,null,"Valor com BDI =>",null,13.02]
[]
[" 4.5.22 ","Código","Banco","Descrição","Tipo",null,"Und","Quant.","Valor Unit","Total"]
["Composição"," 91885 ","SINAPI","LUVA PARA ELETRODUTO, PVC, ROSCÁVEL, DN 32 MM (1\"), PARA CIRCUITOS TERMINAIS, INSTALADA EM PAREDE - FORNECIMENTO E INSTALAÇÃO. AF_03/2023","INEL - INSTALAÇÃO ELÉTRICA/ELETRIFICAÇÃO E ILUMINAÇÃO EXTERNA",null,"UN",1,11.91,11.91]
["Composição Auxiliar"," 88247 ","SINAPI","AUXILIAR DE ELETRICISTA COM ENCARGOS COMPLEMENTARES","SEDI - SERVIÇOS DIVERSOS",null,"H",0.219,19.73,4.32]
["Composição Auxiliar"," 88264 ","SINAPI","ELETRICISTA COM ENCARGOS COMPLEMENTARES","SEDI - SERVIÇOS DIVERSOS",null,"H",0.219,29.1,6.37]
["Insumo"," 00001892 ","SINAPI","LUVA EM PVC RIGIDO ROSCAVEL, DE 1\", PARA ELETRODUTO","Material",null,"UN",1,1.22,1.22]
[{"$nulls":4},"MO sem LS =>",3.8855281526291297,"LS =>",4.46,"MO com LS =>",8.35]
[{"$nulls":4},"Valor do BDI =>",2.87,null,"Valor com BDI =>",null,14.78]
[]
[" 4.5.24 ","Código","Banco","Descrição","Tipo",null,"Und","Quant.","Valor Unit","Total"]
["Composição"," 97882 ","SINAPI","CAIXA ENTERRADA ELÉTRICA RETANGULAR, EM CONCRETO PRÉ-MOLDADO, FUNDO COM BRITA, DIMENSÕES INTERNAS: 0,4X0,4X0,4 M. AF_12/2020","INEL - INSTALAÇÃO ELÉTRICA/ELETRIFICAÇÃO E ILUMINAÇÃO EXTERNA",null,"UN",1,159.22999999999999,159.22999999999999]
["Composição Auxiliar"," 101619 ","SINAPI","PREPARO DE FUNDO DE VALA COM LARGURA MENOR QUE 1,5 M, COM CAMADA DE BRITA, LANÇAMENTO MANUAL. AF_08/2020","MOVT - MOVIMENTO DE TERRA",null,"m³",4.9000000000000002E-2,230.58,11.29]
["Composição Auxiliar"," 88309 ","SINAPI","PEDREIRO COM ENCARGOS COMPLEMENTARES","SEDI - SERVIÇOS DIVERSOS",null,"H",3.04E-2,23.85,0.72]
["Composição Auxiliar"," 88316 ","SINAPI","SERVENTE COM ENCARGOS COMPLEMENTARES","SEDI - SERVIÇOS DIVERSOS",null,"H",2.3900000000000001E-2,18.649999999999999,0.44]
["Composição Auxiliar"," 97734 ","SINAPI","PEÇA RETANGULAR PRÉ-MOLDADA, VOLUME DE CONCRETO DE 10 A 30 LITROS, TAXA DE AÇO APROXIMADA DE 30KG/M³. AF_01/2018","FUES - FUNDAÇÕES E ESTRUTURAS",null,"m³",1.4800000000000001E-2,2695.87,39.89]
["Insumo"," 00043430 ","SINAPI","CAIXA DE CONCRETO ARMADO PRE-MOLDADO, SEM FUNDO, QUADRADA, DIMENSOES DE 0,40 X 0,40 X 0,40 M","Material",null,"UN",1,106.89,106.89]
[{"$nulls":4},"MO sem LS =>",11.707771056305258,"LS =>",13.45,"MO com LS =>",25.16]
[{"$nulls":4},"Valor do BDI =>",38.5,null,"Valor com BDI =>",null,197.73]
[]
[" 4.5.26 ","Código","Banco","Descrição","Tipo",null,"Und","Quant.","Valor Unit","Total"]
["Composição"," 101893 ","SINAPI","DISJUNTOR TRIPOLAR TIPO NEMA, CORRENTE NOMINAL DE 10 ATÉ 50A - FORNECIMENTO E INSTALAÇÃO. AF_10/2020","INEL - INSTALAÇÃO ELÉTRICA/ELETRIFICAÇÃO E ILUMINAÇÃO EXTERNA",null,"UN",1,106.63,106.63]
["Composição Auxiliar"," 88247 ","SINAPI","AUXILIAR DE ELETRICISTA COM ENCARGOS COMPLEMENTARES","SEDI - SERVIÇOS DIVERSOS",null,"H",0.1988,19.73,3.92]
["Composição Auxiliar"," 88264 ","SINAPI","ELETRICISTA COM ENCARGOS COMPLEMENTARES","SEDI - SERVIÇOS DIVERSOS",null,"H",0.1988,29.1,5.78]
["Insumo"," 00001571 ","SINAPI","TERMINAL A COMPRESSAO EM COBRE ESTANHADO PARA CABO 4 MM2, 1 FURO E 1 COMPRESSAO, PARA PARAFUSO DE FIXACAO M5","Material",null,"UN",3,1.43,4.29]
["Insumo"," 00002392 ","SINAPI","DISJUNTOR TIPO NEMA, TRIPOLAR 10  ATE  50A, TENSAO MAXIMA DE 415 V","Material",null,"UN",1,92.64,92.64]
[{"$nulls":4},"MO sem LS =>",3.5272219637040485,"LS =>",4.05,"MO com LS =>",7.58]
[{"$nulls":4},"Valor do BDI =>",25.78,null,"Valor com BDI =>",null,132.41]
[]
[" 4.5.27 ","Código","Banco","Descrição","Tipo",null,"Und","Quant.","Valor Unit","Total"]
["Composição"," 101890 ","SINAPI","DISJUNTOR MONOPOLAR TIPO NEMA, CORRENTE NOMINAL DE 10 ATÉ 30A - FORNECIMENTO E INSTALAÇÃO. AF_10/2020","INEL - INSTALAÇÃO ELÉTRICA/ELETRIFICAÇÃO E ILUMINAÇÃO EXTERNA",null,"UN",1,18.45,18.45]
["Composição Auxiliar"," 88247 ","SINAPI","AUXILIAR DE ELETRICISTA COM ENCARGOS COMPLEMENTARES","SEDI - SERVIÇOS DIVERSOS",null,"H",6.6299999999999998E-2,19.73,1.3]
["Composição Auxiliar"," 88264 ","SINAPI","ELETRICISTA COM ENCARGOS COMPLEMENTARES","SEDI - SERVIÇOS DIVERSOS",null,"H",6.6299999999999998E-2,29.1,1.92]
["Insumo"," 00001571 ","SINAPI","TERMINAL A COMPRESSAO EM COBRE ESTANHADO PARA CABO 4 MM2, 1 FURO E 1 COMPRESSAO, PARA PARAFUSO DE FIXACAO M5","Material",null,"UN",1,1.43,1.43]
["Insumo"," 00002370 ","SINAPI","DISJUNTOR TIPO NEMA, MONOPOLAR 10 ATE 30A, TENSAO MAXIMA DE 240 V","Material",null,"UN",1,13.8,13.8]
[{"$nulls":4},"MO sem LS =>",1.1726384364820848,"LS =>",1.35,"MO com LS =>",2.52]
[{"$nulls":4},"Valor do BDI =>",4.46,null,"Valor com BDI =>",null,22.91]
[]
[" 4.5.33 ","Código","Banco","Descrição","Tipo",null,"Und","Quant.","Valor Unit","Total"]
["Composição"," GRR-23-0047 ","Próprio","QUADRO METÁLICO PARA MONTAGEM ELETROELETRÔNICO 60X50X20 CM - FORNECIMENTO E INSTALAÇÃO","SEDI - SERVIÇOS DIVERSOS",null,"UN",1,432.66,432.66]
["Insumo"," 00000247 ","SINAPI","AJUDANTE DE ELETRICISTA (HORISTA)","Mão de Obra",null,"H",2.25,13.86,31.18]
["Insumo"," 00002436 ","SINAPI","ELETRICISTA (HORISTA)","Mão de Obra",null,"H",2.25,22.88,51.48]
["Insumo"," 3032 ","ORSE","Caixa p/quadro eletrico em chapa metalica d=60 x 50 x 20cm un","Material",null,"un",1,350,350]
[{"$nulls":4},"MO sem LS =>",38.464402,"LS =>",44.2,"MO com LS =>",82.66]
[{"$nulls":4},"Valor do BDI =>",104.61,null,"Valor com BDI =>",null,537.27]
[]
[" 4.5.34 ","Código","Banco","Descrição","Tipo",null,"Und","Quant.","Valor Unit","Total"]
["Composição"," GRR-23-0048 ","Próprio","PONTO EMBUTIDO PARA ALIMENTAÇÃO DOS MOTORES","SEDI - SERVIÇOS DIVERSOS",null,"UN",1,340.55,340.55]
["Composição Auxiliar"," 91926 ","SINAPI","CABO DE COBRE FLEXÍVEL ISOLADO, 2,5 MM², ANTI-CHAMA 450/750 V, PARA CIRCUITOS TERMINAIS - FORNECIMENTO E INSTALAÇÃO. AF_03/2023","INEL - INSTALAÇÃO ELÉTRICA/ELETRIFICAÇÃO E ILUMINAÇÃO EXTERNA",null,"M",30,4.2300000000000004,126.9]
["Insumo"," 00006111 ","SINAPI","SERVENTE DE OBRAS","Mão de Obra",null,"H",4,13.19,52.76]
["Insumo"," 00002436 ","SINAPI","ELETRICISTA (HORISTA)","Mão de Obra",null,"H",4,22.88,91.52]
["Insumo"," 00043132 ","SINAPI","ARAME RECOZIDO 16 BWG, D = 1,65 MM (0,016 KG/M) OU 18 BWG, D = 1,25 MM (0,01 KG/M)","Material",null,"KG",0.02,28.8,0.56999999999999995]
["Insumo"," 00001873 ","SINAPI","CAIXA DE PASSAGEM, EM PVC, DE 4\" X 4\", PARA ELETRODUTO FLEXIVEL CORRUGADO","Material",null,"UN",1,3.47,3.47]
["Insumo"," 00002684 ","SINAPI","ELETRODUTO DE PVC RIGIDO ROSCAVEL DE 1 1/4 \", SEM LUVA","Material",null,"M",5,10.57,52.85]
["Insumo"," 00040408 ","SINAPI","CURVA 180 GRAUS, DE PVC RIGIDO ROSCAVEL, DE 1 1/4\", PARA ELETRODUTO","Material",null,"UN",2,5.04,10.08]
["Insumo"," 00020111 ","SINAPI","FITA ISOLANTE ADESIVA ANTICHAMA, USO ATE 750 V, EM ROLO DE 19 MM X 20 M","Material",null,"UN",0.15,16,2.4]
[{"$nulls":4},"MO sem LS =>",82.354583500000004,"LS =>",94.63,"MO com LS =>",176.98]
[{"$nulls":4},"Valor do BDI =>",82.34,null,"Valor com BDI =>",null,422.89]
[]
[" 4.5.38 ","Código","Banco","Descrição","Tipo",null,"Und","Quant.","Valor Unit","Total"]
["Composição"," 101879 ","SINAPI","QUADRO DE DISTRIBUIÇÃO DE ENERGIA EM CHAPA DE AÇO GALVANIZADO, DE EMBUTIR, COM BARRAMENTO TRIFÁSICO, PARA 24 DISJUNTORES DIN 100A - FORNECIMENTO E INSTALAÇÃO. AF_10/2020","INEL - INSTALAÇÃO ELÉTRICA/ELETRIFICAÇÃO E ILUMINAÇÃO EXTERNA",null,"UN",1,738.47,738.47]
["Composição Auxiliar"," 87367 ","SINAPI","ARGAMASSA TRAÇO 1:1:6 (EM VOLUME DE CIMENTO, CAL E AREIA MÉDIA ÚMIDA) PARA EMBOÇO/MASSA ÚNICA/ASSENTAMENTO DE ALVENARIA DE VEDAÇÃO, PREPARO MANUAL. AF_08/2019","SEDI - SERVIÇOS DIVERSOS",null,"m³",1.44E-2,652.80999999999995,9.4]
["Composição Auxiliar"," 88247 ","SINAPI","AUXILIAR DE ELETRICISTA COM ENCARGOS COMPLEMENTARES","SEDI - SERVIÇOS DIVERSOS",null,"H",0.53459999999999996,19.73,10.54]
["Composição Auxiliar"," 88264 ","SINAPI","ELETRICISTA COM ENCARGOS COMPLEMENTARES","SEDI - SERVIÇOS DIVERSOS",null,"H",0.53459999999999996,29.1,15.55]
["Insumo"," 00012039 ","SINAPI","QUADRO DE DISTRIBUICAO COM BARRAMENTO TRIFASICO, DE EMBUTIR, EM CHAPA DE ACO GALVANIZADO, PARA 24 DISJUNTORES DIN, 100 A","Material",null,"UN",1,702.98,702.98]
[{"$nulls":4},"MO sem LS =>",10.497906002791996,"LS =>",12.06,"MO com LS =>",22.56]
[{"$nulls":4},"Valor do BDI =>",178.56,null,"Valor com BDI =>",null,917.03]
[]
[" 4.5.39 ","Código","Banco","Descrição","Tipo",null,"Und","Quant.","Valor Unit","Total"]
["Composição"," 101878 ","SINAPI","QUADRO DE DISTRIBUIÇÃO DE ENERGIA EM CHAPA DE AÇO GALVANIZADO, DE SOBREPOR, COM BARRAMENTO TRIFÁSICO, PARA 18 DISJUNTORES DIN 100A - FORNECIMENTO E INSTALAÇÃO. AF_10/2020","INEL - INSTALAÇÃO ELÉTRICA/ELETRIFICAÇÃO E ILUMINAÇÃO EXTERNA",null,"UN",1,693.48,693.48]
["Composição Auxiliar"," 88247 ","SINAPI","AUXILIAR DE ELETRICISTA COM ENCARGOS COMPLEMENTARES","SEDI - SERVIÇOS DIVERSOS",null,"H",1.5233000000000001,19.73,30.05]
["Composição Auxiliar"," 88264 ","SINAPI","ELETRICISTA COM ENCARGOS COMPLEMENTARES","SEDI - SERVIÇOS DIVERSOS",null,"H",1.5233000000000001,29.1,44.32]
["Insumo"," 00012038 ","SINAPI","QUADRO DE DISTRIBUICAO COM BARRAMENTO TRIFASICO, DE SOBREPOR, EM CHAPA DE ACO GALVANIZADO, PARA 18 DISJUNTORES DIN, 100 A","Material",null,"UN",1,619.11,619.11]
[{"$nulls":4},"MO sem LS =>",27.049790600279199,"LS =>",31.08,"MO com LS =>",58.13]
[{"$nulls":4},"Valor do BDI =>",167.68,null,"Valor com BDI =>",null,861.16]
[]
[" 4.5.40 ","Código","Banco","Descrição","Tipo",null,"Und","Quant.","Valor Unit","Total"]
["Composição"," 91943 ","SINAPI","CAIXA RETANGULAR 4\" X 4\" MÉDIA (1,30 M DO PISO), PVC, INSTALADA EM PAREDE - FORNECIMENTO E INSTALAÇÃO. AF_03/2023","INEL - INSTALAÇÃO ELÉTRICA/ELETRIFICAÇÃO E ILUMINAÇÃO EXTERNA",null,"UN",1,18.91,18.91]
["Composição Auxiliar"," 88247 ","SINAPI","AUXILIAR DE ELETRICISTA COM ENCARGOS COMPLEMENTARES","SEDI - SERVIÇOS DIVERSOS",null,"H",0.30099999999999999,19.73,5.93]
["Composição Auxiliar"," 88264 ","SINAPI","ELETRICISTA COM ENCARGOS COMPLEMENTARES","SEDI - SERVIÇOS DIVERSOS",null,"H",0.30099999999999999,29.1,8.75]
["Composição Auxiliar"," 88629 ","SINAPI","ARGAMASSA TRAÇO 1:3 (EM VOLUME DE CIMENTO E AREIA MÉDIA ÚMIDA), PREPARO MANUAL. AF_08/2019","SEDI - SERVIÇOS DIVERSOS",null,"m³",1.1999999999999999E-3,633.35,0.76]
["Insumo"," 00001873 ","SINAPI","CAIXA DE PASSAGEM, EM PVC, DE 4\" X 4\", PARA ELETRODUTO FLEXIVEL CORRUGADO","Material",null,"UN",1,3.47,3.47]
[{"$nulls":4},"MO sem LS =>",5.4025127966496047,"LS =>",6.21,"MO com LS =>",11.61]
[{"$nulls":4},"Valor do BDI =>",4.57,null,"Valor com BDI =>",null,23.48]
[]
[" 4.5.41 ","Código","Banco","Descrição","Tipo",null,"Und","Quant.","Valor Unit","Total"]
["Composição"," 92866 ","SINAPI","CAIXA SEXTAVADA 3\" X 3\", METÁLICA, INSTALADA EM LAJE - FORNECIMENTO E INSTALAÇÃO. AF_03/2023","INEL - INSTALAÇÃO ELÉTRICA/ELETRIFICAÇÃO E ILUMINAÇÃO EXTERNA",null,"UN",1,12.88,12.88]
["Composição Auxiliar"," 88247 ","SINAPI","AUXILIAR DE ELETRICISTA COM ENCARGOS COMPLEMENTARES","SEDI - SERVIÇOS DIVERSOS",null,"H",0.222,19.73,4.38]
["Composição Auxiliar"," 88264 ","SINAPI","ELETRICISTA COM ENCARGOS COMPLEMENTARES","SEDI - SERVIÇOS DIVERSOS",null,"H",0.222,29.1,6.46]
["Insumo"," 00002555 ","SINAPI","CAIXA DE LUZ \"3 X 3\" EM ACO ESMALTADA","Material",null,"UN",1,2.04,2.04]
[{"$nulls":4},"MO sem LS =>",3.9367147510469986,"LS =>",4.5199999999999996,"MO com LS =>",8.4600000000000009]
[{"$nulls":4},"Valor do BDI =>",3.11,null,"Valor com BDI =>",null,15.99]
[]
[" 4.5.42 ","Código","Banco","Descrição","Tipo",null,"Und","Quant.","Valor Unit","Total"]
["Composição"," 91940 ","SINAPI","CAIXA RETANGULAR 4\" X 2\" MÉDIA (1,30 M DO PISO), PVC, INSTALADA EM PAREDE - FORNECIMENTO E INSTALAÇÃO. AF_03/2023","INEL - INSTALAÇÃO ELÉTRICA/ELETRIFICAÇÃO E ILUMINAÇÃO EXTERNA",null,"UN",1,16.52,16.52]
["Composição Auxiliar"," 88247 ","SINAPI","AUXILIAR DE ELETRICISTA COM ENCARGOS COMPLEMENTARES","SEDI - SERVIÇOS DIVERSOS",null,"H",0.29099999999999998,19.73,5.74]
["Composição Auxiliar"," 88264 ","SINAPI","ELETRICISTA COM ENCARGOS COMPLEMENTARES","SEDI - SERVIÇOS DIVERSOS",null,"H",0.29099999999999998,29.1,8.4600000000000009]
["Composição Auxiliar"," 88629 ","SINAPI","ARGAMASSA TRAÇO 1:3 (EM VOLUME DE CIMENTO E AREIA MÉDIA ÚMIDA), PREPARO MANUAL. AF_08/2019","SEDI - SERVIÇOS DIVERSOS",null,"m³",8.9999999999999998E-4,633.35,0.56999999999999995]
["Insumo"," 00001872 ","SINAPI","CAIXA DE PASSAGEM, EM PVC, DE 4\" X 2\", PARA ELETRODUTO FLEXIVEL CORRUGADO","Material",null,"UN",1,1.75,1.75]
[{"$nulls":4},"MO sem LS =>",5.2117263843648205,"LS =>",5.99,"MO com LS =>",11.2]
[{"$nulls":4},"Valor do BDI =>",3.99,null,"Valor com BDI =>",null,20.51]
[]
[" 4.5.43 ","Código","Banco","Descrição","Tipo",null,"Und","Quant.","Valor Unit","Total"]
["Composição"," 7996 ","ORSE","Disjuntor bipolar DR 25 A  - Dispositivo residual diferencial, tipo AC, 30MA, ref.5SM1 312-OMB, Siemens ou similar","Fusíveis, Disjuntores e Chaves",null,"un",1,159.79,159.79]
["Composição Auxiliar"," 10549 ","ORSE","Encargos Complementares - Servente","Provisórios",null,"h",0.6,3.75,2.25]
["Composição Auxiliar"," 10552 ","ORSE","Encargos Complementares - Eletricista","Provisórios",null,"h",0.6,3.6,2.16]
["Insumo"," 7943 ","ORSE","Disjuntor bipolar DR 25 A, dispositivo residual diferencial, tipo AC, 30mA un","Material",null,"un",1,133.75,133.75]
["Insumo"," 00002436 ","SINAPI","ELETRICISTA (HORISTA)","Mão de Obra",null,"H",0.6,22.88,13.72]
["Insumo"," 00006111 ","SINAPI","SERVENTE DE OBRAS","Mão de Obra",null,"H",0.6,13.19,7.91]
[{"$nulls":4},"MO sem LS =>",10.0651466,"LS =>",11.56,"MO com LS =>",21.63]
[{"$nulls":4},"Valor do BDI =>",38.630000000000003,null,"Valor com BDI =>",null,198.42]
[]
[" 4.5.44 ","Código","Banco","Descrição","Tipo",null,"Und","Quant.","Valor Unit","Total"]
["Composição"," 13150 ","ORSE","Dispositivo de proteção contra surto de tensão DPS 20kA - 175v","Fusíveis, Disjuntores e Chaves",null,"un",1,92.74,92.74]
["Composição Auxiliar"," 10549 ","ORSE","Encargos Complementares - Servente","Provisórios",null,"h",0.3,3.75,1.1200000000000001]
["Composição Auxiliar"," 10552 ","ORSE","Encargos Complementares - Eletricista","Provisórios",null,"h",0.3,3.6,1.08]
["Insumo"," 00002436 ","SINAPI","ELETRICISTA (HORISTA)","Mão de Obra",null,"H",0.3,22.88,6.86]
["Insumo"," 00006111 ","SINAPI","SERVENTE DE OBRAS","Mão de Obra",null,"H",0.3,13.19,3.95]
["Insumo"," 00039465 ","SINAPI","DISPOSITIVO DPS CLASSE II, 1 POLO, TENSAO MAXIMA DE 175 V, CORRENTE MAXIMA DE *20* KA (TIPO AC)","Material",null,"UN",1,79.73,79.73]
[{"$nulls":4},"MO sem LS =>",5.0302465999999999,"LS =>",5.78,"MO com LS =>",10.81]
[{"$nulls":4},"Valor do BDI =>",22.42,null,"Valor com BDI =>",null,115.16]
[]
[" 4.5.48 ","Código","Banco","Descrição","Tipo",null,"Und","Quant.","Valor Unit","Total"]
["Composição"," 705 ","ORSE","Fornecimento e instalação de caixa de alumínio para piso 4\" x 4\"","Pontos de Suprimento de Lógica",null,"un",1,30.68,30.68]
["Composição Auxiliar"," 10549 ","ORSE","Encargos Complementares - Servente","Provisórios",null,"h",0.35,3.75,1.31]
["Composição Auxiliar"," 10552 ","ORSE","Encargos Complementares - Eletricista","Provisórios",null,"h",0.35,3.6,1.26]
["Insumo"," 439 ","ORSE","Caixa de passagem em alumínio para piso 4\" x 4\" un","Material",null,"un",1,15.5,15.5]
["Insumo"," 00002436 ","SINAPI","ELETRICISTA (HORISTA)","Mão de Obra",null,"H",0.35,22.88,8]
["Insumo"," 00006111 ","SINAPI","SERVENTE DE OBRAS","Mão de Obra",null,"H",0.35,13.19,4.6100000000000003]
[{"$nulls":4},"MO sem LS =>",5.8678454999999996,"LS =>",6.74,"MO com LS =>",12.61]
[{"$nulls":4},"Valor do BDI =>",7.41,null,"Valor com BDI =>",null,38.090000000000003]
[]
[" 4.5.49 ","Código","Banco","Descrição","Tipo",null,"Und","Quant.","Valor Unit","Total"]
["Composição"," 91941 ","SINAPI","CAIXA RETANGULAR 4\" X 2\" BAIXA (0,30 M DO PISO), PVC, INSTALADA EM PAREDE - FORNECIMENTO E INSTALAÇÃO. AF_03/2023","INEL - INSTALAÇÃO ELÉTRICA/ELETRIFICAÇÃO E ILUMINAÇÃO EXTERNA",null,"UN",1,10.32,10.32]
["Composição Auxiliar"," 88247 ","SINAPI","AUXILIAR DE ELETRICISTA COM ENCARGOS COMPLEMENTARES","SEDI - SERVIÇOS DIVERSOS",null,"H",0.16400000000000001,19.73,3.23]
["Composição Auxiliar"," 88264 ","SINAPI","ELETRICISTA COM ENCARGOS COMPLEMENTARES","SEDI - SERVIÇOS DIVERSOS",null,"H",0.16400000000000001,29.1,4.7699999999999996]
["Composição Auxiliar"," 88629 ","SINAPI","ARGAMASSA TRAÇO 1:3 (EM VOLUME DE CIMENTO E AREIA MÉDIA ÚMIDA), PREPARO MANUAL. AF_08/2019","SEDI - SERVIÇOS DIVERSOS",null,"m³",8.9999999999999998E-4,633.35,0.56999999999999995]
["Insumo"," 00001872 ","SINAPI","CAIXA DE PASSAGEM, EM PVC, DE 4\" X 2\", PARA ELETRODUTO FLEXIVEL CORRUGADO","Material",null,"UN",1,1.75,1.75]
[{"$nulls":4},"MO sem LS =>",2.9548627268496976,"LS =>",3.4,"MO com LS =>",6.35]
[{"$nulls":4},"Valor do BDI =>",2.4900000000000002,null,"Valor com BDI =>",null,12.81]
[]
[" 4.6.2 ","Código","Banco","Descrição","Tipo",null,"Und","Quant.","Valor Unit","Total"]
["Composição"," 11131 ","ORSE","Fornecimento de cartucho para solda exotérmica para cabo 50 mm²","Fornecimento de Materiais para Redes de Energia Elétrica e Iluminação",null,"un",1,13.92,13.92]
["Insumo"," 11977 ","ORSE","Cartucho p/ solda exotermica nr 45 un","Material",null,"un",1,13.92,13.92]
[{"$nulls":4},"MO sem LS =>",0,"LS =>",0,"MO com LS =>",0]
[{"$nulls":4},"Valor do BDI =>",3.36,null,"Valor com BDI =>",null,17.28]
[]
[" 4.6.4 ","Código","Banco","Descrição","Tipo",null,"Und","Quant.","Valor Unit","Total"]
["Composição"," 96977 ","SINAPI","CORDOALHA DE COBRE NU 50 MM², ENTERRADA - FORNECIMENTO E INSTALAÇÃO. AF_08/2023","INEL - INSTALAÇÃO ELÉTRICA/ELETRIFICAÇÃO E ILUMINAÇÃO EXTERNA",null,"M",1,56.81,56.81]
["Composição Auxiliar"," 88247 ","SINAPI","AUXILIAR DE ELETRICISTA COM ENCARGOS COMPLEMENTARES","SEDI - SERVIÇOS DIVERSOS",null,"H",3.3099999999999997E-2,19.73,0.65]
["Composição Auxiliar"," 88264 ","SINAPI","ELETRICISTA COM ENCARGOS COMPLEMENTARES","SEDI - SERVIÇOS DIVERSOS",null,"H",3.3099999999999997E-2,29.1,0.96]
["Insumo"," 00000867 ","SINAPI","CABO DE COBRE NU 50 MM2 MEIO-DURO","Material",null,"M",1.05,52.58,55.2]
[{"$nulls":4},"MO sem LS =>",0.58166589111214517,"LS =>",0.67,"MO com LS =>",1.25]
[{"$nulls":4},"Valor do BDI =>",13.73,null,"Valor com BDI =>",null,70.540000000000006]
[]
[" 4.6.5 ","Código","Banco","Descrição","Tipo",null,"Und","Quant.","Valor Unit","Total"]
["Composição"," 96973 ","SINAPI","CORDOALHA DE COBRE NU 35 MM², NÃO ENTERRADA, COM ISOLADOR - FORNECIMENTO E INSTALAÇÃO. AF_08/2023","INEL - INSTALAÇÃO ELÉTRICA/ELETRIFICAÇÃO E ILUMINAÇÃO EXTERNA",null,"M",1,67.38,67.38]
["Composição Auxiliar"," 88247 ","SINAPI","AUXILIAR DE ELETRICISTA COM ENCARGOS COMPLEMENTARES","SEDI - SERVIÇOS DIVERSOS",null,"H",0.24840000000000001,19.73,4.9000000000000004]
["Composição Auxiliar"," 88264 ","SINAPI","ELETRICISTA COM ENCARGOS COMPLEMENTARES","SEDI - SERVIÇOS DIVERSOS",null,"H",0.24840000000000001,29.1,7.22]
["Composição Auxiliar"," 98463 ","SINAPI","SUPORTE ISOLADOR PARA FIXAÇÃO DA CORDOALHA DE COBRE EM ALVENARIA OU CONCRETO - FORNECIMENTO E INSTALAÇÃO. AF_08/2023","INEL - INSTALAÇÃO ELÉTRICA/ELETRIFICAÇÃO E ILUMINAÇÃO EXTERNA",null,"UN",0.66669999999999996,24.77,16.510000000000002]
["Insumo"," 00000863 ","SINAPI","CABO DE COBRE NU 35 MM2 MEIO-DURO","Material",null,"M",1.05,36.909999999999997,38.75]
[{"$nulls":4},"MO sem LS =>",8.0828292228943699,"LS =>",9.2899999999999991,"MO com LS =>",17.37]
[{"$nulls":4},"Valor do BDI =>",16.29,null,"Valor com BDI =>",null,83.67]
[]
[" 4.6.6 ","Código","Banco","Descrição","Tipo",null,"Und","Quant.","Valor Unit","Total"]
["Composição"," 8795 ","ORSE","Terminal aéreo em aço galvanizado 3/8\" x 50cm, com fixação horizontal","Pára-raios",null,"un",1,29.7,29.7]
["Composição Auxiliar"," 10549 ","ORSE","Encargos Complementares - Servente","Provisórios",null,"h",0.5,3.75,1.87]
["Composição Auxiliar"," 10552 ","ORSE","Encargos Complementares - Eletricista","Provisórios",null,"h",0.5,3.6,1.8]
["Insumo"," 9086 ","ORSE","Terminal aéreo 3/8\" x 50cm ref.TEL 045 ou similar un","Material",null,"un",1,8,8]
["Insumo"," 00002436 ","SINAPI","ELETRICISTA (HORISTA)","Mão de Obra",null,"H",0.5,22.88,11.44]
["Insumo"," 00006111 ","SINAPI","SERVENTE DE OBRAS","Mão de Obra",null,"H",0.5,13.19,6.59]
[{"$nulls":4},"MO sem LS =>",8.3899488000000009,"LS =>",9.64,"MO com LS =>",18.03]
[{"$nulls":4},"Valor do BDI =>",7.18,null,"Valor com BDI =>",null,36.880000000000003]
[]
[" 4.6.7 ","Código","Banco","Descrição","Tipo",null,"Und","Quant.","Valor Unit","Total"]
["Composição"," 9051 ","ORSE","Caixa de equalização p/aterramento 20x20x10cm de sobrepor p/11 terminais de pressão c/barramento","Pára-raios",null,"un",1,357.35,357.35]
["Composição Auxiliar"," 10549 ","ORSE","Encargos Complementares - Servente","Provisórios",null,"h",0.3,3.75,1.1200000000000001]
["Composição Auxiliar"," 10552 ","ORSE","Encargos Complementares - Eletricista","Provisórios",null,"h",0.3,3.6,1.08]
["Insumo"," 9326 ","ORSE","Caixa de equalização p/aterramento 20x20x10cm de sobrepor p/11 terminais de pressão c/barramento (pára-raio) un","Material",null,"un",1,344.34,344.34]
["Insumo"," 00002436 ","SINAPI","ELETRICISTA (HORISTA)","Mão de Obra",null,"H",0.3,22.88,6.86]
["Insumo"," 00006111 ","SINAPI","SERVENTE DE OBRAS","Mão de Obra",null,"H",0.3,13.19,3.95]
[{"$nulls":4},"MO sem LS =>",5.0302465999999999,"LS =>",5.78,"MO com LS =>",10.81]
[{"$nulls":4},"Valor do BDI =>",86.4,null,"Valor com BDI =>",null,443.75]
[]
[" 4.6.8 ","Código","Banco","Descrição","Tipo",null,"Und","Quant.","Valor Unit","Total"]
["Composição"," 98111 ","SINAPI","CAIXA DE INSPEÇÃO PARA ATERRAMENTO, CIRCULAR, EM POLIETILENO, DIÂMETRO INTERNO = 0,3 M. AF_12/2020","INHI - INSTALAÇÕES HIDROS SANITÁRIAS",null,"UN",1,43.8,43.8]
["Composição Auxiliar"," 101618 ","SINAPI","PREPARO DE FUNDO DE VALA COM LARGURA MENOR QUE 1,5 M, COM CAMADA DE AREIA, LANÇAMENTO MANUAL. AF_08/2020","MOVT - MOVIMENTO DE TERRA",null,"m³",1.41E-2,212.73,2.99]
["Composição Auxiliar"," 88309 ","SINAPI","PEDREIRO COM ENCARGOS COMPLEMENTARES","SEDI - SERVIÇOS DIVERSOS",null,"H",0.1384,23.85,3.3]
["Composição Auxiliar"," 88316 ","SINAPI","SERVENTE COM ENCARGOS COMPLEMENTARES","SEDI - SERVIÇOS DIVERSOS",null,"H",0.10879999999999999,18.649999999999999,2.02]
["Insumo"," 00034643 ","SINAPI","CAIXA DE INSPECAO PARA ATERRAMENTO E PARA RAIOS, EM POLIPROPILENO,  DIAMETRO = 300 MM X ALTURA = 400 MM","Material",null,"UN",1,35.49,35.49]
[{"$nulls":4},"MO sem LS =>",2.3964634713820381,"LS =>",2.75,"MO com LS =>",5.15]
[{"$nulls":4},"Valor do BDI =>",10.59,null,"Valor com BDI =>",null,54.39]
[]
[" 4.6.10 ","Código","Banco","Descrição","Tipo",null,"Und","Quant.","Valor Unit","Total"]
["Composição"," 10728 ","ORSE","Caixa inspeção em poliamida 150x110x70mm, bocal 1\" (DN 32mm), ref: TEL-541 (SPDA)","Pontos de Suprimento de Lógica",null,"un",1,82.7,82.7]
["Composição Auxiliar"," 10549 ","ORSE","Encargos Complementares - Servente","Provisórios",null,"h",0.15,3.75,0.56000000000000005]
["Composição Auxiliar"," 10552 ","ORSE","Encargos Complementares - Eletricista","Provisórios",null,"h",0.15,3.6,0.54]
["Insumo"," 11513 ","ORSE","Caixa inspeção em poliamida 150x110x70mm, ref:TEL-541 ou similar (p/SPDA) un","Material",null,"un",1,76.2,76.2]
["Insumo"," 00002436 ","SINAPI","ELETRICISTA (HORISTA)","Mão de Obra",null,"H",0.15,22.88,3.43]
["Insumo"," 00006111 ","SINAPI","SERVENTE DE OBRAS","Mão de Obra",null,"H",0.15,13.19,1.97]
[{"$nulls":4},"MO sem LS =>",2.5127966000000002,"LS =>",2.89,"MO com LS =>",5.4]
[{"$nulls":4},"Valor do BDI =>",19.989999999999998,null,"Valor com BDI =>",null,102.69]
[]
[" 4.6.11 ","Código","Banco","Descrição","Tipo",null,"Und","Quant.","Valor Unit","Total"]
["Composição"," GRR-23-0049 ","Próprio","INSTALAÇÃO DE SIPSTEMA DE PROTEÇÃO DESCARGA ATMOSFÉRICA - SPDA","SEDI - SERVIÇOS DIVERSOS",null,"UN",1,343.68,343.68]
["Composição Auxiliar"," 88264 ","SINAPI","ELETRICISTA COM ENCARGOS COMPLEMENTARES","SEDI - SERVIÇOS DIVERSOS",null,"H",8,29.1,232.8]
["Insumo"," 00000247 ","SINAPI","AJUDANTE DE ELETRICISTA (HORISTA)","Mão de Obra",null,"H",8,13.86,110.88]
[{"$nulls":4},"MO sem LS =>",140.08375989999999,"LS =>",160.96,"MO com LS =>",301.04000000000002]
[{"$nulls":4},"Valor do BDI =>",83.1,null,"Valor com BDI =>",null,426.78]
[]
[" 4.6.12 ","Código","Banco","Descrição","Tipo",null,"Und","Quant.","Valor Unit","Total"]
["Composição"," 10902 ","ORSE","Suporte guia 90 - Tel 280","Pontos de Suprimento de Energia para Computador",null,"un",1,17.940000000000001,17.940000000000001]
["Composição Auxiliar"," 10549 ","ORSE","Encargos Complementares - Servente","Provisórios",null,"h",0.1,3.75,0.37]
["Composição Auxiliar"," 10552 ","ORSE","Encargos Complementares - Eletricista","Provisórios",null,"h",0.1,3.6,0.36]
["Insumo"," 11844 ","ORSE","Suporte guia 90º - ref. Tel 280 un","Material",null,"un",1,13.62,13.62]
["Insumo"," 00002436 ","SINAPI","ELETRICISTA (HORISTA)","Mão de Obra",null,"H",0.1,22.88,2.2799999999999998]
["Insumo"," 00006111 ","SINAPI","SERVENTE DE OBRAS","Mão de Obra",null,"H",0.1,13.19,1.31]
[{"$nulls":4},"MO sem LS =>",1.6705444,"LS =>",1.92,"MO com LS =>",3.59]
[{"$nulls":4},"Valor do BDI =>",4.33,null,"Valor com BDI =>",null,22.27]
[]
[" 4.6.13 ","Código","Banco","Descrição","Tipo",null,"Und","Quant.","Valor Unit","Total"]
["Composição"," 10903 ","ORSE","Suporte guia simples Tel-220","Pontos de Suprimento de Energia para Computador",null,"un",1,13.95,13.95]
["Composição Auxiliar"," 10549 ","ORSE","Encargos Complementares - Servente","Provisórios",null,"h",0.1,3.75,0.37]
["Composição Auxiliar"," 10552 ","ORSE","Encargos Complementares - Eletricista","Provisórios",null,"h",0.1,3.6,0.36]
["Insumo"," 11845 ","ORSE","Suporte guia simples - ref. Tel 220 un","Material",null,"un",1,9.6300000000000008,9.6300000000000008]
["Insumo"," 00002436 ","SINAPI","ELETRICISTA (HORISTA)","Mão de Obra",null,"H",0.1,22.88,2.2799999999999998]
["Insumo"," 00006111 ","SINAPI","SERVENTE DE OBRAS","Mão de Obra",null,"H",0.1,13.19,1.31]
[{"$nulls":4},"MO sem LS =>",1.6705444,"LS =>",1.92,"MO com LS =>",3.59]
[{"$nulls":4},"Valor do BDI =>",3.37,null,"Valor com BDI =>",null,17.32]
[]
[" 4.6.14 ","Código","Banco","Descrição","Tipo",null,"Und","Quant.","Valor Unit","Total"]
["Composição"," 356 ","ORSE","Eletroduto de pvc rígido roscável, diâm = 50mm (1 1/2\")","Interligações até Quadro Geral - Eletrodutos e Conexões",null,"m",1,25.21,25.21]
["Composição Auxiliar"," 10549 ","ORSE","Encargos Complementares - Servente","Provisórios",null,"h",0.3,3.75,1.1200000000000001]
["Composição Auxiliar"," 10552 ","ORSE","Encargos Complementares - Eletricista","Provisórios",null,"h",0.3,3.6,1.08]
["Insumo"," 00002436 ","SINAPI","ELETRICISTA (HORISTA)","Mão de Obra",null,"H",0.3,22.88,6.86]
["Insumo"," 00002680 ","SINAPI","ELETRODUTO DE PVC RIGIDO ROSCAVEL DE 1 1/2 \", SEM LUVA","Material",null,"M",1.05,11.62,12.2]
["Insumo"," 00006111 ","SINAPI","SERVENTE DE OBRAS","Mão de Obra",null,"H",0.3,13.19,3.95]
[{"$nulls":4},"MO sem LS =>",5.0302465999999999,"LS =>",5.78,"MO com LS =>",10.81]
[{"$nulls":4},"Valor do BDI =>",6.09,null,"Valor com BDI =>",null,31.3]
[]
[" 5.1 ","Código","Banco","Descrição","Tipo",null,"Und","Quant.","Valor Unit","Total"]
["Composição"," GRR-23-0025 ","Próprio","SERVIÇO DE PRÉ-OPERAÇÃO/OPERAÇÃO E AFERIÇÃO DO SISTEMA DE BOMBEAMENTO","SEDI - SERVIÇOS DIVERSOS",null,"UN",1,19341.18,19341.18]
["Composição Auxiliar"," 91677 ","SINAPI","ENGENHEIRO ELETRICISTA COM ENCARGOS COMPLEMENTARES","SEDI - SERVIÇOS DIVERSOS",null,"H",20,115.31,2306.1999999999998]
["Composição Auxiliar"," 88266 ","SINAPI","ELETROTÉCNICO COM ENCARGOS COMPLEMENTARES","SEDI - SERVIÇOS DIVERSOS",null,"H",60,31.92,1915.2]
["Composição Auxiliar"," 88264 ","SINAPI","ELETRICISTA COM ENCARGOS COMPLEMENTARES","SEDI - SERVIÇOS DIVERSOS",null,"H",60,29.1,1746]
["Composição Auxiliar"," 88247 ","SINAPI","AUXILIAR DE ELETRICISTA COM ENCARGOS COMPLEMENTARES","SEDI - SERVIÇOS DIVERSOS",null,"H",60,19.73,1183.8]
["Composição Auxiliar"," 90778 ","SINAPI","ENGENHEIRO CIVIL DE OBRA PLENO COM ENCARGOS COMPLEMENTARES","SEDI - SERVIÇOS DIVERSOS",null,"H",18,125.61,2260.98]
["Composição Auxiliar"," 101402 ","SINAPI","ENCANADOR OU BOMBEIRO HIDRÁULICO COM ENCARGOS COMPLEMENTARES","SEDI - SERVIÇOS DIVERSOS",null,"MES",1,4922.4799999999996,4922.4799999999996]
["Insumo"," 00002437 ","SINAPI","MONTADOR DE MAQUINAS (HORISTA)","Mão de Obra",null,"H",24,28.23,677.52]
["Insumo"," E8889 - CHI ","Próprio","Veículo leve - 53 kW (sem motorista)","Outros",null,"h",60,6.47,388.2]
["Insumo"," E8889 - CHP ","Próprio","Veículo leve - 53 kW (sem motorista)","Outros",null,"h",60,32.840000000000003,1970.4]
["Insumo"," E8889 - CHP ","Próprio","Veículo leve - 53 kW (sem motorista)","Outros",null,"h",60,32.840000000000003,1970.4]
[{"$nulls":4},"MO sem LS =>",6096.8217776000001,"LS =>",7005.25,"MO com LS =>",13102.07]
[{"$nulls":4},"Valor do BDI =>",4676.6899999999996,null,"Valor com BDI =>",null,24017.87]
[]
["Composições Auxiliares"]
[null,"Código","Banco","Descrição","Tipo",null,"Und","Quant.","Valor Unit","Total"]
["Composição"," 5914647 ","SICRO3","Carga, manobra e descarga de agregados ou solos em caminhão basculante de 10 m³ - carga com carregadeira de 3,40 m³(exclusa) e descarga livre","",null,"t",1,1.6,1.6]
["A","Código","Banco","Equipamentos","Quantidade","Utilização",null,"Custo Operacional",null,"Custo Horário"]
[{"$nulls":5},"Operativa","Improdutiva","Operativa","Improdutiva"]
["Insumo","E9579","SICRO3","Caminhão basculante com capacidade de 10 m³ - 188 kW",3,0.86,0.14000000000000001,269.44470000000001,86.186400000000006,731.36559999999997]
[{"$nulls":5},"Custo Horário de Equipamentos =>",null,null,null,731.36559999999997]
[{"$nulls":5},"Custo Horário de Execução =>",null,null,null,731.36559999999997]
[{"$nulls":5},"Fator de Influencia da Chuva - FIC =>",null,null,null,0]
[{"$nulls":5},"Custo do FIC =>",null,null,null,0]
[{"$nulls":5},"Produção de Equipe =>",null,null,null,457.16]
[{"$nulls":5},"Custo Unitário de Execução =>",null,null,null,1.5998000000000001]
[{"$nulls":4},"MO sem LS =>",0,"LS =>",0,"MO com LS =>",0]
[{"$nulls":4},"Valor do BDI =>",0.38,null,"Valor com BDI =>",null,1.98]
[]
[null,"Código","Banco","Descrição","Tipo",null,"Und","Quant.","Valor Unit","Total"]
["Composição"," 2004522 ","SICRO3","Escavação mecânica de vala trapezoidal ou triangular em material de 1ª categoria para drenagem superficial comretroescavadeira - 0,30 m² ≤ seção < 0,50 m²","",null,"m³",1,10.48,10.48]
["A","Código","Banco","Equipamentos","Quantidade","Utilização",null,"Custo Operacional",null,"Custo Horário"]
[{"$nulls":5},"Operativa","Improdutiva","Operativa","Improdutiva"]
["Insumo","E9774","SICRO3","Retroescavadeira de pneus com caçamba de escavação trapezoidal ou triangular com seção",1,1,0,146.3288,74.536900000000003,146.3288]
[{"$nulls":5},"Custo Horário de Equipamentos =>",null,null,null,146.3288]
["B","Código","Banco","Mão de Obra","Quantidade","Salário Hora",null,null,null,"Custo Horário"]
["Insumo","P9824","SICRO3","Servente",1,null,null,null,18.586300000000001,18.586300000000001]
[{"$nulls":5},"Custo Horário da Mão de Obra =>",null,null,null,18.586300000000001]
[{"$nulls":5},"Adc.M.O. - Ferramentas (0,0%) =>",null,null,null,0]
[{"$nulls":5},"Custo Horário de Execução =>",null,null,null,164.9151]
[{"$nulls":5},"Fator de Influencia da Chuva - FIC =>",null,null,null,1.2699999999999999E-2]
[{"$nulls":5},"Custo do FIC =>",null,null,null,0.13109999999999999]
[{"$nulls":5},"Produção de Equipe =>",null,null,null,15.94]
[{"$nulls":5},"Custo Unitário de Execução =>",null,null,null,10.346]
[{"$nulls":4},"MO sem LS =>",0.54258553334894177,"LS =>",0.63,"MO com LS =>",1.1660163111668758]
[{"$nulls":4},"Valor do BDI =>",2.5299999999999998,null,"Valor com BDI =>",null,13.01]
[]
[null,"Código","Banco","Descrição","Tipo",null,"Und","Quant.","Valor Unit","Total"]
["Composição"," 89173 ","SINAPI","(COMPOSIÇÃO REPRESENTATIVA) DO SERVIÇO DE EMBOÇO/MASSA ÚNICA, APLICADO MANUALMENTE, TRAÇO 1:2:8, EM BETONEIRA DE 400L, PAREDES INTERNAS, COM EXECUÇÃO DE TALISCAS, EDIFICAÇÃO HABITACIONAL UNIFAMILIAR (CASAS) E EDIFICAÇÃO PÚBLICA PADRÃO. AF_12/2014","REVE - REVESTIMENTO E TRATAMENTO DE SUPERFÍCIES",null,"m²",1,34.81,34.81]
["Composição Auxiliar"," 87527 ","SINAPI","EMBOÇO, PARA RECEBIMENTO DE CERÂMICA, EM ARGAMASSA TRAÇO 1:2:8, PREPARO MECÂNICO COM BETONEIRA 400L, APLICADO MANUALMENTE EM FACES INTERNAS DE PAREDES, PARA AMBIENTE COM ÁREA MENOR QUE 5M2, ESPESSURA DE 20MM, COM EXECUÇÃO DE TALISCAS. AF_06/2014","REVE - REVESTIMENTO E TRATAMENTO DE SUPERFÍCIES",null,"m²",0.11210000000000001,38.01,4.26]
["Composição Auxiliar"," 87529 ","SINAPI","MASSA ÚNICA, PARA RECEBIMENTO DE PINTURA, EM ARGAMASSA TRAÇO 1:2:8, PREPARO MECÂNICO COM BETONEIRA 400L, APLICADA MANUALMENTE EM FACES INTERNAS DE PAREDES, ESPESSURA DE 20MM, COM EXECUÇÃO DE TALISCAS. AF_06/2014","REVE - REVESTIMENTO E TRATAMENTO DE SUPERFÍCIES",null,"m²",0.7339,34.630000000000003,25.41]
["Composição Auxiliar"," 87531 ","SINAPI","EMBOÇO, PARA RECEBIMENTO DE CERÂMICA, EM ARGAMASSA TRAÇO 1:2:8, PREPARO MECÂNICO COM BETONEIRA 400L, APLICADO MANUALMENTE EM FACES INTERNAS DE PAREDES, PARA AMBIENTE COM ÁREA ENTRE 5M2 E 10M2, ESPESSURA DE 20MM, COM EXECUÇÃO DE TALISCAS. AF_06/2014","REVE - REVESTIMENTO E TRATAMENTO DE SUPERFÍCIES",null,"m²",0.154,33.44,5.14]
[{"$nulls":4},"MO sem LS =>",6.198231735691019,"LS =>",7.12,"MO com LS =>",13.32]
[{"$nulls":4},"Valor do BDI =>",8.41,null,"Valor com BDI =>",null,43.22]
[]
[null,"Código","Banco","Descrição","Tipo",null,"Und","Quant.","Valor Unit","Total"]
["Composição"," 89171 ","SINAPI","(COMPOSIÇÃO REPRESENTATIVA) DO SERVIÇO DE REVESTIMENTO CERÂMICO PARA PISO COM PLACAS TIPO ESMALTADA EXTRA DE DIMENSÕES 35X35 CM, PARA EDIFICAÇÃO HABITACIONAL UNIFAMILIAR (CASA) E EDIFICAÇÃO PÚBLICA PADRÃO. AF_11/2014","PISO - PISOS",null,"m²",1,57.79,57.79]
["Composição Auxiliar"," 87246 ","SINAPI","REVESTIMENTO CERÂMICO PARA PISO COM PLACAS TIPO ESMALTADA EXTRA DE DIMENSÕES 35X35 CM APLICADA EM AMBIENTES DE ÁREA MENOR QUE 5 M2. AF_02/2023_PE","PISO - PISOS",null,"m²",5.4800000000000001E-2,67.400000000000006,3.69]
["Composição Auxiliar"," 87247 ","SINAPI","REVESTIMENTO CERÂMICO PARA PISO COM PLACAS TIPO ESMALTADA EXTRA DE DIMENSÕES 35X35 CM APLICADA EM AMBIENTES DE ÁREA ENTRE 5 M2 E 10 M2. AF_02/2023_PE","PISO - PISOS",null,"m²",0.33650000000000002,61.29,20.62]
["Composição Auxiliar"," 87248 ","SINAPI","REVESTIMENTO CERÂMICO PARA PISO COM PLACAS TIPO ESMALTADA EXTRA DE DIMENSÕES 35X35 CM APLICADA EM AMBIENTES DE ÁREA MAIOR QUE 10 M2. AF_02/2023_PE","PISO - PISOS",null,"m²",0.60870000000000002,55.01,33.479999999999997]
[{"$nulls":4},"MO sem LS =>",3.8250348999534669,"LS =>",4.3899999999999997,"MO com LS =>",8.2200000000000006]
[{"$nulls":4},"Valor do BDI =>",13.97,null,"Valor com BDI =>",null,71.760000000000005]
[]
[null,"Código","Banco","Descrição","Tipo",null,"Und","Quant.","Valor Unit","Total"]
["Composição"," 94703 ","SINAPI","ADAPTADOR COM FLANGE E ANEL DE VEDAÇÃO, PVC, SOLDÁVEL, DN  25 MM X 3/4 , INSTALADO EM RESERVAÇÃO DE ÁGUA DE EDIFICAÇÃO QUE POSSUA RESERVATÓRIO DE FIBRA/FIBROCIMENTO   FORNECIMENTO E INSTALAÇÃO. AF_06/2016","INHI - INSTALAÇÕES HIDROS SANITÁRIAS",null,"UN",1,22.32,22.32]
["Composição Auxiliar"," 88248 ","SINAPI","AUXILIAR DE ENCANADOR OU BOMBEIRO HIDRÁULICO COM ENCARGOS COMPLEMENTARES","SEDI - SERVIÇOS DIVERSOS",null,"H",0.13600000000000001,18.78,2.5499999999999998]
["Composição Auxiliar"," 88267 ","SINAPI","ENCANADOR OU BOMBEIRO HIDRÁULICO COM ENCARGOS COMPLEMENTARES","SEDI - SERVIÇOS DIVERSOS",null,"H",0.13600000000000001,27.97,3.8]
["Insumo"," 00000096 ","SINAPI","ADAPTADOR PVC SOLDAVEL, COM FLANGE E ANEL DE VEDACAO, 25 MM X 3/4\", PARA CAIXA D'AGUA","Material",null,"UN",1,14.54,14.54]
["Insumo"," 00020080 ","SINAPI","ADESIVO PLASTICO PARA PVC, FRASCO COM 175 GR","Material",null,"UN",4.5999999999999999E-2,16.920000000000002,0.77]
["Insumo"," 00020083 ","SINAPI","SOLUCAO PREPARADORA / LIMPADORA PARA PVC, FRASCO COM 1000 CM3","Material",null,"UN",1.0999999999999999E-2,58.75,0.64]
["Insumo"," 00038383 ","SINAPI","LIXA D'AGUA EM FOLHA, GRAO 100","Material",null,"UN",1.4E-2,1.89,0.02]
[{"$nulls":4},"MO sem LS =>",2.368543508608655,"LS =>",2.72,"MO com LS =>",5.09]
[{"$nulls":4},"Valor do BDI =>",5.39,null,"Valor com BDI =>",null,27.71]
[]
[null,"Código","Banco","Descrição","Tipo",null,"Und","Quant.","Valor Unit","Total"]
["Composição"," 94704 ","SINAPI","ADAPTADOR COM FLANGE E ANEL DE VEDAÇÃO, PVC, SOLDÁVEL, DN 32 MM X 1 , INSTALADO EM RESERVAÇÃO DE ÁGUA DE EDIFICAÇÃO QUE POSSUA RESERVATÓRIO DE FIBRA/FIBROCIMENTO   FORNECIMENTO E INSTALAÇÃO. AF_06/2016","INHI - INSTALAÇÕES HIDROS SANITÁRIAS",null,"UN",1,29.65,29.65]
["Composição Auxiliar"," 88248 ","SINAPI","AUXILIAR DE ENCANADOR OU BOMBEIRO HIDRÁULICO COM ENCARGOS COMPLEMENTARES","SEDI - SERVIÇOS DIVERSOS",null,"H",0.13600000000000001,18.78,2.5499999999999998]
["Composição Auxiliar"," 88267 ","SINAPI","ENCANADOR OU BOMBEIRO HIDRÁULICO COM ENCARGOS COMPLEMENTARES","SEDI - SERVIÇOS DIVERSOS",null,"H",0.13600000000000001,27.97,3.8]
["Insumo"," 00000097 ","SINAPI","ADAPTADOR PVC SOLDAVEL, COM FLANGE E ANEL DE VEDACAO, 32 MM X 1\", PARA CAIXA D'AGUA","Material",null,"UN",1,21.87,21.87]
["Insumo"," 00020080 ","SINAPI","ADESIVO PLASTICO PARA PVC, FRASCO COM 175 GR","Material",null,"UN",4.5999999999999999E-2,16.920000000000002,0.77]
["Insumo"," 00020083 ","SINAPI","SOLUCAO PREPARADORA / LIMPADORA PARA PVC, FRASCO COM 1000 CM3","Material",null,"UN",1.0999999999999999E-2,58.75,0.64]
["Insumo"," 00038383 ","SINAPI","LIXA D'AGUA EM FOLHA, GRAO 100","Material",null,"UN",1.4E-2,1.89,0.02]
[{"$nulls":4},"MO sem LS =>",2.368543508608655,"LS =>",2.72,"MO com LS =>",5.09]
[{"$nulls":4},"Valor do BDI =>",7.16,null,"Valor com BDI =>",null,36.81]
[]
[null,"Código","Banco","Descrição","Tipo",null,"Und","Quant.","Valor Unit","Total"]
["Composição"," 89383 ","SINAPI","ADAPTADOR CURTO COM BOLSA E ROSCA PARA REGISTRO, PVC, SOLDÁVEL, DN 25MM X 3/4 , INSTALADO EM RAMAL OU SUB-RAMAL DE ÁGUA - FORNECIMENTO E INSTALAÇÃO. AF_06/2022","INHI - INSTALAÇÕES HIDROS SANITÁRIAS",null,"UN",1,6.22,6.22]
["Composição Auxiliar"," 88248 ","SINAPI","AUXILIAR DE ENCANADOR OU BOMBEIRO HIDRÁULICO COM ENCARGOS COMPLEMENTARES","SEDI - SERVIÇOS DIVERSOS",null,"H",9.4399999999999998E-2,18.78,1.77]
["Composição Auxiliar"," 88267 ","SINAPI","ENCANADOR OU BOMBEIRO HIDRÁULICO COM ENCARGOS COMPLEMENTARES","SEDI - SERVIÇOS DIVERSOS",null,"H",9.4399999999999998E-2,27.97,2.64]
["Insumo"," 00000065 ","SINAPI","ADAPTADOR PVC SOLDAVEL CURTO COM BOLSA E ROSCA, 25 MM X 3/4\", PARA AGUA FRIA","Material",null,"UN",1,1.05,1.05]
["Insumo"," 00000122 ","SINAPI","ADESIVO PLASTICO PARA PVC, FRASCO COM *850* GR","Material",null,"UN",5.8999999999999999E-3,51.86,0.3]
["Insumo"," 00020083 ","SINAPI","SOLUCAO PREPARADORA / LIMPADORA PARA PVC, FRASCO COM 1000 CM3","Material",null,"UN",7.0000000000000001E-3,58.75,0.41]
["Insumo"," 00038383 ","SINAPI","LIXA D'AGUA EM FOLHA, GRAO 100","Material",null,"UN",3.15E-2,1.89,0.05]
[{"$nulls":4},"MO sem LS =>",1.6426244765006981,"LS =>",1.89,"MO com LS =>",3.53]
[{"$nulls":4},"Valor do BDI =>",1.5,null,"Valor com BDI =>",null,7.72]
[]
[null,"Código","Banco","Descrição","Tipo",null,"Und","Quant.","Valor Unit","Total"]
["Composição"," 88238 ","SINAPI","AJUDANTE DE ARMADOR COM ENCARGOS COMPLEMENTARES","SEDI - SERVIÇOS DIVERSOS",null,"H",1,18.399999999999999,18.399999999999999]
["Composição Auxiliar"," 95308 ","SINAPI","CURSO DE CAPACITAÇÃO PARA AJUDANTE DE ARMADOR (ENCARGOS COMPLEMENTARES) - HORISTA","SEDI - SERVIÇOS DIVERSOS",null,"H",1,0.15,0.15]
["Insumo"," 00006114 ","SINAPI","AJUDANTE DE ARMADOR (HORISTA)","Mão de Obra",null,"H",1,12.91,12.91]
["Insumo"," 00037370 ","SINAPI","ALIMENTACAO - HORISTA (COLETADO CAIXA - ENCARGOS COMPLEMENTARES)","Outros",null,"H",1,1.64,1.64]
["Insumo"," 00037371 ","SINAPI","TRANSPORTE - HORISTA (COLETADO CAIXA - ENCARGOS COMPLEMENTARES)","Serviços",null,"H",1,0.48,0.48]
["Insumo"," 00037372 ","SINAPI","EXAMES - HORISTA (COLETADO CAIXA - ENCARGOS COMPLEMENTARES)","Outros",null,"H",1,1.1399999999999999,1.1399999999999999]
["Insumo"," 00037373 ","SINAPI","SEGURO - HORISTA (COLETADO CAIXA - ENCARGOS COMPLEMENTARES)","Taxas",null,"H",1,7.0000000000000007E-2,7.0000000000000007E-2]
["Insumo"," 00043465 ","SINAPI","FERRAMENTAS - FAMILIA PEDREIRO - HORISTA (ENCARGOS COMPLEMENTARES - COLETADO CAIXA)","Equipamento",null,"H",1,0.84,0.84]
["Insumo"," 00043489 ","SINAPI","EPI - FAMILIA PEDREIRO - HORISTA (ENCARGOS COMPLEMENTARES - COLETADO CAIXA)","Equipamento",null,"H",1,1.17,1.17]
[{"$nulls":4},"MO sem LS =>",6.0772452000000001,"LS =>",6.98,"MO com LS =>",13.06]
[{"$nulls":4},"Valor do BDI =>",4.4400000000000004,null,"Valor com BDI =>",null,22.84]
[]
[null,"Código","Banco","Descrição","Tipo",null,"Und","Quant.","Valor Unit","Total"]
["Composição"," 88239 ","SINAPI","AJUDANTE DE CARPINTEIRO COM ENCARGOS COMPLEMENTARES","SEDI - SERVIÇOS DIVERSOS",null,"H",1,19.23,19.23]
["Composição Auxiliar"," 95309 ","SINAPI","CURSO DE CAPACITAÇÃO PARA AJUDANTE DE CARPINTEIRO (ENCARGOS COMPLEMENTARES) - HORISTA","SEDI - SERVIÇOS DIVERSOS",null,"H",1,0.21,0.21]
["Insumo"," 00006117 ","SINAPI","CARPINTEIRO AUXILIAR (HORISTA)","Mão de Obra",null,"H",1,13.86,13.86]
["Insumo"," 00037370 ","SINAPI","ALIMENTACAO - HORISTA (COLETADO CAIXA - ENCARGOS COMPLEMENTARES)","Outros",null,"H",1,1.64,1.64]
["Insumo"," 00037371 ","SINAPI","TRANSPORTE - HORISTA (COLETADO CAIXA - ENCARGOS COMPLEMENTARES)","Serviços",null,"H",1,0.48,0.48]
["Insumo"," 00037372 ","SINAPI","EXAMES - HORISTA (COLETADO CAIXA - ENCARGOS COMPLEMENTARES)","Outros",null,"H",1,1.1399999999999999,1.1399999999999999]
["Insumo"," 00037373 ","SINAPI","SEGURO - HORISTA (COLETADO CAIXA - ENCARGOS COMPLEMENTARES)","Taxas",null,"H",1,7.0000000000000007E-2,7.0000000000000007E-2]
["Insumo"," 00043459 ","SINAPI","FERRAMENTAS - FAMILIA CARPINTEIRO DE FORMAS - HORISTA (ENCARGOS COMPLEMENTARES - COLETADO CAIXA)","Equipamento",null,"H",1,0.49,0.49]
["Insumo"," 00043483 ","SINAPI","EPI - FAMILIA CARPINTEIRO DE FORMAS - HORISTA (ENCARGOS COMPLEMENTARES - COLETADO CAIXA)","Equipamento",null,"H",1,1.34,1.34]
[{"$nulls":4},"MO sem LS =>",6.5472313,"LS =>",7.52,"MO com LS =>",14.07]
[{"$nulls":4},"Valor do BDI =>",4.6399999999999997,null,"Valor com BDI =>",null,23.87]
[]
[null,"Código","Banco","Descrição","Tipo",null,"Und","Quant.","Valor Unit","Total"]
["Composição"," 88243 ","SINAPI","AJUDANTE ESPECIALIZADO COM ENCARGOS COMPLEMENTARES","SEDI - SERVIÇOS DIVERSOS",null,"H",1,19.5,19.5]
["Composição Auxiliar"," 95313 ","SINAPI","CURSO DE CAPACITAÇÃO PARA AJUDANTE ESPECIALIZADO (ENCARGOS COMPLEMENTARES) - HORISTA","SEDI - SERVIÇOS DIVERSOS",null,"H",1,0.17,0.17]
["Insumo"," 00000242 ","SINAPI","AJUDANTE ESPECIALIZADO (HORISTA)","Mão de Obra",null,"H",1,14.16,14.16]
["Insumo"," 00037370 ","SINAPI","ALIMENTACAO - HORISTA (COLETADO CAIXA - ENCARGOS COMPLEMENTARES)","Outros",null,"H",1,1.64,1.64]
["Insumo"," 00037371 ","SINAPI","TRANSPORTE - HORISTA (COLETADO CAIXA - ENCARGOS COMPLEMENTARES)","Serviços",null,"H",1,0.48,0.48]
["Insumo"," 00037372 ","SINAPI","EXAMES - HORISTA (COLETADO CAIXA - ENCARGOS COMPLEMENTARES)","Outros",null,"H",1,1.1399999999999999,1.1399999999999999]
["Insumo"," 00037373 ","SINAPI","SEGURO - HORISTA (COLETADO CAIXA - ENCARGOS COMPLEMENTARES)","Taxas",null,"H",1,7.0000000000000007E-2,7.0000000000000007E-2]
["Insumo"," 00043467 ","SINAPI","FERRAMENTAS - FAMILIA SERVENTE - HORISTA (ENCARGOS COMPLEMENTARES - COLETADO CAIXA)","Equipamento",null,"H",1,0.59,0.59]
["Insumo"," 00043491 ","SINAPI","EPI - FAMILIA SERVENTE - HORISTA (ENCARGOS COMPLEMENTARES - COLETADO CAIXA)","Equipamento",null,"H",1,1.25,1.25]
[{"$nulls":4},"MO sem LS =>",6.6682177999999999,"LS =>",7.66,"MO com LS =>",14.33]
[{"$nulls":4},"Valor do BDI =>",4.71,null,"Valor com BDI =>",null,24.21]
[]
[null,"Código","Banco","Descrição","Tipo",null,"Und","Quant.","Valor Unit","Total"]
["Composição"," 100660 ","SINAPI","ALIZAR DE 5X1,5CM PARA PORTA FIXADO COM PREGOS, PADRÃO POPULAR - FORNECIMENTO E INSTALAÇÃO. AF_12/2019","ESQV - ESQUADRIAS/FERRAGENS/VIDROS",null,"M",1,7.48,7.48]
["Composição Auxiliar"," 88261 ","SINAPI","CARPINTEIRO DE ESQUADRIA COM ENCARGOS COMPLEMENTARES","SEDI - SERVIÇOS DIVERSOS",null,"H",6.8000000000000005E-2,22.67,1.54]
["Composição Auxiliar"," 88316 ","SINAPI","SERVENTE COM ENCARGOS COMPLEMENTARES","SEDI - SERVIÇOS DIVERSOS",null,"H",3.4000000000000002E-2,18.649999999999999,0.63]
["Insumo"," 00020007 ","SINAPI","GUARNICAO / ALIZAR / VISTA LISA EM MADEIRA MACICA, PARA PORTA , E = *1* CM, L = *5* CM,  PINUS /EUCALIPTO / VIROLA OU EQUIVALENTE DA REGIAO","Material",null,"M",1.163,4.4400000000000004,5.16]
["Insumo"," 00039026 ","SINAPI","PREGO DE ACO POLIDO SEM CABECA 15 X 15 (1 1/4 X 13)","Material",null,"KG",6.0000000000000001E-3,26.31,0.15]
[{"$nulls":4},"MO sem LS =>",0.76314564913913452,"LS =>",0.88,"MO com LS =>",1.64]
[{"$nulls":4},"Valor do BDI =>",1.8,null,"Valor com BDI =>",null,9.2799999999999994]
[]
[null,"Código","Banco","Descrição","Tipo",null,"Und","Quant.","Valor Unit","Total"]
["Composição"," 101165 ","SINAPI","ALVENARIA DE EMBASAMENTO COM BLOCO ESTRUTURAL DE CONCRETO, DE 14X19X29CM E ARGAMASSA DE ASSENTAMENTO COM PREPARO EM BETONEIRA. AF_05/2020","FUES - FUNDAÇÕES E ESTRUTURAS",null,"m³",1,833.57,833.57]
["Composição Auxiliar"," 87292 ","SINAPI","ARGAMASSA TRAÇO 1:2:8 (EM VOLUME DE CIMENTO, CAL E AREIA MÉDIA ÚMIDA) PARA EMBOÇO/MASSA ÚNICA/ASSENTAMENTO DE ALVENARIA DE VEDAÇÃO, PREPARO MECÂNICO COM BETONEIRA 400 L. AF_08/2019","SEDI - SERVIÇOS DIVERSOS",null,"m³",0.13,538.80999999999995,70.040000000000006]
["Composição Auxiliar"," 88309 ","SINAPI","PEDREIRO COM ENCARGOS COMPLEMENTARES","SEDI - SERVIÇOS DIVERSOS",null,"H",10.263,23.85,244.77]
["Composição Auxiliar"," 88316 ","SINAPI","SERVENTE COM ENCARGOS COMPLEMENTARES","SEDI - SERVIÇOS DIVERSOS",null,"H",5.1319999999999997,18.649999999999999,95.71]
["Insumo"," 00034566 ","SINAPI","BLOCO DE CONCRETO ESTRUTURAL 14 X 19 X 29 CM, FBK 6 MPA (NBR 6136)","Material",null,"UN",122.27,3.46,423.05]
[{"$nulls":4},"MO sem LS =>",124.13680781758957,"LS =>",142.63,"MO com LS =>",266.77]
[{"$nulls":4},"Valor do BDI =>",201.55,null,"Valor com BDI =>",null,1035.1199999999999]
[]
[null,"Código","Banco","Descrição","Tipo",null,"Und","Quant.","Valor Unit","Total"]
["Composição"," 87393 ","SINAPI","ARGAMASSA INDUSTRIALIZADA PARA CHAPISCO ROLADO, PREPARO COM MISTURADOR DE EIXO HORIZONTAL DE 300 KG. AF_08/2019","SEDI - SERVIÇOS DIVERSOS",null,"m³",1,5559.2,5559.2]
["Composição Auxiliar"," 88377 ","SINAPI","OPERADOR DE BETONEIRA ESTACIONÁRIA/MISTURADOR COM ENCARGOS COMPLEMENTARES","SEDI - SERVIÇOS DIVERSOS",null,"H",4.72,17.22,81.27]
["Composição Auxiliar"," 88386 ","SINAPI","MISTURADOR DE ARGAMASSA, EIXO HORIZONTAL, CAPACIDADE DE MISTURA 300 KG, MOTOR ELÉTRICO POTÊNCIA 5 CV - CHP DIURNO. AF_05/2023","CHOR - CUSTOS HORÁRIOS DE MÁQUINAS E EQUIPAMENTOS",null,"CHP",1.1000000000000001,5.7,6.27]
["Composição Auxiliar"," 88392 ","SINAPI","MISTURADOR DE ARGAMASSA, EIXO HORIZONTAL, CAPACIDADE DE MISTURA 300 KG, MOTOR ELÉTRICO POTÊNCIA 5 CV - CHI DIURNO. AF_05/2023","CHOR - CUSTOS HORÁRIOS DE MÁQUINAS E EQUIPAMENTOS",null,"CHI",3.62,0.96,3.47]
["Insumo"," 00037552 ","SINAPI","ARGAMASSA INDUSTRIALIZADA PARA CHAPISCO ROLADO","Material",null,"KG",1981.23,2.76,5468.19]
[{"$nulls":4},"MO sem LS =>",28.683108422522103,"LS =>",32.96,"MO com LS =>",61.64]
[{"$nulls":4},"Valor do BDI =>",1344.21,null,"Valor com BDI =>",null,6903.41]
[]
[null,"Código","Banco","Descrição","Tipo",null,"Und","Quant.","Valor Unit","Total"]
["Composição"," 88627 ","SINAPI","ARGAMASSA TRAÇO 1:0,5:4,5 (EM VOLUME DE CIMENTO, CAL E AREIA MÉDIA ÚMIDA) PARA ASSENTAMENTO DE ALVENARIA, PREPARO MANUAL. AF_08/2019","SEDI - SERVIÇOS DIVERSOS",null,"m³",1,617.87,617.87]
["Composição Auxiliar"," 88316 ","SINAPI","SERVENTE COM ENCARGOS COMPLEMENTARES","SEDI - SERVIÇOS DIVERSOS",null,"H",8.7799999999999994,18.649999999999999,163.74]
["Insumo"," 00000370 ","SINAPI","AREIA MEDIA - POSTO JAZIDA/FORNECEDOR (RETIRADO NA JAZIDA, SEM TRANSPORTE)","Material",null,"m³",1.1299999999999999,95,107.35]
["Insumo"," 00001106 ","SINAPI","CAL HIDRATADA CH-I PARA ARGAMASSAS","Material",null,"KG",75.47,1.1299999999999999,85.28]
["Insumo"," 00001379 ","SINAPI","CIMENTO PORTLAND COMPOSTO CP II-32","Material",null,"KG",339.62,0.77,261.5]
[{"$nulls":4},"MO sem LS =>",55.072126570497907,"LS =>",63.28,"MO com LS =>",118.35]
[{"$nulls":4},"Valor do BDI =>",149.4,null,"Valor com BDI =>",null,767.27]
[]
[null,"Código","Banco","Descrição","Tipo",null,"Und","Quant.","Valor Unit","Total"]
["Composição"," 87367 ","SINAPI","ARGAMASSA TRAÇO 1:1:6 (EM VOLUME DE CIMENTO, CAL E AREIA MÉDIA ÚMIDA) PARA EMBOÇO/MASSA ÚNICA/ASSENTAMENTO DE ALVENARIA DE VEDAÇÃO, PREPARO MANUAL. AF_08/2019","SEDI - SERVIÇOS DIVERSOS",null,"m³",1,652.80999999999995,652.80999999999995]
["Composição Auxiliar"," 88316 ","SINAPI","SERVENTE COM ENCARGOS COMPLEMENTARES","SEDI - SERVIÇOS DIVERSOS",null,"H",11.23,18.649999999999999,209.43]
["Insumo"," 00000370 ","SINAPI","AREIA MEDIA - POSTO JAZIDA/FORNECEDOR (RETIRADO NA JAZIDA, SEM TRANSPORTE)","Material",null,"m³",1.1599999999999999,95,110.2]
["Insumo"," 00001106 ","SINAPI","CAL HIDRATADA CH-I PARA ARGAMASSAS","Material",null,"KG",116.4,1.1299999999999999,131.53]
["Insumo"," 00001379 ","SINAPI","CIMENTO PORTLAND COMPOSTO CP II-32","Material",null,"KG",261.89,0.77,201.65]
[{"$nulls":4},"MO sem LS =>",70.442066077245229,"LS =>",80.94,"MO com LS =>",151.38]
[{"$nulls":4},"Valor do BDI =>",157.84,null,"Valor com BDI =>",null,810.65]
[]
[null,"Código","Banco","Descrição","Tipo",null,"Und","Quant.","Valor Unit","Total"]
["Composição"," 87369 ","SINAPI","ARGAMASSA TRAÇO 1:2:8 (EM VOLUME DE CIMENTO, CAL E AREIA MÉDIA ÚMIDA) PARA EMBOÇO/MASSA ÚNICA/ASSENTAMENTO DE ALVENARIA DE VEDAÇÃO, PREPARO MANUAL. AF_08/2019","SEDI - SERVIÇOS DIVERSOS",null,"m³",1,656.92,656.92]
["Composição Auxiliar"," 88316 ","SINAPI","SERVENTE COM ENCARGOS COMPLEMENTARES","SEDI - SERVIÇOS DIVERSOS",null,"H",11.1,18.649999999999999,207.01]
["Insumo"," 00000370 ","SINAPI","AREIA MEDIA - POSTO JAZIDA/FORNECEDOR (RETIRADO NA JAZIDA, SEM TRANSPORTE)","Material",null,"m³",1.1399999999999999,95,108.3]
["Insumo"," 00001106 ","SINAPI","CAL HIDRATADA CH-I PARA ARGAMASSAS","Material",null,"KG",171.13,1.1299999999999999,193.37]
["Insumo"," 00001379 ","SINAPI","CIMENTO PORTLAND COMPOSTO CP II-32","Material",null,"KG",192.52,0.77,148.24]
[{"$nulls":4},"MO sem LS =>",69.623080502559333,"LS =>",80,"MO com LS =>",149.62]
[{"$nulls":4},"Valor do BDI =>",158.84,null,"Valor com BDI =>",null,815.76]
[]
[null,"Código","Banco","Descrição","Tipo",null,"Und","Quant.","Valor Unit","Total"]
["Composição"," 87292 ","SINAPI","ARGAMASSA TRAÇO 1:2:8 (EM VOLUME DE CIMENTO, CAL E AREIA MÉDIA ÚMIDA) PARA EMBOÇO/MASSA ÚNICA/ASSENTAMENTO DE ALVENARIA DE VEDAÇÃO, PREPARO MECÂNICO COM BETONEIRA 400 L. AF_08/2019","SEDI - SERVIÇOS DIVERSOS",null,"m³",1,538.80999999999995,538.80999999999995]
["Composição Auxiliar"," 88377 ","SINAPI","OPERADOR DE BETONEIRA ESTACIONÁRIA/MISTURADOR COM ENCARGOS COMPLEMENTARES","SEDI - SERVIÇOS DIVERSOS",null,"H",4.5,17.22,77.489999999999995]
["Composição Auxiliar"," 88830 ","SINAPI","BETONEIRA CAPACIDADE NOMINAL DE 400 L, CAPACIDADE DE MISTURA 280 L, MOTOR ELÉTRICO TRIFÁSICO POTÊNCIA DE 2 CV, SEM CARREGADOR - CHP DIURNO. AF_05/2023","CHOR - CUSTOS HORÁRIOS DE MÁQUINAS E EQUIPAMENTOS",null,"CHP",1.05,2.23,2.34]
["Composição Auxiliar"," 88831 ","SINAPI","BETONEIRA CAPACIDADE NOMINAL DE 400 L, CAPACIDADE DE MISTURA 280 L, MOTOR ELÉTRICO TRIFÁSICO POTÊNCIA DE 2 CV, SEM CARREGADOR - CHI DIURNO. AF_05/2023","CHOR - CUSTOS HORÁRIOS DE MÁQUINAS E EQUIPAMENTOS",null,"CHI",3.45,0.36,1.24]
["Insumo"," 00000370 ","SINAPI","AREIA MEDIA - POSTO JAZIDA/FORNECEDOR (RETIRADO NA JAZIDA, SEM TRANSPORTE)","Material",null,"m³",1.1599999999999999,95,110.2]
["Insumo"," 00001106 ","SINAPI","CAL HIDRATADA CH-I PARA ARGAMASSAS","Material",null,"KG",174.1,1.1299999999999999,196.73]
["Insumo"," 00001379 ","SINAPI","CIMENTO PORTLAND COMPOSTO CP II-32","Material",null,"KG",195.86,0.77,150.81]
[{"$nulls":4},"MO sem LS =>",27.347603500000002,"LS =>",31.42,"MO com LS =>",58.77]
[{"$nulls":4},"Valor do BDI =>",130.28,null,"Valor com BDI =>",null,669.09]
[]
[null,"Código","Banco","Descrição","Tipo",null,"Und","Quant.","Valor Unit","Total"]
["Composição"," 87294 ","SINAPI","ARGAMASSA TRAÇO 1:2:9 (EM VOLUME DE CIMENTO, CAL E AREIA MÉDIA ÚMIDA) PARA EMBOÇO/MASSA ÚNICA/ASSENTAMENTO DE ALVENARIA DE VEDAÇÃO, PREPARO MECÂNICO COM BETONEIRA 600 L. AF_08/2019","SEDI - SERVIÇOS DIVERSOS",null,"m³",1,513.14,513.14]
["Composição Auxiliar"," 88316 ","SINAPI","SERVENTE COM ENCARGOS COMPLEMENTARES","SEDI - SERVIÇOS DIVERSOS",null,"H",0.79,18.649999999999999,14.73]
["Composição Auxiliar"," 88377 ","SINAPI","OPERADOR DE BETONEIRA ESTACIONÁRIA/MISTURADOR COM ENCARGOS COMPLEMENTARES","SEDI - SERVIÇOS DIVERSOS",null,"H",3.65,17.22,62.85]
["Composição Auxiliar"," 89225 ","SINAPI","BETONEIRA CAPACIDADE NOMINAL DE 600 L, CAPACIDADE DE MISTURA 360 L, MOTOR ELÉTRICO TRIFÁSICO POTÊNCIA DE 4 CV, SEM CARREGADOR - CHP DIURNO. AF_05/2023","CHOR - CUSTOS HORÁRIOS DE MÁQUINAS E EQUIPAMENTOS",null,"CHP",0.85,5.94,5.04]
["Composição Auxiliar"," 89226 ","SINAPI","BETONEIRA CAPACIDADE NOMINAL DE 600 L, CAPACIDADE DE MISTURA 360 L, MOTOR ELÉTRICO TRIFÁSICO POTÊNCIA DE 4 CV, SEM CARREGADOR - CHI DIURNO. AF_05/2023","CHOR - CUSTOS HORÁRIOS DE MÁQUINAS E EQUIPAMENTOS",null,"CHI",2.8,1.48,4.1399999999999997]
["Insumo"," 00000370 ","SINAPI","AREIA MEDIA - POSTO JAZIDA/FORNECEDOR (RETIRADO NA JAZIDA, SEM TRANSPORTE)","Material",null,"m³",1.18,95,112.1]
["Insumo"," 00001106 ","SINAPI","CAL HIDRATADA CH-I PARA ARGAMASSAS","Material",null,"KG",157.44,1.1299999999999999,177.9]
["Insumo"," 00001379 ","SINAPI","CIMENTO PORTLAND COMPOSTO CP II-32","Material",null,"KG",177.12,0.77,136.38]
[{"$nulls":4},"MO sem LS =>",27.128897161470451,"LS =>",31.17,"MO com LS =>",58.3]
[{"$nulls":4},"Valor do BDI =>",124.07,null,"Valor com BDI =>",null,637.21]
[]
[null,"Código","Banco","Descrição","Tipo",null,"Und","Quant.","Valor Unit","Total"]
["Composição"," 87313 ","SINAPI","ARGAMASSA TRAÇO 1:3 (EM VOLUME DE CIMENTO E AREIA GROSSA ÚMIDA) PARA CHAPISCO CONVENCIONAL, PREPARO MECÂNICO COM BETONEIRA 400 L. AF_08/2019","SEDI - SERVIÇOS DIVERSOS",null,"m³",1,497.64,497.64]
["Composição Auxiliar"," 88377 ","SINAPI","OPERADOR DE BETONEIRA ESTACIONÁRIA/MISTURADOR COM ENCARGOS COMPLEMENTARES","SEDI - SERVIÇOS DIVERSOS",null,"H",4.32,17.22,74.39]
["Composição Auxiliar"," 88830 ","SINAPI","BETONEIRA CAPACIDADE NOMINAL DE 400 L, CAPACIDADE DE MISTURA 280 L, MOTOR ELÉTRICO TRIFÁSICO POTÊNCIA DE 2 CV, SEM CARREGADOR - CHP DIURNO. AF_05/2023","CHOR - CUSTOS HORÁRIOS DE MÁQUINAS E EQUIPAMENTOS",null,"CHP",1.01,2.23,2.25]
["Composição Auxiliar"," 88831 ","SINAPI","BETONEIRA CAPACIDADE NOMINAL DE 400 L, CAPACIDADE DE MISTURA 280 L, MOTOR ELÉTRICO TRIFÁSICO POTÊNCIA DE 2 CV, SEM CARREGADOR - CHI DIURNO. AF_05/2023","CHOR - CUSTOS HORÁRIOS DE MÁQUINAS E EQUIPAMENTOS",null,"CHI",3.31,0.36,1.19]
["Insumo"," 00000367 ","SINAPI","AREIA GROSSA - POSTO JAZIDA/FORNECEDOR (RETIRADO NA JAZIDA, SEM TRANSPORTE)","Material",null,"m³",0.95,96.24,91.42]
["Insumo"," 00001379 ","SINAPI","CIMENTO PORTLAND COMPOSTO CP II-32","Material",null,"KG",426.49,0.77,328.39]
[{"$nulls":4},"MO sem LS =>",26.249418334108888,"LS =>",30.16,"MO com LS =>",56.41]
[{"$nulls":4},"Valor do BDI =>",120.32,null,"Valor com BDI =>",null,617.96]
[]
[null,"Código","Banco","Descrição","Tipo",null,"Und","Quant.","Valor Unit","Total"]
["Composição"," 100475 ","SINAPI","ARGAMASSA TRAÇO 1:3 (EM VOLUME DE CIMENTO E AREIA MÉDIA ÚMIDA) COM ADIÇÃO DE IMPERMEABILIZANTE, PREPARO MECÂNICO COM BETONEIRA 400 L. AF_08/2019","SEDI - SERVIÇOS DIVERSOS",null,"m³",1,720.87,720.87]
["Composição Auxiliar"," 88377 ","SINAPI","OPERADOR DE BETONEIRA ESTACIONÁRIA/MISTURADOR COM ENCARGOS COMPLEMENTARES","SEDI - SERVIÇOS DIVERSOS",null,"H",3.75,17.22,64.569999999999993]
["Composição Auxiliar"," 88830 ","SINAPI","BETONEIRA CAPACIDADE NOMINAL DE 400 L, CAPACIDADE DE MISTURA 280 L, MOTOR ELÉTRICO TRIFÁSICO POTÊNCIA DE 2 CV, SEM CARREGADOR - CHP DIURNO. AF_05/2023","CHOR - CUSTOS HORÁRIOS DE MÁQUINAS E EQUIPAMENTOS",null,"CHP",0.87,2.23,1.94]
["Composição Auxiliar"," 88831 ","SINAPI","BETONEIRA CAPACIDADE NOMINAL DE 400 L, CAPACIDADE DE MISTURA 280 L, MOTOR ELÉTRICO TRIFÁSICO POTÊNCIA DE 2 CV, SEM CARREGADOR - CHI DIURNO. AF_05/2023","CHOR - CUSTOS HORÁRIOS DE MÁQUINAS E EQUIPAMENTOS",null,"CHI",2.88,0.36,1.03]
["Insumo"," 00000123 ","SINAPI","ADITIVO IMPERMEABILIZANTE DE PEGA NORMAL PARA ARGAMASSAS E CONCRETOS SEM ARMACAO, LIQUIDO E ISENTO DE CLORETOS","Material",null,"L",19.440000000000001,9.08,176.51]
["Insumo"," 00000370 ","SINAPI","AREIA MEDIA - POSTO JAZIDA/FORNECEDOR (RETIRADO NA JAZIDA, SEM TRANSPORTE)","Material",null,"m³",1.08,95,102.6]
["Insumo"," 00001379 ","SINAPI","CIMENTO PORTLAND COMPOSTO CP II-32","Material",null,"KG",486,0.77,374.22]
[{"$nulls":4},"MO sem LS =>",22.7873429502094,"LS =>",26.18,"MO com LS =>",48.97]
[{"$nulls":4},"Valor do BDI =>",174.3,null,"Valor com BDI =>",null,895.17]
[]
[null,"Código","Banco","Descrição","Tipo",null,"Und","Quant.","Valor Unit","Total"]
["Composição"," 87298 ","SINAPI","ARGAMASSA TRAÇO 1:3 (EM VOLUME DE CIMENTO E AREIA MÉDIA ÚMIDA) PARA CONTRAPISO, PREPARO MECÂNICO COM BETONEIRA 400 L. AF_08/2019","SEDI - SERVIÇOS DIVERSOS",null,"m³",1,641.94000000000005,641.94000000000005]
["Composição Auxiliar"," 88377 ","SINAPI","OPERADOR DE BETONEIRA ESTACIONÁRIA/MISTURADOR COM ENCARGOS COMPLEMENTARES","SEDI - SERVIÇOS DIVERSOS",null,"H",4.42,17.22,76.11]
["Composição Auxiliar"," 88830 ","SINAPI","BETONEIRA CAPACIDADE NOMINAL DE 400 L, CAPACIDADE DE MISTURA 280 L, MOTOR ELÉTRICO TRIFÁSICO POTÊNCIA DE 2 CV, SEM CARREGADOR - CHP DIURNO. AF_05/2023","CHOR - CUSTOS HORÁRIOS DE MÁQUINAS E EQUIPAMENTOS",null,"CHP",1.03,2.23,2.29]
["Composição Auxiliar"," 88831 ","SINAPI","BETONEIRA CAPACIDADE NOMINAL DE 400 L, CAPACIDADE DE MISTURA 280 L, MOTOR ELÉTRICO TRIFÁSICO POTÊNCIA DE 2 CV, SEM CARREGADOR - CHI DIURNO. AF_05/2023","CHOR - CUSTOS HORÁRIOS DE MÁQUINAS E EQUIPAMENTOS",null,"CHI",3.39,0.36,1.22]
["Insumo"," 00000370 ","SINAPI","AREIA MEDIA - POSTO JAZIDA/FORNECEDOR (RETIRADO NA JAZIDA, SEM TRANSPORTE)","Material",null,"m³",1.27,95,120.65]
["Insumo"," 00001379 ","SINAPI","CIMENTO PORTLAND COMPOSTO CP II-32","Material",null,"KG",573.61,0.77,441.67]
[{"$nulls":4},"MO sem LS =>",26.859004187994415,"LS =>",30.86,"MO com LS =>",57.72]
[{"$nulls":4},"Valor do BDI =>",155.22,null,"Valor com BDI =>",null,797.16]
[]
[null,"Código","Banco","Descrição","Tipo",null,"Und","Quant.","Valor Unit","Total"]
["Composição"," 88629 ","SINAPI","ARGAMASSA TRAÇO 1:3 (EM VOLUME DE CIMENTO E AREIA MÉDIA ÚMIDA), PREPARO MANUAL. AF_08/2019","SEDI - SERVIÇOS DIVERSOS",null,"m³",1,633.35,633.35]
["Composição Auxiliar"," 88316 ","SINAPI","SERVENTE COM ENCARGOS COMPLEMENTARES","SEDI - SERVIÇOS DIVERSOS",null,"H",8.57,18.649999999999999,159.83000000000001]
["Insumo"," 00000370 ","SINAPI","AREIA MEDIA - POSTO JAZIDA/FORNECEDOR (RETIRADO NA JAZIDA, SEM TRANSPORTE)","Material",null,"m³",1.07,95,101.65]
["Insumo"," 00001379 ","SINAPI","CIMENTO PORTLAND COMPOSTO CP II-32","Material",null,"KG",482.96,0.77,371.87]
[{"$nulls":4},"MO sem LS =>",53.755234993020011,"LS =>",61.76,"MO com LS =>",115.52]
[{"$nulls":4},"Valor do BDI =>",153.13999999999999,null,"Valor com BDI =>",null,786.49]
[]
[null,"Código","Banco","Descrição","Tipo",null,"Und","Quant.","Valor Unit","Total"]
["Composição"," 88628 ","SINAPI","ARGAMASSA TRAÇO 1:3 (EM VOLUME DE CIMENTO E AREIA MÉDIA ÚMIDA), PREPARO MECÂNICO COM BETONEIRA 400 L. AF_08/2019","SEDI - SERVIÇOS DIVERSOS",null,"m³",1,535.70000000000005,535.70000000000005]
["Composição Auxiliar"," 88377 ","SINAPI","OPERADOR DE BETONEIRA ESTACIONÁRIA/MISTURADOR COM ENCARGOS COMPLEMENTARES","SEDI - SERVIÇOS DIVERSOS",null,"H",3.42,17.22,58.89]
["Composição Auxiliar"," 88830 ","SINAPI","BETONEIRA CAPACIDADE NOMINAL DE 400 L, CAPACIDADE DE MISTURA 280 L, MOTOR ELÉTRICO TRIFÁSICO POTÊNCIA DE 2 CV, SEM CARREGADOR - CHP DIURNO. AF_05/2023","CHOR - CUSTOS HORÁRIOS DE MÁQUINAS E EQUIPAMENTOS",null,"CHP",0.8,2.23,1.78]
["Composição Auxiliar"," 88831 ","SINAPI","BETONEIRA CAPACIDADE NOMINAL DE 400 L, CAPACIDADE DE MISTURA 280 L, MOTOR ELÉTRICO TRIFÁSICO POTÊNCIA DE 2 CV, SEM CARREGADOR - CHI DIURNO. AF_05/2023","CHOR - CUSTOS HORÁRIOS DE MÁQUINAS E EQUIPAMENTOS",null,"CHI",2.62,0.36,0.94]
["Insumo"," 00000370 ","SINAPI","AREIA MEDIA - POSTO JAZIDA/FORNECEDOR (RETIRADO NA JAZIDA, SEM TRANSPORTE)","Material",null,"m³",1.07,95,101.65]
["Insumo"," 00001379 ","SINAPI","CIMENTO PORTLAND COMPOSTO CP II-32","Material",null,"KG",483.7,0.77,372.44]
[{"$nulls":4},"MO sem LS =>",20.781758957654723,"LS =>",23.88,"MO com LS =>",44.66]
[{"$nulls":4},"Valor do BDI =>",129.53,null,"Valor com BDI =>",null,665.23]
[]
[null,"Código","Banco","Descrição","Tipo",null,"Und","Quant.","Valor Unit","Total"]
["Composição"," 100489 ","SINAPI","ARGAMASSA TRAÇO 1:3 (EM VOLUME DE CIMENTO E AREIA MÉDIA ÚMIDA), PREPARO MECÂNICO COM BETONEIRA 600 L. AF_08/2019","SEDI - SERVIÇOS DIVERSOS",null,"m³",1,536.24,536.24]
["Composição Auxiliar"," 88316 ","SINAPI","SERVENTE COM ENCARGOS COMPLEMENTARES","SEDI - SERVIÇOS DIVERSOS",null,"H",0.75,18.649999999999999,13.98]
["Composição Auxiliar"," 88377 ","SINAPI","OPERADOR DE BETONEIRA ESTACIONÁRIA/MISTURADOR COM ENCARGOS COMPLEMENTARES","SEDI - SERVIÇOS DIVERSOS",null,"H",2.44,17.22,42.01]
["Composição Auxiliar"," 89225 ","SINAPI","BETONEIRA CAPACIDADE NOMINAL DE 600 L, CAPACIDADE DE MISTURA 360 L, MOTOR ELÉTRICO TRIFÁSICO POTÊNCIA DE 4 CV, SEM CARREGADOR - CHP DIURNO. AF_05/2023","CHOR - CUSTOS HORÁRIOS DE MÁQUINAS E EQUIPAMENTOS",null,"CHP",0.56999999999999995,5.94,3.38]
["Composição Auxiliar"," 89226 ","SINAPI","BETONEIRA CAPACIDADE NOMINAL DE 600 L, CAPACIDADE DE MISTURA 360 L, MOTOR ELÉTRICO TRIFÁSICO POTÊNCIA DE 4 CV, SEM CARREGADOR - CHI DIURNO. AF_05/2023","CHOR - CUSTOS HORÁRIOS DE MÁQUINAS E EQUIPAMENTOS",null,"CHI",1.87,1.48,2.76]
["Insumo"," 00000370 ","SINAPI","AREIA MEDIA - POSTO JAZIDA/FORNECEDOR (RETIRADO NA JAZIDA, SEM TRANSPORTE)","Material",null,"m³",1.07,95,101.65]
["Insumo"," 00001379 ","SINAPI","CIMENTO PORTLAND COMPOSTO CP II-32","Material",null,"KG",483.72,0.77,372.46]
[{"$nulls":4},"MO sem LS =>",19.530013959981385,"LS =>",22.44,"MO com LS =>",41.97]
[{"$nulls":4},"Valor do BDI =>",129.66,null,"Valor com BDI =>",null,665.9]
[]
[null,"Código","Banco","Descrição","Tipo",null,"Und","Quant.","Valor Unit","Total"]
["Composição"," 87316 ","SINAPI","ARGAMASSA TRAÇO 1:4 (EM VOLUME DE CIMENTO E AREIA GROSSA ÚMIDA) PARA CHAPISCO CONVENCIONAL, PREPARO MECÂNICO COM BETONEIRA 400 L. AF_08/2019","SEDI - SERVIÇOS DIVERSOS",null,"m³",1,446.25,446.25]
["Composição Auxiliar"," 88377 ","SINAPI","OPERADOR DE BETONEIRA ESTACIONÁRIA/MISTURADOR COM ENCARGOS COMPLEMENTARES","SEDI - SERVIÇOS DIVERSOS",null,"H",4.6399999999999997,17.22,79.900000000000006]
["Composição Auxiliar"," 88830 ","SINAPI","BETONEIRA CAPACIDADE NOMINAL DE 400 L, CAPACIDADE DE MISTURA 280 L, MOTOR ELÉTRICO TRIFÁSICO POTÊNCIA DE 2 CV, SEM CARREGADOR - CHP DIURNO. AF_05/2023","CHOR - CUSTOS HORÁRIOS DE MÁQUINAS E EQUIPAMENTOS",null,"CHP",1.08,2.23,2.4]
["Composição Auxiliar"," 88831 ","SINAPI","BETONEIRA CAPACIDADE NOMINAL DE 400 L, CAPACIDADE DE MISTURA 280 L, MOTOR ELÉTRICO TRIFÁSICO POTÊNCIA DE 2 CV, SEM CARREGADOR - CHI DIURNO. AF_05/2023","CHOR - CUSTOS HORÁRIOS DE MÁQUINAS E EQUIPAMENTOS",null,"CHI",3.56,0.36,1.28]
["Insumo"," 00000367 ","SINAPI","AREIA GROSSA - POSTO JAZIDA/FORNECEDOR (RETIRADO NA JAZIDA, SEM TRANSPORTE)","Material",null,"m³",1.02,96.24,98.16]
["Insumo"," 00001379 ","SINAPI","CIMENTO PORTLAND COMPOSTO CP II-32","Material",null,"KG",343.52,0.77,264.51]
[{"$nulls":4},"MO sem LS =>",28.194509073987902,"LS =>",32.4,"MO com LS =>",60.59]
[{"$nulls":4},"Valor do BDI =>",107.9,null,"Valor com BDI =>",null,554.15]
[]
[null,"Código","Banco","Descrição","Tipo",null,"Und","Quant.","Valor Unit","Total"]
["Composição"," 87301 ","SINAPI","ARGAMASSA TRAÇO 1:4 (EM VOLUME DE CIMENTO E AREIA MÉDIA ÚMIDA) PARA CONTRAPISO, PREPARO MECÂNICO COM BETONEIRA 400 L. AF_08/2019","SEDI - SERVIÇOS DIVERSOS",null,"m³",1,570.63,570.63]
["Composição Auxiliar"," 88377 ","SINAPI","OPERADOR DE BETONEIRA ESTACIONÁRIA/MISTURADOR COM ENCARGOS COMPLEMENTARES","SEDI - SERVIÇOS DIVERSOS",null,"H",4.8499999999999996,17.22,83.51]
["Composição Auxiliar"," 88830 ","SINAPI","BETONEIRA CAPACIDADE NOMINAL DE 400 L, CAPACIDADE DE MISTURA 280 L, MOTOR ELÉTRICO TRIFÁSICO POTÊNCIA DE 2 CV, SEM CARREGADOR - CHP DIURNO. AF_05/2023","CHOR - CUSTOS HORÁRIOS DE MÁQUINAS E EQUIPAMENTOS",null,"CHP",1.1299999999999999,2.23,2.5099999999999998]
["Composição Auxiliar"," 88831 ","SINAPI","BETONEIRA CAPACIDADE NOMINAL DE 400 L, CAPACIDADE DE MISTURA 280 L, MOTOR ELÉTRICO TRIFÁSICO POTÊNCIA DE 2 CV, SEM CARREGADOR - CHI DIURNO. AF_05/2023","CHOR - CUSTOS HORÁRIOS DE MÁQUINAS E EQUIPAMENTOS",null,"CHI",3.72,0.36,1.33]
["Insumo"," 00000370 ","SINAPI","AREIA MEDIA - POSTO JAZIDA/FORNECEDOR (RETIRADO NA JAZIDA, SEM TRANSPORTE)","Material",null,"m³",1.36,95,129.19999999999999]
["Insumo"," 00001379 ","SINAPI","CIMENTO PORTLAND COMPOSTO CP II-32","Material",null,"KG",459.85,0.77,354.08]
[{"$nulls":4},"MO sem LS =>",29.474174034434622,"LS =>",33.869999999999997,"MO com LS =>",63.34]
[{"$nulls":4},"Valor do BDI =>",137.97,null,"Valor com BDI =>",null,708.6]
[]
[null,"Código","Banco","Descrição","Tipo",null,"Und","Quant.","Valor Unit","Total"]
["Composição"," 88245 ","SINAPI","ARMADOR COM ENCARGOS COMPLEMENTARES","SEDI - SERVIÇOS DIVERSOS",null,"H",1,23.66,23.66]
["Composição Auxiliar"," 95314 ","SINAPI","CURSO DE CAPACITAÇÃO PARA ARMADOR (ENCARGOS COMPLEMENTARES) - HORISTA","SEDI - SERVIÇOS DIVERSOS",null,"H",1,0.21,0.21]
["Insumo"," 00000378 ","SINAPI","ARMADOR (HORISTA)","Mão de Obra",null,"H",1,18.11,18.11]
["Insumo"," 00037370 ","SINAPI","ALIMENTACAO - HORISTA (COLETADO CAIXA - ENCARGOS COMPLEMENTARES)","Outros",null,"H",1,1.64,1.64]
["Insumo"," 00037371 ","SINAPI","TRANSPORTE - HORISTA (COLETADO CAIXA - ENCARGOS COMPLEMENTARES)","Serviços",null,"H",1,0.48,0.48]
["Insumo"," 00037372 ","SINAPI","EXAMES - HORISTA (COLETADO CAIXA - ENCARGOS COMPLEMENTARES)","Outros",null,"H",1,1.1399999999999999,1.1399999999999999]
["Insumo"," 00037373 ","SINAPI","SEGURO - HORISTA (COLETADO CAIXA - ENCARGOS COMPLEMENTARES)","Taxas",null,"H",1,7.0000000000000007E-2,7.0000000000000007E-2]
["Insumo"," 00043465 ","SINAPI","FERRAMENTAS - FAMILIA PEDREIRO - HORISTA (ENCARGOS COMPLEMENTARES - COLETADO CAIXA)","Equipamento",null,"H",1,0.84,0.84]
["Insumo"," 00043489 ","SINAPI","EPI - FAMILIA PEDREIRO - HORISTA (ENCARGOS COMPLEMENTARES - COLETADO CAIXA)","Equipamento",null,"H",1,1.17,1.17]
[{"$nulls":4},"MO sem LS =>",8.5248953000000007,"LS =>",9.8000000000000007,"MO com LS =>",18.32]
[{"$nulls":4},"Valor do BDI =>",5.72,null,"Valor com BDI =>",null,29.38]
[]
[null,"Código","Banco","Descrição","Tipo",null,"Und","Quant.","Valor Unit","Total"]
["Composição"," 89998 ","SINAPI","ARMAÇÃO DE CINTA DE ALVENARIA ESTRUTURAL; DIÂMETRO DE 10,0 MM. AF_09/2021","FUES - FUNDAÇÕES E ESTRUTURAS",null,"KG",1,11.18,11.18]
["Composição Auxiliar"," 88238 ","SINAPI","AJUDANTE DE ARMADOR COM ENCARGOS COMPLEMENTARES","SEDI - SERVIÇOS DIVERSOS",null,"H",3.2500000000000001E-2,18.399999999999999,0.59]
["Composição Auxiliar"," 88245 ","SINAPI","ARMADOR COM ENCARGOS COMPLEMENTARES","SEDI - SERVIÇOS DIVERSOS",null,"H",4.8800000000000003E-2,23.66,1.1499999999999999]
["Insumo"," 00000034 ","SINAPI","ACO CA-50, 10,0 MM, VERGALHAO","Material",null,"KG",1,9.44,9.44]
[{"$nulls":4},"MO sem LS =>",0.60958585388552811,"LS =>",0.7,"MO com LS =>",1.31]
[{"$nulls":4},"Valor do BDI =>",2.7,null,"Valor com BDI =>",null,13.88]
[]
[null,"Código","Banco","Descrição","Tipo",null,"Und","Quant.","Valor Unit","Total"]
["Composição"," 92767 ","SINAPI","ARMAÇÃO DE LAJE DE ESTRUTURA CONVENCIONAL DE CONCRETO ARMADO UTILIZANDO AÇO CA-60 DE 4,2 MM - MONTAGEM. AF_06/2022","FUES - FUNDAÇÕES E ESTRUTURAS",null,"KG",1,16.16,16.16]
["Composição Auxiliar"," 88238 ","SINAPI","AJUDANTE DE ARMADOR COM ENCARGOS COMPLEMENTARES","SEDI - SERVIÇOS DIVERSOS",null,"H",1.72E-2,18.399999999999999,0.31]
["Composição Auxiliar"," 88245 ","SINAPI","ARMADOR COM ENCARGOS COMPLEMENTARES","SEDI - SERVIÇOS DIVERSOS",null,"H",0.1055,23.66,2.4900000000000002]
["Composição Auxiliar"," 92799 ","SINAPI","CORTE E DOBRA DE AÇO CA-60, DIÂMETRO DE 4,2 MM. AF_06/2022","FUES - FUNDAÇÕES E ESTRUTURAS",null,"KG",1,12.03,12.03]
["Insumo"," 00039017 ","SINAPI","ESPACADOR / DISTANCIADOR CIRCULAR COM ENTRADA LATERAL, EM PLASTICO, PARA VERGALHAO *4,2 A 12,5* MM, COBRIMENTO 20 MM","Material",null,"UN",2.8159999999999998,0.22,0.61]
["Insumo"," 00043132 ","SINAPI","ARAME RECOZIDO 16 BWG, D = 1,65 MM (0,016 KG/M) OU 18 BWG, D = 1,25 MM (0,01 KG/M)","Material",null,"KG",2.5000000000000001E-2,28.8,0.72]
[{"$nulls":4},"MO sem LS =>",1.8799441600744533,"LS =>",2.16,"MO com LS =>",4.04]
[{"$nulls":4},"Valor do BDI =>",3.9,null,"Valor com BDI =>",null,20.059999999999999]
[]
[null,"Código","Banco","Descrição","Tipo",null,"Und","Quant.","Valor Unit","Total"]
["Composição"," 89996 ","SINAPI","ARMAÇÃO VERTICAL DE ALVENARIA ESTRUTURAL; DIÂMETRO DE 10,0 MM. AF_09/2021","FUES - FUNDAÇÕES E ESTRUTURAS",null,"KG",1,11.64,11.64]
["Composição Auxiliar"," 88238 ","SINAPI","AJUDANTE DE ARMADOR COM ENCARGOS COMPLEMENTARES","SEDI - SERVIÇOS DIVERSOS",null,"H",4.1000000000000002E-2,18.399999999999999,0.75]
["Composição Auxiliar"," 88245 ","SINAPI","ARMADOR COM ENCARGOS COMPLEMENTARES","SEDI - SERVIÇOS DIVERSOS",null,"H",6.1499999999999999E-2,23.66,1.45]
["Insumo"," 00000034 ","SINAPI","ACO CA-50, 10,0 MM, VERGALHAO","Material",null,"KG",1,9.44,9.44]
[{"$nulls":4},"MO sem LS =>",0.76779897626803162,"LS =>",0.88,"MO com LS =>",1.65]
[{"$nulls":4},"Valor do BDI =>",2.81,null,"Valor com BDI =>",null,14.45]
[]
[null,"Código","Banco","Descrição","Tipo",null,"Und","Quant.","Valor Unit","Total"]
["Composição"," 88246 ","SINAPI","ASSENTADOR DE TUBOS COM ENCARGOS COMPLEMENTARES","SEDI - SERVIÇOS DIVERSOS",null,"H",1,19.100000000000001,19.100000000000001]
["Composição Auxiliar"," 95315 ","SINAPI","CURSO DE CAPACITAÇÃO PARA ASSENTADOR DE TUBOS (ENCARGOS COMPLEMENTARES) - HORISTA","SEDI - SERVIÇOS DIVERSOS",null,"H",1,0.22,0.22]
["Insumo"," 00037370 ","SINAPI","ALIMENTACAO - HORISTA (COLETADO CAIXA - ENCARGOS COMPLEMENTARES)","Outros",null,"H",1,1.64,1.64]
["Insumo"," 00037371 ","SINAPI","TRANSPORTE - HORISTA (COLETADO CAIXA - ENCARGOS COMPLEMENTARES)","Serviços",null,"H",1,0.48,0.48]
["Insumo"," 00037372 ","SINAPI","EXAMES - HORISTA (COLETADO CAIXA - ENCARGOS COMPLEMENTARES)","Outros",null,"H",1,1.1399999999999999,1.1399999999999999]
["Insumo"," 00037373 ","SINAPI","SEGURO - HORISTA (COLETADO CAIXA - ENCARGOS COMPLEMENTARES)","Taxas",null,"H",1,7.0000000000000007E-2,7.0000000000000007E-2]
["Insumo"," 00040331 ","SINAPI","ASSENTADOR DE MANILHAS","Mão de Obra",null,"H",1,14.72,14.72]
["Insumo"," 00043464 ","SINAPI","FERRAMENTAS - FAMILIA OPERADOR ESCAVADEIRA - HORISTA (ENCARGOS COMPLEMENTARES - COLETADO CAIXA)","Equipamento",null,"H",1,0.01,0.01]
["Insumo"," 00043488 ","SINAPI","EPI - FAMILIA OPERADOR ESCAVADEIRA - HORISTA (ENCARGOS COMPLEMENTARES - COLETADO CAIXA)","Equipamento",null,"H",1,0.82,0.82]
[{"$nulls":4},"MO sem LS =>",6.9520707000000002,"LS =>",7.99,"MO com LS =>",14.94]
[{"$nulls":4},"Valor do BDI =>",4.6100000000000003,null,"Valor com BDI =>",null,23.71]
[]
[null,"Código","Banco","Descrição","Tipo",null,"Und","Quant.","Valor Unit","Total"]
["Composição"," 100578 ","SINAPI","ASSENTAMENTO DE POSTE DE CONCRETO COM COMPRIMENTO NOMINAL DE 9 M, CARGA NOMINAL MENOR OU IGUAL A 1000 DAN, ENGASTAMENTO SIMPLES COM 1,5 M DE SOLO (NÃO INCLUI FORNECIMENTO). AF_11/2019","INEL - INSTALAÇÃO ELÉTRICA/ELETRIFICAÇÃO E ILUMINAÇÃO EXTERNA",null,"UN",1,494.12,494.12]
["Composição Auxiliar"," 5928 ","SINAPI","GUINDAUTO HIDRÁULICO, CAPACIDADE MÁXIMA DE CARGA 6200 KG, MOMENTO MÁXIMO DE CARGA 11,7 TM, ALCANCE MÁXIMO HORIZONTAL 9,70 M, INCLUSIVE CAMINHÃO TOCO PBT 16.000 KG, POTÊNCIA DE 189 CV - CHP DIURNO. AF_06/2014","CHOR - CUSTOS HORÁRIOS DE MÁQUINAS E EQUIPAMENTOS",null,"CHP",7.6999999999999999E-2,272.54000000000002,20.98]
["Composição Auxiliar"," 88247 ","SINAPI","AUXILIAR DE ELETRICISTA COM ENCARGOS COMPLEMENTARES","SEDI - SERVIÇOS DIVERSOS",null,"H",1.2330000000000001,19.73,24.32]
["Composição Auxiliar"," 88264 ","SINAPI","ELETRICISTA COM ENCARGOS COMPLEMENTARES","SEDI - SERVIÇOS DIVERSOS",null,"H",4.008,29.1,116.63]
["Insumo"," 00000863 ","SINAPI","CABO DE COBRE NU 35 MM2 MEIO-DURO","Material",null,"M",9,36.909999999999997,332.19]
[{"$nulls":4},"MO sem LS =>",53.317822242903674,"LS =>",61.26,"MO com LS =>",114.58]
[{"$nulls":4},"Valor do BDI =>",119.47,null,"Valor com BDI =>",null,613.59]
[]
[null,"Código","Banco","Descrição","Tipo",null,"Und","Quant.","Valor Unit","Total"]
["Composição"," 100316 ","SINAPI","AUXILIAR DE ALMOXARIFE COM ENCARGOS COMPLEMENTARES","SEDI - SERVIÇOS DIVERSOS",null,"MES",1,3178.03,3178.03]
["Composição Auxiliar"," 100310 ","SINAPI","CURSO DE CAPACITAÇÃO PARA AUXILIAR DE ALMOXARIFE (ENCARGOS COMPLEMENTARES) - MENSALISTA","SEDI - SERVIÇOS DIVERSOS",null,"MES",1,11.2,11.2]
["Insumo"," 00040863 ","SINAPI","EXAMES - MENSALISTA (COLETADO CAIXA - ENCARGOS COMPLEMENTARES)","Material",null,"MES",1,215.56,215.56]
["Insumo"," 00040864 ","SINAPI","SEGURO - MENSALISTA (COLETADO CAIXA - ENCARGOS COMPLEMENTARES)","Material",null,"MES",1,12.89,12.89]
["Insumo"," 00040908 ","SINAPI","AUXILIAR DE ALMOXARIFE (MENSALISTA)","Mão de Obra",null,"MES",1,2787.09,2787.09]
["Insumo"," 00043470 ","SINAPI","FERRAMENTAS - FAMILIA ALMOXARIFE - MENSALISTA (ENCARGOS COMPLEMENTARES - COLETADO CAIXA)","Equipamento",null,"MES",1,10.6,10.6]
["Insumo"," 00043494 ","SINAPI","EPI - FAMILIA ALMOXARIFE - MENSALISTA (ENCARGOS COMPLEMENTARES - COLETADO CAIXA)","Equipamento",null,"MES",1,140.69,140.69]
[{"$nulls":4},"MO sem LS =>",1302.1358772000001,"LS =>",1496.15,"MO com LS =>",2798.29]
[{"$nulls":4},"Valor do BDI =>",768.44,null,"Valor com BDI =>",null,3946.47]
[]
[null,"Código","Banco","Descrição","Tipo",null,"Und","Quant.","Valor Unit","Total"]
["Composição"," 88247 ","SINAPI","AUXILIAR DE ELETRICISTA COM ENCARGOS COMPLEMENTARES","SEDI - SERVIÇOS DIVERSOS",null,"H",1,19.73,19.73]
["Composição Auxiliar"," 95316 ","SINAPI","CURSO DE CAPACITAÇÃO PARA AUXILIAR DE ELETRICISTA (ENCARGOS COMPLEMENTARES) - HORISTA","SEDI - SERVIÇOS DIVERSOS",null,"H",1,0.54,0.54]
["Insumo"," 00000247 ","SINAPI","AJUDANTE DE ELETRICISTA (HORISTA)","Mão de Obra",null,"H",1,13.86,13.86]
["Insumo"," 00037370 ","SINAPI","ALIMENTACAO - HORISTA (COLETADO CAIXA - ENCARGOS COMPLEMENTARES)","Outros",null,"H",1,1.64,1.64]
["Insumo"," 00037371 ","SINAPI","TRANSPORTE - HORISTA (COLETADO CAIXA - ENCARGOS COMPLEMENTARES)","Serviços",null,"H",1,0.48,0.48]
["Insumo"," 00037372 ","SINAPI","EXAMES - HORISTA (COLETADO CAIXA - ENCARGOS COMPLEMENTARES)","Outros",null,"H",1,1.1399999999999999,1.1399999999999999]
["Insumo"," 00037373 ","SINAPI","SEGURO - HORISTA (COLETADO CAIXA - ENCARGOS COMPLEMENTARES)","Taxas",null,"H",1,7.0000000000000007E-2,7.0000000000000007E-2]
["Insumo"," 00043460 ","SINAPI","FERRAMENTAS - FAMILIA ELETRICISTA - HORISTA (ENCARGOS COMPLEMENTARES - COLETADO CAIXA)","Equipamento",null,"H",1,0.86,0.86]
["Insumo"," 00043484 ","SINAPI","EPI - FAMILIA ELETRICISTA - HORISTA (ENCARGOS COMPLEMENTARES - COLETADO CAIXA)","Equipamento",null,"H",1,1.1399999999999999,1.1399999999999999]
[{"$nulls":4},"MO sem LS =>",6.7007911,"LS =>",7.7,"MO com LS =>",14.4]
[{"$nulls":4},"Valor do BDI =>",4.7699999999999996,null,"Valor com BDI =>",null,24.5]
[]
[null,"Código","Banco","Descrição","Tipo",null,"Und","Quant.","Valor Unit","Total"]
["Composição"," 88248 ","SINAPI","AUXILIAR DE ENCANADOR OU BOMBEIRO HIDRÁULICO COM ENCARGOS COMPLEMENTARES","SEDI - SERVIÇOS DIVERSOS",null,"H",1,18.78,18.78]
["Composição Auxiliar"," 95317 ","SINAPI","CURSO DE CAPACITAÇÃO PARA AUXILIAR DE ENCANADOR OU BOMBEIRO HIDRÁULICO (ENCARGOS COMPLEMENTARES) - HORISTA","SEDI - SERVIÇOS DIVERSOS",null,"H",1,0.26,0.26]
["Insumo"," 00000246 ","SINAPI","AUXILIAR DE ENCANADOR OU BOMBEIRO HIDRAULICO (HORISTA)","Mão de Obra",null,"H",1,13.86,13.86]
["Insumo"," 00037370 ","SINAPI","ALIMENTACAO - HORISTA (COLETADO CAIXA - ENCARGOS COMPLEMENTARES)","Outros",null,"H",1,1.64,1.64]
["Insumo"," 00037371 ","SINAPI","TRANSPORTE - HORISTA (COLETADO CAIXA - ENCARGOS COMPLEMENTARES)","Serviços",null,"H",1,0.48,0.48]
["Insumo"," 00037372 ","SINAPI","EXAMES - HORISTA (COLETADO CAIXA - ENCARGOS COMPLEMENTARES)","Outros",null,"H",1,1.1399999999999999,1.1399999999999999]
["Insumo"," 00037373 ","SINAPI","SEGURO - HORISTA (COLETADO CAIXA - ENCARGOS COMPLEMENTARES)","Taxas",null,"H",1,7.0000000000000007E-2,7.0000000000000007E-2]
["Insumo"," 00043461 ","SINAPI","FERRAMENTAS - FAMILIA ENCANADOR - HORISTA (ENCARGOS COMPLEMENTARES - COLETADO CAIXA)","Equipamento",null,"H",1,0.32,0.32]
["Insumo"," 00043485 ","SINAPI","EPI - FAMILIA ENCANADOR - HORISTA (ENCARGOS COMPLEMENTARES - COLETADO CAIXA)","Equipamento",null,"H",1,1.01,1.01]
[{"$nulls":4},"MO sem LS =>",6.5704979000000003,"LS =>",7.55,"MO com LS =>",14.12]
[{"$nulls":4},"Valor do BDI =>",4.54,null,"Valor com BDI =>",null,23.32]
[]
[null,"Código","Banco","Descrição","Tipo",null,"Und","Quant.","Valor Unit","Total"]
["Composição"," 88250 ","SINAPI","AUXILIAR DE MECÂNICO COM ENCARGOS COMPLEMENTARES","SEDI - SERVIÇOS DIVERSOS",null,"H",1,16.03,16.03]
["Composição Auxiliar"," 95319 ","SINAPI","CURSO DE CAPACITAÇÃO PARA AUXILIAR DE MECÂNICO (ENCARGOS COMPLEMENTARES) - HORISTA","SEDI - SERVIÇOS DIVERSOS",null,"H",1,0.14000000000000001,0.14000000000000001]
["Insumo"," 00000251 ","SINAPI","AUXILIAR DE MECANICO","Mão de Obra",null,"H",1,11.73,11.73]
["Insumo"," 00037370 ","SINAPI","ALIMENTACAO - HORISTA (COLETADO CAIXA - ENCARGOS COMPLEMENTARES)","Outros",null,"H",1,1.64,1.64]
["Insumo"," 00037371 ","SINAPI","TRANSPORTE - HORISTA (COLETADO CAIXA - ENCARGOS COMPLEMENTARES)","Serviços",null,"H",1,0.48,0.48]
["Insumo"," 00037372 ","SINAPI","EXAMES - HORISTA (COLETADO CAIXA - ENCARGOS COMPLEMENTARES)","Outros",null,"H",1,1.1399999999999999,1.1399999999999999]
["Insumo"," 00037373 ","SINAPI","SEGURO - HORISTA (COLETADO CAIXA - ENCARGOS COMPLEMENTARES)","Taxas",null,"H",1,7.0000000000000007E-2,7.0000000000000007E-2]
["Insumo"," 00043464 ","SINAPI","FERRAMENTAS - FAMILIA OPERADOR ESCAVADEIRA - HORISTA (ENCARGOS COMPLEMENTARES - COLETADO CAIXA)","Equipamento",null,"H",1,0.01,0.01]
["Insumo"," 00043488 ","SINAPI","EPI - FAMILIA OPERADOR ESCAVADEIRA - HORISTA (ENCARGOS COMPLEMENTARES - COLETADO CAIXA)","Equipamento",null,"H",1,0.82,0.82]
[{"$nulls":4},"MO sem LS =>",5.5234993000000001,"LS =>",6.35,"MO com LS =>",11.87]
[{"$nulls":4},"Valor do BDI =>",3.87,null,"Valor com BDI =>",null,19.899999999999999]
[]
[null,"Código","Banco","Descrição","Tipo",null,"Und","Quant.","Valor Unit","Total"]
["Composição"," 101389 ","SINAPI","AUXILIAR DE TOPÓGRAFO COM ENCARGOS COMPLEMENTARES","SEDI - SERVIÇOS DIVERSOS",null,"MES",1,3435.82,3435.82]
["Composição Auxiliar"," 101301 ","SINAPI","CURSO DE CAPACITAÇÃO PARA AUXILIAR DE TOPÓGRAFO (ENCARGOS COMPLEMENTARES) - MENSALISTA","SEDI - SERVIÇOS DIVERSOS",null,"MES",1,20,20]
["Insumo"," 00040863 ","SINAPI","EXAMES - MENSALISTA (COLETADO CAIXA - ENCARGOS COMPLEMENTARES)","Material",null,"MES",1,215.56,215.56]
["Insumo"," 00040864 ","SINAPI","SEGURO - MENSALISTA (COLETADO CAIXA - ENCARGOS COMPLEMENTARES)","Material",null,"MES",1,12.89,12.89]
["Insumo"," 00041093 ","SINAPI","AUXILIAR DE TOPOGRAFO (MENSALISTA)","Mão de Obra",null,"MES",1,3045.49,3045.49]
["Insumo"," 00043481 ","SINAPI","FERRAMENTAS - FAMILIA TOPOGRAFO - MENSALISTA (ENCARGOS COMPLEMENTARES - COLETADO CAIXA)","Equipamento",null,"MES",1,15.18,15.18]
["Insumo"," 00043505 ","SINAPI","EPI - FAMILIA TOPOGRAFO - MENSALISTA (ENCARGOS COMPLEMENTARES - COLETADO CAIXA)","Equipamento",null,"MES",1,126.7,126.7]
[{"$nulls":4},"MO sem LS =>",1426.4727780000001,"LS =>",1639.02,"MO com LS =>",3065.49]
[{"$nulls":4},"Valor do BDI =>",830.78,null,"Valor com BDI =>",null,4266.6000000000004]
[]
[null,"Código","Banco","Descrição","Tipo",null,"Und","Quant.","Valor Unit","Total"]
["Composição"," 88256 ","SINAPI","AZULEJISTA OU LADRILHISTA COM ENCARGOS COMPLEMENTARES","SEDI - SERVIÇOS DIVERSOS",null,"H",1,23.73,23.73]
["Composição Auxiliar"," 95324 ","SINAPI","CURSO DE CAPACITAÇÃO PARA AZULEJISTA OU LADRILHISTA (ENCARGOS COMPLEMENTARES) - HORISTA","SEDI - SERVIÇOS DIVERSOS",null,"H",1,0.28000000000000003,0.28000000000000003]
["Insumo"," 00004760 ","SINAPI","AZULEJISTA OU LADRILHEIRO (HORISTA)","Mão de Obra",null,"H",1,18.11,18.11]
["Insumo"," 00037370 ","SINAPI","ALIMENTACAO - HORISTA (COLETADO CAIXA - ENCARGOS COMPLEMENTARES)","Outros",null,"H",1,1.64,1.64]
["Insumo"," 00037371 ","SINAPI","TRANSPORTE - HORISTA (COLETADO CAIXA - ENCARGOS COMPLEMENTARES)","Serviços",null,"H",1,0.48,0.48]
["Insumo"," 00037372 ","SINAPI","EXAMES - HORISTA (COLETADO CAIXA - ENCARGOS COMPLEMENTARES)","Outros",null,"H",1,1.1399999999999999,1.1399999999999999]
["Insumo"," 00037373 ","SINAPI","SEGURO - HORISTA (COLETADO CAIXA - ENCARGOS COMPLEMENTARES)","Taxas",null,"H",1,7.0000000000000007E-2,7.0000000000000007E-2]
["Insumo"," 00043465 ","SINAPI","FERRAMENTAS - FAMILIA PEDREIRO - HORISTA (ENCARGOS COMPLEMENTARES - COLETADO CAIXA)","Equipamento",null,"H",1,0.84,0.84]
["Insumo"," 00043489 ","SINAPI","EPI - FAMILIA PEDREIRO - HORISTA (ENCARGOS COMPLEMENTARES - COLETADO CAIXA)","Equipamento",null,"H",1,1.17,1.17]
[{"$nulls":4},"MO sem LS =>",8.5574686,"LS =>",9.83,"MO com LS =>",18.39]
[{"$nulls":4},"Valor do BDI =>",5.73,null,"Valor com BDI =>",null,29.46]
[]
[null,"Código","Banco","Descrição","Tipo",null,"Und","Quant.","Valor Unit","Total"]
["Composição"," 160 ","ORSE","Alvenaria bloco concreto vedação 9x19x39cm, e= 0,09m, com argamassa traço t5 - 1:2:8 (cimento/cal/areia), junta de 1,0cm - Rev.06","Alvenarias de Vedação",null,"m²",1,64.900000000000006,64.900000000000006]
["Composição Auxiliar"," 10549 ","ORSE","Encargos Complementares - Servente","Provisórios",null,"h",0.43,3.75,1.61]
["Composição Auxiliar"," 10550 ","ORSE","Encargos Complementares - Pedreiro","Provisórios",null,"h",0.71,3.61,2.56]
["Composição Auxiliar"," 3308 ","ORSE","Argamassa em volume - cimento, cal e areia traço t-5 (1:2:8) - 1 saco cimento 50 kg / 2 sacos cal 20 kg / 8 padiolas de areia dim 0.35 x 0.45 x 0.13 m - Confecção mecânica e transporte","Conversão InfoWOrca",null,"m³",1.47E-2,530.58000000000004,7.79]
["Insumo"," 00000650 ","SINAPI","BLOCO DE VEDACAO DE CONCRETO, 9 X 19 X 39 CM (CLASSE C - NBR 6136)","Material",null,"UN",13.5,2.5499999999999998,34.42]
["Insumo"," 00004750 ","SINAPI","PEDREIRO (HORISTA)","Mão de Obra",null,"H",0.71,18.11,12.85]
["Insumo"," 00006111 ","SINAPI","SERVENTE DE OBRAS","Mão de Obra",null,"H",0.43,13.19,5.67]
[{"$nulls":4},"MO sem LS =>",8.9762680316426238,"LS =>",10.31,"MO com LS =>",19.29]
[{"$nulls":4},"Valor do BDI =>",15.69,null,"Valor com BDI =>",null,80.59]
[]
[null,"Código","Banco","Descrição","Tipo",null,"Und","Quant.","Valor Unit","Total"]
["Composição"," 91 ","ORSE","Alvenaria pedra calcárea argamassada c/ cimento e areia traço t-4 (1:5) - 1 saco cimento 50kg / 5 padiolas areia dim. 0,35z0,45x0,23m - Confecção mecânica e transporte","Alvenarias de Pedra e Concretos para Fundações",null,"m³",1,439.31,439.31]
["Composição Auxiliar"," 10549 ","ORSE","Encargos Complementares - Servente","Provisórios",null,"h",6,3.75,22.5]
["Composição Auxiliar"," 10550 ","ORSE","Encargos Complementares - Pedreiro","Provisórios",null,"h",6,3.61,21.66]
["Composição Auxiliar"," 1906 ","ORSE","Argamassa cimento e areia traço t-4 (1:5) - 1 saco cimento 50kg / 5 padiolas areia dim. 0,35z0,45x0,23m - Confecção mecânica e transporte","Argamassas",null,"m³",0.3,401.36,120.4]
["Insumo"," 00004730 ","SINAPI","PEDRA DE MAO OU PEDRA RACHAO PARA ARRIMO/FUNDACAO (POSTO PEDREIRA/FORNECEDOR, SEM FRETE)","Material",null,"m³",1.2,72.459999999999994,86.95]
["Insumo"," 00004750 ","SINAPI","PEDREIRO (HORISTA)","Mão de Obra",null,"H",6,18.11,108.66]
["Insumo"," 00006111 ","SINAPI","SERVENTE DE OBRAS","Mão de Obra",null,"H",6,13.19,79.14]
[{"$nulls":4},"MO sem LS =>",94.751046998603996,"LS =>",108.87,"MO com LS =>",203.62]
[{"$nulls":4},"Valor do BDI =>",106.22,null,"Valor com BDI =>",null,545.53]
[]
[null,"Código","Banco","Descrição","Tipo",null,"Und","Quant.","Valor Unit","Total"]
["Composição"," 157 ","ORSE","Alvenaria tijolo cerâmico maciço (5x9x19), esp = 0,19m (dobrada), com argamassa traço t5 - 1:2:8 (cimento / cal / areia) c/ junta de 2,0cm - R1","Alvenarias de Vedação",null,"m²",1,190.11,190.11]
["Composição Auxiliar"," 3308 ","ORSE","Argamassa em volume - cimento, cal e areia traço t-5 (1:2:8) - 1 saco cimento 50 kg / 2 sacos cal 20 kg / 8 padiolas de areia dim 0.35 x 0.45 x 0.13 m - Confecção mecânica e transporte","Conversão InfoWOrca",null,"m³",7.9000000000000001E-2,530.58000000000004,41.91]
["Composição Auxiliar"," 10549 ","ORSE","Encargos Complementares - Servente","Provisórios",null,"h",1.81,3.75,6.78]
["Composição Auxiliar"," 10550 ","ORSE","Encargos Complementares - Pedreiro","Provisórios",null,"h",2.42,3.61,8.73]
["Insumo"," 2212 ","ORSE","Tijolo cerâmico maciço 5 x 9 x 19cm un","Material",null,"un",130,0.5,65]
["Insumo"," 00004750 ","SINAPI","PEDREIRO (HORISTA)","Mão de Obra",null,"H",2.42,18.11,43.82]
["Insumo"," 00006111 ","SINAPI","SERVENTE DE OBRAS","Mão de Obra",null,"H",1.81,13.19,23.87]
[{"$nulls":4},"MO sem LS =>",33.434155421126107,"LS =>",38.42,"MO com LS =>",71.849999999999994]
[{"$nulls":4},"Valor do BDI =>",45.96,null,"Valor com BDI =>",null,236.07]
[]
[null,"Código","Banco","Descrição","Tipo",null,"Und","Quant.","Valor Unit","Total"]
["Composição"," 4805756 ","SICRO3","Apiloamento manual de superfície com espessura de 15 cm","",null,"m²",1,4.18,4.18]
["B","Código","Banco","Mão de Obra","Quantidade","Salário Hora",null,null,null,"Custo Horário"]
["Insumo","P9824","SICRO3","Servente",1,null,null,null,18.586300000000001,18.586300000000001]
[{"$nulls":5},"Custo Horário da Mão de Obra =>",null,null,null,18.586300000000001]
[{"$nulls":5},"Adc.M.O. - Ferramentas (0,0%) =>",null,null,null,0]
[{"$nulls":5},"Custo Horário de Execução =>",null,null,null,18.586300000000001]
[{"$nulls":5},"Fator de Influencia da Chuva - FIC =>",null,null,null,0]
[{"$nulls":5},"Custo do FIC =>",null,null,null,0]
[{"$nulls":5},"Produção de Equipe =>",null,null,null,4.4443999999999999]
[{"$nulls":5},"Custo Unitário de Execução =>",null,null,null,4.1818999999999997]
[{"$nulls":4},"MO sem LS =>",1.9459849613409408,"LS =>",2.23,"MO com LS =>",4.1819216819216818]
[{"$nulls":4},"Valor do BDI =>",1.01,null,"Valor com BDI =>",null,5.19]
[]
[null,"Código","Banco","Descrição","Tipo",null,"Und","Quant.","Valor Unit","Total"]
["Composição"," 1903 ","ORSE","Argamassa cimento e areia traço t-1 (1:3) - 1 saco cimento 50kg / 3 padiolas areia dim. 0.35 x 0.45 x 0.23 m - Confecção mecânica e transporte","Argamassas",null,"m³",1,518.54999999999995,518.54999999999995]
["Composição Auxiliar"," 10549 ","ORSE","Encargos Complementares - Servente","Provisórios",null,"h",4,3.75,15]
["Insumo"," 00000370 ","SINAPI","AREIA MEDIA - POSTO JAZIDA/FORNECEDOR (RETIRADO NA JAZIDA, SEM TRANSPORTE)","Material",null,"m³",1.08,95,102.6]
["Insumo"," 00001379 ","SINAPI","CIMENTO PORTLAND COMPOSTO CP II-32","Material",null,"KG",452.2,0.77,348.19]
["Insumo"," 00006111 ","SINAPI","SERVENTE DE OBRAS","Mão de Obra",null,"H",4,13.19,52.76]
[{"$nulls":4},"MO sem LS =>",24.5509539,"LS =>",28.21,"MO com LS =>",52.76]
[{"$nulls":4},"Valor do BDI =>",125.38,null,"Valor com BDI =>",null,643.92999999999995]
[]
[null,"Código","Banco","Descrição","Tipo",null,"Und","Quant.","Valor Unit","Total"]
["Composição"," 1903 ","ORSE","Argamassa cimento e areia traço t-1 (1:3) - 1 saco cimento 50kg / 3 padiolas areia dim. 0.35 x 0.45 x 0.23 m - Confecção mecânica e transporte","Argamassas",null,"m³",1,518.54999999999995,518.54999999999995]
["Composição Auxiliar"," 10549 ","ORSE","Encargos Complementares - Servente","Provisórios",null,"h",4,3.75,15]
["Insumo"," 00000370 ","SINAPI","AREIA MEDIA - POSTO JAZIDA/FORNECEDOR (RETIRADO NA JAZIDA, SEM TRANSPORTE)","Material",null,"m³",1.08,95,102.6]
["Insumo"," 00001379 ","SINAPI","CIMENTO PORTLAND COMPOSTO CP II-32","Material",null,"KG",452.2,0.77,348.19]
["Insumo"," 00006111 ","SINAPI","SERVENTE DE OBRAS","Mão de Obra",null,"H",4,13.19,52.76]
[{"$nulls":4},"MO sem LS =>",24.5509539,"LS =>",28.21,"MO com LS =>",52.76]
[{"$nulls":4},"Valor do BDI =>",125.38,null,"Valor com BDI =>",null,643.92999999999995]
[]
[null,"Código","Banco","Descrição","Tipo",null,"Und","Quant.","Valor Unit","Total"]
["Composição"," 1906 ","ORSE","Argamassa cimento e areia traço t-4 (1:5) - 1 saco cimento 50kg / 5 padiolas areia dim. 0,35z0,45x0,23m - Confecção mecânica e transporte","Argamassas",null,"m³",1,401.36,401.36]
["Composição Auxiliar"," 10549 ","ORSE","Encargos Complementares - Servente","Provisórios",null,"h",4,3.75,15]
["Insumo"," 00000370 ","SINAPI","AREIA MEDIA - POSTO JAZIDA/FORNECEDOR (RETIRADO NA JAZIDA, SEM TRANSPORTE)","Material",null,"m³",1.08,95,102.6]
["Insumo"," 00001379 ","SINAPI","CIMENTO PORTLAND COMPOSTO CP II-32","Material",null,"KG",300,0.77,231]
["Insumo"," 00006111 ","SINAPI","SERVENTE DE OBRAS","Mão de Obra",null,"H",4,13.19,52.76]
[{"$nulls":4},"MO sem LS =>",24.5509539,"LS =>",28.21,"MO com LS =>",52.76]
[{"$nulls":4},"Valor do BDI =>",97.04,null,"Valor com BDI =>",null,498.4]
[]
[null,"Código","Banco","Descrição","Tipo",null,"Und","Quant.","Valor Unit","Total"]
["Composição"," 3309 ","ORSE","Argamassa cimento, cal e areia traço t-6 (1:2:10) - 1 saco cimento de 50 kg / 2 sacos de cal de 20 kg / 10 padiolas de areia grossa dim 0.35 x 0.45 x 0.13 m - Confecção mecânica e transporte","Conversão InfoWOrca",null,"m³",1,465.98,465.98]
["Composição Auxiliar"," 10549 ","ORSE","Encargos Complementares - Servente","Provisórios",null,"h",4,3.75,15]
["Insumo"," 00000367 ","SINAPI","AREIA GROSSA - POSTO JAZIDA/FORNECEDOR (RETIRADO NA JAZIDA, SEM TRANSPORTE)","Material",null,"m³",1.216,96.24,117.02]
["Insumo"," 00001106 ","SINAPI","CAL HIDRATADA CH-I PARA ARGAMASSAS","Material",null,"KG",148,1.1299999999999999,167.24]
["Insumo"," 00001379 ","SINAPI","CIMENTO PORTLAND COMPOSTO CP II-32","Material",null,"KG",148,0.77,113.96]
["Insumo"," 00006111 ","SINAPI","SERVENTE DE OBRAS","Mão de Obra",null,"H",4,13.19,52.76]
[{"$nulls":4},"MO sem LS =>",24.5509539,"LS =>",28.21,"MO com LS =>",52.76]
[{"$nulls":4},"Valor do BDI =>",112.67,null,"Valor com BDI =>",null,578.65]
[]
[null,"Código","Banco","Descrição","Tipo",null,"Und","Quant.","Valor Unit","Total"]
["Composição"," 3308 ","ORSE","Argamassa em volume - cimento, cal e areia traço t-5 (1:2:8) - 1 saco cimento 50 kg / 2 sacos cal 20 kg / 8 padiolas de areia dim 0.35 x 0.45 x 0.13 m - Confecção mecânica e transporte","Conversão InfoWOrca",null,"m³",1,530.58000000000004,530.58000000000004]
["Composição Auxiliar"," 10549 ","ORSE","Encargos Complementares - Servente","Provisórios",null,"h",4,3.75,15]
["Insumo"," 00000367 ","SINAPI","AREIA GROSSA - POSTO JAZIDA/FORNECEDOR (RETIRADO NA JAZIDA, SEM TRANSPORTE)","Material",null,"m³",1.216,96.24,117.02]
["Insumo"," 00001106 ","SINAPI","CAL HIDRATADA CH-I PARA ARGAMASSAS","Material",null,"KG",182,1.1299999999999999,205.66]
["Insumo"," 00001379 ","SINAPI","CIMENTO PORTLAND COMPOSTO CP II-32","Material",null,"KG",182,0.77,140.13999999999999]
["Insumo"," 00006111 ","SINAPI","SERVENTE DE OBRAS","Mão de Obra",null,"H",4,13.19,52.76]
[{"$nulls":4},"MO sem LS =>",24.5509539,"LS =>",28.21,"MO com LS =>",52.76]
[{"$nulls":4},"Valor do BDI =>",128.29,null,"Valor com BDI =>",null,658.87]
[]
[null,"Código","Banco","Descrição","Tipo",null,"Und","Quant.","Valor Unit","Total"]
["Composição"," 140 ","ORSE","Aço CA - 50 Ø 6,3 a 12,5mm, inclusive corte, dobragem, montagem e colocacao de ferragens nas formas, para superestruturas e fundações - R1","Armaduras Convencionais",null,"kg",1,12.81,12.81]
["Composição Auxiliar"," 10549 ","ORSE","Encargos Complementares - Servente","Provisórios",null,"h",0.08,3.75,0.3]
["Composição Auxiliar"," 10555 ","ORSE","Encargos Complementares - Armador","Provisórios",null,"h",0.08,3.58,0.28000000000000003]
["Insumo"," 81 ","ORSE","Aço ca-50   6,3 a 12,5 mm kg","Material",null,"kg",1,8.9499999999999993,8.9499999999999993]
["Insumo"," 00000378 ","SINAPI","ARMADOR (HORISTA)","Mão de Obra",null,"H",0.08,18.11,1.44]
["Insumo"," 00006111 ","SINAPI","SERVENTE DE OBRAS","Mão de Obra",null,"H",0.08,13.19,1.05]
["Insumo"," 00039017 ","SINAPI","ESPACADOR / DISTANCIADOR CIRCULAR COM ENTRADA LATERAL, EM PLASTICO, PARA VERGALHAO *4,2 A 12,5* MM, COBRIMENTO 20 MM","Material",null,"UN",0.4,0.22,0.08]
["Insumo"," 00039315 ","SINAPI","ESPACADOR / DISTANCIADOR TIPO GARRA DUPLA, EM PLASTICO, COBRIMENTO *20* MM, PARA FERRAGENS DE LAJES E FUNDO DE VIGAS","Material",null,"UN",0.4,0.35,0.14000000000000001]
["Insumo"," 00043132 ","SINAPI","ARAME RECOZIDO 16 BWG, D = 1,65 MM (0,016 KG/M) OU 18 BWG, D = 1,25 MM (0,01 KG/M)","Material",null,"KG",0.02,28.8,0.56999999999999995]
[{"$nulls":4},"MO sem LS =>",1.1586784999999999,"LS =>",1.33,"MO com LS =>",2.4900000000000002]
[{"$nulls":4},"Valor do BDI =>",3.09,null,"Valor com BDI =>",null,15.9]
[]
[null,"Código","Banco","Descrição","Tipo",null,"Und","Quant.","Valor Unit","Total"]
["Composição"," 86934 ","SINAPI","BANCADA DE MÁRMORE SINTÉTICO 120 X 60CM, COM CUBA INTEGRADA, INCLUSO SIFÃO TIPO FLEXÍVEL EM PVC, VÁLVULA EM PLÁSTICO CROMADO TIPO AMERICANA E TORNEIRA CROMADA LONGA, DE PAREDE, PADRÃO POPULAR - FORNECIMENTO E INSTALAÇÃO. AF_01/2020","INHI - INSTALAÇÕES HIDROS SANITÁRIAS",null,"UN",1,338.71,338.71]
["Composição Auxiliar"," 86880 ","SINAPI","VÁLVULA EM PLÁSTICO CROMADO TIPO AMERICANA 3.1/2\u0094 X 1.1/2\u0094 SEM ADAPTADOR PARA PIA - FORNECIMENTO E INSTALAÇÃO. AF_01/2020","INHI - INSTALAÇÕES HIDROS SANITÁRIAS",null,"UN",1,25.92,25.92]
["Composição Auxiliar"," 86883 ","SINAPI","SIFÃO DO TIPO FLEXÍVEL EM PVC 1  X 1.1/2  - FORNECIMENTO E INSTALAÇÃO. AF_01/2020","INHI - INSTALAÇÕES HIDROS SANITÁRIAS",null,"UN",1,11.93,11.93]
["Composição Auxiliar"," 86894 ","SINAPI","BANCADA DE MÁRMORE SINTÉTICO, DE 120 X 60CM, COM CUBA INTEGRADA - FORNECIMENTO E INSTALAÇÃO. AF_01/2020","INHI - INSTALAÇÕES HIDROS SANITÁRIAS",null,"UN",1,223.11,223.11]
["Composição Auxiliar"," 86911 ","SINAPI","TORNEIRA CROMADA LONGA, DE PAREDE, 1/2\u0094 OU 3/4\u0094, PARA PIA DE COZINHA, PADRÃO POPULAR - FORNECIMENTO E INSTALAÇÃO. AF_01/2020","INHI - INSTALAÇÕES HIDROS SANITÁRIAS",null,"UN",1,77.75,77.75]
[{"$nulls":4},"MO sem LS =>",17.082363900000001,"LS =>",19.63,"MO com LS =>",36.71]
[{"$nulls":4},"Valor do BDI =>",81.900000000000006,null,"Valor com BDI =>",null,420.61]
[]
[null,"Código","Banco","Descrição","Tipo",null,"Und","Quant.","Valor Unit","Total"]
["Composição"," 86894 ","SINAPI","BANCADA DE MÁRMORE SINTÉTICO, DE 120 X 60CM, COM CUBA INTEGRADA - FORNECIMENTO E INSTALAÇÃO. AF_01/2020","INHI - INSTALAÇÕES HIDROS SANITÁRIAS",null,"UN",1,223.11,223.11]
["Composição Auxiliar"," 88267 ","SINAPI","ENCANADOR OU BOMBEIRO HIDRÁULICO COM ENCARGOS COMPLEMENTARES","SEDI - SERVIÇOS DIVERSOS",null,"H",0.82540000000000002,27.97,23.08]
["Composição Auxiliar"," 88316 ","SINAPI","SERVENTE COM ENCARGOS COMPLEMENTARES","SEDI - SERVIÇOS DIVERSOS",null,"H",0.63590000000000002,18.649999999999999,11.85]
["Insumo"," 00000541 ","SINAPI","BANCADA DE MARMORE SINTETICO COM UMA CUBA, 120 X *60* CM","Material",null,"UN",1,131.94999999999999,131.94999999999999]
["Insumo"," 00004823 ","SINAPI","MASSA PLASTICA PARA MARMORE/GRANITO","Material",null,"KG",6.9199999999999998E-2,51.02,3.53]
["Insumo"," 00007568 ","SINAPI","BUCHA DE NYLON SEM ABA S10, COM PARAFUSO DE 6,10 X 65 MM EM ACO ZINCADO COM ROSCA SOBERBA, CABECA CHATA E FENDA PHILLIPS","Material",null,"UN",4,0.61,2.44]
["Insumo"," 00037329 ","SINAPI","REJUNTE EPOXI, QUALQUER COR","Material",null,"KG",9.3600000000000003E-2,103.88,9.7200000000000006]
["Insumo"," 00037591 ","SINAPI","SUPORTE MAO-FRANCESA EM ACO, ABAS IGUAIS 40 CM, CAPACIDADE MINIMA 70 KG, BRANCO","Material",null,"UN",2,20.27,40.54]
[{"$nulls":4},"MO sem LS =>",12.940902745463006,"LS =>",14.87,"MO com LS =>",27.81]
[{"$nulls":4},"Valor do BDI =>",53.94,null,"Valor com BDI =>",null,277.05]
[]
[null,"Código","Banco","Descrição","Tipo",null,"Und","Quant.","Valor Unit","Total"]
["Composição"," 91292 ","SINAPI","BATENTE PARA PORTA DE MADEIRA, FIXAÇÃO COM ARGAMASSA, PADRÃO POPULAR. FORNECIMENTO E INSTALAÇÃO. AF_12/2019","ESQV - ESQUADRIAS/FERRAGENS/VIDROS",null,"UN",1,300.01,300.01]
["Composição Auxiliar"," 88261 ","SINAPI","CARPINTEIRO DE ESQUADRIA COM ENCARGOS COMPLEMENTARES","SEDI - SERVIÇOS DIVERSOS",null,"H",0.55200000000000005,22.67,12.51]
["Composição Auxiliar"," 88309 ","SINAPI","PEDREIRO COM ENCARGOS COMPLEMENTARES","SEDI - SERVIÇOS DIVERSOS",null,"H",1.3620000000000001,23.85,32.479999999999997]
["Composição Auxiliar"," 88316 ","SINAPI","SERVENTE COM ENCARGOS COMPLEMENTARES","SEDI - SERVIÇOS DIVERSOS",null,"H",0.95699999999999996,18.649999999999999,17.84]
["Composição Auxiliar"," 88629 ","SINAPI","ARGAMASSA TRAÇO 1:3 (EM VOLUME DE CIMENTO E AREIA MÉDIA ÚMIDA), PREPARO MANUAL. AF_08/2019","SEDI - SERVIÇOS DIVERSOS",null,"m³",2.23E-2,633.35,14.12]
["Composição Auxiliar"," 91287 ","SINAPI","BATENTE PARA PORTA DE MADEIRA, PADRÃO POPULAR - FORNECIMENTO E MONTAGEM. AF_12/2019","ESQV - ESQUADRIAS/FERRAGENS/VIDROS",null,"UN",1,215.44,215.44]
["Insumo"," 00007319 ","SINAPI","TINTA ASFALTICA IMPERMEABILIZANTE DISPERSA EM AGUA, PARA MATERIAIS CIMENTICIOS","Material",null,"L",0.1671,17.7,2.95]
["Insumo"," 00039027 ","SINAPI","PREGO DE ACO POLIDO COM CABECA 19  X 36 (3 1/4  X  9)","Material",null,"KG",0.2,23.37,4.67]
[{"$nulls":4},"MO sem LS =>",54.378780828292228,"LS =>",62.48,"MO com LS =>",116.86]
[{"$nulls":4},"Valor do BDI =>",72.540000000000006,null,"Valor com BDI =>",null,372.55]
[]
[null,"Código","Banco","Descrição","Tipo",null,"Und","Quant.","Valor Unit","Total"]
["Composição"," 91287 ","SINAPI","BATENTE PARA PORTA DE MADEIRA, PADRÃO POPULAR - FORNECIMENTO E MONTAGEM. AF_12/2019","ESQV - ESQUADRIAS/FERRAGENS/VIDROS",null,"UN",1,215.44,215.44]
["Composição Auxiliar"," 88261 ","SINAPI","CARPINTEIRO DE ESQUADRIA COM ENCARGOS COMPLEMENTARES","SEDI - SERVIÇOS DIVERSOS",null,"H",2.7410000000000001,22.67,62.13]
["Composição Auxiliar"," 88316 ","SINAPI","SERVENTE COM ENCARGOS COMPLEMENTARES","SEDI - SERVIÇOS DIVERSOS",null,"H",1.375,18.649999999999999,25.64]
["Insumo"," 00000184 ","SINAPI","BATENTE / PORTAL / ADUELA / MARCO EM MADEIRA MACICA COM REBAIXO, E = *3* CM, L = *14* CM, PARA PORTAS DE  GIRO DE *60 CM A 120* CM  X *210* CM, PINUS / EUCALIPTO / VIROLA OU EQUIVALENTE DA REGIAO (NAO INCLUI ALIZARES)","Material",null,"JG",1,126.78,126.78]
["Insumo"," 00005066 ","SINAPI","PREGO DE ACO POLIDO COM CABECA 12 X 12","Material",null,"KG",1.0999999999999999E-2,30.83,0.33]
["Insumo"," 00005075 ","SINAPI","PREGO DE ACO POLIDO COM CABECA 18 X 30 (2 3/4 X 10)","Material",null,"KG",2.4E-2,23.4,0.56000000000000005]
[{"$nulls":4},"MO sem LS =>",30.953932061423917,"LS =>",35.57,"MO com LS =>",66.52]
[{"$nulls":4},"Valor do BDI =>",52.09,null,"Valor com BDI =>",null,267.52999999999997]
[]
[null,"Código","Banco","Descrição","Tipo",null,"Und","Quant.","Valor Unit","Total"]
["Composição"," 88831 ","SINAPI","BETONEIRA CAPACIDADE NOMINAL DE 400 L, CAPACIDADE DE MISTURA 280 L, MOTOR ELÉTRICO TRIFÁSICO POTÊNCIA DE 2 CV, SEM CARREGADOR - CHI DIURNO. AF_05/2023","CHOR - CUSTOS HORÁRIOS DE MÁQUINAS E EQUIPAMENTOS",null,"CHI",1,0.36,0.36]
["Composição Auxiliar"," 88826 ","SINAPI","BETONEIRA CAPACIDADE NOMINAL DE 400 L, CAPACIDADE DE MISTURA 280 L, MOTOR ELÉTRICO TRIFÁSICO POTÊNCIA DE 2 CV, SEM CARREGADOR - DEPRECIAÇÃO. AF_05/2023","CHOR - CUSTOS HORÁRIOS DE MÁQUINAS E EQUIPAMENTOS",null,"H",1,0.28999999999999998,0.28999999999999998]
["Composição Auxiliar"," 88827 ","SINAPI","BETONEIRA CAPACIDADE NOMINAL DE 400 L, CAPACIDADE DE MISTURA 280 L, MOTOR ELÉTRICO TRIFÁSICO POTÊNCIA DE 2 CV, SEM CARREGADOR - JUROS. AF_05/2023","CHOR - CUSTOS HORÁRIOS DE MÁQUINAS E EQUIPAMENTOS",null,"H",1,7.0000000000000007E-2,7.0000000000000007E-2]
[{"$nulls":4},"MO sem LS =>",0,"LS =>",0,"MO com LS =>",0]
[{"$nulls":4},"Valor do BDI =>",0.08,null,"Valor com BDI =>",null,0.44]
[]
[null,"Código","Banco","Descrição","Tipo",null,"Und","Quant.","Valor Unit","Total"]
["Composição"," 88830 ","SINAPI","BETONEIRA CAPACIDADE NOMINAL DE 400 L, CAPACIDADE DE MISTURA 280 L, MOTOR ELÉTRICO TRIFÁSICO POTÊNCIA DE 2 CV, SEM CARREGADOR - CHP DIURNO. AF_05/2023","CHOR - CUSTOS HORÁRIOS DE MÁQUINAS E EQUIPAMENTOS",null,"CHP",1,2.23,2.23]
["Composição Auxiliar"," 88826 ","SINAPI","BETONEIRA CAPACIDADE NOMINAL DE 400 L, CAPACIDADE DE MISTURA 280 L, MOTOR ELÉTRICO TRIFÁSICO POTÊNCIA DE 2 CV, SEM CARREGADOR - DEPRECIAÇÃO. AF_05/2023","CHOR - CUSTOS HORÁRIOS DE MÁQUINAS E EQUIPAMENTOS",null,"H",1,0.28999999999999998,0.28999999999999998]
["Composição Auxiliar"," 88827 ","SINAPI","BETONEIRA CAPACIDADE NOMINAL DE 400 L, CAPACIDADE DE MISTURA 280 L, MOTOR ELÉTRICO TRIFÁSICO POTÊNCIA DE 2 CV, SEM CARREGADOR - JUROS. AF_05/2023","CHOR - CUSTOS HORÁRIOS DE MÁQUINAS E EQUIPAMENTOS",null,"H",1,7.0000000000000007E-2,7.0000000000000007E-2]
["Composição Auxiliar"," 88828 ","SINAPI","BETONEIRA CAPACIDADE NOMINAL DE 400 L, CAPACIDADE DE MISTURA 280 L, MOTOR ELÉTRICO TRIFÁSICO POTÊNCIA DE 2 CV, SEM CARREGADOR - MANUTENÇÃO. AF_05/2023","CHOR - CUSTOS HORÁRIOS DE MÁQUINAS E EQUIPAMENTOS",null,"H",1,0.34,0.34]
["Composição Auxiliar"," 88829 ","SINAPI","BETONEIRA CAPACIDADE NOMINAL DE 400 L, CAPACIDADE DE MISTURA 280 L, MOTOR ELÉTRICO TRIFÁSICO POTÊNCIA DE 2 CV, SEM CARREGADOR - MATERIAIS NA OPERAÇÃO. AF_05/2023","CHOR - CUSTOS HORÁRIOS DE MÁQUINAS E EQUIPAMENTOS",null,"H",1,1.53,1.53]
[{"$nulls":4},"MO sem LS =>",0,"LS =>",0,"MO com LS =>",0]
[{"$nulls":4},"Valor do BDI =>",0.53,null,"Valor com BDI =>",null,2.76]
[]
[null,"Código","Banco","Descrição","Tipo",null,"Und","Quant.","Valor Unit","Total"]
["Composição"," 88826 ","SINAPI","BETONEIRA CAPACIDADE NOMINAL DE 400 L, CAPACIDADE DE MISTURA 280 L, MOTOR ELÉTRICO TRIFÁSICO POTÊNCIA DE 2 CV, SEM CARREGADOR - DEPRECIAÇÃO. AF_05/2023","CHOR - CUSTOS HORÁRIOS DE MÁQUINAS E EQUIPAMENTOS",null,"H",1,0.28999999999999998,0.28999999999999998]
["Insumo"," 00010535 ","SINAPI","BETONEIRA CAPACIDADE NOMINAL 400 L, CAPACIDADE DE MISTURA  280 L, MOTOR ELETRICO TRIFASICO 220/380 V POTENCIA 2 CV, SEM CARREGADOR","Equipamento",null,"UN",6.0000000000000002E-5,4899.8999999999996,0.28999999999999998]
[{"$nulls":4},"MO sem LS =>",0,"LS =>",0,"MO com LS =>",0]
[{"$nulls":4},"Valor do BDI =>",7.0000000000000007E-2,null,"Valor com BDI =>",null,0.36]
[]
[null,"Código","Banco","Descrição","Tipo",null,"Und","Quant.","Valor Unit","Total"]
["Composição"," 88827 ","SINAPI","BETONEIRA CAPACIDADE NOMINAL DE 400 L, CAPACIDADE DE MISTURA 280 L, MOTOR ELÉTRICO TRIFÁSICO POTÊNCIA DE 2 CV, SEM CARREGADOR - JUROS. AF_05/2023","CHOR - CUSTOS HORÁRIOS DE MÁQUINAS E EQUIPAMENTOS",null,"H",1,7.0000000000000007E-2,7.0000000000000007E-2]
["Insumo"," 00010535 ","SINAPI","BETONEIRA CAPACIDADE NOMINAL 400 L, CAPACIDADE DE MISTURA  280 L, MOTOR ELETRICO TRIFASICO 220/380 V POTENCIA 2 CV, SEM CARREGADOR","Equipamento",null,"UN",1.4800000000000001E-5,4899.8999999999996,7.0000000000000007E-2]
[{"$nulls":4},"MO sem LS =>",0,"LS =>",0,"MO com LS =>",0]
[{"$nulls":4},"Valor do BDI =>",0.01,null,"Valor com BDI =>",null,0.08]
[]
[null,"Código","Banco","Descrição","Tipo",null,"Und","Quant.","Valor Unit","Total"]
["Composição"," 88828 ","SINAPI","BETONEIRA CAPACIDADE NOMINAL DE 400 L, CAPACIDADE DE MISTURA 280 L, MOTOR ELÉTRICO TRIFÁSICO POTÊNCIA DE 2 CV, SEM CARREGADOR - MANUTENÇÃO. AF_05/2023","CHOR - CUSTOS HORÁRIOS DE MÁQUINAS E EQUIPAMENTOS",null,"H",1,0.34,0.34]
["Insumo"," 00010535 ","SINAPI","BETONEIRA CAPACIDADE NOMINAL 400 L, CAPACIDADE DE MISTURA  280 L, MOTOR ELETRICO TRIFASICO 220/380 V POTENCIA 2 CV, SEM CARREGADOR","Equipamento",null,"UN",6.9999999999999994E-5,4899.8999999999996,0.34]
[{"$nulls":4},"MO sem LS =>",0,"LS =>",0,"MO com LS =>",0]
[{"$nulls":4},"Valor do BDI =>",0.08,null,"Valor com BDI =>",null,0.42]
[]
[null,"Código","Banco","Descrição","Tipo",null,"Und","Quant.","Valor Unit","Total"]
["Composição"," 88829 ","SINAPI","BETONEIRA CAPACIDADE NOMINAL DE 400 L, CAPACIDADE DE MISTURA 280 L, MOTOR ELÉTRICO TRIFÁSICO POTÊNCIA DE 2 CV, SEM CARREGADOR - MATERIAIS NA OPERAÇÃO. AF_05/2023","CHOR - CUSTOS HORÁRIOS DE MÁQUINAS E EQUIPAMENTOS",null,"H",1,1.53,1.53]
["Insumo"," 00002705 ","SINAPI","ENERGIA ELETRICA ATE 2000 KWH INDUSTRIAL, SEM DEMANDA","Material",null,"KWH",1.2512000000000001,1.23,1.53]
[{"$nulls":4},"MO sem LS =>",0,"LS =>",0,"MO com LS =>",0]
[{"$nulls":4},"Valor do BDI =>",0.36,null,"Valor com BDI =>",null,1.89]
[]
[null,"Código","Banco","Descrição","Tipo",null,"Und","Quant.","Valor Unit","Total"]
["Composição"," 89226 ","SINAPI","BETONEIRA CAPACIDADE NOMINAL DE 600 L, CAPACIDADE DE MISTURA 360 L, MOTOR ELÉTRICO TRIFÁSICO POTÊNCIA DE 4 CV, SEM CARREGADOR - CHI DIURNO. AF_05/2023","CHOR - CUSTOS HORÁRIOS DE MÁQUINAS E EQUIPAMENTOS",null,"CHI",1,1.48,1.48]
["Composição Auxiliar"," 89221 ","SINAPI","BETONEIRA CAPACIDADE NOMINAL DE 600 L, CAPACIDADE DE MISTURA 360 L, MOTOR ELÉTRICO TRIFÁSICO POTÊNCIA DE 4 CV, SEM CARREGADOR - DEPRECIAÇÃO. AF_05/2023","CHOR - CUSTOS HORÁRIOS DE MÁQUINAS E EQUIPAMENTOS",null,"H",1,1.19,1.19]
["Composição Auxiliar"," 89222 ","SINAPI","BETONEIRA CAPACIDADE NOMINAL DE 600 L, CAPACIDADE DE MISTURA 360 L, MOTOR ELÉTRICO TRIFÁSICO POTÊNCIA DE 4 CV, SEM CARREGADOR - JUROS. AF_05/2023","CHOR - CUSTOS HORÁRIOS DE MÁQUINAS E EQUIPAMENTOS",null,"H",1,0.28999999999999998,0.28999999999999998]
[{"$nulls":4},"MO sem LS =>",0,"LS =>",0,"MO com LS =>",0]
[{"$nulls":4},"Valor do BDI =>",0.35,null,"Valor com BDI =>",null,1.83]
[]
[null,"Código","Banco","Descrição","Tipo",null,"Und","Quant.","Valor Unit","Total"]
["Composição"," 89225 ","SINAPI","BETONEIRA CAPACIDADE NOMINAL DE 600 L, CAPACIDADE DE MISTURA 360 L, MOTOR ELÉTRICO TRIFÁSICO POTÊNCIA DE 4 CV, SEM CARREGADOR - CHP DIURNO. AF_05/2023","CHOR - CUSTOS HORÁRIOS DE MÁQUINAS E EQUIPAMENTOS",null,"CHP",1,5.94,5.94]
["Composição Auxiliar"," 89221 ","SINAPI","BETONEIRA CAPACIDADE NOMINAL DE 600 L, CAPACIDADE DE MISTURA 360 L, MOTOR ELÉTRICO TRIFÁSICO POTÊNCIA DE 4 CV, SEM CARREGADOR - DEPRECIAÇÃO. AF_05/2023","CHOR - CUSTOS HORÁRIOS DE MÁQUINAS E EQUIPAMENTOS",null,"H",1,1.19,1.19]
["Composição Auxiliar"," 89222 ","SINAPI","BETONEIRA CAPACIDADE NOMINAL DE 600 L, CAPACIDADE DE MISTURA 360 L, MOTOR ELÉTRICO TRIFÁSICO POTÊNCIA DE 4 CV, SEM CARREGADOR - JUROS. AF_05/2023","CHOR - CUSTOS HORÁRIOS DE MÁQUINAS E EQUIPAMENTOS",null,"H",1,0.28999999999999998,0.28999999999999998]
["Composição Auxiliar"," 89223 ","SINAPI","BETONEIRA CAPACIDADE NOMINAL DE 600 L, CAPACIDADE DE MISTURA 360 L, MOTOR ELÉTRICO TRIFÁSICO POTÊNCIA DE 4 CV, SEM CARREGADOR - MANUTENÇÃO. AF_05/2023","CHOR - CUSTOS HORÁRIOS DE MÁQUINAS E EQUIPAMENTOS",null,"H",1,1.39,1.39]
["Composição Auxiliar"," 89224 ","SINAPI","BETONEIRA CAPACIDADE NOMINAL DE 600 L, CAPACIDADE DE MISTURA 360 L, MOTOR ELÉTRICO TRIFÁSICO POTÊNCIA DE 4 CV, SEM CARREGADOR - MATERIAIS NA OPERAÇÃO. AF_05/2023","CHOR - CUSTOS HORÁRIOS DE MÁQUINAS E EQUIPAMENTOS",null,"H",1,3.07,3.07]
[{"$nulls":4},"MO sem LS =>",0,"LS =>",0,"MO com LS =>",0]
[{"$nulls":4},"Valor do BDI =>",1.43,null,"Valor com BDI =>",null,7.37]
[]
[null,"Código","Banco","Descrição","Tipo",null,"Und","Quant.","Valor Unit","Total"]
["Composição"," 89221 ","SINAPI","BETONEIRA CAPACIDADE NOMINAL DE 600 L, CAPACIDADE DE MISTURA 360 L, MOTOR ELÉTRICO TRIFÁSICO POTÊNCIA DE 4 CV, SEM CARREGADOR - DEPRECIAÇÃO. AF_05/2023","CHOR - CUSTOS HORÁRIOS DE MÁQUINAS E EQUIPAMENTOS",null,"H",1,1.19,1.19]
["Insumo"," 00036397 ","SINAPI","BETONEIRA, CAPACIDADE NOMINAL 600 L, CAPACIDADE DE MISTURA  360L, MOTOR ELETRICO TRIFASICO 220/380V, POTENCIA 4CV, EXCLUSO CARREGADOR","Equipamento",null,"UN",6.0000000000000002E-5,19931.79,1.19]
[{"$nulls":4},"MO sem LS =>",0,"LS =>",0,"MO com LS =>",0]
[{"$nulls":4},"Valor do BDI =>",0.28000000000000003,null,"Valor com BDI =>",null,1.47]
[]
[null,"Código","Banco","Descrição","Tipo",null,"Und","Quant.","Valor Unit","Total"]
["Composição"," 89222 ","SINAPI","BETONEIRA CAPACIDADE NOMINAL DE 600 L, CAPACIDADE DE MISTURA 360 L, MOTOR ELÉTRICO TRIFÁSICO POTÊNCIA DE 4 CV, SEM CARREGADOR - JUROS. AF_05/2023","CHOR - CUSTOS HORÁRIOS DE MÁQUINAS E EQUIPAMENTOS",null,"H",1,0.28999999999999998,0.28999999999999998]
["Insumo"," 00036397 ","SINAPI","BETONEIRA, CAPACIDADE NOMINAL 600 L, CAPACIDADE DE MISTURA  360L, MOTOR ELETRICO TRIFASICO 220/380V, POTENCIA 4CV, EXCLUSO CARREGADOR","Equipamento",null,"UN",1.4800000000000001E-5,19931.79,0.28999999999999998]
[{"$nulls":4},"MO sem LS =>",0,"LS =>",0,"MO com LS =>",0]
[{"$nulls":4},"Valor do BDI =>",7.0000000000000007E-2,null,"Valor com BDI =>",null,0.36]
[]
[null,"Código","Banco","Descrição","Tipo",null,"Und","Quant.","Valor Unit","Total"]
["Composição"," 89223 ","SINAPI","BETONEIRA CAPACIDADE NOMINAL DE 600 L, CAPACIDADE DE MISTURA 360 L, MOTOR ELÉTRICO TRIFÁSICO POTÊNCIA DE 4 CV, SEM CARREGADOR - MANUTENÇÃO. AF_05/2023","CHOR - CUSTOS HORÁRIOS DE MÁQUINAS E EQUIPAMENTOS",null,"H",1,1.39,1.39]
["Insumo"," 00036397 ","SINAPI","BETONEIRA, CAPACIDADE NOMINAL 600 L, CAPACIDADE DE MISTURA  360L, MOTOR ELETRICO TRIFASICO 220/380V, POTENCIA 4CV, EXCLUSO CARREGADOR","Equipamento",null,"UN",6.9999999999999994E-5,19931.79,1.39]
[{"$nulls":4},"MO sem LS =>",0,"LS =>",0,"MO com LS =>",0]
[{"$nulls":4},"Valor do BDI =>",0.33,null,"Valor com BDI =>",null,1.72]
[]
[null,"Código","Banco","Descrição","Tipo",null,"Und","Quant.","Valor Unit","Total"]
["Composição"," 89224 ","SINAPI","BETONEIRA CAPACIDADE NOMINAL DE 600 L, CAPACIDADE DE MISTURA 360 L, MOTOR ELÉTRICO TRIFÁSICO POTÊNCIA DE 4 CV, SEM CARREGADOR - MATERIAIS NA OPERAÇÃO. AF_05/2023","CHOR - CUSTOS HORÁRIOS DE MÁQUINAS E EQUIPAMENTOS",null,"H",1,3.07,3.07]
["Insumo"," 00002705 ","SINAPI","ENERGIA ELETRICA ATE 2000 KWH INDUSTRIAL, SEM DEMANDA","Material",null,"KWH",2.5023900000000001,1.23,3.07]
[{"$nulls":4},"MO sem LS =>",0,"LS =>",0,"MO com LS =>",0]
[{"$nulls":4},"Valor do BDI =>",0.74,null,"Valor com BDI =>",null,3.81]
[]
[null,"Código","Banco","Descrição","Tipo",null,"Und","Quant.","Valor Unit","Total"]
["Composição"," 91924 ","SINAPI","CABO DE COBRE FLEXÍVEL ISOLADO, 1,5 MM², ANTI-CHAMA 450/750 V, PARA CIRCUITOS TERMINAIS - FORNECIMENTO E INSTALAÇÃO. AF_03/2023","INEL - INSTALAÇÃO ELÉTRICA/ELETRIFICAÇÃO E ILUMINAÇÃO EXTERNA",null,"M",1,2.91,2.91]
["Composição Auxiliar"," 88247 ","SINAPI","AUXILIAR DE ELETRICISTA COM ENCARGOS COMPLEMENTARES","SEDI - SERVIÇOS DIVERSOS",null,"H",2.3E-2,19.73,0.45]
["Composição Auxiliar"," 88264 ","SINAPI","ELETRICISTA COM ENCARGOS COMPLEMENTARES","SEDI - SERVIÇOS DIVERSOS",null,"H",2.3E-2,29.1,0.66]
["Insumo"," 00001013 ","SINAPI","CABO DE COBRE, FLEXIVEL, CLASSE 4 OU 5, ISOLACAO EM PVC/A, ANTICHAMA BWF-B, 1 CONDUTOR, 450/750 V, SECAO NOMINAL 1,5 MM2","Material",null,"M",1.2434000000000001,1.41,1.75]
["Insumo"," 00021127 ","SINAPI","FITA ISOLANTE ADESIVA ANTICHAMA, USO ATE 750 V, EM ROLO DE 19 MM X 5 M","Material",null,"UN",9.4000000000000004E-3,6.05,0.05]
[{"$nulls":4},"MO sem LS =>",0.40483946021405304,"LS =>",0.47,"MO com LS =>",0.87]
[{"$nulls":4},"Valor do BDI =>",0.7,null,"Valor com BDI =>",null,3.61]
[]
[null,"Código","Banco","Descrição","Tipo",null,"Und","Quant.","Valor Unit","Total"]
["Composição"," 91935 ","SINAPI","CABO DE COBRE FLEXÍVEL ISOLADO, 16 MM², ANTI-CHAMA 0,6/1,0 KV, PARA CIRCUITOS TERMINAIS - FORNECIMENTO E INSTALAÇÃO. AF_03/2023","INEL - INSTALAÇÃO ELÉTRICA/ELETRIFICAÇÃO E ILUMINAÇÃO EXTERNA",null,"M",1,24.78,24.78]
["Composição Auxiliar"," 88247 ","SINAPI","AUXILIAR DE ELETRICISTA COM ENCARGOS COMPLEMENTARES","SEDI - SERVIÇOS DIVERSOS",null,"H",0.114,19.73,2.2400000000000002]
["Composição Auxiliar"," 88264 ","SINAPI","ELETRICISTA COM ENCARGOS COMPLEMENTARES","SEDI - SERVIÇOS DIVERSOS",null,"H",0.114,29.1,3.31]
["Insumo"," 00000995 ","SINAPI","CABO DE COBRE, FLEXIVEL, CLASSE 4 OU 5, ISOLACAO EM PVC/A, ANTICHAMA BWF-B, COBERTURA PVC-ST1, ANTICHAMA BWF-B, 1 CONDUTOR, 0,6/1 KV, SECAO NOMINAL 16 MM2","Material",null,"M",1.2434000000000001,15.43,19.18]
["Insumo"," 00021127 ","SINAPI","FITA ISOLANTE ADESIVA ANTICHAMA, USO ATE 750 V, EM ROLO DE 19 MM X 5 M","Material",null,"UN",9.4000000000000004E-3,6.05,0.05]
[{"$nulls":4},"MO sem LS =>",2.0195439739413681,"LS =>",2.3199999999999998,"MO com LS =>",4.34]
[{"$nulls":4},"Valor do BDI =>",5.99,null,"Valor com BDI =>",null,30.77]
[]
[null,"Código","Banco","Descrição","Tipo",null,"Und","Quant.","Valor Unit","Total"]
["Composição"," 92981 ","SINAPI","CABO DE COBRE FLEXÍVEL ISOLADO, 16 MM², ANTI-CHAMA 450/750 V, PARA DISTRIBUIÇÃO - FORNECIMENTO E INSTALAÇÃO. AF_12/2015","INEL - INSTALAÇÃO ELÉTRICA/ELETRIFICAÇÃO E ILUMINAÇÃO EXTERNA",null,"M",1,15.59,15.59]
["Composição Auxiliar"," 88247 ","SINAPI","AUXILIAR DE ELETRICISTA COM ENCARGOS COMPLEMENTARES","SEDI - SERVIÇOS DIVERSOS",null,"H",1.2999999999999999E-2,19.73,0.25]
["Composição Auxiliar"," 88264 ","SINAPI","ELETRICISTA COM ENCARGOS COMPLEMENTARES","SEDI - SERVIÇOS DIVERSOS",null,"H",1.2999999999999999E-2,29.1,0.37]
["Insumo"," 00000979 ","SINAPI","CABO DE COBRE, FLEXIVEL, CLASSE 4 OU 5, ISOLACAO EM PVC/A, ANTICHAMA BWF-B, 1 CONDUTOR, 450/750 V, SECAO NOMINAL 16 MM2","Material",null,"M",1.0269999999999999,14.52,14.91]
["Insumo"," 00021127 ","SINAPI","FITA ISOLANTE ADESIVA ANTICHAMA, USO ATE 750 V, EM ROLO DE 19 MM X 5 M","Material",null,"UN",0.01,6.05,0.06]
[{"$nulls":4},"MO sem LS =>",0.22335970218706375,"LS =>",0.26,"MO com LS =>",0.48]
[{"$nulls":4},"Valor do BDI =>",3.76,null,"Valor com BDI =>",null,19.350000000000001]
[]
[null,"Código","Banco","Descrição","Tipo",null,"Und","Quant.","Valor Unit","Total"]
["Composição"," 91928 ","SINAPI","CABO DE COBRE FLEXÍVEL ISOLADO, 4 MM², ANTI-CHAMA 450/750 V, PARA CIRCUITOS TERMINAIS - FORNECIMENTO E INSTALAÇÃO. AF_03/2023","INEL - INSTALAÇÃO ELÉTRICA/ELETRIFICAÇÃO E ILUMINAÇÃO EXTERNA",null,"M",1,6.54,6.54]
["Composição Auxiliar"," 88247 ","SINAPI","AUXILIAR DE ELETRICISTA COM ENCARGOS COMPLEMENTARES","SEDI - SERVIÇOS DIVERSOS",null,"H",3.9E-2,19.73,0.76]
["Composição Auxiliar"," 88264 ","SINAPI","ELETRICISTA COM ENCARGOS COMPLEMENTARES","SEDI - SERVIÇOS DIVERSOS",null,"H",3.9E-2,29.1,1.1299999999999999]
["Insumo"," 00000981 ","SINAPI","CABO DE COBRE, FLEXIVEL, CLASSE 4 OU 5, ISOLACAO EM PVC/A, ANTICHAMA BWF-B, 1 CONDUTOR, 450/750 V, SECAO NOMINAL 4 MM2","Material",null,"M",1.2434000000000001,3.7,4.5999999999999996]
["Insumo"," 00021127 ","SINAPI","FITA ISOLANTE ADESIVA ANTICHAMA, USO ATE 750 V, EM ROLO DE 19 MM X 5 M","Material",null,"UN",9.4000000000000004E-3,6.05,0.05]
[{"$nulls":4},"MO sem LS =>",0.68869241507677992,"LS =>",0.79,"MO com LS =>",1.4800000000000002]
[{"$nulls":4},"Valor do BDI =>",1.58,null,"Valor com BDI =>",null,8.1199999999999992]
[]
[null,"Código","Banco","Descrição","Tipo",null,"Und","Quant.","Valor Unit","Total"]
["Composição"," 98283 ","SINAPI","CABO TELEFÔNICO CCI-50 4 PARES, SEM BLINDAGEM, INSTALADO EM DISTRIBUIÇÃO DE EDIFICAÇÃO RESIDENCIAL - FORNECIMENTO E INSTALAÇÃO. AF_11/2019","INES - INSTALAÇÕES ESPECIAIS",null,"M",1,8.9600000000000009,8.9600000000000009]
["Composição Auxiliar"," 88247 ","SINAPI","AUXILIAR DE ELETRICISTA COM ENCARGOS COMPLEMENTARES","SEDI - SERVIÇOS DIVERSOS",null,"H",0.14610000000000001,19.73,2.88]
["Composição Auxiliar"," 88264 ","SINAPI","ELETRICISTA COM ENCARGOS COMPLEMENTARES","SEDI - SERVIÇOS DIVERSOS",null,"H",0.14610000000000001,29.1,4.25]
["Insumo"," 00011904 ","SINAPI","CABO TELEFONICO CCI 50, 4 PARES, USO INTERNO, SEM BLINDAGEM","Material",null,"M",1.05,1.75,1.83]
[{"$nulls":4},"MO sem LS =>",2.5919032107957189,"LS =>",2.98,"MO com LS =>",5.57]
[{"$nulls":4},"Valor do BDI =>",2.16,null,"Valor com BDI =>",null,11.12]
[]
[null,"Código","Banco","Descrição","Tipo",null,"Und","Quant.","Valor Unit","Total"]
["Composição"," 98102 ","SINAPI","CAIXA DE GORDURA SIMPLES, CIRCULAR, EM CONCRETO PRÉ-MOLDADO, DIÂMETRO INTERNO = 0,4 M, ALTURA INTERNA = 0,4 M. AF_12/2020","INHI - INSTALAÇÕES HIDROS SANITÁRIAS",null,"UN",1,123.7,123.7]
["Composição Auxiliar"," 101618 ","SINAPI","PREPARO DE FUNDO DE VALA COM LARGURA MENOR QUE 1,5 M, COM CAMADA DE AREIA, LANÇAMENTO MANUAL. AF_08/2020","MOVT - MOVIMENTO DE TERRA",null,"m³",1.9199999999999998E-2,212.73,4.08]
["Composição Auxiliar"," 5678 ","SINAPI","RETROESCAVADEIRA SOBRE RODAS COM CARREGADEIRA, TRAÇÃO 4X4, POTÊNCIA LÍQ. 88 HP, CAÇAMBA CARREG. CAP. MÍN. 1 M3, CAÇAMBA RETRO CAP. 0,26 M3, PESO OPERACIONAL MÍN. 6.674 KG, PROFUNDIDADE ESCAVAÇÃO MÁX. 4,37 M - CHP DIURNO. AF_06/2014","CHOR - CUSTOS HORÁRIOS DE MÁQUINAS E EQUIPAMENTOS",null,"CHP",1.55E-2,135.29,2.09]
["Composição Auxiliar"," 5679 ","SINAPI","RETROESCAVADEIRA SOBRE RODAS COM CARREGADEIRA, TRAÇÃO 4X4, POTÊNCIA LÍQ. 88 HP, CAÇAMBA CARREG. CAP. MÍN. 1 M3, CAÇAMBA RETRO CAP. 0,26 M3, PESO OPERACIONAL MÍN. 6.674 KG, PROFUNDIDADE ESCAVAÇÃO MÁX. 4,37 M - CHI DIURNO. AF_06/2014","CHOR - CUSTOS HORÁRIOS DE MÁQUINAS E EQUIPAMENTOS",null,"CHI",3.15E-2,53.3,1.67]
["Composição Auxiliar"," 88309 ","SINAPI","PEDREIRO COM ENCARGOS COMPLEMENTARES","SEDI - SERVIÇOS DIVERSOS",null,"H",4.1500000000000002E-2,23.85,0.98]
["Composição Auxiliar"," 88316 ","SINAPI","SERVENTE COM ENCARGOS COMPLEMENTARES","SEDI - SERVIÇOS DIVERSOS",null,"H",3.2599999999999997E-2,18.649999999999999,0.6]
["Insumo"," 00011881 ","SINAPI","CAIXA DE GORDURA CILINDRICA EM CONCRETO SIMPLES,  PRE-MOLDADA, COM DIAMETRO DE 40 CM E ALTURA DE 45 CM, COM TAMPA","Material",null,"UN",1,114.28,114.28]
[{"$nulls":4},"MO sem LS =>",1.6658911121451838,"LS =>",1.91,"MO com LS =>",3.58]
[{"$nulls":4},"Valor do BDI =>",29.91,null,"Valor com BDI =>",null,153.61000000000001]
[]
[null,"Código","Banco","Descrição","Tipo",null,"Und","Quant.","Valor Unit","Total"]
["Composição"," 100556 ","SINAPI","CAIXA DE PASSAGEM PARA TELEFONE 15X15X10CM (SOBREPOR), FORNECIMENTO E INSTALACAO. AF_11/2019","INES - INSTALAÇÕES ESPECIAIS",null,"UN",1,46.89,46.89]
["Composição Auxiliar"," 88247 ","SINAPI","AUXILIAR DE ELETRICISTA COM ENCARGOS COMPLEMENTARES","SEDI - SERVIÇOS DIVERSOS",null,"H",0.34599999999999997,19.73,6.82]
["Composição Auxiliar"," 88264 ","SINAPI","ELETRICISTA COM ENCARGOS COMPLEMENTARES","SEDI - SERVIÇOS DIVERSOS",null,"H",0.34599999999999997,29.1,10.06]
["Insumo"," 00020254 ","SINAPI","CAIXA DE PASSAGEM METALICA, DE SOBREPOR, COM TAMPA APARAFUSADA, DIMENSOES 15 X 15 X *10* CM","Material",null,"UN",1,30.01,30.01]
[{"$nulls":4},"MO sem LS =>",6.1423918101442538,"LS =>",7.06,"MO com LS =>",13.200000000000001]
[{"$nulls":4},"Valor do BDI =>",11.33,null,"Valor com BDI =>",null,58.22]
[]
[null,"Código","Banco","Descrição","Tipo",null,"Und","Quant.","Valor Unit","Total"]
["Composição"," 102605 ","SINAPI","CAIXA D´ÁGUA EM POLIETILENO, 500 LITROS - FORNECIMENTO E INSTALAÇÃO. AF_06/2021","INHI - INSTALAÇÕES HIDROS SANITÁRIAS",null,"UN",1,277.04000000000002,277.04000000000002]
["Composição Auxiliar"," 88248 ","SINAPI","AUXILIAR DE ENCANADOR OU BOMBEIRO HIDRÁULICO COM ENCARGOS COMPLEMENTARES","SEDI - SERVIÇOS DIVERSOS",null,"H",0.1052,18.78,1.97]
["Composição Auxiliar"," 88267 ","SINAPI","ENCANADOR OU BOMBEIRO HIDRÁULICO COM ENCARGOS COMPLEMENTARES","SEDI - SERVIÇOS DIVERSOS",null,"H",0.1052,27.97,2.94]
["Insumo"," 00034637 ","SINAPI","CAIXA D'AGUA / RESERVATORIO EM POLIETILENO, 500 LITROS, COM TAMPA","Material",null,"UN",1,272.13,272.13]
[{"$nulls":4},"MO sem LS =>",1.8287575616565845,"LS =>",2.1,"MO com LS =>",3.93]
[{"$nulls":4},"Valor do BDI =>",66.98,null,"Valor com BDI =>",null,344.02]
[]
[null,"Código","Banco","Descrição","Tipo",null,"Und","Quant.","Valor Unit","Total"]
["Composição"," 97886 ","SINAPI","CAIXA ENTERRADA ELÉTRICA RETANGULAR, EM ALVENARIA COM TIJOLOS CERÂMICOS MACIÇOS, FUNDO COM BRITA, DIMENSÕES INTERNAS: 0,3X0,3X0,3 M. AF_12/2020","INEL - INSTALAÇÃO ELÉTRICA/ELETRIFICAÇÃO E ILUMINAÇÃO EXTERNA",null,"UN",1,150.06,150.06]
["Composição Auxiliar"," 100475 ","SINAPI","ARGAMASSA TRAÇO 1:3 (EM VOLUME DE CIMENTO E AREIA MÉDIA ÚMIDA) COM ADIÇÃO DE IMPERMEABILIZANTE, PREPARO MECÂNICO COM BETONEIRA 400 L. AF_08/2019","SEDI - SERVIÇOS DIVERSOS",null,"m³",2.7799999999999998E-2,720.87,20.04]
["Composição Auxiliar"," 101619 ","SINAPI","PREPARO DE FUNDO DE VALA COM LARGURA MENOR QUE 1,5 M, COM CAMADA DE BRITA, LANÇAMENTO MANUAL. AF_08/2020","MOVT - MOVIMENTO DE TERRA",null,"m³",3.5999999999999997E-2,230.58,8.3000000000000007]
["Composição Auxiliar"," 87316 ","SINAPI","ARGAMASSA TRAÇO 1:4 (EM VOLUME DE CIMENTO E AREIA GROSSA ÚMIDA) PARA CHAPISCO CONVENCIONAL, PREPARO MECÂNICO COM BETONEIRA 400 L. AF_08/2019","SEDI - SERVIÇOS DIVERSOS",null,"m³",3.8999999999999998E-3,446.25,1.74]
["Composição Auxiliar"," 88309 ","SINAPI","PEDREIRO COM ENCARGOS COMPLEMENTARES","SEDI - SERVIÇOS DIVERSOS",null,"H",1.2685999999999999,23.85,30.25]
["Composição Auxiliar"," 88316 ","SINAPI","SERVENTE COM ENCARGOS COMPLEMENTARES","SEDI - SERVIÇOS DIVERSOS",null,"H",0.99670000000000003,18.649999999999999,18.579999999999998]
["Composição Auxiliar"," 97734 ","SINAPI","PEÇA RETANGULAR PRÉ-MOLDADA, VOLUME DE CONCRETO DE 10 A 30 LITROS, TAXA DE AÇO APROXIMADA DE 30KG/M³. AF_01/2018","FUES - FUNDAÇÕES E ESTRUTURAS",null,"m³",1.7500000000000002E-2,2695.87,47.17]
["Insumo"," 00007258 ","SINAPI","TIJOLO CERAMICO MACICO COMUM *5 X 10 X 20* CM (L X A X C)","Material",null,"UN",38.691000000000003,0.62,23.98]
[{"$nulls":4},"MO sem LS =>",30.265239646347137,"LS =>",34.770000000000003,"MO com LS =>",65.040000000000006]
[{"$nulls":4},"Valor do BDI =>",36.28,null,"Valor com BDI =>",null,186.34]
[]
[null,"Código","Banco","Descrição","Tipo",null,"Und","Quant.","Valor Unit","Total"]
["Composição"," 97906 ","SINAPI","CAIXA ENTERRADA HIDRÁULICA RETANGULAR, EM ALVENARIA COM BLOCOS DE CONCRETO, DIMENSÕES INTERNAS: 0,6X0,6X0,6 M PARA REDE DE ESGOTO. AF_12/2020","INHI - INSTALAÇÕES HIDROS SANITÁRIAS",null,"UN",1,396.92,396.92]
["Composição Auxiliar"," 100475 ","SINAPI","ARGAMASSA TRAÇO 1:3 (EM VOLUME DE CIMENTO E AREIA MÉDIA ÚMIDA) COM ADIÇÃO DE IMPERMEABILIZANTE, PREPARO MECÂNICO COM BETONEIRA 400 L. AF_08/2019","SEDI - SERVIÇOS DIVERSOS",null,"m³",7.2800000000000004E-2,720.87,52.47]
["Composição Auxiliar"," 101616 ","SINAPI","PREPARO DE FUNDO DE VALA COM LARGURA MENOR QUE 1,5 M (ACERTO DO SOLO NATURAL). AF_08/2020","MOVT - MOVIMENTO DE TERRA",null,"m²",0.81,5.45,4.41]
["Composição Auxiliar"," 5678 ","SINAPI","RETROESCAVADEIRA SOBRE RODAS COM CARREGADEIRA, TRAÇÃO 4X4, POTÊNCIA LÍQ. 88 HP, CAÇAMBA CARREG. CAP. MÍN. 1 M3, CAÇAMBA RETRO CAP. 0,26 M3, PESO OPERACIONAL MÍN. 6.674 KG, PROFUNDIDADE ESCAVAÇÃO MÁX. 4,37 M - CHP DIURNO. AF_06/2014","CHOR - CUSTOS HORÁRIOS DE MÁQUINAS E EQUIPAMENTOS",null,"CHP",8.6999999999999994E-3,135.29,1.17]
["Composição Auxiliar"," 5679 ","SINAPI","RETROESCAVADEIRA SOBRE RODAS COM CARREGADEIRA, TRAÇÃO 4X4, POTÊNCIA LÍQ. 88 HP, CAÇAMBA CARREG. CAP. MÍN. 1 M3, CAÇAMBA RETRO CAP. 0,26 M3, PESO OPERACIONAL MÍN. 6.674 KG, PROFUNDIDADE ESCAVAÇÃO MÁX. 4,37 M - CHI DIURNO. AF_06/2014","CHOR - CUSTOS HORÁRIOS DE MÁQUINAS E EQUIPAMENTOS",null,"CHI",1.78E-2,53.3,0.94]
["Composição Auxiliar"," 87316 ","SINAPI","ARGAMASSA TRAÇO 1:4 (EM VOLUME DE CIMENTO E AREIA GROSSA ÚMIDA) PARA CHAPISCO CONVENCIONAL, PREPARO MECÂNICO COM BETONEIRA 400 L. AF_08/2019","SEDI - SERVIÇOS DIVERSOS",null,"m³",1.4800000000000001E-2,446.25,6.6]
["Composição Auxiliar"," 88309 ","SINAPI","PEDREIRO COM ENCARGOS COMPLEMENTARES","SEDI - SERVIÇOS DIVERSOS",null,"H",3.5684,23.85,85.1]
["Composição Auxiliar"," 88316 ","SINAPI","SERVENTE COM ENCARGOS COMPLEMENTARES","SEDI - SERVIÇOS DIVERSOS",null,"H",2.8037999999999998,18.649999999999999,52.29]
["Composição Auxiliar"," 94970 ","SINAPI","CONCRETO FCK = 20MPA, TRAÇO 1:2,7:3 (EM MASSA SECA DE CIMENTO/ AREIA MÉDIA/ BRITA 1) - PREPARO MECÂNICO COM BETONEIRA 600 L. AF_05/2021","FUES - FUNDAÇÕES E ESTRUTURAS",null,"m³",7.4399999999999994E-2,432.8,32.200000000000003]
["Composição Auxiliar"," 97735 ","SINAPI","PEÇA RETANGULAR PRÉ-MOLDADA, VOLUME DE CONCRETO DE 30 A 100 LITROS, TAXA DE AÇO APROXIMADA DE 30KG/M³. AF_01/2018","FUES - FUNDAÇÕES E ESTRUTURAS",null,"m³",4.48E-2,2243.36,100.5]
["Insumo"," 00000650 ","SINAPI","BLOCO DE VEDACAO DE CONCRETO, 9 X 19 X 39 CM (CLASSE C - NBR 6136)","Material",null,"UN",20.761500000000002,2.5499999999999998,52.94]
["Insumo"," 00002692 ","SINAPI","DESMOLDANTE PROTETOR PARA FORMAS DE MADEIRA, DE BASE OLEOSA EMULSIONADA EM AGUA","Material",null,"L",5.4000000000000003E-3,8.7200000000000006,0.04]
["Insumo"," 00004491 ","SINAPI","PONTALETE *7,5 X 7,5* CM EM PINUS, MISTA OU EQUIVALENTE DA REGIAO - BRUTA","Material",null,"M",0.11840000000000001,11.05,1.3]
["Insumo"," 00004517 ","SINAPI","SARRAFO *2,5 X 7,5* CM EM PINUS, MISTA OU EQUIVALENTE DA REGIAO - BRUTA","Material",null,"M",0.14080000000000001,3.87,0.54]
["Insumo"," 00005069 ","SINAPI","PREGO DE ACO POLIDO COM CABECA 17 X 27 (2 1/2 X 11)","Material",null,"KG",1.2500000000000001E-2,23.85,0.28999999999999998]
["Insumo"," 00006193 ","SINAPI","TABUA NAO APARELHADA *2,5 X 20* CM, EM MACARANDUBA/MASSARANDUBA, ANGELIM OU EQUIVALENTE DA REGIAO - BRUTA","Material",null,"M",0.44159999999999999,13.89,6.13]
[{"$nulls":4},"MO sem LS =>",74.229874360167514,"LS =>",85.29,"MO com LS =>",159.52000000000001]
[{"$nulls":4},"Valor do BDI =>",95.97,null,"Valor com BDI =>",null,492.89]
[]
[null,"Código","Banco","Descrição","Tipo",null,"Und","Quant.","Valor Unit","Total"]
["Composição"," 91937 ","SINAPI","CAIXA OCTOGONAL 3\" X 3\", PVC, INSTALADA EM LAJE - FORNECIMENTO E INSTALAÇÃO. AF_03/2023","INEL - INSTALAÇÃO ELÉTRICA/ELETRIFICAÇÃO E ILUMINAÇÃO EXTERNA",null,"UN",1,13.97,13.97]
["Composição Auxiliar"," 88247 ","SINAPI","AUXILIAR DE ELETRICISTA COM ENCARGOS COMPLEMENTARES","SEDI - SERVIÇOS DIVERSOS",null,"H",0.222,19.73,4.38]
["Composição Auxiliar"," 88264 ","SINAPI","ELETRICISTA COM ENCARGOS COMPLEMENTARES","SEDI - SERVIÇOS DIVERSOS",null,"H",0.222,29.1,6.46]
["Insumo"," 00001871 ","SINAPI","CAIXA OCTOGONAL DE FUNDO MOVEL, EM PVC, DE 3\" X 3\", PARA ELETRODUTO FLEXIVEL CORRUGADO","Material",null,"UN",1,3.13,3.13]
[{"$nulls":4},"MO sem LS =>",3.9367147510469986,"LS =>",4.5199999999999996,"MO com LS =>",8.4600000000000009]
[{"$nulls":4},"Valor do BDI =>",3.37,null,"Valor com BDI =>",null,17.34]
[]
[null,"Código","Banco","Descrição","Tipo",null,"Und","Quant.","Valor Unit","Total"]
["Composição"," 91939 ","SINAPI","CAIXA RETANGULAR 4\" X 2\" ALTA (2,00 M DO PISO), PVC, INSTALADA EM PAREDE - FORNECIMENTO E INSTALAÇÃO. AF_03/2023","INEL - INSTALAÇÃO ELÉTRICA/ELETRIFICAÇÃO E ILUMINAÇÃO EXTERNA",null,"UN",1,29.17,29.17]
["Composição Auxiliar"," 88247 ","SINAPI","AUXILIAR DE ELETRICISTA COM ENCARGOS COMPLEMENTARES","SEDI - SERVIÇOS DIVERSOS",null,"H",0.55000000000000004,19.73,10.85]
["Composição Auxiliar"," 88264 ","SINAPI","ELETRICISTA COM ENCARGOS COMPLEMENTARES","SEDI - SERVIÇOS DIVERSOS",null,"H",0.55000000000000004,29.1,16]
["Composição Auxiliar"," 88629 ","SINAPI","ARGAMASSA TRAÇO 1:3 (EM VOLUME DE CIMENTO E AREIA MÉDIA ÚMIDA), PREPARO MANUAL. AF_08/2019","SEDI - SERVIÇOS DIVERSOS",null,"m³",8.9999999999999998E-4,633.35,0.56999999999999995]
["Insumo"," 00001872 ","SINAPI","CAIXA DE PASSAGEM, EM PVC, DE 4\" X 2\", PARA ELETRODUTO FLEXIVEL CORRUGADO","Material",null,"UN",1,1.75,1.75]
[{"$nulls":4},"MO sem LS =>",9.8138669148441142,"LS =>",11.28,"MO com LS =>",21.09]
[{"$nulls":4},"Valor do BDI =>",7.05,null,"Valor com BDI =>",null,36.22]
[]
[null,"Código","Banco","Descrição","Tipo",null,"Und","Quant.","Valor Unit","Total"]
["Composição"," 89482 ","SINAPI","CAIXA SIFONADA, PVC, DN 100 X 100 X 50 MM, FORNECIDA E INSTALADA EM RAMAIS DE ENCAMINHAMENTO DE ÁGUA PLUVIAL. AF_06/2022","INHI - INSTALAÇÕES HIDROS SANITÁRIAS",null,"UN",1,33.76,33.76]
["Composição Auxiliar"," 88248 ","SINAPI","AUXILIAR DE ENCANADOR OU BOMBEIRO HIDRÁULICO COM ENCARGOS COMPLEMENTARES","SEDI - SERVIÇOS DIVERSOS",null,"H",0.2175,18.78,4.08]
["Composição Auxiliar"," 88267 ","SINAPI","ENCANADOR OU BOMBEIRO HIDRÁULICO COM ENCARGOS COMPLEMENTARES","SEDI - SERVIÇOS DIVERSOS",null,"H",0.2175,27.97,6.08]
["Insumo"," 00000122 ","SINAPI","ADESIVO PLASTICO PARA PVC, FRASCO COM *850* GR","Material",null,"UN",2.92E-2,51.86,1.51]
["Insumo"," 00005103 ","SINAPI","CAIXA SIFONADA PVC, 100 X 100 X 50 MM, COM GRELHA REDONDA, BRANCA","Material",null,"UN",1,19.5,19.5]
["Insumo"," 00020083 ","SINAPI","SOLUCAO PREPARADORA / LIMPADORA PARA PVC, FRASCO COM 1000 CM3","Material",null,"UN",4.3999999999999997E-2,58.75,2.58]
["Insumo"," 00038383 ","SINAPI","LIXA D'AGUA EM FOLHA, GRAO 100","Material",null,"UN",6.7999999999999996E-3,1.89,0.01]
[{"$nulls":4},"MO sem LS =>",3.7831549557933921,"LS =>",4.3499999999999996,"MO com LS =>",8.1300000000000008]
[{"$nulls":4},"Valor do BDI =>",8.16,null,"Valor com BDI =>",null,41.92]
[]
[null,"Código","Banco","Descrição","Tipo",null,"Und","Quant.","Valor Unit","Total"]
["Composição"," 88260 ","SINAPI","CALCETEIRO COM ENCARGOS COMPLEMENTARES","SEDI - SERVIÇOS DIVERSOS",null,"H",1,23.66,23.66]
["Composição Auxiliar"," 95328 ","SINAPI","CURSO DE CAPACITAÇÃO PARA CALCETEIRO (ENCARGOS COMPLEMENTARES) - HORISTA","SEDI - SERVIÇOS DIVERSOS",null,"H",1,0.21,0.21]
["Insumo"," 00004759 ","SINAPI","CALCETEIRO (HORISTA)","Mão de Obra",null,"H",1,18.11,18.11]
["Insumo"," 00037370 ","SINAPI","ALIMENTACAO - HORISTA (COLETADO CAIXA - ENCARGOS COMPLEMENTARES)","Outros",null,"H",1,1.64,1.64]
["Insumo"," 00037371 ","SINAPI","TRANSPORTE - HORISTA (COLETADO CAIXA - ENCARGOS COMPLEMENTARES)","Serviços",null,"H",1,0.48,0.48]
["Insumo"," 00037372 ","SINAPI","EXAMES - HORISTA (COLETADO CAIXA - ENCARGOS COMPLEMENTARES)","Outros",null,"H",1,1.1399999999999999,1.1399999999999999]
["Insumo"," 00037373 ","SINAPI","SEGURO - HORISTA (COLETADO CAIXA - ENCARGOS COMPLEMENTARES)","Taxas",null,"H",1,7.0000000000000007E-2,7.0000000000000007E-2]
["Insumo"," 00043465 ","SINAPI","FERRAMENTAS - FAMILIA PEDREIRO - HORISTA (ENCARGOS COMPLEMENTARES - COLETADO CAIXA)","Equipamento",null,"H",1,0.84,0.84]
["Insumo"," 00043489 ","SINAPI","EPI - FAMILIA PEDREIRO - HORISTA (ENCARGOS COMPLEMENTARES - COLETADO CAIXA)","Equipamento",null,"H",1,1.17,1.17]
[{"$nulls":4},"MO sem LS =>",8.5248953000000007,"LS =>",9.8000000000000007,"MO com LS =>",18.32]
[{"$nulls":4},"Valor do BDI =>",5.72,null,"Valor com BDI =>",null,29.38]
[]
[null,"Código","Banco","Descrição","Tipo",null,"Und","Quant.","Valor Unit","Total"]
["Composição"," 91387 ","SINAPI","CAMINHÃO BASCULANTE 10 M3, TRUCADO CABINE SIMPLES, PESO BRUTO TOTAL 23.000 KG, CARGA ÚTIL MÁXIMA 15.935 KG, DISTÂNCIA ENTRE EIXOS 4,80 M, POTÊNCIA 230 CV INCLUSIVE CAÇAMBA METÁLICA - CHI DIURNO. AF_06/2014","CHOR - CUSTOS HORÁRIOS DE MÁQUINAS E EQUIPAMENTOS",null,"CHI",1,68.260000000000005,68.260000000000005]
["Composição Auxiliar"," 88281 ","SINAPI","MOTORISTA DE BASCULANTE COM ENCARGOS COMPLEMENTARES","SEDI - SERVIÇOS DIVERSOS",null,"H",1,22.79,22.79]
["Composição Auxiliar"," 91380 ","SINAPI","CAMINHÃO BASCULANTE 10 M3, TRUCADO CABINE SIMPLES, PESO BRUTO TOTAL 23.000 KG, CARGA ÚTIL MÁXIMA 15.935 KG, DISTÂNCIA ENTRE EIXOS 4,80 M, POTÊNCIA 230 CV INCLUSIVE CAÇAMBA METÁLICA - DEPRECIAÇÃO. AF_06/2014","CHOR - CUSTOS HORÁRIOS DE MÁQUINAS E EQUIPAMENTOS",null,"H",1,29.47,29.47]
["Composição Auxiliar"," 91381 ","SINAPI","CAMINHÃO BASCULANTE 10 M3, TRUCADO CABINE SIMPLES, PESO BRUTO TOTAL 23.000 KG, CARGA ÚTIL MÁXIMA 15.935 KG, DISTÂNCIA ENTRE EIXOS 4,80 M, POTÊNCIA 230 CV INCLUSIVE CAÇAMBA METÁLICA - JUROS. AF_06/2014","CHOR - CUSTOS HORÁRIOS DE MÁQUINAS E EQUIPAMENTOS",null,"H",1,11.4,11.4]
["Composição Auxiliar"," 91382 ","SINAPI","CAMINHÃO BASCULANTE 10 M3, TRUCADO CABINE SIMPLES, PESO BRUTO TOTAL 23.000 KG, CARGA ÚTIL MÁXIMA 15.935 KG, DISTÂNCIA ENTRE EIXOS 4,80 M, POTÊNCIA 230 CV INCLUSIVE CAÇAMBA METÁLICA - IMPOSTOS E SEGUROS. AF_06/2014","CHOR - CUSTOS HORÁRIOS DE MÁQUINAS E EQUIPAMENTOS",null,"H",1,4.5999999999999996,4.5999999999999996]
[{"$nulls":4},"MO sem LS =>",8.6691483999999992,"LS =>",9.9600000000000009,"MO com LS =>",18.63]
[{"$nulls":4},"Valor do BDI =>",16.5,null,"Valor com BDI =>",null,84.76]
[]
[null,"Código","Banco","Descrição","Tipo",null,"Und","Quant.","Valor Unit","Total"]
["Composição"," 91386 ","SINAPI","CAMINHÃO BASCULANTE 10 M3, TRUCADO CABINE SIMPLES, PESO BRUTO TOTAL 23.000 KG, CARGA ÚTIL MÁXIMA 15.935 KG, DISTÂNCIA ENTRE EIXOS 4,80 M, POTÊNCIA 230 CV INCLUSIVE CAÇAMBA METÁLICA - CHP DIURNO. AF_06/2014","CHOR - CUSTOS HORÁRIOS DE MÁQUINAS E EQUIPAMENTOS",null,"CHP",1,264.66000000000003,264.66000000000003]
["Composição Auxiliar"," 88281 ","SINAPI","MOTORISTA DE BASCULANTE COM ENCARGOS COMPLEMENTARES","SEDI - SERVIÇOS DIVERSOS",null,"H",1,22.79,22.79]
["Composição Auxiliar"," 91380 ","SINAPI","CAMINHÃO BASCULANTE 10 M3, TRUCADO CABINE SIMPLES, PESO BRUTO TOTAL 23.000 KG, CARGA ÚTIL MÁXIMA 15.935 KG, DISTÂNCIA ENTRE EIXOS 4,80 M, POTÊNCIA 230 CV INCLUSIVE CAÇAMBA METÁLICA - DEPRECIAÇÃO. AF_06/2014","CHOR - CUSTOS HORÁRIOS DE MÁQUINAS E EQUIPAMENTOS",null,"H",1,29.47,29.47]
["Composição Auxiliar"," 91381 ","SINAPI","CAMINHÃO BASCULANTE 10 M3, TRUCADO CABINE SIMPLES, PESO BRUTO TOTAL 23.000 KG, CARGA ÚTIL MÁXIMA 15.935 KG, DISTÂNCIA ENTRE EIXOS 4,80 M, POTÊNCIA 230 CV INCLUSIVE CAÇAMBA METÁLICA - JUROS. AF_06/2014","CHOR - CUSTOS HORÁRIOS DE MÁQUINAS E EQUIPAMENTOS",null,"H",1,11.4,11.4]
["Composição Auxiliar"," 91382 ","SINAPI","CAMINHÃO BASCULANTE 10 M3, TRUCADO CABINE SIMPLES, PESO BRUTO TOTAL 23.000 KG, CARGA ÚTIL MÁXIMA 15.935 KG, DISTÂNCIA ENTRE EIXOS 4,80 M, POTÊNCIA 230 CV INCLUSIVE CAÇAMBA METÁLICA - IMPOSTOS E SEGUROS. AF_06/2014","CHOR - CUSTOS HORÁRIOS DE MÁQUINAS E EQUIPAMENTOS",null,"H",1,4.5999999999999996,4.5999999999999996]
["Composição Auxiliar"," 91383 ","SINAPI","CAMINHÃO BASCULANTE 10 M3, TRUCADO CABINE SIMPLES, PESO BRUTO TOTAL 23.000 KG, CARGA ÚTIL MÁXIMA 15.935 KG, DISTÂNCIA ENTRE EIXOS 4,80 M, POTÊNCIA 230 CV INCLUSIVE CAÇAMBA METÁLICA - MANUTENÇÃO. AF_06/2014","CHOR - CUSTOS HORÁRIOS DE MÁQUINAS E EQUIPAMENTOS",null,"H",1,53.26,53.26]
["Composição Auxiliar"," 91384 ","SINAPI","CAMINHÃO BASCULANTE 10 M3, TRUCADO CABINE SIMPLES, PESO BRUTO TOTAL 23.000 KG, CARGA ÚTIL MÁXIMA 15.935 KG, DISTÂNCIA ENTRE EIXOS 4,80 M, POTÊNCIA 230 CV INCLUSIVE CAÇAMBA METÁLICA - MATERIAIS NA OPERAÇÃO. AF_06/2014","CHOR - CUSTOS HORÁRIOS DE MÁQUINAS E EQUIPAMENTOS",null,"H",1,143.13999999999999,143.13999999999999]
[{"$nulls":4},"MO sem LS =>",8.6691483999999992,"LS =>",9.9600000000000009,"MO com LS =>",18.63]
[{"$nulls":4},"Valor do BDI =>",63.99,null,"Valor com BDI =>",null,328.65]
[]
[null,"Código","Banco","Descrição","Tipo",null,"Und","Quant.","Valor Unit","Total"]
["Composição"," 91380 ","SINAPI","CAMINHÃO BASCULANTE 10 M3, TRUCADO CABINE SIMPLES, PESO BRUTO TOTAL 23.000 KG, CARGA ÚTIL MÁXIMA 15.935 KG, DISTÂNCIA ENTRE EIXOS 4,80 M, POTÊNCIA 230 CV INCLUSIVE CAÇAMBA METÁLICA - DEPRECIAÇÃO. AF_06/2014","CHOR - CUSTOS HORÁRIOS DE MÁQUINAS E EQUIPAMENTOS",null,"H",1,29.47,29.47]
["Insumo"," 00037734 ","SINAPI","CACAMBA METALICA BASCULANTE COM CAPACIDADE DE 10 M3 (INCLUI MONTAGEM, NAO INCLUI CAMINHAO)","Material",null,"UN",6.0300000000000002E-5,73298.23,4.41]
["Insumo"," 00037758 ","SINAPI","CAMINHAO TRUCADO, PESO BRUTO TOTAL 23000 KG, CARGA UTIL MAXIMA 15285 KG, DISTANCIA ENTRE EIXOS 4,80 M, POTENCIA 326 CV (INCLUI CABINE E CHASSI, NAO INCLUI CARROCERIA)","Equipamento",null,"UN",3.4199999999999998E-5,732840.52,25.06]
[{"$nulls":4},"MO sem LS =>",0,"LS =>",0,"MO com LS =>",0]
[{"$nulls":4},"Valor do BDI =>",7.12,null,"Valor com BDI =>",null,36.590000000000003]
[]
[null,"Código","Banco","Descrição","Tipo",null,"Und","Quant.","Valor Unit","Total"]
["Composição"," 91382 ","SINAPI","CAMINHÃO BASCULANTE 10 M3, TRUCADO CABINE SIMPLES, PESO BRUTO TOTAL 23.000 KG, CARGA ÚTIL MÁXIMA 15.935 KG, DISTÂNCIA ENTRE EIXOS 4,80 M, POTÊNCIA 230 CV INCLUSIVE CAÇAMBA METÁLICA - IMPOSTOS E SEGUROS. AF_06/2014","CHOR - CUSTOS HORÁRIOS DE MÁQUINAS E EQUIPAMENTOS",null,"H",1,4.5999999999999996,4.5999999999999996]
["Insumo"," 00037734 ","SINAPI","CACAMBA METALICA BASCULANTE COM CAPACIDADE DE 10 M3 (INCLUI MONTAGEM, NAO INCLUI CAMINHAO)","Material",null,"UN",5.9000000000000003E-6,73298.23,0.43]
["Insumo"," 00037758 ","SINAPI","CAMINHAO TRUCADO, PESO BRUTO TOTAL 23000 KG, CARGA UTIL MAXIMA 15285 KG, DISTANCIA ENTRE EIXOS 4,80 M, POTENCIA 326 CV (INCLUI CABINE E CHASSI, NAO INCLUI CARROCERIA)","Equipamento",null,"UN",5.6999999999999996E-6,732840.52,4.17]
[{"$nulls":4},"MO sem LS =>",0,"LS =>",0,"MO com LS =>",0]
[{"$nulls":4},"Valor do BDI =>",1.1100000000000001,null,"Valor com BDI =>",null,5.71]
[]
[null,"Código","Banco","Descrição","Tipo",null,"Und","Quant.","Valor Unit","Total"]
["Composição"," 91381 ","SINAPI","CAMINHÃO BASCULANTE 10 M3, TRUCADO CABINE SIMPLES, PESO BRUTO TOTAL 23.000 KG, CARGA ÚTIL MÁXIMA 15.935 KG, DISTÂNCIA ENTRE EIXOS 4,80 M, POTÊNCIA 230 CV INCLUSIVE CAÇAMBA METÁLICA - JUROS. AF_06/2014","CHOR - CUSTOS HORÁRIOS DE MÁQUINAS E EQUIPAMENTOS",null,"H",1,11.4,11.4]
["Insumo"," 00037734 ","SINAPI","CACAMBA METALICA BASCULANTE COM CAPACIDADE DE 10 M3 (INCLUI MONTAGEM, NAO INCLUI CAMINHAO)","Material",null,"UN",1.4600000000000001E-5,73298.23,1.07]
["Insumo"," 00037758 ","SINAPI","CAMINHAO TRUCADO, PESO BRUTO TOTAL 23000 KG, CARGA UTIL MAXIMA 15285 KG, DISTANCIA ENTRE EIXOS 4,80 M, POTENCIA 326 CV (INCLUI CABINE E CHASSI, NAO INCLUI CARROCERIA)","Equipamento",null,"UN",1.4100000000000001E-5,732840.52,10.33]
[{"$nulls":4},"MO sem LS =>",0,"LS =>",0,"MO com LS =>",0]
[{"$nulls":4},"Valor do BDI =>",2.75,null,"Valor com BDI =>",null,14.15]
[]
[null,"Código","Banco","Descrição","Tipo",null,"Und","Quant.","Valor Unit","Total"]
["Composição"," 91383 ","SINAPI","CAMINHÃO BASCULANTE 10 M3, TRUCADO CABINE SIMPLES, PESO BRUTO TOTAL 23.000 KG, CARGA ÚTIL MÁXIMA 15.935 KG, DISTÂNCIA ENTRE EIXOS 4,80 M, POTÊNCIA 230 CV INCLUSIVE CAÇAMBA METÁLICA - MANUTENÇÃO. AF_06/2014","CHOR - CUSTOS HORÁRIOS DE MÁQUINAS E EQUIPAMENTOS",null,"H",1,53.26,53.26]
["Insumo"," 00037734 ","SINAPI","CACAMBA METALICA BASCULANTE COM CAPACIDADE DE 10 M3 (INCLUI MONTAGEM, NAO INCLUI CAMINHAO)","Material",null,"UN",8.4900000000000004E-5,73298.23,6.22]
["Insumo"," 00037758 ","SINAPI","CAMINHAO TRUCADO, PESO BRUTO TOTAL 23000 KG, CARGA UTIL MAXIMA 15285 KG, DISTANCIA ENTRE EIXOS 4,80 M, POTENCIA 326 CV (INCLUI CABINE E CHASSI, NAO INCLUI CARROCERIA)","Equipamento",null,"UN",6.4200000000000002E-5,732840.52,47.04]
[{"$nulls":4},"MO sem LS =>",0,"LS =>",0,"MO com LS =>",0]
[{"$nulls":4},"Valor do BDI =>",12.87,null,"Valor com BDI =>",null,66.13]
[]
[null,"Código","Banco","Descrição","Tipo",null,"Und","Quant.","Valor Unit","Total"]
["Composição"," 91384 ","SINAPI","CAMINHÃO BASCULANTE 10 M3, TRUCADO CABINE SIMPLES, PESO BRUTO TOTAL 23.000 KG, CARGA ÚTIL MÁXIMA 15.935 KG, DISTÂNCIA ENTRE EIXOS 4,80 M, POTÊNCIA 230 CV INCLUSIVE CAÇAMBA METÁLICA - MATERIAIS NA OPERAÇÃO. AF_06/2014","CHOR - CUSTOS HORÁRIOS DE MÁQUINAS E EQUIPAMENTOS",null,"H",1,143.13999999999999,143.13999999999999]
["Insumo"," 00004221 ","SINAPI","OLEO DIESEL COMBUSTIVEL COMUM METROPOLITANO S-10 OU S-500","Material",null,"L",23.7,6.04,143.13999999999999]
[{"$nulls":4},"MO sem LS =>",0,"LS =>",0,"MO com LS =>",0]
[{"$nulls":4},"Valor do BDI =>",34.61,null,"Valor com BDI =>",null,177.75]
[]
[null,"Código","Banco","Descrição","Tipo",null,"Und","Quant.","Valor Unit","Total"]
["Composição"," 89877 ","SINAPI","CAMINHÃO BASCULANTE 14 M3, COM CAVALO MECÂNICO DE CAPACIDADE MÁXIMA DE TRAÇÃO COMBINADO DE 36000 KG, POTÊNCIA 286 CV, INCLUSIVE SEMIREBOQUE COM CAÇAMBA METÁLICA - CHI DIURNO. AF_12/2014","CHOR - CUSTOS HORÁRIOS DE MÁQUINAS E EQUIPAMENTOS",null,"CHI",1,74.25,74.25]
["Composição Auxiliar"," 88281 ","SINAPI","MOTORISTA DE BASCULANTE COM ENCARGOS COMPLEMENTARES","SEDI - SERVIÇOS DIVERSOS",null,"H",1,22.79,22.79]
["Composição Auxiliar"," 89870 ","SINAPI","CAMINHÃO BASCULANTE 14 M3, COM CAVALO MECÂNICO DE CAPACIDADE MÁXIMA DE TRAÇÃO COMBINADO DE 36000 KG, POTÊNCIA 286 CV, INCLUSIVE SEMIREBOQUE COM CAÇAMBA METÁLICA - DEPRECIAÇÃO. AF_12/2014","CHOR - CUSTOS HORÁRIOS DE MÁQUINAS E EQUIPAMENTOS",null,"H",1,34.549999999999997,34.549999999999997]
["Composição Auxiliar"," 89871 ","SINAPI","CAMINHÃO BASCULANTE 14 M3, COM CAVALO MECÂNICO DE CAPACIDADE MÁXIMA DE TRAÇÃO COMBINADO DE 36000 KG, POTÊNCIA 286 CV, INCLUSIVE SEMIREBOQUE COM CAÇAMBA METÁLICA - JUROS. AF_12/2014","CHOR - CUSTOS HORÁRIOS DE MÁQUINAS E EQUIPAMENTOS",null,"H",1,12.05,12.05]
["Composição Auxiliar"," 89872 ","SINAPI","CAMINHÃO BASCULANTE 14 M3, COM CAVALO MECÂNICO DE CAPACIDADE MÁXIMA DE TRAÇÃO COMBINADO DE 36000 KG, POTÊNCIA 286 CV, INCLUSIVE SEMIREBOQUE COM CAÇAMBA METÁLICA - IMPOSTOS E SEGUROS. AF_12/2014","CHOR - CUSTOS HORÁRIOS DE MÁQUINAS E EQUIPAMENTOS",null,"H",1,4.8600000000000003,4.8600000000000003]
[{"$nulls":4},"MO sem LS =>",8.6691483999999992,"LS =>",9.9600000000000009,"MO com LS =>",18.63]
[{"$nulls":4},"Valor do BDI =>",17.95,null,"Valor com BDI =>",null,92.2]
[]
[null,"Código","Banco","Descrição","Tipo",null,"Und","Quant.","Valor Unit","Total"]
["Composição"," 89876 ","SINAPI","CAMINHÃO BASCULANTE 14 M3, COM CAVALO MECÂNICO DE CAPACIDADE MÁXIMA DE TRAÇÃO COMBINADO DE 36000 KG, POTÊNCIA 286 CV, INCLUSIVE SEMIREBOQUE COM CAÇAMBA METÁLICA - CHP DIURNO. AF_12/2014","CHOR - CUSTOS HORÁRIOS DE MÁQUINAS E EQUIPAMENTOS",null,"CHP",1,311.08,311.08]
["Composição Auxiliar"," 88281 ","SINAPI","MOTORISTA DE BASCULANTE COM ENCARGOS COMPLEMENTARES","SEDI - SERVIÇOS DIVERSOS",null,"H",1,22.79,22.79]
["Composição Auxiliar"," 89870 ","SINAPI","CAMINHÃO BASCULANTE 14 M3, COM CAVALO MECÂNICO DE CAPACIDADE MÁXIMA DE TRAÇÃO COMBINADO DE 36000 KG, POTÊNCIA 286 CV, INCLUSIVE SEMIREBOQUE COM CAÇAMBA METÁLICA - DEPRECIAÇÃO. AF_12/2014","CHOR - CUSTOS HORÁRIOS DE MÁQUINAS E EQUIPAMENTOS",null,"H",1,34.549999999999997,34.549999999999997]
["Composição Auxiliar"," 89871 ","SINAPI","CAMINHÃO BASCULANTE 14 M3, COM CAVALO MECÂNICO DE CAPACIDADE MÁXIMA DE TRAÇÃO COMBINADO DE 36000 KG, POTÊNCIA 286 CV, INCLUSIVE SEMIREBOQUE COM CAÇAMBA METÁLICA - JUROS. AF_12/2014","CHOR - CUSTOS HORÁRIOS DE MÁQUINAS E EQUIPAMENTOS",null,"H",1,12.05,12.05]
["Composição Auxiliar"," 89872 ","SINAPI","CAMINHÃO BASCULANTE 14 M3, COM CAVALO MECÂNICO DE CAPACIDADE MÁXIMA DE TRAÇÃO COMBINADO DE 36000 KG, POTÊNCIA 286 CV, INCLUSIVE SEMIREBOQUE COM CAÇAMBA METÁLICA - IMPOSTOS E SEGUROS. AF_12/2014","CHOR - CUSTOS HORÁRIOS DE MÁQUINAS E EQUIPAMENTOS",null,"H",1,4.8600000000000003,4.8600000000000003]
["Composição Auxiliar"," 89873 ","SINAPI","CAMINHÃO BASCULANTE 14 M3, COM CAVALO MECÂNICO DE CAPACIDADE MÁXIMA DE TRAÇÃO COMBINADO DE 36000 KG, POTÊNCIA 286 CV, INCLUSIVE SEMIREBOQUE COM CAÇAMBA METÁLICA - MANUTENÇÃO. AF_12/2014","CHOR - CUSTOS HORÁRIOS DE MÁQUINAS E EQUIPAMENTOS",null,"H",1,58.84,58.84]
["Composição Auxiliar"," 89874 ","SINAPI","CAMINHÃO BASCULANTE 14 M3, COM CAVALO MECÂNICO DE CAPACIDADE MÁXIMA DE TRAÇÃO COMBINADO DE 36000 KG, POTÊNCIA 286 CV, INCLUSIVE SEMIREBOQUE COM CAÇAMBA METÁLICA - MATERIAIS NA OPERAÇÃO. AF_12/2014","CHOR - CUSTOS HORÁRIOS DE MÁQUINAS E EQUIPAMENTOS",null,"H",1,177.99,177.99]
[{"$nulls":4},"MO sem LS =>",8.6691483999999992,"LS =>",9.9600000000000009,"MO com LS =>",18.63]
[{"$nulls":4},"Valor do BDI =>",75.209999999999994,null,"Valor com BDI =>",null,386.29]
[]
[null,"Código","Banco","Descrição","Tipo",null,"Und","Quant.","Valor Unit","Total"]
["Composição"," 89870 ","SINAPI","CAMINHÃO BASCULANTE 14 M3, COM CAVALO MECÂNICO DE CAPACIDADE MÁXIMA DE TRAÇÃO COMBINADO DE 36000 KG, POTÊNCIA 286 CV, INCLUSIVE SEMIREBOQUE COM CAÇAMBA METÁLICA - DEPRECIAÇÃO. AF_12/2014","CHOR - CUSTOS HORÁRIOS DE MÁQUINAS E EQUIPAMENTOS",null,"H",1,34.549999999999997,34.549999999999997]
["Insumo"," 00037743 ","SINAPI","SEMIRREBOQUE COM DOIS EIXOS EM TANDEM TIPO BASCULANTE COM CACAMBA METALICA 14 M3  (INCLUI MONTAGEM, NAO INCLUI CAVALO MECANICO)","Material",null,"UN",6.0300000000000002E-5,213383.28,12.86]
["Insumo"," 00037762 ","SINAPI","CAVALO MECANICO TRACAO 4X2, PESO BRUTO TOTAL 16000 KG, CAPACIDADE MAXIMA DE TRACAO *36000* KG, DISTANCIA ENTRE EIXOS *3,56* M, POTENCIA *286* CV (INCLUI CABINE E CHASSI, NAO INCLUI SEMIRREBOQUE)","Equipamento",null,"UN",3.4199999999999998E-5,634447.59,21.69]
[{"$nulls":4},"MO sem LS =>",0,"LS =>",0,"MO com LS =>",0]
[{"$nulls":4},"Valor do BDI =>",8.35,null,"Valor com BDI =>",null,42.9]
[]
[null,"Código","Banco","Descrição","Tipo",null,"Und","Quant.","Valor Unit","Total"]
["Composição"," 89872 ","SINAPI","CAMINHÃO BASCULANTE 14 M3, COM CAVALO MECÂNICO DE CAPACIDADE MÁXIMA DE TRAÇÃO COMBINADO DE 36000 KG, POTÊNCIA 286 CV, INCLUSIVE SEMIREBOQUE COM CAÇAMBA METÁLICA - IMPOSTOS E SEGUROS. AF_12/2014","CHOR - CUSTOS HORÁRIOS DE MÁQUINAS E EQUIPAMENTOS",null,"H",1,4.8600000000000003,4.8600000000000003]
["Insumo"," 00037743 ","SINAPI","SEMIRREBOQUE COM DOIS EIXOS EM TANDEM TIPO BASCULANTE COM CACAMBA METALICA 14 M3  (INCLUI MONTAGEM, NAO INCLUI CAVALO MECANICO)","Material",null,"UN",5.9000000000000003E-6,213383.28,1.25]
["Insumo"," 00037762 ","SINAPI","CAVALO MECANICO TRACAO 4X2, PESO BRUTO TOTAL 16000 KG, CAPACIDADE MAXIMA DE TRACAO *36000* KG, DISTANCIA ENTRE EIXOS *3,56* M, POTENCIA *286* CV (INCLUI CABINE E CHASSI, NAO INCLUI SEMIRREBOQUE)","Equipamento",null,"UN",5.6999999999999996E-6,634447.59,3.61]
[{"$nulls":4},"MO sem LS =>",0,"LS =>",0,"MO com LS =>",0]
[{"$nulls":4},"Valor do BDI =>",1.17,null,"Valor com BDI =>",null,6.03]
[]
[null,"Código","Banco","Descrição","Tipo",null,"Und","Quant.","Valor Unit","Total"]
["Composição"," 89871 ","SINAPI","CAMINHÃO BASCULANTE 14 M3, COM CAVALO MECÂNICO DE CAPACIDADE MÁXIMA DE TRAÇÃO COMBINADO DE 36000 KG, POTÊNCIA 286 CV, INCLUSIVE SEMIREBOQUE COM CAÇAMBA METÁLICA - JUROS. AF_12/2014","CHOR - CUSTOS HORÁRIOS DE MÁQUINAS E EQUIPAMENTOS",null,"H",1,12.05,12.05]
["Insumo"," 00037743 ","SINAPI","SEMIRREBOQUE COM DOIS EIXOS EM TANDEM TIPO BASCULANTE COM CACAMBA METALICA 14 M3  (INCLUI MONTAGEM, NAO INCLUI CAVALO MECANICO)","Material",null,"UN",1.4600000000000001E-5,213383.28,3.11]
["Insumo"," 00037762 ","SINAPI","CAVALO MECANICO TRACAO 4X2, PESO BRUTO TOTAL 16000 KG, CAPACIDADE MAXIMA DE TRACAO *36000* KG, DISTANCIA ENTRE EIXOS *3,56* M, POTENCIA *286* CV (INCLUI CABINE E CHASSI, NAO INCLUI SEMIRREBOQUE)","Equipamento",null,"UN",1.4100000000000001E-5,634447.59,8.94]
[{"$nulls":4},"MO sem LS =>",0,"LS =>",0,"MO com LS =>",0]
[{"$nulls":4},"Valor do BDI =>",2.91,null,"Valor com BDI =>",null,14.96]
[]
[null,"Código","Banco","Descrição","Tipo",null,"Und","Quant.","Valor Unit","Total"]
["Composição"," 89873 ","SINAPI","CAMINHÃO BASCULANTE 14 M3, COM CAVALO MECÂNICO DE CAPACIDADE MÁXIMA DE TRAÇÃO COMBINADO DE 36000 KG, POTÊNCIA 286 CV, INCLUSIVE SEMIREBOQUE COM CAÇAMBA METÁLICA - MANUTENÇÃO. AF_12/2014","CHOR - CUSTOS HORÁRIOS DE MÁQUINAS E EQUIPAMENTOS",null,"H",1,58.84,58.84]
["Insumo"," 00037743 ","SINAPI","SEMIRREBOQUE COM DOIS EIXOS EM TANDEM TIPO BASCULANTE COM CACAMBA METALICA 14 M3  (INCLUI MONTAGEM, NAO INCLUI CAVALO MECANICO)","Material",null,"UN",8.4900000000000004E-5,213383.28,18.11]
["Insumo"," 00037762 ","SINAPI","CAVALO MECANICO TRACAO 4X2, PESO BRUTO TOTAL 16000 KG, CAPACIDADE MAXIMA DE TRACAO *36000* KG, DISTANCIA ENTRE EIXOS *3,56* M, POTENCIA *286* CV (INCLUI CABINE E CHASSI, NAO INCLUI SEMIRREBOQUE)","Equipamento",null,"UN",6.4200000000000002E-5,634447.59,40.729999999999997]
[{"$nulls":4},"MO sem LS =>",0,"LS =>",0,"MO com LS =>",0]
[{"$nulls":4},"Valor do BDI =>",14.22,null,"Valor com BDI =>",null,73.06]
[]
[null,"Código","Banco","Descrição","Tipo",null,"Und","Quant.","Valor Unit","Total"]
["Composição"," 89874 ","SINAPI","CAMINHÃO BASCULANTE 14 M3, COM CAVALO MECÂNICO DE CAPACIDADE MÁXIMA DE TRAÇÃO COMBINADO DE 36000 KG, POTÊNCIA 286 CV, INCLUSIVE SEMIREBOQUE COM CAÇAMBA METÁLICA - MATERIAIS NA OPERAÇÃO. AF_12/2014","CHOR - CUSTOS HORÁRIOS DE MÁQUINAS E EQUIPAMENTOS",null,"H",1,177.99,177.99]
["Insumo"," 00004221 ","SINAPI","OLEO DIESEL COMBUSTIVEL COMUM METROPOLITANO S-10 OU S-500","Material",null,"L",29.47,6.04,177.99]
[{"$nulls":4},"MO sem LS =>",0,"LS =>",0,"MO com LS =>",0]
[{"$nulls":4},"Valor do BDI =>",43.03,null,"Valor com BDI =>",null,221.02]
[]
[null,"Código","Banco","Descrição","Tipo",null,"Und","Quant.","Valor Unit","Total"]
["Composição"," 67827 ","SINAPI","CAMINHÃO BASCULANTE 6 M3 TOCO, PESO BRUTO TOTAL 16.000 KG, CARGA ÚTIL MÁXIMA 11.130 KG, DISTÂNCIA ENTRE EIXOS 5,36 M, POTÊNCIA 185 CV, INCLUSIVE CAÇAMBA METÁLICA - CHI DIURNO. AF_06/2014","CHOR - CUSTOS HORÁRIOS DE MÁQUINAS E EQUIPAMENTOS",null,"CHI",1,58.6,58.6]
["Composição Auxiliar"," 7058 ","SINAPI","CAMINHÃO BASCULANTE 6 M3 TOCO, PESO BRUTO TOTAL 16.000 KG, CARGA ÚTIL MÁXIMA 11.130 KG, DISTÂNCIA ENTRE EIXOS 5,36 M, POTÊNCIA 185 CV, INCLUSIVE CAÇAMBA METÁLICA - DEPRECIAÇÃO. AF_06/2014","CHOR - CUSTOS HORÁRIOS DE MÁQUINAS E EQUIPAMENTOS",null,"H",1,23.19,23.19]
["Composição Auxiliar"," 7059 ","SINAPI","CAMINHÃO BASCULANTE 6 M3 TOCO, PESO BRUTO TOTAL 16.000 KG, CARGA ÚTIL MÁXIMA 11.130 KG, DISTÂNCIA ENTRE EIXOS 5,36 M, POTÊNCIA 185 CV, INCLUSIVE CAÇAMBA METÁLICA - JUROS. AF_06/2014","CHOR - CUSTOS HORÁRIOS DE MÁQUINAS E EQUIPAMENTOS",null,"H",1,8.99,8.99]
["Composição Auxiliar"," 88281 ","SINAPI","MOTORISTA DE BASCULANTE COM ENCARGOS COMPLEMENTARES","SEDI - SERVIÇOS DIVERSOS",null,"H",1,22.79,22.79]
["Composição Auxiliar"," 91402 ","SINAPI","CAMINHÃO BASCULANTE 6 M3 TOCO, PESO BRUTO TOTAL 16.000 KG, CARGA ÚTIL MÁXIMA 11.130 KG, DISTÂNCIA ENTRE EIXOS 5,36 M, POTÊNCIA 185 CV, INCLUSIVE CAÇAMBA METÁLICA - IMPOSTOS E SEGUROS. AF_06/2014","CHOR - CUSTOS HORÁRIOS DE MÁQUINAS E EQUIPAMENTOS",null,"H",1,3.63,3.63]
[{"$nulls":4},"MO sem LS =>",8.6691483999999992,"LS =>",9.9600000000000009,"MO com LS =>",18.63]
[{"$nulls":4},"Valor do BDI =>",14.16,null,"Valor com BDI =>",null,72.760000000000005]
[]
[null,"Código","Banco","Descrição","Tipo",null,"Und","Quant.","Valor Unit","Total"]
["Composição"," 67826 ","SINAPI","CAMINHÃO BASCULANTE 6 M3 TOCO, PESO BRUTO TOTAL 16.000 KG, CARGA ÚTIL MÁXIMA 11.130 KG, DISTÂNCIA ENTRE EIXOS 5,36 M, POTÊNCIA 185 CV, INCLUSIVE CAÇAMBA METÁLICA - CHP DIURNO. AF_06/2014","CHOR - CUSTOS HORÁRIOS DE MÁQUINAS E EQUIPAMENTOS",null,"CHP",1,182.85,182.85]
["Composição Auxiliar"," 7058 ","SINAPI","CAMINHÃO BASCULANTE 6 M3 TOCO, PESO BRUTO TOTAL 16.000 KG, CARGA ÚTIL MÁXIMA 11.130 KG, DISTÂNCIA ENTRE EIXOS 5,36 M, POTÊNCIA 185 CV, INCLUSIVE CAÇAMBA METÁLICA - DEPRECIAÇÃO. AF_06/2014","CHOR - CUSTOS HORÁRIOS DE MÁQUINAS E EQUIPAMENTOS",null,"H",1,23.19,23.19]
["Composição Auxiliar"," 7059 ","SINAPI","CAMINHÃO BASCULANTE 6 M3 TOCO, PESO BRUTO TOTAL 16.000 KG, CARGA ÚTIL MÁXIMA 11.130 KG, DISTÂNCIA ENTRE EIXOS 5,36 M, POTÊNCIA 185 CV, INCLUSIVE CAÇAMBA METÁLICA - JUROS. AF_06/2014","CHOR - CUSTOS HORÁRIOS DE MÁQUINAS E EQUIPAMENTOS",null,"H",1,8.99,8.99]
["Composição Auxiliar"," 7060 ","SINAPI","CAMINHÃO BASCULANTE 6 M3 TOCO, PESO BRUTO TOTAL 16.000 KG, CARGA ÚTIL MÁXIMA 11.130 KG, DISTÂNCIA ENTRE EIXOS 5,36 M, POTÊNCIA 185 CV, INCLUSIVE CAÇAMBA METÁLICA - MANUTENÇÃO. AF_06/2014","CHOR - CUSTOS HORÁRIOS DE MÁQUINAS E EQUIPAMENTOS",null,"H",1,41.99,41.99]
["Composição Auxiliar"," 7061 ","SINAPI","CAMINHÃO BASCULANTE 6 M3 TOCO, PESO BRUTO TOTAL 16.000 KG, CARGA ÚTIL MÁXIMA 11.130 KG, DISTÂNCIA ENTRE EIXOS 5,36 M, POTÊNCIA 185 CV, INCLUSIVE CAÇAMBA METÁLICA - MATERIAIS NA OPERAÇÃO. AF_06/2014","CHOR - CUSTOS HORÁRIOS DE MÁQUINAS E EQUIPAMENTOS",null,"H",1,82.26,82.26]
["Composição Auxiliar"," 88281 ","SINAPI","MOTORISTA DE BASCULANTE COM ENCARGOS COMPLEMENTARES","SEDI - SERVIÇOS DIVERSOS",null,"H",1,22.79,22.79]
["Composição Auxiliar"," 91402 ","SINAPI","CAMINHÃO BASCULANTE 6 M3 TOCO, PESO BRUTO TOTAL 16.000 KG, CARGA ÚTIL MÁXIMA 11.130 KG, DISTÂNCIA ENTRE EIXOS 5,36 M, POTÊNCIA 185 CV, INCLUSIVE CAÇAMBA METÁLICA - IMPOSTOS E SEGUROS. AF_06/2014","CHOR - CUSTOS HORÁRIOS DE MÁQUINAS E EQUIPAMENTOS",null,"H",1,3.63,3.63]
[{"$nulls":4},"MO sem LS =>",8.6691483999999992,"LS =>",9.9600000000000009,"MO com LS =>",18.63]
[{"$nulls":4},"Valor do BDI =>",44.21,null,"Valor com BDI =>",null,227.06]
[]
[null,"Código","Banco","Descrição","Tipo",null,"Und","Quant.","Valor Unit","Total"]
["Composição"," 7058 ","SINAPI","CAMINHÃO BASCULANTE 6 M3 TOCO, PESO BRUTO TOTAL 16.000 KG, CARGA ÚTIL MÁXIMA 11.130 KG, DISTÂNCIA ENTRE EIXOS 5,36 M, POTÊNCIA 185 CV, INCLUSIVE CAÇAMBA METÁLICA - DEPRECIAÇÃO. AF_06/2014","CHOR - CUSTOS HORÁRIOS DE MÁQUINAS E EQUIPAMENTOS",null,"H",1,23.19,23.19]
["Insumo"," 00037733 ","SINAPI","CACAMBA METALICA BASCULANTE COM CAPACIDADE DE 6 M3 (INCLUI MONTAGEM, NAO INCLUI CAMINHAO)","Material",null,"UN",6.0300000000000002E-5,54958.74,3.31]
["Insumo"," 00037752 ","SINAPI","CAMINHAO TOCO, PESO BRUTO TOTAL 16000 KG, CARGA UTIL MAXIMA 11030 KG, DISTANCIA ENTRE EIXOS 5,41 M, POTENCIA 185 CV (INCLUI CABINE E CHASSI, NAO INCLUI CARROCERIA)","Equipamento",null,"UN",3.4199999999999998E-5,581472.94999999995,19.88]
[{"$nulls":4},"MO sem LS =>",0,"LS =>",0,"MO com LS =>",0]
[{"$nulls":4},"Valor do BDI =>",5.6,null,"Valor com BDI =>",null,28.79]
[]
[null,"Código","Banco","Descrição","Tipo",null,"Und","Quant.","Valor Unit","Total"]
["Composição"," 91402 ","SINAPI","CAMINHÃO BASCULANTE 6 M3 TOCO, PESO BRUTO TOTAL 16.000 KG, CARGA ÚTIL MÁXIMA 11.130 KG, DISTÂNCIA ENTRE EIXOS 5,36 M, POTÊNCIA 185 CV, INCLUSIVE CAÇAMBA METÁLICA - IMPOSTOS E SEGUROS. AF_06/2014","CHOR - CUSTOS HORÁRIOS DE MÁQUINAS E EQUIPAMENTOS",null,"H",1,3.63,3.63]
["Insumo"," 00037733 ","SINAPI","CACAMBA METALICA BASCULANTE COM CAPACIDADE DE 6 M3 (INCLUI MONTAGEM, NAO INCLUI CAMINHAO)","Material",null,"UN",5.9000000000000003E-6,54958.74,0.32]
["Insumo"," 00037752 ","SINAPI","CAMINHAO TOCO, PESO BRUTO TOTAL 16000 KG, CARGA UTIL MAXIMA 11030 KG, DISTANCIA ENTRE EIXOS 5,41 M, POTENCIA 185 CV (INCLUI CABINE E CHASSI, NAO INCLUI CARROCERIA)","Equipamento",null,"UN",5.6999999999999996E-6,581472.94999999995,3.31]
[{"$nulls":4},"MO sem LS =>",0,"LS =>",0,"MO com LS =>",0]
[{"$nulls":4},"Valor do BDI =>",0.87,null,"Valor com BDI =>",null,4.5]
[]
[null,"Código","Banco","Descrição","Tipo",null,"Und","Quant.","Valor Unit","Total"]
["Composição"," 7059 ","SINAPI","CAMINHÃO BASCULANTE 6 M3 TOCO, PESO BRUTO TOTAL 16.000 KG, CARGA ÚTIL MÁXIMA 11.130 KG, DISTÂNCIA ENTRE EIXOS 5,36 M, POTÊNCIA 185 CV, INCLUSIVE CAÇAMBA METÁLICA - JUROS. AF_06/2014","CHOR - CUSTOS HORÁRIOS DE MÁQUINAS E EQUIPAMENTOS",null,"H",1,8.99,8.99]
["Insumo"," 00037733 ","SINAPI","CACAMBA METALICA BASCULANTE COM CAPACIDADE DE 6 M3 (INCLUI MONTAGEM, NAO INCLUI CAMINHAO)","Material",null,"UN",1.4600000000000001E-5,54958.74,0.8]
["Insumo"," 00037752 ","SINAPI","CAMINHAO TOCO, PESO BRUTO TOTAL 16000 KG, CARGA UTIL MAXIMA 11030 KG, DISTANCIA ENTRE EIXOS 5,41 M, POTENCIA 185 CV (INCLUI CABINE E CHASSI, NAO INCLUI CARROCERIA)","Equipamento",null,"UN",1.4100000000000001E-5,581472.94999999995,8.19]
[{"$nulls":4},"MO sem LS =>",0,"LS =>",0,"MO com LS =>",0]
[{"$nulls":4},"Valor do BDI =>",2.17,null,"Valor com BDI =>",null,11.16]
[]
[null,"Código","Banco","Descrição","Tipo",null,"Und","Quant.","Valor Unit","Total"]
["Composição"," 7060 ","SINAPI","CAMINHÃO BASCULANTE 6 M3 TOCO, PESO BRUTO TOTAL 16.000 KG, CARGA ÚTIL MÁXIMA 11.130 KG, DISTÂNCIA ENTRE EIXOS 5,36 M, POTÊNCIA 185 CV, INCLUSIVE CAÇAMBA METÁLICA - MANUTENÇÃO. AF_06/2014","CHOR - CUSTOS HORÁRIOS DE MÁQUINAS E EQUIPAMENTOS",null,"H",1,41.99,41.99]
["Insumo"," 00037733 ","SINAPI","CACAMBA METALICA BASCULANTE COM CAPACIDADE DE 6 M3 (INCLUI MONTAGEM, NAO INCLUI CAMINHAO)","Material",null,"UN",8.4900000000000004E-5,54958.74,4.66]
["Insumo"," 00037752 ","SINAPI","CAMINHAO TOCO, PESO BRUTO TOTAL 16000 KG, CARGA UTIL MAXIMA 11030 KG, DISTANCIA ENTRE EIXOS 5,41 M, POTENCIA 185 CV (INCLUI CABINE E CHASSI, NAO INCLUI CARROCERIA)","Equipamento",null,"UN",6.4200000000000002E-5,581472.94999999995,37.33]
[{"$nulls":4},"MO sem LS =>",0,"LS =>",0,"MO com LS =>",0]
[{"$nulls":4},"Valor do BDI =>",10.15,null,"Valor com BDI =>",null,52.14]
[]
[null,"Código","Banco","Descrição","Tipo",null,"Und","Quant.","Valor Unit","Total"]
["Composição"," 7061 ","SINAPI","CAMINHÃO BASCULANTE 6 M3 TOCO, PESO BRUTO TOTAL 16.000 KG, CARGA ÚTIL MÁXIMA 11.130 KG, DISTÂNCIA ENTRE EIXOS 5,36 M, POTÊNCIA 185 CV, INCLUSIVE CAÇAMBA METÁLICA - MATERIAIS NA OPERAÇÃO. AF_06/2014","CHOR - CUSTOS HORÁRIOS DE MÁQUINAS E EQUIPAMENTOS",null,"H",1,82.26,82.26]
["Insumo"," 00004221 ","SINAPI","OLEO DIESEL COMBUSTIVEL COMUM METROPOLITANO S-10 OU S-500","Material",null,"L",13.62,6.04,82.26]
[{"$nulls":4},"MO sem LS =>",0,"LS =>",0,"MO com LS =>",0]
[{"$nulls":4},"Valor do BDI =>",19.89,null,"Valor com BDI =>",null,102.15]
[]
[null,"Código","Banco","Descrição","Tipo",null,"Und","Quant.","Valor Unit","Total"]
["Composição"," 5903 ","SINAPI","CAMINHÃO PIPA 10.000 L TRUCADO, PESO BRUTO TOTAL 23.000 KG, CARGA ÚTIL MÁXIMA 15.935 KG, DISTÂNCIA ENTRE EIXOS 4,8 M, POTÊNCIA 230 CV, INCLUSIVE TANQUE DE AÇO PARA TRANSPORTE DE ÁGUA - CHI DIURNO. AF_06/2014","CHOR - CUSTOS HORÁRIOS DE MÁQUINAS E EQUIPAMENTOS",null,"CHI",1,68,68]
["Composição Auxiliar"," 88282 ","SINAPI","MOTORISTA DE CAMINHÃO COM ENCARGOS COMPLEMENTARES","SEDI - SERVIÇOS DIVERSOS",null,"H",1,22.1,22.1]
["Composição Auxiliar"," 91396 ","SINAPI","CAMINHÃO PIPA 10.000 L TRUCADO, PESO BRUTO TOTAL 23.000 KG, CARGA ÚTIL MÁXIMA 15.935 KG, DISTÂNCIA ENTRE EIXOS 4,8 M, POTÊNCIA 230 CV, INCLUSIVE TANQUE DE AÇO PARA TRANSPORTE DE ÁGUA - DEPRECIAÇÃO. AF_06/2014","CHOR - CUSTOS HORÁRIOS DE MÁQUINAS E EQUIPAMENTOS",null,"H",1,29.72,29.72]
["Composição Auxiliar"," 91397 ","SINAPI","CAMINHÃO PIPA 10.000 L TRUCADO, PESO BRUTO TOTAL 23.000 KG, CARGA ÚTIL MÁXIMA 15.935 KG, DISTÂNCIA ENTRE EIXOS 4,8 M, POTÊNCIA 230 CV, INCLUSIVE TANQUE DE AÇO PARA TRANSPORTE DE ÁGUA - JUROS. AF_06/2014","CHOR - CUSTOS HORÁRIOS DE MÁQUINAS E EQUIPAMENTOS",null,"H",1,11.53,11.53]
["Composição Auxiliar"," 91398 ","SINAPI","CAMINHÃO PIPA 10.000 L TRUCADO, PESO BRUTO TOTAL 23.000 KG, CARGA ÚTIL MÁXIMA 15.935 KG, DISTÂNCIA ENTRE EIXOS 4,8 M, POTÊNCIA 230 CV, INCLUSIVE TANQUE DE AÇO PARA TRANSPORTE DE ÁGUA - IMPOSTOS E SEGUROS. AF_06/2014","CHOR - CUSTOS HORÁRIOS DE MÁQUINAS E EQUIPAMENTOS",null,"H",1,4.6500000000000004,4.6500000000000004]
[{"$nulls":4},"MO sem LS =>",8.3480688999999995,"LS =>",9.59,"MO com LS =>",17.940000000000001]
[{"$nulls":4},"Valor do BDI =>",16.440000000000001,null,"Valor com BDI =>",null,84.44]
[]
[null,"Código","Banco","Descrição","Tipo",null,"Und","Quant.","Valor Unit","Total"]
["Composição"," 5901 ","SINAPI","CAMINHÃO PIPA 10.000 L TRUCADO, PESO BRUTO TOTAL 23.000 KG, CARGA ÚTIL MÁXIMA 15.935 KG, DISTÂNCIA ENTRE EIXOS 4,8 M, POTÊNCIA 230 CV, INCLUSIVE TANQUE DE AÇO PARA TRANSPORTE DE ÁGUA - CHP DIURNO. AF_06/2014","CHOR - CUSTOS HORÁRIOS DE MÁQUINAS E EQUIPAMENTOS",null,"CHP",1,315.10000000000002,315.10000000000002]
["Composição Auxiliar"," 53831 ","SINAPI","CAMINHÃO PIPA 10.000 L TRUCADO, PESO BRUTO TOTAL 23.000 KG, CARGA ÚTIL MÁXIMA 15.935 KG, DISTÂNCIA ENTRE EIXOS 4,8 M, POTÊNCIA 230 CV, INCLUSIVE TANQUE DE AÇO PARA TRANSPORTE DE ÁGUA - MATERIAIS NA OPERAÇÃO. AF_06/2014","CHOR - CUSTOS HORÁRIOS DE MÁQUINAS E EQUIPAMENTOS",null,"H",1,194.24,194.24]
["Composição Auxiliar"," 5763 ","SINAPI","CAMINHÃO PIPA 10.000 L TRUCADO, PESO BRUTO TOTAL 23.000 KG, CARGA ÚTIL MÁXIMA 15.935 KG, DISTÂNCIA ENTRE EIXOS 4,8 M, POTÊNCIA 230 CV, INCLUSIVE TANQUE DE AÇO PARA TRANSPORTE DE ÁGUA - MANUTENÇÃO. AF_06/2014","CHOR - CUSTOS HORÁRIOS DE MÁQUINAS E EQUIPAMENTOS",null,"H",1,52.86,52.86]
["Composição Auxiliar"," 88282 ","SINAPI","MOTORISTA DE CAMINHÃO COM ENCARGOS COMPLEMENTARES","SEDI - SERVIÇOS DIVERSOS",null,"H",1,22.1,22.1]
["Composição Auxiliar"," 91396 ","SINAPI","CAMINHÃO PIPA 10.000 L TRUCADO, PESO BRUTO TOTAL 23.000 KG, CARGA ÚTIL MÁXIMA 15.935 KG, DISTÂNCIA ENTRE EIXOS 4,8 M, POTÊNCIA 230 CV, INCLUSIVE TANQUE DE AÇO PARA TRANSPORTE DE ÁGUA - DEPRECIAÇÃO. AF_06/2014","CHOR - CUSTOS HORÁRIOS DE MÁQUINAS E EQUIPAMENTOS",null,"H",1,29.72,29.72]
["Composição Auxiliar"," 91397 ","SINAPI","CAMINHÃO PIPA 10.000 L TRUCADO, PESO BRUTO TOTAL 23.000 KG, CARGA ÚTIL MÁXIMA 15.935 KG, DISTÂNCIA ENTRE EIXOS 4,8 M, POTÊNCIA 230 CV, INCLUSIVE TANQUE DE AÇO PARA TRANSPORTE DE ÁGUA - JUROS. AF_06/2014","CHOR - CUSTOS HORÁRIOS DE MÁQUINAS E EQUIPAMENTOS",null,"H",1,11.53,11.53]
["Composição Auxiliar"," 91398 ","SINAPI","CAMINHÃO PIPA 10.000 L TRUCADO, PESO BRUTO TOTAL 23.000 KG, CARGA ÚTIL MÁXIMA 15.935 KG, DISTÂNCIA ENTRE EIXOS 4,8 M, POTÊNCIA 230 CV, INCLUSIVE TANQUE DE AÇO PARA TRANSPORTE DE ÁGUA - IMPOSTOS E SEGUROS. AF_06/2014","CHOR - CUSTOS HORÁRIOS DE MÁQUINAS E EQUIPAMENTOS",null,"H",1,4.6500000000000004,4.6500000000000004]
[{"$nulls":4},"MO sem LS =>",8.3480688999999995,"LS =>",9.59,"MO com LS =>",17.940000000000001]
[{"$nulls":4},"Valor do BDI =>",76.19,null,"Valor com BDI =>",null,391.29]
[]
[null,"Código","Banco","Descrição","Tipo",null,"Und","Quant.","Valor Unit","Total"]
["Composição"," 91396 ","SINAPI","CAMINHÃO PIPA 10.000 L TRUCADO, PESO BRUTO TOTAL 23.000 KG, CARGA ÚTIL MÁXIMA 15.935 KG, DISTÂNCIA ENTRE EIXOS 4,8 M, POTÊNCIA 230 CV, INCLUSIVE TANQUE DE AÇO PARA TRANSPORTE DE ÁGUA - DEPRECIAÇÃO. AF_06/2014","CHOR - CUSTOS HORÁRIOS DE MÁQUINAS E EQUIPAMENTOS",null,"H",1,29.72,29.72]
["Insumo"," 00037736 ","SINAPI","TANQUE DE ACO CARBONO NAO REVESTIDO, PARA TRANSPORTE DE AGUA COM CAPACIDADE DE 10 M3, COM BOMBA CENTRIFUGA POR TOMADA DE FORCA, VAZAO MAXIMA *75* M3/H (INCLUI MONTAGEM, NAO INCLUI CAMINHAO)","Material",null,"UN",5.5099999999999998E-5,83450,4.59]
["Insumo"," 00037758 ","SINAPI","CAMINHAO TRUCADO, PESO BRUTO TOTAL 23000 KG, CARGA UTIL MAXIMA 15285 KG, DISTANCIA ENTRE EIXOS 4,80 M, POTENCIA 326 CV (INCLUI CABINE E CHASSI, NAO INCLUI CARROCERIA)","Equipamento",null,"UN",3.43E-5,732840.52,25.13]
[{"$nulls":4},"MO sem LS =>",0,"LS =>",0,"MO com LS =>",0]
[{"$nulls":4},"Valor do BDI =>",7.18,null,"Valor com BDI =>",null,36.9]
[]
[null,"Código","Banco","Descrição","Tipo",null,"Und","Quant.","Valor Unit","Total"]
["Composição"," 91398 ","SINAPI","CAMINHÃO PIPA 10.000 L TRUCADO, PESO BRUTO TOTAL 23.000 KG, CARGA ÚTIL MÁXIMA 15.935 KG, DISTÂNCIA ENTRE EIXOS 4,8 M, POTÊNCIA 230 CV, INCLUSIVE TANQUE DE AÇO PARA TRANSPORTE DE ÁGUA - IMPOSTOS E SEGUROS. AF_06/2014","CHOR - CUSTOS HORÁRIOS DE MÁQUINAS E EQUIPAMENTOS",null,"H",1,4.6500000000000004,4.6500000000000004]
["Insumo"," 00037736 ","SINAPI","TANQUE DE ACO CARBONO NAO REVESTIDO, PARA TRANSPORTE DE AGUA COM CAPACIDADE DE 10 M3, COM BOMBA CENTRIFUGA POR TOMADA DE FORCA, VAZAO MAXIMA *75* M3/H (INCLUI MONTAGEM, NAO INCLUI CAMINHAO)","Material",null,"UN",5.8000000000000004E-6,83450,0.48]
["Insumo"," 00037758 ","SINAPI","CAMINHAO TRUCADO, PESO BRUTO TOTAL 23000 KG, CARGA UTIL MAXIMA 15285 KG, DISTANCIA ENTRE EIXOS 4,80 M, POTENCIA 326 CV (INCLUI CABINE E CHASSI, NAO INCLUI CARROCERIA)","Equipamento",null,"UN",5.6999999999999996E-6,732840.52,4.17]
[{"$nulls":4},"MO sem LS =>",0,"LS =>",0,"MO com LS =>",0]
[{"$nulls":4},"Valor do BDI =>",1.1200000000000001,null,"Valor com BDI =>",null,5.77]
[]
[null,"Código","Banco","Descrição","Tipo",null,"Und","Quant.","Valor Unit","Total"]
["Composição"," 91397 ","SINAPI","CAMINHÃO PIPA 10.000 L TRUCADO, PESO BRUTO TOTAL 23.000 KG, CARGA ÚTIL MÁXIMA 15.935 KG, DISTÂNCIA ENTRE EIXOS 4,8 M, POTÊNCIA 230 CV, INCLUSIVE TANQUE DE AÇO PARA TRANSPORTE DE ÁGUA - JUROS. AF_06/2014","CHOR - CUSTOS HORÁRIOS DE MÁQUINAS E EQUIPAMENTOS",null,"H",1,11.53,11.53]
["Insumo"," 00037736 ","SINAPI","TANQUE DE ACO CARBONO NAO REVESTIDO, PARA TRANSPORTE DE AGUA COM CAPACIDADE DE 10 M3, COM BOMBA CENTRIFUGA POR TOMADA DE FORCA, VAZAO MAXIMA *75* M3/H (INCLUI MONTAGEM, NAO INCLUI CAMINHAO)","Material",null,"UN",1.4399999999999999E-5,83450,1.2]
["Insumo"," 00037758 ","SINAPI","CAMINHAO TRUCADO, PESO BRUTO TOTAL 23000 KG, CARGA UTIL MAXIMA 15285 KG, DISTANCIA ENTRE EIXOS 4,80 M, POTENCIA 326 CV (INCLUI CABINE E CHASSI, NAO INCLUI CARROCERIA)","Equipamento",null,"UN",1.4100000000000001E-5,732840.52,10.33]
[{"$nulls":4},"MO sem LS =>",0,"LS =>",0,"MO com LS =>",0]
[{"$nulls":4},"Valor do BDI =>",2.78,null,"Valor com BDI =>",null,14.31]
[]
[null,"Código","Banco","Descrição","Tipo",null,"Und","Quant.","Valor Unit","Total"]
["Composição"," 5763 ","SINAPI","CAMINHÃO PIPA 10.000 L TRUCADO, PESO BRUTO TOTAL 23.000 KG, CARGA ÚTIL MÁXIMA 15.935 KG, DISTÂNCIA ENTRE EIXOS 4,8 M, POTÊNCIA 230 CV, INCLUSIVE TANQUE DE AÇO PARA TRANSPORTE DE ÁGUA - MANUTENÇÃO. AF_06/2014","CHOR - CUSTOS HORÁRIOS DE MÁQUINAS E EQUIPAMENTOS",null,"H",1,52.86,52.86]
["Insumo"," 00037736 ","SINAPI","TANQUE DE ACO CARBONO NAO REVESTIDO, PARA TRANSPORTE DE AGUA COM CAPACIDADE DE 10 M3, COM BOMBA CENTRIFUGA POR TOMADA DE FORCA, VAZAO MAXIMA *75* M3/H (INCLUI MONTAGEM, NAO INCLUI CAMINHAO)","Material",null,"UN",6.8899999999999994E-5,83450,5.74]
["Insumo"," 00037758 ","SINAPI","CAMINHAO TRUCADO, PESO BRUTO TOTAL 23000 KG, CARGA UTIL MAXIMA 15285 KG, DISTANCIA ENTRE EIXOS 4,80 M, POTENCIA 326 CV (INCLUI CABINE E CHASSI, NAO INCLUI CARROCERIA)","Equipamento",null,"UN",6.4300000000000004E-5,732840.52,47.12]
[{"$nulls":4},"MO sem LS =>",0,"LS =>",0,"MO com LS =>",0]
[{"$nulls":4},"Valor do BDI =>",12.78,null,"Valor com BDI =>",null,65.64]
[]
[null,"Código","Banco","Descrição","Tipo",null,"Und","Quant.","Valor Unit","Total"]
["Composição"," 53831 ","SINAPI","CAMINHÃO PIPA 10.000 L TRUCADO, PESO BRUTO TOTAL 23.000 KG, CARGA ÚTIL MÁXIMA 15.935 KG, DISTÂNCIA ENTRE EIXOS 4,8 M, POTÊNCIA 230 CV, INCLUSIVE TANQUE DE AÇO PARA TRANSPORTE DE ÁGUA - MATERIAIS NA OPERAÇÃO. AF_06/2014","CHOR - CUSTOS HORÁRIOS DE MÁQUINAS E EQUIPAMENTOS",null,"H",1,194.24,194.24]
["Insumo"," 00004221 ","SINAPI","OLEO DIESEL COMBUSTIVEL COMUM METROPOLITANO S-10 OU S-500","Material",null,"L",32.159999999999997,6.04,194.24]
[{"$nulls":4},"MO sem LS =>",0,"LS =>",0,"MO com LS =>",0]
[{"$nulls":4},"Valor do BDI =>",46.96,null,"Valor com BDI =>",null,241.2]
[]
[null,"Código","Banco","Descrição","Tipo",null,"Und","Quant.","Valor Unit","Total"]
["Composição"," 73467 ","SINAPI","CAMINHÃO TOCO, PBT 14.300 KG, CARGA ÚTIL MÁX. 9.710 KG, DIST. ENTRE EIXOS 3,56 M, POTÊNCIA 185 CV, INCLUSIVE CARROCERIA FIXA ABERTA DE MADEIRA P/ TRANSPORTE GERAL DE CARGA SECA, DIMEN. APROX. 2,50 X 6,50 X 0,50 M - CHP DIURNO. AF_06/2014","CHOR - CUSTOS HORÁRIOS DE MÁQUINAS E EQUIPAMENTOS",null,"CHP",1,244.9,244.9]
["Composição Auxiliar"," 73335 ","SINAPI","CAMINHÃO TOCO, PBT 14.300 KG, CARGA ÚTIL MÁX. 9.710 KG, DIST. ENTRE EIXOS 3,56 M, POTÊNCIA 185 CV, INCLUSIVE CARROCERIA FIXA ABERTA DE MADEIRA P/ TRANSPORTE GERAL DE CARGA SECA, DIMEN. APROX. 2,50 X 6,50 X 0,50 M - MANUTENÇÃO. AF_06/2014","CHOR - CUSTOS HORÁRIOS DE MÁQUINAS E EQUIPAMENTOS",null,"H",1,35.909999999999997,35.909999999999997]
["Composição Auxiliar"," 73340 ","SINAPI","CAMINHÃO TOCO, PBT 14.300 KG, CARGA ÚTIL MÁX. 9.710 KG, DIST. ENTRE EIXOS 3,56 M, POTÊNCIA 185 CV, INCLUSIVE CARROCERIA FIXA ABERTA DE MADEIRA P/ TRANSPORTE GERAL DE CARGA SECA, DIMEN. APROX. 2,50 X 6,50 X 0,50 M - MATERIAIS NA OPERAÇÃO. AF_06/2014","CHOR - CUSTOS HORÁRIOS DE MÁQUINAS E EQUIPAMENTOS",null,"H",1,156.25,156.25]
["Composição Auxiliar"," 88282 ","SINAPI","MOTORISTA DE CAMINHÃO COM ENCARGOS COMPLEMENTARES","SEDI - SERVIÇOS DIVERSOS",null,"H",1,22.1,22.1]
["Composição Auxiliar"," 91390 ","SINAPI","CAMINHÃO TOCO, PBT 14.300 KG, CARGA ÚTIL MÁX. 9.710 KG, DIST. ENTRE EIXOS 3,56 M, POTÊNCIA 185 CV, INCLUSIVE CARROCERIA FIXA ABERTA DE MADEIRA P/ TRANSPORTE GERAL DE CARGA SECA, DIMEN. APROX. 2,50 X 6,50 X 0,50 M - DEPRECIAÇÃO. AF_06/2014","CHOR - CUSTOS HORÁRIOS DE MÁQUINAS E EQUIPAMENTOS",null,"H",1,19.64,19.64]
["Composição Auxiliar"," 91391 ","SINAPI","CAMINHÃO TOCO, PBT 14.300 KG, CARGA ÚTIL MÁX. 9.710 KG, DIST. ENTRE EIXOS 3,56 M, POTÊNCIA 185 CV, INCLUSIVE CARROCERIA FIXA ABERTA DE MADEIRA P/ TRANSPORTE GERAL DE CARGA SECA, DIMEN. APROX. 2,50 X 6,50 X 0,50 M - JUROS. AF_06/2014","CHOR - CUSTOS HORÁRIOS DE MÁQUINAS E EQUIPAMENTOS",null,"H",1,7.84,7.84]
["Composição Auxiliar"," 91392 ","SINAPI","CAMINHÃO TOCO, PBT 14.300 KG, CARGA ÚTIL MÁX. 9.710 KG, DIST. ENTRE EIXOS 3,56 M, POTÊNCIA 185 CV, INCLUSIVE CARROCERIA FIXA ABERTA DE MADEIRA P/ TRANSPORTE GERAL DE CARGA SECA, DIMEN. APROX. 2,50 X 6,50 X 0,50 M - IMPOSTOS E SEGUROS. AF_06/2014","CHOR - CUSTOS HORÁRIOS DE MÁQUINAS E EQUIPAMENTOS",null,"H",1,3.16,3.16]
[{"$nulls":4},"MO sem LS =>",8.3480688999999995,"LS =>",9.59,"MO com LS =>",17.940000000000001]
[{"$nulls":4},"Valor do BDI =>",59.21,null,"Valor com BDI =>",null,304.11]
[]
[null,"Código","Banco","Descrição","Tipo",null,"Und","Quant.","Valor Unit","Total"]
["Composição"," 91390 ","SINAPI","CAMINHÃO TOCO, PBT 14.300 KG, CARGA ÚTIL MÁX. 9.710 KG, DIST. ENTRE EIXOS 3,56 M, POTÊNCIA 185 CV, INCLUSIVE CARROCERIA FIXA ABERTA DE MADEIRA P/ TRANSPORTE GERAL DE CARGA SECA, DIMEN. APROX. 2,50 X 6,50 X 0,50 M - DEPRECIAÇÃO. AF_06/2014","CHOR - CUSTOS HORÁRIOS DE MÁQUINAS E EQUIPAMENTOS",null,"H",1,19.64,19.64]
["Insumo"," 00037730 ","SINAPI","CARROCERIA FIXA ABERTA DE MADEIRA PARA TRANSPORTE GERAL DE CARGA SECA DIMENSOES APROXIMADAS 2,5 X 6,5 X 0,50 M (INCLUI MONTAGEM, NAO INCLUI CAMINHAO)","Material",null,"UN",5.5099999999999998E-5,27001.46,1.48]
["Insumo"," 00037754 ","SINAPI","CAMINHAO TOCO, PESO BRUTO TOTAL 14300 KG, CARGA UTIL MAXIMA 9480 KG, DISTANCIA ENTRE EIXOS 4,80 M, POTENCIA 185 CV (INCLUI CABINE E CHASSI, NAO INCLUI CARROCERIA)","Equipamento",null,"UN",3.43E-5,529601.9,18.16]
[{"$nulls":4},"MO sem LS =>",0,"LS =>",0,"MO com LS =>",0]
[{"$nulls":4},"Valor do BDI =>",4.74,null,"Valor com BDI =>",null,24.38]
[]
[null,"Código","Banco","Descrição","Tipo",null,"Und","Quant.","Valor Unit","Total"]
["Composição"," 91392 ","SINAPI","CAMINHÃO TOCO, PBT 14.300 KG, CARGA ÚTIL MÁX. 9.710 KG, DIST. ENTRE EIXOS 3,56 M, POTÊNCIA 185 CV, INCLUSIVE CARROCERIA FIXA ABERTA DE MADEIRA P/ TRANSPORTE GERAL DE CARGA SECA, DIMEN. APROX. 2,50 X 6,50 X 0,50 M - IMPOSTOS E SEGUROS. AF_06/2014","CHOR - CUSTOS HORÁRIOS DE MÁQUINAS E EQUIPAMENTOS",null,"H",1,3.16,3.16]
["Insumo"," 00037730 ","SINAPI","CARROCERIA FIXA ABERTA DE MADEIRA PARA TRANSPORTE GERAL DE CARGA SECA DIMENSOES APROXIMADAS 2,5 X 6,5 X 0,50 M (INCLUI MONTAGEM, NAO INCLUI CAMINHAO)","Material",null,"UN",5.8000000000000004E-6,27001.46,0.15]
["Insumo"," 00037754 ","SINAPI","CAMINHAO TOCO, PESO BRUTO TOTAL 14300 KG, CARGA UTIL MAXIMA 9480 KG, DISTANCIA ENTRE EIXOS 4,80 M, POTENCIA 185 CV (INCLUI CABINE E CHASSI, NAO INCLUI CARROCERIA)","Equipamento",null,"UN",5.6999999999999996E-6,529601.9,3.01]
[{"$nulls":4},"MO sem LS =>",0,"LS =>",0,"MO com LS =>",0]
[{"$nulls":4},"Valor do BDI =>",0.76,null,"Valor com BDI =>",null,3.92]
[]
[null,"Código","Banco","Descrição","Tipo",null,"Und","Quant.","Valor Unit","Total"]
["Composição"," 91391 ","SINAPI","CAMINHÃO TOCO, PBT 14.300 KG, CARGA ÚTIL MÁX. 9.710 KG, DIST. ENTRE EIXOS 3,56 M, POTÊNCIA 185 CV, INCLUSIVE CARROCERIA FIXA ABERTA DE MADEIRA P/ TRANSPORTE GERAL DE CARGA SECA, DIMEN. APROX. 2,50 X 6,50 X 0,50 M - JUROS. AF_06/2014","CHOR - CUSTOS HORÁRIOS DE MÁQUINAS E EQUIPAMENTOS",null,"H",1,7.84,7.84]
["Insumo"," 00037730 ","SINAPI","CARROCERIA FIXA ABERTA DE MADEIRA PARA TRANSPORTE GERAL DE CARGA SECA DIMENSOES APROXIMADAS 2,5 X 6,5 X 0,50 M (INCLUI MONTAGEM, NAO INCLUI CAMINHAO)","Material",null,"UN",1.4399999999999999E-5,27001.46,0.38]
["Insumo"," 00037754 ","SINAPI","CAMINHAO TOCO, PESO BRUTO TOTAL 14300 KG, CARGA UTIL MAXIMA 9480 KG, DISTANCIA ENTRE EIXOS 4,80 M, POTENCIA 185 CV (INCLUI CABINE E CHASSI, NAO INCLUI CARROCERIA)","Equipamento",null,"UN",1.4100000000000001E-5,529601.9,7.46]
[{"$nulls":4},"MO sem LS =>",0,"LS =>",0,"MO com LS =>",0]
[{"$nulls":4},"Valor do BDI =>",1.89,null,"Valor com BDI =>",null,9.73]
[]
[null,"Código","Banco","Descrição","Tipo",null,"Und","Quant.","Valor Unit","Total"]
["Composição"," 73335 ","SINAPI","CAMINHÃO TOCO, PBT 14.300 KG, CARGA ÚTIL MÁX. 9.710 KG, DIST. ENTRE EIXOS 3,56 M, POTÊNCIA 185 CV, INCLUSIVE CARROCERIA FIXA ABERTA DE MADEIRA P/ TRANSPORTE GERAL DE CARGA SECA, DIMEN. APROX. 2,50 X 6,50 X 0,50 M - MANUTENÇÃO. AF_06/2014","CHOR - CUSTOS HORÁRIOS DE MÁQUINAS E EQUIPAMENTOS",null,"H",1,35.909999999999997,35.909999999999997]
["Insumo"," 00037730 ","SINAPI","CARROCERIA FIXA ABERTA DE MADEIRA PARA TRANSPORTE GERAL DE CARGA SECA DIMENSOES APROXIMADAS 2,5 X 6,5 X 0,50 M (INCLUI MONTAGEM, NAO INCLUI CAMINHAO)","Material",null,"UN",6.8899999999999994E-5,27001.46,1.86]
["Insumo"," 00037754 ","SINAPI","CAMINHAO TOCO, PESO BRUTO TOTAL 14300 KG, CARGA UTIL MAXIMA 9480 KG, DISTANCIA ENTRE EIXOS 4,80 M, POTENCIA 185 CV (INCLUI CABINE E CHASSI, NAO INCLUI CARROCERIA)","Equipamento",null,"UN",6.4300000000000004E-5,529601.9,34.049999999999997]
[{"$nulls":4},"MO sem LS =>",0,"LS =>",0,"MO com LS =>",0]
[{"$nulls":4},"Valor do BDI =>",8.68,null,"Valor com BDI =>",null,44.59]
[]
[null,"Código","Banco","Descrição","Tipo",null,"Und","Quant.","Valor Unit","Total"]
["Composição"," 73340 ","SINAPI","CAMINHÃO TOCO, PBT 14.300 KG, CARGA ÚTIL MÁX. 9.710 KG, DIST. ENTRE EIXOS 3,56 M, POTÊNCIA 185 CV, INCLUSIVE CARROCERIA FIXA ABERTA DE MADEIRA P/ TRANSPORTE GERAL DE CARGA SECA, DIMEN. APROX. 2,50 X 6,50 X 0,50 M - MATERIAIS NA OPERAÇÃO. AF_06/2014","CHOR - CUSTOS HORÁRIOS DE MÁQUINAS E EQUIPAMENTOS",null,"H",1,156.25,156.25]
["Insumo"," 00004221 ","SINAPI","OLEO DIESEL COMBUSTIVEL COMUM METROPOLITANO S-10 OU S-500","Material",null,"L",25.87,6.04,156.25]
[{"$nulls":4},"MO sem LS =>",0,"LS =>",0,"MO com LS =>",0]
[{"$nulls":4},"Valor do BDI =>",37.78,null,"Valor com BDI =>",null,194.03]
[]
[null,"Código","Banco","Descrição","Tipo",null,"Und","Quant.","Valor Unit","Total"]
["Composição"," 53827 ","SINAPI","CAMINHÃO TOCO, PESO BRUTO TOTAL 14.300 KG, CARGA ÚTIL MÁXIMA 9590 KG, DISTÂNCIA ENTRE EIXOS 4,76 M, POTÊNCIA 185 CV (NÃO INCLUI CARROCERIA) - MATERIAIS NA OPERAÇÃO. AF_06/2014","CHOR - CUSTOS HORÁRIOS DE MÁQUINAS E EQUIPAMENTOS",null,"H",1,115.12,115.12]
["Insumo"," 00004221 ","SINAPI","OLEO DIESEL COMBUSTIVEL COMUM METROPOLITANO S-10 OU S-500","Material",null,"L",19.059999999999999,6.04,115.12]
[{"$nulls":4},"MO sem LS =>",0,"LS =>",0,"MO com LS =>",0]
[{"$nulls":4},"Valor do BDI =>",27.83,null,"Valor com BDI =>",null,142.94999999999999]
[]
[null,"Código","Banco","Descrição","Tipo",null,"Und","Quant.","Valor Unit","Total"]
["Composição"," 100974 ","SINAPI","CARGA, MANOBRA E DESCARGA DE SOLOS E MATERIAIS GRANULARES EM CAMINHÃO BASCULANTE 10 M³ - CARGA COM PÁ CARREGADEIRA (CAÇAMBA DE 1,7 A 2,8 M³ / 128 HP) E DESCARGA LIVRE (UNIDADE: M3). AF_07/2020","TRAN - TRANSPORTES, CARGAS E DESCARGAS",null,"m³",1,8.3000000000000007,8.3000000000000007]
["Composição Auxiliar"," 5940 ","SINAPI","PÁ CARREGADEIRA SOBRE RODAS, POTÊNCIA LÍQUIDA 128 HP, CAPACIDADE DA CAÇAMBA 1,7 A 2,8 M3, PESO OPERACIONAL 11632 KG - CHP DIURNO. AF_06/2014","CHOR - CUSTOS HORÁRIOS DE MÁQUINAS E EQUIPAMENTOS",null,"CHP",8.3000000000000001E-3,174.84,1.45]
["Composição Auxiliar"," 5942 ","SINAPI","PÁ CARREGADEIRA SOBRE RODAS, POTÊNCIA LÍQUIDA 128 HP, CAPACIDADE DA CAÇAMBA 1,7 A 2,8 M3, PESO OPERACIONAL 11632 KG - CHI DIURNO. AF_06/2014","CHOR - CUSTOS HORÁRIOS DE MÁQUINAS E EQUIPAMENTOS",null,"CHI",1.0500000000000001E-2,64.7,0.67]
["Composição Auxiliar"," 91386 ","SINAPI","CAMINHÃO BASCULANTE 10 M3, TRUCADO CABINE SIMPLES, PESO BRUTO TOTAL 23.000 KG, CARGA ÚTIL MÁXIMA 15.935 KG, DISTÂNCIA ENTRE EIXOS 4,80 M, POTÊNCIA 230 CV INCLUSIVE CAÇAMBA METÁLICA - CHP DIURNO. AF_06/2014","CHOR - CUSTOS HORÁRIOS DE MÁQUINAS E EQUIPAMENTOS",null,"CHP",1.9800000000000002E-2,264.66000000000003,5.24]
["Composição Auxiliar"," 91387 ","SINAPI","CAMINHÃO BASCULANTE 10 M3, TRUCADO CABINE SIMPLES, PESO BRUTO TOTAL 23.000 KG, CARGA ÚTIL MÁXIMA 15.935 KG, DISTÂNCIA ENTRE EIXOS 4,80 M, POTÊNCIA 230 CV INCLUSIVE CAÇAMBA METÁLICA - CHI DIURNO. AF_06/2014","CHOR - CUSTOS HORÁRIOS DE MÁQUINAS E EQUIPAMENTOS",null,"CHI",1.38E-2,68.260000000000005,0.94]
[{"$nulls":4},"MO sem LS =>",0.40949278734295019,"LS =>",0.47,"MO com LS =>",0.88]
[{"$nulls":4},"Valor do BDI =>",2,null,"Valor com BDI =>",null,10.3]
[]
[null,"Código","Banco","Descrição","Tipo",null,"Und","Quant.","Valor Unit","Total"]
["Composição"," 88261 ","SINAPI","CARPINTEIRO DE ESQUADRIA COM ENCARGOS COMPLEMENTARES","SEDI - SERVIÇOS DIVERSOS",null,"H",1,22.67,22.67]
["Composição Auxiliar"," 95329 ","SINAPI","CURSO DE CAPACITAÇÃO PARA CARPINTEIRO DE ESQUADRIA (ENCARGOS COMPLEMENTARES) - HORISTA","SEDI - SERVIÇOS DIVERSOS",null,"H",1,0.26,0.26]
["Insumo"," 00001214 ","SINAPI","CARPINTEIRO DE ESQUADRIAS (HORISTA)","Mão de Obra",null,"H",1,17.25,17.25]
["Insumo"," 00037370 ","SINAPI","ALIMENTACAO - HORISTA (COLETADO CAIXA - ENCARGOS COMPLEMENTARES)","Outros",null,"H",1,1.64,1.64]
["Insumo"," 00037371 ","SINAPI","TRANSPORTE - HORISTA (COLETADO CAIXA - ENCARGOS COMPLEMENTARES)","Serviços",null,"H",1,0.48,0.48]
["Insumo"," 00037372 ","SINAPI","EXAMES - HORISTA (COLETADO CAIXA - ENCARGOS COMPLEMENTARES)","Outros",null,"H",1,1.1399999999999999,1.1399999999999999]
["Insumo"," 00037373 ","SINAPI","SEGURO - HORISTA (COLETADO CAIXA - ENCARGOS COMPLEMENTARES)","Taxas",null,"H",1,7.0000000000000007E-2,7.0000000000000007E-2]
["Insumo"," 00043459 ","SINAPI","FERRAMENTAS - FAMILIA CARPINTEIRO DE FORMAS - HORISTA (ENCARGOS COMPLEMENTARES - COLETADO CAIXA)","Equipamento",null,"H",1,0.49,0.49]
["Insumo"," 00043483 ","SINAPI","EPI - FAMILIA CARPINTEIRO DE FORMAS - HORISTA (ENCARGOS COMPLEMENTARES - COLETADO CAIXA)","Equipamento",null,"H",1,1.34,1.34]
[{"$nulls":4},"MO sem LS =>",8.1479757999999993,"LS =>",9.36,"MO com LS =>",17.510000000000002]
[{"$nulls":4},"Valor do BDI =>",5.48,null,"Valor com BDI =>",null,28.15]
[]
[null,"Código","Banco","Descrição","Tipo",null,"Und","Quant.","Valor Unit","Total"]
["Composição"," 88262 ","SINAPI","CARPINTEIRO DE FORMAS COM ENCARGOS COMPLEMENTARES","SEDI - SERVIÇOS DIVERSOS",null,"H",1,23.48,23.48]
["Composição Auxiliar"," 95330 ","SINAPI","CURSO DE CAPACITAÇÃO PARA CARPINTEIRO DE FÔRMAS (ENCARGOS COMPLEMENTARES) - HORISTA","SEDI - SERVIÇOS DIVERSOS",null,"H",1,0.21,0.21]
["Insumo"," 00001213 ","SINAPI","CARPINTEIRO DE FORMAS (HORISTA)","Mão de Obra",null,"H",1,18.11,18.11]
["Insumo"," 00037370 ","SINAPI","ALIMENTACAO - HORISTA (COLETADO CAIXA - ENCARGOS COMPLEMENTARES)","Outros",null,"H",1,1.64,1.64]
["Insumo"," 00037371 ","SINAPI","TRANSPORTE - HORISTA (COLETADO CAIXA - ENCARGOS COMPLEMENTARES)","Serviços",null,"H",1,0.48,0.48]
["Insumo"," 00037372 ","SINAPI","EXAMES - HORISTA (COLETADO CAIXA - ENCARGOS COMPLEMENTARES)","Outros",null,"H",1,1.1399999999999999,1.1399999999999999]
["Insumo"," 00037373 ","SINAPI","SEGURO - HORISTA (COLETADO CAIXA - ENCARGOS COMPLEMENTARES)","Taxas",null,"H",1,7.0000000000000007E-2,7.0000000000000007E-2]
["Insumo"," 00043459 ","SINAPI","FERRAMENTAS - FAMILIA CARPINTEIRO DE FORMAS - HORISTA (ENCARGOS COMPLEMENTARES - COLETADO CAIXA)","Equipamento",null,"H",1,0.49,0.49]
["Insumo"," 00043483 ","SINAPI","EPI - FAMILIA CARPINTEIRO DE FORMAS - HORISTA (ENCARGOS COMPLEMENTARES - COLETADO CAIXA)","Equipamento",null,"H",1,1.34,1.34]
[{"$nulls":4},"MO sem LS =>",8.5248953000000007,"LS =>",9.8000000000000007,"MO com LS =>",18.32]
[{"$nulls":4},"Valor do BDI =>",5.67,null,"Valor com BDI =>",null,29.15]
[]
[null,"Código","Banco","Descrição","Tipo",null,"Und","Quant.","Valor Unit","Total"]
["Composição"," 87903 ","SINAPI","CHAPISCO APLICADO EM ALVENARIA (COM PRESENÇA DE VÃOS) E ESTRUTURAS DE CONCRETO DE FACHADA, COM ROLO PARA TEXTURA ACRÍLICA.  ARGAMASSA INDUSTRIALIZADA COM PREPARO EM MISTURADOR 300 KG. AF_10/2022","REVE - REVESTIMENTO E TRATAMENTO DE SUPERFÍCIES",null,"m²",1,11.55,11.55]
["Composição Auxiliar"," 87393 ","SINAPI","ARGAMASSA INDUSTRIALIZADA PARA CHAPISCO ROLADO, PREPARO COM MISTURADOR DE EIXO HORIZONTAL DE 300 KG. AF_08/2019","SEDI - SERVIÇOS DIVERSOS",null,"m³",1.5E-3,5559.2,8.33]
["Composição Auxiliar"," 88309 ","SINAPI","PEDREIRO COM ENCARGOS COMPLEMENTARES","SEDI - SERVIÇOS DIVERSOS",null,"H",0.1074,23.85,2.56]
["Composição Auxiliar"," 88316 ","SINAPI","SERVENTE COM ENCARGOS COMPLEMENTARES","SEDI - SERVIÇOS DIVERSOS",null,"H",3.5799999999999998E-2,18.649999999999999,0.66]
[{"$nulls":4},"MO sem LS =>",1.1865984178687761,"LS =>",1.36,"MO com LS =>",2.5499999999999998]
[{"$nulls":4},"Valor do BDI =>",2.79,null,"Valor com BDI =>",null,14.34]
[]
[null,"Código","Banco","Descrição","Tipo",null,"Und","Quant.","Valor Unit","Total"]
["Composição"," 87892 ","SINAPI","CHAPISCO APLICADO EM ALVENARIA (SEM PRESENÇA DE VÃOS) E ESTRUTURAS DE CONCRETO DE FACHADA, COM ROLO PARA TEXTURA ACRÍLICA.  ARGAMASSA INDUSTRIALIZADA COM PREPARO EM MISTURADOR 300 KG. AF_10/2022","REVE - REVESTIMENTO E TRATAMENTO DE SUPERFÍCIES",null,"m²",1,10.93,10.93]
["Composição Auxiliar"," 87393 ","SINAPI","ARGAMASSA INDUSTRIALIZADA PARA CHAPISCO ROLADO, PREPARO COM MISTURADOR DE EIXO HORIZONTAL DE 300 KG. AF_08/2019","SEDI - SERVIÇOS DIVERSOS",null,"m³",1.5E-3,5559.2,8.33]
["Composição Auxiliar"," 88309 ","SINAPI","PEDREIRO COM ENCARGOS COMPLEMENTARES","SEDI - SERVIÇOS DIVERSOS",null,"H",8.6800000000000002E-2,23.85,2.0699999999999998]
["Composição Auxiliar"," 88316 ","SINAPI","SERVENTE COM ENCARGOS COMPLEMENTARES","SEDI - SERVIÇOS DIVERSOS",null,"H",2.8899999999999999E-2,18.649999999999999,0.53]
[{"$nulls":4},"MO sem LS =>",0.96323871568171238,"LS =>",1.1100000000000001,"MO com LS =>",2.0699999999999998]
[{"$nulls":4},"Valor do BDI =>",2.64,null,"Valor com BDI =>",null,13.57]
[]
[null,"Código","Banco","Descrição","Tipo",null,"Und","Quant.","Valor Unit","Total"]
["Composição"," 87885 ","SINAPI","CHAPISCO APLICADO NO TETO OU EM ALVENARIA E ESTRUTURA, COM ROLO PARA TEXTURA ACRÍLICA. ARGAMASSA INDUSTRIALIZADA COM PREPARO EM MISTURADOR 300 KG. AF_10/2022","REVE - REVESTIMENTO E TRATAMENTO DE SUPERFÍCIES",null,"m²",1,9.52,9.52]
["Composição Auxiliar"," 87393 ","SINAPI","ARGAMASSA INDUSTRIALIZADA PARA CHAPISCO ROLADO, PREPARO COM MISTURADOR DE EIXO HORIZONTAL DE 300 KG. AF_08/2019","SEDI - SERVIÇOS DIVERSOS",null,"m³",1.5E-3,5559.2,8.33]
["Composição Auxiliar"," 88309 ","SINAPI","PEDREIRO COM ENCARGOS COMPLEMENTARES","SEDI - SERVIÇOS DIVERSOS",null,"H",3.8899999999999997E-2,23.85,0.92]
["Composição Auxiliar"," 88316 ","SINAPI","SERVENTE COM ENCARGOS COMPLEMENTARES","SEDI - SERVIÇOS DIVERSOS",null,"H",1.46E-2,18.649999999999999,0.27]
[{"$nulls":4},"MO sem LS =>",0.46533271288971617,"LS =>",0.53,"MO com LS =>",1]
[{"$nulls":4},"Valor do BDI =>",2.2999999999999998,null,"Valor com BDI =>",null,11.82]
[]
[null,"Código","Banco","Descrição","Tipo",null,"Und","Quant.","Valor Unit","Total"]
["Composição"," 90466 ","SINAPI","CHUMBAMENTO LINEAR EM ALVENARIA PARA RAMAIS/DISTRIBUIÇÃO DE INSTALAÇÕES HIDRÁULICAS COM DIÂMETROS MENORES OU IGUAIS A 40 MM. AF_09/2023","INHI - INSTALAÇÕES HIDROS SANITÁRIAS",null,"M",1,14.98,14.98]
["Composição Auxiliar"," 88248 ","SINAPI","AUXILIAR DE ENCANADOR OU BOMBEIRO HIDRÁULICO COM ENCARGOS COMPLEMENTARES","SEDI - SERVIÇOS DIVERSOS",null,"H",8.3000000000000004E-2,18.78,1.55]
["Composição Auxiliar"," 88267 ","SINAPI","ENCANADOR OU BOMBEIRO HIDRÁULICO COM ENCARGOS COMPLEMENTARES","SEDI - SERVIÇOS DIVERSOS",null,"H",0.36499999999999999,27.97,10.199999999999999]
["Composição Auxiliar"," 88629 ","SINAPI","ARGAMASSA TRAÇO 1:3 (EM VOLUME DE CIMENTO E AREIA MÉDIA ÚMIDA), PREPARO MANUAL. AF_08/2019","SEDI - SERVIÇOS DIVERSOS",null,"m³",5.1000000000000004E-3,633.35,3.23]
[{"$nulls":4},"MO sem LS =>",4.7696603071195902,"LS =>",5.48,"MO com LS =>",10.25]
[{"$nulls":4},"Valor do BDI =>",3.62,null,"Valor com BDI =>",null,18.600000000000001]
[]
[null,"Código","Banco","Descrição","Tipo",null,"Und","Quant.","Valor Unit","Total"]
["Composição"," 100860 ","SINAPI","CHUVEIRO ELÉTRICO COMUM CORPO PLÁSTICO, TIPO DUCHA \u0096 FORNECIMENTO E INSTALAÇÃO. AF_01/2020","INHI - INSTALAÇÕES HIDROS SANITÁRIAS",null,"UN",1,86.67,86.67]
["Composição Auxiliar"," 88267 ","SINAPI","ENCANADOR OU BOMBEIRO HIDRÁULICO COM ENCARGOS COMPLEMENTARES","SEDI - SERVIÇOS DIVERSOS",null,"H",0.44669999999999999,27.97,12.49]
["Composição Auxiliar"," 88316 ","SINAPI","SERVENTE COM ENCARGOS COMPLEMENTARES","SEDI - SERVIÇOS DIVERSOS",null,"H",0.14069999999999999,18.649999999999999,2.62]
["Insumo"," 00001368 ","SINAPI","CHUVEIRO COMUM EM PLASTICO BRANCO, COM CANO, 3 TEMPERATURAS, 5500 W (110/220 V)","Material",null,"UN",1,71.5,71.5]
["Insumo"," 00003146 ","SINAPI","FITA VEDA ROSCA EM ROLOS DE 18 MM X 10 M (L X C)","Material",null,"UN",2.1000000000000001E-2,2.95,0.06]
[{"$nulls":4},"MO sem LS =>",5.7235923685435086,"LS =>",6.58,"MO com LS =>",12.3]
[{"$nulls":4},"Valor do BDI =>",20.95,null,"Valor com BDI =>",null,107.62]
[]
[null,"Código","Banco","Descrição","Tipo",null,"Und","Quant.","Valor Unit","Total"]
["Composição"," 93205 ","SINAPI","CINTA DE AMARRAÇÃO DE ALVENARIA MOLDADA IN LOCO COM UTILIZAÇÃO DE BLOCOS CANALETA. AF_03/2016","FUES - FUNDAÇÕES E ESTRUTURAS",null,"M",1,36.78,36.78]
["Composição Auxiliar"," 87294 ","SINAPI","ARGAMASSA TRAÇO 1:2:9 (EM VOLUME DE CIMENTO, CAL E AREIA MÉDIA ÚMIDA) PARA EMBOÇO/MASSA ÚNICA/ASSENTAMENTO DE ALVENARIA DE VEDAÇÃO, PREPARO MECÂNICO COM BETONEIRA 600 L. AF_08/2019","SEDI - SERVIÇOS DIVERSOS",null,"m³",1.4E-3,513.14,0.71]
["Composição Auxiliar"," 88309 ","SINAPI","PEDREIRO COM ENCARGOS COMPLEMENTARES","SEDI - SERVIÇOS DIVERSOS",null,"H",0.253,23.85,6.03]
["Composição Auxiliar"," 88316 ","SINAPI","SERVENTE COM ENCARGOS COMPLEMENTARES","SEDI - SERVIÇOS DIVERSOS",null,"H",0.126,18.649999999999999,2.34]
["Composição Auxiliar"," 90279 ","SINAPI","GRAUTE FGK=20 MPA; TRAÇO 1:0,04:1,8:2,1 (EM MASSA SECA DE CIMENTO/ CAL/ AREIA GROSSA/ BRITA 0) - PREPARO MECÂNICO COM BETONEIRA 400 L. AF_09/2021","FUES - FUNDAÇÕES E ESTRUTURAS",null,"m³",1.14E-2,531.45000000000005,6.05]
["Composição Auxiliar"," 92802 ","SINAPI","CORTE E DOBRA DE AÇO CA-50, DIÂMETRO DE 8,0 MM. AF_06/2022","FUES - FUNDAÇÕES E ESTRUTURAS",null,"KG",0.79,11.54,9.11]
["Insumo"," 00000659 ","SINAPI","CANALETA DE CONCRETO 14 X 19 X 19 CM (CLASSE C - NBR 6136)","Material",null,"UN",5.34,2.35,12.54]
[{"$nulls":4},"MO sem LS =>",3.4108887854816192,"LS =>",3.92,"MO com LS =>",7.33]
[{"$nulls":4},"Valor do BDI =>",8.89,null,"Valor com BDI =>",null,45.67]
[]
[null,"Código","Banco","Descrição","Tipo",null,"Und","Quant.","Valor Unit","Total"]
["Composição"," 91534 ","SINAPI","COMPACTADOR DE SOLOS DE PERCUSSÃO (SOQUETE) COM MOTOR A GASOLINA 4 TEMPOS, POTÊNCIA 4 CV - CHI DIURNO. AF_08/2015","CHOR - CUSTOS HORÁRIOS DE MÁQUINAS E EQUIPAMENTOS",null,"CHI",1,21.46,21.46]
["Composição Auxiliar"," 88297 ","SINAPI","OPERADOR DE MÁQUINAS E EQUIPAMENTOS COM ENCARGOS COMPLEMENTARES","SEDI - SERVIÇOS DIVERSOS",null,"H",1,20.59,20.59]
["Composição Auxiliar"," 91529 ","SINAPI","COMPACTADOR DE SOLOS DE PERCUSSÃO (SOQUETE) COM MOTOR A GASOLINA 4 TEMPOS, POTÊNCIA 4 CV - DEPRECIAÇÃO. AF_08/2015","CHOR - CUSTOS HORÁRIOS DE MÁQUINAS E EQUIPAMENTOS",null,"H",1,0.69,0.69]
["Composição Auxiliar"," 91530 ","SINAPI","COMPACTADOR DE SOLOS DE PERCUSSÃO (SOQUETE) COM MOTOR A GASOLINA 4 TEMPOS, POTÊNCIA 4 CV - JUROS. AF_08/2015","CHOR - CUSTOS HORÁRIOS DE MÁQUINAS E EQUIPAMENTOS",null,"H",1,0.18,0.18]
[{"$nulls":4},"MO sem LS =>",7.6454164999999996,"LS =>",8.7799999999999994,"MO com LS =>",16.43]
[{"$nulls":4},"Valor do BDI =>",5.18,null,"Valor com BDI =>",null,26.64]
[]
[null,"Código","Banco","Descrição","Tipo",null,"Und","Quant.","Valor Unit","Total"]
["Composição"," 91533 ","SINAPI","COMPACTADOR DE SOLOS DE PERCUSSÃO (SOQUETE) COM MOTOR A GASOLINA 4 TEMPOS, POTÊNCIA 4 CV - CHP DIURNO. AF_08/2015","CHOR - CUSTOS HORÁRIOS DE MÁQUINAS E EQUIPAMENTOS",null,"CHP",1,28.37,28.37]
["Composição Auxiliar"," 88297 ","SINAPI","OPERADOR DE MÁQUINAS E EQUIPAMENTOS COM ENCARGOS COMPLEMENTARES","SEDI - SERVIÇOS DIVERSOS",null,"H",1,20.59,20.59]
["Composição Auxiliar"," 91529 ","SINAPI","COMPACTADOR DE SOLOS DE PERCUSSÃO (SOQUETE) COM MOTOR A GASOLINA 4 TEMPOS, POTÊNCIA 4 CV - DEPRECIAÇÃO. AF_08/2015","CHOR - CUSTOS HORÁRIOS DE MÁQUINAS E EQUIPAMENTOS",null,"H",1,0.69,0.69]
["Composição Auxiliar"," 91530 ","SINAPI","COMPACTADOR DE SOLOS DE PERCUSSÃO (SOQUETE) COM MOTOR A GASOLINA 4 TEMPOS, POTÊNCIA 4 CV - JUROS. AF_08/2015","CHOR - CUSTOS HORÁRIOS DE MÁQUINAS E EQUIPAMENTOS",null,"H",1,0.18,0.18]
["Composição Auxiliar"," 91531 ","SINAPI","COMPACTADOR DE SOLOS DE PERCUSSÃO (SOQUETE) COM MOTOR A GASOLINA 4 TEMPOS, POTÊNCIA 4 CV - MANUTENÇÃO. AF_08/2015","CHOR - CUSTOS HORÁRIOS DE MÁQUINAS E EQUIPAMENTOS",null,"H",1,0.86,0.86]
["Composição Auxiliar"," 91532 ","SINAPI","COMPACTADOR DE SOLOS DE PERCUSSÃO (SOQUETE) COM MOTOR A GASOLINA 4 TEMPOS, POTÊNCIA 4 CV - MATERIAIS NA OPERAÇÃO. AF_08/2015","CHOR - CUSTOS HORÁRIOS DE MÁQUINAS E EQUIPAMENTOS",null,"H",1,6.05,6.05]
[{"$nulls":4},"MO sem LS =>",7.6454164999999996,"LS =>",8.7799999999999994,"MO com LS =>",16.43]
[{"$nulls":4},"Valor do BDI =>",6.85,null,"Valor com BDI =>",null,35.22]
[]
[null,"Código","Banco","Descrição","Tipo",null,"Und","Quant.","Valor Unit","Total"]
["Composição"," 91529 ","SINAPI","COMPACTADOR DE SOLOS DE PERCUSSÃO (SOQUETE) COM MOTOR A GASOLINA 4 TEMPOS, POTÊNCIA 4 CV - DEPRECIAÇÃO. AF_08/2015","CHOR - CUSTOS HORÁRIOS DE MÁQUINAS E EQUIPAMENTOS",null,"H",1,0.69,0.69]
["Insumo"," 00013458 ","SINAPI","COMPACTADOR DE SOLOS DE PERCURSAO (SOQUETE) COM MOTOR A GASOLINA 4 TEMPOS DE 4 HP (4 CV)","Equipamento",null,"UN",5.3300000000000001E-5,12973.01,0.69]
[{"$nulls":4},"MO sem LS =>",0,"LS =>",0,"MO com LS =>",0]
[{"$nulls":4},"Valor do BDI =>",0.16,null,"Valor com BDI =>",null,0.85]
[]
[null,"Código","Banco","Descrição","Tipo",null,"Und","Quant.","Valor Unit","Total"]
["Composição"," 91530 ","SINAPI","COMPACTADOR DE SOLOS DE PERCUSSÃO (SOQUETE) COM MOTOR A GASOLINA 4 TEMPOS, POTÊNCIA 4 CV - JUROS. AF_08/2015","CHOR - CUSTOS HORÁRIOS DE MÁQUINAS E EQUIPAMENTOS",null,"H",1,0.18,0.18]
["Insumo"," 00013458 ","SINAPI","COMPACTADOR DE SOLOS DE PERCURSAO (SOQUETE) COM MOTOR A GASOLINA 4 TEMPOS DE 4 HP (4 CV)","Equipamento",null,"UN",1.43E-5,12973.01,0.18]
[{"$nulls":4},"MO sem LS =>",0,"LS =>",0,"MO com LS =>",0]
[{"$nulls":4},"Valor do BDI =>",0.04,null,"Valor com BDI =>",null,0.22]
[]
[null,"Código","Banco","Descrição","Tipo",null,"Und","Quant.","Valor Unit","Total"]
["Composição"," 91531 ","SINAPI","COMPACTADOR DE SOLOS DE PERCUSSÃO (SOQUETE) COM MOTOR A GASOLINA 4 TEMPOS, POTÊNCIA 4 CV - MANUTENÇÃO. AF_08/2015","CHOR - CUSTOS HORÁRIOS DE MÁQUINAS E EQUIPAMENTOS",null,"H",1,0.86,0.86]
["Insumo"," 00013458 ","SINAPI","COMPACTADOR DE SOLOS DE PERCURSAO (SOQUETE) COM MOTOR A GASOLINA 4 TEMPOS DE 4 HP (4 CV)","Equipamento",null,"UN",6.6699999999999995E-5,12973.01,0.86]
[{"$nulls":4},"MO sem LS =>",0,"LS =>",0,"MO com LS =>",0]
[{"$nulls":4},"Valor do BDI =>",0.2,null,"Valor com BDI =>",null,1.06]
[]
[null,"Código","Banco","Descrição","Tipo",null,"Und","Quant.","Valor Unit","Total"]
["Composição"," 91532 ","SINAPI","COMPACTADOR DE SOLOS DE PERCUSSÃO (SOQUETE) COM MOTOR A GASOLINA 4 TEMPOS, POTÊNCIA 4 CV - MATERIAIS NA OPERAÇÃO. AF_08/2015","CHOR - CUSTOS HORÁRIOS DE MÁQUINAS E EQUIPAMENTOS",null,"H",1,6.05,6.05]
["Insumo"," 00004222 ","SINAPI","GASOLINA COMUM","Material",null,"L",1.03,5.88,6.05]
[{"$nulls":4},"MO sem LS =>",0,"LS =>",0,"MO com LS =>",0]
[{"$nulls":4},"Valor do BDI =>",1.46,null,"Valor com BDI =>",null,7.51]
[]
[null,"Código","Banco","Descrição","Tipo",null,"Und","Quant.","Valor Unit","Total"]
["Composição"," 103674 ","SINAPI","CONCRETAGEM DE VIGAS E LAJES, FCK=25 MPA, PARA LAJES PREMOLDADAS COM USO DE BOMBA - LANÇAMENTO, ADENSAMENTO E ACABAMENTO. AF_02/2022_PS","FUES - FUNDAÇÕES E ESTRUTURAS",null,"m³",1,618.77,618.77]
["Composição Auxiliar"," 88262 ","SINAPI","CARPINTEIRO DE FORMAS COM ENCARGOS COMPLEMENTARES","SEDI - SERVIÇOS DIVERSOS",null,"H",0.186,23.48,4.3600000000000003]
["Composição Auxiliar"," 88309 ","SINAPI","PEDREIRO COM ENCARGOS COMPLEMENTARES","SEDI - SERVIÇOS DIVERSOS",null,"H",1.119,23.85,26.68]
["Composição Auxiliar"," 88316 ","SINAPI","SERVENTE COM ENCARGOS COMPLEMENTARES","SEDI - SERVIÇOS DIVERSOS",null,"H",1.1919999999999999,18.649999999999999,22.23]
["Composição Auxiliar"," 90586 ","SINAPI","VIBRADOR DE IMERSÃO, DIÂMETRO DE PONTEIRA 45MM, MOTOR ELÉTRICO TRIFÁSICO POTÊNCIA DE 2 CV - CHP DIURNO. AF_06/2015","CHOR - CUSTOS HORÁRIOS DE MÁQUINAS E EQUIPAMENTOS",null,"CHP",0.19400000000000001,1.44,0.27]
["Composição Auxiliar"," 90587 ","SINAPI","VIBRADOR DE IMERSÃO, DIÂMETRO DE PONTEIRA 45MM, MOTOR ELÉTRICO TRIFÁSICO POTÊNCIA DE 2 CV - CHI DIURNO. AF_06/2015","CHOR - CUSTOS HORÁRIOS DE MÁQUINAS E EQUIPAMENTOS",null,"CHI",0.17899999999999999,0.49,0.08]
["Insumo"," 00001527 ","SINAPI","CONCRETO USINADO BOMBEAVEL, CLASSE DE RESISTENCIA C25, BRITA 0 E 1, SLUMP = 100 +/- 20 MM, COM BOMBEAMENTO (DISPONIBILIZACAO DE BOMBA), SEM O LANCAMENTO (NBR 8953)","Material",null,"m³",1.103,512.38,565.15]
[{"$nulls":4},"MO sem LS =>",18.692415076779898,"LS =>",21.48,"MO com LS =>",40.17]
[{"$nulls":4},"Valor do BDI =>",149.61000000000001,null,"Valor com BDI =>",null,768.38]
[]
[null,"Código","Banco","Descrição","Tipo",null,"Und","Quant.","Valor Unit","Total"]
["Composição"," 94963 ","SINAPI","CONCRETO FCK = 15MPA, TRAÇO 1:3,4:3,5 (EM MASSA SECA DE CIMENTO/ AREIA MÉDIA/ BRITA 1) - PREPARO MECÂNICO COM BETONEIRA 400 L. AF_05/2021","FUES - FUNDAÇÕES E ESTRUTURAS",null,"m³",1,401.96,401.96]
["Composição Auxiliar"," 88316 ","SINAPI","SERVENTE COM ENCARGOS COMPLEMENTARES","SEDI - SERVIÇOS DIVERSOS",null,"H",2.3275000000000001,18.649999999999999,43.4]
["Composição Auxiliar"," 88377 ","SINAPI","OPERADOR DE BETONEIRA ESTACIONÁRIA/MISTURADOR COM ENCARGOS COMPLEMENTARES","SEDI - SERVIÇOS DIVERSOS",null,"H",1.4695,17.22,25.3]
["Composição Auxiliar"," 88830 ","SINAPI","BETONEIRA CAPACIDADE NOMINAL DE 400 L, CAPACIDADE DE MISTURA 280 L, MOTOR ELÉTRICO TRIFÁSICO POTÊNCIA DE 2 CV, SEM CARREGADOR - CHP DIURNO. AF_05/2023","CHOR - CUSTOS HORÁRIOS DE MÁQUINAS E EQUIPAMENTOS",null,"CHP",0.75629999999999997,2.23,1.68]
["Composição Auxiliar"," 88831 ","SINAPI","BETONEIRA CAPACIDADE NOMINAL DE 400 L, CAPACIDADE DE MISTURA 280 L, MOTOR ELÉTRICO TRIFÁSICO POTÊNCIA DE 2 CV, SEM CARREGADOR - CHI DIURNO. AF_05/2023","CHOR - CUSTOS HORÁRIOS DE MÁQUINAS E EQUIPAMENTOS",null,"CHI",0.71309999999999996,0.36,0.25]
["Insumo"," 00000370 ","SINAPI","AREIA MEDIA - POSTO JAZIDA/FORNECEDOR (RETIRADO NA JAZIDA, SEM TRANSPORTE)","Material",null,"m³",0.80459999999999998,95,76.430000000000007]
["Insumo"," 00001379 ","SINAPI","CIMENTO PORTLAND COMPOSTO CP II-32","Material",null,"KG",273.06299999999999,0.77,210.25]
["Insumo"," 00004721 ","SINAPI","PEDRA BRITADA N. 1 (9,5 a 19 MM) POSTO PEDREIRA/FORNECEDOR, SEM FRETE","Material",null,"m³",0.57920000000000005,77.09,44.65]
[{"$nulls":4},"MO sem LS =>",23.527221963704047,"LS =>",27.03,"MO com LS =>",50.56]
[{"$nulls":4},"Valor do BDI =>",97.19,null,"Valor com BDI =>",null,499.15]
[]
[null,"Código","Banco","Descrição","Tipo",null,"Und","Quant.","Valor Unit","Total"]
["Composição"," 94970 ","SINAPI","CONCRETO FCK = 20MPA, TRAÇO 1:2,7:3 (EM MASSA SECA DE CIMENTO/ AREIA MÉDIA/ BRITA 1) - PREPARO MECÂNICO COM BETONEIRA 600 L. AF_05/2021","FUES - FUNDAÇÕES E ESTRUTURAS",null,"m³",1,432.8,432.8]
["Composição Auxiliar"," 88316 ","SINAPI","SERVENTE COM ENCARGOS COMPLEMENTARES","SEDI - SERVIÇOS DIVERSOS",null,"H",2.0266999999999999,18.649999999999999,37.79]
["Composição Auxiliar"," 88377 ","SINAPI","OPERADOR DE BETONEIRA ESTACIONÁRIA/MISTURADOR COM ENCARGOS COMPLEMENTARES","SEDI - SERVIÇOS DIVERSOS",null,"H",1.2767999999999999,17.22,21.98]
["Composição Auxiliar"," 89225 ","SINAPI","BETONEIRA CAPACIDADE NOMINAL DE 600 L, CAPACIDADE DE MISTURA 360 L, MOTOR ELÉTRICO TRIFÁSICO POTÊNCIA DE 4 CV, SEM CARREGADOR - CHP DIURNO. AF_05/2023","CHOR - CUSTOS HORÁRIOS DE MÁQUINAS E EQUIPAMENTOS",null,"CHP",0.65720000000000001,5.94,3.9]
["Composição Auxiliar"," 89226 ","SINAPI","BETONEIRA CAPACIDADE NOMINAL DE 600 L, CAPACIDADE DE MISTURA 360 L, MOTOR ELÉTRICO TRIFÁSICO POTÊNCIA DE 4 CV, SEM CARREGADOR - CHI DIURNO. AF_05/2023","CHOR - CUSTOS HORÁRIOS DE MÁQUINAS E EQUIPAMENTOS",null,"CHI",0.61970000000000003,1.48,0.91]
["Insumo"," 00000370 ","SINAPI","AREIA MEDIA - POSTO JAZIDA/FORNECEDOR (RETIRADO NA JAZIDA, SEM TRANSPORTE)","Material",null,"m³",0.76090000000000002,95,72.28]
["Insumo"," 00001379 ","SINAPI","CIMENTO PORTLAND COMPOSTO CP II-32","Material",null,"KG",325.15890000000002,0.77,250.37]
["Insumo"," 00004721 ","SINAPI","PEDRA BRITADA N. 1 (9,5 a 19 MM) POSTO PEDREIRA/FORNECEDOR, SEM FRETE","Material",null,"m³",0.59119999999999995,77.09,45.57]
[{"$nulls":4},"MO sem LS =>",20.465332712889715,"LS =>",23.51,"MO com LS =>",43.98]
[{"$nulls":4},"Valor do BDI =>",104.65,null,"Valor com BDI =>",null,537.45000000000005]
[]
[null,"Código","Banco","Descrição","Tipo",null,"Und","Quant.","Valor Unit","Total"]
["Composição"," 94971 ","SINAPI","CONCRETO FCK = 25MPA, TRAÇO 1:2,3:2,7 (EM MASSA SECA DE CIMENTO/ AREIA MÉDIA/ BRITA 1) - PREPARO MECÂNICO COM BETONEIRA 600 L. AF_05/2021","FUES - FUNDAÇÕES E ESTRUTURAS",null,"m³",1,459.28,459.28]
["Composição Auxiliar"," 88316 ","SINAPI","SERVENTE COM ENCARGOS COMPLEMENTARES","SEDI - SERVIÇOS DIVERSOS",null,"H",1.9792000000000001,18.649999999999999,36.909999999999997]
["Composição Auxiliar"," 88377 ","SINAPI","OPERADOR DE BETONEIRA ESTACIONÁRIA/MISTURADOR COM ENCARGOS COMPLEMENTARES","SEDI - SERVIÇOS DIVERSOS",null,"H",1.2501,17.22,21.52]
["Composição Auxiliar"," 89225 ","SINAPI","BETONEIRA CAPACIDADE NOMINAL DE 600 L, CAPACIDADE DE MISTURA 360 L, MOTOR ELÉTRICO TRIFÁSICO POTÊNCIA DE 4 CV, SEM CARREGADOR - CHP DIURNO. AF_05/2023","CHOR - CUSTOS HORÁRIOS DE MÁQUINAS E EQUIPAMENTOS",null,"CHP",0.64339999999999997,5.94,3.82]
["Composição Auxiliar"," 89226 ","SINAPI","BETONEIRA CAPACIDADE NOMINAL DE 600 L, CAPACIDADE DE MISTURA 360 L, MOTOR ELÉTRICO TRIFÁSICO POTÊNCIA DE 4 CV, SEM CARREGADOR - CHI DIURNO. AF_05/2023","CHOR - CUSTOS HORÁRIOS DE MÁQUINAS E EQUIPAMENTOS",null,"CHI",0.60670000000000002,1.48,0.89]
["Insumo"," 00000370 ","SINAPI","AREIA MEDIA - POSTO JAZIDA/FORNECEDOR (RETIRADO NA JAZIDA, SEM TRANSPORTE)","Material",null,"m³",0.72750000000000004,95,69.11]
["Insumo"," 00001379 ","SINAPI","CIMENTO PORTLAND COMPOSTO CP II-32","Material",null,"KG",364.94330000000002,0.77,281]
["Insumo"," 00004721 ","SINAPI","PEDRA BRITADA N. 1 (9,5 a 19 MM) POSTO PEDREIRA/FORNECEDOR, SEM FRETE","Material",null,"m³",0.59719999999999995,77.09,46.03]
[{"$nulls":4},"MO sem LS =>",20.004653327128896,"LS =>",22.99,"MO com LS =>",42.99]
[{"$nulls":4},"Valor do BDI =>",111.05,null,"Valor com BDI =>",null,570.33000000000004]
[]
[null,"Código","Banco","Descrição","Tipo",null,"Und","Quant.","Valor Unit","Total"]
["Composição"," 94972 ","SINAPI","CONCRETO FCK = 30MPA, TRAÇO 1:2,1:2,5 (EM MASSA SECA DE CIMENTO/ AREIA MÉDIA/ BRITA 1) - PREPARO MECÂNICO COM BETONEIRA 600 L. AF_05/2021","FUES - FUNDAÇÕES E ESTRUTURAS",null,"m³",1,477.15,477.15]
["Composição Auxiliar"," 88316 ","SINAPI","SERVENTE COM ENCARGOS COMPLEMENTARES","SEDI - SERVIÇOS DIVERSOS",null,"H",1.9633,18.649999999999999,36.61]
["Composição Auxiliar"," 88377 ","SINAPI","OPERADOR DE BETONEIRA ESTACIONÁRIA/MISTURADOR COM ENCARGOS COMPLEMENTARES","SEDI - SERVIÇOS DIVERSOS",null,"H",1.24,17.22,21.35]
["Composição Auxiliar"," 89225 ","SINAPI","BETONEIRA CAPACIDADE NOMINAL DE 600 L, CAPACIDADE DE MISTURA 360 L, MOTOR ELÉTRICO TRIFÁSICO POTÊNCIA DE 4 CV, SEM CARREGADOR - CHP DIURNO. AF_05/2023","CHOR - CUSTOS HORÁRIOS DE MÁQUINAS E EQUIPAMENTOS",null,"CHP",0.63819999999999999,5.94,3.79]
["Composição Auxiliar"," 89226 ","SINAPI","BETONEIRA CAPACIDADE NOMINAL DE 600 L, CAPACIDADE DE MISTURA 360 L, MOTOR ELÉTRICO TRIFÁSICO POTÊNCIA DE 4 CV, SEM CARREGADOR - CHI DIURNO. AF_05/2023","CHOR - CUSTOS HORÁRIOS DE MÁQUINAS E EQUIPAMENTOS",null,"CHI",0.6018,1.48,0.89]
["Insumo"," 00000370 ","SINAPI","AREIA MEDIA - POSTO JAZIDA/FORNECEDOR (RETIRADO NA JAZIDA, SEM TRANSPORTE)","Material",null,"m³",0.71189999999999998,95,67.63]
["Insumo"," 00001379 ","SINAPI","CIMENTO PORTLAND COMPOSTO CP II-32","Material",null,"KG",391.16629999999998,0.77,301.19]
["Insumo"," 00004721 ","SINAPI","PEDRA BRITADA N. 1 (9,5 a 19 MM) POSTO PEDREIRA/FORNECEDOR, SEM FRETE","Material",null,"m³",0.5927,77.09,45.69]
[{"$nulls":4},"MO sem LS =>",19.846440204746393,"LS =>",22.8,"MO com LS =>",42.65]
[{"$nulls":4},"Valor do BDI =>",115.37,null,"Valor com BDI =>",null,592.52]
[]
[null,"Código","Banco","Descrição","Tipo",null,"Und","Quant.","Valor Unit","Total"]
["Composição"," 94962 ","SINAPI","CONCRETO MAGRO PARA LASTRO, TRAÇO 1:4,5:4,5 (EM MASSA SECA DE CIMENTO/ AREIA MÉDIA/ BRITA 1) - PREPARO MECÂNICO COM BETONEIRA 400 L. AF_05/2021","FUES - FUNDAÇÕES E ESTRUTURAS",null,"m³",1,357.51,357.51]
["Composição Auxiliar"," 88316 ","SINAPI","SERVENTE COM ENCARGOS COMPLEMENTARES","SEDI - SERVIÇOS DIVERSOS",null,"H",2.3433000000000002,18.649999999999999,43.7]
["Composição Auxiliar"," 88377 ","SINAPI","OPERADOR DE BETONEIRA ESTACIONÁRIA/MISTURADOR COM ENCARGOS COMPLEMENTARES","SEDI - SERVIÇOS DIVERSOS",null,"H",1.4811000000000001,17.22,25.5]
["Composição Auxiliar"," 88830 ","SINAPI","BETONEIRA CAPACIDADE NOMINAL DE 400 L, CAPACIDADE DE MISTURA 280 L, MOTOR ELÉTRICO TRIFÁSICO POTÊNCIA DE 2 CV, SEM CARREGADOR - CHP DIURNO. AF_05/2023","CHOR - CUSTOS HORÁRIOS DE MÁQUINAS E EQUIPAMENTOS",null,"CHP",0.76229999999999998,2.23,1.69]
["Composição Auxiliar"," 88831 ","SINAPI","BETONEIRA CAPACIDADE NOMINAL DE 400 L, CAPACIDADE DE MISTURA 280 L, MOTOR ELÉTRICO TRIFÁSICO POTÊNCIA DE 2 CV, SEM CARREGADOR - CHI DIURNO. AF_05/2023","CHOR - CUSTOS HORÁRIOS DE MÁQUINAS E EQUIPAMENTOS",null,"CHI",0.71879999999999999,0.36,0.25]
["Insumo"," 00000370 ","SINAPI","AREIA MEDIA - POSTO JAZIDA/FORNECEDOR (RETIRADO NA JAZIDA, SEM TRANSPORTE)","Material",null,"m³",0.82689999999999997,95,78.55]
["Insumo"," 00001379 ","SINAPI","CIMENTO PORTLAND COMPOSTO CP II-32","Material",null,"KG",212.01939999999999,0.77,163.25]
["Insumo"," 00004721 ","SINAPI","PEDRA BRITADA N. 1 (9,5 a 19 MM) POSTO PEDREIRA/FORNECEDOR, SEM FRETE","Material",null,"m³",0.57820000000000005,77.09,44.57]
[{"$nulls":4},"MO sem LS =>",23.694741740344345,"LS =>",27.23,"MO com LS =>",50.92]
[{"$nulls":4},"Valor do BDI =>",86.44,null,"Valor com BDI =>",null,443.95]
[]
[null,"Código","Banco","Descrição","Tipo",null,"Und","Quant.","Valor Unit","Total"]
["Composição"," 94968 ","SINAPI","CONCRETO MAGRO PARA LASTRO, TRAÇO 1:4,5:4,5 (EM MASSA SECA DE CIMENTO/ AREIA MÉDIA/ BRITA 1) - PREPARO MECÂNICO COM BETONEIRA 600 L. AF_05/2021","FUES - FUNDAÇÕES E ESTRUTURAS",null,"m³",1,355.51,355.51]
["Composição Auxiliar"," 88316 ","SINAPI","SERVENTE COM ENCARGOS COMPLEMENTARES","SEDI - SERVIÇOS DIVERSOS",null,"H",2.1057999999999999,18.649999999999999,39.270000000000003]
["Composição Auxiliar"," 88377 ","SINAPI","OPERADOR DE BETONEIRA ESTACIONÁRIA/MISTURADOR COM ENCARGOS COMPLEMENTARES","SEDI - SERVIÇOS DIVERSOS",null,"H",1.3314999999999999,17.22,22.92]
["Composição Auxiliar"," 89225 ","SINAPI","BETONEIRA CAPACIDADE NOMINAL DE 600 L, CAPACIDADE DE MISTURA 360 L, MOTOR ELÉTRICO TRIFÁSICO POTÊNCIA DE 4 CV, SEM CARREGADOR - CHP DIURNO. AF_05/2023","CHOR - CUSTOS HORÁRIOS DE MÁQUINAS E EQUIPAMENTOS",null,"CHP",0.68530000000000002,5.94,4.07]
["Composição Auxiliar"," 89226 ","SINAPI","BETONEIRA CAPACIDADE NOMINAL DE 600 L, CAPACIDADE DE MISTURA 360 L, MOTOR ELÉTRICO TRIFÁSICO POTÊNCIA DE 4 CV, SEM CARREGADOR - CHI DIURNO. AF_05/2023","CHOR - CUSTOS HORÁRIOS DE MÁQUINAS E EQUIPAMENTOS",null,"CHI",0.6462,1.48,0.95]
["Insumo"," 00000370 ","SINAPI","AREIA MEDIA - POSTO JAZIDA/FORNECEDOR (RETIRADO NA JAZIDA, SEM TRANSPORTE)","Material",null,"m³",0.83250000000000002,95,79.08]
["Insumo"," 00001379 ","SINAPI","CIMENTO PORTLAND COMPOSTO CP II-32","Material",null,"KG",213.45310000000001,0.77,164.35]
["Insumo"," 00004721 ","SINAPI","PEDRA BRITADA N. 1 (9,5 a 19 MM) POSTO PEDREIRA/FORNECEDOR, SEM FRETE","Material",null,"m³",0.58209999999999995,77.09,44.87]
[{"$nulls":4},"MO sem LS =>",21.293624941833411,"LS =>",24.47,"MO com LS =>",45.76]
[{"$nulls":4},"Valor do BDI =>",85.96,null,"Valor com BDI =>",null,441.47]
[]
[null,"Código","Banco","Descrição","Tipo",null,"Und","Quant.","Valor Unit","Total"]
["Composição"," 92802 ","SINAPI","CORTE E DOBRA DE AÇO CA-50, DIÂMETRO DE 8,0 MM. AF_06/2022","FUES - FUNDAÇÕES E ESTRUTURAS",null,"KG",1,11.54,11.54]
["Composição Auxiliar"," 88238 ","SINAPI","AJUDANTE DE ARMADOR COM ENCARGOS COMPLEMENTARES","SEDI - SERVIÇOS DIVERSOS",null,"H",2.5999999999999999E-3,18.399999999999999,0.04]
["Composição Auxiliar"," 88245 ","SINAPI","ARMADOR COM ENCARGOS COMPLEMENTARES","SEDI - SERVIÇOS DIVERSOS",null,"H",1.6199999999999999E-2,23.66,0.38]
["Insumo"," 00000033 ","SINAPI","ACO CA-50, 8,0 MM, VERGALHAO","Material",null,"KG",1.1100000000000001,10.02,11.12]
[{"$nulls":4},"MO sem LS =>",0.14890646812470917,"LS =>",0.17,"MO com LS =>",0.32]
[{"$nulls":4},"Valor do BDI =>",2.79,null,"Valor com BDI =>",null,14.33]
[]
[null,"Código","Banco","Descrição","Tipo",null,"Und","Quant.","Valor Unit","Total"]
["Composição"," 92799 ","SINAPI","CORTE E DOBRA DE AÇO CA-60, DIÂMETRO DE 4,2 MM. AF_06/2022","FUES - FUNDAÇÕES E ESTRUTURAS",null,"KG",1,12.03,12.03]
["Composição Auxiliar"," 88238 ","SINAPI","AJUDANTE DE ARMADOR COM ENCARGOS COMPLEMENTARES","SEDI - SERVIÇOS DIVERSOS",null,"H",1.52E-2,18.399999999999999,0.27]
["Composição Auxiliar"," 88245 ","SINAPI","ARMADOR COM ENCARGOS COMPLEMENTARES","SEDI - SERVIÇOS DIVERSOS",null,"H",9.3299999999999994E-2,23.66,2.2000000000000002]
["Insumo"," 00043059 ","SINAPI","ACO CA-60, 4,2 MM, OU 5,0 MM, OU 6,0 MM, OU 7,0 MM, VERGALHAO","Material",null,"KG",1.07,8.94,9.56]
[{"$nulls":4},"MO sem LS =>",0.87947882736156346,"LS =>",1.01,"MO com LS =>",1.89]
[{"$nulls":4},"Valor do BDI =>",2.9,null,"Valor com BDI =>",null,14.93]
[]
[null,"Código","Banco","Descrição","Tipo",null,"Und","Quant.","Valor Unit","Total"]
["Composição"," 92800 ","SINAPI","CORTE E DOBRA DE AÇO CA-60, DIÂMETRO DE 5,0 MM. AF_06/2022","FUES - FUNDAÇÕES E ESTRUTURAS",null,"KG",1,11.1,11.1]
["Composição Auxiliar"," 88238 ","SINAPI","AJUDANTE DE ARMADOR COM ENCARGOS COMPLEMENTARES","SEDI - SERVIÇOS DIVERSOS",null,"H",9.4999999999999998E-3,18.399999999999999,0.17]
["Composição Auxiliar"," 88245 ","SINAPI","ARMADOR COM ENCARGOS COMPLEMENTARES","SEDI - SERVIÇOS DIVERSOS",null,"H",5.8099999999999999E-2,23.66,1.37]
["Insumo"," 00043059 ","SINAPI","ACO CA-60, 4,2 MM, OU 5,0 MM, OU 6,0 MM, OU 7,0 MM, VERGALHAO","Material",null,"KG",1.07,8.94,9.56]
[{"$nulls":4},"MO sem LS =>",0.54909260120986503,"LS =>",0.63,"MO com LS =>",1.18]
[{"$nulls":4},"Valor do BDI =>",2.68,null,"Valor com BDI =>",null,13.78]
[]
[null,"Código","Banco","Descrição","Tipo",null,"Und","Quant.","Valor Unit","Total"]
["Composição"," 95308 ","SINAPI","CURSO DE CAPACITAÇÃO PARA AJUDANTE DE ARMADOR (ENCARGOS COMPLEMENTARES) - HORISTA","SEDI - SERVIÇOS DIVERSOS",null,"H",1,0.15,0.15]
["Insumo"," 00006114 ","SINAPI","AJUDANTE DE ARMADOR (HORISTA)","Mão de Obra",null,"H",1.2109999999999999E-2,12.91,0.15]
[{"$nulls":4},"MO sem LS =>",6.9799899999999998E-2,"LS =>",0.08,"MO com LS =>",0.15]
[{"$nulls":4},"Valor do BDI =>",0.03,null,"Valor com BDI =>",null,0.18]
[]
[null,"Código","Banco","Descrição","Tipo",null,"Und","Quant.","Valor Unit","Total"]
["Composição"," 95309 ","SINAPI","CURSO DE CAPACITAÇÃO PARA AJUDANTE DE CARPINTEIRO (ENCARGOS COMPLEMENTARES) - HORISTA","SEDI - SERVIÇOS DIVERSOS",null,"H",1,0.21,0.21]
["Insumo"," 00006117 ","SINAPI","CARPINTEIRO AUXILIAR (HORISTA)","Mão de Obra",null,"H",1.549E-2,13.86,0.21]
[{"$nulls":4},"MO sem LS =>",9.7719899999999998E-2,"LS =>",0.11,"MO com LS =>",0.21]
[{"$nulls":4},"Valor do BDI =>",0.05,null,"Valor com BDI =>",null,0.26]
[]
[null,"Código","Banco","Descrição","Tipo",null,"Und","Quant.","Valor Unit","Total"]
["Composição"," 95313 ","SINAPI","CURSO DE CAPACITAÇÃO PARA AJUDANTE ESPECIALIZADO (ENCARGOS COMPLEMENTARES) - HORISTA","SEDI - SERVIÇOS DIVERSOS",null,"H",1,0.17,0.17]
["Insumo"," 00000242 ","SINAPI","AJUDANTE ESPECIALIZADO (HORISTA)","Mão de Obra",null,"H",1.2109999999999999E-2,14.16,0.17]
[{"$nulls":4},"MO sem LS =>",7.9106599999999999E-2,"LS =>",0.09,"MO com LS =>",0.17]
[{"$nulls":4},"Valor do BDI =>",0.04,null,"Valor com BDI =>",null,0.21]
[]
[null,"Código","Banco","Descrição","Tipo",null,"Und","Quant.","Valor Unit","Total"]
["Composição"," 95314 ","SINAPI","CURSO DE CAPACITAÇÃO PARA ARMADOR (ENCARGOS COMPLEMENTARES) - HORISTA","SEDI - SERVIÇOS DIVERSOS",null,"H",1,0.21,0.21]
["Insumo"," 00000378 ","SINAPI","ARMADOR (HORISTA)","Mão de Obra",null,"H",1.2109999999999999E-2,18.11,0.21]
[{"$nulls":4},"MO sem LS =>",9.7719899999999998E-2,"LS =>",0.11,"MO com LS =>",0.21]
[{"$nulls":4},"Valor do BDI =>",0.05,null,"Valor com BDI =>",null,0.26]
[]
[null,"Código","Banco","Descrição","Tipo",null,"Und","Quant.","Valor Unit","Total"]
["Composição"," 95315 ","SINAPI","CURSO DE CAPACITAÇÃO PARA ASSENTADOR DE TUBOS (ENCARGOS COMPLEMENTARES) - HORISTA","SEDI - SERVIÇOS DIVERSOS",null,"H",1,0.22,0.22]
["Insumo"," 00040331 ","SINAPI","ASSENTADOR DE MANILHAS","Mão de Obra",null,"H",1.549E-2,14.72,0.22]
[{"$nulls":4},"MO sem LS =>",0.1023732,"LS =>",0.12,"MO com LS =>",0.22]
[{"$nulls":4},"Valor do BDI =>",0.05,null,"Valor com BDI =>",null,0.27]
[]
[null,"Código","Banco","Descrição","Tipo",null,"Und","Quant.","Valor Unit","Total"]
["Composição"," 100310 ","SINAPI","CURSO DE CAPACITAÇÃO PARA AUXILIAR DE ALMOXARIFE (ENCARGOS COMPLEMENTARES) - MENSALISTA","SEDI - SERVIÇOS DIVERSOS",null,"MES",1,11.2,11.2]
["Insumo"," 00040908 ","SINAPI","AUXILIAR DE ALMOXARIFE (MENSALISTA)","Mão de Obra",null,"MES",4.0200000000000001E-3,2787.09,11.2]
[{"$nulls":4},"MO sem LS =>",5.2117263999999999,"LS =>",5.99,"MO com LS =>",11.2]
[{"$nulls":4},"Valor do BDI =>",2.7,null,"Valor com BDI =>",null,13.9]
[]
[null,"Código","Banco","Descrição","Tipo",null,"Und","Quant.","Valor Unit","Total"]
["Composição"," 95316 ","SINAPI","CURSO DE CAPACITAÇÃO PARA AUXILIAR DE ELETRICISTA (ENCARGOS COMPLEMENTARES) - HORISTA","SEDI - SERVIÇOS DIVERSOS",null,"H",1,0.54,0.54]
["Insumo"," 00000247 ","SINAPI","AJUDANTE DE ELETRICISTA (HORISTA)","Mão de Obra",null,"H",3.916E-2,13.86,0.54]
[{"$nulls":4},"MO sem LS =>",0.25127969999999999,"LS =>",0.28999999999999998,"MO com LS =>",0.54]
[{"$nulls":4},"Valor do BDI =>",0.13,null,"Valor com BDI =>",null,0.67]
[]
[null,"Código","Banco","Descrição","Tipo",null,"Und","Quant.","Valor Unit","Total"]
["Composição"," 95317 ","SINAPI","CURSO DE CAPACITAÇÃO PARA AUXILIAR DE ENCANADOR OU BOMBEIRO HIDRÁULICO (ENCARGOS COMPLEMENTARES) - HORISTA","SEDI - SERVIÇOS DIVERSOS",null,"H",1,0.26,0.26]
["Insumo"," 00000246 ","SINAPI","AUXILIAR DE ENCANADOR OU BOMBEIRO HIDRAULICO (HORISTA)","Mão de Obra",null,"H",1.8870000000000001E-2,13.86,0.26]
[{"$nulls":4},"MO sem LS =>",0.1209865,"LS =>",0.14000000000000001,"MO com LS =>",0.26]
[{"$nulls":4},"Valor do BDI =>",0.06,null,"Valor com BDI =>",null,0.32]
[]
[null,"Código","Banco","Descrição","Tipo",null,"Und","Quant.","Valor Unit","Total"]
["Composição"," 95319 ","SINAPI","CURSO DE CAPACITAÇÃO PARA AUXILIAR DE MECÂNICO (ENCARGOS COMPLEMENTARES) - HORISTA","SEDI - SERVIÇOS DIVERSOS",null,"H",1,0.14000000000000001,0.14000000000000001]
["Insumo"," 00000251 ","SINAPI","AUXILIAR DE MECANICO","Mão de Obra",null,"H",1.2109999999999999E-2,11.73,0.14000000000000001]
[{"$nulls":4},"MO sem LS =>",6.5146599999999999E-2,"LS =>",7.0000000000000007E-2,"MO com LS =>",0.14000000000000001]
[{"$nulls":4},"Valor do BDI =>",0.03,null,"Valor com BDI =>",null,0.17]
[]
[null,"Código","Banco","Descrição","Tipo",null,"Und","Quant.","Valor Unit","Total"]
["Composição"," 101301 ","SINAPI","CURSO DE CAPACITAÇÃO PARA AUXILIAR DE TOPÓGRAFO (ENCARGOS COMPLEMENTARES) - MENSALISTA","SEDI - SERVIÇOS DIVERSOS",null,"MES",1,20,20]
["Insumo"," 00041093 ","SINAPI","AUXILIAR DE TOPOGRAFO (MENSALISTA)","Mão de Obra",null,"MES",6.5700000000000003E-3,3045.49,20]
[{"$nulls":4},"MO sem LS =>",9.3066542999999999,"LS =>",10.69,"MO com LS =>",20]
[{"$nulls":4},"Valor do BDI =>",4.83,null,"Valor com BDI =>",null,24.83]
[]
[null,"Código","Banco","Descrição","Tipo",null,"Und","Quant.","Valor Unit","Total"]
["Composição"," 95324 ","SINAPI","CURSO DE CAPACITAÇÃO PARA AZULEJISTA OU LADRILHISTA (ENCARGOS COMPLEMENTARES) - HORISTA","SEDI - SERVIÇOS DIVERSOS",null,"H",1,0.28000000000000003,0.28000000000000003]
["Insumo"," 00004760 ","SINAPI","AZULEJISTA OU LADRILHEIRO (HORISTA)","Mão de Obra",null,"H",1.549E-2,18.11,0.28000000000000003]
[{"$nulls":4},"MO sem LS =>",0.1302932,"LS =>",0.15,"MO com LS =>",0.28000000000000003]
[{"$nulls":4},"Valor do BDI =>",0.06,null,"Valor com BDI =>",null,0.34]
[]
[null,"Código","Banco","Descrição","Tipo",null,"Und","Quant.","Valor Unit","Total"]
["Composição"," 95328 ","SINAPI","CURSO DE CAPACITAÇÃO PARA CALCETEIRO (ENCARGOS COMPLEMENTARES) - HORISTA","SEDI - SERVIÇOS DIVERSOS",null,"H",1,0.21,0.21]
["Insumo"," 00004759 ","SINAPI","CALCETEIRO (HORISTA)","Mão de Obra",null,"H",1.2109999999999999E-2,18.11,0.21]
[{"$nulls":4},"MO sem LS =>",9.7719899999999998E-2,"LS =>",0.11,"MO com LS =>",0.21]
[{"$nulls":4},"Valor do BDI =>",0.05,null,"Valor com BDI =>",null,0.26]
[]
[null,"Código","Banco","Descrição","Tipo",null,"Und","Quant.","Valor Unit","Total"]
["Composição"," 95329 ","SINAPI","CURSO DE CAPACITAÇÃO PARA CARPINTEIRO DE ESQUADRIA (ENCARGOS COMPLEMENTARES) - HORISTA","SEDI - SERVIÇOS DIVERSOS",null,"H",1,0.26,0.26]
["Insumo"," 00001214 ","SINAPI","CARPINTEIRO DE ESQUADRIAS (HORISTA)","Mão de Obra",null,"H",1.549E-2,17.25,0.26]
[{"$nulls":4},"MO sem LS =>",0.1209865,"LS =>",0.14000000000000001,"MO com LS =>",0.26]
[{"$nulls":4},"Valor do BDI =>",0.06,null,"Valor com BDI =>",null,0.32]
[]
[null,"Código","Banco","Descrição","Tipo",null,"Und","Quant.","Valor Unit","Total"]
["Composição"," 95330 ","SINAPI","CURSO DE CAPACITAÇÃO PARA CARPINTEIRO DE FÔRMAS (ENCARGOS COMPLEMENTARES) - HORISTA","SEDI - SERVIÇOS DIVERSOS",null,"H",1,0.21,0.21]
["Insumo"," 00001213 ","SINAPI","CARPINTEIRO DE FORMAS (HORISTA)","Mão de Obra",null,"H",1.2109999999999999E-2,18.11,0.21]
[{"$nulls":4},"MO sem LS =>",9.7719899999999998E-2,"LS =>",0.11,"MO com LS =>",0.21]
[{"$nulls":4},"Valor do BDI =>",0.05,null,"Valor com BDI =>",null,0.26]
[]
[null,"Código","Banco","Descrição","Tipo",null,"Und","Quant.","Valor Unit","Total"]
["Composição"," 95332 ","SINAPI","CURSO DE CAPACITAÇÃO PARA ELETRICISTA (ENCARGOS COMPLEMENTARES) - HORISTA","SEDI - SERVIÇOS DIVERSOS",null,"H",1,0.89,0.89]
["Insumo"," 00002436 ","SINAPI","ELETRICISTA (HORISTA)","Mão de Obra",null,"H",3.916E-2,22.88,0.89]
[{"$nulls":4},"MO sem LS =>",0.41414610000000002,"LS =>",0.48,"MO com LS =>",0.89]
[{"$nulls":4},"Valor do BDI =>",0.21,null,"Valor com BDI =>",null,1.1000000000000001]
[]
[null,"Código","Banco","Descrição","Tipo",null,"Und","Quant.","Valor Unit","Total"]
["Composição"," 95334 ","SINAPI","CURSO DE CAPACITAÇÃO PARA ELETROTÉCNICO (ENCARGOS COMPLEMENTARES) - HORISTA","SEDI - SERVIÇOS DIVERSOS",null,"H",1,0.83,0.83]
["Insumo"," 00002438 ","SINAPI","ELETROTECNICO (HORISTA)","Mão de Obra",null,"H",3.2399999999999998E-2,25.76,0.83]
[{"$nulls":4},"MO sem LS =>",0.38622620000000002,"LS =>",0.44,"MO com LS =>",0.83]
[{"$nulls":4},"Valor do BDI =>",0.2,null,"Valor com BDI =>",null,1.03]
[]
[null,"Código","Banco","Descrição","Tipo",null,"Und","Quant.","Valor Unit","Total"]
["Composição"," 95335 ","SINAPI","CURSO DE CAPACITAÇÃO PARA ENCANADOR OU BOMBEIRO HIDRÁULICO (ENCARGOS COMPLEMENTARES) - HORISTA","SEDI - SERVIÇOS DIVERSOS",null,"H",1,0.43,0.43]
["Insumo"," 00002696 ","SINAPI","ENCANADOR OU BOMBEIRO HIDRAULICO (HORISTA)","Mão de Obra",null,"H",1.8870000000000001E-2,22.88,0.43]
[{"$nulls":4},"MO sem LS =>",0.2000931,"LS =>",0.23,"MO com LS =>",0.43]
[{"$nulls":4},"Valor do BDI =>",0.1,null,"Valor com BDI =>",null,0.53]
[]
[null,"Código","Banco","Descrição","Tipo",null,"Und","Quant.","Valor Unit","Total"]
["Composição"," 101316 ","SINAPI","CURSO DE CAPACITAÇÃO PARA ENCANADOR OU BOMBEIRO HIDRÁULICO (ENCARGOS COMPLEMENTARES) - MENSALISTA","SEDI - SERVIÇOS DIVERSOS",null,"MES",1,56.63,56.63]
["Insumo"," 00040928 ","SINAPI","ENCANADOR OU BOMBEIRO HIDRAULICO (MENSALISTA)","Mão de Obra",null,"MES",1.4200000000000001E-2,3988.48,56.63]
[{"$nulls":4},"MO sem LS =>",26.351791500000001,"LS =>",30.28,"MO com LS =>",56.63]
[{"$nulls":4},"Valor do BDI =>",13.69,null,"Valor com BDI =>",null,70.319999999999993]
[]
[null,"Código","Banco","Descrição","Tipo",null,"Und","Quant.","Valor Unit","Total"]
["Composição"," 95422 ","SINAPI","CURSO DE CAPACITAÇÃO PARA ENCARREGADO GERAL DE OBRAS (ENCARGOS COMPLEMENTARES) - MENSALISTA","SEDI - SERVIÇOS DIVERSOS",null,"MES",1,66.8,66.8]
["Insumo"," 00040818 ","SINAPI","ENCARREGADO GERAL DE OBRAS (MENSALISTA)","Mão de Obra",null,"MES",1.6750000000000001E-2,3988.48,66.8]
[{"$nulls":4},"MO sem LS =>",31.084225199999999,"LS =>",35.72,"MO com LS =>",66.8]
[{"$nulls":4},"Valor do BDI =>",16.149999999999999,null,"Valor com BDI =>",null,82.95]
[]
[null,"Código","Banco","Descrição","Tipo",null,"Und","Quant.","Valor Unit","Total"]
["Composição"," 95403 ","SINAPI","CURSO DE CAPACITAÇÃO PARA ENGENHEIRO CIVIL DE OBRA PLENO (ENCARGOS COMPLEMENTARES) - HORISTA","SEDI - SERVIÇOS DIVERSOS",null,"H",1,1.88,1.88]
["Insumo"," 00002707 ","SINAPI","ENGENHEIRO CIVIL DE OBRA PLENO (HORISTA)","Mão de Obra",null,"H",1.549E-2,121.8,1.88]
[{"$nulls":4},"MO sem LS =>",0.87482550000000003,"LS =>",1.01,"MO com LS =>",1.88]
[{"$nulls":4},"Valor do BDI =>",0.45,null,"Valor com BDI =>",null,2.33]
[]
[null,"Código","Banco","Descrição","Tipo",null,"Und","Quant.","Valor Unit","Total"]
["Composição"," 95407 ","SINAPI","CURSO DE CAPACITAÇÃO PARA ENGENHEIRO ELETRICISTA (ENCARGOS COMPLEMENTARES) - HORISTA","SEDI - SERVIÇOS DIVERSOS",null,"H",1,3.91,3.91]
["Insumo"," 00034783 ","SINAPI","ENGENHEIRO ELETRICISTA","Mão de Obra",null,"H",3.5779999999999999E-2,109.47,3.91]
[{"$nulls":4},"MO sem LS =>",1.8194509000000001,"LS =>",2.09,"MO com LS =>",3.91]
[{"$nulls":4},"Valor do BDI =>",0.94,null,"Valor com BDI =>",null,4.8499999999999996]
[]
[null,"Código","Banco","Descrição","Tipo",null,"Und","Quant.","Valor Unit","Total"]
["Composição"," 95338 ","SINAPI","CURSO DE CAPACITAÇÃO PARA IMPERMEABILIZADOR (ENCARGOS COMPLEMENTARES) - HORISTA","SEDI - SERVIÇOS DIVERSOS",null,"H",1,0.41,0.41]
["Insumo"," 00012873 ","SINAPI","IMPERMEABILIZADOR (HORISTA)","Mão de Obra",null,"H",2.2249999999999999E-2,18.5,0.41]
[{"$nulls":4},"MO sem LS =>",0.19078639999999999,"LS =>",0.22,"MO com LS =>",0.41]
[{"$nulls":4},"Valor do BDI =>",0.09,null,"Valor com BDI =>",null,0.5]
[]
[null,"Código","Banco","Descrição","Tipo",null,"Und","Quant.","Valor Unit","Total"]
["Composição"," 95390 ","SINAPI","CURSO DE CAPACITAÇÃO PARA JARDINEIRO (ENCARGOS COMPLEMENTARES) - HORISTA","SEDI - SERVIÇOS DIVERSOS",null,"H",1,0.06,0.06]
["Insumo"," 00044503 ","SINAPI","JARDINEIRO (HORISTA)","Mão de Obra",null,"H",5.3400000000000001E-3,13,0.06]
[{"$nulls":4},"MO sem LS =>",2.792E-2,"LS =>",0.03,"MO com LS =>",0.06]
[{"$nulls":4},"Valor do BDI =>",0.01,null,"Valor com BDI =>",null,7.0000000000000007E-2]
[]
[null,"Código","Banco","Descrição","Tipo",null,"Und","Quant.","Valor Unit","Total"]
["Composição"," 95423 ","SINAPI","CURSO DE CAPACITAÇÃO PARA MESTRE DE OBRAS (ENCARGOS COMPLEMENTARES) - MENSALISTA","SEDI - SERVIÇOS DIVERSOS",null,"MES",1,104.23,104.23]
["Insumo"," 00040819 ","SINAPI","MESTRE DE OBRAS (MENSALISTA)","Mão de Obra",null,"MES",1.6750000000000001E-2,6223.25,104.23]
[{"$nulls":4},"MO sem LS =>",48.501628699999998,"LS =>",55.73,"MO com LS =>",104.23]
[{"$nulls":4},"Valor do BDI =>",25.2,null,"Valor com BDI =>",null,129.43]
[]
[null,"Código","Banco","Descrição","Tipo",null,"Und","Quant.","Valor Unit","Total"]
["Composição"," 95344 ","SINAPI","CURSO DE CAPACITAÇÃO PARA MONTADOR DE ESTRUTURA METÁLICA (ENCARGOS COMPLEMENTARES) - HORISTA","SEDI - SERVIÇOS DIVERSOS",null,"H",1,0.16,0.16]
["Insumo"," 00044497 ","SINAPI","MONTADOR DE ESTRUTURAS METALICAS HORISTA","Mão de Obra",null,"H",1.2109999999999999E-2,13.71,0.16]
[{"$nulls":4},"MO sem LS =>",7.4453199999999997E-2,"LS =>",0.09,"MO com LS =>",0.16]
[{"$nulls":4},"Valor do BDI =>",0.03,null,"Valor com BDI =>",null,0.19]
[]
[null,"Código","Banco","Descrição","Tipo",null,"Und","Quant.","Valor Unit","Total"]
["Composição"," 95345 ","SINAPI","CURSO DE CAPACITAÇÃO PARA MONTADOR ELETROMECÂNICO (ENCARGOS COMPLEMENTARES) - HORISTA","SEDI - SERVIÇOS DIVERSOS",null,"H",1,0.91,0.91]
["Insumo"," 00002437 ","SINAPI","MONTADOR DE MAQUINAS (HORISTA)","Mão de Obra",null,"H",3.2399999999999998E-2,28.23,0.91]
[{"$nulls":4},"MO sem LS =>",0.42345280000000002,"LS =>",0.49,"MO com LS =>",0.91]
[{"$nulls":4},"Valor do BDI =>",0.22,null,"Valor com BDI =>",null,1.1299999999999999]
[]
[null,"Código","Banco","Descrição","Tipo",null,"Und","Quant.","Valor Unit","Total"]
["Composição"," 95346 ","SINAPI","CURSO DE CAPACITAÇÃO PARA MOTORISTA DE BASCULANTE (ENCARGOS COMPLEMENTARES) - HORISTA","SEDI - SERVIÇOS DIVERSOS",null,"H",1,0.09,0.09]
["Insumo"," 00020020 ","SINAPI","MOTORISTA DE CAMINHAO-BASCULANTE (HORISTA)","Mão de Obra",null,"H",5.3400000000000001E-3,18.54,0.09]
[{"$nulls":4},"MO sem LS =>",4.1879899999999998E-2,"LS =>",0.05,"MO com LS =>",0.09]
[{"$nulls":4},"Valor do BDI =>",0.02,null,"Valor com BDI =>",null,0.11]
[]
[null,"Código","Banco","Descrição","Tipo",null,"Und","Quant.","Valor Unit","Total"]
["Composição"," 95347 ","SINAPI","CURSO DE CAPACITAÇÃO PARA MOTORISTA DE CAMINHÃO (ENCARGOS COMPLEMENTARES) - HORISTA","SEDI - SERVIÇOS DIVERSOS",null,"H",1,0.09,0.09]
["Insumo"," 00004093 ","SINAPI","MOTORISTA DE CAMINHAO (HORISTA)","Mão de Obra",null,"H",5.3400000000000001E-3,17.850000000000001,0.09]
[{"$nulls":4},"MO sem LS =>",4.1879899999999998E-2,"LS =>",0.05,"MO com LS =>",0.09]
[{"$nulls":4},"Valor do BDI =>",0.02,null,"Valor com BDI =>",null,0.11]
[]
[null,"Código","Banco","Descrição","Tipo",null,"Und","Quant.","Valor Unit","Total"]
["Composição"," 95351 ","SINAPI","CURSO DE CAPACITAÇÃO PARA MOTORISTA OPERADOR DE MUNCK (ENCARGOS COMPLEMENTARES) - HORISTA","SEDI - SERVIÇOS DIVERSOS",null,"H",1,0.34,0.34]
["Insumo"," 00004096 ","SINAPI","MOTORISTA OPERADOR DE CAMINHAO COM MUNCK (HORISTA)","Mão de Obra",null,"H",1.7180000000000001E-2,20,0.34]
[{"$nulls":4},"MO sem LS =>",0.1582131,"LS =>",0.18,"MO com LS =>",0.34]
[{"$nulls":4},"Valor do BDI =>",0.08,null,"Valor com BDI =>",null,0.42]
[]
[null,"Código","Banco","Descrição","Tipo",null,"Und","Quant.","Valor Unit","Total"]
["Composição"," 95389 ","SINAPI","CURSO DE CAPACITAÇÃO PARA OPERADOR DE BETONEIRA ESTACIONÁRIA/MISTURADOR (ENCARGOS COMPLEMENTARES) - HORISTA","SEDI - SERVIÇOS DIVERSOS",null,"H",1,0.11,0.11]
["Insumo"," 00037666 ","SINAPI","OPERADOR DE BETONEIRA ESTACIONARIA / MISTURADOR","Mão de Obra",null,"H",8.7200000000000003E-3,12.95,0.11]
[{"$nulls":4},"MO sem LS =>",5.1186599999999999E-2,"LS =>",0.06,"MO com LS =>",0.11]
[{"$nulls":4},"Valor do BDI =>",0.02,null,"Valor com BDI =>",null,0.13]
[]
[null,"Código","Banco","Descrição","Tipo",null,"Und","Quant.","Valor Unit","Total"]
["Composição"," 95357 ","SINAPI","CURSO DE CAPACITAÇÃO PARA OPERADOR DE ESCAVADEIRA (ENCARGOS COMPLEMENTARES) - HORISTA","SEDI - SERVIÇOS DIVERSOS",null,"H",1,0.21,0.21]
["Insumo"," 00004234 ","SINAPI","OPERADOR DE ESCAVADEIRA","Mão de Obra",null,"H",1.2109999999999999E-2,18.11,0.21]
[{"$nulls":4},"MO sem LS =>",9.7719899999999998E-2,"LS =>",0.11,"MO com LS =>",0.21]
[{"$nulls":4},"Valor do BDI =>",0.05,null,"Valor com BDI =>",null,0.26]
[]
[null,"Código","Banco","Descrição","Tipo",null,"Und","Quant.","Valor Unit","Total"]
["Composição"," 95358 ","SINAPI","CURSO DE CAPACITAÇÃO PARA OPERADOR DE GUINCHO (ENCARGOS COMPLEMENTARES) - HORISTA","SEDI - SERVIÇOS DIVERSOS",null,"H",1,0.21,0.21]
["Insumo"," 00004253 ","SINAPI","OPERADOR DE GUINCHO OU GUINCHEIRO","Mão de Obra",null,"H",1.7180000000000001E-2,12.72,0.21]
[{"$nulls":4},"MO sem LS =>",9.7719899999999998E-2,"LS =>",0.11,"MO com LS =>",0.21]
[{"$nulls":4},"Valor do BDI =>",0.05,null,"Valor com BDI =>",null,0.26]
[]
[null,"Código","Banco","Descrição","Tipo",null,"Und","Quant.","Valor Unit","Total"]
["Composição"," 95360 ","SINAPI","CURSO DE CAPACITAÇÃO PARA OPERADOR DE MÁQUINAS E EQUIPAMENTOS (ENCARGOS COMPLEMENTARES) - HORISTA","SEDI - SERVIÇOS DIVERSOS",null,"H",1,0.19,0.19]
["Insumo"," 00004230 ","SINAPI","OPERADOR DE MAQUINAS E TRATORES DIVERSOS (TERRAPLANAGEM)","Mão de Obra",null,"H",1.2109999999999999E-2,16.239999999999998,0.19]
[{"$nulls":4},"MO sem LS =>",8.8413199999999997E-2,"LS =>",0.1,"MO com LS =>",0.19]
[{"$nulls":4},"Valor do BDI =>",0.04,null,"Valor com BDI =>",null,0.23]
[]
[null,"Código","Banco","Descrição","Tipo",null,"Und","Quant.","Valor Unit","Total"]
["Composição"," 95364 ","SINAPI","CURSO DE CAPACITAÇÃO PARA OPERADOR DE PÁ CARREGADEIRA (ENCARGOS COMPLEMENTARES) - HORISTA","SEDI - SERVIÇOS DIVERSOS",null,"H",1,0.13,0.13]
["Insumo"," 00004248 ","SINAPI","OPERADOR DE PA CARREGADEIRA","Mão de Obra",null,"H",8.7200000000000003E-3,15.1,0.13]
[{"$nulls":4},"MO sem LS =>",6.04933E-2,"LS =>",7.0000000000000007E-2,"MO com LS =>",0.13]
[{"$nulls":4},"Valor do BDI =>",0.03,null,"Valor com BDI =>",null,0.16]
[]
[null,"Código","Banco","Descrição","Tipo",null,"Und","Quant.","Valor Unit","Total"]
["Composição"," 95366 ","SINAPI","CURSO DE CAPACITAÇÃO PARA OPERADOR DE ROLO COMPACTADOR (ENCARGOS COMPLEMENTARES) - HORISTA","SEDI - SERVIÇOS DIVERSOS",null,"H",1,0.16,0.16]
["Insumo"," 00004238 ","SINAPI","OPERADOR DE ROLO COMPACTADOR","Mão de Obra",null,"H",8.7200000000000003E-3,18.93,0.16]
[{"$nulls":4},"MO sem LS =>",7.4453199999999997E-2,"LS =>",0.09,"MO com LS =>",0.16]
[{"$nulls":4},"Valor do BDI =>",0.03,null,"Valor com BDI =>",null,0.19]
[]
[null,"Código","Banco","Descrição","Tipo",null,"Und","Quant.","Valor Unit","Total"]
["Composição"," 95371 ","SINAPI","CURSO DE CAPACITAÇÃO PARA PEDREIRO (ENCARGOS COMPLEMENTARES) - HORISTA","SEDI - SERVIÇOS DIVERSOS",null,"H",1,0.4,0.4]
["Insumo"," 00004750 ","SINAPI","PEDREIRO (HORISTA)","Mão de Obra",null,"H",2.2249999999999999E-2,18.11,0.4]
[{"$nulls":4},"MO sem LS =>",0.1861331,"LS =>",0.21,"MO com LS =>",0.4]
[{"$nulls":4},"Valor do BDI =>",0.09,null,"Valor com BDI =>",null,0.49]
[]
[null,"Código","Banco","Descrição","Tipo",null,"Und","Quant.","Valor Unit","Total"]
["Composição"," 95372 ","SINAPI","CURSO DE CAPACITAÇÃO PARA PINTOR (ENCARGOS COMPLEMENTARES) - HORISTA","SEDI - SERVIÇOS DIVERSOS",null,"H",1,0.28000000000000003,0.28000000000000003]
["Insumo"," 00004783 ","SINAPI","PINTOR (HORISTA)","Mão de Obra",null,"H",1.549E-2,18.11,0.28000000000000003]
[{"$nulls":4},"MO sem LS =>",0.1302932,"LS =>",0.15,"MO com LS =>",0.28000000000000003]
[{"$nulls":4},"Valor do BDI =>",0.06,null,"Valor com BDI =>",null,0.34]
[]
[null,"Código","Banco","Descrição","Tipo",null,"Und","Quant.","Valor Unit","Total"]
["Composição"," 95378 ","SINAPI","CURSO DE CAPACITAÇÃO PARA SERVENTE (ENCARGOS COMPLEMENTARES) - HORISTA","SEDI - SERVIÇOS DIVERSOS",null,"H",1,0.28999999999999998,0.28999999999999998]
["Insumo"," 00006111 ","SINAPI","SERVENTE DE OBRAS","Mão de Obra",null,"H",2.2249999999999999E-2,13.19,0.28999999999999998]
[{"$nulls":4},"MO sem LS =>",0.1349465,"LS =>",0.16,"MO com LS =>",0.28999999999999998]
[{"$nulls":4},"Valor do BDI =>",7.0000000000000007E-2,null,"Valor com BDI =>",null,0.36]
[]
[null,"Código","Banco","Descrição","Tipo",null,"Und","Quant.","Valor Unit","Total"]
["Composição"," 95379 ","SINAPI","CURSO DE CAPACITAÇÃO PARA SOLDADOR (ENCARGOS COMPLEMENTARES) - HORISTA","SEDI - SERVIÇOS DIVERSOS",null,"H",1,0.25,0.25]
["Insumo"," 00006160 ","SINAPI","SOLDADOR (HORISTA)","Mão de Obra",null,"H",1.2109999999999999E-2,20.67,0.25]
[{"$nulls":4},"MO sem LS =>",0.1163332,"LS =>",0.13,"MO com LS =>",0.25]
[{"$nulls":4},"Valor do BDI =>",0.06,null,"Valor com BDI =>",null,0.31]
[]
[null,"Código","Banco","Descrição","Tipo",null,"Und","Quant.","Valor Unit","Total"]
["Composição"," 95385 ","SINAPI","CURSO DE CAPACITAÇÃO PARA TELHADISTA (ENCARGOS COMPLEMENTARES) - HORISTA","SEDI - SERVIÇOS DIVERSOS",null,"H",1,0.21,0.21]
["Insumo"," 00012869 ","SINAPI","TELHADOR (HORISTA)","Mão de Obra",null,"H",1.2109999999999999E-2,17.87,0.21]
[{"$nulls":4},"MO sem LS =>",9.7719899999999998E-2,"LS =>",0.11,"MO com LS =>",0.21]
[{"$nulls":4},"Valor do BDI =>",0.05,null,"Valor com BDI =>",null,0.26]
[]
[null,"Código","Banco","Descrição","Tipo",null,"Und","Quant.","Valor Unit","Total"]
["Composição"," 95424 ","SINAPI","CURSO DE CAPACITAÇÃO PARA TOPÓGRAFO (ENCARGOS COMPLEMENTARES) - MENSALISTA","SEDI - SERVIÇOS DIVERSOS",null,"MES",1,44.46,44.46]
["Insumo"," 00040820 ","SINAPI","TOPOGRAFO (MENSALISTA)","Mão de Obra",null,"MES",6.5700000000000003E-3,6767.32,44.46]
[{"$nulls":4},"MO sem LS =>",20.688692400000001,"LS =>",23.77,"MO com LS =>",44.46]
[{"$nulls":4},"Valor do BDI =>",10.75,null,"Valor com BDI =>",null,55.21]
[]
[null,"Código","Banco","Descrição","Tipo",null,"Und","Quant.","Valor Unit","Total"]
["Composição"," 95386 ","SINAPI","CURSO DE CAPACITAÇÃO PARA TRATORISTA (ENCARGOS COMPLEMENTARES) - HORISTA","SEDI - SERVIÇOS DIVERSOS",null,"H",1,0.21,0.21]
["Insumo"," 00004237 ","SINAPI","OPERADOR DE TRATOR - EXCLUSIVE AGROPECUARIA","Mão de Obra",null,"H",1.2109999999999999E-2,17.420000000000002,0.21]
[{"$nulls":4},"MO sem LS =>",9.7719899999999998E-2,"LS =>",0.11,"MO com LS =>",0.21]
[{"$nulls":4},"Valor do BDI =>",0.05,null,"Valor com BDI =>",null,0.26]
[]
[null,"Código","Banco","Descrição","Tipo",null,"Und","Quant.","Valor Unit","Total"]
["Composição"," 100315 ","SINAPI","CURSO DE CAPACITAÇÃO PARA TÉCNICO EM SEGURANÇA DO TRABALHO (ENCARGOS COMPLEMENTARES) - MENSALISTA","SEDI - SERVIÇOS DIVERSOS",null,"MES",1,61.92,61.92]
["Insumo"," 00040944 ","SINAPI","TECNICO EM SEGURANCA DO TRABALHO (MENSALISTA)","Mão de Obra",null,"MES",1.4200000000000001E-2,4360.57,61.92]
[{"$nulls":4},"MO sem LS =>",28.813401599999999,"LS =>",33.11,"MO com LS =>",61.92]
[{"$nulls":4},"Valor do BDI =>",14.97,null,"Valor com BDI =>",null,76.89]
[]
[null,"Código","Banco","Descrição","Tipo",null,"Und","Quant.","Valor Unit","Total"]
["Composição"," 101372 ","SINAPI","CURSO DE CAPACITAÇÃO PARA VIGIA DIURNO (ENCARGOS COMPLEMENTARES) - MENSALISTA","SEDI - SERVIÇOS DIVERSOS",null,"MES",1,9.64,9.64]
["Insumo"," 00041096 ","SINAPI","VIGIA DIURNO (MENSALISTA)","Mão de Obra",null,"MES",4.0200000000000001E-3,2399.06,9.64]
[{"$nulls":4},"MO sem LS =>",4.4858073999999997,"LS =>",5.15,"MO com LS =>",9.64]
[{"$nulls":4},"Valor do BDI =>",2.33,null,"Valor com BDI =>",null,11.97]
[]
[null,"Código","Banco","Descrição","Tipo",null,"Und","Quant.","Valor Unit","Total"]
["Composição"," 91919 ","SINAPI","CURVA 180 GRAUS PARA ELETRODUTO, PVC, ROSCÁVEL, DN 32 MM (1\"), PARA CIRCUITOS TERMINAIS, INSTALADA EM PAREDE - FORNECIMENTO E INSTALAÇÃO. AF_03/2023","INEL - INSTALAÇÃO ELÉTRICA/ELETRIFICAÇÃO E ILUMINAÇÃO EXTERNA",null,"UN",1,20.55,20.55]
["Composição Auxiliar"," 88247 ","SINAPI","AUXILIAR DE ELETRICISTA COM ENCARGOS COMPLEMENTARES","SEDI - SERVIÇOS DIVERSOS",null,"H",0.32800000000000001,19.73,6.47]
["Composição Auxiliar"," 88264 ","SINAPI","ELETRICISTA COM ENCARGOS COMPLEMENTARES","SEDI - SERVIÇOS DIVERSOS",null,"H",0.32800000000000001,29.1,9.5399999999999991]
["Insumo"," 00039276 ","SINAPI","CURVA 180 GRAUS, DE PVC RIGIDO ROSCAVEL, DE 1\", PARA ELETRODUTO","Material",null,"UN",1,4.54,4.54]
[{"$nulls":4},"MO sem LS =>",5.821312238250349,"LS =>",6.69,"MO com LS =>",12.51]
[{"$nulls":4},"Valor do BDI =>",4.96,null,"Valor com BDI =>",null,25.51]
[]
[null,"Código","Banco","Descrição","Tipo",null,"Und","Quant.","Valor Unit","Total"]
["Composição"," 5914655 ","SICRO3","Carga, manobra e descarga de materiais diversos em caminhão carroceria de 15 t - carga e descarga manuais","",null,"t",1,30.36,30.36]
["A","Código","Banco","Equipamentos","Quantidade","Utilização",null,"Custo Operacional",null,"Custo Horário"]
[{"$nulls":5},"Operativa","Improdutiva","Operativa","Improdutiva"]
["Insumo","E9592","SICRO3","Caminhão carroceria com capacidade de 15 t - 188 kW",1,1,0,247.90899999999999,75.268199999999993,247.90899999999999]
[{"$nulls":5},"Custo Horário de Equipamentos =>",null,null,null,247.90899999999999]
["B","Código","Banco","Mão de Obra","Quantidade","Salário Hora",null,null,null,"Custo Horário"]
["Insumo","P9824","SICRO3","Servente",6,null,null,null,18.586300000000001,111.51779999999999]
[{"$nulls":5},"Custo Horário da Mão de Obra =>",null,null,null,111.51779999999999]
[{"$nulls":5},"Adc.M.O. - Ferramentas (0,0%) =>",null,null,null,0]
[{"$nulls":5},"Custo Horário de Execução =>",null,null,null,359.42680000000001]
[{"$nulls":5},"Fator de Influencia da Chuva - FIC =>",null,null,null,0]
[{"$nulls":5},"Custo do FIC =>",null,null,null,0]
[{"$nulls":5},"Produção de Equipe =>",null,null,null,11.84]
[{"$nulls":5},"Custo Unitário de Execução =>",null,null,null,30.356999999999999]
[{"$nulls":4},"MO sem LS =>",4.3828446291801342,"LS =>",5.04,"MO com LS =>",9.4187331081081087]
[{"$nulls":4},"Valor do BDI =>",7.34,null,"Valor com BDI =>",null,37.700000000000003]
[]
[null,"Código","Banco","Descrição","Tipo",null,"Und","Quant.","Valor Unit","Total"]
["Composição"," 3310 ","ORSE","Chapisco em parede com argamassa traço t1 - 1:3 (cimento / areia) - Revisado 08/2015","Conversão InfoWOrca",null,"m²",1,6.44,6.44]
["Composição Auxiliar"," 10549 ","ORSE","Encargos Complementares - Servente","Provisórios",null,"h",0.1,3.75,0.37]
["Composição Auxiliar"," 10550 ","ORSE","Encargos Complementares - Pedreiro","Provisórios",null,"h",0.1,3.61,0.36]
["Composição Auxiliar"," 1903 ","ORSE","Argamassa cimento e areia traço t-1 (1:3) - 1 saco cimento 50kg / 3 padiolas areia dim. 0.35 x 0.45 x 0.23 m - Confecção mecânica e transporte","Argamassas",null,"m³",5.0000000000000001E-3,518.54999999999995,2.59]
["Insumo"," 00004750 ","SINAPI","PEDREIRO (HORISTA)","Mão de Obra",null,"H",0.1,18.11,1.81]
["Insumo"," 00006111 ","SINAPI","SERVENTE DE OBRAS","Mão de Obra",null,"H",0.1,13.19,1.31]
[{"$nulls":4},"MO sem LS =>",1.5728245695672405,"LS =>",1.81,"MO com LS =>",3.38]
[{"$nulls":4},"Valor do BDI =>",1.55,null,"Valor com BDI =>",null,7.99]
[]
[null,"Código","Banco","Descrição","Tipo",null,"Und","Quant.","Valor Unit","Total"]
["Composição"," 11449 ","ORSE","Compactação manual com placa vibratória sem controle do grau de compactação","Aterros / Reaterros / Compactações",null,"m³",1,11.92,11.92]
["Composição Auxiliar"," 10549 ","ORSE","Encargos Complementares - Servente","Provisórios",null,"h",0.5,3.75,1.87]
["Insumo"," 2459 ","ORSE","Caminhao tanque 6000 l (m. benz - ATEGO 1418/42 - 136,0 hp ou equivalente) h","Equipamento",null,"un",0.05,69.19,3.45]
["Insumo"," 2461 ","ORSE","Aluguel de compactador placa 415 kg  (dynapac - cm 20 diesel  - 6,0 hp) h","Equipamento",null,"un",5.0000000000000001E-3,2.73,0.01]
["Insumo"," 00006111 ","SINAPI","SERVENTE DE OBRAS","Mão de Obra",null,"H",0.5,13.19,6.59]
[{"$nulls":4},"MO sem LS =>",3.0665426,"LS =>",3.52,"MO com LS =>",6.59]
[{"$nulls":4},"Valor do BDI =>",2.88,null,"Valor com BDI =>",null,14.8]
[]
[null,"Código","Banco","Descrição","Tipo",null,"Und","Quant.","Valor Unit","Total"]
["Composição"," 4805754 ","SICRO3","Compactação manual com soquete vibratório","",null,"m³",1,5.96,5.96]
["A","Código","Banco","Equipamentos","Quantidade","Utilização",null,"Custo Operacional",null,"Custo Horário"]
[{"$nulls":5},"Operativa","Improdutiva","Operativa","Improdutiva"]
["Insumo","E9647","SICRO3","Compactador manual com soquete vibratório - 4,10 kW",1,1,0,8.8981999999999992,1.0826,8.8981999999999992]
[{"$nulls":5},"Custo Horário de Equipamentos =>",null,null,null,8.8981999999999992]
["B","Código","Banco","Mão de Obra","Quantidade","Salário Hora",null,null,null,"Custo Horário"]
["Insumo","P9824","SICRO3","Servente",1,null,null,null,18.586300000000001,18.586300000000001]
[{"$nulls":5},"Custo Horário da Mão de Obra =>",null,null,null,18.586300000000001]
[{"$nulls":5},"Adc.M.O. - Ferramentas (0,0%) =>",null,null,null,0]
[{"$nulls":5},"Custo Horário de Execução =>",null,null,null,27.484500000000001]
[{"$nulls":5},"Fator de Influencia da Chuva - FIC =>",null,null,null,1.2699999999999999E-2]
[{"$nulls":5},"Custo do FIC =>",null,null,null,7.46E-2]
[{"$nulls":5},"Produção de Equipe =>",null,null,null,4.6688000000000001]
[{"$nulls":5},"Custo Unitário de Execução =>",null,null,null,5.8868999999999998]
[{"$nulls":4},"MO sem LS =>",1.8524901529493185,"LS =>",2.13,"MO com LS =>",3.9810013386880856]
[{"$nulls":4},"Valor do BDI =>",1.44,null,"Valor com BDI =>",null,7.4]
[]
[null,"Código","Banco","Descrição","Tipo",null,"Und","Quant.","Valor Unit","Total"]
["Composição"," 1107892 ","SICRO3","Concreto fck = 20 MPa - confecção em betoneira e lançamento manual - areia e brita comerciais","",null,"m³",1,404.33,404.33]
["A","Código","Banco","Equipamentos","Quantidade","Utilização",null,"Custo Operacional",null,"Custo Horário"]
[{"$nulls":5},"Operativa","Improdutiva","Operativa","Improdutiva"]
["Insumo","E9010","SICRO3","Balança plataforma digital à bateria, com mesa de 75 x 75 cm e capacidade de 500 kg",1,1,0,1.2453000000000001,0.83660000000000001,1.2453000000000001]
["Insumo","E9519","SICRO3","Betoneira com motor a gasolina com capacidade de 600 l - 10 kW",1,1,0,45.6995,26.473299999999998,45.6995]
["Insumo","E9071","SICRO3","Transportador manual carrinho de mão com capacidade de 80 l",4,0.9,0.1,0.76959999999999995,0.5232,2.9798]
["Insumo","E9064","SICRO3","Transportador manual gerica com capacidade de 180 l",3,0.41,0.59,1.6211,1.1021000000000001,3.9447000000000001]
[{"$nulls":5},"Custo Horário de Equipamentos =>",null,null,null,53.869300000000003]
["B","Código","Banco","Mão de Obra","Quantidade","Salário Hora",null,null,null,"Custo Horário"]
["Insumo","P9821","SICRO3","Pedreiro",1,null,null,null,22.422699999999999,22.422699999999999]
["Insumo","P9824","SICRO3","Servente",9,null,null,null,18.586300000000001,167.27670000000001]
[{"$nulls":5},"Custo Horário da Mão de Obra =>",null,null,null,189.6994]
[{"$nulls":5},"Adc.M.O. - Ferramentas (0,0%) =>",null,null,null,0]
[{"$nulls":5},"Custo Horário de Execução =>",null,null,null,243.56870000000001]
[{"$nulls":5},"Fator de Influencia da Chuva - FIC =>",null,null,null,0]
[{"$nulls":5},"Custo do FIC =>",null,null,null,0]
[{"$nulls":5},"Produção de Equipe =>",null,null,null,3.9289999999999998]
[{"$nulls":5},"Custo Unitário de Execução =>",null,null,null,61.992699999999999]
["C","Banco","Código","Material","Quantidade","Unidade","Preço Unitário",null,null,"Custo Horário"]
["Insumo","SICRO3","M0030","Aditivo plastificante e retardador de pega para concreto e argamassa",0.84645999999999999,"kg",6.7857000000000003,null,null,5.7438000000000002]
["Insumo","SICRO3","M0082","Areia média lavada",0.63334000000000001,"m³",121.81950000000001,null,null,77.153199999999998]
["Insumo","SICRO3","M0191","Brita 1",0.36753999999999998,"m³",143.83619999999999,null,null,52.865600000000001]
["Insumo","SICRO3","M0192","Brita 2",0.36753999999999998,"m³",142.36949999999999,null,null,52.326500000000003]
["Insumo","SICRO3","M0424","Cimento Portland CP II - 32 - saco",282.15206999999998,"kg",0.50460000000000005,null,null,142.37389999999999]
[{"$nulls":5},"Custo Total do Material =>",null,null,null,330.46300000000002]
["E","Banco","Insumo","Tempos Fixos","Código","Quantidade","Unidade","Preço Unitário",null,"Custo Horário"]
["Tempo Fixo","SICRO3","M0030","Carga, manobra e descarga de materiais diversos em caminhão carroceria de 15 t - carga e descarga manuais",5914655,8.4999999999999995E-4,"t",30.36,null,2.58E-2]
["Tempo Fixo","SICRO3","M0082","Carga, manobra e descarga de agregados ou solos em caminhão basculante de 10 m³ - carga com carregadeira de 3,40 m³(exclusa) e descarga livre",5914647,0.95001000000000002,"t",1.6,null,1.52]
["Tempo Fixo","SICRO3","M0191","Carga, manobra e descarga de agregados ou solos em caminhão basculante de 10 m³ - carga com carregadeira de 3,40 m³(exclusa) e descarga livre",5914647,0.55130999999999997,"t",1.6,null,0.8821]
["Tempo Fixo","SICRO3","M0192","Carga, manobra e descarga de agregados ou solos em caminhão basculante de 10 m³ - carga com carregadeira de 3,40 m³(exclusa) e descarga livre",5914647,0.55130999999999997,"t",1.6,null,0.8821]
["Tempo Fixo","SICRO3","M0424","Carga, manobra e descarga de materiais diversos em caminhão carroceria de 15 t - carga e descarga manuais",5914655,0.28215000000000001,"t",30.36,null,8.5661000000000005]
[{"$nulls":5},"Custo Total dos Tempos Fixos =>",null,null,null,11.876099999999999]
["F","Banco","Insumo","Momento de Transporte","Quantidade","Unidade","Distância Média de Transporte (DMT)",null,null,"Custo Horário"]
[{"$nulls":6},"LN","RP","P"]
["Momento de Transporte","SICRO3","M0030","Aditivo plastificante e retardador de pega para concreto e argamassa - Caminhão carroceria com capacidade de 15 t - 188 kW",8.4999999999999995E-4,"tkm","5914449\n0,000\nR$ 1,01","5914464\n0,000\nR$ 0,81","5914479\n0,000\nR$ 0,66",0]
["Momento de Transporte","SICRO3","M0082","Areia média lavada - Caminhão basculante com capacidade de 10 m³ - 188 kW",0.95001000000000002,"tkm","5914359\n0,000\nR$ 1,10","5914374\n0,000\nR$ 0,88","5914389\n0,000\nR$ 0,72",0]
["Momento de Transporte","SICRO3","M0191","Brita 1 - Caminhão basculante com capacidade de 10 m³ - 188 kW",0.55130999999999997,"tkm","5914359\n0,000\nR$ 1,10","5914374\n0,000\nR$ 0,88","5914389\n0,000\nR$ 0,72",0]
["Momento de Transporte","SICRO3","M0192","Brita 2 - Caminhão basculante com capacidade de 10 m³ - 188 kW",0.55130999999999997,"tkm","5914359\n0,000\nR$ 1,10","5914374\n0,000\nR$ 0,88","5914389\n0,000\nR$ 0,72",0]
["Momento de Transporte","SICRO3","M0424","Cimento Portland CP II - 32 - saco - Caminhão carroceria com capacidade de 15 t - 188 kW",0.28215000000000001,"tkm","5914449\n0,000\nR$ 1,01","5914464\n0,000\nR$ 0,81","5914479\n0,000\nR$ 0,66",0]
[{"$nulls":5},"Custo total dos Momentos de Transportes =>",null,null,null,0]
[{"$nulls":4},"MO sem LS =>",23.707527768703912,"LS =>",27.24,"MO com LS =>",50.9474772445393]
[{"$nulls":4},"Valor do BDI =>",97.76,null,"Valor com BDI =>",null,502.09]
[]
[null,"Código","Banco","Descrição","Tipo",null,"Und","Quant.","Valor Unit","Total"]
["Composição"," 124 ","ORSE","Concreto simples fabricado na obra, fck=13,5 mpa (b1/b2), sem lançamento e adensamento","Concreto Simples",null,"m³",1,453.44,453.44]
["Composição Auxiliar"," 10549 ","ORSE","Encargos Complementares - Servente","Provisórios",null,"h",6,3.75,22.5]
["Insumo"," 00000367 ","SINAPI","AREIA GROSSA - POSTO JAZIDA/FORNECEDOR (RETIRADO NA JAZIDA, SEM TRANSPORTE)","Material",null,"m³",0.94299999999999995,96.24,90.75]
["Insumo"," 00001379 ","SINAPI","CIMENTO PORTLAND COMPOSTO CP II-32","Material",null,"KG",255,0.77,196.35]
["Insumo"," 00004718 ","SINAPI","PEDRA BRITADA N. 2 (19 A 38 MM) POSTO PEDREIRA/FORNECEDOR, SEM FRETE","Material",null,"m³",0.627,77.5,48.59]
["Insumo"," 00004721 ","SINAPI","PEDRA BRITADA N. 1 (9,5 a 19 MM) POSTO PEDREIRA/FORNECEDOR, SEM FRETE","Material",null,"m³",0.20899999999999999,77.09,16.11]
["Insumo"," 00006111 ","SINAPI","SERVENTE DE OBRAS","Mão de Obra",null,"H",6,13.19,79.14]
[{"$nulls":4},"MO sem LS =>",36.826430899999998,"LS =>",42.31,"MO com LS =>",79.14]
[{"$nulls":4},"Valor do BDI =>",109.64,null,"Valor com BDI =>",null,563.08000000000004]
[]
[null,"Código","Banco","Descrição","Tipo",null,"Und","Quant.","Valor Unit","Total"]
["Composição"," 95 ","ORSE","Concreto simples fabricado na obra, fck=13,5 mpa, lançado e adensado","Alvenarias de Pedra e Concretos para Fundações",null,"m³",1,500.38,500.38]
["Composição Auxiliar"," 124 ","ORSE","Concreto simples fabricado na obra, fck=13,5 mpa (b1/b2), sem lançamento e adensamento","Concreto Simples",null,"m³",1,453.44,453.44]
["Composição Auxiliar"," 7692 ","ORSE","Lançamento de concreto simples fabricado na obra, inclusive adensamento e acabamento em peças da superestrutura","Concreto Simples",null,"m³",1,46.94,46.94]
[{"$nulls":4},"MO sem LS =>",54.336900900000003,"LS =>",62.43,"MO com LS =>",116.77]
[{"$nulls":4},"Valor do BDI =>",120.99,null,"Valor com BDI =>",null,621.37]
[]
[null,"Código","Banco","Descrição","Tipo",null,"Und","Quant.","Valor Unit","Total"]
["Composição"," 126 ","ORSE","Concreto simples fabricado na obra, fck=15 mpa, lançado e adensado","Concreto Simples",null,"m³",1,526.75,526.75]
["Composição Auxiliar"," 125 ","ORSE","Concreto simples fck= 15 MPA (b1/b2), fabricado na obra, sem lançamento e adensamento","Concreto Simples",null,"m³",1,479.81,479.81]
["Composição Auxiliar"," 7692 ","ORSE","Lançamento de concreto simples fabricado na obra, inclusive adensamento e acabamento em peças da superestrutura","Concreto Simples",null,"m³",1,46.94,46.94]
[{"$nulls":4},"MO sem LS =>",54.336900900000003,"LS =>",62.43,"MO com LS =>",116.77]
[{"$nulls":4},"Valor do BDI =>",127.36,null,"Valor com BDI =>",null,654.11]
[]
[null,"Código","Banco","Descrição","Tipo",null,"Und","Quant.","Valor Unit","Total"]
["Composição"," 125 ","ORSE","Concreto simples fck= 15 MPA (b1/b2), fabricado na obra, sem lançamento e adensamento","Concreto Simples",null,"m³",1,479.81,479.81]
["Composição Auxiliar"," 10549 ","ORSE","Encargos Complementares - Servente","Provisórios",null,"h",6,3.75,22.5]
["Insumo"," 00000367 ","SINAPI","AREIA GROSSA - POSTO JAZIDA/FORNECEDOR (RETIRADO NA JAZIDA, SEM TRANSPORTE)","Material",null,"m³",0.91300000000000003,96.24,87.86]
["Insumo"," 00001379 ","SINAPI","CIMENTO PORTLAND COMPOSTO CP II-32","Material",null,"KG",293,0.77,225.61]
["Insumo"," 00004718 ","SINAPI","PEDRA BRITADA N. 2 (19 A 38 MM) POSTO PEDREIRA/FORNECEDOR, SEM FRETE","Material",null,"m³",0.627,77.5,48.59]
["Insumo"," 00004721 ","SINAPI","PEDRA BRITADA N. 1 (9,5 a 19 MM) POSTO PEDREIRA/FORNECEDOR, SEM FRETE","Material",null,"m³",0.20899999999999999,77.09,16.11]
["Insumo"," 00006111 ","SINAPI","SERVENTE DE OBRAS","Mão de Obra",null,"H",6,13.19,79.14]
[{"$nulls":4},"MO sem LS =>",36.826430899999998,"LS =>",42.31,"MO com LS =>",79.14]
[{"$nulls":4},"Valor do BDI =>",116.01,null,"Valor com BDI =>",null,595.82000000000005]
[]
[null,"Código","Banco","Descrição","Tipo",null,"Und","Quant.","Valor Unit","Total"]
["Composição"," 96 ","ORSE","Concreto simples usinado fck=15mpa, bombeado, lançado e adensado em superestrura","Alvenarias de Pedra e Concretos para Fundações",null,"m³",1,540.46,540.46]
["Composição Auxiliar"," 128 ","ORSE","Lançamento de concreto usinado, bombeado, em peças armadas da superestrutura, inclusive colocação, adensamento e acabamento","Concreto Simples",null,"m³",1,46.94,46.94]
["Insumo"," 634 ","ORSE","Concreto usinado bombeavel b0-b1 fck=15mpa m3","Material",null,"m³",1,446.23,446.23]
["Insumo"," 00044535 ","SINAPI","SERVICO DE BOMBEAMENTO DE CONCRETO COM CONSUMO MINIMO DE 40 M3, (DISPONIBILIZACAO DE BOMBA), SEM O LANCAMENTO","Serviços",null,"m³",1,47.29,47.29]
[{"$nulls":4},"MO sem LS =>",17.510470000000002,"LS =>",20.12,"MO com LS =>",37.630000000000003]
[{"$nulls":4},"Valor do BDI =>",130.68,null,"Valor com BDI =>",null,671.14]
[]
[null,"Código","Banco","Descrição","Tipo",null,"Und","Quant.","Valor Unit","Total"]
["Composição"," 101891 ","SINAPI","DISJUNTOR MONOPOLAR TIPO NEMA, CORRENTE NOMINAL DE 35 ATÉ 50A - FORNECIMENTO E INSTALAÇÃO. AF_10/2020","INEL - INSTALAÇÃO ELÉTRICA/ELETRIFICAÇÃO E ILUMINAÇÃO EXTERNA",null,"UN",1,31.58,31.58]
["Composição Auxiliar"," 88247 ","SINAPI","AUXILIAR DE ELETRICISTA COM ENCARGOS COMPLEMENTARES","SEDI - SERVIÇOS DIVERSOS",null,"H",0.13519999999999999,19.73,2.66]
["Composição Auxiliar"," 88264 ","SINAPI","ELETRICISTA COM ENCARGOS COMPLEMENTARES","SEDI - SERVIÇOS DIVERSOS",null,"H",0.13519999999999999,29.1,3.93]
["Insumo"," 00001574 ","SINAPI","TERMINAL A COMPRESSAO EM COBRE ESTANHADO PARA CABO 10 MM2, 1 FURO E 1 COMPRESSAO, PARA PARAFUSO DE FIXACAO M6","Material",null,"UN",1,1.84,1.84]
["Insumo"," 00002386 ","SINAPI","DISJUNTOR TIPO NEMA, MONOPOLAR 35  ATE  50 A, TENSAO MAXIMA DE 240 V","Material",null,"UN",1,23.15,23.15]
[{"$nulls":4},"MO sem LS =>",2.3964634713820381,"LS =>",2.75,"MO com LS =>",5.15]
[{"$nulls":4},"Valor do BDI =>",7.63,null,"Valor com BDI =>",null,39.21]
[]
[null,"Código","Banco","Descrição","Tipo",null,"Und","Quant.","Valor Unit","Total"]
["Composição"," 93673 ","SINAPI","DISJUNTOR TRIPOLAR TIPO DIN, CORRENTE NOMINAL DE 50A - FORNECIMENTO E INSTALAÇÃO. AF_10/2020","INEL - INSTALAÇÃO ELÉTRICA/ELETRIFICAÇÃO E ILUMINAÇÃO EXTERNA",null,"UN",1,109.12,109.12]
["Composição Auxiliar"," 88247 ","SINAPI","AUXILIAR DE ELETRICISTA COM ENCARGOS COMPLEMENTARES","SEDI - SERVIÇOS DIVERSOS",null,"H",0.56769999999999998,19.73,11.2]
["Composição Auxiliar"," 88264 ","SINAPI","ELETRICISTA COM ENCARGOS COMPLEMENTARES","SEDI - SERVIÇOS DIVERSOS",null,"H",0.56769999999999998,29.1,16.52]
["Insumo"," 00001575 ","SINAPI","TERMINAL A COMPRESSAO EM COBRE ESTANHADO PARA CABO 16 MM2, 1 FURO E 1 COMPRESSAO, PARA PARAFUSO DE FIXACAO M6","Material",null,"UN",3,2.19,6.57]
["Insumo"," 00034709 ","SINAPI","DISJUNTOR TIPO DIN/IEC, TRIPOLAR DE 10 ATE 50A","Material",null,"UN",1,74.83,74.83]
[{"$nulls":4},"MO sem LS =>",10.079106561191251,"LS =>",11.58,"MO com LS =>",21.66]
[{"$nulls":4},"Valor do BDI =>",26.38,null,"Valor com BDI =>",null,135.5]
[]
[null,"Código","Banco","Descrição","Tipo",null,"Und","Quant.","Valor Unit","Total"]
["Composição"," 88264 ","SINAPI","ELETRICISTA COM ENCARGOS COMPLEMENTARES","SEDI - SERVIÇOS DIVERSOS",null,"H",1,29.1,29.1]
["Composição Auxiliar"," 95332 ","SINAPI","CURSO DE CAPACITAÇÃO PARA ELETRICISTA (ENCARGOS COMPLEMENTARES) - HORISTA","SEDI - SERVIÇOS DIVERSOS",null,"H",1,0.89,0.89]
["Insumo"," 00002436 ","SINAPI","ELETRICISTA (HORISTA)","Mão de Obra",null,"H",1,22.88,22.88]
["Insumo"," 00037370 ","SINAPI","ALIMENTACAO - HORISTA (COLETADO CAIXA - ENCARGOS COMPLEMENTARES)","Outros",null,"H",1,1.64,1.64]
["Insumo"," 00037371 ","SINAPI","TRANSPORTE - HORISTA (COLETADO CAIXA - ENCARGOS COMPLEMENTARES)","Serviços",null,"H",1,0.48,0.48]
["Insumo"," 00037372 ","SINAPI","EXAMES - HORISTA (COLETADO CAIXA - ENCARGOS COMPLEMENTARES)","Outros",null,"H",1,1.1399999999999999,1.1399999999999999]
["Insumo"," 00037373 ","SINAPI","SEGURO - HORISTA (COLETADO CAIXA - ENCARGOS COMPLEMENTARES)","Taxas",null,"H",1,7.0000000000000007E-2,7.0000000000000007E-2]
["Insumo"," 00043460 ","SINAPI","FERRAMENTAS - FAMILIA ELETRICISTA - HORISTA (ENCARGOS COMPLEMENTARES - COLETADO CAIXA)","Equipamento",null,"H",1,0.86,0.86]
["Insumo"," 00043484 ","SINAPI","EPI - FAMILIA ELETRICISTA - HORISTA (ENCARGOS COMPLEMENTARES - COLETADO CAIXA)","Equipamento",null,"H",1,1.1399999999999999,1.1399999999999999]
[{"$nulls":4},"MO sem LS =>",11.060958599999999,"LS =>",12.71,"MO com LS =>",23.77]
[{"$nulls":4},"Valor do BDI =>",7.03,null,"Valor com BDI =>",null,36.130000000000003]
[]
[null,"Código","Banco","Descrição","Tipo",null,"Und","Quant.","Valor Unit","Total"]
["Composição"," 91831 ","SINAPI","ELETRODUTO FLEXÍVEL CORRUGADO, PVC, DN 20 MM (1/2\"), PARA CIRCUITOS TERMINAIS, INSTALADO EM FORRO - FORNECIMENTO E INSTALAÇÃO. AF_03/2023","INEL - INSTALAÇÃO ELÉTRICA/ELETRIFICAÇÃO E ILUMINAÇÃO EXTERNA",null,"M",1,16.29,16.29]
["Composição Auxiliar"," 88247 ","SINAPI","AUXILIAR DE ELETRICISTA COM ENCARGOS COMPLEMENTARES","SEDI - SERVIÇOS DIVERSOS",null,"H",0.08,19.73,1.57]
["Composição Auxiliar"," 88264 ","SINAPI","ELETRICISTA COM ENCARGOS COMPLEMENTARES","SEDI - SERVIÇOS DIVERSOS",null,"H",0.08,29.1,2.3199999999999998]
["Composição Auxiliar"," 91170 ","SINAPI","FIXAÇÃO DE TUBOS HORIZONTAIS DE PVC ÁGUA, PVC ESGOTO, PVC ÁGUA PLUVIAL, CPVC, PPR, COBRE OU AÇO, DIÂMETROS MENORES OU IGUAIS A 40 MM, COM ABRAÇADEIRA METÁLICA RÍGIDA TIPO U PERFIL 1 1/4\u0094, FIXADA EM PERFILADO EM LAJE. AF_09/2023_PS","INHI - INSTALAÇÕES HIDROS SANITÁRIAS",null,"M",1,9.6999999999999993,9.6999999999999993]
["Insumo"," 00002689 ","SINAPI","ELETRODUTO PVC FLEXIVEL CORRUGADO, COR AMARELA, DE 20 MM","Material",null,"M",1.1000000000000001,2.46,2.7]
[{"$nulls":4},"MO sem LS =>",4.0204746393671478,"LS =>",4.62,"MO com LS =>",8.64]
[{"$nulls":4},"Valor do BDI =>",3.93,null,"Valor com BDI =>",null,20.22]
[]
[null,"Código","Banco","Descrição","Tipo",null,"Und","Quant.","Valor Unit","Total"]
["Composição"," 91852 ","SINAPI","ELETRODUTO FLEXÍVEL CORRUGADO, PVC, DN 20 MM (1/2\"), PARA CIRCUITOS TERMINAIS, INSTALADO EM PAREDE - FORNECIMENTO E INSTALAÇÃO. AF_03/2023","INEL - INSTALAÇÃO ELÉTRICA/ELETRIFICAÇÃO E ILUMINAÇÃO EXTERNA",null,"M",1,8.5399999999999991,8.5399999999999991]
["Composição Auxiliar"," 88247 ","SINAPI","AUXILIAR DE ELETRICISTA COM ENCARGOS COMPLEMENTARES","SEDI - SERVIÇOS DIVERSOS",null,"H",0.124,19.73,2.44]
["Composição Auxiliar"," 88264 ","SINAPI","ELETRICISTA COM ENCARGOS COMPLEMENTARES","SEDI - SERVIÇOS DIVERSOS",null,"H",0.124,29.1,3.6]
["Insumo"," 00002689 ","SINAPI","ELETRODUTO PVC FLEXIVEL CORRUGADO, COR AMARELA, DE 20 MM","Material",null,"M",1.0169999999999999,2.46,2.5]
[{"$nulls":4},"MO sem LS =>",2.1963704048394601,"LS =>",2.52,"MO com LS =>",4.72]
[{"$nulls":4},"Valor do BDI =>",2.06,null,"Valor com BDI =>",null,10.6]
[]
[null,"Código","Banco","Descrição","Tipo",null,"Und","Quant.","Valor Unit","Total"]
["Composição"," 91834 ","SINAPI","ELETRODUTO FLEXÍVEL CORRUGADO, PVC, DN 25 MM (3/4\"), PARA CIRCUITOS TERMINAIS, INSTALADO EM FORRO - FORNECIMENTO E INSTALAÇÃO. AF_03/2023","INEL - INSTALAÇÃO ELÉTRICA/ELETRIFICAÇÃO E ILUMINAÇÃO EXTERNA",null,"M",1,17.059999999999999,17.059999999999999]
["Composição Auxiliar"," 88247 ","SINAPI","AUXILIAR DE ELETRICISTA COM ENCARGOS COMPLEMENTARES","SEDI - SERVIÇOS DIVERSOS",null,"H",9.0999999999999998E-2,19.73,1.79]
["Composição Auxiliar"," 88264 ","SINAPI","ELETRICISTA COM ENCARGOS COMPLEMENTARES","SEDI - SERVIÇOS DIVERSOS",null,"H",9.0999999999999998E-2,29.1,2.64]
["Composição Auxiliar"," 91170 ","SINAPI","FIXAÇÃO DE TUBOS HORIZONTAIS DE PVC ÁGUA, PVC ESGOTO, PVC ÁGUA PLUVIAL, CPVC, PPR, COBRE OU AÇO, DIÂMETROS MENORES OU IGUAIS A 40 MM, COM ABRAÇADEIRA METÁLICA RÍGIDA TIPO U PERFIL 1 1/4\u0094, FIXADA EM PERFILADO EM LAJE. AF_09/2023_PS","INHI - INSTALAÇÕES HIDROS SANITÁRIAS",null,"M",1,9.6999999999999993,9.6999999999999993]
["Insumo"," 00002688 ","SINAPI","ELETRODUTO PVC FLEXIVEL CORRUGADO, COR AMARELA, DE 25 MM","Material",null,"M",1.1000000000000001,2.67,2.93]
[{"$nulls":4},"MO sem LS =>",4.2159143787808286,"LS =>",4.84,"MO com LS =>",9.06]
[{"$nulls":4},"Valor do BDI =>",4.12,null,"Valor com BDI =>",null,21.18]
[]
[null,"Código","Banco","Descrição","Tipo",null,"Und","Quant.","Valor Unit","Total"]
["Composição"," 88266 ","SINAPI","ELETROTÉCNICO COM ENCARGOS COMPLEMENTARES","SEDI - SERVIÇOS DIVERSOS",null,"H",1,31.92,31.92]
["Composição Auxiliar"," 95334 ","SINAPI","CURSO DE CAPACITAÇÃO PARA ELETROTÉCNICO (ENCARGOS COMPLEMENTARES) - HORISTA","SEDI - SERVIÇOS DIVERSOS",null,"H",1,0.83,0.83]
["Insumo"," 00002438 ","SINAPI","ELETROTECNICO (HORISTA)","Mão de Obra",null,"H",1,25.76,25.76]
["Insumo"," 00037370 ","SINAPI","ALIMENTACAO - HORISTA (COLETADO CAIXA - ENCARGOS COMPLEMENTARES)","Outros",null,"H",1,1.64,1.64]
["Insumo"," 00037371 ","SINAPI","TRANSPORTE - HORISTA (COLETADO CAIXA - ENCARGOS COMPLEMENTARES)","Serviços",null,"H",1,0.48,0.48]
["Insumo"," 00037372 ","SINAPI","EXAMES - HORISTA (COLETADO CAIXA - ENCARGOS COMPLEMENTARES)","Outros",null,"H",1,1.1399999999999999,1.1399999999999999]
["Insumo"," 00037373 ","SINAPI","SEGURO - HORISTA (COLETADO CAIXA - ENCARGOS COMPLEMENTARES)","Taxas",null,"H",1,7.0000000000000007E-2,7.0000000000000007E-2]
["Insumo"," 00043460 ","SINAPI","FERRAMENTAS - FAMILIA ELETRICISTA - HORISTA (ENCARGOS COMPLEMENTARES - COLETADO CAIXA)","Equipamento",null,"H",1,0.86,0.86]
["Insumo"," 00043484 ","SINAPI","EPI - FAMILIA ELETRICISTA - HORISTA (ENCARGOS COMPLEMENTARES - COLETADO CAIXA)","Equipamento",null,"H",1,1.1399999999999999,1.1399999999999999]
[{"$nulls":4},"MO sem LS =>",12.373196800000001,"LS =>",14.22,"MO com LS =>",26.59]
[{"$nulls":4},"Valor do BDI =>",7.71,null,"Valor com BDI =>",null,39.630000000000003]
[]
[null,"Código","Banco","Descrição","Tipo",null,"Und","Quant.","Valor Unit","Total"]
["Composição"," 87794 ","SINAPI","EMBOÇO OU MASSA ÚNICA EM ARGAMASSA TRAÇO 1:2:8, PREPARO MANUAL, APLICADA MANUALMENTE EM PANOS CEGOS DE FACHADA (SEM PRESENÇA DE VÃOS), ESPESSURA DE 25 MM. AF_09/2022","REVE - REVESTIMENTO E TRATAMENTO DE SUPERFÍCIES",null,"m²",1,40.47,40.47]
["Composição Auxiliar"," 87369 ","SINAPI","ARGAMASSA TRAÇO 1:2:8 (EM VOLUME DE CIMENTO, CAL E AREIA MÉDIA ÚMIDA) PARA EMBOÇO/MASSA ÚNICA/ASSENTAMENTO DE ALVENARIA DE VEDAÇÃO, PREPARO MANUAL. AF_08/2019","SEDI - SERVIÇOS DIVERSOS",null,"m³",2.93E-2,656.92,19.239999999999998]
["Composição Auxiliar"," 88309 ","SINAPI","PEDREIRO COM ENCARGOS COMPLEMENTARES","SEDI - SERVIÇOS DIVERSOS",null,"H",0.40899999999999997,23.85,9.75]
["Composição Auxiliar"," 88316 ","SINAPI","SERVENTE COM ENCARGOS COMPLEMENTARES","SEDI - SERVIÇOS DIVERSOS",null,"H",0.40899999999999997,18.649999999999999,7.62]
["Insumo"," 00037411 ","SINAPI","TELA DE ACO SOLDADA GALVANIZADA/ZINCADA PARA ALVENARIA, FIO D = *1,24 MM, MALHA 25 X 25 MM","Material",null,"m²",0.15809999999999999,24.42,3.86]
[{"$nulls":4},"MO sem LS =>",8.1247091670544442,"LS =>",9.34,"MO com LS =>",17.46]
[{"$nulls":4},"Valor do BDI =>",9.7799999999999994,null,"Valor com BDI =>",null,50.25]
[]
[null,"Código","Banco","Descrição","Tipo",null,"Und","Quant.","Valor Unit","Total"]
["Composição"," 87777 ","SINAPI","EMBOÇO OU MASSA ÚNICA EM ARGAMASSA TRAÇO 1:2:8, PREPARO MANUAL, APLICADA MANUALMENTE EM PANOS DE FACHADA COM PRESENÇA DE VÃOS, ESPESSURA DE 25 MM. AF_08/2022","REVE - REVESTIMENTO E TRATAMENTO DE SUPERFÍCIES",null,"m²",1,52.85,52.85]
["Composição Auxiliar"," 87369 ","SINAPI","ARGAMASSA TRAÇO 1:2:8 (EM VOLUME DE CIMENTO, CAL E AREIA MÉDIA ÚMIDA) PARA EMBOÇO/MASSA ÚNICA/ASSENTAMENTO DE ALVENARIA DE VEDAÇÃO, PREPARO MANUAL. AF_08/2019","SEDI - SERVIÇOS DIVERSOS",null,"m³",3.1399999999999997E-2,656.92,20.62]
["Composição Auxiliar"," 88309 ","SINAPI","PEDREIRO COM ENCARGOS COMPLEMENTARES","SEDI - SERVIÇOS DIVERSOS",null,"H",0.67900000000000005,23.85,16.190000000000001]
["Composição Auxiliar"," 88316 ","SINAPI","SERVENTE COM ENCARGOS COMPLEMENTARES","SEDI - SERVIÇOS DIVERSOS",null,"H",0.67900000000000005,18.649999999999999,12.66]
["Insumo"," 00037411 ","SINAPI","TELA DE ACO SOLDADA GALVANIZADA/ZINCADA PARA ALVENARIA, FIO D = *1,24 MM, MALHA 25 X 25 MM","Material",null,"m²",0.13880000000000001,24.42,3.38]
[{"$nulls":4},"MO sem LS =>",12.284783620288506,"LS =>",14.12,"MO com LS =>",26.4]
[{"$nulls":4},"Valor do BDI =>",12.77,null,"Valor com BDI =>",null,65.62]
[]
[null,"Código","Banco","Descrição","Tipo",null,"Und","Quant.","Valor Unit","Total"]
["Composição"," 87531 ","SINAPI","EMBOÇO, PARA RECEBIMENTO DE CERÂMICA, EM ARGAMASSA TRAÇO 1:2:8, PREPARO MECÂNICO COM BETONEIRA 400L, APLICADO MANUALMENTE EM FACES INTERNAS DE PAREDES, PARA AMBIENTE COM ÁREA ENTRE 5M2 E 10M2, ESPESSURA DE 20MM, COM EXECUÇÃO DE TALISCAS. AF_06/2014","REVE - REVESTIMENTO E TRATAMENTO DE SUPERFÍCIES",null,"m²",1,33.44,33.44]
["Composição Auxiliar"," 87292 ","SINAPI","ARGAMASSA TRAÇO 1:2:8 (EM VOLUME DE CIMENTO, CAL E AREIA MÉDIA ÚMIDA) PARA EMBOÇO/MASSA ÚNICA/ASSENTAMENTO DE ALVENARIA DE VEDAÇÃO, PREPARO MECÂNICO COM BETONEIRA 400 L. AF_08/2019","SEDI - SERVIÇOS DIVERSOS",null,"m³",3.7600000000000001E-2,538.80999999999995,20.25]
["Composição Auxiliar"," 88309 ","SINAPI","PEDREIRO COM ENCARGOS COMPLEMENTARES","SEDI - SERVIÇOS DIVERSOS",null,"H",0.43,23.85,10.25]
["Composição Auxiliar"," 88316 ","SINAPI","SERVENTE COM ENCARGOS COMPLEMENTARES","SEDI - SERVIÇOS DIVERSOS",null,"H",0.158,18.649999999999999,2.94]
[{"$nulls":4},"MO sem LS =>",5.7096323871568169,"LS =>",6.56,"MO com LS =>",12.27]
[{"$nulls":4},"Valor do BDI =>",8.08,null,"Valor com BDI =>",null,41.52]
[]
[null,"Código","Banco","Descrição","Tipo",null,"Und","Quant.","Valor Unit","Total"]
["Composição"," 87527 ","SINAPI","EMBOÇO, PARA RECEBIMENTO DE CERÂMICA, EM ARGAMASSA TRAÇO 1:2:8, PREPARO MECÂNICO COM BETONEIRA 400L, APLICADO MANUALMENTE EM FACES INTERNAS DE PAREDES, PARA AMBIENTE COM ÁREA MENOR QUE 5M2, ESPESSURA DE 20MM, COM EXECUÇÃO DE TALISCAS. AF_06/2014","REVE - REVESTIMENTO E TRATAMENTO DE SUPERFÍCIES",null,"m²",1,38.01,38.01]
["Composição Auxiliar"," 87292 ","SINAPI","ARGAMASSA TRAÇO 1:2:8 (EM VOLUME DE CIMENTO, CAL E AREIA MÉDIA ÚMIDA) PARA EMBOÇO/MASSA ÚNICA/ASSENTAMENTO DE ALVENARIA DE VEDAÇÃO, PREPARO MECÂNICO COM BETONEIRA 400 L. AF_08/2019","SEDI - SERVIÇOS DIVERSOS",null,"m³",3.7600000000000001E-2,538.80999999999995,20.25]
["Composição Auxiliar"," 88309 ","SINAPI","PEDREIRO COM ENCARGOS COMPLEMENTARES","SEDI - SERVIÇOS DIVERSOS",null,"H",0.57999999999999996,23.85,13.83]
["Composição Auxiliar"," 88316 ","SINAPI","SERVENTE COM ENCARGOS COMPLEMENTARES","SEDI - SERVIÇOS DIVERSOS",null,"H",0.21099999999999999,18.649999999999999,3.93]
[{"$nulls":4},"MO sem LS =>",7.3382968822708232,"LS =>",8.43,"MO com LS =>",15.77]
[{"$nulls":4},"Valor do BDI =>",9.19,null,"Valor com BDI =>",null,47.2]
[]
[null,"Código","Banco","Descrição","Tipo",null,"Und","Quant.","Valor Unit","Total"]
["Composição"," 88267 ","SINAPI","ENCANADOR OU BOMBEIRO HIDRÁULICO COM ENCARGOS COMPLEMENTARES","SEDI - SERVIÇOS DIVERSOS",null,"H",1,27.97,27.97]
["Composição Auxiliar"," 95335 ","SINAPI","CURSO DE CAPACITAÇÃO PARA ENCANADOR OU BOMBEIRO HIDRÁULICO (ENCARGOS COMPLEMENTARES) - HORISTA","SEDI - SERVIÇOS DIVERSOS",null,"H",1,0.43,0.43]
["Insumo"," 00002696 ","SINAPI","ENCANADOR OU BOMBEIRO HIDRAULICO (HORISTA)","Mão de Obra",null,"H",1,22.88,22.88]
["Insumo"," 00037370 ","SINAPI","ALIMENTACAO - HORISTA (COLETADO CAIXA - ENCARGOS COMPLEMENTARES)","Outros",null,"H",1,1.64,1.64]
["Insumo"," 00037371 ","SINAPI","TRANSPORTE - HORISTA (COLETADO CAIXA - ENCARGOS COMPLEMENTARES)","Serviços",null,"H",1,0.48,0.48]
["Insumo"," 00037372 ","SINAPI","EXAMES - HORISTA (COLETADO CAIXA - ENCARGOS COMPLEMENTARES)","Outros",null,"H",1,1.1399999999999999,1.1399999999999999]
["Insumo"," 00037373 ","SINAPI","SEGURO - HORISTA (COLETADO CAIXA - ENCARGOS COMPLEMENTARES)","Taxas",null,"H",1,7.0000000000000007E-2,7.0000000000000007E-2]
["Insumo"," 00043461 ","SINAPI","FERRAMENTAS - FAMILIA ENCANADOR - HORISTA (ENCARGOS COMPLEMENTARES - COLETADO CAIXA)","Equipamento",null,"H",1,0.32,0.32]
["Insumo"," 00043485 ","SINAPI","EPI - FAMILIA ENCANADOR - HORISTA (ENCARGOS COMPLEMENTARES - COLETADO CAIXA)","Equipamento",null,"H",1,1.01,1.01]
[{"$nulls":4},"MO sem LS =>",10.8469055,"LS =>",12.46,"MO com LS =>",23.31]
[{"$nulls":4},"Valor do BDI =>",6.76,null,"Valor com BDI =>",null,34.729999999999997]
[]
[null,"Código","Banco","Descrição","Tipo",null,"Und","Quant.","Valor Unit","Total"]
["Composição"," 101402 ","SINAPI","ENCANADOR OU BOMBEIRO HIDRÁULICO COM ENCARGOS COMPLEMENTARES","SEDI - SERVIÇOS DIVERSOS",null,"MES",1,4922.4799999999996,4922.4799999999996]
["Composição Auxiliar"," 101316 ","SINAPI","CURSO DE CAPACITAÇÃO PARA ENCANADOR OU BOMBEIRO HIDRÁULICO (ENCARGOS COMPLEMENTARES) - MENSALISTA","SEDI - SERVIÇOS DIVERSOS",null,"MES",1,56.63,56.63]
["Insumo"," 00040861 ","SINAPI","TRANSPORTE - MENSALISTA (COLETADO CAIXA - ENCARGOS COMPLEMENTARES)","Material",null,"MES",1,89.93,89.93]
["Insumo"," 00040862 ","SINAPI","ALIMENTACAO - MENSALISTA (COLETADO CAIXA - ENCARGOS COMPLEMENTARES)","Material",null,"MES",1,308.70999999999998,308.70999999999998]
["Insumo"," 00040863 ","SINAPI","EXAMES - MENSALISTA (COLETADO CAIXA - ENCARGOS COMPLEMENTARES)","Material",null,"MES",1,215.56,215.56]
["Insumo"," 00040864 ","SINAPI","SEGURO - MENSALISTA (COLETADO CAIXA - ENCARGOS COMPLEMENTARES)","Material",null,"MES",1,12.89,12.89]
["Insumo"," 00040928 ","SINAPI","ENCANADOR OU BOMBEIRO HIDRAULICO (MENSALISTA)","Mão de Obra",null,"MES",1,3988.48,3988.48]
["Insumo"," 00043473 ","SINAPI","FERRAMENTAS - FAMILIA ENCANADOR - MENSALISTA (ENCARGOS COMPLEMENTARES - COLETADO CAIXA)","Equipamento",null,"MES",1,60.76,60.76]
["Insumo"," 00043497 ","SINAPI","EPI - FAMILIA ENCANADOR - MENSALISTA (ENCARGOS COMPLEMENTARES - COLETADO CAIXA)","Equipamento",null,"MES",1,189.52,189.52]
[{"$nulls":4},"MO sem LS =>",1882.3220102,"LS =>",2162.79,"MO com LS =>",4045.11]
[{"$nulls":4},"Valor do BDI =>",1190.25,null,"Valor com BDI =>",null,6112.73]
[]
[null,"Código","Banco","Descrição","Tipo",null,"Und","Quant.","Valor Unit","Total"]
["Composição"," 93572 ","SINAPI","ENCARREGADO GERAL DE OBRAS COM ENCARGOS COMPLEMENTARES","SEDI - SERVIÇOS DIVERSOS",null,"MES",1,4526.7299999999996,4526.7299999999996]
["Composição Auxiliar"," 95422 ","SINAPI","CURSO DE CAPACITAÇÃO PARA ENCARREGADO GERAL DE OBRAS (ENCARGOS COMPLEMENTARES) - MENSALISTA","SEDI - SERVIÇOS DIVERSOS",null,"MES",1,66.8,66.8]
["Insumo"," 00040818 ","SINAPI","ENCARREGADO GERAL DE OBRAS (MENSALISTA)","Mão de Obra",null,"MES",1,3988.48,3988.48]
["Insumo"," 00040863 ","SINAPI","EXAMES - MENSALISTA (COLETADO CAIXA - ENCARGOS COMPLEMENTARES)","Material",null,"MES",1,215.56,215.56]
["Insumo"," 00040864 ","SINAPI","SEGURO - MENSALISTA (COLETADO CAIXA - ENCARGOS COMPLEMENTARES)","Material",null,"MES",1,12.89,12.89]
["Insumo"," 00043475 ","SINAPI","FERRAMENTAS - FAMILIA ENCARREGADO GERAL - MENSALISTA (ENCARGOS COMPLEMENTARES - COLETADO CAIXA)","Equipamento",null,"MES",1,21.49,21.49]
["Insumo"," 00043499 ","SINAPI","EPI - FAMILIA ENCARREGADO GERAL - MENSALISTA (ENCARGOS COMPLEMENTARES - COLETADO CAIXA)","Equipamento",null,"MES",1,221.51,221.51]
[{"$nulls":4},"MO sem LS =>",1887.0544439,"LS =>",2168.23,"MO com LS =>",4055.28]
[{"$nulls":4},"Valor do BDI =>",1094.56,null,"Valor com BDI =>",null,5621.29]
[]
[null,"Código","Banco","Descrição","Tipo",null,"Und","Quant.","Valor Unit","Total"]
["Composição"," 86884 ","SINAPI","ENGATE FLEXÍVEL EM PLÁSTICO BRANCO, 1/2\u0094 X 30CM - FORNECIMENTO E INSTALAÇÃO. AF_01/2020","INHI - INSTALAÇÕES HIDROS SANITÁRIAS",null,"UN",1,10.65,10.65]
["Composição Auxiliar"," 88267 ","SINAPI","ENCANADOR OU BOMBEIRO HIDRÁULICO COM ENCARGOS COMPLEMENTARES","SEDI - SERVIÇOS DIVERSOS",null,"H",0.1525,27.97,4.26]
["Composição Auxiliar"," 88316 ","SINAPI","SERVENTE COM ENCARGOS COMPLEMENTARES","SEDI - SERVIÇOS DIVERSOS",null,"H",4.8099999999999997E-2,18.649999999999999,0.89]
["Insumo"," 00003146 ","SINAPI","FITA VEDA ROSCA EM ROLOS DE 18 MM X 10 M (L X C)","Material",null,"UN",2.1000000000000001E-2,2.95,0.06]
["Insumo"," 00006141 ","SINAPI","ENGATE/RABICHO FLEXIVEL PLASTICO (PVC OU ABS) BRANCO 1/2 \" X 30 CM","Material",null,"UN",1,5.44,5.44]
[{"$nulls":4},"MO sem LS =>",1.9497440670079107,"LS =>",2.2400000000000002,"MO com LS =>",4.1900000000000004]
[{"$nulls":4},"Valor do BDI =>",2.57,null,"Valor com BDI =>",null,13.22]
[]
[null,"Código","Banco","Descrição","Tipo",null,"Und","Quant.","Valor Unit","Total"]
["Composição"," 86885 ","SINAPI","ENGATE FLEXÍVEL EM PLÁSTICO BRANCO, 1/2\u0094 X 40CM - FORNECIMENTO E INSTALAÇÃO. AF_01/2020","INHI - INSTALAÇÕES HIDROS SANITÁRIAS",null,"UN",1,12.07,12.07]
["Composição Auxiliar"," 88267 ","SINAPI","ENCANADOR OU BOMBEIRO HIDRÁULICO COM ENCARGOS COMPLEMENTARES","SEDI - SERVIÇOS DIVERSOS",null,"H",0.1525,27.97,4.26]
["Composição Auxiliar"," 88316 ","SINAPI","SERVENTE COM ENCARGOS COMPLEMENTARES","SEDI - SERVIÇOS DIVERSOS",null,"H",4.8099999999999997E-2,18.649999999999999,0.89]
["Insumo"," 00003146 ","SINAPI","FITA VEDA ROSCA EM ROLOS DE 18 MM X 10 M (L X C)","Material",null,"UN",2.1000000000000001E-2,2.95,0.06]
["Insumo"," 00011681 ","SINAPI","ENGATE/RABICHO FLEXIVEL PLASTICO (PVC OU ABS) BRANCO 1/2 \" X 40 CM","Material",null,"UN",1,6.86,6.86]
[{"$nulls":4},"MO sem LS =>",1.9497440670079107,"LS =>",2.2400000000000002,"MO com LS =>",4.1900000000000004]
[{"$nulls":4},"Valor do BDI =>",2.91,null,"Valor com BDI =>",null,14.98]
[]
[null,"Código","Banco","Descrição","Tipo",null,"Und","Quant.","Valor Unit","Total"]
["Composição"," 90778 ","SINAPI","ENGENHEIRO CIVIL DE OBRA PLENO COM ENCARGOS COMPLEMENTARES","SEDI - SERVIÇOS DIVERSOS",null,"H",1,125.61,125.61]
["Composição Auxiliar"," 95403 ","SINAPI","CURSO DE CAPACITAÇÃO PARA ENGENHEIRO CIVIL DE OBRA PLENO (ENCARGOS COMPLEMENTARES) - HORISTA","SEDI - SERVIÇOS DIVERSOS",null,"H",1,1.88,1.88]
["Insumo"," 00002707 ","SINAPI","ENGENHEIRO CIVIL DE OBRA PLENO (HORISTA)","Mão de Obra",null,"H",1,121.8,121.8]
["Insumo"," 00037372 ","SINAPI","EXAMES - HORISTA (COLETADO CAIXA - ENCARGOS COMPLEMENTARES)","Outros",null,"H",1,1.1399999999999999,1.1399999999999999]
["Insumo"," 00037373 ","SINAPI","SEGURO - HORISTA (COLETADO CAIXA - ENCARGOS COMPLEMENTARES)","Taxas",null,"H",1,7.0000000000000007E-2,7.0000000000000007E-2]
["Insumo"," 00043462 ","SINAPI","FERRAMENTAS - FAMILIA ENGENHEIRO CIVIL - HORISTA (ENCARGOS COMPLEMENTARES - COLETADO CAIXA)","Equipamento",null,"H",1,0.01,0.01]
["Insumo"," 00043486 ","SINAPI","EPI - FAMILIA ENGENHEIRO CIVIL - HORISTA (ENCARGOS COMPLEMENTARES - COLETADO CAIXA)","Equipamento",null,"H",1,0.71,0.71]
[{"$nulls":4},"MO sem LS =>",57.552349900000003,"LS =>",66.13,"MO com LS =>",123.68]
[{"$nulls":4},"Valor do BDI =>",30.37,null,"Valor com BDI =>",null,155.97999999999999]
[]
[null,"Código","Banco","Descrição","Tipo",null,"Und","Quant.","Valor Unit","Total"]
["Composição"," 91677 ","SINAPI","ENGENHEIRO ELETRICISTA COM ENCARGOS COMPLEMENTARES","SEDI - SERVIÇOS DIVERSOS",null,"H",1,115.31,115.31]
["Composição Auxiliar"," 95407 ","SINAPI","CURSO DE CAPACITAÇÃO PARA ENGENHEIRO ELETRICISTA (ENCARGOS COMPLEMENTARES) - HORISTA","SEDI - SERVIÇOS DIVERSOS",null,"H",1,3.91,3.91]
["Insumo"," 00034783 ","SINAPI","ENGENHEIRO ELETRICISTA","Mão de Obra",null,"H",1,109.47,109.47]
["Insumo"," 00037372 ","SINAPI","EXAMES - HORISTA (COLETADO CAIXA - ENCARGOS COMPLEMENTARES)","Outros",null,"H",1,1.1399999999999999,1.1399999999999999]
["Insumo"," 00037373 ","SINAPI","SEGURO - HORISTA (COLETADO CAIXA - ENCARGOS COMPLEMENTARES)","Taxas",null,"H",1,7.0000000000000007E-2,7.0000000000000007E-2]
["Insumo"," 00043462 ","SINAPI","FERRAMENTAS - FAMILIA ENGENHEIRO CIVIL - HORISTA (ENCARGOS COMPLEMENTARES - COLETADO CAIXA)","Equipamento",null,"H",1,0.01,0.01]
["Insumo"," 00043486 ","SINAPI","EPI - FAMILIA ENGENHEIRO CIVIL - HORISTA (ENCARGOS COMPLEMENTARES - COLETADO CAIXA)","Equipamento",null,"H",1,0.71,0.71]
[{"$nulls":4},"MO sem LS =>",52.759422999999998,"LS =>",60.62,"MO com LS =>",113.38]
[{"$nulls":4},"Valor do BDI =>",27.88,null,"Valor com BDI =>",null,143.19]
[]
[null,"Código","Banco","Descrição","Tipo",null,"Und","Quant.","Valor Unit","Total"]
["Composição"," 101510 ","SINAPI","ENTRADA DE ENERGIA ELÉTRICA, AÉREA, TRIFÁSICA, COM CAIXA DE EMBUTIR, CABO DE 16 MM2 E DISJUNTOR DIN 50A (NÃO INCLUSO O POSTE DE CONCRETO). AF_07/2020_PS","INEL - INSTALAÇÃO ELÉTRICA/ELETRIFICAÇÃO E ILUMINAÇÃO EXTERNA",null,"UN",1,2126.79,2126.79]
["Composição Auxiliar"," 100578 ","SINAPI","ASSENTAMENTO DE POSTE DE CONCRETO COM COMPRIMENTO NOMINAL DE 9 M, CARGA NOMINAL MENOR OU IGUAL A 1000 DAN, ENGASTAMENTO SIMPLES COM 1,5 M DE SOLO (NÃO INCLUI FORNECIMENTO). AF_11/2019","INEL - INSTALAÇÃO ELÉTRICA/ELETRIFICAÇÃO E ILUMINAÇÃO EXTERNA",null,"UN",1,494.12,494.12]
["Composição Auxiliar"," 87367 ","SINAPI","ARGAMASSA TRAÇO 1:1:6 (EM VOLUME DE CIMENTO, CAL E AREIA MÉDIA ÚMIDA) PARA EMBOÇO/MASSA ÚNICA/ASSENTAMENTO DE ALVENARIA DE VEDAÇÃO, PREPARO MANUAL. AF_08/2019","SEDI - SERVIÇOS DIVERSOS",null,"m³",1.9400000000000001E-2,652.80999999999995,12.66]
["Composição Auxiliar"," 88247 ","SINAPI","AUXILIAR DE ELETRICISTA COM ENCARGOS COMPLEMENTARES","SEDI - SERVIÇOS DIVERSOS",null,"H",0.32329999999999998,19.73,6.37]
["Composição Auxiliar"," 88264 ","SINAPI","ELETRICISTA COM ENCARGOS COMPLEMENTARES","SEDI - SERVIÇOS DIVERSOS",null,"H",2.9102000000000001,29.1,84.68]
["Composição Auxiliar"," 91872 ","SINAPI","ELETRODUTO RÍGIDO ROSCÁVEL, PVC, DN 32 MM (1\"), PARA CIRCUITOS TERMINAIS, INSTALADO EM PAREDE - FORNECIMENTO E INSTALAÇÃO. AF_03/2023","INEL - INSTALAÇÃO ELÉTRICA/ELETRIFICAÇÃO E ILUMINAÇÃO EXTERNA",null,"M",6.05,17.68,106.96]
["Composição Auxiliar"," 91885 ","SINAPI","LUVA PARA ELETRODUTO, PVC, ROSCÁVEL, DN 32 MM (1\"), PARA CIRCUITOS TERMINAIS, INSTALADA EM PAREDE - FORNECIMENTO E INSTALAÇÃO. AF_03/2023","INEL - INSTALAÇÃO ELÉTRICA/ELETRIFICAÇÃO E ILUMINAÇÃO EXTERNA",null,"UN",1,11.91,11.91]
["Composição Auxiliar"," 91917 ","SINAPI","CURVA 90 GRAUS PARA ELETRODUTO, PVC, ROSCÁVEL, DN 32 MM (1\"), PARA CIRCUITOS TERMINAIS, INSTALADA EM PAREDE - FORNECIMENTO E INSTALAÇÃO. AF_03/2023","INEL - INSTALAÇÃO ELÉTRICA/ELETRIFICAÇÃO E ILUMINAÇÃO EXTERNA",null,"UN",1,19.079999999999998,19.079999999999998]
["Composição Auxiliar"," 91919 ","SINAPI","CURVA 180 GRAUS PARA ELETRODUTO, PVC, ROSCÁVEL, DN 32 MM (1\"), PARA CIRCUITOS TERMINAIS, INSTALADA EM PAREDE - FORNECIMENTO E INSTALAÇÃO. AF_03/2023","INEL - INSTALAÇÃO ELÉTRICA/ELETRIFICAÇÃO E ILUMINAÇÃO EXTERNA",null,"UN",1,20.55,20.55]
["Composição Auxiliar"," 91935 ","SINAPI","CABO DE COBRE FLEXÍVEL ISOLADO, 16 MM², ANTI-CHAMA 0,6/1,0 KV, PARA CIRCUITOS TERMINAIS - FORNECIMENTO E INSTALAÇÃO. AF_03/2023","INEL - INSTALAÇÃO ELÉTRICA/ELETRIFICAÇÃO E ILUMINAÇÃO EXTERNA",null,"M",22.2,24.78,550.11]
["Composição Auxiliar"," 93673 ","SINAPI","DISJUNTOR TRIPOLAR TIPO DIN, CORRENTE NOMINAL DE 50A - FORNECIMENTO E INSTALAÇÃO. AF_10/2020","INEL - INSTALAÇÃO ELÉTRICA/ELETRIFICAÇÃO E ILUMINAÇÃO EXTERNA",null,"UN",1,109.12,109.12]
["Composição Auxiliar"," 96977 ","SINAPI","CORDOALHA DE COBRE NU 50 MM², ENTERRADA - FORNECIMENTO E INSTALAÇÃO. AF_08/2023","INEL - INSTALAÇÃO ELÉTRICA/ELETRIFICAÇÃO E ILUMINAÇÃO EXTERNA",null,"M",1.95,56.81,110.77]
["Composição Auxiliar"," 96986 ","SINAPI","HASTE DE ATERRAMENTO, DIÂMETRO 3/4\", COM 3 METROS - FORNECIMENTO E INSTALAÇÃO. AF_08/2023","INEL - INSTALAÇÃO ELÉTRICA/ELETRIFICAÇÃO E ILUMINAÇÃO EXTERNA",null,"UN",1,101.43,101.43]
["Insumo"," 00001062 ","SINAPI","CAIXA INTERNA/EXTERNA DE MEDICAO PARA 1 MEDIDOR TRIFASICO, COM VISOR, EM CHAPA DE ACO 18 USG (PADRAO DA CONCESSIONARIA LOCAL)","Material",null,"UN",1,357.18,357.18]
["Insumo"," 00001094 ","SINAPI","ARMACAO VERTICAL COM HASTE E CONTRA-PINO, EM CHAPA DE ACO GALVANIZADO 3/16\", COM 1 ESTRIBO, SEM ISOLADOR","Material",null,"UN",1,28.52,28.52]
["Insumo"," 00003398 ","SINAPI","ISOLADOR DE PORCELANA, TIPO ROLDANA, DIMENSOES DE *72* X *72* MM, PARA USO EM BAIXA TENSAO","Material",null,"UN",1,2.4,2.4]
["Insumo"," 00004346 ","SINAPI","PARAFUSO DE FERRO POLIDO, SEXTAVADO, COM ROSCA PARCIAL, DIAMETRO 5/8\", COMPRIMENTO 6\", COM PORCA E ARRUELA DE PRESSAO MEDIA","Material",null,"UN",3,10.77,32.31]
["Insumo"," 00011267 ","SINAPI","ARRUELA LISA, REDONDA, DE LATAO POLIDO, DIAMETRO NOMINAL 5/8\", DIAMETRO EXTERNO = 34 MM, DIAMETRO DO FURO = 17 MM, ESPESSURA = *2,5* MM","Material",null,"UN",2,1.56,3.12]
["Insumo"," 00011864 ","SINAPI","CONECTOR METALICO TIPO PARAFUSO FENDIDO (SPLIT BOLT), PARA CABOS ATE 95 MM2","Material",null,"UN",1,35.46,35.46]
["Insumo"," 00014153 ","SINAPI","FITA METALICA PERFURADA, L = *18* MM, ROLO DE 30 M, CARGA RECOMENDADA = *30* KGF","Material",null,"UN",0.06,53.3,3.19]
["Insumo"," 00034643 ","SINAPI","CAIXA DE INSPECAO PARA ATERRAMENTO E PARA RAIOS, EM POLIPROPILENO,  DIAMETRO = 300 MM X ALTURA = 400 MM","Material",null,"UN",1,35.49,35.49]
["Insumo"," 00039996 ","SINAPI","VERGALHAO ZINCADO ROSCA TOTAL, 1/4 \" (6,3 MM)","Material",null,"M",0.16639999999999999,4.37,0.72]
["Insumo"," 00039997 ","SINAPI","PORCA ZINCADA, SEXTAVADA, DIAMETRO 1/4\"","Material",null,"UN",2,0.32,0.64]
[{"$nulls":4},"MO sem LS =>",188.63192182410424,"LS =>",216.74,"MO com LS =>",405.37]
[{"$nulls":4},"Valor do BDI =>",514.25,null,"Valor com BDI =>",null,2641.04]
[]
[null,"Código","Banco","Descrição","Tipo",null,"Und","Quant.","Valor Unit","Total"]
["Composição"," 5632 ","SINAPI","ESCAVADEIRA HIDRÁULICA SOBRE ESTEIRAS, CAÇAMBA 0,80 M3, PESO OPERACIONAL 17 T, POTENCIA BRUTA 111 HP - CHI DIURNO. AF_06/2014","CHOR - CUSTOS HORÁRIOS DE MÁQUINAS E EQUIPAMENTOS",null,"CHI",1,80.47,80.47]
["Composição Auxiliar"," 5627 ","SINAPI","ESCAVADEIRA HIDRÁULICA SOBRE ESTEIRAS, CAÇAMBA 0,80 M3, PESO OPERACIONAL 17 T, POTENCIA BRUTA 111 HP - DEPRECIAÇÃO. AF_06/2014","CHOR - CUSTOS HORÁRIOS DE MÁQUINAS E EQUIPAMENTOS",null,"H",1,45.87,45.87]
["Composição Auxiliar"," 5628 ","SINAPI","ESCAVADEIRA HIDRÁULICA SOBRE ESTEIRAS, CAÇAMBA 0,80 M3, PESO OPERACIONAL 17 T, POTENCIA BRUTA 111 HP - JUROS. AF_06/2014","CHOR - CUSTOS HORÁRIOS DE MÁQUINAS E EQUIPAMENTOS",null,"H",1,12.12,12.12]
["Composição Auxiliar"," 88294 ","SINAPI","OPERADOR DE ESCAVADEIRA COM ENCARGOS COMPLEMENTARES","SEDI - SERVIÇOS DIVERSOS",null,"H",1,22.48,22.48]
[{"$nulls":4},"MO sem LS =>",8.5248953000000007,"LS =>",9.8000000000000007,"MO com LS =>",18.32]
[{"$nulls":4},"Valor do BDI =>",19.45,null,"Valor com BDI =>",null,99.92]
[]
[null,"Código","Banco","Descrição","Tipo",null,"Und","Quant.","Valor Unit","Total"]
["Composição"," 5631 ","SINAPI","ESCAVADEIRA HIDRÁULICA SOBRE ESTEIRAS, CAÇAMBA 0,80 M3, PESO OPERACIONAL 17 T, POTENCIA BRUTA 111 HP - CHP DIURNO. AF_06/2014","CHOR - CUSTOS HORÁRIOS DE MÁQUINAS E EQUIPAMENTOS",null,"CHP",1,202.86,202.86]
["Composição Auxiliar"," 5627 ","SINAPI","ESCAVADEIRA HIDRÁULICA SOBRE ESTEIRAS, CAÇAMBA 0,80 M3, PESO OPERACIONAL 17 T, POTENCIA BRUTA 111 HP - DEPRECIAÇÃO. AF_06/2014","CHOR - CUSTOS HORÁRIOS DE MÁQUINAS E EQUIPAMENTOS",null,"H",1,45.87,45.87]
["Composição Auxiliar"," 5628 ","SINAPI","ESCAVADEIRA HIDRÁULICA SOBRE ESTEIRAS, CAÇAMBA 0,80 M3, PESO OPERACIONAL 17 T, POTENCIA BRUTA 111 HP - JUROS. AF_06/2014","CHOR - CUSTOS HORÁRIOS DE MÁQUINAS E EQUIPAMENTOS",null,"H",1,12.12,12.12]
["Composição Auxiliar"," 5629 ","SINAPI","ESCAVADEIRA HIDRÁULICA SOBRE ESTEIRAS, CAÇAMBA 0,80 M3, PESO OPERACIONAL 17 T, POTENCIA BRUTA 111 HP - MANUTENÇÃO. AF_06/2014","CHOR - CUSTOS HORÁRIOS DE MÁQUINAS E EQUIPAMENTOS",null,"H",1,57.34,57.34]
["Composição Auxiliar"," 5630 ","SINAPI","ESCAVADEIRA HIDRÁULICA SOBRE ESTEIRAS, CAÇAMBA 0,80 M3, PESO OPERACIONAL 17 T, POTENCIA BRUTA 111 HP - MATERIAIS NA OPERAÇÃO. AF_06/2014","CHOR - CUSTOS HORÁRIOS DE MÁQUINAS E EQUIPAMENTOS",null,"H",1,65.05,65.05]
["Composição Auxiliar"," 88294 ","SINAPI","OPERADOR DE ESCAVADEIRA COM ENCARGOS COMPLEMENTARES","SEDI - SERVIÇOS DIVERSOS",null,"H",1,22.48,22.48]
[{"$nulls":4},"MO sem LS =>",8.5248953000000007,"LS =>",9.8000000000000007,"MO com LS =>",18.32]
[{"$nulls":4},"Valor do BDI =>",49.05,null,"Valor com BDI =>",null,251.91]
[]
[null,"Código","Banco","Descrição","Tipo",null,"Und","Quant.","Valor Unit","Total"]
["Composição"," 5627 ","SINAPI","ESCAVADEIRA HIDRÁULICA SOBRE ESTEIRAS, CAÇAMBA 0,80 M3, PESO OPERACIONAL 17 T, POTENCIA BRUTA 111 HP - DEPRECIAÇÃO. AF_06/2014","CHOR - CUSTOS HORÁRIOS DE MÁQUINAS E EQUIPAMENTOS",null,"H",1,45.87,45.87]
["Insumo"," 00010685 ","SINAPI","ESCAVADEIRA HIDRAULICA SOBRE ESTEIRAS, CACAMBA 0,80M3, PESO OPERACIONAL 17T, POTENCIA BRUTA 111HP","Equipamento",null,"UN",5.5999999999999999E-5,819231.84,45.87]
[{"$nulls":4},"MO sem LS =>",0,"LS =>",0,"MO com LS =>",0]
[{"$nulls":4},"Valor do BDI =>",11.09,null,"Valor com BDI =>",null,56.96]
[]
[null,"Código","Banco","Descrição","Tipo",null,"Und","Quant.","Valor Unit","Total"]
["Composição"," 5628 ","SINAPI","ESCAVADEIRA HIDRÁULICA SOBRE ESTEIRAS, CAÇAMBA 0,80 M3, PESO OPERACIONAL 17 T, POTENCIA BRUTA 111 HP - JUROS. AF_06/2014","CHOR - CUSTOS HORÁRIOS DE MÁQUINAS E EQUIPAMENTOS",null,"H",1,12.12,12.12]
["Insumo"," 00010685 ","SINAPI","ESCAVADEIRA HIDRAULICA SOBRE ESTEIRAS, CACAMBA 0,80M3, PESO OPERACIONAL 17T, POTENCIA BRUTA 111HP","Equipamento",null,"UN",1.4800000000000001E-5,819231.84,12.12]
[{"$nulls":4},"MO sem LS =>",0,"LS =>",0,"MO com LS =>",0]
[{"$nulls":4},"Valor do BDI =>",2.93,null,"Valor com BDI =>",null,15.05]
[]
[null,"Código","Banco","Descrição","Tipo",null,"Und","Quant.","Valor Unit","Total"]
["Composição"," 5629 ","SINAPI","ESCAVADEIRA HIDRÁULICA SOBRE ESTEIRAS, CAÇAMBA 0,80 M3, PESO OPERACIONAL 17 T, POTENCIA BRUTA 111 HP - MANUTENÇÃO. AF_06/2014","CHOR - CUSTOS HORÁRIOS DE MÁQUINAS E EQUIPAMENTOS",null,"H",1,57.34,57.34]
["Insumo"," 00010685 ","SINAPI","ESCAVADEIRA HIDRAULICA SOBRE ESTEIRAS, CACAMBA 0,80M3, PESO OPERACIONAL 17T, POTENCIA BRUTA 111HP","Equipamento",null,"UN",6.9999999999999994E-5,819231.84,57.34]
[{"$nulls":4},"MO sem LS =>",0,"LS =>",0,"MO com LS =>",0]
[{"$nulls":4},"Valor do BDI =>",13.86,null,"Valor com BDI =>",null,71.2]
[]
[null,"Código","Banco","Descrição","Tipo",null,"Und","Quant.","Valor Unit","Total"]
["Composição"," 5630 ","SINAPI","ESCAVADEIRA HIDRÁULICA SOBRE ESTEIRAS, CAÇAMBA 0,80 M3, PESO OPERACIONAL 17 T, POTENCIA BRUTA 111 HP - MATERIAIS NA OPERAÇÃO. AF_06/2014","CHOR - CUSTOS HORÁRIOS DE MÁQUINAS E EQUIPAMENTOS",null,"H",1,65.05,65.05]
["Insumo"," 00004221 ","SINAPI","OLEO DIESEL COMBUSTIVEL COMUM METROPOLITANO S-10 OU S-500","Material",null,"L",10.77,6.04,65.05]
[{"$nulls":4},"MO sem LS =>",0,"LS =>",0,"MO com LS =>",0]
[{"$nulls":4},"Valor do BDI =>",15.72,null,"Valor com BDI =>",null,80.77]
[]
[null,"Código","Banco","Descrição","Tipo",null,"Und","Quant.","Valor Unit","Total"]
["Composição"," 88908 ","SINAPI","ESCAVADEIRA HIDRÁULICA SOBRE ESTEIRAS, CAÇAMBA 1,20 M3, PESO OPERACIONAL 21 T, POTÊNCIA BRUTA 155 HP - CHI DIURNO. AF_06/2014","CHOR - CUSTOS HORÁRIOS DE MÁQUINAS E EQUIPAMENTOS",null,"CHI",1,86.99,86.99]
["Composição Auxiliar"," 88294 ","SINAPI","OPERADOR DE ESCAVADEIRA COM ENCARGOS COMPLEMENTARES","SEDI - SERVIÇOS DIVERSOS",null,"H",1,22.48,22.48]
["Composição Auxiliar"," 88900 ","SINAPI","ESCAVADEIRA HIDRÁULICA SOBRE ESTEIRAS, CAÇAMBA 1,20 M3, PESO OPERACIONAL 21 T, POTÊNCIA BRUTA 155 HP - DEPRECIAÇÃO. AF_06/2014","CHOR - CUSTOS HORÁRIOS DE MÁQUINAS E EQUIPAMENTOS",null,"H",1,51.03,51.03]
["Composição Auxiliar"," 88902 ","SINAPI","ESCAVADEIRA HIDRÁULICA SOBRE ESTEIRAS, CAÇAMBA 1,20 M3, PESO OPERACIONAL 21 T, POTÊNCIA BRUTA 155 HP - JUROS. AF_06/2014","CHOR - CUSTOS HORÁRIOS DE MÁQUINAS E EQUIPAMENTOS",null,"H",1,13.48,13.48]
[{"$nulls":4},"MO sem LS =>",8.5248953000000007,"LS =>",9.8000000000000007,"MO com LS =>",18.32]
[{"$nulls":4},"Valor do BDI =>",21.03,null,"Valor com BDI =>",null,108.02]
[]
[null,"Código","Banco","Descrição","Tipo",null,"Und","Quant.","Valor Unit","Total"]
["Composição"," 88907 ","SINAPI","ESCAVADEIRA HIDRÁULICA SOBRE ESTEIRAS, CAÇAMBA 1,20 M3, PESO OPERACIONAL 21 T, POTÊNCIA BRUTA 155 HP - CHP DIURNO. AF_06/2014","CHOR - CUSTOS HORÁRIOS DE MÁQUINAS E EQUIPAMENTOS",null,"CHP",1,241.56,241.56]
["Composição Auxiliar"," 88294 ","SINAPI","OPERADOR DE ESCAVADEIRA COM ENCARGOS COMPLEMENTARES","SEDI - SERVIÇOS DIVERSOS",null,"H",1,22.48,22.48]
["Composição Auxiliar"," 88900 ","SINAPI","ESCAVADEIRA HIDRÁULICA SOBRE ESTEIRAS, CAÇAMBA 1,20 M3, PESO OPERACIONAL 21 T, POTÊNCIA BRUTA 155 HP - DEPRECIAÇÃO. AF_06/2014","CHOR - CUSTOS HORÁRIOS DE MÁQUINAS E EQUIPAMENTOS",null,"H",1,51.03,51.03]
["Composição Auxiliar"," 88902 ","SINAPI","ESCAVADEIRA HIDRÁULICA SOBRE ESTEIRAS, CAÇAMBA 1,20 M3, PESO OPERACIONAL 21 T, POTÊNCIA BRUTA 155 HP - JUROS. AF_06/2014","CHOR - CUSTOS HORÁRIOS DE MÁQUINAS E EQUIPAMENTOS",null,"H",1,13.48,13.48]
["Composição Auxiliar"," 88903 ","SINAPI","ESCAVADEIRA HIDRÁULICA SOBRE ESTEIRAS, CAÇAMBA 1,20 M3, PESO OPERACIONAL 21 T, POTÊNCIA BRUTA 155 HP - MANUTENÇÃO. AF_06/2014","CHOR - CUSTOS HORÁRIOS DE MÁQUINAS E EQUIPAMENTOS",null,"H",1,63.79,63.79]
["Composição Auxiliar"," 88904 ","SINAPI","ESCAVADEIRA HIDRÁULICA SOBRE ESTEIRAS, CAÇAMBA 1,20 M3, PESO OPERACIONAL 21 T, POTÊNCIA BRUTA 155 HP - MATERIAIS NA OPERAÇÃO. AF_06/2014","CHOR - CUSTOS HORÁRIOS DE MÁQUINAS E EQUIPAMENTOS",null,"H",1,90.78,90.78]
[{"$nulls":4},"MO sem LS =>",8.5248953000000007,"LS =>",9.8000000000000007,"MO com LS =>",18.32]
[{"$nulls":4},"Valor do BDI =>",58.4,null,"Valor com BDI =>",null,299.95999999999998]
[]
[null,"Código","Banco","Descrição","Tipo",null,"Und","Quant.","Valor Unit","Total"]
["Composição"," 88900 ","SINAPI","ESCAVADEIRA HIDRÁULICA SOBRE ESTEIRAS, CAÇAMBA 1,20 M3, PESO OPERACIONAL 21 T, POTÊNCIA BRUTA 155 HP - DEPRECIAÇÃO. AF_06/2014","CHOR - CUSTOS HORÁRIOS DE MÁQUINAS E EQUIPAMENTOS",null,"H",1,51.03,51.03]
["Insumo"," 00014525 ","SINAPI","ESCAVADEIRA HIDRAULICA SOBRE ESTEIRAS COM CACAMBA DE 1,20 M3, PESO OPERACIONAL 21 T, POTENCIA BRUTA 155 HP","Equipamento",null,"UN",5.5999999999999999E-5,911395.42,51.03]
[{"$nulls":4},"MO sem LS =>",0,"LS =>",0,"MO com LS =>",0]
[{"$nulls":4},"Valor do BDI =>",12.33,null,"Valor com BDI =>",null,63.36]
[]
[null,"Código","Banco","Descrição","Tipo",null,"Und","Quant.","Valor Unit","Total"]
["Composição"," 88902 ","SINAPI","ESCAVADEIRA HIDRÁULICA SOBRE ESTEIRAS, CAÇAMBA 1,20 M3, PESO OPERACIONAL 21 T, POTÊNCIA BRUTA 155 HP - JUROS. AF_06/2014","CHOR - CUSTOS HORÁRIOS DE MÁQUINAS E EQUIPAMENTOS",null,"H",1,13.48,13.48]
["Insumo"," 00014525 ","SINAPI","ESCAVADEIRA HIDRAULICA SOBRE ESTEIRAS COM CACAMBA DE 1,20 M3, PESO OPERACIONAL 21 T, POTENCIA BRUTA 155 HP","Equipamento",null,"UN",1.4800000000000001E-5,911395.42,13.48]
[{"$nulls":4},"MO sem LS =>",0,"LS =>",0,"MO com LS =>",0]
[{"$nulls":4},"Valor do BDI =>",3.25,null,"Valor com BDI =>",null,16.73]
[]
[null,"Código","Banco","Descrição","Tipo",null,"Und","Quant.","Valor Unit","Total"]
["Composição"," 88903 ","SINAPI","ESCAVADEIRA HIDRÁULICA SOBRE ESTEIRAS, CAÇAMBA 1,20 M3, PESO OPERACIONAL 21 T, POTÊNCIA BRUTA 155 HP - MANUTENÇÃO. AF_06/2014","CHOR - CUSTOS HORÁRIOS DE MÁQUINAS E EQUIPAMENTOS",null,"H",1,63.79,63.79]
["Insumo"," 00014525 ","SINAPI","ESCAVADEIRA HIDRAULICA SOBRE ESTEIRAS COM CACAMBA DE 1,20 M3, PESO OPERACIONAL 21 T, POTENCIA BRUTA 155 HP","Equipamento",null,"UN",6.9999999999999994E-5,911395.42,63.79]
[{"$nulls":4},"MO sem LS =>",0,"LS =>",0,"MO com LS =>",0]
[{"$nulls":4},"Valor do BDI =>",15.42,null,"Valor com BDI =>",null,79.209999999999994]
[]
[null,"Código","Banco","Descrição","Tipo",null,"Und","Quant.","Valor Unit","Total"]
["Composição"," 88904 ","SINAPI","ESCAVADEIRA HIDRÁULICA SOBRE ESTEIRAS, CAÇAMBA 1,20 M3, PESO OPERACIONAL 21 T, POTÊNCIA BRUTA 155 HP - MATERIAIS NA OPERAÇÃO. AF_06/2014","CHOR - CUSTOS HORÁRIOS DE MÁQUINAS E EQUIPAMENTOS",null,"H",1,90.78,90.78]
["Insumo"," 00004221 ","SINAPI","OLEO DIESEL COMBUSTIVEL COMUM METROPOLITANO S-10 OU S-500","Material",null,"L",15.03,6.04,90.78]
[{"$nulls":4},"MO sem LS =>",0,"LS =>",0,"MO com LS =>",0]
[{"$nulls":4},"Valor do BDI =>",21.95,null,"Valor com BDI =>",null,112.73]
[]
[null,"Código","Banco","Descrição","Tipo",null,"Und","Quant.","Valor Unit","Total"]
["Composição"," 10555 ","ORSE","Encargos Complementares - Armador","Provisórios",null,"h",1,3.58,3.58]
["Insumo"," 158 ","ORSE","Almoço (Participação do empregador) un","Material",null,"un",0.1018,14,1.42]
["Insumo"," 941 ","ORSE","Fardamento com mangas curta un","Material",null,"un",1.5E-3,190.46,0.28000000000000003]
["Insumo"," 1651 ","ORSE","Óculos branco proteção pr","Material",null,"pr",8.0000000000000004E-4,6.35,0]
["Insumo"," 2378 ","ORSE","Vale transporte un","Material",null,"un",6.54E-2,4.5,0.28999999999999998]
["Insumo"," 10362 ","ORSE","Seguro de vida e acidente em grupo un","Serviços",null,"un",4.4999999999999997E-3,12.54,0.05]
["Insumo"," 10492 ","ORSE","Cesta Básica un","Material",null,"un",4.4999999999999997E-3,175,0.78]
["Insumo"," 10517 ","ORSE","Exames admissionais/demissionais (checkup) cj","Serviços",null,"cj",4.0000000000000002E-4,300,0.12]
["Insumo"," 10585 ","ORSE","Arco de serra un","Material",null,"un",2.0000000000000001E-4,22.8,0]
["Insumo"," 10586 ","ORSE","Torquesa un","Material",null,"un",2.0000000000000001E-4,36.9,0]
["Insumo"," 10596 ","ORSE","Protetor auricular un","Material",null,"un",4.4999999999999997E-3,4.9000000000000004,0.02]
["Insumo"," 10599 ","ORSE","Protetor solar fps 30 com 120ml un","Material",null,"un",1.8E-3,13,0.02]
["Insumo"," 10761 ","ORSE","Refeição - café da manhã ( café com leite e dois pães com manteiga) un","Serviços",null,"un",0.1018,5,0.5]
["Insumo"," 00012892 ","SINAPI","LUVA RASPA DE COURO, CANO CURTO (PUNHO *7* CM)","Equipamento",null,"PAR",2.3E-3,16.2,0.03]
["Insumo"," 00012893 ","SINAPI","BOTA DE SEGURANCA COM BIQUEIRA DE ACO E COLARINHO ACOLCHOADO","Material",null,"PAR",8.0000000000000004E-4,86.4,0.06]
["Insumo"," 00012894 ","SINAPI","CAPA PARA CHUVA EM PVC COM FORRO DE POLIESTER, COM CAPUZ (AMARELA OU AZUL)","Material",null,"UN",2.0000000000000001E-4,23.4,0]
["Insumo"," 00012895 ","SINAPI","CAPACETE DE SEGURANCA ABA FRONTAL COM SUSPENSAO DE POLIETILENO, SEM JUGULAR (CLASSE B)","Material",null,"UN",5.9999999999999995E-4,18,0.01]
[{"$nulls":4},"MO sem LS =>",0,"LS =>",0,"MO com LS =>",0]
[{"$nulls":4},"Valor do BDI =>",0.86,null,"Valor com BDI =>",null,4.4400000000000004]
[]
[null,"Código","Banco","Descrição","Tipo",null,"Und","Quant.","Valor Unit","Total"]
["Composição"," 10555 ","ORSE","Encargos Complementares - Armador","Provisórios",null,"h",1,3.58,3.58]
["Insumo"," 10362 ","ORSE","Seguro de vida e acidente em grupo un","Serviços",null,"un",4.4999999999999997E-3,12.54,0.05]
["Insumo"," 10492 ","ORSE","Cesta Básica un","Material",null,"un",4.4999999999999997E-3,175,0.78]
["Insumo"," 10517 ","ORSE","Exames admissionais/demissionais (checkup) cj","Serviços",null,"cj",4.0000000000000002E-4,300,0.12]
["Insumo"," 10585 ","ORSE","Arco de serra un","Material",null,"un",2.0000000000000001E-4,22.8,0]
["Insumo"," 10586 ","ORSE","Torquesa un","Material",null,"un",2.0000000000000001E-4,36.9,0]
["Insumo"," 10596 ","ORSE","Protetor auricular un","Material",null,"un",4.4999999999999997E-3,4.9000000000000004,0.02]
["Insumo"," 10599 ","ORSE","Protetor solar fps 30 com 120ml un","Material",null,"un",1.8E-3,13,0.02]
["Insumo"," 10761 ","ORSE","Refeição - café da manhã ( café com leite e dois pães com manteiga) un","Serviços",null,"un",0.1018,5,0.5]
["Insumo"," 158 ","ORSE","Almoço (Participação do empregador) un","Material",null,"un",0.1018,14,1.42]
["Insumo"," 1651 ","ORSE","Óculos branco proteção pr","Material",null,"pr",8.0000000000000004E-4,6.35,0]
["Insumo"," 2378 ","ORSE","Vale transporte un","Material",null,"un",6.54E-2,4.5,0.28999999999999998]
["Insumo"," 941 ","ORSE","Fardamento com mangas curta un","Material",null,"un",1.5E-3,190.46,0.28000000000000003]
["Insumo"," 00012892 ","SINAPI","LUVA RASPA DE COURO, CANO CURTO (PUNHO *7* CM)","Equipamento",null,"PAR",2.3E-3,16.2,0.03]
["Insumo"," 00012893 ","SINAPI","BOTA DE SEGURANCA COM BIQUEIRA DE ACO E COLARINHO ACOLCHOADO","Material",null,"PAR",8.0000000000000004E-4,86.4,0.06]
["Insumo"," 00012894 ","SINAPI","CAPA PARA CHUVA EM PVC COM FORRO DE POLIESTER, COM CAPUZ (AMARELA OU AZUL)","Material",null,"UN",2.0000000000000001E-4,23.4,0]
["Insumo"," 00012895 ","SINAPI","CAPACETE DE SEGURANCA ABA FRONTAL COM SUSPENSAO DE POLIETILENO, SEM JUGULAR (CLASSE B)","Material",null,"UN",5.9999999999999995E-4,18,0.01]
[{"$nulls":4},"MO sem LS =>",0,"LS =>",0,"MO com LS =>",0]
[{"$nulls":4},"Valor do BDI =>",0.86,null,"Valor com BDI =>",null,4.4400000000000004]
[]
[null,"Código","Banco","Descrição","Tipo",null,"Und","Quant.","Valor Unit","Total"]
["Composição"," 10551 ","ORSE","Encargos Complementares - Carpinteiro","Provisórios",null,"h",1,3.65,3.65]
["Insumo"," 158 ","ORSE","Almoço (Participação do empregador) un","Material",null,"un",0.1018,14,1.42]
["Insumo"," 941 ","ORSE","Fardamento com mangas curta un","Material",null,"un",1.5E-3,190.46,0.28000000000000003]
["Insumo"," 1651 ","ORSE","Óculos branco proteção pr","Material",null,"pr",6.9999999999999999E-4,6.35,0]
["Insumo"," 2378 ","ORSE","Vale transporte un","Material",null,"un",6.54E-2,4.5,0.28999999999999998]
["Insumo"," 10362 ","ORSE","Seguro de vida e acidente em grupo un","Serviços",null,"un",4.4999999999999997E-3,12.54,0.05]
["Insumo"," 10492 ","ORSE","Cesta Básica un","Material",null,"un",4.4999999999999997E-3,175,0.78]
["Insumo"," 10517 ","ORSE","Exames admissionais/demissionais (checkup) cj","Serviços",null,"cj",4.0000000000000002E-4,300,0.12]
["Insumo"," 10577 ","ORSE","Serrote 40cm un","Material",null,"un",1E-4,29.9,0]
["Insumo"," 10578 ","ORSE","Formão grande un","Material",null,"un",2.0000000000000001E-4,15.15,0]
["Insumo"," 10579 ","ORSE","Chave de fenda chata 30 cm un","Material",null,"un",2.0000000000000001E-4,26.89,0]
["Insumo"," 10596 ","ORSE","Protetor auricular un","Material",null,"un",4.4999999999999997E-3,4.9000000000000004,0.02]
["Insumo"," 10599 ","ORSE","Protetor solar fps 30 com 120ml un","Material",null,"un",1.8E-3,13,0.02]
["Insumo"," 10761 ","ORSE","Refeição - café da manhã ( café com leite e dois pães com manteiga) un","Serviços",null,"un",0.1018,5,0.5]
["Insumo"," 11244 ","ORSE","Martelo com unha un","Material",null,"un",2.0000000000000001E-4,39.04,0]
["Insumo"," 11248 ","ORSE","Furadeira e Parafusadeira eletrica Bosch ou Similar profissional un","Equipamento",null,"un",1E-4,246,0.02]
["Insumo"," 11249 ","ORSE","Serra circular eletrica portatil un","Equipamento",null,"un",1E-4,518,0.05]
["Insumo"," 00012892 ","SINAPI","LUVA RASPA DE COURO, CANO CURTO (PUNHO *7* CM)","Equipamento",null,"PAR",2.3E-3,16.2,0.03]
["Insumo"," 00012893 ","SINAPI","BOTA DE SEGURANCA COM BIQUEIRA DE ACO E COLARINHO ACOLCHOADO","Material",null,"PAR",6.9999999999999999E-4,86.4,0.06]
["Insumo"," 00012894 ","SINAPI","CAPA PARA CHUVA EM PVC COM FORRO DE POLIESTER, COM CAPUZ (AMARELA OU AZUL)","Material",null,"UN",2.0000000000000001E-4,23.4,0]
["Insumo"," 00012895 ","SINAPI","CAPACETE DE SEGURANCA ABA FRONTAL COM SUSPENSAO DE POLIETILENO, SEM JUGULAR (CLASSE B)","Material",null,"UN",5.9999999999999995E-4,18,0.01]
[{"$nulls":4},"MO sem LS =>",0,"LS =>",0,"MO com LS =>",0]
[{"$nulls":4},"Valor do BDI =>",0.88,null,"Valor com BDI =>",null,4.53]
[]
[null,"Código","Banco","Descrição","Tipo",null,"Und","Quant.","Valor Unit","Total"]
["Composição"," 10551 ","ORSE","Encargos Complementares - Carpinteiro","Provisórios",null,"h",1,3.65,3.65]
["Insumo"," 10362 ","ORSE","Seguro de vida e acidente em grupo un","Serviços",null,"un",4.4999999999999997E-3,12.54,0.05]
["Insumo"," 10492 ","ORSE","Cesta Básica un","Material",null,"un",4.4999999999999997E-3,175,0.78]
["Insumo"," 10517 ","ORSE","Exames admissionais/demissionais (checkup) cj","Serviços",null,"cj",4.0000000000000002E-4,300,0.12]
["Insumo"," 10577 ","ORSE","Serrote 40cm un","Material",null,"un",1E-4,29.9,0]
["Insumo"," 10578 ","ORSE","Formão grande un","Material",null,"un",2.0000000000000001E-4,15.15,0]
["Insumo"," 10579 ","ORSE","Chave de fenda chata 30 cm un","Material",null,"un",2.0000000000000001E-4,26.89,0]
["Insumo"," 10596 ","ORSE","Protetor auricular un","Material",null,"un",4.4999999999999997E-3,4.9000000000000004,0.02]
["Insumo"," 10599 ","ORSE","Protetor solar fps 30 com 120ml un","Material",null,"un",1.8E-3,13,0.02]
["Insumo"," 10761 ","ORSE","Refeição - café da manhã ( café com leite e dois pães com manteiga) un","Serviços",null,"un",0.1018,5,0.5]
["Insumo"," 11244 ","ORSE","Martelo com unha un","Material",null,"un",2.0000000000000001E-4,39.04,0]
["Insumo"," 11248 ","ORSE","Furadeira e Parafusadeira eletrica Bosch ou Similar profissional un","Equipamento",null,"un",1E-4,246,0.02]
["Insumo"," 11249 ","ORSE","Serra circular eletrica portatil un","Equipamento",null,"un",1E-4,518,0.05]
["Insumo"," 158 ","ORSE","Almoço (Participação do empregador) un","Material",null,"un",0.1018,14,1.42]
["Insumo"," 1651 ","ORSE","Óculos branco proteção pr","Material",null,"pr",6.9999999999999999E-4,6.35,0]
["Insumo"," 2378 ","ORSE","Vale transporte un","Material",null,"un",6.54E-2,4.5,0.28999999999999998]
["Insumo"," 941 ","ORSE","Fardamento com mangas curta un","Material",null,"un",1.5E-3,190.46,0.28000000000000003]
["Insumo"," 00012892 ","SINAPI","LUVA RASPA DE COURO, CANO CURTO (PUNHO *7* CM)","Equipamento",null,"PAR",2.3E-3,16.2,0.03]
["Insumo"," 00012893 ","SINAPI","BOTA DE SEGURANCA COM BIQUEIRA DE ACO E COLARINHO ACOLCHOADO","Material",null,"PAR",6.9999999999999999E-4,86.4,0.06]
["Insumo"," 00012894 ","SINAPI","CAPA PARA CHUVA EM PVC COM FORRO DE POLIESTER, COM CAPUZ (AMARELA OU AZUL)","Material",null,"UN",2.0000000000000001E-4,23.4,0]
["Insumo"," 00012895 ","SINAPI","CAPACETE DE SEGURANCA ABA FRONTAL COM SUSPENSAO DE POLIETILENO, SEM JUGULAR (CLASSE B)","Material",null,"UN",5.9999999999999995E-4,18,0.01]
[{"$nulls":4},"MO sem LS =>",0,"LS =>",0,"MO com LS =>",0]
[{"$nulls":4},"Valor do BDI =>",0.88,null,"Valor com BDI =>",null,4.53]
[]
[null,"Código","Banco","Descrição","Tipo",null,"Und","Quant.","Valor Unit","Total"]
["Composição"," 10552 ","ORSE","Encargos Complementares - Eletricista","Provisórios",null,"h",1,3.6,3.6]
["Insumo"," 158 ","ORSE","Almoço (Participação do empregador) un","Material",null,"un",0.1018,14,1.42]
["Insumo"," 941 ","ORSE","Fardamento com mangas curta un","Material",null,"un",1.5E-3,190.46,0.28000000000000003]
["Insumo"," 1651 ","ORSE","Óculos branco proteção pr","Material",null,"pr",8.0000000000000004E-4,6.35,0]
["Insumo"," 2378 ","ORSE","Vale transporte un","Material",null,"un",6.54E-2,4.5,0.28999999999999998]
["Insumo"," 10362 ","ORSE","Seguro de vida e acidente em grupo un","Serviços",null,"un",4.4999999999999997E-3,12.54,0.05]
["Insumo"," 10492 ","ORSE","Cesta Básica un","Material",null,"un",4.4999999999999997E-3,175,0.78]
["Insumo"," 10517 ","ORSE","Exames admissionais/demissionais (checkup) cj","Serviços",null,"cj",4.0000000000000002E-4,300,0.12]
["Insumo"," 10579 ","ORSE","Chave de fenda chata 30 cm un","Material",null,"un",2.0000000000000001E-4,26.89,0]
["Insumo"," 10596 ","ORSE","Protetor auricular un","Material",null,"un",4.4999999999999997E-3,4.9000000000000004,0.02]
["Insumo"," 10599 ","ORSE","Protetor solar fps 30 com 120ml un","Material",null,"un",1.8E-3,13,0.02]
["Insumo"," 10761 ","ORSE","Refeição - café da manhã ( café com leite e dois pães com manteiga) un","Serviços",null,"un",0.1018,5,0.5]
["Insumo"," 11240 ","ORSE","Alicate com isolamento un","Material",null,"un",2.0000000000000001E-4,47.69,0]
["Insumo"," 11241 ","ORSE","Alicate volt-amperimetro un","Material",null,"un",2.0000000000000001E-4,146,0.02]
["Insumo"," 11242 ","ORSE","Chave inglesa 12\" un","Material",null,"un",1E-4,37,0]
["Insumo"," 00012892 ","SINAPI","LUVA RASPA DE COURO, CANO CURTO (PUNHO *7* CM)","Equipamento",null,"PAR",2.3E-3,16.2,0.03]
["Insumo"," 00012893 ","SINAPI","BOTA DE SEGURANCA COM BIQUEIRA DE ACO E COLARINHO ACOLCHOADO","Material",null,"PAR",6.9999999999999999E-4,86.4,0.06]
["Insumo"," 00012894 ","SINAPI","CAPA PARA CHUVA EM PVC COM FORRO DE POLIESTER, COM CAPUZ (AMARELA OU AZUL)","Material",null,"UN",2.0000000000000001E-4,23.4,0]
["Insumo"," 00012895 ","SINAPI","CAPACETE DE SEGURANCA ABA FRONTAL COM SUSPENSAO DE POLIETILENO, SEM JUGULAR (CLASSE B)","Material",null,"UN",5.9999999999999995E-4,18,0.01]
[{"$nulls":4},"MO sem LS =>",0,"LS =>",0,"MO com LS =>",0]
[{"$nulls":4},"Valor do BDI =>",0.87,null,"Valor com BDI =>",null,4.47]
[]
[null,"Código","Banco","Descrição","Tipo",null,"Und","Quant.","Valor Unit","Total"]
["Composição"," 10554 ","ORSE","Encargos Complementares - Encanador","Provisórios",null,"h",1,3.67,3.67]
["Insumo"," 158 ","ORSE","Almoço (Participação do empregador) un","Material",null,"un",0.1018,14,1.42]
["Insumo"," 941 ","ORSE","Fardamento com mangas curta un","Material",null,"un",1.5E-3,190.46,0.28000000000000003]
["Insumo"," 1651 ","ORSE","Óculos branco proteção pr","Material",null,"pr",8.0000000000000004E-4,6.35,0]
["Insumo"," 2378 ","ORSE","Vale transporte un","Material",null,"un",6.54E-2,4.5,0.28999999999999998]
["Insumo"," 10362 ","ORSE","Seguro de vida e acidente em grupo un","Serviços",null,"un",4.4999999999999997E-3,12.54,0.05]
["Insumo"," 10492 ","ORSE","Cesta Básica un","Material",null,"un",4.4999999999999997E-3,175,0.78]
["Insumo"," 10517 ","ORSE","Exames admissionais/demissionais (checkup) cj","Serviços",null,"cj",4.0000000000000002E-4,300,0.12]
["Insumo"," 10592 ","ORSE","Lima chata 12\" un","Material",null,"un",1E-4,36.869999999999997,0]
["Insumo"," 10593 ","ORSE","Praio simples 30cm un","Material",null,"un",1E-4,19.57,0]
["Insumo"," 10596 ","ORSE","Protetor auricular un","Material",null,"un",4.4999999999999997E-3,4.9000000000000004,0.02]
["Insumo"," 10599 ","ORSE","Protetor solar fps 30 com 120ml un","Material",null,"un",1.8E-3,13,0.02]
["Insumo"," 10761 ","ORSE","Refeição - café da manhã ( café com leite e dois pães com manteiga) un","Serviços",null,"un",0.1018,5,0.5]
["Insumo"," 11253 ","ORSE","Tarracha para tubos PVC de 1/2\" un","Material",null,"un",1.1000000000000001E-3,25.5,0.02]
["Insumo"," 11254 ","ORSE","Tarracha para tubos PVC de 3/4\" un","Material",null,"un",6.9999999999999999E-4,22.8,0.01]
["Insumo"," 11255 ","ORSE","Tarracha para tubos PVC de 1\" un","Material",null,"un",5.9999999999999995E-4,63,0.03]
["Insumo"," 11256 ","ORSE","Tarracha para tubos PVC de 1 1/2\" un","Material",null,"un",4.0000000000000002E-4,60,0.02]
["Insumo"," 11257 ","ORSE","Tarracha para tubos PVC de 1 1/4\" un","Material",null,"un",4.0000000000000002E-4,32.299999999999997,0.01]
["Insumo"," 00012892 ","SINAPI","LUVA RASPA DE COURO, CANO CURTO (PUNHO *7* CM)","Equipamento",null,"PAR",2.3E-3,16.2,0.03]
["Insumo"," 00012893 ","SINAPI","BOTA DE SEGURANCA COM BIQUEIRA DE ACO E COLARINHO ACOLCHOADO","Material",null,"PAR",8.0000000000000004E-4,86.4,0.06]
["Insumo"," 00012894 ","SINAPI","CAPA PARA CHUVA EM PVC COM FORRO DE POLIESTER, COM CAPUZ (AMARELA OU AZUL)","Material",null,"UN",2.0000000000000001E-4,23.4,0]
["Insumo"," 00012895 ","SINAPI","CAPACETE DE SEGURANCA ABA FRONTAL COM SUSPENSAO DE POLIETILENO, SEM JUGULAR (CLASSE B)","Material",null,"UN",5.9999999999999995E-4,18,0.01]
[{"$nulls":4},"MO sem LS =>",0,"LS =>",0,"MO com LS =>",0]
[{"$nulls":4},"Valor do BDI =>",0.88,null,"Valor com BDI =>",null,4.55]
[]
[null,"Código","Banco","Descrição","Tipo",null,"Und","Quant.","Valor Unit","Total"]
["Composição"," 10554 ","ORSE","Encargos Complementares - Encanador","Provisórios",null,"h",1,3.67,3.67]
["Insumo"," 10362 ","ORSE","Seguro de vida e acidente em grupo un","Serviços",null,"un",4.4999999999999997E-3,12.54,0.05]
["Insumo"," 10492 ","ORSE","Cesta Básica un","Material",null,"un",4.4999999999999997E-3,175,0.78]
["Insumo"," 10517 ","ORSE","Exames admissionais/demissionais (checkup) cj","Serviços",null,"cj",4.0000000000000002E-4,300,0.12]
["Insumo"," 10592 ","ORSE","Lima chata 12\" un","Material",null,"un",1E-4,36.869999999999997,0]
["Insumo"," 10593 ","ORSE","Praio simples 30cm un","Material",null,"un",1E-4,19.57,0]
["Insumo"," 10596 ","ORSE","Protetor auricular un","Material",null,"un",4.4999999999999997E-3,4.9000000000000004,0.02]
["Insumo"," 10599 ","ORSE","Protetor solar fps 30 com 120ml un","Material",null,"un",1.8E-3,13,0.02]
["Insumo"," 10761 ","ORSE","Refeição - café da manhã ( café com leite e dois pães com manteiga) un","Serviços",null,"un",0.1018,5,0.5]
["Insumo"," 11253 ","ORSE","Tarracha para tubos PVC de 1/2\" un","Material",null,"un",1.1000000000000001E-3,25.5,0.02]
["Insumo"," 11254 ","ORSE","Tarracha para tubos PVC de 3/4\" un","Material",null,"un",6.9999999999999999E-4,22.8,0.01]
["Insumo"," 11255 ","ORSE","Tarracha para tubos PVC de 1\" un","Material",null,"un",5.9999999999999995E-4,63,0.03]
["Insumo"," 11256 ","ORSE","Tarracha para tubos PVC de 1 1/2\" un","Material",null,"un",4.0000000000000002E-4,60,0.02]
["Insumo"," 11257 ","ORSE","Tarracha para tubos PVC de 1 1/4\" un","Material",null,"un",4.0000000000000002E-4,32.299999999999997,0.01]
["Insumo"," 158 ","ORSE","Almoço (Participação do empregador) un","Material",null,"un",0.1018,14,1.42]
["Insumo"," 1651 ","ORSE","Óculos branco proteção pr","Material",null,"pr",8.0000000000000004E-4,6.35,0]
["Insumo"," 2378 ","ORSE","Vale transporte un","Material",null,"un",6.54E-2,4.5,0.28999999999999998]
["Insumo"," 941 ","ORSE","Fardamento com mangas curta un","Material",null,"un",1.5E-3,190.46,0.28000000000000003]
["Insumo"," 00012892 ","SINAPI","LUVA RASPA DE COURO, CANO CURTO (PUNHO *7* CM)","Equipamento",null,"PAR",2.3E-3,16.2,0.03]
["Insumo"," 00012893 ","SINAPI","BOTA DE SEGURANCA COM BIQUEIRA DE ACO E COLARINHO ACOLCHOADO","Material",null,"PAR",8.0000000000000004E-4,86.4,0.06]
["Insumo"," 00012894 ","SINAPI","CAPA PARA CHUVA EM PVC COM FORRO DE POLIESTER, COM CAPUZ (AMARELA OU AZUL)","Material",null,"UN",2.0000000000000001E-4,23.4,0]
["Insumo"," 00012895 ","SINAPI","CAPACETE DE SEGURANCA ABA FRONTAL COM SUSPENSAO DE POLIETILENO, SEM JUGULAR (CLASSE B)","Material",null,"UN",5.9999999999999995E-4,18,0.01]
[{"$nulls":4},"MO sem LS =>",0,"LS =>",0,"MO com LS =>",0]
[{"$nulls":4},"Valor do BDI =>",0.88,null,"Valor com BDI =>",null,4.55]
[]
[null,"Código","Banco","Descrição","Tipo",null,"Und","Quant.","Valor Unit","Total"]
["Composição"," 10601 ","ORSE","Encargos Complementares - Impermeabilizador","Provisórios",null,"h",1,3.61,3.61]
["Insumo"," 158 ","ORSE","Almoço (Participação do empregador) un","Material",null,"un",0.1018,14,1.42]
["Insumo"," 941 ","ORSE","Fardamento com mangas curta un","Material",null,"un",1.5E-3,190.46,0.28000000000000003]
["Insumo"," 1651 ","ORSE","Óculos branco proteção pr","Material",null,"pr",8.0000000000000004E-4,6.35,0]
["Insumo"," 2378 ","ORSE","Vale transporte un","Material",null,"un",6.54E-2,4.5,0.28999999999999998]
["Insumo"," 4174 ","ORSE","Desempenadeira de aço lisa, cabo madeira, ref:143, Atlas ou similar un","Material",null,"un",5.0000000000000001E-4,10.8,0]
["Insumo"," 4722 ","ORSE","Colher de pedreiro un","Material",null,"un",4.0000000000000002E-4,18.8,0]
["Insumo"," 10282 ","ORSE","Regua de alumínio c/ 2,00m (para pedreiro) un","Material",null,"un",2.0000000000000001E-4,40.799999999999997,0]
["Insumo"," 10362 ","ORSE","Seguro de vida e acidente em grupo un","Serviços",null,"un",4.4999999999999997E-3,12.54,0.05]
["Insumo"," 10492 ","ORSE","Cesta Básica un","Material",null,"un",4.4999999999999997E-3,175,0.78]
["Insumo"," 10517 ","ORSE","Exames admissionais/demissionais (checkup) cj","Serviços",null,"cj",4.0000000000000002E-4,300,0.12]
["Insumo"," 10596 ","ORSE","Protetor auricular un","Material",null,"un",4.4999999999999997E-3,4.9000000000000004,0.02]
["Insumo"," 10599 ","ORSE","Protetor solar fps 30 com 120ml un","Material",null,"un",1.8E-3,13,0.02]
["Insumo"," 10761 ","ORSE","Refeição - café da manhã ( café com leite e dois pães com manteiga) un","Serviços",null,"un",0.1018,5,0.5]
["Insumo"," 10789 ","ORSE","Nível de bolha de madeira un","Material",null,"un",2.0000000000000001E-4,15.4,0]
["Insumo"," 10790 ","ORSE","Prumo de face un","Material",null,"un",1E-4,25.95,0]
["Insumo"," 11243 ","ORSE","Martelo sem unha un","Material",null,"un",1E-4,28,0]
["Insumo"," 11245 ","ORSE","Desempoladeira de madeira 12x22 un","Material",null,"un",6.9999999999999999E-4,11.6,0]
["Insumo"," 11246 ","ORSE","Escala métrica de bambú Un","Material",null,"Un",6.9999999999999999E-4,10.220000000000001,0]
["Insumo"," 11247 ","ORSE","Serra mármore Serra marmore un","Material",null,"un",1E-4,327.8,0.03]
["Insumo"," 11264 ","ORSE","Marreta de 1/2 kg com cabo un","Material",null,"un",2.0000000000000001E-4,13.52,0]
["Insumo"," 11265 ","ORSE","Martelo de borracha com cabo un","Material",null,"un",4.0000000000000002E-4,18.75,0]
["Insumo"," 00012892 ","SINAPI","LUVA RASPA DE COURO, CANO CURTO (PUNHO *7* CM)","Equipamento",null,"PAR",2.3E-3,16.2,0.03]
["Insumo"," 00012893 ","SINAPI","BOTA DE SEGURANCA COM BIQUEIRA DE ACO E COLARINHO ACOLCHOADO","Material",null,"PAR",8.0000000000000004E-4,86.4,0.06]
["Insumo"," 00012894 ","SINAPI","CAPA PARA CHUVA EM PVC COM FORRO DE POLIESTER, COM CAPUZ (AMARELA OU AZUL)","Material",null,"UN",2.0000000000000001E-4,23.4,0]
["Insumo"," 00012895 ","SINAPI","CAPACETE DE SEGURANCA ABA FRONTAL COM SUSPENSAO DE POLIETILENO, SEM JUGULAR (CLASSE B)","Material",null,"UN",5.9999999999999995E-4,18,0.01]
[{"$nulls":4},"MO sem LS =>",0,"LS =>",0,"MO com LS =>",0]
[{"$nulls":4},"Valor do BDI =>",0.87,null,"Valor com BDI =>",null,4.4800000000000004]
[]
[null,"Código","Banco","Descrição","Tipo",null,"Und","Quant.","Valor Unit","Total"]
["Composição"," 10550 ","ORSE","Encargos Complementares - Pedreiro","Provisórios",null,"h",1,3.61,3.61]
["Insumo"," 158 ","ORSE","Almoço (Participação do empregador) un","Material",null,"un",0.1018,14,1.42]
["Insumo"," 941 ","ORSE","Fardamento com mangas curta un","Material",null,"un",1.5E-3,190.46,0.28000000000000003]
["Insumo"," 1651 ","ORSE","Óculos branco proteção pr","Material",null,"pr",8.0000000000000004E-4,6.35,0]
["Insumo"," 2378 ","ORSE","Vale transporte un","Material",null,"un",6.54E-2,4.5,0.28999999999999998]
["Insumo"," 4174 ","ORSE","Desempenadeira de aço lisa, cabo madeira, ref:143, Atlas ou similar un","Material",null,"un",5.0000000000000001E-4,10.8,0]
["Insumo"," 4722 ","ORSE","Colher de pedreiro un","Material",null,"un",4.0000000000000002E-4,18.8,0]
["Insumo"," 10282 ","ORSE","Regua de alumínio c/ 2,00m (para pedreiro) un","Material",null,"un",2.0000000000000001E-4,40.799999999999997,0]
["Insumo"," 10362 ","ORSE","Seguro de vida e acidente em grupo un","Serviços",null,"un",4.4999999999999997E-3,12.54,0.05]
["Insumo"," 10492 ","ORSE","Cesta Básica un","Material",null,"un",4.4999999999999997E-3,175,0.78]
["Insumo"," 10517 ","ORSE","Exames admissionais/demissionais (checkup) cj","Serviços",null,"cj",4.0000000000000002E-4,300,0.12]
["Insumo"," 10596 ","ORSE","Protetor auricular un","Material",null,"un",4.4999999999999997E-3,4.9000000000000004,0.02]
["Insumo"," 10599 ","ORSE","Protetor solar fps 30 com 120ml un","Material",null,"un",1.8E-3,13,0.02]
["Insumo"," 10761 ","ORSE","Refeição - café da manhã ( café com leite e dois pães com manteiga) un","Serviços",null,"un",0.1018,5,0.5]
["Insumo"," 10789 ","ORSE","Nível de bolha de madeira un","Material",null,"un",2.0000000000000001E-4,15.4,0]
["Insumo"," 10790 ","ORSE","Prumo de face un","Material",null,"un",1E-4,25.95,0]
["Insumo"," 11243 ","ORSE","Martelo sem unha un","Material",null,"un",1E-4,28,0]
["Insumo"," 11245 ","ORSE","Desempoladeira de madeira 12x22 un","Material",null,"un",6.9999999999999999E-4,11.6,0]
["Insumo"," 11246 ","ORSE","Escala métrica de bambú Un","Material",null,"Un",6.9999999999999999E-4,10.220000000000001,0]
["Insumo"," 11247 ","ORSE","Serra mármore Serra marmore un","Material",null,"un",1E-4,327.8,0.03]
["Insumo"," 11264 ","ORSE","Marreta de 1/2 kg com cabo un","Material",null,"un",2.0000000000000001E-4,13.52,0]
["Insumo"," 11265 ","ORSE","Martelo de borracha com cabo un","Material",null,"un",4.0000000000000002E-4,18.75,0]
["Insumo"," 00012892 ","SINAPI","LUVA RASPA DE COURO, CANO CURTO (PUNHO *7* CM)","Equipamento",null,"PAR",2.3E-3,16.2,0.03]
["Insumo"," 00012893 ","SINAPI","BOTA DE SEGURANCA COM BIQUEIRA DE ACO E COLARINHO ACOLCHOADO","Material",null,"PAR",8.0000000000000004E-4,86.4,0.06]
["Insumo"," 00012894 ","SINAPI","CAPA PARA CHUVA EM PVC COM FORRO DE POLIESTER, COM CAPUZ (AMARELA OU AZUL)","Material",null,"UN",2.0000000000000001E-4,23.4,0]
["Insumo"," 00012895 ","SINAPI","CAPACETE DE SEGURANCA ABA FRONTAL COM SUSPENSAO DE POLIETILENO, SEM JUGULAR (CLASSE B)","Material",null,"UN",5.9999999999999995E-4,18,0.01]
[{"$nulls":4},"MO sem LS =>",0,"LS =>",0,"MO com LS =>",0]
[{"$nulls":4},"Valor do BDI =>",0.87,null,"Valor com BDI =>",null,4.4800000000000004]
[]
[null,"Código","Banco","Descrição","Tipo",null,"Und","Quant.","Valor Unit","Total"]
["Composição"," 10550 ","ORSE","Encargos Complementares - Pedreiro","Provisórios",null,"h",1,3.61,3.61]
["Insumo"," 10282 ","ORSE","Regua de alumínio c/ 2,00m (para pedreiro) un","Material",null,"un",2.0000000000000001E-4,40.799999999999997,0]
["Insumo"," 10362 ","ORSE","Seguro de vida e acidente em grupo un","Serviços",null,"un",4.4999999999999997E-3,12.54,0.05]
["Insumo"," 10492 ","ORSE","Cesta Básica un","Material",null,"un",4.4999999999999997E-3,175,0.78]
["Insumo"," 10517 ","ORSE","Exames admissionais/demissionais (checkup) cj","Serviços",null,"cj",4.0000000000000002E-4,300,0.12]
["Insumo"," 10596 ","ORSE","Protetor auricular un","Material",null,"un",4.4999999999999997E-3,4.9000000000000004,0.02]
["Insumo"," 10599 ","ORSE","Protetor solar fps 30 com 120ml un","Material",null,"un",1.8E-3,13,0.02]
["Insumo"," 10761 ","ORSE","Refeição - café da manhã ( café com leite e dois pães com manteiga) un","Serviços",null,"un",0.1018,5,0.5]
["Insumo"," 10789 ","ORSE","Nível de bolha de madeira un","Material",null,"un",2.0000000000000001E-4,15.4,0]
["Insumo"," 10790 ","ORSE","Prumo de face un","Material",null,"un",1E-4,25.95,0]
["Insumo"," 11243 ","ORSE","Martelo sem unha un","Material",null,"un",1E-4,28,0]
["Insumo"," 11245 ","ORSE","Desempoladeira de madeira 12x22 un","Material",null,"un",6.9999999999999999E-4,11.6,0]
["Insumo"," 11246 ","ORSE","Escala métrica de bambú Un","Material",null,"Un",6.9999999999999999E-4,10.220000000000001,0]
["Insumo"," 11247 ","ORSE","Serra mármore Serra marmore un","Material",null,"un",1E-4,327.8,0.03]
["Insumo"," 11264 ","ORSE","Marreta de 1/2 kg com cabo un","Material",null,"un",2.0000000000000001E-4,13.52,0]
["Insumo"," 11265 ","ORSE","Martelo de borracha com cabo un","Material",null,"un",4.0000000000000002E-4,18.75,0]
["Insumo"," 158 ","ORSE","Almoço (Participação do empregador) un","Material",null,"un",0.1018,14,1.42]
["Insumo"," 1651 ","ORSE","Óculos branco proteção pr","Material",null,"pr",8.0000000000000004E-4,6.35,0]
["Insumo"," 2378 ","ORSE","Vale transporte un","Material",null,"un",6.54E-2,4.5,0.28999999999999998]
["Insumo"," 4174 ","ORSE","Desempenadeira de aço lisa, cabo madeira, ref:143, Atlas ou similar un","Material",null,"un",5.0000000000000001E-4,10.8,0]
["Insumo"," 4722 ","ORSE","Colher de pedreiro un","Material",null,"un",4.0000000000000002E-4,18.8,0]
["Insumo"," 941 ","ORSE","Fardamento com mangas curta un","Material",null,"un",1.5E-3,190.46,0.28000000000000003]
["Insumo"," 00012892 ","SINAPI","LUVA RASPA DE COURO, CANO CURTO (PUNHO *7* CM)","Equipamento",null,"PAR",2.3E-3,16.2,0.03]
["Insumo"," 00012893 ","SINAPI","BOTA DE SEGURANCA COM BIQUEIRA DE ACO E COLARINHO ACOLCHOADO","Material",null,"PAR",8.0000000000000004E-4,86.4,0.06]
["Insumo"," 00012894 ","SINAPI","CAPA PARA CHUVA EM PVC COM FORRO DE POLIESTER, COM CAPUZ (AMARELA OU AZUL)","Material",null,"UN",2.0000000000000001E-4,23.4,0]
["Insumo"," 00012895 ","SINAPI","CAPACETE DE SEGURANCA ABA FRONTAL COM SUSPENSAO DE POLIETILENO, SEM JUGULAR (CLASSE B)","Material",null,"UN",5.9999999999999995E-4,18,0.01]
[{"$nulls":4},"MO sem LS =>",0,"LS =>",0,"MO com LS =>",0]
[{"$nulls":4},"Valor do BDI =>",0.87,null,"Valor com BDI =>",null,4.4800000000000004]
[]
[null,"Código","Banco","Descrição","Tipo",null,"Und","Quant.","Valor Unit","Total"]
["Composição"," 10549 ","ORSE","Encargos Complementares - Servente","Provisórios",null,"h",1,3.75,3.75]
["Insumo"," 158 ","ORSE","Almoço (Participação do empregador) un","Material",null,"un",0.1018,14,1.42]
["Insumo"," 941 ","ORSE","Fardamento com mangas curta un","Material",null,"un",1.5E-3,190.46,0.28000000000000003]
["Insumo"," 1651 ","ORSE","Óculos branco proteção pr","Material",null,"pr",8.0000000000000004E-4,6.35,0]
["Insumo"," 2378 ","ORSE","Vale transporte un","Material",null,"un",9.4100000000000003E-2,4.5,0.42]
["Insumo"," 4728 ","ORSE","Talhadeira chata 10\" Talhadeira chara 10\" un","Material",null,"un",2.9999999999999997E-4,18.579999999999998,0]
["Insumo"," 4729 ","ORSE","Marreta 1 kg com cabo un","Material",null,"un",1E-4,31.5,0]
["Insumo"," 10362 ","ORSE","Seguro de vida e acidente em grupo un","Serviços",null,"un",4.4999999999999997E-3,12.54,0.05]
["Insumo"," 10492 ","ORSE","Cesta Básica un","Material",null,"un",4.4999999999999997E-3,175,0.78]
["Insumo"," 10517 ","ORSE","Exames admissionais/demissionais (checkup) cj","Serviços",null,"cj",4.0000000000000002E-4,300,0.12]
["Insumo"," 10596 ","ORSE","Protetor auricular un","Material",null,"un",4.4999999999999997E-3,4.9000000000000004,0.02]
["Insumo"," 10599 ","ORSE","Protetor solar fps 30 com 120ml un","Material",null,"un",1.8E-3,13,0.02]
["Insumo"," 10761 ","ORSE","Refeição - café da manhã ( café com leite e dois pães com manteiga) un","Serviços",null,"un",0.1018,5,0.5]
["Insumo"," 10788 ","ORSE","Pá quadrada un","Material",null,"un",2.0000000000000001E-4,36.9,0]
["Insumo"," 00002711 ","SINAPI","CARRINHO DE MAO DE ACO CAPACIDADE 50 A 60 L, PNEU COM CAMARA","Equipamento",null,"UN",2.0000000000000001E-4,200,0.04]
["Insumo"," 00012892 ","SINAPI","LUVA RASPA DE COURO, CANO CURTO (PUNHO *7* CM)","Equipamento",null,"PAR",2.3E-3,16.2,0.03]
["Insumo"," 00012893 ","SINAPI","BOTA DE SEGURANCA COM BIQUEIRA DE ACO E COLARINHO ACOLCHOADO","Material",null,"PAR",8.0000000000000004E-4,86.4,0.06]
["Insumo"," 00012894 ","SINAPI","CAPA PARA CHUVA EM PVC COM FORRO DE POLIESTER, COM CAPUZ (AMARELA OU AZUL)","Material",null,"UN",2.0000000000000001E-4,23.4,0]
["Insumo"," 00012895 ","SINAPI","CAPACETE DE SEGURANCA ABA FRONTAL COM SUSPENSAO DE POLIETILENO, SEM JUGULAR (CLASSE B)","Material",null,"UN",5.9999999999999995E-4,18,0.01]
[{"$nulls":4},"MO sem LS =>",0,"LS =>",0,"MO com LS =>",0]
[{"$nulls":4},"Valor do BDI =>",0.9,null,"Valor com BDI =>",null,4.6500000000000004]
[]
[null,"Código","Banco","Descrição","Tipo",null,"Und","Quant.","Valor Unit","Total"]
["Composição"," 10549 ","ORSE","Encargos Complementares - Servente","Provisórios",null,"h",1,3.75,3.75]
["Insumo"," 10362 ","ORSE","Seguro de vida e acidente em grupo un","Serviços",null,"un",4.4999999999999997E-3,12.54,0.05]
["Insumo"," 10492 ","ORSE","Cesta Básica un","Material",null,"un",4.4999999999999997E-3,175,0.78]
["Insumo"," 10517 ","ORSE","Exames admissionais/demissionais (checkup) cj","Serviços",null,"cj",4.0000000000000002E-4,300,0.12]
["Insumo"," 10596 ","ORSE","Protetor auricular un","Material",null,"un",4.4999999999999997E-3,4.9000000000000004,0.02]
["Insumo"," 10599 ","ORSE","Protetor solar fps 30 com 120ml un","Material",null,"un",1.8E-3,13,0.02]
["Insumo"," 10761 ","ORSE","Refeição - café da manhã ( café com leite e dois pães com manteiga) un","Serviços",null,"un",0.1018,5,0.5]
["Insumo"," 10788 ","ORSE","Pá quadrada un","Material",null,"un",2.0000000000000001E-4,36.9,0]
["Insumo"," 158 ","ORSE","Almoço (Participação do empregador) un","Material",null,"un",0.1018,14,1.42]
["Insumo"," 1651 ","ORSE","Óculos branco proteção pr","Material",null,"pr",8.0000000000000004E-4,6.35,0]
["Insumo"," 2378 ","ORSE","Vale transporte un","Material",null,"un",9.4100000000000003E-2,4.5,0.42]
["Insumo"," 4728 ","ORSE","Talhadeira chata 10\" Talhadeira chara 10\" un","Material",null,"un",2.9999999999999997E-4,18.579999999999998,0]
["Insumo"," 4729 ","ORSE","Marreta 1 kg com cabo un","Material",null,"un",1E-4,31.5,0]
["Insumo"," 941 ","ORSE","Fardamento com mangas curta un","Material",null,"un",1.5E-3,190.46,0.28000000000000003]
["Insumo"," 00002711 ","SINAPI","CARRINHO DE MAO DE ACO CAPACIDADE 50 A 60 L, PNEU COM CAMARA","Equipamento",null,"UN",2.0000000000000001E-4,200,0.04]
["Insumo"," 00012892 ","SINAPI","LUVA RASPA DE COURO, CANO CURTO (PUNHO *7* CM)","Equipamento",null,"PAR",2.3E-3,16.2,0.03]
["Insumo"," 00012893 ","SINAPI","BOTA DE SEGURANCA COM BIQUEIRA DE ACO E COLARINHO ACOLCHOADO","Material",null,"PAR",8.0000000000000004E-4,86.4,0.06]
["Insumo"," 00012894 ","SINAPI","CAPA PARA CHUVA EM PVC COM FORRO DE POLIESTER, COM CAPUZ (AMARELA OU AZUL)","Material",null,"UN",2.0000000000000001E-4,23.4,0]
["Insumo"," 00012895 ","SINAPI","CAPACETE DE SEGURANCA ABA FRONTAL COM SUSPENSAO DE POLIETILENO, SEM JUGULAR (CLASSE B)","Material",null,"UN",5.9999999999999995E-4,18,0.01]
[{"$nulls":4},"MO sem LS =>",0,"LS =>",0,"MO com LS =>",0]
[{"$nulls":4},"Valor do BDI =>",0.9,null,"Valor com BDI =>",null,4.6500000000000004]
[]
[null,"Código","Banco","Descrição","Tipo",null,"Und","Quant.","Valor Unit","Total"]
["Composição"," 10603 ","ORSE","Encargos Complementares - Soldador","Provisórios",null,"h",1,4.3,4.3]
["Insumo"," 158 ","ORSE","Almoço (Participação do empregador) un","Material",null,"un",0.1018,14,1.42]
["Insumo"," 941 ","ORSE","Fardamento com mangas curta un","Material",null,"un",1.5E-3,190.46,0.28000000000000003]
["Insumo"," 1651 ","ORSE","Óculos branco proteção pr","Material",null,"pr",8.0000000000000004E-4,6.35,0]
["Insumo"," 2378 ","ORSE","Vale transporte un","Material",null,"un",6.54E-2,4.5,0.28999999999999998]
["Insumo"," 10362 ","ORSE","Seguro de vida e acidente em grupo un","Serviços",null,"un",4.4999999999999997E-3,12.54,0.05]
["Insumo"," 10492 ","ORSE","Cesta Básica un","Material",null,"un",4.4999999999999997E-3,175,0.78]
["Insumo"," 10517 ","ORSE","Exames admissionais/demissionais (checkup) cj","Serviços",null,"cj",4.0000000000000002E-4,300,0.12]
["Insumo"," 10596 ","ORSE","Protetor auricular un","Material",null,"un",4.4999999999999997E-3,4.9000000000000004,0.02]
["Insumo"," 10599 ","ORSE","Protetor solar fps 30 com 120ml un","Material",null,"un",1.8E-3,13,0.02]
["Insumo"," 10761 ","ORSE","Refeição - café da manhã ( café com leite e dois pães com manteiga) un","Serviços",null,"un",0.1018,5,0.5]
["Insumo"," 11270 ","ORSE","Martelo de solda do tipo picareta, cabo de madeira, 300x0,4x0,5mm un","Material",null,"un",2.9999999999999997E-4,28,0]
["Insumo"," 11271 ","ORSE","Talhadeira com punho de proteção 22 x225mm ref.207206BR Belzer un","Material",null,"un",1E-4,28.55,0]
["Insumo"," 11272 ","ORSE","Alicate Climpador ( cripador ) un","Material",null,"un",1E-4,100.28,0.01]
["Insumo"," 11273 ","ORSE","Esquadro de alumínio para soldagem de peças, com duas morsas, 35 x 35 x 4,5cm, marca Black Jack un","Material",null,"un",2.0000000000000001E-4,216.1,0.04]
["Insumo"," 11274 ","ORSE","Grampo de de aperto rápido 16\" Ref. 60987 Beltools un","Material",null,"un",2.9999999999999997E-4,18.53,0]
["Insumo"," 11275 ","ORSE","Alicate de pressão 11\" un","Material",null,"un",2.0000000000000001E-4,60.67,0.01]
["Insumo"," 11276 ","ORSE","Alicate de pressão para solda tipo U, para apertar chapas, tiras e qualquer tipo de perfil. Niquelado, mordentes reforçados em aço laminadao. Corpo em chapa dobrada  extra-reforçada e rebites de aço, 11\" (280mm). Ref. 138 Gedore. un","Material",null,"un",2.0000000000000001E-4,66.760000000000005,0.01]
["Insumo"," 11277 ","ORSE","Alicate de pressão para solda de chapa 18\" (460mm), Ref.138 Z Gedore un","Material",null,"un",2.0000000000000001E-4,107.83,0.02]
["Insumo"," 11278 ","ORSE","Alicate diagonal para corte rente 5\" a 8\" un","Material",null,"un",2.0000000000000001E-4,36.75,0]
["Insumo"," 11279 ","ORSE","Alicate para anéis de pistão capacidade 50-100mm. ref.44044101 Tramontina ou similar un","Material",null,"un",2.0000000000000001E-4,86.7,0.01]
["Insumo"," 11280 ","ORSE","Chave Inglesa 15\" ref. 012418012 carbografite un","Material",null,"un",2.0000000000000001E-4,60.5,0.01]
["Insumo"," 11281 ","ORSE","Bolsa de lona para ferramentas 40 x 30 x 20cm un","Material",null,"un",8.0000000000000004E-4,357.49,0.28000000000000003]
["Insumo"," 11282 ","ORSE","Esmerilhadeira angular elétrico portátil 4 1/2\" - 1000 watts  - ref. G1000kB2 Black e Decker un","Material",null,"un",2.0000000000000001E-4,362,7.0000000000000007E-2]
["Insumo"," 11283 ","ORSE","Selador horizontal para fita de aço 1\" un","Material",null,"un",1E-4,472.87,0.04]
["Insumo"," 11284 ","ORSE","Cavalete de ferro nº 1 un","Material",null,"un",2.0000000000000001E-4,119.18,0.02]
["Insumo"," 11285 ","ORSE","Fonte inversora de solda WMI 140ED 220V - BAMBOZZI - WMI- 140ED un","Material",null,"un",1E-4,900,0.09]
["Insumo"," 11286 ","ORSE","Macariço de solda Ref. CG201 código 010414410 carbografite un","Material",null,"un",2.9999999999999997E-4,393.57,0.11]
["Insumo"," 00012892 ","SINAPI","LUVA RASPA DE COURO, CANO CURTO (PUNHO *7* CM)","Equipamento",null,"PAR",2.3E-3,16.2,0.03]
["Insumo"," 00012893 ","SINAPI","BOTA DE SEGURANCA COM BIQUEIRA DE ACO E COLARINHO ACOLCHOADO","Material",null,"PAR",8.0000000000000004E-4,86.4,0.06]
["Insumo"," 00012894 ","SINAPI","CAPA PARA CHUVA EM PVC COM FORRO DE POLIESTER, COM CAPUZ (AMARELA OU AZUL)","Material",null,"UN",2.0000000000000001E-4,23.4,0]
["Insumo"," 00012895 ","SINAPI","CAPACETE DE SEGURANCA ABA FRONTAL COM SUSPENSAO DE POLIETILENO, SEM JUGULAR (CLASSE B)","Material",null,"UN",5.9999999999999995E-4,18,0.01]
[{"$nulls":4},"MO sem LS =>",0,"LS =>",0,"MO com LS =>",0]
[{"$nulls":4},"Valor do BDI =>",1.03,null,"Valor com BDI =>",null,5.33]
[]
[null,"Código","Banco","Descrição","Tipo",null,"Und","Quant.","Valor Unit","Total"]
["Composição"," 2003842 ","SICRO3","Enchimento de junta de concreto com argamassa asfáltica de densidade 1.700 kg/m³ - espessura de 1 cm","",null,"kg",1,61.99,61.99]
["B","Código","Banco","Mão de Obra","Quantidade","Salário Hora",null,null,null,"Custo Horário"]
["Insumo","P9824","SICRO3","Servente",2,null,null,null,18.586300000000001,37.172600000000003]
[{"$nulls":5},"Custo Horário da Mão de Obra =>",null,null,null,37.172600000000003]
[{"$nulls":5},"Adc.M.O. - Ferramentas (0,0%) =>",null,null,null,0]
[{"$nulls":5},"Custo Horário de Execução =>",null,null,null,37.172600000000003]
[{"$nulls":5},"Fator de Influencia da Chuva - FIC =>",null,null,null,0]
[{"$nulls":5},"Custo do FIC =>",null,null,null,0]
[{"$nulls":5},"Produção de Equipe =>",null,null,null,1]
[{"$nulls":5},"Custo Unitário de Execução =>",null,null,null,37.172600000000003]
["C","Banco","Código","Material","Quantidade","Unidade","Preço Unitário",null,null,"Custo Horário"]
["Insumo","SICRO3","M2158","Argamassa asfáltica",1,"kg",24.787299999999998,null,null,24.787299999999998]
[{"$nulls":5},"Custo Total do Material =>",null,null,null,24.787299999999998]
["E","Banco","Insumo","Tempos Fixos","Código","Quantidade","Unidade","Preço Unitário",null,"Custo Horário"]
["Tempo Fixo","SICRO3","M2158","Carga, manobra e descarga de materiais diversos em caminhão carroceria de 15 t - carga e descarga manuais",5914655,1E-3,"t",30.36,null,3.04E-2]
[{"$nulls":5},"Custo Total dos Tempos Fixos =>",null,null,null,3.04E-2]
["F","Banco","Insumo","Momento de Transporte","Quantidade","Unidade","Distância Média de Transporte (DMT)",null,null,"Custo Horário"]
[{"$nulls":6},"LN","RP","P"]
["Momento de Transporte","SICRO3","M2158","Argamassa asfáltica - Caminhão carroceria com capacidade de 15 t - 188 kW",1E-3,"tkm","5914449\n0,000\nR$ 1,01","5914464\n0,000\nR$ 0,81","5914479\n0,000\nR$ 0,66",0]
[{"$nulls":5},"Custo total dos Momentos de Transportes =>",null,null,null,0]
[{"$nulls":4},"MO sem LS =>",17.302009632387158,"LS =>",19.88,"MO com LS =>",37.182018733108109]
[{"$nulls":4},"Valor do BDI =>",14.98,null,"Valor com BDI =>",null,76.97]
[]
[null,"Código","Banco","Descrição","Tipo",null,"Und","Quant.","Valor Unit","Total"]
["Composição"," 4413996 ","SICRO3","Enleivamento","",null,"m²",1,8.9700000000000006,8.9700000000000006]
["B","Código","Banco","Mão de Obra","Quantidade","Salário Hora",null,null,null,"Custo Horário"]
["Insumo","P9824","SICRO3","Servente",10,null,null,null,18.586300000000001,185.863]
[{"$nulls":5},"Custo Horário da Mão de Obra =>",null,null,null,185.863]
[{"$nulls":5},"Adc.M.O. - Ferramentas (0,0%) =>",null,null,null,0]
[{"$nulls":5},"Custo Horário de Execução =>",null,null,null,185.863]
[{"$nulls":5},"Fator de Influencia da Chuva - FIC =>",null,null,null,0]
[{"$nulls":5},"Custo do FIC =>",null,null,null,0]
[{"$nulls":5},"Produção de Equipe =>",null,null,null,50]
[{"$nulls":5},"Custo Unitário de Execução =>",null,null,null,3.7172999999999998]
["C","Banco","Código","Material","Quantidade","Unidade","Preço Unitário",null,null,"Custo Horário"]
["Insumo","SICRO3","M0220","Adubo à base de nitrogênio, fósforo e potássio (NPK)",0.06,"kg",4.2979000000000003,null,null,0.25790000000000002]
["Insumo","SICRO3","M0225","Adubo orgânico composto",0.2,"kg",0.25609999999999999,null,null,5.1200000000000002E-2]
["Insumo","SICRO3","M0217","Enxofre",3.0000000000000001E-3,"kg",4.8026,null,null,1.44E-2]
["Insumo","SICRO3","M1755","Pó calcário dolomítico",0.17499999999999999,"kg",0.1231,null,null,2.1499999999999998E-2]
["Insumo","SICRO3","M1358","Sarrafo em madeira de terceira - E = 2,5 cm e L = 5 cm",0.6,"m",2.8797999999999999,null,null,1.7279]
[{"$nulls":5},"Custo Total do Material =>",null,null,null,2.0729000000000002]
["D","Banco","Código","Atividades Auxiliares","Quantidade","Unidade","Preço Unitário",null,null,"Custo Horário"]
["Atividade Auxiliar","SICRO3",4413995,"Obtenção de grama para replantio",1,"m²",2.4500000000000002,null,null,2.4500000000000002]
[{"$nulls":5},"Custo Total das Atividades =>",null,null,null,2.4500000000000002]
["E","Banco","Insumo","Tempos Fixos","Código","Quantidade","Unidade","Preço Unitário",null,"Custo Horário"]
["Tempo Fixo","SICRO3",4413995,"Carga, manobra e descarga de materiais diversos em caminhão carroceria de 15 t - carga e descarga manuais",5914655,2.3E-2,"t",30.36,null,0.69830000000000003]
["Tempo Fixo","SICRO3","M0220","Carga, manobra e descarga de materiais diversos em caminhão carroceria de 15 t - carga e descarga manuais",5914655,6.0000000000000002E-5,"t",30.36,null,1.8E-3]
["Tempo Fixo","SICRO3","M0225","Carga, manobra e descarga de materiais diversos em caminhão carroceria de 15 t - carga e descarga manuais",5914655,2.0000000000000001E-4,"t",30.36,null,6.1000000000000004E-3]
["Tempo Fixo","SICRO3","M1755","Carga, manobra e descarga de materiais diversos em caminhão carroceria de 15 t - carga e descarga manuais",5914655,1.8000000000000001E-4,"t",30.36,null,5.4999999999999997E-3]
["Tempo Fixo","SICRO3","M1358","Carga, manobra e descarga de materiais diversos em caminhão carroceria de 15 t - carga e descarga manuais",5914655,7.5000000000000002E-4,"t",30.36,null,2.2800000000000001E-2]
[{"$nulls":5},"Custo Total dos Tempos Fixos =>",null,null,null,0.73450000000000004]
["F","Banco","Insumo","Momento de Transporte","Quantidade","Unidade","Distância Média de Transporte (DMT)",null,null,"Custo Horário"]
[{"$nulls":6},"LN","RP","P"]
["Momento de Transporte","SICRO3",4413995,"Obtenção de grama para replantio - Caminhão carroceria com capacidade de 15 t - 188 kW",2.3E-2,"tkm","5914449\n0,000\nR$ 1,01","5914464\n0,000\nR$ 0,81","5914479\n0,000\nR$ 0,66",0]
["Momento de Transporte","SICRO3","M0220","Adubo à base de nitrogênio, fósforo e potássio (NPK) - Caminhão carroceria com capacidade de 15 t - 188 kW",6.0000000000000002E-5,"tkm","5914449\n0,000\nR$ 1,01","5914464\n0,000\nR$ 0,81","5914479\n0,000\nR$ 0,66",0]
["Momento de Transporte","SICRO3","M0225","Adubo orgânico composto - Caminhão carroceria com capacidade de 15 t - 188 kW",2.0000000000000001E-4,"tkm","5914449\n0,000\nR$ 1,01","5914464\n0,000\nR$ 0,81","5914479\n0,000\nR$ 0,66",0]
["Momento de Transporte","SICRO3","M1755","Pó calcário dolomítico - Caminhão carroceria com capacidade de 15 t - 188 kW",1.8000000000000001E-4,"tkm","5914449\n0,000\nR$ 1,01","5914464\n0,000\nR$ 0,81","5914479\n0,000\nR$ 0,66",0]
["Momento de Transporte","SICRO3","M1358","Sarrafo em madeira de terceira - E = 2,5 cm e L = 5 cm - Caminhão carroceria com capacidade de 15 t - 188 kW",7.5000000000000002E-4,"tkm","5914449\n0,000\nR$ 1,01","5914464\n0,000\nR$ 0,81","5914479\n0,000\nR$ 0,66",0]
[{"$nulls":5},"Custo total dos Momentos de Transportes =>",null,null,null,0]
[{"$nulls":4},"MO sem LS =>",2.7006650069799907,"LS =>",3.1,"MO com LS =>",5.8037291538851354]
[{"$nulls":4},"Valor do BDI =>",2.16,null,"Valor com BDI =>",null,11.13]
[]
[null,"Código","Banco","Descrição","Tipo",null,"Und","Quant.","Valor Unit","Total"]
["Composição"," 2497 ","ORSE","Escavação manual de vala ou cava em material de 1ª categoria, profundidade até 1,50m","Escavação Manual em Área Urbana",null,"m³",1,50.82,50.82]
["Composição Auxiliar"," 10549 ","ORSE","Encargos Complementares - Servente","Provisórios",null,"h",3,3.75,11.25]
["Insumo"," 00006111 ","SINAPI","SERVENTE DE OBRAS","Mão de Obra",null,"H",3,13.19,39.57]
[{"$nulls":4},"MO sem LS =>",18.413215399999999,"LS =>",21.16,"MO com LS =>",39.57]
[{"$nulls":4},"Valor do BDI =>",12.28,null,"Valor com BDI =>",null,63.1]
[]
[null,"Código","Banco","Descrição","Tipo",null,"Und","Quant.","Valor Unit","Total"]
["Composição"," 92273 ","SINAPI","FABRICAÇÃO DE ESCORAS DO TIPO PONTALETE, EM MADEIRA, PARA PÉ-DIREITO SIMPLES. AF_09/2020","FUES - FUNDAÇÕES E ESTRUTURAS",null,"M",1,18.3,18.3]
["Composição Auxiliar"," 88239 ","SINAPI","AJUDANTE DE CARPINTEIRO COM ENCARGOS COMPLEMENTARES","SEDI - SERVIÇOS DIVERSOS",null,"H",2.1000000000000001E-2,19.23,0.4]
["Composição Auxiliar"," 88262 ","SINAPI","CARPINTEIRO DE FORMAS COM ENCARGOS COMPLEMENTARES","SEDI - SERVIÇOS DIVERSOS",null,"H",9.0999999999999998E-2,23.48,2.13]
["Composição Auxiliar"," 91692 ","SINAPI","SERRA CIRCULAR DE BANCADA COM MOTOR ELÉTRICO POTÊNCIA DE 5HP, COM COIFA PARA DISCO 10\" - CHP DIURNO. AF_08/2015","CHOR - CUSTOS HORÁRIOS DE MÁQUINAS E EQUIPAMENTOS",null,"CHP",7.0000000000000001E-3,22.42,0.15]
["Composição Auxiliar"," 91693 ","SINAPI","SERRA CIRCULAR DE BANCADA COM MOTOR ELÉTRICO POTÊNCIA DE 5HP, COM COIFA PARA DISCO 10\" - CHI DIURNO. AF_08/2015","CHOR - CUSTOS HORÁRIOS DE MÁQUINAS E EQUIPAMENTOS",null,"CHI",0.03,20.69,0.62]
["Insumo"," 00004491 ","SINAPI","PONTALETE *7,5 X 7,5* CM EM PINUS, MISTA OU EQUIVALENTE DA REGIAO - BRUTA","Material",null,"M",1.31,11.05,14.47]
["Insumo"," 00005068 ","SINAPI","PREGO DE ACO POLIDO COM CABECA 17 X 21 (2 X 11)","Material",null,"KG",2.3E-2,23.4,0.53]
[{"$nulls":4},"MO sem LS =>",1.1865984178687761,"LS =>",1.36,"MO com LS =>",2.5499999999999998]
[{"$nulls":4},"Valor do BDI =>",4.42,null,"Valor com BDI =>",null,22.72]
[]
[null,"Código","Banco","Descrição","Tipo",null,"Und","Quant.","Valor Unit","Total"]
["Composição"," 92270 ","SINAPI","FABRICAÇÃO DE FÔRMA PARA VIGAS, COM MADEIRA SERRADA, E = 25 MM. AF_09/2020","FUES - FUNDAÇÕES E ESTRUTURAS",null,"m²",1,137.41999999999999,137.41999999999999]
["Composição Auxiliar"," 88239 ","SINAPI","AJUDANTE DE CARPINTEIRO COM ENCARGOS COMPLEMENTARES","SEDI - SERVIÇOS DIVERSOS",null,"H",0.17899999999999999,19.23,3.44]
["Composição Auxiliar"," 88262 ","SINAPI","CARPINTEIRO DE FORMAS COM ENCARGOS COMPLEMENTARES","SEDI - SERVIÇOS DIVERSOS",null,"H",0.79200000000000004,23.48,18.59]
["Composição Auxiliar"," 91692 ","SINAPI","SERRA CIRCULAR DE BANCADA COM MOTOR ELÉTRICO POTÊNCIA DE 5HP, COM COIFA PARA DISCO 10\" - CHP DIURNO. AF_08/2015","CHOR - CUSTOS HORÁRIOS DE MÁQUINAS E EQUIPAMENTOS",null,"CHP",5.6000000000000001E-2,22.42,1.25]
["Composição Auxiliar"," 91693 ","SINAPI","SERRA CIRCULAR DE BANCADA COM MOTOR ELÉTRICO POTÊNCIA DE 5HP, COM COIFA PARA DISCO 10\" - CHI DIURNO. AF_08/2015","CHOR - CUSTOS HORÁRIOS DE MÁQUINAS E EQUIPAMENTOS",null,"CHI",0.224,20.69,4.63]
["Insumo"," 00004517 ","SINAPI","SARRAFO *2,5 X 7,5* CM EM PINUS, MISTA OU EQUIVALENTE DA REGIAO - BRUTA","Material",null,"M",4.2279999999999998,3.87,16.36]
["Insumo"," 00005068 ","SINAPI","PREGO DE ACO POLIDO COM CABECA 17 X 21 (2 X 11)","Material",null,"KG",0.128,23.4,2.99]
["Insumo"," 00006189 ","SINAPI","TABUA NAO APARELHADA *2,5 X 30* CM, EM MACARANDUBA/MASSARANDUBA, ANGELIM OU EQUIVALENTE DA REGIAO - BRUTA","Material",null,"M",4.4480000000000004,20.27,90.16]
[{"$nulls":4},"MO sem LS =>",10.055839925546765,"LS =>",11.55,"MO com LS =>",21.61]
[{"$nulls":4},"Valor do BDI =>",33.22,null,"Valor com BDI =>",null,170.64]
[]
[null,"Código","Banco","Descrição","Tipo",null,"Und","Quant.","Valor Unit","Total"]
["Composição"," 91304 ","SINAPI","FECHADURA DE EMBUTIR COM CILINDRO, EXTERNA, COMPLETA, ACABAMENTO PADRÃO POPULAR, INCLUSO EXECUÇÃO DE FURO - FORNECIMENTO E INSTALAÇÃO. AF_12/2019","ESQV - ESQUADRIAS/FERRAGENS/VIDROS",null,"UN",1,99.55,99.55]
["Composição Auxiliar"," 88261 ","SINAPI","CARPINTEIRO DE ESQUADRIA COM ENCARGOS COMPLEMENTARES","SEDI - SERVIÇOS DIVERSOS",null,"H",1.002,22.67,22.71]
["Composição Auxiliar"," 88316 ","SINAPI","SERVENTE COM ENCARGOS COMPLEMENTARES","SEDI - SERVIÇOS DIVERSOS",null,"H",0.501,18.649999999999999,9.34]
["Insumo"," 00003080 ","SINAPI","FECHADURA ESPELHO PARA PORTA EXTERNA, EM ACO INOX (MAQUINA, TESTA E CONTRA-TESTA) E EM ZAMAC (MACANETA, LINGUETA E TRINCOS) COM ACABAMENTO CROMADO, MAQUINA DE 40 MM, INCLUINDO CHAVE TIPO CILINDRO","Material",null,"CJ",1,67.5,67.5]
[{"$nulls":4},"MO sem LS =>",11.302931596091206,"LS =>",12.99,"MO com LS =>",24.29]
[{"$nulls":4},"Valor do BDI =>",24.07,null,"Valor com BDI =>",null,123.62]
[]
[null,"Código","Banco","Descrição","Tipo",null,"Und","Quant.","Valor Unit","Total"]
["Composição"," 91305 ","SINAPI","FECHADURA DE EMBUTIR PARA PORTA DE BANHEIRO, COMPLETA, ACABAMENTO PADRÃO POPULAR, INCLUSO EXECUÇÃO DE FURO - FORNECIMENTO E INSTALAÇÃO. AF_12/2019","ESQV - ESQUADRIAS/FERRAGENS/VIDROS",null,"UN",1,100.11,100.11]
["Composição Auxiliar"," 88261 ","SINAPI","CARPINTEIRO DE ESQUADRIA COM ENCARGOS COMPLEMENTARES","SEDI - SERVIÇOS DIVERSOS",null,"H",0.76700000000000002,22.67,17.38]
["Composição Auxiliar"," 88316 ","SINAPI","SERVENTE COM ENCARGOS COMPLEMENTARES","SEDI - SERVIÇOS DIVERSOS",null,"H",0.38400000000000001,18.649999999999999,7.16]
["Insumo"," 00003097 ","SINAPI","FECHADURA ROSETA REDONDA PARA PORTA DE BANHEIRO, EM ACO INOX (MAQUINA, TESTA E CONTRA-TESTA) E EM ZAMAC (MACANETA, LINGUETA E TRINCOS) COM ACABAMENTO CROMADO, MAQUINA DE 40 MM, INCLUINDO CHAVE TIPO TRANQUETA","Material",null,"CJ",1,75.569999999999993,75.569999999999993]
[{"$nulls":4},"MO sem LS =>",8.6551884597487199,"LS =>",9.94,"MO com LS =>",18.600000000000001]
[{"$nulls":4},"Valor do BDI =>",24.2,null,"Valor com BDI =>",null,124.31]
[]
[null,"Código","Banco","Descrição","Tipo",null,"Und","Quant.","Valor Unit","Total"]
["Composição"," 91170 ","SINAPI","FIXAÇÃO DE TUBOS HORIZONTAIS DE PVC ÁGUA, PVC ESGOTO, PVC ÁGUA PLUVIAL, CPVC, PPR, COBRE OU AÇO, DIÂMETROS MENORES OU IGUAIS A 40 MM, COM ABRAÇADEIRA METÁLICA RÍGIDA TIPO U PERFIL 1 1/4\u0094, FIXADA EM PERFILADO EM LAJE. AF_09/2023_PS","INHI - INSTALAÇÕES HIDROS SANITÁRIAS",null,"M",1,9.6999999999999993,9.6999999999999993]
["Composição Auxiliar"," 88248 ","SINAPI","AUXILIAR DE ENCANADOR OU BOMBEIRO HIDRÁULICO COM ENCARGOS COMPLEMENTARES","SEDI - SERVIÇOS DIVERSOS",null,"H",4.8000000000000001E-2,18.78,0.9]
["Composição Auxiliar"," 88267 ","SINAPI","ENCANADOR OU BOMBEIRO HIDRÁULICO COM ENCARGOS COMPLEMENTARES","SEDI - SERVIÇOS DIVERSOS",null,"H",0.2114,27.97,5.91]
["Insumo"," 00000392 ","SINAPI","ABRACADEIRA EM ACO PARA AMARRACAO DE ELETRODUTOS, TIPO D, COM 1/2\" E PARAFUSO DE FIXACAO","Material",null,"UN",1.7857000000000001,1.62,2.89]
[{"$nulls":4},"MO sem LS =>",2.6012098650535131,"LS =>",2.99,"MO com LS =>",5.59]
[{"$nulls":4},"Valor do BDI =>",2.34,null,"Valor com BDI =>",null,12.04]
[]
[null,"Código","Banco","Descrição","Tipo",null,"Und","Quant.","Valor Unit","Total"]
["Composição"," 102591 ","SINAPI","FURO EM CAIXA D'ÁGUA COM ESPESSURA DE 2 ATÉ 5 MM E DIÂMETRO DE 25 MM. AF_06/2021","INHI - INSTALAÇÕES HIDROS SANITÁRIAS",null,"UN",1,3.99,3.99]
["Composição Auxiliar"," 88248 ","SINAPI","AUXILIAR DE ENCANADOR OU BOMBEIRO HIDRÁULICO COM ENCARGOS COMPLEMENTARES","SEDI - SERVIÇOS DIVERSOS",null,"H",8.5699999999999998E-2,18.78,1.6]
["Composição Auxiliar"," 88267 ","SINAPI","ENCANADOR OU BOMBEIRO HIDRÁULICO COM ENCARGOS COMPLEMENTARES","SEDI - SERVIÇOS DIVERSOS",null,"H",8.5699999999999998E-2,27.97,2.39]
[{"$nulls":4},"MO sem LS =>",1.4890646812470916,"LS =>",1.71,"MO com LS =>",3.2]
[{"$nulls":4},"Valor do BDI =>",0.96,null,"Valor com BDI =>",null,4.95]
[]
[null,"Código","Banco","Descrição","Tipo",null,"Und","Quant.","Valor Unit","Total"]
["Composição"," 102593 ","SINAPI","FURO EM CAIXA D'ÁGUA COM ESPESSURA DE 2 ATÉ 5 MM E DIÂMETRO DE 32 MM. AF_06/2021","INHI - INSTALAÇÕES HIDROS SANITÁRIAS",null,"UN",1,4.51,4.51]
["Composição Auxiliar"," 88248 ","SINAPI","AUXILIAR DE ENCANADOR OU BOMBEIRO HIDRÁULICO COM ENCARGOS COMPLEMENTARES","SEDI - SERVIÇOS DIVERSOS",null,"H",9.6699999999999994E-2,18.78,1.81]
["Composição Auxiliar"," 88267 ","SINAPI","ENCANADOR OU BOMBEIRO HIDRÁULICO COM ENCARGOS COMPLEMENTARES","SEDI - SERVIÇOS DIVERSOS",null,"H",9.6699999999999994E-2,27.97,2.7]
[{"$nulls":4},"MO sem LS =>",1.6798510935318753,"LS =>",1.93,"MO com LS =>",3.61]
[{"$nulls":4},"Valor do BDI =>",1.0900000000000001,null,"Valor com BDI =>",null,5.6]
[]
[null,"Código","Banco","Descrição","Tipo",null,"Und","Quant.","Valor Unit","Total"]
["Composição"," 115 ","ORSE","Forma plana para estruturas, em compensado resinado de 12mm, 02 usos, inclusive escoramento - Rev 02_04/2022","Formas",null,"m²",1,130.32,130.32]
["Composição Auxiliar"," 10549 ","ORSE","Encargos Complementares - Servente","Provisórios",null,"h",1.5,3.75,5.62]
["Composição Auxiliar"," 10551 ","ORSE","Encargos Complementares - Carpinteiro","Provisórios",null,"h",1.333,3.65,4.8600000000000003]
["Insumo"," 630 ","ORSE","Compensado resinado 12mm - Madeirit ou similar m2","Material",null,"m²",0.58399999999999996,39.26,22.92]
["Insumo"," 1569 ","ORSE","Madeira mista serrada (barrote) 6 x 6cm - 0,0036 m3/m (angelim, louro) m","Material",null,"m",3.0670000000000002,8.49,26.03]
["Insumo"," 00001213 ","SINAPI","CARPINTEIRO DE FORMAS (HORISTA)","Mão de Obra",null,"H",1.333,18.11,24.14]
["Insumo"," 00002692 ","SINAPI","DESMOLDANTE PROTETOR PARA FORMAS DE MADEIRA, DE BASE OLEOSA EMULSIONADA EM AGUA","Material",null,"L",0.02,8.7200000000000006,0.17]
["Insumo"," 00004509 ","SINAPI","SARRAFO *2,5 X 10* CM EM PINUS, MISTA OU EQUIVALENTE DA REGIAO - BRUTA","Material",null,"M",2.722,5.61,15.27]
["Insumo"," 00005068 ","SINAPI","PREGO DE ACO POLIDO COM CABECA 17 X 21 (2 X 11)","Material",null,"KG",2.5000000000000001E-2,23.4,0.57999999999999996]
["Insumo"," 00005069 ","SINAPI","PREGO DE ACO POLIDO COM CABECA 17 X 27 (2 1/2 X 11)","Material",null,"KG",0.1,23.85,2.38]
["Insumo"," 00006111 ","SINAPI","SERVENTE DE OBRAS","Mão de Obra",null,"H",1.5,13.19,19.78]
["Insumo"," 00006193 ","SINAPI","TABUA NAO APARELHADA *2,5 X 20* CM, EM MACARANDUBA/MASSARANDUBA, ANGELIM OU EQUIVALENTE DA REGIAO - BRUTA","Material",null,"M",0.30599999999999999,13.89,4.25]
["Insumo"," 00043130 ","SINAPI","ARAME GALVANIZADO 12 BWG, D = 2,76 MM (0,048 KG/M) OU 14 BWG, D = 2,11 MM (0,026 KG/M)","Material",null,"KG",0.15,28.8,4.32]
[{"$nulls":4},"MO sem LS =>",20.437412800000001,"LS =>",23.48,"MO com LS =>",43.92]
[{"$nulls":4},"Valor do BDI =>",31.51,null,"Valor com BDI =>",null,161.83000000000001]
[]
[null,"Código","Banco","Descrição","Tipo",null,"Und","Quant.","Valor Unit","Total"]
["Composição"," 79 ","ORSE","Forma plana para fundações, em tábuas de pinho, 02 usos","Formas para Fundações",null,"m²",1,114.78,114.78]
["Composição Auxiliar"," 10549 ","ORSE","Encargos Complementares - Servente","Provisórios",null,"h",1.5,3.75,5.62]
["Composição Auxiliar"," 10551 ","ORSE","Encargos Complementares - Carpinteiro","Provisórios",null,"h",1.5,3.65,5.47]
["Insumo"," 1569 ","ORSE","Madeira mista serrada (barrote) 6 x 6cm - 0,0036 m3/m (angelim, louro) m","Material",null,"m",1,8.49,8.49]
["Insumo"," 00001213 ","SINAPI","CARPINTEIRO DE FORMAS (HORISTA)","Mão de Obra",null,"H",1.5,18.11,27.16]
["Insumo"," 00002692 ","SINAPI","DESMOLDANTE PROTETOR PARA FORMAS DE MADEIRA, DE BASE OLEOSA EMULSIONADA EM AGUA","Material",null,"L",1.4999999999999999E-2,8.7200000000000006,0.13]
["Insumo"," 00004509 ","SINAPI","SARRAFO *2,5 X 10* CM EM PINUS, MISTA OU EQUIVALENTE DA REGIAO - BRUTA","Material",null,"M",0.6,5.61,3.36]
["Insumo"," 00005067 ","SINAPI","PREGO DE ACO POLIDO COM CABECA 16 X 24 (2 1/4 X 12)","Material",null,"KG",0.3,24.94,7.48]
["Insumo"," 00006111 ","SINAPI","SERVENTE DE OBRAS","Mão de Obra",null,"H",1.5,13.19,19.78]
["Insumo"," 00006189 ","SINAPI","TABUA NAO APARELHADA *2,5 X 30* CM, EM MACARANDUBA/MASSARANDUBA, ANGELIM OU EQUIVALENTE DA REGIAO - BRUTA","Material",null,"M",1.84,20.27,37.29]
[{"$nulls":4},"MO sem LS =>",21.842717499999999,"LS =>",25.1,"MO com LS =>",46.94]
[{"$nulls":4},"Valor do BDI =>",27.75,null,"Valor com BDI =>",null,142.53]
[]
[null,"Código","Banco","Descrição","Tipo",null,"Und","Quant.","Valor Unit","Total"]
["Composição"," 83 ","ORSE","Forma plana para fundações, em tábuas de pinho, 05 usos","Formas para Fundações",null,"m²",1,77.42,77.42]
["Composição Auxiliar"," 10549 ","ORSE","Encargos Complementares - Servente","Provisórios",null,"h",1.3,3.75,4.87]
["Composição Auxiliar"," 10551 ","ORSE","Encargos Complementares - Carpinteiro","Provisórios",null,"h",1.3,3.65,4.74]
["Insumo"," 1569 ","ORSE","Madeira mista serrada (barrote) 6 x 6cm - 0,0036 m3/m (angelim, louro) m","Material",null,"m",0.4,8.49,3.39]
["Insumo"," 00001213 ","SINAPI","CARPINTEIRO DE FORMAS (HORISTA)","Mão de Obra",null,"H",1.3,18.11,23.54]
["Insumo"," 00002692 ","SINAPI","DESMOLDANTE PROTETOR PARA FORMAS DE MADEIRA, DE BASE OLEOSA EMULSIONADA EM AGUA","Material",null,"L",1.4999999999999999E-2,8.7200000000000006,0.13]
["Insumo"," 00004509 ","SINAPI","SARRAFO *2,5 X 10* CM EM PINUS, MISTA OU EQUIVALENTE DA REGIAO - BRUTA","Material",null,"M",0.24,5.61,1.34]
["Insumo"," 00005067 ","SINAPI","PREGO DE ACO POLIDO COM CABECA 16 X 24 (2 1/4 X 12)","Material",null,"KG",0.3,24.94,7.48]
["Insumo"," 00006111 ","SINAPI","SERVENTE DE OBRAS","Mão de Obra",null,"H",1.3,13.19,17.14]
["Insumo"," 00006189 ","SINAPI","TABUA NAO APARELHADA *2,5 X 30* CM, EM MACARANDUBA/MASSARANDUBA, ANGELIM OU EQUIVALENTE DA REGIAO - BRUTA","Material",null,"M",0.73,20.27,14.79]
[{"$nulls":4},"MO sem LS =>",18.929734799999999,"LS =>",21.75,"MO com LS =>",40.68]
[{"$nulls":4},"Valor do BDI =>",18.72,null,"Valor com BDI =>",null,96.14]
[]
[null,"Código","Banco","Descrição","Tipo",null,"Und","Quant.","Valor Unit","Total"]
["Composição"," 90279 ","SINAPI","GRAUTE FGK=20 MPA; TRAÇO 1:0,04:1,8:2,1 (EM MASSA SECA DE CIMENTO/ CAL/ AREIA GROSSA/ BRITA 0) - PREPARO MECÂNICO COM BETONEIRA 400 L. AF_09/2021","FUES - FUNDAÇÕES E ESTRUTURAS",null,"m³",1,531.45000000000005,531.45000000000005]
["Composição Auxiliar"," 88316 ","SINAPI","SERVENTE COM ENCARGOS COMPLEMENTARES","SEDI - SERVIÇOS DIVERSOS",null,"H",2.5491999999999999,18.649999999999999,47.54]
["Composição Auxiliar"," 88377 ","SINAPI","OPERADOR DE BETONEIRA ESTACIONÁRIA/MISTURADOR COM ENCARGOS COMPLEMENTARES","SEDI - SERVIÇOS DIVERSOS",null,"H",1.6069,17.22,27.67]
["Composição Auxiliar"," 88830 ","SINAPI","BETONEIRA CAPACIDADE NOMINAL DE 400 L, CAPACIDADE DE MISTURA 280 L, MOTOR ELÉTRICO TRIFÁSICO POTÊNCIA DE 2 CV, SEM CARREGADOR - CHP DIURNO. AF_05/2023","CHOR - CUSTOS HORÁRIOS DE MÁQUINAS E EQUIPAMENTOS",null,"CHP",1.1137999999999999,2.23,2.48]
["Composição Auxiliar"," 88831 ","SINAPI","BETONEIRA CAPACIDADE NOMINAL DE 400 L, CAPACIDADE DE MISTURA 280 L, MOTOR ELÉTRICO TRIFÁSICO POTÊNCIA DE 2 CV, SEM CARREGADOR - CHI DIURNO. AF_05/2023","CHOR - CUSTOS HORÁRIOS DE MÁQUINAS E EQUIPAMENTOS",null,"CHI",0.49309999999999998,0.36,0.17]
["Insumo"," 00000367 ","SINAPI","AREIA GROSSA - POSTO JAZIDA/FORNECEDOR (RETIRADO NA JAZIDA, SEM TRANSPORTE)","Material",null,"m³",0.63019999999999998,96.24,60.65]
["Insumo"," 00001106 ","SINAPI","CAL HIDRATADA CH-I PARA ARGAMASSAS","Material",null,"KG",15.125500000000001,1.1299999999999999,17.09]
["Insumo"," 00001379 ","SINAPI","CIMENTO PORTLAND COMPOSTO CP II-32","Material",null,"KG",420.15269999999998,0.77,323.51]
["Insumo"," 00004720 ","SINAPI","PEDRA BRITADA N. 0, OU PEDRISCO (4,8 A 9,5 MM) POSTO PEDREIRA/FORNECEDOR, SEM FRETE","Material",null,"m³",0.58819999999999995,89,52.34]
[{"$nulls":4},"MO sem LS =>",25.751512331316892,"LS =>",29.59,"MO com LS =>",55.34]
[{"$nulls":4},"Valor do BDI =>",128.5,null,"Valor com BDI =>",null,659.95]
[]
[null,"Código","Banco","Descrição","Tipo",null,"Und","Quant.","Valor Unit","Total"]
["Composição"," 89995 ","SINAPI","GRAUTEAMENTO DE CINTA SUPERIOR OU DE VERGA EM ALVENARIA ESTRUTURAL. AF_09/2021","FUES - FUNDAÇÕES E ESTRUTURAS",null,"m³",1,908.36,908.36]
["Composição Auxiliar"," 88309 ","SINAPI","PEDREIRO COM ENCARGOS COMPLEMENTARES","SEDI - SERVIÇOS DIVERSOS",null,"H",7.4147999999999996,23.85,176.84]
["Composição Auxiliar"," 88316 ","SINAPI","SERVENTE COM ENCARGOS COMPLEMENTARES","SEDI - SERVIÇOS DIVERSOS",null,"H",4.9432,18.649999999999999,92.19]
["Composição Auxiliar"," 90279 ","SINAPI","GRAUTE FGK=20 MPA; TRAÇO 1:0,04:1,8:2,1 (EM MASSA SECA DE CIMENTO/ CAL/ AREIA GROSSA/ BRITA 0) - PREPARO MECÂNICO COM BETONEIRA 400 L. AF_09/2021","FUES - FUNDAÇÕES E ESTRUTURAS",null,"m³",1.2030000000000001,531.45000000000005,639.33000000000004]
[{"$nulls":4},"MO sem LS =>",125.84457887389483,"LS =>",144.6,"MO com LS =>",270.44]
[{"$nulls":4},"Valor do BDI =>",219.64,null,"Valor com BDI =>",null,1128]
[]
[null,"Código","Banco","Descrição","Tipo",null,"Und","Quant.","Valor Unit","Total"]
["Composição"," 89993 ","SINAPI","GRAUTEAMENTO VERTICAL EM ALVENARIA ESTRUTURAL. AF_09/2021","FUES - FUNDAÇÕES E ESTRUTURAS",null,"m³",1,940.38,940.38]
["Composição Auxiliar"," 88309 ","SINAPI","PEDREIRO COM ENCARGOS COMPLEMENTARES","SEDI - SERVIÇOS DIVERSOS",null,"H",8.2972999999999999,23.85,197.89]
["Composição Auxiliar"," 88316 ","SINAPI","SERVENTE COM ENCARGOS COMPLEMENTARES","SEDI - SERVIÇOS DIVERSOS",null,"H",5.5315000000000003,18.649999999999999,103.16]
["Composição Auxiliar"," 90279 ","SINAPI","GRAUTE FGK=20 MPA; TRAÇO 1:0,04:1,8:2,1 (EM MASSA SECA DE CIMENTO/ CAL/ AREIA GROSSA/ BRITA 0) - PREPARO MECÂNICO COM BETONEIRA 400 L. AF_09/2021","FUES - FUNDAÇÕES E ESTRUTURAS",null,"m³",1.2030000000000001,531.45000000000005,639.33000000000004]
[{"$nulls":4},"MO sem LS =>",137.13820381572825,"LS =>",157.57,"MO com LS =>",294.70999999999998]
[{"$nulls":4},"Valor do BDI =>",227.38,null,"Valor com BDI =>",null,1167.76]
[]
[null,"Código","Banco","Descrição","Tipo",null,"Und","Quant.","Valor Unit","Total"]
["Composição"," 93282 ","SINAPI","GUINCHO ELÉTRICO DE COLUNA, CAPACIDADE 400 KG, COM MOTO FREIO, MOTOR TRIFÁSICO DE 1,25 CV - CHI DIURNO. AF_03/2016","CHOR - CUSTOS HORÁRIOS DE MÁQUINAS E EQUIPAMENTOS",null,"CHI",1,17.48,17.48]
["Composição Auxiliar"," 88295 ","SINAPI","OPERADOR DE GUINCHO COM ENCARGOS COMPLEMENTARES","SEDI - SERVIÇOS DIVERSOS",null,"H",1,17.09,17.09]
["Composição Auxiliar"," 93277 ","SINAPI","GUINCHO ELÉTRICO DE COLUNA, CAPACIDADE 400 KG, COM MOTO FREIO, MOTOR TRIFÁSICO DE 1,25 CV - DEPRECIAÇÃO. AF_03/2016","CHOR - CUSTOS HORÁRIOS DE MÁQUINAS E EQUIPAMENTOS",null,"H",1,0.32,0.32]
["Composição Auxiliar"," 93278 ","SINAPI","GUINCHO ELÉTRICO DE COLUNA, CAPACIDADE 400 KG, COM MOTO FREIO, MOTOR TRIFÁSICO DE 1,25 CV - JUROS. AF_03/2016","CHOR - CUSTOS HORÁRIOS DE MÁQUINAS E EQUIPAMENTOS",null,"H",1,7.0000000000000007E-2,7.0000000000000007E-2]
[{"$nulls":4},"MO sem LS =>",6.0167520000000003,"LS =>",6.91,"MO com LS =>",12.93]
[{"$nulls":4},"Valor do BDI =>",4.22,null,"Valor com BDI =>",null,21.7]
[]
[null,"Código","Banco","Descrição","Tipo",null,"Und","Quant.","Valor Unit","Total"]
["Composição"," 93281 ","SINAPI","GUINCHO ELÉTRICO DE COLUNA, CAPACIDADE 400 KG, COM MOTO FREIO, MOTOR TRIFÁSICO DE 1,25 CV - CHP DIURNO. AF_03/2016","CHOR - CUSTOS HORÁRIOS DE MÁQUINAS E EQUIPAMENTOS",null,"CHP",1,18.73,18.73]
["Composição Auxiliar"," 88295 ","SINAPI","OPERADOR DE GUINCHO COM ENCARGOS COMPLEMENTARES","SEDI - SERVIÇOS DIVERSOS",null,"H",1,17.09,17.09]
["Composição Auxiliar"," 93277 ","SINAPI","GUINCHO ELÉTRICO DE COLUNA, CAPACIDADE 400 KG, COM MOTO FREIO, MOTOR TRIFÁSICO DE 1,25 CV - DEPRECIAÇÃO. AF_03/2016","CHOR - CUSTOS HORÁRIOS DE MÁQUINAS E EQUIPAMENTOS",null,"H",1,0.32,0.32]
["Composição Auxiliar"," 93278 ","SINAPI","GUINCHO ELÉTRICO DE COLUNA, CAPACIDADE 400 KG, COM MOTO FREIO, MOTOR TRIFÁSICO DE 1,25 CV - JUROS. AF_03/2016","CHOR - CUSTOS HORÁRIOS DE MÁQUINAS E EQUIPAMENTOS",null,"H",1,7.0000000000000007E-2,7.0000000000000007E-2]
["Composição Auxiliar"," 93279 ","SINAPI","GUINCHO ELÉTRICO DE COLUNA, CAPACIDADE 400 KG, COM MOTO FREIO, MOTOR TRIFÁSICO DE 1,25 CV - MANUTENÇÃO. AF_03/2016","CHOR - CUSTOS HORÁRIOS DE MÁQUINAS E EQUIPAMENTOS",null,"H",1,0.3,0.3]
["Composição Auxiliar"," 93280 ","SINAPI","GUINCHO ELÉTRICO DE COLUNA, CAPACIDADE 400 KG, COM MOTO FREIO, MOTOR TRIFÁSICO DE 1,25 CV - MATERIAIS NA OPERAÇÃO. AF_03/2016","CHOR - CUSTOS HORÁRIOS DE MÁQUINAS E EQUIPAMENTOS",null,"H",1,0.95,0.95]
[{"$nulls":4},"MO sem LS =>",6.0167520000000003,"LS =>",6.91,"MO com LS =>",12.93]
[{"$nulls":4},"Valor do BDI =>",4.5199999999999996,null,"Valor com BDI =>",null,23.25]
[]
[null,"Código","Banco","Descrição","Tipo",null,"Und","Quant.","Valor Unit","Total"]
["Composição"," 93277 ","SINAPI","GUINCHO ELÉTRICO DE COLUNA, CAPACIDADE 400 KG, COM MOTO FREIO, MOTOR TRIFÁSICO DE 1,25 CV - DEPRECIAÇÃO. AF_03/2016","CHOR - CUSTOS HORÁRIOS DE MÁQUINAS E EQUIPAMENTOS",null,"H",1,0.32,0.32]
["Insumo"," 00036487 ","SINAPI","GUINCHO ELETRICO DE COLUNA, CAPACIDADE 400 KG, COM MOTO FREIO, MOTOR TRIFASICO DE 1,25 CV","Equipamento",null,"UN",6.3999999999999997E-5,5033.2700000000004,0.32]
[{"$nulls":4},"MO sem LS =>",0,"LS =>",0,"MO com LS =>",0]
[{"$nulls":4},"Valor do BDI =>",7.0000000000000007E-2,null,"Valor com BDI =>",null,0.39]
[]
[null,"Código","Banco","Descrição","Tipo",null,"Und","Quant.","Valor Unit","Total"]
["Composição"," 93278 ","SINAPI","GUINCHO ELÉTRICO DE COLUNA, CAPACIDADE 400 KG, COM MOTO FREIO, MOTOR TRIFÁSICO DE 1,25 CV - JUROS. AF_03/2016","CHOR - CUSTOS HORÁRIOS DE MÁQUINAS E EQUIPAMENTOS",null,"H",1,7.0000000000000007E-2,7.0000000000000007E-2]
["Insumo"," 00036487 ","SINAPI","GUINCHO ELETRICO DE COLUNA, CAPACIDADE 400 KG, COM MOTO FREIO, MOTOR TRIFASICO DE 1,25 CV","Equipamento",null,"UN",1.4800000000000001E-5,5033.2700000000004,7.0000000000000007E-2]
[{"$nulls":4},"MO sem LS =>",0,"LS =>",0,"MO com LS =>",0]
[{"$nulls":4},"Valor do BDI =>",0.01,null,"Valor com BDI =>",null,0.08]
[]
[null,"Código","Banco","Descrição","Tipo",null,"Und","Quant.","Valor Unit","Total"]
["Composição"," 93279 ","SINAPI","GUINCHO ELÉTRICO DE COLUNA, CAPACIDADE 400 KG, COM MOTO FREIO, MOTOR TRIFÁSICO DE 1,25 CV - MANUTENÇÃO. AF_03/2016","CHOR - CUSTOS HORÁRIOS DE MÁQUINAS E EQUIPAMENTOS",null,"H",1,0.3,0.3]
["Insumo"," 00036487 ","SINAPI","GUINCHO ELETRICO DE COLUNA, CAPACIDADE 400 KG, COM MOTO FREIO, MOTOR TRIFASICO DE 1,25 CV","Equipamento",null,"UN",6.0000000000000002E-5,5033.2700000000004,0.3]
[{"$nulls":4},"MO sem LS =>",0,"LS =>",0,"MO com LS =>",0]
[{"$nulls":4},"Valor do BDI =>",7.0000000000000007E-2,null,"Valor com BDI =>",null,0.37]
[]
[null,"Código","Banco","Descrição","Tipo",null,"Und","Quant.","Valor Unit","Total"]
["Composição"," 93280 ","SINAPI","GUINCHO ELÉTRICO DE COLUNA, CAPACIDADE 400 KG, COM MOTO FREIO, MOTOR TRIFÁSICO DE 1,25 CV - MATERIAIS NA OPERAÇÃO. AF_03/2016","CHOR - CUSTOS HORÁRIOS DE MÁQUINAS E EQUIPAMENTOS",null,"H",1,0.95,0.95]
["Insumo"," 00002705 ","SINAPI","ENERGIA ELETRICA ATE 2000 KWH INDUSTRIAL, SEM DEMANDA","Material",null,"KWH",0.78,1.23,0.95]
[{"$nulls":4},"MO sem LS =>",0,"LS =>",0,"MO com LS =>",0]
[{"$nulls":4},"Valor do BDI =>",0.22,null,"Valor com BDI =>",null,1.17]
[]
[null,"Código","Banco","Descrição","Tipo",null,"Und","Quant.","Valor Unit","Total"]
["Composição"," 5930 ","SINAPI","GUINDAUTO HIDRÁULICO, CAPACIDADE MÁXIMA DE CARGA 6200 KG, MOMENTO MÁXIMO DE CARGA 11,7 TM, ALCANCE MÁXIMO HORIZONTAL 9,70 M, INCLUSIVE CAMINHÃO TOCO PBT 16.000 KG, POTÊNCIA DE 189 CV - CHI DIURNO. AF_06/2014","CHOR - CUSTOS HORÁRIOS DE MÁQUINAS E EQUIPAMENTOS",null,"CHI",1,66.16,66.16]
["Composição Auxiliar"," 88286 ","SINAPI","MOTORISTA OPERADOR DE MUNCK COM ENCARGOS COMPLEMENTARES","SEDI - SERVIÇOS DIVERSOS",null,"H",1,24.5,24.5]
["Composição Auxiliar"," 89259 ","SINAPI","GUINDAUTO HIDRÁULICO, CAPACIDADE MÁXIMA DE CARGA 6200 KG, MOMENTO MÁXIMO DE CARGA 11,7 TM, ALCANCE MÁXIMO HORIZONTAL 9,70 M, INCLUSIVE CAMINHÃO TOCO PBT 16.000 KG, POTÊNCIA DE 189 CV - DEPRECIAÇÃO. AF_06/2014","CHOR - CUSTOS HORÁRIOS DE MÁQUINAS E EQUIPAMENTOS",null,"H",1,27.43,27.43]
["Composição Auxiliar"," 89260 ","SINAPI","GUINDAUTO HIDRÁULICO, CAPACIDADE MÁXIMA DE CARGA 6200 KG, MOMENTO MÁXIMO DE CARGA 11,7 TM, ALCANCE MÁXIMO HORIZONTAL 9,70 M, INCLUSIVE CAMINHÃO TOCO PBT 16.000 KG, POTÊNCIA DE 189 CV - JUROS. AF_06/2014","CHOR - CUSTOS HORÁRIOS DE MÁQUINAS E EQUIPAMENTOS",null,"H",1,10.14,10.14]
["Composição Auxiliar"," 91466 ","SINAPI","GUINDAUTO HIDRÁULICO, CAPACIDADE MÁXIMA DE CARGA 6200 KG, MOMENTO MÁXIMO DE CARGA 11,7 TM, ALCANCE MÁXIMO HORIZONTAL 9,70 M, INCLUSIVE CAMINHÃO TOCO PBT 16.000 KG, POTÊNCIA DE 189 CV - IMPOSTOS E SEGUROS. AF_08/2015","CHOR - CUSTOS HORÁRIOS DE MÁQUINAS E EQUIPAMENTOS",null,"H",1,4.09,4.09]
[{"$nulls":4},"MO sem LS =>",9.4648673999999993,"LS =>",10.88,"MO com LS =>",20.34]
[{"$nulls":4},"Valor do BDI =>",15.99,null,"Valor com BDI =>",null,82.15]
[]
[null,"Código","Banco","Descrição","Tipo",null,"Und","Quant.","Valor Unit","Total"]
["Composição"," 5928 ","SINAPI","GUINDAUTO HIDRÁULICO, CAPACIDADE MÁXIMA DE CARGA 6200 KG, MOMENTO MÁXIMO DE CARGA 11,7 TM, ALCANCE MÁXIMO HORIZONTAL 9,70 M, INCLUSIVE CAMINHÃO TOCO PBT 16.000 KG, POTÊNCIA DE 189 CV - CHP DIURNO. AF_06/2014","CHOR - CUSTOS HORÁRIOS DE MÁQUINAS E EQUIPAMENTOS",null,"CHP",1,272.54000000000002,272.54000000000002]
["Composição Auxiliar"," 88286 ","SINAPI","MOTORISTA OPERADOR DE MUNCK COM ENCARGOS COMPLEMENTARES","SEDI - SERVIÇOS DIVERSOS",null,"H",1,24.5,24.5]
["Composição Auxiliar"," 89259 ","SINAPI","GUINDAUTO HIDRÁULICO, CAPACIDADE MÁXIMA DE CARGA 6200 KG, MOMENTO MÁXIMO DE CARGA 11,7 TM, ALCANCE MÁXIMO HORIZONTAL 9,70 M, INCLUSIVE CAMINHÃO TOCO PBT 16.000 KG, POTÊNCIA DE 189 CV - DEPRECIAÇÃO. AF_06/2014","CHOR - CUSTOS HORÁRIOS DE MÁQUINAS E EQUIPAMENTOS",null,"H",1,27.43,27.43]
["Composição Auxiliar"," 89260 ","SINAPI","GUINDAUTO HIDRÁULICO, CAPACIDADE MÁXIMA DE CARGA 6200 KG, MOMENTO MÁXIMO DE CARGA 11,7 TM, ALCANCE MÁXIMO HORIZONTAL 9,70 M, INCLUSIVE CAMINHÃO TOCO PBT 16.000 KG, POTÊNCIA DE 189 CV - JUROS. AF_06/2014","CHOR - CUSTOS HORÁRIOS DE MÁQUINAS E EQUIPAMENTOS",null,"H",1,10.14,10.14]
["Composição Auxiliar"," 89262 ","SINAPI","GUINDAUTO HIDRÁULICO, CAPACIDADE MÁXIMA DE CARGA 6200 KG, MOMENTO MÁXIMO DE CARGA 11,7 TM, ALCANCE MÁXIMO HORIZONTAL 9,70 M, INCLUSIVE CAMINHÃO TOCO PBT 16.000 KG, POTÊNCIA DE 189 CV - MANUTENÇÃO. AF_06/2014","CHOR - CUSTOS HORÁRIOS DE MÁQUINAS E EQUIPAMENTOS",null,"H",1,46.75,46.75]
["Composição Auxiliar"," 91466 ","SINAPI","GUINDAUTO HIDRÁULICO, CAPACIDADE MÁXIMA DE CARGA 6200 KG, MOMENTO MÁXIMO DE CARGA 11,7 TM, ALCANCE MÁXIMO HORIZONTAL 9,70 M, INCLUSIVE CAMINHÃO TOCO PBT 16.000 KG, POTÊNCIA DE 189 CV - IMPOSTOS E SEGUROS. AF_08/2015","CHOR - CUSTOS HORÁRIOS DE MÁQUINAS E EQUIPAMENTOS",null,"H",1,4.09,4.09]
["Composição Auxiliar"," 91467 ","SINAPI","GUINDAUTO HIDRÁULICO, CAPACIDADE MÁXIMA DE CARGA 6200 KG, MOMENTO MÁXIMO DE CARGA 11,7 TM, ALCANCE MÁXIMO HORIZONTAL 9,70 M, INCLUSIVE CAMINHÃO TOCO PBT 16.000 KG, POTÊNCIA DE 189 CV - MATERIAIS NA OPERAÇÃO. AF_08/2015","CHOR - CUSTOS HORÁRIOS DE MÁQUINAS E EQUIPAMENTOS",null,"H",1,159.63,159.63]
[{"$nulls":4},"MO sem LS =>",9.4648673999999993,"LS =>",10.88,"MO com LS =>",20.34]
[{"$nulls":4},"Valor do BDI =>",65.900000000000006,null,"Valor com BDI =>",null,338.44]
[]
[null,"Código","Banco","Descrição","Tipo",null,"Und","Quant.","Valor Unit","Total"]
["Composição"," 89259 ","SINAPI","GUINDAUTO HIDRÁULICO, CAPACIDADE MÁXIMA DE CARGA 6200 KG, MOMENTO MÁXIMO DE CARGA 11,7 TM, ALCANCE MÁXIMO HORIZONTAL 9,70 M, INCLUSIVE CAMINHÃO TOCO PBT 16.000 KG, POTÊNCIA DE 189 CV - DEPRECIAÇÃO. AF_06/2014","CHOR - CUSTOS HORÁRIOS DE MÁQUINAS E EQUIPAMENTOS",null,"H",1,27.43,27.43]
["Insumo"," 00003363 ","SINAPI","GUINDAUTO HIDRAULICO, CAPACIDADE MAXIMA DE CARGA 6200 KG, MOMENTO MAXIMO DE CARGA 11,7 TM , ALCANCE MAXIMO HORIZONTAL  9,70 M, PARA MONTAGEM SOBRE CHASSI DE CAMINHAO PBT MINIMO 13000 KG (INCLUI MONTAGEM, NAO INCLUI CAMINHAO)","Equipamento",null,"UN",5.5099999999999998E-5,136000,7.49]
["Insumo"," 00037752 ","SINAPI","CAMINHAO TOCO, PESO BRUTO TOTAL 16000 KG, CARGA UTIL MAXIMA 11030 KG, DISTANCIA ENTRE EIXOS 5,41 M, POTENCIA 185 CV (INCLUI CABINE E CHASSI, NAO INCLUI CARROCERIA)","Equipamento",null,"UN",3.43E-5,581472.94999999995,19.940000000000001]
[{"$nulls":4},"MO sem LS =>",0,"LS =>",0,"MO com LS =>",0]
[{"$nulls":4},"Valor do BDI =>",6.63,null,"Valor com BDI =>",null,34.06]
[]
[null,"Código","Banco","Descrição","Tipo",null,"Und","Quant.","Valor Unit","Total"]
["Composição"," 91466 ","SINAPI","GUINDAUTO HIDRÁULICO, CAPACIDADE MÁXIMA DE CARGA 6200 KG, MOMENTO MÁXIMO DE CARGA 11,7 TM, ALCANCE MÁXIMO HORIZONTAL 9,70 M, INCLUSIVE CAMINHÃO TOCO PBT 16.000 KG, POTÊNCIA DE 189 CV - IMPOSTOS E SEGUROS. AF_08/2015","CHOR - CUSTOS HORÁRIOS DE MÁQUINAS E EQUIPAMENTOS",null,"H",1,4.09,4.09]
["Insumo"," 00003363 ","SINAPI","GUINDAUTO HIDRAULICO, CAPACIDADE MAXIMA DE CARGA 6200 KG, MOMENTO MAXIMO DE CARGA 11,7 TM , ALCANCE MAXIMO HORIZONTAL  9,70 M, PARA MONTAGEM SOBRE CHASSI DE CAMINHAO PBT MINIMO 13000 KG (INCLUI MONTAGEM, NAO INCLUI CAMINHAO)","Equipamento",null,"UN",5.8000000000000004E-6,136000,0.78]
["Insumo"," 00037752 ","SINAPI","CAMINHAO TOCO, PESO BRUTO TOTAL 16000 KG, CARGA UTIL MAXIMA 11030 KG, DISTANCIA ENTRE EIXOS 5,41 M, POTENCIA 185 CV (INCLUI CABINE E CHASSI, NAO INCLUI CARROCERIA)","Equipamento",null,"UN",5.6999999999999996E-6,581472.94999999995,3.31]
[{"$nulls":4},"MO sem LS =>",0,"LS =>",0,"MO com LS =>",0]
[{"$nulls":4},"Valor do BDI =>",0.98,null,"Valor com BDI =>",null,5.07]
[]
[null,"Código","Banco","Descrição","Tipo",null,"Und","Quant.","Valor Unit","Total"]
["Composição"," 89260 ","SINAPI","GUINDAUTO HIDRÁULICO, CAPACIDADE MÁXIMA DE CARGA 6200 KG, MOMENTO MÁXIMO DE CARGA 11,7 TM, ALCANCE MÁXIMO HORIZONTAL 9,70 M, INCLUSIVE CAMINHÃO TOCO PBT 16.000 KG, POTÊNCIA DE 189 CV - JUROS. AF_06/2014","CHOR - CUSTOS HORÁRIOS DE MÁQUINAS E EQUIPAMENTOS",null,"H",1,10.14,10.14]
["Insumo"," 00003363 ","SINAPI","GUINDAUTO HIDRAULICO, CAPACIDADE MAXIMA DE CARGA 6200 KG, MOMENTO MAXIMO DE CARGA 11,7 TM , ALCANCE MAXIMO HORIZONTAL  9,70 M, PARA MONTAGEM SOBRE CHASSI DE CAMINHAO PBT MINIMO 13000 KG (INCLUI MONTAGEM, NAO INCLUI CAMINHAO)","Equipamento",null,"UN",1.4399999999999999E-5,136000,1.95]
["Insumo"," 00037752 ","SINAPI","CAMINHAO TOCO, PESO BRUTO TOTAL 16000 KG, CARGA UTIL MAXIMA 11030 KG, DISTANCIA ENTRE EIXOS 5,41 M, POTENCIA 185 CV (INCLUI CABINE E CHASSI, NAO INCLUI CARROCERIA)","Equipamento",null,"UN",1.4100000000000001E-5,581472.94999999995,8.19]
[{"$nulls":4},"MO sem LS =>",0,"LS =>",0,"MO com LS =>",0]
[{"$nulls":4},"Valor do BDI =>",2.4500000000000002,null,"Valor com BDI =>",null,12.59]
[]
[null,"Código","Banco","Descrição","Tipo",null,"Und","Quant.","Valor Unit","Total"]
["Composição"," 89262 ","SINAPI","GUINDAUTO HIDRÁULICO, CAPACIDADE MÁXIMA DE CARGA 6200 KG, MOMENTO MÁXIMO DE CARGA 11,7 TM, ALCANCE MÁXIMO HORIZONTAL 9,70 M, INCLUSIVE CAMINHÃO TOCO PBT 16.000 KG, POTÊNCIA DE 189 CV - MANUTENÇÃO. AF_06/2014","CHOR - CUSTOS HORÁRIOS DE MÁQUINAS E EQUIPAMENTOS",null,"H",1,46.75,46.75]
["Insumo"," 00003363 ","SINAPI","GUINDAUTO HIDRAULICO, CAPACIDADE MAXIMA DE CARGA 6200 KG, MOMENTO MAXIMO DE CARGA 11,7 TM , ALCANCE MAXIMO HORIZONTAL  9,70 M, PARA MONTAGEM SOBRE CHASSI DE CAMINHAO PBT MINIMO 13000 KG (INCLUI MONTAGEM, NAO INCLUI CAMINHAO)","Equipamento",null,"UN",6.8899999999999994E-5,136000,9.3699999999999992]
["Insumo"," 00037752 ","SINAPI","CAMINHAO TOCO, PESO BRUTO TOTAL 16000 KG, CARGA UTIL MAXIMA 11030 KG, DISTANCIA ENTRE EIXOS 5,41 M, POTENCIA 185 CV (INCLUI CABINE E CHASSI, NAO INCLUI CARROCERIA)","Equipamento",null,"UN",6.4300000000000004E-5,581472.94999999995,37.380000000000003]
[{"$nulls":4},"MO sem LS =>",0,"LS =>",0,"MO com LS =>",0]
[{"$nulls":4},"Valor do BDI =>",11.3,null,"Valor com BDI =>",null,58.05]
[]
[null,"Código","Banco","Descrição","Tipo",null,"Und","Quant.","Valor Unit","Total"]
["Composição"," 91467 ","SINAPI","GUINDAUTO HIDRÁULICO, CAPACIDADE MÁXIMA DE CARGA 6200 KG, MOMENTO MÁXIMO DE CARGA 11,7 TM, ALCANCE MÁXIMO HORIZONTAL 9,70 M, INCLUSIVE CAMINHÃO TOCO PBT 16.000 KG, POTÊNCIA DE 189 CV - MATERIAIS NA OPERAÇÃO. AF_08/2015","CHOR - CUSTOS HORÁRIOS DE MÁQUINAS E EQUIPAMENTOS",null,"H",1,159.63,159.63]
["Insumo"," 00004221 ","SINAPI","OLEO DIESEL COMBUSTIVEL COMUM METROPOLITANO S-10 OU S-500","Material",null,"L",26.43,6.04,159.63]
[{"$nulls":4},"MO sem LS =>",0,"LS =>",0,"MO com LS =>",0]
[{"$nulls":4},"Valor do BDI =>",38.590000000000003,null,"Valor com BDI =>",null,198.22]
[]
[null,"Código","Banco","Descrição","Tipo",null,"Und","Quant.","Valor Unit","Total"]
["Composição"," 91635 ","SINAPI","GUINDAUTO HIDRÁULICO, CAPACIDADE MÁXIMA DE CARGA 6500 KG, MOMENTO MÁXIMO DE CARGA 5,8 TM, ALCANCE MÁXIMO HORIZONTAL 7,60 M, INCLUSIVE CAMINHÃO TOCO PBT 9.700 KG, POTÊNCIA DE 160 CV - CHI DIURNO. AF_08/2015","CHOR - CUSTOS HORÁRIOS DE MÁQUINAS E EQUIPAMENTOS",null,"CHI",1,57.72,57.72]
["Composição Auxiliar"," 88286 ","SINAPI","MOTORISTA OPERADOR DE MUNCK COM ENCARGOS COMPLEMENTARES","SEDI - SERVIÇOS DIVERSOS",null,"H",1,24.5,24.5]
["Composição Auxiliar"," 91629 ","SINAPI","GUINDAUTO HIDRÁULICO, CAPACIDADE MÁXIMA DE CARGA 6500 KG, MOMENTO MÁXIMO DE CARGA 5,8 TM, ALCANCE MÁXIMO HORIZONTAL 7,60 M, INCLUSIVE CAMINHÃO TOCO PBT 9.700 KG, POTÊNCIA DE 160 CV - DEPRECIAÇÃO. AF_08/2015","CHOR - CUSTOS HORÁRIOS DE MÁQUINAS E EQUIPAMENTOS",null,"H",1,21.78,21.78]
["Composição Auxiliar"," 91630 ","SINAPI","GUINDAUTO HIDRÁULICO, CAPACIDADE MÁXIMA DE CARGA 6500 KG, MOMENTO MÁXIMO DE CARGA 5,8 TM, ALCANCE MÁXIMO HORIZONTAL 7,60 M, INCLUSIVE CAMINHÃO TOCO PBT 9.700 KG, POTÊNCIA DE 160 CV - JUROS. AF_08/2015","CHOR - CUSTOS HORÁRIOS DE MÁQUINAS E EQUIPAMENTOS",null,"H",1,8.15,8.15]
["Composição Auxiliar"," 91631 ","SINAPI","GUINDAUTO HIDRÁULICO, CAPACIDADE MÁXIMA DE CARGA 6500 KG, MOMENTO MÁXIMO DE CARGA 5,8 TM, ALCANCE MÁXIMO HORIZONTAL 7,60 M, INCLUSIVE CAMINHÃO TOCO PBT 9.700 KG, POTÊNCIA DE 160 CV - IMPOSTOS E SEGUROS. AF_08/2015","CHOR - CUSTOS HORÁRIOS DE MÁQUINAS E EQUIPAMENTOS",null,"H",1,3.29,3.29]
[{"$nulls":4},"MO sem LS =>",9.4648673999999993,"LS =>",10.88,"MO com LS =>",20.34]
[{"$nulls":4},"Valor do BDI =>",13.95,null,"Valor com BDI =>",null,71.67]
[]
[null,"Código","Banco","Descrição","Tipo",null,"Und","Quant.","Valor Unit","Total"]
["Composição"," 91634 ","SINAPI","GUINDAUTO HIDRÁULICO, CAPACIDADE MÁXIMA DE CARGA 6500 KG, MOMENTO MÁXIMO DE CARGA 5,8 TM, ALCANCE MÁXIMO HORIZONTAL 7,60 M, INCLUSIVE CAMINHÃO TOCO PBT 9.700 KG, POTÊNCIA DE 160 CV - CHP DIURNO. AF_08/2015","CHOR - CUSTOS HORÁRIOS DE MÁQUINAS E EQUIPAMENTOS",null,"CHP",1,230.35,230.35]
["Composição Auxiliar"," 88286 ","SINAPI","MOTORISTA OPERADOR DE MUNCK COM ENCARGOS COMPLEMENTARES","SEDI - SERVIÇOS DIVERSOS",null,"H",1,24.5,24.5]
["Composição Auxiliar"," 91629 ","SINAPI","GUINDAUTO HIDRÁULICO, CAPACIDADE MÁXIMA DE CARGA 6500 KG, MOMENTO MÁXIMO DE CARGA 5,8 TM, ALCANCE MÁXIMO HORIZONTAL 7,60 M, INCLUSIVE CAMINHÃO TOCO PBT 9.700 KG, POTÊNCIA DE 160 CV - DEPRECIAÇÃO. AF_08/2015","CHOR - CUSTOS HORÁRIOS DE MÁQUINAS E EQUIPAMENTOS",null,"H",1,21.78,21.78]
["Composição Auxiliar"," 91630 ","SINAPI","GUINDAUTO HIDRÁULICO, CAPACIDADE MÁXIMA DE CARGA 6500 KG, MOMENTO MÁXIMO DE CARGA 5,8 TM, ALCANCE MÁXIMO HORIZONTAL 7,60 M, INCLUSIVE CAMINHÃO TOCO PBT 9.700 KG, POTÊNCIA DE 160 CV - JUROS. AF_08/2015","CHOR - CUSTOS HORÁRIOS DE MÁQUINAS E EQUIPAMENTOS",null,"H",1,8.15,8.15]
["Composição Auxiliar"," 91631 ","SINAPI","GUINDAUTO HIDRÁULICO, CAPACIDADE MÁXIMA DE CARGA 6500 KG, MOMENTO MÁXIMO DE CARGA 5,8 TM, ALCANCE MÁXIMO HORIZONTAL 7,60 M, INCLUSIVE CAMINHÃO TOCO PBT 9.700 KG, POTÊNCIA DE 160 CV - IMPOSTOS E SEGUROS. AF_08/2015","CHOR - CUSTOS HORÁRIOS DE MÁQUINAS E EQUIPAMENTOS",null,"H",1,3.29,3.29]
["Composição Auxiliar"," 91632 ","SINAPI","GUINDAUTO HIDRÁULICO, CAPACIDADE MÁXIMA DE CARGA 6500 KG, MOMENTO MÁXIMO DE CARGA 5,8 TM, ALCANCE MÁXIMO HORIZONTAL 7,60 M, INCLUSIVE CAMINHÃO TOCO PBT 9.700 KG, POTÊNCIA DE 160 CV - MANUTENÇÃO. AF_08/2015","CHOR - CUSTOS HORÁRIOS DE MÁQUINAS E EQUIPAMENTOS",null,"H",1,37.520000000000003,37.520000000000003]
["Composição Auxiliar"," 91633 ","SINAPI","GUINDAUTO HIDRÁULICO, CAPACIDADE MÁXIMA DE CARGA 6500 KG, MOMENTO MÁXIMO DE CARGA 5,8 TM, ALCANCE MÁXIMO HORIZONTAL 7,60 M, INCLUSIVE CAMINHÃO TOCO PBT 9.700 KG, POTÊNCIA DE 160 CV - MATERIAIS NA OPERAÇÃO. AF_08/2015","CHOR - CUSTOS HORÁRIOS DE MÁQUINAS E EQUIPAMENTOS",null,"H",1,135.11000000000001,135.11000000000001]
[{"$nulls":4},"MO sem LS =>",9.4648673999999993,"LS =>",10.88,"MO com LS =>",20.34]
[{"$nulls":4},"Valor do BDI =>",55.69,null,"Valor com BDI =>",null,286.04000000000002]
[]
[null,"Código","Banco","Descrição","Tipo",null,"Und","Quant.","Valor Unit","Total"]
["Composição"," 91629 ","SINAPI","GUINDAUTO HIDRÁULICO, CAPACIDADE MÁXIMA DE CARGA 6500 KG, MOMENTO MÁXIMO DE CARGA 5,8 TM, ALCANCE MÁXIMO HORIZONTAL 7,60 M, INCLUSIVE CAMINHÃO TOCO PBT 9.700 KG, POTÊNCIA DE 160 CV - DEPRECIAÇÃO. AF_08/2015","CHOR - CUSTOS HORÁRIOS DE MÁQUINAS E EQUIPAMENTOS",null,"H",1,21.78,21.78]
["Insumo"," 00010712 ","SINAPI","GUINDAUTO HIDRAULICO, CAPACIDADE MAXIMA DE CARGA 3300 KG, MOMENTO MAXIMO DE CARGA 5,8 TM , ALCANCE MAXIMO HORIZONTAL  7,60 M, PARA MONTAGEM SOBRE CHASSI DE CAMINHAO PBT MINIMO 8000 KG (INCLUI MONTAGEM, NAO INCLUI CAMINHAO)","Equipamento",null,"UN",5.5099999999999998E-5,96687.5,5.32]
["Insumo"," 00044056 ","SINAPI","CAMINHAO TOCO, PESO BRUTO TOTAL 10700 KG, CARGA UTIL MAXIMA 7400 KG, DISTANCIA ENTRE EIXOS 4,00 M, POTENCIA 175 CV (INCLUI CABINE E CHASSI, NAO INCLUI CARROCERIA)","Equipamento",null,"UN",3.43E-5,479945.92,16.46]
[{"$nulls":4},"MO sem LS =>",0,"LS =>",0,"MO com LS =>",0]
[{"$nulls":4},"Valor do BDI =>",5.26,null,"Valor com BDI =>",null,27.04]
[]
[null,"Código","Banco","Descrição","Tipo",null,"Und","Quant.","Valor Unit","Total"]
["Composição"," 91631 ","SINAPI","GUINDAUTO HIDRÁULICO, CAPACIDADE MÁXIMA DE CARGA 6500 KG, MOMENTO MÁXIMO DE CARGA 5,8 TM, ALCANCE MÁXIMO HORIZONTAL 7,60 M, INCLUSIVE CAMINHÃO TOCO PBT 9.700 KG, POTÊNCIA DE 160 CV - IMPOSTOS E SEGUROS. AF_08/2015","CHOR - CUSTOS HORÁRIOS DE MÁQUINAS E EQUIPAMENTOS",null,"H",1,3.29,3.29]
["Insumo"," 00010712 ","SINAPI","GUINDAUTO HIDRAULICO, CAPACIDADE MAXIMA DE CARGA 3300 KG, MOMENTO MAXIMO DE CARGA 5,8 TM , ALCANCE MAXIMO HORIZONTAL  7,60 M, PARA MONTAGEM SOBRE CHASSI DE CAMINHAO PBT MINIMO 8000 KG (INCLUI MONTAGEM, NAO INCLUI CAMINHAO)","Equipamento",null,"UN",5.8000000000000004E-6,96687.5,0.56000000000000005]
["Insumo"," 00044056 ","SINAPI","CAMINHAO TOCO, PESO BRUTO TOTAL 10700 KG, CARGA UTIL MAXIMA 7400 KG, DISTANCIA ENTRE EIXOS 4,00 M, POTENCIA 175 CV (INCLUI CABINE E CHASSI, NAO INCLUI CARROCERIA)","Equipamento",null,"UN",5.6999999999999996E-6,479945.92,2.73]
[{"$nulls":4},"MO sem LS =>",0,"LS =>",0,"MO com LS =>",0]
[{"$nulls":4},"Valor do BDI =>",0.79,null,"Valor com BDI =>",null,4.08]
[]
[null,"Código","Banco","Descrição","Tipo",null,"Und","Quant.","Valor Unit","Total"]
["Composição"," 91630 ","SINAPI","GUINDAUTO HIDRÁULICO, CAPACIDADE MÁXIMA DE CARGA 6500 KG, MOMENTO MÁXIMO DE CARGA 5,8 TM, ALCANCE MÁXIMO HORIZONTAL 7,60 M, INCLUSIVE CAMINHÃO TOCO PBT 9.700 KG, POTÊNCIA DE 160 CV - JUROS. AF_08/2015","CHOR - CUSTOS HORÁRIOS DE MÁQUINAS E EQUIPAMENTOS",null,"H",1,8.15,8.15]
["Insumo"," 00010712 ","SINAPI","GUINDAUTO HIDRAULICO, CAPACIDADE MAXIMA DE CARGA 3300 KG, MOMENTO MAXIMO DE CARGA 5,8 TM , ALCANCE MAXIMO HORIZONTAL  7,60 M, PARA MONTAGEM SOBRE CHASSI DE CAMINHAO PBT MINIMO 8000 KG (INCLUI MONTAGEM, NAO INCLUI CAMINHAO)","Equipamento",null,"UN",1.4399999999999999E-5,96687.5,1.39]
["Insumo"," 00044056 ","SINAPI","CAMINHAO TOCO, PESO BRUTO TOTAL 10700 KG, CARGA UTIL MAXIMA 7400 KG, DISTANCIA ENTRE EIXOS 4,00 M, POTENCIA 175 CV (INCLUI CABINE E CHASSI, NAO INCLUI CARROCERIA)","Equipamento",null,"UN",1.4100000000000001E-5,479945.92,6.76]
[{"$nulls":4},"MO sem LS =>",0,"LS =>",0,"MO com LS =>",0]
[{"$nulls":4},"Valor do BDI =>",1.97,null,"Valor com BDI =>",null,10.119999999999999]
[]
[null,"Código","Banco","Descrição","Tipo",null,"Und","Quant.","Valor Unit","Total"]
["Composição"," 91632 ","SINAPI","GUINDAUTO HIDRÁULICO, CAPACIDADE MÁXIMA DE CARGA 6500 KG, MOMENTO MÁXIMO DE CARGA 5,8 TM, ALCANCE MÁXIMO HORIZONTAL 7,60 M, INCLUSIVE CAMINHÃO TOCO PBT 9.700 KG, POTÊNCIA DE 160 CV - MANUTENÇÃO. AF_08/2015","CHOR - CUSTOS HORÁRIOS DE MÁQUINAS E EQUIPAMENTOS",null,"H",1,37.520000000000003,37.520000000000003]
["Insumo"," 00010712 ","SINAPI","GUINDAUTO HIDRAULICO, CAPACIDADE MAXIMA DE CARGA 3300 KG, MOMENTO MAXIMO DE CARGA 5,8 TM , ALCANCE MAXIMO HORIZONTAL  7,60 M, PARA MONTAGEM SOBRE CHASSI DE CAMINHAO PBT MINIMO 8000 KG (INCLUI MONTAGEM, NAO INCLUI CAMINHAO)","Equipamento",null,"UN",6.8899999999999994E-5,96687.5,6.66]
["Insumo"," 00044056 ","SINAPI","CAMINHAO TOCO, PESO BRUTO TOTAL 10700 KG, CARGA UTIL MAXIMA 7400 KG, DISTANCIA ENTRE EIXOS 4,00 M, POTENCIA 175 CV (INCLUI CABINE E CHASSI, NAO INCLUI CARROCERIA)","Equipamento",null,"UN",6.4300000000000004E-5,479945.92,30.86]
[{"$nulls":4},"MO sem LS =>",0,"LS =>",0,"MO com LS =>",0]
[{"$nulls":4},"Valor do BDI =>",9.07,null,"Valor com BDI =>",null,46.59]
[]
[null,"Código","Banco","Descrição","Tipo",null,"Und","Quant.","Valor Unit","Total"]
["Composição"," 91633 ","SINAPI","GUINDAUTO HIDRÁULICO, CAPACIDADE MÁXIMA DE CARGA 6500 KG, MOMENTO MÁXIMO DE CARGA 5,8 TM, ALCANCE MÁXIMO HORIZONTAL 7,60 M, INCLUSIVE CAMINHÃO TOCO PBT 9.700 KG, POTÊNCIA DE 160 CV - MATERIAIS NA OPERAÇÃO. AF_08/2015","CHOR - CUSTOS HORÁRIOS DE MÁQUINAS E EQUIPAMENTOS",null,"H",1,135.11000000000001,135.11000000000001]
["Insumo"," 00004221 ","SINAPI","OLEO DIESEL COMBUSTIVEL COMUM METROPOLITANO S-10 OU S-500","Material",null,"L",22.37,6.04,135.11000000000001]
[{"$nulls":4},"MO sem LS =>",0,"LS =>",0,"MO com LS =>",0]
[{"$nulls":4},"Valor do BDI =>",32.659999999999997,null,"Valor com BDI =>",null,167.77]
[]
[null,"Código","Banco","Descrição","Tipo",null,"Und","Quant.","Valor Unit","Total"]
["Composição"," 3108022 ","SICRO3","Guia de madeira de 2,5 x 8,0 cm - confecção e instalação","",null,"m",1,5.09,5.09]
["B","Código","Banco","Mão de Obra","Quantidade","Salário Hora",null,null,null,"Custo Horário"]
["Insumo","P9801","SICRO3","Ajudante",1,null,null,null,18.917100000000001,18.917100000000001]
["Insumo","P9808","SICRO3","Carpinteiro",1,null,null,null,22.5015,22.5015]
[{"$nulls":5},"Custo Horário da Mão de Obra =>",null,null,null,41.418599999999998]
[{"$nulls":5},"Adc.M.O. - Ferramentas (0,0%) =>",null,null,null,0]
[{"$nulls":5},"Custo Horário de Execução =>",null,null,null,41.418599999999998]
[{"$nulls":5},"Fator de Influencia da Chuva - FIC =>",null,null,null,0]
[{"$nulls":5},"Custo do FIC =>",null,null,null,0]
[{"$nulls":5},"Produção de Equipe =>",null,null,null,100]
[{"$nulls":5},"Custo Unitário de Execução =>",null,null,null,0.41420000000000001]
["C","Banco","Código","Material","Quantidade","Unidade","Preço Unitário",null,null,"Custo Horário"]
["Insumo","SICRO3","M1429","Tábua de pinho de terceira - E = 2,5 cm",8.4000000000000005E-2,"m²",54.953899999999997,null,null,4.6161000000000003]
[{"$nulls":5},"Custo Total do Material =>",null,null,null,4.6161000000000003]
["E","Banco","Insumo","Tempos Fixos","Código","Quantidade","Unidade","Preço Unitário",null,"Custo Horário"]
["Tempo Fixo","SICRO3","M1429","Carga, manobra e descarga de materiais diversos em caminhão carroceria de 15 t - carga e descarga manuais",5914655,2.0999999999999999E-3,"t",30.36,null,6.3799999999999996E-2]
[{"$nulls":5},"Custo Total dos Tempos Fixos =>",null,null,null,6.3799999999999996E-2]
["F","Banco","Insumo","Momento de Transporte","Quantidade","Unidade","Distância Média de Transporte (DMT)",null,null,"Custo Horário"]
[{"$nulls":6},"LN","RP","P"]
["Momento de Transporte","SICRO3","M1429","Tábua de pinho de terceira - E = 2,5 cm - Caminhão carroceria com capacidade de 15 t - 188 kW",2.0999999999999999E-3,"tkm","5914449\n0,000\nR$ 1,01","5914464\n0,000\nR$ 0,81","5914479\n0,000\nR$ 0,66",0]
[{"$nulls":5},"Custo total dos Momentos de Transportes =>",null,null,null,0]
[{"$nulls":4},"MO sem LS =>",0.20193825034899954,"LS =>",0.23,"MO com LS =>",0.43396533952702704]
[{"$nulls":4},"Valor do BDI =>",1.23,null,"Valor com BDI =>",null,6.32]
[]
[null,"Código","Banco","Descrição","Tipo",null,"Und","Quant.","Valor Unit","Total"]
["Composição"," 96986 ","SINAPI","HASTE DE ATERRAMENTO, DIÂMETRO 3/4\", COM 3 METROS - FORNECIMENTO E INSTALAÇÃO. AF_08/2023","INEL - INSTALAÇÃO ELÉTRICA/ELETRIFICAÇÃO E ILUMINAÇÃO EXTERNA",null,"UN",1,101.43,101.43]
["Composição Auxiliar"," 88247 ","SINAPI","AUXILIAR DE ELETRICISTA COM ENCARGOS COMPLEMENTARES","SEDI - SERVIÇOS DIVERSOS",null,"H",0.38819999999999999,19.73,7.65]
["Composição Auxiliar"," 88264 ","SINAPI","ELETRICISTA COM ENCARGOS COMPLEMENTARES","SEDI - SERVIÇOS DIVERSOS",null,"H",0.38819999999999999,29.1,11.29]
["Insumo"," 00003378 ","SINAPI","HASTE DE ATERRAMENTO EM ACO COM 3,00 M DE COMPRIMENTO E DN = 3/4\", REVESTIDA COM BAIXA CAMADA DE COBRE, SEM CONECTOR","Material",null,"UN",1,82.49,82.49]
[{"$nulls":4},"MO sem LS =>",6.8915774778966963,"LS =>",7.92,"MO com LS =>",14.81]
[{"$nulls":4},"Valor do BDI =>",24.52,null,"Valor com BDI =>",null,125.95]
[]
[null,"Código","Banco","Descrição","Tipo",null,"Und","Quant.","Valor Unit","Total"]
["Composição"," 96985 ","SINAPI","HASTE DE ATERRAMENTO, DIÂMETRO 5/8\", COM 3 METROS - FORNECIMENTO E INSTALAÇÃO. AF_08/2023","INEL - INSTALAÇÃO ELÉTRICA/ELETRIFICAÇÃO E ILUMINAÇÃO EXTERNA",null,"UN",1,67.87,67.87]
["Composição Auxiliar"," 88247 ","SINAPI","AUXILIAR DE ELETRICISTA COM ENCARGOS COMPLEMENTARES","SEDI - SERVIÇOS DIVERSOS",null,"H",0.24840000000000001,19.73,4.9000000000000004]
["Composição Auxiliar"," 88264 ","SINAPI","ELETRICISTA COM ENCARGOS COMPLEMENTARES","SEDI - SERVIÇOS DIVERSOS",null,"H",0.24840000000000001,29.1,7.22]
["Insumo"," 00003379 ","SINAPI","HASTE DE ATERRAMENTO EM ACO COM 3,00 M DE COMPRIMENTO E DN = 5/8\", REVESTIDA COM BAIXA CAMADA DE COBRE, SEM CONECTOR","Material",null,"UN",1,55.75,55.75]
[{"$nulls":4},"MO sem LS =>",4.406700791065612,"LS =>",5.0599999999999996,"MO com LS =>",9.4700000000000006]
[{"$nulls":4},"Valor do BDI =>",16.41,null,"Valor com BDI =>",null,84.28]
[]
[null,"Código","Banco","Descrição","Tipo",null,"Und","Quant.","Valor Unit","Total"]
["Composição"," 88270 ","SINAPI","IMPERMEABILIZADOR COM ENCARGOS COMPLEMENTARES","SEDI - SERVIÇOS DIVERSOS",null,"H",1,24.25,24.25]
["Composição Auxiliar"," 95338 ","SINAPI","CURSO DE CAPACITAÇÃO PARA IMPERMEABILIZADOR (ENCARGOS COMPLEMENTARES) - HORISTA","SEDI - SERVIÇOS DIVERSOS",null,"H",1,0.41,0.41]
["Insumo"," 00012873 ","SINAPI","IMPERMEABILIZADOR (HORISTA)","Mão de Obra",null,"H",1,18.5,18.5]
["Insumo"," 00037370 ","SINAPI","ALIMENTACAO - HORISTA (COLETADO CAIXA - ENCARGOS COMPLEMENTARES)","Outros",null,"H",1,1.64,1.64]
["Insumo"," 00037371 ","SINAPI","TRANSPORTE - HORISTA (COLETADO CAIXA - ENCARGOS COMPLEMENTARES)","Serviços",null,"H",1,0.48,0.48]
["Insumo"," 00037372 ","SINAPI","EXAMES - HORISTA (COLETADO CAIXA - ENCARGOS COMPLEMENTARES)","Outros",null,"H",1,1.1399999999999999,1.1399999999999999]
["Insumo"," 00037373 ","SINAPI","SEGURO - HORISTA (COLETADO CAIXA - ENCARGOS COMPLEMENTARES)","Taxas",null,"H",1,7.0000000000000007E-2,7.0000000000000007E-2]
["Insumo"," 00043465 ","SINAPI","FERRAMENTAS - FAMILIA PEDREIRO - HORISTA (ENCARGOS COMPLEMENTARES - COLETADO CAIXA)","Equipamento",null,"H",1,0.84,0.84]
["Insumo"," 00043489 ","SINAPI","EPI - FAMILIA PEDREIRO - HORISTA (ENCARGOS COMPLEMENTARES - COLETADO CAIXA)","Equipamento",null,"H",1,1.17,1.17]
[{"$nulls":4},"MO sem LS =>",8.7994415999999998,"LS =>",10.11,"MO com LS =>",18.91]
[{"$nulls":4},"Valor do BDI =>",5.86,null,"Valor com BDI =>",null,30.11]
[]
[null,"Código","Banco","Descrição","Tipo",null,"Und","Quant.","Valor Unit","Total"]
["Composição"," 92022 ","SINAPI","INTERRUPTOR SIMPLES (1 MÓDULO) COM 1 TOMADA DE EMBUTIR 2P+T 10 A, SEM SUPORTE E SEM PLACA - FORNECIMENTO E INSTALAÇÃO. AF_03/2023","INEL - INSTALAÇÃO ELÉTRICA/ELETRIFICAÇÃO E ILUMINAÇÃO EXTERNA",null,"UN",1,40.17,40.17]
["Composição Auxiliar"," 88247 ","SINAPI","AUXILIAR DE ELETRICISTA COM ENCARGOS COMPLEMENTARES","SEDI - SERVIÇOS DIVERSOS",null,"H",0.48599999999999999,19.73,9.58]
["Composição Auxiliar"," 88264 ","SINAPI","ELETRICISTA COM ENCARGOS COMPLEMENTARES","SEDI - SERVIÇOS DIVERSOS",null,"H",0.48599999999999999,29.1,14.14]
["Insumo"," 00038101 ","SINAPI","TOMADA 2P+T 10A, 250V  (APENAS MODULO)","Material",null,"UN",1,8.76,8.76]
["Insumo"," 00038112 ","SINAPI","INTERRUPTOR SIMPLES 10A, 250V (APENAS MODULO)","Material",null,"UN",1,7.69,7.69]
[{"$nulls":4},"MO sem LS =>",8.6272684969753382,"LS =>",9.91,"MO com LS =>",18.54]
[{"$nulls":4},"Valor do BDI =>",9.7100000000000009,null,"Valor com BDI =>",null,49.88]
[]
[null,"Código","Banco","Descrição","Tipo",null,"Und","Quant.","Valor Unit","Total"]
["Composição"," 92025 ","SINAPI","INTERRUPTOR SIMPLES (1 MÓDULO) COM 2 TOMADAS DE EMBUTIR 2P+T 10 A, INCLUINDO SUPORTE E PLACA - FORNECIMENTO E INSTALAÇÃO. AF_03/2023","INEL - INSTALAÇÃO ELÉTRICA/ELETRIFICAÇÃO E ILUMINAÇÃO EXTERNA",null,"UN",1,72.569999999999993,72.569999999999993]
["Composição Auxiliar"," 91946 ","SINAPI","SUPORTE PARAFUSADO COM PLACA DE ENCAIXE 4\" X 2\" MÉDIO (1,30 M DO PISO) PARA PONTO ELÉTRICO - FORNECIMENTO E INSTALAÇÃO. AF_03/2023","INEL - INSTALAÇÃO ELÉTRICA/ELETRIFICAÇÃO E ILUMINAÇÃO EXTERNA",null,"UN",1,11.19,11.19]
["Composição Auxiliar"," 92024 ","SINAPI","INTERRUPTOR SIMPLES (1 MÓDULO) COM 2 TOMADAS DE EMBUTIR 2P+T 10 A, SEM SUPORTE E SEM PLACA - FORNECIMENTO E INSTALAÇÃO. AF_03/2023","INEL - INSTALAÇÃO ELÉTRICA/ELETRIFICAÇÃO E ILUMINAÇÃO EXTERNA",null,"UN",1,61.38,61.38]
[{"$nulls":4},"MO sem LS =>",15.4304328,"LS =>",17.73,"MO com LS =>",33.159999999999997]
[{"$nulls":4},"Valor do BDI =>",17.54,null,"Valor com BDI =>",null,90.11]
[]
[null,"Código","Banco","Descrição","Tipo",null,"Und","Quant.","Valor Unit","Total"]
["Composição"," 92024 ","SINAPI","INTERRUPTOR SIMPLES (1 MÓDULO) COM 2 TOMADAS DE EMBUTIR 2P+T 10 A, SEM SUPORTE E SEM PLACA - FORNECIMENTO E INSTALAÇÃO. AF_03/2023","INEL - INSTALAÇÃO ELÉTRICA/ELETRIFICAÇÃO E ILUMINAÇÃO EXTERNA",null,"UN",1,61.38,61.38]
["Composição Auxiliar"," 88247 ","SINAPI","AUXILIAR DE ELETRICISTA COM ENCARGOS COMPLEMENTARES","SEDI - SERVIÇOS DIVERSOS",null,"H",0.74099999999999999,19.73,14.61]
["Composição Auxiliar"," 88264 ","SINAPI","ELETRICISTA COM ENCARGOS COMPLEMENTARES","SEDI - SERVIÇOS DIVERSOS",null,"H",0.74099999999999999,29.1,21.56]
["Insumo"," 00038101 ","SINAPI","TOMADA 2P+T 10A, 250V  (APENAS MODULO)","Material",null,"UN",2,8.76,17.52]
["Insumo"," 00038112 ","SINAPI","INTERRUPTOR SIMPLES 10A, 250V (APENAS MODULO)","Material",null,"UN",1,7.69,7.69]
[{"$nulls":4},"MO sem LS =>",13.159609120521173,"LS =>",15.12,"MO com LS =>",28.28]
[{"$nulls":4},"Valor do BDI =>",14.84,null,"Valor com BDI =>",null,76.22]
[]
[null,"Código","Banco","Descrição","Tipo",null,"Und","Quant.","Valor Unit","Total"]
["Composição"," 91952 ","SINAPI","INTERRUPTOR SIMPLES (1 MÓDULO), 10A/250V, SEM SUPORTE E SEM PLACA - FORNECIMENTO E INSTALAÇÃO. AF_03/2023","INEL - INSTALAÇÃO ELÉTRICA/ELETRIFICAÇÃO E ILUMINAÇÃO EXTERNA",null,"UN",1,19.010000000000002,19.010000000000002]
["Composição Auxiliar"," 88247 ","SINAPI","AUXILIAR DE ELETRICISTA COM ENCARGOS COMPLEMENTARES","SEDI - SERVIÇOS DIVERSOS",null,"H",0.23200000000000001,19.73,4.57]
["Composição Auxiliar"," 88264 ","SINAPI","ELETRICISTA COM ENCARGOS COMPLEMENTARES","SEDI - SERVIÇOS DIVERSOS",null,"H",0.23200000000000001,29.1,6.75]
["Insumo"," 00038112 ","SINAPI","INTERRUPTOR SIMPLES 10A, 250V (APENAS MODULO)","Material",null,"UN",1,7.69,7.69]
[{"$nulls":4},"MO sem LS =>",4.1181945090739882,"LS =>",4.7300000000000004,"MO com LS =>",8.85]
[{"$nulls":4},"Valor do BDI =>",4.59,null,"Valor com BDI =>",null,23.6]
[]
[null,"Código","Banco","Descrição","Tipo",null,"Und","Quant.","Valor Unit","Total"]
["Composição"," 91958 ","SINAPI","INTERRUPTOR SIMPLES (2 MÓDULOS), 10A/250V, SEM SUPORTE E SEM PLACA - FORNECIMENTO E INSTALAÇÃO. AF_03/2023","INEL - INSTALAÇÃO ELÉTRICA/ELETRIFICAÇÃO E ILUMINAÇÃO EXTERNA",null,"UN",1,35,35]
["Composição Auxiliar"," 88247 ","SINAPI","AUXILIAR DE ELETRICISTA COM ENCARGOS COMPLEMENTARES","SEDI - SERVIÇOS DIVERSOS",null,"H",0.40200000000000002,19.73,7.93]
["Composição Auxiliar"," 88264 ","SINAPI","ELETRICISTA COM ENCARGOS COMPLEMENTARES","SEDI - SERVIÇOS DIVERSOS",null,"H",0.40200000000000002,29.1,11.69]
["Insumo"," 00038112 ","SINAPI","INTERRUPTOR SIMPLES 10A, 250V (APENAS MODULO)","Material",null,"UN",2,7.69,15.38]
[{"$nulls":4},"MO sem LS =>",7.133550488599349,"LS =>",8.1999999999999993,"MO com LS =>",15.330000000000002]
[{"$nulls":4},"Valor do BDI =>",8.4600000000000009,null,"Valor com BDI =>",null,43.46]
[]
[null,"Código","Banco","Descrição","Tipo",null,"Und","Quant.","Valor Unit","Total"]
["Composição"," 91967 ","SINAPI","INTERRUPTOR SIMPLES (3 MÓDULOS), 10A/250V, INCLUINDO SUPORTE E PLACA - FORNECIMENTO E INSTALAÇÃO. AF_03/2023","INEL - INSTALAÇÃO ELÉTRICA/ELETRIFICAÇÃO E ILUMINAÇÃO EXTERNA",null,"UN",1,62.18,62.18]
["Composição Auxiliar"," 91946 ","SINAPI","SUPORTE PARAFUSADO COM PLACA DE ENCAIXE 4\" X 2\" MÉDIO (1,30 M DO PISO) PARA PONTO ELÉTRICO - FORNECIMENTO E INSTALAÇÃO. AF_03/2023","INEL - INSTALAÇÃO ELÉTRICA/ELETRIFICAÇÃO E ILUMINAÇÃO EXTERNA",null,"UN",1,11.19,11.19]
["Composição Auxiliar"," 91966 ","SINAPI","INTERRUPTOR SIMPLES (3 MÓDULOS), 10A/250V, SEM SUPORTE E SEM PLACA - FORNECIMENTO E INSTALAÇÃO. AF_03/2023","INEL - INSTALAÇÃO ELÉTRICA/ELETRIFICAÇÃO E ILUMINAÇÃO EXTERNA",null,"UN",1,50.99,50.99]
[{"$nulls":4},"MO sem LS =>",12.4243834,"LS =>",14.28,"MO com LS =>",26.7]
[{"$nulls":4},"Valor do BDI =>",15.03,null,"Valor com BDI =>",null,77.209999999999994]
[]
[null,"Código","Banco","Descrição","Tipo",null,"Und","Quant.","Valor Unit","Total"]
["Composição"," 91966 ","SINAPI","INTERRUPTOR SIMPLES (3 MÓDULOS), 10A/250V, SEM SUPORTE E SEM PLACA - FORNECIMENTO E INSTALAÇÃO. AF_03/2023","INEL - INSTALAÇÃO ELÉTRICA/ELETRIFICAÇÃO E ILUMINAÇÃO EXTERNA",null,"UN",1,50.99,50.99]
["Composição Auxiliar"," 88247 ","SINAPI","AUXILIAR DE ELETRICISTA COM ENCARGOS COMPLEMENTARES","SEDI - SERVIÇOS DIVERSOS",null,"H",0.57199999999999995,19.73,11.28]
["Composição Auxiliar"," 88264 ","SINAPI","ELETRICISTA COM ENCARGOS COMPLEMENTARES","SEDI - SERVIÇOS DIVERSOS",null,"H",0.57199999999999995,29.1,16.64]
["Insumo"," 00038112 ","SINAPI","INTERRUPTOR SIMPLES 10A, 250V (APENAS MODULO)","Material",null,"UN",3,7.69,23.07]
[{"$nulls":4},"MO sem LS =>",10.153559795253607,"LS =>",11.67,"MO com LS =>",21.82]
[{"$nulls":4},"Valor do BDI =>",12.32,null,"Valor com BDI =>",null,63.31]
[]
[null,"Código","Banco","Descrição","Tipo",null,"Und","Quant.","Valor Unit","Total"]
["Composição"," 94559 ","SINAPI","JANELA DE AÇO TIPO BASCULANTE PARA VIDROS, COM BATENTE, FERRAGENS E PINTURA ANTICORROSIVA. EXCLUSIVE VIDROS, ACABAMENTO, ALIZAR E CONTRAMARCO. FORNECIMENTO E INSTALAÇÃO. AF_12/2019","ESQV - ESQUADRIAS/FERRAGENS/VIDROS",null,"m²",1,641,641]
["Composição Auxiliar"," 88309 ","SINAPI","PEDREIRO COM ENCARGOS COMPLEMENTARES","SEDI - SERVIÇOS DIVERSOS",null,"H",4.5810000000000004,23.85,109.25]
["Composição Auxiliar"," 88316 ","SINAPI","SERVENTE COM ENCARGOS COMPLEMENTARES","SEDI - SERVIÇOS DIVERSOS",null,"H",2.2909999999999999,18.649999999999999,42.72]
["Composição Auxiliar"," 88629 ","SINAPI","ARGAMASSA TRAÇO 1:3 (EM VOLUME DE CIMENTO E AREIA MÉDIA ÚMIDA), PREPARO MANUAL. AF_08/2019","SEDI - SERVIÇOS DIVERSOS",null,"m³",2.1000000000000001E-2,633.35,13.3]
["Insumo"," 00011190 ","SINAPI","JANELA BASCULANTE, ACO, COM BATENTE/REQUADRO, 60 X 60 CM (SEM VIDROS)","Material",null,"UN",2.778,171.25,475.73]
[{"$nulls":4},"MO sem LS =>",54.951140065146582,"LS =>",63.14,"MO com LS =>",118.09]
[{"$nulls":4},"Valor do BDI =>",154.99,null,"Valor com BDI =>",null,795.99]
[]
[null,"Código","Banco","Descrição","Tipo",null,"Und","Quant.","Valor Unit","Total"]
["Composição"," 100665 ","SINAPI","JANELA DE MADEIRA - CEDRINHO/ANGELIM OU EQUIVALENTE DA REGIÃO - DE ABRIR COM 4 FOLHAS (2 VENEZIANAS E 2 GUILHOTINAS PARA VIDRO), COM BATENTE, ALIZAR E FERRAGENS. EXCLUSIVE VIDROS, ACABAMENTO E CONTRAMARCO. FORNECIMENTO E INSTALAÇÃO. AF_12/2019","ESQV - ESQUADRIAS/FERRAGENS/VIDROS",null,"m²",1,679.01,679.01]
["Composição Auxiliar"," 88261 ","SINAPI","CARPINTEIRO DE ESQUADRIA COM ENCARGOS COMPLEMENTARES","SEDI - SERVIÇOS DIVERSOS",null,"H",1.7330000000000001,22.67,39.28]
["Composição Auxiliar"," 88316 ","SINAPI","SERVENTE COM ENCARGOS COMPLEMENTARES","SEDI - SERVIÇOS DIVERSOS",null,"H",0.86650000000000005,18.649999999999999,16.16]
["Insumo"," 00000142 ","SINAPI","SELANTE ELASTICO MONOCOMPONENTE A BASE DE POLIURETANO (PU) PARA JUNTAS DIVERSAS","Material",null,"310ML",0.83509999999999995,43.54,36.36]
["Insumo"," 00003421 ","SINAPI","JANELA EM MADEIRA CEDRINHO/ ANGELIM COMERCIAL/ CURUPIXA/ CUMARU OU EQUIVALENTE DA REGIAO, CAIXA DO BATENTE/MARCO *10* CM, 2 FOLHAS DE ABRIR TIPO VENEZIANA E 2 FOLHAS GUILHOTINA PARA VIDRO, COM GUARNICAO/ALIZAR, COM FERRAGENS (SEM VIDRO E SEM ACABAMENTO)","Material",null,"m²",1,569.19000000000005,569.19000000000005]
["Insumo"," 00004430 ","SINAPI","CAIBRO NAO APARELHADO *5 X 6* CM, EM MACARANDUBA/MASSARANDUBA, ANGELIM OU EQUIVALENTE DA REGIAO - BRUTA","Material",null,"M",1.7258,9.83,16.96]
["Insumo"," 00005067 ","SINAPI","PREGO DE ACO POLIDO COM CABECA 16 X 24 (2 1/4 X 12)","Material",null,"KG",4.2867700000000002E-2,24.94,1.06]
[{"$nulls":4},"MO sem LS =>",19.553280595625871,"LS =>",22.47,"MO com LS =>",42.02]
[{"$nulls":4},"Valor do BDI =>",164.18,null,"Valor com BDI =>",null,843.19]
[]
[null,"Código","Banco","Descrição","Tipo",null,"Und","Quant.","Valor Unit","Total"]
["Composição"," 88441 ","SINAPI","JARDINEIRO COM ENCARGOS COMPLEMENTARES","SEDI - SERVIÇOS DIVERSOS",null,"H",1,18.399999999999999,18.399999999999999]
["Composição Auxiliar"," 95390 ","SINAPI","CURSO DE CAPACITAÇÃO PARA JARDINEIRO (ENCARGOS COMPLEMENTARES) - HORISTA","SEDI - SERVIÇOS DIVERSOS",null,"H",1,0.06,0.06]
["Insumo"," 00037370 ","SINAPI","ALIMENTACAO - HORISTA (COLETADO CAIXA - ENCARGOS COMPLEMENTARES)","Outros",null,"H",1,1.64,1.64]
["Insumo"," 00037371 ","SINAPI","TRANSPORTE - HORISTA (COLETADO CAIXA - ENCARGOS COMPLEMENTARES)","Serviços",null,"H",1,0.48,0.48]
["Insumo"," 00037372 ","SINAPI","EXAMES - HORISTA (COLETADO CAIXA - ENCARGOS COMPLEMENTARES)","Outros",null,"H",1,1.1399999999999999,1.1399999999999999]
["Insumo"," 00037373 ","SINAPI","SEGURO - HORISTA (COLETADO CAIXA - ENCARGOS COMPLEMENTARES)","Taxas",null,"H",1,7.0000000000000007E-2,7.0000000000000007E-2]
["Insumo"," 00043465 ","SINAPI","FERRAMENTAS - FAMILIA PEDREIRO - HORISTA (ENCARGOS COMPLEMENTARES - COLETADO CAIXA)","Equipamento",null,"H",1,0.84,0.84]
["Insumo"," 00043489 ","SINAPI","EPI - FAMILIA PEDREIRO - HORISTA (ENCARGOS COMPLEMENTARES - COLETADO CAIXA)","Equipamento",null,"H",1,1.17,1.17]
["Insumo"," 00044503 ","SINAPI","JARDINEIRO (HORISTA)","Mão de Obra",null,"H",1,13,13]
[{"$nulls":4},"MO sem LS =>",6.0772452000000001,"LS =>",6.98,"MO com LS =>",13.06]
[{"$nulls":4},"Valor do BDI =>",4.4400000000000004,null,"Valor com BDI =>",null,22.84]
[]
[null,"Código","Banco","Descrição","Tipo",null,"Und","Quant.","Valor Unit","Total"]
["Composição"," 94672 ","SINAPI","JOELHO 90 GRAUS COM BUCHA DE LATÃO, PVC, SOLDÁVEL, DN  25 MM, X 3/4\u0094 INSTALADO EM RESERVAÇÃO DE ÁGUA DE EDIFICAÇÃO QUE POSSUA RESERVATÓRIO DE FIBRA/FIBROCIMENTO   FORNECIMENTO E INSTALAÇÃO. AF_06/2016","INHI - INSTALAÇÕES HIDROS SANITÁRIAS",null,"UN",1,9.73,9.73]
["Composição Auxiliar"," 88248 ","SINAPI","AUXILIAR DE ENCANADOR OU BOMBEIRO HIDRÁULICO COM ENCARGOS COMPLEMENTARES","SEDI - SERVIÇOS DIVERSOS",null,"H",0.12,18.78,2.25]
["Composição Auxiliar"," 88267 ","SINAPI","ENCANADOR OU BOMBEIRO HIDRÁULICO COM ENCARGOS COMPLEMENTARES","SEDI - SERVIÇOS DIVERSOS",null,"H",0.12,27.97,3.35]
["Insumo"," 00003522 ","SINAPI","JOELHO PVC, SOLDAVEL COM ROSCA, 90 GRAUS, 25 MM X 3/4\", COR MARROM, PARA AGUA FRIA PREDIAL","Material",null,"UN",1,2.86,2.86]
["Insumo"," 00020080 ","SINAPI","ADESIVO PLASTICO PARA PVC, FRASCO COM 175 GR","Material",null,"UN",0.04,16.920000000000002,0.67]
["Insumo"," 00020083 ","SINAPI","SOLUCAO PREPARADORA / LIMPADORA PARA PVC, FRASCO COM 1000 CM3","Material",null,"UN",0.01,58.75,0.57999999999999996]
["Insumo"," 00038383 ","SINAPI","LIXA D'AGUA EM FOLHA, GRAO 100","Material",null,"UN",1.2E-2,1.89,0.02]
[{"$nulls":4},"MO sem LS =>",2.0846905537459284,"LS =>",2.4,"MO com LS =>",4.4800000000000004]
[{"$nulls":4},"Valor do BDI =>",2.35,null,"Valor com BDI =>",null,12.08]
[]
[null,"Código","Banco","Descrição","Tipo",null,"Und","Quant.","Valor Unit","Total"]
["Composição"," 89366 ","SINAPI","JOELHO 90 GRAUS COM BUCHA DE LATÃO, PVC, SOLDÁVEL, DN 25MM, X 3/4  INSTALADO EM RAMAL OU SUB-RAMAL DE ÁGUA - FORNECIMENTO E INSTALAÇÃO. AF_06/2022","INHI - INSTALAÇÕES HIDROS SANITÁRIAS",null,"UN",1,16.89,16.89]
["Composição Auxiliar"," 88248 ","SINAPI","AUXILIAR DE ENCANADOR OU BOMBEIRO HIDRÁULICO COM ENCARGOS COMPLEMENTARES","SEDI - SERVIÇOS DIVERSOS",null,"H",0.1416,18.78,2.65]
["Composição Auxiliar"," 88267 ","SINAPI","ENCANADOR OU BOMBEIRO HIDRÁULICO COM ENCARGOS COMPLEMENTARES","SEDI - SERVIÇOS DIVERSOS",null,"H",0.1416,27.97,3.96]
["Insumo"," 00000122 ","SINAPI","ADESIVO PLASTICO PARA PVC, FRASCO COM *850* GR","Material",null,"UN",5.8999999999999999E-3,51.86,0.3]
["Insumo"," 00003524 ","SINAPI","JOELHO PVC, SOLDAVEL, COM BUCHA DE LATAO, 90 GRAUS, 25 MM X 3/4\", PARA AGUA FRIA PREDIAL","Material",null,"UN",1,9.51,9.51]
["Insumo"," 00020083 ","SINAPI","SOLUCAO PREPARADORA / LIMPADORA PARA PVC, FRASCO COM 1000 CM3","Material",null,"UN",7.0000000000000001E-3,58.75,0.41]
["Insumo"," 00038383 ","SINAPI","LIXA D'AGUA EM FOLHA, GRAO 100","Material",null,"UN",3.3799999999999997E-2,1.89,0.06]
[{"$nulls":4},"MO sem LS =>",2.4616100511865984,"LS =>",2.83,"MO com LS =>",5.29]
[{"$nulls":4},"Valor do BDI =>",4.08,null,"Valor com BDI =>",null,20.97]
[]
[null,"Código","Banco","Descrição","Tipo",null,"Und","Quant.","Valor Unit","Total"]
["Composição"," 89362 ","SINAPI","JOELHO 90 GRAUS, PVC, SOLDÁVEL, DN 25MM, INSTALADO EM RAMAL OU SUB-RAMAL DE ÁGUA - FORNECIMENTO E INSTALAÇÃO. AF_06/2022","INHI - INSTALAÇÕES HIDROS SANITÁRIAS",null,"UN",1,8.85,8.85]
["Composição Auxiliar"," 88248 ","SINAPI","AUXILIAR DE ENCANADOR OU BOMBEIRO HIDRÁULICO COM ENCARGOS COMPLEMENTARES","SEDI - SERVIÇOS DIVERSOS",null,"H",0.152,18.78,2.85]
["Composição Auxiliar"," 88267 ","SINAPI","ENCANADOR OU BOMBEIRO HIDRÁULICO COM ENCARGOS COMPLEMENTARES","SEDI - SERVIÇOS DIVERSOS",null,"H",0.152,27.97,4.25]
["Insumo"," 00000122 ","SINAPI","ADESIVO PLASTICO PARA PVC, FRASCO COM *850* GR","Material",null,"UN",7.1000000000000004E-3,51.86,0.36]
["Insumo"," 00003529 ","SINAPI","JOELHO PVC, SOLDAVEL, 90 GRAUS, 25 MM, COR MARROM, PARA AGUA FRIA PREDIAL","Material",null,"UN",1,0.86,0.86]
["Insumo"," 00020083 ","SINAPI","SOLUCAO PREPARADORA / LIMPADORA PARA PVC, FRASCO COM 1000 CM3","Material",null,"UN",8.0000000000000002E-3,58.75,0.47]
["Insumo"," 00038383 ","SINAPI","LIXA D'AGUA EM FOLHA, GRAO 100","Material",null,"UN",3.3799999999999997E-2,1.89,0.06]
[{"$nulls":4},"MO sem LS =>",2.6430898092135875,"LS =>",3.04,"MO com LS =>",5.68]
[{"$nulls":4},"Valor do BDI =>",2.13,null,"Valor com BDI =>",null,10.98]
[]
[null,"Código","Banco","Descrição","Tipo",null,"Und","Quant.","Valor Unit","Total"]
["Composição"," 94674 ","SINAPI","JOELHO 90 GRAUS, PVC, SOLDÁVEL, DN 32 MM INSTALADO EM RESERVAÇÃO DE ÁGUA DE EDIFICAÇÃO QUE POSSUA RESERVATÓRIO DE FIBRA/FIBROCIMENTO   FORNECIMENTO E INSTALAÇÃO. AF_06/2016","INHI - INSTALAÇÕES HIDROS SANITÁRIAS",null,"UN",1,9.73,9.73]
["Composição Auxiliar"," 88248 ","SINAPI","AUXILIAR DE ENCANADOR OU BOMBEIRO HIDRÁULICO COM ENCARGOS COMPLEMENTARES","SEDI - SERVIÇOS DIVERSOS",null,"H",0.12,18.78,2.25]
["Composição Auxiliar"," 88267 ","SINAPI","ENCANADOR OU BOMBEIRO HIDRÁULICO COM ENCARGOS COMPLEMENTARES","SEDI - SERVIÇOS DIVERSOS",null,"H",0.12,27.97,3.35]
["Insumo"," 00003536 ","SINAPI","JOELHO PVC, SOLDAVEL, 90 GRAUS, 32 MM, COR MARROM, PARA AGUA FRIA PREDIAL","Material",null,"UN",1,2.86,2.86]
["Insumo"," 00020080 ","SINAPI","ADESIVO PLASTICO PARA PVC, FRASCO COM 175 GR","Material",null,"UN",0.04,16.920000000000002,0.67]
["Insumo"," 00020083 ","SINAPI","SOLUCAO PREPARADORA / LIMPADORA PARA PVC, FRASCO COM 1000 CM3","Material",null,"UN",0.01,58.75,0.57999999999999996]
["Insumo"," 00038383 ","SINAPI","LIXA D'AGUA EM FOLHA, GRAO 100","Material",null,"UN",1.2E-2,1.89,0.02]
[{"$nulls":4},"MO sem LS =>",2.0846905537459284,"LS =>",2.4,"MO com LS =>",4.4800000000000004]
[{"$nulls":4},"Valor do BDI =>",2.35,null,"Valor com BDI =>",null,12.08]
[]
[null,"Código","Banco","Descrição","Tipo",null,"Und","Quant.","Valor Unit","Total"]
["Composição"," 89970 ","SINAPI","KIT DE REGISTRO DE PRESSÃO BRUTO DE LATÃO ¾\", INCLUSIVE CONEXÕES, ROSCÁVEL, INSTALADO EM RAMAL DE ÁGUA FRIA - FORNECIMENTO E INSTALAÇÃO. AF_12/2014","INHI - INSTALAÇÕES HIDROS SANITÁRIAS",null,"UN",1,40.99,40.99]
["Composição Auxiliar"," 89351 ","SINAPI","REGISTRO DE PRESSÃO BRUTO, LATÃO,  ROSCÁVEL, 3/4'' - FORNECIMENTO E INSTALAÇÃO. AF_08/2021","INHI - INSTALAÇÕES HIDROS SANITÁRIAS",null,"UN",1,27.81,27.81]
["Composição Auxiliar"," 89383 ","SINAPI","ADAPTADOR CURTO COM BOLSA E ROSCA PARA REGISTRO, PVC, SOLDÁVEL, DN 25MM X 3/4 , INSTALADO EM RAMAL OU SUB-RAMAL DE ÁGUA - FORNECIMENTO E INSTALAÇÃO. AF_06/2022","INHI - INSTALAÇÕES HIDROS SANITÁRIAS",null,"UN",1,6.22,6.22]
["Composição Auxiliar"," 89385 ","SINAPI","LUVA SOLDÁVEL E COM ROSCA, PVC, SOLDÁVEL, DN 25MM X 3/4 , INSTALADO EM RAMAL OU SUB-RAMAL DE ÁGUA - FORNECIMENTO E INSTALAÇÃO. AF_06/2022","INHI - INSTALAÇÕES HIDROS SANITÁRIAS",null,"UN",1,6.96,6.96]
[{"$nulls":4},"MO sem LS =>",5.1977663999999999,"LS =>",5.97,"MO com LS =>",11.17]
[{"$nulls":4},"Valor do BDI =>",9.91,null,"Valor com BDI =>",null,50.9]
[]
[null,"Código","Banco","Descrição","Tipo",null,"Und","Quant.","Valor Unit","Total"]
["Composição"," 95240 ","SINAPI","LASTRO DE CONCRETO MAGRO, APLICADO EM PISOS, LAJES SOBRE SOLO OU RADIERS, ESPESSURA DE 3 CM. AF_07/2016","FUES - FUNDAÇÕES E ESTRUTURAS",null,"m²",1,16.75,16.75]
["Composição Auxiliar"," 88309 ","SINAPI","PEDREIRO COM ENCARGOS COMPLEMENTARES","SEDI - SERVIÇOS DIVERSOS",null,"H",0.16309999999999999,23.85,3.88]
["Composição Auxiliar"," 88316 ","SINAPI","SERVENTE COM ENCARGOS COMPLEMENTARES","SEDI - SERVIÇOS DIVERSOS",null,"H",4.4400000000000002E-2,18.649999999999999,0.82]
["Composição Auxiliar"," 94968 ","SINAPI","CONCRETO MAGRO PARA LASTRO, TRAÇO 1:4,5:4,5 (EM MASSA SECA DE CIMENTO/ AREIA MÉDIA/ BRITA 1) - PREPARO MECÂNICO COM BETONEIRA 600 L. AF_05/2021","FUES - FUNDAÇÕES E ESTRUTURAS",null,"m³",3.39E-2,355.51,12.05]
[{"$nulls":4},"MO sem LS =>",2.3964634713820381,"LS =>",2.75,"MO com LS =>",5.15]
[{"$nulls":4},"Valor do BDI =>",4.05,null,"Valor com BDI =>",null,20.8]
[]
[null,"Código","Banco","Descrição","Tipo",null,"Und","Quant.","Valor Unit","Total"]
["Composição"," 86902 ","SINAPI","LAVATÓRIO LOUÇA BRANCA COM COLUNA, *44 X 35,5* CM, PADRÃO POPULAR - FORNECIMENTO E INSTALAÇÃO. AF_01/2020","INHI - INSTALAÇÕES HIDROS SANITÁRIAS",null,"UN",1,306.05,306.05]
["Composição Auxiliar"," 88267 ","SINAPI","ENCANADOR OU BOMBEIRO HIDRÁULICO COM ENCARGOS COMPLEMENTARES","SEDI - SERVIÇOS DIVERSOS",null,"H",0.87880000000000003,27.97,24.58]
["Composição Auxiliar"," 88316 ","SINAPI","SERVENTE COM ENCARGOS COMPLEMENTARES","SEDI - SERVIÇOS DIVERSOS",null,"H",0.44429999999999997,18.649999999999999,8.2799999999999994]
["Insumo"," 00004351 ","SINAPI","PARAFUSO NIQUELADO 3 1/2\" COM ACABAMENTO CROMADO PARA FIXAR PECA SANITARIA, INCLUI PORCA CEGA, ARRUELA E BUCHA DE NYLON TAMANHO S-8","Material",null,"UN",6,17.71,106.26]
["Insumo"," 00036794 ","SINAPI","LAVATORIO DE LOUCA BRANCA, COM COLUNA, DIMENSOES *44 X 35* CM (L X C)","Material",null,"UN",1,158.99,158.99]
["Insumo"," 00037329 ","SINAPI","REJUNTE EPOXI, QUALQUER COR","Material",null,"KG",7.6499999999999999E-2,103.88,7.94]
[{"$nulls":4},"MO sem LS =>",12.312703583061889,"LS =>",14.15,"MO com LS =>",26.46]
[{"$nulls":4},"Valor do BDI =>",74,null,"Valor com BDI =>",null,380.05]
[]
[null,"Código","Banco","Descrição","Tipo",null,"Und","Quant.","Valor Unit","Total"]
["Composição"," 86904 ","SINAPI","LAVATÓRIO LOUÇA BRANCA SUSPENSO, 29,5 X 39CM OU EQUIVALENTE, PADRÃO POPULAR - FORNECIMENTO E INSTALAÇÃO. AF_01/2020","INHI - INSTALAÇÕES HIDROS SANITÁRIAS",null,"UN",1,143.22,143.22]
["Composição Auxiliar"," 88267 ","SINAPI","ENCANADOR OU BOMBEIRO HIDRÁULICO COM ENCARGOS COMPLEMENTARES","SEDI - SERVIÇOS DIVERSOS",null,"H",0.38700000000000001,27.97,10.82]
["Composição Auxiliar"," 88316 ","SINAPI","SERVENTE COM ENCARGOS COMPLEMENTARES","SEDI - SERVIÇOS DIVERSOS",null,"H",0.18859999999999999,18.649999999999999,3.51]
["Insumo"," 00004351 ","SINAPI","PARAFUSO NIQUELADO 3 1/2\" COM ACABAMENTO CROMADO PARA FIXAR PECA SANITARIA, INCLUI PORCA CEGA, ARRUELA E BUCHA DE NYLON TAMANHO S-8","Material",null,"UN",2,17.71,35.42]
["Insumo"," 00010425 ","SINAPI","LAVATORIO DE LOUCA BRANCA, SUSPENSO (SEM COLUNA), DIMENSOES *40 X 30* CM","Material",null,"UN",1,90.32,90.32]
["Insumo"," 00037329 ","SINAPI","REJUNTE EPOXI, QUALQUER COR","Material",null,"KG",3.04E-2,103.88,3.15]
[{"$nulls":4},"MO sem LS =>",5.3792461610051188,"LS =>",6.18,"MO com LS =>",11.56]
[{"$nulls":4},"Valor do BDI =>",34.630000000000003,null,"Valor com BDI =>",null,177.85]
[]
[null,"Código","Banco","Descrição","Tipo",null,"Und","Quant.","Valor Unit","Total"]
["Composição"," 86943 ","SINAPI","LAVATÓRIO LOUÇA BRANCA SUSPENSO, 29,5 X 39CM OU EQUIVALENTE, PADRÃO POPULAR, INCLUSO SIFÃO FLEXÍVEL EM PVC, VÁLVULA E ENGATE FLEXÍVEL 30CM EM PLÁSTICO E TORNEIRA CROMADA DE MESA, PADRÃO POPULAR - FORNECIMENTO E INSTALAÇÃO. AF_01/2020","INHI - INSTALAÇÕES HIDROS SANITÁRIAS",null,"UN",1,241.75,241.75]
["Composição Auxiliar"," 86879 ","SINAPI","VÁLVULA EM PLÁSTICO 1\u0094 PARA PIA, TANQUE OU LAVATÓRIO, COM OU SEM LADRÃO - FORNECIMENTO E INSTALAÇÃO. AF_01/2020","INHI - INSTALAÇÕES HIDROS SANITÁRIAS",null,"UN",1,9.5299999999999994,9.5299999999999994]
["Composição Auxiliar"," 86883 ","SINAPI","SIFÃO DO TIPO FLEXÍVEL EM PVC 1  X 1.1/2  - FORNECIMENTO E INSTALAÇÃO. AF_01/2020","INHI - INSTALAÇÕES HIDROS SANITÁRIAS",null,"UN",1,11.93,11.93]
["Composição Auxiliar"," 86884 ","SINAPI","ENGATE FLEXÍVEL EM PLÁSTICO BRANCO, 1/2\u0094 X 30CM - FORNECIMENTO E INSTALAÇÃO. AF_01/2020","INHI - INSTALAÇÕES HIDROS SANITÁRIAS",null,"UN",1,10.65,10.65]
["Composição Auxiliar"," 86904 ","SINAPI","LAVATÓRIO LOUÇA BRANCA SUSPENSO, 29,5 X 39CM OU EQUIVALENTE, PADRÃO POPULAR - FORNECIMENTO E INSTALAÇÃO. AF_01/2020","INHI - INSTALAÇÕES HIDROS SANITÁRIAS",null,"UN",1,143.22,143.22]
["Composição Auxiliar"," 86906 ","SINAPI","TORNEIRA CROMADA DE MESA, 1/2\u0094 OU 3/4\u0094, PARA LAVATÓRIO, PADRÃO POPULAR - FORNECIMENTO E INSTALAÇÃO. AF_01/2020","INHI - INSTALAÇÕES HIDROS SANITÁRIAS",null,"UN",1,66.42,66.42]
[{"$nulls":4},"MO sem LS =>",11.2052117,"LS =>",12.87,"MO com LS =>",24.08]
[{"$nulls":4},"Valor do BDI =>",58.45,null,"Valor com BDI =>",null,300.2]
[]
[null,"Código","Banco","Descrição","Tipo",null,"Und","Quant.","Valor Unit","Total"]
["Composição"," 97586 ","SINAPI","LUMINÁRIA TIPO CALHA, DE SOBREPOR, COM 2 LÂMPADAS TUBULARES FLUORESCENTES DE 36 W, COM REATOR DE PARTIDA RÁPIDA - FORNECIMENTO E INSTALAÇÃO. AF_02/2020","INEL - INSTALAÇÃO ELÉTRICA/ELETRIFICAÇÃO E ILUMINAÇÃO EXTERNA",null,"UN",1,159.36000000000001,159.36000000000001]
["Composição Auxiliar"," 88247 ","SINAPI","AUXILIAR DE ELETRICISTA COM ENCARGOS COMPLEMENTARES","SEDI - SERVIÇOS DIVERSOS",null,"H",0.17269999999999999,19.73,3.4]
["Composição Auxiliar"," 88264 ","SINAPI","ELETRICISTA COM ENCARGOS COMPLEMENTARES","SEDI - SERVIÇOS DIVERSOS",null,"H",0.41439999999999999,29.1,12.05]
["Insumo"," 00003799 ","SINAPI","LUMINARIA DE SOBREPOR EM CHAPA DE ACO PARA 2 LAMPADAS FLUORESCENTES DE *36* W, ALETADA, COMPLETA (LAMPADAS E REATOR INCLUSOS)","Material",null,"UN",1,143.91,143.91]
[{"$nulls":4},"MO sem LS =>",5.7375523499302004,"LS =>",6.59,"MO com LS =>",12.33]
[{"$nulls":4},"Valor do BDI =>",38.53,null,"Valor com BDI =>",null,197.89]
[]
[null,"Código","Banco","Descrição","Tipo",null,"Und","Quant.","Valor Unit","Total"]
["Composição"," 97593 ","SINAPI","LUMINÁRIA TIPO SPOT, DE SOBREPOR, COM 1 LÂMPADA FLUORESCENTE DE 15 W, SEM REATOR - FORNECIMENTO E INSTALAÇÃO. AF_02/2020","INEL - INSTALAÇÃO ELÉTRICA/ELETRIFICAÇÃO E ILUMINAÇÃO EXTERNA",null,"UN",1,145.03,145.03]
["Composição Auxiliar"," 88247 ","SINAPI","AUXILIAR DE ELETRICISTA COM ENCARGOS COMPLEMENTARES","SEDI - SERVIÇOS DIVERSOS",null,"H",0.18329999999999999,19.73,3.61]
["Composição Auxiliar"," 88264 ","SINAPI","ELETRICISTA COM ENCARGOS COMPLEMENTARES","SEDI - SERVIÇOS DIVERSOS",null,"H",0.45179999999999998,29.1,13.14]
["Insumo"," 00012266 ","SINAPI","LUMINARIA SPOT DE SOBREPOR EM ALUMINIO COM ALETA PLASTICA PARA 1 LAMPADA, BASE E27, POTENCIA MAXIMA 40/60 W (NAO INCLUI LAMPADA)","Material",null,"UN",1,113.15,113.15]
["Insumo"," 00038191 ","SINAPI","LAMPADA FLUORESCENTE COMPACTA 2U BRANCA 15 W, BASE E27 (127/220 V)","Material",null,"UN",1,15.13,15.13]
[{"$nulls":4},"MO sem LS =>",6.2168450442066074,"LS =>",7.14,"MO com LS =>",13.36]
[{"$nulls":4},"Valor do BDI =>",35.06,null,"Valor com BDI =>",null,180.09]
[]
[null,"Código","Banco","Descrição","Tipo",null,"Und","Quant.","Valor Unit","Total"]
["Composição"," 89385 ","SINAPI","LUVA SOLDÁVEL E COM ROSCA, PVC, SOLDÁVEL, DN 25MM X 3/4 , INSTALADO EM RAMAL OU SUB-RAMAL DE ÁGUA - FORNECIMENTO E INSTALAÇÃO. AF_06/2022","INHI - INSTALAÇÕES HIDROS SANITÁRIAS",null,"UN",1,6.96,6.96]
["Composição Auxiliar"," 88248 ","SINAPI","AUXILIAR DE ENCANADOR OU BOMBEIRO HIDRÁULICO COM ENCARGOS COMPLEMENTARES","SEDI - SERVIÇOS DIVERSOS",null,"H",9.4399999999999998E-2,18.78,1.77]
["Composição Auxiliar"," 88267 ","SINAPI","ENCANADOR OU BOMBEIRO HIDRÁULICO COM ENCARGOS COMPLEMENTARES","SEDI - SERVIÇOS DIVERSOS",null,"H",9.4399999999999998E-2,27.97,2.64]
["Insumo"," 00000122 ","SINAPI","ADESIVO PLASTICO PARA PVC, FRASCO COM *850* GR","Material",null,"UN",5.8999999999999999E-3,51.86,0.3]
["Insumo"," 00003906 ","SINAPI","LUVA SOLDAVEL COM ROSCA, PVC, 25 MM X 3/4\", PARA AGUA FRIA PREDIAL","Material",null,"UN",1,1.79,1.79]
["Insumo"," 00020083 ","SINAPI","SOLUCAO PREPARADORA / LIMPADORA PARA PVC, FRASCO COM 1000 CM3","Material",null,"UN",7.0000000000000001E-3,58.75,0.41]
["Insumo"," 00038383 ","SINAPI","LIXA D'AGUA EM FOLHA, GRAO 100","Material",null,"UN",3.15E-2,1.89,0.05]
[{"$nulls":4},"MO sem LS =>",1.6426244765006981,"LS =>",1.89,"MO com LS =>",3.53]
[{"$nulls":4},"Valor do BDI =>",1.68,null,"Valor com BDI =>",null,8.64]
[]
[null,"Código","Banco","Descrição","Tipo",null,"Und","Quant.","Valor Unit","Total"]
["Composição"," 7692 ","ORSE","Lançamento de concreto simples fabricado na obra, inclusive adensamento e acabamento em peças da superestrutura","Concreto Simples",null,"m³",1,46.94,46.94]
["Composição Auxiliar"," 10549 ","ORSE","Encargos Complementares - Servente","Provisórios",null,"h",1.62,3.75,6.07]
["Composição Auxiliar"," 10550 ","ORSE","Encargos Complementares - Pedreiro","Provisórios",null,"h",0.36,3.61,1.29]
["Composição Auxiliar"," 10551 ","ORSE","Encargos Complementares - Carpinteiro","Provisórios",null,"h",0.36,3.65,1.31]
["Composição Auxiliar"," 10555 ","ORSE","Encargos Complementares - Armador","Provisórios",null,"h",0.18,3.58,0.64]
["Insumo"," 00000378 ","SINAPI","ARMADOR (HORISTA)","Mão de Obra",null,"H",0.18,18.11,3.25]
["Insumo"," 00001213 ","SINAPI","CARPINTEIRO DE FORMAS (HORISTA)","Mão de Obra",null,"H",0.36,18.11,6.51]
["Insumo"," 00004750 ","SINAPI","PEDREIRO (HORISTA)","Mão de Obra",null,"H",0.36,18.11,6.51]
["Insumo"," 00006111 ","SINAPI","SERVENTE DE OBRAS","Mão de Obra",null,"H",1.62,13.19,21.36]
[{"$nulls":4},"MO sem LS =>",17.510470000000002,"LS =>",20.12,"MO com LS =>",37.630000000000003]
[{"$nulls":4},"Valor do BDI =>",11.35,null,"Valor com BDI =>",null,58.29]
[]
[null,"Código","Banco","Descrição","Tipo",null,"Und","Quant.","Valor Unit","Total"]
["Composição"," 128 ","ORSE","Lançamento de concreto usinado, bombeado, em peças armadas da superestrutura, inclusive colocação, adensamento e acabamento","Concreto Simples",null,"m³",1,46.94,46.94]
["Composição Auxiliar"," 10549 ","ORSE","Encargos Complementares - Servente","Provisórios",null,"h",1.62,3.75,6.07]
["Composição Auxiliar"," 10550 ","ORSE","Encargos Complementares - Pedreiro","Provisórios",null,"h",0.36,3.61,1.29]
["Composição Auxiliar"," 10551 ","ORSE","Encargos Complementares - Carpinteiro","Provisórios",null,"h",0.36,3.65,1.31]
["Composição Auxiliar"," 10555 ","ORSE","Encargos Complementares - Armador","Provisórios",null,"h",0.18,3.58,0.64]
["Insumo"," 00000378 ","SINAPI","ARMADOR (HORISTA)","Mão de Obra",null,"H",0.18,18.11,3.25]
["Insumo"," 00001213 ","SINAPI","CARPINTEIRO DE FORMAS (HORISTA)","Mão de Obra",null,"H",0.36,18.11,6.51]
["Insumo"," 00004750 ","SINAPI","PEDREIRO (HORISTA)","Mão de Obra",null,"H",0.36,18.11,6.51]
["Insumo"," 00006111 ","SINAPI","SERVENTE DE OBRAS","Mão de Obra",null,"H",1.62,13.19,21.36]
[{"$nulls":4},"MO sem LS =>",17.510470000000002,"LS =>",20.12,"MO com LS =>",37.630000000000003]
[{"$nulls":4},"Valor do BDI =>",11.35,null,"Valor com BDI =>",null,58.29]
[]
[null,"Código","Banco","Descrição","Tipo",null,"Und","Quant.","Valor Unit","Total"]
["Composição"," 97611 ","SINAPI","LÂMPADA COMPACTA FLUORESCENTE DE 15 W, BASE E27 - FORNECIMENTO E INSTALAÇÃO. AF_02/2020","INEL - INSTALAÇÃO ELÉTRICA/ELETRIFICAÇÃO E ILUMINAÇÃO EXTERNA",null,"UN",1,24.29,24.29]
["Composição Auxiliar"," 88247 ","SINAPI","AUXILIAR DE ELETRICISTA COM ENCARGOS COMPLEMENTARES","SEDI - SERVIÇOS DIVERSOS",null,"H",6.9000000000000006E-2,19.73,1.36]
["Composição Auxiliar"," 88264 ","SINAPI","ELETRICISTA COM ENCARGOS COMPLEMENTARES","SEDI - SERVIÇOS DIVERSOS",null,"H",0.16550000000000001,29.1,4.8099999999999996]
["Insumo"," 00012295 ","SINAPI","SOQUETE DE BAQUELITE BASE E27, PARA LAMPADAS","Material",null,"UN",1,2.99,2.99]
["Insumo"," 00038191 ","SINAPI","LAMPADA FLUORESCENTE COMPACTA 2U BRANCA 15 W, BASE E27 (127/220 V)","Material",null,"UN",1,15.13,15.13]
[{"$nulls":4},"MO sem LS =>",2.2894369474174034,"LS =>",2.63,"MO com LS =>",4.92]
[{"$nulls":4},"Valor do BDI =>",5.87,null,"Valor com BDI =>",null,30.16]
[]
[null,"Código","Banco","Descrição","Tipo",null,"Und","Quant.","Valor Unit","Total"]
["Composição"," 97612 ","SINAPI","LÂMPADA COMPACTA FLUORESCENTE DE 20 W, BASE E27 - FORNECIMENTO E INSTALAÇÃO. AF_02/2020","INEL - INSTALAÇÃO ELÉTRICA/ELETRIFICAÇÃO E ILUMINAÇÃO EXTERNA",null,"UN",1,26.42,26.42]
["Composição Auxiliar"," 88247 ","SINAPI","AUXILIAR DE ELETRICISTA COM ENCARGOS COMPLEMENTARES","SEDI - SERVIÇOS DIVERSOS",null,"H",6.9000000000000006E-2,19.73,1.36]
["Composição Auxiliar"," 88264 ","SINAPI","ELETRICISTA COM ENCARGOS COMPLEMENTARES","SEDI - SERVIÇOS DIVERSOS",null,"H",0.16550000000000001,29.1,4.8099999999999996]
["Insumo"," 00012295 ","SINAPI","SOQUETE DE BAQUELITE BASE E27, PARA LAMPADAS","Material",null,"UN",1,2.99,2.99]
["Insumo"," 00038780 ","SINAPI","LAMPADA FLUORESCENTE COMPACTA 3U BRANCA 20 W, BASE E27 (127/220 V)","Material",null,"UN",1,17.260000000000002,17.260000000000002]
[{"$nulls":4},"MO sem LS =>",2.2894369474174034,"LS =>",2.63,"MO com LS =>",4.92]
[{"$nulls":4},"Valor do BDI =>",6.38,null,"Valor com BDI =>",null,32.799999999999997]
[]
[null,"Código","Banco","Descrição","Tipo",null,"Und","Quant.","Valor Unit","Total"]
["Composição"," 87548 ","SINAPI","MASSA ÚNICA, PARA RECEBIMENTO DE PINTURA, EM ARGAMASSA TRAÇO 1:2:8, PREPARO MANUAL, APLICADA MANUALMENTE EM FACES INTERNAS DE PAREDES, ESPESSURA DE 10MM, COM EXECUÇÃO DE TALISCAS. AF_06/2014","REVE - REVESTIMENTO E TRATAMENTO DE SUPERFÍCIES",null,"m²",1,24.71,24.71]
["Composição Auxiliar"," 87369 ","SINAPI","ARGAMASSA TRAÇO 1:2:8 (EM VOLUME DE CIMENTO, CAL E AREIA MÉDIA ÚMIDA) PARA EMBOÇO/MASSA ÚNICA/ASSENTAMENTO DE ALVENARIA DE VEDAÇÃO, PREPARO MANUAL. AF_08/2019","SEDI - SERVIÇOS DIVERSOS",null,"m³",2.1299999999999999E-2,656.92,13.99]
["Composição Auxiliar"," 88309 ","SINAPI","PEDREIRO COM ENCARGOS COMPLEMENTARES","SEDI - SERVIÇOS DIVERSOS",null,"H",0.35,23.85,8.34]
["Composição Auxiliar"," 88316 ","SINAPI","SERVENTE COM ENCARGOS COMPLEMENTARES","SEDI - SERVIÇOS DIVERSOS",null,"H",0.128,18.649999999999999,2.38]
[{"$nulls":4},"MO sem LS =>",5.2908329455560725,"LS =>",6.08,"MO com LS =>",11.37]
[{"$nulls":4},"Valor do BDI =>",5.97,null,"Valor com BDI =>",null,30.68]
[]
[null,"Código","Banco","Descrição","Tipo",null,"Und","Quant.","Valor Unit","Total"]
["Composição"," 87529 ","SINAPI","MASSA ÚNICA, PARA RECEBIMENTO DE PINTURA, EM ARGAMASSA TRAÇO 1:2:8, PREPARO MECÂNICO COM BETONEIRA 400L, APLICADA MANUALMENTE EM FACES INTERNAS DE PAREDES, ESPESSURA DE 20MM, COM EXECUÇÃO DE TALISCAS. AF_06/2014","REVE - REVESTIMENTO E TRATAMENTO DE SUPERFÍCIES",null,"m²",1,34.630000000000003,34.630000000000003]
["Composição Auxiliar"," 87292 ","SINAPI","ARGAMASSA TRAÇO 1:2:8 (EM VOLUME DE CIMENTO, CAL E AREIA MÉDIA ÚMIDA) PARA EMBOÇO/MASSA ÚNICA/ASSENTAMENTO DE ALVENARIA DE VEDAÇÃO, PREPARO MECÂNICO COM BETONEIRA 400 L. AF_08/2019","SEDI - SERVIÇOS DIVERSOS",null,"m³",3.7600000000000001E-2,538.80999999999995,20.25]
["Composição Auxiliar"," 88309 ","SINAPI","PEDREIRO COM ENCARGOS COMPLEMENTARES","SEDI - SERVIÇOS DIVERSOS",null,"H",0.47,23.85,11.2]
["Composição Auxiliar"," 88316 ","SINAPI","SERVENTE COM ENCARGOS COMPLEMENTARES","SEDI - SERVIÇOS DIVERSOS",null,"H",0.17100000000000001,18.649999999999999,3.18]
[{"$nulls":4},"MO sem LS =>",6.1377384830153563,"LS =>",7.05,"MO com LS =>",13.19]
[{"$nulls":4},"Valor do BDI =>",8.3699999999999992,null,"Valor com BDI =>",null,43]
[]
[null,"Código","Banco","Descrição","Tipo",null,"Und","Quant.","Valor Unit","Total"]
["Composição"," 94295 ","SINAPI","MESTRE DE OBRAS COM ENCARGOS COMPLEMENTARES","SEDI - SERVIÇOS DIVERSOS",null,"MES",1,6798.93,6798.93]
["Composição Auxiliar"," 95423 ","SINAPI","CURSO DE CAPACITAÇÃO PARA MESTRE DE OBRAS (ENCARGOS COMPLEMENTARES) - MENSALISTA","SEDI - SERVIÇOS DIVERSOS",null,"MES",1,104.23,104.23]
["Insumo"," 00040819 ","SINAPI","MESTRE DE OBRAS (MENSALISTA)","Mão de Obra",null,"MES",1,6223.25,6223.25]
["Insumo"," 00040863 ","SINAPI","EXAMES - MENSALISTA (COLETADO CAIXA - ENCARGOS COMPLEMENTARES)","Material",null,"MES",1,215.56,215.56]
["Insumo"," 00040864 ","SINAPI","SEGURO - MENSALISTA (COLETADO CAIXA - ENCARGOS COMPLEMENTARES)","Material",null,"MES",1,12.89,12.89]
["Insumo"," 00043475 ","SINAPI","FERRAMENTAS - FAMILIA ENCARREGADO GERAL - MENSALISTA (ENCARGOS COMPLEMENTARES - COLETADO CAIXA)","Equipamento",null,"MES",1,21.49,21.49]
["Insumo"," 00043499 ","SINAPI","EPI - FAMILIA ENCARREGADO GERAL - MENSALISTA (ENCARGOS COMPLEMENTARES - COLETADO CAIXA)","Equipamento",null,"MES",1,221.51,221.51]
[{"$nulls":4},"MO sem LS =>",2944.3834342,"LS =>",3383.1,"MO com LS =>",6327.48]
[{"$nulls":4},"Valor do BDI =>",1643.98,null,"Valor com BDI =>",null,8442.91]
[]
[null,"Código","Banco","Descrição","Tipo",null,"Und","Quant.","Valor Unit","Total"]
["Composição"," 88392 ","SINAPI","MISTURADOR DE ARGAMASSA, EIXO HORIZONTAL, CAPACIDADE DE MISTURA 300 KG, MOTOR ELÉTRICO POTÊNCIA 5 CV - CHI DIURNO. AF_05/2023","CHOR - CUSTOS HORÁRIOS DE MÁQUINAS E EQUIPAMENTOS",null,"CHI",1,0.96,0.96]
["Composição Auxiliar"," 88387 ","SINAPI","MISTURADOR DE ARGAMASSA, EIXO HORIZONTAL, CAPACIDADE DE MISTURA 300 KG, MOTOR ELÉTRICO POTÊNCIA 5 CV - DEPRECIAÇÃO. AF_05/2023","CHOR - CUSTOS HORÁRIOS DE MÁQUINAS E EQUIPAMENTOS",null,"H",1,0.77,0.77]
["Composição Auxiliar"," 88389 ","SINAPI","MISTURADOR DE ARGAMASSA, EIXO HORIZONTAL, CAPACIDADE DE MISTURA 300 KG, MOTOR ELÉTRICO POTÊNCIA 5 CV - JUROS. AF_05/2023","CHOR - CUSTOS HORÁRIOS DE MÁQUINAS E EQUIPAMENTOS",null,"H",1,0.19,0.19]
[{"$nulls":4},"MO sem LS =>",0,"LS =>",0,"MO com LS =>",0]
[{"$nulls":4},"Valor do BDI =>",0.23,null,"Valor com BDI =>",null,1.19]
[]
[null,"Código","Banco","Descrição","Tipo",null,"Und","Quant.","Valor Unit","Total"]
["Composição"," 88386 ","SINAPI","MISTURADOR DE ARGAMASSA, EIXO HORIZONTAL, CAPACIDADE DE MISTURA 300 KG, MOTOR ELÉTRICO POTÊNCIA 5 CV - CHP DIURNO. AF_05/2023","CHOR - CUSTOS HORÁRIOS DE MÁQUINAS E EQUIPAMENTOS",null,"CHP",1,5.7,5.7]
["Composição Auxiliar"," 88387 ","SINAPI","MISTURADOR DE ARGAMASSA, EIXO HORIZONTAL, CAPACIDADE DE MISTURA 300 KG, MOTOR ELÉTRICO POTÊNCIA 5 CV - DEPRECIAÇÃO. AF_05/2023","CHOR - CUSTOS HORÁRIOS DE MÁQUINAS E EQUIPAMENTOS",null,"H",1,0.77,0.77]
["Composição Auxiliar"," 88389 ","SINAPI","MISTURADOR DE ARGAMASSA, EIXO HORIZONTAL, CAPACIDADE DE MISTURA 300 KG, MOTOR ELÉTRICO POTÊNCIA 5 CV - JUROS. AF_05/2023","CHOR - CUSTOS HORÁRIOS DE MÁQUINAS E EQUIPAMENTOS",null,"H",1,0.19,0.19]
["Composição Auxiliar"," 88390 ","SINAPI","MISTURADOR DE ARGAMASSA, EIXO HORIZONTAL, CAPACIDADE DE MISTURA 300 KG, MOTOR ELÉTRICO POTÊNCIA 5 CV - MANUTENÇÃO. AF_05/2023","CHOR - CUSTOS HORÁRIOS DE MÁQUINAS E EQUIPAMENTOS",null,"H",1,0.9,0.9]
["Composição Auxiliar"," 88391 ","SINAPI","MISTURADOR DE ARGAMASSA, EIXO HORIZONTAL, CAPACIDADE DE MISTURA 300 KG, MOTOR ELÉTRICO POTÊNCIA 5 CV - MATERIAIS NA OPERAÇÃO. AF_05/2023","CHOR - CUSTOS HORÁRIOS DE MÁQUINAS E EQUIPAMENTOS",null,"H",1,3.84,3.84]
[{"$nulls":4},"MO sem LS =>",0,"LS =>",0,"MO com LS =>",0]
[{"$nulls":4},"Valor do BDI =>",1.37,null,"Valor com BDI =>",null,7.07]
[]
[null,"Código","Banco","Descrição","Tipo",null,"Und","Quant.","Valor Unit","Total"]
["Composição"," 88387 ","SINAPI","MISTURADOR DE ARGAMASSA, EIXO HORIZONTAL, CAPACIDADE DE MISTURA 300 KG, MOTOR ELÉTRICO POTÊNCIA 5 CV - DEPRECIAÇÃO. AF_05/2023","CHOR - CUSTOS HORÁRIOS DE MÁQUINAS E EQUIPAMENTOS",null,"H",1,0.77,0.77]
["Insumo"," 00037544 ","SINAPI","MISTURADOR DE ARGAMASSA, EIXO HORIZONTAL, CAPACIDADE DE MISTURA 300 KG, MOTOR ELETRICO TRIFASICO 220/380 V, POTENCIA 5 CV","Equipamento",null,"UN",6.0000000000000002E-5,12987.11,0.77]
[{"$nulls":4},"MO sem LS =>",0,"LS =>",0,"MO com LS =>",0]
[{"$nulls":4},"Valor do BDI =>",0.18,null,"Valor com BDI =>",null,0.95]
[]
[null,"Código","Banco","Descrição","Tipo",null,"Und","Quant.","Valor Unit","Total"]
["Composição"," 88389 ","SINAPI","MISTURADOR DE ARGAMASSA, EIXO HORIZONTAL, CAPACIDADE DE MISTURA 300 KG, MOTOR ELÉTRICO POTÊNCIA 5 CV - JUROS. AF_05/2023","CHOR - CUSTOS HORÁRIOS DE MÁQUINAS E EQUIPAMENTOS",null,"H",1,0.19,0.19]
["Insumo"," 00037544 ","SINAPI","MISTURADOR DE ARGAMASSA, EIXO HORIZONTAL, CAPACIDADE DE MISTURA 300 KG, MOTOR ELETRICO TRIFASICO 220/380 V, POTENCIA 5 CV","Equipamento",null,"UN",1.4800000000000001E-5,12987.11,0.19]
[{"$nulls":4},"MO sem LS =>",0,"LS =>",0,"MO com LS =>",0]
[{"$nulls":4},"Valor do BDI =>",0.04,null,"Valor com BDI =>",null,0.23]
[]
[null,"Código","Banco","Descrição","Tipo",null,"Und","Quant.","Valor Unit","Total"]
["Composição"," 88390 ","SINAPI","MISTURADOR DE ARGAMASSA, EIXO HORIZONTAL, CAPACIDADE DE MISTURA 300 KG, MOTOR ELÉTRICO POTÊNCIA 5 CV - MANUTENÇÃO. AF_05/2023","CHOR - CUSTOS HORÁRIOS DE MÁQUINAS E EQUIPAMENTOS",null,"H",1,0.9,0.9]
["Insumo"," 00037544 ","SINAPI","MISTURADOR DE ARGAMASSA, EIXO HORIZONTAL, CAPACIDADE DE MISTURA 300 KG, MOTOR ELETRICO TRIFASICO 220/380 V, POTENCIA 5 CV","Equipamento",null,"UN",6.9999999999999994E-5,12987.11,0.9]
[{"$nulls":4},"MO sem LS =>",0,"LS =>",0,"MO com LS =>",0]
[{"$nulls":4},"Valor do BDI =>",0.21,null,"Valor com BDI =>",null,1.1100000000000001]
[]
[null,"Código","Banco","Descrição","Tipo",null,"Und","Quant.","Valor Unit","Total"]
["Composição"," 88391 ","SINAPI","MISTURADOR DE ARGAMASSA, EIXO HORIZONTAL, CAPACIDADE DE MISTURA 300 KG, MOTOR ELÉTRICO POTÊNCIA 5 CV - MATERIAIS NA OPERAÇÃO. AF_05/2023","CHOR - CUSTOS HORÁRIOS DE MÁQUINAS E EQUIPAMENTOS",null,"H",1,3.84,3.84]
["Insumo"," 00002705 ","SINAPI","ENERGIA ELETRICA ATE 2000 KWH INDUSTRIAL, SEM DEMANDA","Material",null,"KWH",3.12799,1.23,3.84]
[{"$nulls":4},"MO sem LS =>",0,"LS =>",0,"MO com LS =>",0]
[{"$nulls":4},"Valor do BDI =>",0.92,null,"Valor com BDI =>",null,4.76]
[]
[null,"Código","Banco","Descrição","Tipo",null,"Und","Quant.","Valor Unit","Total"]
["Composição"," 88278 ","SINAPI","MONTADOR DE ESTRUTURA METÁLICA COM ENCARGOS COMPLEMENTARES","SEDI - SERVIÇOS DIVERSOS",null,"H",1,18.03,18.03]
["Composição Auxiliar"," 95344 ","SINAPI","CURSO DE CAPACITAÇÃO PARA MONTADOR DE ESTRUTURA METÁLICA (ENCARGOS COMPLEMENTARES) - HORISTA","SEDI - SERVIÇOS DIVERSOS",null,"H",1,0.16,0.16]
["Insumo"," 00037370 ","SINAPI","ALIMENTACAO - HORISTA (COLETADO CAIXA - ENCARGOS COMPLEMENTARES)","Outros",null,"H",1,1.64,1.64]
["Insumo"," 00037371 ","SINAPI","TRANSPORTE - HORISTA (COLETADO CAIXA - ENCARGOS COMPLEMENTARES)","Serviços",null,"H",1,0.48,0.48]
["Insumo"," 00037372 ","SINAPI","EXAMES - HORISTA (COLETADO CAIXA - ENCARGOS COMPLEMENTARES)","Outros",null,"H",1,1.1399999999999999,1.1399999999999999]
["Insumo"," 00037373 ","SINAPI","SEGURO - HORISTA (COLETADO CAIXA - ENCARGOS COMPLEMENTARES)","Taxas",null,"H",1,7.0000000000000007E-2,7.0000000000000007E-2]
["Insumo"," 00043464 ","SINAPI","FERRAMENTAS - FAMILIA OPERADOR ESCAVADEIRA - HORISTA (ENCARGOS COMPLEMENTARES - COLETADO CAIXA)","Equipamento",null,"H",1,0.01,0.01]
["Insumo"," 00043488 ","SINAPI","EPI - FAMILIA OPERADOR ESCAVADEIRA - HORISTA (ENCARGOS COMPLEMENTARES - COLETADO CAIXA)","Equipamento",null,"H",1,0.82,0.82]
["Insumo"," 00044497 ","SINAPI","MONTADOR DE ESTRUTURAS METALICAS HORISTA","Mão de Obra",null,"H",1,13.71,13.71]
[{"$nulls":4},"MO sem LS =>",6.4541646999999998,"LS =>",7.42,"MO com LS =>",13.87]
[{"$nulls":4},"Valor do BDI =>",4.3499999999999996,null,"Valor com BDI =>",null,22.38]
[]
[null,"Código","Banco","Descrição","Tipo",null,"Und","Quant.","Valor Unit","Total"]
["Composição"," 88279 ","SINAPI","MONTADOR ELETROMECÃNICO COM ENCARGOS COMPLEMENTARES","SEDI - SERVIÇOS DIVERSOS",null,"H",1,34.47,34.47]
["Composição Auxiliar"," 95345 ","SINAPI","CURSO DE CAPACITAÇÃO PARA MONTADOR ELETROMECÂNICO (ENCARGOS COMPLEMENTARES) - HORISTA","SEDI - SERVIÇOS DIVERSOS",null,"H",1,0.91,0.91]
["Insumo"," 00002437 ","SINAPI","MONTADOR DE MAQUINAS (HORISTA)","Mão de Obra",null,"H",1,28.23,28.23]
["Insumo"," 00037370 ","SINAPI","ALIMENTACAO - HORISTA (COLETADO CAIXA - ENCARGOS COMPLEMENTARES)","Outros",null,"H",1,1.64,1.64]
["Insumo"," 00037371 ","SINAPI","TRANSPORTE - HORISTA (COLETADO CAIXA - ENCARGOS COMPLEMENTARES)","Serviços",null,"H",1,0.48,0.48]
["Insumo"," 00037372 ","SINAPI","EXAMES - HORISTA (COLETADO CAIXA - ENCARGOS COMPLEMENTARES)","Outros",null,"H",1,1.1399999999999999,1.1399999999999999]
["Insumo"," 00037373 ","SINAPI","SEGURO - HORISTA (COLETADO CAIXA - ENCARGOS COMPLEMENTARES)","Taxas",null,"H",1,7.0000000000000007E-2,7.0000000000000007E-2]
["Insumo"," 00043460 ","SINAPI","FERRAMENTAS - FAMILIA ELETRICISTA - HORISTA (ENCARGOS COMPLEMENTARES - COLETADO CAIXA)","Equipamento",null,"H",1,0.86,0.86]
["Insumo"," 00043484 ","SINAPI","EPI - FAMILIA ELETRICISTA - HORISTA (ENCARGOS COMPLEMENTARES - COLETADO CAIXA)","Equipamento",null,"H",1,1.1399999999999999,1.1399999999999999]
[{"$nulls":4},"MO sem LS =>",13.559795299999999,"LS =>",15.58,"MO com LS =>",29.14]
[{"$nulls":4},"Valor do BDI =>",8.33,null,"Valor com BDI =>",null,42.8]
[]
[null,"Código","Banco","Descrição","Tipo",null,"Und","Quant.","Valor Unit","Total"]
["Composição"," 88281 ","SINAPI","MOTORISTA DE BASCULANTE COM ENCARGOS COMPLEMENTARES","SEDI - SERVIÇOS DIVERSOS",null,"H",1,22.79,22.79]
["Composição Auxiliar"," 95346 ","SINAPI","CURSO DE CAPACITAÇÃO PARA MOTORISTA DE BASCULANTE (ENCARGOS COMPLEMENTARES) - HORISTA","SEDI - SERVIÇOS DIVERSOS",null,"H",1,0.09,0.09]
["Insumo"," 00020020 ","SINAPI","MOTORISTA DE CAMINHAO-BASCULANTE (HORISTA)","Mão de Obra",null,"H",1,18.54,18.54]
["Insumo"," 00037370 ","SINAPI","ALIMENTACAO - HORISTA (COLETADO CAIXA - ENCARGOS COMPLEMENTARES)","Outros",null,"H",1,1.64,1.64]
["Insumo"," 00037371 ","SINAPI","TRANSPORTE - HORISTA (COLETADO CAIXA - ENCARGOS COMPLEMENTARES)","Serviços",null,"H",1,0.48,0.48]
["Insumo"," 00037372 ","SINAPI","EXAMES - HORISTA (COLETADO CAIXA - ENCARGOS COMPLEMENTARES)","Outros",null,"H",1,1.1399999999999999,1.1399999999999999]
["Insumo"," 00037373 ","SINAPI","SEGURO - HORISTA (COLETADO CAIXA - ENCARGOS COMPLEMENTARES)","Taxas",null,"H",1,7.0000000000000007E-2,7.0000000000000007E-2]
["Insumo"," 00043464 ","SINAPI","FERRAMENTAS - FAMILIA OPERADOR ESCAVADEIRA - HORISTA (ENCARGOS COMPLEMENTARES - COLETADO CAIXA)","Equipamento",null,"H",1,0.01,0.01]
["Insumo"," 00043488 ","SINAPI","EPI - FAMILIA OPERADOR ESCAVADEIRA - HORISTA (ENCARGOS COMPLEMENTARES - COLETADO CAIXA)","Equipamento",null,"H",1,0.82,0.82]
[{"$nulls":4},"MO sem LS =>",8.6691483999999992,"LS =>",9.9600000000000009,"MO com LS =>",18.63]
[{"$nulls":4},"Valor do BDI =>",5.51,null,"Valor com BDI =>",null,28.3]
[]
[null,"Código","Banco","Descrição","Tipo",null,"Und","Quant.","Valor Unit","Total"]
["Composição"," 88282 ","SINAPI","MOTORISTA DE CAMINHÃO COM ENCARGOS COMPLEMENTARES","SEDI - SERVIÇOS DIVERSOS",null,"H",1,22.1,22.1]
["Composição Auxiliar"," 95347 ","SINAPI","CURSO DE CAPACITAÇÃO PARA MOTORISTA DE CAMINHÃO (ENCARGOS COMPLEMENTARES) - HORISTA","SEDI - SERVIÇOS DIVERSOS",null,"H",1,0.09,0.09]
["Insumo"," 00004093 ","SINAPI","MOTORISTA DE CAMINHAO (HORISTA)","Mão de Obra",null,"H",1,17.850000000000001,17.850000000000001]
["Insumo"," 00037370 ","SINAPI","ALIMENTACAO - HORISTA (COLETADO CAIXA - ENCARGOS COMPLEMENTARES)","Outros",null,"H",1,1.64,1.64]
["Insumo"," 00037371 ","SINAPI","TRANSPORTE - HORISTA (COLETADO CAIXA - ENCARGOS COMPLEMENTARES)","Serviços",null,"H",1,0.48,0.48]
["Insumo"," 00037372 ","SINAPI","EXAMES - HORISTA (COLETADO CAIXA - ENCARGOS COMPLEMENTARES)","Outros",null,"H",1,1.1399999999999999,1.1399999999999999]
["Insumo"," 00037373 ","SINAPI","SEGURO - HORISTA (COLETADO CAIXA - ENCARGOS COMPLEMENTARES)","Taxas",null,"H",1,7.0000000000000007E-2,7.0000000000000007E-2]
["Insumo"," 00043464 ","SINAPI","FERRAMENTAS - FAMILIA OPERADOR ESCAVADEIRA - HORISTA (ENCARGOS COMPLEMENTARES - COLETADO CAIXA)","Equipamento",null,"H",1,0.01,0.01]
["Insumo"," 00043488 ","SINAPI","EPI - FAMILIA OPERADOR ESCAVADEIRA - HORISTA (ENCARGOS COMPLEMENTARES - COLETADO CAIXA)","Equipamento",null,"H",1,0.82,0.82]
[{"$nulls":4},"MO sem LS =>",8.3480688999999995,"LS =>",9.59,"MO com LS =>",17.940000000000001]
[{"$nulls":4},"Valor do BDI =>",5.34,null,"Valor com BDI =>",null,27.44]
[]
[null,"Código","Banco","Descrição","Tipo",null,"Und","Quant.","Valor Unit","Total"]
["Composição"," 88286 ","SINAPI","MOTORISTA OPERADOR DE MUNCK COM ENCARGOS COMPLEMENTARES","SEDI - SERVIÇOS DIVERSOS",null,"H",1,24.5,24.5]
["Composição Auxiliar"," 95351 ","SINAPI","CURSO DE CAPACITAÇÃO PARA MOTORISTA OPERADOR DE MUNCK (ENCARGOS COMPLEMENTARES) - HORISTA","SEDI - SERVIÇOS DIVERSOS",null,"H",1,0.34,0.34]
["Insumo"," 00004096 ","SINAPI","MOTORISTA OPERADOR DE CAMINHAO COM MUNCK (HORISTA)","Mão de Obra",null,"H",1,20,20]
["Insumo"," 00037370 ","SINAPI","ALIMENTACAO - HORISTA (COLETADO CAIXA - ENCARGOS COMPLEMENTARES)","Outros",null,"H",1,1.64,1.64]
["Insumo"," 00037371 ","SINAPI","TRANSPORTE - HORISTA (COLETADO CAIXA - ENCARGOS COMPLEMENTARES)","Serviços",null,"H",1,0.48,0.48]
["Insumo"," 00037372 ","SINAPI","EXAMES - HORISTA (COLETADO CAIXA - ENCARGOS COMPLEMENTARES)","Outros",null,"H",1,1.1399999999999999,1.1399999999999999]
["Insumo"," 00037373 ","SINAPI","SEGURO - HORISTA (COLETADO CAIXA - ENCARGOS COMPLEMENTARES)","Taxas",null,"H",1,7.0000000000000007E-2,7.0000000000000007E-2]
["Insumo"," 00043464 ","SINAPI","FERRAMENTAS - FAMILIA OPERADOR ESCAVADEIRA - HORISTA (ENCARGOS COMPLEMENTARES - COLETADO CAIXA)","Equipamento",null,"H",1,0.01,0.01]
["Insumo"," 00043488 ","SINAPI","EPI - FAMILIA OPERADOR ESCAVADEIRA - HORISTA (ENCARGOS COMPLEMENTARES - COLETADO CAIXA)","Equipamento",null,"H",1,0.82,0.82]
[{"$nulls":4},"MO sem LS =>",9.4648673999999993,"LS =>",10.88,"MO com LS =>",20.34]
[{"$nulls":4},"Valor do BDI =>",5.92,null,"Valor com BDI =>",null,30.42]
[]
[null,"Código","Banco","Descrição","Tipo",null,"Und","Quant.","Valor Unit","Total"]
["Composição"," 88377 ","SINAPI","OPERADOR DE BETONEIRA ESTACIONÁRIA/MISTURADOR COM ENCARGOS COMPLEMENTARES","SEDI - SERVIÇOS DIVERSOS",null,"H",1,17.22,17.22]
["Composição Auxiliar"," 95389 ","SINAPI","CURSO DE CAPACITAÇÃO PARA OPERADOR DE BETONEIRA ESTACIONÁRIA/MISTURADOR (ENCARGOS COMPLEMENTARES) - HORISTA","SEDI - SERVIÇOS DIVERSOS",null,"H",1,0.11,0.11]
["Insumo"," 00037370 ","SINAPI","ALIMENTACAO - HORISTA (COLETADO CAIXA - ENCARGOS COMPLEMENTARES)","Outros",null,"H",1,1.64,1.64]
["Insumo"," 00037371 ","SINAPI","TRANSPORTE - HORISTA (COLETADO CAIXA - ENCARGOS COMPLEMENTARES)","Serviços",null,"H",1,0.48,0.48]
["Insumo"," 00037372 ","SINAPI","EXAMES - HORISTA (COLETADO CAIXA - ENCARGOS COMPLEMENTARES)","Outros",null,"H",1,1.1399999999999999,1.1399999999999999]
["Insumo"," 00037373 ","SINAPI","SEGURO - HORISTA (COLETADO CAIXA - ENCARGOS COMPLEMENTARES)","Taxas",null,"H",1,7.0000000000000007E-2,7.0000000000000007E-2]
["Insumo"," 00037666 ","SINAPI","OPERADOR DE BETONEIRA ESTACIONARIA / MISTURADOR","Mão de Obra",null,"H",1,12.95,12.95]
["Insumo"," 00043464 ","SINAPI","FERRAMENTAS - FAMILIA OPERADOR ESCAVADEIRA - HORISTA (ENCARGOS COMPLEMENTARES - COLETADO CAIXA)","Equipamento",null,"H",1,0.01,0.01]
["Insumo"," 00043488 ","SINAPI","EPI - FAMILIA OPERADOR ESCAVADEIRA - HORISTA (ENCARGOS COMPLEMENTARES - COLETADO CAIXA)","Equipamento",null,"H",1,0.82,0.82]
[{"$nulls":4},"MO sem LS =>",6.0772452000000001,"LS =>",6.98,"MO com LS =>",13.06]
[{"$nulls":4},"Valor do BDI =>",4.16,null,"Valor com BDI =>",null,21.38]
[]
[null,"Código","Banco","Descrição","Tipo",null,"Und","Quant.","Valor Unit","Total"]
["Composição"," 88294 ","SINAPI","OPERADOR DE ESCAVADEIRA COM ENCARGOS COMPLEMENTARES","SEDI - SERVIÇOS DIVERSOS",null,"H",1,22.48,22.48]
["Composição Auxiliar"," 95357 ","SINAPI","CURSO DE CAPACITAÇÃO PARA OPERADOR DE ESCAVADEIRA (ENCARGOS COMPLEMENTARES) - HORISTA","SEDI - SERVIÇOS DIVERSOS",null,"H",1,0.21,0.21]
["Insumo"," 00004234 ","SINAPI","OPERADOR DE ESCAVADEIRA","Mão de Obra",null,"H",1,18.11,18.11]
["Insumo"," 00037370 ","SINAPI","ALIMENTACAO - HORISTA (COLETADO CAIXA - ENCARGOS COMPLEMENTARES)","Outros",null,"H",1,1.64,1.64]
["Insumo"," 00037371 ","SINAPI","TRANSPORTE - HORISTA (COLETADO CAIXA - ENCARGOS COMPLEMENTARES)","Serviços",null,"H",1,0.48,0.48]
["Insumo"," 00037372 ","SINAPI","EXAMES - HORISTA (COLETADO CAIXA - ENCARGOS COMPLEMENTARES)","Outros",null,"H",1,1.1399999999999999,1.1399999999999999]
["Insumo"," 00037373 ","SINAPI","SEGURO - HORISTA (COLETADO CAIXA - ENCARGOS COMPLEMENTARES)","Taxas",null,"H",1,7.0000000000000007E-2,7.0000000000000007E-2]
["Insumo"," 00043464 ","SINAPI","FERRAMENTAS - FAMILIA OPERADOR ESCAVADEIRA - HORISTA (ENCARGOS COMPLEMENTARES - COLETADO CAIXA)","Equipamento",null,"H",1,0.01,0.01]
["Insumo"," 00043488 ","SINAPI","EPI - FAMILIA OPERADOR ESCAVADEIRA - HORISTA (ENCARGOS COMPLEMENTARES - COLETADO CAIXA)","Equipamento",null,"H",1,0.82,0.82]
[{"$nulls":4},"MO sem LS =>",8.5248953000000007,"LS =>",9.8000000000000007,"MO com LS =>",18.32]
[{"$nulls":4},"Valor do BDI =>",5.43,null,"Valor com BDI =>",null,27.91]
[]
[null,"Código","Banco","Descrição","Tipo",null,"Und","Quant.","Valor Unit","Total"]
["Composição"," 88295 ","SINAPI","OPERADOR DE GUINCHO COM ENCARGOS COMPLEMENTARES","SEDI - SERVIÇOS DIVERSOS",null,"H",1,17.09,17.09]
["Composição Auxiliar"," 95358 ","SINAPI","CURSO DE CAPACITAÇÃO PARA OPERADOR DE GUINCHO (ENCARGOS COMPLEMENTARES) - HORISTA","SEDI - SERVIÇOS DIVERSOS",null,"H",1,0.21,0.21]
["Insumo"," 00004253 ","SINAPI","OPERADOR DE GUINCHO OU GUINCHEIRO","Mão de Obra",null,"H",1,12.72,12.72]
["Insumo"," 00037370 ","SINAPI","ALIMENTACAO - HORISTA (COLETADO CAIXA - ENCARGOS COMPLEMENTARES)","Outros",null,"H",1,1.64,1.64]
["Insumo"," 00037371 ","SINAPI","TRANSPORTE - HORISTA (COLETADO CAIXA - ENCARGOS COMPLEMENTARES)","Serviços",null,"H",1,0.48,0.48]
["Insumo"," 00037372 ","SINAPI","EXAMES - HORISTA (COLETADO CAIXA - ENCARGOS COMPLEMENTARES)","Outros",null,"H",1,1.1399999999999999,1.1399999999999999]
["Insumo"," 00037373 ","SINAPI","SEGURO - HORISTA (COLETADO CAIXA - ENCARGOS COMPLEMENTARES)","Taxas",null,"H",1,7.0000000000000007E-2,7.0000000000000007E-2]
["Insumo"," 00043464 ","SINAPI","FERRAMENTAS - FAMILIA OPERADOR ESCAVADEIRA - HORISTA (ENCARGOS COMPLEMENTARES - COLETADO CAIXA)","Equipamento",null,"H",1,0.01,0.01]
["Insumo"," 00043488 ","SINAPI","EPI - FAMILIA OPERADOR ESCAVADEIRA - HORISTA (ENCARGOS COMPLEMENTARES - COLETADO CAIXA)","Equipamento",null,"H",1,0.82,0.82]
[{"$nulls":4},"MO sem LS =>",6.0167520000000003,"LS =>",6.91,"MO com LS =>",12.93]
[{"$nulls":4},"Valor do BDI =>",4.13,null,"Valor com BDI =>",null,21.22]
[]
[null,"Código","Banco","Descrição","Tipo",null,"Und","Quant.","Valor Unit","Total"]
["Composição"," 88297 ","SINAPI","OPERADOR DE MÁQUINAS E EQUIPAMENTOS COM ENCARGOS COMPLEMENTARES","SEDI - SERVIÇOS DIVERSOS",null,"H",1,20.59,20.59]
["Composição Auxiliar"," 95360 ","SINAPI","CURSO DE CAPACITAÇÃO PARA OPERADOR DE MÁQUINAS E EQUIPAMENTOS (ENCARGOS COMPLEMENTARES) - HORISTA","SEDI - SERVIÇOS DIVERSOS",null,"H",1,0.19,0.19]
["Insumo"," 00004230 ","SINAPI","OPERADOR DE MAQUINAS E TRATORES DIVERSOS (TERRAPLANAGEM)","Mão de Obra",null,"H",1,16.239999999999998,16.239999999999998]
["Insumo"," 00037370 ","SINAPI","ALIMENTACAO - HORISTA (COLETADO CAIXA - ENCARGOS COMPLEMENTARES)","Outros",null,"H",1,1.64,1.64]
["Insumo"," 00037371 ","SINAPI","TRANSPORTE - HORISTA (COLETADO CAIXA - ENCARGOS COMPLEMENTARES)","Serviços",null,"H",1,0.48,0.48]
["Insumo"," 00037372 ","SINAPI","EXAMES - HORISTA (COLETADO CAIXA - ENCARGOS COMPLEMENTARES)","Outros",null,"H",1,1.1399999999999999,1.1399999999999999]
["Insumo"," 00037373 ","SINAPI","SEGURO - HORISTA (COLETADO CAIXA - ENCARGOS COMPLEMENTARES)","Taxas",null,"H",1,7.0000000000000007E-2,7.0000000000000007E-2]
["Insumo"," 00043464 ","SINAPI","FERRAMENTAS - FAMILIA OPERADOR ESCAVADEIRA - HORISTA (ENCARGOS COMPLEMENTARES - COLETADO CAIXA)","Equipamento",null,"H",1,0.01,0.01]
["Insumo"," 00043488 ","SINAPI","EPI - FAMILIA OPERADOR ESCAVADEIRA - HORISTA (ENCARGOS COMPLEMENTARES - COLETADO CAIXA)","Equipamento",null,"H",1,0.82,0.82]
[{"$nulls":4},"MO sem LS =>",7.6454164999999996,"LS =>",8.7799999999999994,"MO com LS =>",16.43]
[{"$nulls":4},"Valor do BDI =>",4.97,null,"Valor com BDI =>",null,25.56]
[]
[null,"Código","Banco","Descrição","Tipo",null,"Und","Quant.","Valor Unit","Total"]
["Composição"," 88301 ","SINAPI","OPERADOR DE PÁ CARREGADEIRA COM ENCARGOS COMPLEMENTARES","SEDI - SERVIÇOS DIVERSOS",null,"H",1,19.39,19.39]
["Composição Auxiliar"," 95364 ","SINAPI","CURSO DE CAPACITAÇÃO PARA OPERADOR DE PÁ CARREGADEIRA (ENCARGOS COMPLEMENTARES) - HORISTA","SEDI - SERVIÇOS DIVERSOS",null,"H",1,0.13,0.13]
["Insumo"," 00004248 ","SINAPI","OPERADOR DE PA CARREGADEIRA","Mão de Obra",null,"H",1,15.1,15.1]
["Insumo"," 00037370 ","SINAPI","ALIMENTACAO - HORISTA (COLETADO CAIXA - ENCARGOS COMPLEMENTARES)","Outros",null,"H",1,1.64,1.64]
["Insumo"," 00037371 ","SINAPI","TRANSPORTE - HORISTA (COLETADO CAIXA - ENCARGOS COMPLEMENTARES)","Serviços",null,"H",1,0.48,0.48]
["Insumo"," 00037372 ","SINAPI","EXAMES - HORISTA (COLETADO CAIXA - ENCARGOS COMPLEMENTARES)","Outros",null,"H",1,1.1399999999999999,1.1399999999999999]
["Insumo"," 00037373 ","SINAPI","SEGURO - HORISTA (COLETADO CAIXA - ENCARGOS COMPLEMENTARES)","Taxas",null,"H",1,7.0000000000000007E-2,7.0000000000000007E-2]
["Insumo"," 00043464 ","SINAPI","FERRAMENTAS - FAMILIA OPERADOR ESCAVADEIRA - HORISTA (ENCARGOS COMPLEMENTARES - COLETADO CAIXA)","Equipamento",null,"H",1,0.01,0.01]
["Insumo"," 00043488 ","SINAPI","EPI - FAMILIA OPERADOR ESCAVADEIRA - HORISTA (ENCARGOS COMPLEMENTARES - COLETADO CAIXA)","Equipamento",null,"H",1,0.82,0.82]
[{"$nulls":4},"MO sem LS =>",7.0870172,"LS =>",8.14,"MO com LS =>",15.23]
[{"$nulls":4},"Valor do BDI =>",4.68,null,"Valor com BDI =>",null,24.07]
[]
[null,"Código","Banco","Descrição","Tipo",null,"Und","Quant.","Valor Unit","Total"]
["Composição"," 88303 ","SINAPI","OPERADOR DE ROLO COMPACTADOR COM ENCARGOS COMPLEMENTARES","SEDI - SERVIÇOS DIVERSOS",null,"H",1,23.25,23.25]
["Composição Auxiliar"," 95366 ","SINAPI","CURSO DE CAPACITAÇÃO PARA OPERADOR DE ROLO COMPACTADOR (ENCARGOS COMPLEMENTARES) - HORISTA","SEDI - SERVIÇOS DIVERSOS",null,"H",1,0.16,0.16]
["Insumo"," 00004238 ","SINAPI","OPERADOR DE ROLO COMPACTADOR","Mão de Obra",null,"H",1,18.93,18.93]
["Insumo"," 00037370 ","SINAPI","ALIMENTACAO - HORISTA (COLETADO CAIXA - ENCARGOS COMPLEMENTARES)","Outros",null,"H",1,1.64,1.64]
["Insumo"," 00037371 ","SINAPI","TRANSPORTE - HORISTA (COLETADO CAIXA - ENCARGOS COMPLEMENTARES)","Serviços",null,"H",1,0.48,0.48]
["Insumo"," 00037372 ","SINAPI","EXAMES - HORISTA (COLETADO CAIXA - ENCARGOS COMPLEMENTARES)","Outros",null,"H",1,1.1399999999999999,1.1399999999999999]
["Insumo"," 00037373 ","SINAPI","SEGURO - HORISTA (COLETADO CAIXA - ENCARGOS COMPLEMENTARES)","Taxas",null,"H",1,7.0000000000000007E-2,7.0000000000000007E-2]
["Insumo"," 00043464 ","SINAPI","FERRAMENTAS - FAMILIA OPERADOR ESCAVADEIRA - HORISTA (ENCARGOS COMPLEMENTARES - COLETADO CAIXA)","Equipamento",null,"H",1,0.01,0.01]
["Insumo"," 00043488 ","SINAPI","EPI - FAMILIA OPERADOR ESCAVADEIRA - HORISTA (ENCARGOS COMPLEMENTARES - COLETADO CAIXA)","Equipamento",null,"H",1,0.82,0.82]
[{"$nulls":4},"MO sem LS =>",8.8832015000000002,"LS =>",10.210000000000001,"MO com LS =>",19.09]
[{"$nulls":4},"Valor do BDI =>",5.62,null,"Valor com BDI =>",null,28.87]
[]
[null,"Código","Banco","Descrição","Tipo",null,"Und","Quant.","Valor Unit","Total"]
["Composição"," 4413995 ","SICRO3","Obtenção de grama para replantio","",null,"m²",1,2.4500000000000002,2.4500000000000002]
["A","Código","Banco","Equipamentos","Quantidade","Utilização",null,"Custo Operacional",null,"Custo Horário"]
[{"$nulls":5},"Operativa","Improdutiva","Operativa","Improdutiva"]
["Insumo","E9577","SICRO3","Trator agrícola sobre pneus - 77 kW",1,0.2,0.8,123.25360000000001,43.564999999999998,59.502699999999997]
[{"$nulls":5},"Custo Horário de Equipamentos =>",null,null,null,59.502699999999997]
["B","Código","Banco","Mão de Obra","Quantidade","Salário Hora",null,null,null,"Custo Horário"]
["Insumo","P9824","SICRO3","Servente",10,null,null,null,18.586300000000001,185.863]
[{"$nulls":5},"Custo Horário da Mão de Obra =>",null,null,null,185.863]
[{"$nulls":5},"Adc.M.O. - Ferramentas (0,0%) =>",null,null,null,0]
[{"$nulls":5},"Custo Horário de Execução =>",null,null,null,245.3657]
[{"$nulls":5},"Fator de Influencia da Chuva - FIC =>",null,null,null,0]
[{"$nulls":5},"Custo do FIC =>",null,null,null,0]
[{"$nulls":5},"Produção de Equipe =>",null,null,null,100]
[{"$nulls":5},"Custo Unitário de Execução =>",null,null,null,2.4537]
[{"$nulls":4},"MO sem LS =>",0.86488134015821316,"LS =>",1,"MO com LS =>",1.85863]
[{"$nulls":4},"Valor do BDI =>",0.59,null,"Valor com BDI =>",null,3.04]
[]
[null,"Código","Banco","Descrição","Tipo",null,"Und","Quant.","Valor Unit","Total"]
["Composição"," 88309 ","SINAPI","PEDREIRO COM ENCARGOS COMPLEMENTARES","SEDI - SERVIÇOS DIVERSOS",null,"H",1,23.85,23.85]
["Composição Auxiliar"," 95371 ","SINAPI","CURSO DE CAPACITAÇÃO PARA PEDREIRO (ENCARGOS COMPLEMENTARES) - HORISTA","SEDI - SERVIÇOS DIVERSOS",null,"H",1,0.4,0.4]
["Insumo"," 00004750 ","SINAPI","PEDREIRO (HORISTA)","Mão de Obra",null,"H",1,18.11,18.11]
["Insumo"," 00037370 ","SINAPI","ALIMENTACAO - HORISTA (COLETADO CAIXA - ENCARGOS COMPLEMENTARES)","Outros",null,"H",1,1.64,1.64]
["Insumo"," 00037371 ","SINAPI","TRANSPORTE - HORISTA (COLETADO CAIXA - ENCARGOS COMPLEMENTARES)","Serviços",null,"H",1,0.48,0.48]
["Insumo"," 00037372 ","SINAPI","EXAMES - HORISTA (COLETADO CAIXA - ENCARGOS COMPLEMENTARES)","Outros",null,"H",1,1.1399999999999999,1.1399999999999999]
["Insumo"," 00037373 ","SINAPI","SEGURO - HORISTA (COLETADO CAIXA - ENCARGOS COMPLEMENTARES)","Taxas",null,"H",1,7.0000000000000007E-2,7.0000000000000007E-2]
["Insumo"," 00043465 ","SINAPI","FERRAMENTAS - FAMILIA PEDREIRO - HORISTA (ENCARGOS COMPLEMENTARES - COLETADO CAIXA)","Equipamento",null,"H",1,0.84,0.84]
["Insumo"," 00043489 ","SINAPI","EPI - FAMILIA PEDREIRO - HORISTA (ENCARGOS COMPLEMENTARES - COLETADO CAIXA)","Equipamento",null,"H",1,1.17,1.17]
[{"$nulls":4},"MO sem LS =>",8.6133085000000005,"LS =>",9.9,"MO com LS =>",18.510000000000002]
[{"$nulls":4},"Valor do BDI =>",5.76,null,"Valor com BDI =>",null,29.61]
[]
[null,"Código","Banco","Descrição","Tipo",null,"Und","Quant.","Valor Unit","Total"]
["Composição"," 97738 ","SINAPI","PEÇA CIRCULAR PRÉ-MOLDADA, VOLUME DE CONCRETO DE 10 A 30 LITROS, TAXA DE FIBRA DE POLIPROPILENO APROXIMADA DE 6 KG/M³. AF_01/2018_PS","FUES - FUNDAÇÕES E ESTRUTURAS",null,"m³",1,5111.97,5111.97]
["Composição Auxiliar"," 88239 ","SINAPI","AJUDANTE DE CARPINTEIRO COM ENCARGOS COMPLEMENTARES","SEDI - SERVIÇOS DIVERSOS",null,"H",4.3071999999999999,19.23,82.82]
["Composição Auxiliar"," 88261 ","SINAPI","CARPINTEIRO DE ESQUADRIA COM ENCARGOS COMPLEMENTARES","SEDI - SERVIÇOS DIVERSOS",null,"H",21.535799999999998,22.67,488.21]
["Composição Auxiliar"," 88309 ","SINAPI","PEDREIRO COM ENCARGOS COMPLEMENTARES","SEDI - SERVIÇOS DIVERSOS",null,"H",31.952999999999999,23.85,762.07]
["Composição Auxiliar"," 88316 ","SINAPI","SERVENTE COM ENCARGOS COMPLEMENTARES","SEDI - SERVIÇOS DIVERSOS",null,"H",31.952999999999999,18.649999999999999,595.91999999999996]
["Composição Auxiliar"," 90586 ","SINAPI","VIBRADOR DE IMERSÃO, DIÂMETRO DE PONTEIRA 45MM, MOTOR ELÉTRICO TRIFÁSICO POTÊNCIA DE 2 CV - CHP DIURNO. AF_06/2015","CHOR - CUSTOS HORÁRIOS DE MÁQUINAS E EQUIPAMENTOS",null,"CHP",6.6349999999999998,1.44,9.5500000000000007]
["Composição Auxiliar"," 90587 ","SINAPI","VIBRADOR DE IMERSÃO, DIÂMETRO DE PONTEIRA 45MM, MOTOR ELÉTRICO TRIFÁSICO POTÊNCIA DE 2 CV - CHI DIURNO. AF_06/2015","CHOR - CUSTOS HORÁRIOS DE MÁQUINAS E EQUIPAMENTOS",null,"CHI",18.246200000000002,0.49,8.94]
["Composição Auxiliar"," 91692 ","SINAPI","SERRA CIRCULAR DE BANCADA COM MOTOR ELÉTRICO POTÊNCIA DE 5HP, COM COIFA PARA DISCO 10\" - CHP DIURNO. AF_08/2015","CHOR - CUSTOS HORÁRIOS DE MÁQUINAS E EQUIPAMENTOS",null,"CHP",0.88009999999999999,22.42,19.73]
["Composição Auxiliar"," 91693 ","SINAPI","SERRA CIRCULAR DE BANCADA COM MOTOR ELÉTRICO POTÊNCIA DE 5HP, COM COIFA PARA DISCO 10\" - CHI DIURNO. AF_08/2015","CHOR - CUSTOS HORÁRIOS DE MÁQUINAS E EQUIPAMENTOS",null,"CHI",3.4270999999999998,20.69,70.900000000000006]
["Composição Auxiliar"," 94971 ","SINAPI","CONCRETO FCK = 25MPA, TRAÇO 1:2,3:2,7 (EM MASSA SECA DE CIMENTO/ AREIA MÉDIA/ BRITA 1) - PREPARO MECÂNICO COM BETONEIRA 600 L. AF_05/2021","FUES - FUNDAÇÕES E ESTRUTURAS",null,"m³",1.2,459.28,551.13]
["Insumo"," 00002692 ","SINAPI","DESMOLDANTE PROTETOR PARA FORMAS DE MADEIRA, DE BASE OLEOSA EMULSIONADA EM AGUA","Material",null,"L",6.6699999999999995E-2,8.7200000000000006,0.57999999999999996]
["Insumo"," 00020247 ","SINAPI","PREGO DE ACO POLIDO COM CABECA 15 X 15 (1 1/4 X 13)","Material",null,"KG",2.1276000000000002,25.91,55.12]
["Insumo"," 00039014 ","SINAPI","FIBRA DE ACO PARA REFORCO DO CONCRETO, SOLTA, TIPO A-I, FATOR DE FORMA *50* L / D, COMPRIMENTO DE *30* MM E RESISTENCIA A TRACAO DO ACO MAIOR 1000 MPA","Material",null,"KG",6,10.41,62.46]
["Insumo"," 00043677 ","SINAPI","CHAPA/PAINEL DE MADEIRA COMPENSADA RESINADA (MADEIRITE RESINADO ROSA) PARA FORMA DE CONCRETO, DE 2200 X 1100 MM, E = 20 MM","Material",null,"m²",31.584388000000001,75.06,2370.7199999999998]
["Insumo"," 00043682 ","SINAPI","CHAPA/PAINEL DE MADEIRA COMPENSADA RESINADA (MADEIRITE RESINADO ROSA) PARA FORMA DE CONCRETO, DE 2200 X 1100 MM, E = 6 MM","Material",null,"m²",1.469908,23.01,33.82]
[{"$nulls":4},"MO sem LS =>",736.2494183341089,"LS =>",845.95,"MO com LS =>",1582.2]
[{"$nulls":4},"Valor do BDI =>",1236.07,null,"Valor com BDI =>",null,6348.04]
[]
[null,"Código","Banco","Descrição","Tipo",null,"Und","Quant.","Valor Unit","Total"]
["Composição"," 97739 ","SINAPI","PEÇA CIRCULAR PRÉ-MOLDADA, VOLUME DE CONCRETO DE 30 A 100 LITROS, TAXA DE AÇO APROXIMADA DE 30KG/M³. AF_01/2018","FUES - FUNDAÇÕES E ESTRUTURAS",null,"m³",1,2760.63,2760.63]
["Composição Auxiliar"," 88239 ","SINAPI","AJUDANTE DE CARPINTEIRO COM ENCARGOS COMPLEMENTARES","SEDI - SERVIÇOS DIVERSOS",null,"H",1.5631999999999999,19.23,30.06]
["Composição Auxiliar"," 88261 ","SINAPI","CARPINTEIRO DE ESQUADRIA COM ENCARGOS COMPLEMENTARES","SEDI - SERVIÇOS DIVERSOS",null,"H",7.8158000000000003,22.67,177.18]
["Composição Auxiliar"," 88309 ","SINAPI","PEDREIRO COM ENCARGOS COMPLEMENTARES","SEDI - SERVIÇOS DIVERSOS",null,"H",22.407699999999998,23.85,534.41999999999996]
["Composição Auxiliar"," 88316 ","SINAPI","SERVENTE COM ENCARGOS COMPLEMENTARES","SEDI - SERVIÇOS DIVERSOS",null,"H",22.407699999999998,18.649999999999999,417.9]
["Composição Auxiliar"," 90586 ","SINAPI","VIBRADOR DE IMERSÃO, DIÂMETRO DE PONTEIRA 45MM, MOTOR ELÉTRICO TRIFÁSICO POTÊNCIA DE 2 CV - CHP DIURNO. AF_06/2015","CHOR - CUSTOS HORÁRIOS DE MÁQUINAS E EQUIPAMENTOS",null,"CHP",4.7080000000000002,1.44,6.77]
["Composição Auxiliar"," 90587 ","SINAPI","VIBRADOR DE IMERSÃO, DIÂMETRO DE PONTEIRA 45MM, MOTOR ELÉTRICO TRIFÁSICO POTÊNCIA DE 2 CV - CHI DIURNO. AF_06/2015","CHOR - CUSTOS HORÁRIOS DE MÁQUINAS E EQUIPAMENTOS",null,"CHI",12.947100000000001,0.49,6.34]
["Composição Auxiliar"," 91692 ","SINAPI","SERRA CIRCULAR DE BANCADA COM MOTOR ELÉTRICO POTÊNCIA DE 5HP, COM COIFA PARA DISCO 10\" - CHP DIURNO. AF_08/2015","CHOR - CUSTOS HORÁRIOS DE MÁQUINAS E EQUIPAMENTOS",null,"CHP",0.43980000000000002,22.42,9.86]
["Composição Auxiliar"," 91693 ","SINAPI","SERRA CIRCULAR DE BANCADA COM MOTOR ELÉTRICO POTÊNCIA DE 5HP, COM COIFA PARA DISCO 10\" - CHI DIURNO. AF_08/2015","CHOR - CUSTOS HORÁRIOS DE MÁQUINAS E EQUIPAMENTOS",null,"CHI",1.1233,20.69,23.24]
["Composição Auxiliar"," 92767 ","SINAPI","ARMAÇÃO DE LAJE DE ESTRUTURA CONVENCIONAL DE CONCRETO ARMADO UTILIZANDO AÇO CA-60 DE 4,2 MM - MONTAGEM. AF_06/2022","FUES - FUNDAÇÕES E ESTRUTURAS",null,"KG",21.999700000000001,16.16,355.51]
["Composição Auxiliar"," 94972 ","SINAPI","CONCRETO FCK = 30MPA, TRAÇO 1:2,1:2,5 (EM MASSA SECA DE CIMENTO/ AREIA MÉDIA/ BRITA 1) - PREPARO MECÂNICO COM BETONEIRA 600 L. AF_05/2021","FUES - FUNDAÇÕES E ESTRUTURAS",null,"m³",1.2,477.15,572.58000000000004]
["Insumo"," 00001358 ","SINAPI","CHAPA/PAINEL DE MADEIRA COMPENSADA RESINADA (MADEIRITE RESINADO ROSA) PARA FORMA DE CONCRETO, DE 2200 x 1100 MM, E = 17 MM","Material",null,"m²",8.4224999999999994,60.5,509.56]
["Insumo"," 00002692 ","SINAPI","DESMOLDANTE PROTETOR PARA FORMAS DE MADEIRA, DE BASE OLEOSA EMULSIONADA EM AGUA","Material",null,"L",6.6699999999999995E-2,8.7200000000000006,0.57999999999999996]
["Insumo"," 00004491 ","SINAPI","PONTALETE *7,5 X 7,5* CM EM PINUS, MISTA OU EQUIVALENTE DA REGIAO - BRUTA","Material",null,"M",5.0545,11.05,55.85]
["Insumo"," 00005073 ","SINAPI","PREGO DE ACO POLIDO COM CABECA 17 X 24 (2 1/4 X 11)","Material",null,"KG",0.6552,23.85,15.62]
["Insumo"," 00020247 ","SINAPI","PREGO DE ACO POLIDO COM CABECA 15 X 15 (1 1/4 X 13)","Material",null,"KG",0.43769999999999998,25.91,11.34]
["Insumo"," 00043682 ","SINAPI","CHAPA/PAINEL DE MADEIRA COMPENSADA RESINADA (MADEIRITE RESINADO ROSA) PARA FORMA DE CONCRETO, DE 2200 X 1100 MM, E = 6 MM","Material",null,"m²",1.469908,23.01,33.82]
[{"$nulls":4},"MO sem LS =>",484.58352722196372,"LS =>",556.79,"MO com LS =>",1041.3699999999999]
[{"$nulls":4},"Valor do BDI =>",667.52,null,"Valor com BDI =>",null,3428.15]
[]
[null,"Código","Banco","Descrição","Tipo",null,"Und","Quant.","Valor Unit","Total"]
["Composição"," 97734 ","SINAPI","PEÇA RETANGULAR PRÉ-MOLDADA, VOLUME DE CONCRETO DE 10 A 30 LITROS, TAXA DE AÇO APROXIMADA DE 30KG/M³. AF_01/2018","FUES - FUNDAÇÕES E ESTRUTURAS",null,"m³",1,2695.87,2695.87]
["Composição Auxiliar"," 88239 ","SINAPI","AJUDANTE DE CARPINTEIRO COM ENCARGOS COMPLEMENTARES","SEDI - SERVIÇOS DIVERSOS",null,"H",1.1919999999999999,19.23,22.92]
["Composição Auxiliar"," 88261 ","SINAPI","CARPINTEIRO DE ESQUADRIA COM ENCARGOS COMPLEMENTARES","SEDI - SERVIÇOS DIVERSOS",null,"H",5.96,22.67,135.11000000000001]
["Composição Auxiliar"," 88309 ","SINAPI","PEDREIRO COM ENCARGOS COMPLEMENTARES","SEDI - SERVIÇOS DIVERSOS",null,"H",31.5459,23.85,752.36]
["Composição Auxiliar"," 88316 ","SINAPI","SERVENTE COM ENCARGOS COMPLEMENTARES","SEDI - SERVIÇOS DIVERSOS",null,"H",31.5459,18.649999999999999,588.33000000000004]
["Composição Auxiliar"," 90586 ","SINAPI","VIBRADOR DE IMERSÃO, DIÂMETRO DE PONTEIRA 45MM, MOTOR ELÉTRICO TRIFÁSICO POTÊNCIA DE 2 CV - CHP DIURNO. AF_06/2015","CHOR - CUSTOS HORÁRIOS DE MÁQUINAS E EQUIPAMENTOS",null,"CHP",6.6349999999999998,1.44,9.5500000000000007]
["Composição Auxiliar"," 90587 ","SINAPI","VIBRADOR DE IMERSÃO, DIÂMETRO DE PONTEIRA 45MM, MOTOR ELÉTRICO TRIFÁSICO POTÊNCIA DE 2 CV - CHI DIURNO. AF_06/2015","CHOR - CUSTOS HORÁRIOS DE MÁQUINAS E EQUIPAMENTOS",null,"CHI",18.246200000000002,0.49,8.94]
["Composição Auxiliar"," 91692 ","SINAPI","SERRA CIRCULAR DE BANCADA COM MOTOR ELÉTRICO POTÊNCIA DE 5HP, COM COIFA PARA DISCO 10\" - CHP DIURNO. AF_08/2015","CHOR - CUSTOS HORÁRIOS DE MÁQUINAS E EQUIPAMENTOS",null,"CHP",0.48770000000000002,22.42,10.93]
["Composição Auxiliar"," 91693 ","SINAPI","SERRA CIRCULAR DE BANCADA COM MOTOR ELÉTRICO POTÊNCIA DE 5HP, COM COIFA PARA DISCO 10\" - CHI DIURNO. AF_08/2015","CHOR - CUSTOS HORÁRIOS DE MÁQUINAS E EQUIPAMENTOS",null,"CHI",0.70430000000000004,20.69,14.57]
["Composição Auxiliar"," 92767 ","SINAPI","ARMAÇÃO DE LAJE DE ESTRUTURA CONVENCIONAL DE CONCRETO ARMADO UTILIZANDO AÇO CA-60 DE 4,2 MM - MONTAGEM. AF_06/2022","FUES - FUNDAÇÕES E ESTRUTURAS",null,"KG",27.898800000000001,16.16,450.84]
["Composição Auxiliar"," 94971 ","SINAPI","CONCRETO FCK = 25MPA, TRAÇO 1:2,3:2,7 (EM MASSA SECA DE CIMENTO/ AREIA MÉDIA/ BRITA 1) - PREPARO MECÂNICO COM BETONEIRA 600 L. AF_05/2021","FUES - FUNDAÇÕES E ESTRUTURAS",null,"m³",1.2,459.28,551.13]
["Insumo"," 00001358 ","SINAPI","CHAPA/PAINEL DE MADEIRA COMPENSADA RESINADA (MADEIRITE RESINADO ROSA) PARA FORMA DE CONCRETO, DE 2200 x 1100 MM, E = 17 MM","Material",null,"m²",1.9403999999999999,60.5,117.39]
["Insumo"," 00002692 ","SINAPI","DESMOLDANTE PROTETOR PARA FORMAS DE MADEIRA, DE BASE OLEOSA EMULSIONADA EM AGUA","Material",null,"L",8.3299999999999999E-2,8.7200000000000006,0.72]
["Insumo"," 00004517 ","SINAPI","SARRAFO *2,5 X 7,5* CM EM PINUS, MISTA OU EQUIVALENTE DA REGIAO - BRUTA","Material",null,"M",5.6283000000000003,3.87,21.78]
["Insumo"," 00020247 ","SINAPI","PREGO DE ACO POLIDO COM CABECA 15 X 15 (1 1/4 X 13)","Material",null,"KG",0.4365,25.91,11.3]
[{"$nulls":4},"MO sem LS =>",611.50767798976267,"LS =>",702.62,"MO com LS =>",1314.13]
[{"$nulls":4},"Valor do BDI =>",651.86,null,"Valor com BDI =>",null,3347.73]
[]
[null,"Código","Banco","Descrição","Tipo",null,"Und","Quant.","Valor Unit","Total"]
["Composição"," 97735 ","SINAPI","PEÇA RETANGULAR PRÉ-MOLDADA, VOLUME DE CONCRETO DE 30 A 100 LITROS, TAXA DE AÇO APROXIMADA DE 30KG/M³. AF_01/2018","FUES - FUNDAÇÕES E ESTRUTURAS",null,"m³",1,2243.36,2243.36]
["Composição Auxiliar"," 88239 ","SINAPI","AJUDANTE DE CARPINTEIRO COM ENCARGOS COMPLEMENTARES","SEDI - SERVIÇOS DIVERSOS",null,"H",0.73560000000000003,19.23,14.14]
["Composição Auxiliar"," 88261 ","SINAPI","CARPINTEIRO DE ESQUADRIA COM ENCARGOS COMPLEMENTARES","SEDI - SERVIÇOS DIVERSOS",null,"H",3.6779999999999999,22.67,83.38]
["Composição Auxiliar"," 88309 ","SINAPI","PEDREIRO COM ENCARGOS COMPLEMENTARES","SEDI - SERVIÇOS DIVERSOS",null,"H",22.888400000000001,23.85,545.88]
["Composição Auxiliar"," 88316 ","SINAPI","SERVENTE COM ENCARGOS COMPLEMENTARES","SEDI - SERVIÇOS DIVERSOS",null,"H",22.888400000000001,18.649999999999999,426.86]
["Composição Auxiliar"," 90586 ","SINAPI","VIBRADOR DE IMERSÃO, DIÂMETRO DE PONTEIRA 45MM, MOTOR ELÉTRICO TRIFÁSICO POTÊNCIA DE 2 CV - CHP DIURNO. AF_06/2015","CHOR - CUSTOS HORÁRIOS DE MÁQUINAS E EQUIPAMENTOS",null,"CHP",4.7533000000000003,1.44,6.84]
["Composição Auxiliar"," 90587 ","SINAPI","VIBRADOR DE IMERSÃO, DIÂMETRO DE PONTEIRA 45MM, MOTOR ELÉTRICO TRIFÁSICO POTÊNCIA DE 2 CV - CHI DIURNO. AF_06/2015","CHOR - CUSTOS HORÁRIOS DE MÁQUINAS E EQUIPAMENTOS",null,"CHI",13.0715,0.49,6.4]
["Composição Auxiliar"," 91692 ","SINAPI","SERRA CIRCULAR DE BANCADA COM MOTOR ELÉTRICO POTÊNCIA DE 5HP, COM COIFA PARA DISCO 10\" - CHP DIURNO. AF_08/2015","CHOR - CUSTOS HORÁRIOS DE MÁQUINAS E EQUIPAMENTOS",null,"CHP",0.313,22.42,7.01]
["Composição Auxiliar"," 91693 ","SINAPI","SERRA CIRCULAR DE BANCADA COM MOTOR ELÉTRICO POTÊNCIA DE 5HP, COM COIFA PARA DISCO 10\" - CHI DIURNO. AF_08/2015","CHOR - CUSTOS HORÁRIOS DE MÁQUINAS E EQUIPAMENTOS",null,"CHI",0.42259999999999998,20.69,8.74]
["Composição Auxiliar"," 92767 ","SINAPI","ARMAÇÃO DE LAJE DE ESTRUTURA CONVENCIONAL DE CONCRETO ARMADO UTILIZANDO AÇO CA-60 DE 4,2 MM - MONTAGEM. AF_06/2022","FUES - FUNDAÇÕES E ESTRUTURAS",null,"KG",28.936900000000001,16.16,467.62]
["Composição Auxiliar"," 94972 ","SINAPI","CONCRETO FCK = 30MPA, TRAÇO 1:2,1:2,5 (EM MASSA SECA DE CIMENTO/ AREIA MÉDIA/ BRITA 1) - PREPARO MECÂNICO COM BETONEIRA 600 L. AF_05/2021","FUES - FUNDAÇÕES E ESTRUTURAS",null,"m³",1.2,477.15,572.58000000000004]
["Insumo"," 00001358 ","SINAPI","CHAPA/PAINEL DE MADEIRA COMPENSADA RESINADA (MADEIRITE RESINADO ROSA) PARA FORMA DE CONCRETO, DE 2200 x 1100 MM, E = 17 MM","Material",null,"m²",1.3111999999999999,60.5,79.319999999999993]
["Insumo"," 00002692 ","SINAPI","DESMOLDANTE PROTETOR PARA FORMAS DE MADEIRA, DE BASE OLEOSA EMULSIONADA EM AGUA","Material",null,"L",5.67E-2,8.7200000000000006,0.49]
["Insumo"," 00004517 ","SINAPI","SARRAFO *2,5 X 7,5* CM EM PINUS, MISTA OU EQUIVALENTE DA REGIAO - BRUTA","Material",null,"M",4.4770000000000003,3.87,17.32]
["Insumo"," 00020247 ","SINAPI","PREGO DE ACO POLIDO COM CABECA 15 X 15 (1 1/4 X 13)","Material",null,"KG",0.26190000000000002,25.91,6.78]
[{"$nulls":4},"MO sem LS =>",459.32526756630989,"LS =>",527.76,"MO com LS =>",987.09]
[{"$nulls":4},"Valor do BDI =>",542.44000000000005,null,"Valor com BDI =>",null,2785.8]
[]
[null,"Código","Banco","Descrição","Tipo",null,"Und","Quant.","Valor Unit","Total"]
["Composição"," 97733 ","SINAPI","PEÇA RETANGULAR PRÉ-MOLDADA, VOLUME DE CONCRETO DE ATÉ 10 LITROS, TAXA DE AÇO APROXIMADA DE 30KG/M³. AF_01/2018","FUES - FUNDAÇÕES E ESTRUTURAS",null,"m³",1,3104.22,3104.22]
["Composição Auxiliar"," 88239 ","SINAPI","AJUDANTE DE CARPINTEIRO COM ENCARGOS COMPLEMENTARES","SEDI - SERVIÇOS DIVERSOS",null,"H",1.8137000000000001,19.23,34.869999999999997]
["Composição Auxiliar"," 88261 ","SINAPI","CARPINTEIRO DE ESQUADRIA COM ENCARGOS COMPLEMENTARES","SEDI - SERVIÇOS DIVERSOS",null,"H",9.0685000000000002,22.67,205.58]
["Composição Auxiliar"," 88309 ","SINAPI","PEDREIRO COM ENCARGOS COMPLEMENTARES","SEDI - SERVIÇOS DIVERSOS",null,"H",32.192999999999998,23.85,767.8]
["Composição Auxiliar"," 88316 ","SINAPI","SERVENTE COM ENCARGOS COMPLEMENTARES","SEDI - SERVIÇOS DIVERSOS",null,"H",32.192999999999998,18.649999999999999,600.39]
["Composição Auxiliar"," 90586 ","SINAPI","VIBRADOR DE IMERSÃO, DIÂMETRO DE PONTEIRA 45MM, MOTOR ELÉTRICO TRIFÁSICO POTÊNCIA DE 2 CV - CHP DIURNO. AF_06/2015","CHOR - CUSTOS HORÁRIOS DE MÁQUINAS E EQUIPAMENTOS",null,"CHP",6.6319999999999997,1.44,9.5500000000000007]
["Composição Auxiliar"," 90587 ","SINAPI","VIBRADOR DE IMERSÃO, DIÂMETRO DE PONTEIRA 45MM, MOTOR ELÉTRICO TRIFÁSICO POTÊNCIA DE 2 CV - CHI DIURNO. AF_06/2015","CHOR - CUSTOS HORÁRIOS DE MÁQUINAS E EQUIPAMENTOS",null,"CHI",18.246200000000002,0.49,8.94]
["Composição Auxiliar"," 91692 ","SINAPI","SERRA CIRCULAR DE BANCADA COM MOTOR ELÉTRICO POTÊNCIA DE 5HP, COM COIFA PARA DISCO 10\" - CHP DIURNO. AF_08/2015","CHOR - CUSTOS HORÁRIOS DE MÁQUINAS E EQUIPAMENTOS",null,"CHP",0.77359999999999995,22.42,17.34]
["Composição Auxiliar"," 91693 ","SINAPI","SERRA CIRCULAR DE BANCADA COM MOTOR ELÉTRICO POTÊNCIA DE 5HP, COM COIFA PARA DISCO 10\" - CHI DIURNO. AF_08/2015","CHOR - CUSTOS HORÁRIOS DE MÁQUINAS E EQUIPAMENTOS",null,"CHI",1.0401,20.69,21.51]
["Composição Auxiliar"," 92767 ","SINAPI","ARMAÇÃO DE LAJE DE ESTRUTURA CONVENCIONAL DE CONCRETO ARMADO UTILIZANDO AÇO CA-60 DE 4,2 MM - MONTAGEM. AF_06/2022","FUES - FUNDAÇÕES E ESTRUTURAS",null,"KG",42.646299999999997,16.16,689.16]
["Composição Auxiliar"," 94971 ","SINAPI","CONCRETO FCK = 25MPA, TRAÇO 1:2,3:2,7 (EM MASSA SECA DE CIMENTO/ AREIA MÉDIA/ BRITA 1) - PREPARO MECÂNICO COM BETONEIRA 600 L. AF_05/2021","FUES - FUNDAÇÕES E ESTRUTURAS",null,"m³",1.2,459.28,551.13]
["Insumo"," 00001358 ","SINAPI","CHAPA/PAINEL DE MADEIRA COMPENSADA RESINADA (MADEIRITE RESINADO ROSA) PARA FORMA DE CONCRETO, DE 2200 x 1100 MM, E = 17 MM","Material",null,"m²",2.9790000000000001,60.5,180.22]
["Insumo"," 00002692 ","SINAPI","DESMOLDANTE PROTETOR PARA FORMAS DE MADEIRA, DE BASE OLEOSA EMULSIONADA EM AGUA","Material",null,"L",0.12,8.7200000000000006,1.04]
["Insumo"," 00020247 ","SINAPI","PREGO DE ACO POLIDO COM CABECA 15 X 15 (1 1/4 X 13)","Material",null,"KG",0.64449999999999996,25.91,16.690000000000001]
[{"$nulls":4},"MO sem LS =>",683.01535597952534,"LS =>",784.78,"MO com LS =>",1467.8]
[{"$nulls":4},"Valor do BDI =>",750.6,null,"Valor com BDI =>",null,3854.82]
[]
[null,"Código","Banco","Descrição","Tipo",null,"Und","Quant.","Valor Unit","Total"]
["Composição"," 88310 ","SINAPI","PINTOR COM ENCARGOS COMPLEMENTARES","SEDI - SERVIÇOS DIVERSOS",null,"H",1,25.08,25.08]
["Composição Auxiliar"," 95372 ","SINAPI","CURSO DE CAPACITAÇÃO PARA PINTOR (ENCARGOS COMPLEMENTARES) - HORISTA","SEDI - SERVIÇOS DIVERSOS",null,"H",1,0.28000000000000003,0.28000000000000003]
["Insumo"," 00004783 ","SINAPI","PINTOR (HORISTA)","Mão de Obra",null,"H",1,18.11,18.11]
["Insumo"," 00037370 ","SINAPI","ALIMENTACAO - HORISTA (COLETADO CAIXA - ENCARGOS COMPLEMENTARES)","Outros",null,"H",1,1.64,1.64]
["Insumo"," 00037371 ","SINAPI","TRANSPORTE - HORISTA (COLETADO CAIXA - ENCARGOS COMPLEMENTARES)","Serviços",null,"H",1,0.48,0.48]
["Insumo"," 00037372 ","SINAPI","EXAMES - HORISTA (COLETADO CAIXA - ENCARGOS COMPLEMENTARES)","Outros",null,"H",1,1.1399999999999999,1.1399999999999999]
["Insumo"," 00037373 ","SINAPI","SEGURO - HORISTA (COLETADO CAIXA - ENCARGOS COMPLEMENTARES)","Taxas",null,"H",1,7.0000000000000007E-2,7.0000000000000007E-2]
["Insumo"," 00043466 ","SINAPI","FERRAMENTAS - FAMILIA PINTOR - HORISTA (ENCARGOS COMPLEMENTARES - COLETADO CAIXA)","Equipamento",null,"H",1,1.68,1.68]
["Insumo"," 00043490 ","SINAPI","EPI - FAMILIA PINTOR - HORISTA (ENCARGOS COMPLEMENTARES - COLETADO CAIXA)","Equipamento",null,"H",1,1.68,1.68]
[{"$nulls":4},"MO sem LS =>",8.5574686,"LS =>",9.83,"MO com LS =>",18.39]
[{"$nulls":4},"Valor do BDI =>",6.06,null,"Valor com BDI =>",null,31.14]
[]
[null,"Código","Banco","Descrição","Tipo",null,"Und","Quant.","Valor Unit","Total"]
["Composição"," 89957 ","SINAPI","PONTO DE CONSUMO TERMINAL DE ÁGUA FRIA (SUBRAMAL) COM TUBULAÇÃO DE PVC, DN 25 MM, INSTALADO EM RAMAL DE ÁGUA, INCLUSOS RASGO E CHUMBAMENTO EM ALVENARIA. AF_12/2014","INHI - INSTALAÇÕES HIDROS SANITÁRIAS",null,"UN",1,136.22999999999999,136.22999999999999]
["Composição Auxiliar"," 89356 ","SINAPI","TUBO, PVC, SOLDÁVEL, DN 25MM, INSTALADO EM RAMAL OU SUB-RAMAL DE ÁGUA - FORNECIMENTO E INSTALAÇÃO. AF_06/2022","INHI - INSTALAÇÕES HIDROS SANITÁRIAS",null,"M",2.14,23.05,49.32]
["Composição Auxiliar"," 89362 ","SINAPI","JOELHO 90 GRAUS, PVC, SOLDÁVEL, DN 25MM, INSTALADO EM RAMAL OU SUB-RAMAL DE ÁGUA - FORNECIMENTO E INSTALAÇÃO. AF_06/2022","INHI - INSTALAÇÕES HIDROS SANITÁRIAS",null,"UN",1.18,8.85,10.44]
["Composição Auxiliar"," 89366 ","SINAPI","JOELHO 90 GRAUS COM BUCHA DE LATÃO, PVC, SOLDÁVEL, DN 25MM, X 3/4  INSTALADO EM RAMAL OU SUB-RAMAL DE ÁGUA - FORNECIMENTO E INSTALAÇÃO. AF_06/2022","INHI - INSTALAÇÕES HIDROS SANITÁRIAS",null,"UN",1,16.89,16.89]
["Composição Auxiliar"," 89395 ","SINAPI","TE, PVC, SOLDÁVEL, DN 25MM, INSTALADO EM RAMAL OU SUB-RAMAL DE ÁGUA - FORNECIMENTO E INSTALAÇÃO. AF_06/2022","INHI - INSTALAÇÕES HIDROS SANITÁRIAS",null,"UN",0.89,12.21,10.86]
["Composição Auxiliar"," 90443 ","SINAPI","RASGO LINEAR MANUAL EM ALVENARIA, PARA RAMAIS/ DISTRIBUIÇÃO DE INSTALAÇÕES HIDRÁULICAS, DIÂMETROS MENORES OU IGUAIS A 40 MM. AF_09/2023","INHI - INSTALAÇÕES HIDROS SANITÁRIAS",null,"M",2.14,7.79,16.670000000000002]
["Composição Auxiliar"," 90466 ","SINAPI","CHUMBAMENTO LINEAR EM ALVENARIA PARA RAMAIS/DISTRIBUIÇÃO DE INSTALAÇÕES HIDRÁULICAS COM DIÂMETROS MENORES OU IGUAIS A 40 MM. AF_09/2023","INHI - INSTALAÇÕES HIDROS SANITÁRIAS",null,"M",2.14,14.98,32.049999999999997]
[{"$nulls":4},"MO sem LS =>",39.436947417403445,"LS =>",45.31,"MO com LS =>",84.75]
[{"$nulls":4},"Valor do BDI =>",32.94,null,"Valor com BDI =>",null,169.17]
[]
[null,"Código","Banco","Descrição","Tipo",null,"Und","Quant.","Valor Unit","Total"]
["Composição"," 90820 ","SINAPI","PORTA DE MADEIRA PARA PINTURA, SEMI-OCA (LEVE OU MÉDIA), 60X210CM, ESPESSURA DE 3,5CM, INCLUSO DOBRADIÇAS - FORNECIMENTO E INSTALAÇÃO. AF_12/2019","ESQV - ESQUADRIAS/FERRAGENS/VIDROS",null,"UN",1,276.11,276.11]
["Composição Auxiliar"," 88261 ","SINAPI","CARPINTEIRO DE ESQUADRIA COM ENCARGOS COMPLEMENTARES","SEDI - SERVIÇOS DIVERSOS",null,"H",1.282,22.67,29.06]
["Composição Auxiliar"," 88316 ","SINAPI","SERVENTE COM ENCARGOS COMPLEMENTARES","SEDI - SERVIÇOS DIVERSOS",null,"H",0.64100000000000001,18.649999999999999,11.95]
["Insumo"," 00002432 ","SINAPI","DOBRADICA EM ACO/FERRO, 3 1/2\" X  3\", E= 1,9  A 2 MM, COM ANEL,  CROMADO OU ZINCADO, TAMPA BOLA, COM PARAFUSOS","Material",null,"UN",3,15.09,45.27]
["Insumo"," 00010553 ","SINAPI","PORTA DE MADEIRA, FOLHA MEDIA (NBR 15930) DE 600 X 2100 MM, DE 35 MM A 40 MM DE ESPESSURA, NUCLEO SEMI-SOLIDO (SARRAFEADO), CAPA LISA EM HDF, ACABAMENTO EM PRIMER PARA PINTURA","Material",null,"UN",1,187.66,187.66]
["Insumo"," 00011055 ","SINAPI","PARAFUSO ROSCA SOBERBA ZINCADO CABECA CHATA FENDA SIMPLES 3,5 X 25 MM (1 \")","Material",null,"UN",19.8,0.11,2.17]
[{"$nulls":4},"MO sem LS =>",14.462540716612379,"LS =>",16.62,"MO com LS =>",31.080000000000002]
[{"$nulls":4},"Valor do BDI =>",66.760000000000005,null,"Valor com BDI =>",null,342.87]
[]
[null,"Código","Banco","Descrição","Tipo",null,"Und","Quant.","Valor Unit","Total"]
["Composição"," 90822 ","SINAPI","PORTA DE MADEIRA PARA PINTURA, SEMI-OCA (LEVE OU MÉDIA), 80X210CM, ESPESSURA DE 3,5CM, INCLUSO DOBRADIÇAS - FORNECIMENTO E INSTALAÇÃO. AF_12/2019","ESQV - ESQUADRIAS/FERRAGENS/VIDROS",null,"UN",1,303.35000000000002,303.35000000000002]
["Composição Auxiliar"," 88261 ","SINAPI","CARPINTEIRO DE ESQUADRIA COM ENCARGOS COMPLEMENTARES","SEDI - SERVIÇOS DIVERSOS",null,"H",1.546,22.67,35.04]
["Composição Auxiliar"," 88316 ","SINAPI","SERVENTE COM ENCARGOS COMPLEMENTARES","SEDI - SERVIÇOS DIVERSOS",null,"H",0.77300000000000002,18.649999999999999,14.41]
["Insumo"," 00002432 ","SINAPI","DOBRADICA EM ACO/FERRO, 3 1/2\" X  3\", E= 1,9  A 2 MM, COM ANEL,  CROMADO OU ZINCADO, TAMPA BOLA, COM PARAFUSOS","Material",null,"UN",3,15.09,45.27]
["Insumo"," 00010555 ","SINAPI","PORTA DE MADEIRA, FOLHA MEDIA (NBR 15930) DE 800 X 2100 MM, DE 35 MM A 40 MM DE ESPESSURA, NUCLEO SEMI-SOLIDO (SARRAFEADO), CAPA LISA EM HDF, ACABAMENTO EM PRIMER PARA PINTURA","Material",null,"UN",1,206.46,206.46]
["Insumo"," 00011055 ","SINAPI","PARAFUSO ROSCA SOBERBA ZINCADO CABECA CHATA FENDA SIMPLES 3,5 X 25 MM (1 \")","Material",null,"UN",19.8,0.11,2.17]
[{"$nulls":4},"MO sem LS =>",17.44532340623546,"LS =>",20.04,"MO com LS =>",37.49]
[{"$nulls":4},"Valor do BDI =>",73.349999999999994,null,"Valor com BDI =>",null,376.7]
[]
[null,"Código","Banco","Descrição","Tipo",null,"Und","Quant.","Valor Unit","Total"]
["Composição"," 101625 ","SINAPI","PREPARO DE FUNDO DE VALA COM LARGURA MAIOR OU IGUAL A 1,5 M E MENOR QUE 2,5 M, COM CAMADA DE AREIA, LANÇAMENTO MECANIZADO. AF_08/2020","MOVT - MOVIMENTO DE TERRA",null,"m³",1,153.83000000000001,153.83000000000001]
["Composição Auxiliar"," 5678 ","SINAPI","RETROESCAVADEIRA SOBRE RODAS COM CARREGADEIRA, TRAÇÃO 4X4, POTÊNCIA LÍQ. 88 HP, CAÇAMBA CARREG. CAP. MÍN. 1 M3, CAÇAMBA RETRO CAP. 0,26 M3, PESO OPERACIONAL MÍN. 6.674 KG, PROFUNDIDADE ESCAVAÇÃO MÁX. 4,37 M - CHP DIURNO. AF_06/2014","CHOR - CUSTOS HORÁRIOS DE MÁQUINAS E EQUIPAMENTOS",null,"CHP",6.1699999999999998E-2,135.29,8.34]
["Composição Auxiliar"," 5679 ","SINAPI","RETROESCAVADEIRA SOBRE RODAS COM CARREGADEIRA, TRAÇÃO 4X4, POTÊNCIA LÍQ. 88 HP, CAÇAMBA CARREG. CAP. MÍN. 1 M3, CAÇAMBA RETRO CAP. 0,26 M3, PESO OPERACIONAL MÍN. 6.674 KG, PROFUNDIDADE ESCAVAÇÃO MÁX. 4,37 M - CHI DIURNO. AF_06/2014","CHOR - CUSTOS HORÁRIOS DE MÁQUINAS E EQUIPAMENTOS",null,"CHI",0.30830000000000002,53.3,16.43]
["Composição Auxiliar"," 88309 ","SINAPI","PEDREIRO COM ENCARGOS COMPLEMENTARES","SEDI - SERVIÇOS DIVERSOS",null,"H",0.44400000000000001,23.85,10.58]
["Composição Auxiliar"," 88316 ","SINAPI","SERVENTE COM ENCARGOS COMPLEMENTARES","SEDI - SERVIÇOS DIVERSOS",null,"H",0.66600000000000004,18.649999999999999,12.42]
["Composição Auxiliar"," 91533 ","SINAPI","COMPACTADOR DE SOLOS DE PERCUSSÃO (SOQUETE) COM MOTOR A GASOLINA 4 TEMPOS, POTÊNCIA 4 CV - CHP DIURNO. AF_08/2015","CHOR - CUSTOS HORÁRIOS DE MÁQUINAS E EQUIPAMENTOS",null,"CHP",3.2500000000000001E-2,28.37,0.92]
["Composição Auxiliar"," 91534 ","SINAPI","COMPACTADOR DE SOLOS DE PERCUSSÃO (SOQUETE) COM MOTOR A GASOLINA 4 TEMPOS, POTÊNCIA 4 CV - CHI DIURNO. AF_08/2015","CHOR - CUSTOS HORÁRIOS DE MÁQUINAS E EQUIPAMENTOS",null,"CHI",3.0200000000000001E-2,21.46,0.64]
["Insumo"," 00000370 ","SINAPI","AREIA MEDIA - POSTO JAZIDA/FORNECEDOR (RETIRADO NA JAZIDA, SEM TRANSPORTE)","Material",null,"m³",1.1000000000000001,95,104.5]
[{"$nulls":4},"MO sem LS =>",11.619357840856214,"LS =>",13.35,"MO com LS =>",24.970000000000002]
[{"$nulls":4},"Valor do BDI =>",37.19,null,"Valor com BDI =>",null,191.02]
[]
[null,"Código","Banco","Descrição","Tipo",null,"Und","Quant.","Valor Unit","Total"]
["Composição"," 101616 ","SINAPI","PREPARO DE FUNDO DE VALA COM LARGURA MENOR QUE 1,5 M (ACERTO DO SOLO NATURAL). AF_08/2020","MOVT - MOVIMENTO DE TERRA",null,"m²",1,5.45,5.45]
["Composição Auxiliar"," 88309 ","SINAPI","PEDREIRO COM ENCARGOS COMPLEMENTARES","SEDI - SERVIÇOS DIVERSOS",null,"H",0.10199999999999999,23.85,2.4300000000000002]
["Composição Auxiliar"," 88316 ","SINAPI","SERVENTE COM ENCARGOS COMPLEMENTARES","SEDI - SERVIÇOS DIVERSOS",null,"H",0.15310000000000001,18.649999999999999,2.85]
["Composição Auxiliar"," 91533 ","SINAPI","COMPACTADOR DE SOLOS DE PERCUSSÃO (SOQUETE) COM MOTOR A GASOLINA 4 TEMPOS, POTÊNCIA 4 CV - CHP DIURNO. AF_08/2015","CHOR - CUSTOS HORÁRIOS DE MÁQUINAS E EQUIPAMENTOS",null,"CHP",3.5999999999999999E-3,28.37,0.1]
["Composição Auxiliar"," 91534 ","SINAPI","COMPACTADOR DE SOLOS DE PERCUSSÃO (SOQUETE) COM MOTOR A GASOLINA 4 TEMPOS, POTÊNCIA 4 CV - CHI DIURNO. AF_08/2015","CHOR - CUSTOS HORÁRIOS DE MÁQUINAS E EQUIPAMENTOS",null,"CHI",3.5999999999999999E-3,21.46,7.0000000000000007E-2]
[{"$nulls":4},"MO sem LS =>",1.8799441600744533,"LS =>",2.16,"MO com LS =>",4.04]
[{"$nulls":4},"Valor do BDI =>",1.31,null,"Valor com BDI =>",null,6.76]
[]
[null,"Código","Banco","Descrição","Tipo",null,"Und","Quant.","Valor Unit","Total"]
["Composição"," 101618 ","SINAPI","PREPARO DE FUNDO DE VALA COM LARGURA MENOR QUE 1,5 M, COM CAMADA DE AREIA, LANÇAMENTO MANUAL. AF_08/2020","MOVT - MOVIMENTO DE TERRA",null,"m³",1,212.73,212.73]
["Composição Auxiliar"," 88309 ","SINAPI","PEDREIRO COM ENCARGOS COMPLEMENTARES","SEDI - SERVIÇOS DIVERSOS",null,"H",2.0219,23.85,48.22]
["Composição Auxiliar"," 88316 ","SINAPI","SERVENTE COM ENCARGOS COMPLEMENTARES","SEDI - SERVIÇOS DIVERSOS",null,"H",3.0329000000000002,18.649999999999999,56.56]
["Composição Auxiliar"," 91533 ","SINAPI","COMPACTADOR DE SOLOS DE PERCUSSÃO (SOQUETE) COM MOTOR A GASOLINA 4 TEMPOS, POTÊNCIA 4 CV - CHP DIURNO. AF_08/2015","CHOR - CUSTOS HORÁRIOS DE MÁQUINAS E EQUIPAMENTOS",null,"CHP",7.1800000000000003E-2,28.37,2.0299999999999998]
["Composição Auxiliar"," 91534 ","SINAPI","COMPACTADOR DE SOLOS DE PERCUSSÃO (SOQUETE) COM MOTOR A GASOLINA 4 TEMPOS, POTÊNCIA 4 CV - CHI DIURNO. AF_08/2015","CHOR - CUSTOS HORÁRIOS DE MÁQUINAS E EQUIPAMENTOS",null,"CHI",6.6600000000000006E-2,21.46,1.42]
["Insumo"," 00000370 ","SINAPI","AREIA MEDIA - POSTO JAZIDA/FORNECEDOR (RETIRADO NA JAZIDA, SEM TRANSPORTE)","Material",null,"m³",1.1000000000000001,95,104.5]
[{"$nulls":4},"MO sem LS =>",37.487203350395532,"LS =>",43.07,"MO com LS =>",80.56]
[{"$nulls":4},"Valor do BDI =>",51.43,null,"Valor com BDI =>",null,264.16000000000003]
[]
[null,"Código","Banco","Descrição","Tipo",null,"Und","Quant.","Valor Unit","Total"]
["Composição"," 101619 ","SINAPI","PREPARO DE FUNDO DE VALA COM LARGURA MENOR QUE 1,5 M, COM CAMADA DE BRITA, LANÇAMENTO MANUAL. AF_08/2020","MOVT - MOVIMENTO DE TERRA",null,"m³",1,230.58,230.58]
["Composição Auxiliar"," 88309 ","SINAPI","PEDREIRO COM ENCARGOS COMPLEMENTARES","SEDI - SERVIÇOS DIVERSOS",null,"H",2.4937999999999998,23.85,59.47]
["Composição Auxiliar"," 88316 ","SINAPI","SERVENTE COM ENCARGOS COMPLEMENTARES","SEDI - SERVIÇOS DIVERSOS",null,"H",3.7406999999999999,18.649999999999999,69.760000000000005]
["Composição Auxiliar"," 91533 ","SINAPI","COMPACTADOR DE SOLOS DE PERCUSSÃO (SOQUETE) COM MOTOR A GASOLINA 4 TEMPOS, POTÊNCIA 4 CV - CHP DIURNO. AF_08/2015","CHOR - CUSTOS HORÁRIOS DE MÁQUINAS E EQUIPAMENTOS",null,"CHP",7.1800000000000003E-2,28.37,2.0299999999999998]
["Composição Auxiliar"," 91534 ","SINAPI","COMPACTADOR DE SOLOS DE PERCUSSÃO (SOQUETE) COM MOTOR A GASOLINA 4 TEMPOS, POTÊNCIA 4 CV - CHI DIURNO. AF_08/2015","CHOR - CUSTOS HORÁRIOS DE MÁQUINAS E EQUIPAMENTOS",null,"CHI",6.6600000000000006E-2,21.46,1.42]
["Insumo"," 00004720 ","SINAPI","PEDRA BRITADA N. 0, OU PEDRISCO (4,8 A 9,5 MM) POSTO PEDREIRA/FORNECEDOR, SEM FRETE","Material",null,"m³",1.1000000000000001,89,97.9]
[{"$nulls":4},"MO sem LS =>",45.993485342019547,"LS =>",52.85,"MO com LS =>",98.84]
[{"$nulls":4},"Valor do BDI =>",55.75,null,"Valor com BDI =>",null,286.33]
[]
[null,"Código","Banco","Descrição","Tipo",null,"Und","Quant.","Valor Unit","Total"]
["Composição"," 101623 ","SINAPI","PREPARO DE FUNDO DE VALA COM LARGURA MENOR QUE 1,5 M, COM CAMADA DE BRITA, LANÇAMENTO MECANIZADO. AF_08/2020","MOVT - MOVIMENTO DE TERRA",null,"m³",1,200.5,200.5]
["Composição Auxiliar"," 5678 ","SINAPI","RETROESCAVADEIRA SOBRE RODAS COM CARREGADEIRA, TRAÇÃO 4X4, POTÊNCIA LÍQ. 88 HP, CAÇAMBA CARREG. CAP. MÍN. 1 M3, CAÇAMBA RETRO CAP. 0,26 M3, PESO OPERACIONAL MÍN. 6.674 KG, PROFUNDIDADE ESCAVAÇÃO MÁX. 4,37 M - CHP DIURNO. AF_06/2014","CHOR - CUSTOS HORÁRIOS DE MÁQUINAS E EQUIPAMENTOS",null,"CHP",0.128,135.29,17.309999999999999]
["Composição Auxiliar"," 5679 ","SINAPI","RETROESCAVADEIRA SOBRE RODAS COM CARREGADEIRA, TRAÇÃO 4X4, POTÊNCIA LÍQ. 88 HP, CAÇAMBA CARREG. CAP. MÍN. 1 M3, CAÇAMBA RETRO CAP. 0,26 M3, PESO OPERACIONAL MÍN. 6.674 KG, PROFUNDIDADE ESCAVAÇÃO MÁX. 4,37 M - CHI DIURNO. AF_06/2014","CHOR - CUSTOS HORÁRIOS DE MÁQUINAS E EQUIPAMENTOS",null,"CHI",0.63980000000000004,53.3,34.1]
["Composição Auxiliar"," 88309 ","SINAPI","PEDREIRO COM ENCARGOS COMPLEMENTARES","SEDI - SERVIÇOS DIVERSOS",null,"H",0.92130000000000001,23.85,21.97]
["Composição Auxiliar"," 88316 ","SINAPI","SERVENTE COM ENCARGOS COMPLEMENTARES","SEDI - SERVIÇOS DIVERSOS",null,"H",1.3818999999999999,18.649999999999999,25.77]
["Composição Auxiliar"," 91533 ","SINAPI","COMPACTADOR DE SOLOS DE PERCUSSÃO (SOQUETE) COM MOTOR A GASOLINA 4 TEMPOS, POTÊNCIA 4 CV - CHP DIURNO. AF_08/2015","CHOR - CUSTOS HORÁRIOS DE MÁQUINAS E EQUIPAMENTOS",null,"CHP",7.1800000000000003E-2,28.37,2.0299999999999998]
["Composição Auxiliar"," 91534 ","SINAPI","COMPACTADOR DE SOLOS DE PERCUSSÃO (SOQUETE) COM MOTOR A GASOLINA 4 TEMPOS, POTÊNCIA 4 CV - CHI DIURNO. AF_08/2015","CHOR - CUSTOS HORÁRIOS DE MÁQUINAS E EQUIPAMENTOS",null,"CHI",6.6600000000000006E-2,21.46,1.42]
["Insumo"," 00004720 ","SINAPI","PEDRA BRITADA N. 0, OU PEDRISCO (4,8 A 9,5 MM) POSTO PEDREIRA/FORNECEDOR, SEM FRETE","Material",null,"m³",1.1000000000000001,89,97.9]
[{"$nulls":4},"MO sem LS =>",24.192647743136341,"LS =>",27.8,"MO com LS =>",51.99]
[{"$nulls":4},"Valor do BDI =>",48.48,null,"Valor com BDI =>",null,248.98]
[]
[null,"Código","Banco","Descrição","Tipo",null,"Und","Quant.","Valor Unit","Total"]
["Composição"," 5942 ","SINAPI","PÁ CARREGADEIRA SOBRE RODAS, POTÊNCIA LÍQUIDA 128 HP, CAPACIDADE DA CAÇAMBA 1,7 A 2,8 M3, PESO OPERACIONAL 11632 KG - CHI DIURNO. AF_06/2014","CHOR - CUSTOS HORÁRIOS DE MÁQUINAS E EQUIPAMENTOS",null,"CHI",1,64.7,64.7]
["Composição Auxiliar"," 88301 ","SINAPI","OPERADOR DE PÁ CARREGADEIRA COM ENCARGOS COMPLEMENTARES","SEDI - SERVIÇOS DIVERSOS",null,"H",1,19.39,19.39]
["Composição Auxiliar"," 89128 ","SINAPI","PÁ CARREGADEIRA SOBRE RODAS, POTÊNCIA LÍQUIDA 128 HP, CAPACIDADE DA CAÇAMBA 1,7 A 2,8 M3, PESO OPERACIONAL 11632 KG - DEPRECIAÇÃO. AF_06/2014","CHOR - CUSTOS HORÁRIOS DE MÁQUINAS E EQUIPAMENTOS",null,"H",1,35.840000000000003,35.840000000000003]
["Composição Auxiliar"," 89129 ","SINAPI","PÁ CARREGADEIRA SOBRE RODAS, POTÊNCIA LÍQUIDA 128 HP, CAPACIDADE DA CAÇAMBA 1,7 A 2,8 M3, PESO OPERACIONAL 11632 KG - JUROS. AF_06/2014","CHOR - CUSTOS HORÁRIOS DE MÁQUINAS E EQUIPAMENTOS",null,"H",1,9.4700000000000006,9.4700000000000006]
[{"$nulls":4},"MO sem LS =>",7.0870172,"LS =>",8.14,"MO com LS =>",15.23]
[{"$nulls":4},"Valor do BDI =>",15.64,null,"Valor com BDI =>",null,80.34]
[]
[null,"Código","Banco","Descrição","Tipo",null,"Und","Quant.","Valor Unit","Total"]
["Composição"," 5940 ","SINAPI","PÁ CARREGADEIRA SOBRE RODAS, POTÊNCIA LÍQUIDA 128 HP, CAPACIDADE DA CAÇAMBA 1,7 A 2,8 M3, PESO OPERACIONAL 11632 KG - CHP DIURNO. AF_06/2014","CHOR - CUSTOS HORÁRIOS DE MÁQUINAS E EQUIPAMENTOS",null,"CHP",1,174.84,174.84]
["Composição Auxiliar"," 53857 ","SINAPI","PÁ CARREGADEIRA SOBRE RODAS, POTÊNCIA LÍQUIDA 128 HP, CAPACIDADE DA CAÇAMBA 1,7 A 2,8 M3, PESO OPERACIONAL 11632 KG - MANUTENÇÃO. AF_06/2014","CHOR - CUSTOS HORÁRIOS DE MÁQUINAS E EQUIPAMENTOS",null,"H",1,64,64]
["Composição Auxiliar"," 53858 ","SINAPI","PÁ CARREGADEIRA SOBRE RODAS, POTÊNCIA LÍQUIDA 128 HP, CAPACIDADE DA CAÇAMBA 1,7 A 2,8 M3, PESO OPERACIONAL 11632 KG - MATERIAIS NA OPERAÇÃO. AF_06/2014","CHOR - CUSTOS HORÁRIOS DE MÁQUINAS E EQUIPAMENTOS",null,"H",1,46.14,46.14]
["Composição Auxiliar"," 88301 ","SINAPI","OPERADOR DE PÁ CARREGADEIRA COM ENCARGOS COMPLEMENTARES","SEDI - SERVIÇOS DIVERSOS",null,"H",1,19.39,19.39]
["Composição Auxiliar"," 89128 ","SINAPI","PÁ CARREGADEIRA SOBRE RODAS, POTÊNCIA LÍQUIDA 128 HP, CAPACIDADE DA CAÇAMBA 1,7 A 2,8 M3, PESO OPERACIONAL 11632 KG - DEPRECIAÇÃO. AF_06/2014","CHOR - CUSTOS HORÁRIOS DE MÁQUINAS E EQUIPAMENTOS",null,"H",1,35.840000000000003,35.840000000000003]
["Composição Auxiliar"," 89129 ","SINAPI","PÁ CARREGADEIRA SOBRE RODAS, POTÊNCIA LÍQUIDA 128 HP, CAPACIDADE DA CAÇAMBA 1,7 A 2,8 M3, PESO OPERACIONAL 11632 KG - JUROS. AF_06/2014","CHOR - CUSTOS HORÁRIOS DE MÁQUINAS E EQUIPAMENTOS",null,"H",1,9.4700000000000006,9.4700000000000006]
[{"$nulls":4},"MO sem LS =>",7.0870172,"LS =>",8.14,"MO com LS =>",15.23]
[{"$nulls":4},"Valor do BDI =>",42.27,null,"Valor com BDI =>",null,217.11]
[]
[null,"Código","Banco","Descrição","Tipo",null,"Und","Quant.","Valor Unit","Total"]
["Composição"," 89128 ","SINAPI","PÁ CARREGADEIRA SOBRE RODAS, POTÊNCIA LÍQUIDA 128 HP, CAPACIDADE DA CAÇAMBA 1,7 A 2,8 M3, PESO OPERACIONAL 11632 KG - DEPRECIAÇÃO. AF_06/2014","CHOR - CUSTOS HORÁRIOS DE MÁQUINAS E EQUIPAMENTOS",null,"H",1,35.840000000000003,35.840000000000003]
["Insumo"," 00004262 ","SINAPI","PA CARREGADEIRA SOBRE RODAS, POTENCIA LIQUIDA 128 HP, CAPACIDADE DA CACAMBA DE 1,7 A 2,8 M3, PESO OPERACIONAL MAXIMO DE 11632 KG","Equipamento",null,"UN",5.5999999999999999E-5,640000,35.840000000000003]
[{"$nulls":4},"MO sem LS =>",0,"LS =>",0,"MO com LS =>",0]
[{"$nulls":4},"Valor do BDI =>",8.66,null,"Valor com BDI =>",null,44.5]
[]
[null,"Código","Banco","Descrição","Tipo",null,"Und","Quant.","Valor Unit","Total"]
["Composição"," 89129 ","SINAPI","PÁ CARREGADEIRA SOBRE RODAS, POTÊNCIA LÍQUIDA 128 HP, CAPACIDADE DA CAÇAMBA 1,7 A 2,8 M3, PESO OPERACIONAL 11632 KG - JUROS. AF_06/2014","CHOR - CUSTOS HORÁRIOS DE MÁQUINAS E EQUIPAMENTOS",null,"H",1,9.4700000000000006,9.4700000000000006]
["Insumo"," 00004262 ","SINAPI","PA CARREGADEIRA SOBRE RODAS, POTENCIA LIQUIDA 128 HP, CAPACIDADE DA CACAMBA DE 1,7 A 2,8 M3, PESO OPERACIONAL MAXIMO DE 11632 KG","Equipamento",null,"UN",1.4800000000000001E-5,640000,9.4700000000000006]
[{"$nulls":4},"MO sem LS =>",0,"LS =>",0,"MO com LS =>",0]
[{"$nulls":4},"Valor do BDI =>",2.2799999999999998,null,"Valor com BDI =>",null,11.75]
[]
[null,"Código","Banco","Descrição","Tipo",null,"Und","Quant.","Valor Unit","Total"]
["Composição"," 53857 ","SINAPI","PÁ CARREGADEIRA SOBRE RODAS, POTÊNCIA LÍQUIDA 128 HP, CAPACIDADE DA CAÇAMBA 1,7 A 2,8 M3, PESO OPERACIONAL 11632 KG - MANUTENÇÃO. AF_06/2014","CHOR - CUSTOS HORÁRIOS DE MÁQUINAS E EQUIPAMENTOS",null,"H",1,64,64]
["Insumo"," 00004262 ","SINAPI","PA CARREGADEIRA SOBRE RODAS, POTENCIA LIQUIDA 128 HP, CAPACIDADE DA CACAMBA DE 1,7 A 2,8 M3, PESO OPERACIONAL MAXIMO DE 11632 KG","Equipamento",null,"UN",1E-4,640000,64]
[{"$nulls":4},"MO sem LS =>",0,"LS =>",0,"MO com LS =>",0]
[{"$nulls":4},"Valor do BDI =>",15.47,null,"Valor com BDI =>",null,79.47]
[]
[null,"Código","Banco","Descrição","Tipo",null,"Und","Quant.","Valor Unit","Total"]
["Composição"," 53858 ","SINAPI","PÁ CARREGADEIRA SOBRE RODAS, POTÊNCIA LÍQUIDA 128 HP, CAPACIDADE DA CAÇAMBA 1,7 A 2,8 M3, PESO OPERACIONAL 11632 KG - MATERIAIS NA OPERAÇÃO. AF_06/2014","CHOR - CUSTOS HORÁRIOS DE MÁQUINAS E EQUIPAMENTOS",null,"H",1,46.14,46.14]
["Insumo"," 00004221 ","SINAPI","OLEO DIESEL COMBUSTIVEL COMUM METROPOLITANO S-10 OU S-500","Material",null,"L",7.64,6.04,46.14]
[{"$nulls":4},"MO sem LS =>",0,"LS =>",0,"MO com LS =>",0]
[{"$nulls":4},"Valor do BDI =>",11.15,null,"Valor com BDI =>",null,57.29]
[]
[null,"Código","Banco","Descrição","Tipo",null,"Und","Quant.","Valor Unit","Total"]
["Composição"," 101875 ","SINAPI","QUADRO DE DISTRIBUIÇÃO DE ENERGIA EM CHAPA DE AÇO GALVANIZADO, DE EMBUTIR, COM BARRAMENTO TRIFÁSICO, PARA 12 DISJUNTORES DIN 100A - FORNECIMENTO E INSTALAÇÃO. AF_10/2020","INEL - INSTALAÇÃO ELÉTRICA/ELETRIFICAÇÃO E ILUMINAÇÃO EXTERNA",null,"UN",1,508.45,508.45]
["Composição Auxiliar"," 87367 ","SINAPI","ARGAMASSA TRAÇO 1:1:6 (EM VOLUME DE CIMENTO, CAL E AREIA MÉDIA ÚMIDA) PARA EMBOÇO/MASSA ÚNICA/ASSENTAMENTO DE ALVENARIA DE VEDAÇÃO, PREPARO MANUAL. AF_08/2019","SEDI - SERVIÇOS DIVERSOS",null,"m³",1.17E-2,652.80999999999995,7.63]
["Composição Auxiliar"," 88247 ","SINAPI","AUXILIAR DE ELETRICISTA COM ENCARGOS COMPLEMENTARES","SEDI - SERVIÇOS DIVERSOS",null,"H",0.48110000000000003,19.73,9.49]
["Composição Auxiliar"," 88264 ","SINAPI","ELETRICISTA COM ENCARGOS COMPLEMENTARES","SEDI - SERVIÇOS DIVERSOS",null,"H",0.48110000000000003,29.1,14]
["Insumo"," 00013393 ","SINAPI","QUADRO DE DISTRIBUICAO COM BARRAMENTO TRIFASICO, DE EMBUTIR, EM CHAPA DE ACO GALVANIZADO, PARA 12 DISJUNTORES DIN, 100 A","Material",null,"UN",1,477.33,477.33]
[{"$nulls":4},"MO sem LS =>",9.3624941833410897,"LS =>",10.76,"MO com LS =>",20.12]
[{"$nulls":4},"Valor do BDI =>",122.94,null,"Valor com BDI =>",null,631.39]
[]
[null,"Código","Banco","Descrição","Tipo",null,"Und","Quant.","Valor Unit","Total"]
["Composição"," 101876 ","SINAPI","QUADRO DE DISTRIBUIÇÃO DE ENERGIA EM PVC, DE EMBUTIR, SEM BARRAMENTO, PARA 6 DISJUNTORES - FORNECIMENTO E INSTALAÇÃO. AF_10/2020","INEL - INSTALAÇÃO ELÉTRICA/ELETRIFICAÇÃO E ILUMINAÇÃO EXTERNA",null,"UN",1,73.22,73.22]
["Composição Auxiliar"," 87367 ","SINAPI","ARGAMASSA TRAÇO 1:1:6 (EM VOLUME DE CIMENTO, CAL E AREIA MÉDIA ÚMIDA) PARA EMBOÇO/MASSA ÚNICA/ASSENTAMENTO DE ALVENARIA DE VEDAÇÃO, PREPARO MANUAL. AF_08/2019","SEDI - SERVIÇOS DIVERSOS",null,"m³",4.4000000000000003E-3,652.80999999999995,2.87]
["Composição Auxiliar"," 88247 ","SINAPI","AUXILIAR DE ELETRICISTA COM ENCARGOS COMPLEMENTARES","SEDI - SERVIÇOS DIVERSOS",null,"H",0.32590000000000002,19.73,6.43]
["Composição Auxiliar"," 88264 ","SINAPI","ELETRICISTA COM ENCARGOS COMPLEMENTARES","SEDI - SERVIÇOS DIVERSOS",null,"H",0.32590000000000002,29.1,9.48]
["Insumo"," 00039795 ","SINAPI","QUADRO DE DISTRIBUICAO, SEM BARRAMENTO, EM PVC, DE EMBUTIR, PARA 6 DISJUNTORES NEMA OU 8 DISJUNTORES DIN","Material",null,"UN",1,54.44,54.44]
[{"$nulls":4},"MO sem LS =>",6.0912052117263844,"LS =>",7,"MO com LS =>",13.09]
[{"$nulls":4},"Valor do BDI =>",17.7,null,"Valor com BDI =>",null,90.92]
[]
[null,"Código","Banco","Descrição","Tipo",null,"Und","Quant.","Valor Unit","Total"]
["Composição"," 90456 ","SINAPI","QUEBRA EM ALVENARIA PARA INSTALAÇÃO DE CAIXA DE TOMADA (4X4 OU 4X2). AF_09/2023","INHI - INSTALAÇÕES HIDROS SANITÁRIAS",null,"UN",1,5.38,5.38]
["Composição Auxiliar"," 88247 ","SINAPI","AUXILIAR DE ELETRICISTA COM ENCARGOS COMPLEMENTARES","SEDI - SERVIÇOS DIVERSOS",null,"H",4.3799999999999999E-2,19.73,0.86]
["Composição Auxiliar"," 88264 ","SINAPI","ELETRICISTA COM ENCARGOS COMPLEMENTARES","SEDI - SERVIÇOS DIVERSOS",null,"H",0.15559999999999999,29.1,4.5199999999999996]
[{"$nulls":4},"MO sem LS =>",2.0102373196835739,"LS =>",2.31,"MO com LS =>",4.32]
[{"$nulls":4},"Valor do BDI =>",1.3,null,"Valor com BDI =>",null,6.68]
[]
[null,"Código","Banco","Descrição","Tipo",null,"Und","Quant.","Valor Unit","Total"]
["Composição"," 90457 ","SINAPI","QUEBRA EM ALVENARIA PARA INSTALAÇÃO DE QUADRO DISTRIBUIÇÃO PEQUENO (19X25 CM). AF_09/2023","INHI - INSTALAÇÕES HIDROS SANITÁRIAS",null,"UN",1,12.29,12.29]
["Composição Auxiliar"," 88247 ","SINAPI","AUXILIAR DE ELETRICISTA COM ENCARGOS COMPLEMENTARES","SEDI - SERVIÇOS DIVERSOS",null,"H",9.98E-2,19.73,1.96]
["Composição Auxiliar"," 88264 ","SINAPI","ELETRICISTA COM ENCARGOS COMPLEMENTARES","SEDI - SERVIÇOS DIVERSOS",null,"H",0.35499999999999998,29.1,10.33]
[{"$nulls":4},"MO sem LS =>",4.5881805490926011,"LS =>",5.27,"MO com LS =>",9.86]
[{"$nulls":4},"Valor do BDI =>",2.97,null,"Valor com BDI =>",null,15.26]
[]
[null,"Código","Banco","Descrição","Tipo",null,"Und","Quant.","Valor Unit","Total"]
["Composição"," 90447 ","SINAPI","RASGO LINEAR MANUAL EM ALVENARIA, PARA ELETRODUTOS, DIÂMETROS MENORES OU IGUAIS A 40 MM. AF_09/2023","INHI - INSTALAÇÕES HIDROS SANITÁRIAS",null,"M",1,8.1300000000000008,8.1300000000000008]
["Composição Auxiliar"," 88247 ","SINAPI","AUXILIAR DE ELETRICISTA COM ENCARGOS COMPLEMENTARES","SEDI - SERVIÇOS DIVERSOS",null,"H",6.6000000000000003E-2,19.73,1.3]
["Composição Auxiliar"," 88264 ","SINAPI","ELETRICISTA COM ENCARGOS COMPLEMENTARES","SEDI - SERVIÇOS DIVERSOS",null,"H",0.23480000000000001,29.1,6.83]
[{"$nulls":4},"MO sem LS =>",3.0386226151698463,"LS =>",3.49,"MO com LS =>",6.53]
[{"$nulls":4},"Valor do BDI =>",1.96,null,"Valor com BDI =>",null,10.09]
[]
[null,"Código","Banco","Descrição","Tipo",null,"Und","Quant.","Valor Unit","Total"]
["Composição"," 90443 ","SINAPI","RASGO LINEAR MANUAL EM ALVENARIA, PARA RAMAIS/ DISTRIBUIÇÃO DE INSTALAÇÕES HIDRÁULICAS, DIÂMETROS MENORES OU IGUAIS A 40 MM. AF_09/2023","INHI - INSTALAÇÕES HIDROS SANITÁRIAS",null,"M",1,7.79,7.79]
["Composição Auxiliar"," 88248 ","SINAPI","AUXILIAR DE ENCANADOR OU BOMBEIRO HIDRÁULICO COM ENCARGOS COMPLEMENTARES","SEDI - SERVIÇOS DIVERSOS",null,"H",6.6000000000000003E-2,18.78,1.23]
["Composição Auxiliar"," 88267 ","SINAPI","ENCANADOR OU BOMBEIRO HIDRÁULICO COM ENCARGOS COMPLEMENTARES","SEDI - SERVIÇOS DIVERSOS",null,"H",0.23480000000000001,27.97,6.56]
[{"$nulls":4},"MO sem LS =>",2.9781293624941831,"LS =>",3.42,"MO com LS =>",6.4]
[{"$nulls":4},"Valor do BDI =>",1.88,null,"Valor com BDI =>",null,9.67]
[]
[null,"Código","Banco","Descrição","Tipo",null,"Und","Quant.","Valor Unit","Total"]
["Composição"," 94489 ","SINAPI","REGISTRO DE ESFERA, PVC, SOLDÁVEL, COM VOLANTE, DN  25 MM - FORNECIMENTO E INSTALAÇÃO. AF_08/2021","INHI - INSTALAÇÕES HIDROS SANITÁRIAS",null,"UN",1,21.95,21.95]
["Composição Auxiliar"," 88248 ","SINAPI","AUXILIAR DE ENCANADOR OU BOMBEIRO HIDRÁULICO COM ENCARGOS COMPLEMENTARES","SEDI - SERVIÇOS DIVERSOS",null,"H",7.9500000000000001E-2,18.78,1.49]
["Composição Auxiliar"," 88267 ","SINAPI","ENCANADOR OU BOMBEIRO HIDRÁULICO COM ENCARGOS COMPLEMENTARES","SEDI - SERVIÇOS DIVERSOS",null,"H",7.9500000000000001E-2,27.97,2.2200000000000002]
["Insumo"," 00011674 ","SINAPI","REGISTRO DE ESFERA, PVC, COM VOLANTE, VS, SOLDAVEL, DN 25 MM, COM CORPO DIVIDIDO","Material",null,"UN",1,17.010000000000002,17.010000000000002]
["Insumo"," 00020080 ","SINAPI","ADESIVO PLASTICO PARA PVC, FRASCO COM 175 GR","Material",null,"UN",0.04,16.920000000000002,0.67]
["Insumo"," 00020083 ","SINAPI","SOLUCAO PREPARADORA / LIMPADORA PARA PVC, FRASCO COM 1000 CM3","Material",null,"UN",9.4999999999999998E-3,58.75,0.55000000000000004]
["Insumo"," 00038383 ","SINAPI","LIXA D'AGUA EM FOLHA, GRAO 100","Material",null,"UN",8.0000000000000002E-3,1.89,0.01]
[{"$nulls":4},"MO sem LS =>",1.3820381572824569,"LS =>",1.59,"MO com LS =>",2.97]
[{"$nulls":4},"Valor do BDI =>",5.3,null,"Valor com BDI =>",null,27.25]
[]
[null,"Código","Banco","Descrição","Tipo",null,"Und","Quant.","Valor Unit","Total"]
["Composição"," 94490 ","SINAPI","REGISTRO DE ESFERA, PVC, SOLDÁVEL, COM VOLANTE, DN  32 MM - FORNECIMENTO E INSTALAÇÃO. AF_08/2021","INHI - INSTALAÇÕES HIDROS SANITÁRIAS",null,"UN",1,31.96,31.96]
["Composição Auxiliar"," 88248 ","SINAPI","AUXILIAR DE ENCANADOR OU BOMBEIRO HIDRÁULICO COM ENCARGOS COMPLEMENTARES","SEDI - SERVIÇOS DIVERSOS",null,"H",7.9500000000000001E-2,18.78,1.49]
["Composição Auxiliar"," 88267 ","SINAPI","ENCANADOR OU BOMBEIRO HIDRÁULICO COM ENCARGOS COMPLEMENTARES","SEDI - SERVIÇOS DIVERSOS",null,"H",7.9500000000000001E-2,27.97,2.2200000000000002]
["Insumo"," 00011675 ","SINAPI","REGISTRO DE ESFERA, PVC, COM VOLANTE, VS, SOLDAVEL, DN 32 MM, COM CORPO DIVIDIDO","Material",null,"UN",1,27.02,27.02]
["Insumo"," 00020080 ","SINAPI","ADESIVO PLASTICO PARA PVC, FRASCO COM 175 GR","Material",null,"UN",0.04,16.920000000000002,0.67]
["Insumo"," 00020083 ","SINAPI","SOLUCAO PREPARADORA / LIMPADORA PARA PVC, FRASCO COM 1000 CM3","Material",null,"UN",9.4999999999999998E-3,58.75,0.55000000000000004]
["Insumo"," 00038383 ","SINAPI","LIXA D'AGUA EM FOLHA, GRAO 100","Material",null,"UN",8.0000000000000002E-3,1.89,0.01]
[{"$nulls":4},"MO sem LS =>",1.3820381572824569,"LS =>",1.59,"MO com LS =>",2.97]
[{"$nulls":4},"Valor do BDI =>",7.72,null,"Valor com BDI =>",null,39.68]
[]
[null,"Código","Banco","Descrição","Tipo",null,"Und","Quant.","Valor Unit","Total"]
["Composição"," 89351 ","SINAPI","REGISTRO DE PRESSÃO BRUTO, LATÃO,  ROSCÁVEL, 3/4'' - FORNECIMENTO E INSTALAÇÃO. AF_08/2021","INHI - INSTALAÇÕES HIDROS SANITÁRIAS",null,"UN",1,27.81,27.81]
["Composição Auxiliar"," 88248 ","SINAPI","AUXILIAR DE ENCANADOR OU BOMBEIRO HIDRÁULICO COM ENCARGOS COMPLEMENTARES","SEDI - SERVIÇOS DIVERSOS",null,"H",0.11020000000000001,18.78,2.06]
["Composição Auxiliar"," 88267 ","SINAPI","ENCANADOR OU BOMBEIRO HIDRÁULICO COM ENCARGOS COMPLEMENTARES","SEDI - SERVIÇOS DIVERSOS",null,"H",0.11020000000000001,27.97,3.08]
["Insumo"," 00003148 ","SINAPI","FITA VEDA ROSCA EM ROLOS DE 18 MM X 50 M (L X C)","Material",null,"UN",1.06E-2,10.88,0.11]
["Insumo"," 00011753 ","SINAPI","REGISTRO PRESSAO BRUTO EM LATAO FORJADO, BITOLA 3/4 \" (REF 1400)","Material",null,"UN",1,22.56,22.56]
[{"$nulls":4},"MO sem LS =>",1.9125174499767335,"LS =>",2.2000000000000002,"MO com LS =>",4.1100000000000003]
[{"$nulls":4},"Valor do BDI =>",6.72,null,"Valor com BDI =>",null,34.53]
[]
[null,"Código","Banco","Descrição","Tipo",null,"Und","Quant.","Valor Unit","Total"]
["Composição"," 5679 ","SINAPI","RETROESCAVADEIRA SOBRE RODAS COM CARREGADEIRA, TRAÇÃO 4X4, POTÊNCIA LÍQ. 88 HP, CAÇAMBA CARREG. CAP. MÍN. 1 M3, CAÇAMBA RETRO CAP. 0,26 M3, PESO OPERACIONAL MÍN. 6.674 KG, PROFUNDIDADE ESCAVAÇÃO MÁX. 4,37 M - CHI DIURNO. AF_06/2014","CHOR - CUSTOS HORÁRIOS DE MÁQUINAS E EQUIPAMENTOS",null,"CHI",1,53.3,53.3]
["Composição Auxiliar"," 88294 ","SINAPI","OPERADOR DE ESCAVADEIRA COM ENCARGOS COMPLEMENTARES","SEDI - SERVIÇOS DIVERSOS",null,"H",1,22.48,22.48]
["Composição Auxiliar"," 88857 ","SINAPI","RETROESCAVADEIRA SOBRE RODAS COM CARREGADEIRA, TRAÇÃO 4X4, POTÊNCIA LÍQ. 88 HP, CAÇAMBA CARREG. CAP. MÍN. 1 M3, CAÇAMBA RETRO CAP. 0,26 M3, PESO OPERACIONAL MÍN. 6.674 KG, PROFUNDIDADE ESCAVAÇÃO MÁX. 4,37 M - DEPRECIAÇÃO. AF_06/2014","CHOR - CUSTOS HORÁRIOS DE MÁQUINAS E EQUIPAMENTOS",null,"H",1,24.38,24.38]
["Composição Auxiliar"," 88858 ","SINAPI","RETROESCAVADEIRA SOBRE RODAS COM CARREGADEIRA, TRAÇÃO 4X4, POTÊNCIA LÍQ. 88 HP, CAÇAMBA CARREG. CAP. MÍN. 1 M3, CAÇAMBA RETRO CAP. 0,26 M3, PESO OPERACIONAL MÍN. 6.674 KG, PROFUNDIDADE ESCAVAÇÃO MÁX. 4,37 M - JUROS. AF_06/2014","CHOR - CUSTOS HORÁRIOS DE MÁQUINAS E EQUIPAMENTOS",null,"H",1,6.44,6.44]
[{"$nulls":4},"MO sem LS =>",8.5248953000000007,"LS =>",9.8000000000000007,"MO com LS =>",18.32]
[{"$nulls":4},"Valor do BDI =>",12.88,null,"Valor com BDI =>",null,66.180000000000007]
[]
[null,"Código","Banco","Descrição","Tipo",null,"Und","Quant.","Valor Unit","Total"]
["Composição"," 5678 ","SINAPI","RETROESCAVADEIRA SOBRE RODAS COM CARREGADEIRA, TRAÇÃO 4X4, POTÊNCIA LÍQ. 88 HP, CAÇAMBA CARREG. CAP. MÍN. 1 M3, CAÇAMBA RETRO CAP. 0,26 M3, PESO OPERACIONAL MÍN. 6.674 KG, PROFUNDIDADE ESCAVAÇÃO MÁX. 4,37 M - CHP DIURNO. AF_06/2014","CHOR - CUSTOS HORÁRIOS DE MÁQUINAS E EQUIPAMENTOS",null,"CHP",1,135.29,135.29]
["Composição Auxiliar"," 53786 ","SINAPI","RETROESCAVADEIRA SOBRE RODAS COM CARREGADEIRA, TRAÇÃO 4X4, POTÊNCIA LÍQ. 88 HP, CAÇAMBA CARREG. CAP. MÍN. 1 M3, CAÇAMBA RETRO CAP. 0,26 M3, PESO OPERACIONAL MÍN. 6.674 KG, PROFUNDIDADE ESCAVAÇÃO MÁX. 4,37 M - MATERIAIS NA OPERAÇÃO. AF_06/2014","CHOR - CUSTOS HORÁRIOS DE MÁQUINAS E EQUIPAMENTOS",null,"H",1,51.52,51.52]
["Composição Auxiliar"," 5664 ","SINAPI","RETROESCAVADEIRA SOBRE RODAS COM CARREGADEIRA, TRAÇÃO 4X4, POTÊNCIA LÍQ. 88 HP, CAÇAMBA CARREG. CAP. MÍN. 1 M3, CAÇAMBA RETRO CAP. 0,26 M3, PESO OPERACIONAL MÍN. 6.674 KG, PROFUNDIDADE ESCAVAÇÃO MÁX. 4,37 M - MANUTENÇÃO. AF_06/2014","CHOR - CUSTOS HORÁRIOS DE MÁQUINAS E EQUIPAMENTOS",null,"H",1,30.47,30.47]
["Composição Auxiliar"," 88294 ","SINAPI","OPERADOR DE ESCAVADEIRA COM ENCARGOS COMPLEMENTARES","SEDI - SERVIÇOS DIVERSOS",null,"H",1,22.48,22.48]
["Composição Auxiliar"," 88857 ","SINAPI","RETROESCAVADEIRA SOBRE RODAS COM CARREGADEIRA, TRAÇÃO 4X4, POTÊNCIA LÍQ. 88 HP, CAÇAMBA CARREG. CAP. MÍN. 1 M3, CAÇAMBA RETRO CAP. 0,26 M3, PESO OPERACIONAL MÍN. 6.674 KG, PROFUNDIDADE ESCAVAÇÃO MÁX. 4,37 M - DEPRECIAÇÃO. AF_06/2014","CHOR - CUSTOS HORÁRIOS DE MÁQUINAS E EQUIPAMENTOS",null,"H",1,24.38,24.38]
["Composição Auxiliar"," 88858 ","SINAPI","RETROESCAVADEIRA SOBRE RODAS COM CARREGADEIRA, TRAÇÃO 4X4, POTÊNCIA LÍQ. 88 HP, CAÇAMBA CARREG. CAP. MÍN. 1 M3, CAÇAMBA RETRO CAP. 0,26 M3, PESO OPERACIONAL MÍN. 6.674 KG, PROFUNDIDADE ESCAVAÇÃO MÁX. 4,37 M - JUROS. AF_06/2014","CHOR - CUSTOS HORÁRIOS DE MÁQUINAS E EQUIPAMENTOS",null,"H",1,6.44,6.44]
[{"$nulls":4},"MO sem LS =>",8.5248953000000007,"LS =>",9.8000000000000007,"MO com LS =>",18.32]
[{"$nulls":4},"Valor do BDI =>",32.71,null,"Valor com BDI =>",null,168]
[]
[null,"Código","Banco","Descrição","Tipo",null,"Und","Quant.","Valor Unit","Total"]
["Composição"," 88857 ","SINAPI","RETROESCAVADEIRA SOBRE RODAS COM CARREGADEIRA, TRAÇÃO 4X4, POTÊNCIA LÍQ. 88 HP, CAÇAMBA CARREG. CAP. MÍN. 1 M3, CAÇAMBA RETRO CAP. 0,26 M3, PESO OPERACIONAL MÍN. 6.674 KG, PROFUNDIDADE ESCAVAÇÃO MÁX. 4,37 M - DEPRECIAÇÃO. AF_06/2014","CHOR - CUSTOS HORÁRIOS DE MÁQUINAS E EQUIPAMENTOS",null,"H",1,24.38,24.38]
["Insumo"," 00036531 ","SINAPI","RETROESCAVADEIRA SOBRE RODAS COM CARREGADEIRA, TRACAO 4 X 4, POTENCIA LIQUIDA 88 HP, PESO OPERACIONAL MINIMO DE 6674 KG, CAPACIDADE DA CARREGADEIRA DE 1,00 M3 E DA  RETROESCAVADEIRA MINIMA DE 0,26 M3, PROFUNDIDADE DE ESCAVACAO MAXIMA DE 4,37 M","Equipamento",null,"UN",5.5999999999999999E-5,435365.82,24.38]
[{"$nulls":4},"MO sem LS =>",0,"LS =>",0,"MO com LS =>",0]
[{"$nulls":4},"Valor do BDI =>",5.89,null,"Valor com BDI =>",null,30.27]
[]
[null,"Código","Banco","Descrição","Tipo",null,"Und","Quant.","Valor Unit","Total"]
["Composição"," 88858 ","SINAPI","RETROESCAVADEIRA SOBRE RODAS COM CARREGADEIRA, TRAÇÃO 4X4, POTÊNCIA LÍQ. 88 HP, CAÇAMBA CARREG. CAP. MÍN. 1 M3, CAÇAMBA RETRO CAP. 0,26 M3, PESO OPERACIONAL MÍN. 6.674 KG, PROFUNDIDADE ESCAVAÇÃO MÁX. 4,37 M - JUROS. AF_06/2014","CHOR - CUSTOS HORÁRIOS DE MÁQUINAS E EQUIPAMENTOS",null,"H",1,6.44,6.44]
["Insumo"," 00036531 ","SINAPI","RETROESCAVADEIRA SOBRE RODAS COM CARREGADEIRA, TRACAO 4 X 4, POTENCIA LIQUIDA 88 HP, PESO OPERACIONAL MINIMO DE 6674 KG, CAPACIDADE DA CARREGADEIRA DE 1,00 M3 E DA  RETROESCAVADEIRA MINIMA DE 0,26 M3, PROFUNDIDADE DE ESCAVACAO MAXIMA DE 4,37 M","Equipamento",null,"UN",1.4800000000000001E-5,435365.82,6.44]
[{"$nulls":4},"MO sem LS =>",0,"LS =>",0,"MO com LS =>",0]
[{"$nulls":4},"Valor do BDI =>",1.55,null,"Valor com BDI =>",null,7.99]
[]
[null,"Código","Banco","Descrição","Tipo",null,"Und","Quant.","Valor Unit","Total"]
["Composição"," 5664 ","SINAPI","RETROESCAVADEIRA SOBRE RODAS COM CARREGADEIRA, TRAÇÃO 4X4, POTÊNCIA LÍQ. 88 HP, CAÇAMBA CARREG. CAP. MÍN. 1 M3, CAÇAMBA RETRO CAP. 0,26 M3, PESO OPERACIONAL MÍN. 6.674 KG, PROFUNDIDADE ESCAVAÇÃO MÁX. 4,37 M - MANUTENÇÃO. AF_06/2014","CHOR - CUSTOS HORÁRIOS DE MÁQUINAS E EQUIPAMENTOS",null,"H",1,30.47,30.47]
["Insumo"," 00036531 ","SINAPI","RETROESCAVADEIRA SOBRE RODAS COM CARREGADEIRA, TRACAO 4 X 4, POTENCIA LIQUIDA 88 HP, PESO OPERACIONAL MINIMO DE 6674 KG, CAPACIDADE DA CARREGADEIRA DE 1,00 M3 E DA  RETROESCAVADEIRA MINIMA DE 0,26 M3, PROFUNDIDADE DE ESCAVACAO MAXIMA DE 4,37 M","Equipamento",null,"UN",6.9999999999999994E-5,435365.82,30.47]
[{"$nulls":4},"MO sem LS =>",0,"LS =>",0,"MO com LS =>",0]
[{"$nulls":4},"Valor do BDI =>",7.36,null,"Valor com BDI =>",null,37.83]
[]
[null,"Código","Banco","Descrição","Tipo",null,"Und","Quant.","Valor Unit","Total"]
["Composição"," 53786 ","SINAPI","RETROESCAVADEIRA SOBRE RODAS COM CARREGADEIRA, TRAÇÃO 4X4, POTÊNCIA LÍQ. 88 HP, CAÇAMBA CARREG. CAP. MÍN. 1 M3, CAÇAMBA RETRO CAP. 0,26 M3, PESO OPERACIONAL MÍN. 6.674 KG, PROFUNDIDADE ESCAVAÇÃO MÁX. 4,37 M - MATERIAIS NA OPERAÇÃO. AF_06/2014","CHOR - CUSTOS HORÁRIOS DE MÁQUINAS E EQUIPAMENTOS",null,"H",1,51.52,51.52]
["Insumo"," 00004221 ","SINAPI","OLEO DIESEL COMBUSTIVEL COMUM METROPOLITANO S-10 OU S-500","Material",null,"L",8.5299999999999994,6.04,51.52]
[{"$nulls":4},"MO sem LS =>",0,"LS =>",0,"MO com LS =>",0]
[{"$nulls":4},"Valor do BDI =>",12.45,null,"Valor com BDI =>",null,63.97]
[]
[null,"Código","Banco","Descrição","Tipo",null,"Und","Quant.","Valor Unit","Total"]
["Composição"," 87247 ","SINAPI","REVESTIMENTO CERÂMICO PARA PISO COM PLACAS TIPO ESMALTADA EXTRA DE DIMENSÕES 35X35 CM APLICADA EM AMBIENTES DE ÁREA ENTRE 5 M2 E 10 M2. AF_02/2023_PE","PISO - PISOS",null,"m²",1,61.29,61.29]
["Composição Auxiliar"," 88256 ","SINAPI","AZULEJISTA OU LADRILHISTA COM ENCARGOS COMPLEMENTARES","SEDI - SERVIÇOS DIVERSOS",null,"H",0.47389999999999999,23.73,11.24]
["Composição Auxiliar"," 88316 ","SINAPI","SERVENTE COM ENCARGOS COMPLEMENTARES","SEDI - SERVIÇOS DIVERSOS",null,"H",0.161,18.649999999999999,3]
["Insumo"," 00001287 ","SINAPI","PISO EM CERAMICA ESMALTADA EXTRA, PEI MAIOR OU IGUAL A 4, FORMATO MENOR OU IGUAL A 2025 CM2","Material",null,"m²",1.0616000000000001,35.99,38.200000000000003]
["Insumo"," 00001381 ","SINAPI","ARGAMASSA COLANTE AC I PARA CERAMICAS","Material",null,"KG",9.1325000000000003,0.84,7.67]
["Insumo"," 00034357 ","SINAPI","REJUNTE CIMENTICIO, QUALQUER COR","Material",null,"KG",0.24099999999999999,4.93,1.18]
[{"$nulls":4},"MO sem LS =>",5.0628199162401124,"LS =>",5.82,"MO com LS =>",10.88]
[{"$nulls":4},"Valor do BDI =>",14.81,null,"Valor com BDI =>",null,76.099999999999994]
[]
[null,"Código","Banco","Descrição","Tipo",null,"Und","Quant.","Valor Unit","Total"]
["Composição"," 87248 ","SINAPI","REVESTIMENTO CERÂMICO PARA PISO COM PLACAS TIPO ESMALTADA EXTRA DE DIMENSÕES 35X35 CM APLICADA EM AMBIENTES DE ÁREA MAIOR QUE 10 M2. AF_02/2023_PE","PISO - PISOS",null,"m²",1,55.01,55.01]
["Composição Auxiliar"," 88256 ","SINAPI","AZULEJISTA OU LADRILHISTA COM ENCARGOS COMPLEMENTARES","SEDI - SERVIÇOS DIVERSOS",null,"H",0.24110000000000001,23.73,5.72]
["Composição Auxiliar"," 88316 ","SINAPI","SERVENTE COM ENCARGOS COMPLEMENTARES","SEDI - SERVIÇOS DIVERSOS",null,"H",0.129,18.649999999999999,2.4]
["Insumo"," 00001287 ","SINAPI","PISO EM CERAMICA ESMALTADA EXTRA, PEI MAIOR OU IGUAL A 4, FORMATO MENOR OU IGUAL A 2025 CM2","Material",null,"m²",1.0570999999999999,35.99,38.04]
["Insumo"," 00001381 ","SINAPI","ARGAMASSA COLANTE AC I PARA CERAMICAS","Material",null,"KG",9.1325000000000003,0.84,7.67]
["Insumo"," 00034357 ","SINAPI","REJUNTE CIMENTICIO, QUALQUER COR","Material",null,"KG",0.24099999999999999,4.93,1.18]
[{"$nulls":4},"MO sem LS =>",2.8664495114006514,"LS =>",3.29,"MO com LS =>",6.16]
[{"$nulls":4},"Valor do BDI =>",13.3,null,"Valor com BDI =>",null,68.31]
[]
[null,"Código","Banco","Descrição","Tipo",null,"Und","Quant.","Valor Unit","Total"]
["Composição"," 5685 ","SINAPI","ROLO COMPACTADOR VIBRATÓRIO DE UM CILINDRO AÇO LISO, POTÊNCIA 80 HP, PESO OPERACIONAL MÁXIMO 8,1 T, IMPACTO DINÂMICO 16,15 / 9,5 T, LARGURA DE TRABALHO 1,68 M - CHI DIURNO. AF_06/2014","CHOR - CUSTOS HORÁRIOS DE MÁQUINAS E EQUIPAMENTOS",null,"CHI",1,63.13,63.13]
["Composição Auxiliar"," 88303 ","SINAPI","OPERADOR DE ROLO COMPACTADOR COM ENCARGOS COMPLEMENTARES","SEDI - SERVIÇOS DIVERSOS",null,"H",1,23.25,23.25]
["Composição Auxiliar"," 89210 ","SINAPI","ROLO COMPACTADOR VIBRATÓRIO DE UM CILINDRO AÇO LISO, POTÊNCIA 80 HP, PESO OPERACIONAL MÁXIMO 8,1 T, IMPACTO DINÂMICO 16,15 / 9,5 T, LARGURA DE TRABALHO 1,68 M - DEPRECIAÇÃO. AF_06/2014","CHOR - CUSTOS HORÁRIOS DE MÁQUINAS E EQUIPAMENTOS",null,"H",1,31.45,31.45]
["Composição Auxiliar"," 89211 ","SINAPI","ROLO COMPACTADOR VIBRATÓRIO DE UM CILINDRO AÇO LISO, POTÊNCIA 80 HP, PESO OPERACIONAL MÁXIMO 8,1 T, IMPACTO DINÂMICO 16,15 / 9,5 T, LARGURA DE TRABALHO 1,68 M - JUROS. AF_06/2014","CHOR - CUSTOS HORÁRIOS DE MÁQUINAS E EQUIPAMENTOS",null,"H",1,8.43,8.43]
[{"$nulls":4},"MO sem LS =>",8.8832015000000002,"LS =>",10.210000000000001,"MO com LS =>",19.09]
[{"$nulls":4},"Valor do BDI =>",15.26,null,"Valor com BDI =>",null,78.39]
[]
[null,"Código","Banco","Descrição","Tipo",null,"Und","Quant.","Valor Unit","Total"]
["Composição"," 5684 ","SINAPI","ROLO COMPACTADOR VIBRATÓRIO DE UM CILINDRO AÇO LISO, POTÊNCIA 80 HP, PESO OPERACIONAL MÁXIMO 8,1 T, IMPACTO DINÂMICO 16,15 / 9,5 T, LARGURA DE TRABALHO 1,68 M - CHP DIURNO. AF_06/2014","CHOR - CUSTOS HORÁRIOS DE MÁQUINAS E EQUIPAMENTOS",null,"CHP",1,160.16999999999999,160.16999999999999]
["Composição Auxiliar"," 53788 ","SINAPI","ROLO COMPACTADOR VIBRATÓRIO DE UM CILINDRO AÇO LISO, POTÊNCIA 80 HP, PESO OPERACIONAL MÁXIMO 8,1 T, IMPACTO DINÂMICO 16,15 / 9,5 T, LARGURA DE TRABALHO 1,68 M - MATERIAIS NA OPERAÇÃO. AF_06/2014","CHOR - CUSTOS HORÁRIOS DE MÁQUINAS E EQUIPAMENTOS",null,"H",1,57.68,57.68]
["Composição Auxiliar"," 5674 ","SINAPI","ROLO COMPACTADOR VIBRATÓRIO DE UM CILINDRO AÇO LISO, POTÊNCIA 80 HP, PESO OPERACIONAL MÁXIMO 8,1 T, IMPACTO DINÂMICO 16,15 / 9,5 T, LARGURA DE TRABALHO 1,68 M - MANUTENÇÃO. AF_06/2014","CHOR - CUSTOS HORÁRIOS DE MÁQUINAS E EQUIPAMENTOS",null,"H",1,39.36,39.36]
["Composição Auxiliar"," 88303 ","SINAPI","OPERADOR DE ROLO COMPACTADOR COM ENCARGOS COMPLEMENTARES","SEDI - SERVIÇOS DIVERSOS",null,"H",1,23.25,23.25]
["Composição Auxiliar"," 89210 ","SINAPI","ROLO COMPACTADOR VIBRATÓRIO DE UM CILINDRO AÇO LISO, POTÊNCIA 80 HP, PESO OPERACIONAL MÁXIMO 8,1 T, IMPACTO DINÂMICO 16,15 / 9,5 T, LARGURA DE TRABALHO 1,68 M - DEPRECIAÇÃO. AF_06/2014","CHOR - CUSTOS HORÁRIOS DE MÁQUINAS E EQUIPAMENTOS",null,"H",1,31.45,31.45]
["Composição Auxiliar"," 89211 ","SINAPI","ROLO COMPACTADOR VIBRATÓRIO DE UM CILINDRO AÇO LISO, POTÊNCIA 80 HP, PESO OPERACIONAL MÁXIMO 8,1 T, IMPACTO DINÂMICO 16,15 / 9,5 T, LARGURA DE TRABALHO 1,68 M - JUROS. AF_06/2014","CHOR - CUSTOS HORÁRIOS DE MÁQUINAS E EQUIPAMENTOS",null,"H",1,8.43,8.43]
[{"$nulls":4},"MO sem LS =>",8.8832015000000002,"LS =>",10.210000000000001,"MO com LS =>",19.09]
[{"$nulls":4},"Valor do BDI =>",38.72,null,"Valor com BDI =>",null,198.89]
[]
[null,"Código","Banco","Descrição","Tipo",null,"Und","Quant.","Valor Unit","Total"]
["Composição"," 89210 ","SINAPI","ROLO COMPACTADOR VIBRATÓRIO DE UM CILINDRO AÇO LISO, POTÊNCIA 80 HP, PESO OPERACIONAL MÁXIMO 8,1 T, IMPACTO DINÂMICO 16,15 / 9,5 T, LARGURA DE TRABALHO 1,68 M - DEPRECIAÇÃO. AF_06/2014","CHOR - CUSTOS HORÁRIOS DE MÁQUINAS E EQUIPAMENTOS",null,"H",1,31.45,31.45]
["Insumo"," 00010646 ","SINAPI","ROLO COMPACTADOR VIBRATORIO DE UM CILINDRO, ACO LISO, POTENCIA 80 HP, PESO OPERACIONAL MAXIMO 8,1 T, IMPACTO DINAMICO 16,15/9,5 T, LARGURA TRABALHO 1,68 M","Equipamento",null,"UN",5.3300000000000001E-5,590140.01,31.45]
[{"$nulls":4},"MO sem LS =>",0,"LS =>",0,"MO com LS =>",0]
[{"$nulls":4},"Valor do BDI =>",7.6,null,"Valor com BDI =>",null,39.049999999999997]
[]
[null,"Código","Banco","Descrição","Tipo",null,"Und","Quant.","Valor Unit","Total"]
["Composição"," 89211 ","SINAPI","ROLO COMPACTADOR VIBRATÓRIO DE UM CILINDRO AÇO LISO, POTÊNCIA 80 HP, PESO OPERACIONAL MÁXIMO 8,1 T, IMPACTO DINÂMICO 16,15 / 9,5 T, LARGURA DE TRABALHO 1,68 M - JUROS. AF_06/2014","CHOR - CUSTOS HORÁRIOS DE MÁQUINAS E EQUIPAMENTOS",null,"H",1,8.43,8.43]
["Insumo"," 00010646 ","SINAPI","ROLO COMPACTADOR VIBRATORIO DE UM CILINDRO, ACO LISO, POTENCIA 80 HP, PESO OPERACIONAL MAXIMO 8,1 T, IMPACTO DINAMICO 16,15/9,5 T, LARGURA TRABALHO 1,68 M","Equipamento",null,"UN",1.43E-5,590140.01,8.43]
[{"$nulls":4},"MO sem LS =>",0,"LS =>",0,"MO com LS =>",0]
[{"$nulls":4},"Valor do BDI =>",2.0299999999999998,null,"Valor com BDI =>",null,10.46]
[]
[null,"Código","Banco","Descrição","Tipo",null,"Und","Quant.","Valor Unit","Total"]
["Composição"," 5674 ","SINAPI","ROLO COMPACTADOR VIBRATÓRIO DE UM CILINDRO AÇO LISO, POTÊNCIA 80 HP, PESO OPERACIONAL MÁXIMO 8,1 T, IMPACTO DINÂMICO 16,15 / 9,5 T, LARGURA DE TRABALHO 1,68 M - MANUTENÇÃO. AF_06/2014","CHOR - CUSTOS HORÁRIOS DE MÁQUINAS E EQUIPAMENTOS",null,"H",1,39.36,39.36]
["Insumo"," 00010646 ","SINAPI","ROLO COMPACTADOR VIBRATORIO DE UM CILINDRO, ACO LISO, POTENCIA 80 HP, PESO OPERACIONAL MAXIMO 8,1 T, IMPACTO DINAMICO 16,15/9,5 T, LARGURA TRABALHO 1,68 M","Equipamento",null,"UN",6.6699999999999995E-5,590140.01,39.36]
[{"$nulls":4},"MO sem LS =>",0,"LS =>",0,"MO com LS =>",0]
[{"$nulls":4},"Valor do BDI =>",9.51,null,"Valor com BDI =>",null,48.87]
[]
[null,"Código","Banco","Descrição","Tipo",null,"Und","Quant.","Valor Unit","Total"]
["Composição"," 53788 ","SINAPI","ROLO COMPACTADOR VIBRATÓRIO DE UM CILINDRO AÇO LISO, POTÊNCIA 80 HP, PESO OPERACIONAL MÁXIMO 8,1 T, IMPACTO DINÂMICO 16,15 / 9,5 T, LARGURA DE TRABALHO 1,68 M - MATERIAIS NA OPERAÇÃO. AF_06/2014","CHOR - CUSTOS HORÁRIOS DE MÁQUINAS E EQUIPAMENTOS",null,"H",1,57.68,57.68]
["Insumo"," 00004221 ","SINAPI","OLEO DIESEL COMBUSTIVEL COMUM METROPOLITANO S-10 OU S-500","Material",null,"L",9.5500000000000007,6.04,57.68]
[{"$nulls":4},"MO sem LS =>",0,"LS =>",0,"MO com LS =>",0]
[{"$nulls":4},"Valor do BDI =>",13.94,null,"Valor com BDI =>",null,71.62]
[]
[null,"Código","Banco","Descrição","Tipo",null,"Und","Quant.","Valor Unit","Total"]
["Composição"," 1908 ","ORSE","Reboco ou emboço externo, de parede, com argamassa traço t5 - 1:2:8 (cimento / cal / areia), espessura 2,0 cm","Argamassas",null,"m²",1,33.79,33.79]
["Composição Auxiliar"," 3308 ","ORSE","Argamassa em volume - cimento, cal e areia traço t-5 (1:2:8) - 1 saco cimento 50 kg / 2 sacos cal 20 kg / 8 padiolas de areia dim 0.35 x 0.45 x 0.13 m - Confecção mecânica e transporte","Conversão InfoWOrca",null,"m³",0.02,530.58000000000004,10.61]
["Composição Auxiliar"," 10549 ","ORSE","Encargos Complementares - Servente","Provisórios",null,"h",0.6,3.75,2.25]
["Composição Auxiliar"," 10550 ","ORSE","Encargos Complementares - Pedreiro","Provisórios",null,"h",0.6,3.61,2.16]
["Insumo"," 00004750 ","SINAPI","PEDREIRO (HORISTA)","Mão de Obra",null,"H",0.6,18.11,10.86]
["Insumo"," 00006111 ","SINAPI","SERVENTE DE OBRAS","Mão de Obra",null,"H",0.6,13.19,7.91]
[{"$nulls":4},"MO sem LS =>",9.2228943694741741,"LS =>",10.6,"MO com LS =>",19.82]
[{"$nulls":4},"Valor do BDI =>",8.17,null,"Valor com BDI =>",null,41.96]
[]
[null,"Código","Banco","Descrição","Tipo",null,"Und","Quant.","Valor Unit","Total"]
["Composição"," 3316 ","ORSE","Reboco ou emboço externo, de parede, com argamassa traço t5 - 1:2:8 (cimento / cal / areia), espessura 2,5 cm","Conversão InfoWOrca",null,"m²",1,36.44,36.44]
["Composição Auxiliar"," 10549 ","ORSE","Encargos Complementares - Servente","Provisórios",null,"h",0.6,3.75,2.25]
["Composição Auxiliar"," 10550 ","ORSE","Encargos Complementares - Pedreiro","Provisórios",null,"h",0.6,3.61,2.16]
["Composição Auxiliar"," 3308 ","ORSE","Argamassa em volume - cimento, cal e areia traço t-5 (1:2:8) - 1 saco cimento 50 kg / 2 sacos cal 20 kg / 8 padiolas de areia dim 0.35 x 0.45 x 0.13 m - Confecção mecânica e transporte","Conversão InfoWOrca",null,"m³",2.5000000000000001E-2,530.58000000000004,13.26]
["Insumo"," 00004750 ","SINAPI","PEDREIRO (HORISTA)","Mão de Obra",null,"H",0.6,18.11,10.86]
["Insumo"," 00006111 ","SINAPI","SERVENTE DE OBRAS","Mão de Obra",null,"H",0.6,13.19,7.91]
[{"$nulls":4},"MO sem LS =>",9.3438808748254996,"LS =>",10.74,"MO com LS =>",20.079999999999998]
[{"$nulls":4},"Valor do BDI =>",8.81,null,"Valor com BDI =>",null,45.25]
[]
[null,"Código","Banco","Descrição","Tipo",null,"Und","Quant.","Valor Unit","Total"]
["Composição"," 91693 ","SINAPI","SERRA CIRCULAR DE BANCADA COM MOTOR ELÉTRICO POTÊNCIA DE 5HP, COM COIFA PARA DISCO 10\" - CHI DIURNO. AF_08/2015","CHOR - CUSTOS HORÁRIOS DE MÁQUINAS E EQUIPAMENTOS",null,"CHI",1,20.69,20.69]
["Composição Auxiliar"," 88297 ","SINAPI","OPERADOR DE MÁQUINAS E EQUIPAMENTOS COM ENCARGOS COMPLEMENTARES","SEDI - SERVIÇOS DIVERSOS",null,"H",1,20.59,20.59]
["Composição Auxiliar"," 91688 ","SINAPI","SERRA CIRCULAR DE BANCADA COM MOTOR ELÉTRICO POTÊNCIA DE 5HP, COM COIFA PARA DISCO 10\" - DEPRECIAÇÃO. AF_08/2015","CHOR - CUSTOS HORÁRIOS DE MÁQUINAS E EQUIPAMENTOS",null,"H",1,0.09,0.09]
["Composição Auxiliar"," 91689 ","SINAPI","SERRA CIRCULAR DE BANCADA COM MOTOR ELÉTRICO POTÊNCIA DE 5HP, COM COIFA PARA DISCO 10\" - JUROS. AF_08/2015","CHOR - CUSTOS HORÁRIOS DE MÁQUINAS E EQUIPAMENTOS",null,"H",1,0.01,0.01]
[{"$nulls":4},"MO sem LS =>",7.6454164999999996,"LS =>",8.7799999999999994,"MO com LS =>",16.43]
[{"$nulls":4},"Valor do BDI =>",5,null,"Valor com BDI =>",null,25.69]
[]
[null,"Código","Banco","Descrição","Tipo",null,"Und","Quant.","Valor Unit","Total"]
["Composição"," 91692 ","SINAPI","SERRA CIRCULAR DE BANCADA COM MOTOR ELÉTRICO POTÊNCIA DE 5HP, COM COIFA PARA DISCO 10\" - CHP DIURNO. AF_08/2015","CHOR - CUSTOS HORÁRIOS DE MÁQUINAS E EQUIPAMENTOS",null,"CHP",1,22.42,22.42]
["Composição Auxiliar"," 88297 ","SINAPI","OPERADOR DE MÁQUINAS E EQUIPAMENTOS COM ENCARGOS COMPLEMENTARES","SEDI - SERVIÇOS DIVERSOS",null,"H",1,20.59,20.59]
["Composição Auxiliar"," 91688 ","SINAPI","SERRA CIRCULAR DE BANCADA COM MOTOR ELÉTRICO POTÊNCIA DE 5HP, COM COIFA PARA DISCO 10\" - DEPRECIAÇÃO. AF_08/2015","CHOR - CUSTOS HORÁRIOS DE MÁQUINAS E EQUIPAMENTOS",null,"H",1,0.09,0.09]
["Composição Auxiliar"," 91689 ","SINAPI","SERRA CIRCULAR DE BANCADA COM MOTOR ELÉTRICO POTÊNCIA DE 5HP, COM COIFA PARA DISCO 10\" - JUROS. AF_08/2015","CHOR - CUSTOS HORÁRIOS DE MÁQUINAS E EQUIPAMENTOS",null,"H",1,0.01,0.01]
["Composição Auxiliar"," 91690 ","SINAPI","SERRA CIRCULAR DE BANCADA COM MOTOR ELÉTRICO POTÊNCIA DE 5HP, COM COIFA PARA DISCO 10\" - MANUTENÇÃO. AF_08/2015","CHOR - CUSTOS HORÁRIOS DE MÁQUINAS E EQUIPAMENTOS",null,"H",1,0.06,0.06]
["Composição Auxiliar"," 91691 ","SINAPI","SERRA CIRCULAR DE BANCADA COM MOTOR ELÉTRICO POTÊNCIA DE 5HP, COM COIFA PARA DISCO 10\" - MATERIAIS NA OPERAÇÃO. AF_08/2015","CHOR - CUSTOS HORÁRIOS DE MÁQUINAS E EQUIPAMENTOS",null,"H",1,1.67,1.67]
[{"$nulls":4},"MO sem LS =>",7.6454164999999996,"LS =>",8.7799999999999994,"MO com LS =>",16.43]
[{"$nulls":4},"Valor do BDI =>",5.42,null,"Valor com BDI =>",null,27.84]
[]
[null,"Código","Banco","Descrição","Tipo",null,"Und","Quant.","Valor Unit","Total"]
["Composição"," 91688 ","SINAPI","SERRA CIRCULAR DE BANCADA COM MOTOR ELÉTRICO POTÊNCIA DE 5HP, COM COIFA PARA DISCO 10\" - DEPRECIAÇÃO. AF_08/2015","CHOR - CUSTOS HORÁRIOS DE MÁQUINAS E EQUIPAMENTOS",null,"H",1,0.09,0.09]
["Insumo"," 00014618 ","SINAPI","SERRA CIRCULAR DE BANCADA COM MOTOR ELETRICO, POTENCIA DE *1600* W, PARA DISCO DE DIAMETRO DE 10\" (250 MM)","Material",null,"UN",7.2000000000000002E-5,1330.55,0.09]
[{"$nulls":4},"MO sem LS =>",0,"LS =>",0,"MO com LS =>",0]
[{"$nulls":4},"Valor do BDI =>",0.02,null,"Valor com BDI =>",null,0.11]
[]
[null,"Código","Banco","Descrição","Tipo",null,"Und","Quant.","Valor Unit","Total"]
["Composição"," 91689 ","SINAPI","SERRA CIRCULAR DE BANCADA COM MOTOR ELÉTRICO POTÊNCIA DE 5HP, COM COIFA PARA DISCO 10\" - JUROS. AF_08/2015","CHOR - CUSTOS HORÁRIOS DE MÁQUINAS E EQUIPAMENTOS",null,"H",1,0.01,0.01]
["Insumo"," 00014618 ","SINAPI","SERRA CIRCULAR DE BANCADA COM MOTOR ELETRICO, POTENCIA DE *1600* W, PARA DISCO DE DIAMETRO DE 10\" (250 MM)","Material",null,"UN",1.4800000000000001E-5,1330.55,0.01]
[{"$nulls":4},"MO sem LS =>",0,"LS =>",0,"MO com LS =>",0]
[{"$nulls":4},"Valor do BDI =>",0,null,"Valor com BDI =>",null,0.01]
[]
[null,"Código","Banco","Descrição","Tipo",null,"Und","Quant.","Valor Unit","Total"]
["Composição"," 91690 ","SINAPI","SERRA CIRCULAR DE BANCADA COM MOTOR ELÉTRICO POTÊNCIA DE 5HP, COM COIFA PARA DISCO 10\" - MANUTENÇÃO. AF_08/2015","CHOR - CUSTOS HORÁRIOS DE MÁQUINAS E EQUIPAMENTOS",null,"H",1,0.06,0.06]
["Insumo"," 00014618 ","SINAPI","SERRA CIRCULAR DE BANCADA COM MOTOR ELETRICO, POTENCIA DE *1600* W, PARA DISCO DE DIAMETRO DE 10\" (250 MM)","Material",null,"UN",5.0000000000000002E-5,1330.55,0.06]
[{"$nulls":4},"MO sem LS =>",0,"LS =>",0,"MO com LS =>",0]
[{"$nulls":4},"Valor do BDI =>",0.01,null,"Valor com BDI =>",null,7.0000000000000007E-2]
[]
[null,"Código","Banco","Descrição","Tipo",null,"Und","Quant.","Valor Unit","Total"]
["Composição"," 91691 ","SINAPI","SERRA CIRCULAR DE BANCADA COM MOTOR ELÉTRICO POTÊNCIA DE 5HP, COM COIFA PARA DISCO 10\" - MATERIAIS NA OPERAÇÃO. AF_08/2015","CHOR - CUSTOS HORÁRIOS DE MÁQUINAS E EQUIPAMENTOS",null,"H",1,1.67,1.67]
["Insumo"," 00002705 ","SINAPI","ENERGIA ELETRICA ATE 2000 KWH INDUSTRIAL, SEM DEMANDA","Material",null,"KWH",1.36,1.23,1.67]
[{"$nulls":4},"MO sem LS =>",0,"LS =>",0,"MO com LS =>",0]
[{"$nulls":4},"Valor do BDI =>",0.4,null,"Valor com BDI =>",null,2.0699999999999998]
[]
[null,"Código","Banco","Descrição","Tipo",null,"Und","Quant.","Valor Unit","Total"]
["Composição"," 88316 ","SINAPI","SERVENTE COM ENCARGOS COMPLEMENTARES","SEDI - SERVIÇOS DIVERSOS",null,"H",1,18.649999999999999,18.649999999999999]
["Composição Auxiliar"," 95378 ","SINAPI","CURSO DE CAPACITAÇÃO PARA SERVENTE (ENCARGOS COMPLEMENTARES) - HORISTA","SEDI - SERVIÇOS DIVERSOS",null,"H",1,0.28999999999999998,0.28999999999999998]
["Insumo"," 00006111 ","SINAPI","SERVENTE DE OBRAS","Mão de Obra",null,"H",1,13.19,13.19]
["Insumo"," 00037370 ","SINAPI","ALIMENTACAO - HORISTA (COLETADO CAIXA - ENCARGOS COMPLEMENTARES)","Outros",null,"H",1,1.64,1.64]
["Insumo"," 00037371 ","SINAPI","TRANSPORTE - HORISTA (COLETADO CAIXA - ENCARGOS COMPLEMENTARES)","Serviços",null,"H",1,0.48,0.48]
["Insumo"," 00037372 ","SINAPI","EXAMES - HORISTA (COLETADO CAIXA - ENCARGOS COMPLEMENTARES)","Outros",null,"H",1,1.1399999999999999,1.1399999999999999]
["Insumo"," 00037373 ","SINAPI","SEGURO - HORISTA (COLETADO CAIXA - ENCARGOS COMPLEMENTARES)","Taxas",null,"H",1,7.0000000000000007E-2,7.0000000000000007E-2]
["Insumo"," 00043467 ","SINAPI","FERRAMENTAS - FAMILIA SERVENTE - HORISTA (ENCARGOS COMPLEMENTARES - COLETADO CAIXA)","Equipamento",null,"H",1,0.59,0.59]
["Insumo"," 00043491 ","SINAPI","EPI - FAMILIA SERVENTE - HORISTA (ENCARGOS COMPLEMENTARES - COLETADO CAIXA)","Equipamento",null,"H",1,1.25,1.25]
[{"$nulls":4},"MO sem LS =>",6.2726850000000001,"LS =>",7.21,"MO com LS =>",13.48]
[{"$nulls":4},"Valor do BDI =>",4.5,null,"Valor com BDI =>",null,23.15]
[]
[null,"Código","Banco","Descrição","Tipo",null,"Und","Quant.","Valor Unit","Total"]
["Composição"," 86883 ","SINAPI","SIFÃO DO TIPO FLEXÍVEL EM PVC 1  X 1.1/2  - FORNECIMENTO E INSTALAÇÃO. AF_01/2020","INHI - INSTALAÇÕES HIDROS SANITÁRIAS",null,"UN",1,11.93,11.93]
["Composição Auxiliar"," 88267 ","SINAPI","ENCANADOR OU BOMBEIRO HIDRÁULICO COM ENCARGOS COMPLEMENTARES","SEDI - SERVIÇOS DIVERSOS",null,"H",8.4500000000000006E-2,27.97,2.36]
["Composição Auxiliar"," 88316 ","SINAPI","SERVENTE COM ENCARGOS COMPLEMENTARES","SEDI - SERVIÇOS DIVERSOS",null,"H",2.6599999999999999E-2,18.649999999999999,0.49]
["Insumo"," 00003146 ","SINAPI","FITA VEDA ROSCA EM ROLOS DE 18 MM X 10 M (L X C)","Material",null,"UN",3.32E-2,2.95,0.09]
["Insumo"," 00044945 ","SINAPI","SIFAO / TUBO SINFONADO EXTENSIVEL/SANFONADO, UNIVERSAL/ SIMPLES, ENTRE *50 A 70* CM, DE PLASTICO BRANCO","Material",null,"UN",1,8.99,8.99]
[{"$nulls":4},"MO sem LS =>",1.0749185667752443,"LS =>",1.24,"MO com LS =>",2.31]
[{"$nulls":4},"Valor do BDI =>",2.88,null,"Valor com BDI =>",null,14.81]
[]
[null,"Código","Banco","Descrição","Tipo",null,"Und","Quant.","Valor Unit","Total"]
["Composição"," 88317 ","SINAPI","SOLDADOR COM ENCARGOS COMPLEMENTARES","SEDI - SERVIÇOS DIVERSOS",null,"H",1,27.1,27.1]
["Composição Auxiliar"," 95379 ","SINAPI","CURSO DE CAPACITAÇÃO PARA SOLDADOR (ENCARGOS COMPLEMENTARES) - HORISTA","SEDI - SERVIÇOS DIVERSOS",null,"H",1,0.25,0.25]
["Insumo"," 00006160 ","SINAPI","SOLDADOR (HORISTA)","Mão de Obra",null,"H",1,20.67,20.67]
["Insumo"," 00037370 ","SINAPI","ALIMENTACAO - HORISTA (COLETADO CAIXA - ENCARGOS COMPLEMENTARES)","Outros",null,"H",1,1.64,1.64]
["Insumo"," 00037371 ","SINAPI","TRANSPORTE - HORISTA (COLETADO CAIXA - ENCARGOS COMPLEMENTARES)","Serviços",null,"H",1,0.48,0.48]
["Insumo"," 00037372 ","SINAPI","EXAMES - HORISTA (COLETADO CAIXA - ENCARGOS COMPLEMENTARES)","Outros",null,"H",1,1.1399999999999999,1.1399999999999999]
["Insumo"," 00037373 ","SINAPI","SEGURO - HORISTA (COLETADO CAIXA - ENCARGOS COMPLEMENTARES)","Taxas",null,"H",1,7.0000000000000007E-2,7.0000000000000007E-2]
["Insumo"," 00043468 ","SINAPI","FERRAMENTAS - FAMILIA SOLDADOR - HORISTA (ENCARGOS COMPLEMENTARES - COLETADO CAIXA)","Equipamento",null,"H",1,1.17,1.17]
["Insumo"," 00043492 ","SINAPI","EPI - FAMILIA SOLDADOR - HORISTA (ENCARGOS COMPLEMENTARES - COLETADO CAIXA)","Equipamento",null,"H",1,1.68,1.68]
[{"$nulls":4},"MO sem LS =>",9.7347604000000008,"LS =>",11.19,"MO com LS =>",20.92]
[{"$nulls":4},"Valor do BDI =>",6.55,null,"Valor com BDI =>",null,33.65]
[]
[null,"Código","Banco","Descrição","Tipo",null,"Und","Quant.","Valor Unit","Total"]
["Composição"," 98463 ","SINAPI","SUPORTE ISOLADOR PARA FIXAÇÃO DA CORDOALHA DE COBRE EM ALVENARIA OU CONCRETO - FORNECIMENTO E INSTALAÇÃO. AF_08/2023","INEL - INSTALAÇÃO ELÉTRICA/ELETRIFICAÇÃO E ILUMINAÇÃO EXTERNA",null,"UN",1,24.77,24.77]
["Composição Auxiliar"," 88247 ","SINAPI","AUXILIAR DE ELETRICISTA COM ENCARGOS COMPLEMENTARES","SEDI - SERVIÇOS DIVERSOS",null,"H",0.31059999999999999,19.73,6.12]
["Composição Auxiliar"," 88264 ","SINAPI","ELETRICISTA COM ENCARGOS COMPLEMENTARES","SEDI - SERVIÇOS DIVERSOS",null,"H",0.31059999999999999,29.1,9.0299999999999994]
["Insumo"," 00007568 ","SINAPI","BUCHA DE NYLON SEM ABA S10, COM PARAFUSO DE 6,10 X 65 MM EM ACO ZINCADO COM ROSCA SOBERBA, CABECA CHATA E FENDA PHILLIPS","Material",null,"UN",1,0.61,0.61]
["Insumo"," 00007572 ","SINAPI","SUPORTE ISOLADOR REFORCADO DIAMETRO NOMINAL 5/16\", COM ROSCA SOBERBA E BUCHA","Material",null,"UN",1,7.45,7.45]
["Insumo"," 00011267 ","SINAPI","ARRUELA LISA, REDONDA, DE LATAO POLIDO, DIAMETRO NOMINAL 5/8\", DIAMETRO EXTERNO = 34 MM, DIAMETRO DO FURO = 17 MM, ESPESSURA = *2,5* MM","Material",null,"UN",1,1.56,1.56]
[{"$nulls":4},"MO sem LS =>",5.514192647743136,"LS =>",6.34,"MO com LS =>",11.85]
[{"$nulls":4},"Valor do BDI =>",5.98,null,"Valor com BDI =>",null,30.75]
[]
[null,"Código","Banco","Descrição","Tipo",null,"Und","Quant.","Valor Unit","Total"]
["Composição"," 91945 ","SINAPI","SUPORTE PARAFUSADO COM PLACA DE ENCAIXE 4\" X 2\" ALTO (2,00 M DO PISO) PARA PONTO ELÉTRICO - FORNECIMENTO E INSTALAÇÃO. AF_03/2023","INEL - INSTALAÇÃO ELÉTRICA/ELETRIFICAÇÃO E ILUMINAÇÃO EXTERNA",null,"UN",1,14.07,14.07]
["Composição Auxiliar"," 88247 ","SINAPI","AUXILIAR DE ELETRICISTA COM ENCARGOS COMPLEMENTARES","SEDI - SERVIÇOS DIVERSOS",null,"H",0.187,19.73,3.68]
["Composição Auxiliar"," 88264 ","SINAPI","ELETRICISTA COM ENCARGOS COMPLEMENTARES","SEDI - SERVIÇOS DIVERSOS",null,"H",0.187,29.1,5.44]
["Insumo"," 00038094 ","SINAPI","ESPELHO / PLACA DE 3 POSTOS 4\" X 2\", PARA INSTALACAO DE TOMADAS E INTERRUPTORES","Material",null,"UN",1,3.26,3.26]
["Insumo"," 00038099 ","SINAPI","SUPORTE DE FIXACAO PARA ESPELHO / PLACA 4\" X 2\", PARA 3 MODULOS, PARA INSTALACAO DE TOMADAS E INTERRUPTORES (SOMENTE SUPORTE)","Material",null,"UN",1,1.69,1.69]
[{"$nulls":4},"MO sem LS =>",3.3178222429036763,"LS =>",3.81,"MO com LS =>",7.13]
[{"$nulls":4},"Valor do BDI =>",3.4,null,"Valor com BDI =>",null,17.47]
[]
[null,"Código","Banco","Descrição","Tipo",null,"Und","Quant.","Valor Unit","Total"]
["Composição"," 91946 ","SINAPI","SUPORTE PARAFUSADO COM PLACA DE ENCAIXE 4\" X 2\" MÉDIO (1,30 M DO PISO) PARA PONTO ELÉTRICO - FORNECIMENTO E INSTALAÇÃO. AF_03/2023","INEL - INSTALAÇÃO ELÉTRICA/ELETRIFICAÇÃO E ILUMINAÇÃO EXTERNA",null,"UN",1,11.19,11.19]
["Composição Auxiliar"," 88247 ","SINAPI","AUXILIAR DE ELETRICISTA COM ENCARGOS COMPLEMENTARES","SEDI - SERVIÇOS DIVERSOS",null,"H",0.128,19.73,2.52]
["Composição Auxiliar"," 88264 ","SINAPI","ELETRICISTA COM ENCARGOS COMPLEMENTARES","SEDI - SERVIÇOS DIVERSOS",null,"H",0.128,29.1,3.72]
["Insumo"," 00038094 ","SINAPI","ESPELHO / PLACA DE 3 POSTOS 4\" X 2\", PARA INSTALACAO DE TOMADAS E INTERRUPTORES","Material",null,"UN",1,3.26,3.26]
["Insumo"," 00038099 ","SINAPI","SUPORTE DE FIXACAO PARA ESPELHO / PLACA 4\" X 2\", PARA 3 MODULOS, PARA INSTALACAO DE TOMADAS E INTERRUPTORES (SOMENTE SUPORTE)","Material",null,"UN",1,1.69,1.69]
[{"$nulls":4},"MO sem LS =>",2.2708236389018146,"LS =>",2.61,"MO com LS =>",4.88]
[{"$nulls":4},"Valor do BDI =>",2.7,null,"Valor com BDI =>",null,13.89]
[]
[null,"Código","Banco","Descrição","Tipo",null,"Und","Quant.","Valor Unit","Total"]
["Composição"," 5158 ","ORSE","Sinalização Diurna com Tela tapume em pvc - 10 usos","Serviços de Proteção e Segurança",null,"m",1,4.45,4.45]
["Composição Auxiliar"," 10549 ","ORSE","Encargos Complementares - Servente","Provisórios",null,"h",8.3299999999999999E-2,3.75,0.31]
["Composição Auxiliar"," 79 ","ORSE","Forma plana para fundações, em tábuas de pinho, 02 usos","Formas para Fundações",null,"m²",1.2E-2,114.78,1.37]
["Composição Auxiliar"," 95 ","ORSE","Concreto simples fabricado na obra, fck=13,5 mpa, lançado e adensado","Alvenarias de Pedra e Concretos para Fundações",null,"m³",1.4E-3,500.38,0.7]
["Insumo"," 2185 ","ORSE","Tela de polietileno estirado para tapumes ( malha 80x40 e 65x40mm) h=1,20m m","Material",null,"m",0.1,3.21,0.32]
["Insumo"," 80 ","ORSE","Aço CA-25   6,3 a 12,5 mm Aço ca-25   6,3 a 12,5 mm kg","Material",null,"kg",3.2000000000000001E-2,8.59,0.27]
["Insumo"," 00000345 ","SINAPI","ARAME GALVANIZADO 18 BWG, D = 1,24MM (0,009 KG/M)","Material",null,"KG",9.5999999999999992E-3,41.08,0.39]
["Insumo"," 00006111 ","SINAPI","SERVENTE DE OBRAS","Mão de Obra",null,"H",8.3299999999999999E-2,13.19,1.0900000000000001]
[{"$nulls":4},"MO sem LS =>",0.84225221033038622,"LS =>",0.97,"MO com LS =>",1.81]
[{"$nulls":4},"Valor do BDI =>",1.07,null,"Valor com BDI =>",null,5.52]
[]
[null,"Código","Banco","Descrição","Tipo",null,"Und","Quant.","Valor Unit","Total"]
["Composição"," 7882 ","ORSE","Suporte ( receptáculo) p/ lâmpada fluorescente","Conversão InfoWOrca",null,"un",1,6.29,6.29]
["Composição Auxiliar"," 10552 ","ORSE","Encargos Complementares - Eletricista","Provisórios",null,"h",0.2,3.6,0.72]
["Insumo"," 2052 ","ORSE","Suporte ( receptáculo) p/ lâmpada fluorescente un","Material",null,"un",1,1,1]
["Insumo"," 00002436 ","SINAPI","ELETRICISTA (HORISTA)","Mão de Obra",null,"H",0.2,22.88,4.57]
[{"$nulls":4},"MO sem LS =>",2.1265705000000001,"LS =>",2.44,"MO com LS =>",4.57]
[{"$nulls":4},"Valor do BDI =>",1.52,null,"Valor com BDI =>",null,7.81]
[]
[null,"Código","Banco","Descrição","Tipo",null,"Und","Quant.","Valor Unit","Total"]
["Composição"," 89784 ","SINAPI","TE, PVC, SERIE NORMAL, ESGOTO PREDIAL, DN 50 X 50 MM, JUNTA ELÁSTICA, FORNECIDO E INSTALADO EM RAMAL DE DESCARGA OU RAMAL DE ESGOTO SANITÁRIO. AF_08/2022","INHI - INSTALAÇÕES HIDROS SANITÁRIAS",null,"UN",1,23.78,23.78]
["Composição Auxiliar"," 88248 ","SINAPI","AUXILIAR DE ENCANADOR OU BOMBEIRO HIDRÁULICO COM ENCARGOS COMPLEMENTARES","SEDI - SERVIÇOS DIVERSOS",null,"H",0.18390000000000001,18.78,3.45]
["Composição Auxiliar"," 88267 ","SINAPI","ENCANADOR OU BOMBEIRO HIDRÁULICO COM ENCARGOS COMPLEMENTARES","SEDI - SERVIÇOS DIVERSOS",null,"H",0.18390000000000001,27.97,5.14]
["Insumo"," 00000296 ","SINAPI","ANEL BORRACHA PARA TUBO ESGOTO PREDIAL, DN 50 MM (NBR 5688)","Material",null,"UN",3,2.12,6.36]
["Insumo"," 00007097 ","SINAPI","TE SANITARIO, PVC, DN 50 X 50 MM, SERIE NORMAL, PARA ESGOTO PREDIAL","Material",null,"UN",1,7.23,7.23]
["Insumo"," 00020078 ","SINAPI","PASTA LUBRIFICANTE PARA TUBOS E CONEXOES COM JUNTA ELASTICA, EMBALAGEM DE *400* GR (USO EM PVC, ACO, POLIETILENO E OUTROS)","Material",null,"UN",7.4999999999999997E-2,21.4,1.6]
[{"$nulls":4},"MO sem LS =>",3.19683573755235,"LS =>",3.67,"MO com LS =>",6.87]
[{"$nulls":4},"Valor do BDI =>",5.75,null,"Valor com BDI =>",null,29.53]
[]
[null,"Código","Banco","Descrição","Tipo",null,"Und","Quant.","Valor Unit","Total"]
["Composição"," 89395 ","SINAPI","TE, PVC, SOLDÁVEL, DN 25MM, INSTALADO EM RAMAL OU SUB-RAMAL DE ÁGUA - FORNECIMENTO E INSTALAÇÃO. AF_06/2022","INHI - INSTALAÇÕES HIDROS SANITÁRIAS",null,"UN",1,12.21,12.21]
["Composição Auxiliar"," 88248 ","SINAPI","AUXILIAR DE ENCANADOR OU BOMBEIRO HIDRÁULICO COM ENCARGOS COMPLEMENTARES","SEDI - SERVIÇOS DIVERSOS",null,"H",0.2026,18.78,3.8]
["Composição Auxiliar"," 88267 ","SINAPI","ENCANADOR OU BOMBEIRO HIDRÁULICO COM ENCARGOS COMPLEMENTARES","SEDI - SERVIÇOS DIVERSOS",null,"H",0.2026,27.97,5.66]
["Insumo"," 00000122 ","SINAPI","ADESIVO PLASTICO PARA PVC, FRASCO COM *850* GR","Material",null,"UN",1.06E-2,51.86,0.54]
["Insumo"," 00007139 ","SINAPI","TE SOLDAVEL, PVC, 90 GRAUS, 25 MM, PARA AGUA FRIA PREDIAL (NBR 5648)","Material",null,"UN",1,1.42,1.42]
["Insumo"," 00020083 ","SINAPI","SOLUCAO PREPARADORA / LIMPADORA PARA PVC, FRASCO COM 1000 CM3","Material",null,"UN",1.2E-2,58.75,0.7]
["Insumo"," 00038383 ","SINAPI","LIXA D'AGUA EM FOLHA, GRAO 100","Material",null,"UN",5.0700000000000002E-2,1.89,0.09]
[{"$nulls":4},"MO sem LS =>",3.5272219637040485,"LS =>",4.05,"MO com LS =>",7.58]
[{"$nulls":4},"Valor do BDI =>",2.95,null,"Valor com BDI =>",null,15.16]
[]
[null,"Código","Banco","Descrição","Tipo",null,"Und","Quant.","Valor Unit","Total"]
["Composição"," 88323 ","SINAPI","TELHADISTA COM ENCARGOS COMPLEMENTARES","SEDI - SERVIÇOS DIVERSOS",null,"H",1,23.24,23.24]
["Composição Auxiliar"," 95385 ","SINAPI","CURSO DE CAPACITAÇÃO PARA TELHADISTA (ENCARGOS COMPLEMENTARES) - HORISTA","SEDI - SERVIÇOS DIVERSOS",null,"H",1,0.21,0.21]
["Insumo"," 00012869 ","SINAPI","TELHADOR (HORISTA)","Mão de Obra",null,"H",1,17.87,17.87]
["Insumo"," 00037370 ","SINAPI","ALIMENTACAO - HORISTA (COLETADO CAIXA - ENCARGOS COMPLEMENTARES)","Outros",null,"H",1,1.64,1.64]
["Insumo"," 00037371 ","SINAPI","TRANSPORTE - HORISTA (COLETADO CAIXA - ENCARGOS COMPLEMENTARES)","Serviços",null,"H",1,0.48,0.48]
["Insumo"," 00037372 ","SINAPI","EXAMES - HORISTA (COLETADO CAIXA - ENCARGOS COMPLEMENTARES)","Outros",null,"H",1,1.1399999999999999,1.1399999999999999]
["Insumo"," 00037373 ","SINAPI","SEGURO - HORISTA (COLETADO CAIXA - ENCARGOS COMPLEMENTARES)","Taxas",null,"H",1,7.0000000000000007E-2,7.0000000000000007E-2]
["Insumo"," 00043459 ","SINAPI","FERRAMENTAS - FAMILIA CARPINTEIRO DE FORMAS - HORISTA (ENCARGOS COMPLEMENTARES - COLETADO CAIXA)","Equipamento",null,"H",1,0.49,0.49]
["Insumo"," 00043483 ","SINAPI","EPI - FAMILIA CARPINTEIRO DE FORMAS - HORISTA (ENCARGOS COMPLEMENTARES - COLETADO CAIXA)","Equipamento",null,"H",1,1.34,1.34]
[{"$nulls":4},"MO sem LS =>",8.4132154000000003,"LS =>",9.67,"MO com LS =>",18.079999999999998]
[{"$nulls":4},"Valor do BDI =>",5.61,null,"Valor com BDI =>",null,28.85]
[]
[null,"Código","Banco","Descrição","Tipo",null,"Und","Quant.","Valor Unit","Total"]
["Composição"," 94210 ","SINAPI","TELHAMENTO COM TELHA ONDULADA DE FIBROCIMENTO E = 6 MM, COM RECOBRIMENTO LATERAL DE 1 1/4 DE ONDA PARA TELHADO COM INCLINAÇÃO MÁXIMA DE 10°, COM ATÉ 2 ÁGUAS, INCLUSO IÇAMENTO. AF_07/2019","COBE - COBERTURA",null,"m²",1,71.8,71.8]
["Composição Auxiliar"," 88316 ","SINAPI","SERVENTE COM ENCARGOS COMPLEMENTARES","SEDI - SERVIÇOS DIVERSOS",null,"H",0.16600000000000001,18.649999999999999,3.09]
["Composição Auxiliar"," 88323 ","SINAPI","TELHADISTA COM ENCARGOS COMPLEMENTARES","SEDI - SERVIÇOS DIVERSOS",null,"H",0.128,23.24,2.97]
["Composição Auxiliar"," 93281 ","SINAPI","GUINCHO ELÉTRICO DE COLUNA, CAPACIDADE 400 KG, COM MOTO FREIO, MOTOR TRIFÁSICO DE 1,25 CV - CHP DIURNO. AF_03/2016","CHOR - CUSTOS HORÁRIOS DE MÁQUINAS E EQUIPAMENTOS",null,"CHP",5.3E-3,18.73,0.09]
["Composição Auxiliar"," 93282 ","SINAPI","GUINCHO ELÉTRICO DE COLUNA, CAPACIDADE 400 KG, COM MOTO FREIO, MOTOR TRIFÁSICO DE 1,25 CV - CHI DIURNO. AF_03/2016","CHOR - CUSTOS HORÁRIOS DE MÁQUINAS E EQUIPAMENTOS",null,"CHI",7.3000000000000001E-3,17.48,0.12]
["Insumo"," 00001607 ","SINAPI","CONJUNTO ARRUELAS DE VEDACAO 5/16\" PARA TELHA FIBROCIMENTO (UMA ARRUELA METALICA E UMA ARRUELA PVC - CONICAS)","Material",null,"CJ",1.26,0.38,0.47]
["Insumo"," 00004302 ","SINAPI","PARAFUSO ZINCADO ROSCA SOBERBA, CABECA SEXTAVADA, 5/16 \" X 250 MM, PARA FIXACAO DE TELHA EM MADEIRA","Material",null,"UN",1.26,5.71,7.19]
["Insumo"," 00007194 ","SINAPI","TELHA DE FIBROCIMENTO ONDULADA E = 6 MM, DE 2,44 X 1,10 M (SEM AMIANTO)","Material",null,"m²",1.357,42.65,57.87]
[{"$nulls":4},"MO sem LS =>",2.1824104234527688,"LS =>",2.5099999999999998,"MO com LS =>",4.6900000000000004]
[{"$nulls":4},"Valor do BDI =>",17.36,null,"Valor com BDI =>",null,89.16]
[]
[null,"Código","Banco","Descrição","Tipo",null,"Und","Quant.","Valor Unit","Total"]
["Composição"," 91998 ","SINAPI","TOMADA BAIXA DE EMBUTIR (1 MÓDULO), 2P+T 10 A, SEM SUPORTE E SEM PLACA - FORNECIMENTO E INSTALAÇÃO. AF_03/2023","INEL - INSTALAÇÃO ELÉTRICA/ELETRIFICAÇÃO E ILUMINAÇÃO EXTERNA",null,"UN",1,20.57,20.57]
["Composição Auxiliar"," 88247 ","SINAPI","AUXILIAR DE ELETRICISTA COM ENCARGOS COMPLEMENTARES","SEDI - SERVIÇOS DIVERSOS",null,"H",0.24199999999999999,19.73,4.7699999999999996]
["Composição Auxiliar"," 88264 ","SINAPI","ELETRICISTA COM ENCARGOS COMPLEMENTARES","SEDI - SERVIÇOS DIVERSOS",null,"H",0.24199999999999999,29.1,7.04]
["Insumo"," 00038101 ","SINAPI","TOMADA 2P+T 10A, 250V  (APENAS MODULO)","Material",null,"UN",1,8.76,8.76]
[{"$nulls":4},"MO sem LS =>",4.2950209399720798,"LS =>",4.93,"MO com LS =>",9.23]
[{"$nulls":4},"Valor do BDI =>",4.97,null,"Valor com BDI =>",null,25.54]
[]
[null,"Código","Banco","Descrição","Tipo",null,"Und","Quant.","Valor Unit","Total"]
["Composição"," 92008 ","SINAPI","TOMADA BAIXA DE EMBUTIR (2 MÓDULOS), 2P+T 10 A, INCLUINDO SUPORTE E PLACA - FORNECIMENTO E INSTALAÇÃO. AF_03/2023","INEL - INSTALAÇÃO ELÉTRICA/ELETRIFICAÇÃO E ILUMINAÇÃO EXTERNA",null,"UN",1,49.26,49.26]
["Composição Auxiliar"," 91946 ","SINAPI","SUPORTE PARAFUSADO COM PLACA DE ENCAIXE 4\" X 2\" MÉDIO (1,30 M DO PISO) PARA PONTO ELÉTRICO - FORNECIMENTO E INSTALAÇÃO. AF_03/2023","INEL - INSTALAÇÃO ELÉTRICA/ELETRIFICAÇÃO E ILUMINAÇÃO EXTERNA",null,"UN",1,11.19,11.19]
["Composição Auxiliar"," 92006 ","SINAPI","TOMADA BAIXA DE EMBUTIR (2 MÓDULOS), 2P+T 10 A, SEM SUPORTE E SEM PLACA - FORNECIMENTO E INSTALAÇÃO. AF_03/2023","INEL - INSTALAÇÃO ELÉTRICA/ELETRIFICAÇÃO E ILUMINAÇÃO EXTERNA",null,"UN",1,38.07,38.07]
[{"$nulls":4},"MO sem LS =>",9.7440669999999994,"LS =>",11.2,"MO com LS =>",20.94]
[{"$nulls":4},"Valor do BDI =>",11.91,null,"Valor com BDI =>",null,61.17]
[]
[null,"Código","Banco","Descrição","Tipo",null,"Und","Quant.","Valor Unit","Total"]
["Composição"," 92006 ","SINAPI","TOMADA BAIXA DE EMBUTIR (2 MÓDULOS), 2P+T 10 A, SEM SUPORTE E SEM PLACA - FORNECIMENTO E INSTALAÇÃO. AF_03/2023","INEL - INSTALAÇÃO ELÉTRICA/ELETRIFICAÇÃO E ILUMINAÇÃO EXTERNA",null,"UN",1,38.07,38.07]
["Composição Auxiliar"," 88247 ","SINAPI","AUXILIAR DE ELETRICISTA COM ENCARGOS COMPLEMENTARES","SEDI - SERVIÇOS DIVERSOS",null,"H",0.42099999999999999,19.73,8.3000000000000007]
["Composição Auxiliar"," 88264 ","SINAPI","ELETRICISTA COM ENCARGOS COMPLEMENTARES","SEDI - SERVIÇOS DIVERSOS",null,"H",0.42099999999999999,29.1,12.25]
["Insumo"," 00038101 ","SINAPI","TOMADA 2P+T 10A, 250V  (APENAS MODULO)","Material",null,"UN",2,8.76,17.52]
[{"$nulls":4},"MO sem LS =>",7.4732433690088413,"LS =>",8.59,"MO com LS =>",16.059999999999999]
[{"$nulls":4},"Valor do BDI =>",9.1999999999999993,null,"Valor com BDI =>",null,47.27]
[]
[null,"Código","Banco","Descrição","Tipo",null,"Und","Quant.","Valor Unit","Total"]
["Composição"," 91994 ","SINAPI","TOMADA MÉDIA DE EMBUTIR (1 MÓDULO), 2P+T 10 A, SEM SUPORTE E SEM PLACA - FORNECIMENTO E INSTALAÇÃO. AF_03/2023","INEL - INSTALAÇÃO ELÉTRICA/ELETRIFICAÇÃO E ILUMINAÇÃO EXTERNA",null,"UN",1,24.23,24.23]
["Composição Auxiliar"," 88247 ","SINAPI","AUXILIAR DE ELETRICISTA COM ENCARGOS COMPLEMENTARES","SEDI - SERVIÇOS DIVERSOS",null,"H",0.317,19.73,6.25]
["Composição Auxiliar"," 88264 ","SINAPI","ELETRICISTA COM ENCARGOS COMPLEMENTARES","SEDI - SERVIÇOS DIVERSOS",null,"H",0.317,29.1,9.2200000000000006]
["Insumo"," 00038101 ","SINAPI","TOMADA 2P+T 10A, 250V  (APENAS MODULO)","Material",null,"UN",1,8.76,8.76]
[{"$nulls":4},"MO sem LS =>",5.6258724988366682,"LS =>",6.46,"MO com LS =>",12.09]
[{"$nulls":4},"Valor do BDI =>",5.85,null,"Valor com BDI =>",null,30.08]
[]
[null,"Código","Banco","Descrição","Tipo",null,"Und","Quant.","Valor Unit","Total"]
["Composição"," 94296 ","SINAPI","TOPOGRAFO COM ENCARGOS COMPLEMENTARES","SEDI - SERVIÇOS DIVERSOS",null,"MES",1,7182.11,7182.11]
["Composição Auxiliar"," 95424 ","SINAPI","CURSO DE CAPACITAÇÃO PARA TOPÓGRAFO (ENCARGOS COMPLEMENTARES) - MENSALISTA","SEDI - SERVIÇOS DIVERSOS",null,"MES",1,44.46,44.46]
["Insumo"," 00040820 ","SINAPI","TOPOGRAFO (MENSALISTA)","Mão de Obra",null,"MES",1,6767.32,6767.32]
["Insumo"," 00040863 ","SINAPI","EXAMES - MENSALISTA (COLETADO CAIXA - ENCARGOS COMPLEMENTARES)","Material",null,"MES",1,215.56,215.56]
["Insumo"," 00040864 ","SINAPI","SEGURO - MENSALISTA (COLETADO CAIXA - ENCARGOS COMPLEMENTARES)","Material",null,"MES",1,12.89,12.89]
["Insumo"," 00043481 ","SINAPI","FERRAMENTAS - FAMILIA TOPOGRAFO - MENSALISTA (ENCARGOS COMPLEMENTARES - COLETADO CAIXA)","Equipamento",null,"MES",1,15.18,15.18]
["Insumo"," 00043505 ","SINAPI","EPI - FAMILIA TOPOGRAFO - MENSALISTA (ENCARGOS COMPLEMENTARES - COLETADO CAIXA)","Equipamento",null,"MES",1,126.7,126.7]
[{"$nulls":4},"MO sem LS =>",3169.7440670000001,"LS =>",3642.04,"MO com LS =>",6811.78]
[{"$nulls":4},"Valor do BDI =>",1736.63,null,"Valor com BDI =>",null,8918.74]
[]
[null,"Código","Banco","Descrição","Tipo",null,"Und","Quant.","Valor Unit","Total"]
["Composição"," 86906 ","SINAPI","TORNEIRA CROMADA DE MESA, 1/2\u0094 OU 3/4\u0094, PARA LAVATÓRIO, PADRÃO POPULAR - FORNECIMENTO E INSTALAÇÃO. AF_01/2020","INHI - INSTALAÇÕES HIDROS SANITÁRIAS",null,"UN",1,66.42,66.42]
["Composição Auxiliar"," 88267 ","SINAPI","ENCANADOR OU BOMBEIRO HIDRÁULICO COM ENCARGOS COMPLEMENTARES","SEDI - SERVIÇOS DIVERSOS",null,"H",9.6000000000000002E-2,27.97,2.68]
["Composição Auxiliar"," 88316 ","SINAPI","SERVENTE COM ENCARGOS COMPLEMENTARES","SEDI - SERVIÇOS DIVERSOS",null,"H",3.0300000000000001E-2,18.649999999999999,0.56000000000000005]
["Insumo"," 00003146 ","SINAPI","FITA VEDA ROSCA EM ROLOS DE 18 MM X 10 M (L X C)","Material",null,"UN",2.1000000000000001E-2,2.95,0.06]
["Insumo"," 00013415 ","SINAPI","TORNEIRA DE MESA/BANCADA, PARA LAVATORIO, FIXA, METALICA CROMADA, PADRAO POPULAR, 1/2 \" OU 3/4 \" (REF 1193)","Material",null,"UN",1,63.12,63.12]
[{"$nulls":4},"MO sem LS =>",1.2238250348999535,"LS =>",1.41,"MO com LS =>",2.63]
[{"$nulls":4},"Valor do BDI =>",16.059999999999999,null,"Valor com BDI =>",null,82.48]
[]
[null,"Código","Banco","Descrição","Tipo",null,"Und","Quant.","Valor Unit","Total"]
["Composição"," 86911 ","SINAPI","TORNEIRA CROMADA LONGA, DE PAREDE, 1/2\u0094 OU 3/4\u0094, PARA PIA DE COZINHA, PADRÃO POPULAR - FORNECIMENTO E INSTALAÇÃO. AF_01/2020","INHI - INSTALAÇÕES HIDROS SANITÁRIAS",null,"UN",1,77.75,77.75]
["Composição Auxiliar"," 88267 ","SINAPI","ENCANADOR OU BOMBEIRO HIDRÁULICO COM ENCARGOS COMPLEMENTARES","SEDI - SERVIÇOS DIVERSOS",null,"H",0.1164,27.97,3.25]
["Composição Auxiliar"," 88316 ","SINAPI","SERVENTE COM ENCARGOS COMPLEMENTARES","SEDI - SERVIÇOS DIVERSOS",null,"H",3.6700000000000003E-2,18.649999999999999,0.68]
["Insumo"," 00003146 ","SINAPI","FITA VEDA ROSCA EM ROLOS DE 18 MM X 10 M (L X C)","Material",null,"UN",2.1000000000000001E-2,2.95,0.06]
["Insumo"," 00013416 ","SINAPI","TORNEIRA METALICA CROMADA, RETA, DE PAREDE, PARA COZINHA, SEM BICO, SEM AREJADOR, PADRAO POPULAR, 1/2 \" OU 3/4 \" (REF 1158)","Material",null,"UN",1,73.760000000000005,73.760000000000005]
[{"$nulls":4},"MO sem LS =>",1.4890646812470916,"LS =>",1.71,"MO com LS =>",3.2]
[{"$nulls":4},"Valor do BDI =>",18.79,null,"Valor com BDI =>",null,96.54]
[]
[null,"Código","Banco","Descrição","Tipo",null,"Und","Quant.","Valor Unit","Total"]
["Composição"," 94796 ","SINAPI","TORNEIRA DE BOIA PARA CAIXA D'ÁGUA, ROSCÁVEL, 3/4\" - FORNECIMENTO E INSTALAÇÃO. AF_08/2021","INHI - INSTALAÇÕES HIDROS SANITÁRIAS",null,"UN",1,31.34,31.34]
["Composição Auxiliar"," 88248 ","SINAPI","AUXILIAR DE ENCANADOR OU BOMBEIRO HIDRÁULICO COM ENCARGOS COMPLEMENTARES","SEDI - SERVIÇOS DIVERSOS",null,"H",0.19040000000000001,18.78,3.57]
["Composição Auxiliar"," 88267 ","SINAPI","ENCANADOR OU BOMBEIRO HIDRÁULICO COM ENCARGOS COMPLEMENTARES","SEDI - SERVIÇOS DIVERSOS",null,"H",0.19040000000000001,27.97,5.32]
["Insumo"," 00003148 ","SINAPI","FITA VEDA ROSCA EM ROLOS DE 18 MM X 50 M (L X C)","Material",null,"UN",5.3E-3,10.88,0.05]
["Insumo"," 00011830 ","SINAPI","TORNEIRA DE BOIA CONVENCIONAL PARA CAIXA D'AGUA, AGUA FRIA, 3/4\", COM HASTE E TORNEIRA METALICOS E BALAO PLASTICO","Material",null,"UN",1,22.4,22.4]
[{"$nulls":4},"MO sem LS =>",3.3085155886458817,"LS =>",3.8,"MO com LS =>",7.11]
[{"$nulls":4},"Valor do BDI =>",7.57,null,"Valor com BDI =>",null,38.909999999999997]
[]
[null,"Código","Banco","Descrição","Tipo",null,"Und","Quant.","Valor Unit","Total"]
["Composição"," 92543 ","SINAPI","TRAMA DE MADEIRA COMPOSTA POR TERÇAS PARA TELHADOS DE ATÉ 2 ÁGUAS PARA TELHA ONDULADA DE FIBROCIMENTO, METÁLICA, PLÁSTICA OU TERMOACÚSTICA, INCLUSO TRANSPORTE VERTICAL. AF_07/2019","COBE - COBERTURA",null,"m²",1,18.079999999999998,18.079999999999998]
["Composição Auxiliar"," 88239 ","SINAPI","AJUDANTE DE CARPINTEIRO COM ENCARGOS COMPLEMENTARES","SEDI - SERVIÇOS DIVERSOS",null,"H",6.5000000000000002E-2,19.23,1.24]
["Composição Auxiliar"," 88262 ","SINAPI","CARPINTEIRO DE FORMAS COM ENCARGOS COMPLEMENTARES","SEDI - SERVIÇOS DIVERSOS",null,"H",0.11799999999999999,23.48,2.77]
["Composição Auxiliar"," 93281 ","SINAPI","GUINCHO ELÉTRICO DE COLUNA, CAPACIDADE 400 KG, COM MOTO FREIO, MOTOR TRIFÁSICO DE 1,25 CV - CHP DIURNO. AF_03/2016","CHOR - CUSTOS HORÁRIOS DE MÁQUINAS E EQUIPAMENTOS",null,"CHP",4.5999999999999999E-3,18.73,0.08]
["Composição Auxiliar"," 93282 ","SINAPI","GUINCHO ELÉTRICO DE COLUNA, CAPACIDADE 400 KG, COM MOTO FREIO, MOTOR TRIFÁSICO DE 1,25 CV - CHI DIURNO. AF_03/2016","CHOR - CUSTOS HORÁRIOS DE MÁQUINAS E EQUIPAMENTOS",null,"CHI",6.4000000000000003E-3,17.48,0.11]
["Insumo"," 00004425 ","SINAPI","VIGA NAO APARELHADA *6 X 12* CM, EM MACARANDUBA/MASSARANDUBA, ANGELIM OU EQUIVALENTE DA REGIAO - BRUTA","Material",null,"M",0.63400000000000001,20.79,13.18]
["Insumo"," 00040568 ","SINAPI","PREGO DE ACO POLIDO COM CABECA 22 X 48 (4 1/4 X 5)","Material",null,"KG",0.03,23.57,0.7]
[{"$nulls":4},"MO sem LS =>",1.4890646812470916,"LS =>",1.71,"MO com LS =>",3.2]
[{"$nulls":4},"Valor do BDI =>",4.37,null,"Valor com BDI =>",null,22.45]
[]
[null,"Código","Banco","Descrição","Tipo",null,"Und","Quant.","Valor Unit","Total"]
["Composição"," 100251 ","SINAPI","TRANSPORTE HORIZONTAL MANUAL, DE TUBO DE AÇO CARBONO LEVE OU MÉDIO, PRETO OU GALVANIZADO, COM DIÂMETRO MAIOR QUE 32 MM E MENOR OU IGUAL A 65 MM (UNIDADE: MXKM). AF_07/2019","SEDI - SERVIÇOS DIVERSOS",null,"MXKM",1,11.41,11.41]
["Composição Auxiliar"," 88316 ","SINAPI","SERVENTE COM ENCARGOS COMPLEMENTARES","SEDI - SERVIÇOS DIVERSOS",null,"H",0.61180000000000001,18.649999999999999,11.41]
[{"$nulls":4},"MO sem LS =>",3.8343415542112611,"LS =>",4.41,"MO com LS =>",8.24]
[{"$nulls":4},"Valor do BDI =>",2.75,null,"Valor com BDI =>",null,14.16]
[]
[null,"Código","Banco","Descrição","Tipo",null,"Und","Quant.","Valor Unit","Total"]
["Composição"," 89031 ","SINAPI","TRATOR DE ESTEIRAS, POTÊNCIA 100 HP, PESO OPERACIONAL 9,4 T, COM LÂMINA 2,19 M3 - CHI DIURNO. AF_06/2014","CHOR - CUSTOS HORÁRIOS DE MÁQUINAS E EQUIPAMENTOS",null,"CHI",1,64.63,64.63]
["Composição Auxiliar"," 88324 ","SINAPI","TRATORISTA COM ENCARGOS COMPLEMENTARES","SEDI - SERVIÇOS DIVERSOS",null,"H",1,21.79,21.79]
["Composição Auxiliar"," 89029 ","SINAPI","TRATOR DE ESTEIRAS, POTÊNCIA 100 HP, PESO OPERACIONAL 9,4 T, COM LÂMINA 2,19 M3 - DEPRECIAÇÃO. AF_06/2014","CHOR - CUSTOS HORÁRIOS DE MÁQUINAS E EQUIPAMENTOS",null,"H",1,29.74,29.74]
["Composição Auxiliar"," 89030 ","SINAPI","TRATOR DE ESTEIRAS, POTÊNCIA 100 HP, PESO OPERACIONAL 9,4 T, COM LÂMINA 2,19 M3 - JUROS. AF_06/2014","CHOR - CUSTOS HORÁRIOS DE MÁQUINAS E EQUIPAMENTOS",null,"H",1,13.1,13.1]
[{"$nulls":4},"MO sem LS =>",8.2038156999999998,"LS =>",9.43,"MO com LS =>",17.63]
[{"$nulls":4},"Valor do BDI =>",15.62,null,"Valor com BDI =>",null,80.25]
[]
[null,"Código","Banco","Descrição","Tipo",null,"Und","Quant.","Valor Unit","Total"]
["Composição"," 89032 ","SINAPI","TRATOR DE ESTEIRAS, POTÊNCIA 100 HP, PESO OPERACIONAL 9,4 T, COM LÂMINA 2,19 M3 - CHP DIURNO. AF_06/2014","CHOR - CUSTOS HORÁRIOS DE MÁQUINAS E EQUIPAMENTOS",null,"CHP",1,180.86,180.86]
["Composição Auxiliar"," 53817 ","SINAPI","TRATOR DE ESTEIRAS, POTÊNCIA 100 HP, PESO OPERACIONAL 9,4 T, COM LÂMINA 2,19 M3 - MATERIAIS NA OPERAÇÃO. AF_06/2014","CHOR - CUSTOS HORÁRIOS DE MÁQUINAS E EQUIPAMENTOS",null,"H",1,63.05,63.05]
["Composição Auxiliar"," 5724 ","SINAPI","TRATOR DE ESTEIRAS, POTÊNCIA 100 HP, PESO OPERACIONAL 9,4 T, COM LÂMINA 2,19 M3 - MANUTENÇÃO. AF_06/2014","CHOR - CUSTOS HORÁRIOS DE MÁQUINAS E EQUIPAMENTOS",null,"H",1,53.18,53.18]
["Composição Auxiliar"," 88324 ","SINAPI","TRATORISTA COM ENCARGOS COMPLEMENTARES","SEDI - SERVIÇOS DIVERSOS",null,"H",1,21.79,21.79]
["Composição Auxiliar"," 89029 ","SINAPI","TRATOR DE ESTEIRAS, POTÊNCIA 100 HP, PESO OPERACIONAL 9,4 T, COM LÂMINA 2,19 M3 - DEPRECIAÇÃO. AF_06/2014","CHOR - CUSTOS HORÁRIOS DE MÁQUINAS E EQUIPAMENTOS",null,"H",1,29.74,29.74]
["Composição Auxiliar"," 89030 ","SINAPI","TRATOR DE ESTEIRAS, POTÊNCIA 100 HP, PESO OPERACIONAL 9,4 T, COM LÂMINA 2,19 M3 - JUROS. AF_06/2014","CHOR - CUSTOS HORÁRIOS DE MÁQUINAS E EQUIPAMENTOS",null,"H",1,13.1,13.1]
[{"$nulls":4},"MO sem LS =>",8.2038156999999998,"LS =>",9.43,"MO com LS =>",17.63]
[{"$nulls":4},"Valor do BDI =>",43.73,null,"Valor com BDI =>",null,224.59]
[]
[null,"Código","Banco","Descrição","Tipo",null,"Und","Quant.","Valor Unit","Total"]
["Composição"," 89029 ","SINAPI","TRATOR DE ESTEIRAS, POTÊNCIA 100 HP, PESO OPERACIONAL 9,4 T, COM LÂMINA 2,19 M3 - DEPRECIAÇÃO. AF_06/2014","CHOR - CUSTOS HORÁRIOS DE MÁQUINAS E EQUIPAMENTOS",null,"H",1,29.74,29.74]
["Insumo"," 00007622 ","SINAPI","TRATOR DE ESTEIRAS, POTENCIA DE 100 HP, PESO OPERACIONAL DE 9,4 T, COM LAMINA COM CAPACIDADE DE 2,19 M3","Equipamento",null,"UN",3.1099999999999997E-5,956498.8,29.74]
[{"$nulls":4},"MO sem LS =>",0,"LS =>",0,"MO com LS =>",0]
[{"$nulls":4},"Valor do BDI =>",7.19,null,"Valor com BDI =>",null,36.93]
[]
[null,"Código","Banco","Descrição","Tipo",null,"Und","Quant.","Valor Unit","Total"]
["Composição"," 89030 ","SINAPI","TRATOR DE ESTEIRAS, POTÊNCIA 100 HP, PESO OPERACIONAL 9,4 T, COM LÂMINA 2,19 M3 - JUROS. AF_06/2014","CHOR - CUSTOS HORÁRIOS DE MÁQUINAS E EQUIPAMENTOS",null,"H",1,13.1,13.1]
["Insumo"," 00007622 ","SINAPI","TRATOR DE ESTEIRAS, POTENCIA DE 100 HP, PESO OPERACIONAL DE 9,4 T, COM LAMINA COM CAPACIDADE DE 2,19 M3","Equipamento",null,"UN",1.3699999999999999E-5,956498.8,13.1]
[{"$nulls":4},"MO sem LS =>",0,"LS =>",0,"MO com LS =>",0]
[{"$nulls":4},"Valor do BDI =>",3.16,null,"Valor com BDI =>",null,16.260000000000002]
[]
[null,"Código","Banco","Descrição","Tipo",null,"Und","Quant.","Valor Unit","Total"]
["Composição"," 5724 ","SINAPI","TRATOR DE ESTEIRAS, POTÊNCIA 100 HP, PESO OPERACIONAL 9,4 T, COM LÂMINA 2,19 M3 - MANUTENÇÃO. AF_06/2014","CHOR - CUSTOS HORÁRIOS DE MÁQUINAS E EQUIPAMENTOS",null,"H",1,53.18,53.18]
["Insumo"," 00007622 ","SINAPI","TRATOR DE ESTEIRAS, POTENCIA DE 100 HP, PESO OPERACIONAL DE 9,4 T, COM LAMINA COM CAPACIDADE DE 2,19 M3","Equipamento",null,"UN",5.5600000000000003E-5,956498.8,53.18]
[{"$nulls":4},"MO sem LS =>",0,"LS =>",0,"MO com LS =>",0]
[{"$nulls":4},"Valor do BDI =>",12.85,null,"Valor com BDI =>",null,66.03]
[]
[null,"Código","Banco","Descrição","Tipo",null,"Und","Quant.","Valor Unit","Total"]
["Composição"," 53817 ","SINAPI","TRATOR DE ESTEIRAS, POTÊNCIA 100 HP, PESO OPERACIONAL 9,4 T, COM LÂMINA 2,19 M3 - MATERIAIS NA OPERAÇÃO. AF_06/2014","CHOR - CUSTOS HORÁRIOS DE MÁQUINAS E EQUIPAMENTOS",null,"H",1,63.05,63.05]
["Insumo"," 00004221 ","SINAPI","OLEO DIESEL COMBUSTIVEL COMUM METROPOLITANO S-10 OU S-500","Material",null,"L",10.44,6.04,63.05]
[{"$nulls":4},"MO sem LS =>",0,"LS =>",0,"MO com LS =>",0]
[{"$nulls":4},"Valor do BDI =>",15.24,null,"Valor com BDI =>",null,78.290000000000006]
[]
[null,"Código","Banco","Descrição","Tipo",null,"Und","Quant.","Valor Unit","Total"]
["Composição"," 5849 ","SINAPI","TRATOR DE ESTEIRAS, POTÊNCIA 170 HP, PESO OPERACIONAL 19 T, CAÇAMBA 5,2 M3 - CHI DIURNO. AF_06/2014","CHOR - CUSTOS HORÁRIOS DE MÁQUINAS E EQUIPAMENTOS",null,"CHI",1,76.989999999999995,76.989999999999995]
["Composição Auxiliar"," 88324 ","SINAPI","TRATORISTA COM ENCARGOS COMPLEMENTARES","SEDI - SERVIÇOS DIVERSOS",null,"H",1,21.79,21.79]
["Composição Auxiliar"," 89017 ","SINAPI","TRATOR DE ESTEIRAS, POTÊNCIA 170 HP, PESO OPERACIONAL 19 T, CAÇAMBA 5,2 M3 - DEPRECIAÇÃO. AF_06/2014","CHOR - CUSTOS HORÁRIOS DE MÁQUINAS E EQUIPAMENTOS",null,"H",1,38.32,38.32]
["Composição Auxiliar"," 89018 ","SINAPI","TRATOR DE ESTEIRAS, POTÊNCIA 170 HP, PESO OPERACIONAL 19 T, CAÇAMBA 5,2 M3 - JUROS. AF_06/2014","CHOR - CUSTOS HORÁRIOS DE MÁQUINAS E EQUIPAMENTOS",null,"H",1,16.88,16.88]
[{"$nulls":4},"MO sem LS =>",8.2038156999999998,"LS =>",9.43,"MO com LS =>",17.63]
[{"$nulls":4},"Valor do BDI =>",18.61,null,"Valor com BDI =>",null,95.6]
[]
[null,"Código","Banco","Descrição","Tipo",null,"Und","Quant.","Valor Unit","Total"]
["Composição"," 5847 ","SINAPI","TRATOR DE ESTEIRAS, POTÊNCIA 170 HP, PESO OPERACIONAL 19 T, CAÇAMBA 5,2 M3 - CHP DIURNO. AF_06/2014","CHOR - CUSTOS HORÁRIOS DE MÁQUINAS E EQUIPAMENTOS",null,"CHP",1,252.78,252.78]
["Composição Auxiliar"," 53806 ","SINAPI","TRATOR DE ESTEIRAS, POTÊNCIA 170 HP, PESO OPERACIONAL 19 T, CAÇAMBA 5,2 M3 - MANUTENÇÃO. AF_06/2014","CHOR - CUSTOS HORÁRIOS DE MÁQUINAS E EQUIPAMENTOS",null,"H",1,68.52,68.52]
["Composição Auxiliar"," 5718 ","SINAPI","TRATOR DE ESTEIRAS, POTÊNCIA 170 HP, PESO OPERACIONAL 19 T, CAÇAMBA 5,2 M3 - MATERIAIS NA OPERAÇÃO. AF_06/2014","CHOR - CUSTOS HORÁRIOS DE MÁQUINAS E EQUIPAMENTOS",null,"H",1,107.27,107.27]
["Composição Auxiliar"," 88324 ","SINAPI","TRATORISTA COM ENCARGOS COMPLEMENTARES","SEDI - SERVIÇOS DIVERSOS",null,"H",1,21.79,21.79]
["Composição Auxiliar"," 89017 ","SINAPI","TRATOR DE ESTEIRAS, POTÊNCIA 170 HP, PESO OPERACIONAL 19 T, CAÇAMBA 5,2 M3 - DEPRECIAÇÃO. AF_06/2014","CHOR - CUSTOS HORÁRIOS DE MÁQUINAS E EQUIPAMENTOS",null,"H",1,38.32,38.32]
["Composição Auxiliar"," 89018 ","SINAPI","TRATOR DE ESTEIRAS, POTÊNCIA 170 HP, PESO OPERACIONAL 19 T, CAÇAMBA 5,2 M3 - JUROS. AF_06/2014","CHOR - CUSTOS HORÁRIOS DE MÁQUINAS E EQUIPAMENTOS",null,"H",1,16.88,16.88]
[{"$nulls":4},"MO sem LS =>",8.2038156999999998,"LS =>",9.43,"MO com LS =>",17.63]
[{"$nulls":4},"Valor do BDI =>",61.12,null,"Valor com BDI =>",null,313.89999999999998]
[]
[null,"Código","Banco","Descrição","Tipo",null,"Und","Quant.","Valor Unit","Total"]
["Composição"," 89017 ","SINAPI","TRATOR DE ESTEIRAS, POTÊNCIA 170 HP, PESO OPERACIONAL 19 T, CAÇAMBA 5,2 M3 - DEPRECIAÇÃO. AF_06/2014","CHOR - CUSTOS HORÁRIOS DE MÁQUINAS E EQUIPAMENTOS",null,"H",1,38.32,38.32]
["Insumo"," 00007625 ","SINAPI","TRATOR DE ESTEIRAS, POTENCIA DE 170 HP, PESO OPERACIONAL DE 19 T, COM LAMINA COM CAPACIDADE DE 5,2 M3","Equipamento",null,"UN",3.1099999999999997E-5,1232415.78,38.32]
[{"$nulls":4},"MO sem LS =>",0,"LS =>",0,"MO com LS =>",0]
[{"$nulls":4},"Valor do BDI =>",9.26,null,"Valor com BDI =>",null,47.58]
[]
[null,"Código","Banco","Descrição","Tipo",null,"Und","Quant.","Valor Unit","Total"]
["Composição"," 89018 ","SINAPI","TRATOR DE ESTEIRAS, POTÊNCIA 170 HP, PESO OPERACIONAL 19 T, CAÇAMBA 5,2 M3 - JUROS. AF_06/2014","CHOR - CUSTOS HORÁRIOS DE MÁQUINAS E EQUIPAMENTOS",null,"H",1,16.88,16.88]
["Insumo"," 00007625 ","SINAPI","TRATOR DE ESTEIRAS, POTENCIA DE 170 HP, PESO OPERACIONAL DE 19 T, COM LAMINA COM CAPACIDADE DE 5,2 M3","Equipamento",null,"UN",1.3699999999999999E-5,1232415.78,16.88]
[{"$nulls":4},"MO sem LS =>",0,"LS =>",0,"MO com LS =>",0]
[{"$nulls":4},"Valor do BDI =>",4.08,null,"Valor com BDI =>",null,20.96]
[]
[null,"Código","Banco","Descrição","Tipo",null,"Und","Quant.","Valor Unit","Total"]
["Composição"," 53806 ","SINAPI","TRATOR DE ESTEIRAS, POTÊNCIA 170 HP, PESO OPERACIONAL 19 T, CAÇAMBA 5,2 M3 - MANUTENÇÃO. AF_06/2014","CHOR - CUSTOS HORÁRIOS DE MÁQUINAS E EQUIPAMENTOS",null,"H",1,68.52,68.52]
["Insumo"," 00007625 ","SINAPI","TRATOR DE ESTEIRAS, POTENCIA DE 170 HP, PESO OPERACIONAL DE 19 T, COM LAMINA COM CAPACIDADE DE 5,2 M3","Equipamento",null,"UN",5.5600000000000003E-5,1232415.78,68.52]
[{"$nulls":4},"MO sem LS =>",0,"LS =>",0,"MO com LS =>",0]
[{"$nulls":4},"Valor do BDI =>",16.559999999999999,null,"Valor com BDI =>",null,85.08]
[]
[null,"Código","Banco","Descrição","Tipo",null,"Und","Quant.","Valor Unit","Total"]
["Composição"," 5718 ","SINAPI","TRATOR DE ESTEIRAS, POTÊNCIA 170 HP, PESO OPERACIONAL 19 T, CAÇAMBA 5,2 M3 - MATERIAIS NA OPERAÇÃO. AF_06/2014","CHOR - CUSTOS HORÁRIOS DE MÁQUINAS E EQUIPAMENTOS",null,"H",1,107.27,107.27]
["Insumo"," 00004221 ","SINAPI","OLEO DIESEL COMBUSTIVEL COMUM METROPOLITANO S-10 OU S-500","Material",null,"L",17.760000000000002,6.04,107.27]
[{"$nulls":4},"MO sem LS =>",0,"LS =>",0,"MO com LS =>",0]
[{"$nulls":4},"Valor do BDI =>",25.93,null,"Valor com BDI =>",null,133.19999999999999]
[]
[null,"Código","Banco","Descrição","Tipo",null,"Und","Quant.","Valor Unit","Total"]
["Composição"," 88324 ","SINAPI","TRATORISTA COM ENCARGOS COMPLEMENTARES","SEDI - SERVIÇOS DIVERSOS",null,"H",1,21.79,21.79]
["Composição Auxiliar"," 95386 ","SINAPI","CURSO DE CAPACITAÇÃO PARA TRATORISTA (ENCARGOS COMPLEMENTARES) - HORISTA","SEDI - SERVIÇOS DIVERSOS",null,"H",1,0.21,0.21]
["Insumo"," 00004237 ","SINAPI","OPERADOR DE TRATOR - EXCLUSIVE AGROPECUARIA","Mão de Obra",null,"H",1,17.420000000000002,17.420000000000002]
["Insumo"," 00037370 ","SINAPI","ALIMENTACAO - HORISTA (COLETADO CAIXA - ENCARGOS COMPLEMENTARES)","Outros",null,"H",1,1.64,1.64]
["Insumo"," 00037371 ","SINAPI","TRANSPORTE - HORISTA (COLETADO CAIXA - ENCARGOS COMPLEMENTARES)","Serviços",null,"H",1,0.48,0.48]
["Insumo"," 00037372 ","SINAPI","EXAMES - HORISTA (COLETADO CAIXA - ENCARGOS COMPLEMENTARES)","Outros",null,"H",1,1.1399999999999999,1.1399999999999999]
["Insumo"," 00037373 ","SINAPI","SEGURO - HORISTA (COLETADO CAIXA - ENCARGOS COMPLEMENTARES)","Taxas",null,"H",1,7.0000000000000007E-2,7.0000000000000007E-2]
["Insumo"," 00043464 ","SINAPI","FERRAMENTAS - FAMILIA OPERADOR ESCAVADEIRA - HORISTA (ENCARGOS COMPLEMENTARES - COLETADO CAIXA)","Equipamento",null,"H",1,0.01,0.01]
["Insumo"," 00043488 ","SINAPI","EPI - FAMILIA OPERADOR ESCAVADEIRA - HORISTA (ENCARGOS COMPLEMENTARES - COLETADO CAIXA)","Equipamento",null,"H",1,0.82,0.82]
[{"$nulls":4},"MO sem LS =>",8.2038156999999998,"LS =>",9.43,"MO com LS =>",17.63]
[{"$nulls":4},"Valor do BDI =>",5.26,null,"Valor com BDI =>",null,27.05]
[]
[null,"Código","Banco","Descrição","Tipo",null,"Und","Quant.","Valor Unit","Total"]
["Composição"," 94648 ","SINAPI","TUBO, PVC, SOLDÁVEL, DN  25 MM, INSTALADO EM RESERVAÇÃO DE ÁGUA DE EDIFICAÇÃO QUE POSSUA RESERVATÓRIO DE FIBRA/FIBROCIMENTO   FORNECIMENTO E INSTALAÇÃO. AF_06/2016","INHI - INSTALAÇÕES HIDROS SANITÁRIAS",null,"M",1,11.32,11.32]
["Composição Auxiliar"," 88248 ","SINAPI","AUXILIAR DE ENCANADOR OU BOMBEIRO HIDRÁULICO COM ENCARGOS COMPLEMENTARES","SEDI - SERVIÇOS DIVERSOS",null,"H",0.13300000000000001,18.78,2.4900000000000002]
["Composição Auxiliar"," 88267 ","SINAPI","ENCANADOR OU BOMBEIRO HIDRÁULICO COM ENCARGOS COMPLEMENTARES","SEDI - SERVIÇOS DIVERSOS",null,"H",0.13300000000000001,27.97,3.72]
["Insumo"," 00009868 ","SINAPI","TUBO PVC, SOLDAVEL, DE 25 MM, AGUA FRIA (NBR-5648)","Material",null,"M",1.0429999999999999,4.9000000000000004,5.1100000000000003]
[{"$nulls":4},"MO sem LS =>",2.3127035830618894,"LS =>",2.66,"MO com LS =>",4.97]
[{"$nulls":4},"Valor do BDI =>",2.73,null,"Valor com BDI =>",null,14.05]
[]
[null,"Código","Banco","Descrição","Tipo",null,"Und","Quant.","Valor Unit","Total"]
["Composição"," 89356 ","SINAPI","TUBO, PVC, SOLDÁVEL, DN 25MM, INSTALADO EM RAMAL OU SUB-RAMAL DE ÁGUA - FORNECIMENTO E INSTALAÇÃO. AF_06/2022","INHI - INSTALAÇÕES HIDROS SANITÁRIAS",null,"M",1,23.05,23.05]
["Composição Auxiliar"," 88248 ","SINAPI","AUXILIAR DE ENCANADOR OU BOMBEIRO HIDRÁULICO COM ENCARGOS COMPLEMENTARES","SEDI - SERVIÇOS DIVERSOS",null,"H",0.38,18.78,7.13]
["Composição Auxiliar"," 88267 ","SINAPI","ENCANADOR OU BOMBEIRO HIDRÁULICO COM ENCARGOS COMPLEMENTARES","SEDI - SERVIÇOS DIVERSOS",null,"H",0.38,27.97,10.62]
["Insumo"," 00009868 ","SINAPI","TUBO PVC, SOLDAVEL, DE 25 MM, AGUA FRIA (NBR-5648)","Material",null,"M",1.0492999999999999,4.9000000000000004,5.14]
["Insumo"," 00038383 ","SINAPI","LIXA D'AGUA EM FOLHA, GRAO 100","Material",null,"UN",8.8599999999999998E-2,1.89,0.16]
[{"$nulls":4},"MO sem LS =>",6.6123778501628667,"LS =>",7.6,"MO com LS =>",14.21]
[{"$nulls":4},"Valor do BDI =>",5.57,null,"Valor com BDI =>",null,28.62]
[]
[null,"Código","Banco","Descrição","Tipo",null,"Und","Quant.","Valor Unit","Total"]
["Composição"," 94649 ","SINAPI","TUBO, PVC, SOLDÁVEL, DN 32 MM, INSTALADO EM RESERVAÇÃO DE ÁGUA DE EDIFICAÇÃO QUE POSSUA RESERVATÓRIO DE FIBRA/FIBROCIMENTO   FORNECIMENTO E INSTALAÇÃO. AF_06/2016","INHI - INSTALAÇÕES HIDROS SANITÁRIAS",null,"M",1,17.23,17.23]
["Composição Auxiliar"," 88248 ","SINAPI","AUXILIAR DE ENCANADOR OU BOMBEIRO HIDRÁULICO COM ENCARGOS COMPLEMENTARES","SEDI - SERVIÇOS DIVERSOS",null,"H",0.13300000000000001,18.78,2.4900000000000002]
["Composição Auxiliar"," 88267 ","SINAPI","ENCANADOR OU BOMBEIRO HIDRÁULICO COM ENCARGOS COMPLEMENTARES","SEDI - SERVIÇOS DIVERSOS",null,"H",0.13300000000000001,27.97,3.72]
["Insumo"," 00009869 ","SINAPI","TUBO PVC, SOLDAVEL, DE 32 MM, AGUA FRIA (NBR-5648)","Material",null,"M",1.0429999999999999,10.57,11.02]
[{"$nulls":4},"MO sem LS =>",2.3127035830618894,"LS =>",2.66,"MO com LS =>",4.97]
[{"$nulls":4},"Valor do BDI =>",4.16,null,"Valor com BDI =>",null,21.39]
[]
[null,"Código","Banco","Descrição","Tipo",null,"Und","Quant.","Valor Unit","Total"]
["Composição"," 5914359 ","SICRO3","Transporte com caminhão basculante de 10 m³ - rodovia em leito natural","",null,"tkm",1,1.1000000000000001,1.1000000000000001]
["A","Código","Banco","Equipamentos","Quantidade","Utilização",null,"Custo Operacional",null,"Custo Horário"]
[{"$nulls":5},"Operativa","Improdutiva","Operativa","Improdutiva"]
["Insumo","E9579","SICRO3","Caminhão basculante com capacidade de 10 m³ - 188 kW",1,1,0,269.44470000000001,86.186400000000006,269.44470000000001]
[{"$nulls":5},"Custo Horário de Equipamentos =>",null,null,null,269.44470000000001]
[{"$nulls":5},"Custo Horário de Execução =>",null,null,null,269.44470000000001]
[{"$nulls":5},"Fator de Influencia da Chuva - FIC =>",null,null,null,1.2699999999999999E-2]
[{"$nulls":5},"Custo do FIC =>",null,null,null,1.37E-2]
[{"$nulls":5},"Produção de Equipe =>",null,null,null,249]
[{"$nulls":5},"Custo Unitário de Execução =>",null,null,null,1.0821000000000001]
[{"$nulls":4},"MO sem LS =>",0,"LS =>",0,"MO com LS =>",0]
[{"$nulls":4},"Valor do BDI =>",0.26,null,"Valor com BDI =>",null,1.36]
[]
[null,"Código","Banco","Descrição","Tipo",null,"Und","Quant.","Valor Unit","Total"]
["Composição"," 5914374 ","SICRO3","Transporte com caminhão basculante de 10 m³ - rodovia em revestimento primário","",null,"tkm",1,0.88,0.88]
["A","Código","Banco","Equipamentos","Quantidade","Utilização",null,"Custo Operacional",null,"Custo Horário"]
[{"$nulls":5},"Operativa","Improdutiva","Operativa","Improdutiva"]
["Insumo","E9579","SICRO3","Caminhão basculante com capacidade de 10 m³ - 188 kW",1,1,0,269.44470000000001,86.186400000000006,269.44470000000001]
[{"$nulls":5},"Custo Horário de Equipamentos =>",null,null,null,269.44470000000001]
[{"$nulls":5},"Custo Horário de Execução =>",null,null,null,269.44470000000001]
[{"$nulls":5},"Fator de Influencia da Chuva - FIC =>",null,null,null,1.2699999999999999E-2]
[{"$nulls":5},"Custo do FIC =>",null,null,null,1.0999999999999999E-2]
[{"$nulls":5},"Produção de Equipe =>",null,null,null,311.25]
[{"$nulls":5},"Custo Unitário de Execução =>",null,null,null,0.86570000000000003]
[{"$nulls":4},"MO sem LS =>",0,"LS =>",0,"MO com LS =>",0]
[{"$nulls":4},"Valor do BDI =>",0.21,null,"Valor com BDI =>",null,1.0900000000000001]
[]
[null,"Código","Banco","Descrição","Tipo",null,"Und","Quant.","Valor Unit","Total"]
["Composição"," 5914389 ","SICRO3","Transporte com caminhão basculante de 10 m³ - rodovia pavimentada","",null,"tkm",1,0.72,0.72]
["A","Código","Banco","Equipamentos","Quantidade","Utilização",null,"Custo Operacional",null,"Custo Horário"]
[{"$nulls":5},"Operativa","Improdutiva","Operativa","Improdutiva"]
["Insumo","E9579","SICRO3","Caminhão basculante com capacidade de 10 m³ - 188 kW",1,1,0,269.44470000000001,86.186400000000006,269.44470000000001]
[{"$nulls":5},"Custo Horário de Equipamentos =>",null,null,null,269.44470000000001]
[{"$nulls":5},"Custo Horário de Execução =>",null,null,null,269.44470000000001]
[{"$nulls":5},"Fator de Influencia da Chuva - FIC =>",null,null,null,0]
[{"$nulls":5},"Custo do FIC =>",null,null,null,0]
[{"$nulls":5},"Produção de Equipe =>",null,null,null,373.5]
[{"$nulls":5},"Custo Unitário de Execução =>",null,null,null,0.72140000000000004]
[{"$nulls":4},"MO sem LS =>",0,"LS =>",0,"MO com LS =>",0]
[{"$nulls":4},"Valor do BDI =>",0.17,null,"Valor com BDI =>",null,0.89]
[]
[null,"Código","Banco","Descrição","Tipo",null,"Und","Quant.","Valor Unit","Total"]
["Composição"," 5914449 ","SICRO3","Transporte com caminhão carroceria de 15 t - rodovia em leito natural","",null,"tkm",1,1.01,1.01]
["A","Código","Banco","Equipamentos","Quantidade","Utilização",null,"Custo Operacional",null,"Custo Horário"]
[{"$nulls":5},"Operativa","Improdutiva","Operativa","Improdutiva"]
["Insumo","E9592","SICRO3","Caminhão carroceria com capacidade de 15 t - 188 kW",1,1,0,247.90899999999999,75.268199999999993,247.90899999999999]
[{"$nulls":5},"Custo Horário de Equipamentos =>",null,null,null,247.90899999999999]
[{"$nulls":5},"Custo Horário de Execução =>",null,null,null,247.90899999999999]
[{"$nulls":5},"Fator de Influencia da Chuva - FIC =>",null,null,null,1.2699999999999999E-2]
[{"$nulls":5},"Custo do FIC =>",null,null,null,1.26E-2]
[{"$nulls":5},"Produção de Equipe =>",null,null,null,248.59]
[{"$nulls":5},"Custo Unitário de Execução =>",null,null,null,0.99729999999999996]
[{"$nulls":4},"MO sem LS =>",0,"LS =>",0,"MO com LS =>",0]
[{"$nulls":4},"Valor do BDI =>",0.24,null,"Valor com BDI =>",null,1.25]
[]
[null,"Código","Banco","Descrição","Tipo",null,"Und","Quant.","Valor Unit","Total"]
["Composição"," 5914464 ","SICRO3","Transporte com caminhão carroceria de 15 t - rodovia em revestimento primário","",null,"tkm",1,0.81,0.81]
["A","Código","Banco","Equipamentos","Quantidade","Utilização",null,"Custo Operacional",null,"Custo Horário"]
[{"$nulls":5},"Operativa","Improdutiva","Operativa","Improdutiva"]
["Insumo","E9592","SICRO3","Caminhão carroceria com capacidade de 15 t - 188 kW",1,1,0,247.90899999999999,75.268199999999993,247.90899999999999]
[{"$nulls":5},"Custo Horário de Equipamentos =>",null,null,null,247.90899999999999]
[{"$nulls":5},"Custo Horário de Execução =>",null,null,null,247.90899999999999]
[{"$nulls":5},"Fator de Influencia da Chuva - FIC =>",null,null,null,1.2699999999999999E-2]
[{"$nulls":5},"Custo do FIC =>",null,null,null,1.01E-2]
[{"$nulls":5},"Produção de Equipe =>",null,null,null,310.73]
[{"$nulls":5},"Custo Unitário de Execução =>",null,null,null,0.79779999999999995]
[{"$nulls":4},"MO sem LS =>",0,"LS =>",0,"MO com LS =>",0]
[{"$nulls":4},"Valor do BDI =>",0.19,null,"Valor com BDI =>",null,1]
[]
[null,"Código","Banco","Descrição","Tipo",null,"Und","Quant.","Valor Unit","Total"]
["Composição"," 5914479 ","SICRO3","Transporte com caminhão carroceria de 15 t - rodovia pavimentada","",null,"tkm",1,0.66,0.66]
["A","Código","Banco","Equipamentos","Quantidade","Utilização",null,"Custo Operacional",null,"Custo Horário"]
[{"$nulls":5},"Operativa","Improdutiva","Operativa","Improdutiva"]
["Insumo","E9592","SICRO3","Caminhão carroceria com capacidade de 15 t - 188 kW",1,1,0,247.90899999999999,75.268199999999993,247.90899999999999]
[{"$nulls":5},"Custo Horário de Equipamentos =>",null,null,null,247.90899999999999]
[{"$nulls":5},"Custo Horário de Execução =>",null,null,null,247.90899999999999]
[{"$nulls":5},"Fator de Influencia da Chuva - FIC =>",null,null,null,0]
[{"$nulls":5},"Custo do FIC =>",null,null,null,0]
[{"$nulls":5},"Produção de Equipe =>",null,null,null,372.88]
[{"$nulls":5},"Custo Unitário de Execução =>",null,null,null,0.66479999999999995]
[{"$nulls":4},"MO sem LS =>",0,"LS =>",0,"MO com LS =>",0]
[{"$nulls":4},"Valor do BDI =>",0.15,null,"Valor com BDI =>",null,0.81]
[]
[null,"Código","Banco","Descrição","Tipo",null,"Und","Quant.","Valor Unit","Total"]
["Composição"," 100321 ","SINAPI","TÉCNICO EM SEGURANÇA DO TRABALHO COM ENCARGOS COMPLEMENTARES","SEDI - SERVIÇOS DIVERSOS",null,"MES",1,4802.2299999999996,4802.2299999999996]
["Composição Auxiliar"," 100315 ","SINAPI","CURSO DE CAPACITAÇÃO PARA TÉCNICO EM SEGURANÇA DO TRABALHO (ENCARGOS COMPLEMENTARES) - MENSALISTA","SEDI - SERVIÇOS DIVERSOS",null,"MES",1,61.92,61.92]
["Insumo"," 00040863 ","SINAPI","EXAMES - MENSALISTA (COLETADO CAIXA - ENCARGOS COMPLEMENTARES)","Material",null,"MES",1,215.56,215.56]
["Insumo"," 00040864 ","SINAPI","SEGURO - MENSALISTA (COLETADO CAIXA - ENCARGOS COMPLEMENTARES)","Material",null,"MES",1,12.89,12.89]
["Insumo"," 00040944 ","SINAPI","TECNICO EM SEGURANCA DO TRABALHO (MENSALISTA)","Mão de Obra",null,"MES",1,4360.57,4360.57]
["Insumo"," 00043470 ","SINAPI","FERRAMENTAS - FAMILIA ALMOXARIFE - MENSALISTA (ENCARGOS COMPLEMENTARES - COLETADO CAIXA)","Equipamento",null,"MES",1,10.6,10.6]
["Insumo"," 00043494 ","SINAPI","EPI - FAMILIA ALMOXARIFE - MENSALISTA (ENCARGOS COMPLEMENTARES - COLETADO CAIXA)","Equipamento",null,"MES",1,140.69,140.69]
[{"$nulls":4},"MO sem LS =>",2057.9292694000001,"LS =>",2364.56,"MO com LS =>",4422.49]
[{"$nulls":4},"Valor do BDI =>",1161.17,null,"Valor com BDI =>",null,5963.4]
[]
[null,"Código","Banco","Descrição","Tipo",null,"Und","Quant.","Valor Unit","Total"]
["Composição"," 94688 ","SINAPI","TÊ, PVC, SOLDÁVEL, DN  25 MM INSTALADO EM RESERVAÇÃO DE ÁGUA DE EDIFICAÇÃO QUE POSSUA RESERVATÓRIO DE FIBRA/FIBROCIMENTO   FORNECIMENTO E INSTALAÇÃO. AF_06/2016","INHI - INSTALAÇÕES HIDROS SANITÁRIAS",null,"UN",1,10.71,10.71]
["Composição Auxiliar"," 88248 ","SINAPI","AUXILIAR DE ENCANADOR OU BOMBEIRO HIDRÁULICO COM ENCARGOS COMPLEMENTARES","SEDI - SERVIÇOS DIVERSOS",null,"H",0.159,18.78,2.98]
["Composição Auxiliar"," 88267 ","SINAPI","ENCANADOR OU BOMBEIRO HIDRÁULICO COM ENCARGOS COMPLEMENTARES","SEDI - SERVIÇOS DIVERSOS",null,"H",0.159,27.97,4.4400000000000004]
["Insumo"," 00007139 ","SINAPI","TE SOLDAVEL, PVC, 90 GRAUS, 25 MM, PARA AGUA FRIA PREDIAL (NBR 5648)","Material",null,"UN",1,1.42,1.42]
["Insumo"," 00020080 ","SINAPI","ADESIVO PLASTICO PARA PVC, FRASCO COM 175 GR","Material",null,"UN",0.06,16.920000000000002,1.01]
["Insumo"," 00020083 ","SINAPI","SOLUCAO PREPARADORA / LIMPADORA PARA PVC, FRASCO COM 1000 CM3","Material",null,"UN",1.4E-2,58.75,0.82]
["Insumo"," 00038383 ","SINAPI","LIXA D'AGUA EM FOLHA, GRAO 100","Material",null,"UN",2.4E-2,1.89,0.04]
[{"$nulls":4},"MO sem LS =>",2.7640763145649139,"LS =>",3.18,"MO com LS =>",5.94]
[{"$nulls":4},"Valor do BDI =>",2.58,null,"Valor com BDI =>",null,13.29]
[]
[null,"Código","Banco","Descrição","Tipo",null,"Und","Quant.","Valor Unit","Total"]
["Composição"," 94690 ","SINAPI","TÊ, PVC, SOLDÁVEL, DN 32 MM INSTALADO EM RESERVAÇÃO DE ÁGUA DE EDIFICAÇÃO QUE POSSUA RESERVATÓRIO DE FIBRA/FIBROCIMENTO   FORNECIMENTO E INSTALAÇÃO. AF_06/2016","INHI - INSTALAÇÕES HIDROS SANITÁRIAS",null,"UN",1,13.74,13.74]
["Composição Auxiliar"," 88248 ","SINAPI","AUXILIAR DE ENCANADOR OU BOMBEIRO HIDRÁULICO COM ENCARGOS COMPLEMENTARES","SEDI - SERVIÇOS DIVERSOS",null,"H",0.159,18.78,2.98]
["Composição Auxiliar"," 88267 ","SINAPI","ENCANADOR OU BOMBEIRO HIDRÁULICO COM ENCARGOS COMPLEMENTARES","SEDI - SERVIÇOS DIVERSOS",null,"H",0.159,27.97,4.4400000000000004]
["Insumo"," 00007140 ","SINAPI","TE SOLDAVEL, PVC, 90 GRAUS, 32 MM, PARA AGUA FRIA PREDIAL (NBR 5648)","Material",null,"UN",1,4.45,4.45]
["Insumo"," 00020080 ","SINAPI","ADESIVO PLASTICO PARA PVC, FRASCO COM 175 GR","Material",null,"UN",0.06,16.920000000000002,1.01]
["Insumo"," 00020083 ","SINAPI","SOLUCAO PREPARADORA / LIMPADORA PARA PVC, FRASCO COM 1000 CM3","Material",null,"UN",1.4E-2,58.75,0.82]
["Insumo"," 00038383 ","SINAPI","LIXA D'AGUA EM FOLHA, GRAO 100","Material",null,"UN",2.4E-2,1.89,0.04]
[{"$nulls":4},"MO sem LS =>",2.7640763145649139,"LS =>",3.18,"MO com LS =>",5.94]
[{"$nulls":4},"Valor do BDI =>",3.32,null,"Valor com BDI =>",null,17.059999999999999]
[]
[null,"Código","Banco","Descrição","Tipo",null,"Und","Quant.","Valor Unit","Total"]
["Composição"," 86888 ","SINAPI","VASO SANITÁRIO SIFONADO COM CAIXA ACOPLADA LOUÇA BRANCA - FORNECIMENTO E INSTALAÇÃO. AF_01/2020","INHI - INSTALAÇÕES HIDROS SANITÁRIAS",null,"UN",1,469.18,469.18]
["Composição Auxiliar"," 88267 ","SINAPI","ENCANADOR OU BOMBEIRO HIDRÁULICO COM ENCARGOS COMPLEMENTARES","SEDI - SERVIÇOS DIVERSOS",null,"H",0.77910000000000001,27.97,21.79]
["Composição Auxiliar"," 88316 ","SINAPI","SERVENTE COM ENCARGOS COMPLEMENTARES","SEDI - SERVIÇOS DIVERSOS",null,"H",0.43840000000000001,18.649999999999999,8.17]
["Insumo"," 00004384 ","SINAPI","PARAFUSO NIQUELADO COM ACABAMENTO CROMADO PARA FIXAR PECA SANITARIA, INCLUI PORCA CEGA, ARRUELA E BUCHA DE NYLON TAMANHO S-10","Material",null,"UN",2,23.89,47.78]
["Insumo"," 00006138 ","SINAPI","ANEL DE VEDACAO, PVC FLEXIVEL, 100 MM, PARA SAIDA DE BACIA / VASO SANITARIO","Material",null,"UN",1,9.39,9.39]
["Insumo"," 00010422 ","SINAPI","BACIA SANITARIA (VASO) COM CAIXA ACOPLADA, SIFAO APARENTE, DE LOUCA BRANCA (SEM ASSENTO)","Material",null,"UN",1,372.9,372.9]
["Insumo"," 00037329 ","SINAPI","REJUNTE EPOXI, QUALQUER COR","Material",null,"KG",8.8099999999999998E-2,103.88,9.15]
[{"$nulls":4},"MO sem LS =>",11.195905072126571,"LS =>",12.86,"MO com LS =>",24.06]
[{"$nulls":4},"Valor do BDI =>",113.44,null,"Valor com BDI =>",null,582.62]
[]
[null,"Código","Banco","Descrição","Tipo",null,"Und","Quant.","Valor Unit","Total"]
["Composição"," GRR-23-0051 ","Próprio","VEÍCULO PICK-UP CABINE DUPLA 4X4, COM AR-CONDICIONADO, INCLUINDO DESPESAS COM COMBUSTÍVEL (300 L), ÓLEOS, CONSERVAÇÃO E MANUTENÇÃO","CHOR - CUSTOS HORÁRIOS DE MÁQUINAS E EQUIPAMENTOS",null,"MÊS",1,11526.64,11526.64]
["Insumo"," 00001159 ","SINAPI","CAMINHONETE COM MOTOR A DIESEL, POTENCIA *160* CV, CABINE DUPLA, 4X4","Equipamento",null,"UN",3.4166666999999998E-2,275703,9419.85]
["Insumo"," 00004221 ","SINAPI","OLEO DIESEL COMBUSTIVEL COMUM METROPOLITANO S-10 OU S-500","Material",null,"L",300,6.04,1812]
["Insumo"," 00004227 ","SINAPI","OLEO LUBRIFICANTE MINERAL MONOVISCOSO, SAE 40, PARA MOTORES DE EQUIPAMENTOS PESADOS (CAMINHOES, TRATORES, RETROS E ETC)","Material",null,"L",2.0712299999999999,28.16,58.32]
["Insumo"," I-2023-0035 ","Próprio","Pneu 265/70R16","Material",null,"un",0.32877000000000001,719.28,236.47]
[{"$nulls":4},"MO sem LS =>",0,"LS =>",0,"MO com LS =>",0]
[{"$nulls":4},"Valor do BDI =>",2787.14,null,"Valor com BDI =>",null,14313.78]
[]
[null,"Código","Banco","Descrição","Tipo",null,"Und","Quant.","Valor Unit","Total"]
["Composição"," 90587 ","SINAPI","VIBRADOR DE IMERSÃO, DIÂMETRO DE PONTEIRA 45MM, MOTOR ELÉTRICO TRIFÁSICO POTÊNCIA DE 2 CV - CHI DIURNO. AF_06/2015","CHOR - CUSTOS HORÁRIOS DE MÁQUINAS E EQUIPAMENTOS",null,"CHI",1,0.49,0.49]
["Composição Auxiliar"," 90582 ","SINAPI","VIBRADOR DE IMERSÃO, DIÂMETRO DE PONTEIRA 45MM, MOTOR ELÉTRICO TRIFÁSICO POTÊNCIA DE 2 CV - DEPRECIAÇÃO. AF_06/2015","CHOR - CUSTOS HORÁRIOS DE MÁQUINAS E EQUIPAMENTOS",null,"H",1,0.4,0.4]
["Composição Auxiliar"," 90583 ","SINAPI","VIBRADOR DE IMERSÃO, DIÂMETRO DE PONTEIRA 45MM, MOTOR ELÉTRICO TRIFÁSICO POTÊNCIA DE 2 CV - JUROS. AF_06/2015","CHOR - CUSTOS HORÁRIOS DE MÁQUINAS E EQUIPAMENTOS",null,"H",1,0.09,0.09]
[{"$nulls":4},"MO sem LS =>",0,"LS =>",0,"MO com LS =>",0]
[{"$nulls":4},"Valor do BDI =>",0.11,null,"Valor com BDI =>",null,0.6]
[]
[null,"Código","Banco","Descrição","Tipo",null,"Und","Quant.","Valor Unit","Total"]
["Composição"," 90586 ","SINAPI","VIBRADOR DE IMERSÃO, DIÂMETRO DE PONTEIRA 45MM, MOTOR ELÉTRICO TRIFÁSICO POTÊNCIA DE 2 CV - CHP DIURNO. AF_06/2015","CHOR - CUSTOS HORÁRIOS DE MÁQUINAS E EQUIPAMENTOS",null,"CHP",1,1.44,1.44]
["Composição Auxiliar"," 90582 ","SINAPI","VIBRADOR DE IMERSÃO, DIÂMETRO DE PONTEIRA 45MM, MOTOR ELÉTRICO TRIFÁSICO POTÊNCIA DE 2 CV - DEPRECIAÇÃO. AF_06/2015","CHOR - CUSTOS HORÁRIOS DE MÁQUINAS E EQUIPAMENTOS",null,"H",1,0.4,0.4]
["Composição Auxiliar"," 90583 ","SINAPI","VIBRADOR DE IMERSÃO, DIÂMETRO DE PONTEIRA 45MM, MOTOR ELÉTRICO TRIFÁSICO POTÊNCIA DE 2 CV - JUROS. AF_06/2015","CHOR - CUSTOS HORÁRIOS DE MÁQUINAS E EQUIPAMENTOS",null,"H",1,0.09,0.09]
["Composição Auxiliar"," 90584 ","SINAPI","VIBRADOR DE IMERSÃO, DIÂMETRO DE PONTEIRA 45MM, MOTOR ELÉTRICO TRIFÁSICO POTÊNCIA DE 2 CV - MANUTENÇÃO. AF_06/2015","CHOR - CUSTOS HORÁRIOS DE MÁQUINAS E EQUIPAMENTOS",null,"H",1,0.32,0.32]
["Composição Auxiliar"," 90585 ","SINAPI","VIBRADOR DE IMERSÃO, DIÂMETRO DE PONTEIRA 45MM, MOTOR ELÉTRICO TRIFÁSICO POTÊNCIA DE 2 CV - MATERIAIS NA OPERAÇÃO. AF_06/2015","CHOR - CUSTOS HORÁRIOS DE MÁQUINAS E EQUIPAMENTOS",null,"H",1,0.63,0.63]
[{"$nulls":4},"MO sem LS =>",0,"LS =>",0,"MO com LS =>",0]
[{"$nulls":4},"Valor do BDI =>",0.34,null,"Valor com BDI =>",null,1.78]
[]
[null,"Código","Banco","Descrição","Tipo",null,"Und","Quant.","Valor Unit","Total"]
["Composição"," 90582 ","SINAPI","VIBRADOR DE IMERSÃO, DIÂMETRO DE PONTEIRA 45MM, MOTOR ELÉTRICO TRIFÁSICO POTÊNCIA DE 2 CV - DEPRECIAÇÃO. AF_06/2015","CHOR - CUSTOS HORÁRIOS DE MÁQUINAS E EQUIPAMENTOS",null,"H",1,0.4,0.4]
["Insumo"," 00013896 ","SINAPI","VIBRADOR DE IMERSAO, DIAMETRO DA PONTEIRA DE *45* MM, COM MOTOR ELETRICO TRIFASICO DE 2 HP (2 CV)","Equipamento",null,"UN",1.2799999999999999E-4,3202.6,0.4]
[{"$nulls":4},"MO sem LS =>",0,"LS =>",0,"MO com LS =>",0]
[{"$nulls":4},"Valor do BDI =>",0.09,null,"Valor com BDI =>",null,0.49]
[]
[null,"Código","Banco","Descrição","Tipo",null,"Und","Quant.","Valor Unit","Total"]
["Composição"," 90583 ","SINAPI","VIBRADOR DE IMERSÃO, DIÂMETRO DE PONTEIRA 45MM, MOTOR ELÉTRICO TRIFÁSICO POTÊNCIA DE 2 CV - JUROS. AF_06/2015","CHOR - CUSTOS HORÁRIOS DE MÁQUINAS E EQUIPAMENTOS",null,"H",1,0.09,0.09]
["Insumo"," 00013896 ","SINAPI","VIBRADOR DE IMERSAO, DIAMETRO DA PONTEIRA DE *45* MM, COM MOTOR ELETRICO TRIFASICO DE 2 HP (2 CV)","Equipamento",null,"UN",2.9600000000000001E-5,3202.6,0.09]
[{"$nulls":4},"MO sem LS =>",0,"LS =>",0,"MO com LS =>",0]
[{"$nulls":4},"Valor do BDI =>",0.02,null,"Valor com BDI =>",null,0.11]
[]
[null,"Código","Banco","Descrição","Tipo",null,"Und","Quant.","Valor Unit","Total"]
["Composição"," 90584 ","SINAPI","VIBRADOR DE IMERSÃO, DIÂMETRO DE PONTEIRA 45MM, MOTOR ELÉTRICO TRIFÁSICO POTÊNCIA DE 2 CV - MANUTENÇÃO. AF_06/2015","CHOR - CUSTOS HORÁRIOS DE MÁQUINAS E EQUIPAMENTOS",null,"H",1,0.32,0.32]
["Insumo"," 00013896 ","SINAPI","VIBRADOR DE IMERSAO, DIAMETRO DA PONTEIRA DE *45* MM, COM MOTOR ELETRICO TRIFASICO DE 2 HP (2 CV)","Equipamento",null,"UN",1E-4,3202.6,0.32]
[{"$nulls":4},"MO sem LS =>",0,"LS =>",0,"MO com LS =>",0]
[{"$nulls":4},"Valor do BDI =>",7.0000000000000007E-2,null,"Valor com BDI =>",null,0.39]
[]
[null,"Código","Banco","Descrição","Tipo",null,"Und","Quant.","Valor Unit","Total"]
["Composição"," 90585 ","SINAPI","VIBRADOR DE IMERSÃO, DIÂMETRO DE PONTEIRA 45MM, MOTOR ELÉTRICO TRIFÁSICO POTÊNCIA DE 2 CV - MATERIAIS NA OPERAÇÃO. AF_06/2015","CHOR - CUSTOS HORÁRIOS DE MÁQUINAS E EQUIPAMENTOS",null,"H",1,0.63,0.63]
["Insumo"," 00002705 ","SINAPI","ENERGIA ELETRICA ATE 2000 KWH INDUSTRIAL, SEM DEMANDA","Material",null,"KWH",0.52,1.23,0.63]
[{"$nulls":4},"MO sem LS =>",0,"LS =>",0,"MO com LS =>",0]
[{"$nulls":4},"Valor do BDI =>",0.15,null,"Valor com BDI =>",null,0.78]
[]
[null,"Código","Banco","Descrição","Tipo",null,"Und","Quant.","Valor Unit","Total"]
["Composição"," 101460 ","SINAPI","VIGIA DIURNO COM ENCARGOS COMPLEMENTARES","SEDI - SERVIÇOS DIVERSOS",null,"MES",1,3381.93,3381.93]
["Composição Auxiliar"," 101372 ","SINAPI","CURSO DE CAPACITAÇÃO PARA VIGIA DIURNO (ENCARGOS COMPLEMENTARES) - MENSALISTA","SEDI - SERVIÇOS DIVERSOS",null,"MES",1,9.64,9.64]
["Insumo"," 00040861 ","SINAPI","TRANSPORTE - MENSALISTA (COLETADO CAIXA - ENCARGOS COMPLEMENTARES)","Material",null,"MES",1,89.93,89.93]
["Insumo"," 00040862 ","SINAPI","ALIMENTACAO - MENSALISTA (COLETADO CAIXA - ENCARGOS COMPLEMENTARES)","Material",null,"MES",1,308.70999999999998,308.70999999999998]
["Insumo"," 00040863 ","SINAPI","EXAMES - MENSALISTA (COLETADO CAIXA - ENCARGOS COMPLEMENTARES)","Material",null,"MES",1,215.56,215.56]
["Insumo"," 00040864 ","SINAPI","SEGURO - MENSALISTA (COLETADO CAIXA - ENCARGOS COMPLEMENTARES)","Material",null,"MES",1,12.89,12.89]
["Insumo"," 00041096 ","SINAPI","VIGIA DIURNO (MENSALISTA)","Mão de Obra",null,"MES",1,2399.06,2399.06]
["Insumo"," 00043479 ","SINAPI","FERRAMENTAS - FAMILIA SERVENTE - MENSALISTA (ENCARGOS COMPLEMENTARES - COLETADO CAIXA)","Equipamento",null,"MES",1,110.64,110.64]
["Insumo"," 00043503 ","SINAPI","EPI - FAMILIA SERVENTE - MENSALISTA (ENCARGOS COMPLEMENTARES - COLETADO CAIXA)","Equipamento",null,"MES",1,235.5,235.5]
[{"$nulls":4},"MO sem LS =>",1120.8469055,"LS =>",1287.8499999999999,"MO com LS =>",2408.6999999999998]
[{"$nulls":4},"Valor do BDI =>",817.75,null,"Valor com BDI =>",null,4199.68]
[]
[null,"Código","Banco","Descrição","Tipo",null,"Und","Quant.","Valor Unit","Total"]
["Composição"," 86879 ","SINAPI","VÁLVULA EM PLÁSTICO 1\u0094 PARA PIA, TANQUE OU LAVATÓRIO, COM OU SEM LADRÃO - FORNECIMENTO E INSTALAÇÃO. AF_01/2020","INHI - INSTALAÇÕES HIDROS SANITÁRIAS",null,"UN",1,9.5299999999999994,9.5299999999999994]
["Composição Auxiliar"," 88267 ","SINAPI","ENCANADOR OU BOMBEIRO HIDRÁULICO COM ENCARGOS COMPLEMENTARES","SEDI - SERVIÇOS DIVERSOS",null,"H",0.1232,27.97,3.44]
["Composição Auxiliar"," 88316 ","SINAPI","SERVENTE COM ENCARGOS COMPLEMENTARES","SEDI - SERVIÇOS DIVERSOS",null,"H",3.8800000000000001E-2,18.649999999999999,0.72]
["Insumo"," 00003146 ","SINAPI","FITA VEDA ROSCA EM ROLOS DE 18 MM X 10 M (L X C)","Material",null,"UN",3.32E-2,2.95,0.09]
["Insumo"," 00006153 ","SINAPI","VALVULA EM PLASTICO BRANCO PARA TANQUE OU LAVATORIO 1 \", SEM UNHO E SEM LADRAO","Material",null,"UN",1,5.28,5.28]
[{"$nulls":4},"MO sem LS =>",1.5774778966961378,"LS =>",1.81,"MO com LS =>",3.39]
[{"$nulls":4},"Valor do BDI =>",2.2999999999999998,null,"Valor com BDI =>",null,11.83]
[]
[null,"Código","Banco","Descrição","Tipo",null,"Und","Quant.","Valor Unit","Total"]
["Composição"," 86880 ","SINAPI","VÁLVULA EM PLÁSTICO CROMADO TIPO AMERICANA 3.1/2\u0094 X 1.1/2\u0094 SEM ADAPTADOR PARA PIA - FORNECIMENTO E INSTALAÇÃO. AF_01/2020","INHI - INSTALAÇÕES HIDROS SANITÁRIAS",null,"UN",1,25.92,25.92]
["Composição Auxiliar"," 88267 ","SINAPI","ENCANADOR OU BOMBEIRO HIDRÁULICO COM ENCARGOS COMPLEMENTARES","SEDI - SERVIÇOS DIVERSOS",null,"H",0.1232,27.97,3.44]
["Composição Auxiliar"," 88316 ","SINAPI","SERVENTE COM ENCARGOS COMPLEMENTARES","SEDI - SERVIÇOS DIVERSOS",null,"H",3.8800000000000001E-2,18.649999999999999,0.72]
["Insumo"," 00003146 ","SINAPI","FITA VEDA ROSCA EM ROLOS DE 18 MM X 10 M (L X C)","Material",null,"UN",4.8000000000000001E-2,2.95,0.14000000000000001]
["Insumo"," 00006155 ","SINAPI","VALVULA EM PLASTICO CROMADO TIPO AMERICANA PARA PIA DE COZINHA 3.1/2 \" X 1.1/2 \", SEM ADAPTADOR","Material",null,"UN",1,21.62,21.62]
[{"$nulls":4},"MO sem LS =>",1.5774778966961378,"LS =>",1.81,"MO com LS =>",3.39]
[{"$nulls":4},"Valor do BDI =>",6.26,null,"Valor com BDI =>",null,32.18]
[]
[]
["_______________________________________________________________\nMICKAELLY VIEIRA ALVES\n5ª GRR / USA",{"$nulls":4},"Total sem BDI",null,24570835.199999999]
[{"$nulls":5},"Total do BDI",null,4951713.6900000004]
[{"$nulls":5},"Total Geral",null,29522548.890000001]

{"sheet":"Cronograma","index":3,"n_rows":30,"n_cols":27,"rows_kept":30,"cut":false,"hidden":false,"merged":[[29,0,29,2],[1,5,2,6],[2,3,2,4],[24,0,24,1],[25,0,25,1],[26,0,26,1],[27,0,27,1]]}
[]
[null,"Obra",null,"Bancos",null,"Encargos sociais Não Desonerado: 114,90% (Horista) e 70,23% (Mensalista)\n\nB.D.I. de serviço: 24,18%\nB.D.I. de fornecimento: 15,28%"]
[null,"SISTEMA DE ABASTECIMENTO D’ÁGUA PARA CONSUMO HUMANO NO MUNICÍPIO DE CANAPI, NO ESTADO DE ALAGOAS, COM SUPRIMENTO HÍDRICO PELO CANAL DO SERTÃO ALAGOANO - PRIMEIRA ETAPA",null,"SINAPI - 09/2023 - Alagoas\nSICRO3 - 07/2023 - Alagoas\nORSE - 09/2023 - Sergipe\nEMBASA - 05/2023 - Bahia\n"]
[null,"Cronograma Físico e Financeiro"]
["Item","Descrição","Total Por Etapa","30 DIAS","60 DIAS","90 DIAS","120 DIAS","150 DIAS","180 DIAS","210 DIAS","240 DIAS","270 DIAS","300 DIAS","330 DIAS","360 DIAS","390 DIAS","420 DIAS","450 DIAS","480 DIAS","510 DIAS","540 DIAS","570 DIAS","600 DIAS","630 DIAS","660 DIAS","690 DIAS","720 DIAS"]
[" 1 ","PROJETO EXECUTIVO / ADMINISTRAÇÃO LOCAL / SERVIÇOS PRELIMINARES","100,00%\n4.632.654,15","6,67%\n309.125,91","6,32%\n292.738,98","6,32%\n292.738,98","6,31%\n292.476,16","4,52%\n209.391,51","4,29%\n198.853,57","4,29%\n198.853,57","4,05%\n187.801,59","4,18%\n193.456,09","4,17%\n193.199,07","4,15%\n192.170,98","4,10%\n190.114,80","3,99%\n184.974,34","4,44%\n205.793,19","3,84%\n177.777,70","3,74%\n173.151,29","3,42%\n158.243,97","3,41%\n157.986,95","4,02%\n186.259,46","4,07%\n188.572,66","4,07%\n188.572,66","1,88%\n87.305,68","1,58%\n73.426,45","2,15%\n99.668,57"]
[" 1.1 ","PROJETO EXECUTIVO","100,00%\n375.518,45","25,00%\n93.879,61","25,00%\n93.879,61","25,00%\n93.879,61","25,00%\n93.879,61","","","","","","","","","","","","","","","","","","","",""]
[" 1.2 ","ADMINISTRAÇÃO LOCAL","100,00%\n2.570.227,96","1,05%\n26.987,39","0,99%\n25.445,26","0,99%\n25.445,26","5,62%\n144.446,81","6,04%\n155.241,77","5,63%\n144.703,83","5,63%\n144.703,83","5,20%\n133.651,85","5,42%\n139.306,36","5,41%\n139.049,33","5,37%\n138.021,24","5,29%\n135.965,06","5,09%\n130.824,60","5,90%\n151.643,45","4,81%\n123.627,96","4,63%\n119.001,55","4,05%\n104.094,23","4,04%\n103.837,21","5,14%\n132.109,72","5,23%\n134.422,92","5,23%\n134.422,92","1,29%\n33.155,94","0,75%\n19.276,71","1,20%\n30.842,74"]
[" 1.3 ","INSTALAÇÕES PRELIMINARES E CANTEIRO DE OBRAS","100,00%\n1.686.907,74","11,16%\n188.258,90","10,28%\n173.414,12","10,28%\n173.414,12","3,21%\n54.149,74","3,21%\n54.149,74","3,21%\n54.149,74","3,21%\n54.149,74","3,21%\n54.149,74","3,21%\n54.149,74","3,21%\n54.149,74","3,21%\n54.149,74","3,21%\n54.149,74","3,21%\n54.149,74","3,21%\n54.149,74","3,21%\n54.149,74","3,21%\n54.149,74","3,21%\n54.149,74","3,21%\n54.149,74","3,21%\n54.149,74","3,21%\n54.149,74","3,21%\n54.149,74","3,21%\n54.149,74","3,21%\n54.149,74","4,08%\n68.825,84"]
[" 2 ","SISTEMA DE TRATAMENTO E RESERVAÇÃO","100,00%\n1.434.731,88","","","","","","","","7,30%\n104.687,60","11,44%\n164.174,20","11,16%\n160.172,87","10,33%\n148.275,55","8,84%\n126.781,66","5,23%\n75.009,58","20,45%\n293.396,73","14,26%\n204.611,84","10,99%\n157.621,83","","","","","","","",""]
[" 2.1 ","RESERVATÓRIO APOIADO DE ÁGUA BRUTA - 80 M3","100,00%\n279.774,38","","","","","","","","25,00%\n69.943,60","25,00%\n69.943,60","20,00%\n55.954,88","20,00%\n55.954,88","10,00%\n27.977,44","","","","","","","","","","","",""]
[" 2.2 ","RESERVATÓRIO APOIADO DE ÁGUA TRATADA - 80 M3","100,00%\n237.946,41","","","","","","","","","25,00%\n59.486,60","25,00%\n59.486,60","20,00%\n47.589,28","20,00%\n47.589,28","10,00%\n23.794,64","","","","","","","","","","",""]
[" 2.3 ","RESERVATÓRIO DE RETROLAVAGEM - 40 M3","100,00%\n178.925,58","","","","","","","","","","25,00%\n44.731,40","25,00%\n44.731,40","20,00%\n35.785,12","20,00%\n35.785,12","10,00%\n17.892,56","","","","","","","","","",""]
[" 2.4 ","RESERVATÓRIO ELEVADO - 40 M3","100,00%\n102.045,18","","","","","","","","","","","","","","60,00%\n61.227,11","40,00%\n40.818,07","","","","","","","","",""]
[" 2.5 ","CASA DE QUÍMICA","100,00%\n61.719,31","","","","","","","","","","","","25,00%\n15.429,83","25,00%\n15.429,83","20,00%\n12.343,86","20,00%\n12.343,86","10,00%\n6.171,93","","","","","","","",""]
[" 2.6 ","LEITO DE SECAGEM","100,00%\n29.262,46","","","","","","","","","","","","","","40,00%\n11.704,98","30,00%\n8.778,74","30,00%\n8.778,74","","","","","","","",""]
[" 2.7 ","ESTAÇÃO DE TRATAMENTO DE ÁGUA","100,00%\n475.570,55","","","","","","","","","","","","","","40,00%\n190.228,22","30,00%\n142.671,17","30,00%\n142.671,17","","","","","","","",""]
[" 2.8 ","URBANIZAÇÃO DA ÁREA DA ETA E RESERVATÓRIOS","100,00%\n69.488,01","","","","","","","","50,00%\n34.744,01","50,00%\n34.744,01","","","","","","","","","","","","","","",""]
[" 3 ","SISTEMA DE CAPTAÇÃO E LINHA DE RECALQUE","100,00%\n21.879.710,64","","","","6,25%\n1.367.026,67","7,20%\n1.574.311,64","6,69%\n1.464.111,04","6,69%\n1.464.111,04","5,68%\n1.243.709,85","5,68%\n1.243.709,85","5,68%\n1.243.709,85","5,68%\n1.243.709,85","5,68%\n1.243.709,85","5,68%\n1.243.709,85","5,68%\n1.243.709,85","4,74%\n1.036.424,88","4,74%\n1.036.424,88","4,74%\n1.036.424,88","4,74%\n1.036.424,88","4,74%\n1.036.424,88","4,85%\n1.061.028,45","4,85%\n1.061.028,45","","",""]
[" 3.1 ","CAPTAÇÃO","100,00%\n1.102.005,96","","","","30,00%\n330.601,79","30,00%\n330.601,79","20,00%\n220.401,19","20,00%\n220.401,19","","","","","","","","","","","","","","","","",""]
[" 3.2 ","LINHA DE RECALQUE","100,00%\n20.728.497,54","","","","5,00%\n1.036.424,88","6,00%\n1.243.709,85","6,00%\n1.243.709,85","6,00%\n1.243.709,85","6,00%\n1.243.709,85","6,00%\n1.243.709,85","6,00%\n1.243.709,85","6,00%\n1.243.709,85","6,00%\n1.243.709,85","6,00%\n1.243.709,85","6,00%\n1.243.709,85","5,00%\n1.036.424,88","5,00%\n1.036.424,88","5,00%\n1.036.424,88","5,00%\n1.036.424,88","5,00%\n1.036.424,88","5,00%\n1.036.424,88","5,00%\n1.036.424,88","","",""]
[" 3.3 ","TANQUE DE ALIMENTAÇÃO UNIDIRECIONAL - TAU","100,00%\n49.207,14","","","","","","","","","","","","","","","","","","","","50,00%\n24.603,57","50,00%\n24.603,57","","",""]
[" 4 ","REDE ELÉTRICA","100,00%\n1.468.588,53","","","","","","","","","","","","","","","","","","","20,00%\n293.717,71","20,00%\n293.717,71","20,00%\n293.717,71","20,00%\n293.717,71","10,00%\n146.858,85","10,00%\n146.858,85"]
[" 5 ","SERVIÇOS COMPLEMENTARES","100,00%\n106.863,69","","","","","","","","","","","","","","","","","","","","","","","","100,00%\n106.863,69"]
["Porcentagem",null,null,"1,05%","0,99%","0,99%","5,62%","6,04%","5,63%","5,63%","5,2%","5,42%","5,41%","5,37%","5,29%","5,09%","5,9%","4,81%","4,63%","4,05%","4,05%","5,14%","5,23%","5,23%","1,29%","0,75%","1,2%"]
["Custo",null,null,"309.125,91","292.738,98","292.738,98","1.659.502,83","1.783.703,15","1.662.964,62","1.662.964,62","1.536.199,04","1.601.340,15","1.597.081,80","1.584.156,39","1.560.606,31","1.503.693,78","1.742.899,77","1.418.814,42","1.367.198,00","1.194.668,85","1.194.411,83","1.516.402,04","1.543.318,81","1.543.318,81","381.023,39","220.285,30","353.391,11"]
["Porcentagem Acumulado",null,null,"1,05%","2,04%","3,03%","8,65%","14,69%","20,33%","25,96%","31,16%","36,59%","42,0%","47,36%","52,65%","57,74%","63,65%","68,45%","73,08%","77,13%","81,17%","86,31%","91,54%","96,77%","98,06%","98,8%","100,0%"]
["Custo Acumulado",null,null,"309.125,90","601.864,89","894.603,87","2.554.106,70","4.337.809,85","6.000.774,47","7.663.739,08","9.199.938,13","10.801.278,28","12.398.360,07","13.982.516,46","15.543.122,77","17.046.816,55","18.789.716,32","20.208.530,74","21.575.728,75","22.770.397,59","23.964.809,42","25.481.211,46","27.024.530,27","28.567.849,08","28.948.872,47","29.169.157,77","29.522.548,89"]
[]
["_______________________________________________________________\nMICKAELLY VIEIRA ALVES\n5ª GRR / USA"]

{"sheet":"BDI ","index":4,"n_rows":59,"n_cols":5,"rows_kept":59,"cut":false,"hidden":false,"merged":[[33,0,33,6],[34,1,34,4],[55,1,55,6],[56,1,56,6],[0,0,0,6],[2,0,2,6],[4,0,4,6],[5,1,5,4],[27,1,27,6],[28,1,28,6]]}
[{"$f":"'[49]1-RESUMO'!A4:C4","v":"SISTEMA DE ABASTECIMENTO D’ÁGUA PARA CONSUMO HUMANO NO MUNICÍPIO DE CANAPI, NO ESTADO DE ALAGOAS, COM SUPRIMENTO HÍDRICO PELO CANAL DO SERTÃO ALAGOANO - PRIMEIRA ETAPA"}]
[]
["BDI"]
[]
["DETALHAMENTO DO BDI - SERVIÇOS"]
[]
[null,"Item","Descrição dos serviços","Preço de Venda (%)","Custo Direto (%)"]
[]
[null,1,"Administração Central (A)",null,4.7300000000000002E-2]
[]
[null,2,"Impostos e Taxas (I)",{"$f":"SUM(D12:D15)","v":6.1499999999999999E-2}]
[null,"2.1","ISS",2.5000000000000001E-2]
[null,"2.2","PIS",6.5000000000000006E-3]
[null,"2.3","Cofins",0.03]
[]
[]
[null,"3","Risco, seguro e garantia (R) ",null,{"$f":"E18+E19","v":2.07E-2}]
[null,"3.1","Seguro + Garantias",null,8.0000000000000002E-3]
[null,"3.2","Risco",null,1.2699999999999999E-2]
[]
[]
[null,4,"Despesas Financeiras (DF)",null,1.23E-2]
[]
[null,5,"Lucro (L)",null,7.8E-2]
[]
[null,null,"BDI* (%)",null,{"$f":"ROUND(((((1+E9+E17)*(1+E22)*(1+E24))/(1-D11))-1),4)","v":0.24179999999999999}]
[]
["Considerações:","Acórdão nº 2369/2011 - TCU - Plenário - DOU nº174 em 20 de setembro de 2011"]
[null,"(*) BDI (%) = ((((1+AC+R)*(1+DF)*(1+L))/(1-I))-1)"]
[null,"e ACÓRDÃO Nº 2622/2013 – TCU – Plenário de 25/9/2013"]
[null,"(**) Contribuição sobre a receita bruta devido a Desoneração em folha"]
[]
[]
["DETALHAMENTO DO BDI - FORNECIMENTOS"]
[]
[]
[null,"Item","Descrição dos serviços","Preço de Venda (%)","Custo Direto (%)"]
[]
[null,1,"Administração Central (A)",null,3.4500000000000003E-2]
[]
[null,2,"Impostos e Taxas (I)",3.6499999999999998E-2]
[]
[null,"2.1","PIS",6.5000000000000006E-3]
[null,"2.2","Cofins",0.03]
[]
[null,"3","Risco, seguro e garantia (R) ",null,{"$f":"E47+E48","v":1.3299999999999999E-2}]
[null,"3.1","Seguro + Garantias",null,4.7999999999999996E-3]
[null,"3.2","Risco",null,8.5000000000000006E-3]
[]
[null,4,"Despesas Financeiras (DF)",null,8.5000000000000006E-3]
[]
[null,5,"Lucro (L)",null,5.11E-2]
[]
[null,null,"BDI* (%)",null,{"$f":"ROUND(((((1+E39+E46)*(1+E50)*(1+E52))/(1-D41))-1),4)","v":0.15279999999999999}]
[]
["Considerações:","Acórdão nº 2369/2011 - TCU - Plenário - DOU nº174 em 20 de setembro de 2011"]
[null,"(*) BDI (%) = ((((1+AC+R)*(1+DF)*(1+L))/(1-I))-1)"]
[null,"e ACÓRDÃO Nº 2622/2013 – TCU – Plenário de 25/9/2013"]
[null,"(**) Contribuição sobre a receita bruta devido a Desoneração em folha"]

{"sheet":"ENCARGOS","index":5,"n_rows":43,"n_cols":16381,"rows_kept":43,"cut":false,"hidden":false,"merged":[[1,0,1,3],[1,4,1,7],[1,8,1,11],[1,12,1,15],[1,16,1,19],[1,20,1,23],[1,72,1,75],[1,76,1,79],[1,80,1,83],[1,84,1,87],[1,88,1,91],[1,92,1,95],[1,48,1,51],[1,52,1,55],[1,56,1,59],[1,60,1,63],[1,64,1,67],[1,68,1,71],[1,24,1,27],[1,28,1,31],[1,32,1,35],[1,36,1,39],[1,40,1,43],[1,44,1,47],[1,144,1,147],[1,148,1,151],[1,152,1,155],[1,156,1,159],[1,160,1,163],[1,164,1,167],[1,120,1,123],[1,124,1,127],[1,128,1,131],[1,132,1,135],[1,136,1,139],[1,140,1,143],[1,96,1,99],[1,100,1,103],[1,104,1,107],[1,108,1,111],[1,112,1,115],[1,116,1,119],[1,216,1,219],[1,220,1,223],[1,224,1,227],[1,228,1,231],[1,232,1,235],[1,236,1,239],[1,192,1,195],[1,196,1,199],[1,200,1,203],[1,204,1,207],[1,208,1,211],[1,212,1,215],[1,168,1,171],[1,172,1,175],[1,176,1,179],[1,180,1,183],[1,184,1,187],[1,188,1,191],[1,288,1,291],[1,292,1,295],[1,296,1,299],[1,300,1,303],[1,304,1,307],[1,308,1,311],[1,264,1,267],[1,268,1,271],[1,272,1,275],[1,276,1,279],[1,280,1,283],[1,284,1,287],[1,240,1,243],[1,244,1,247],[1,248,1,251],[1,252,1,255],[1,256,1,259],[1,260,1,263],[1,360,1,363],[1,364,1,367],[1,368,1,371],[1,372,1,375],[1,376,1,379],[1,380,1,383],[1,336,1,339],[1,340,1,343],[1,344,1,347],[1,348,1,351],[1,352,1,355],[1,356,1,359],[1,312,1,315],[1,316,1,319],[1,320,1,323],[1,324,1,327],[1,328,1,331],[1,332,1,335],[1,432,1,435],[1,436,1,439],[1,440,1,443],[1,444,1,447],[1,448,1,451],[1,452,1,455],[1,408,1,411],[1,412,1,415],[1,416,1,419],[1,420,1,423],[1,424,1,427],[1,428,1,431],[1,384,1,387],[1,388,1,391],[1,392,1,395],[1,396,1,399],[1,400,1,403],[1,404,1,407],[1,504,1,507],[1,508,1,511],[1,512,1,515],[1,516,1,519],[1,520,1,523],[1,524,1,527],[1,480,1,483],[1,484,1,487],[1,488,1,491],[1,492,1,495],[1,496,1,499],[1,500,1,503],[1,456,1,459],[1,460,1,463],[1,464,1,467],[1,468,1,471],[1,472,1,475],[1,476,1,479],[1,576,1,579],[1,580,1,583],[1,584,1,587],[1,588,1,591],[1,592,1,595],[1,596,1,599],[1,552,1,555],[1,556,1,559],[1,560,1,563],[1,564,1,567],[1,568,1,571],[1,572,1,575],[1,528,1,531],[1,532,1,535],[1,536,1,539],[1,540,1,543],[1,544,1,547],[1,548,1,551],[1,648,1,651],[1,652,1,655],[1,656,1,659],[1,660,1,663],[1,664,1,667],[1,668,1,671],[1,624,1,627],[1,628,1,631],[1,632,1,635],[1,636,1,639],[1,640,1,643],[1,644,1,647],[1,600,1,603],[1,604,1,607],[1,608,1,611],[1,612,1,615],[1,616,1,619],[1,620,1,623],[1,720,1,723],[1,724,1,727],[1,728,1,731],[1,732,1,735],[1,736,1,739],[1,740,1,743],[1,696,1,699],[1,700,1,703],[1,704,1,707],[1,708,1,711],[1,712,1,715],[1,716,1,719],[1,672,1,675],[1,676,1,679],[1,680,1,683],[1,684,1,687],[1,688,1,691],[1,692,1,695],[1,792,1,795],[1,796,1,799],[1,800,1,803],[1,804,1,807],[1,808,1,811],[1,812,1,815],[1,768,1,771],[1,772,1,775],[1,776,1,779],[1,780,1,783],[1,784,1,787],[1,788,1,791],[1,744,1,747],[1,748,1,751],[1,752,1,755],[1,756,1,759],[1,760,1,763],[1,764,1,767],[1,864,1,867],[1,868,1,871],[1,872,1,875],[1,876,1,879],[1,880,1,883],[1,884,1,887],[1,840,1,843],[1,844,1,847],[1,848,1,851],[1,852,1,855],[1,856,1,859],[1,860,1,863],[1,816,1,819],[1,820,1,823],[1,824,1,827],[1,828,1,831],[1,832,1,835],[1,836,1,839],[1,936,1,939],[1,940,1,943],[1,944,1,947],[1,948,1,951],[1,952,1,955],[1,956,1,959],[1,912,1,915],[1,916,1,919],[1,920,1,923],[1,924,1,927],[1,928,1,931],[1,932,1,935],[1,888,1,891],[1,892,1,895],[1,896,1,899],[1,900,1,903],[1,904,1,907],[1,908,1,911],[1,1008,1,1011],[1,1012,1,1015],[1,1016,1,1019],[1,1020,1,1023],[1,1024,1,1027],[1,1028,1,1031],[1,984,1,987],[1,988,1,991],[1,992,1,995],[1,996,1,999],[1,1000,1,1003],[1,1004,1,1007],[1,960,1,963],[1,964,1,967],[1,968,1,971],[1,972,1,975],[1,976,1,979],[1,980,1,983],[1,1080,1,1083],[1,1084,1,1087],[1,1088,1,1091],[1,1092,1,1095],[1,1096,1,1099],[1,1100,1,1103],[1,1056,1,1059],[1,1060,1,1063],[1,1064,1,1067],[1,1068,1,1071],[1,1072,1,1075],[1,1076,1,1079],[1,1032,1,1035],[1,1036,1,1039],[1,1040,1,1043],[1,1044,1,1047],[1,1048,1,1051],[1,1052,1,1055],[1,1152,1,1155],[1,1156,1,1159],[1,1160,1,1163],[1,1164,1,1167],[1,1168,1,1171],[1,1172,1,1175],[1,1128,1,1131],[1,1132,1,1135],[1,1136,1,1139],[1,1140,1,1143],[1,1144,1,1147],[1,1148,1,1151],[1,1104,1,1107],[1,1108,1,1111],[1,1112,1,1115],[1,1116,1,1119],[1,1120,1,1123],[1,1124,1,1127],[1,1224,1,1227],[1,1228,1,1231],[1,1232,1,1235],[1,1236,1,1239],[1,1240,1,1243],[1,1244,1,1247],[1,1200,1,1203],[1,1204,1,1207],[1,1208,1,1211],[1,1212,1,1215],[1,1216,1,1219],[1,1220,1,1223],[1,1176,1,1179],[1,1180,1,1183],[1,1184,1,1187],[1,1188,1,1191],[1,1192,1,1195],[1,1196,1,1199],[1,1296,1,1299],[1,1300,1,1303],[1,1304,1,1307],[1,1308,1,1311],[1,1312,1,1315],[1,1316,1,1319],[1,1272,1,1275],[1,1276,1,1279],[1,1280,1,1283],[1,1284,1,1287],[1,1288,1,1291],[1,1292,1,1295],[1,1248,1,1251],[1,1252,1,1255],[1,1256,1,1259],[1,1260,1,1263],[1,1264,1,1267],[1,1268,1,1271],[1,1368,1,1371],[1,1372,1,1375],[1,1376,1,1379],[1,1380,1,1383],[1,1384,1,1387],[1,1388,1,1391],[1,1344,1,1347],[1,1348,1,1351],[1,1352,1,1355],[1,1356,1,1359],[1,1360,1,1363],[1,1364,1,1367],[1,1320,1,1323],[1,1324,1,1327],[1,1328,1,1331],[1,1332,1,1335],[1,1336,1,1339],[1,1340,1,1343],[1,1440,1,1443],[1,1444,1,1447],[1,1448,1,1451],[1,1452,1,1455],[1,1456,1,1459],[1,1460,1,1463],[1,1416,1,1419],[1,1420,1,1423],[1,1424,1,1427],[1,1428,1,1431],[1,1432,1,1435],[1,1436,1,1439],[1,1392,1,1395],[1,1396,1,1399],[1,1400,1,1403],[1,1404,1,1407],[1,1408,1,1411],[1,1412,1,1415],[1,1512,1,1515],[1,1516,1,1519],[1,1520,1,1523],[1,1524,1,1527],[1,1528,1,1531],[1,1532,1,1535],[1,1488,1,1491],[1,1492,1,1495],[1,1496,1,1499],[1,1500,1,1503],[1,1504,1,1507],[1,1508,1,1511],[1,1464,1,1467],[1,1468,1,1471],[1,1472,1,1475],[1,1476,1,1479],[1,1480,1,1483],[1,1484,1,1487],[1,1584,1,1587],[1,1588,1,1591],[1,1592,1,1595],[1,1596,1,1599],[1,1600,1,1603],[1,1604,1,1607],[1,1560,1,1563],[1,1564,1,1567],[1,1568,1,1571],[1,1572,1,1575],[1,1576,1,1579],[1,1580,1,1583],[1,1536,1,1539],[1,1540,1,1543],[1,1544,1,1547],[1,1548,1,1551],[1,1552,1,1555],[1,1556,1,1559],[1,1656,1,1659],[1,1660,1,1663],[1,1664,1,1667],[1,1668,1,1671],[1,1672,1,1675],[1,1676,1,1679],[1,1632,1,1635],[1,1636,1,1639],[1,1640,1,1643],[1,1644,1,1647],[1,1648,1,1651],[1,1652,1,1655],[1,1608,1,1611],[1,1612,1,1615],[1,1616,1,1619],[1,1620,1,1623],[1,1624,1,1627],[1,1628,1,1631],[1,1728,1,1731],[1,1732,1,1735],[1,1736,1,1739],[1,1740,1,1743],[1,1744,1,1747],[1,1748,1,1751],[1,1704,1,1707],[1,1708,1,1711],[1,1712,1,1715],[1,1716,1,1719],[1,1720,1,1723],[1,1724,1,1727],[1,1680,1,1683],[1,1684,1,1687],[1,1688,1,1691],[1,1692,1,1695],[1,1696,1,1699],[1,1700,1,1703],[1,1800,1,1803],[1,1804,1,1807],[1,1808,1,1811],[1,1812,1,1815],[1,1816,1,1819],[1,1820,1,1823],[1,1776,1,1779],[1,1780,1,1783],[1,1784,1,1787],[1,1788,1,1791],[1,1792,1,1795],[1,1796,1,1799],[1,1752,1,1755],[1,1756,1,1759],[1,1760,1,1763],[1,1764,1,1767],[1,1768,1,1771],[1,1772,1,1775],[1,1872,1,1875],[1,1876,1,1879],[1,1880,1,1883],[1,1884,1,1887],[1,1888,1,1891],[1,1892,1,1895],[1,1848,1,1851],[1,1852,1,1855],[1,1856,1,1859],[1,1860,1,1863],[1,1864,1,1867],[1,1868,1,1871],[1,1824,1,1827],[1,1828,1,1831],[1,1832,1,1835],[1,1836,1,1839],[1,1840,1,1843],[1,1844,1,1847],[1,1944,1,1947],[1,1948,1,1951],[1,1952,1,1955],[1,1956,1,1959],[1,1960,1,1963],[1,1964,1,1967],[1,1920,1,1923],[1,1924,1,1927],[1,1928,1,1931],[1,1932,1,1935],[1,1936,1,1939],[1,1940,1,1943],[1,1896,1,1899],[1,1900,1,1903],[1,1904,1,1907],[1,1908,1,1911],[1,1912,1,1915],[1,1916,1,1919],[1,2016,1,2019],[1,2020,1,2023],[1,2024,1,2027],[1,2028,1,2031],[1,2032,1,2035],[1,2036,1,2039],[1,1992,1,1995],[1,1996,1,1999],[1,2000,1,2003],[1,2004,1,2007],[1,2008,1,2011],[1,2012,1,2015],[1,1968,1,1971],[1,1972,1,1975],[1,1976,1,1979],[1,1980,1,1983],[1,1984,1,1987],[1,1988,1,1991],[1,2088,1,2091],[1,2092,1,2095],[1,2096,1,2099],[1,2100,1,2103],[1,2104,1,2107],[1,2108,1,2111],[1,2064,1,2067],[1,2068,1,2071],[1,2072,1,2075],[1,2076,1,2079],[1,2080,1,2083],[1,2084,1,2087],[1,2040,1,2043],[1,2044,1,2047],[1,2048,1,2051],[1,2052,1,2055],[1,2056,1,2059],[1,2060,1,2063],[1,2160,1,2163],[1,2164,1,2167],[1,2168,1,2171],[1,2172,1,2175],[1,2176,1,2179],[1,2180,1,2183],[1,2136,1,2139],[1,2140,1,2143],[1,2144,1,2147],[1,2148,1,2151],[1,2152,1,2155],[1,2156,1,2159],[1,2112,1,2115],[1,2116,1,2119],[1,2120,1,2123],[1,2124,1,2127],[1,2128,1,2131],[1,2132,1,2135],[1,2232,1,2235],[1,2236,1,2239],[1,2240,1,2243],[1,2244,1,2247],[1,2248,1,2251],[1,2252,1,2255],[1,2208,1,2211],[1,2212,1,2215],[1,2216,1,2219],[1,2220,1,2223],[1,2224,1,2227],[1,2228,1,2231],[1,2184,1,2187],[1,2188,1,2191],[1,2192,1,2195],[1,2196,1,2199],[1,2200,1,2203],[1,2204,1,2207],[1,2304,1,2307],[1,2308,1,2311],[1,2312,1,2315],[1,2316,1,2319],[1,2320,1,2323],[1,2324,1,2327],[1,2280,1,2283],[1,2284,1,2287],[1,2288,1,2291],[1,2292,1,2295],[1,2296,1,2299],[1,2300,1,2303],[1,2256,1,2259],[1,2260,1,2263],[1,2264,1,2267],[1,2268,1,2271],[1,2272,1,2275],[1,2276,1,2279],[1,2376,1,2379],[1,2380,1,2383],[1,2384,1,2387],[1,2388,1,2391],[1,2392,1,2395],[1,2396,1,2399],[1,2352,1,2355],[1,2356,1,2359],[1,2360,1,2363],[1,2364,1,2367],[1,2368,1,2371],[1,2372,1,2375],[1,2328,1,2331],[1,2332,1,2335],[1,2336,1,2339],[1,2340,1,2343],[1,2344,1,2347],[1,2348,1,2351],[1,2448,1,2451],[1,2452,1,2455],[1,2456,1,2459],[1,2460,1,2463],[1,2464,1,2467],[1,2468,1,2471],[1,2424,1,2427],[1,2428,1,2431],[1,2432,1,2435],[1,2436,1,2439],[1,2440,1,2443],[1,2444,1,2447],[1,2400,1,2403],[1,2404,1,2407],[1,2408,1,2411],[1,2412,1,2415],[1,2416,1,2419],[1,2420,1,2423],[1,2520,1,2523],[1,2524,1,2527],[1,2528,1,2531],[1,2532,1,2535],[1,2536,1,2539],[1,2540,1,2543],[1,2496,1,2499],[1,2500,1,2503],[1,2504,1,2507],[1,2508,1,2511],[1,2512,1,2515],[1,2516,1,2519],[1,2472,1,2475],[1,2476,1,2479],[1,2480,1,2483],[1,2484,1,2487],[1,2488,1,2491],[1,2492,1,2495],[1,2592,1,2595],[1,2596,1,2599],[1,2600,1,2603],[1,2604,1,2607],[1,2608,1,2611],[1,2612,1,2615],[1,2568,1,2571],[1,2572,1,2575],[1,2576,1,2579],[1,2580,1,2583],[1,2584,1,2587],[1,2588,1,2591],[1,2544,1,2547],[1,2548,1,2551],[1,2552,1,2555],[1,2556,1,2559],[1,2560,1,2563],[1,2564,1,2567],[1,2664,1,2667],[1,2668,1,2671],[1,2672,1,2675],[1,2676,1,2679],[1,2680,1,2683],[1,2684,1,2687],[1,2640,1,2643],[1,2644,1,2647],[1,2648,1,2651],[1,2652,1,2655],[1,2656,1,2659],[1,2660,1,2663],[1,2616,1,2619],[1,2620,1,2623],[1,2624,1,2627],[1,2628,1,2631],[1,2632,1,2635],[1,2636,1,2639],[1,2736,1,2739],[1,2740,1,2743],[1,2744,1,2747],[1,2748,1,2751],[1,2752,1,2755],[1,2756,1,2759],[1,2712,1,2715],[1,2716,1,2719],[1,2720,1,2723],[1,2724,1,2727],[1,2728,1,2731],[1,2732,1,2735],[1,2688,1,2691],[1,2692,1,2695],[1,2696,1,2699],[1,2700,1,2703],[1,2704,1,2707],[1,2708,1,2711],[1,2808,1,2811],[1,2812,1,2815],[1,2816,1,2819],[1,2820,1,2823],[1,2824,1,2827],[1,2828,1,2831],[1,2784,1,2787],[1,2788,1,2791],[1,2792,1,2795],[1,2796,1,2799],[1,2800,1,2803],[1,2804,1,2807],[1,2760,1,2763],[1,2764,1,2767],[1,2768,1,2771],[1,2772,1,2775],[1,2776,1,2779],[1,2780,1,2783],[1,2880,1,2883],[1,2884,1,2887],[1,2888,1,2891],[1,2892,1,2895],[1,2896,1,2899],[1,2900,1,2903],[1,2856,1,2859],[1,2860,1,2863],[1,2864,1,2867],[1,2868,1,2871],[1,2872,1,2875],[1,2876,1,2879],[1,2832,1,2835],[1,2836,1,2839],[1,2840,1,2843],[1,2844,1,2847],[1,2848,1,2851],[1,2852,1,2855],[1,2952,1,2955],[1,2956,1,2959],[1,2960,1,2963],[1,2964,1,2967],[1,2968,1,2971],[1,2972,1,2975],[1,2928,1,2931],[1,2932,1,2935],[1,2936,1,2939],[1,2940,1,2943],[1,2944,1,2947],[1,2948,1,2951],[1,2904,1,2907],[1,2908,1,2911],[1,2912,1,2915],[1,2916,1,2919],[1,2920,1,2923],[1,2924,1,2927],[1,3024,1,3027],[1,3028,1,3031],[1,3032,1,3035],[1,3036,1,3039],[1,3040,1,3043],[1,3044,1,3047],[1,3000,1,3003],[1,3004,1,3007],[1,3008,1,3011],[1,3012,1,3015],[1,3016,1,3019],[1,3020,1,3023],[1,2976,1,2979],[1,2980,1,2983],[1,2984,1,2987],[1,2988,1,2991],[1,2992,1,2995],[1,2996,1,2999],[1,3096,1,3099],[1,3100,1,3103],[1,3104,1,3107],[1,3108,1,3111],[1,3112,1,3115],[1,3116,1,3119],[1,3072,1,3075],[1,3076,1,3079],[1,3080,1,3083],[1,3084,1,3087],[1,3088,1,3091],[1,3092,1,3095],[1,3048,1,3051],[1,3052,1,3055],[1,3056,1,3059],[1,3060,1,3063],[1,3064,1,3067],[1,3068,1,3071],[1,3168,1,3171],[1,3172,1,3175],[1,3176,1,3179],[1,3180,1,3183],[1,3184,1,3187],[1,3188,1,3191],[1,3144,1,3147],[1,3148,1,3151],[1,3152,1,3155],[1,3156,1,3159],[1,3160,1,3163],[1,3164,1,3167],[1,3120,1,3123],[1,3124,1,3127],[1,3128,1,3131],[1,3132,1,3135],[1,3136,1,3139],[1,3140,1,3143],[1,3240,1,3243],[1,3244,1,3247],[1,3248,1,3251],[1,3252,1,3255],[1,3256,1,3259],[1,3260,1,3263],[1,3216,1,3219],[1,3220,1,3223],[1,3224,1,3227],[1,3228,1,3231],[1,3232,1,3235],[1,3236,1,3239],[1,3192,1,3195],[1,3196,1,3199],[1,3200,1,3203],[1,3204,1,3207],[1,3208,1,3211],[1,3212,1,3215],[1,3312,1,3315],[1,3316,1,3319],[1,3320,1,3323],[1,3324,1,3327],[1,3328,1,3331],[1,3332,1,3335],[1,3288,1,3291],[1,3292,1,3295],[1,3296,1,3299],[1,3300,1,3303],[1,3304,1,3307],[1,3308,1,3311],[1,3264,1,3267],[1,3268,1,3271],[1,3272,1,3275],[1,3276,1,3279],[1,3280,1,3283],[1,3284,1,3287],[1,3384,1,3387],[1,3388,1,3391],[1,3392,1,3395],[1,3396,1,3399],[1,3400,1,3403],[1,3404,1,3407],[1,3360,1,3363],[1,3364,1,3367],[1,3368,1,3371],[1,3372,1,3375],[1,3376,1,3379],[1,3380,1,3383],[1,3336,1,3339],[1,3340,1,3343],[1,3344,1,3347],[1,3348,1,3351],[1,3352,1,3355],[1,3356,1,3359],[1,3456,1,3459],[1,3460,1,3463],[1,3464,1,3467],[1,3468,1,3471],[1,3472,1,3475],[1,3476,1,3479],[1,3432,1,3435],[1,3436,1,3439],[1,3440,1,3443],[1,3444,1,3447],[1,3448,1,3451],[1,3452,1,3455],[1,3408,1,3411],[1,3412,1,3415],[1,3416,1,3419],[1,3420,1,3423],[1,3424,1,3427],[1,3428,1,3431],[1,3528,1,3531],[1,3532,1,3535],[1,3536,1,3539],[1,3540,1,3543],[1,3544,1,3547],[1,3548,1,3551],[1,3504,1,3507],[1,3508,1,3511],[1,3512,1,3515],[1,3516,1,3519],[1,3520,1,3523],[1,3524,1,3527],[1,3480,1,3483],[1,3484,1,3487],[1,3488,1,3491],[1,3492,1,3495],[1,3496,1,3499],[1,3500,1,3503],[1,3600,1,3603],[1,3604,1,3607],[1,3608,1,3611],[1,3612,1,3615],[1,3616,1,3619],[1,3620,1,3623],[1,3576,1,3579],[1,3580,1,3583],[1,3584,1,3587],[1,3588,1,3591],[1,3592,1,3595],[1,3596,1,3599],[1,3552,1,3555],[1,3556,1,3559],[1,3560,1,3563],[1,3564,1,3567],[1,3568,1,3571],[1,3572,1,3575],[1,3672,1,3675],[1,3676,1,3679],[1,3680,1,3683],[1,3684,1,3687],[1,3688,1,3691],[1,3692,1,3695],[1,3648,1,3651],[1,3652,1,3655],[1,3656,1,3659],[1,3660,1,3663],[1,3664,1,3667],[1,3668,1,3671],[1,3624,1,3627],[1,3628,1,3631],[1,3632,1,3635],[1,3636,1,3639],[1,3640,1,3643],[1,3644,1,3647],[1,3744,1,3747],[1,3748,1,3751],[1,3752,1,3755],[1,3756,1,3759],[1,3760,1,3763],[1,3764,1,3767],[1,3720,1,3723],[1,3724,1,3727],[1,3728,1,3731],[1,3732,1,3735],[1,3736,1,3739],[1,3740,1,3743],[1,3696,1,3699],[1,3700,1,3703],[1,3704,1,3707],[1,3708,1,3711],[1,3712,1,3715],[1,3716,1,3719],[1,3816,1,3819],[1,3820,1,3823],[1,3824,1,3827],[1,3828,1,3831],[1,3832,1,3835],[1,3836,1,3839],[1,3792,1,3795],[1,3796,1,3799],[1,3800,1,3803],[1,3804,1,3807],[1,3808,1,3811],[1,3812,1,3815],[1,3768,1,3771],[1,3772,1,3775],[1,3776,1,3779],[1,3780,1,3783],[1,3784,1,3787],[1,3788,1,3791],[1,3888,1,3891],[1,3892,1,3895],[1,3896,1,3899],[1,3900,1,3903],[1,3904,1,3907],[1,3908,1,3911],[1,3864,1,3867],[1,3868,1,3871],[1,3872,1,3875],[1,3876,1,3879],[1,3880,1,3883],[1,3884,1,3887],[1,3840,1,3843],[1,3844,1,3847],[1,3848,1,3851],[1,3852,1,3855],[1,3856,1,3859],[1,3860,1,3863],[1,3960,1,3963],[1,3964,1,3967],[1,3968,1,3971],[1,3972,1,3975],[1,3976,1,3979],[1,3980,1,3983],[1,3936,1,3939],[1,3940,1,3943],[1,3944,1,3947],[1,3948,1,3951],[1,3952,1,3955],[1,3956,1,3959],[1,3912,1,3915],[1,3916,1,3919],[1,3920,1,3923],[1,3924,1,3927],[1,3928,1,3931],[1,3932,1,3935],[1,4032,1,4035],[1,4036,1,4039],[1,4040,1,4043],[1,4044,1,4047]],"merged_total":4107,"flags":["merged_cut"]}
[]
[{"$f":"'[49]1-RESUMO'!A4","v":"SISTEMA DE ABASTECIMENTO D’ÁGUA PARA CONSUMO HUMANO NO MUNICÍPIO DE CANAPI, NO ESTADO DE ALAGOAS, COM SUPRIMENTO HÍDRICO PELO CANAL DO SERTÃO ALAGOANO - PRIMEIRA ETAPA"},null,null,null,{"$f":"'[49]1-RESUMO'!E1:G1","v":0},null,null,null,{"$f":"'[49]1-RESUMO'!I1:K1","v":0},null,null,null,{"$f":"'[49]1-RESUMO'!M1:O1","v":0},null,null,null,{"$f":"'[49]1-RESUMO'!Q1:S1","v":0},null,null,null,{"$f":"'[49]1-RESUMO'!U1:W1","v":0},null,null,null,{"$f":"'[49]1-RESUMO'!Y1:AA1","v":0},null,null,null,{"$f":"'[49]1-RESUMO'!AC1:AE1","v":0},null,null,null,{"$f":"'[49]1-RESUMO'!AG1:AI1","v":0},null,null,null,{"$f":"'[49]1-RESUMO'!AK1:AM1","v":0},null,null,null,{"$f":"'[49]1-RESUMO'!AO1:AQ1","v":0},null,null,null,{"$f":"'[49]1-RESUMO'!AS1:AU1","v":0},null,null,null,{"$f":"'[49]1-RESUMO'!AW1:AY1","v":0},null,null,null,{"$f":"'[49]1-RESUMO'!BA1:BC1","v":0},null,null,null,{"$f":"'[49]1-RESUMO'!BE1:BG1","v":0},null,null,null,{"$f":"'[49]1-RESUMO'!BI1:BK1","v":0},null,null,null,{"$f":"'[49]1-RESUMO'!BM1:BO1","v":0},null,null,null,{"$f":"'[49]1-RESUMO'!BQ1:BS1","v":0},null,null,null,{"$f":"'[49]1-RESUMO'!BU1:BW1","v":0},null,null,null,{"$f":"'[49]1-RESUMO'!BY1:CA1","v":0},null,null,null,{"$f":"'[49]1-RESUMO'!CC1:CE1","v":0},null,null,null,{"$f":"'[49]1-RESUMO'!CG1:CI1","v":0},null,null,null,{"$f":"'[49]1-RESUMO'!CK1:CM1","v":0},null,null,null,{"$f":"'[49]1-RESUMO'!CO1:CQ1","v":0},null,null,null,{"$f":"'[49]1-RESUMO'!CS1:CU1","v":0},null,null,null,{"$f":"'[49]1-RESUMO'!CW1:CY1","v":0},null,null,null,{"$f":"'[49]1-RESUMO'!DA1:DC1","v":0},null,null,null,{"$f":"'[49]1-RESUMO'!DE1:DG1","v":0},null,null,null,{"$f":"'[49]1-RESUMO'!DI1:DK1","v":0},null,null,null,{"$f":"'[49]1-RESUMO'!DM1:DO1","v":0},null,null,null,{"$f":"'[49]1-RESUMO'!DQ1:DS1","v":0},null,null,null,{"$f":"'[49]1-RESUMO'!DU1:DW1","v":0},null,null,null,{"$f":"'[49]1-RESUMO'!DY1:EA1","v":0},null,null,null,{"$f":"'[49]1-RESUMO'!EC1:EE1","v":0},null,null,null,{"$f":"'[49]1-RESUMO'!EG1:EI1","v":0},null,null,null,{"$f":"'[49]1-RESUMO'!EK1:EM1","v":0},null,null,null,{"$f":"'[49]1-RESUMO'!EO1:EQ1","v":0},null,null,null,{"$f":"'[49]1-RESUMO'!ES1:EU1","v":0},null,null,null,{"$f":"'[49]1-RESUMO'!EW1:EY1","v":0},null,null,null,{"$f":"'[49]1-RESUMO'!FA1:FC1","v":0},null,null,null,{"$f":"'[49]1-RESUMO'!FE1:FG1","v":0},null,null,null,{"$f":"'[49]1-RESUMO'!FI1:FK1","v":0},null,null,null,{"$f":"'[49]1-RESUMO'!FM1:FO1","v":0},null,null,null,{"$f":"'[49]1-RESUMO'!FQ1:FS1","v":0},null,null,null,{"$f":"'[49]1-RESUMO'!FU1:FW1","v":0},null,null,null,{"$f":"'[49]1-RESUMO'!FY1:GA1","v":0},null,null,null,{"$f":"'[49]1-RESUMO'!GC1:GE1","v":0},null,null,null,{"$f":"'[49]1-RESUMO'!GG1:GI1","v":0},null,null,null,{"$f":"'[49]1-RESUMO'!GK1:GM1","v":0},null,null,null,{"$f":"'[49]1-RESUMO'!GO1:GQ1","v":0},null,null,null,{"$f":"'[49]1-RESUMO'!GS1:GU1","v":0},null,null,null,{"$f":"'[49]1-RESUMO'!GW1:GY1","v":0},null,null,null,{"$f":"'[49]1-RESUMO'!HA1:HC1","v":0},null,null,null,{"$f":"'[49]1-RESUMO'!HE1:HG1","v":0},null,null,null,{"$f":"'[49]1-RESUMO'!HI1:HK1","v":0},null,null,null,{"$f":"'[49]1-RESUMO'!HM1:HO1","v":0},null,null,null,{"$f":"'[49]1-RESUMO'!HQ1:HS1","v":0},null,null,null,{"$f":"'[49]1-RESUMO'!HU1:HW1","v":0},null,null,null,{"$f":"'[49]1-RESUMO'!HY1:IA1","v":0},null,null,null,{"$f":"'[49]1-RESUMO'!IC1:IE1","v":0},null,null,null,{"$f":"'[49]1-RESUMO'!IG1:II1","v":0},null,null,null,{"$f":"'[49]1-RESUMO'!IK1:IM1","v":0},null,null,null,{"$f":"'[49]1-RESUMO'!IO1:IQ1","v":0},null,null,null,{"$f":"'[49]1-RESUMO'!IS1:IU1","v":0},null,null,null,{"$f":"'[49]1-RESUMO'!IW1:IY1","v":0},null,null,null,{"$f":"'[49]1-RESUMO'!JA1:JC1","v":0},null,null,null,{"$f":"'[49]1-RESUMO'!JE1:JG1","v":0},null,null,null,{"$f":"'[49]1-RESUMO'!JI1:JK1","v":0},null,null,null,{"$f":"'[49]1-RESUMO'!JM1:JO1","v":0},null,null,null,{"$f":"'[49]1-RESUMO'!JQ1:JS1","v":0},null,null,null,{"$f":"'[49]1-RESUMO'!JU1:JW1","v":0},null,null,null,{"$f":"'[49]1-RESUMO'!JY1:KA1","v":0},null,null,null,{"$f":"'[49]1-RESUMO'!KC1:KE1","v":0},null,null,null,{"$f":"'[49]1-RESUMO'!KG1:KI1","v":0},null,null,null,{"$f":"'[49]1-RESUMO'!KK1:KM1","v":0},null,null,null,{"$f":"'[49]1-RESUMO'!KO1:KQ1","v":0},null,null,null,{"$f":"'[49]1-RESUMO'!KS1:KU1","v":0},null,null,null,{"$f":"'[49]1-RESUMO'!KW1:KY1","v":0},null,null,null,{"$f":"'[49]1-RESUMO'!LA1:LC1","v":0},null,null,null,{"$f":"'[49]1-RESUMO'!LE1:LG1","v":0},null,null,null,{"$f":"'[49]1-RESUMO'!LI1:LK1","v":0},null,null,null,{"$f":"'[49]1-RESUMO'!LM1:LO1","v":0},null,null,null,{"$f":"'[49]1-RESUMO'!LQ1:LS1","v":0},null,null,null,{"$f":"'[49]1-RESUMO'!LU1:LW1","v":0},null,null,null,{"$f":"'[49]1-RESUMO'!LY1:MA1","v":0},null,null,null,{"$f":"'[49]1-RESUMO'!MC1:ME1","v":0},null,null,null,{"$f":"'[49]1-RESUMO'!MG1:MI1","v":0},null,null,null,{"$f":"'[49]1-RESUMO'!MK1:MM1","v":0},null,null,null,{"$f":"'[49]1-RESUMO'!MO1:MQ1","v":0},null,null,null,{"$f":"'[49]1-RESUMO'!MS1:MU1","v":0},null,null,null,{"$f":"'[49]1-RESUMO'!MW1:MY1","v":0},null,null,null,{"$f":"'[49]1-RESUMO'!NA1:NC1","v":0},null,null,null,{"$f":"'[49]1-RESUMO'!NE1:NG1","v":0},null,null,null,{"$f":"'[49]1-RESUMO'!NI1:NK1","v":0},null,null,null,{"$f":"'[49]1-RESUMO'!NM1:NO1","v":0},null,null,null,{"$f":"'[49]1-RESUMO'!NQ1:NS1","v":0},null,null,null,{"$f":"'[49]1-RESUMO'!NU1:NW1","v":0},null,null,null,{"$f":"'[49]1-RESUMO'!NY1:OA1","v":0},null,null,null,{"$f":"'[49]1-RESUMO'!OC1:OE1","v":0},null,null,null,{"$f":"'[49]1-RESUMO'!OG1:OI1","v":0},null,null,null,{"$f":"'[49]1-RESUMO'!OK1:OM1","v":0},null,null,null,{"$f":"'[49]1-RESUMO'!OO1:OQ1","v":0},null,null,null,{"$f":"'[49]1-RESUMO'!OS1:OU1","v":0},null,null,null,{"$f":"'[49]1-RESUMO'!OW1:OY1","v":0},null,null,null,{"$f":"'[49]1-RESUMO'!PA1:PC1","v":0},null,null,null,{"$f":"'[49]1-RESUMO'!PE1:PG1","v":0},null,null,null,{"$f":"'[49]1-RESUMO'!PI1:PK1","v":0},null,null,null,{"$f":"'[49]1-RESUMO'!PM1:PO1","v":0},null,null,null,{"$f":"'[49]1-RESUMO'!PQ1:PS1","v":0},null,null,null,{"$f":"'[49]1-RESUMO'!PU1:PW1","v":0},null,null,null,{"$f":"'[49]1-RESUMO'!PY1:QA1","v":0},null,null,null,{"$f":"'[49]1-RESUMO'!QC1:QE1","v":0},null,null,null,{"$f":"'[49]1-RESUMO'!QG1:QI1","v":0},null,null,null,{"$f":"'[49]1-RESUMO'!QK1:QM1","v":0},null,null,null,{"$f":"'[49]1-RESUMO'!QO1:QQ1","v":0},null,null,null,{"$f":"'[49]1-RESUMO'!QS1:QU1","v":0},null,null,null,{"$f":"'[49]1-RESUMO'!QW1:QY1","v":0},null,null,null,{"$f":"'[49]1-RESUMO'!RA1:RC1","v":0},null,null,null,{"$f":"'[49]1-RESUMO'!RE1:RG1","v":0},null,null,null,{"$f":"'[49]1-RESUMO'!RI1:RK1","v":0},null,null,null,{"$f":"'[49]1-RESUMO'!RM1:RO1","v":0},null,null,null,{"$f":"'[49]1-RESUMO'!RQ1:RS1","v":0},null,null,null,{"$f":"'[49]1-RESUMO'!RU1:RW1","v":0},null,null,null,{"$f":"'[49]1-RESUMO'!RY1:SA1","v":0},null,null,null,{"$f":"'[49]1-RESUMO'!SC1:SE1","v":0},null,null,null,{"$f":"'[49]1-RESUMO'!SG1:SI1","v":0},null,null,null,{"$f":"'[49]1-RESUMO'!SK1:SM1","v":0},null,null,null,{"$f":"'[49]1-RESUMO'!SO1:SQ1","v":0},null,null,null,{"$f":"'[49]1-RESUMO'!SS1:SU1","v":0},null,null,null,{"$f":"'[49]1-RESUMO'!SW1:SY1","v":0},null,null,null,{"$f":"'[49]1-RESUMO'!TA1:TC1","v":0},null,null,null,{"$f":"'[49]1-RESUMO'!TE1:TG1","v":0},null,null,null,{"$f":"'[49]1-RESUMO'!TI1:TK1","v":0},null,null,null,{"$f":"'[49]1-RESUMO'!TM1:TO1","v":0},null,null,null,{"$f":"'[49]1-RESUMO'!TQ1:TS1","v":0},null,null,null,{"$f":"'[49]1-RESUMO'!TU1:TW1","v":0},null,null,null,{"$f":"'[49]1-RESUMO'!TY1:UA1","v":0},null,null,null,{"$f":"'[49]1-RESUMO'!UC1:UE1","v":0},null,null,null,{"$f":"'[49]1-RESUMO'!UG1:UI1","v":0},null,null,null,{"$f":"'[49]1-RESUMO'!UK1:UM1","v":0},null,null,null,{"$f":"'[49]1-RESUMO'!UO1:UQ1","v":0},null,null,null,{"$f":"'[49]1-RESUMO'!US1:UU1","v":0},null,null,null,{"$f":"'[49]1-RESUMO'!UW1:UY1","v":0},null,null,null,{"$f":"'[49]1-RESUMO'!VA1:VC1","v":0},null,null,null,{"$f":"'[49]1-RESUMO'!VE1:VG1","v":0},null,null,null,{"$f":"'[49]1-RESUMO'!VI1:VK1","v":0},null,null,null,{"$f":"'[49]1-RESUMO'!VM1:VO1","v":0},null,null,null,{"$f":"'[49]1-RESUMO'!VQ1:VS1","v":0},null,null,null,{"$f":"'[49]1-RESUMO'!VU1:VW1","v":0},null,null,null,{"$f":"'[49]1-RESUMO'!VY1:WA1","v":0},null,null,null,{"$f":"'[49]1-RESUMO'!WC1:WE1","v":0},null,null,null,{"$f":"'[49]1-RESUMO'!WG1:WI1","v":0},null,null,null,{"$f":"'[49]1-RESUMO'!WK1:WM1","v":0},null,null,null,{"$f":"'[49]1-RESUMO'!WO1:WQ1","v":0},null,null,null,{"$f":"'[49]1-RESUMO'!WS1:WU1","v":0},null,null,null,{"$f":"'[49]1-RESUMO'!WW1:WY1","v":0},null,null,null,{"$f":"'[49]1-RESUMO'!XA1:XC1","v":0},null,null,null,{"$f":"'[49]1-RESUMO'!XE1:XG1","v":0},null,null,null,{"$f":"'[49]1-RESUMO'!XI1:XK1","v":0},null,null,null,{"$f":"'[49]1-RESUMO'!XM1:XO1","v":0},null,null,null,{"$f":"'[49]1-RESUMO'!XQ1:XS1","v":0},null,null,null,{"$f":"'[49]1-RESUMO'!XU1:XW1","v":0},null,null,null,{"$f":"'[49]1-RESUMO'!XY1:YA1","v":0},null,null,null,{"$f":"'[49]1-RESUMO'!YC1:YE1","v":0},null,null,null,{"$f":"'[49]1-RESUMO'!YG1:YI1","v":0},null,null,null,{"$f":"'[49]1-RESUMO'!YK1:YM1","v":0},null,null,null,{"$f":"'[49]1-RESUMO'!YO1:YQ1","v":0},null,null,null,{"$f":"'[49]1-RESUMO'!YS1:YU1","v":0},null,null,null,{"$f":"'[49]1-RESUMO'!YW1:YY1","v":0},null,null,null,{"$f":"'[49]1-RESUMO'!ZA1:ZC1","v":0},null,null,null,{"$f":"'[49]1-RESUMO'!ZE1:ZG1","v":0},null,null,null,{"$f":"'[49]1-RESUMO'!ZI1:ZK1","v":0},null,null,null,{"$f":"'[49]1-RESUMO'!ZM1:ZO1","v":0},null,null,null,{"$f":"'[49]1-RESUMO'!ZQ1:ZS1","v":0},null,null,null,{"$f":"'[49]1-RESUMO'!ZU1:ZW1","v":0},null,null,null,{"$f":"'[49]1-RESUMO'!ZY1:AAA1","v":0},null,null,null,{"$f":"'[49]1-RESUMO'!AAC1:AAE1","v":0},null,null,null,{"$f":"'[49]1-RESUMO'!AAG1:AAI1","v":0},null,null,null,{"$f":"'[49]1-RESUMO'!AAK1:AAM1","v":0},null,null,null,{"$f":"'[49]1-RESUMO'!AAO1:AAQ1","v":0},null,null,null,{"$f":"'[49]1-RESUMO'!AAS1:AAU1","v":0},null,null,null,{"$f":"'[49]1-RESUMO'!AAW1:AAY1","v":0},null,null,null,{"$f":"'[49]1-RESUMO'!ABA1:ABC1","v":0},null,null,null,{"$f":"'[49]1-RESUMO'!ABE1:ABG1","v":0},null,null,null,{"$f":"'[49]1-RESUMO'!ABI1:ABK1","v":0},null,null,null,{"$f":"'[49]1-RESUMO'!ABM1:ABO1","v":0},null,null,null,{"$f":"'[49]1-RESUMO'!ABQ1:ABS1","v":0},null,null,null,{"$f":"'[49]1-RESUMO'!ABU1:ABW1","v":0},null,null,null,{"$f":"'[49]1-RESUMO'!ABY1:ACA1","v":0},null,null,null,{"$f":"'[49]1-RESUMO'!ACC1:ACE1","v":0},null,null,null,{"$f":"'[49]1-RESUMO'!ACG1:ACI1","v":0},null,null,null,{"$f":"'[49]1-RESUMO'!ACK1:ACM1","v":0},null,null,null,{"$f":"'[49]1-RESUMO'!ACO1:ACQ1","v":0},null,null,null,{"$f":"'[49]1-RESUMO'!ACS1:ACU1","v":0},null,null,null,{"$f":"'[49]1-RESUMO'!ACW1:ACY1","v":0},null,null,null,{"$f":"'[49]1-RESUMO'!ADA1:ADC1","v":0},null,null,null,{"$f":"'[49]1-RESUMO'!ADE1:ADG1","v":0},null,null,null,{"$f":"'[49]1-RESUMO'!ADI1:ADK1","v":0},null,null,null,{"$f":"'[49]1-RESUMO'!ADM1:ADO1","v":0},null,null,null,{"$f":"'[49]1-RESUMO'!ADQ1:ADS1","v":0},null,null,null,{"$f":"'[49]1-RESUMO'!ADU1:ADW1","v":0},null,null,null,{"$f":"'[49]1-RESUMO'!ADY1:AEA1","v":0},null,null,null,{"$f":"'[49]1-RESUMO'!AEC1:AEE1","v":0},null,null,null,{"$f":"'[49]1-RESUMO'!AEG1:AEI1","v":0},null,null,null,{"$f":"'[49]1-RESUMO'!AEK1:AEM1","v":0},null,null,null,{"$f":"'[49]1-RESUMO'!AEO1:AEQ1","v":0},null,null,null,{"$f":"'[49]1-RESUMO'!AES1:AEU1","v":0},null,null,null,{"$f":"'[49]1-RESUMO'!AEW1:AEY1","v":0},null,null,null,{"$f":"'[49]1-RESUMO'!AFA1:AFC1","v":0},null,null,null,{"$f":"'[49]1-RESUMO'!AFE1:AFG1","v":0},null,null,null,{"$f":"'[49]1-RESUMO'!AFI1:AFK1","v":0},null,null,null,{"$f":"'[49]1-RESUMO'!AFM1:AFO1","v":0},null,null,null,{"$f":"'[49]1-RESUMO'!AFQ1:AFS1","v":0},null,null,null,{"$f":"'[49]1-RESUMO'!AFU1:AFW1","v":0},null,null,null,{"$f":"'[49]1-RESUMO'!AFY1:AGA1","v":0},null,null,null,{"$f":"'[49]1-RESUMO'!AGC1:AGE1","v":0},null,null,null,{"$f":"'[49]1-RESUMO'!AGG1:AGI1","v":0},null,null,null,{"$f":"'[49]1-RESUMO'!AGK1:AGM1","v":0},null,null,null,{"$f":"'[49]1-RESUMO'!AGO1:AGQ1","v":0},null,null,null,{"$f":"'[49]1-RESUMO'!AGS1:AGU1","v":0},null,null,null,{"$f":"'[49]1-RESUMO'!AGW1:AGY1","v":0},null,null,null,{"$f":"'[49]1-RESUMO'!AHA1:AHC1","v":0},null,null,null,{"$f":"'[49]1-RESUMO'!AHE1:AHG1","v":0},null,null,null,{"$f":"'[49]1-RESUMO'!AHI1:AHK1","v":0},null,null,null,{"$f":"'[49]1-RESUMO'!AHM1:AHO1","v":0},null,null,null,{"$f":"'[49]1-RESUMO'!AHQ1:AHS1","v":0},null,null,null,{"$f":"'[49]1-RESUMO'!AHU1:AHW1","v":0},null,null,null,{"$f":"'[49]1-RESUMO'!AHY1:AIA1","v":0},null,null,null,{"$f":"'[49]1-RESUMO'!AIC1:AIE1","v":0},null,null,null,{"$f":"'[49]1-RESUMO'!AIG1:AII1","v":0},null,null,null,{"$f":"'[49]1-RESUMO'!AIK1:AIM1","v":0},null,null,null,{"$f":"'[49]1-RESUMO'!AIO1:AIQ1","v":0},null,null,null,{"$f":"'[49]1-RESUMO'!AIS1:AIU1","v":0},null,null,null,{"$f":"'[49]1-RESUMO'!AIW1:AIY1","v":0},null,null,null,{"$f":"'[49]1-RESUMO'!AJA1:AJC1","v":0},null,null,null,{"$f":"'[49]1-RESUMO'!AJE1:AJG1","v":0},null,null,null,{"$f":"'[49]1-RESUMO'!AJI1:AJK1","v":0},null,null,null,{"$f":"'[49]1-RESUMO'!AJM1:AJO1","v":0},null,null,null,{"$f":"'[49]1-RESUMO'!AJQ1:AJS1","v":0},null,null,null,{"$f":"'[49]1-RESUMO'!AJU1:AJW1","v":0},null,null,null,{"$f":"'[49]1-RESUMO'!AJY1:AKA1","v":0},null,null,null,{"$f":"'[49]1-RESUMO'!AKC1:AKE1","v":0},null,null,null,{"$f":"'[49]1-RESUMO'!AKG1:AKI1","v":0},null,null,null,{"$f":"'[49]1-RESUMO'!AKK1:AKM1","v":0},null,null,null,{"$f":"'[49]1-RESUMO'!AKO1:AKQ1","v":0},null,null,null,{"$f":"'[49]1-RESUMO'!AKS1:AKU1","v":0},null,null,null,{"$f":"'[49]1-RESUMO'!AKW1:AKY1","v":0},null,null,null,{"$f":"'[49]1-RESUMO'!ALA1:ALC1","v":0},null,null,null,{"$f":"'[49]1-RESUMO'!ALE1:ALG1","v":0},null,null,null,{"$f":"'[49]1-RESUMO'!ALI1:ALK1","v":0},null,null,null,{"$f":"'[49]1-RESUMO'!ALM1:ALO1","v":0},null,null,null,{"$f":"'[49]1-RESUMO'!ALQ1:ALS1","v":0},null,null,null,{"$f":"'[49]1-RESUMO'!ALU1:ALW1","v":0},null,null,null,{"$f":"'[49]1-RESUMO'!ALY1:AMA1","v":0},null,null,null,{"$f":"'[49]1-RESUMO'!AMC1:AME1","v":0},null,null,null,{"$f":"'[49]1-RESUMO'!AMG1:AMI1","v":0},null,null,null,{"$f":"'[49]1-RESUMO'!AMK1:AMM1","v":0},null,null,null,{"$f":"'[49]1-RESUMO'!AMO1:AMQ1","v":0},null,null,null,{"$f":"'[49]1-RESUMO'!AMS1:AMU1","v":0},null,null,null,{"$f":"'[49]1-RESUMO'!AMW1:AMY1","v":0},null,null,null,{"$f":"'[49]1-RESUMO'!ANA1:ANC1","v":0},null,null,null,{"$f":"'[49]1-RESUMO'!ANE1:ANG1","v":0},null,null,null,{"$f":"'[49]1-RESUMO'!ANI1:ANK1","v":0},null,null,null,{"$f":"'[49]1-RESUMO'!ANM1:ANO1","v":0},null,null,null,{"$f":"'[49]1-RESUMO'!ANQ1:ANS1","v":0},null,null,null,{"$f":"'[49]1-RESUMO'!ANU1:ANW1","v":0},null,null,null,{"$f":"'[49]1-RESUMO'!ANY1:AOA1","v":0},null,null,null,{"$f":"'[49]1-RESUMO'!AOC1:AOE1","v":0},null,null,null,{"$f":"'[49]1-RESUMO'!AOG1:AOI1","v":0},null,null,null,{"$f":"'[49]1-RESUMO'!AOK1:AOM1","v":0},null,null,null,{"$f":"'[49]1-RESUMO'!AOO1:AOQ1","v":0},null,null,null,{"$f":"'[49]1-RESUMO'!AOS1:AOU1","v":0},null,null,null,{"$f":"'[49]1-RESUMO'!AOW1:AOY1","v":0},null,null,null,{"$f":"'[49]1-RESUMO'!APA1:APC1","v":0},null,null,null,{"$f":"'[49]1-RESUMO'!APE1:APG1","v":0},null,null,null,{"$f":"'[49]1-RESUMO'!API1:APK1","v":0},null,null,null,{"$f":"'[49]1-RESUMO'!APM1:APO1","v":0},null,null,null,{"$f":"'[49]1-RESUMO'!APQ1:APS1","v":0},null,null,null,{"$f":"'[49]1-RESUMO'!APU1:APW1","v":0},null,null,null,{"$f":"'[49]1-RESUMO'!APY1:AQA1","v":0},null,null,null,{"$f":"'[49]1-RESUMO'!AQC1:AQE1","v":0},null,null,null,{"$f":"'[49]1-RESUMO'!AQG1:AQI1","v":0},null,null,null,{"$f":"'[49]1-RESUMO'!AQK1:AQM1","v":0},null,null,null,{"$f":"'[49]1-RESUMO'!AQO1:AQQ1","v":0},null,null,null,{"$f":"'[49]1-RESUMO'!AQS1:AQU1","v":0},null,null,null,{"$f":"'[49]1-RESUMO'!AQW1:AQY1","v":0},null,null,null,{"$f":"'[49]1-RESUMO'!ARA1:ARC1","v":0},null,null,null,{"$f":"'[49]1-RESUMO'!ARE1:ARG1","v":0},null,null,null,{"$f":"'[49]1-RESUMO'!ARI1:ARK1","v":0},null,null,null,{"$f":"'[49]1-RESUMO'!ARM1:ARO1","v":0},null,null,null,{"$f":"'[49]1-RESUMO'!ARQ1:ARS1","v":0},null,null,null,{"$f":"'[49]1-RESUMO'!ARU1:ARW1","v":0},null,null,null,{"$f":"'[49]1-RESUMO'!ARY1:ASA1","v":0},null,null,null,{"$f":"'[49]1-RESUMO'!ASC1:ASE1","v":0},null,null,null,{"$f":"'[49]1-RESUMO'!ASG1:ASI1","v":0},null,null,null,{"$f":"'[49]1-RESUMO'!ASK1:ASM1","v":0},null,null,null,{"$f":"'[49]1-RESUMO'!ASO1:ASQ1","v":0},null,null,null,{"$f":"'[49]1-RESUMO'!ASS1:ASU1","v":0},null,null,null,{"$f":"'[49]1-RESUMO'!ASW1:ASY1","v":0},null,null,null,{"$f":"'[49]1-RESUMO'!ATA1:ATC1","v":0},null,null,null,{"$f":"'[49]1-RESUMO'!ATE1:ATG1","v":0},null,null,null,{"$f":"'[49]1-RESUMO'!ATI1:ATK1","v":0},null,null,null,{"$f":"'[49]1-RESUMO'!ATM1:ATO1","v":0},null,null,null,{"$f":"'[49]1-RESUMO'!ATQ1:ATS1","v":0},null,null,null,{"$f":"'[49]1-RESUMO'!ATU1:ATW1","v":0},null,null,null,{"$f":"'[49]1-RESUMO'!ATY1:AUA1","v":0},null,null,null,{"$f":"'[49]1-RESUMO'!AUC1:AUE1","v":0},null,null,null,{"$f":"'[49]1-RESUMO'!AUG1:AUI1","v":0},null,null,null,{"$f":"'[49]1-RESUMO'!AUK1:AUM1","v":0},null,null,null,{"$f":"'[49]1-RESUMO'!AUO1:AUQ1","v":0},null,null,null,{"$f":"'[49]1-RESUMO'!AUS1:AUU1","v":0},null,null,null,{"$f":"'[49]1-RESUMO'!AUW1:AUY1","v":0},null,null,null,{"$f":"'[49]1-RESUMO'!AVA1:AVC1","v":0},null,null,null,{"$f":"'[49]1-RESUMO'!AVE1:AVG1","v":0},null,null,null,{"$f":"'[49]1-RESUMO'!AVI1:AVK1","v":0},null,null,null,{"$f":"'[49]1-RESUMO'!AVM1:AVO1","v":0},null,null,null,{"$f":"'[49]1-RESUMO'!AVQ1:AVS1","v":0},null,null,null,{"$f":"'[49]1-RESUMO'!AVU1:AVW1","v":0},null,null,null,{"$f":"'[49]1-RESUMO'!AVY1:AWA1","v":0},null,null,null,{"$f":"'[49]1-RESUMO'!AWC1:AWE1","v":0},null,null,null,{"$f":"'[49]1-RESUMO'!AWG1:AWI1","v":0},null,null,null,{"$f":"'[49]1-RESUMO'!AWK1:AWM1","v":0},null,null,null,{"$f":"'[49]1-RESUMO'!AWO1:AWQ1","v":0},null,null,null,{"$f":"'[49]1-RESUMO'!AWS1:AWU1","v":0},null,null,null,{"$f":"'[49]1-RESUMO'!AWW1:AWY1","v":0},null,null,null,{"$f":"'[49]1-RESUMO'!AXA1:AXC1","v":0},null,null,null,{"$f":"'[49]1-RESUMO'!AXE1:AXG1","v":0},null,null,null,{"$f":"'[49]1-RESUMO'!AXI1:AXK1","v":0},null,null,null,{"$f":"'[49]1-RESUMO'!AXM1:AXO1","v":0},null,null,null,{"$f":"'[49]1-RESUMO'!AXQ1:AXS1","v":0},null,null,null,{"$f":"'[49]1-RESUMO'!AXU1:AXW1","v":0},null,null,null,{"$f":"'[49]1-RESUMO'!AXY1:AYA1","v":0},null,null,null,{"$f":"'[49]1-RESUMO'!AYC1:AYE1","v":0},null,null,null,{"$f":"'[49]1-RESUMO'!AYG1:AYI1","v":0},null,null,null,{"$f":"'[49]1-RESUMO'!AYK1:AYM1","v":0},null,null,null,{"$f":"'[49]1-RESUMO'!AYO1:AYQ1","v":0},null,null,null,{"$f":"'[49]1-RESUMO'!AYS1:AYU1","v":0},null,null,null,{"$f":"'[49]1-RESUMO'!AYW1:AYY1","v":0},null,null,null,{"$f":"'[49]1-RESUMO'!AZA1:AZC1","v":0},null,null,null,{"$f":"'[49]1-RESUMO'!AZE1:AZG1","v":0},null,null,null,{"$f":"'[49]1-RESUMO'!AZI1:AZK1","v":0},null,null,null,{"$f":"'[49]1-RESUMO'!AZM1:AZO1","v":0},null,null,null,{"$f":"'[49]1-RESUMO'!AZQ1:AZS1","v":0},null,null,null,{"$f":"'[49]1-RESUMO'!AZU1:AZW1","v":0},null,null,null,{"$f":"'[49]1-RESUMO'!AZY1:BAA1","v":0},null,null,null,{"$f":"'[49]1-RESUMO'!BAC1:BAE1","v":0},null,null,null,{"$f":"'[49]1-RESUMO'!BAG1:BAI1","v":0},null,null,null,{"$f":"'[49]1-RESUMO'!BAK1:BAM1","v":0},null,null,null,{"$f":"'[49]1-RESUMO'!BAO1:BAQ1","v":0},null,null,null,{"$f":"'[49]1-RESUMO'!BAS1:BAU1","v":0},null,null,null,{"$f":"'[49]1-RESUMO'!BAW1:BAY1","v":0},null,null,null,{"$f":"'[49]1-RESUMO'!BBA1:BBC1","v":0},null,null,null,{"$f":"'[49]1-RESUMO'!BBE1:BBG1","v":0},null,null,null,{"$f":"'[49]1-RESUMO'!BBI1:BBK1","v":0},null,null,null,{"$f":"'[49]1-RESUMO'!BBM1:BBO1","v":0},null,null,null,{"$f":"'[49]1-RESUMO'!BBQ1:BBS1","v":0},null,null,null,{"$f":"'[49]1-RESUMO'!BBU1:BBW1","v":0},null,null,null,{"$f":"'[49]1-RESUMO'!BBY1:BCA1","v":0},null,null,null,{"$f":"'[49]1-RESUMO'!BCC1:BCE1","v":0},null,null,null,{"$f":"'[49]1-RESUMO'!BCG1:BCI1","v":0},null,null,null,{"$f":"'[49]1-RESUMO'!BCK1:BCM1","v":0},null,null,null,{"$f":"'[49]1-RESUMO'!BCO1:BCQ1","v":0},null,null,null,{"$f":"'[49]1-RESUMO'!BCS1:BCU1","v":0},null,null,null,{"$f":"'[49]1-RESUMO'!BCW1:BCY1","v":0},null,null,null,{"$f":"'[49]1-RESUMO'!BDA1:BDC1","v":0},null,null,null,{"$f":"'[49]1-RESUMO'!BDE1:BDG1","v":0},null,null,null,{"$f":"'[49]1-RESUMO'!BDI1:BDK1","v":0},null,null,null,{"$f":"'[49]1-RESUMO'!BDM1:BDO1","v":0},null,null,null,{"$f":"'[49]1-RESUMO'!BDQ1:BDS1","v":0},null,null,null,{"$f":"'[49]1-RESUMO'!BDU1:BDW1","v":0},null,null,null,{"$f":"'[49]1-RESUMO'!BDY1:BEA1","v":0},null,null,null,{"$f":"'[49]1-RESUMO'!BEC1:BEE1","v":0},null,null,null,{"$f":"'[49]1-RESUMO'!BEG1:BEI1","v":0},null,null,null,{"$f":"'[49]1-RESUMO'!BEK1:BEM1","v":0},null,null,null,{"$f":"'[49]1-RESUMO'!BEO1:BEQ1","v":0},null,null,null,{"$f":"'[49]1-RESUMO'!BES1:BEU1","v":0},null,null,null,{"$f":"'[49]1-RESUMO'!BEW1:BEY1","v":0},null,null,null,{"$f":"'[49]1-RESUMO'!BFA1:BFC1","v":0},null,null,null,{"$f":"'[49]1-RESUMO'!BFE1:BFG1","v":0},null,null,null,{"$f":"'[49]1-RESUMO'!BFI1:BFK1","v":0},null,null,null,{"$f":"'[49]1-RESUMO'!BFM1:BFO1","v":0},null,null,null,{"$f":"'[49]1-RESUMO'!BFQ1:BFS1","v":0},null,null,null,{"$f":"'[49]1-RESUMO'!BFU1:BFW1","v":0},null,null,null,{"$f":"'[49]1-RESUMO'!BFY1:BGA1","v":0},null,null,null,{"$f":"'[49]1-RESUMO'!BGC1:BGE1","v":0},null,null,null,{"$f":"'[49]1-RESUMO'!BGG1:BGI1","v":0},null,null,null,{"$f":"'[49]1-RESUMO'!BGK1:BGM1","v":0},null,null,null,{"$f":"'[49]1-RESUMO'!BGO1:BGQ1","v":0},null,null,null,{"$f":"'[49]1-RESUMO'!BGS1:BGU1","v":0},null,null,null,{"$f":"'[49]1-RESUMO'!BGW1:BGY1","v":0},null,null,null,{"$f":"'[49]1-RESUMO'!BHA1:BHC1","v":0},null,null,null,{"$f":"'[49]1-RESUMO'!BHE1:BHG1","v":0},null,null,null,{"$f":"'[49]1-RESUMO'!BHI1:BHK1","v":0},null,null,null,{"$f":"'[49]1-RESUMO'!BHM1:BHO1","v":0},null,null,null,{"$f":"'[49]1-RESUMO'!BHQ1:BHS1","v":0},null,null,null,{"$f":"'[49]1-RESUMO'!BHU1:BHW1","v":0},null,null,null,{"$f":"'[49]1-RESUMO'!BHY1:BIA1","v":0},null,null,null,{"$f":"'[49]1-RESUMO'!BIC1:BIE1","v":0},null,null,null,{"$f":"'[49]1-RESUMO'!BIG1:BII1","v":0},null,null,null,{"$f":"'[49]1-RESUMO'!BIK1:BIM1","v":0},null,null,null,{"$f":"'[49]1-RESUMO'!BIO1:BIQ1","v":0},null,null,null,{"$f":"'[49]1-RESUMO'!BIS1:BIU1","v":0},null,null,null,{"$f":"'[49]1-RESUMO'!BIW1:BIY1","v":0},null,null,null,{"$f":"'[49]1-RESUMO'!BJA1:BJC1","v":0},null,null,null,{"$f":"'[49]1-RESUMO'!BJE1:BJG1","v":0},null,null,null,{"$f":"'[49]1-RESUMO'!BJI1:BJK1","v":0},null,null,null,{"$f":"'[49]1-RESUMO'!BJM1:BJO1","v":0},null,null,null,{"$f":"'[49]1-RESUMO'!BJQ1:BJS1","v":0},null,null,null,{"$f":"'[49]1-RESUMO'!BJU1:BJW1","v":0},null,null,null,{"$f":"'[49]1-RESUMO'!BJY1:BKA1","v":0},null,null,null,{"$f":"'[49]1-RESUMO'!BKC1:BKE1","v":0},null,null,null,{"$f":"'[49]1-RESUMO'!BKG1:BKI1","v":0},null,null,null,{"$f":"'[49]1-RESUMO'!BKK1:BKM1","v":0},null,null,null,{"$f":"'[49]1-RESUMO'!BKO1:BKQ1","v":0},null,null,null,{"$f":"'[49]1-RESUMO'!BKS1:BKU1","v":0},null,null,null,{"$f":"'[49]1-RESUMO'!BKW1:BKY1","v":0},null,null,null,{"$f":"'[49]1-RESUMO'!BLA1:BLC1","v":0},null,null,null,{"$f":"'[49]1-RESUMO'!BLE1:BLG1","v":0},null,null,null,{"$f":"'[49]1-RESUMO'!BLI1:BLK1","v":0},null,null,null,{"$f":"'[49]1-RESUMO'!BLM1:BLO1","v":0},null,null,null,{"$f":"'[49]1-RESUMO'!BLQ1:BLS1","v":0},null,null,null,{"$f":"'[49]1-RESUMO'!BLU1:BLW1","v":0},null,null,null,{"$f":"'[49]1-RESUMO'!BLY1:BMA1","v":0},null,null,null,{"$f":"'[49]1-RESUMO'!BMC1:BME1","v":0},null,null,null,{"$f":"'[49]1-RESUMO'!BMG1:BMI1","v":0},null,null,null,{"$f":"'[49]1-RESUMO'!BMK1:BMM1","v":0},null,null,null,{"$f":"'[49]1-RESUMO'!BMO1:BMQ1","v":0},null,null,null,{"$f":"'[49]1-RESUMO'!BMS1:BMU1","v":0},null,null,null,{"$f":"'[49]1-RESUMO'!BMW1:BMY1","v":0},null,null,null,{"$f":"'[49]1-RESUMO'!BNA1:BNC1","v":0},null,null,null,{"$f":"'[49]1-RESUMO'!BNE1:BNG1","v":0},null,null,null,{"$f":"'[49]1-RESUMO'!BNI1:BNK1","v":0},null,null,null,{"$f":"'[49]1-RESUMO'!BNM1:BNO1","v":0},null,null,null,{"$f":"'[49]1-RESUMO'!BNQ1:BNS1","v":0},null,null,null,{"$f":"'[49]1-RESUMO'!BNU1:BNW1","v":0},null,null,null,{"$f":"'[49]1-RESUMO'!BNY1:BOA1","v":0},null,null,null,{"$f":"'[49]1-RESUMO'!BOC1:BOE1","v":0},null,null,null,{"$f":"'[49]1-RESUMO'!BOG1:BOI1","v":0},null,null,null,{"$f":"'[49]1-RESUMO'!BOK1:BOM1","v":0},null,null,null,{"$f":"'[49]1-RESUMO'!BOO1:BOQ1","v":0},null,null,null,{"$f":"'[49]1-RESUMO'!BOS1:BOU1","v":0},null,null,null,{"$f":"'[49]1-RESUMO'!BOW1:BOY1","v":0},null,null,null,{"$f":"'[49]1-RESUMO'!BPA1:BPC1","v":0},null,null,null,{"$f":"'[49]1-RESUMO'!BPE1:BPG1","v":0},null,null,null,{"$f":"'[49]1-RESUMO'!BPI1:BPK1","v":0},null,null,null,{"$f":"'[49]1-RESUMO'!BPM1:BPO1","v":0},null,null,null,{"$f":"'[49]1-RESUMO'!BPQ1:BPS1","v":0},null,null,null,{"$f":"'[49]1-RESUMO'!BPU1:BPW1","v":0},null,null,null,{"$f":"'[49]1-RESUMO'!BPY1:BQA1","v":0},null,null,null,{"$f":"'[49]1-RESUMO'!BQC1:BQE1","v":0},null,null,null,{"$f":"'[49]1-RESUMO'!BQG1:BQI1","v":0},null,null,null,{"$f":"'[49]1-RESUMO'!BQK1:BQM1","v":0},null,null,null,{"$f":"'[49]1-RESUMO'!BQO1:BQQ1","v":0},null,null,null,{"$f":"'[49]1-RESUMO'!BQS1:BQU1","v":0},null,null,null,{"$f":"'[49]1-RESUMO'!BQW1:BQY1","v":0},null,null,null,{"$f":"'[49]1-RESUMO'!BRA1:BRC1","v":0},null,null,null,{"$f":"'[49]1-RESUMO'!BRE1:BRG1","v":0},null,null,null,{"$f":"'[49]1-RESUMO'!BRI1:BRK1","v":0},null,null,null,{"$f":"'[49]1-RESUMO'!BRM1:BRO1","v":0},null,null,null,{"$f":"'[49]1-RESUMO'!BRQ1:BRS1","v":0},null,null,null,{"$f":"'[49]1-RESUMO'!BRU1:BRW1","v":0},null,null,null,{"$f":"'[49]1-RESUMO'!BRY1:BSA1","v":0},null,null,null,{"$f":"'[49]1-RESUMO'!BSC1:BSE1","v":0},null,null,null,{"$f":"'[49]1-RESUMO'!BSG1:BSI1","v":0},null,null,null,{"$f":"'[49]1-RESUMO'!BSK1:BSM1","v":0},null,null,null,{"$f":"'[49]1-RESUMO'!BSO1:BSQ1","v":0},null,null,null,{"$f":"'[49]1-RESUMO'!BSS1:BSU1","v":0},null,null,null,{"$f":"'[49]1-RESUMO'!BSW1:BSY1","v":0},null,null,null,{"$f":"'[49]1-RESUMO'!BTA1:BTC1","v":0},null,null,null,{"$f":"'[49]1-RESUMO'!BTE1:BTG1","v":0},null,null,null,{"$f":"'[49]1-RESUMO'!BTI1:BTK1","v":0},null,null,null,{"$f":"'[49]1-RESUMO'!BTM1:BTO1","v":0},null,null,null,{"$f":"'[49]1-RESUMO'!BTQ1:BTS1","v":0},null,null,null,{"$f":"'[49]1-RESUMO'!BTU1:BTW1","v":0},null,null,null,{"$f":"'[49]1-RESUMO'!BTY1:BUA1","v":0},null,null,null,{"$f":"'[49]1-RESUMO'!BUC1:BUE1","v":0},null,null,null,{"$f":"'[49]1-RESUMO'!BUG1:BUI1","v":0},null,null,null,{"$f":"'[49]1-RESUMO'!BUK1:BUM1","v":0},null,null,null,{"$f":"'[49]1-RESUMO'!BUO1:BUQ1","v":0},null,null,null,{"$f":"'[49]1-RESUMO'!BUS1:BUU1","v":0},null,null,null,{"$f":"'[49]1-RESUMO'!BUW1:BUY1","v":0},null,null,null,{"$f":"'[49]1-RESUMO'!BVA1:BVC1","v":0},null,null,null,{"$f":"'[49]1-RESUMO'!BVE1:BVG1","v":0},null,null,null,{"$f":"'[49]1-RESUMO'!BVI1:BVK1","v":0},null,null,null,{"$f":"'[49]1-RESUMO'!BVM1:BVO1","v":0},null,null,null,{"$f":"'[49]1-RESUMO'!BVQ1:BVS1","v":0},null,null,null,{"$f":"'[49]1-RESUMO'!BVU1:BVW1","v":0},null,null,null,{"$f":"'[49]1-RESUMO'!BVY1:BWA1","v":0},null,null,null,{"$f":"'[49]1-RESUMO'!BWC1:BWE1","v":0},null,null,null,{"$f":"'[49]1-RESUMO'!BWG1:BWI1","v":0},null,null,null,{"$f":"'[49]1-RESUMO'!BWK1:BWM1","v":0},null,null,null,{"$f":"'[49]1-RESUMO'!BWO1:BWQ1","v":0},null,null,null,{"$f":"'[49]1-RESUMO'!BWS1:BWU1","v":0},null,null,null,{"$f":"'[49]1-RESUMO'!BWW1:BWY1","v":0},null,null,null,{"$f":"'[49]1-RESUMO'!BXA1:BXC1","v":0},null,null,null,{"$f":"'[49]1-RESUMO'!BXE1:BXG1","v":0},null,null,null,{"$f":"'[49]1-RESUMO'!BXI1:BXK1","v":0},null,null,null,{"$f":"'[49]1-RESUMO'!BXM1:BXO1","v":0},null,null,null,{"$f":"'[49]1-RESUMO'!BXQ1:BXS1","v":0},null,null,null,{"$f":"'[49]1-RESUMO'!BXU1:BXW1","v":0},null,null,null,{"$f":"'[49]1-RESUMO'!BXY1:BYA1","v":0},null,null,null,{"$f":"'[49]1-RESUMO'!BYC1:BYE1","v":0},null,null,null,{"$f":"'[49]1-RESUMO'!BYG1:BYI1","v":0},null,null,null,{"$f":"'[49]1-RESUMO'!BYK1:BYM1","v":0},null,null,null,{"$f":"'[49]1-RESUMO'!BYO1:BYQ1","v":0},null,null,null,{"$f":"'[49]1-RESUMO'!BYS1:BYU1","v":0},null,null,null,{"$f":"'[49]1-RESUMO'!BYW1:BYY1","v":0},null,null,null,{"$f":"'[49]1-RESUMO'!BZA1:BZC1","v":0},null,null,null,{"$f":"'[49]1-RESUMO'!BZE1:BZG1","v":0},null,null,null,{"$f":"'[49]1-RESUMO'!BZI1:BZK1","v":0},null,null,null,{"$f":"'[49]1-RESUMO'!BZM1:BZO1","v":0},null,null,null,{"$f":"'[49]1-RESUMO'!BZQ1:BZS1","v":0},null,null,null,{"$f":"'[49]1-RESUMO'!BZU1:BZW1","v":0},null,null,null,{"$f":"'[49]1-RESUMO'!BZY1:CAA1","v":0},null,null,null,{"$f":"'[49]1-RESUMO'!CAC1:CAE1","v":0},null,null,null,{"$f":"'[49]1-RESUMO'!CAG1:CAI1","v":0},null,null,null,{"$f":"'[49]1-RESUMO'!CAK1:CAM1","v":0},null,null,null,{"$f":"'[49]1-RESUMO'!CAO1:CAQ1","v":0},null,null,null,{"$f":"'[49]1-RESUMO'!CAS1:CAU1","v":0},null,null,null,{"$f":"'[49]1-RESUMO'!CAW1:CAY1","v":0},null,null,null,{"$f":"'[49]1-RESUMO'!CBA1:CBC1","v":0},null,null,null,{"$f":"'[49]1-RESUMO'!CBE1:CBG1","v":0},null,null,null,{"$f":"'[49]1-RESUMO'!CBI1:CBK1","v":0},null,null,null,{"$f":"'[49]1-RESUMO'!CBM1:CBO1","v":0},null,null,null,{"$f":"'[49]1-RESUMO'!CBQ1:CBS1","v":0},null,null,null,{"$f":"'[49]1-RESUMO'!CBU1:CBW1","v":0},null,null,null,{"$f":"'[49]1-RESUMO'!CBY1:CCA1","v":0},null,null,null,{"$f":"'[49]1-RESUMO'!CCC1:CCE1","v":0},null,null,null,{"$f":"'[49]1-RESUMO'!CCG1:CCI1","v":0},null,null,null,{"$f":"'[49]1-RESUMO'!CCK1:CCM1","v":0},null,null,null,{"$f":"'[49]1-RESUMO'!CCO1:CCQ1","v":0},null,null,null,{"$f":"'[49]1-RESUMO'!CCS1:CCU1","v":0},null,null,null,{"$f":"'[49]1-RESUMO'!CCW1:CCY1","v":0},null,null,null,{"$f":"'[49]1-RESUMO'!CDA1:CDC1","v":0},null,null,null,{"$f":"'[49]1-RESUMO'!CDE1:CDG1","v":0},null,null,null,{"$f":"'[49]1-RESUMO'!CDI1:CDK1","v":0},null,null,null,{"$f":"'[49]1-RESUMO'!CDM1:CDO1","v":0},null,null,null,{"$f":"'[49]1-RESUMO'!CDQ1:CDS1","v":0},null,null,null,{"$f":"'[49]1-RESUMO'!CDU1:CDW1","v":0},null,null,null,{"$f":"'[49]1-RESUMO'!CDY1:CEA1","v":0},null,null,null,{"$f":"'[49]1-RESUMO'!CEC1:CEE1","v":0},null,null,null,{"$f":"'[49]1-RESUMO'!CEG1:CEI1","v":0},null,null,null,{"$f":"'[49]1-RESUMO'!CEK1:CEM1","v":0},null,null,null,{"$f":"'[49]1-RESUMO'!CEO1:CEQ1","v":0},null,null,null,{"$f":"'[49]1-RESUMO'!CES1:CEU1","v":0},null,null,null,{"$f":"'[49]1-RESUMO'!CEW1:CEY1","v":0},null,null,null,{"$f":"'[49]1-RESUMO'!CFA1:CFC1","v":0},null,null,null,{"$f":"'[49]1-RESUMO'!CFE1:CFG1","v":0},null,null,null,{"$f":"'[49]1-RESUMO'!CFI1:CFK1","v":0},null,null,null,{"$f":"'[49]1-RESUMO'!CFM1:CFO1","v":0},null,null,null,{"$f":"'[49]1-RESUMO'!CFQ1:CFS1","v":0},null,null,null,{"$f":"'[49]1-RESUMO'!CFU1:CFW1","v":0},null,null,null,{"$f":"'[49]1-RESUMO'!CFY1:CGA1","v":0},null,null,null,{"$f":"'[49]1-RESUMO'!CGC1:CGE1","v":0},null,null,null,{"$f":"'[49]1-RESUMO'!CGG1:CGI1","v":0},null,null,null,{"$f":"'[49]1-RESUMO'!CGK1:CGM1","v":0},null,null,null,{"$f":"'[49]1-RESUMO'!CGO1:CGQ1","v":0},null,null,null,{"$f":"'[49]1-RESUMO'!CGS1:CGU1","v":0},null,null,null,{"$f":"'[49]1-RESUMO'!CGW1:CGY1","v":0},null,null,null,{"$f":"'[49]1-RESUMO'!CHA1:CHC1","v":0},null,null,null,{"$f":"'[49]1-RESUMO'!CHE1:CHG1","v":0},null,null,null,{"$f":"'[49]1-RESUMO'!CHI1:CHK1","v":0},null,null,null,{"$f":"'[49]1-RESUMO'!CHM1:CHO1","v":0},null,null,null,{"$f":"'[49]1-RESUMO'!CHQ1:CHS1","v":0},null,null,null,{"$f":"'[49]1-RESUMO'!CHU1:CHW1","v":0},null,null,null,{"$f":"'[49]1-RESUMO'!CHY1:CIA1","v":0},null,null,null,{"$f":"'[49]1-RESUMO'!CIC1:CIE1","v":0},null,null,null,{"$f":"'[49]1-RESUMO'!CIG1:CII1","v":0},null,null,null,{"$f":"'[49]1-RESUMO'!CIK1:CIM1","v":0},null,null,null,{"$f":"'[49]1-RESUMO'!CIO1:CIQ1","v":0},null,null,null,{"$f":"'[49]1-RESUMO'!CIS1:CIU1","v":0},null,null,null,{"$f":"'[49]1-RESUMO'!CIW1:CIY1","v":0},null,null,null,{"$f":"'[49]1-RESUMO'!CJA1:CJC1","v":0},null,null,null,{"$f":"'[49]1-RESUMO'!CJE1:CJG1","v":0},null,null,null,{"$f":"'[49]1-RESUMO'!CJI1:CJK1","v":0},null,null,null,{"$f":"'[49]1-RESUMO'!CJM1:CJO1","v":0},null,null,null,{"$f":"'[49]1-RESUMO'!CJQ1:CJS1","v":0},null,null,null,{"$f":"'[49]1-RESUMO'!CJU1:CJW1","v":0},null,null,null,{"$f":"'[49]1-RESUMO'!CJY1:CKA1","v":0},null,null,null,{"$f":"'[49]1-RESUMO'!CKC1:CKE1","v":0},null,null,null,{"$f":"'[49]1-RESUMO'!CKG1:CKI1","v":0},null,null,null,{"$f":"'[49]1-RESUMO'!CKK1:CKM1","v":0},null,null,null,{"$f":"'[49]1-RESUMO'!CKO1:CKQ1","v":0},null,null,null,{"$f":"'[49]1-RESUMO'!CKS1:CKU1","v":0},null,null,null,{"$f":"'[49]1-RESUMO'!CKW1:CKY1","v":0},null,null,null,{"$f":"'[49]1-RESUMO'!CLA1:CLC1","v":0},null,null,null,{"$f":"'[49]1-RESUMO'!CLE1:CLG1","v":0},null,null,null,{"$f":"'[49]1-RESUMO'!CLI1:CLK1","v":0},null,null,null,{"$f":"'[49]1-RESUMO'!CLM1:CLO1","v":0},null,null,null,{"$f":"'[49]1-RESUMO'!CLQ1:CLS1","v":0},null,null,null,{"$f":"'[49]1-RESUMO'!CLU1:CLW1","v":0},null,null,null,{"$f":"'[49]1-RESUMO'!CLY1:CMA1","v":0},null,null,null,{"$f":"'[49]1-RESUMO'!CMC1:CME1","v":0},null,null,null,{"$f":"'[49]1-RESUMO'!CMG1:CMI1","v":0},null,null,null,{"$f":"'[49]1-RESUMO'!CMK1:CMM1","v":0},null,null,null,{"$f":"'[49]1-RESUMO'!CMO1:CMQ1","v":0},null,null,null,{"$f":"'[49]1-RESUMO'!CMS1:CMU1","v":0},null,null,null,{"$f":"'[49]1-RESUMO'!CMW1:CMY1","v":0},null,null,null,{"$f":"'[49]1-RESUMO'!CNA1:CNC1","v":0},null,null,null,{"$f":"'[49]1-RESUMO'!CNE1:CNG1","v":0},null,null,null,{"$f":"'[49]1-RESUMO'!CNI1:CNK1","v":0},null,null,null,{"$f":"'[49]1-RESUMO'!CNM1:CNO1","v":0},null,null,null,{"$f":"'[49]1-RESUMO'!CNQ1:CNS1","v":0},null,null,null,{"$f":"'[49]1-RESUMO'!CNU1:CNW1","v":0},null,null,null,{"$f":"'[49]1-RESUMO'!CNY1:COA1","v":0},null,null,null,{"$f":"'[49]1-RESUMO'!COC1:COE1","v":0},null,null,null,{"$f":"'[49]1-RESUMO'!COG1:COI1","v":0},null,null,null,{"$f":"'[49]1-RESUMO'!COK1:COM1","v":0},null,null,null,{"$f":"'[49]1-RESUMO'!COO1:COQ1","v":0},null,null,null,{"$f":"'[49]1-RESUMO'!COS1:COU1","v":0},null,null,null,{"$f":"'[49]1-RESUMO'!COW1:COY1","v":0},null,null,null,{"$f":"'[49]1-RESUMO'!CPA1:CPC1","v":0},null,null,null,{"$f":"'[49]1-RESUMO'!CPE1:CPG1","v":0},null,null,null,{"$f":"'[49]1-RESUMO'!CPI1:CPK1","v":0},null,null,null,{"$f":"'[49]1-RESUMO'!CPM1:CPO1","v":0},null,null,null,{"$f":"'[49]1-RESUMO'!CPQ1:CPS1","v":0},null,null,null,{"$f":"'[49]1-RESUMO'!CPU1:CPW1","v":0},null,null,null,{"$f":"'[49]1-RESUMO'!CPY1:CQA1","v":0},null,null,null,{"$f":"'[49]1-RESUMO'!CQC1:CQE1","v":0},null,null,null,{"$f":"'[49]1-RESUMO'!CQG1:CQI1","v":0},null,null,null,{"$f":"'[49]1-RESUMO'!CQK1:CQM1","v":0},null,null,null,{"$f":"'[49]1-RESUMO'!CQO1:CQQ1","v":0},null,null,null,{"$f":"'[49]1-RESUMO'!CQS1:CQU1","v":0},null,null,null,{"$f":"'[49]1-RESUMO'!CQW1:CQY1","v":0},null,null,null,{"$f":"'[49]1-RESUMO'!CRA1:CRC1","v":0},null,null,null,{"$f":"'[49]1-RESUMO'!CRE1:CRG1","v":0},null,null,null,{"$f":"'[49]1-RESUMO'!CRI1:CRK1","v":0},null,null,null,{"$f":"'[49]1-RESUMO'!CRM1:CRO1","v":0},null,null,null,{"$f":"'[49]1-RESUMO'!CRQ1:CRS1","v":0},null,null,null,{"$f":"'[49]1-RESUMO'!CRU1:CRW1","v":0},null,null,null,{"$f":"'[49]1-RESUMO'!CRY1:CSA1","v":0},null,null,null,{"$f":"'[49]1-RESUMO'!CSC1:CSE1","v":0},null,null,null,{"$f":"'[49]1-RESUMO'!CSG1:CSI1","v":0},null,null,null,{"$f":"'[49]1-RESUMO'!CSK1:CSM1","v":0},null,null,null,{"$f":"'[49]1-RESUMO'!CSO1:CSQ1","v":0},null,null,null,{"$f":"'[49]1-RESUMO'!CSS1:CSU1","v":0},null,null,null,{"$f":"'[49]1-RESUMO'!CSW1:CSY1","v":0},null,null,null,{"$f":"'[49]1-RESUMO'!CTA1:CTC1","v":0},null,null,null,{"$f":"'[49]1-RESUMO'!CTE1:CTG1","v":0},null,null,null,{"$f":"'[49]1-RESUMO'!CTI1:CTK1","v":0},null,null,null,{"$f":"'[49]1-RESUMO'!CTM1:CTO1","v":0},null,null,null,{"$f":"'[49]1-RESUMO'!CTQ1:CTS1","v":0},null,null,null,{"$f":"'[49]1-RESUMO'!CTU1:CTW1","v":0},null,null,null,{"$f":"'[49]1-RESUMO'!CTY1:CUA1","v":0},null,null,null,{"$f":"'[49]1-RESUMO'!CUC1:CUE1","v":0},null,null,null,{"$f":"'[49]1-RESUMO'!CUG1:CUI1","v":0},null,null,null,{"$f":"'[49]1-RESUMO'!CUK1:CUM1","v":0},null,null,null,{"$f":"'[49]1-RESUMO'!CUO1:CUQ1","v":0},null,null,null,{"$f":"'[49]1-RESUMO'!CUS1:CUU1","v":0},null,null,null,{"$f":"'[49]1-RESUMO'!CUW1:CUY1","v":0},null,null,null,{"$f":"'[49]1-RESUMO'!CVA1:CVC1","v":0},null,null,null,{"$f":"'[49]1-RESUMO'!CVE1:CVG1","v":0},null,null,null,{"$f":"'[49]1-RESUMO'!CVI1:CVK1","v":0},null,null,null,{"$f":"'[49]1-RESUMO'!CVM1:CVO1","v":0},null,null,null,{"$f":"'[49]1-RESUMO'!CVQ1:CVS1","v":0},null,null,null,{"$f":"'[49]1-RESUMO'!CVU1:CVW1","v":0},null,null,null,{"$f":"'[49]1-RESUMO'!CVY1:CWA1","v":0},null,null,null,{"$f":"'[49]1-RESUMO'!CWC1:CWE1","v":0},null,null,null,{"$f":"'[49]1-RESUMO'!CWG1:CWI1","v":0},null,null,null,{"$f":"'[49]1-RESUMO'!CWK1:CWM1","v":0},null,null,null,{"$f":"'[49]1-RESUMO'!CWO1:CWQ1","v":0},null,null,null,{"$f":"'[49]1-RESUMO'!CWS1:CWU1","v":0},null,null,null,{"$f":"'[49]1-RESUMO'!CWW1:CWY1","v":0},null,null,null,{"$f":"'[49]1-RESUMO'!CXA1:CXC1","v":0},null,null,null,{"$f":"'[49]1-RESUMO'!CXE1:CXG1","v":0},null,null,null,{"$f":"'[49]1-RESUMO'!CXI1:CXK1","v":0},null,null,null,{"$f":"'[49]1-RESUMO'!CXM1:CXO1","v":0},null,null,null,{"$f":"'[49]1-RESUMO'!CXQ1:CXS1","v":0},null,null,null,{"$f":"'[49]1-RESUMO'!CXU1:CXW1","v":0},null,null,null,{"$f":"'[49]1-RESUMO'!CXY1:CYA1","v":0},null,null,null,{"$f":"'[49]1-RESUMO'!CYC1:CYE1","v":0},null,null,null,{"$f":"'[49]1-RESUMO'!CYG1:CYI1","v":0},null,null,null,{"$f":"'[49]1-RESUMO'!CYK1:CYM1","v":0},null,null,null,{"$f":"'[49]1-RESUMO'!CYO1:CYQ1","v":0},null,null,null,{"$f":"'[49]1-RESUMO'!CYS1:CYU1","v":0},null,null,null,{"$f":"'[49]1-RESUMO'!CYW1:CYY1","v":0},null,null,null,{"$f":"'[49]1-RESUMO'!CZA1:CZC1","v":0},null,null,null,{"$f":"'[49]1-RESUMO'!CZE1:CZG1","v":0},null,null,null,{"$f":"'[49]1-RESUMO'!CZI1:CZK1","v":0},null,null,null,{"$f":"'[49]1-RESUMO'!CZM1:CZO1","v":0},null,null,null,{"$f":"'[49]1-RESUMO'!CZQ1:CZS1","v":0},null,null,null,{"$f":"'[49]1-RESUMO'!CZU1:CZW1","v":0},null,null,null,{"$f":"'[49]1-RESUMO'!CZY1:DAA1","v":0},null,null,null,{"$f":"'[49]1-RESUMO'!DAC1:DAE1","v":0},null,null,null,{"$f":"'[49]1-RESUMO'!DAG1:DAI1","v":0},null,null,null,{"$f":"'[49]1-RESUMO'!DAK1:DAM1","v":0},null,null,null,{"$f":"'[49]1-RESUMO'!DAO1:DAQ1","v":0},null,null,null,{"$f":"'[49]1-RESUMO'!DAS1:DAU1","v":0},null,null,null,{"$f":"'[49]1-RESUMO'!DAW1:DAY1","v":0},null,null,null,{"$f":"'[49]1-RESUMO'!DBA1:DBC1","v":0},null,null,null,{"$f":"'[49]1-RESUMO'!DBE1:DBG1","v":0},null,null,null,{"$f":"'[49]1-RESUMO'!DBI1:DBK1","v":0},null,null,null,{"$f":"'[49]1-RESUMO'!DBM1:DBO1","v":0},null,null,null,{"$f":"'[49]1-RESUMO'!DBQ1:DBS1","v":0},null,null,null,{"$f":"'[49]1-RESUMO'!DBU1:DBW1","v":0},null,null,null,{"$f":"'[49]1-RESUMO'!DBY1:DCA1","v":0},null,null,null,{"$f":"'[49]1-RESUMO'!DCC1:DCE1","v":0},null,null,null,{"$f":"'[49]1-RESUMO'!DCG1:DCI1","v":0},null,null,null,{"$f":"'[49]1-RESUMO'!DCK1:DCM1","v":0},null,null,null,{"$f":"'[49]1-RESUMO'!DCO1:DCQ1","v":0},null,null,null,{"$f":"'[49]1-RESUMO'!DCS1:DCU1","v":0},null,null,null,{"$f":"'[49]1-RESUMO'!DCW1:DCY1","v":0},null,null,null,{"$f":"'[49]1-RESUMO'!DDA1:DDC1","v":0},null,null,null,{"$f":"'[49]1-RESUMO'!DDE1:DDG1","v":0},null,null,null,{"$f":"'[49]1-RESUMO'!DDI1:DDK1","v":0},null,null,null,{"$f":"'[49]1-RESUMO'!DDM1:DDO1","v":0},null,null,null,{"$f":"'[49]1-RESUMO'!DDQ1:DDS1","v":0},null,null,null,{"$f":"'[49]1-RESUMO'!DDU1:DDW1","v":0},null,null,null,{"$f":"'[49]1-RESUMO'!DDY1:DEA1","v":0},null,null,null,{"$f":"'[49]1-RESUMO'!DEC1:DEE1","v":0},null,null,null,{"$f":"'[49]1-RESUMO'!DEG1:DEI1","v":0},null,null,null,{"$f":"'[49]1-RESUMO'!DEK1:DEM1","v":0},null,null,null,{"$f":"'[49]1-RESUMO'!DEO1:DEQ1","v":0},null,null,null,{"$f":"'[49]1-RESUMO'!DES1:DEU1","v":0},null,null,null,{"$f":"'[49]1-RESUMO'!DEW1:DEY1","v":0},null,null,null,{"$f":"'[49]1-RESUMO'!DFA1:DFC1","v":0},null,null,null,{"$f":"'[49]1-RESUMO'!DFE1:DFG1","v":0},null,null,null,{"$f":"'[49]1-RESUMO'!DFI1:DFK1","v":0},null,null,null,{"$f":"'[49]1-RESUMO'!DFM1:DFO1","v":0},null,null,null,{"$f":"'[49]1-RESUMO'!DFQ1:DFS1","v":0},null,null,null,{"$f":"'[49]1-RESUMO'!DFU1:DFW1","v":0},null,null,null,{"$f":"'[49]1-RESUMO'!DFY1:DGA1","v":0},null,null,null,{"$f":"'[49]1-RESUMO'!DGC1:DGE1","v":0},null,null,null,{"$f":"'[49]1-RESUMO'!DGG1:DGI1","v":0},null,null,null,{"$f":"'[49]1-RESUMO'!DGK1:DGM1","v":0},null,null,null,{"$f":"'[49]1-RESUMO'!DGO1:DGQ1","v":0},null,null,null,{"$f":"'[49]1-RESUMO'!DGS1:DGU1","v":0},null,null,null,{"$f":"'[49]1-RESUMO'!DGW1:DGY1","v":0},null,null,null,{"$f":"'[49]1-RESUMO'!DHA1:DHC1","v":0},null,null,null,{"$f":"'[49]1-RESUMO'!DHE1:DHG1","v":0},null,null,null,{"$f":"'[49]1-RESUMO'!DHI1:DHK1","v":0},null,null,null,{"$f":"'[49]1-RESUMO'!DHM1:DHO1","v":0},null,null,null,{"$f":"'[49]1-RESUMO'!DHQ1:DHS1","v":0},null,null,null,{"$f":"'[49]1-RESUMO'!DHU1:DHW1","v":0},null,null,null,{"$f":"'[49]1-RESUMO'!DHY1:DIA1","v":0},null,null,null,{"$f":"'[49]1-RESUMO'!DIC1:DIE1","v":0},null,null,null,{"$f":"'[49]1-RESUMO'!DIG1:DII1","v":0},null,null,null,{"$f":"'[49]1-RESUMO'!DIK1:DIM1","v":0},null,null,null,{"$f":"'[49]1-RESUMO'!DIO1:DIQ1","v":0},null,null,null,{"$f":"'[49]1-RESUMO'!DIS1:DIU1","v":0},null,null,null,{"$f":"'[49]1-RESUMO'!DIW1:DIY1","v":0},null,null,null,{"$f":"'[49]1-RESUMO'!DJA1:DJC1","v":0},null,null,null,{"$f":"'[49]1-RESUMO'!DJE1:DJG1","v":0},null,null,null,{"$f":"'[49]1-RESUMO'!DJI1:DJK1","v":0},null,null,null,{"$f":"'[49]1-RESUMO'!DJM1:DJO1","v":0},null,null,null,{"$f":"'[49]1-RESUMO'!DJQ1:DJS1","v":0},null,null,null,{"$f":"'[49]1-RESUMO'!DJU1:DJW1","v":0},null,null,null,{"$f":"'[49]1-RESUMO'!DJY1:DKA1","v":0},null,null,null,{"$f":"'[49]1-RESUMO'!DKC1:DKE1","v":0},null,null,null,{"$f":"'[49]1-RESUMO'!DKG1:DKI1","v":0},null,null,null,{"$f":"'[49]1-RESUMO'!DKK1:DKM1","v":0},null,null,null,{"$f":"'[49]1-RESUMO'!DKO1:DKQ1","v":0},null,null,null,{"$f":"'[49]1-RESUMO'!DKS1:DKU1","v":0},null,null,null,{"$f":"'[49]1-RESUMO'!DKW1:DKY1","v":0},null,null,null,{"$f":"'[49]1-RESUMO'!DLA1:DLC1","v":0},null,null,null,{"$f":"'[49]1-RESUMO'!DLE1:DLG1","v":0},null,null,null,{"$f":"'[49]1-RESUMO'!DLI1:DLK1","v":0},null,null,null,{"$f":"'[49]1-RESUMO'!DLM1:DLO1","v":0},null,null,null,{"$f":"'[49]1-RESUMO'!DLQ1:DLS1","v":0},null,null,null,{"$f":"'[49]1-RESUMO'!DLU1:DLW1","v":0},null,null,null,{"$f":"'[49]1-RESUMO'!DLY1:DMA1","v":0},null,null,null,{"$f":"'[49]1-RESUMO'!DMC1:DME1","v":0},null,null,null,{"$f":"'[49]1-RESUMO'!DMG1:DMI1","v":0},null,null,null,{"$f":"'[49]1-RESUMO'!DMK1:DMM1","v":0},null,null,null,{"$f":"'[49]1-RESUMO'!DMO1:DMQ1","v":0},null,null,null,{"$f":"'[49]1-RESUMO'!DMS1:DMU1","v":0},null,null,null,{"$f":"'[49]1-RESUMO'!DMW1:DMY1","v":0},null,null,null,{"$f":"'[49]1-RESUMO'!DNA1:DNC1","v":0},null,null,null,{"$f":"'[49]1-RESUMO'!DNE1:DNG1","v":0},null,null,null,{"$f":"'[49]1-RESUMO'!DNI1:DNK1","v":0},null,null,null,{"$f":"'[49]1-RESUMO'!DNM1:DNO1","v":0},null,null,null,{"$f":"'[49]1-RESUMO'!DNQ1:DNS1","v":0},null,null,null,{"$f":"'[49]1-RESUMO'!DNU1:DNW1","v":0},null,null,null,{"$f":"'[49]1-RESUMO'!DNY1:DOA1","v":0},null,null,null,{"$f":"'[49]1-RESUMO'!DOC1:DOE1","v":0},null,null,null,{"$f":"'[49]1-RESUMO'!DOG1:DOI1","v":0},null,null,null,{"$f":"'[49]1-RESUMO'!DOK1:DOM1","v":0},null,null,null,{"$f":"'[49]1-RESUMO'!DOO1:DOQ1","v":0},null,null,null,{"$f":"'[49]1-RESUMO'!DOS1:DOU1","v":0},null,null,null,{"$f":"'[49]1-RESUMO'!DOW1:DOY1","v":0},null,null,null,{"$f":"'[49]1-RESUMO'!DPA1:DPC1","v":0},null,null,null,{"$f":"'[49]1-RESUMO'!DPE1:DPG1","v":0},null,null,null,{"$f":"'[49]1-RESUMO'!DPI1:DPK1","v":0},null,null,null,{"$f":"'[49]1-RESUMO'!DPM1:DPO1","v":0},null,null,null,{"$f":"'[49]1-RESUMO'!DPQ1:DPS1","v":0},null,null,null,{"$f":"'[49]1-RESUMO'!DPU1:DPW1","v":0},null,null,null,{"$f":"'[49]1-RESUMO'!DPY1:DQA1","v":0},null,null,null,{"$f":"'[49]1-RESUMO'!DQC1:DQE1","v":0},null,null,null,{"$f":"'[49]1-RESUMO'!DQG1:DQI1","v":0},null,null,null,{"$f":"'[49]1-RESUMO'!DQK1:DQM1","v":0},null,null,null,{"$f":"'[49]1-RESUMO'!DQO1:DQQ1","v":0},null,null,null,{"$f":"'[49]1-RESUMO'!DQS1:DQU1","v":0},null,null,null,{"$f":"'[49]1-RESUMO'!DQW1:DQY1","v":0},null,null,null,{"$f":"'[49]1-RESUMO'!DRA1:DRC1","v":0},null,null,null,{"$f":"'[49]1-RESUMO'!DRE1:DRG1","v":0},null,null,null,{"$f":"'[49]1-RESUMO'!DRI1:DRK1","v":0},null,null,null,{"$f":"'[49]1-RESUMO'!DRM1:DRO1","v":0},null,null,null,{"$f":"'[49]1-RESUMO'!DRQ1:DRS1","v":0},null,null,null,{"$f":"'[49]1-RESUMO'!DRU1:DRW1","v":0},null,null,null,{"$f":"'[49]1-RESUMO'!DRY1:DSA1","v":0},null,null,null,{"$f":"'[49]1-RESUMO'!DSC1:DSE1","v":0},null,null,null,{"$f":"'[49]1-RESUMO'!DSG1:DSI1","v":0},null,null,null,{"$f":"'[49]1-RESUMO'!DSK1:DSM1","v":0},null,null,null,{"$f":"'[49]1-RESUMO'!DSO1:DSQ1","v":0},null,null,null,{"$f":"'[49]1-RESUMO'!DSS1:DSU1","v":0},null,null,null,{"$f":"'[49]1-RESUMO'!DSW1:DSY1","v":0},null,null,null,{"$f":"'[49]1-RESUMO'!DTA1:DTC1","v":0},null,null,null,{"$f":"'[49]1-RESUMO'!DTE1:DTG1","v":0},null,null,null,{"$f":"'[49]1-RESUMO'!DTI1:DTK1","v":0},null,null,null,{"$f":"'[49]1-RESUMO'!DTM1:DTO1","v":0},null,null,null,{"$f":"'[49]1-RESUMO'!DTQ1:DTS1","v":0},null,null,null,{"$f":"'[49]1-RESUMO'!DTU1:DTW1","v":0},null,null,null,{"$f":"'[49]1-RESUMO'!DTY1:DUA1","v":0},null,null,null,{"$f":"'[49]1-RESUMO'!DUC1:DUE1","v":0},null,null,null,{"$f":"'[49]1-RESUMO'!DUG1:DUI1","v":0},null,null,null,{"$f":"'[49]1-RESUMO'!DUK1:DUM1","v":0},null,null,null,{"$f":"'[49]1-RESUMO'!DUO1:DUQ1","v":0},null,null,null,{"$f":"'[49]1-RESUMO'!DUS1:DUU1","v":0},null,null,null,{"$f":"'[49]1-RESUMO'!DUW1:DUY1","v":0},null,null,null,{"$f":"'[49]1-RESUMO'!DVA1:DVC1","v":0},null,null,null,{"$f":"'[49]1-RESUMO'!DVE1:DVG1","v":0},null,null,null,{"$f":"'[49]1-RESUMO'!DVI1:DVK1","v":0},null,null,null,{"$f":"'[49]1-RESUMO'!DVM1:DVO1","v":0},null,null,null,{"$f":"'[49]1-RESUMO'!DVQ1:DVS1","v":0},null,null,null,{"$f":"'[49]1-RESUMO'!DVU1:DVW1","v":0},null,null,null,{"$f":"'[49]1-RESUMO'!DVY1:DWA1","v":0},null,null,null,{"$f":"'[49]1-RESUMO'!DWC1:DWE1","v":0},null,null,null,{"$f":"'[49]1-RESUMO'!DWG1:DWI1","v":0},null,null,null,{"$f":"'[49]1-RESUMO'!DWK1:DWM1","v":0},null,null,null,{"$f":"'[49]1-RESUMO'!DWO1:DWQ1","v":0},null,null,null,{"$f":"'[49]1-RESUMO'!DWS1:DWU1","v":0},null,null,null,{"$f":"'[49]1-RESUMO'!DWW1:DWY1","v":0},null,null,null,{"$f":"'[49]1-RESUMO'!DXA1:DXC1","v":0},null,null,null,{"$f":"'[49]1-RESUMO'!DXE1:DXG1","v":0},null,null,null,{"$f":"'[49]1-RESUMO'!DXI1:DXK1","v":0},null,null,null,{"$f":"'[49]1-RESUMO'!DXM1:DXO1","v":0},null,null,null,{"$f":"'[49]1-RESUMO'!DXQ1:DXS1","v":0},null,null,null,{"$f":"'[49]1-RESUMO'!DXU1:DXW1","v":0},null,null,null,{"$f":"'[49]1-RESUMO'!DXY1:DYA1","v":0},null,null,null,{"$f":"'[49]1-RESUMO'!DYC1:DYE1","v":0},null,null,null,{"$f":"'[49]1-RESUMO'!DYG1:DYI1","v":0},null,null,null,{"$f":"'[49]1-RESUMO'!DYK1:DYM1","v":0},null,null,null,{"$f":"'[49]1-RESUMO'!DYO1:DYQ1","v":0},null,null,null,{"$f":"'[49]1-RESUMO'!DYS1:DYU1","v":0},null,null,null,{"$f":"'[49]1-RESUMO'!DYW1:DYY1","v":0},null,null,null,{"$f":"'[49]1-RESUMO'!DZA1:DZC1","v":0},null,null,null,{"$f":"'[49]1-RESUMO'!DZE1:DZG1","v":0},null,null,null,{"$f":"'[49]1-RESUMO'!DZI1:DZK1","v":0},null,null,null,{"$f":"'[49]1-RESUMO'!DZM1:DZO1","v":0},null,null,null,{"$f":"'[49]1-RESUMO'!DZQ1:DZS1","v":0},null,null,null,{"$f":"'[49]1-RESUMO'!DZU1:DZW1","v":0},null,null,null,{"$f":"'[49]1-RESUMO'!DZY1:EAA1","v":0},null,null,null,{"$f":"'[49]1-RESUMO'!EAC1:EAE1","v":0},null,null,null,{"$f":"'[49]1-RESUMO'!EAG1:EAI1","v":0},null,null,null,{"$f":"'[49]1-RESUMO'!EAK1:EAM1","v":0},null,null,null,{"$f":"'[49]1-RESUMO'!EAO1:EAQ1","v":0},null,null,null,{"$f":"'[49]1-RESUMO'!EAS1:EAU1","v":0},null,null,null,{"$f":"'[49]1-RESUMO'!EAW1:EAY1","v":0},null,null,null,{"$f":"'[49]1-RESUMO'!EBA1:EBC1","v":0},null,null,null,{"$f":"'[49]1-RESUMO'!EBE1:EBG1","v":0},null,null,null,{"$f":"'[49]1-RESUMO'!EBI1:EBK1","v":0},null,null,null,{"$f":"'[49]1-RESUMO'!EBM1:EBO1","v":0},null,null,null,{"$f":"'[49]1-RESUMO'!EBQ1:EBS1","v":0},null,null,null,{"$f":"'[49]1-RESUMO'!EBU1:EBW1","v":0},null,null,null,{"$f":"'[49]1-RESUMO'!EBY1:ECA1","v":0},null,null,null,{"$f":"'[49]1-RESUMO'!ECC1:ECE1","v":0},null,null,null,{"$f":"'[49]1-RESUMO'!ECG1:ECI1","v":0},null,null,null,{"$f":"'[49]1-RESUMO'!ECK1:ECM1","v":0},null,null,null,{"$f":"'[49]1-RESUMO'!ECO1:ECQ1","v":0},null,null,null,{"$f":"'[49]1-RESUMO'!ECS1:ECU1","v":0},null,null,null,{"$f":"'[49]1-RESUMO'!ECW1:ECY1","v":0},null,null,null,{"$f":"'[49]1-RESUMO'!EDA1:EDC1","v":0},null,null,null,{"$f":"'[49]1-RESUMO'!EDE1:EDG1","v":0},null,null,null,{"$f":"'[49]1-RESUMO'!EDI1:EDK1","v":0},null,null,null,{"$f":"'[49]1-RESUMO'!EDM1:EDO1","v":0},null,null,null,{"$f":"'[49]1-RESUMO'!EDQ1:EDS1","v":0},null,null,null,{"$f":"'[49]1-RESUMO'!EDU1:EDW1","v":0},null,null,null,{"$f":"'[49]1-RESUMO'!EDY1:EEA1","v":0},null,null,null,{"$f":"'[49]1-RESUMO'!EEC1:EEE1","v":0},null,null,null,{"$f":"'[49]1-RESUMO'!EEG1:EEI1","v":0},null,null,null,{"$f":"'[49]1-RESUMO'!EEK1:EEM1","v":0},null,null,null,{"$f":"'[49]1-RESUMO'!EEO1:EEQ1","v":0},null,null,null,{"$f":"'[49]1-RESUMO'!EES1:EEU1","v":0},null,null,null,{"$f":"'[49]1-RESUMO'!EEW1:EEY1","v":0},null,null,null,{"$f":"'[49]1-RESUMO'!EFA1:EFC1","v":0},null,null,null,{"$f":"'[49]1-RESUMO'!EFE1:EFG1","v":0},null,null,null,{"$f":"'[49]1-RESUMO'!EFI1:EFK1","v":0},null,null,null,{"$f":"'[49]1-RESUMO'!EFM1:EFO1","v":0},null,null,null,{"$f":"'[49]1-RESUMO'!EFQ1:EFS1","v":0},null,null,null,{"$f":"'[49]1-RESUMO'!EFU1:EFW1","v":0},null,null,null,{"$f":"'[49]1-RESUMO'!EFY1:EGA1","v":0},null,null,null,{"$f":"'[49]1-RESUMO'!EGC1:EGE1","v":0},null,null,null,{"$f":"'[49]1-RESUMO'!EGG1:EGI1","v":0},null,null,null,{"$f":"'[49]1-RESUMO'!EGK1:EGM1","v":0},null,null,null,{"$f":"'[49]1-RESUMO'!EGO1:EGQ1","v":0},null,null,null,{"$f":"'[49]1-RESUMO'!EGS1:EGU1","v":0},null,null,null,{"$f":"'[49]1-RESUMO'!EGW1:EGY1","v":0},null,null,null,{"$f":"'[49]1-RESUMO'!EHA1:EHC1","v":0},null,null,null,{"$f":"'[49]1-RESUMO'!EHE1:EHG1","v":0},null,null,null,{"$f":"'[49]1-RESUMO'!EHI1:EHK1","v":0},null,null,null,{"$f":"'[49]1-RESUMO'!EHM1:EHO1","v":0},null,null,null,{"$f":"'[49]1-RESUMO'!EHQ1:EHS1","v":0},null,null,null,{"$f":"'[49]1-RESUMO'!EHU1:EHW1","v":0},null,null,null,{"$f":"'[49]1-RESUMO'!EHY1:EIA1","v":0},null,null,null,{"$f":"'[49]1-RESUMO'!EIC1:EIE1","v":0},null,null,null,{"$f":"'[49]1-RESUMO'!EIG1:EII1","v":0},null,null,null,{"$f":"'[49]1-RESUMO'!EIK1:EIM1","v":0},null,null,null,{"$f":"'[49]1-RESUMO'!EIO1:EIQ1","v":0},null,null,null,{"$f":"'[49]1-RESUMO'!EIS1:EIU1","v":0},null,null,null,{"$f":"'[49]1-RESUMO'!EIW1:EIY1","v":0},null,null,null,{"$f":"'[49]1-RESUMO'!EJA1:EJC1","v":0},null,null,null,{"$f":"'[49]1-RESUMO'!EJE1:EJG1","v":0},null,null,null,{"$f":"'[49]1-RESUMO'!EJI1:EJK1","v":0},null,null,null,{"$f":"'[49]1-RESUMO'!EJM1:EJO1","v":0},null,null,null,{"$f":"'[49]1-RESUMO'!EJQ1:EJS1","v":0},null,null,null,{"$f":"'[49]1-RESUMO'!EJU1:EJW1","v":0},null,null,null,{"$f":"'[49]1-RESUMO'!EJY1:EKA1","v":0},null,null,null,{"$f":"'[49]1-RESUMO'!EKC1:EKE1","v":0},null,null,null,{"$f":"'[49]1-RESUMO'!EKG1:EKI1","v":0},null,null,null,{"$f":"'[49]1-RESUMO'!EKK1:EKM1","v":0},null,null,null,{"$f":"'[49]1-RESUMO'!EKO1:EKQ1","v":0},null,null,null,{"$f":"'[49]1-RESUMO'!EKS1:EKU1","v":0},null,null,null,{"$f":"'[49]1-RESUMO'!EKW1:EKY1","v":0},null,null,null,{"$f":"'[49]1-RESUMO'!ELA1:ELC1","v":0},null,null,null,{"$f":"'[49]1-RESUMO'!ELE1:ELG1","v":0},null,null,null,{"$f":"'[49]1-RESUMO'!ELI1:ELK1","v":0},null,null,null,{"$f":"'[49]1-RESUMO'!ELM1:ELO1","v":0},null,null,null,{"$f":"'[49]1-RESUMO'!ELQ1:ELS1","v":0},null,null,null,{"$f":"'[49]1-RESUMO'!ELU1:ELW1","v":0},null,null,null,{"$f":"'[49]1-RESUMO'!ELY1:EMA1","v":0},null,null,null,{"$f":"'[49]1-RESUMO'!EMC1:EME1","v":0},null,null,null,{"$f":"'[49]1-RESUMO'!EMG1:EMI1","v":0},null,null,null,{"$f":"'[49]1-RESUMO'!EMK1:EMM1","v":0},null,null,null,{"$f":"'[49]1-RESUMO'!EMO1:EMQ1","v":0},null,null,null,{"$f":"'[49]1-RESUMO'!EMS1:EMU1","v":0},null,null,null,{"$f":"'[49]1-RESUMO'!EMW1:EMY1","v":0},null,null,null,{"$f":"'[49]1-RESUMO'!ENA1:ENC1","v":0},null,null,null,{"$f":"'[49]1-RESUMO'!ENE1:ENG1","v":0},null,null,null,{"$f":"'[49]1-RESUMO'!ENI1:ENK1","v":0},null,null,null,{"$f":"'[49]1-RESUMO'!ENM1:ENO1","v":0},null,null,null,{"$f":"'[49]1-RESUMO'!ENQ1:ENS1","v":0},null,null,null,{"$f":"'[49]1-RESUMO'!ENU1:ENW1","v":0},null,null,null,{"$f":"'[49]1-RESUMO'!ENY1:EOA1","v":0},null,null,null,{"$f":"'[49]1-RESUMO'!EOC1:EOE1","v":0},null,null,null,{"$f":"'[49]1-RESUMO'!EOG1:EOI1","v":0},null,null,null,{"$f":"'[49]1-RESUMO'!EOK1:EOM1","v":0},null,null,null,{"$f":"'[49]1-RESUMO'!EOO1:EOQ1","v":0},null,null,null,{"$f":"'[49]1-RESUMO'!EOS1:EOU1","v":0},null,null,null,{"$f":"'[49]1-RESUMO'!EOW1:EOY1","v":0},null,null,null,{"$f":"'[49]1-RESUMO'!EPA1:EPC1","v":0},null,null,null,{"$f":"'[49]1-RESUMO'!EPE1:EPG1","v":0},null,null,null,{"$f":"'[49]1-RESUMO'!EPI1:EPK1","v":0},null,null,null,{"$f":"'[49]1-RESUMO'!EPM1:EPO1","v":0},null,null,null,{"$f":"'[49]1-RESUMO'!EPQ1:EPS1","v":0},null,null,null,{"$f":"'[49]1-RESUMO'!EPU1:EPW1","v":0},null,null,null,{"$f":"'[49]1-RESUMO'!EPY1:EQA1","v":0},null,null,null,{"$f":"'[49]1-RESUMO'!EQC1:EQE1","v":0},null,null,null,{"$f":"'[49]1-RESUMO'!EQG1:EQI1","v":0},null,null,null,{"$f":"'[49]1-RESUMO'!EQK1:EQM1","v":0},null,null,null,{"$f":"'[49]1-RESUMO'!EQO1:EQQ1","v":0},null,null,null,{"$f":"'[49]1-RESUMO'!EQS1:EQU1","v":0},null,null,null,{"$f":"'[49]1-RESUMO'!EQW1:EQY1","v":0},null,null,null,{"$f":"'[49]1-RESUMO'!ERA1:ERC1","v":0},null,null,null,{"$f":"'[49]1-RESUMO'!ERE1:ERG1","v":0},null,null,null,{"$f":"'[49]1-RESUMO'!ERI1:ERK1","v":0},null,null,null,{"$f":"'[49]1-RESUMO'!ERM1:ERO1","v":0},null,null,null,{"$f":"'[49]1-RESUMO'!ERQ1:ERS1","v":0},null,null,null,{"$f":"'[49]1-RESUMO'!ERU1:ERW1","v":0},null,null,null,{"$f":"'[49]1-RESUMO'!ERY1:ESA1","v":0},null,null,null,{"$f":"'[49]1-RESUMO'!ESC1:ESE1","v":0},null,null,null,{"$f":"'[49]1-RESUMO'!ESG1:ESI1","v":0},null,null,null,{"$f":"'[49]1-RESUMO'!ESK1:ESM1","v":0},null,null,null,{"$f":"'[49]1-RESUMO'!ESO1:ESQ1","v":0},null,null,null,{"$f":"'[49]1-RESUMO'!ESS1:ESU1","v":0},null,null,null,{"$f":"'[49]1-RESUMO'!ESW1:ESY1","v":0},null,null,null,{"$f":"'[49]1-RESUMO'!ETA1:ETC1","v":0},null,null,null,{"$f":"'[49]1-RESUMO'!ETE1:ETG1","v":0},null,null,null,{"$f":"'[49]1-RESUMO'!ETI1:ETK1","v":0},null,null,null,{"$f":"'[49]1-RESUMO'!ETM1:ETO1","v":0},null,null,null,{"$f":"'[49]1-RESUMO'!ETQ1:ETS1","v":0},null,null,null,{"$f":"'[49]1-RESUMO'!ETU1:ETW1","v":0},null,null,null,{"$f":"'[49]1-RESUMO'!ETY1:EUA1","v":0},null,null,null,{"$f":"'[49]1-RESUMO'!EUC1:EUE1","v":0},null,null,null,{"$f":"'[49]1-RESUMO'!EUG1:EUI1","v":0},null,null,null,{"$f":"'[49]1-RESUMO'!EUK1:EUM1","v":0},null,null,null,{"$f":"'[49]1-RESUMO'!EUO1:EUQ1","v":0},null,null,null,{"$f":"'[49]1-RESUMO'!EUS1:EUU1","v":0},null,null,null,{"$f":"'[49]1-RESUMO'!EUW1:EUY1","v":0},null,null,null,{"$f":"'[49]1-RESUMO'!EVA1:EVC1","v":0},null,null,null,{"$f":"'[49]1-RESUMO'!EVE1:EVG1","v":0},null,null,null,{"$f":"'[49]1-RESUMO'!EVI1:EVK1","v":0},null,null,null,{"$f":"'[49]1-RESUMO'!EVM1:EVO1","v":0},null,null,null,{"$f":"'[49]1-RESUMO'!EVQ1:EVS1","v":0},null,null,null,{"$f":"'[49]1-RESUMO'!EVU1:EVW1","v":0},null,null,null,{"$f":"'[49]1-RESUMO'!EVY1:EWA1","v":0},null,null,null,{"$f":"'[49]1-RESUMO'!EWC1:EWE1","v":0},null,null,null,{"$f":"'[49]1-RESUMO'!EWG1:EWI1","v":0},null,null,null,{"$f":"'[49]1-RESUMO'!EWK1:EWM1","v":0},null,null,null,{"$f":"'[49]1-RESUMO'!EWO1:EWQ1","v":0},null,null,null,{"$f":"'[49]1-RESUMO'!EWS1:EWU1","v":0},null,null,null,{"$f":"'[49]1-RESUMO'!EWW1:EWY1","v":0},null,null,null,{"$f":"'[49]1-RESUMO'!EXA1:EXC1","v":0},null,null,null,{"$f":"'[49]1-RESUMO'!EXE1:EXG1","v":0},null,null,null,{"$f":"'[49]1-RESUMO'!EXI1:EXK1","v":0},null,null,null,{"$f":"'[49]1-RESUMO'!EXM1:EXO1","v":0},null,null,null,{"$f":"'[49]1-RESUMO'!EXQ1:EXS1","v":0},null,null,null,{"$f":"'[49]1-RESUMO'!EXU1:EXW1","v":0},null,null,null,{"$f":"'[49]1-RESUMO'!EXY1:EYA1","v":0},null,null,null,{"$f":"'[49]1-RESUMO'!EYC1:EYE1","v":0},null,null,null,{"$f":"'[49]1-RESUMO'!EYG1:EYI1","v":0},null,null,null,{"$f":"'[49]1-RESUMO'!EYK1:EYM1","v":0},null,null,null,{"$f":"'[49]1-RESUMO'!EYO1:EYQ1","v":0},null,null,null,{"$f":"'[49]1-RESUMO'!EYS1:EYU1","v":0},null,null,null,{"$f":"'[49]1-RESUMO'!EYW1:EYY1","v":0},null,null,null,{"$f":"'[49]1-RESUMO'!EZA1:EZC1","v":0},null,null,null,{"$f":"'[49]1-RESUMO'!EZE1:EZG1","v":0},null,null,null,{"$f":"'[49]1-RESUMO'!EZI1:EZK1","v":0},null,null,null,{"$f":"'[49]1-RESUMO'!EZM1:EZO1","v":0},null,null,null,{"$f":"'[49]1-RESUMO'!EZQ1:EZS1","v":0},null,null,null,{"$f":"'[49]1-RESUMO'!EZU1:EZW1","v":0},null,null,null,{"$f":"'[49]1-RESUMO'!EZY1:FAA1","v":0},null,null,null,{"$f":"'[49]1-RESUMO'!FAC1:FAE1","v":0},null,null,null,{"$f":"'[49]1-RESUMO'!FAG1:FAI1","v":0},null,null,null,{"$f":"'[49]1-RESUMO'!FAK1:FAM1","v":0},null,null,null,{"$f":"'[49]1-RESUMO'!FAO1:FAQ1","v":0},null,null,null,{"$f":"'[49]1-RESUMO'!FAS1:FAU1","v":0},null,null,null,{"$f":"'[49]1-RESUMO'!FAW1:FAY1","v":0},null,null,null,{"$f":"'[49]1-RESUMO'!FBA1:FBC1","v":0},null,null,null,{"$f":"'[49]1-RESUMO'!FBE1:FBG1","v":0},null,null,null,{"$f":"'[49]1-RESUMO'!FBI1:FBK1","v":0},null,null,null,{"$f":"'[49]1-RESUMO'!FBM1:FBO1","v":0},null,null,null,{"$f":"'[49]1-RESUMO'!FBQ1:FBS1","v":0},null,null,null,{"$f":"'[49]1-RESUMO'!FBU1:FBW1","v":0},null,null,null,{"$f":"'[49]1-RESUMO'!FBY1:FCA1","v":0},null,null,null,{"$f":"'[49]1-RESUMO'!FCC1:FCE1","v":0},null,null,null,{"$f":"'[49]1-RESUMO'!FCG1:FCI1","v":0},null,null,null,{"$f":"'[49]1-RESUMO'!FCK1:FCM1","v":0},null,null,null,{"$f":"'[49]1-RESUMO'!FCO1:FCQ1","v":0},null,null,null,{"$f":"'[49]1-RESUMO'!FCS1:FCU1","v":0},null,null,null,{"$f":"'[49]1-RESUMO'!FCW1:FCY1","v":0},null,null,null,{"$f":"'[49]1-RESUMO'!FDA1:FDC1","v":0},null,null,null,{"$f":"'[49]1-RESUMO'!FDE1:FDG1","v":0},null,null,null,{"$f":"'[49]1-RESUMO'!FDI1:FDK1","v":0},null,null,null,{"$f":"'[49]1-RESUMO'!FDM1:FDO1","v":0},null,null,null,{"$f":"'[49]1-RESUMO'!FDQ1:FDS1","v":0},null,null,null,{"$f":"'[49]1-RESUMO'!FDU1:FDW1","v":0},null,null,null,{"$f":"'[49]1-RESUMO'!FDY1:FEA1","v":0},null,null,null,{"$f":"'[49]1-RESUMO'!FEC1:FEE1","v":0},null,null,null,{"$f":"'[49]1-RESUMO'!FEG1:FEI1","v":0},null,null,null,{"$f":"'[49]1-RESUMO'!FEK1:FEM1","v":0},null,null,null,{"$f":"'[49]1-RESUMO'!FEO1:FEQ1","v":0},null,null,null,{"$f":"'[49]1-RESUMO'!FES1:FEU1","v":0},null,null,null,{"$f":"'[49]1-RESUMO'!FEW1:FEY1","v":0},null,null,null,{"$f":"'[49]1-RESUMO'!FFA1:FFC1","v":0},null,null,null,{"$f":"'[49]1-RESUMO'!FFE1:FFG1","v":0},null,null,null,{"$f":"'[49]1-RESUMO'!FFI1:FFK1","v":0},null,null,null,{"$f":"'[49]1-RESUMO'!FFM1:FFO1","v":0},null,null,null,{"$f":"'[49]1-RESUMO'!FFQ1:FFS1","v":0},null,null,null,{"$f":"'[49]1-RESUMO'!FFU1:FFW1","v":0},null,null,null,{"$f":"'[49]1-RESUMO'!FFY1:FGA1","v":0},null,null,null,{"$f":"'[49]1-RESUMO'!FGC1:FGE1","v":0},null,null,null,{"$f":"'[49]1-RESUMO'!FGG1:FGI1","v":0},null,null,null,{"$f":"'[49]1-RESUMO'!FGK1:FGM1","v":0},null,null,null,{"$f":"'[49]1-RESUMO'!FGO1:FGQ1","v":0},null,null,null,{"$f":"'[49]1-RESUMO'!FGS1:FGU1","v":0},null,null,null,{"$f":"'[49]1-RESUMO'!FGW1:FGY1","v":0},null,null,null,{"$f":"'[49]1-RESUMO'!FHA1:FHC1","v":0},null,null,null,{"$f":"'[49]1-RESUMO'!FHE1:FHG1","v":0},null,null,null,{"$f":"'[49]1-RESUMO'!FHI1:FHK1","v":0},null,null,null,{"$f":"'[49]1-RESUMO'!FHM1:FHO1","v":0},null,null,null,{"$f":"'[49]1-RESUMO'!FHQ1:FHS1","v":0},null,null,null,{"$f":"'[49]1-RESUMO'!FHU1:FHW1","v":0},null,null,null,{"$f":"'[49]1-RESUMO'!FHY1:FIA1","v":0},null,null,null,{"$f":"'[49]1-RESUMO'!FIC1:FIE1","v":0},null,null,null,{"$f":"'[49]1-RESUMO'!FIG1:FII1","v":0},null,null,null,{"$f":"'[49]1-RESUMO'!FIK1:FIM1","v":0},null,null,null,{"$f":"'[49]1-RESUMO'!FIO1:FIQ1","v":0},null,null,null,{"$f":"'[49]1-RESUMO'!FIS1:FIU1","v":0},null,null,null,{"$f":"'[49]1-RESUMO'!FIW1:FIY1","v":0},null,null,null,{"$f":"'[49]1-RESUMO'!FJA1:FJC1","v":0},null,null,null,{"$f":"'[49]1-RESUMO'!FJE1:FJG1","v":0},null,null,null,{"$f":"'[49]1-RESUMO'!FJI1:FJK1","v":0},null,null,null,{"$f":"'[49]1-RESUMO'!FJM1:FJO1","v":0},null,null,null,{"$f":"'[49]1-RESUMO'!FJQ1:FJS1","v":0},null,null,null,{"$f":"'[49]1-RESUMO'!FJU1:FJW1","v":0},null,null,null,{"$f":"'[49]1-RESUMO'!FJY1:FKA1","v":0},null,null,null,{"$f":"'[49]1-RESUMO'!FKC1:FKE1","v":0},null,null,null,{"$f":"'[49]1-RESUMO'!FKG1:FKI1","v":0},null,null,null,{"$f":"'[49]1-RESUMO'!FKK1:FKM1","v":0},null,null,null,{"$f":"'[49]1-RESUMO'!FKO1:FKQ1","v":0},null,null,null,{"$f":"'[49]1-RESUMO'!FKS1:FKU1","v":0},null,null,null,{"$f":"'[49]1-RESUMO'!FKW1:FKY1","v":0},null,null,null,{"$f":"'[49]1-RESUMO'!FLA1:FLC1","v":0},null,null,null,{"$f":"'[49]1-RESUMO'!FLE1:FLG1","v":0},null,null,null,{"$f":"'[49]1-RESUMO'!FLI1:FLK1","v":0},null,null,null,{"$f":"'[49]1-RESUMO'!FLM1:FLO1","v":0},null,null,null,{"$f":"'[49]1-RESUMO'!FLQ1:FLS1","v":0},null,null,null,{"$f":"'[49]1-RESUMO'!FLU1:FLW1","v":0},null,null,null,{"$f":"'[49]1-RESUMO'!FLY1:FMA1","v":0},null,null,null,{"$f":"'[49]1-RESUMO'!FMC1:FME1","v":0},null,null,null,{"$f":"'[49]1-RESUMO'!FMG1:FMI1","v":0},null,null,null,{"$f":"'[49]1-RESUMO'!FMK1:FMM1","v":0},null,null,null,{"$f":"'[49]1-RESUMO'!FMO1:FMQ1","v":0},null,null,null,{"$f":"'[49]1-RESUMO'!FMS1:FMU1","v":0},null,null,null,{"$f":"'[49]1-RESUMO'!FMW1:FMY1","v":0},null,null,null,{"$f":"'[49]1-RESUMO'!FNA1:FNC1","v":0},null,null,null,{"$f":"'[49]1-RESUMO'!FNE1:FNG1","v":0},null,null,null,{"$f":"'[49]1-RESUMO'!FNI1:FNK1","v":0},null,null,null,{"$f":"'[49]1-RESUMO'!FNM1:FNO1","v":0},null,null,null,{"$f":"'[49]1-RESUMO'!FNQ1:FNS1","v":0},null,null,null,{"$f":"'[49]1-RESUMO'!FNU1:FNW1","v":0},null,null,null,{"$f":"'[49]1-RESUMO'!FNY1:FOA1","v":0},null,null,null,{"$f":"'[49]1-RESUMO'!FOC1:FOE1","v":0},null,null,null,{"$f":"'[49]1-RESUMO'!FOG1:FOI1","v":0},null,null,null,{"$f":"'[49]1-RESUMO'!FOK1:FOM1","v":0},null,null,null,{"$f":"'[49]1-RESUMO'!FOO1:FOQ1","v":0},null,null,null,{"$f":"'[49]1-RESUMO'!FOS1:FOU1","v":0},null,null,null,{"$f":"'[49]1-RESUMO'!FOW1:FOY1","v":0},null,null,null,{"$f":"'[49]1-RESUMO'!FPA1:FPC1","v":0},null,null,null,{"$f":"'[49]1-RESUMO'!FPE1:FPG1","v":0},null,null,null,{"$f":"'[49]1-RESUMO'!FPI1:FPK1","v":0},null,null,null,{"$f":"'[49]1-RESUMO'!FPM1:FPO1","v":0},null,null,null,{"$f":"'[49]1-RESUMO'!FPQ1:FPS1","v":0},null,null,null,{"$f":"'[49]1-RESUMO'!FPU1:FPW1","v":0},null,null,null,{"$f":"'[49]1-RESUMO'!FPY1:FQA1","v":0},null,null,null,{"$f":"'[49]1-RESUMO'!FQC1:FQE1","v":0},null,null,null,{"$f":"'[49]1-RESUMO'!FQG1:FQI1","v":0},null,null,null,{"$f":"'[49]1-RESUMO'!FQK1:FQM1","v":0},null,null,null,{"$f":"'[49]1-RESUMO'!FQO1:FQQ1","v":0},null,null,null,{"$f":"'[49]1-RESUMO'!FQS1:FQU1","v":0},null,null,null,{"$f":"'[49]1-RESUMO'!FQW1:FQY1","v":0},null,null,null,{"$f":"'[49]1-RESUMO'!FRA1:FRC1","v":0},null,null,null,{"$f":"'[49]1-RESUMO'!FRE1:FRG1","v":0},null,null,null,{"$f":"'[49]1-RESUMO'!FRI1:FRK1","v":0},null,null,null,{"$f":"'[49]1-RESUMO'!FRM1:FRO1","v":0},null,null,null,{"$f":"'[49]1-RESUMO'!FRQ1:FRS1","v":0},null,null,null,{"$f":"'[49]1-RESUMO'!FRU1:FRW1","v":0},null,null,null,{"$f":"'[49]1-RESUMO'!FRY1:FSA1","v":0},null,null,null,{"$f":"'[49]1-RESUMO'!FSC1:FSE1","v":0},null,null,null,{"$f":"'[49]1-RESUMO'!FSG1:FSI1","v":0},null,null,null,{"$f":"'[49]1-RESUMO'!FSK1:FSM1","v":0},null,null,null,{"$f":"'[49]1-RESUMO'!FSO1:FSQ1","v":0},null,null,null,{"$f":"'[49]1-RESUMO'!FSS1:FSU1","v":0},null,null,null,{"$f":"'[49]1-RESUMO'!FSW1:FSY1","v":0},null,null,null,{"$f":"'[49]1-RESUMO'!FTA1:FTC1","v":0},null,null,null,{"$f":"'[49]1-RESUMO'!FTE1:FTG1","v":0},null,null,null,{"$f":"'[49]1-RESUMO'!FTI1:FTK1","v":0},null,null,null,{"$f":"'[49]1-RESUMO'!FTM1:FTO1","v":0},null,null,null,{"$f":"'[49]1-RESUMO'!FTQ1:FTS1","v":0},null,null,null,{"$f":"'[49]1-RESUMO'!FTU1:FTW1","v":0},null,null,null,{"$f":"'[49]1-RESUMO'!FTY1:FUA1","v":0},null,null,null,{"$f":"'[49]1-RESUMO'!FUC1:FUE1","v":0},null,null,null,{"$f":"'[49]1-RESUMO'!FUG1:FUI1","v":0},null,null,null,{"$f":"'[49]1-RESUMO'!FUK1:FUM1","v":0},null,null,null,{"$f":"'[49]1-RESUMO'!FUO1:FUQ1","v":0},null,null,null,{"$f":"'[49]1-RESUMO'!FUS1:FUU1","v":0},null,null,null,{"$f":"'[49]1-RESUMO'!FUW1:FUY1","v":0},null,null,null,{"$f":"'[49]1-RESUMO'!FVA1:FVC1","v":0},null,null,null,{"$f":"'[49]1-RESUMO'!FVE1:FVG1","v":0},null,null,null,{"$f":"'[49]1-RESUMO'!FVI1:FVK1","v":0},null,null,null,{"$f":"'[49]1-RESUMO'!FVM1:FVO1","v":0},null,null,null,{"$f":"'[49]1-RESUMO'!FVQ1:FVS1","v":0},null,null,null,{"$f":"'[49]1-RESUMO'!FVU1:FVW1","v":0},null,null,null,{"$f":"'[49]1-RESUMO'!FVY1:FWA1","v":0},null,null,null,{"$f":"'[49]1-RESUMO'!FWC1:FWE1","v":0},null,null,null,{"$f":"'[49]1-RESUMO'!FWG1:FWI1","v":0},null,null,null,{"$f":"'[49]1-RESUMO'!FWK1:FWM1","v":0},null,null,null,{"$f":"'[49]1-RESUMO'!FWO1:FWQ1","v":0},null,null,null,{"$f":"'[49]1-RESUMO'!FWS1:FWU1","v":0},null,null,null,{"$f":"'[49]1-RESUMO'!FWW1:FWY1","v":0},null,null,null,{"$f":"'[49]1-RESUMO'!FXA1:FXC1","v":0},null,null,null,{"$f":"'[49]1-RESUMO'!FXE1:FXG1","v":0},null,null,null,{"$f":"'[49]1-RESUMO'!FXI1:FXK1","v":0},null,null,null,{"$f":"'[49]1-RESUMO'!FXM1:FXO1","v":0},null,null,null,{"$f":"'[49]1-RESUMO'!FXQ1:FXS1","v":0},null,null,null,{"$f":"'[49]1-RESUMO'!FXU1:FXW1","v":0},null,null,null,{"$f":"'[49]1-RESUMO'!FXY1:FYA1","v":0},null,null,null,{"$f":"'[49]1-RESUMO'!FYC1:FYE1","v":0},null,null,null,{"$f":"'[49]1-RESUMO'!FYG1:FYI1","v":0},null,null,null,{"$f":"'[49]1-RESUMO'!FYK1:FYM1","v":0},null,null,null,{"$f":"'[49]1-RESUMO'!FYO1:FYQ1","v":0},null,null,null,{"$f":"'[49]1-RESUMO'!FYS1:FYU1","v":0},null,null,null,{"$f":"'[49]1-RESUMO'!FYW1:FYY1","v":0},null,null,null,{"$f":"'[49]1-RESUMO'!FZA1:FZC1","v":0},null,null,null,{"$f":"'[49]1-RESUMO'!FZE1:FZG1","v":0},null,null,null,{"$f":"'[49]1-RESUMO'!FZI1:FZK1","v":0},null,null,null,{"$f":"'[49]1-RESUMO'!FZM1:FZO1","v":0},null,null,null,{"$f":"'[49]1-RESUMO'!FZQ1:FZS1","v":0},null,null,null,{"$f":"'[49]1-RESUMO'!FZU1:FZW1","v":0},null,null,null,{"$f":"'[49]1-RESUMO'!FZY1:GAA1","v":0},null,null,null,{"$f":"'[49]1-RESUMO'!GAC1:GAE1","v":0},null,null,null,{"$f":"'[49]1-RESUMO'!GAG1:GAI1","v":0},null,null,null,{"$f":"'[49]1-RESUMO'!GAK1:GAM1","v":0},null,null,null,{"$f":"'[49]1-RESUMO'!GAO1:GAQ1","v":0},null,null,null,{"$f":"'[49]1-RESUMO'!GAS1:GAU1","v":0},null,null,null,{"$f":"'[49]1-RESUMO'!GAW1:GAY1","v":0},null,null,null,{"$f":"'[49]1-RESUMO'!GBA1:GBC1","v":0},null,null,null,{"$f":"'[49]1-RESUMO'!GBE1:GBG1","v":0},null,null,null,{"$f":"'[49]1-RESUMO'!GBI1:GBK1","v":0},null,null,null,{"$f":"'[49]1-RESUMO'!GBM1:GBO1","v":0},null,null,null,{"$f":"'[49]1-RESUMO'!GBQ1:GBS1","v":0},null,null,null,{"$f":"'[49]1-RESUMO'!GBU1:GBW1","v":0},null,null,null,{"$f":"'[49]1-RESUMO'!GBY1:GCA1","v":0},null,null,null,{"$f":"'[49]1-RESUMO'!GCC1:GCE1","v":0},null,null,null,{"$f":"'[49]1-RESUMO'!GCG1:GCI1","v":0},null,null,null,{"$f":"'[49]1-RESUMO'!GCK1:GCM1","v":0},null,null,null,{"$f":"'[49]1-RESUMO'!GCO1:GCQ1","v":0},null,null,null,{"$f":"'[49]1-RESUMO'!GCS1:GCU1","v":0},null,null,null,{"$f":"'[49]1-RESUMO'!GCW1:GCY1","v":0},null,null,null,{"$f":"'[49]1-RESUMO'!GDA1:GDC1","v":0},null,null,null,{"$f":"'[49]1-RESUMO'!GDE1:GDG1","v":0},null,null,null,{"$f":"'[49]1-RESUMO'!GDI1:GDK1","v":0},null,null,null,{"$f":"'[49]1-RESUMO'!GDM1:GDO1","v":0},null,null,null,{"$f":"'[49]1-RESUMO'!GDQ1:GDS1","v":0},null,null,null,{"$f":"'[49]1-RESUMO'!GDU1:GDW1","v":0},null,null,null,{"$f":"'[49]1-RESUMO'!GDY1:GEA1","v":0},null,null,null,{"$f":"'[49]1-RESUMO'!GEC1:GEE1","v":0},null,null,null,{"$f":"'[49]1-RESUMO'!GEG1:GEI1","v":0},null,null,null,{"$f":"'[49]1-RESUMO'!GEK1:GEM1","v":0},null,null,null,{"$f":"'[49]1-RESUMO'!GEO1:GEQ1","v":0},null,null,null,{"$f":"'[49]1-RESUMO'!GES1:GEU1","v":0},null,null,null,{"$f":"'[49]1-RESUMO'!GEW1:GEY1","v":0},null,null,null,{"$f":"'[49]1-RESUMO'!GFA1:GFC1","v":0},null,null,null,{"$f":"'[49]1-RESUMO'!GFE1:GFG1","v":0},null,null,null,{"$f":"'[49]1-RESUMO'!GFI1:GFK1","v":0},null,null,null,{"$f":"'[49]1-RESUMO'!GFM1:GFO1","v":0},null,null,null,{"$f":"'[49]1-RESUMO'!GFQ1:GFS1","v":0},null,null,null,{"$f":"'[49]1-RESUMO'!GFU1:GFW1","v":0},null,null,null,{"$f":"'[49]1-RESUMO'!GFY1:GGA1","v":0},null,null,null,{"$f":"'[49]1-RESUMO'!GGC1:GGE1","v":0},null,null,null,{"$f":"'[49]1-RESUMO'!GGG1:GGI1","v":0},null,null,null,{"$f":"'[49]1-RESUMO'!GGK1:GGM1","v":0},null,null,null,{"$f":"'[49]1-RESUMO'!GGO1:GGQ1","v":0},null,null,null,{"$f":"'[49]1-RESUMO'!GGS1:GGU1","v":0},null,null,null,{"$f":"'[49]1-RESUMO'!GGW1:GGY1","v":0},null,null,null,{"$f":"'[49]1-RESUMO'!GHA1:GHC1","v":0},null,null,null,{"$f":"'[49]1-RESUMO'!GHE1:GHG1","v":0},null,null,null,{"$f":"'[49]1-RESUMO'!GHI1:GHK1","v":0},null,null,null,{"$f":"'[49]1-RESUMO'!GHM1:GHO1","v":0},null,null,null,{"$f":"'[49]1-RESUMO'!GHQ1:GHS1","v":0},null,null,null,{"$f":"'[49]1-RESUMO'!GHU1:GHW1","v":0},null,null,null,{"$f":"'[49]1-RESUMO'!GHY1:GIA1","v":0},null,null,null,{"$f":"'[49]1-RESUMO'!GIC1:GIE1","v":0},null,null,null,{"$f":"'[49]1-RESUMO'!GIG1:GII1","v":0},null,null,null,{"$f":"'[49]1-RESUMO'!GIK1:GIM1","v":0},null,null,null,{"$f":"'[49]1-RESUMO'!GIO1:GIQ1","v":0},null,null,null,{"$f":"'[49]1-RESUMO'!GIS1:GIU1","v":0},null,null,null,{"$f":"'[49]1-RESUMO'!GIW1:GIY1","v":0},null,null,null,{"$f":"'[49]1-RESUMO'!GJA1:GJC1","v":0},null,null,null,{"$f":"'[49]1-RESUMO'!GJE1:GJG1","v":0},null,null,null,{"$f":"'[49]1-RESUMO'!GJI1:GJK1","v":0},null,null,null,{"$f":"'[49]1-RESUMO'!GJM1:GJO1","v":0},null,null,null,{"$f":"'[49]1-RESUMO'!GJQ1:GJS1","v":0},null,null,null,{"$f":"'[49]1-RESUMO'!GJU1:GJW1","v":0},null,null,null,{"$f":"'[49]1-RESUMO'!GJY1:GKA1","v":0},null,null,null,{"$f":"'[49]1-RESUMO'!GKC1:GKE1","v":0},null,null,null,{"$f":"'[49]1-RESUMO'!GKG1:GKI1","v":0},null,null,null,{"$f":"'[49]1-RESUMO'!GKK1:GKM1","v":0},null,null,null,{"$f":"'[49]1-RESUMO'!GKO1:GKQ1","v":0},null,null,null,{"$f":"'[49]1-RESUMO'!GKS1:GKU1","v":0},null,null,null,{"$f":"'[49]1-RESUMO'!GKW1:GKY1","v":0},null,null,null,{"$f":"'[49]1-RESUMO'!GLA1:GLC1","v":0},null,null,null,{"$f":"'[49]1-RESUMO'!GLE1:GLG1","v":0},null,null,null,{"$f":"'[49]1-RESUMO'!GLI1:GLK1","v":0},null,null,null,{"$f":"'[49]1-RESUMO'!GLM1:GLO1","v":0},null,null,null,{"$f":"'[49]1-RESUMO'!GLQ1:GLS1","v":0},null,null,null,{"$f":"'[49]1-RESUMO'!GLU1:GLW1","v":0},null,null,null,{"$f":"'[49]1-RESUMO'!GLY1:GMA1","v":0},null,null,null,{"$f":"'[49]1-RESUMO'!GMC1:GME1","v":0},null,null,null,{"$f":"'[49]1-RESUMO'!GMG1:GMI1","v":0},null,null,null,{"$f":"'[49]1-RESUMO'!GMK1:GMM1","v":0},null,null,null,{"$f":"'[49]1-RESUMO'!GMO1:GMQ1","v":0},null,null,null,{"$f":"'[49]1-RESUMO'!GMS1:GMU1","v":0},null,null,null,{"$f":"'[49]1-RESUMO'!GMW1:GMY1","v":0},null,null,null,{"$f":"'[49]1-RESUMO'!GNA1:GNC1","v":0},null,null,null,{"$f":"'[49]1-RESUMO'!GNE1:GNG1","v":0},null,null,null,{"$f":"'[49]1-RESUMO'!GNI1:GNK1","v":0},null,null,null,{"$f":"'[49]1-RESUMO'!GNM1:GNO1","v":0},null,null,null,{"$f":"'[49]1-RESUMO'!GNQ1:GNS1","v":0},null,null,null,{"$f":"'[49]1-RESUMO'!GNU1:GNW1","v":0},null,null,null,{"$f":"'[49]1-RESUMO'!GNY1:GOA1","v":0},null,null,null,{"$f":"'[49]1-RESUMO'!GOC1:GOE1","v":0},null,null,null,{"$f":"'[49]1-RESUMO'!GOG1:GOI1","v":0},null,null,null,{"$f":"'[49]1-RESUMO'!GOK1:GOM1","v":0},null,null,null,{"$f":"'[49]1-RESUMO'!GOO1:GOQ1","v":0},null,null,null,{"$f":"'[49]1-RESUMO'!GOS1:GOU1","v":0},null,null,null,{"$f":"'[49]1-RESUMO'!GOW1:GOY1","v":0},null,null,null,{"$f":"'[49]1-RESUMO'!GPA1:GPC1","v":0},null,null,null,{"$f":"'[49]1-RESUMO'!GPE1:GPG1","v":0},null,null,null,{"$f":"'[49]1-RESUMO'!GPI1:GPK1","v":0},null,null,null,{"$f":"'[49]1-RESUMO'!GPM1:GPO1","v":0},null,null,null,{"$f":"'[49]1-RESUMO'!GPQ1:GPS1","v":0},null,null,null,{"$f":"'[49]1-RESUMO'!GPU1:GPW1","v":0},null,null,null,{"$f":"'[49]1-RESUMO'!GPY1:GQA1","v":0},null,null,null,{"$f":"'[49]1-RESUMO'!GQC1:GQE1","v":0},null,null,null,{"$f":"'[49]1-RESUMO'!GQG1:GQI1","v":0},null,null,null,{"$f":"'[49]1-RESUMO'!GQK1:GQM1","v":0},null,null,null,{"$f":"'[49]1-RESUMO'!GQO1:GQQ1","v":0},null,null,null,{"$f":"'[49]1-RESUMO'!GQS1:GQU1","v":0},null,null,null,{"$f":"'[49]1-RESUMO'!GQW1:GQY1","v":0},null,null,null,{"$f":"'[49]1-RESUMO'!GRA1:GRC1","v":0},null,null,null,{"$f":"'[49]1-RESUMO'!GRE1:GRG1","v":0},null,null,null,{"$f":"'[49]1-RESUMO'!GRI1:GRK1","v":0},null,null,null,{"$f":"'[49]1-RESUMO'!GRM1:GRO1","v":0},null,null,null,{"$f":"'[49]1-RESUMO'!GRQ1:GRS1","v":0},null,null,null,{"$f":"'[49]1-RESUMO'!GRU1:GRW1","v":0},null,null,null,{"$f":"'[49]1-RESUMO'!GRY1:GSA1","v":0},null,null,null,{"$f":"'[49]1-RESUMO'!GSC1:GSE1","v":0},null,null,null,{"$f":"'[49]1-RESUMO'!GSG1:GSI1","v":0},null,null,null,{"$f":"'[49]1-RESUMO'!GSK1:GSM1","v":0},null,null,null,{"$f":"'[49]1-RESUMO'!GSO1:GSQ1","v":0},null,null,null,{"$f":"'[49]1-RESUMO'!GSS1:GSU1","v":0},null,null,null,{"$f":"'[49]1-RESUMO'!GSW1:GSY1","v":0},null,null,null,{"$f":"'[49]1-RESUMO'!GTA1:GTC1","v":0},null,null,null,{"$f":"'[49]1-RESUMO'!GTE1:GTG1","v":0},null,null,null,{"$f":"'[49]1-RESUMO'!GTI1:GTK1","v":0},null,null,null,{"$f":"'[49]1-RESUMO'!GTM1:GTO1","v":0},null,null,null,{"$f":"'[49]1-RESUMO'!GTQ1:GTS1","v":0},null,null,null,{"$f":"'[49]1-RESUMO'!GTU1:GTW1","v":0},null,null,null,{"$f":"'[49]1-RESUMO'!GTY1:GUA1","v":0},null,null,null,{"$f":"'[49]1-RESUMO'!GUC1:GUE1","v":0},null,null,null,{"$f":"'[49]1-RESUMO'!GUG1:GUI1","v":0},null,null,null,{"$f":"'[49]1-RESUMO'!GUK1:GUM1","v":0},null,null,null,{"$f":"'[49]1-RESUMO'!GUO1:GUQ1","v":0},null,null,null,{"$f":"'[49]1-RESUMO'!GUS1:GUU1","v":0},null,null,null,{"$f":"'[49]1-RESUMO'!GUW1:GUY1","v":0},null,null,null,{"$f":"'[49]1-RESUMO'!GVA1:GVC1","v":0},null,null,null,{"$f":"'[49]1-RESUMO'!GVE1:GVG1","v":0},null,null,null,{"$f":"'[49]1-RESUMO'!GVI1:GVK1","v":0},null,null,null,{"$f":"'[49]1-RESUMO'!GVM1:GVO1","v":0},null,null,null,{"$f":"'[49]1-RESUMO'!GVQ1:GVS1","v":0},null,null,null,{"$f":"'[49]1-RESUMO'!GVU1:GVW1","v":0},null,null,null,{"$f":"'[49]1-RESUMO'!GVY1:GWA1","v":0},null,null,null,{"$f":"'[49]1-RESUMO'!GWC1:GWE1","v":0},null,null,null,{"$f":"'[49]1-RESUMO'!GWG1:GWI1","v":0},null,null,null,{"$f":"'[49]1-RESUMO'!GWK1:GWM1","v":0},null,null,null,{"$f":"'[49]1-RESUMO'!GWO1:GWQ1","v":0},null,null,null,{"$f":"'[49]1-RESUMO'!GWS1:GWU1","v":0},null,null,null,{"$f":"'[49]1-RESUMO'!GWW1:GWY1","v":0},null,null,null,{"$f":"'[49]1-RESUMO'!GXA1:GXC1","v":0},null,null,null,{"$f":"'[49]1-RESUMO'!GXE1:GXG1","v":0},null,null,null,{"$f":"'[49]1-RESUMO'!GXI1:GXK1","v":0},null,null,null,{"$f":"'[49]1-RESUMO'!GXM1:GXO1","v":0},null,null,null,{"$f":"'[49]1-RESUMO'!GXQ1:GXS1","v":0},null,null,null,{"$f":"'[49]1-RESUMO'!GXU1:GXW1","v":0},null,null,null,{"$f":"'[49]1-RESUMO'!GXY1:GYA1","v":0},null,null,null,{"$f":"'[49]1-RESUMO'!GYC1:GYE1","v":0},null,null,null,{"$f":"'[49]1-RESUMO'!GYG1:GYI1","v":0},null,null,null,{"$f":"'[49]1-RESUMO'!GYK1:GYM1","v":0},null,null,null,{"$f":"'[49]1-RESUMO'!GYO1:GYQ1","v":0},null,null,null,{"$f":"'[49]1-RESUMO'!GYS1:GYU1","v":0},null,null,null,{"$f":"'[49]1-RESUMO'!GYW1:GYY1","v":0},null,null,null,{"$f":"'[49]1-RESUMO'!GZA1:GZC1","v":0},null,null,null,{"$f":"'[49]1-RESUMO'!GZE1:GZG1","v":0},null,null,null,{"$f":"'[49]1-RESUMO'!GZI1:GZK1","v":0},null,null,null,{"$f":"'[49]1-RESUMO'!GZM1:GZO1","v":0},null,null,null,{"$f":"'[49]1-RESUMO'!GZQ1:GZS1","v":0},null,null,null,{"$f":"'[49]1-RESUMO'!GZU1:GZW1","v":0},null,null,null,{"$f":"'[49]1-RESUMO'!GZY1:HAA1","v":0},null,null,null,{"$f":"'[49]1-RESUMO'!HAC1:HAE1","v":0},null,null,null,{"$f":"'[49]1-RESUMO'!HAG1:HAI1","v":0},null,null,null,{"$f":"'[49]1-RESUMO'!HAK1:HAM1","v":0},null,null,null,{"$f":"'[49]1-RESUMO'!HAO1:HAQ1","v":0},null,null,null,{"$f":"'[49]1-RESUMO'!HAS1:HAU1","v":0},null,null,null,{"$f":"'[49]1-RESUMO'!HAW1:HAY1","v":0},null,null,null,{"$f":"'[49]1-RESUMO'!HBA1:HBC1","v":0},null,null,null,{"$f":"'[49]1-RESUMO'!HBE1:HBG1","v":0},null,null,null,{"$f":"'[49]1-RESUMO'!HBI1:HBK1","v":0},null,null,null,{"$f":"'[49]1-RESUMO'!HBM1:HBO1","v":0},null,null,null,{"$f":"'[49]1-RESUMO'!HBQ1:HBS1","v":0},null,null,null,{"$f":"'[49]1-RESUMO'!HBU1:HBW1","v":0},null,null,null,{"$f":"'[49]1-RESUMO'!HBY1:HCA1","v":0},null,null,null,{"$f":"'[49]1-RESUMO'!HCC1:HCE1","v":0},null,null,null,{"$f":"'[49]1-RESUMO'!HCG1:HCI1","v":0},null,null,null,{"$f":"'[49]1-RESUMO'!HCK1:HCM1","v":0},null,null,null,{"$f":"'[49]1-RESUMO'!HCO1:HCQ1","v":0},null,null,null,{"$f":"'[49]1-RESUMO'!HCS1:HCU1","v":0},null,null,null,{"$f":"'[49]1-RESUMO'!HCW1:HCY1","v":0},null,null,null,{"$f":"'[49]1-RESUMO'!HDA1:HDC1","v":0},null,null,null,{"$f":"'[49]1-RESUMO'!HDE1:HDG1","v":0},null,null,null,{"$f":"'[49]1-RESUMO'!HDI1:HDK1","v":0},null,null,null,{"$f":"'[49]1-RESUMO'!HDM1:HDO1","v":0},null,null,null,{"$f":"'[49]1-RESUMO'!HDQ1:HDS1","v":0},null,null,null,{"$f":"'[49]1-RESUMO'!HDU1:HDW1","v":0},null,null,null,{"$f":"'[49]1-RESUMO'!HDY1:HEA1","v":0},null,null,null,{"$f":"'[49]1-RESUMO'!HEC1:HEE1","v":0},null,null,null,{"$f":"'[49]1-RESUMO'!HEG1:HEI1","v":0},null,null,null,{"$f":"'[49]1-RESUMO'!HEK1:HEM1","v":0},null,null,null,{"$f":"'[49]1-RESUMO'!HEO1:HEQ1","v":0},null,null,null,{"$f":"'[49]1-RESUMO'!HES1:HEU1","v":0},null,null,null,{"$f":"'[49]1-RESUMO'!HEW1:HEY1","v":0},null,null,null,{"$f":"'[49]1-RESUMO'!HFA1:HFC1","v":0},null,null,null,{"$f":"'[49]1-RESUMO'!HFE1:HFG1","v":0},null,null,null,{"$f":"'[49]1-RESUMO'!HFI1:HFK1","v":0},null,null,null,{"$f":"'[49]1-RESUMO'!HFM1:HFO1","v":0},null,null,null,{"$f":"'[49]1-RESUMO'!HFQ1:HFS1","v":0},null,null,null,{"$f":"'[49]1-RESUMO'!HFU1:HFW1","v":0},null,null,null,{"$f":"'[49]1-RESUMO'!HFY1:HGA1","v":0},null,null,null,{"$f":"'[49]1-RESUMO'!HGC1:HGE1","v":0},null,null,null,{"$f":"'[49]1-RESUMO'!HGG1:HGI1","v":0},null,null,null,{"$f":"'[49]1-RESUMO'!HGK1:HGM1","v":0},null,null,null,{"$f":"'[49]1-RESUMO'!HGO1:HGQ1","v":0},null,null,null,{"$f":"'[49]1-RESUMO'!HGS1:HGU1","v":0},null,null,null,{"$f":"'[49]1-RESUMO'!HGW1:HGY1","v":0},null,null,null,{"$f":"'[49]1-RESUMO'!HHA1:HHC1","v":0},null,null,null,{"$f":"'[49]1-RESUMO'!HHE1:HHG1","v":0},null,null,null,{"$f":"'[49]1-RESUMO'!HHI1:HHK1","v":0},null,null,null,{"$f":"'[49]1-RESUMO'!HHM1:HHO1","v":0},null,null,null,{"$f":"'[49]1-RESUMO'!HHQ1:HHS1","v":0},null,null,null,{"$f":"'[49]1-RESUMO'!HHU1:HHW1","v":0},null,null,null,{"$f":"'[49]1-RESUMO'!HHY1:HIA1","v":0},null,null,null,{"$f":"'[49]1-RESUMO'!HIC1:HIE1","v":0},null,null,null,{"$f":"'[49]1-RESUMO'!HIG1:HII1","v":0},null,null,null,{"$f":"'[49]1-RESUMO'!HIK1:HIM1","v":0},null,null,null,{"$f":"'[49]1-RESUMO'!HIO1:HIQ1","v":0},null,null,null,{"$f":"'[49]1-RESUMO'!HIS1:HIU1","v":0},null,null,null,{"$f":"'[49]1-RESUMO'!HIW1:HIY1","v":0},null,null,null,{"$f":"'[49]1-RESUMO'!HJA1:HJC1","v":0},null,null,null,{"$f":"'[49]1-RESUMO'!HJE1:HJG1","v":0},null,null,null,{"$f":"'[49]1-RESUMO'!HJI1:HJK1","v":0},null,null,null,{"$f":"'[49]1-RESUMO'!HJM1:HJO1","v":0},null,null,null,{"$f":"'[49]1-RESUMO'!HJQ1:HJS1","v":0},null,null,null,{"$f":"'[49]1-RESUMO'!HJU1:HJW1","v":0},null,null,null,{"$f":"'[49]1-RESUMO'!HJY1:HKA1","v":0},null,null,null,{"$f":"'[49]1-RESUMO'!HKC1:HKE1","v":0},null,null,null,{"$f":"'[49]1-RESUMO'!HKG1:HKI1","v":0},null,null,null,{"$f":"'[49]1-RESUMO'!HKK1:HKM1","v":0},null,null,null,{"$f":"'[49]1-RESUMO'!HKO1:HKQ1","v":0},null,null,null,{"$f":"'[49]1-RESUMO'!HKS1:HKU1","v":0},null,null,null,{"$f":"'[49]1-RESUMO'!HKW1:HKY1","v":0},null,null,null,{"$f":"'[49]1-RESUMO'!HLA1:HLC1","v":0},null,null,null,{"$f":"'[49]1-RESUMO'!HLE1:HLG1","v":0},null,null,null,{"$f":"'[49]1-RESUMO'!HLI1:HLK1","v":0},null,null,null,{"$f":"'[49]1-RESUMO'!HLM1:HLO1","v":0},null,null,null,{"$f":"'[49]1-RESUMO'!HLQ1:HLS1","v":0},null,null,null,{"$f":"'[49]1-RESUMO'!HLU1:HLW1","v":0},null,null,null,{"$f":"'[49]1-RESUMO'!HLY1:HMA1","v":0},null,null,null,{"$f":"'[49]1-RESUMO'!HMC1:HME1","v":0},null,null,null,{"$f":"'[49]1-RESUMO'!HMG1:HMI1","v":0},null,null,null,{"$f":"'[49]1-RESUMO'!HMK1:HMM1","v":0},null,null,null,{"$f":"'[49]1-RESUMO'!HMO1:HMQ1","v":0},null,null,null,{"$f":"'[49]1-RESUMO'!HMS1:HMU1","v":0},null,null,null,{"$f":"'[49]1-RESUMO'!HMW1:HMY1","v":0},null,null,null,{"$f":"'[49]1-RESUMO'!HNA1:HNC1","v":0},null,null,null,{"$f":"'[49]1-RESUMO'!HNE1:HNG1","v":0},null,null,null,{"$f":"'[49]1-RESUMO'!HNI1:HNK1","v":0},null,null,null,{"$f":"'[49]1-RESUMO'!HNM1:HNO1","v":0},null,null,null,{"$f":"'[49]1-RESUMO'!HNQ1:HNS1","v":0},null,null,null,{"$f":"'[49]1-RESUMO'!HNU1:HNW1","v":0},null,null,null,{"$f":"'[49]1-RESUMO'!HNY1:HOA1","v":0},null,null,null,{"$f":"'[49]1-RESUMO'!HOC1:HOE1","v":0},null,null,null,{"$f":"'[49]1-RESUMO'!HOG1:HOI1","v":0},null,null,null,{"$f":"'[49]1-RESUMO'!HOK1:HOM1","v":0},null,null,null,{"$f":"'[49]1-RESUMO'!HOO1:HOQ1","v":0},null,null,null,{"$f":"'[49]1-RESUMO'!HOS1:HOU1","v":0},null,null,null,{"$f":"'[49]1-RESUMO'!HOW1:HOY1","v":0},null,null,null,{"$f":"'[49]1-RESUMO'!HPA1:HPC1","v":0},null,null,null,{"$f":"'[49]1-RESUMO'!HPE1:HPG1","v":0},null,null,null,{"$f":"'[49]1-RESUMO'!HPI1:HPK1","v":0},null,null,null,{"$f":"'[49]1-RESUMO'!HPM1:HPO1","v":0},null,null,null,{"$f":"'[49]1-RESUMO'!HPQ1:HPS1","v":0},null,null,null,{"$f":"'[49]1-RESUMO'!HPU1:HPW1","v":0},null,null,null,{"$f":"'[49]1-RESUMO'!HPY1:HQA1","v":0},null,null,null,{"$f":"'[49]1-RESUMO'!HQC1:HQE1","v":0},null,null,null,{"$f":"'[49]1-RESUMO'!HQG1:HQI1","v":0},null,null,null,{"$f":"'[49]1-RESUMO'!HQK1:HQM1","v":0},null,null,null,{"$f":"'[49]1-RESUMO'!HQO1:HQQ1","v":0},null,null,null,{"$f":"'[49]1-RESUMO'!HQS1:HQU1","v":0},null,null,null,{"$f":"'[49]1-RESUMO'!HQW1:HQY1","v":0},null,null,null,{"$f":"'[49]1-RESUMO'!HRA1:HRC1","v":0},null,null,null,{"$f":"'[49]1-RESUMO'!HRE1:HRG1","v":0},null,null,null,{"$f":"'[49]1-RESUMO'!HRI1:HRK1","v":0},null,null,null,{"$f":"'[49]1-RESUMO'!HRM1:HRO1","v":0},null,null,null,{"$f":"'[49]1-RESUMO'!HRQ1:HRS1","v":0},null,null,null,{"$f":"'[49]1-RESUMO'!HRU1:HRW1","v":0},null,null,null,{"$f":"'[49]1-RESUMO'!HRY1:HSA1","v":0},null,null,null,{"$f":"'[49]1-RESUMO'!HSC1:HSE1","v":0},null,null,null,{"$f":"'[49]1-RESUMO'!HSG1:HSI1","v":0},null,null,null,{"$f":"'[49]1-RESUMO'!HSK1:HSM1","v":0},null,null,null,{"$f":"'[49]1-RESUMO'!HSO1:HSQ1","v":0},null,null,null,{"$f":"'[49]1-RESUMO'!HSS1:HSU1","v":0},null,null,null,{"$f":"'[49]1-RESUMO'!HSW1:HSY1","v":0},null,null,null,{"$f":"'[49]1-RESUMO'!HTA1:HTC1","v":0},null,null,null,{"$f":"'[49]1-RESUMO'!HTE1:HTG1","v":0},null,null,null,{"$f":"'[49]1-RESUMO'!HTI1:HTK1","v":0},null,null,null,{"$f":"'[49]1-RESUMO'!HTM1:HTO1","v":0},null,null,null,{"$f":"'[49]1-RESUMO'!HTQ1:HTS1","v":0},null,null,null,{"$f":"'[49]1-RESUMO'!HTU1:HTW1","v":0},null,null,null,{"$f":"'[49]1-RESUMO'!HTY1:HUA1","v":0},null,null,null,{"$f":"'[49]1-RESUMO'!HUC1:HUE1","v":0},null,null,null,{"$f":"'[49]1-RESUMO'!HUG1:HUI1","v":0},null,null,null,{"$f":"'[49]1-RESUMO'!HUK1:HUM1","v":0},null,null,null,{"$f":"'[49]1-RESUMO'!HUO1:HUQ1","v":0},null,null,null,{"$f":"'[49]1-RESUMO'!HUS1:HUU1","v":0},null,null,null,{"$f":"'[49]1-RESUMO'!HUW1:HUY1","v":0},null,null,null,{"$f":"'[49]1-RESUMO'!HVA1:HVC1","v":0},null,null,null,{"$f":"'[49]1-RESUMO'!HVE1:HVG1","v":0},null,null,null,{"$f":"'[49]1-RESUMO'!HVI1:HVK1","v":0},null,null,null,{"$f":"'[49]1-RESUMO'!HVM1:HVO1","v":0},null,null,null,{"$f":"'[49]1-RESUMO'!HVQ1:HVS1","v":0},null,null,null,{"$f":"'[49]1-RESUMO'!HVU1:HVW1","v":0},null,null,null,{"$f":"'[49]1-RESUMO'!HVY1:HWA1","v":0},null,null,null,{"$f":"'[49]1-RESUMO'!HWC1:HWE1","v":0},null,null,null,{"$f":"'[49]1-RESUMO'!HWG1:HWI1","v":0},null,null,null,{"$f":"'[49]1-RESUMO'!HWK1:HWM1","v":0},null,null,null,{"$f":"'[49]1-RESUMO'!HWO1:HWQ1","v":0},null,null,null,{"$f":"'[49]1-RESUMO'!HWS1:HWU1","v":0},null,null,null,{"$f":"'[49]1-RESUMO'!HWW1:HWY1","v":0},null,null,null,{"$f":"'[49]1-RESUMO'!HXA1:HXC1","v":0},null,null,null,{"$f":"'[49]1-RESUMO'!HXE1:HXG1","v":0},null,null,null,{"$f":"'[49]1-RESUMO'!HXI1:HXK1","v":0},null,null,null,{"$f":"'[49]1-RESUMO'!HXM1:HXO1","v":0},null,null,null,{"$f":"'[49]1-RESUMO'!HXQ1:HXS1","v":0},null,null,null,{"$f":"'[49]1-RESUMO'!HXU1:HXW1","v":0},null,null,null,{"$f":"'[49]1-RESUMO'!HXY1:HYA1","v":0},null,null,null,{"$f":"'[49]1-RESUMO'!HYC1:HYE1","v":0},null,null,null,{"$f":"'[49]1-RESUMO'!HYG1:HYI1","v":0},null,null,null,{"$f":"'[49]1-RESUMO'!HYK1:HYM1","v":0},null,null,null,{"$f":"'[49]1-RESUMO'!HYO1:HYQ1","v":0},null,null,null,{"$f":"'[49]1-RESUMO'!HYS1:HYU1","v":0},null,null,null,{"$f":"'[49]1-RESUMO'!HYW1:HYY1","v":0},null,null,null,{"$f":"'[49]1-RESUMO'!HZA1:HZC1","v":0},null,null,null,{"$f":"'[49]1-RESUMO'!HZE1:HZG1","v":0},null,null,null,{"$f":"'[49]1-RESUMO'!HZI1:HZK1","v":0},null,null,null,{"$f":"'[49]1-RESUMO'!HZM1:HZO1","v":0},null,null,null,{"$f":"'[49]1-RESUMO'!HZQ1:HZS1","v":0},null,null,null,{"$f":"'[49]1-RESUMO'!HZU1:HZW1","v":0},null,null,null,{"$f":"'[49]1-RESUMO'!HZY1:IAA1","v":0},null,null,null,{"$f":"'[49]1-RESUMO'!IAC1:IAE1","v":0},null,null,null,{"$f":"'[49]1-RESUMO'!IAG1:IAI1","v":0},null,null,null,{"$f":"'[49]1-RESUMO'!IAK1:IAM1","v":0},null,null,null,{"$f":"'[49]1-RESUMO'!IAO1:IAQ1","v":0},null,null,null,{"$f":"'[49]1-RESUMO'!IAS1:IAU1","v":0},null,null,null,{"$f":"'[49]1-RESUMO'!IAW1:IAY1","v":0},null,null,null,{"$f":"'[49]1-RESUMO'!IBA1:IBC1","v":0},null,null,null,{"$f":"'[49]1-RESUMO'!IBE1:IBG1","v":0},null,null,null,{"$f":"'[49]1-RESUMO'!IBI1:IBK1","v":0},null,null,null,{"$f":"'[49]1-RESUMO'!IBM1:IBO1","v":0},null,null,null,{"$f":"'[49]1-RESUMO'!IBQ1:IBS1","v":0},null,null,null,{"$f":"'[49]1-RESUMO'!IBU1:IBW1","v":0},null,null,null,{"$f":"'[49]1-RESUMO'!IBY1:ICA1","v":0},null,null,null,{"$f":"'[49]1-RESUMO'!ICC1:ICE1","v":0},null,null,null,{"$f":"'[49]1-RESUMO'!ICG1:ICI1","v":0},null,null,null,{"$f":"'[49]1-RESUMO'!ICK1:ICM1","v":0},null,null,null,{"$f":"'[49]1-RESUMO'!ICO1:ICQ1","v":0},null,null,null,{"$f":"'[49]1-RESUMO'!ICS1:ICU1","v":0},null,null,null,{"$f":"'[49]1-RESUMO'!ICW1:ICY1","v":0},null,null,null,{"$f":"'[49]1-RESUMO'!IDA1:IDC1","v":0},null,null,null,{"$f":"'[49]1-RESUMO'!IDE1:IDG1","v":0},null,null,null,{"$f":"'[49]1-RESUMO'!IDI1:IDK1","v":0},null,null,null,{"$f":"'[49]1-RESUMO'!IDM1:IDO1","v":0},null,null,null,{"$f":"'[49]1-RESUMO'!IDQ1:IDS1","v":0},null,null,null,{"$f":"'[49]1-RESUMO'!IDU1:IDW1","v":0},null,null,null,{"$f":"'[49]1-RESUMO'!IDY1:IEA1","v":0},null,null,null,{"$f":"'[49]1-RESUMO'!IEC1:IEE1","v":0},null,null,null,{"$f":"'[49]1-RESUMO'!IEG1:IEI1","v":0},null,null,null,{"$f":"'[49]1-RESUMO'!IEK1:IEM1","v":0},null,null,null,{"$f":"'[49]1-RESUMO'!IEO1:IEQ1","v":0},null,null,null,{"$f":"'[49]1-RESUMO'!IES1:IEU1","v":0},null,null,null,{"$f":"'[49]1-RESUMO'!IEW1:IEY1","v":0},null,null,null,{"$f":"'[49]1-RESUMO'!IFA1:IFC1","v":0},null,null,null,{"$f":"'[49]1-RESUMO'!IFE1:IFG1","v":0},null,null,null,{"$f":"'[49]1-RESUMO'!IFI1:IFK1","v":0},null,null,null,{"$f":"'[49]1-RESUMO'!IFM1:IFO1","v":0},null,null,null,{"$f":"'[49]1-RESUMO'!IFQ1:IFS1","v":0},null,null,null,{"$f":"'[49]1-RESUMO'!IFU1:IFW1","v":0},null,null,null,{"$f":"'[49]1-RESUMO'!IFY1:IGA1","v":0},null,null,null,{"$f":"'[49]1-RESUMO'!IGC1:IGE1","v":0},null,null,null,{"$f":"'[49]1-RESUMO'!IGG1:IGI1","v":0},null,null,null,{"$f":"'[49]1-RESUMO'!IGK1:IGM1","v":0},null,null,null,{"$f":"'[49]1-RESUMO'!IGO1:IGQ1","v":0},null,null,null,{"$f":"'[49]1-RESUMO'!IGS1:IGU1","v":0},null,null,null,{"$f":"'[49]1-RESUMO'!IGW1:IGY1","v":0},null,null,null,{"$f":"'[49]1-RESUMO'!IHA1:IHC1","v":0},null,null,null,{"$f":"'[49]1-RESUMO'!IHE1:IHG1","v":0},null,null,null,{"$f":"'[49]1-RESUMO'!IHI1:IHK1","v":0},null,null,null,{"$f":"'[49]1-RESUMO'!IHM1:IHO1","v":0},null,null,null,{"$f":"'[49]1-RESUMO'!IHQ1:IHS1","v":0},null,null,null,{"$f":"'[49]1-RESUMO'!IHU1:IHW1","v":0},null,null,null,{"$f":"'[49]1-RESUMO'!IHY1:IIA1","v":0},null,null,null,{"$f":"'[49]1-RESUMO'!IIC1:IIE1","v":0},null,null,null,{"$f":"'[49]1-RESUMO'!IIG1:III1","v":0},null,null,null,{"$f":"'[49]1-RESUMO'!IIK1:IIM1","v":0},null,null,null,{"$f":"'[49]1-RESUMO'!IIO1:IIQ1","v":0},null,null,null,{"$f":"'[49]1-RESUMO'!IIS1:IIU1","v":0},null,null,null,{"$f":"'[49]1-RESUMO'!IIW1:IIY1","v":0},null,null,null,{"$f":"'[49]1-RESUMO'!IJA1:IJC1","v":0},null,null,null,{"$f":"'[49]1-RESUMO'!IJE1:IJG1","v":0},null,null,null,{"$f":"'[49]1-RESUMO'!IJI1:IJK1","v":0},null,null,null,{"$f":"'[49]1-RESUMO'!IJM1:IJO1","v":0},null,null,null,{"$f":"'[49]1-RESUMO'!IJQ1:IJS1","v":0},null,null,null,{"$f":"'[49]1-RESUMO'!IJU1:IJW1","v":0},null,null,null,{"$f":"'[49]1-RESUMO'!IJY1:IKA1","v":0},null,null,null,{"$f":"'[49]1-RESUMO'!IKC1:IKE1","v":0},null,null,null,{"$f":"'[49]1-RESUMO'!IKG1:IKI1","v":0},null,null,null,{"$f":"'[49]1-RESUMO'!IKK1:IKM1","v":0},null,null,null,{"$f":"'[49]1-RESUMO'!IKO1:IKQ1","v":0},null,null,null,{"$f":"'[49]1-RESUMO'!IKS1:IKU1","v":0},null,null,null,{"$f":"'[49]1-RESUMO'!IKW1:IKY1","v":0},null,null,null,{"$f":"'[49]1-RESUMO'!ILA1:ILC1","v":0},null,null,null,{"$f":"'[49]1-RESUMO'!ILE1:ILG1","v":0},null,null,null,{"$f":"'[49]1-RESUMO'!ILI1:ILK1","v":0},null,null,null,{"$f":"'[49]1-RESUMO'!ILM1:ILO1","v":0},null,null,null,{"$f":"'[49]1-RESUMO'!ILQ1:ILS1","v":0},null,null,null,{"$f":"'[49]1-RESUMO'!ILU1:ILW1","v":0},null,null,null,{"$f":"'[49]1-RESUMO'!ILY1:IMA1","v":0},null,null,null,{"$f":"'[49]1-RESUMO'!IMC1:IME1","v":0},null,null,null,{"$f":"'[49]1-RESUMO'!IMG1:IMI1","v":0},null,null,null,{"$f":"'[49]1-RESUMO'!IMK1:IMM1","v":0},null,null,null,{"$f":"'[49]1-RESUMO'!IMO1:IMQ1","v":0},null,null,null,{"$f":"'[49]1-RESUMO'!IMS1:IMU1","v":0},null,null,null,{"$f":"'[49]1-RESUMO'!IMW1:IMY1","v":0},null,null,null,{"$f":"'[49]1-RESUMO'!INA1:INC1","v":0},null,null,null,{"$f":"'[49]1-RESUMO'!INE1:ING1","v":0},null,null,null,{"$f":"'[49]1-RESUMO'!INI1:INK1","v":0},null,null,null,{"$f":"'[49]1-RESUMO'!INM1:INO1","v":0},null,null,null,{"$f":"'[49]1-RESUMO'!INQ1:INS1","v":0},null,null,null,{"$f":"'[49]1-RESUMO'!INU1:INW1","v":0},null,null,null,{"$f":"'[49]1-RESUMO'!INY1:IOA1","v":0},null,null,null,{"$f":"'[49]1-RESUMO'!IOC1:IOE1","v":0},null,null,null,{"$f":"'[49]1-RESUMO'!IOG1:IOI1","v":0},null,null,null,{"$f":"'[49]1-RESUMO'!IOK1:IOM1","v":0},null,null,null,{"$f":"'[49]1-RESUMO'!IOO1:IOQ1","v":0},null,null,null,{"$f":"'[49]1-RESUMO'!IOS1:IOU1","v":0},null,null,null,{"$f":"'[49]1-RESUMO'!IOW1:IOY1","v":0},null,null,null,{"$f":"'[49]1-RESUMO'!IPA1:IPC1","v":0},null,null,null,{"$f":"'[49]1-RESUMO'!IPE1:IPG1","v":0},null,null,null,{"$f":"'[49]1-RESUMO'!IPI1:IPK1","v":0},null,null,null,{"$f":"'[49]1-RESUMO'!IPM1:IPO1","v":0},null,null,null,{"$f":"'[49]1-RESUMO'!IPQ1:IPS1","v":0},null,null,null,{"$f":"'[49]1-RESUMO'!IPU1:IPW1","v":0},null,null,null,{"$f":"'[49]1-RESUMO'!IPY1:IQA1","v":0},null,null,null,{"$f":"'[49]1-RESUMO'!IQC1:IQE1","v":0},null,null,null,{"$f":"'[49]1-RESUMO'!IQG1:IQI1","v":0},null,null,null,{"$f":"'[49]1-RESUMO'!IQK1:IQM1","v":0},null,null,null,{"$f":"'[49]1-RESUMO'!IQO1:IQQ1","v":0},null,null,null,{"$f":"'[49]1-RESUMO'!IQS1:IQU1","v":0},null,null,null,{"$f":"'[49]1-RESUMO'!IQW1:IQY1","v":0},null,null,null,{"$f":"'[49]1-RESUMO'!IRA1:IRC1","v":0},null,null,null,{"$f":"'[49]1-RESUMO'!IRE1:IRG1","v":0},null,null,null,{"$f":"'[49]1-RESUMO'!IRI1:IRK1","v":0},null,null,null,{"$f":"'[49]1-RESUMO'!IRM1:IRO1","v":0},null,null,null,{"$f":"'[49]1-RESUMO'!IRQ1:IRS1","v":0},null,null,null,{"$f":"'[49]1-RESUMO'!IRU1:IRW1","v":0},null,null,null,{"$f":"'[49]1-RESUMO'!IRY1:ISA1","v":0},null,null,null,{"$f":"'[49]1-RESUMO'!ISC1:ISE1","v":0},null,null,null,{"$f":"'[49]1-RESUMO'!ISG1:ISI1","v":0},null,null,null,{"$f":"'[49]1-RESUMO'!ISK1:ISM1","v":0},null,null,null,{"$f":"'[49]1-RESUMO'!ISO1:ISQ1","v":0},null,null,null,{"$f":"'[49]1-RESUMO'!ISS1:ISU1","v":0},null,null,null,{"$f":"'[49]1-RESUMO'!ISW1:ISY1","v":0},null,null,null,{"$f":"'[49]1-RESUMO'!ITA1:ITC1","v":0},null,null,null,{"$f":"'[49]1-RESUMO'!ITE1:ITG1","v":0},null,null,null,{"$f":"'[49]1-RESUMO'!ITI1:ITK1","v":0},null,null,null,{"$f":"'[49]1-RESUMO'!ITM1:ITO1","v":0},null,null,null,{"$f":"'[49]1-RESUMO'!ITQ1:ITS1","v":0},null,null,null,{"$f":"'[49]1-RESUMO'!ITU1:ITW1","v":0},null,null,null,{"$f":"'[49]1-RESUMO'!ITY1:IUA1","v":0},null,null,null,{"$f":"'[49]1-RESUMO'!IUC1:IUE1","v":0},null,null,null,{"$f":"'[49]1-RESUMO'!IUG1:IUI1","v":0},null,null,null,{"$f":"'[49]1-RESUMO'!IUK1:IUM1","v":0},null,null,null,{"$f":"'[49]1-RESUMO'!IUO1:IUQ1","v":0},null,null,null,{"$f":"'[49]1-RESUMO'!IUS1:IUU1","v":0},null,null,null,{"$f":"'[49]1-RESUMO'!IUW1:IUY1","v":0},null,null,null,{"$f":"'[49]1-RESUMO'!IVA1:IVC1","v":0},null,null,null,{"$f":"'[49]1-RESUMO'!IVE1:IVG1","v":0},null,null,null,{"$f":"'[49]1-RESUMO'!IVI1:IVK1","v":0},null,null,null,{"$f":"'[49]1-RESUMO'!IVM1:IVO1","v":0},null,null,null,{"$f":"'[49]1-RESUMO'!IVQ1:IVS1","v":0},null,null,null,{"$f":"'[49]1-RESUMO'!IVU1:IVW1","v":0},null,null,null,{"$f":"'[49]1-RESUMO'!IVY1:IWA1","v":0},null,null,null,{"$f":"'[49]1-RESUMO'!IWC1:IWE1","v":0},null,null,null,{"$f":"'[49]1-RESUMO'!IWG1:IWI1","v":0},null,null,null,{"$f":"'[49]1-RESUMO'!IWK1:IWM1","v":0},null,null,null,{"$f":"'[49]1-RESUMO'!IWO1:IWQ1","v":0},null,null,null,{"$f":"'[49]1-RESUMO'!IWS1:IWU1","v":0},null,null,null,{"$f":"'[49]1-RESUMO'!IWW1:IWY1","v":0},null,null,null,{"$f":"'[49]1-RESUMO'!IXA1:IXC1","v":0},null,null,null,{"$f":"'[49]1-RESUMO'!IXE1:IXG1","v":0},null,null,null,{"$f":"'[49]1-RESUMO'!IXI1:IXK1","v":0},null,null,null,{"$f":"'[49]1-RESUMO'!IXM1:IXO1","v":0},null,null,null,{"$f":"'[49]1-RESUMO'!IXQ1:IXS1","v":0},null,null,null,{"$f":"'[49]1-RESUMO'!IXU1:IXW1","v":0},null,null,null,{"$f":"'[49]1-RESUMO'!IXY1:IYA1","v":0},null,null,null,{"$f":"'[49]1-RESUMO'!IYC1:IYE1","v":0},null,null,null,{"$f":"'[49]1-RESUMO'!IYG1:IYI1","v":0},null,null,null,{"$f":"'[49]1-RESUMO'!IYK1:IYM1","v":0},null,null,null,{"$f":"'[49]1-RESUMO'!IYO1:IYQ1","v":0},null,null,null,{"$f":"'[49]1-RESUMO'!IYS1:IYU1","v":0},null,null,null,{"$f":"'[49]1-RESUMO'!IYW1:IYY1","v":0},null,null,null,{"$f":"'[49]1-RESUMO'!IZA1:IZC1","v":0},null,null,null,{"$f":"'[49]1-RESUMO'!IZE1:IZG1","v":0},null,null,null,{"$f":"'[49]1-RESUMO'!IZI1:IZK1","v":0},null,null,null,{"$f":"'[49]1-RESUMO'!IZM1:IZO1","v":0},null,null,null,{"$f":"'[49]1-RESUMO'!IZQ1:IZS1","v":0},null,null,null,{"$f":"'[49]1-RESUMO'!IZU1:IZW1","v":0},null,null,null,{"$f":"'[49]1-RESUMO'!IZY1:JAA1","v":0},null,null,null,{"$f":"'[49]1-RESUMO'!JAC1:JAE1","v":0},null,null,null,{"$f":"'[49]1-RESUMO'!JAG1:JAI1","v":0},null,null,null,{"$f":"'[49]1-RESUMO'!JAK1:JAM1","v":0},null,null,null,{"$f":"'[49]1-RESUMO'!JAO1:JAQ1","v":0},null,null,null,{"$f":"'[49]1-RESUMO'!JAS1:JAU1","v":0},null,null,null,{"$f":"'[49]1-RESUMO'!JAW1:JAY1","v":0},null,null,null,{"$f":"'[49]1-RESUMO'!JBA1:JBC1","v":0},null,null,null,{"$f":"'[49]1-RESUMO'!JBE1:JBG1","v":0},null,null,null,{"$f":"'[49]1-RESUMO'!JBI1:JBK1","v":0},null,null,null,{"$f":"'[49]1-RESUMO'!JBM1:JBO1","v":0},null,null,null,{"$f":"'[49]1-RESUMO'!JBQ1:JBS1","v":0},null,null,null,{"$f":"'[49]1-RESUMO'!JBU1:JBW1","v":0},null,null,null,{"$f":"'[49]1-RESUMO'!JBY1:JCA1","v":0},null,null,null,{"$f":"'[49]1-RESUMO'!JCC1:JCE1","v":0},null,null,null,{"$f":"'[49]1-RESUMO'!JCG1:JCI1","v":0},null,null,null,{"$f":"'[49]1-RESUMO'!JCK1:JCM1","v":0},null,null,null,{"$f":"'[49]1-RESUMO'!JCO1:JCQ1","v":0},null,null,null,{"$f":"'[49]1-RESUMO'!JCS1:JCU1","v":0},null,null,null,{"$f":"'[49]1-RESUMO'!JCW1:JCY1","v":0},null,null,null,{"$f":"'[49]1-RESUMO'!JDA1:JDC1","v":0},null,null,null,{"$f":"'[49]1-RESUMO'!JDE1:JDG1","v":0},null,null,null,{"$f":"'[49]1-RESUMO'!JDI1:JDK1","v":0},null,null,null,{"$f":"'[49]1-RESUMO'!JDM1:JDO1","v":0},null,null,null,{"$f":"'[49]1-RESUMO'!JDQ1:JDS1","v":0},null,null,null,{"$f":"'[49]1-RESUMO'!JDU1:JDW1","v":0},null,null,null,{"$f":"'[49]1-RESUMO'!JDY1:JEA1","v":0},null,null,null,{"$f":"'[49]1-RESUMO'!JEC1:JEE1","v":0},null,null,null,{"$f":"'[49]1-RESUMO'!JEG1:JEI1","v":0},null,null,null,{"$f":"'[49]1-RESUMO'!JEK1:JEM1","v":0},null,null,null,{"$f":"'[49]1-RESUMO'!JEO1:JEQ1","v":0},null,null,null,{"$f":"'[49]1-RESUMO'!JES1:JEU1","v":0},null,null,null,{"$f":"'[49]1-RESUMO'!JEW1:JEY1","v":0},null,null,null,{"$f":"'[49]1-RESUMO'!JFA1:JFC1","v":0},null,null,null,{"$f":"'[49]1-RESUMO'!JFE1:JFG1","v":0},null,null,null,{"$f":"'[49]1-RESUMO'!JFI1:JFK1","v":0},null,null,null,{"$f":"'[49]1-RESUMO'!JFM1:JFO1","v":0},null,null,null,{"$f":"'[49]1-RESUMO'!JFQ1:JFS1","v":0},null,null,null,{"$f":"'[49]1-RESUMO'!JFU1:JFW1","v":0},null,null,null,{"$f":"'[49]1-RESUMO'!JFY1:JGA1","v":0},null,null,null,{"$f":"'[49]1-RESUMO'!JGC1:JGE1","v":0},null,null,null,{"$f":"'[49]1-RESUMO'!JGG1:JGI1","v":0},null,null,null,{"$f":"'[49]1-RESUMO'!JGK1:JGM1","v":0},null,null,null,{"$f":"'[49]1-RESUMO'!JGO1:JGQ1","v":0},null,null,null,{"$f":"'[49]1-RESUMO'!JGS1:JGU1","v":0},null,null,null,{"$f":"'[49]1-RESUMO'!JGW1:JGY1","v":0},null,null,null,{"$f":"'[49]1-RESUMO'!JHA1:JHC1","v":0},null,null,null,{"$f":"'[49]1-RESUMO'!JHE1:JHG1","v":0},null,null,null,{"$f":"'[49]1-RESUMO'!JHI1:JHK1","v":0},null,null,null,{"$f":"'[49]1-RESUMO'!JHM1:JHO1","v":0},null,null,null,{"$f":"'[49]1-RESUMO'!JHQ1:JHS1","v":0},null,null,null,{"$f":"'[49]1-RESUMO'!JHU1:JHW1","v":0},null,null,null,{"$f":"'[49]1-RESUMO'!JHY1:JIA1","v":0},null,null,null,{"$f":"'[49]1-RESUMO'!JIC1:JIE1","v":0},null,null,null,{"$f":"'[49]1-RESUMO'!JIG1:JII1","v":0},null,null,null,{"$f":"'[49]1-RESUMO'!JIK1:JIM1","v":0},null,null,null,{"$f":"'[49]1-RESUMO'!JIO1:JIQ1","v":0},null,null,null,{"$f":"'[49]1-RESUMO'!JIS1:JIU1","v":0},null,null,null,{"$f":"'[49]1-RESUMO'!JIW1:JIY1","v":0},null,null,null,{"$f":"'[49]1-RESUMO'!JJA1:JJC1","v":0},null,null,null,{"$f":"'[49]1-RESUMO'!JJE1:JJG1","v":0},null,null,null,{"$f":"'[49]1-RESUMO'!JJI1:JJK1","v":0},null,null,null,{"$f":"'[49]1-RESUMO'!JJM1:JJO1","v":0},null,null,null,{"$f":"'[49]1-RESUMO'!JJQ1:JJS1","v":0},null,null,null,{"$f":"'[49]1-RESUMO'!JJU1:JJW1","v":0},null,null,null,{"$f":"'[49]1-RESUMO'!JJY1:JKA1","v":0},null,null,null,{"$f":"'[49]1-RESUMO'!JKC1:JKE1","v":0},null,null,null,{"$f":"'[49]1-RESUMO'!JKG1:JKI1","v":0},null,null,null,{"$f":"'[49]1-RESUMO'!JKK1:JKM1","v":0},null,null,null,{"$f":"'[49]1-RESUMO'!JKO1:JKQ1","v":0},null,null,null,{"$f":"'[49]1-RESUMO'!JKS1:JKU1","v":0},null,null,null,{"$f":"'[49]1-RESUMO'!JKW1:JKY1","v":0},null,null,null,{"$f":"'[49]1-RESUMO'!JLA1:JLC1","v":0},null,null,null,{"$f":"'[49]1-RESUMO'!JLE1:JLG1","v":0},null,null,null,{"$f":"'[49]1-RESUMO'!JLI1:JLK1","v":0},null,null,null,{"$f":"'[49]1-RESUMO'!JLM1:JLO1","v":0},null,null,null,{"$f":"'[49]1-RESUMO'!JLQ1:JLS1","v":0},null,null,null,{"$f":"'[49]1-RESUMO'!JLU1:JLW1","v":0},null,null,null,{"$f":"'[49]1-RESUMO'!JLY1:JMA1","v":0},null,null,null,{"$f":"'[49]1-RESUMO'!JMC1:JME1","v":0},null,null,null,{"$f":"'[49]1-RESUMO'!JMG1:JMI1","v":0},null,null,null,{"$f":"'[49]1-RESUMO'!JMK1:JMM1","v":0},null,null,null,{"$f":"'[49]1-RESUMO'!JMO1:JMQ1","v":0},null,null,null,{"$f":"'[49]1-RESUMO'!JMS1:JMU1","v":0},null,null,null,{"$f":"'[49]1-RESUMO'!JMW1:JMY1","v":0},null,null,null,{"$f":"'[49]1-RESUMO'!JNA1:JNC1","v":0},null,null,null,{"$f":"'[49]1-RESUMO'!JNE1:JNG1","v":0},null,null,null,{"$f":"'[49]1-RESUMO'!JNI1:JNK1","v":0},null,null,null,{"$f":"'[49]1-RESUMO'!JNM1:JNO1","v":0},null,null,null,{"$f":"'[49]1-RESUMO'!JNQ1:JNS1","v":0},null,null,null,{"$f":"'[49]1-RESUMO'!JNU1:JNW1","v":0},null,null,null,{"$f":"'[49]1-RESUMO'!JNY1:JOA1","v":0},null,null,null,{"$f":"'[49]1-RESUMO'!JOC1:JOE1","v":0},null,null,null,{"$f":"'[49]1-RESUMO'!JOG1:JOI1","v":0},null,null,null,{"$f":"'[49]1-RESUMO'!JOK1:JOM1","v":0},null,null,null,{"$f":"'[49]1-RESUMO'!JOO1:JOQ1","v":0},null,null,null,{"$f":"'[49]1-RESUMO'!JOS1:JOU1","v":0},null,null,null,{"$f":"'[49]1-RESUMO'!JOW1:JOY1","v":0},null,null,null,{"$f":"'[49]1-RESUMO'!JPA1:JPC1","v":0},null,null,null,{"$f":"'[49]1-RESUMO'!JPE1:JPG1","v":0},null,null,null,{"$f":"'[49]1-RESUMO'!JPI1:JPK1","v":0},null,null,null,{"$f":"'[49]1-RESUMO'!JPM1:JPO1","v":0},null,null,null,{"$f":"'[49]1-RESUMO'!JPQ1:JPS1","v":0},null,null,null,{"$f":"'[49]1-RESUMO'!JPU1:JPW1","v":0},null,null,null,{"$f":"'[49]1-RESUMO'!JPY1:JQA1","v":0},null,null,null,{"$f":"'[49]1-RESUMO'!JQC1:JQE1","v":0},null,null,null,{"$f":"'[49]1-RESUMO'!JQG1:JQI1","v":0},null,null,null,{"$f":"'[49]1-RESUMO'!JQK1:JQM1","v":0},null,null,null,{"$f":"'[49]1-RESUMO'!JQO1:JQQ1","v":0},null,null,null,{"$f":"'[49]1-RESUMO'!JQS1:JQU1","v":0},null,null,null,{"$f":"'[49]1-RESUMO'!JQW1:JQY1","v":0},null,null,null,{"$f":"'[49]1-RESUMO'!JRA1:JRC1","v":0},null,null,null,{"$f":"'[49]1-RESUMO'!JRE1:JRG1","v":0},null,null,null,{"$f":"'[49]1-RESUMO'!JRI1:JRK1","v":0},null,null,null,{"$f":"'[49]1-RESUMO'!JRM1:JRO1","v":0},null,null,null,{"$f":"'[49]1-RESUMO'!JRQ1:JRS1","v":0},null,null,null,{"$f":"'[49]1-RESUMO'!JRU1:JRW1","v":0},null,null,null,{"$f":"'[49]1-RESUMO'!JRY1:JSA1","v":0},null,null,null,{"$f":"'[49]1-RESUMO'!JSC1:JSE1","v":0},null,null,null,{"$f":"'[49]1-RESUMO'!JSG1:JSI1","v":0},null,null,null,{"$f":"'[49]1-RESUMO'!JSK1:JSM1","v":0},null,null,null,{"$f":"'[49]1-RESUMO'!JSO1:JSQ1","v":0},null,null,null,{"$f":"'[49]1-RESUMO'!JSS1:JSU1","v":0},null,null,null,{"$f":"'[49]1-RESUMO'!JSW1:JSY1","v":0},null,null,null,{"$f":"'[49]1-RESUMO'!JTA1:JTC1","v":0},null,null,null,{"$f":"'[49]1-RESUMO'!JTE1:JTG1","v":0},null,null,null,{"$f":"'[49]1-RESUMO'!JTI1:JTK1","v":0},null,null,null,{"$f":"'[49]1-RESUMO'!JTM1:JTO1","v":0},null,null,null,{"$f":"'[49]1-RESUMO'!JTQ1:JTS1","v":0},null,null,null,{"$f":"'[49]1-RESUMO'!JTU1:JTW1","v":0},null,null,null,{"$f":"'[49]1-RESUMO'!JTY1:JUA1","v":0},null,null,null,{"$f":"'[49]1-RESUMO'!JUC1:JUE1","v":0},null,null,null,{"$f":"'[49]1-RESUMO'!JUG1:JUI1","v":0},null,null,null,{"$f":"'[49]1-RESUMO'!JUK1:JUM1","v":0},null,null,null,{"$f":"'[49]1-RESUMO'!JUO1:JUQ1","v":0},null,null,null,{"$f":"'[49]1-RESUMO'!JUS1:JUU1","v":0},null,null,null,{"$f":"'[49]1-RESUMO'!JUW1:JUY1","v":0},null,null,null,{"$f":"'[49]1-RESUMO'!JVA1:JVC1","v":0},null,null,null,{"$f":"'[49]1-RESUMO'!JVE1:JVG1","v":0},null,null,null,{"$f":"'[49]1-RESUMO'!JVI1:JVK1","v":0},null,null,null,{"$f":"'[49]1-RESUMO'!JVM1:JVO1","v":0},null,null,null,{"$f":"'[49]1-RESUMO'!JVQ1:JVS1","v":0},null,null,null,{"$f":"'[49]1-RESUMO'!JVU1:JVW1","v":0},null,null,null,{"$f":"'[49]1-RESUMO'!JVY1:JWA1","v":0},null,null,null,{"$f":"'[49]1-RESUMO'!JWC1:JWE1","v":0},null,null,null,{"$f":"'[49]1-RESUMO'!JWG1:JWI1","v":0},null,null,null,{"$f":"'[49]1-RESUMO'!JWK1:JWM1","v":0},null,null,null,{"$f":"'[49]1-RESUMO'!JWO1:JWQ1","v":0},null,null,null,{"$f":"'[49]1-RESUMO'!JWS1:JWU1","v":0},null,null,null,{"$f":"'[49]1-RESUMO'!JWW1:JWY1","v":0},null,null,null,{"$f":"'[49]1-RESUMO'!JXA1:JXC1","v":0},null,null,null,{"$f":"'[49]1-RESUMO'!JXE1:JXG1","v":0},null,null,null,{"$f":"'[49]1-RESUMO'!JXI1:JXK1","v":0},null,null,null,{"$f":"'[49]1-RESUMO'!JXM1:JXO1","v":0},null,null,null,{"$f":"'[49]1-RESUMO'!JXQ1:JXS1","v":0},null,null,null,{"$f":"'[49]1-RESUMO'!JXU1:JXW1","v":0},null,null,null,{"$f":"'[49]1-RESUMO'!JXY1:JYA1","v":0},null,null,null,{"$f":"'[49]1-RESUMO'!JYC1:JYE1","v":0},null,null,null,{"$f":"'[49]1-RESUMO'!JYG1:JYI1","v":0},null,null,null,{"$f":"'[49]1-RESUMO'!JYK1:JYM1","v":0},null,null,null,{"$f":"'[49]1-RESUMO'!JYO1:JYQ1","v":0},null,null,null,{"$f":"'[49]1-RESUMO'!JYS1:JYU1","v":0},null,null,null,{"$f":"'[49]1-RESUMO'!JYW1:JYY1","v":0},null,null,null,{"$f":"'[49]1-RESUMO'!JZA1:JZC1","v":0},null,null,null,{"$f":"'[49]1-RESUMO'!JZE1:JZG1","v":0},null,null,null,{"$f":"'[49]1-RESUMO'!JZI1:JZK1","v":0},null,null,null,{"$f":"'[49]1-RESUMO'!JZM1:JZO1","v":0},null,null,null,{"$f":"'[49]1-RESUMO'!JZQ1:JZS1","v":0},null,null,null,{"$f":"'[49]1-RESUMO'!JZU1:JZW1","v":0},null,null,null,{"$f":"'[49]1-RESUMO'!JZY1:KAA1","v":0},null,null,null,{"$f":"'[49]1-RESUMO'!KAC1:KAE1","v":0},null,null,null,{"$f":"'[49]1-RESUMO'!KAG1:KAI1","v":0},null,null,null,{"$f":"'[49]1-RESUMO'!KAK1:KAM1","v":0},null,null,null,{"$f":"'[49]1-RESUMO'!KAO1:KAQ1","v":0},null,null,null,{"$f":"'[49]1-RESUMO'!KAS1:KAU1","v":0},null,null,null,{"$f":"'[49]1-RESUMO'!KAW1:KAY1","v":0},null,null,null,{"$f":"'[49]1-RESUMO'!KBA1:KBC1","v":0},null,null,null,{"$f":"'[49]1-RESUMO'!KBE1:KBG1","v":0},null,null,null,{"$f":"'[49]1-RESUMO'!KBI1:KBK1","v":0},null,null,null,{"$f":"'[49]1-RESUMO'!KBM1:KBO1","v":0},null,null,null,{"$f":"'[49]1-RESUMO'!KBQ1:KBS1","v":0},null,null,null,{"$f":"'[49]1-RESUMO'!KBU1:KBW1","v":0},null,null,null,{"$f":"'[49]1-RESUMO'!KBY1:KCA1","v":0},null,null,null,{"$f":"'[49]1-RESUMO'!KCC1:KCE1","v":0},null,null,null,{"$f":"'[49]1-RESUMO'!KCG1:KCI1","v":0},null,null,null,{"$f":"'[49]1-RESUMO'!KCK1:KCM1","v":0},null,null,null,{"$f":"'[49]1-RESUMO'!KCO1:KCQ1","v":0},null,null,null,{"$f":"'[49]1-RESUMO'!KCS1:KCU1","v":0},null,null,null,{"$f":"'[49]1-RESUMO'!KCW1:KCY1","v":0},null,null,null,{"$f":"'[49]1-RESUMO'!KDA1:KDC1","v":0},null,null,null,{"$f":"'[49]1-RESUMO'!KDE1:KDG1","v":0},null,null,null,{"$f":"'[49]1-RESUMO'!KDI1:KDK1","v":0},null,null,null,{"$f":"'[49]1-RESUMO'!KDM1:KDO1","v":0},null,null,null,{"$f":"'[49]1-RESUMO'!KDQ1:KDS1","v":0},null,null,null,{"$f":"'[49]1-RESUMO'!KDU1:KDW1","v":0},null,null,null,{"$f":"'[49]1-RESUMO'!KDY1:KEA1","v":0},null,null,null,{"$f":"'[49]1-RESUMO'!KEC1:KEE1","v":0},null,null,null,{"$f":"'[49]1-RESUMO'!KEG1:KEI1","v":0},null,null,null,{"$f":"'[49]1-RESUMO'!KEK1:KEM1","v":0},null,null,null,{"$f":"'[49]1-RESUMO'!KEO1:KEQ1","v":0},null,null,null,{"$f":"'[49]1-RESUMO'!KES1:KEU1","v":0},null,null,null,{"$f":"'[49]1-RESUMO'!KEW1:KEY1","v":0},null,null,null,{"$f":"'[49]1-RESUMO'!KFA1:KFC1","v":0},null,null,null,{"$f":"'[49]1-RESUMO'!KFE1:KFG1","v":0},null,null,null,{"$f":"'[49]1-RESUMO'!KFI1:KFK1","v":0},null,null,null,{"$f":"'[49]1-RESUMO'!KFM1:KFO1","v":0},null,null,null,{"$f":"'[49]1-RESUMO'!KFQ1:KFS1","v":0},null,null,null,{"$f":"'[49]1-RESUMO'!KFU1:KFW1","v":0},null,null,null,{"$f":"'[49]1-RESUMO'!KFY1:KGA1","v":0},null,null,null,{"$f":"'[49]1-RESUMO'!KGC1:KGE1","v":0},null,null,null,{"$f":"'[49]1-RESUMO'!KGG1:KGI1","v":0},null,null,null,{"$f":"'[49]1-RESUMO'!KGK1:KGM1","v":0},null,null,null,{"$f":"'[49]1-RESUMO'!KGO1:KGQ1","v":0},null,null,null,{"$f":"'[49]1-RESUMO'!KGS1:KGU1","v":0},null,null,null,{"$f":"'[49]1-RESUMO'!KGW1:KGY1","v":0},null,null,null,{"$f":"'[49]1-RESUMO'!KHA1:KHC1","v":0},null,null,null,{"$f":"'[49]1-RESUMO'!KHE1:KHG1","v":0},null,null,null,{"$f":"'[49]1-RESUMO'!KHI1:KHK1","v":0},null,null,null,{"$f":"'[49]1-RESUMO'!KHM1:KHO1","v":0},null,null,null,{"$f":"'[49]1-RESUMO'!KHQ1:KHS1","v":0},null,null,null,{"$f":"'[49]1-RESUMO'!KHU1:KHW1","v":0},null,null,null,{"$f":"'[49]1-RESUMO'!KHY1:KIA1","v":0},null,null,null,{"$f":"'[49]1-RESUMO'!KIC1:KIE1","v":0},null,null,null,{"$f":"'[49]1-RESUMO'!KIG1:KII1","v":0},null,null,null,{"$f":"'[49]1-RESUMO'!KIK1:KIM1","v":0},null,null,null,{"$f":"'[49]1-RESUMO'!KIO1:KIQ1","v":0},null,null,null,{"$f":"'[49]1-RESUMO'!KIS1:KIU1","v":0},null,null,null,{"$f":"'[49]1-RESUMO'!KIW1:KIY1","v":0},null,null,null,{"$f":"'[49]1-RESUMO'!KJA1:KJC1","v":0},null,null,null,{"$f":"'[49]1-RESUMO'!KJE1:KJG1","v":0},null,null,null,{"$f":"'[49]1-RESUMO'!KJI1:KJK1","v":0},null,null,null,{"$f":"'[49]1-RESUMO'!KJM1:KJO1","v":0},null,null,null,{"$f":"'[49]1-RESUMO'!KJQ1:KJS1","v":0},null,null,null,{"$f":"'[49]1-RESUMO'!KJU1:KJW1","v":0},null,null,null,{"$f":"'[49]1-RESUMO'!KJY1:KKA1","v":0},null,null,null,{"$f":"'[49]1-RESUMO'!KKC1:KKE1","v":0},null,null,null,{"$f":"'[49]1-RESUMO'!KKG1:KKI1","v":0},null,null,null,{"$f":"'[49]1-RESUMO'!KKK1:KKM1","v":0},null,null,null,{"$f":"'[49]1-RESUMO'!KKO1:KKQ1","v":0},null,null,null,{"$f":"'[49]1-RESUMO'!KKS1:KKU1","v":0},null,null,null,{"$f":"'[49]1-RESUMO'!KKW1:KKY1","v":0},null,null,null,{"$f":"'[49]1-RESUMO'!KLA1:KLC1","v":0},null,null,null,{"$f":"'[49]1-RESUMO'!KLE1:KLG1","v":0},null,null,null,{"$f":"'[49]1-RESUMO'!KLI1:KLK1","v":0},null,null,null,{"$f":"'[49]1-RESUMO'!KLM1:KLO1","v":0},null,null,null,{"$f":"'[49]1-RESUMO'!KLQ1:KLS1","v":0},null,null,null,{"$f":"'[49]1-RESUMO'!KLU1:KLW1","v":0},null,null,null,{"$f":"'[49]1-RESUMO'!KLY1:KMA1","v":0},null,null,null,{"$f":"'[49]1-RESUMO'!KMC1:KME1","v":0},null,null,null,{"$f":"'[49]1-RESUMO'!KMG1:KMI1","v":0},null,null,null,{"$f":"'[49]1-RESUMO'!KMK1:KMM1","v":0},null,null,null,{"$f":"'[49]1-RESUMO'!KMO1:KMQ1","v":0},null,null,null,{"$f":"'[49]1-RESUMO'!KMS1:KMU1","v":0},null,null,null,{"$f":"'[49]1-RESUMO'!KMW1:KMY1","v":0},null,null,null,{"$f":"'[49]1-RESUMO'!KNA1:KNC1","v":0},null,null,null,{"$f":"'[49]1-RESUMO'!KNE1:KNG1","v":0},null,null,null,{"$f":"'[49]1-RESUMO'!KNI1:KNK1","v":0},null,null,null,{"$f":"'[49]1-RESUMO'!KNM1:KNO1","v":0},null,null,null,{"$f":"'[49]1-RESUMO'!KNQ1:KNS1","v":0},null,null,null,{"$f":"'[49]1-RESUMO'!KNU1:KNW1","v":0},null,null,null,{"$f":"'[49]1-RESUMO'!KNY1:KOA1","v":0},null,null,null,{"$f":"'[49]1-RESUMO'!KOC1:KOE1","v":0},null,null,null,{"$f":"'[49]1-RESUMO'!KOG1:KOI1","v":0},null,null,null,{"$f":"'[49]1-RESUMO'!KOK1:KOM1","v":0},null,null,null,{"$f":"'[49]1-RESUMO'!KOO1:KOQ1","v":0},null,null,null,{"$f":"'[49]1-RESUMO'!KOS1:KOU1","v":0},null,null,null,{"$f":"'[49]1-RESUMO'!KOW1:KOY1","v":0},null,null,null,{"$f":"'[49]1-RESUMO'!KPA1:KPC1","v":0},null,null,null,{"$f":"'[49]1-RESUMO'!KPE1:KPG1","v":0},null,null,null,{"$f":"'[49]1-RESUMO'!KPI1:KPK1","v":0},null,null,null,{"$f":"'[49]1-RESUMO'!KPM1:KPO1","v":0},null,null,null,{"$f":"'[49]1-RESUMO'!KPQ1:KPS1","v":0},null,null,null,{"$f":"'[49]1-RESUMO'!KPU1:KPW1","v":0},null,null,null,{"$f":"'[49]1-RESUMO'!KPY1:KQA1","v":0},null,null,null,{"$f":"'[49]1-RESUMO'!KQC1:KQE1","v":0},null,null,null,{"$f":"'[49]1-RESUMO'!KQG1:KQI1","v":0},null,null,null,{"$f":"'[49]1-RESUMO'!KQK1:KQM1","v":0},null,null,null,{"$f":"'[49]1-RESUMO'!KQO1:KQQ1","v":0},null,null,null,{"$f":"'[49]1-RESUMO'!KQS1:KQU1","v":0},null,null,null,{"$f":"'[49]1-RESUMO'!KQW1:KQY1","v":0},null,null,null,{"$f":"'[49]1-RESUMO'!KRA1:KRC1","v":0},null,null,null,{"$f":"'[49]1-RESUMO'!KRE1:KRG1","v":0},null,null,null,{"$f":"'[49]1-RESUMO'!KRI1:KRK1","v":0},null,null,null,{"$f":"'[49]1-RESUMO'!KRM1:KRO1","v":0},null,null,null,{"$f":"'[49]1-RESUMO'!KRQ1:KRS1","v":0},null,null,null,{"$f":"'[49]1-RESUMO'!KRU1:KRW1","v":0},null,null,null,{"$f":"'[49]1-RESUMO'!KRY1:KSA1","v":0},null,null,null,{"$f":"'[49]1-RESUMO'!KSC1:KSE1","v":0},null,null,null,{"$f":"'[49]1-RESUMO'!KSG1:KSI1","v":0},null,null,null,{"$f":"'[49]1-RESUMO'!KSK1:KSM1","v":0},null,null,null,{"$f":"'[49]1-RESUMO'!KSO1:KSQ1","v":0},null,null,null,{"$f":"'[49]1-RESUMO'!KSS1:KSU1","v":0},null,null,null,{"$f":"'[49]1-RESUMO'!KSW1:KSY1","v":0},null,null,null,{"$f":"'[49]1-RESUMO'!KTA1:KTC1","v":0},null,null,null,{"$f":"'[49]1-RESUMO'!KTE1:KTG1","v":0},null,null,null,{"$f":"'[49]1-RESUMO'!KTI1:KTK1","v":0},null,null,null,{"$f":"'[49]1-RESUMO'!KTM1:KTO1","v":0},null,null,null,{"$f":"'[49]1-RESUMO'!KTQ1:KTS1","v":0},null,null,null,{"$f":"'[49]1-RESUMO'!KTU1:KTW1","v":0},null,null,null,{"$f":"'[49]1-RESUMO'!KTY1:KUA1","v":0},null,null,null,{"$f":"'[49]1-RESUMO'!KUC1:KUE1","v":0},null,null,null,{"$f":"'[49]1-RESUMO'!KUG1:KUI1","v":0},null,null,null,{"$f":"'[49]1-RESUMO'!KUK1:KUM1","v":0},null,null,null,{"$f":"'[49]1-RESUMO'!KUO1:KUQ1","v":0},null,null,null,{"$f":"'[49]1-RESUMO'!KUS1:KUU1","v":0},null,null,null,{"$f":"'[49]1-RESUMO'!KUW1:KUY1","v":0},null,null,null,{"$f":"'[49]1-RESUMO'!KVA1:KVC1","v":0},null,null,null,{"$f":"'[49]1-RESUMO'!KVE1:KVG1","v":0},null,null,null,{"$f":"'[49]1-RESUMO'!KVI1:KVK1","v":0},null,null,null,{"$f":"'[49]1-RESUMO'!KVM1:KVO1","v":0},null,null,null,{"$f":"'[49]1-RESUMO'!KVQ1:KVS1","v":0},null,null,null,{"$f":"'[49]1-RESUMO'!KVU1:KVW1","v":0},null,null,null,{"$f":"'[49]1-RESUMO'!KVY1:KWA1","v":0},null,null,null,{"$f":"'[49]1-RESUMO'!KWC1:KWE1","v":0},null,null,null,{"$f":"'[49]1-RESUMO'!KWG1:KWI1","v":0},null,null,null,{"$f":"'[49]1-RESUMO'!KWK1:KWM1","v":0},null,null,null,{"$f":"'[49]1-RESUMO'!KWO1:KWQ1","v":0},null,null,null,{"$f":"'[49]1-RESUMO'!KWS1:KWU1","v":0},null,null,null,{"$f":"'[49]1-RESUMO'!KWW1:KWY1","v":0},null,null,null,{"$f":"'[49]1-RESUMO'!KXA1:KXC1","v":0},null,null,null,{"$f":"'[49]1-RESUMO'!KXE1:KXG1","v":0},null,null,null,{"$f":"'[49]1-RESUMO'!KXI1:KXK1","v":0},null,null,null,{"$f":"'[49]1-RESUMO'!KXM1:KXO1","v":0},null,null,null,{"$f":"'[49]1-RESUMO'!KXQ1:KXS1","v":0},null,null,null,{"$f":"'[49]1-RESUMO'!KXU1:KXW1","v":0},null,null,null,{"$f":"'[49]1-RESUMO'!KXY1:KYA1","v":0},null,null,null,{"$f":"'[49]1-RESUMO'!KYC1:KYE1","v":0},null,null,null,{"$f":"'[49]1-RESUMO'!KYG1:KYI1","v":0},null,null,null,{"$f":"'[49]1-RESUMO'!KYK1:KYM1","v":0},null,null,null,{"$f":"'[49]1-RESUMO'!KYO1:KYQ1","v":0},null,null,null,{"$f":"'[49]1-RESUMO'!KYS1:KYU1","v":0},null,null,null,{"$f":"'[49]1-RESUMO'!KYW1:KYY1","v":0},null,null,null,{"$f":"'[49]1-RESUMO'!KZA1:KZC1","v":0},null,null,null,{"$f":"'[49]1-RESUMO'!KZE1:KZG1","v":0},null,null,null,{"$f":"'[49]1-RESUMO'!KZI1:KZK1","v":0},null,null,null,{"$f":"'[49]1-RESUMO'!KZM1:KZO1","v":0},null,null,null,{"$f":"'[49]1-RESUMO'!KZQ1:KZS1","v":0},null,null,null,{"$f":"'[49]1-RESUMO'!KZU1:KZW1","v":0},null,null,null,{"$f":"'[49]1-RESUMO'!KZY1:LAA1","v":0},null,null,null,{"$f":"'[49]1-RESUMO'!LAC1:LAE1","v":0},null,null,null,{"$f":"'[49]1-RESUMO'!LAG1:LAI1","v":0},null,null,null,{"$f":"'[49]1-RESUMO'!LAK1:LAM1","v":0},null,null,null,{"$f":"'[49]1-RESUMO'!LAO1:LAQ1","v":0},null,null,null,{"$f":"'[49]1-RESUMO'!LAS1:LAU1","v":0},null,null,null,{"$f":"'[49]1-RESUMO'!LAW1:LAY1","v":0},null,null,null,{"$f":"'[49]1-RESUMO'!LBA1:LBC1","v":0},null,null,null,{"$f":"'[49]1-RESUMO'!LBE1:LBG1","v":0},null,null,null,{"$f":"'[49]1-RESUMO'!LBI1:LBK1","v":0},null,null,null,{"$f":"'[49]1-RESUMO'!LBM1:LBO1","v":0},null,null,null,{"$f":"'[49]1-RESUMO'!LBQ1:LBS1","v":0},null,null,null,{"$f":"'[49]1-RESUMO'!LBU1:LBW1","v":0},null,null,null,{"$f":"'[49]1-RESUMO'!LBY1:LCA1","v":0},null,null,null,{"$f":"'[49]1-RESUMO'!LCC1:LCE1","v":0},null,null,null,{"$f":"'[49]1-RESUMO'!LCG1:LCI1","v":0},null,null,null,{"$f":"'[49]1-RESUMO'!LCK1:LCM1","v":0},null,null,null,{"$f":"'[49]1-RESUMO'!LCO1:LCQ1","v":0},null,null,null,{"$f":"'[49]1-RESUMO'!LCS1:LCU1","v":0},null,null,null,{"$f":"'[49]1-RESUMO'!LCW1:LCY1","v":0},null,null,null,{"$f":"'[49]1-RESUMO'!LDA1:LDC1","v":0},null,null,null,{"$f":"'[49]1-RESUMO'!LDE1:LDG1","v":0},null,null,null,{"$f":"'[49]1-RESUMO'!LDI1:LDK1","v":0},null,null,null,{"$f":"'[49]1-RESUMO'!LDM1:LDO1","v":0},null,null,null,{"$f":"'[49]1-RESUMO'!LDQ1:LDS1","v":0},null,null,null,{"$f":"'[49]1-RESUMO'!LDU1:LDW1","v":0},null,null,null,{"$f":"'[49]1-RESUMO'!LDY1:LEA1","v":0},null,null,null,{"$f":"'[49]1-RESUMO'!LEC1:LEE1","v":0},null,null,null,{"$f":"'[49]1-RESUMO'!LEG1:LEI1","v":0},null,null,null,{"$f":"'[49]1-RESUMO'!LEK1:LEM1","v":0},null,null,null,{"$f":"'[49]1-RESUMO'!LEO1:LEQ1","v":0},null,null,null,{"$f":"'[49]1-RESUMO'!LES1:LEU1","v":0},null,null,null,{"$f":"'[49]1-RESUMO'!LEW1:LEY1","v":0},null,null,null,{"$f":"'[49]1-RESUMO'!LFA1:LFC1","v":0},null,null,null,{"$f":"'[49]1-RESUMO'!LFE1:LFG1","v":0},null,null,null,{"$f":"'[49]1-RESUMO'!LFI1:LFK1","v":0},null,null,null,{"$f":"'[49]1-RESUMO'!LFM1:LFO1","v":0},null,null,null,{"$f":"'[49]1-RESUMO'!LFQ1:LFS1","v":0},null,null,null,{"$f":"'[49]1-RESUMO'!LFU1:LFW1","v":0},null,null,null,{"$f":"'[49]1-RESUMO'!LFY1:LGA1","v":0},null,null,null,{"$f":"'[49]1-RESUMO'!LGC1:LGE1","v":0},null,null,null,{"$f":"'[49]1-RESUMO'!LGG1:LGI1","v":0},null,null,null,{"$f":"'[49]1-RESUMO'!LGK1:LGM1","v":0},null,null,null,{"$f":"'[49]1-RESUMO'!LGO1:LGQ1","v":0},null,null,null,{"$f":"'[49]1-RESUMO'!LGS1:LGU1","v":0},null,null,null,{"$f":"'[49]1-RESUMO'!LGW1:LGY1","v":0},null,null,null,{"$f":"'[49]1-RESUMO'!LHA1:LHC1","v":0},null,null,null,{"$f":"'[49]1-RESUMO'!LHE1:LHG1","v":0},null,null,null,{"$f":"'[49]1-RESUMO'!LHI1:LHK1","v":0},null,null,null,{"$f":"'[49]1-RESUMO'!LHM1:LHO1","v":0},null,null,null,{"$f":"'[49]1-RESUMO'!LHQ1:LHS1","v":0},null,null,null,{"$f":"'[49]1-RESUMO'!LHU1:LHW1","v":0},null,null,null,{"$f":"'[49]1-RESUMO'!LHY1:LIA1","v":0},null,null,null,{"$f":"'[49]1-RESUMO'!LIC1:LIE1","v":0},null,null,null,{"$f":"'[49]1-RESUMO'!LIG1:LII1","v":0},null,null,null,{"$f":"'[49]1-RESUMO'!LIK1:LIM1","v":0},null,null,null,{"$f":"'[49]1-RESUMO'!LIO1:LIQ1","v":0},null,null,null,{"$f":"'[49]1-RESUMO'!LIS1:LIU1","v":0},null,null,null,{"$f":"'[49]1-RESUMO'!LIW1:LIY1","v":0},null,null,null,{"$f":"'[49]1-RESUMO'!LJA1:LJC1","v":0},null,null,null,{"$f":"'[49]1-RESUMO'!LJE1:LJG1","v":0},null,null,null,{"$f":"'[49]1-RESUMO'!LJI1:LJK1","v":0},null,null,null,{"$f":"'[49]1-RESUMO'!LJM1:LJO1","v":0},null,null,null,{"$f":"'[49]1-RESUMO'!LJQ1:LJS1","v":0},null,null,null,{"$f":"'[49]1-RESUMO'!LJU1:LJW1","v":0},null,null,null,{"$f":"'[49]1-RESUMO'!LJY1:LKA1","v":0},null,null,null,{"$f":"'[49]1-RESUMO'!LKC1:LKE1","v":0},null,null,null,{"$f":"'[49]1-RESUMO'!LKG1:LKI1","v":0},null,null,null,{"$f":"'[49]1-RESUMO'!LKK1:LKM1","v":0},null,null,null,{"$f":"'[49]1-RESUMO'!LKO1:LKQ1","v":0},null,null,null,{"$f":"'[49]1-RESUMO'!LKS1:LKU1","v":0},null,null,null,{"$f":"'[49]1-RESUMO'!LKW1:LKY1","v":0},null,null,null,{"$f":"'[49]1-RESUMO'!LLA1:LLC1","v":0},null,null,null,{"$f":"'[49]1-RESUMO'!LLE1:LLG1","v":0},null,null,null,{"$f":"'[49]1-RESUMO'!LLI1:LLK1","v":0},null,null,null,{"$f":"'[49]1-RESUMO'!LLM1:LLO1","v":0},null,null,null,{"$f":"'[49]1-RESUMO'!LLQ1:LLS1","v":0},null,null,null,{"$f":"'[49]1-RESUMO'!LLU1:LLW1","v":0},null,null,null,{"$f":"'[49]1-RESUMO'!LLY1:LMA1","v":0},null,null,null,{"$f":"'[49]1-RESUMO'!LMC1:LME1","v":0},null,null,null,{"$f":"'[49]1-RESUMO'!LMG1:LMI1","v":0},null,null,null,{"$f":"'[49]1-RESUMO'!LMK1:LMM1","v":0},null,null,null,{"$f":"'[49]1-RESUMO'!LMO1:LMQ1","v":0},null,null,null,{"$f":"'[49]1-RESUMO'!LMS1:LMU1","v":0},null,null,null,{"$f":"'[49]1-RESUMO'!LMW1:LMY1","v":0},null,null,null,{"$f":"'[49]1-RESUMO'!LNA1:LNC1","v":0},null,null,null,{"$f":"'[49]1-RESUMO'!LNE1:LNG1","v":0},null,null,null,{"$f":"'[49]1-RESUMO'!LNI1:LNK1","v":0},null,null,null,{"$f":"'[49]1-RESUMO'!LNM1:LNO1","v":0},null,null,null,{"$f":"'[49]1-RESUMO'!LNQ1:LNS1","v":0},null,null,null,{"$f":"'[49]1-RESUMO'!LNU1:LNW1","v":0},null,null,null,{"$f":"'[49]1-RESUMO'!LNY1:LOA1","v":0},null,null,null,{"$f":"'[49]1-RESUMO'!LOC1:LOE1","v":0},null,null,null,{"$f":"'[49]1-RESUMO'!LOG1:LOI1","v":0},null,null,null,{"$f":"'[49]1-RESUMO'!LOK1:LOM1","v":0},null,null,null,{"$f":"'[49]1-RESUMO'!LOO1:LOQ1","v":0},null,null,null,{"$f":"'[49]1-RESUMO'!LOS1:LOU1","v":0},null,null,null,{"$f":"'[49]1-RESUMO'!LOW1:LOY1","v":0},null,null,null,{"$f":"'[49]1-RESUMO'!LPA1:LPC1","v":0},null,null,null,{"$f":"'[49]1-RESUMO'!LPE1:LPG1","v":0},null,null,null,{"$f":"'[49]1-RESUMO'!LPI1:LPK1","v":0},null,null,null,{"$f":"'[49]1-RESUMO'!LPM1:LPO1","v":0},null,null,null,{"$f":"'[49]1-RESUMO'!LPQ1:LPS1","v":0},null,null,null,{"$f":"'[49]1-RESUMO'!LPU1:LPW1","v":0},null,null,null,{"$f":"'[49]1-RESUMO'!LPY1:LQA1","v":0},null,null,null,{"$f":"'[49]1-RESUMO'!LQC1:LQE1","v":0},null,null,null,{"$f":"'[49]1-RESUMO'!LQG1:LQI1","v":0},null,null,null,{"$f":"'[49]1-RESUMO'!LQK1:LQM1","v":0},null,null,null,{"$f":"'[49]1-RESUMO'!LQO1:LQQ1","v":0},null,null,null,{"$f":"'[49]1-RESUMO'!LQS1:LQU1","v":0},null,null,null,{"$f":"'[49]1-RESUMO'!LQW1:LQY1","v":0},null,null,null,{"$f":"'[49]1-RESUMO'!LRA1:LRC1","v":0},null,null,null,{"$f":"'[49]1-RESUMO'!LRE1:LRG1","v":0},null,null,null,{"$f":"'[49]1-RESUMO'!LRI1:LRK1","v":0},null,null,null,{"$f":"'[49]1-RESUMO'!LRM1:LRO1","v":0},null,null,null,{"$f":"'[49]1-RESUMO'!LRQ1:LRS1","v":0},null,null,null,{"$f":"'[49]1-RESUMO'!LRU1:LRW1","v":0},null,null,null,{"$f":"'[49]1-RESUMO'!LRY1:LSA1","v":0},null,null,null,{"$f":"'[49]1-RESUMO'!LSC1:LSE1","v":0},null,null,null,{"$f":"'[49]1-RESUMO'!LSG1:LSI1","v":0},null,null,null,{"$f":"'[49]1-RESUMO'!LSK1:LSM1","v":0},null,null,null,{"$f":"'[49]1-RESUMO'!LSO1:LSQ1","v":0},null,null,null,{"$f":"'[49]1-RESUMO'!LSS1:LSU1","v":0},null,null,null,{"$f":"'[49]1-RESUMO'!LSW1:LSY1","v":0},null,null,null,{"$f":"'[49]1-RESUMO'!LTA1:LTC1","v":0},null,null,null,{"$f":"'[49]1-RESUMO'!LTE1:LTG1","v":0},null,null,null,{"$f":"'[49]1-RESUMO'!LTI1:LTK1","v":0},null,null,null,{"$f":"'[49]1-RESUMO'!LTM1:LTO1","v":0},null,null,null,{"$f":"'[49]1-RESUMO'!LTQ1:LTS1","v":0},null,null,null,{"$f":"'[49]1-RESUMO'!LTU1:LTW1","v":0},null,null,null,{"$f":"'[49]1-RESUMO'!LTY1:LUA1","v":0},null,null,null,{"$f":"'[49]1-RESUMO'!LUC1:LUE1","v":0},null,null,null,{"$f":"'[49]1-RESUMO'!LUG1:LUI1","v":0},null,null,null,{"$f":"'[49]1-RESUMO'!LUK1:LUM1","v":0},null,null,null,{"$f":"'[49]1-RESUMO'!LUO1:LUQ1","v":0},null,null,null,{"$f":"'[49]1-RESUMO'!LUS1:LUU1","v":0},null,null,null,{"$f":"'[49]1-RESUMO'!LUW1:LUY1","v":0},null,null,null,{"$f":"'[49]1-RESUMO'!LVA1:LVC1","v":0},null,null,null,{"$f":"'[49]1-RESUMO'!LVE1:LVG1","v":0},null,null,null,{"$f":"'[49]1-RESUMO'!LVI1:LVK1","v":0},null,null,null,{"$f":"'[49]1-RESUMO'!LVM1:LVO1","v":0},null,null,null,{"$f":"'[49]1-RESUMO'!LVQ1:LVS1","v":0},null,null,null,{"$f":"'[49]1-RESUMO'!LVU1:LVW1","v":0},null,null,null,{"$f":"'[49]1-RESUMO'!LVY1:LWA1","v":0},null,null,null,{"$f":"'[49]1-RESUMO'!LWC1:LWE1","v":0},null,null,null,{"$f":"'[49]1-RESUMO'!LWG1:LWI1","v":0},null,null,null,{"$f":"'[49]1-RESUMO'!LWK1:LWM1","v":0},null,null,null,{"$f":"'[49]1-RESUMO'!LWO1:LWQ1","v":0},null,null,null,{"$f":"'[49]1-RESUMO'!LWS1:LWU1","v":0},null,null,null,{"$f":"'[49]1-RESUMO'!LWW1:LWY1","v":0},null,null,null,{"$f":"'[49]1-RESUMO'!LXA1:LXC1","v":0},null,null,null,{"$f":"'[49]1-RESUMO'!LXE1:LXG1","v":0},null,null,null,{"$f":"'[49]1-RESUMO'!LXI1:LXK1","v":0},null,null,null,{"$f":"'[49]1-RESUMO'!LXM1:LXO1","v":0},null,null,null,{"$f":"'[49]1-RESUMO'!LXQ1:LXS1","v":0},null,null,null,{"$f":"'[49]1-RESUMO'!LXU1:LXW1","v":0},null,null,null,{"$f":"'[49]1-RESUMO'!LXY1:LYA1","v":0},null,null,null,{"$f":"'[49]1-RESUMO'!LYC1:LYE1","v":0},null,null,null,{"$f":"'[49]1-RESUMO'!LYG1:LYI1","v":0},null,null,null,{"$f":"'[49]1-RESUMO'!LYK1:LYM1","v":0},null,null,null,{"$f":"'[49]1-RESUMO'!LYO1:LYQ1","v":0},null,null,null,{"$f":"'[49]1-RESUMO'!LYS1:LYU1","v":0},null,null,null,{"$f":"'[49]1-RESUMO'!LYW1:LYY1","v":0},null,null,null,{"$f":"'[49]1-RESUMO'!LZA1:LZC1","v":0},null,null,null,{"$f":"'[49]1-RESUMO'!LZE1:LZG1","v":0},null,null,null,{"$f":"'[49]1-RESUMO'!LZI1:LZK1","v":0},null,null,null,{"$f":"'[49]1-RESUMO'!LZM1:LZO1","v":0},null,null,null,{"$f":"'[49]1-RESUMO'!LZQ1:LZS1","v":0},null,null,null,{"$f":"'[49]1-RESUMO'!LZU1:LZW1","v":0},null,null,null,{"$f":"'[49]1-RESUMO'!LZY1:MAA1","v":0},null,null,null,{"$f":"'[49]1-RESUMO'!MAC1:MAE1","v":0},null,null,null,{"$f":"'[49]1-RESUMO'!MAG1:MAI1","v":0},null,null,null,{"$f":"'[49]1-RESUMO'!MAK1:MAM1","v":0},null,null,null,{"$f":"'[49]1-RESUMO'!MAO1:MAQ1","v":0},null,null,null,{"$f":"'[49]1-RESUMO'!MAS1:MAU1","v":0},null,null,null,{"$f":"'[49]1-RESUMO'!MAW1:MAY1","v":0},null,null,null,{"$f":"'[49]1-RESUMO'!MBA1:MBC1","v":0},null,null,null,{"$f":"'[49]1-RESUMO'!MBE1:MBG1","v":0},null,null,null,{"$f":"'[49]1-RESUMO'!MBI1:MBK1","v":0},null,null,null,{"$f":"'[49]1-RESUMO'!MBM1:MBO1","v":0},null,null,null,{"$f":"'[49]1-RESUMO'!MBQ1:MBS1","v":0},null,null,null,{"$f":"'[49]1-RESUMO'!MBU1:MBW1","v":0},null,null,null,{"$f":"'[49]1-RESUMO'!MBY1:MCA1","v":0},null,null,null,{"$f":"'[49]1-RESUMO'!MCC1:MCE1","v":0},null,null,null,{"$f":"'[49]1-RESUMO'!MCG1:MCI1","v":0},null,null,null,{"$f":"'[49]1-RESUMO'!MCK1:MCM1","v":0},null,null,null,{"$f":"'[49]1-RESUMO'!MCO1:MCQ1","v":0},null,null,null,{"$f":"'[49]1-RESUMO'!MCS1:MCU1","v":0},null,null,null,{"$f":"'[49]1-RESUMO'!MCW1:MCY1","v":0},null,null,null,{"$f":"'[49]1-RESUMO'!MDA1:MDC1","v":0},null,null,null,{"$f":"'[49]1-RESUMO'!MDE1:MDG1","v":0},null,null,null,{"$f":"'[49]1-RESUMO'!MDI1:MDK1","v":0},null,null,null,{"$f":"'[49]1-RESUMO'!MDM1:MDO1","v":0},null,null,null,{"$f":"'[49]1-RESUMO'!MDQ1:MDS1","v":0},null,null,null,{"$f":"'[49]1-RESUMO'!MDU1:MDW1","v":0},null,null,null,{"$f":"'[49]1-RESUMO'!MDY1:MEA1","v":0},null,null,null,{"$f":"'[49]1-RESUMO'!MEC1:MEE1","v":0},null,null,null,{"$f":"'[49]1-RESUMO'!MEG1:MEI1","v":0},null,null,null,{"$f":"'[49]1-RESUMO'!MEK1:MEM1","v":0},null,null,null,{"$f":"'[49]1-RESUMO'!MEO1:MEQ1","v":0},null,null,null,{"$f":"'[49]1-RESUMO'!MES1:MEU1","v":0},null,null,null,{"$f":"'[49]1-RESUMO'!MEW1:MEY1","v":0},null,null,null,{"$f":"'[49]1-RESUMO'!MFA1:MFC1","v":0},null,null,null,{"$f":"'[49]1-RESUMO'!MFE1:MFG1","v":0},null,null,null,{"$f":"'[49]1-RESUMO'!MFI1:MFK1","v":0},null,null,null,{"$f":"'[49]1-RESUMO'!MFM1:MFO1","v":0},null,null,null,{"$f":"'[49]1-RESUMO'!MFQ1:MFS1","v":0},null,null,null,{"$f":"'[49]1-RESUMO'!MFU1:MFW1","v":0},null,null,null,{"$f":"'[49]1-RESUMO'!MFY1:MGA1","v":0},null,null,null,{"$f":"'[49]1-RESUMO'!MGC1:MGE1","v":0},null,null,null,{"$f":"'[49]1-RESUMO'!MGG1:MGI1","v":0},null,null,null,{"$f":"'[49]1-RESUMO'!MGK1:MGM1","v":0},null,null,null,{"$f":"'[49]1-RESUMO'!MGO1:MGQ1","v":0},null,null,null,{"$f":"'[49]1-RESUMO'!MGS1:MGU1","v":0},null,null,null,{"$f":"'[49]1-RESUMO'!MGW1:MGY1","v":0},null,null,null,{"$f":"'[49]1-RESUMO'!MHA1:MHC1","v":0},null,null,null,{"$f":"'[49]1-RESUMO'!MHE1:MHG1","v":0},null,null,null,{"$f":"'[49]1-RESUMO'!MHI1:MHK1","v":0},null,null,null,{"$f":"'[49]1-RESUMO'!MHM1:MHO1","v":0},null,null,null,{"$f":"'[49]1-RESUMO'!MHQ1:MHS1","v":0},null,null,null,{"$f":"'[49]1-RESUMO'!MHU1:MHW1","v":0},null,null,null,{"$f":"'[49]1-RESUMO'!MHY1:MIA1","v":0},null,null,null,{"$f":"'[49]1-RESUMO'!MIC1:MIE1","v":0},null,null,null,{"$f":"'[49]1-RESUMO'!MIG1:MII1","v":0},null,null,null,{"$f":"'[49]1-RESUMO'!MIK1:MIM1","v":0},null,null,null,{"$f":"'[49]1-RESUMO'!MIO1:MIQ1","v":0},null,null,null,{"$f":"'[49]1-RESUMO'!MIS1:MIU1","v":0},null,null,null,{"$f":"'[49]1-RESUMO'!MIW1:MIY1","v":0},null,null,null,{"$f":"'[49]1-RESUMO'!MJA1:MJC1","v":0},null,null,null,{"$f":"'[49]1-RESUMO'!MJE1:MJG1","v":0},null,null,null,{"$f":"'[49]1-RESUMO'!MJI1:MJK1","v":0},null,null,null,{"$f":"'[49]1-RESUMO'!MJM1:MJO1","v":0},null,null,null,{"$f":"'[49]1-RESUMO'!MJQ1:MJS1","v":0},null,null,null,{"$f":"'[49]1-RESUMO'!MJU1:MJW1","v":0},null,null,null,{"$f":"'[49]1-RESUMO'!MJY1:MKA1","v":0},null,null,null,{"$f":"'[49]1-RESUMO'!MKC1:MKE1","v":0},null,null,null,{"$f":"'[49]1-RESUMO'!MKG1:MKI1","v":0},null,null,null,{"$f":"'[49]1-RESUMO'!MKK1:MKM1","v":0},null,null,null,{"$f":"'[49]1-RESUMO'!MKO1:MKQ1","v":0},null,null,null,{"$f":"'[49]1-RESUMO'!MKS1:MKU1","v":0},null,null,null,{"$f":"'[49]1-RESUMO'!MKW1:MKY1","v":0},null,null,null,{"$f":"'[49]1-RESUMO'!MLA1:MLC1","v":0},null,null,null,{"$f":"'[49]1-RESUMO'!MLE1:MLG1","v":0},null,null,null,{"$f":"'[49]1-RESUMO'!MLI1:MLK1","v":0},null,null,null,{"$f":"'[49]1-RESUMO'!MLM1:MLO1","v":0},null,null,null,{"$f":"'[49]1-RESUMO'!MLQ1:MLS1","v":0},null,null,null,{"$f":"'[49]1-RESUMO'!MLU1:MLW1","v":0},null,null,null,{"$f":"'[49]1-RESUMO'!MLY1:MMA1","v":0},null,null,null,{"$f":"'[49]1-RESUMO'!MMC1:MME1","v":0},null,null,null,{"$f":"'[49]1-RESUMO'!MMG1:MMI1","v":0},null,null,null,{"$f":"'[49]1-RESUMO'!MMK1:MMM1","v":0},null,null,null,{"$f":"'[49]1-RESUMO'!MMO1:MMQ1","v":0},null,null,null,{"$f":"'[49]1-RESUMO'!MMS1:MMU1","v":0},null,null,null,{"$f":"'[49]1-RESUMO'!MMW1:MMY1","v":0},null,null,null,{"$f":"'[49]1-RESUMO'!MNA1:MNC1","v":0},null,null,null,{"$f":"'[49]1-RESUMO'!MNE1:MNG1","v":0},null,null,null,{"$f":"'[49]1-RESUMO'!MNI1:MNK1","v":0},null,null,null,{"$f":"'[49]1-RESUMO'!MNM1:MNO1","v":0},null,null,null,{"$f":"'[49]1-RESUMO'!MNQ1:MNS1","v":0},null,null,null,{"$f":"'[49]1-RESUMO'!MNU1:MNW1","v":0},null,null,null,{"$f":"'[49]1-RESUMO'!MNY1:MOA1","v":0},null,null,null,{"$f":"'[49]1-RESUMO'!MOC1:MOE1","v":0},null,null,null,{"$f":"'[49]1-RESUMO'!MOG1:MOI1","v":0},null,null,null,{"$f":"'[49]1-RESUMO'!MOK1:MOM1","v":0},null,null,null,{"$f":"'[49]1-RESUMO'!MOO1:MOQ1","v":0},null,null,null,{"$f":"'[49]1-RESUMO'!MOS1:MOU1","v":0},null,null,null,{"$f":"'[49]1-RESUMO'!MOW1:MOY1","v":0},null,null,null,{"$f":"'[49]1-RESUMO'!MPA1:MPC1","v":0},null,null,null,{"$f":"'[49]1-RESUMO'!MPE1:MPG1","v":0},null,null,null,{"$f":"'[49]1-RESUMO'!MPI1:MPK1","v":0},null,null,null,{"$f":"'[49]1-RESUMO'!MPM1:MPO1","v":0},null,null,null,{"$f":"'[49]1-RESUMO'!MPQ1:MPS1","v":0},null,null,null,{"$f":"'[49]1-RESUMO'!MPU1:MPW1","v":0},null,null,null,{"$f":"'[49]1-RESUMO'!MPY1:MQA1","v":0},null,null,null,{"$f":"'[49]1-RESUMO'!MQC1:MQE1","v":0},null,null,null,{"$f":"'[49]1-RESUMO'!MQG1:MQI1","v":0},null,null,null,{"$f":"'[49]1-RESUMO'!MQK1:MQM1","v":0},null,null,null,{"$f":"'[49]1-RESUMO'!MQO1:MQQ1","v":0},null,null,null,{"$f":"'[49]1-RESUMO'!MQS1:MQU1","v":0},null,null,null,{"$f":"'[49]1-RESUMO'!MQW1:MQY1","v":0},null,null,null,{"$f":"'[49]1-RESUMO'!MRA1:MRC1","v":0},null,null,null,{"$f":"'[49]1-RESUMO'!MRE1:MRG1","v":0},null,null,null,{"$f":"'[49]1-RESUMO'!MRI1:MRK1","v":0},null,null,null,{"$f":"'[49]1-RESUMO'!MRM1:MRO1","v":0},null,null,null,{"$f":"'[49]1-RESUMO'!MRQ1:MRS1","v":0},null,null,null,{"$f":"'[49]1-RESUMO'!MRU1:MRW1","v":0},null,null,null,{"$f":"'[49]1-RESUMO'!MRY1:MSA1","v":0},null,null,null,{"$f":"'[49]1-RESUMO'!MSC1:MSE1","v":0},null,null,null,{"$f":"'[49]1-RESUMO'!MSG1:MSI1","v":0},null,null,null,{"$f":"'[49]1-RESUMO'!MSK1:MSM1","v":0},null,null,null,{"$f":"'[49]1-RESUMO'!MSO1:MSQ1","v":0},null,null,null,{"$f":"'[49]1-RESUMO'!MSS1:MSU1","v":0},null,null,null,{"$f":"'[49]1-RESUMO'!MSW1:MSY1","v":0},null,null,null,{"$f":"'[49]1-RESUMO'!MTA1:MTC1","v":0},null,null,null,{"$f":"'[49]1-RESUMO'!MTE1:MTG1","v":0},null,null,null,{"$f":"'[49]1-RESUMO'!MTI1:MTK1","v":0},null,null,null,{"$f":"'[49]1-RESUMO'!MTM1:MTO1","v":0},null,null,null,{"$f":"'[49]1-RESUMO'!MTQ1:MTS1","v":0},null,null,null,{"$f":"'[49]1-RESUMO'!MTU1:MTW1","v":0},null,null,null,{"$f":"'[49]1-RESUMO'!MTY1:MUA1","v":0},null,null,null,{"$f":"'[49]1-RESUMO'!MUC1:MUE1","v":0},null,null,null,{"$f":"'[49]1-RESUMO'!MUG1:MUI1","v":0},null,null,null,{"$f":"'[49]1-RESUMO'!MUK1:MUM1","v":0},null,null,null,{"$f":"'[49]1-RESUMO'!MUO1:MUQ1","v":0},null,null,null,{"$f":"'[49]1-RESUMO'!MUS1:MUU1","v":0},null,null,null,{"$f":"'[49]1-RESUMO'!MUW1:MUY1","v":0},null,null,null,{"$f":"'[49]1-RESUMO'!MVA1:MVC1","v":0},null,null,null,{"$f":"'[49]1-RESUMO'!MVE1:MVG1","v":0},null,null,null,{"$f":"'[49]1-RESUMO'!MVI1:MVK1","v":0},null,null,null,{"$f":"'[49]1-RESUMO'!MVM1:MVO1","v":0},null,null,null,{"$f":"'[49]1-RESUMO'!MVQ1:MVS1","v":0},null,null,null,{"$f":"'[49]1-RESUMO'!MVU1:MVW1","v":0},null,null,null,{"$f":"'[49]1-RESUMO'!MVY1:MWA1","v":0},null,null,null,{"$f":"'[49]1-RESUMO'!MWC1:MWE1","v":0},null,null,null,{"$f":"'[49]1-RESUMO'!MWG1:MWI1","v":0},null,null,null,{"$f":"'[49]1-RESUMO'!MWK1:MWM1","v":0},null,null,null,{"$f":"'[49]1-RESUMO'!MWO1:MWQ1","v":0},null,null,null,{"$f":"'[49]1-RESUMO'!MWS1:MWU1","v":0},null,null,null,{"$f":"'[49]1-RESUMO'!MWW1:MWY1","v":0},null,null,null,{"$f":"'[49]1-RESUMO'!MXA1:MXC1","v":0},null,null,null,{"$f":"'[49]1-RESUMO'!MXE1:MXG1","v":0},null,null,null,{"$f":"'[49]1-RESUMO'!MXI1:MXK1","v":0},null,null,null,{"$f":"'[49]1-RESUMO'!MXM1:MXO1","v":0},null,null,null,{"$f":"'[49]1-RESUMO'!MXQ1:MXS1","v":0},null,null,null,{"$f":"'[49]1-RESUMO'!MXU1:MXW1","v":0},null,null,null,{"$f":"'[49]1-RESUMO'!MXY1:MYA1","v":0},null,null,null,{"$f":"'[49]1-RESUMO'!MYC1:MYE1","v":0},null,null,null,{"$f":"'[49]1-RESUMO'!MYG1:MYI1","v":0},null,null,null,{"$f":"'[49]1-RESUMO'!MYK1:MYM1","v":0},null,null,null,{"$f":"'[49]1-RESUMO'!MYO1:MYQ1","v":0},null,null,null,{"$f":"'[49]1-RESUMO'!MYS1:MYU1","v":0},null,null,null,{"$f":"'[49]1-RESUMO'!MYW1:MYY1","v":0},null,null,null,{"$f":"'[49]1-RESUMO'!MZA1:MZC1","v":0},null,null,null,{"$f":"'[49]1-RESUMO'!MZE1:MZG1","v":0},null,null,null,{"$f":"'[49]1-RESUMO'!MZI1:MZK1","v":0},null,null,null,{"$f":"'[49]1-RESUMO'!MZM1:MZO1","v":0},null,null,null,{"$f":"'[49]1-RESUMO'!MZQ1:MZS1","v":0},null,null,null,{"$f":"'[49]1-RESUMO'!MZU1:MZW1","v":0},null,null,null,{"$f":"'[49]1-RESUMO'!MZY1:NAA1","v":0},null,null,null,{"$f":"'[49]1-RESUMO'!NAC1:NAE1","v":0},null,null,null,{"$f":"'[49]1-RESUMO'!NAG1:NAI1","v":0},null,null,null,{"$f":"'[49]1-RESUMO'!NAK1:NAM1","v":0},null,null,null,{"$f":"'[49]1-RESUMO'!NAO1:NAQ1","v":0},null,null,null,{"$f":"'[49]1-RESUMO'!NAS1:NAU1","v":0},null,null,null,{"$f":"'[49]1-RESUMO'!NAW1:NAY1","v":0},null,null,null,{"$f":"'[49]1-RESUMO'!NBA1:NBC1","v":0},null,null,null,{"$f":"'[49]1-RESUMO'!NBE1:NBG1","v":0},null,null,null,{"$f":"'[49]1-RESUMO'!NBI1:NBK1","v":0},null,null,null,{"$f":"'[49]1-RESUMO'!NBM1:NBO1","v":0},null,null,null,{"$f":"'[49]1-RESUMO'!NBQ1:NBS1","v":0},null,null,null,{"$f":"'[49]1-RESUMO'!NBU1:NBW1","v":0},null,null,null,{"$f":"'[49]1-RESUMO'!NBY1:NCA1","v":0},null,null,null,{"$f":"'[49]1-RESUMO'!NCC1:NCE1","v":0},null,null,null,{"$f":"'[49]1-RESUMO'!NCG1:NCI1","v":0},null,null,null,{"$f":"'[49]1-RESUMO'!NCK1:NCM1","v":0},null,null,null,{"$f":"'[49]1-RESUMO'!NCO1:NCQ1","v":0},null,null,null,{"$f":"'[49]1-RESUMO'!NCS1:NCU1","v":0},null,null,null,{"$f":"'[49]1-RESUMO'!NCW1:NCY1","v":0},null,null,null,{"$f":"'[49]1-RESUMO'!NDA1:NDC1","v":0},null,null,null,{"$f":"'[49]1-RESUMO'!NDE1:NDG1","v":0},null,null,null,{"$f":"'[49]1-RESUMO'!NDI1:NDK1","v":0},null,null,null,{"$f":"'[49]1-RESUMO'!NDM1:NDO1","v":0},null,null,null,{"$f":"'[49]1-RESUMO'!NDQ1:NDS1","v":0},null,null,null,{"$f":"'[49]1-RESUMO'!NDU1:NDW1","v":0},null,null,null,{"$f":"'[49]1-RESUMO'!NDY1:NEA1","v":0},null,null,null,{"$f":"'[49]1-RESUMO'!NEC1:NEE1","v":0},null,null,null,{"$f":"'[49]1-RESUMO'!NEG1:NEI1","v":0},null,null,null,{"$f":"'[49]1-RESUMO'!NEK1:NEM1","v":0},null,null,null,{"$f":"'[49]1-RESUMO'!NEO1:NEQ1","v":0},null,null,null,{"$f":"'[49]1-RESUMO'!NES1:NEU1","v":0},null,null,null,{"$f":"'[49]1-RESUMO'!NEW1:NEY1","v":0},null,null,null,{"$f":"'[49]1-RESUMO'!NFA1:NFC1","v":0},null,null,null,{"$f":"'[49]1-RESUMO'!NFE1:NFG1","v":0},null,null,null,{"$f":"'[49]1-RESUMO'!NFI1:NFK1","v":0},null,null,null,{"$f":"'[49]1-RESUMO'!NFM1:NFO1","v":0},null,null,null,{"$f":"'[49]1-RESUMO'!NFQ1:NFS1","v":0},null,null,null,{"$f":"'[49]1-RESUMO'!NFU1:NFW1","v":0},null,null,null,{"$f":"'[49]1-RESUMO'!NFY1:NGA1","v":0},null,null,null,{"$f":"'[49]1-RESUMO'!NGC1:NGE1","v":0},null,null,null,{"$f":"'[49]1-RESUMO'!NGG1:NGI1","v":0},null,null,null,{"$f":"'[49]1-RESUMO'!NGK1:NGM1","v":0},null,null,null,{"$f":"'[49]1-RESUMO'!NGO1:NGQ1","v":0},null,null,null,{"$f":"'[49]1-RESUMO'!NGS1:NGU1","v":0},null,null,null,{"$f":"'[49]1-RESUMO'!NGW1:NGY1","v":0},null,null,null,{"$f":"'[49]1-RESUMO'!NHA1:NHC1","v":0},null,null,null,{"$f":"'[49]1-RESUMO'!NHE1:NHG1","v":0},null,null,null,{"$f":"'[49]1-RESUMO'!NHI1:NHK1","v":0},null,null,null,{"$f":"'[49]1-RESUMO'!NHM1:NHO1","v":0},null,null,null,{"$f":"'[49]1-RESUMO'!NHQ1:NHS1","v":0},null,null,null,{"$f":"'[49]1-RESUMO'!NHU1:NHW1","v":0},null,null,null,{"$f":"'[49]1-RESUMO'!NHY1:NIA1","v":0},null,null,null,{"$f":"'[49]1-RESUMO'!NIC1:NIE1","v":0},null,null,null,{"$f":"'[49]1-RESUMO'!NIG1:NII1","v":0},null,null,null,{"$f":"'[49]1-RESUMO'!NIK1:NIM1","v":0},null,null,null,{"$f":"'[49]1-RESUMO'!NIO1:NIQ1","v":0},null,null,null,{"$f":"'[49]1-RESUMO'!NIS1:NIU1","v":0},null,null,null,{"$f":"'[49]1-RESUMO'!NIW1:NIY1","v":0},null,null,null,{"$f":"'[49]1-RESUMO'!NJA1:NJC1","v":0},null,null,null,{"$f":"'[49]1-RESUMO'!NJE1:NJG1","v":0},null,null,null,{"$f":"'[49]1-RESUMO'!NJI1:NJK1","v":0},null,null,null,{"$f":"'[49]1-RESUMO'!NJM1:NJO1","v":0},null,null,null,{"$f":"'[49]1-RESUMO'!NJQ1:NJS1","v":0},null,null,null,{"$f":"'[49]1-RESUMO'!NJU1:NJW1","v":0},null,null,null,{"$f":"'[49]1-RESUMO'!NJY1:NKA1","v":0},null,null,null,{"$f":"'[49]1-RESUMO'!NKC1:NKE1","v":0},null,null,null,{"$f":"'[49]1-RESUMO'!NKG1:NKI1","v":0},null,null,null,{"$f":"'[49]1-RESUMO'!NKK1:NKM1","v":0},null,null,null,{"$f":"'[49]1-RESUMO'!NKO1:NKQ1","v":0},null,null,null,{"$f":"'[49]1-RESUMO'!NKS1:NKU1","v":0},null,null,null,{"$f":"'[49]1-RESUMO'!NKW1:NKY1","v":0},null,null,null,{"$f":"'[49]1-RESUMO'!NLA1:NLC1","v":0},null,null,null,{"$f":"'[49]1-RESUMO'!NLE1:NLG1","v":0},null,null,null,{"$f":"'[49]1-RESUMO'!NLI1:NLK1","v":0},null,null,null,{"$f":"'[49]1-RESUMO'!NLM1:NLO1","v":0},null,null,null,{"$f":"'[49]1-RESUMO'!NLQ1:NLS1","v":0},null,null,null,{"$f":"'[49]1-RESUMO'!NLU1:NLW1","v":0},null,null,null,{"$f":"'[49]1-RESUMO'!NLY1:NMA1","v":0},null,null,null,{"$f":"'[49]1-RESUMO'!NMC1:NME1","v":0},null,null,null,{"$f":"'[49]1-RESUMO'!NMG1:NMI1","v":0},null,null,null,{"$f":"'[49]1-RESUMO'!NMK1:NMM1","v":0},null,null,null,{"$f":"'[49]1-RESUMO'!NMO1:NMQ1","v":0},null,null,null,{"$f":"'[49]1-RESUMO'!NMS1:NMU1","v":0},null,null,null,{"$f":"'[49]1-RESUMO'!NMW1:NMY1","v":0},null,null,null,{"$f":"'[49]1-RESUMO'!NNA1:NNC1","v":0},null,null,null,{"$f":"'[49]1-RESUMO'!NNE1:NNG1","v":0},null,null,null,{"$f":"'[49]1-RESUMO'!NNI1:NNK1","v":0},null,null,null,{"$f":"'[49]1-RESUMO'!NNM1:NNO1","v":0},null,null,null,{"$f":"'[49]1-RESUMO'!NNQ1:NNS1","v":0},null,null,null,{"$f":"'[49]1-RESUMO'!NNU1:NNW1","v":0},null,null,null,{"$f":"'[49]1-RESUMO'!NNY1:NOA1","v":0},null,null,null,{"$f":"'[49]1-RESUMO'!NOC1:NOE1","v":0},null,null,null,{"$f":"'[49]1-RESUMO'!NOG1:NOI1","v":0},null,null,null,{"$f":"'[49]1-RESUMO'!NOK1:NOM1","v":0},null,null,null,{"$f":"'[49]1-RESUMO'!NOO1:NOQ1","v":0},null,null,null,{"$f":"'[49]1-RESUMO'!NOS1:NOU1","v":0},null,null,null,{"$f":"'[49]1-RESUMO'!NOW1:NOY1","v":0},null,null,null,{"$f":"'[49]1-RESUMO'!NPA1:NPC1","v":0},null,null,null,{"$f":"'[49]1-RESUMO'!NPE1:NPG1","v":0},null,null,null,{"$f":"'[49]1-RESUMO'!NPI1:NPK1","v":0},null,null,null,{"$f":"'[49]1-RESUMO'!NPM1:NPO1","v":0},null,null,null,{"$f":"'[49]1-RESUMO'!NPQ1:NPS1","v":0},null,null,null,{"$f":"'[49]1-RESUMO'!NPU1:NPW1","v":0},null,null,null,{"$f":"'[49]1-RESUMO'!NPY1:NQA1","v":0},null,null,null,{"$f":"'[49]1-RESUMO'!NQC1:NQE1","v":0},null,null,null,{"$f":"'[49]1-RESUMO'!NQG1:NQI1","v":0},null,null,null,{"$f":"'[49]1-RESUMO'!NQK1:NQM1","v":0},null,null,null,{"$f":"'[49]1-RESUMO'!NQO1:NQQ1","v":0},null,null,null,{"$f":"'[49]1-RESUMO'!NQS1:NQU1","v":0},null,null,null,{"$f":"'[49]1-RESUMO'!NQW1:NQY1","v":0},null,null,null,{"$f":"'[49]1-RESUMO'!NRA1:NRC1","v":0},null,null,null,{"$f":"'[49]1-RESUMO'!NRE1:NRG1","v":0},null,null,null,{"$f":"'[49]1-RESUMO'!NRI1:NRK1","v":0},null,null,null,{"$f":"'[49]1-RESUMO'!NRM1:NRO1","v":0},null,null,null,{"$f":"'[49]1-RESUMO'!NRQ1:NRS1","v":0},null,null,null,{"$f":"'[49]1-RESUMO'!NRU1:NRW1","v":0},null,null,null,{"$f":"'[49]1-RESUMO'!NRY1:NSA1","v":0},null,null,null,{"$f":"'[49]1-RESUMO'!NSC1:NSE1","v":0},null,null,null,{"$f":"'[49]1-RESUMO'!NSG1:NSI1","v":0},null,null,null,{"$f":"'[49]1-RESUMO'!NSK1:NSM1","v":0},null,null,null,{"$f":"'[49]1-RESUMO'!NSO1:NSQ1","v":0},null,null,null,{"$f":"'[49]1-RESUMO'!NSS1:NSU1","v":0},null,null,null,{"$f":"'[49]1-RESUMO'!NSW1:NSY1","v":0},null,null,null,{"$f":"'[49]1-RESUMO'!NTA1:NTC1","v":0},null,null,null,{"$f":"'[49]1-RESUMO'!NTE1:NTG1","v":0},null,null,null,{"$f":"'[49]1-RESUMO'!NTI1:NTK1","v":0},null,null,null,{"$f":"'[49]1-RESUMO'!NTM1:NTO1","v":0},null,null,null,{"$f":"'[49]1-RESUMO'!NTQ1:NTS1","v":0},null,null,null,{"$f":"'[49]1-RESUMO'!NTU1:NTW1","v":0},null,null,null,{"$f":"'[49]1-RESUMO'!NTY1:NUA1","v":0},null,null,null,{"$f":"'[49]1-RESUMO'!NUC1:NUE1","v":0},null,null,null,{"$f":"'[49]1-RESUMO'!NUG1:NUI1","v":0},null,null,null,{"$f":"'[49]1-RESUMO'!NUK1:NUM1","v":0},null,null,null,{"$f":"'[49]1-RESUMO'!NUO1:NUQ1","v":0},null,null,null,{"$f":"'[49]1-RESUMO'!NUS1:NUU1","v":0},null,null,null,{"$f":"'[49]1-RESUMO'!NUW1:NUY1","v":0},null,null,null,{"$f":"'[49]1-RESUMO'!NVA1:NVC1","v":0},null,null,null,{"$f":"'[49]1-RESUMO'!NVE1:NVG1","v":0},null,null,null,{"$f":"'[49]1-RESUMO'!NVI1:NVK1","v":0},null,null,null,{"$f":"'[49]1-RESUMO'!NVM1:NVO1","v":0},null,null,null,{"$f":"'[49]1-RESUMO'!NVQ1:NVS1","v":0},null,null,null,{"$f":"'[49]1-RESUMO'!NVU1:NVW1","v":0},null,null,null,{"$f":"'[49]1-RESUMO'!NVY1:NWA1","v":0},null,null,null,{"$f":"'[49]1-RESUMO'!NWC1:NWE1","v":0},null,null,null,{"$f":"'[49]1-RESUMO'!NWG1:NWI1","v":0},null,null,null,{"$f":"'[49]1-RESUMO'!NWK1:NWM1","v":0},null,null,null,{"$f":"'[49]1-RESUMO'!NWO1:NWQ1","v":0},null,null,null,{"$f":"'[49]1-RESUMO'!NWS1:NWU1","v":0},null,null,null,{"$f":"'[49]1-RESUMO'!NWW1:NWY1","v":0},null,null,null,{"$f":"'[49]1-RESUMO'!NXA1:NXC1","v":0},null,null,null,{"$f":"'[49]1-RESUMO'!NXE1:NXG1","v":0},null,null,null,{"$f":"'[49]1-RESUMO'!NXI1:NXK1","v":0},null,null,null,{"$f":"'[49]1-RESUMO'!NXM1:NXO1","v":0},null,null,null,{"$f":"'[49]1-RESUMO'!NXQ1:NXS1","v":0},null,null,null,{"$f":"'[49]1-RESUMO'!NXU1:NXW1","v":0},null,null,null,{"$f":"'[49]1-RESUMO'!NXY1:NYA1","v":0},null,null,null,{"$f":"'[49]1-RESUMO'!NYC1:NYE1","v":0},null,null,null,{"$f":"'[49]1-RESUMO'!NYG1:NYI1","v":0},null,null,null,{"$f":"'[49]1-RESUMO'!NYK1:NYM1","v":0},null,null,null,{"$f":"'[49]1-RESUMO'!NYO1:NYQ1","v":0},null,null,null,{"$f":"'[49]1-RESUMO'!NYS1:NYU1","v":0},null,null,null,{"$f":"'[49]1-RESUMO'!NYW1:NYY1","v":0},null,null,null,{"$f":"'[49]1-RESUMO'!NZA1:NZC1","v":0},null,null,null,{"$f":"'[49]1-RESUMO'!NZE1:NZG1","v":0},null,null,null,{"$f":"'[49]1-RESUMO'!NZI1:NZK1","v":0},null,null,null,{"$f":"'[49]1-RESUMO'!NZM1:NZO1","v":0},null,null,null,{"$f":"'[49]1-RESUMO'!NZQ1:NZS1","v":0},null,null,null,{"$f":"'[49]1-RESUMO'!NZU1:NZW1","v":0},null,null,null,{"$f":"'[49]1-RESUMO'!NZY1:OAA1","v":0},null,null,null,{"$f":"'[49]1-RESUMO'!OAC1:OAE1","v":0},null,null,null,{"$f":"'[49]1-RESUMO'!OAG1:OAI1","v":0},null,null,null,{"$f":"'[49]1-RESUMO'!OAK1:OAM1","v":0},null,null,null,{"$f":"'[49]1-RESUMO'!OAO1:OAQ1","v":0},null,null,null,{"$f":"'[49]1-RESUMO'!OAS1:OAU1","v":0},null,null,null,{"$f":"'[49]1-RESUMO'!OAW1:OAY1","v":0},null,null,null,{"$f":"'[49]1-RESUMO'!OBA1:OBC1","v":0},null,null,null,{"$f":"'[49]1-RESUMO'!OBE1:OBG1","v":0},null,null,null,{"$f":"'[49]1-RESUMO'!OBI1:OBK1","v":0},null,null,null,{"$f":"'[49]1-RESUMO'!OBM1:OBO1","v":0},null,null,null,{"$f":"'[49]1-RESUMO'!OBQ1:OBS1","v":0},null,null,null,{"$f":"'[49]1-RESUMO'!OBU1:OBW1","v":0},null,null,null,{"$f":"'[49]1-RESUMO'!OBY1:OCA1","v":0},null,null,null,{"$f":"'[49]1-RESUMO'!OCC1:OCE1","v":0},null,null,null,{"$f":"'[49]1-RESUMO'!OCG1:OCI1","v":0},null,null,null,{"$f":"'[49]1-RESUMO'!OCK1:OCM1","v":0},null,null,null,{"$f":"'[49]1-RESUMO'!OCO1:OCQ1","v":0},null,null,null,{"$f":"'[49]1-RESUMO'!OCS1:OCU1","v":0},null,null,null,{"$f":"'[49]1-RESUMO'!OCW1:OCY1","v":0},null,null,null,{"$f":"'[49]1-RESUMO'!ODA1:ODC1","v":0},null,null,null,{"$f":"'[49]1-RESUMO'!ODE1:ODG1","v":0},null,null,null,{"$f":"'[49]1-RESUMO'!ODI1:ODK1","v":0},null,null,null,{"$f":"'[49]1-RESUMO'!ODM1:ODO1","v":0},null,null,null,{"$f":"'[49]1-RESUMO'!ODQ1:ODS1","v":0},null,null,null,{"$f":"'[49]1-RESUMO'!ODU1:ODW1","v":0},null,null,null,{"$f":"'[49]1-RESUMO'!ODY1:OEA1","v":0},null,null,null,{"$f":"'[49]1-RESUMO'!OEC1:OEE1","v":0},null,null,null,{"$f":"'[49]1-RESUMO'!OEG1:OEI1","v":0},null,null,null,{"$f":"'[49]1-RESUMO'!OEK1:OEM1","v":0},null,null,null,{"$f":"'[49]1-RESUMO'!OEO1:OEQ1","v":0},null,null,null,{"$f":"'[49]1-RESUMO'!OES1:OEU1","v":0},null,null,null,{"$f":"'[49]1-RESUMO'!OEW1:OEY1","v":0},null,null,null,{"$f":"'[49]1-RESUMO'!OFA1:OFC1","v":0},null,null,null,{"$f":"'[49]1-RESUMO'!OFE1:OFG1","v":0},null,null,null,{"$f":"'[49]1-RESUMO'!OFI1:OFK1","v":0},null,null,null,{"$f":"'[49]1-RESUMO'!OFM1:OFO1","v":0},null,null,null,{"$f":"'[49]1-RESUMO'!OFQ1:OFS1","v":0},null,null,null,{"$f":"'[49]1-RESUMO'!OFU1:OFW1","v":0},null,null,null,{"$f":"'[49]1-RESUMO'!OFY1:OGA1","v":0},null,null,null,{"$f":"'[49]1-RESUMO'!OGC1:OGE1","v":0},null,null,null,{"$f":"'[49]1-RESUMO'!OGG1:OGI1","v":0},null,null,null,{"$f":"'[49]1-RESUMO'!OGK1:OGM1","v":0},null,null,null,{"$f":"'[49]1-RESUMO'!OGO1:OGQ1","v":0},null,null,null,{"$f":"'[49]1-RESUMO'!OGS1:OGU1","v":0},null,null,null,{"$f":"'[49]1-RESUMO'!OGW1:OGY1","v":0},null,null,null,{"$f":"'[49]1-RESUMO'!OHA1:OHC1","v":0},null,null,null,{"$f":"'[49]1-RESUMO'!OHE1:OHG1","v":0},null,null,null,{"$f":"'[49]1-RESUMO'!OHI1:OHK1","v":0},null,null,null,{"$f":"'[49]1-RESUMO'!OHM1:OHO1","v":0},null,null,null,{"$f":"'[49]1-RESUMO'!OHQ1:OHS1","v":0},null,null,null,{"$f":"'[49]1-RESUMO'!OHU1:OHW1","v":0},null,null,null,{"$f":"'[49]1-RESUMO'!OHY1:OIA1","v":0},null,null,null,{"$f":"'[49]1-RESUMO'!OIC1:OIE1","v":0},null,null,null,{"$f":"'[49]1-RESUMO'!OIG1:OII1","v":0},null,null,null,{"$f":"'[49]1-RESUMO'!OIK1:OIM1","v":0},null,null,null,{"$f":"'[49]1-RESUMO'!OIO1:OIQ1","v":0},null,null,null,{"$f":"'[49]1-RESUMO'!OIS1:OIU1","v":0},null,null,null,{"$f":"'[49]1-RESUMO'!OIW1:OIY1","v":0},null,null,null,{"$f":"'[49]1-RESUMO'!OJA1:OJC1","v":0},null,null,null,{"$f":"'[49]1-RESUMO'!OJE1:OJG1","v":0},null,null,null,{"$f":"'[49]1-RESUMO'!OJI1:OJK1","v":0},null,null,null,{"$f":"'[49]1-RESUMO'!OJM1:OJO1","v":0},null,null,null,{"$f":"'[49]1-RESUMO'!OJQ1:OJS1","v":0},null,null,null,{"$f":"'[49]1-RESUMO'!OJU1:OJW1","v":0},null,null,null,{"$f":"'[49]1-RESUMO'!OJY1:OKA1","v":0},null,null,null,{"$f":"'[49]1-RESUMO'!OKC1:OKE1","v":0},null,null,null,{"$f":"'[49]1-RESUMO'!OKG1:OKI1","v":0},null,null,null,{"$f":"'[49]1-RESUMO'!OKK1:OKM1","v":0},null,null,null,{"$f":"'[49]1-RESUMO'!OKO1:OKQ1","v":0},null,null,null,{"$f":"'[49]1-RESUMO'!OKS1:OKU1","v":0},null,null,null,{"$f":"'[49]1-RESUMO'!OKW1:OKY1","v":0},null,null,null,{"$f":"'[49]1-RESUMO'!OLA1:OLC1","v":0},null,null,null,{"$f":"'[49]1-RESUMO'!OLE1:OLG1","v":0},null,null,null,{"$f":"'[49]1-RESUMO'!OLI1:OLK1","v":0},null,null,null,{"$f":"'[49]1-RESUMO'!OLM1:OLO1","v":0},null,null,null,{"$f":"'[49]1-RESUMO'!OLQ1:OLS1","v":0},null,null,null,{"$f":"'[49]1-RESUMO'!OLU1:OLW1","v":0},null,null,null,{"$f":"'[49]1-RESUMO'!OLY1:OMA1","v":0},null,null,null,{"$f":"'[49]1-RESUMO'!OMC1:OME1","v":0},null,null,null,{"$f":"'[49]1-RESUMO'!OMG1:OMI1","v":0},null,null,null,{"$f":"'[49]1-RESUMO'!OMK1:OMM1","v":0},null,null,null,{"$f":"'[49]1-RESUMO'!OMO1:OMQ1","v":0},null,null,null,{"$f":"'[49]1-RESUMO'!OMS1:OMU1","v":0},null,null,null,{"$f":"'[49]1-RESUMO'!OMW1:OMY1","v":0},null,null,null,{"$f":"'[49]1-RESUMO'!ONA1:ONC1","v":0},null,null,null,{"$f":"'[49]1-RESUMO'!ONE1:ONG1","v":0},null,null,null,{"$f":"'[49]1-RESUMO'!ONI1:ONK1","v":0},null,null,null,{"$f":"'[49]1-RESUMO'!ONM1:ONO1","v":0},null,null,null,{"$f":"'[49]1-RESUMO'!ONQ1:ONS1","v":0},null,null,null,{"$f":"'[49]1-RESUMO'!ONU1:ONW1","v":0},null,null,null,{"$f":"'[49]1-RESUMO'!ONY1:OOA1","v":0},null,null,null,{"$f":"'[49]1-RESUMO'!OOC1:OOE1","v":0},null,null,null,{"$f":"'[49]1-RESUMO'!OOG1:OOI1","v":0},null,null,null,{"$f":"'[49]1-RESUMO'!OOK1:OOM1","v":0},null,null,null,{"$f":"'[49]1-RESUMO'!OOO1:OOQ1","v":0},null,null,null,{"$f":"'[49]1-RESUMO'!OOS1:OOU1","v":0},null,null,null,{"$f":"'[49]1-RESUMO'!OOW1:OOY1","v":0},null,null,null,{"$f":"'[49]1-RESUMO'!OPA1:OPC1","v":0},null,null,null,{"$f":"'[49]1-RESUMO'!OPE1:OPG1","v":0},null,null,null,{"$f":"'[49]1-RESUMO'!OPI1:OPK1","v":0},null,null,null,{"$f":"'[49]1-RESUMO'!OPM1:OPO1","v":0},null,null,null,{"$f":"'[49]1-RESUMO'!OPQ1:OPS1","v":0},null,null,null,{"$f":"'[49]1-RESUMO'!OPU1:OPW1","v":0},null,null,null,{"$f":"'[49]1-RESUMO'!OPY1:OQA1","v":0},null,null,null,{"$f":"'[49]1-RESUMO'!OQC1:OQE1","v":0},null,null,null,{"$f":"'[49]1-RESUMO'!OQG1:OQI1","v":0},null,null,null,{"$f":"'[49]1-RESUMO'!OQK1:OQM1","v":0},null,null,null,{"$f":"'[49]1-RESUMO'!OQO1:OQQ1","v":0},null,null,null,{"$f":"'[49]1-RESUMO'!OQS1:OQU1","v":0},null,null,null,{"$f":"'[49]1-RESUMO'!OQW1:OQY1","v":0},null,null,null,{"$f":"'[49]1-RESUMO'!ORA1:ORC1","v":0},null,null,null,{"$f":"'[49]1-RESUMO'!ORE1:ORG1","v":0},null,null,null,{"$f":"'[49]1-RESUMO'!ORI1:ORK1","v":0},null,null,null,{"$f":"'[49]1-RESUMO'!ORM1:ORO1","v":0},null,null,null,{"$f":"'[49]1-RESUMO'!ORQ1:ORS1","v":0},null,null,null,{"$f":"'[49]1-RESUMO'!ORU1:ORW1","v":0},null,null,null,{"$f":"'[49]1-RESUMO'!ORY1:OSA1","v":0},null,null,null,{"$f":"'[49]1-RESUMO'!OSC1:OSE1","v":0},null,null,null,{"$f":"'[49]1-RESUMO'!OSG1:OSI1","v":0},null,null,null,{"$f":"'[49]1-RESUMO'!OSK1:OSM1","v":0},null,null,null,{"$f":"'[49]1-RESUMO'!OSO1:OSQ1","v":0},null,null,null,{"$f":"'[49]1-RESUMO'!OSS1:OSU1","v":0},null,null,null,{"$f":"'[49]1-RESUMO'!OSW1:OSY1","v":0},null,null,null,{"$f":"'[49]1-RESUMO'!OTA1:OTC1","v":0},null,null,null,{"$f":"'[49]1-RESUMO'!OTE1:OTG1","v":0},null,null,null,{"$f":"'[49]1-RESUMO'!OTI1:OTK1","v":0},null,null,null,{"$f":"'[49]1-RESUMO'!OTM1:OTO1","v":0},null,null,null,{"$f":"'[49]1-RESUMO'!OTQ1:OTS1","v":0},null,null,null,{"$f":"'[49]1-RESUMO'!OTU1:OTW1","v":0},null,null,null,{"$f":"'[49]1-RESUMO'!OTY1:OUA1","v":0},null,null,null,{"$f":"'[49]1-RESUMO'!OUC1:OUE1","v":0},null,null,null,{"$f":"'[49]1-RESUMO'!OUG1:OUI1","v":0},null,null,null,{"$f":"'[49]1-RESUMO'!OUK1:OUM1","v":0},null,null,null,{"$f":"'[49]1-RESUMO'!OUO1:OUQ1","v":0},null,null,null,{"$f":"'[49]1-RESUMO'!OUS1:OUU1","v":0},null,null,null,{"$f":"'[49]1-RESUMO'!OUW1:OUY1","v":0},null,null,null,{"$f":"'[49]1-RESUMO'!OVA1:OVC1","v":0},null,null,null,{"$f":"'[49]1-RESUMO'!OVE1:OVG1","v":0},null,null,null,{"$f":"'[49]1-RESUMO'!OVI1:OVK1","v":0},null,null,null,{"$f":"'[49]1-RESUMO'!OVM1:OVO1","v":0},null,null,null,{"$f":"'[49]1-RESUMO'!OVQ1:OVS1","v":0},null,null,null,{"$f":"'[49]1-RESUMO'!OVU1:OVW1","v":0},null,null,null,{"$f":"'[49]1-RESUMO'!OVY1:OWA1","v":0},null,null,null,{"$f":"'[49]1-RESUMO'!OWC1:OWE1","v":0},null,null,null,{"$f":"'[49]1-RESUMO'!OWG1:OWI1","v":0},null,null,null,{"$f":"'[49]1-RESUMO'!OWK1:OWM1","v":0},null,null,null,{"$f":"'[49]1-RESUMO'!OWO1:OWQ1","v":0},null,null,null,{"$f":"'[49]1-RESUMO'!OWS1:OWU1","v":0},null,null,null,{"$f":"'[49]1-RESUMO'!OWW1:OWY1","v":0},null,null,null,{"$f":"'[49]1-RESUMO'!OXA1:OXC1","v":0},null,null,null,{"$f":"'[49]1-RESUMO'!OXE1:OXG1","v":0},null,null,null,{"$f":"'[49]1-RESUMO'!OXI1:OXK1","v":0},null,null,null,{"$f":"'[49]1-RESUMO'!OXM1:OXO1","v":0},null,null,null,{"$f":"'[49]1-RESUMO'!OXQ1:OXS1","v":0},null,null,null,{"$f":"'[49]1-RESUMO'!OXU1:OXW1","v":0},null,null,null,{"$f":"'[49]1-RESUMO'!OXY1:OYA1","v":0},null,null,null,{"$f":"'[49]1-RESUMO'!OYC1:OYE1","v":0},null,null,null,{"$f":"'[49]1-RESUMO'!OYG1:OYI1","v":0},null,null,null,{"$f":"'[49]1-RESUMO'!OYK1:OYM1","v":0},null,null,null,{"$f":"'[49]1-RESUMO'!OYO1:OYQ1","v":0},null,null,null,{"$f":"'[49]1-RESUMO'!OYS1:OYU1","v":0},null,null,null,{"$f":"'[49]1-RESUMO'!OYW1:OYY1","v":0},null,null,null,{"$f":"'[49]1-RESUMO'!OZA1:OZC1","v":0},null,null,null,{"$f":"'[49]1-RESUMO'!OZE1:OZG1","v":0},null,null,null,{"$f":"'[49]1-RESUMO'!OZI1:OZK1","v":0},null,null,null,{"$f":"'[49]1-RESUMO'!OZM1:OZO1","v":0},null,null,null,{"$f":"'[49]1-RESUMO'!OZQ1:OZS1","v":0},null,null,null,{"$f":"'[49]1-RESUMO'!OZU1:OZW1","v":0},null,null,null,{"$f":"'[49]1-RESUMO'!OZY1:PAA1","v":0},null,null,null,{"$f":"'[49]1-RESUMO'!PAC1:PAE1","v":0},null,null,null,{"$f":"'[49]1-RESUMO'!PAG1:PAI1","v":0},null,null,null,{"$f":"'[49]1-RESUMO'!PAK1:PAM1","v":0},null,null,null,{"$f":"'[49]1-RESUMO'!PAO1:PAQ1","v":0},null,null,null,{"$f":"'[49]1-RESUMO'!PAS1:PAU1","v":0},null,null,null,{"$f":"'[49]1-RESUMO'!PAW1:PAY1","v":0},null,null,null,{"$f":"'[49]1-RESUMO'!PBA1:PBC1","v":0},null,null,null,{"$f":"'[49]1-RESUMO'!PBE1:PBG1","v":0},null,null,null,{"$f":"'[49]1-RESUMO'!PBI1:PBK1","v":0},null,null,null,{"$f":"'[49]1-RESUMO'!PBM1:PBO1","v":0},null,null,null,{"$f":"'[49]1-RESUMO'!PBQ1:PBS1","v":0},null,null,null,{"$f":"'[49]1-RESUMO'!PBU1:PBW1","v":0},null,null,null,{"$f":"'[49]1-RESUMO'!PBY1:PCA1","v":0},null,null,null,{"$f":"'[49]1-RESUMO'!PCC1:PCE1","v":0},null,null,null,{"$f":"'[49]1-RESUMO'!PCG1:PCI1","v":0},null,null,null,{"$f":"'[49]1-RESUMO'!PCK1:PCM1","v":0},null,null,null,{"$f":"'[49]1-RESUMO'!PCO1:PCQ1","v":0},null,null,null,{"$f":"'[49]1-RESUMO'!PCS1:PCU1","v":0},null,null,null,{"$f":"'[49]1-RESUMO'!PCW1:PCY1","v":0},null,null,null,{"$f":"'[49]1-RESUMO'!PDA1:PDC1","v":0},null,null,null,{"$f":"'[49]1-RESUMO'!PDE1:PDG1","v":0},null,null,null,{"$f":"'[49]1-RESUMO'!PDI1:PDK1","v":0},null,null,null,{"$f":"'[49]1-RESUMO'!PDM1:PDO1","v":0},null,null,null,{"$f":"'[49]1-RESUMO'!PDQ1:PDS1","v":0},null,null,null,{"$f":"'[49]1-RESUMO'!PDU1:PDW1","v":0},null,null,null,{"$f":"'[49]1-RESUMO'!PDY1:PEA1","v":0},null,null,null,{"$f":"'[49]1-RESUMO'!PEC1:PEE1","v":0},null,null,null,{"$f":"'[49]1-RESUMO'!PEG1:PEI1","v":0},null,null,null,{"$f":"'[49]1-RESUMO'!PEK1:PEM1","v":0},null,null,null,{"$f":"'[49]1-RESUMO'!PEO1:PEQ1","v":0},null,null,null,{"$f":"'[49]1-RESUMO'!PES1:PEU1","v":0},null,null,null,{"$f":"'[49]1-RESUMO'!PEW1:PEY1","v":0},null,null,null,{"$f":"'[49]1-RESUMO'!PFA1:PFC1","v":0},null,null,null,{"$f":"'[49]1-RESUMO'!PFE1:PFG1","v":0},null,null,null,{"$f":"'[49]1-RESUMO'!PFI1:PFK1","v":0},null,null,null,{"$f":"'[49]1-RESUMO'!PFM1:PFO1","v":0},null,null,null,{"$f":"'[49]1-RESUMO'!PFQ1:PFS1","v":0},null,null,null,{"$f":"'[49]1-RESUMO'!PFU1:PFW1","v":0},null,null,null,{"$f":"'[49]1-RESUMO'!PFY1:PGA1","v":0},null,null,null,{"$f":"'[49]1-RESUMO'!PGC1:PGE1","v":0},null,null,null,{"$f":"'[49]1-RESUMO'!PGG1:PGI1","v":0},null,null,null,{"$f":"'[49]1-RESUMO'!PGK1:PGM1","v":0},null,null,null,{"$f":"'[49]1-RESUMO'!PGO1:PGQ1","v":0},null,null,null,{"$f":"'[49]1-RESUMO'!PGS1:PGU1","v":0},null,null,null,{"$f":"'[49]1-RESUMO'!PGW1:PGY1","v":0},null,null,null,{"$f":"'[49]1-RESUMO'!PHA1:PHC1","v":0},null,null,null,{"$f":"'[49]1-RESUMO'!PHE1:PHG1","v":0},null,null,null,{"$f":"'[49]1-RESUMO'!PHI1:PHK1","v":0},null,null,null,{"$f":"'[49]1-RESUMO'!PHM1:PHO1","v":0},null,null,null,{"$f":"'[49]1-RESUMO'!PHQ1:PHS1","v":0},null,null,null,{"$f":"'[49]1-RESUMO'!PHU1:PHW1","v":0},null,null,null,{"$f":"'[49]1-RESUMO'!PHY1:PIA1","v":0},null,null,null,{"$f":"'[49]1-RESUMO'!PIC1:PIE1","v":0},null,null,null,{"$f":"'[49]1-RESUMO'!PIG1:PII1","v":0},null,null,null,{"$f":"'[49]1-RESUMO'!PIK1:PIM1","v":0},null,null,null,{"$f":"'[49]1-RESUMO'!PIO1:PIQ1","v":0},null,null,null,{"$f":"'[49]1-RESUMO'!PIS1:PIU1","v":0},null,null,null,{"$f":"'[49]1-RESUMO'!PIW1:PIY1","v":0},null,null,null,{"$f":"'[49]1-RESUMO'!PJA1:PJC1","v":0},null,null,null,{"$f":"'[49]1-RESUMO'!PJE1:PJG1","v":0},null,null,null,{"$f":"'[49]1-RESUMO'!PJI1:PJK1","v":0},null,null,null,{"$f":"'[49]1-RESUMO'!PJM1:PJO1","v":0},null,null,null,{"$f":"'[49]1-RESUMO'!PJQ1:PJS1","v":0},null,null,null,{"$f":"'[49]1-RESUMO'!PJU1:PJW1","v":0},null,null,null,{"$f":"'[49]1-RESUMO'!PJY1:PKA1","v":0},null,null,null,{"$f":"'[49]1-RESUMO'!PKC1:PKE1","v":0},null,null,null,{"$f":"'[49]1-RESUMO'!PKG1:PKI1","v":0},null,null,null,{"$f":"'[49]1-RESUMO'!PKK1:PKM1","v":0},null,null,null,{"$f":"'[49]1-RESUMO'!PKO1:PKQ1","v":0},null,null,null,{"$f":"'[49]1-RESUMO'!PKS1:PKU1","v":0},null,null,null,{"$f":"'[49]1-RESUMO'!PKW1:PKY1","v":0},null,null,null,{"$f":"'[49]1-RESUMO'!PLA1:PLC1","v":0},null,null,null,{"$f":"'[49]1-RESUMO'!PLE1:PLG1","v":0},null,null,null,{"$f":"'[49]1-RESUMO'!PLI1:PLK1","v":0},null,null,null,{"$f":"'[49]1-RESUMO'!PLM1:PLO1","v":0},null,null,null,{"$f":"'[49]1-RESUMO'!PLQ1:PLS1","v":0},null,null,null,{"$f":"'[49]1-RESUMO'!PLU1:PLW1","v":0},null,null,null,{"$f":"'[49]1-RESUMO'!PLY1:PMA1","v":0},null,null,null,{"$f":"'[49]1-RESUMO'!PMC1:PME1","v":0},null,null,null,{"$f":"'[49]1-RESUMO'!PMG1:PMI1","v":0},null,null,null,{"$f":"'[49]1-RESUMO'!PMK1:PMM1","v":0},null,null,null,{"$f":"'[49]1-RESUMO'!PMO1:PMQ1","v":0},null,null,null,{"$f":"'[49]1-RESUMO'!PMS1:PMU1","v":0},null,null,null,{"$f":"'[49]1-RESUMO'!PMW1:PMY1","v":0},null,null,null,{"$f":"'[49]1-RESUMO'!PNA1:PNC1","v":0},null,null,null,{"$f":"'[49]1-RESUMO'!PNE1:PNG1","v":0},null,null,null,{"$f":"'[49]1-RESUMO'!PNI1:PNK1","v":0},null,null,null,{"$f":"'[49]1-RESUMO'!PNM1:PNO1","v":0},null,null,null,{"$f":"'[49]1-RESUMO'!PNQ1:PNS1","v":0},null,null,null,{"$f":"'[49]1-RESUMO'!PNU1:PNW1","v":0},null,null,null,{"$f":"'[49]1-RESUMO'!PNY1:POA1","v":0},null,null,null,{"$f":"'[49]1-RESUMO'!POC1:POE1","v":0},null,null,null,{"$f":"'[49]1-RESUMO'!POG1:POI1","v":0},null,null,null,{"$f":"'[49]1-RESUMO'!POK1:POM1","v":0},null,null,null,{"$f":"'[49]1-RESUMO'!POO1:POQ1","v":0},null,null,null,{"$f":"'[49]1-RESUMO'!POS1:POU1","v":0},null,null,null,{"$f":"'[49]1-RESUMO'!POW1:POY1","v":0},null,null,null,{"$f":"'[49]1-RESUMO'!PPA1:PPC1","v":0},null,null,null,{"$f":"'[49]1-RESUMO'!PPE1:PPG1","v":0},null,null,null,{"$f":"'[49]1-RESUMO'!PPI1:PPK1","v":0},null,null,null,{"$f":"'[49]1-RESUMO'!PPM1:PPO1","v":0},null,null,null,{"$f":"'[49]1-RESUMO'!PPQ1:PPS1","v":0},null,null,null,{"$f":"'[49]1-RESUMO'!PPU1:PPW1","v":0},null,null,null,{"$f":"'[49]1-RESUMO'!PPY1:PQA1","v":0},null,null,null,{"$f":"'[49]1-RESUMO'!PQC1:PQE1","v":0},null,null,null,{"$f":"'[49]1-RESUMO'!PQG1:PQI1","v":0},null,null,null,{"$f":"'[49]1-RESUMO'!PQK1:PQM1","v":0},null,null,null,{"$f":"'[49]1-RESUMO'!PQO1:PQQ1","v":0},null,null,null,{"$f":"'[49]1-RESUMO'!PQS1:PQU1","v":0},null,null,null,{"$f":"'[49]1-RESUMO'!PQW1:PQY1","v":0},null,null,null,{"$f":"'[49]1-RESUMO'!PRA1:PRC1","v":0},null,null,null,{"$f":"'[49]1-RESUMO'!PRE1:PRG1","v":0},null,null,null,{"$f":"'[49]1-RESUMO'!PRI1:PRK1","v":0},null,null,null,{"$f":"'[49]1-RESUMO'!PRM1:PRO1","v":0},null,null,null,{"$f":"'[49]1-RESUMO'!PRQ1:PRS1","v":0},null,null,null,{"$f":"'[49]1-RESUMO'!PRU1:PRW1","v":0},null,null,null,{"$f":"'[49]1-RESUMO'!PRY1:PSA1","v":0},null,null,null,{"$f":"'[49]1-RESUMO'!PSC1:PSE1","v":0},null,null,null,{"$f":"'[49]1-RESUMO'!PSG1:PSI1","v":0},null,null,null,{"$f":"'[49]1-RESUMO'!PSK1:PSM1","v":0},null,null,null,{"$f":"'[49]1-RESUMO'!PSO1:PSQ1","v":0},null,null,null,{"$f":"'[49]1-RESUMO'!PSS1:PSU1","v":0},null,null,null,{"$f":"'[49]1-RESUMO'!PSW1:PSY1","v":0},null,null,null,{"$f":"'[49]1-RESUMO'!PTA1:PTC1","v":0},null,null,null,{"$f":"'[49]1-RESUMO'!PTE1:PTG1","v":0},null,null,null,{"$f":"'[49]1-RESUMO'!PTI1:PTK1","v":0},null,null,null,{"$f":"'[49]1-RESUMO'!PTM1:PTO1","v":0},null,null,null,{"$f":"'[49]1-RESUMO'!PTQ1:PTS1","v":0},null,null,null,{"$f":"'[49]1-RESUMO'!PTU1:PTW1","v":0},null,null,null,{"$f":"'[49]1-RESUMO'!PTY1:PUA1","v":0},null,null,null,{"$f":"'[49]1-RESUMO'!PUC1:PUE1","v":0},null,null,null,{"$f":"'[49]1-RESUMO'!PUG1:PUI1","v":0},null,null,null,{"$f":"'[49]1-RESUMO'!PUK1:PUM1","v":0},null,null,null,{"$f":"'[49]1-RESUMO'!PUO1:PUQ1","v":0},null,null,null,{"$f":"'[49]1-RESUMO'!PUS1:PUU1","v":0},null,null,null,{"$f":"'[49]1-RESUMO'!PUW1:PUY1","v":0},null,null,null,{"$f":"'[49]1-RESUMO'!PVA1:PVC1","v":0},null,null,null,{"$f":"'[49]1-RESUMO'!PVE1:PVG1","v":0},null,null,null,{"$f":"'[49]1-RESUMO'!PVI1:PVK1","v":0},null,null,null,{"$f":"'[49]1-RESUMO'!PVM1:PVO1","v":0},null,null,null,{"$f":"'[49]1-RESUMO'!PVQ1:PVS1","v":0},null,null,null,{"$f":"'[49]1-RESUMO'!PVU1:PVW1","v":0},null,null,null,{"$f":"'[49]1-RESUMO'!PVY1:PWA1","v":0},null,null,null,{"$f":"'[49]1-RESUMO'!PWC1:PWE1","v":0},null,null,null,{"$f":"'[49]1-RESUMO'!PWG1:PWI1","v":0},null,null,null,{"$f":"'[49]1-RESUMO'!PWK1:PWM1","v":0},null,null,null,{"$f":"'[49]1-RESUMO'!PWO1:PWQ1","v":0},null,null,null,{"$f":"'[49]1-RESUMO'!PWS1:PWU1","v":0},null,null,null,{"$f":"'[49]1-RESUMO'!PWW1:PWY1","v":0},null,null,null,{"$f":"'[49]1-RESUMO'!PXA1:PXC1","v":0},null,null,null,{"$f":"'[49]1-RESUMO'!PXE1:PXG1","v":0},null,null,null,{"$f":"'[49]1-RESUMO'!PXI1:PXK1","v":0},null,null,null,{"$f":"'[49]1-RESUMO'!PXM1:PXO1","v":0},null,null,null,{"$f":"'[49]1-RESUMO'!PXQ1:PXS1","v":0},null,null,null,{"$f":"'[49]1-RESUMO'!PXU1:PXW1","v":0},null,null,null,{"$f":"'[49]1-RESUMO'!PXY1:PYA1","v":0},null,null,null,{"$f":"'[49]1-RESUMO'!PYC1:PYE1","v":0},null,null,null,{"$f":"'[49]1-RESUMO'!PYG1:PYI1","v":0},null,null,null,{"$f":"'[49]1-RESUMO'!PYK1:PYM1","v":0},null,null,null,{"$f":"'[49]1-RESUMO'!PYO1:PYQ1","v":0},null,null,null,{"$f":"'[49]1-RESUMO'!PYS1:PYU1","v":0},null,null,null,{"$f":"'[49]1-RESUMO'!PYW1:PYY1","v":0},null,null,null,{"$f":"'[49]1-RESUMO'!PZA1:PZC1","v":0},null,null,null,{"$f":"'[49]1-RESUMO'!PZE1:PZG1","v":0},null,null,null,{"$f":"'[49]1-RESUMO'!PZI1:PZK1","v":0},null,null,null,{"$f":"'[49]1-RESUMO'!PZM1:PZO1","v":0},null,null,null,{"$f":"'[49]1-RESUMO'!PZQ1:PZS1","v":0},null,null,null,{"$f":"'[49]1-RESUMO'!PZU1:PZW1","v":0},null,null,null,{"$f":"'[49]1-RESUMO'!PZY1:QAA1","v":0},null,null,null,{"$f":"'[49]1-RESUMO'!QAC1:QAE1","v":0},null,null,null,{"$f":"'[49]1-RESUMO'!QAG1:QAI1","v":0},null,null,null,{"$f":"'[49]1-RESUMO'!QAK1:QAM1","v":0},null,null,null,{"$f":"'[49]1-RESUMO'!QAO1:QAQ1","v":0},null,null,null,{"$f":"'[49]1-RESUMO'!QAS1:QAU1","v":0},null,null,null,{"$f":"'[49]1-RESUMO'!QAW1:QAY1","v":0},null,null,null,{"$f":"'[49]1-RESUMO'!QBA1:QBC1","v":0},null,null,null,{"$f":"'[49]1-RESUMO'!QBE1:QBG1","v":0},null,null,null,{"$f":"'[49]1-RESUMO'!QBI1:QBK1","v":0},null,null,null,{"$f":"'[49]1-RESUMO'!QBM1:QBO1","v":0},null,null,null,{"$f":"'[49]1-RESUMO'!QBQ1:QBS1","v":0},null,null,null,{"$f":"'[49]1-RESUMO'!QBU1:QBW1","v":0},null,null,null,{"$f":"'[49]1-RESUMO'!QBY1:QCA1","v":0},null,null,null,{"$f":"'[49]1-RESUMO'!QCC1:QCE1","v":0},null,null,null,{"$f":"'[49]1-RESUMO'!QCG1:QCI1","v":0},null,null,null,{"$f":"'[49]1-RESUMO'!QCK1:QCM1","v":0},null,null,null,{"$f":"'[49]1-RESUMO'!QCO1:QCQ1","v":0},null,null,null,{"$f":"'[49]1-RESUMO'!QCS1:QCU1","v":0},null,null,null,{"$f":"'[49]1-RESUMO'!QCW1:QCY1","v":0},null,null,null,{"$f":"'[49]1-RESUMO'!QDA1:QDC1","v":0},null,null,null,{"$f":"'[49]1-RESUMO'!QDE1:QDG1","v":0},null,null,null,{"$f":"'[49]1-RESUMO'!QDI1:QDK1","v":0},null,null,null,{"$f":"'[49]1-RESUMO'!QDM1:QDO1","v":0},null,null,null,{"$f":"'[49]1-RESUMO'!QDQ1:QDS1","v":0},null,null,null,{"$f":"'[49]1-RESUMO'!QDU1:QDW1","v":0},null,null,null,{"$f":"'[49]1-RESUMO'!QDY1:QEA1","v":0},null,null,null,{"$f":"'[49]1-RESUMO'!QEC1:QEE1","v":0},null,null,null,{"$f":"'[49]1-RESUMO'!QEG1:QEI1","v":0},null,null,null,{"$f":"'[49]1-RESUMO'!QEK1:QEM1","v":0},null,null,null,{"$f":"'[49]1-RESUMO'!QEO1:QEQ1","v":0},null,null,null,{"$f":"'[49]1-RESUMO'!QES1:QEU1","v":0},null,null,null,{"$f":"'[49]1-RESUMO'!QEW1:QEY1","v":0},null,null,null,{"$f":"'[49]1-RESUMO'!QFA1:QFC1","v":0},null,null,null,{"$f":"'[49]1-RESUMO'!QFE1:QFG1","v":0},null,null,null,{"$f":"'[49]1-RESUMO'!QFI1:QFK1","v":0},null,null,null,{"$f":"'[49]1-RESUMO'!QFM1:QFO1","v":0},null,null,null,{"$f":"'[49]1-RESUMO'!QFQ1:QFS1","v":0},null,null,null,{"$f":"'[49]1-RESUMO'!QFU1:QFW1","v":0},null,null,null,{"$f":"'[49]1-RESUMO'!QFY1:QGA1","v":0},null,null,null,{"$f":"'[49]1-RESUMO'!QGC1:QGE1","v":0},null,null,null,{"$f":"'[49]1-RESUMO'!QGG1:QGI1","v":0},null,null,null,{"$f":"'[49]1-RESUMO'!QGK1:QGM1","v":0},null,null,null,{"$f":"'[49]1-RESUMO'!QGO1:QGQ1","v":0},null,null,null,{"$f":"'[49]1-RESUMO'!QGS1:QGU1","v":0},null,null,null,{"$f":"'[49]1-RESUMO'!QGW1:QGY1","v":0},null,null,null,{"$f":"'[49]1-RESUMO'!QHA1:QHC1","v":0},null,null,null,{"$f":"'[49]1-RESUMO'!QHE1:QHG1","v":0},null,null,null,{"$f":"'[49]1-RESUMO'!QHI1:QHK1","v":0},null,null,null,{"$f":"'[49]1-RESUMO'!QHM1:QHO1","v":0},null,null,null,{"$f":"'[49]1-RESUMO'!QHQ1:QHS1","v":0},null,null,null,{"$f":"'[49]1-RESUMO'!QHU1:QHW1","v":0},null,null,null,{"$f":"'[49]1-RESUMO'!QHY1:QIA1","v":0},null,null,null,{"$f":"'[49]1-RESUMO'!QIC1:QIE1","v":0},null,null,null,{"$f":"'[49]1-RESUMO'!QIG1:QII1","v":0},null,null,null,{"$f":"'[49]1-RESUMO'!QIK1:QIM1","v":0},null,null,null,{"$f":"'[49]1-RESUMO'!QIO1:QIQ1","v":0},null,null,null,{"$f":"'[49]1-RESUMO'!QIS1:QIU1","v":0},null,null,null,{"$f":"'[49]1-RESUMO'!QIW1:QIY1","v":0},null,null,null,{"$f":"'[49]1-RESUMO'!QJA1:QJC1","v":0},null,null,null,{"$f":"'[49]1-RESUMO'!QJE1:QJG1","v":0},null,null,null,{"$f":"'[49]1-RESUMO'!QJI1:QJK1","v":0},null,null,null,{"$f":"'[49]1-RESUMO'!QJM1:QJO1","v":0},null,null,null,{"$f":"'[49]1-RESUMO'!QJQ1:QJS1","v":0},null,null,null,{"$f":"'[49]1-RESUMO'!QJU1:QJW1","v":0},null,null,null,{"$f":"'[49]1-RESUMO'!QJY1:QKA1","v":0},null,null,null,{"$f":"'[49]1-RESUMO'!QKC1:QKE1","v":0},null,null,null,{"$f":"'[49]1-RESUMO'!QKG1:QKI1","v":0},null,null,null,{"$f":"'[49]1-RESUMO'!QKK1:QKM1","v":0},null,null,null,{"$f":"'[49]1-RESUMO'!QKO1:QKQ1","v":0},null,null,null,{"$f":"'[49]1-RESUMO'!QKS1:QKU1","v":0},null,null,null,{"$f":"'[49]1-RESUMO'!QKW1:QKY1","v":0},null,null,null,{"$f":"'[49]1-RESUMO'!QLA1:QLC1","v":0},null,null,null,{"$f":"'[49]1-RESUMO'!QLE1:QLG1","v":0},null,null,null,{"$f":"'[49]1-RESUMO'!QLI1:QLK1","v":0},null,null,null,{"$f":"'[49]1-RESUMO'!QLM1:QLO1","v":0},null,null,null,{"$f":"'[49]1-RESUMO'!QLQ1:QLS1","v":0},null,null,null,{"$f":"'[49]1-RESUMO'!QLU1:QLW1","v":0},null,null,null,{"$f":"'[49]1-RESUMO'!QLY1:QMA1","v":0},null,null,null,{"$f":"'[49]1-RESUMO'!QMC1:QME1","v":0},null,null,null,{"$f":"'[49]1-RESUMO'!QMG1:QMI1","v":0},null,null,null,{"$f":"'[49]1-RESUMO'!QMK1:QMM1","v":0},null,null,null,{"$f":"'[49]1-RESUMO'!QMO1:QMQ1","v":0},null,null,null,{"$f":"'[49]1-RESUMO'!QMS1:QMU1","v":0},null,null,null,{"$f":"'[49]1-RESUMO'!QMW1:QMY1","v":0},null,null,null,{"$f":"'[49]1-RESUMO'!QNA1:QNC1","v":0},null,null,null,{"$f":"'[49]1-RESUMO'!QNE1:QNG1","v":0},null,null,null,{"$f":"'[49]1-RESUMO'!QNI1:QNK1","v":0},null,null,null,{"$f":"'[49]1-RESUMO'!QNM1:QNO1","v":0},null,null,null,{"$f":"'[49]1-RESUMO'!QNQ1:QNS1","v":0},null,null,null,{"$f":"'[49]1-RESUMO'!QNU1:QNW1","v":0},null,null,null,{"$f":"'[49]1-RESUMO'!QNY1:QOA1","v":0},null,null,null,{"$f":"'[49]1-RESUMO'!QOC1:QOE1","v":0},null,null,null,{"$f":"'[49]1-RESUMO'!QOG1:QOI1","v":0},null,null,null,{"$f":"'[49]1-RESUMO'!QOK1:QOM1","v":0},null,null,null,{"$f":"'[49]1-RESUMO'!QOO1:QOQ1","v":0},null,null,null,{"$f":"'[49]1-RESUMO'!QOS1:QOU1","v":0},null,null,null,{"$f":"'[49]1-RESUMO'!QOW1:QOY1","v":0},null,null,null,{"$f":"'[49]1-RESUMO'!QPA1:QPC1","v":0},null,null,null,{"$f":"'[49]1-RESUMO'!QPE1:QPG1","v":0},null,null,null,{"$f":"'[49]1-RESUMO'!QPI1:QPK1","v":0},null,null,null,{"$f":"'[49]1-RESUMO'!QPM1:QPO1","v":0},null,null,null,{"$f":"'[49]1-RESUMO'!QPQ1:QPS1","v":0},null,null,null,{"$f":"'[49]1-RESUMO'!QPU1:QPW1","v":0},null,null,null,{"$f":"'[49]1-RESUMO'!QPY1:QQA1","v":0},null,null,null,{"$f":"'[49]1-RESUMO'!QQC1:QQE1","v":0},null,null,null,{"$f":"'[49]1-RESUMO'!QQG1:QQI1","v":0},null,null,null,{"$f":"'[49]1-RESUMO'!QQK1:QQM1","v":0},null,null,null,{"$f":"'[49]1-RESUMO'!QQO1:QQQ1","v":0},null,null,null,{"$f":"'[49]1-RESUMO'!QQS1:QQU1","v":0},null,null,null,{"$f":"'[49]1-RESUMO'!QQW1:QQY1","v":0},null,null,null,{"$f":"'[49]1-RESUMO'!QRA1:QRC1","v":0},null,null,null,{"$f":"'[49]1-RESUMO'!QRE1:QRG1","v":0},null,null,null,{"$f":"'[49]1-RESUMO'!QRI1:QRK1","v":0},null,null,null,{"$f":"'[49]1-RESUMO'!QRM1:QRO1","v":0},null,null,null,{"$f":"'[49]1-RESUMO'!QRQ1:QRS1","v":0},null,null,null,{"$f":"'[49]1-RESUMO'!QRU1:QRW1","v":0},null,null,null,{"$f":"'[49]1-RESUMO'!QRY1:QSA1","v":0},null,null,null,{"$f":"'[49]1-RESUMO'!QSC1:QSE1","v":0},null,null,null,{"$f":"'[49]1-RESUMO'!QSG1:QSI1","v":0},null,null,null,{"$f":"'[49]1-RESUMO'!QSK1:QSM1","v":0},null,null,null,{"$f":"'[49]1-RESUMO'!QSO1:QSQ1","v":0},null,null,null,{"$f":"'[49]1-RESUMO'!QSS1:QSU1","v":0},null,null,null,{"$f":"'[49]1-RESUMO'!QSW1:QSY1","v":0},null,null,null,{"$f":"'[49]1-RESUMO'!QTA1:QTC1","v":0},null,null,null,{"$f":"'[49]1-RESUMO'!QTE1:QTG1","v":0},null,null,null,{"$f":"'[49]1-RESUMO'!QTI1:QTK1","v":0},null,null,null,{"$f":"'[49]1-RESUMO'!QTM1:QTO1","v":0},null,null,null,{"$f":"'[49]1-RESUMO'!QTQ1:QTS1","v":0},null,null,null,{"$f":"'[49]1-RESUMO'!QTU1:QTW1","v":0},null,null,null,{"$f":"'[49]1-RESUMO'!QTY1:QUA1","v":0},null,null,null,{"$f":"'[49]1-RESUMO'!QUC1:QUE1","v":0},null,null,null,{"$f":"'[49]1-RESUMO'!QUG1:QUI1","v":0},null,null,null,{"$f":"'[49]1-RESUMO'!QUK1:QUM1","v":0},null,null,null,{"$f":"'[49]1-RESUMO'!QUO1:QUQ1","v":0},null,null,null,{"$f":"'[49]1-RESUMO'!QUS1:QUU1","v":0},null,null,null,{"$f":"'[49]1-RESUMO'!QUW1:QUY1","v":0},null,null,null,{"$f":"'[49]1-RESUMO'!QVA1:QVC1","v":0},null,null,null,{"$f":"'[49]1-RESUMO'!QVE1:QVG1","v":0},null,null,null,{"$f":"'[49]1-RESUMO'!QVI1:QVK1","v":0},null,null,null,{"$f":"'[49]1-RESUMO'!QVM1:QVO1","v":0},null,null,null,{"$f":"'[49]1-RESUMO'!QVQ1:QVS1","v":0},null,null,null,{"$f":"'[49]1-RESUMO'!QVU1:QVW1","v":0},null,null,null,{"$f":"'[49]1-RESUMO'!QVY1:QWA1","v":0},null,null,null,{"$f":"'[49]1-RESUMO'!QWC1:QWE1","v":0},null,null,null,{"$f":"'[49]1-RESUMO'!QWG1:QWI1","v":0},null,null,null,{"$f":"'[49]1-RESUMO'!QWK1:QWM1","v":0},null,null,null,{"$f":"'[49]1-RESUMO'!QWO1:QWQ1","v":0},null,null,null,{"$f":"'[49]1-RESUMO'!QWS1:QWU1","v":0},null,null,null,{"$f":"'[49]1-RESUMO'!QWW1:QWY1","v":0},null,null,null,{"$f":"'[49]1-RESUMO'!QXA1:QXC1","v":0},null,null,null,{"$f":"'[49]1-RESUMO'!QXE1:QXG1","v":0},null,null,null,{"$f":"'[49]1-RESUMO'!QXI1:QXK1","v":0},null,null,null,{"$f":"'[49]1-RESUMO'!QXM1:QXO1","v":0},null,null,null,{"$f":"'[49]1-RESUMO'!QXQ1:QXS1","v":0},null,null,null,{"$f":"'[49]1-RESUMO'!QXU1:QXW1","v":0},null,null,null,{"$f":"'[49]1-RESUMO'!QXY1:QYA1","v":0},null,null,null,{"$f":"'[49]1-RESUMO'!QYC1:QYE1","v":0},null,null,null,{"$f":"'[49]1-RESUMO'!QYG1:QYI1","v":0},null,null,null,{"$f":"'[49]1-RESUMO'!QYK1:QYM1","v":0},null,null,null,{"$f":"'[49]1-RESUMO'!QYO1:QYQ1","v":0},null,null,null,{"$f":"'[49]1-RESUMO'!QYS1:QYU1","v":0},null,null,null,{"$f":"'[49]1-RESUMO'!QYW1:QYY1","v":0},null,null,null,{"$f":"'[49]1-RESUMO'!QZA1:QZC1","v":0},null,null,null,{"$f":"'[49]1-RESUMO'!QZE1:QZG1","v":0},null,null,null,{"$f":"'[49]1-RESUMO'!QZI1:QZK1","v":0},null,null,null,{"$f":"'[49]1-RESUMO'!QZM1:QZO1","v":0},null,null,null,{"$f":"'[49]1-RESUMO'!QZQ1:QZS1","v":0},null,null,null,{"$f":"'[49]1-RESUMO'!QZU1:QZW1","v":0},null,null,null,{"$f":"'[49]1-RESUMO'!QZY1:RAA1","v":0},null,null,null,{"$f":"'[49]1-RESUMO'!RAC1:RAE1","v":0},null,null,null,{"$f":"'[49]1-RESUMO'!RAG1:RAI1","v":0},null,null,null,{"$f":"'[49]1-RESUMO'!RAK1:RAM1","v":0},null,null,null,{"$f":"'[49]1-RESUMO'!RAO1:RAQ1","v":0},null,null,null,{"$f":"'[49]1-RESUMO'!RAS1:RAU1","v":0},null,null,null,{"$f":"'[49]1-RESUMO'!RAW1:RAY1","v":0},null,null,null,{"$f":"'[49]1-RESUMO'!RBA1:RBC1","v":0},null,null,null,{"$f":"'[49]1-RESUMO'!RBE1:RBG1","v":0},null,null,null,{"$f":"'[49]1-RESUMO'!RBI1:RBK1","v":0},null,null,null,{"$f":"'[49]1-RESUMO'!RBM1:RBO1","v":0},null,null,null,{"$f":"'[49]1-RESUMO'!RBQ1:RBS1","v":0},null,null,null,{"$f":"'[49]1-RESUMO'!RBU1:RBW1","v":0},null,null,null,{"$f":"'[49]1-RESUMO'!RBY1:RCA1","v":0},null,null,null,{"$f":"'[49]1-RESUMO'!RCC1:RCE1","v":0},null,null,null,{"$f":"'[49]1-RESUMO'!RCG1:RCI1","v":0},null,null,null,{"$f":"'[49]1-RESUMO'!RCK1:RCM1","v":0},null,null,null,{"$f":"'[49]1-RESUMO'!RCO1:RCQ1","v":0},null,null,null,{"$f":"'[49]1-RESUMO'!RCS1:RCU1","v":0},null,null,null,{"$f":"'[49]1-RESUMO'!RCW1:RCY1","v":0},null,null,null,{"$f":"'[49]1-RESUMO'!RDA1:RDC1","v":0},null,null,null,{"$f":"'[49]1-RESUMO'!RDE1:RDG1","v":0},null,null,null,{"$f":"'[49]1-RESUMO'!RDI1:RDK1","v":0},null,null,null,{"$f":"'[49]1-RESUMO'!RDM1:RDO1","v":0},null,null,null,{"$f":"'[49]1-RESUMO'!RDQ1:RDS1","v":0},null,null,null,{"$f":"'[49]1-RESUMO'!RDU1:RDW1","v":0},null,null,null,{"$f":"'[49]1-RESUMO'!RDY1:REA1","v":0},null,null,null,{"$f":"'[49]1-RESUMO'!REC1:REE1","v":0},null,null,null,{"$f":"'[49]1-RESUMO'!REG1:REI1","v":0},null,null,null,{"$f":"'[49]1-RESUMO'!REK1:REM1","v":0},null,null,null,{"$f":"'[49]1-RESUMO'!REO1:REQ1","v":0},null,null,null,{"$f":"'[49]1-RESUMO'!RES1:REU1","v":0},null,null,null,{"$f":"'[49]1-RESUMO'!REW1:REY1","v":0},null,null,null,{"$f":"'[49]1-RESUMO'!RFA1:RFC1","v":0},null,null,null,{"$f":"'[49]1-RESUMO'!RFE1:RFG1","v":0},null,null,null,{"$f":"'[49]1-RESUMO'!RFI1:RFK1","v":0},null,null,null,{"$f":"'[49]1-RESUMO'!RFM1:RFO1","v":0},null,null,null,{"$f":"'[49]1-RESUMO'!RFQ1:RFS1","v":0},null,null,null,{"$f":"'[49]1-RESUMO'!RFU1:RFW1","v":0},null,null,null,{"$f":"'[49]1-RESUMO'!RFY1:RGA1","v":0},null,null,null,{"$f":"'[49]1-RESUMO'!RGC1:RGE1","v":0},null,null,null,{"$f":"'[49]1-RESUMO'!RGG1:RGI1","v":0},null,null,null,{"$f":"'[49]1-RESUMO'!RGK1:RGM1","v":0},null,null,null,{"$f":"'[49]1-RESUMO'!RGO1:RGQ1","v":0},null,null,null,{"$f":"'[49]1-RESUMO'!RGS1:RGU1","v":0},null,null,null,{"$f":"'[49]1-RESUMO'!RGW1:RGY1","v":0},null,null,null,{"$f":"'[49]1-RESUMO'!RHA1:RHC1","v":0},null,null,null,{"$f":"'[49]1-RESUMO'!RHE1:RHG1","v":0},null,null,null,{"$f":"'[49]1-RESUMO'!RHI1:RHK1","v":0},null,null,null,{"$f":"'[49]1-RESUMO'!RHM1:RHO1","v":0},null,null,null,{"$f":"'[49]1-RESUMO'!RHQ1:RHS1","v":0},null,null,null,{"$f":"'[49]1-RESUMO'!RHU1:RHW1","v":0},null,null,null,{"$f":"'[49]1-RESUMO'!RHY1:RIA1","v":0},null,null,null,{"$f":"'[49]1-RESUMO'!RIC1:RIE1","v":0},null,null,null,{"$f":"'[49]1-RESUMO'!RIG1:RII1","v":0},null,null,null,{"$f":"'[49]1-RESUMO'!RIK1:RIM1","v":0},null,null,null,{"$f":"'[49]1-RESUMO'!RIO1:RIQ1","v":0},null,null,null,{"$f":"'[49]1-RESUMO'!RIS1:RIU1","v":0},null,null,null,{"$f":"'[49]1-RESUMO'!RIW1:RIY1","v":0},null,null,null,{"$f":"'[49]1-RESUMO'!RJA1:RJC1","v":0},null,null,null,{"$f":"'[49]1-RESUMO'!RJE1:RJG1","v":0},null,null,null,{"$f":"'[49]1-RESUMO'!RJI1:RJK1","v":0},null,null,null,{"$f":"'[49]1-RESUMO'!RJM1:RJO1","v":0},null,null,null,{"$f":"'[49]1-RESUMO'!RJQ1:RJS1","v":0},null,null,null,{"$f":"'[49]1-RESUMO'!RJU1:RJW1","v":0},null,null,null,{"$f":"'[49]1-RESUMO'!RJY1:RKA1","v":0},null,null,null,{"$f":"'[49]1-RESUMO'!RKC1:RKE1","v":0},null,null,null,{"$f":"'[49]1-RESUMO'!RKG1:RKI1","v":0},null,null,null,{"$f":"'[49]1-RESUMO'!RKK1:RKM1","v":0},null,null,null,{"$f":"'[49]1-RESUMO'!RKO1:RKQ1","v":0},null,null,null,{"$f":"'[49]1-RESUMO'!RKS1:RKU1","v":0},null,null,null,{"$f":"'[49]1-RESUMO'!RKW1:RKY1","v":0},null,null,null,{"$f":"'[49]1-RESUMO'!RLA1:RLC1","v":0},null,null,null,{"$f":"'[49]1-RESUMO'!RLE1:RLG1","v":0},null,null,null,{"$f":"'[49]1-RESUMO'!RLI1:RLK1","v":0},null,null,null,{"$f":"'[49]1-RESUMO'!RLM1:RLO1","v":0},null,null,null,{"$f":"'[49]1-RESUMO'!RLQ1:RLS1","v":0},null,null,null,{"$f":"'[49]1-RESUMO'!RLU1:RLW1","v":0},null,null,null,{"$f":"'[49]1-RESUMO'!RLY1:RMA1","v":0},null,null,null,{"$f":"'[49]1-RESUMO'!RMC1:RME1","v":0},null,null,null,{"$f":"'[49]1-RESUMO'!RMG1:RMI1","v":0},null,null,null,{"$f":"'[49]1-RESUMO'!RMK1:RMM1","v":0},null,null,null,{"$f":"'[49]1-RESUMO'!RMO1:RMQ1","v":0},null,null,null,{"$f":"'[49]1-RESUMO'!RMS1:RMU1","v":0},null,null,null,{"$f":"'[49]1-RESUMO'!RMW1:RMY1","v":0},null,null,null,{"$f":"'[49]1-RESUMO'!RNA1:RNC1","v":0},null,null,null,{"$f":"'[49]1-RESUMO'!RNE1:RNG1","v":0},null,null,null,{"$f":"'[49]1-RESUMO'!RNI1:RNK1","v":0},null,null,null,{"$f":"'[49]1-RESUMO'!RNM1:RNO1","v":0},null,null,null,{"$f":"'[49]1-RESUMO'!RNQ1:RNS1","v":0},null,null,null,{"$f":"'[49]1-RESUMO'!RNU1:RNW1","v":0},null,null,null,{"$f":"'[49]1-RESUMO'!RNY1:ROA1","v":0},null,null,null,{"$f":"'[49]1-RESUMO'!ROC1:ROE1","v":0},null,null,null,{"$f":"'[49]1-RESUMO'!ROG1:ROI1","v":0},null,null,null,{"$f":"'[49]1-RESUMO'!ROK1:ROM1","v":0},null,null,null,{"$f":"'[49]1-RESUMO'!ROO1:ROQ1","v":0},null,null,null,{"$f":"'[49]1-RESUMO'!ROS1:ROU1","v":0},null,null,null,{"$f":"'[49]1-RESUMO'!ROW1:ROY1","v":0},null,null,null,{"$f":"'[49]1-RESUMO'!RPA1:RPC1","v":0},null,null,null,{"$f":"'[49]1-RESUMO'!RPE1:RPG1","v":0},null,null,null,{"$f":"'[49]1-RESUMO'!RPI1:RPK1","v":0},null,null,null,{"$f":"'[49]1-RESUMO'!RPM1:RPO1","v":0},null,null,null,{"$f":"'[49]1-RESUMO'!RPQ1:RPS1","v":0},null,null,null,{"$f":"'[49]1-RESUMO'!RPU1:RPW1","v":0},null,null,null,{"$f":"'[49]1-RESUMO'!RPY1:RQA1","v":0},null,null,null,{"$f":"'[49]1-RESUMO'!RQC1:RQE1","v":0},null,null,null,{"$f":"'[49]1-RESUMO'!RQG1:RQI1","v":0},null,null,null,{"$f":"'[49]1-RESUMO'!RQK1:RQM1","v":0},null,null,null,{"$f":"'[49]1-RESUMO'!RQO1:RQQ1","v":0},null,null,null,{"$f":"'[49]1-RESUMO'!RQS1:RQU1","v":0},null,null,null,{"$f":"'[49]1-RESUMO'!RQW1:RQY1","v":0},null,null,null,{"$f":"'[49]1-RESUMO'!RRA1:RRC1","v":0},null,null,null,{"$f":"'[49]1-RESUMO'!RRE1:RRG1","v":0},null,null,null,{"$f":"'[49]1-RESUMO'!RRI1:RRK1","v":0},null,null,null,{"$f":"'[49]1-RESUMO'!RRM1:RRO1","v":0},null,null,null,{"$f":"'[49]1-RESUMO'!RRQ1:RRS1","v":0},null,null,null,{"$f":"'[49]1-RESUMO'!RRU1:RRW1","v":0},null,null,null,{"$f":"'[49]1-RESUMO'!RRY1:RSA1","v":0},null,null,null,{"$f":"'[49]1-RESUMO'!RSC1:RSE1","v":0},null,null,null,{"$f":"'[49]1-RESUMO'!RSG1:RSI1","v":0},null,null,null,{"$f":"'[49]1-RESUMO'!RSK1:RSM1","v":0},null,null,null,{"$f":"'[49]1-RESUMO'!RSO1:RSQ1","v":0},null,null,null,{"$f":"'[49]1-RESUMO'!RSS1:RSU1","v":0},null,null,null,{"$f":"'[49]1-RESUMO'!RSW1:RSY1","v":0},null,null,null,{"$f":"'[49]1-RESUMO'!RTA1:RTC1","v":0},null,null,null,{"$f":"'[49]1-RESUMO'!RTE1:RTG1","v":0},null,null,null,{"$f":"'[49]1-RESUMO'!RTI1:RTK1","v":0},null,null,null,{"$f":"'[49]1-RESUMO'!RTM1:RTO1","v":0},null,null,null,{"$f":"'[49]1-RESUMO'!RTQ1:RTS1","v":0},null,null,null,{"$f":"'[49]1-RESUMO'!RTU1:RTW1","v":0},null,null,null,{"$f":"'[49]1-RESUMO'!RTY1:RUA1","v":0},null,null,null,{"$f":"'[49]1-RESUMO'!RUC1:RUE1","v":0},null,null,null,{"$f":"'[49]1-RESUMO'!RUG1:RUI1","v":0},null,null,null,{"$f":"'[49]1-RESUMO'!RUK1:RUM1","v":0},null,null,null,{"$f":"'[49]1-RESUMO'!RUO1:RUQ1","v":0},null,null,null,{"$f":"'[49]1-RESUMO'!RUS1:RUU1","v":0},null,null,null,{"$f":"'[49]1-RESUMO'!RUW1:RUY1","v":0},null,null,null,{"$f":"'[49]1-RESUMO'!RVA1:RVC1","v":0},null,null,null,{"$f":"'[49]1-RESUMO'!RVE1:RVG1","v":0},null,null,null,{"$f":"'[49]1-RESUMO'!RVI1:RVK1","v":0},null,null,null,{"$f":"'[49]1-RESUMO'!RVM1:RVO1","v":0},null,null,null,{"$f":"'[49]1-RESUMO'!RVQ1:RVS1","v":0},null,null,null,{"$f":"'[49]1-RESUMO'!RVU1:RVW1","v":0},null,null,null,{"$f":"'[49]1-RESUMO'!RVY1:RWA1","v":0},null,null,null,{"$f":"'[49]1-RESUMO'!RWC1:RWE1","v":0},null,null,null,{"$f":"'[49]1-RESUMO'!RWG1:RWI1","v":0},null,null,null,{"$f":"'[49]1-RESUMO'!RWK1:RWM1","v":0},null,null,null,{"$f":"'[49]1-RESUMO'!RWO1:RWQ1","v":0},null,null,null,{"$f":"'[49]1-RESUMO'!RWS1:RWU1","v":0},null,null,null,{"$f":"'[49]1-RESUMO'!RWW1:RWY1","v":0},null,null,null,{"$f":"'[49]1-RESUMO'!RXA1:RXC1","v":0},null,null,null,{"$f":"'[49]1-RESUMO'!RXE1:RXG1","v":0},null,null,null,{"$f":"'[49]1-RESUMO'!RXI1:RXK1","v":0},null,null,null,{"$f":"'[49]1-RESUMO'!RXM1:RXO1","v":0},null,null,null,{"$f":"'[49]1-RESUMO'!RXQ1:RXS1","v":0},null,null,null,{"$f":"'[49]1-RESUMO'!RXU1:RXW1","v":0},null,null,null,{"$f":"'[49]1-RESUMO'!RXY1:RYA1","v":0},null,null,null,{"$f":"'[49]1-RESUMO'!RYC1:RYE1","v":0},null,null,null,{"$f":"'[49]1-RESUMO'!RYG1:RYI1","v":0},null,null,null,{"$f":"'[49]1-RESUMO'!RYK1:RYM1","v":0},null,null,null,{"$f":"'[49]1-RESUMO'!RYO1:RYQ1","v":0},null,null,null,{"$f":"'[49]1-RESUMO'!RYS1:RYU1","v":0},null,null,null,{"$f":"'[49]1-RESUMO'!RYW1:RYY1","v":0},null,null,null,{"$f":"'[49]1-RESUMO'!RZA1:RZC1","v":0},null,null,null,{"$f":"'[49]1-RESUMO'!RZE1:RZG1","v":0},null,null,null,{"$f":"'[49]1-RESUMO'!RZI1:RZK1","v":0},null,null,null,{"$f":"'[49]1-RESUMO'!RZM1:RZO1","v":0},null,null,null,{"$f":"'[49]1-RESUMO'!RZQ1:RZS1","v":0},null,null,null,{"$f":"'[49]1-RESUMO'!RZU1:RZW1","v":0},null,null,null,{"$f":"'[49]1-RESUMO'!RZY1:SAA1","v":0},null,null,null,{"$f":"'[49]1-RESUMO'!SAC1:SAE1","v":0},null,null,null,{"$f":"'[49]1-RESUMO'!SAG1:SAI1","v":0},null,null,null,{"$f":"'[49]1-RESUMO'!SAK1:SAM1","v":0},null,null,null,{"$f":"'[49]1-RESUMO'!SAO1:SAQ1","v":0},null,null,null,{"$f":"'[49]1-RESUMO'!SAS1:SAU1","v":0},null,null,null,{"$f":"'[49]1-RESUMO'!SAW1:SAY1","v":0},null,null,null,{"$f":"'[49]1-RESUMO'!SBA1:SBC1","v":0},null,null,null,{"$f":"'[49]1-RESUMO'!SBE1:SBG1","v":0},null,null,null,{"$f":"'[49]1-RESUMO'!SBI1:SBK1","v":0},null,null,null,{"$f":"'[49]1-RESUMO'!SBM1:SBO1","v":0},null,null,null,{"$f":"'[49]1-RESUMO'!SBQ1:SBS1","v":0},null,null,null,{"$f":"'[49]1-RESUMO'!SBU1:SBW1","v":0},null,null,null,{"$f":"'[49]1-RESUMO'!SBY1:SCA1","v":0},null,null,null,{"$f":"'[49]1-RESUMO'!SCC1:SCE1","v":0},null,null,null,{"$f":"'[49]1-RESUMO'!SCG1:SCI1","v":0},null,null,null,{"$f":"'[49]1-RESUMO'!SCK1:SCM1","v":0},null,null,null,{"$f":"'[49]1-RESUMO'!SCO1:SCQ1","v":0},null,null,null,{"$f":"'[49]1-RESUMO'!SCS1:SCU1","v":0},null,null,null,{"$f":"'[49]1-RESUMO'!SCW1:SCY1","v":0},null,null,null,{"$f":"'[49]1-RESUMO'!SDA1:SDC1","v":0},null,null,null,{"$f":"'[49]1-RESUMO'!SDE1:SDG1","v":0},null,null,null,{"$f":"'[49]1-RESUMO'!SDI1:SDK1","v":0},null,null,null,{"$f":"'[49]1-RESUMO'!SDM1:SDO1","v":0},null,null,null,{"$f":"'[49]1-RESUMO'!SDQ1:SDS1","v":0},null,null,null,{"$f":"'[49]1-RESUMO'!SDU1:SDW1","v":0},null,null,null,{"$f":"'[49]1-RESUMO'!SDY1:SEA1","v":0},null,null,null,{"$f":"'[49]1-RESUMO'!SEC1:SEE1","v":0},null,null,null,{"$f":"'[49]1-RESUMO'!SEG1:SEI1","v":0},null,null,null,{"$f":"'[49]1-RESUMO'!SEK1:SEM1","v":0},null,null,null,{"$f":"'[49]1-RESUMO'!SEO1:SEQ1","v":0},null,null,null,{"$f":"'[49]1-RESUMO'!SES1:SEU1","v":0},null,null,null,{"$f":"'[49]1-RESUMO'!SEW1:SEY1","v":0},null,null,null,{"$f":"'[49]1-RESUMO'!SFA1:SFC1","v":0},null,null,null,{"$f":"'[49]1-RESUMO'!SFE1:SFG1","v":0},null,null,null,{"$f":"'[49]1-RESUMO'!SFI1:SFK1","v":0},null,null,null,{"$f":"'[49]1-RESUMO'!SFM1:SFO1","v":0},null,null,null,{"$f":"'[49]1-RESUMO'!SFQ1:SFS1","v":0},null,null,null,{"$f":"'[49]1-RESUMO'!SFU1:SFW1","v":0},null,null,null,{"$f":"'[49]1-RESUMO'!SFY1:SGA1","v":0},null,null,null,{"$f":"'[49]1-RESUMO'!SGC1:SGE1","v":0},null,null,null,{"$f":"'[49]1-RESUMO'!SGG1:SGI1","v":0},null,null,null,{"$f":"'[49]1-RESUMO'!SGK1:SGM1","v":0},null,null,null,{"$f":"'[49]1-RESUMO'!SGO1:SGQ1","v":0},null,null,null,{"$f":"'[49]1-RESUMO'!SGS1:SGU1","v":0},null,null,null,{"$f":"'[49]1-RESUMO'!SGW1:SGY1","v":0},null,null,null,{"$f":"'[49]1-RESUMO'!SHA1:SHC1","v":0},null,null,null,{"$f":"'[49]1-RESUMO'!SHE1:SHG1","v":0},null,null,null,{"$f":"'[49]1-RESUMO'!SHI1:SHK1","v":0},null,null,null,{"$f":"'[49]1-RESUMO'!SHM1:SHO1","v":0},null,null,null,{"$f":"'[49]1-RESUMO'!SHQ1:SHS1","v":0},null,null,null,{"$f":"'[49]1-RESUMO'!SHU1:SHW1","v":0},null,null,null,{"$f":"'[49]1-RESUMO'!SHY1:SIA1","v":0},null,null,null,{"$f":"'[49]1-RESUMO'!SIC1:SIE1","v":0},null,null,null,{"$f":"'[49]1-RESUMO'!SIG1:SII1","v":0},null,null,null,{"$f":"'[49]1-RESUMO'!SIK1:SIM1","v":0},null,null,null,{"$f":"'[49]1-RESUMO'!SIO1:SIQ1","v":0},null,null,null,{"$f":"'[49]1-RESUMO'!SIS1:SIU1","v":0},null,null,null,{"$f":"'[49]1-RESUMO'!SIW1:SIY1","v":0},null,null,null,{"$f":"'[49]1-RESUMO'!SJA1:SJC1","v":0},null,null,null,{"$f":"'[49]1-RESUMO'!SJE1:SJG1","v":0},null,null,null,{"$f":"'[49]1-RESUMO'!SJI1:SJK1","v":0},null,null,null,{"$f":"'[49]1-RESUMO'!SJM1:SJO1","v":0},null,null,null,{"$f":"'[49]1-RESUMO'!SJQ1:SJS1","v":0},null,null,null,{"$f":"'[49]1-RESUMO'!SJU1:SJW1","v":0},null,null,null,{"$f":"'[49]1-RESUMO'!SJY1:SKA1","v":0},null,null,null,{"$f":"'[49]1-RESUMO'!SKC1:SKE1","v":0},null,null,null,{"$f":"'[49]1-RESUMO'!SKG1:SKI1","v":0},null,null,null,{"$f":"'[49]1-RESUMO'!SKK1:SKM1","v":0},null,null,null,{"$f":"'[49]1-RESUMO'!SKO1:SKQ1","v":0},null,null,null,{"$f":"'[49]1-RESUMO'!SKS1:SKU1","v":0},null,null,null,{"$f":"'[49]1-RESUMO'!SKW1:SKY1","v":0},null,null,null,{"$f":"'[49]1-RESUMO'!SLA1:SLC1","v":0},null,null,null,{"$f":"'[49]1-RESUMO'!SLE1:SLG1","v":0},null,null,null,{"$f":"'[49]1-RESUMO'!SLI1:SLK1","v":0},null,null,null,{"$f":"'[49]1-RESUMO'!SLM1:SLO1","v":0},null,null,null,{"$f":"'[49]1-RESUMO'!SLQ1:SLS1","v":0},null,null,null,{"$f":"'[49]1-RESUMO'!SLU1:SLW1","v":0},null,null,null,{"$f":"'[49]1-RESUMO'!SLY1:SMA1","v":0},null,null,null,{"$f":"'[49]1-RESUMO'!SMC1:SME1","v":0},null,null,null,{"$f":"'[49]1-RESUMO'!SMG1:SMI1","v":0},null,null,null,{"$f":"'[49]1-RESUMO'!SMK1:SMM1","v":0},null,null,null,{"$f":"'[49]1-RESUMO'!SMO1:SMQ1","v":0},null,null,null,{"$f":"'[49]1-RESUMO'!SMS1:SMU1","v":0},null,null,null,{"$f":"'[49]1-RESUMO'!SMW1:SMY1","v":0},null,null,null,{"$f":"'[49]1-RESUMO'!SNA1:SNC1","v":0},null,null,null,{"$f":"'[49]1-RESUMO'!SNE1:SNG1","v":0},null,null,null,{"$f":"'[49]1-RESUMO'!SNI1:SNK1","v":0},null,null,null,{"$f":"'[49]1-RESUMO'!SNM1:SNO1","v":0},null,null,null,{"$f":"'[49]1-RESUMO'!SNQ1:SNS1","v":0},null,null,null,{"$f":"'[49]1-RESUMO'!SNU1:SNW1","v":0},null,null,null,{"$f":"'[49]1-RESUMO'!SNY1:SOA1","v":0},null,null,null,{"$f":"'[49]1-RESUMO'!SOC1:SOE1","v":0},null,null,null,{"$f":"'[49]1-RESUMO'!SOG1:SOI1","v":0},null,null,null,{"$f":"'[49]1-RESUMO'!SOK1:SOM1","v":0},null,null,null,{"$f":"'[49]1-RESUMO'!SOO1:SOQ1","v":0},null,null,null,{"$f":"'[49]1-RESUMO'!SOS1:SOU1","v":0},null,null,null,{"$f":"'[49]1-RESUMO'!SOW1:SOY1","v":0},null,null,null,{"$f":"'[49]1-RESUMO'!SPA1:SPC1","v":0},null,null,null,{"$f":"'[49]1-RESUMO'!SPE1:SPG1","v":0},null,null,null,{"$f":"'[49]1-RESUMO'!SPI1:SPK1","v":0},null,null,null,{"$f":"'[49]1-RESUMO'!SPM1:SPO1","v":0},null,null,null,{"$f":"'[49]1-RESUMO'!SPQ1:SPS1","v":0},null,null,null,{"$f":"'[49]1-RESUMO'!SPU1:SPW1","v":0},null,null,null,{"$f":"'[49]1-RESUMO'!SPY1:SQA1","v":0},null,null,null,{"$f":"'[49]1-RESUMO'!SQC1:SQE1","v":0},null,null,null,{"$f":"'[49]1-RESUMO'!SQG1:SQI1","v":0},null,null,null,{"$f":"'[49]1-RESUMO'!SQK1:SQM1","v":0},null,null,null,{"$f":"'[49]1-RESUMO'!SQO1:SQQ1","v":0},null,null,null,{"$f":"'[49]1-RESUMO'!SQS1:SQU1","v":0},null,null,null,{"$f":"'[49]1-RESUMO'!SQW1:SQY1","v":0},null,null,null,{"$f":"'[49]1-RESUMO'!SRA1:SRC1","v":0},null,null,null,{"$f":"'[49]1-RESUMO'!SRE1:SRG1","v":0},null,null,null,{"$f":"'[49]1-RESUMO'!SRI1:SRK1","v":0},null,null,null,{"$f":"'[49]1-RESUMO'!SRM1:SRO1","v":0},null,null,null,{"$f":"'[49]1-RESUMO'!SRQ1:SRS1","v":0},null,null,null,{"$f":"'[49]1-RESUMO'!SRU1:SRW1","v":0},null,null,null,{"$f":"'[49]1-RESUMO'!SRY1:SSA1","v":0},null,null,null,{"$f":"'[49]1-RESUMO'!SSC1:SSE1","v":0},null,null,null,{"$f":"'[49]1-RESUMO'!SSG1:SSI1","v":0},null,null,null,{"$f":"'[49]1-RESUMO'!SSK1:SSM1","v":0},null,null,null,{"$f":"'[49]1-RESUMO'!SSO1:SSQ1","v":0},null,null,null,{"$f":"'[49]1-RESUMO'!SSS1:SSU1","v":0},null,null,null,{"$f":"'[49]1-RESUMO'!SSW1:SSY1","v":0},null,null,null,{"$f":"'[49]1-RESUMO'!STA1:STC1","v":0},null,null,null,{"$f":"'[49]1-RESUMO'!STE1:STG1","v":0},null,null,null,{"$f":"'[49]1-RESUMO'!STI1:STK1","v":0},null,null,null,{"$f":"'[49]1-RESUMO'!STM1:STO1","v":0},null,null,null,{"$f":"'[49]1-RESUMO'!STQ1:STS1","v":0},null,null,null,{"$f":"'[49]1-RESUMO'!STU1:STW1","v":0},null,null,null,{"$f":"'[49]1-RESUMO'!STY1:SUA1","v":0},null,null,null,{"$f":"'[49]1-RESUMO'!SUC1:SUE1","v":0},null,null,null,{"$f":"'[49]1-RESUMO'!SUG1:SUI1","v":0},null,null,null,{"$f":"'[49]1-RESUMO'!SUK1:SUM1","v":0},null,null,null,{"$f":"'[49]1-RESUMO'!SUO1:SUQ1","v":0},null,null,null,{"$f":"'[49]1-RESUMO'!SUS1:SUU1","v":0},null,null,null,{"$f":"'[49]1-RESUMO'!SUW1:SUY1","v":0},null,null,null,{"$f":"'[49]1-RESUMO'!SVA1:SVC1","v":0},null,null,null,{"$f":"'[49]1-RESUMO'!SVE1:SVG1","v":0},null,null,null,{"$f":"'[49]1-RESUMO'!SVI1:SVK1","v":0},null,null,null,{"$f":"'[49]1-RESUMO'!SVM1:SVO1","v":0},null,null,null,{"$f":"'[49]1-RESUMO'!SVQ1:SVS1","v":0},null,null,null,{"$f":"'[49]1-RESUMO'!SVU1:SVW1","v":0},null,null,null,{"$f":"'[49]1-RESUMO'!SVY1:SWA1","v":0},null,null,null,{"$f":"'[49]1-RESUMO'!SWC1:SWE1","v":0},null,null,null,{"$f":"'[49]1-RESUMO'!SWG1:SWI1","v":0},null,null,null,{"$f":"'[49]1-RESUMO'!SWK1:SWM1","v":0},null,null,null,{"$f":"'[49]1-RESUMO'!SWO1:SWQ1","v":0},null,null,null,{"$f":"'[49]1-RESUMO'!SWS1:SWU1","v":0},null,null,null,{"$f":"'[49]1-RESUMO'!SWW1:SWY1","v":0},null,null,null,{"$f":"'[49]1-RESUMO'!SXA1:SXC1","v":0},null,null,null,{"$f":"'[49]1-RESUMO'!SXE1:SXG1","v":0},null,null,null,{"$f":"'[49]1-RESUMO'!SXI1:SXK1","v":0},null,null,null,{"$f":"'[49]1-RESUMO'!SXM1:SXO1","v":0},null,null,null,{"$f":"'[49]1-RESUMO'!SXQ1:SXS1","v":0},null,null,null,{"$f":"'[49]1-RESUMO'!SXU1:SXW1","v":0},null,null,null,{"$f":"'[49]1-RESUMO'!SXY1:SYA1","v":0},null,null,null,{"$f":"'[49]1-RESUMO'!SYC1:SYE1","v":0},null,null,null,{"$f":"'[49]1-RESUMO'!SYG1:SYI1","v":0},null,null,null,{"$f":"'[49]1-RESUMO'!SYK1:SYM1","v":0},null,null,null,{"$f":"'[49]1-RESUMO'!SYO1:SYQ1","v":0},null,null,null,{"$f":"'[49]1-RESUMO'!SYS1:SYU1","v":0},null,null,null,{"$f":"'[49]1-RESUMO'!SYW1:SYY1","v":0},null,null,null,{"$f":"'[49]1-RESUMO'!SZA1:SZC1","v":0},null,null,null,{"$f":"'[49]1-RESUMO'!SZE1:SZG1","v":0},null,null,null,{"$f":"'[49]1-RESUMO'!SZI1:SZK1","v":0},null,null,null,{"$f":"'[49]1-RESUMO'!SZM1:SZO1","v":0},null,null,null,{"$f":"'[49]1-RESUMO'!SZQ1:SZS1","v":0},null,null,null,{"$f":"'[49]1-RESUMO'!SZU1:SZW1","v":0},null,null,null,{"$f":"'[49]1-RESUMO'!SZY1:TAA1","v":0},null,null,null,{"$f":"'[49]1-RESUMO'!TAC1:TAE1","v":0},null,null,null,{"$f":"'[49]1-RESUMO'!TAG1:TAI1","v":0},null,null,null,{"$f":"'[49]1-RESUMO'!TAK1:TAM1","v":0},null,null,null,{"$f":"'[49]1-RESUMO'!TAO1:TAQ1","v":0},null,null,null,{"$f":"'[49]1-RESUMO'!TAS1:TAU1","v":0},null,null,null,{"$f":"'[49]1-RESUMO'!TAW1:TAY1","v":0},null,null,null,{"$f":"'[49]1-RESUMO'!TBA1:TBC1","v":0},null,null,null,{"$f":"'[49]1-RESUMO'!TBE1:TBG1","v":0},null,null,null,{"$f":"'[49]1-RESUMO'!TBI1:TBK1","v":0},null,null,null,{"$f":"'[49]1-RESUMO'!TBM1:TBO1","v":0},null,null,null,{"$f":"'[49]1-RESUMO'!TBQ1:TBS1","v":0},null,null,null,{"$f":"'[49]1-RESUMO'!TBU1:TBW1","v":0},null,null,null,{"$f":"'[49]1-RESUMO'!TBY1:TCA1","v":0},null,null,null,{"$f":"'[49]1-RESUMO'!TCC1:TCE1","v":0},null,null,null,{"$f":"'[49]1-RESUMO'!TCG1:TCI1","v":0},null,null,null,{"$f":"'[49]1-RESUMO'!TCK1:TCM1","v":0},null,null,null,{"$f":"'[49]1-RESUMO'!TCO1:TCQ1","v":0},null,null,null,{"$f":"'[49]1-RESUMO'!TCS1:TCU1","v":0},null,null,null,{"$f":"'[49]1-RESUMO'!TCW1:TCY1","v":0},null,null,null,{"$f":"'[49]1-RESUMO'!TDA1:TDC1","v":0},null,null,null,{"$f":"'[49]1-RESUMO'!TDE1:TDG1","v":0},null,null,null,{"$f":"'[49]1-RESUMO'!TDI1:TDK1","v":0},null,null,null,{"$f":"'[49]1-RESUMO'!TDM1:TDO1","v":0},null,null,null,{"$f":"'[49]1-RESUMO'!TDQ1:TDS1","v":0},null,null,null,{"$f":"'[49]1-RESUMO'!TDU1:TDW1","v":0},null,null,null,{"$f":"'[49]1-RESUMO'!TDY1:TEA1","v":0},null,null,null,{"$f":"'[49]1-RESUMO'!TEC1:TEE1","v":0},null,null,null,{"$f":"'[49]1-RESUMO'!TEG1:TEI1","v":0},null,null,null,{"$f":"'[49]1-RESUMO'!TEK1:TEM1","v":0},null,null,null,{"$f":"'[49]1-RESUMO'!TEO1:TEQ1","v":0},null,null,null,{"$f":"'[49]1-RESUMO'!TES1:TEU1","v":0},null,null,null,{"$f":"'[49]1-RESUMO'!TEW1:TEY1","v":0},null,null,null,{"$f":"'[49]1-RESUMO'!TFA1:TFC1","v":0},null,null,null,{"$f":"'[49]1-RESUMO'!TFE1:TFG1","v":0},null,null,null,{"$f":"'[49]1-RESUMO'!TFI1:TFK1","v":0},null,null,null,{"$f":"'[49]1-RESUMO'!TFM1:TFO1","v":0},null,null,null,{"$f":"'[49]1-RESUMO'!TFQ1:TFS1","v":0},null,null,null,{"$f":"'[49]1-RESUMO'!TFU1:TFW1","v":0},null,null,null,{"$f":"'[49]1-RESUMO'!TFY1:TGA1","v":0},null,null,null,{"$f":"'[49]1-RESUMO'!TGC1:TGE1","v":0},null,null,null,{"$f":"'[49]1-RESUMO'!TGG1:TGI1","v":0},null,null,null,{"$f":"'[49]1-RESUMO'!TGK1:TGM1","v":0},null,null,null,{"$f":"'[49]1-RESUMO'!TGO1:TGQ1","v":0},null,null,null,{"$f":"'[49]1-RESUMO'!TGS1:TGU1","v":0},null,null,null,{"$f":"'[49]1-RESUMO'!TGW1:TGY1","v":0},null,null,null,{"$f":"'[49]1-RESUMO'!THA1:THC1","v":0},null,null,null,{"$f":"'[49]1-RESUMO'!THE1:THG1","v":0},null,null,null,{"$f":"'[49]1-RESUMO'!THI1:THK1","v":0},null,null,null,{"$f":"'[49]1-RESUMO'!THM1:THO1","v":0},null,null,null,{"$f":"'[49]1-RESUMO'!THQ1:THS1","v":0},null,null,null,{"$f":"'[49]1-RESUMO'!THU1:THW1","v":0},null,null,null,{"$f":"'[49]1-RESUMO'!THY1:TIA1","v":0},null,null,null,{"$f":"'[49]1-RESUMO'!TIC1:TIE1","v":0},null,null,null,{"$f":"'[49]1-RESUMO'!TIG1:TII1","v":0},null,null,null,{"$f":"'[49]1-RESUMO'!TIK1:TIM1","v":0},null,null,null,{"$f":"'[49]1-RESUMO'!TIO1:TIQ1","v":0},null,null,null,{"$f":"'[49]1-RESUMO'!TIS1:TIU1","v":0},null,null,null,{"$f":"'[49]1-RESUMO'!TIW1:TIY1","v":0},null,null,null,{"$f":"'[49]1-RESUMO'!TJA1:TJC1","v":0},null,null,null,{"$f":"'[49]1-RESUMO'!TJE1:TJG1","v":0},null,null,null,{"$f":"'[49]1-RESUMO'!TJI1:TJK1","v":0},null,null,null,{"$f":"'[49]1-RESUMO'!TJM1:TJO1","v":0},null,null,null,{"$f":"'[49]1-RESUMO'!TJQ1:TJS1","v":0},null,null,null,{"$f":"'[49]1-RESUMO'!TJU1:TJW1","v":0},null,null,null,{"$f":"'[49]1-RESUMO'!TJY1:TKA1","v":0},null,null,null,{"$f":"'[49]1-RESUMO'!TKC1:TKE1","v":0},null,null,null,{"$f":"'[49]1-RESUMO'!TKG1:TKI1","v":0},null,null,null,{"$f":"'[49]1-RESUMO'!TKK1:TKM1","v":0},null,null,null,{"$f":"'[49]1-RESUMO'!TKO1:TKQ1","v":0},null,null,null,{"$f":"'[49]1-RESUMO'!TKS1:TKU1","v":0},null,null,null,{"$f":"'[49]1-RESUMO'!TKW1:TKY1","v":0},null,null,null,{"$f":"'[49]1-RESUMO'!TLA1:TLC1","v":0},null,null,null,{"$f":"'[49]1-RESUMO'!TLE1:TLG1","v":0},null,null,null,{"$f":"'[49]1-RESUMO'!TLI1:TLK1","v":0},null,null,null,{"$f":"'[49]1-RESUMO'!TLM1:TLO1","v":0},null,null,null,{"$f":"'[49]1-RESUMO'!TLQ1:TLS1","v":0},null,null,null,{"$f":"'[49]1-RESUMO'!TLU1:TLW1","v":0},null,null,null,{"$f":"'[49]1-RESUMO'!TLY1:TMA1","v":0},null,null,null,{"$f":"'[49]1-RESUMO'!TMC1:TME1","v":0},null,null,null,{"$f":"'[49]1-RESUMO'!TMG1:TMI1","v":0},null,null,null,{"$f":"'[49]1-RESUMO'!TMK1:TMM1","v":0},null,null,null,{"$f":"'[49]1-RESUMO'!TMO1:TMQ1","v":0},null,null,null,{"$f":"'[49]1-RESUMO'!TMS1:TMU1","v":0},null,null,null,{"$f":"'[49]1-RESUMO'!TMW1:TMY1","v":0},null,null,null,{"$f":"'[49]1-RESUMO'!TNA1:TNC1","v":0},null,null,null,{"$f":"'[49]1-RESUMO'!TNE1:TNG1","v":0},null,null,null,{"$f":"'[49]1-RESUMO'!TNI1:TNK1","v":0},null,null,null,{"$f":"'[49]1-RESUMO'!TNM1:TNO1","v":0},null,null,null,{"$f":"'[49]1-RESUMO'!TNQ1:TNS1","v":0},null,null,null,{"$f":"'[49]1-RESUMO'!TNU1:TNW1","v":0},null,null,null,{"$f":"'[49]1-RESUMO'!TNY1:TOA1","v":0},null,null,null,{"$f":"'[49]1-RESUMO'!TOC1:TOE1","v":0},null,null,null,{"$f":"'[49]1-RESUMO'!TOG1:TOI1","v":0},null,null,null,{"$f":"'[49]1-RESUMO'!TOK1:TOM1","v":0},null,null,null,{"$f":"'[49]1-RESUMO'!TOO1:TOQ1","v":0},null,null,null,{"$f":"'[49]1-RESUMO'!TOS1:TOU1","v":0},null,null,null,{"$f":"'[49]1-RESUMO'!TOW1:TOY1","v":0},null,null,null,{"$f":"'[49]1-RESUMO'!TPA1:TPC1","v":0},null,null,null,{"$f":"'[49]1-RESUMO'!TPE1:TPG1","v":0},null,null,null,{"$f":"'[49]1-RESUMO'!TPI1:TPK1","v":0},null,null,null,{"$f":"'[49]1-RESUMO'!TPM1:TPO1","v":0},null,null,null,{"$f":"'[49]1-RESUMO'!TPQ1:TPS1","v":0},null,null,null,{"$f":"'[49]1-RESUMO'!TPU1:TPW1","v":0},null,null,null,{"$f":"'[49]1-RESUMO'!TPY1:TQA1","v":0},null,null,null,{"$f":"'[49]1-RESUMO'!TQC1:TQE1","v":0},null,null,null,{"$f":"'[49]1-RESUMO'!TQG1:TQI1","v":0},null,null,null,{"$f":"'[49]1-RESUMO'!TQK1:TQM1","v":0},null,null,null,{"$f":"'[49]1-RESUMO'!TQO1:TQQ1","v":0},null,null,null,{"$f":"'[49]1-RESUMO'!TQS1:TQU1","v":0},null,null,null,{"$f":"'[49]1-RESUMO'!TQW1:TQY1","v":0},null,null,null,{"$f":"'[49]1-RESUMO'!TRA1:TRC1","v":0},null,null,null,{"$f":"'[49]1-RESUMO'!TRE1:TRG1","v":0},null,null,null,{"$f":"'[49]1-RESUMO'!TRI1:TRK1","v":0},null,null,null,{"$f":"'[49]1-RESUMO'!TRM1:TRO1","v":0},null,null,null,{"$f":"'[49]1-RESUMO'!TRQ1:TRS1","v":0},null,null,null,{"$f":"'[49]1-RESUMO'!TRU1:TRW1","v":0},null,null,null,{"$f":"'[49]1-RESUMO'!TRY1:TSA1","v":0},null,null,null,{"$f":"'[49]1-RESUMO'!TSC1:TSE1","v":0},null,null,null,{"$f":"'[49]1-RESUMO'!TSG1:TSI1","v":0},null,null,null,{"$f":"'[49]1-RESUMO'!TSK1:TSM1","v":0},null,null,null,{"$f":"'[49]1-RESUMO'!TSO1:TSQ1","v":0},null,null,null,{"$f":"'[49]1-RESUMO'!TSS1:TSU1","v":0},null,null,null,{"$f":"'[49]1-RESUMO'!TSW1:TSY1","v":0},null,null,null,{"$f":"'[49]1-RESUMO'!TTA1:TTC1","v":0},null,null,null,{"$f":"'[49]1-RESUMO'!TTE1:TTG1","v":0},null,null,null,{"$f":"'[49]1-RESUMO'!TTI1:TTK1","v":0},null,null,null,{"$f":"'[49]1-RESUMO'!TTM1:TTO1","v":0},null,null,null,{"$f":"'[49]1-RESUMO'!TTQ1:TTS1","v":0},null,null,null,{"$f":"'[49]1-RESUMO'!TTU1:TTW1","v":0},null,null,null,{"$f":"'[49]1-RESUMO'!TTY1:TUA1","v":0},null,null,null,{"$f":"'[49]1-RESUMO'!TUC1:TUE1","v":0},null,null,null,{"$f":"'[49]1-RESUMO'!TUG1:TUI1","v":0},null,null,null,{"$f":"'[49]1-RESUMO'!TUK1:TUM1","v":0},null,null,null,{"$f":"'[49]1-RESUMO'!TUO1:TUQ1","v":0},null,null,null,{"$f":"'[49]1-RESUMO'!TUS1:TUU1","v":0},null,null,null,{"$f":"'[49]1-RESUMO'!TUW1:TUY1","v":0},null,null,null,{"$f":"'[49]1-RESUMO'!TVA1:TVC1","v":0},null,null,null,{"$f":"'[49]1-RESUMO'!TVE1:TVG1","v":0},null,null,null,{"$f":"'[49]1-RESUMO'!TVI1:TVK1","v":0},null,null,null,{"$f":"'[49]1-RESUMO'!TVM1:TVO1","v":0},null,null,null,{"$f":"'[49]1-RESUMO'!TVQ1:TVS1","v":0},null,null,null,{"$f":"'[49]1-RESUMO'!TVU1:TVW1","v":0},null,null,null,{"$f":"'[49]1-RESUMO'!TVY1:TWA1","v":0},null,null,null,{"$f":"'[49]1-RESUMO'!TWC1:TWE1","v":0},null,null,null,{"$f":"'[49]1-RESUMO'!TWG1:TWI1","v":0},null,null,null,{"$f":"'[49]1-RESUMO'!TWK1:TWM1","v":0},null,null,null,{"$f":"'[49]1-RESUMO'!TWO1:TWQ1","v":0},null,null,null,{"$f":"'[49]1-RESUMO'!TWS1:TWU1","v":0},null,null,null,{"$f":"'[49]1-RESUMO'!TWW1:TWY1","v":0},null,null,null,{"$f":"'[49]1-RESUMO'!TXA1:TXC1","v":0},null,null,null,{"$f":"'[49]1-RESUMO'!TXE1:TXG1","v":0},null,null,null,{"$f":"'[49]1-RESUMO'!TXI1:TXK1","v":0},null,null,null,{"$f":"'[49]1-RESUMO'!TXM1:TXO1","v":0},null,null,null,{"$f":"'[49]1-RESUMO'!TXQ1:TXS1","v":0},null,null,null,{"$f":"'[49]1-RESUMO'!TXU1:TXW1","v":0},null,null,null,{"$f":"'[49]1-RESUMO'!TXY1:TYA1","v":0},null,null,null,{"$f":"'[49]1-RESUMO'!TYC1:TYE1","v":0},null,null,null,{"$f":"'[49]1-RESUMO'!TYG1:TYI1","v":0},null,null,null,{"$f":"'[49]1-RESUMO'!TYK1:TYM1","v":0},null,null,null,{"$f":"'[49]1-RESUMO'!TYO1:TYQ1","v":0},null,null,null,{"$f":"'[49]1-RESUMO'!TYS1:TYU1","v":0},null,null,null,{"$f":"'[49]1-RESUMO'!TYW1:TYY1","v":0},null,null,null,{"$f":"'[49]1-RESUMO'!TZA1:TZC1","v":0},null,null,null,{"$f":"'[49]1-RESUMO'!TZE1:TZG1","v":0},null,null,null,{"$f":"'[49]1-RESUMO'!TZI1:TZK1","v":0},null,null,null,{"$f":"'[49]1-RESUMO'!TZM1:TZO1","v":0},null,null,null,{"$f":"'[49]1-RESUMO'!TZQ1:TZS1","v":0},null,null,null,{"$f":"'[49]1-RESUMO'!TZU1:TZW1","v":0},null,null,null,{"$f":"'[49]1-RESUMO'!TZY1:UAA1","v":0},null,null,null,{"$f":"'[49]1-RESUMO'!UAC1:UAE1","v":0},null,null,null,{"$f":"'[49]1-RESUMO'!UAG1:UAI1","v":0},null,null,null,{"$f":"'[49]1-RESUMO'!UAK1:UAM1","v":0},null,null,null,{"$f":"'[49]1-RESUMO'!UAO1:UAQ1","v":0},null,null,null,{"$f":"'[49]1-RESUMO'!UAS1:UAU1","v":0},null,null,null,{"$f":"'[49]1-RESUMO'!UAW1:UAY1","v":0},null,null,null,{"$f":"'[49]1-RESUMO'!UBA1:UBC1","v":0},null,null,null,{"$f":"'[49]1-RESUMO'!UBE1:UBG1","v":0},null,null,null,{"$f":"'[49]1-RESUMO'!UBI1:UBK1","v":0},null,null,null,{"$f":"'[49]1-RESUMO'!UBM1:UBO1","v":0},null,null,null,{"$f":"'[49]1-RESUMO'!UBQ1:UBS1","v":0},null,null,null,{"$f":"'[49]1-RESUMO'!UBU1:UBW1","v":0},null,null,null,{"$f":"'[49]1-RESUMO'!UBY1:UCA1","v":0},null,null,null,{"$f":"'[49]1-RESUMO'!UCC1:UCE1","v":0},null,null,null,{"$f":"'[49]1-RESUMO'!UCG1:UCI1","v":0},null,null,null,{"$f":"'[49]1-RESUMO'!UCK1:UCM1","v":0},null,null,null,{"$f":"'[49]1-RESUMO'!UCO1:UCQ1","v":0},null,null,null,{"$f":"'[49]1-RESUMO'!UCS1:UCU1","v":0},null,null,null,{"$f":"'[49]1-RESUMO'!UCW1:UCY1","v":0},null,null,null,{"$f":"'[49]1-RESUMO'!UDA1:UDC1","v":0},null,null,null,{"$f":"'[49]1-RESUMO'!UDE1:UDG1","v":0},null,null,null,{"$f":"'[49]1-RESUMO'!UDI1:UDK1","v":0},null,null,null,{"$f":"'[49]1-RESUMO'!UDM1:UDO1","v":0},null,null,null,{"$f":"'[49]1-RESUMO'!UDQ1:UDS1","v":0},null,null,null,{"$f":"'[49]1-RESUMO'!UDU1:UDW1","v":0},null,null,null,{"$f":"'[49]1-RESUMO'!UDY1:UEA1","v":0},null,null,null,{"$f":"'[49]1-RESUMO'!UEC1:UEE1","v":0},null,null,null,{"$f":"'[49]1-RESUMO'!UEG1:UEI1","v":0},null,null,null,{"$f":"'[49]1-RESUMO'!UEK1:UEM1","v":0},null,null,null,{"$f":"'[49]1-RESUMO'!UEO1:UEQ1","v":0},null,null,null,{"$f":"'[49]1-RESUMO'!UES1:UEU1","v":0},null,null,null,{"$f":"'[49]1-RESUMO'!UEW1:UEY1","v":0},null,null,null,{"$f":"'[49]1-RESUMO'!UFA1:UFC1","v":0},null,null,null,{"$f":"'[49]1-RESUMO'!UFE1:UFG1","v":0},null,null,null,{"$f":"'[49]1-RESUMO'!UFI1:UFK1","v":0},null,null,null,{"$f":"'[49]1-RESUMO'!UFM1:UFO1","v":0},null,null,null,{"$f":"'[49]1-RESUMO'!UFQ1:UFS1","v":0},null,null,null,{"$f":"'[49]1-RESUMO'!UFU1:UFW1","v":0},null,null,null,{"$f":"'[49]1-RESUMO'!UFY1:UGA1","v":0},null,null,null,{"$f":"'[49]1-RESUMO'!UGC1:UGE1","v":0},null,null,null,{"$f":"'[49]1-RESUMO'!UGG1:UGI1","v":0},null,null,null,{"$f":"'[49]1-RESUMO'!UGK1:UGM1","v":0},null,null,null,{"$f":"'[49]1-RESUMO'!UGO1:UGQ1","v":0},null,null,null,{"$f":"'[49]1-RESUMO'!UGS1:UGU1","v":0},null,null,null,{"$f":"'[49]1-RESUMO'!UGW1:UGY1","v":0},null,null,null,{"$f":"'[49]1-RESUMO'!UHA1:UHC1","v":0},null,null,null,{"$f":"'[49]1-RESUMO'!UHE1:UHG1","v":0},null,null,null,{"$f":"'[49]1-RESUMO'!UHI1:UHK1","v":0},null,null,null,{"$f":"'[49]1-RESUMO'!UHM1:UHO1","v":0},null,null,null,{"$f":"'[49]1-RESUMO'!UHQ1:UHS1","v":0},null,null,null,{"$f":"'[49]1-RESUMO'!UHU1:UHW1","v":0},null,null,null,{"$f":"'[49]1-RESUMO'!UHY1:UIA1","v":0},null,null,null,{"$f":"'[49]1-RESUMO'!UIC1:UIE1","v":0},null,null,null,{"$f":"'[49]1-RESUMO'!UIG1:UII1","v":0},null,null,null,{"$f":"'[49]1-RESUMO'!UIK1:UIM1","v":0},null,null,null,{"$f":"'[49]1-RESUMO'!UIO1:UIQ1","v":0},null,null,null,{"$f":"'[49]1-RESUMO'!UIS1:UIU1","v":0},null,null,null,{"$f":"'[49]1-RESUMO'!UIW1:UIY1","v":0},null,null,null,{"$f":"'[49]1-RESUMO'!UJA1:UJC1","v":0},null,null,null,{"$f":"'[49]1-RESUMO'!UJE1:UJG1","v":0},null,null,null,{"$f":"'[49]1-RESUMO'!UJI1:UJK1","v":0},null,null,null,{"$f":"'[49]1-RESUMO'!UJM1:UJO1","v":0},null,null,null,{"$f":"'[49]1-RESUMO'!UJQ1:UJS1","v":0},null,null,null,{"$f":"'[49]1-RESUMO'!UJU1:UJW1","v":0},null,null,null,{"$f":"'[49]1-RESUMO'!UJY1:UKA1","v":0},null,null,null,{"$f":"'[49]1-RESUMO'!UKC1:UKE1","v":0},null,null,null,{"$f":"'[49]1-RESUMO'!UKG1:UKI1","v":0},null,null,null,{"$f":"'[49]1-RESUMO'!UKK1:UKM1","v":0},null,null,null,{"$f":"'[49]1-RESUMO'!UKO1:UKQ1","v":0},null,null,null,{"$f":"'[49]1-RESUMO'!UKS1:UKU1","v":0},null,null,null,{"$f":"'[49]1-RESUMO'!UKW1:UKY1","v":0},null,null,null,{"$f":"'[49]1-RESUMO'!ULA1:ULC1","v":0},null,null,null,{"$f":"'[49]1-RESUMO'!ULE1:ULG1","v":0},null,null,null,{"$f":"'[49]1-RESUMO'!ULI1:ULK1","v":0},null,null,null,{"$f":"'[49]1-RESUMO'!ULM1:ULO1","v":0},null,null,null,{"$f":"'[49]1-RESUMO'!ULQ1:ULS1","v":0},null,null,null,{"$f":"'[49]1-RESUMO'!ULU1:ULW1","v":0},null,null,null,{"$f":"'[49]1-RESUMO'!ULY1:UMA1","v":0},null,null,null,{"$f":"'[49]1-RESUMO'!UMC1:UME1","v":0},null,null,null,{"$f":"'[49]1-RESUMO'!UMG1:UMI1","v":0},null,null,null,{"$f":"'[49]1-RESUMO'!UMK1:UMM1","v":0},null,null,null,{"$f":"'[49]1-RESUMO'!UMO1:UMQ1","v":0},null,null,null,{"$f":"'[49]1-RESUMO'!UMS1:UMU1","v":0},null,null,null,{"$f":"'[49]1-RESUMO'!UMW1:UMY1","v":0},null,null,null,{"$f":"'[49]1-RESUMO'!UNA1:UNC1","v":0},null,null,null,{"$f":"'[49]1-RESUMO'!UNE1:UNG1","v":0},null,null,null,{"$f":"'[49]1-RESUMO'!UNI1:UNK1","v":0},null,null,null,{"$f":"'[49]1-RESUMO'!UNM1:UNO1","v":0},null,null,null,{"$f":"'[49]1-RESUMO'!UNQ1:UNS1","v":0},null,null,null,{"$f":"'[49]1-RESUMO'!UNU1:UNW1","v":0},null,null,null,{"$f":"'[49]1-RESUMO'!UNY1:UOA1","v":0},null,null,null,{"$f":"'[49]1-RESUMO'!UOC1:UOE1","v":0},null,null,null,{"$f":"'[49]1-RESUMO'!UOG1:UOI1","v":0},null,null,null,{"$f":"'[49]1-RESUMO'!UOK1:UOM1","v":0},null,null,null,{"$f":"'[49]1-RESUMO'!UOO1:UOQ1","v":0},null,null,null,{"$f":"'[49]1-RESUMO'!UOS1:UOU1","v":0},null,null,null,{"$f":"'[49]1-RESUMO'!UOW1:UOY1","v":0},null,null,null,{"$f":"'[49]1-RESUMO'!UPA1:UPC1","v":0},null,null,null,{"$f":"'[49]1-RESUMO'!UPE1:UPG1","v":0},null,null,null,{"$f":"'[49]1-RESUMO'!UPI1:UPK1","v":0},null,null,null,{"$f":"'[49]1-RESUMO'!UPM1:UPO1","v":0},null,null,null,{"$f":"'[49]1-RESUMO'!UPQ1:UPS1","v":0},null,null,null,{"$f":"'[49]1-RESUMO'!UPU1:UPW1","v":0},null,null,null,{"$f":"'[49]1-RESUMO'!UPY1:UQA1","v":0},null,null,null,{"$f":"'[49]1-RESUMO'!UQC1:UQE1","v":0},null,null,null,{"$f":"'[49]1-RESUMO'!UQG1:UQI1","v":0},null,null,null,{"$f":"'[49]1-RESUMO'!UQK1:UQM1","v":0},null,null,null,{"$f":"'[49]1-RESUMO'!UQO1:UQQ1","v":0},null,null,null,{"$f":"'[49]1-RESUMO'!UQS1:UQU1","v":0},null,null,null,{"$f":"'[49]1-RESUMO'!UQW1:UQY1","v":0},null,null,null,{"$f":"'[49]1-RESUMO'!URA1:URC1","v":0},null,null,null,{"$f":"'[49]1-RESUMO'!URE1:URG1","v":0},null,null,null,{"$f":"'[49]1-RESUMO'!URI1:URK1","v":0},null,null,null,{"$f":"'[49]1-RESUMO'!URM1:URO1","v":0},null,null,null,{"$f":"'[49]1-RESUMO'!URQ1:URS1","v":0},null,null,null,{"$f":"'[49]1-RESUMO'!URU1:URW1","v":0},null,null,null,{"$f":"'[49]1-RESUMO'!URY1:USA1","v":0},null,null,null,{"$f":"'[49]1-RESUMO'!USC1:USE1","v":0},null,null,null,{"$f":"'[49]1-RESUMO'!USG1:USI1","v":0},null,null,null,{"$f":"'[49]1-RESUMO'!USK1:USM1","v":0},null,null,null,{"$f":"'[49]1-RESUMO'!USO1:USQ1","v":0},null,null,null,{"$f":"'[49]1-RESUMO'!USS1:USU1","v":0},null,null,null,{"$f":"'[49]1-RESUMO'!USW1:USY1","v":0},null,null,null,{"$f":"'[49]1-RESUMO'!UTA1:UTC1","v":0},null,null,null,{"$f":"'[49]1-RESUMO'!UTE1:UTG1","v":0},null,null,null,{"$f":"'[49]1-RESUMO'!UTI1:UTK1","v":0},null,null,null,{"$f":"'[49]1-RESUMO'!UTM1:UTO1","v":0},null,null,null,{"$f":"'[49]1-RESUMO'!UTQ1:UTS1","v":0},null,null,null,{"$f":"'[49]1-RESUMO'!UTU1:UTW1","v":0},null,null,null,{"$f":"'[49]1-RESUMO'!UTY1:UUA1","v":0},null,null,null,{"$f":"'[49]1-RESUMO'!UUC1:UUE1","v":0},null,null,null,{"$f":"'[49]1-RESUMO'!UUG1:UUI1","v":0},null,null,null,{"$f":"'[49]1-RESUMO'!UUK1:UUM1","v":0},null,null,null,{"$f":"'[49]1-RESUMO'!UUO1:UUQ1","v":0},null,null,null,{"$f":"'[49]1-RESUMO'!UUS1:UUU1","v":0},null,null,null,{"$f":"'[49]1-RESUMO'!UUW1:UUY1","v":0},null,null,null,{"$f":"'[49]1-RESUMO'!UVA1:UVC1","v":0},null,null,null,{"$f":"'[49]1-RESUMO'!UVE1:UVG1","v":0},null,null,null,{"$f":"'[49]1-RESUMO'!UVI1:UVK1","v":0},null,null,null,{"$f":"'[49]1-RESUMO'!UVM1:UVO1","v":0},null,null,null,{"$f":"'[49]1-RESUMO'!UVQ1:UVS1","v":0},null,null,null,{"$f":"'[49]1-RESUMO'!UVU1:UVW1","v":0},null,null,null,{"$f":"'[49]1-RESUMO'!UVY1:UWA1","v":0},null,null,null,{"$f":"'[49]1-RESUMO'!UWC1:UWE1","v":0},null,null,null,{"$f":"'[49]1-RESUMO'!UWG1:UWI1","v":0},null,null,null,{"$f":"'[49]1-RESUMO'!UWK1:UWM1","v":0},null,null,null,{"$f":"'[49]1-RESUMO'!UWO1:UWQ1","v":0},null,null,null,{"$f":"'[49]1-RESUMO'!UWS1:UWU1","v":0},null,null,null,{"$f":"'[49]1-RESUMO'!UWW1:UWY1","v":0},null,null,null,{"$f":"'[49]1-RESUMO'!UXA1:UXC1","v":0},null,null,null,{"$f":"'[49]1-RESUMO'!UXE1:UXG1","v":0},null,null,null,{"$f":"'[49]1-RESUMO'!UXI1:UXK1","v":0},null,null,null,{"$f":"'[49]1-RESUMO'!UXM1:UXO1","v":0},null,null,null,{"$f":"'[49]1-RESUMO'!UXQ1:UXS1","v":0},null,null,null,{"$f":"'[49]1-RESUMO'!UXU1:UXW1","v":0},null,null,null,{"$f":"'[49]1-RESUMO'!UXY1:UYA1","v":0},null,null,null,{"$f":"'[49]1-RESUMO'!UYC1:UYE1","v":0},null,null,null,{"$f":"'[49]1-RESUMO'!UYG1:UYI1","v":0},null,null,null,{"$f":"'[49]1-RESUMO'!UYK1:UYM1","v":0},null,null,null,{"$f":"'[49]1-RESUMO'!UYO1:UYQ1","v":0},null,null,null,{"$f":"'[49]1-RESUMO'!UYS1:UYU1","v":0},null,null,null,{"$f":"'[49]1-RESUMO'!UYW1:UYY1","v":0},null,null,null,{"$f":"'[49]1-RESUMO'!UZA1:UZC1","v":0},null,null,null,{"$f":"'[49]1-RESUMO'!UZE1:UZG1","v":0},null,null,null,{"$f":"'[49]1-RESUMO'!UZI1:UZK1","v":0},null,null,null,{"$f":"'[49]1-RESUMO'!UZM1:UZO1","v":0},null,null,null,{"$f":"'[49]1-RESUMO'!UZQ1:UZS1","v":0},null,null,null,{"$f":"'[49]1-RESUMO'!UZU1:UZW1","v":0},null,null,null,{"$f":"'[49]1-RESUMO'!UZY1:VAA1","v":0},null,null,null,{"$f":"'[49]1-RESUMO'!VAC1:VAE1","v":0},null,null,null,{"$f":"'[49]1-RESUMO'!VAG1:VAI1","v":0},null,null,null,{"$f":"'[49]1-RESUMO'!VAK1:VAM1","v":0},null,null,null,{"$f":"'[49]1-RESUMO'!VAO1:VAQ1","v":0},null,null,null,{"$f":"'[49]1-RESUMO'!VAS1:VAU1","v":0},null,null,null,{"$f":"'[49]1-RESUMO'!VAW1:VAY1","v":0},null,null,null,{"$f":"'[49]1-RESUMO'!VBA1:VBC1","v":0},null,null,null,{"$f":"'[49]1-RESUMO'!VBE1:VBG1","v":0},null,null,null,{"$f":"'[49]1-RESUMO'!VBI1:VBK1","v":0},null,null,null,{"$f":"'[49]1-RESUMO'!VBM1:VBO1","v":0},null,null,null,{"$f":"'[49]1-RESUMO'!VBQ1:VBS1","v":0},null,null,null,{"$f":"'[49]1-RESUMO'!VBU1:VBW1","v":0},null,null,null,{"$f":"'[49]1-RESUMO'!VBY1:VCA1","v":0},null,null,null,{"$f":"'[49]1-RESUMO'!VCC1:VCE1","v":0},null,null,null,{"$f":"'[49]1-RESUMO'!VCG1:VCI1","v":0},null,null,null,{"$f":"'[49]1-RESUMO'!VCK1:VCM1","v":0},null,null,null,{"$f":"'[49]1-RESUMO'!VCO1:VCQ1","v":0},null,null,null,{"$f":"'[49]1-RESUMO'!VCS1:VCU1","v":0},null,null,null,{"$f":"'[49]1-RESUMO'!VCW1:VCY1","v":0},null,null,null,{"$f":"'[49]1-RESUMO'!VDA1:VDC1","v":0},null,null,null,{"$f":"'[49]1-RESUMO'!VDE1:VDG1","v":0},null,null,null,{"$f":"'[49]1-RESUMO'!VDI1:VDK1","v":0},null,null,null,{"$f":"'[49]1-RESUMO'!VDM1:VDO1","v":0},null,null,null,{"$f":"'[49]1-RESUMO'!VDQ1:VDS1","v":0},null,null,null,{"$f":"'[49]1-RESUMO'!VDU1:VDW1","v":0},null,null,null,{"$f":"'[49]1-RESUMO'!VDY1:VEA1","v":0},null,null,null,{"$f":"'[49]1-RESUMO'!VEC1:VEE1","v":0},null,null,null,{"$f":"'[49]1-RESUMO'!VEG1:VEI1","v":0},null,null,null,{"$f":"'[49]1-RESUMO'!VEK1:VEM1","v":0},null,null,null,{"$f":"'[49]1-RESUMO'!VEO1:VEQ1","v":0},null,null,null,{"$f":"'[49]1-RESUMO'!VES1:VEU1","v":0},null,null,null,{"$f":"'[49]1-RESUMO'!VEW1:VEY1","v":0},null,null,null,{"$f":"'[49]1-RESUMO'!VFA1:VFC1","v":0},null,null,null,{"$f":"'[49]1-RESUMO'!VFE1:VFG1","v":0},null,null,null,{"$f":"'[49]1-RESUMO'!VFI1:VFK1","v":0},null,null,null,{"$f":"'[49]1-RESUMO'!VFM1:VFO1","v":0},null,null,null,{"$f":"'[49]1-RESUMO'!VFQ1:VFS1","v":0},null,null,null,{"$f":"'[49]1-RESUMO'!VFU1:VFW1","v":0},null,null,null,{"$f":"'[49]1-RESUMO'!VFY1:VGA1","v":0},null,null,null,{"$f":"'[49]1-RESUMO'!VGC1:VGE1","v":0},null,null,null,{"$f":"'[49]1-RESUMO'!VGG1:VGI1","v":0},null,null,null,{"$f":"'[49]1-RESUMO'!VGK1:VGM1","v":0},null,null,null,{"$f":"'[49]1-RESUMO'!VGO1:VGQ1","v":0},null,null,null,{"$f":"'[49]1-RESUMO'!VGS1:VGU1","v":0},null,null,null,{"$f":"'[49]1-RESUMO'!VGW1:VGY1","v":0},null,null,null,{"$f":"'[49]1-RESUMO'!VHA1:VHC1","v":0},null,null,null,{"$f":"'[49]1-RESUMO'!VHE1:VHG1","v":0},null,null,null,{"$f":"'[49]1-RESUMO'!VHI1:VHK1","v":0},null,null,null,{"$f":"'[49]1-RESUMO'!VHM1:VHO1","v":0},null,null,null,{"$f":"'[49]1-RESUMO'!VHQ1:VHS1","v":0},null,null,null,{"$f":"'[49]1-RESUMO'!VHU1:VHW1","v":0},null,null,null,{"$f":"'[49]1-RESUMO'!VHY1:VIA1","v":0},null,null,null,{"$f":"'[49]1-RESUMO'!VIC1:VIE1","v":0},null,null,null,{"$f":"'[49]1-RESUMO'!VIG1:VII1","v":0},null,null,null,{"$f":"'[49]1-RESUMO'!VIK1:VIM1","v":0},null,null,null,{"$f":"'[49]1-RESUMO'!VIO1:VIQ1","v":0},null,null,null,{"$f":"'[49]1-RESUMO'!VIS1:VIU1","v":0},null,null,null,{"$f":"'[49]1-RESUMO'!VIW1:VIY1","v":0},null,null,null,{"$f":"'[49]1-RESUMO'!VJA1:VJC1","v":0},null,null,null,{"$f":"'[49]1-RESUMO'!VJE1:VJG1","v":0},null,null,null,{"$f":"'[49]1-RESUMO'!VJI1:VJK1","v":0},null,null,null,{"$f":"'[49]1-RESUMO'!VJM1:VJO1","v":0},null,null,null,{"$f":"'[49]1-RESUMO'!VJQ1:VJS1","v":0},null,null,null,{"$f":"'[49]1-RESUMO'!VJU1:VJW1","v":0},null,null,null,{"$f":"'[49]1-RESUMO'!VJY1:VKA1","v":0},null,null,null,{"$f":"'[49]1-RESUMO'!VKC1:VKE1","v":0},null,null,null,{"$f":"'[49]1-RESUMO'!VKG1:VKI1","v":0},null,null,null,{"$f":"'[49]1-RESUMO'!VKK1:VKM1","v":0},null,null,null,{"$f":"'[49]1-RESUMO'!VKO1:VKQ1","v":0},null,null,null,{"$f":"'[49]1-RESUMO'!VKS1:VKU1","v":0},null,null,null,{"$f":"'[49]1-RESUMO'!VKW1:VKY1","v":0},null,null,null,{"$f":"'[49]1-RESUMO'!VLA1:VLC1","v":0},null,null,null,{"$f":"'[49]1-RESUMO'!VLE1:VLG1","v":0},null,null,null,{"$f":"'[49]1-RESUMO'!VLI1:VLK1","v":0},null,null,null,{"$f":"'[49]1-RESUMO'!VLM1:VLO1","v":0},null,null,null,{"$f":"'[49]1-RESUMO'!VLQ1:VLS1","v":0},null,null,null,{"$f":"'[49]1-RESUMO'!VLU1:VLW1","v":0},null,null,null,{"$f":"'[49]1-RESUMO'!VLY1:VMA1","v":0},null,null,null,{"$f":"'[49]1-RESUMO'!VMC1:VME1","v":0},null,null,null,{"$f":"'[49]1-RESUMO'!VMG1:VMI1","v":0},null,null,null,{"$f":"'[49]1-RESUMO'!VMK1:VMM1","v":0},null,null,null,{"$f":"'[49]1-RESUMO'!VMO1:VMQ1","v":0},null,null,null,{"$f":"'[49]1-RESUMO'!VMS1:VMU1","v":0},null,null,null,{"$f":"'[49]1-RESUMO'!VMW1:VMY1","v":0},null,null,null,{"$f":"'[49]1-RESUMO'!VNA1:VNC1","v":0},null,null,null,{"$f":"'[49]1-RESUMO'!VNE1:VNG1","v":0},null,null,null,{"$f":"'[49]1-RESUMO'!VNI1:VNK1","v":0},null,null,null,{"$f":"'[49]1-RESUMO'!VNM1:VNO1","v":0},null,null,null,{"$f":"'[49]1-RESUMO'!VNQ1:VNS1","v":0},null,null,null,{"$f":"'[49]1-RESUMO'!VNU1:VNW1","v":0},null,null,null,{"$f":"'[49]1-RESUMO'!VNY1:VOA1","v":0},null,null,null,{"$f":"'[49]1-RESUMO'!VOC1:VOE1","v":0},null,null,null,{"$f":"'[49]1-RESUMO'!VOG1:VOI1","v":0},null,null,null,{"$f":"'[49]1-RESUMO'!VOK1:VOM1","v":0},null,null,null,{"$f":"'[49]1-RESUMO'!VOO1:VOQ1","v":0},null,null,null,{"$f":"'[49]1-RESUMO'!VOS1:VOU1","v":0},null,null,null,{"$f":"'[49]1-RESUMO'!VOW1:VOY1","v":0},null,null,null,{"$f":"'[49]1-RESUMO'!VPA1:VPC1","v":0},null,null,null,{"$f":"'[49]1-RESUMO'!VPE1:VPG1","v":0},null,null,null,{"$f":"'[49]1-RESUMO'!VPI1:VPK1","v":0},null,null,null,{"$f":"'[49]1-RESUMO'!VPM1:VPO1","v":0},null,null,null,{"$f":"'[49]1-RESUMO'!VPQ1:VPS1","v":0},null,null,null,{"$f":"'[49]1-RESUMO'!VPU1:VPW1","v":0},null,null,null,{"$f":"'[49]1-RESUMO'!VPY1:VQA1","v":0},null,null,null,{"$f":"'[49]1-RESUMO'!VQC1:VQE1","v":0},null,null,null,{"$f":"'[49]1-RESUMO'!VQG1:VQI1","v":0},null,null,null,{"$f":"'[49]1-RESUMO'!VQK1:VQM1","v":0},null,null,null,{"$f":"'[49]1-RESUMO'!VQO1:VQQ1","v":0},null,null,null,{"$f":"'[49]1-RESUMO'!VQS1:VQU1","v":0},null,null,null,{"$f":"'[49]1-RESUMO'!VQW1:VQY1","v":0},null,null,null,{"$f":"'[49]1-RESUMO'!VRA1:VRC1","v":0},null,null,null,{"$f":"'[49]1-RESUMO'!VRE1:VRG1","v":0},null,null,null,{"$f":"'[49]1-RESUMO'!VRI1:VRK1","v":0},null,null,null,{"$f":"'[49]1-RESUMO'!VRM1:VRO1","v":0},null,null,null,{"$f":"'[49]1-RESUMO'!VRQ1:VRS1","v":0},null,null,null,{"$f":"'[49]1-RESUMO'!VRU1:VRW1","v":0},null,null,null,{"$f":"'[49]1-RESUMO'!VRY1:VSA1","v":0},null,null,null,{"$f":"'[49]1-RESUMO'!VSC1:VSE1","v":0},null,null,null,{"$f":"'[49]1-RESUMO'!VSG1:VSI1","v":0},null,null,null,{"$f":"'[49]1-RESUMO'!VSK1:VSM1","v":0},null,null,null,{"$f":"'[49]1-RESUMO'!VSO1:VSQ1","v":0},null,null,null,{"$f":"'[49]1-RESUMO'!VSS1:VSU1","v":0},null,null,null,{"$f":"'[49]1-RESUMO'!VSW1:VSY1","v":0},null,null,null,{"$f":"'[49]1-RESUMO'!VTA1:VTC1","v":0},null,null,null,{"$f":"'[49]1-RESUMO'!VTE1:VTG1","v":0},null,null,null,{"$f":"'[49]1-RESUMO'!VTI1:VTK1","v":0},null,null,null,{"$f":"'[49]1-RESUMO'!VTM1:VTO1","v":0},null,null,null,{"$f":"'[49]1-RESUMO'!VTQ1:VTS1","v":0},null,null,null,{"$f":"'[49]1-RESUMO'!VTU1:VTW1","v":0},null,null,null,{"$f":"'[49]1-RESUMO'!VTY1:VUA1","v":0},null,null,null,{"$f":"'[49]1-RESUMO'!VUC1:VUE1","v":0},null,null,null,{"$f":"'[49]1-RESUMO'!VUG1:VUI1","v":0},null,null,null,{"$f":"'[49]1-RESUMO'!VUK1:VUM1","v":0},null,null,null,{"$f":"'[49]1-RESUMO'!VUO1:VUQ1","v":0},null,null,null,{"$f":"'[49]1-RESUMO'!VUS1:VUU1","v":0},null,null,null,{"$f":"'[49]1-RESUMO'!VUW1:VUY1","v":0},null,null,null,{"$f":"'[49]1-RESUMO'!VVA1:VVC1","v":0},null,null,null,{"$f":"'[49]1-RESUMO'!VVE1:VVG1","v":0},null,null,null,{"$f":"'[49]1-RESUMO'!VVI1:VVK1","v":0},null,null,null,{"$f":"'[49]1-RESUMO'!VVM1:VVO1","v":0},null,null,null,{"$f":"'[49]1-RESUMO'!VVQ1:VVS1","v":0},null,null,null,{"$f":"'[49]1-RESUMO'!VVU1:VVW1","v":0},null,null,null,{"$f":"'[49]1-RESUMO'!VVY1:VWA1","v":0},null,null,null,{"$f":"'[49]1-RESUMO'!VWC1:VWE1","v":0},null,null,null,{"$f":"'[49]1-RESUMO'!VWG1:VWI1","v":0},null,null,null,{"$f":"'[49]1-RESUMO'!VWK1:VWM1","v":0},null,null,null,{"$f":"'[49]1-RESUMO'!VWO1:VWQ1","v":0},null,null,null,{"$f":"'[49]1-RESUMO'!VWS1:VWU1","v":0},null,null,null,{"$f":"'[49]1-RESUMO'!VWW1:VWY1","v":0},null,null,null,{"$f":"'[49]1-RESUMO'!VXA1:VXC1","v":0},null,null,null,{"$f":"'[49]1-RESUMO'!VXE1:VXG1","v":0},null,null,null,{"$f":"'[49]1-RESUMO'!VXI1:VXK1","v":0},null,null,null,{"$f":"'[49]1-RESUMO'!VXM1:VXO1","v":0},null,null,null,{"$f":"'[49]1-RESUMO'!VXQ1:VXS1","v":0},null,null,null,{"$f":"'[49]1-RESUMO'!VXU1:VXW1","v":0},null,null,null,{"$f":"'[49]1-RESUMO'!VXY1:VYA1","v":0},null,null,null,{"$f":"'[49]1-RESUMO'!VYC1:VYE1","v":0},null,null,null,{"$f":"'[49]1-RESUMO'!VYG1:VYI1","v":0},null,null,null,{"$f":"'[49]1-RESUMO'!VYK1:VYM1","v":0},null,null,null,{"$f":"'[49]1-RESUMO'!VYO1:VYQ1","v":0},null,null,null,{"$f":"'[49]1-RESUMO'!VYS1:VYU1","v":0},null,null,null,{"$f":"'[49]1-RESUMO'!VYW1:VYY1","v":0},null,null,null,{"$f":"'[49]1-RESUMO'!VZA1:VZC1","v":0},null,null,null,{"$f":"'[49]1-RESUMO'!VZE1:VZG1","v":0},null,null,null,{"$f":"'[49]1-RESUMO'!VZI1:VZK1","v":0},null,null,null,{"$f":"'[49]1-RESUMO'!VZM1:VZO1","v":0},null,null,null,{"$f":"'[49]1-RESUMO'!VZQ1:VZS1","v":0},null,null,null,{"$f":"'[49]1-RESUMO'!VZU1:VZW1","v":0},null,null,null,{"$f":"'[49]1-RESUMO'!VZY1:WAA1","v":0},null,null,null,{"$f":"'[49]1-RESUMO'!WAC1:WAE1","v":0},null,null,null,{"$f":"'[49]1-RESUMO'!WAG1:WAI1","v":0},null,null,null,{"$f":"'[49]1-RESUMO'!WAK1:WAM1","v":0},null,null,null,{"$f":"'[49]1-RESUMO'!WAO1:WAQ1","v":0},null,null,null,{"$f":"'[49]1-RESUMO'!WAS1:WAU1","v":0},null,null,null,{"$f":"'[49]1-RESUMO'!WAW1:WAY1","v":0},null,null,null,{"$f":"'[49]1-RESUMO'!WBA1:WBC1","v":0},null,null,null,{"$f":"'[49]1-RESUMO'!WBE1:WBG1","v":0},null,null,null,{"$f":"'[49]1-RESUMO'!WBI1:WBK1","v":0},null,null,null,{"$f":"'[49]1-RESUMO'!WBM1:WBO1","v":0},null,null,null,{"$f":"'[49]1-RESUMO'!WBQ1:WBS1","v":0},null,null,null,{"$f":"'[49]1-RESUMO'!WBU1:WBW1","v":0},null,null,null,{"$f":"'[49]1-RESUMO'!WBY1:WCA1","v":0},null,null,null,{"$f":"'[49]1-RESUMO'!WCC1:WCE1","v":0},null,null,null,{"$f":"'[49]1-RESUMO'!WCG1:WCI1","v":0},null,null,null,{"$f":"'[49]1-RESUMO'!WCK1:WCM1","v":0},null,null,null,{"$f":"'[49]1-RESUMO'!WCO1:WCQ1","v":0},null,null,null,{"$f":"'[49]1-RESUMO'!WCS1:WCU1","v":0},null,null,null,{"$f":"'[49]1-RESUMO'!WCW1:WCY1","v":0},null,null,null,{"$f":"'[49]1-RESUMO'!WDA1:WDC1","v":0},null,null,null,{"$f":"'[49]1-RESUMO'!WDE1:WDG1","v":0},null,null,null,{"$f":"'[49]1-RESUMO'!WDI1:WDK1","v":0},null,null,null,{"$f":"'[49]1-RESUMO'!WDM1:WDO1","v":0},null,null,null,{"$f":"'[49]1-RESUMO'!WDQ1:WDS1","v":0},null,null,null,{"$f":"'[49]1-RESUMO'!WDU1:WDW1","v":0},null,null,null,{"$f":"'[49]1-RESUMO'!WDY1:WEA1","v":0},null,null,null,{"$f":"'[49]1-RESUMO'!WEC1:WEE1","v":0},null,null,null,{"$f":"'[49]1-RESUMO'!WEG1:WEI1","v":0},null,null,null,{"$f":"'[49]1-RESUMO'!WEK1:WEM1","v":0},null,null,null,{"$f":"'[49]1-RESUMO'!WEO1:WEQ1","v":0},null,null,null,{"$f":"'[49]1-RESUMO'!WES1:WEU1","v":0},null,null,null,{"$f":"'[49]1-RESUMO'!WEW1:WEY1","v":0},null,null,null,{"$f":"'[49]1-RESUMO'!WFA1:WFC1","v":0},null,null,null,{"$f":"'[49]1-RESUMO'!WFE1:WFG1","v":0},null,null,null,{"$f":"'[49]1-RESUMO'!WFI1:WFK1","v":0},null,null,null,{"$f":"'[49]1-RESUMO'!WFM1:WFO1","v":0},null,null,null,{"$f":"'[49]1-RESUMO'!WFQ1:WFS1","v":0},null,null,null,{"$f":"'[49]1-RESUMO'!WFU1:WFW1","v":0},null,null,null,{"$f":"'[49]1-RESUMO'!WFY1:WGA1","v":0},null,null,null,{"$f":"'[49]1-RESUMO'!WGC1:WGE1","v":0},null,null,null,{"$f":"'[49]1-RESUMO'!WGG1:WGI1","v":0},null,null,null,{"$f":"'[49]1-RESUMO'!WGK1:WGM1","v":0},null,null,null,{"$f":"'[49]1-RESUMO'!WGO1:WGQ1","v":0},null,null,null,{"$f":"'[49]1-RESUMO'!WGS1:WGU1","v":0},null,null,null,{"$f":"'[49]1-RESUMO'!WGW1:WGY1","v":0},null,null,null,{"$f":"'[49]1-RESUMO'!WHA1:WHC1","v":0},null,null,null,{"$f":"'[49]1-RESUMO'!WHE1:WHG1","v":0},null,null,null,{"$f":"'[49]1-RESUMO'!WHI1:WHK1","v":0},null,null,null,{"$f":"'[49]1-RESUMO'!WHM1:WHO1","v":0},null,null,null,{"$f":"'[49]1-RESUMO'!WHQ1:WHS1","v":0},null,null,null,{"$f":"'[49]1-RESUMO'!WHU1:WHW1","v":0},null,null,null,{"$f":"'[49]1-RESUMO'!WHY1:WIA1","v":0},null,null,null,{"$f":"'[49]1-RESUMO'!WIC1:WIE1","v":0},null,null,null,{"$f":"'[49]1-RESUMO'!WIG1:WII1","v":0},null,null,null,{"$f":"'[49]1-RESUMO'!WIK1:WIM1","v":0},null,null,null,{"$f":"'[49]1-RESUMO'!WIO1:WIQ1","v":0},null,null,null,{"$f":"'[49]1-RESUMO'!WIS1:WIU1","v":0},null,null,null,{"$f":"'[49]1-RESUMO'!WIW1:WIY1","v":0},null,null,null,{"$f":"'[49]1-RESUMO'!WJA1:WJC1","v":0},null,null,null,{"$f":"'[49]1-RESUMO'!WJE1:WJG1","v":0},null,null,null,{"$f":"'[49]1-RESUMO'!WJI1:WJK1","v":0},null,null,null,{"$f":"'[49]1-RESUMO'!WJM1:WJO1","v":0},null,null,null,{"$f":"'[49]1-RESUMO'!WJQ1:WJS1","v":0},null,null,null,{"$f":"'[49]1-RESUMO'!WJU1:WJW1","v":0},null,null,null,{"$f":"'[49]1-RESUMO'!WJY1:WKA1","v":0},null,null,null,{"$f":"'[49]1-RESUMO'!WKC1:WKE1","v":0},null,null,null,{"$f":"'[49]1-RESUMO'!WKG1:WKI1","v":0},null,null,null,{"$f":"'[49]1-RESUMO'!WKK1:WKM1","v":0},null,null,null,{"$f":"'[49]1-RESUMO'!WKO1:WKQ1","v":0},null,null,null,{"$f":"'[49]1-RESUMO'!WKS1:WKU1","v":0},null,null,null,{"$f":"'[49]1-RESUMO'!WKW1:WKY1","v":0},null,null,null,{"$f":"'[49]1-RESUMO'!WLA1:WLC1","v":0},null,null,null,{"$f":"'[49]1-RESUMO'!WLE1:WLG1","v":0},null,null,null,{"$f":"'[49]1-RESUMO'!WLI1:WLK1","v":0},null,null,null,{"$f":"'[49]1-RESUMO'!WLM1:WLO1","v":0},null,null,null,{"$f":"'[49]1-RESUMO'!WLQ1:WLS1","v":0},null,null,null,{"$f":"'[49]1-RESUMO'!WLU1:WLW1","v":0},null,null,null,{"$f":"'[49]1-RESUMO'!WLY1:WMA1","v":0},null,null,null,{"$f":"'[49]1-RESUMO'!WMC1:WME1","v":0},null,null,null,{"$f":"'[49]1-RESUMO'!WMG1:WMI1","v":0},null,null,null,{"$f":"'[49]1-RESUMO'!WMK1:WMM1","v":0},null,null,null,{"$f":"'[49]1-RESUMO'!WMO1:WMQ1","v":0},null,null,null,{"$f":"'[49]1-RESUMO'!WMS1:WMU1","v":0},null,null,null,{"$f":"'[49]1-RESUMO'!WMW1:WMY1","v":0},null,null,null,{"$f":"'[49]1-RESUMO'!WNA1:WNC1","v":0},null,null,null,{"$f":"'[49]1-RESUMO'!WNE1:WNG1","v":0},null,null,null,{"$f":"'[49]1-RESUMO'!WNI1:WNK1","v":0},null,null,null,{"$f":"'[49]1-RESUMO'!WNM1:WNO1","v":0},null,null,null,{"$f":"'[49]1-RESUMO'!WNQ1:WNS1","v":0},null,null,null,{"$f":"'[49]1-RESUMO'!WNU1:WNW1","v":0},null,null,null,{"$f":"'[49]1-RESUMO'!WNY1:WOA1","v":0},null,null,null,{"$f":"'[49]1-RESUMO'!WOC1:WOE1","v":0},null,null,null,{"$f":"'[49]1-RESUMO'!WOG1:WOI1","v":0},null,null,null,{"$f":"'[49]1-RESUMO'!WOK1:WOM1","v":0},null,null,null,{"$f":"'[49]1-RESUMO'!WOO1:WOQ1","v":0},null,null,null,{"$f":"'[49]1-RESUMO'!WOS1:WOU1","v":0},null,null,null,{"$f":"'[49]1-RESUMO'!WOW1:WOY1","v":0},null,null,null,{"$f":"'[49]1-RESUMO'!WPA1:WPC1","v":0},null,null,null,{"$f":"'[49]1-RESUMO'!WPE1:WPG1","v":0},null,null,null,{"$f":"'[49]1-RESUMO'!WPI1:WPK1","v":0},null,null,null,{"$f":"'[49]1-RESUMO'!WPM1:WPO1","v":0},null,null,null,{"$f":"'[49]1-RESUMO'!WPQ1:WPS1","v":0},null,null,null,{"$f":"'[49]1-RESUMO'!WPU1:WPW1","v":0},null,null,null,{"$f":"'[49]1-RESUMO'!WPY1:WQA1","v":0},null,null,null,{"$f":"'[49]1-RESUMO'!WQC1:WQE1","v":0},null,null,null,{"$f":"'[49]1-RESUMO'!WQG1:WQI1","v":0},null,null,null,{"$f":"'[49]1-RESUMO'!WQK1:WQM1","v":0},null,null,null,{"$f":"'[49]1-RESUMO'!WQO1:WQQ1","v":0},null,null,null,{"$f":"'[49]1-RESUMO'!WQS1:WQU1","v":0},null,null,null,{"$f":"'[49]1-RESUMO'!WQW1:WQY1","v":0},null,null,null,{"$f":"'[49]1-RESUMO'!WRA1:WRC1","v":0},null,null,null,{"$f":"'[49]1-RESUMO'!WRE1:WRG1","v":0},null,null,null,{"$f":"'[49]1-RESUMO'!WRI1:WRK1","v":0},null,null,null,{"$f":"'[49]1-RESUMO'!WRM1:WRO1","v":0},null,null,null,{"$f":"'[49]1-RESUMO'!WRQ1:WRS1","v":0},null,null,null,{"$f":"'[49]1-RESUMO'!WRU1:WRW1","v":0},null,null,null,{"$f":"'[49]1-RESUMO'!WRY1:WSA1","v":0},null,null,null,{"$f":"'[49]1-RESUMO'!WSC1:WSE1","v":0},null,null,null,{"$f":"'[49]1-RESUMO'!WSG1:WSI1","v":0},null,null,null,{"$f":"'[49]1-RESUMO'!WSK1:WSM1","v":0},null,null,null,{"$f":"'[49]1-RESUMO'!WSO1:WSQ1","v":0},null,null,null,{"$f":"'[49]1-RESUMO'!WSS1:WSU1","v":0},null,null,null,{"$f":"'[49]1-RESUMO'!WSW1:WSY1","v":0},null,null,null,{"$f":"'[49]1-RESUMO'!WTA1:WTC1","v":0},null,null,null,{"$f":"'[49]1-RESUMO'!WTE1:WTG1","v":0},null,null,null,{"$f":"'[49]1-RESUMO'!WTI1:WTK1","v":0},null,null,null,{"$f":"'[49]1-RESUMO'!WTM1:WTO1","v":0},null,null,null,{"$f":"'[49]1-RESUMO'!WTQ1:WTS1","v":0},null,null,null,{"$f":"'[49]1-RESUMO'!WTU1:WTW1","v":0},null,null,null,{"$f":"'[49]1-RESUMO'!WTY1:WUA1","v":0},null,null,null,{"$f":"'[49]1-RESUMO'!WUC1:WUE1","v":0},null,null,null,{"$f":"'[49]1-RESUMO'!WUG1:WUI1","v":0},null,null,null,{"$f":"'[49]1-RESUMO'!WUK1:WUM1","v":0},null,null,null,{"$f":"'[49]1-RESUMO'!WUO1:WUQ1","v":0},null,null,null,{"$f":"'[49]1-RESUMO'!WUS1:WUU1","v":0},null,null,null,{"$f":"'[49]1-RESUMO'!WUW1:WUY1","v":0},null,null,null,{"$f":"'[49]1-RESUMO'!WVA1:WVC1","v":0},null,null,null,{"$f":"'[49]1-RESUMO'!WVE1:WVG1","v":0},null,null,null,{"$f":"'[49]1-RESUMO'!WVI1:WVK1","v":0},null,null,null,{"$f":"'[49]1-RESUMO'!WVM1:WVO1","v":0},null,null,null,{"$f":"'[49]1-RESUMO'!WVQ1:WVS1","v":0},null,null,null,{"$f":"'[49]1-RESUMO'!WVU1:WVW1","v":0},null,null,null,{"$f":"'[49]1-RESUMO'!WVY1:WWA1","v":0},null,null,null,{"$f":"'[49]1-RESUMO'!WWC1:WWE1","v":0},null,null,null,{"$f":"'[49]1-RESUMO'!WWG1:WWI1","v":0},null,null,null,{"$f":"'[49]1-RESUMO'!WWK1:WWM1","v":0},null,null,null,{"$f":"'[49]1-RESUMO'!WWO1:WWQ1","v":0},null,null,null,{"$f":"'[49]1-RESUMO'!WWS1:WWU1","v":0},null,null,null,{"$f":"'[49]1-RESUMO'!WWW1:WWY1","v":0},null,null,null,{"$f":"'[49]1-RESUMO'!WXA1:WXC1","v":0},null,null,null,{"$f":"'[49]1-RESUMO'!WXE1:WXG1","v":0},null,null,null,{"$f":"'[49]1-RESUMO'!WXI1:WXK1","v":0},null,null,null,{"$f":"'[49]1-RESUMO'!WXM1:WXO1","v":0},null,null,null,{"$f":"'[49]1-RESUMO'!WXQ1:WXS1","v":0},null,null,null,{"$f":"'[49]1-RESUMO'!WXU1:WXW1","v":0},null,null,null,{"$f":"'[49]1-RESUMO'!WXY1:WYA1","v":0},null,null,null,{"$f":"'[49]1-RESUMO'!WYC1:WYE1","v":0},null,null,null,{"$f":"'[49]1-RESUMO'!WYG1:WYI1","v":0},null,null,null,{"$f":"'[49]1-RESUMO'!WYK1:WYM1","v":0},null,null,null,{"$f":"'[49]1-RESUMO'!WYO1:WYQ1","v":0},null,null,null,{"$f":"'[49]1-RESUMO'!WYS1:WYU1","v":0},null,null,null,{"$f":"'[49]1-RESUMO'!WYW1:WYY1","v":0},null,null,null,{"$f":"'[49]1-RESUMO'!WZA1:WZC1","v":0},null,null,null,{"$f":"'[49]1-RESUMO'!WZE1:WZG1","v":0},null,null,null,{"$f":"'[49]1-RESUMO'!WZI1:WZK1","v":0},null,null,null,{"$f":"'[49]1-RESUMO'!WZM1:WZO1","v":0},null,null,null,{"$f":"'[49]1-RESUMO'!WZQ1:WZS1","v":0},null,null,null,{"$f":"'[49]1-RESUMO'!WZU1:WZW1","v":0},null,null,null,{"$f":"'[49]1-RESUMO'!WZY1:XAA1","v":0},null,null,null,{"$f":"'[49]1-RESUMO'!XAC1:XAE1","v":0},null,null,null,{"$f":"'[49]1-RESUMO'!XAG1:XAI1","v":0},null,null,null,{"$f":"'[49]1-RESUMO'!XAK1:XAM1","v":0},null,null,null,{"$f":"'[49]1-RESUMO'!XAO1:XAQ1","v":0},null,null,null,{"$f":"'[49]1-RESUMO'!XAS1:XAU1","v":0},null,null,null,{"$f":"'[49]1-RESUMO'!XAW1:XAY1","v":0},null,null,null,{"$f":"'[49]1-RESUMO'!XBA1:XBC1","v":0},null,null,null,{"$f":"'[49]1-RESUMO'!XBE1:XBG1","v":0},null,null,null,{"$f":"'[49]1-RESUMO'!XBI1:XBK1","v":0},null,null,null,{"$f":"'[49]1-RESUMO'!XBM1:XBO1","v":0},null,null,null,{"$f":"'[49]1-RESUMO'!XBQ1:XBS1","v":0},null,null,null,{"$f":"'[49]1-RESUMO'!XBU1:XBW1","v":0},null,null,null,{"$f":"'[49]1-RESUMO'!XBY1:XCA1","v":0},null,null,null,{"$f":"'[49]1-RESUMO'!XCC1:XCE1","v":0},null,null,null,{"$f":"'[49]1-RESUMO'!XCG1:XCI1","v":0},null,null,null,{"$f":"'[49]1-RESUMO'!XCK1:XCM1","v":0},null,null,null,{"$f":"'[49]1-RESUMO'!XCO1:XCQ1","v":0},null,null,null,{"$f":"'[49]1-RESUMO'!XCS1:XCU1","v":0},null,null,null,{"$f":"'[49]1-RESUMO'!XCW1:XCY1","v":0},null,null,null,{"$f":"'[49]1-RESUMO'!XDA1:XDC1","v":0},null,null,null,{"$f":"'[49]1-RESUMO'!XDE1:XDG1","v":0},null,null,null,{"$f":"'[49]1-RESUMO'!XDI1:XDK1","v":0},null,null,null,{"$f":"'[49]1-RESUMO'!XDM1:XDO1","v":0},null,null,null,{"$f":"'[49]1-RESUMO'!XDQ1:XDS1","v":0},null,null,null,{"$f":"'[49]1-RESUMO'!XDU1:XDW1","v":0},null,null,null,{"$f":"'[49]1-RESUMO'!XDY1:XEA1","v":0},null,null,null,{"$f":"'[49]1-RESUMO'!XEC1:XEE1","v":0},null,null,null,{"$f":"'[49]1-RESUMO'!XEG1:XEI1","v":0},null,null,null,{"$f":"'[49]1-RESUMO'!XEK1:XEM1","v":0},null,null,null,{"$f":"'[49]1-RESUMO'!XEO1:XEQ1","v":0},null,null,null,{"$f":"'[49]1-RESUMO'!XES1:XEU1","v":0},null,null,null,{"$f":"'[49]1-RESUMO'!XEW1:XEY1","v":0},null,null,null,{"$f":"'[49]1-RESUMO'!XFA1:XFC1","v":0}]
["ENCARGOS SOCIAIS"]
[]
["A","ENCARGOS SOCIAIS BÁSICOS","Horista","Mensalista"]
["A1","INSS",0.2,0.2]
["A2","SESI",1.4999999999999999E-2,1.4999999999999999E-2]
["A3","SENAI",0.01,0.01]
["A4","INCRA",2E-3,2E-3]
["A5","SEBRAE",6.0000000000000001E-3,6.0000000000000001E-3]
["A6","SALÁRIO EDUCAÇÃO",2.5000000000000001E-2,2.5000000000000001E-2]
["A7","SEGURO CONTRA ACIDENTE",0.03,0.03]
["A8","FGTS",0.08,0.08]
["A9","SECONCI",0,0]
["SUBTOTAL DE \"A\"",null,{"$f":"ROUND(SUM(C6:C14),4)","v":0.36799999999999999},{"$f":"ROUND(SUM(D6:D14),4)","v":0.36799999999999999}]
[]
["B"," ENCARGOS SOCIAIS QUE RECEBEM INCIDÊNCIA DE \"A\""]
["B1","REPOUSO SEMANAL REMUNERADO",0.18060000000000001,"Não incide"]
["B2","FERIADOS",4.6800000000000001E-2,"Não incide"]
["B3","AUXILIO ENFERMIDADE",8.6999999999999994E-3,6.6E-3]
["B4","13 SALÁRIO",0.11070000000000001,8.3299999999999999E-2]
["B5","LICENÇA PATERNIDADE",6.9999999999999999E-4,5.0000000000000001E-4]
["B6","FALTAS JUSTIFICADAS",7.4000000000000003E-3,5.5999999999999999E-3]
["B7","DIAS DE CHUVAS",1.8800000000000001E-2,"Não incide"]
["B8","AUXÍLIO ACIDENTE DE TRABALHO",1.1000000000000001E-3,8.0000000000000004E-4]
["B9","FÉRIAS GOZADAS",0.1116,8.4000000000000005E-2]
["B10","SALÁRIO MATERNIDADE",4.0000000000000002E-4,2.9999999999999997E-4]
["SUBTOTAL DE  \"B\"",null,{"$f":"ROUND(SUM(C18:C27),4)","v":0.48680000000000001},{"$f":"ROUND(SUM(D18:D27),4)","v":0.18110000000000001}]
[]
["C"," ENCARGOS SOCIAIS QUE NÃO RECEBEM INCIDÊNCIA DE \"A\""]
["C1","AVISO PRÉVIO INDENIZADO",4.8099999999999997E-2,3.6200000000000003E-2]
["C2","AVISO PRÉVIO TRABALHADO",1.1000000000000001E-3,8.9999999999999998E-4]
["C3","FÉRIAS INDENIZADAS",2.98E-2,2.24E-2]
["C4","DEPÓSITO RESCISÃO SEM JUSTA CAUSA",2.7799999999999998E-2,2.0899999999999998E-2]
["C5","INDENIZAÇÃO ADICIONAL",4.0000000000000001E-3,3.0000000000000001E-3]
["SUBTOTAL DE \"C\"",null,{"$f":"ROUND(SUM(C31:C35),4)","v":0.1108},{"$f":"ROUND(SUM(D31:D35),4)","v":8.3400000000000002E-2}]
[]
["D"," REINCIDÊNCIAS"]
["D1","REINCIDÊNCIA DE \"A\" SOBRE \"B\"",0.17910000000000001,6.6600000000000006E-2]
["D2","REINCIDÊNCIA DE GRUPO A SOBRE AVISO PRÉVIO TRABALHADO E REINCIDÊNCIA DO FGTS SOBRE AVISO PRÉVIO INDENIZADO",4.3E-3,3.2000000000000002E-3]
["SUBTOTAL DE \"D\"",null,{"$f":"ROUND(SUM(C39:C40),4)","v":0.18340000000000001},{"$f":"ROUND(SUM(D39:D40),4)","v":6.9800000000000001E-2}]
[]
["TOTAIS DE ENCARGOS SOCIAIS",null,{"$f":"ROUND(C15+C28+C36+C41,4)","v":1.149},{"$f":"ROUND(D15+D28+D36+D41,4)","v":0.70230000000000004}]